{"text_format":"3","workbook":"xlsx","n_sheets":1,"sheets":["CRONOGRAMA DE TRABAJO"],"not_rendered":{"images":2,"external_links":17,"defined_names":484},"read":"whole","date_system":"1900"}

{"sheet":"CRONOGRAMA DE TRABAJO","index":0,"n_rows":3194,"n_cols":23,"rows_kept":3194,"merged":[[2798,23,2798,24],[2799,25,2800,25],[2801,1,2803,1],[2801,2,2803,2],[2801,3,2803,3],[2801,4,2803,4],[2801,5,2803,5],[2801,6,2803,6],[2804,1,2806,1],[2804,2,2806,2],[2804,3,2806,3],[2804,4,2806,4],[2804,5,2806,5],[2804,6,2806,6],[2804,23,2804,24],[2805,25,2806,25],[2807,1,2809,1],[2807,2,2809,2],[2807,3,2809,3],[2807,4,2809,4],[2807,5,2809,5],[2807,6,2809,6],[2807,23,2807,24],[2808,25,2809,25],[2810,1,2812,1],[2810,2,2812,2],[2810,3,2812,3],[2810,4,2812,4],[2810,5,2812,5],[2810,6,2812,6],[2810,23,2810,24],[2811,25,2812,25],[2813,1,2815,1],[2813,2,2815,2],[2813,3,2815,3],[2813,4,2815,4],[2813,5,2815,5],[2813,6,2815,6],[2813,23,2813,24],[2814,25,2815,25],[2816,1,2818,1],[2816,2,2818,2],[2816,3,2818,3],[2816,4,2818,4],[2816,5,2818,5],[2816,6,2818,6],[2816,23,2816,24],[2817,25,2818,25],[2819,1,2821,1],[2819,2,2821,2],[2819,3,2821,3],[2819,4,2821,4],[2819,5,2821,5],[2819,6,2821,6],[2819,23,2819,24],[2820,25,2821,25],[2822,1,2824,1],[2822,2,2824,2],[2822,3,2824,3],[2822,4,2824,4],[2822,5,2824,5],[2822,6,2824,6],[2822,23,2822,24],[2823,25,2824,25],[2825,1,2827,1],[2825,2,2827,2],[2825,3,2827,3],[2825,4,2827,4],[2825,5,2827,5],[2825,6,2827,6],[2825,23,2825,24],[2826,25,2827,25],[2828,1,2830,1],[2828,2,2830,2],[2828,3,2830,3],[2828,4,2830,4],[2828,5,2830,5],[2828,6,2830,6],[2828,23,2828,24],[2829,25,2830,25],[2831,1,2833,1],[2831,2,2833,2],[2831,3,2833,3],[2831,4,2833,4],[2831,5,2833,5],[2831,6,2833,6],[2831,23,2831,24],[2832,25,2833,25],[2834,1,2836,1],[2834,2,2836,2],[2834,3,2836,3],[2834,4,2836,4],[2834,5,2836,5],[2834,6,2836,6],[2834,23,2834,24],[2835,25,2836,25],[2837,1,2839,1],[2837,2,2839,2],[2837,3,2839,3],[2837,4,2839,4],[2837,5,2839,5],[2837,6,2839,6],[2837,23,2837,24],[2838,25,2839,25],[2840,1,2842,1],[2840,2,2842,2],[2840,3,2842,3],[2840,4,2842,4],[2840,5,2842,5],[2840,6,2842,6],[2840,23,2840,24],[2841,25,2842,25],[2843,1,2845,1],[2843,2,2845,2],[2843,3,2845,3],[2843,4,2845,4],[2843,5,2845,5],[2843,6,2845,6],[2843,23,2843,24],[2844,25,2845,25],[2846,1,2848,1],[2846,2,2848,2],[2846,3,2848,3],[2846,4,2848,4],[2846,5,2848,5],[2846,6,2848,6],[2846,23,2846,24],[2847,25,2848,25],[2849,1,2851,1],[2849,2,2851,2],[2849,3,2851,3],[2849,4,2851,4],[2849,5,2851,5],[2849,6,2851,6],[2849,23,2849,24],[2850,25,2851,25],[2852,1,2854,1],[2852,2,2854,2],[2852,3,2854,3],[2852,4,2854,4],[2852,5,2854,5],[2852,6,2854,6],[2852,23,2852,24],[2853,25,2854,25],[2855,1,2857,1],[2855,2,2857,2],[2855,3,2857,3],[2855,4,2857,4],[2855,5,2857,5],[2855,6,2857,6],[2855,23,2855,24],[2856,25,2857,25],[2858,1,2860,1],[2858,2,2860,2],[2858,3,2860,3],[2858,4,2860,4],[2858,5,2860,5],[2858,6,2860,6],[2858,23,2858,24],[2859,25,2860,25],[2861,1,2863,1],[2861,2,2863,2],[2861,3,2863,3],[2861,4,2863,4],[2861,5,2863,5],[2861,6,2863,6],[2861,23,2861,24],[2862,25,2863,25],[2864,1,2866,1],[2864,2,2866,2],[2864,3,2866,3],[2864,4,2866,4],[2864,5,2866,5],[2864,6,2866,6],[2864,23,2864,24],[2865,25,2866,25],[2867,1,2869,1],[2867,2,2869,2],[2867,3,2869,3],[2867,4,2869,4],[2867,5,2869,5],[2867,6,2869,6],[2867,23,2867,24],[2868,25,2869,25],[2870,1,2872,1],[2870,2,2872,2],[2870,3,2872,3],[2870,4,2872,4],[2870,5,2872,5],[2870,6,2872,6],[2870,23,2870,24],[2871,25,2872,25],[2873,1,2875,1],[2873,2,2875,2],[2873,3,2875,3],[2873,4,2875,4],[2873,5,2875,5],[2873,6,2875,6],[2873,23,2873,24],[2874,25,2875,25],[2876,1,2878,1],[2876,2,2878,2],[2876,3,2878,3],[2876,4,2878,4],[2876,5,2878,5],[2876,6,2878,6],[2876,23,2876,24],[2877,25,2878,25],[2879,1,2881,1],[2879,2,2881,2],[2879,3,2881,3],[2879,4,2881,4],[2879,5,2881,5],[2879,6,2881,6],[2879,23,2879,24],[2880,25,2881,25],[2882,1,2884,1],[2882,2,2884,2],[2882,3,2884,3],[2882,4,2884,4],[2882,5,2884,5],[2882,6,2884,6],[2882,23,2882,24],[2883,25,2884,25],[2885,1,2887,1],[2885,2,2887,2],[2885,3,2887,3],[2885,4,2887,4],[2885,5,2887,5],[2885,6,2887,6],[2885,23,2885,24],[2886,25,2887,25],[2888,1,2890,1],[2888,2,2890,2],[2888,3,2890,3],[2888,4,2890,4],[2888,5,2890,5],[2888,6,2890,6],[2888,23,2888,24],[2889,25,2890,25],[2891,1,2893,1],[2891,2,2893,2],[2891,3,2893,3],[2891,4,2893,4],[2891,5,2893,5],[2891,6,2893,6],[2891,23,2891,24],[2892,25,2893,25],[2894,1,2896,1],[2894,2,2896,2],[2894,3,2896,3],[2894,4,2896,4],[2894,5,2896,5],[2894,6,2896,6],[2894,23,2894,24],[2895,25,2896,25],[2897,1,2899,1],[2897,2,2899,2],[2897,3,2899,3],[2897,4,2899,4],[2897,5,2899,5],[2897,6,2899,6],[2897,23,2897,24],[2898,25,2899,25],[2900,1,2902,1],[2900,2,2902,2],[2900,3,2902,3],[2900,4,2902,4],[2900,5,2902,5],[2900,6,2902,6],[2900,23,2900,24],[2901,25,2902,25],[2903,1,2905,1],[2903,2,2905,2],[2903,3,2905,3],[2903,4,2905,4],[2903,5,2905,5],[2903,6,2905,6],[2903,23,2903,24],[2904,25,2905,25],[2906,1,2908,1],[2906,2,2908,2],[2906,3,2908,3],[2906,4,2908,4],[2906,5,2908,5],[2906,6,2908,6],[2906,23,2906,24],[2907,25,2908,25],[2909,1,2911,1],[2909,2,2911,2],[2909,3,2911,3],[2909,4,2911,4],[2909,5,2911,5],[2909,6,2911,6],[2909,23,2909,24],[2910,25,2911,25],[2912,1,2914,1],[2912,2,2914,2],[2912,3,2914,3],[2912,4,2914,4],[2912,5,2914,5],[2912,6,2914,6],[2912,23,2912,24],[2913,25,2914,25],[2915,1,2917,1],[2915,2,2917,2],[2915,3,2917,3],[2915,4,2917,4],[2915,5,2917,5],[2915,6,2917,6],[2915,23,2915,24],[2916,25,2917,25],[2918,1,2920,1],[2918,2,2920,2],[2918,3,2920,3],[2918,4,2920,4],[2918,5,2920,5],[2918,6,2920,6],[2918,23,2918,24],[2919,25,2920,25],[2921,1,2923,1],[2921,2,2923,2],[2921,3,2923,3],[2921,4,2923,4],[2921,5,2923,5],[2921,6,2923,6],[2921,23,2921,24],[2922,25,2923,25],[2924,1,2926,1],[2924,2,2926,2],[2924,3,2926,3],[2924,4,2926,4],[2924,5,2926,5],[2924,6,2926,6],[2924,23,2924,24],[2925,25,2926,25],[2927,1,2929,1],[2927,2,2929,2],[2927,3,2929,3],[2927,4,2929,4],[2927,5,2929,5],[2927,6,2929,6],[2927,23,2927,24],[2928,25,2929,25],[2930,1,2932,1],[2930,2,2932,2],[2930,3,2932,3],[2930,4,2932,4],[2930,5,2932,5],[2930,6,2932,6],[2930,23,2930,24],[2931,25,2932,25],[2933,1,2935,1],[2933,2,2935,2],[2933,3,2935,3],[2933,4,2935,4],[2933,5,2935,5],[2933,6,2935,6],[2933,23,2933,24],[2934,25,2935,25],[2936,1,2938,1],[2936,2,2938,2],[2936,3,2938,3],[2936,4,2938,4],[2936,5,2938,5],[2936,6,2938,6],[2936,23,2936,24],[2937,25,2938,25],[2939,1,2941,1],[2939,2,2941,2],[2939,3,2941,3],[2939,4,2941,4],[2939,5,2941,5],[2939,6,2941,6],[2939,23,2939,24],[2940,25,2941,25],[2942,1,2944,1],[2942,2,2944,2],[2942,3,2944,3],[2942,4,2944,4],[2942,5,2944,5],[2942,6,2944,6],[2942,23,2942,24],[2943,25,2944,25],[2945,1,2947,1],[2945,2,2947,2],[2945,3,2947,3],[2945,4,2947,4],[2945,5,2947,5],[2945,6,2947,6],[2945,23,2945,24],[2946,25,2947,25],[2948,1,2950,1],[2948,2,2950,2],[2948,3,2950,3],[2948,4,2950,4],[2948,5,2950,5],[2948,6,2950,6],[2948,23,2948,24],[2949,25,2950,25],[2951,1,2953,1],[2951,2,2953,2],[2951,3,2953,3],[2951,4,2953,4],[2951,5,2953,5],[2951,6,2953,6],[2951,23,2951,24],[2952,25,2953,25],[2954,1,2956,1],[2954,2,2956,2],[2954,3,2956,3],[2954,4,2956,4],[2954,5,2956,5],[2954,6,2956,6],[2954,23,2954,24],[2955,25,2956,25],[2957,1,2959,1],[2957,2,2959,2],[2957,3,2959,3],[2957,4,2959,4],[2957,5,2959,5],[2957,6,2959,6],[2957,23,2957,24],[2958,25,2959,25],[2960,1,2962,1],[2960,2,2962,2],[2960,3,2962,3],[2960,4,2962,4],[2960,5,2962,5],[2960,6,2962,6],[2960,23,2960,24],[2961,25,2962,25],[2963,1,2965,1],[2963,2,2965,2],[2963,3,2965,3],[2963,4,2965,4],[2963,5,2965,5],[2963,6,2965,6],[2963,23,2963,24],[2964,25,2965,25],[2966,1,2968,1],[2966,2,2968,2],[2966,3,2968,3],[2966,4,2968,4],[2966,5,2968,5],[2966,6,2968,6],[2966,23,2966,24],[2967,25,2968,25],[2969,1,2971,1],[2969,2,2971,2],[2969,3,2971,3],[2969,4,2971,4],[2969,5,2971,5],[2969,6,2971,6],[2969,23,2969,24],[2970,25,2971,25],[2972,1,2974,1],[2972,2,2974,2],[2972,3,2974,3],[2972,4,2974,4],[2972,5,2974,5],[2972,6,2974,6],[2972,23,2972,24],[2973,25,2974,25],[2975,1,2977,1],[2975,2,2977,2],[2975,3,2977,3],[2975,4,2977,4],[2975,5,2977,5],[2975,6,2977,6],[2975,23,2975,24],[2976,25,2977,25],[2978,1,2980,1],[2978,2,2980,2],[2978,3,2980,3],[2978,4,2980,4],[2978,5,2980,5],[2978,6,2980,6],[2978,23,2978,24],[2979,25,2980,25],[2981,1,2983,1],[2981,2,2983,2],[2981,3,2983,3],[2981,4,2983,4],[2981,5,2983,5],[2981,6,2983,6],[2981,23,2981,24],[2982,25,2983,25],[2984,1,2986,1],[2984,2,2986,2],[2984,3,2986,3],[2984,4,2986,4],[2984,5,2986,5],[2984,6,2986,6],[2984,23,2984,24],[2985,25,2986,25],[2987,1,2989,1],[2987,2,2989,2],[2987,3,2989,3],[2987,4,2989,4],[2987,5,2989,5],[2987,6,2989,6],[2987,23,2987,24],[2988,25,2989,25],[2990,1,2992,1],[2990,2,2992,2],[2990,3,2992,3],[2990,4,2992,4],[2990,5,2992,5],[2990,6,2992,6],[2990,23,2990,24],[2991,25,2992,25],[2993,1,2995,1],[2993,2,2995,2],[2993,3,2995,3],[2993,4,2995,4],[2993,5,2995,5],[2993,6,2995,6],[2993,23,2993,24],[2994,25,2995,25],[2996,1,2998,1],[2996,2,2998,2],[2996,3,2998,3],[2996,4,2998,4],[2996,5,2998,5],[2996,6,2998,6],[2996,23,2996,24],[2997,25,2998,25],[2999,1,3001,1],[2999,2,3001,2],[2999,3,3001,3],[2999,4,3001,4],[2999,5,3001,5],[2999,6,3001,6],[2999,23,2999,24],[3000,25,3001,25],[3002,1,3004,1],[3002,2,3004,2],[3002,3,3004,3],[3002,4,3004,4],[3002,5,3004,5],[3002,6,3004,6],[3002,23,3002,24],[3003,25,3004,25],[3005,1,3007,1],[3005,2,3007,2],[3005,3,3007,3],[3005,4,3007,4],[3005,5,3007,5],[3005,6,3007,6],[3005,23,3005,24],[3006,25,3007,25],[3008,1,3010,1],[3008,2,3010,2],[3008,3,3010,3],[3008,4,3010,4],[3008,5,3010,5],[3008,6,3010,6],[3008,23,3008,24],[3009,25,3010,25],[3011,1,3013,1],[3011,2,3013,2],[3011,3,3013,3],[3011,4,3013,4],[3011,5,3013,5],[3011,6,3013,6],[3011,23,3011,24],[3012,25,3013,25],[3014,1,3016,1],[3014,2,3016,2],[3014,3,3016,3],[3014,4,3016,4],[3014,5,3016,5],[3014,6,3016,6],[3014,23,3014,24],[3015,25,3016,25],[3017,1,3019,1],[3017,2,3019,2],[3017,3,3019,3],[3017,4,3019,4],[3017,5,3019,5],[3017,6,3019,6],[3017,23,3017,24],[3018,25,3019,25],[3020,1,3022,1],[3020,2,3022,2],[3020,3,3022,3],[3020,4,3022,4],[3020,5,3022,5],[3020,6,3022,6],[3020,23,3020,24],[3021,25,3022,25],[3023,1,3025,1],[3023,2,3025,2],[3023,3,3025,3],[3023,4,3025,4],[3023,5,3025,5],[3023,6,3025,6],[3023,23,3023,24],[3024,25,3025,25],[3026,1,3028,1],[3026,2,3028,2],[3026,3,3028,3],[3026,4,3028,4],[3026,5,3028,5],[3026,6,3028,6],[3026,23,3026,24],[3027,25,3028,25],[3029,1,3031,1],[3029,2,3031,2],[3029,3,3031,3],[3029,4,3031,4],[3029,5,3031,5],[3029,6,3031,6],[3029,23,3029,24],[3030,25,3031,25],[3032,1,3034,1],[3032,2,3034,2],[3032,3,3034,3],[3032,4,3034,4],[3032,5,3034,5],[3032,6,3034,6],[3032,23,3032,24],[3033,25,3034,25],[3035,1,3037,1],[3035,2,3037,2],[3035,3,3037,3],[3035,4,3037,4],[3035,5,3037,5],[3035,6,3037,6],[3035,23,3035,24],[3036,25,3037,25],[3038,1,3040,1],[3038,2,3040,2],[3038,3,3040,3],[3038,4,3040,4],[3038,5,3040,5],[3038,6,3040,6],[3038,23,3038,24],[3039,25,3040,25],[3041,1,3043,1],[3041,2,3043,2],[3041,3,3043,3],[3041,4,3043,4],[3041,5,3043,5],[3041,6,3043,6],[3041,23,3041,24],[3042,25,3043,25],[3044,1,3046,1],[3044,2,3046,2],[3044,3,3046,3],[3044,4,3046,4],[3044,5,3046,5],[3044,6,3046,6],[3044,23,3044,24],[3045,25,3046,25],[3047,1,3049,1],[3047,2,3049,2],[3047,3,3049,3],[3047,4,3049,4],[3047,5,3049,5],[3047,6,3049,6],[3047,23,3047,24],[3048,25,3049,25],[3050,1,3052,1],[3050,2,3052,2],[3050,3,3052,3],[3050,4,3052,4],[3050,5,3052,5],[3050,6,3052,6],[3050,23,3050,24],[3051,25,3052,25],[3053,1,3055,1],[3053,2,3055,2],[3053,3,3055,3],[3053,4,3055,4],[3053,5,3055,5],[3053,6,3055,6],[3053,23,3053,24],[3054,25,3055,25],[3056,1,3058,1],[3056,2,3058,2],[3056,3,3058,3],[3056,4,3058,4],[3056,5,3058,5],[3056,6,3058,6],[3056,23,3056,24],[3057,25,3058,25],[3059,1,3061,1],[3059,2,3061,2],[3059,3,3061,3],[3059,4,3061,4],[3059,5,3061,5],[3059,6,3061,6],[3059,23,3059,24],[3060,25,3061,25],[3062,1,3064,1],[3062,2,3064,2],[3062,3,3064,3],[3062,4,3064,4],[3062,5,3064,5],[3062,6,3064,6],[3062,23,3062,24],[3063,25,3064,25],[3065,1,3067,1],[3065,2,3067,2],[3065,3,3067,3],[3065,4,3067,4],[3065,5,3067,5],[3065,6,3067,6],[3065,23,3065,24],[3066,25,3067,25],[3068,1,3070,1],[3068,2,3070,2],[3068,3,3070,3],[3068,4,3070,4],[3068,5,3070,5],[3068,6,3070,6],[3068,23,3068,24],[3069,25,3070,25],[3071,1,3073,1],[3071,2,3073,2],[3071,3,3073,3],[3071,4,3073,4],[3071,5,3073,5],[3071,6,3073,6],[3071,23,3071,24],[3072,25,3073,25],[3074,1,3076,1],[3074,2,3076,2],[3074,3,3076,3],[3074,4,3076,4],[3074,5,3076,5],[3074,6,3076,6],[3074,23,3074,24],[3075,25,3076,25],[3077,1,3079,1],[3077,2,3079,2],[3077,3,3079,3],[3077,4,3079,4],[3077,5,3079,5],[3077,6,3079,6],[3077,23,3077,24],[3078,25,3079,25],[3080,1,3082,1],[3080,2,3082,2],[3080,3,3082,3],[3080,4,3082,4],[3080,5,3082,5],[3080,6,3082,6],[3080,23,3080,24],[3081,25,3082,25],[3083,1,3085,1],[3083,2,3085,2],[3083,3,3085,3],[3083,4,3085,4],[3083,5,3085,5],[3083,6,3085,6],[3083,23,3083,24],[3084,25,3085,25],[3086,1,3088,1],[3086,2,3088,2],[3086,3,3088,3],[3086,4,3088,4],[3086,5,3088,5],[3086,6,3088,6],[3086,23,3086,24],[3087,25,3088,25],[3089,1,3091,1],[3089,2,3091,2],[3089,3,3091,3],[3089,4,3091,4],[3089,5,3091,5],[3089,6,3091,6],[3089,23,3089,24],[3090,25,3091,25],[3092,1,3094,1],[3092,2,3094,2],[3092,3,3094,3],[3092,4,3094,4],[3092,5,3094,5],[3092,6,3094,6],[3092,23,3092,24],[3093,25,3094,25],[3095,1,3097,1],[3095,2,3097,2],[3095,3,3097,3],[3095,4,3097,4],[3095,5,3097,5],[3095,6,3097,6],[3095,23,3095,24],[3096,25,3097,25],[3098,1,3100,1],[3098,2,3100,2],[3098,3,3100,3],[3098,4,3100,4],[3098,5,3100,5],[3098,6,3100,6],[3098,23,3098,24],[3099,25,3100,25],[3101,1,3103,1],[3101,2,3103,2],[3101,3,3103,3],[3101,4,3103,4],[3101,5,3103,5],[3101,6,3103,6],[3101,23,3101,24],[3102,25,3103,25],[3104,1,3106,1],[3104,2,3106,2],[3104,3,3106,3],[3104,4,3106,4],[3104,5,3106,5],[3104,6,3106,6],[3104,23,3104,24],[3105,25,3106,25],[3107,1,3109,1],[3107,2,3109,2],[3107,3,3109,3],[3107,4,3109,4],[3107,5,3109,5],[3107,6,3109,6],[3107,23,3107,24],[3108,25,3109,25],[3110,1,3112,1],[3110,2,3112,2],[3110,3,3112,3],[3110,4,3112,4],[3110,5,3112,5],[3110,6,3112,6],[3110,23,3110,24],[3111,25,3112,25],[3113,1,3115,1],[3113,2,3115,2],[3113,3,3115,3],[3113,4,3115,4],[3113,5,3115,5],[3113,6,3115,6],[3113,23,3113,24],[3114,25,3115,25],[3116,1,3118,1],[3116,2,3118,2],[3116,3,3118,3],[3116,4,3118,4],[3116,5,3118,5],[3116,6,3118,6],[3116,23,3116,24],[3117,25,3118,25],[3119,1,3121,1],[3119,2,3121,2],[3119,3,3121,3],[3119,4,3121,4],[3119,5,3121,5],[3119,6,3121,6],[3119,23,3119,24],[3120,25,3121,25],[3122,1,3124,1],[3122,2,3124,2],[3122,3,3124,3],[3122,4,3124,4],[3122,5,3124,5],[3122,6,3124,6],[3122,23,3122,24],[3123,25,3124,25],[3125,1,3127,1],[3125,2,3127,2],[3125,3,3127,3],[3125,4,3127,4],[3125,5,3127,5],[3125,6,3127,6],[3125,23,3125,24],[3126,25,3127,25],[3128,1,3130,1],[3128,2,3130,2],[3128,3,3130,3],[3128,4,3130,4],[3128,5,3130,5],[3128,6,3130,6],[3128,23,3128,24],[3129,25,3130,25],[3131,1,3133,1],[3131,2,3133,2],[3131,3,3133,3],[3131,4,3133,4],[3131,5,3133,5],[3131,6,3133,6],[3131,23,3131,24],[3132,25,3133,25],[3134,1,3136,1],[3134,2,3136,2],[3134,3,3136,3],[3134,4,3136,4],[3134,5,3136,5],[3134,6,3136,6],[3134,23,3134,24],[3135,25,3136,25],[3137,1,3139,1],[3137,2,3139,2],[3137,3,3139,3],[3137,4,3139,4],[3137,5,3139,5],[3137,6,3139,6],[3137,23,3137,24],[3138,25,3139,25],[3140,1,3142,1],[3140,2,3142,2],[3140,3,3142,3],[3140,4,3142,4],[3140,5,3142,5],[3140,6,3142,6],[3140,23,3140,24],[3141,25,3142,25],[3143,1,3145,1],[3143,2,3145,2],[3143,3,3145,3],[3143,4,3145,4],[3143,5,3145,5],[3143,6,3145,6],[3143,23,3143,24],[3144,25,3145,25],[3146,1,3148,1],[3146,2,3148,2],[3146,3,3148,3],[3146,4,3148,4],[3146,5,3148,5],[3146,6,3148,6],[3146,23,3146,24],[3147,25,3148,25],[3149,1,3151,1],[3149,2,3151,2],[3149,3,3151,3],[3149,4,3151,4],[3149,5,3151,5],[3149,6,3151,6],[3149,23,3149,24],[3150,25,3151,25],[3152,1,3154,1],[3152,2,3154,2],[3152,3,3154,3],[3152,4,3154,4],[3152,5,3154,5],[3152,6,3154,6],[3152,23,3152,24],[3153,25,3154,25],[3155,1,3157,1],[3155,2,3157,2],[3155,3,3157,3],[3155,4,3157,4],[3155,5,3157,5],[3155,6,3157,6],[3155,23,3155,24],[3156,25,3157,25],[3158,1,3160,1],[3158,2,3160,2],[3158,3,3160,3],[3158,4,3160,4],[3158,5,3160,5],[3158,6,3160,6],[3158,23,3158,24],[3159,25,3160,25],[3161,1,3163,1],[3161,2,3163,2],[3161,3,3163,3],[3161,4,3163,4],[3161,5,3163,5],[3161,6,3163,6],[3161,23,3161,24],[3162,25,3163,25],[3164,1,3164,5],[3164,7,3164,9],[3165,1,3165,6],[3165,23,3165,24],[3166,1,3166,6],[3166,23,3166,24],[3166,25,3166,26],[3167,1,3167,6],[3168,1,3168,6],[3171,1,3171,6],[3174,1,3174,2],[3174,3,3174,6],[3175,1,3179,2],[3175,3,3179,6],[3180,1,3180,2],[3180,3,3180,6],[3181,1,3181,2],[3181,3,3181,6],[3182,3,3182,4],[3182,5,3182,6],[3183,1,3184,6],[3185,1,3185,2],[3185,3,3185,6],[3186,1,3190,2],[3186,3,3190,6],[3191,1,3191,2],[3191,3,3191,6],[3192,1,3192,2],[3192,3,3192,6],[3193,3,3193,4],[3193,5,3193,6],[3194,1,3195,6]],"merged_total":8470,"flags":["merged_cut"]}
[null,"ENTIDAD:","GOBIERNO AUTONOMO DESCENTRALIZADO ILUSTRE MUNICIPALIDAD DEL CANTÓN DAULE"]
[null,"PROYECTO:","CONSTRUCCIÓN DEL MALECÓN EN LA PARROQUIA URBANA SATÉLITE LA AURORA"]
[null,"CRONOGRAMA DE TRABAJO",{"$nulls":5},{"v":0.022919411404198058,"d":"2.29%"},{"v":0.027215153258712214,"d":"2.72%"},{"v":0.01471833488158375,"d":"1.47%"},{"v":0.12562354373815343,"d":"12.56%"},{"v":0.1285841433382478,"d":"12.86%"},{"v":0.08028485016798627,"d":"8.03%"},{"v":0.09293689320273589,"d":"9.29%"},{"v":0.032142728069834,"d":"3.21%"},{"v":0.045513489055721765,"d":"4.55%"},{"v":0.07605521230854044,"d":"7.61%"},{"v":0.049905185801994476,"d":"4.99%"},{"v":0.060040243792854726,"d":"6.00%"},{"v":0.0746500173958646,"d":"7.47%"},{"v":0.07813469325974437,"d":"7.81%"},{"v":0.04525945453025583,"d":"4.53%"},{"v":0.046016645793572876,"d":"4.60%"}]
[null,"Nro.","DESCRIPCION","UNIDAD","CANTIDAD","PRECIO UNITARIO","TOTAL","PERIODOS (MESUAL)"]
[{"$nulls":7},1,2,3,4,5,6,7,8,9,10,11,12,13,14,15,16]
[null,1,"REPLANTEO Y TRAZADO","m2",{"v":12950,"d":"12950.00000"},{"v":0.98,"d":"$ 0.98000"},{"v":12691,"d":"$ 12,691.00000"},{"v":12691,"d":"12,691.00000"},0,0,0,0,0,0,0,0,0,0,0,0,0,0,0]
[null,null,{"$error":"#REF!"},{"$error":"#REF!"},{"$error":"#REF!"},{"$error":"#REF!"},null,{"v":1,"d":"100.00%"},{"v":0,"d":"0.00%"},{"v":0,"d":"0.00%"},{"v":0,"d":"0.00%"},{"v":0,"d":"0.00%"},{"v":0,"d":"0.00%"},{"v":0,"d":"0.00%"},{"v":0,"d":"0.00%"},{"v":0,"d":"0.00%"},{"v":0,"d":"0.00%"},{"v":0,"d":"0.00%"},{"v":0,"d":"0.00%"},{"v":0,"d":"0.00%"},{"v":0,"d":"0.00%"},{"v":0,"d":"0.00%"},{"v":0,"d":"0.00%"}]
[null,null,{"$error":"#REF!"},{"$error":"#REF!"},{"$error":"#REF!"},{"$error":"#REF!"},null,{"v":1,"d":"100.00%"}]
[null,2,"DESBROCE Y LIMPIEZA DEL TERRENO (INCLUYE DESALOJO)","m2",{"v":12950,"d":"12950.00000"},{"v":4.07,"d":"$ 4.07000"},{"v":52706.50000000001,"d":"$ 52,706.50000"},{"v":52706.50000000001,"d":"52,706.50000"},0,0,0,0,0,0,0,0,0,0,0,0,0,0,0]
[null,null,{"$error":"#REF!"},{"$error":"#REF!"},{"$error":"#REF!"},{"$error":"#REF!"},null,{"v":1,"d":"100.00%"},{"v":0,"d":"0.00%"},{"v":0,"d":"0.00%"},{"v":0,"d":"0.00%"},{"v":0,"d":"0.00%"},{"v":0,"d":"0.00%"},{"v":0,"d":"0.00%"},{"v":0,"d":"0.00%"},{"v":0,"d":"0.00%"},{"v":0,"d":"0.00%"},{"v":0,"d":"0.00%"},{"v":0,"d":"0.00%"},{"v":0,"d":"0.00%"},{"v":0,"d":"0.00%"},{"v":0,"d":"0.00%"},{"v":0,"d":"0.00%"}]
[null,null,{"$error":"#REF!"},{"$error":"#REF!"},{"$error":"#REF!"},{"$error":"#REF!"},null,{"v":1,"d":"100.00%"}]
[null,3,"CERRAMIENTO PROVISIONAL DE LONA BRANDEADA H=3m","m",{"v":340,"d":"340.00000"},{"v":58.06,"d":"$ 58.06000"},{"v":19740.4,"d":"$ 19,740.40000"},{"v":19740.4,"d":"19,740.40000"},0,0,0,0,0,0,0,0,0,0,0,0,0,0,0]
[null,null,{"$error":"#REF!"},{"$error":"#REF!"},{"$error":"#REF!"},{"$error":"#REF!"},null,{"v":1,"d":"100.00%"},{"v":0,"d":"0.00%"},{"v":0,"d":"0.00%"},{"v":0,"d":"0.00%"},{"v":0,"d":"0.00%"},{"v":0,"d":"0.00%"},{"v":0,"d":"0.00%"},{"v":0,"d":"0.00%"},{"v":0,"d":"0.00%"},{"v":0,"d":"0.00%"},{"v":0,"d":"0.00%"},{"v":0,"d":"0.00%"},{"v":0,"d":"0.00%"},{"v":0,"d":"0.00%"},{"v":0,"d":"0.00%"},{"v":0,"d":"0.00%"}]
[null,null,{"$error":"#REF!"},{"$error":"#REF!"},{"$error":"#REF!"},{"$error":"#REF!"},null,{"v":1,"d":"100.00%"}]
[null,4,"LETRERO INFORMATIVO DE OBRA 3,00x2.50m (INCLUYE ESTRUCTURA METALICA Y LONA REFLECTIVA)","u",{"v":2,"d":"2.00000"},{"v":1376.58,"d":"$ 1,376.58000"},{"v":2753.16,"d":"$ 2,753.16000"},{"v":2753.16,"d":"2,753.16000"},0,0,0,0,0,0,0,0,0,0,0,0,0,0,0]
[null,null,{"$error":"#REF!"},{"$error":"#REF!"},{"$error":"#REF!"},{"$error":"#REF!"},null,{"v":1,"d":"100.00%"},{"v":0,"d":"0.00%"},{"v":0,"d":"0.00%"},{"v":0,"d":"0.00%"},{"v":0,"d":"0.00%"},{"v":0,"d":"0.00%"},{"v":0,"d":"0.00%"},{"v":0,"d":"0.00%"},{"v":0,"d":"0.00%"},{"v":0,"d":"0.00%"},{"v":0,"d":"0.00%"},{"v":0,"d":"0.00%"},{"v":0,"d":"0.00%"},{"v":0,"d":"0.00%"},{"v":0,"d":"0.00%"},{"v":0,"d":"0.00%"}]
[null,null,{"$error":"#REF!"},{"$error":"#REF!"},{"$error":"#REF!"},{"$error":"#REF!"},null,{"v":1,"d":"100.00%"}]
[null,5,"BODEGA PROVISIONAL","m2",{"v":18,"d":"18.00000"},{"v":67.84,"d":"$ 67.84000"},{"v":1221.1200000000001,"d":"$ 1,221.12000"},{"v":1221.1200000000001,"d":"1,221.12000"},0,0,0,0,0,0,0,0,0,0,0,0,0,0,0]
[null,null,{"$error":"#REF!"},{"$error":"#REF!"},{"$error":"#REF!"},{"$error":"#REF!"},null,{"v":1,"d":"100.00%"},{"v":0,"d":"0.00%"},{"v":0,"d":"0.00%"},{"v":0,"d":"0.00%"},{"v":0,"d":"0.00%"},{"v":0,"d":"0.00%"},{"v":0,"d":"0.00%"},{"v":0,"d":"0.00%"},{"v":0,"d":"0.00%"},{"v":0,"d":"0.00%"},{"v":0,"d":"0.00%"},{"v":0,"d":"0.00%"},{"v":0,"d":"0.00%"},{"v":0,"d":"0.00%"},{"v":0,"d":"0.00%"},{"v":0,"d":"0.00%"}]
[null,null,{"$error":"#REF!"},{"$error":"#REF!"},{"$error":"#REF!"},{"$error":"#REF!"},null,{"v":1,"d":"100.00%"}]
[null,6,"EXCAVACION MECANICA EN SUELO SIN CLASIFICAR 0,00 < H < 2,00m","m3",{"v":2496,"d":"2496.00000"},{"v":3.84,"d":"$ 3.84000"},{"v":9584.64,"d":"$ 9,584.64000"},{"v":4792.32,"d":"4,792.32000"},{"v":4792.32,"d":"4,792.32000"},0,0,0,0,0,0,0,0,0,0,0,0,0,0]
[null,null,{"$error":"#REF!"},{"$error":"#REF!"},{"$error":"#REF!"},{"$error":"#REF!"},null,{"v":0.5,"d":"50.00%"},{"v":0.5,"d":"50.00%"},{"v":0,"d":"0.00%"},{"v":0,"d":"0.00%"},{"v":0,"d":"0.00%"},{"v":0,"d":"0.00%"},{"v":0,"d":"0.00%"},{"v":0,"d":"0.00%"},{"v":0,"d":"0.00%"},{"v":0,"d":"0.00%"},{"v":0,"d":"0.00%"},{"v":0,"d":"0.00%"},{"v":0,"d":"0.00%"},{"v":0,"d":"0.00%"},{"v":0,"d":"0.00%"},{"v":0,"d":"0.00%"}]
[null,null,{"$error":"#REF!"},{"$error":"#REF!"},{"$error":"#REF!"},{"$error":"#REF!"},null,{"v":0.5,"d":"50.00%"},{"v":0.5,"d":"50.00%"}]
[null,7,"DESALOJO DEL MATERIAL SOBRANTE (BOTADERO MUNICIPAL)","m3",{"v":2496,"d":"2496.00000"},{"v":3.5,"d":"$ 3.50000"},{"v":8736,"d":"$ 8,736.00000"},{"v":4368,"d":"4,368.00000"},{"v":4368,"d":"4,368.00000"},0,0,0,0,0,0,0,0,0,0,0,0,0,0]
[null,null,{"$error":"#REF!"},{"$error":"#REF!"},{"$error":"#REF!"},{"$error":"#REF!"},null,{"v":0.5,"d":"50.00%"},{"v":0.5,"d":"50.00%"},{"v":0,"d":"0.00%"},{"v":0,"d":"0.00%"},{"v":0,"d":"0.00%"},{"v":0,"d":"0.00%"},{"v":0,"d":"0.00%"},{"v":0,"d":"0.00%"},{"v":0,"d":"0.00%"},{"v":0,"d":"0.00%"},{"v":0,"d":"0.00%"},{"v":0,"d":"0.00%"},{"v":0,"d":"0.00%"},{"v":0,"d":"0.00%"},{"v":0,"d":"0.00%"},{"v":0,"d":"0.00%"}]
[null,null,{"$error":"#REF!"},{"$error":"#REF!"},{"$error":"#REF!"},{"$error":"#REF!"},null,{"v":0.5,"d":"50.00%"},{"v":0.5,"d":"50.00%"}]
[null,8,"RELLENO COMPACTADO CON RODILLO DE MATERIAL IMPORTADO (INCLUYE TRANSPORTE)","m3",{"v":60,"d":"60.00000"},{"v":16.84,"d":"$ 16.84000"},{"v":1010.4,"d":"$ 1,010.40000"},{"v":505.2,"d":"505.20000"},{"v":505.2,"d":"505.20000"},0,0,0,0,0,0,0,0,0,0,0,0,0,0]
[null,null,{"$error":"#REF!"},{"$error":"#REF!"},{"$error":"#REF!"},{"$error":"#REF!"},null,{"v":0.5,"d":"50.00%"},{"v":0.5,"d":"50.00%"},{"v":0,"d":"0.00%"},{"v":0,"d":"0.00%"},{"v":0,"d":"0.00%"},{"v":0,"d":"0.00%"},{"v":0,"d":"0.00%"},{"v":0,"d":"0.00%"},{"v":0,"d":"0.00%"},{"v":0,"d":"0.00%"},{"v":0,"d":"0.00%"},{"v":0,"d":"0.00%"},{"v":0,"d":"0.00%"},{"v":0,"d":"0.00%"},{"v":0,"d":"0.00%"},{"v":0,"d":"0.00%"}]
[null,null,{"$error":"#REF!"},{"$error":"#REF!"},{"$error":"#REF!"},{"$error":"#REF!"},null,{"v":0.5,"d":"50.00%"},{"v":0.5,"d":"50.00%"}]
[null,9,"SUMINISTRO DE PILOTES F´C=350 Kg/cm2 DE 40x40 L=25.0m","u",{"v":155,"d":"155.00000"},{"v":2940,"d":"$ 2,940.00000"},{"v":455700,"d":"$ 455,700.00000"},{"v":227850,"d":"227,850.00000"},{"v":227850,"d":"227,850.00000"},0,0,0,0,0,0,0,0,0,0,0,0,0,0]
[null,null,{"$error":"#REF!"},{"$error":"#REF!"},{"$error":"#REF!"},{"$error":"#REF!"},null,{"v":0.5,"d":"50.00%"},{"v":0.5,"d":"50.00%"},{"v":0,"d":"0.00%"},{"v":0,"d":"0.00%"},{"v":0,"d":"0.00%"},{"v":0,"d":"0.00%"},{"v":0,"d":"0.00%"},{"v":0,"d":"0.00%"},{"v":0,"d":"0.00%"},{"v":0,"d":"0.00%"},{"v":0,"d":"0.00%"},{"v":0,"d":"0.00%"},{"v":0,"d":"0.00%"},{"v":0,"d":"0.00%"},{"v":0,"d":"0.00%"},{"v":0,"d":"0.00%"}]
[null,null,{"$error":"#REF!"},{"$error":"#REF!"},{"$error":"#REF!"},{"$error":"#REF!"},null,{"v":0.5,"d":"50.00%"},{"v":0.5,"d":"50.00%"}]
[null,10,"SUMINISTRO DE PILOTES F´C=350 Kg/cm2 DE 40x40 L=21.0m","u",{"v":244,"d":"244.00000"},{"v":2469.6,"d":"$ 2,469.60000"},{"v":602582.4,"d":"$ 602,582.40000"},0,{"v":150645.6,"d":"150,645.60000"},{"v":150645.6,"d":"150,645.60000"},{"v":301291.2,"d":"301,291.20000"},0,0,0,0,0,0,0,0,0,0,0,0]
[null,null,{"$error":"#REF!"},{"$error":"#REF!"},{"$error":"#REF!"},{"$error":"#REF!"},null,{"v":0,"d":"0.00%"},{"v":0.25,"d":"25.00%"},{"v":0.25,"d":"25.00%"},{"v":0.5,"d":"50.00%"},{"v":0,"d":"0.00%"},{"v":0,"d":"0.00%"},{"v":0,"d":"0.00%"},{"v":0,"d":"0.00%"},{"v":0,"d":"0.00%"},{"v":0,"d":"0.00%"},{"v":0,"d":"0.00%"},{"v":0,"d":"0.00%"},{"v":0,"d":"0.00%"},{"v":0,"d":"0.00%"},{"v":0,"d":"0.00%"},{"v":0,"d":"0.00%"}]
[null,null,{"$error":"#REF!"},{"$error":"#REF!"},{"$error":"#REF!"},{"$error":"#REF!"},null,null,{"v":0.25,"d":"25.00%"},{"v":0.25,"d":"25.00%"},{"v":0.5,"d":"50.00%"}]
[null,11,"SUMINISTRO DE PILOTES F´C=350 Kg/cm2 DE 40x40 L=17.0m","u",{"v":25,"d":"25.00000"},{"v":1999.2,"d":"$ 1,999.20000"},{"v":49980,"d":"$ 49,980.00000"},0,0,0,{"v":49980,"d":"49,980.00000"},0,0,0,0,0,0,0,0,0,0,0,0]
[null,null,{"$error":"#REF!"},{"$error":"#REF!"},{"$error":"#REF!"},{"$error":"#REF!"},null,{"v":0,"d":"0.00%"},{"v":0,"d":"0.00%"},{"v":0,"d":"0.00%"},{"v":1,"d":"100.00%"},{"v":0,"d":"0.00%"},{"v":0,"d":"0.00%"},{"v":0,"d":"0.00%"},{"v":0,"d":"0.00%"},{"v":0,"d":"0.00%"},{"v":0,"d":"0.00%"},{"v":0,"d":"0.00%"},{"v":0,"d":"0.00%"},{"v":0,"d":"0.00%"},{"v":0,"d":"0.00%"},{"v":0,"d":"0.00%"},{"v":0,"d":"0.00%"}]
[null,null,{"$error":"#REF!"},{"$error":"#REF!"},{"$error":"#REF!"},{"$error":"#REF!"},{"$nulls":4},{"v":1,"d":"100.00%"}]
[null,12,"SUMINISTRO DE PILOTES F´C=350 Kg/cm2 DE 40x40 L=13.0m","u",{"v":56,"d":"56.00000"},{"v":1528.8,"d":"$ 1,528.80000"},{"v":85612.8,"d":"$ 85,612.80000"},0,0,0,{"v":85612.8,"d":"85,612.80000"},0,0,0,0,0,0,0,0,0,0,0,0]
[null,null,{"$error":"#REF!"},{"$error":"#REF!"},{"$error":"#REF!"},{"$error":"#REF!"},null,{"v":0,"d":"0.00%"},{"v":0,"d":"0.00%"},{"v":0,"d":"0.00%"},{"v":1,"d":"100.00%"},{"v":0,"d":"0.00%"},{"v":0,"d":"0.00%"},{"v":0,"d":"0.00%"},{"v":0,"d":"0.00%"},{"v":0,"d":"0.00%"},{"v":0,"d":"0.00%"},{"v":0,"d":"0.00%"},{"v":0,"d":"0.00%"},{"v":0,"d":"0.00%"},{"v":0,"d":"0.00%"},{"v":0,"d":"0.00%"},{"v":0,"d":"0.00%"}]
[null,null,{"$error":"#REF!"},{"$error":"#REF!"},{"$error":"#REF!"},{"$error":"#REF!"},{"$nulls":4},{"v":1,"d":"100.00%"}]
[null,13,"SUMINISTRO DE PILOTES F´C=350 Kg/cm2 DE 45x45 L=25.0m","u",{"v":32,"d":"32.00000"},{"v":3266.66,"d":"$ 3,266.66000"},{"v":104533.12,"d":"$ 104,533.12000"},0,0,0,{"v":104533.12,"d":"104,533.12000"},0,0,0,0,0,0,0,0,0,0,0,0]
[null,null,{"$error":"#REF!"},{"$error":"#REF!"},{"$error":"#REF!"},{"$error":"#REF!"},null,{"v":0,"d":"0.00%"},{"v":0,"d":"0.00%"},{"v":0,"d":"0.00%"},{"v":1,"d":"100.00%"},{"v":0,"d":"0.00%"},{"v":0,"d":"0.00%"},{"v":0,"d":"0.00%"},{"v":0,"d":"0.00%"},{"v":0,"d":"0.00%"},{"v":0,"d":"0.00%"},{"v":0,"d":"0.00%"},{"v":0,"d":"0.00%"},{"v":0,"d":"0.00%"},{"v":0,"d":"0.00%"},{"v":0,"d":"0.00%"},{"v":0,"d":"0.00%"}]
[null,null,{"$error":"#REF!"},{"$error":"#REF!"},{"$error":"#REF!"},{"$error":"#REF!"},{"$nulls":4},{"v":1,"d":"100.00%"}]
[null,14,"HINCADO Y TRANSPORTE DE PILOTES PREFABRICADOS DE HORMIGON EN TIERRA","m",{"v":8500,"d":"8500.00000"},{"v":47.14,"d":"$ 47.14000"},{"v":400690,"d":"$ 400,690.00000"},0,0,0,{"v":200345,"d":"200,345.00000"},{"v":200345,"d":"200,345.00000"},0,0,0,0,0,0,0,0,0,0,0]
[null,null,{"$error":"#REF!"},{"$error":"#REF!"},{"$error":"#REF!"},{"$error":"#REF!"},null,{"v":0,"d":"0.00%"},{"v":0,"d":"0.00%"},{"v":0,"d":"0.00%"},{"v":0.5,"d":"50.00%"},{"v":0.5,"d":"50.00%"},{"v":0,"d":"0.00%"},{"v":0,"d":"0.00%"},{"v":0,"d":"0.00%"},{"v":0,"d":"0.00%"},{"v":0,"d":"0.00%"},{"v":0,"d":"0.00%"},{"v":0,"d":"0.00%"},{"v":0,"d":"0.00%"},{"v":0,"d":"0.00%"},{"v":0,"d":"0.00%"},{"v":0,"d":"0.00%"}]
[null,null,{"$error":"#REF!"},{"$error":"#REF!"},{"$error":"#REF!"},{"$error":"#REF!"},{"$nulls":4},{"v":0.5,"d":"50.00%"},{"v":0.5,"d":"50.00%"}]
[null,15,"HINCADO Y TRANSPORTE DE PILOTES PREFABRICADOS DE HORMIGON EN AGUA","m",{"v":1250,"d":"1250.00000"},{"v":148.42,"d":"$ 148.42000"},{"v":185524.99999999997,"d":"$ 185,525.00000"},0,0,0,0,{"v":185524.99999999997,"d":"185,525.00000"},0,0,0,0,0,0,0,0,0,0,0]
[null,null,{"$error":"#REF!"},{"$error":"#REF!"},{"$error":"#REF!"},{"$error":"#REF!"},null,{"v":0,"d":"0.00%"},{"v":0,"d":"0.00%"},{"v":0,"d":"0.00%"},{"v":0,"d":"0.00%"},{"v":1,"d":"100.00%"},{"v":0,"d":"0.00%"},{"v":0,"d":"0.00%"},{"v":0,"d":"0.00%"},{"v":0,"d":"0.00%"},{"v":0,"d":"0.00%"},{"v":0,"d":"0.00%"},{"v":0,"d":"0.00%"},{"v":0,"d":"0.00%"},{"v":0,"d":"0.00%"},{"v":0,"d":"0.00%"},{"v":0,"d":"0.00%"}]
[null,null,{"$error":"#REF!"},{"$error":"#REF!"},{"$error":"#REF!"},{"$error":"#REF!"},{"$nulls":5},{"v":1,"d":"100.00%"}]
[null,16,"PRUEBAS DE CARGA DINAMICAS PDA EN PILOTES (PILE DYNAMIC ANALYSIS), SEGUN ASTM D4945-97 (STANDARD TEST METHOD FOR HIGH STRAIN DYNAMIC TESTING OF PILES) D=0.60m","u",{"v":77,"d":"77.00000"},{"v":3840,"d":"$ 3,840.00000"},{"v":295680,"d":"$ 295,680.00000"},0,0,0,0,{"v":295680,"d":"295,680.00000"},0,0,0,0,0,0,0,0,0,0,0]
[null,null,{"$error":"#REF!"},{"$error":"#REF!"},{"$error":"#REF!"},{"$error":"#REF!"},null,{"v":0,"d":"0.00%"},{"v":0,"d":"0.00%"},{"v":0,"d":"0.00%"},{"v":0,"d":"0.00%"},{"v":1,"d":"100.00%"},{"v":0,"d":"0.00%"},{"v":0,"d":"0.00%"},{"v":0,"d":"0.00%"},{"v":0,"d":"0.00%"},{"v":0,"d":"0.00%"},{"v":0,"d":"0.00%"},{"v":0,"d":"0.00%"},{"v":0,"d":"0.00%"},{"v":0,"d":"0.00%"},{"v":0,"d":"0.00%"},{"v":0,"d":"0.00%"}]
[null,null,{"$error":"#REF!"},{"$error":"#REF!"},{"$error":"#REF!"},{"$error":"#REF!"},{"$nulls":5},{"v":1,"d":"100.00%"}]
[null,17,"DESCABEZADO DE PILOTE EN AGUA","u",{"v":63,"d":"63.00000"},{"v":243.47,"d":"$ 243.47000"},{"v":15338.61,"d":"$ 15,338.61000"},0,0,0,0,{"v":15338.61,"d":"15,338.61000"},0,0,0,0,0,0,0,0,0,0,0]
[null,null,{"$error":"#REF!"},{"$error":"#REF!"},{"$error":"#REF!"},{"$error":"#REF!"},null,{"v":0,"d":"0.00%"},{"v":0,"d":"0.00%"},{"v":0,"d":"0.00%"},{"v":0,"d":"0.00%"},{"v":1,"d":"100.00%"},{"v":0,"d":"0.00%"},{"v":0,"d":"0.00%"},{"v":0,"d":"0.00%"},{"v":0,"d":"0.00%"},{"v":0,"d":"0.00%"},{"v":0,"d":"0.00%"},{"v":0,"d":"0.00%"},{"v":0,"d":"0.00%"},{"v":0,"d":"0.00%"},{"v":0,"d":"0.00%"},{"v":0,"d":"0.00%"}]
[null,null,{"$error":"#REF!"},{"$error":"#REF!"},{"$error":"#REF!"},{"$error":"#REF!"},{"$nulls":5},{"v":1,"d":"100.00%"}]
[null,18,"DESCABEZADO DE PILOTE EN TIERRA","u",{"v":449,"d":"449.00000"},{"v":90.32,"d":"$ 90.32000"},{"v":40553.68,"d":"$ 40,553.68000"},0,0,0,0,{"v":40553.68,"d":"40,553.68000"},0,0,0,0,0,0,0,0,0,0,0]
[null,null,{"$error":"#REF!"},{"$error":"#REF!"},{"$error":"#REF!"},{"$error":"#REF!"},null,{"v":0,"d":"0.00%"},{"v":0,"d":"0.00%"},{"v":0,"d":"0.00%"},{"v":0,"d":"0.00%"},{"v":1,"d":"100.00%"},{"v":0,"d":"0.00%"},{"v":0,"d":"0.00%"},{"v":0,"d":"0.00%"},{"v":0,"d":"0.00%"},{"v":0,"d":"0.00%"},{"v":0,"d":"0.00%"},{"v":0,"d":"0.00%"},{"v":0,"d":"0.00%"},{"v":0,"d":"0.00%"},{"v":0,"d":"0.00%"},{"v":0,"d":"0.00%"}]
[null,null,{"$error":"#REF!"},{"$error":"#REF!"},{"$error":"#REF!"},{"$error":"#REF!"},{"$nulls":5},{"v":1,"d":"100.00%"}]
[null,19,"PRUEBAS DE CARGA DINAMICAS PDA EN PILOTES (PILE DYNAMIC ANALYSIS), SEGUN ASTM D4945-97 (STANDARD TEST METHOD FOR HIGH STRAIN DYNAMIC TESTING OF PILES) D=0.60m","u",{"v":20,"d":"20.00000"},{"v":3840,"d":"$ 3,840.00000"},{"v":76800,"d":"$ 76,800.00000"},0,0,0,{"v":19200,"d":"19,200.00000"},{"v":19200,"d":"19,200.00000"},{"v":19200,"d":"19,200.00000"},{"v":19200,"d":"19,200.00000"},0,0,0,0,0,0,0,0,0]
[null,null,{"$error":"#REF!"},{"$error":"#REF!"},{"$error":"#REF!"},{"$error":"#REF!"},null,{"v":0,"d":"0.00%"},{"v":0,"d":"0.00%"},{"v":0,"d":"0.00%"},{"v":0.25,"d":"25.00%"},{"v":0.25,"d":"25.00%"},{"v":0.25,"d":"25.00%"},{"v":0.25,"d":"25.00%"},{"v":0,"d":"0.00%"},{"v":0,"d":"0.00%"},{"v":0,"d":"0.00%"},{"v":0,"d":"0.00%"},{"v":0,"d":"0.00%"},{"v":0,"d":"0.00%"},{"v":0,"d":"0.00%"},{"v":0,"d":"0.00%"},{"v":0,"d":"0.00%"}]
[null,null,{"$error":"#REF!"},{"$error":"#REF!"},{"$error":"#REF!"},{"$error":"#REF!"},{"$nulls":4},{"v":0.25,"d":"25.00%"},{"v":0.25,"d":"25.00%"},{"v":0.25,"d":"25.00%"},{"v":0.25,"d":"25.00%"}]
[null,20,"PILOTE TUBULAR METALICO HINCADO D=0.60m, PERFORADO EN AGUA","m",{"v":3480,"d":"3480.00000"},{"v":984.43,"d":"$ 984.43000"},{"v":3425816.4,"d":"$ 3,425,816.40000"},0,0,0,{"v":856454.1,"d":"856,454.10000"},{"v":856454.1,"d":"856,454.10000"},{"v":856454.1,"d":"856,454.10000"},{"v":856454.1,"d":"856,454.10000"},0,0,0,0,0,0,0,0,0]
[null,null,{"$error":"#REF!"},{"$error":"#REF!"},{"$error":"#REF!"},{"$error":"#REF!"},null,{"v":0,"d":"0.00%"},{"v":0,"d":"0.00%"},{"v":0,"d":"0.00%"},{"v":0.25,"d":"25.00%"},{"v":0.25,"d":"25.00%"},{"v":0.25,"d":"25.00%"},{"v":0.25,"d":"25.00%"},{"v":0,"d":"0.00%"},{"v":0,"d":"0.00%"},{"v":0,"d":"0.00%"},{"v":0,"d":"0.00%"},{"v":0,"d":"0.00%"},{"v":0,"d":"0.00%"},{"v":0,"d":"0.00%"},{"v":0,"d":"0.00%"},{"v":0,"d":"0.00%"}]
[null,null,{"$error":"#REF!"},{"$error":"#REF!"},{"$error":"#REF!"},{"$error":"#REF!"},{"$nulls":4},{"v":0.25,"d":"25.00%"},{"v":0.25,"d":"25.00%"},{"v":0.25,"d":"25.00%"},{"v":0.25,"d":"25.00%"}]
[null,21,"PILOTE TUBULAR METALICO HINCADO D=0.60m, PERFORADO EN TIERRA","m",{"v":521,"d":"521.00000"},{"v":823.34,"d":"$ 823.34000"},{"v":428960.14,"d":"$ 428,960.14000"},0,0,0,{"v":107240.035,"d":"107,240.03500"},{"v":107240.035,"d":"107,240.03500"},{"v":107240.035,"d":"107,240.03500"},{"v":107240.035,"d":"107,240.03500"},0,0,0,0,0,0,0,0,0]
[null,null,{"$error":"#REF!"},{"$error":"#REF!"},{"$error":"#REF!"},{"$error":"#REF!"},null,{"v":0,"d":"0.00%"},{"v":0,"d":"0.00%"},{"v":0,"d":"0.00%"},{"v":0.25,"d":"25.00%"},{"v":0.25,"d":"25.00%"},{"v":0.25,"d":"25.00%"},{"v":0.25,"d":"25.00%"},{"v":0,"d":"0.00%"},{"v":0,"d":"0.00%"},{"v":0,"d":"0.00%"},{"v":0,"d":"0.00%"},{"v":0,"d":"0.00%"},{"v":0,"d":"0.00%"},{"v":0,"d":"0.00%"},{"v":0,"d":"0.00%"},{"v":0,"d":"0.00%"}]
[null,null,{"$error":"#REF!"},{"$error":"#REF!"},{"$error":"#REF!"},{"$error":"#REF!"},{"$nulls":4},{"v":0.25,"d":"25.00%"},{"v":0.25,"d":"25.00%"},{"v":0.25,"d":"25.00%"},{"v":0.25,"d":"25.00%"}]
[null,22,"ACERO DE REFUERZO EN BARRAS FY=4200 Kg/cm2","Kg",{"v":9300,"d":"9300.00000"},{"v":2.32,"d":"$ 2.32000"},{"v":21576,"d":"$ 21,576.00000"},0,0,{"v":863.04,"d":"863.04000"},{"v":1078.8,"d":"1,078.80000"},{"v":1726.08,"d":"1,726.08000"},{"v":2373.36,"d":"2,373.36000"},{"v":3020.6400000000003,"d":"3,020.64000"},{"v":3883.68,"d":"3,883.68000"},{"v":4746.72,"d":"4,746.72000"},{"v":3883.68,"d":"3,883.68000"},0,0,0,0,0,0]
[null,null,{"$error":"#REF!"},{"$error":"#REF!"},{"$error":"#REF!"},{"$error":"#REF!"},null,{"v":0,"d":"0.00%"},{"v":0,"d":"0.00%"},{"v":0.04,"d":"4.00%"},{"v":0.049999999999999996,"d":"5.00%"},{"v":0.08,"d":"8.00%"},{"v":0.11,"d":"11.00%"},{"v":0.14,"d":"14.00%"},{"v":0.18,"d":"18.00%"},{"v":0.22,"d":"22.00%"},{"v":0.18,"d":"18.00%"},{"v":0,"d":"0.00%"},{"v":0,"d":"0.00%"},{"v":0,"d":"0.00%"},{"v":0,"d":"0.00%"},{"v":0,"d":"0.00%"},{"v":0,"d":"0.00%"}]
[null,null,{"$error":"#REF!"},{"$error":"#REF!"},{"$error":"#REF!"},{"$error":"#REF!"},{"$nulls":3},{"v":0.04,"d":"4.00%"},{"v":0.049999999999999996,"d":"5.00%"},{"v":0.08,"d":"8.00%"},{"v":0.11,"d":"11.00%"},{"v":0.14,"d":"14.00%"},{"v":0.18,"d":"18.00%"},{"v":0.22,"d":"22.00%"},{"v":0.18,"d":"18.00%"}]
[null,23,"HORMIGON PREMEZCLADO BOMBEABLE AUTOCOMPACTANTE F´C=350 Kg/cm2 CON INHIBIDOR DE CORROSION DE ALTA RESISTENCIA INICIAL EN PILOTES","m3",{"v":35.9,"d":"35.90000"},{"v":309.03,"d":"$ 309.03000"},{"v":11094.176999999998,"d":"$ 11,094.17700"},0,0,{"v":443.7670799999999,"d":"443.76708"},{"v":554.7088499999999,"d":"554.70885"},{"v":887.5341599999998,"d":"887.53416"},{"v":1220.3594699999999,"d":"1,220.35947"},{"v":1553.1847799999998,"d":"1,553.18478"},{"v":1996.9518599999994,"d":"1,996.95186"},{"v":2440.7189399999997,"d":"2,440.71894"},{"v":1996.9518599999994,"d":"1,996.95186"},0,0,0,0,0,0]
[null,null,{"$error":"#REF!"},{"$error":"#REF!"},{"$error":"#REF!"},{"$error":"#REF!"},null,{"v":0,"d":"0.00%"},{"v":0,"d":"0.00%"},{"v":0.04,"d":"4.00%"},{"v":0.049999999999999996,"d":"5.00%"},{"v":0.08,"d":"8.00%"},{"v":0.11,"d":"11.00%"},{"v":0.14,"d":"14.00%"},{"v":0.18,"d":"18.00%"},{"v":0.22,"d":"22.00%"},{"v":0.18,"d":"18.00%"},{"v":0,"d":"0.00%"},{"v":0,"d":"0.00%"},{"v":0,"d":"0.00%"},{"v":0,"d":"0.00%"},{"v":0,"d":"0.00%"},{"v":0,"d":"0.00%"}]
[null,null,{"$error":"#REF!"},{"$error":"#REF!"},{"$error":"#REF!"},{"$error":"#REF!"},{"$nulls":3},{"v":0.04,"d":"4.00%"},{"v":0.049999999999999996,"d":"5.00%"},{"v":0.08,"d":"8.00%"},{"v":0.11,"d":"11.00%"},{"v":0.14,"d":"14.00%"},{"v":0.18,"d":"18.00%"},{"v":0.22,"d":"22.00%"},{"v":0.18,"d":"18.00%"}]
[null,24,"ACERO DE REFUERZO EN BARRAS FY=4200 Kg/cm2","Kg",30941.70862,{"v":2.32,"d":"$ 2.32000"},{"v":71784.7639984,"d":"$ 71,784.76400"},0,0,{"v":2871.390559936,"d":"2,871.39056"},{"v":3589.2381999199997,"d":"3,589.23820"},{"v":5742.781119872,"d":"5,742.78112"},{"v":7896.324039824,"d":"7,896.32404"},{"v":10049.866959776,"d":"10,049.86696"},{"v":12921.257519711999,"d":"12,921.25752"},{"v":15792.648079648,"d":"15,792.64808"},{"v":12921.257519711999,"d":"12,921.25752"},0,0,0,0,0,0]
[null,null,{"$error":"#REF!"},{"$error":"#REF!"},{"$error":"#REF!"},{"$error":"#REF!"},null,{"v":0,"d":"0.00%"},{"v":0,"d":"0.00%"},{"v":0.04,"d":"4.00%"},{"v":0.049999999999999996,"d":"5.00%"},{"v":0.08,"d":"8.00%"},{"v":0.11,"d":"11.00%"},{"v":0.14,"d":"14.00%"},{"v":0.18,"d":"18.00%"},{"v":0.22,"d":"22.00%"},{"v":0.18,"d":"18.00%"},{"v":0,"d":"0.00%"},{"v":0,"d":"0.00%"},{"v":0,"d":"0.00%"},{"v":0,"d":"0.00%"},{"v":0,"d":"0.00%"},{"v":0,"d":"0.00%"}]
[null,null,{"$error":"#REF!"},{"$error":"#REF!"},{"$error":"#REF!"},{"$error":"#REF!"},{"$nulls":3},{"v":0.04,"d":"4.00%"},{"v":0.049999999999999996,"d":"5.00%"},{"v":0.08,"d":"8.00%"},{"v":0.11,"d":"11.00%"},{"v":0.14,"d":"14.00%"},{"v":0.18,"d":"18.00%"},{"v":0.22,"d":"22.00%"},{"v":0.18,"d":"18.00%"}]
[null,25,"HORMIGON ESTRUCTURAL/CEMENTO PORTLAND CL.-A; F'C=350 Kg/cm2 (INCLUYE CURADO)","m3",{"v":435,"d":"435.00000"},{"v":238,"d":"$ 238.00000"},{"v":103530,"d":"$ 103,530.00000"},0,0,{"v":4141.2,"d":"4,141.20000"},{"v":5176.5,"d":"5,176.50000"},{"v":8282.4,"d":"8,282.40000"},{"v":11388.3,"d":"11,388.30000"},{"v":14494.2,"d":"14,494.20000"},{"v":18635.399999999998,"d":"18,635.40000"},{"v":22776.6,"d":"22,776.60000"},{"v":18635.399999999998,"d":"18,635.40000"},0,0,0,0,0,0]
[null,null,{"$error":"#REF!"},{"$error":"#REF!"},{"$error":"#REF!"},{"$error":"#REF!"},null,{"v":0,"d":"0.00%"},{"v":0,"d":"0.00%"},{"v":0.04,"d":"4.00%"},{"v":0.049999999999999996,"d":"5.00%"},{"v":0.08,"d":"8.00%"},{"v":0.11,"d":"11.00%"},{"v":0.14,"d":"14.00%"},{"v":0.18,"d":"18.00%"},{"v":0.22,"d":"22.00%"},{"v":0.18,"d":"18.00%"},{"v":0,"d":"0.00%"},{"v":0,"d":"0.00%"},{"v":0,"d":"0.00%"},{"v":0,"d":"0.00%"},{"v":0,"d":"0.00%"},{"v":0,"d":"0.00%"}]
[null,null,{"$error":"#REF!"},{"$error":"#REF!"},{"$error":"#REF!"},{"$error":"#REF!"},{"$nulls":3},{"v":0.04,"d":"4.00%"},{"v":0.049999999999999996,"d":"5.00%"},{"v":0.08,"d":"8.00%"},{"v":0.11,"d":"11.00%"},{"v":0.14,"d":"14.00%"},{"v":0.18,"d":"18.00%"},{"v":0.22,"d":"22.00%"},{"v":0.18,"d":"18.00%"}]
[null,26,"SUMINISTRO DE VIGAS T, SEGUN DISEÑO","m",{"v":600,"d":"600.00000"},{"v":141.11,"d":"$ 141.11000"},{"v":84666.00000000001,"d":"$ 84,666.00000"},0,0,{"v":3386.640000000001,"d":"3,386.64000"},{"v":4233.3,"d":"4,233.30000"},{"v":6773.280000000002,"d":"6,773.28000"},{"v":9313.260000000002,"d":"9,313.26000"},{"v":11853.240000000003,"d":"11,853.24000"},{"v":15239.880000000003,"d":"15,239.88000"},{"v":18626.520000000004,"d":"18,626.52000"},{"v":15239.880000000003,"d":"15,239.88000"},0,0,0,0,0,0]
[null,null,{"$error":"#REF!"},{"$error":"#REF!"},{"$error":"#REF!"},{"$error":"#REF!"},null,{"v":0,"d":"0.00%"},{"v":0,"d":"0.00%"},{"v":0.04,"d":"4.00%"},{"v":0.049999999999999996,"d":"5.00%"},{"v":0.08,"d":"8.00%"},{"v":0.11,"d":"11.00%"},{"v":0.14,"d":"14.00%"},{"v":0.18,"d":"18.00%"},{"v":0.22,"d":"22.00%"},{"v":0.18,"d":"18.00%"},{"v":0,"d":"0.00%"},{"v":0,"d":"0.00%"},{"v":0,"d":"0.00%"},{"v":0,"d":"0.00%"},{"v":0,"d":"0.00%"},{"v":0,"d":"0.00%"}]
[null,null,{"$error":"#REF!"},{"$error":"#REF!"},{"$error":"#REF!"},{"$error":"#REF!"},{"$nulls":3},{"v":0.04,"d":"4.00%"},{"v":0.049999999999999996,"d":"5.00%"},{"v":0.08,"d":"8.00%"},{"v":0.11,"d":"11.00%"},{"v":0.14,"d":"14.00%"},{"v":0.18,"d":"18.00%"},{"v":0.22,"d":"22.00%"},{"v":0.18,"d":"18.00%"}]
[null,27,"SUMINISTRO DE VIGAS DOBLE T, ANCHO= 1,40m A 1,70m","m",{"v":600,"d":"600.00000"},{"v":130.66,"d":"$ 130.66000"},{"v":78396,"d":"$ 78,396.00000"},0,0,{"v":3135.84,"d":"3,135.84000"},{"v":3919.7999999999997,"d":"3,919.80000"},{"v":6271.68,"d":"6,271.68000"},{"v":8623.56,"d":"8,623.56000"},{"v":10975.44,"d":"10,975.44000"},{"v":14111.279999999999,"d":"14,111.28000"},{"v":17247.12,"d":"17,247.12000"},{"v":14111.279999999999,"d":"14,111.28000"},0,0,0,0,0,0]
[null,null,{"$error":"#REF!"},{"$error":"#REF!"},{"$error":"#REF!"},{"$error":"#REF!"},null,{"v":0,"d":"0.00%"},{"v":0,"d":"0.00%"},{"v":0.04,"d":"4.00%"},{"v":0.049999999999999996,"d":"5.00%"},{"v":0.08,"d":"8.00%"},{"v":0.11,"d":"11.00%"},{"v":0.14,"d":"14.00%"},{"v":0.18,"d":"18.00%"},{"v":0.22,"d":"22.00%"},{"v":0.18,"d":"18.00%"},{"v":0,"d":"0.00%"},{"v":0,"d":"0.00%"},{"v":0,"d":"0.00%"},{"v":0,"d":"0.00%"},{"v":0,"d":"0.00%"},{"v":0,"d":"0.00%"}]
[null,null,{"$error":"#REF!"},{"$error":"#REF!"},{"$error":"#REF!"},{"$error":"#REF!"},{"$nulls":3},{"v":0.04,"d":"4.00%"},{"v":0.049999999999999996,"d":"5.00%"},{"v":0.08,"d":"8.00%"},{"v":0.11,"d":"11.00%"},{"v":0.14,"d":"14.00%"},{"v":0.18,"d":"18.00%"},{"v":0.22,"d":"22.00%"},{"v":0.18,"d":"18.00%"}]
[null,28,"SUMINISTRO DE VIGAS DOBLE T TIPOX, ANCHO= 1,71m A 2,11m","m",{"v":1900,"d":"1900.00000"},{"v":146.65,"d":"$ 146.65000"},{"v":278635,"d":"$ 278,635.00000"},0,0,{"v":11145.4,"d":"11,145.40000"},{"v":13931.749999999998,"d":"13,931.75000"},{"v":22290.8,"d":"22,290.80000"},{"v":30649.85,"d":"30,649.85000"},{"v":39008.9,"d":"39,008.90000"},{"v":50154.299999999996,"d":"50,154.30000"},{"v":61299.7,"d":"61,299.70000"},{"v":50154.299999999996,"d":"50,154.30000"},0,0,0,0,0,0]
[null,null,{"$error":"#REF!"},{"$error":"#REF!"},{"$error":"#REF!"},{"$error":"#REF!"},null,{"v":0,"d":"0.00%"},{"v":0,"d":"0.00%"},{"v":0.04,"d":"4.00%"},{"v":0.049999999999999996,"d":"5.00%"},{"v":0.08,"d":"8.00%"},{"v":0.11,"d":"11.00%"},{"v":0.14,"d":"14.00%"},{"v":0.18,"d":"18.00%"},{"v":0.22,"d":"22.00%"},{"v":0.18,"d":"18.00%"},{"v":0,"d":"0.00%"},{"v":0,"d":"0.00%"},{"v":0,"d":"0.00%"},{"v":0,"d":"0.00%"},{"v":0,"d":"0.00%"},{"v":0,"d":"0.00%"}]
[null,null,{"$error":"#REF!"},{"$error":"#REF!"},{"$error":"#REF!"},{"$error":"#REF!"},{"$nulls":3},{"v":0.04,"d":"4.00%"},{"v":0.049999999999999996,"d":"5.00%"},{"v":0.08,"d":"8.00%"},{"v":0.11,"d":"11.00%"},{"v":0.14,"d":"14.00%"},{"v":0.18,"d":"18.00%"},{"v":0.22,"d":"22.00%"},{"v":0.18,"d":"18.00%"}]
[null,29,"COLOCACION Y TRANSPORTE DE VIGAS T - VIGA DOBLE T - VIGA L","m",{"v":3900,"d":"3900.00000"},{"v":56.66,"d":"$ 56.66000"},{"v":220974,"d":"$ 220,974.00000"},0,0,{"v":8838.960000000001,"d":"8,838.96000"},{"v":11048.699999999999,"d":"11,048.70000"},{"v":17677.920000000002,"d":"17,677.92000"},{"v":24307.14,"d":"24,307.14000"},{"v":30936.360000000004,"d":"30,936.36000"},{"v":39775.32,"d":"39,775.32000"},{"v":48614.28,"d":"48,614.28000"},{"v":39775.32,"d":"39,775.32000"},0,0,0,0,0,0]
[null,null,{"$error":"#REF!"},{"$error":"#REF!"},{"$error":"#REF!"},{"$error":"#REF!"},null,{"v":0,"d":"0.00%"},{"v":0,"d":"0.00%"},{"v":0.04,"d":"4.00%"},{"v":0.049999999999999996,"d":"5.00%"},{"v":0.08,"d":"8.00%"},{"v":0.11,"d":"11.00%"},{"v":0.14,"d":"14.00%"},{"v":0.18,"d":"18.00%"},{"v":0.22,"d":"22.00%"},{"v":0.18,"d":"18.00%"},{"v":0,"d":"0.00%"},{"v":0,"d":"0.00%"},{"v":0,"d":"0.00%"},{"v":0,"d":"0.00%"},{"v":0,"d":"0.00%"},{"v":0,"d":"0.00%"}]
[null,null,{"$error":"#REF!"},{"$error":"#REF!"},{"$error":"#REF!"},{"$error":"#REF!"},{"$nulls":3},{"v":0.04,"d":"4.00%"},{"v":0.049999999999999996,"d":"5.00%"},{"v":0.08,"d":"8.00%"},{"v":0.11,"d":"11.00%"},{"v":0.14,"d":"14.00%"},{"v":0.18,"d":"18.00%"},{"v":0.22,"d":"22.00%"},{"v":0.18,"d":"18.00%"}]
[null,30,"SUMINISTRO DE VIGAS L, SEGUN DISEÑO","m",{"v":800,"d":"800.00000"},{"v":173.44,"d":"$ 173.44000"},{"v":138752,"d":"$ 138,752.00000"},0,0,{"v":5550.08,"d":"5,550.08000"},{"v":6937.599999999999,"d":"6,937.60000"},{"v":11100.16,"d":"11,100.16000"},{"v":15262.72,"d":"15,262.72000"},{"v":19425.280000000002,"d":"19,425.28000"},{"v":24975.36,"d":"24,975.36000"},{"v":30525.44,"d":"30,525.44000"},{"v":24975.36,"d":"24,975.36000"},0,0,0,0,0,0]
[null,null,{"$error":"#REF!"},{"$error":"#REF!"},{"$error":"#REF!"},{"$error":"#REF!"},null,{"v":0,"d":"0.00%"},{"v":0,"d":"0.00%"},{"v":0.04,"d":"4.00%"},{"v":0.049999999999999996,"d":"5.00%"},{"v":0.08,"d":"8.00%"},{"v":0.11,"d":"11.00%"},{"v":0.14,"d":"14.00%"},{"v":0.18,"d":"18.00%"},{"v":0.22,"d":"22.00%"},{"v":0.18,"d":"18.00%"},{"v":0,"d":"0.00%"},{"v":0,"d":"0.00%"},{"v":0,"d":"0.00%"},{"v":0,"d":"0.00%"},{"v":0,"d":"0.00%"},{"v":0,"d":"0.00%"}]
[null,null,{"$error":"#REF!"},{"$error":"#REF!"},{"$error":"#REF!"},{"$error":"#REF!"},{"$nulls":3},{"v":0.04,"d":"4.00%"},{"v":0.049999999999999996,"d":"5.00%"},{"v":0.08,"d":"8.00%"},{"v":0.11,"d":"11.00%"},{"v":0.14,"d":"14.00%"},{"v":0.18,"d":"18.00%"},{"v":0.22,"d":"22.00%"},{"v":0.18,"d":"18.00%"}]
[null,31,"SUMINISTRO DE VIGA RECTANGULAR 250 X 470","m",{"v":1300,"d":"1300.00000"},{"v":130.84,"d":"$ 130.84000"},{"v":170092,"d":"$ 170,092.00000"},0,0,{"v":6803.68,"d":"6,803.68000"},{"v":8504.599999999999,"d":"8,504.60000"},{"v":13607.36,"d":"13,607.36000"},{"v":18710.12,"d":"18,710.12000"},{"v":23812.88,"d":"23,812.88000"},{"v":30616.559999999998,"d":"30,616.56000"},{"v":37420.24,"d":"37,420.24000"},{"v":30616.559999999998,"d":"30,616.56000"},0,0,0,0,0,0]
[null,null,{"$error":"#REF!"},{"$error":"#REF!"},{"$error":"#REF!"},{"$error":"#REF!"},null,{"v":0,"d":"0.00%"},{"v":0,"d":"0.00%"},{"v":0.04,"d":"4.00%"},{"v":0.049999999999999996,"d":"5.00%"},{"v":0.08,"d":"8.00%"},{"v":0.11,"d":"11.00%"},{"v":0.14,"d":"14.00%"},{"v":0.18,"d":"18.00%"},{"v":0.22,"d":"22.00%"},{"v":0.18,"d":"18.00%"},{"v":0,"d":"0.00%"},{"v":0,"d":"0.00%"},{"v":0,"d":"0.00%"},{"v":0,"d":"0.00%"},{"v":0,"d":"0.00%"},{"v":0,"d":"0.00%"}]
[null,null,{"$error":"#REF!"},{"$error":"#REF!"},{"$error":"#REF!"},{"$error":"#REF!"},{"$nulls":3},{"v":0.04,"d":"4.00%"},{"v":0.049999999999999996,"d":"5.00%"},{"v":0.08,"d":"8.00%"},{"v":0.11,"d":"11.00%"},{"v":0.14,"d":"14.00%"},{"v":0.18,"d":"18.00%"},{"v":0.22,"d":"22.00%"},{"v":0.18,"d":"18.00%"}]
[null,32,"COLOCACION Y TRANSPORTE DE VIGA RECTANGULAR 250 X 470","m",{"v":1384,"d":"1384.00000"},{"v":67.99,"d":"$ 67.99000"},{"v":94098.15999999999,"d":"$ 94,098.16000"},0,0,{"v":3763.9264,"d":"3,763.92640"},{"v":4704.907999999999,"d":"4,704.90800"},{"v":7527.8528,"d":"7,527.85280"},{"v":10350.797599999998,"d":"10,350.79760"},{"v":13173.7424,"d":"13,173.74240"},{"v":16937.668799999996,"d":"16,937.66880"},{"v":20701.595199999996,"d":"20,701.59520"},{"v":16937.668799999996,"d":"16,937.66880"},0,0,0,0,0,0]
[null,null,{"$error":"#REF!"},{"$error":"#REF!"},{"$error":"#REF!"},{"$error":"#REF!"},null,{"v":0,"d":"0.00%"},{"v":0,"d":"0.00%"},{"v":0.04,"d":"4.00%"},{"v":0.049999999999999996,"d":"5.00%"},{"v":0.08,"d":"8.00%"},{"v":0.11,"d":"11.00%"},{"v":0.14,"d":"14.00%"},{"v":0.18,"d":"18.00%"},{"v":0.22,"d":"22.00%"},{"v":0.18,"d":"18.00%"},{"v":0,"d":"0.00%"},{"v":0,"d":"0.00%"},{"v":0,"d":"0.00%"},{"v":0,"d":"0.00%"},{"v":0,"d":"0.00%"},{"v":0,"d":"0.00%"}]
[null,null,{"$error":"#REF!"},{"$error":"#REF!"},{"$error":"#REF!"},{"$error":"#REF!"},{"$nulls":3},{"v":0.04,"d":"4.00%"},{"v":0.049999999999999996,"d":"5.00%"},{"v":0.08,"d":"8.00%"},{"v":0.11,"d":"11.00%"},{"v":0.14,"d":"14.00%"},{"v":0.18,"d":"18.00%"},{"v":0.22,"d":"22.00%"},{"v":0.18,"d":"18.00%"}]
[null,33,"SUMINISTRO DE VIGA R19R","m",{"v":431,"d":"431.00000"},{"v":77.95,"d":"$ 77.95000"},{"v":33596.450000000004,"d":"$ 33,596.45000"},0,0,{"v":1343.8580000000002,"d":"1,343.85800"},{"v":1679.8225,"d":"1,679.82250"},{"v":2687.7160000000003,"d":"2,687.71600"},{"v":3695.6095000000005,"d":"3,695.60950"},{"v":4703.503000000001,"d":"4,703.50300"},{"v":6047.361000000001,"d":"6,047.36100"},{"v":7391.219000000001,"d":"7,391.21900"},{"v":6047.361000000001,"d":"6,047.36100"},0,0,0,0,0,0]
[null,null,{"$error":"#REF!"},{"$error":"#REF!"},{"$error":"#REF!"},{"$error":"#REF!"},null,{"v":0,"d":"0.00%"},{"v":0,"d":"0.00%"},{"v":0.04,"d":"4.00%"},{"v":0.049999999999999996,"d":"5.00%"},{"v":0.08,"d":"8.00%"},{"v":0.11,"d":"11.00%"},{"v":0.14,"d":"14.00%"},{"v":0.18,"d":"18.00%"},{"v":0.22,"d":"22.00%"},{"v":0.18,"d":"18.00%"},{"v":0,"d":"0.00%"},{"v":0,"d":"0.00%"},{"v":0,"d":"0.00%"},{"v":0,"d":"0.00%"},{"v":0,"d":"0.00%"},{"v":0,"d":"0.00%"}]
[null,null,{"$error":"#REF!"},{"$error":"#REF!"},{"$error":"#REF!"},{"$error":"#REF!"},{"$nulls":3},{"v":0.04,"d":"4.00%"},{"v":0.049999999999999996,"d":"5.00%"},{"v":0.08,"d":"8.00%"},{"v":0.11,"d":"11.00%"},{"v":0.14,"d":"14.00%"},{"v":0.18,"d":"18.00%"},{"v":0.22,"d":"22.00%"},{"v":0.18,"d":"18.00%"}]
[null,34,"COLOCACION Y TRANSPORTE DE VIGAS R19R","m",{"v":431,"d":"431.00000"},{"v":43.76,"d":"$ 43.76000"},{"v":18860.559999999998,"d":"$ 18,860.56000"},0,0,{"v":754.4223999999999,"d":"754.42240"},{"v":943.0279999999998,"d":"943.02800"},{"v":1508.8447999999999,"d":"1,508.84480"},{"v":2074.6616,"d":"2,074.66160"},{"v":2640.4784,"d":"2,640.47840"},{"v":3394.9007999999994,"d":"3,394.90080"},{"v":4149.3232,"d":"4,149.32320"},{"v":3394.9007999999994,"d":"3,394.90080"},0,0,0,0,0,0]
[null,null,{"$error":"#REF!"},{"$error":"#REF!"},{"$error":"#REF!"},{"$error":"#REF!"},null,{"v":0,"d":"0.00%"},{"v":0,"d":"0.00%"},{"v":0.04,"d":"4.00%"},{"v":0.049999999999999996,"d":"5.00%"},{"v":0.08,"d":"8.00%"},{"v":0.11,"d":"11.00%"},{"v":0.14,"d":"14.00%"},{"v":0.18,"d":"18.00%"},{"v":0.22,"d":"22.00%"},{"v":0.18,"d":"18.00%"},{"v":0,"d":"0.00%"},{"v":0,"d":"0.00%"},{"v":0,"d":"0.00%"},{"v":0,"d":"0.00%"},{"v":0,"d":"0.00%"},{"v":0,"d":"0.00%"}]
[null,null,{"$error":"#REF!"},{"$error":"#REF!"},{"$error":"#REF!"},{"$error":"#REF!"},{"$nulls":3},{"v":0.04,"d":"4.00%"},{"v":0.049999999999999996,"d":"5.00%"},{"v":0.08,"d":"8.00%"},{"v":0.11,"d":"11.00%"},{"v":0.14,"d":"14.00%"},{"v":0.18,"d":"18.00%"},{"v":0.22,"d":"22.00%"},{"v":0.18,"d":"18.00%"}]
[null,35,"SUMINISTRO DE VIGA R14R","m",{"v":316,"d":"316.00000"},{"v":21.16,"d":"$ 21.16000"},{"v":6686.56,"d":"$ 6,686.56000"},0,0,{"v":267.4624,"d":"267.46240"},{"v":334.328,"d":"334.32800"},{"v":534.9248,"d":"534.92480"},{"v":735.5216,"d":"735.52160"},{"v":936.1184000000002,"d":"936.11840"},{"v":1203.5808,"d":"1,203.58080"},{"v":1471.0432,"d":"1,471.04320"},{"v":1203.5808,"d":"1,203.58080"},0,0,0,0,0,0]
[null,null,{"$error":"#REF!"},{"$error":"#REF!"},{"$error":"#REF!"},{"$error":"#REF!"},null,{"v":0,"d":"0.00%"},{"v":0,"d":"0.00%"},{"v":0.04,"d":"4.00%"},{"v":0.049999999999999996,"d":"5.00%"},{"v":0.08,"d":"8.00%"},{"v":0.11,"d":"11.00%"},{"v":0.14,"d":"14.00%"},{"v":0.18,"d":"18.00%"},{"v":0.22,"d":"22.00%"},{"v":0.18,"d":"18.00%"},{"v":0,"d":"0.00%"},{"v":0,"d":"0.00%"},{"v":0,"d":"0.00%"},{"v":0,"d":"0.00%"},{"v":0,"d":"0.00%"},{"v":0,"d":"0.00%"}]
[null,null,{"$error":"#REF!"},{"$error":"#REF!"},{"$error":"#REF!"},{"$error":"#REF!"},{"$nulls":3},{"v":0.04,"d":"4.00%"},{"v":0.049999999999999996,"d":"5.00%"},{"v":0.08,"d":"8.00%"},{"v":0.11,"d":"11.00%"},{"v":0.14,"d":"14.00%"},{"v":0.18,"d":"18.00%"},{"v":0.22,"d":"22.00%"},{"v":0.18,"d":"18.00%"}]
[null,36,"COLOCACION Y TRANSPORTE DE VIGA R14R","m",{"v":316,"d":"316.00000"},{"v":42.57,"d":"$ 42.57000"},{"v":13452.12,"d":"$ 13,452.12000"},0,0,{"v":538.0848000000001,"d":"538.08480"},{"v":672.606,"d":"672.60600"},{"v":1076.1696000000002,"d":"1,076.16960"},{"v":1479.7332000000001,"d":"1,479.73320"},{"v":1883.2968000000003,"d":"1,883.29680"},{"v":2421.3816,"d":"2,421.38160"},{"v":2959.4664000000002,"d":"2,959.46640"},{"v":2421.3816,"d":"2,421.38160"},0,0,0,0,0,0]
[null,null,{"$error":"#REF!"},{"$error":"#REF!"},{"$error":"#REF!"},{"$error":"#REF!"},null,{"v":0,"d":"0.00%"},{"v":0,"d":"0.00%"},{"v":0.04,"d":"4.00%"},{"v":0.049999999999999996,"d":"5.00%"},{"v":0.08,"d":"8.00%"},{"v":0.11,"d":"11.00%"},{"v":0.14,"d":"14.00%"},{"v":0.18,"d":"18.00%"},{"v":0.22,"d":"22.00%"},{"v":0.18,"d":"18.00%"},{"v":0,"d":"0.00%"},{"v":0,"d":"0.00%"},{"v":0,"d":"0.00%"},{"v":0,"d":"0.00%"},{"v":0,"d":"0.00%"},{"v":0,"d":"0.00%"}]
[null,null,{"$error":"#REF!"},{"$error":"#REF!"},{"$error":"#REF!"},{"$error":"#REF!"},{"$nulls":3},{"v":0.04,"d":"4.00%"},{"v":0.049999999999999996,"d":"5.00%"},{"v":0.08,"d":"8.00%"},{"v":0.11,"d":"11.00%"},{"v":0.14,"d":"14.00%"},{"v":0.18,"d":"18.00%"},{"v":0.22,"d":"22.00%"},{"v":0.18,"d":"18.00%"}]
[null,37,"SUMINISTRO E INSTALACION DE JUNTAS ELASTOMERICAS DE DILATACION, DE ACUERDO A ESPECIFICACIONES TECNICAS.","m",{"v":198,"d":"198.00000"},{"v":588.36,"d":"$ 588.36000"},{"v":116495.28,"d":"$ 116,495.28000"},0,0,{"v":4659.8112,"d":"4,659.81120"},{"v":5824.763999999999,"d":"5,824.76400"},{"v":9319.6224,"d":"9,319.62240"},{"v":12814.4808,"d":"12,814.48080"},{"v":16309.339200000002,"d":"16,309.33920"},{"v":20969.1504,"d":"20,969.15040"},{"v":25628.9616,"d":"25,628.96160"},{"v":20969.1504,"d":"20,969.15040"},0,0,0,0,0,0]
[null,null,{"$error":"#REF!"},{"$error":"#REF!"},{"$error":"#REF!"},{"$error":"#REF!"},null,{"v":0,"d":"0.00%"},{"v":0,"d":"0.00%"},{"v":0.04,"d":"4.00%"},{"v":0.049999999999999996,"d":"5.00%"},{"v":0.08,"d":"8.00%"},{"v":0.11,"d":"11.00%"},{"v":0.14,"d":"14.00%"},{"v":0.18,"d":"18.00%"},{"v":0.22,"d":"22.00%"},{"v":0.18,"d":"18.00%"},{"v":0,"d":"0.00%"},{"v":0,"d":"0.00%"},{"v":0,"d":"0.00%"},{"v":0,"d":"0.00%"},{"v":0,"d":"0.00%"},{"v":0,"d":"0.00%"}]
[null,null,{"$error":"#REF!"},{"$error":"#REF!"},{"$error":"#REF!"},{"$error":"#REF!"},{"$nulls":3},{"v":0.04,"d":"4.00%"},{"v":0.049999999999999996,"d":"5.00%"},{"v":0.08,"d":"8.00%"},{"v":0.11,"d":"11.00%"},{"v":0.14,"d":"14.00%"},{"v":0.18,"d":"18.00%"},{"v":0.22,"d":"22.00%"},{"v":0.18,"d":"18.00%"}]
[null,38,"HORMIGON ESTRUCTURAL/CEMENTO PORTLAND CL.-A; F'C=350 Kg/cm2 (INCLUYE CURADO)","m3",{"v":560,"d":"560.00000"},{"v":238,"d":"$ 238.00000"},{"v":133280,"d":"$ 133,280.00000"},0,0,0,0,0,0,0,{"v":19992,"d":"19,992.00000"},{"v":46648,"d":"46,648.00000"},{"v":66640,"d":"66,640.00000"},0,0,0,0,0,0]
[null,null,{"$error":"#REF!"},{"$error":"#REF!"},{"$error":"#REF!"},{"$error":"#REF!"},null,{"v":0,"d":"0.00%"},{"v":0,"d":"0.00%"},{"v":0,"d":"0.00%"},{"v":0,"d":"0.00%"},{"v":0,"d":"0.00%"},{"v":0,"d":"0.00%"},{"v":0,"d":"0.00%"},{"v":0.15,"d":"15.00%"},{"v":0.35,"d":"35.00%"},{"v":0.5,"d":"50.00%"},{"v":0,"d":"0.00%"},{"v":0,"d":"0.00%"},{"v":0,"d":"0.00%"},{"v":0,"d":"0.00%"},{"v":0,"d":"0.00%"},{"v":0,"d":"0.00%"}]
[null,null,{"$error":"#REF!"},{"$error":"#REF!"},{"$error":"#REF!"},{"$error":"#REF!"},{"$nulls":8},{"v":0.15,"d":"15.00%"},{"v":0.35,"d":"35.00%"},{"v":0.5,"d":"50.00%"}]
[null,39,"ACERO DE REFUERZO EN BARRAS FY=4200 Kg/cm2","Kg",{"v":72054.22,"d":"72054.22000"},{"v":2.32,"d":"$ 2.32000"},{"v":167165.7904,"d":"$ 167,165.79040"},0,0,0,0,0,0,0,{"v":25074.86856,"d":"25,074.86856"},{"v":58508.02664,"d":"58,508.02664"},{"v":83582.8952,"d":"83,582.89520"},0,0,0,0,0,0]
[null,null,{"$error":"#REF!"},{"$error":"#REF!"},{"$error":"#REF!"},{"$error":"#REF!"},null,{"v":0,"d":"0.00%"},{"v":0,"d":"0.00%"},{"v":0,"d":"0.00%"},{"v":0,"d":"0.00%"},{"v":0,"d":"0.00%"},{"v":0,"d":"0.00%"},{"v":0,"d":"0.00%"},{"v":0.15,"d":"15.00%"},{"v":0.35,"d":"35.00%"},{"v":0.5,"d":"50.00%"},{"v":0,"d":"0.00%"},{"v":0,"d":"0.00%"},{"v":0,"d":"0.00%"},{"v":0,"d":"0.00%"},{"v":0,"d":"0.00%"},{"v":0,"d":"0.00%"}]
[null,null,{"$error":"#REF!"},{"$error":"#REF!"},{"$error":"#REF!"},{"$error":"#REF!"},{"$nulls":8},{"v":0.15,"d":"15.00%"},{"v":0.35,"d":"35.00%"},{"v":0.5,"d":"50.00%"}]
[null,40,"HORMIGON PREMEZCLADO F´C=180 Kg/cm2PARA REPLANTILLO INCLUYE ENCOFRADO","m3",{"v":30,"d":"30.00000"},{"v":210.36,"d":"$ 210.36000"},{"v":6310.8,"d":"$ 6,310.80000"},0,0,0,0,0,0,0,{"v":946.62,"d":"946.62000"},{"v":2208.7799999999997,"d":"2,208.78000"},{"v":3155.4,"d":"3,155.40000"},0,0,0,0,0,0]
[null,null,{"$error":"#REF!"},{"$error":"#REF!"},{"$error":"#REF!"},{"$error":"#REF!"},null,{"v":0,"d":"0.00%"},{"v":0,"d":"0.00%"},{"v":0,"d":"0.00%"},{"v":0,"d":"0.00%"},{"v":0,"d":"0.00%"},{"v":0,"d":"0.00%"},{"v":0,"d":"0.00%"},{"v":0.15,"d":"15.00%"},{"v":0.35,"d":"35.00%"},{"v":0.5,"d":"50.00%"},{"v":0,"d":"0.00%"},{"v":0,"d":"0.00%"},{"v":0,"d":"0.00%"},{"v":0,"d":"0.00%"},{"v":0,"d":"0.00%"},{"v":0,"d":"0.00%"}]
[null,null,{"$error":"#REF!"},{"$error":"#REF!"},{"$error":"#REF!"},{"$error":"#REF!"},{"$nulls":8},{"v":0.15,"d":"15.00%"},{"v":0.35,"d":"35.00%"},{"v":0.5,"d":"50.00%"}]
[null,41,"MALLA ELECTROSOLDADA 15x15 - 5,5mm","m2",{"v":239.7,"d":"239.70000"},{"v":6.03,"d":"$ 6.03000"},{"v":1445.391,"d":"$ 1,445.39100"},0,0,0,0,0,0,0,216.80865,505.88685,{"v":722.6955,"d":"722.69550"},0,0,0,0,0,0]
[null,null,{"$error":"#REF!"},{"$error":"#REF!"},{"$error":"#REF!"},{"$error":"#REF!"},null,{"v":0,"d":"0.00%"},{"v":0,"d":"0.00%"},{"v":0,"d":"0.00%"},{"v":0,"d":"0.00%"},{"v":0,"d":"0.00%"},{"v":0,"d":"0.00%"},{"v":0,"d":"0.00%"},{"v":0.15,"d":"15.00%"},{"v":0.35,"d":"35.00%"},{"v":0.5,"d":"50.00%"},{"v":0,"d":"0.00%"},{"v":0,"d":"0.00%"},{"v":0,"d":"0.00%"},{"v":0,"d":"0.00%"},{"v":0,"d":"0.00%"},{"v":0,"d":"0.00%"}]
[null,null,{"$error":"#REF!"},{"$error":"#REF!"},{"$error":"#REF!"},{"$error":"#REF!"},{"$nulls":8},{"v":0.15,"d":"15.00%"},{"v":0.35,"d":"35.00%"},{"v":0.5,"d":"50.00%"}]
[null,42,"SUMINISTRO Y FABRICACION DE ELEMENTOS DE ACERO ESTRUCTURAL ASTM A-588","Kg",{"v":54691,"d":"54691.00000"},{"v":2.89,"d":"$ 2.89000"},{"v":158056.99000000002,"d":"$ 158,056.99000"},0,0,0,0,0,0,0,0,0,0,0,0,{"v":39514.247500000005,"d":"39,514.24750"},{"v":39514.247500000005,"d":"39,514.24750"},{"v":39514.247500000005,"d":"39,514.24750"},{"v":39514.247500000005,"d":"39,514.24750"}]
[null,null,{"$error":"#REF!"},{"$error":"#REF!"},{"$error":"#REF!"},{"$error":"#REF!"},null,{"v":0,"d":"0.00%"},{"v":0,"d":"0.00%"},{"v":0,"d":"0.00%"},{"v":0,"d":"0.00%"},{"v":0,"d":"0.00%"},{"v":0,"d":"0.00%"},{"v":0,"d":"0.00%"},{"v":0,"d":"0.00%"},{"v":0,"d":"0.00%"},{"v":0,"d":"0.00%"},{"v":0,"d":"0.00%"},{"v":0,"d":"0.00%"},{"v":0.25,"d":"25.00%"},{"v":0.25,"d":"25.00%"},{"v":0.25,"d":"25.00%"},{"v":0.25,"d":"25.00%"}]
[null,null,{"$error":"#REF!"},{"$error":"#REF!"},{"$error":"#REF!"},{"$error":"#REF!"},{"$nulls":13},{"v":0.25,"d":"25.00%"},{"v":0.25,"d":"25.00%"},{"v":0.25,"d":"25.00%"},{"v":0.25,"d":"25.00%"}]
[null,43,"MONTAJE DE ELEMENTOS DE ACERO ESTRUCTURAL ASTM A-588","Kg",{"v":54691,"d":"54691.00000"},{"v":0.56,"d":"$ 0.56000"},{"v":30626.960000000003,"d":"$ 30,626.96000"},0,0,0,0,0,0,0,0,0,0,0,0,{"v":7656.740000000001,"d":"7,656.74000"},{"v":7656.740000000001,"d":"7,656.74000"},{"v":7656.740000000001,"d":"7,656.74000"},{"v":7656.740000000001,"d":"7,656.74000"}]
[null,null,{"$error":"#REF!"},{"$error":"#REF!"},{"$error":"#REF!"},{"$error":"#REF!"},null,{"v":0,"d":"0.00%"},{"v":0,"d":"0.00%"},{"v":0,"d":"0.00%"},{"v":0,"d":"0.00%"},{"v":0,"d":"0.00%"},{"v":0,"d":"0.00%"},{"v":0,"d":"0.00%"},{"v":0,"d":"0.00%"},{"v":0,"d":"0.00%"},{"v":0,"d":"0.00%"},{"v":0,"d":"0.00%"},{"v":0,"d":"0.00%"},{"v":0.25,"d":"25.00%"},{"v":0.25,"d":"25.00%"},{"v":0.25,"d":"25.00%"},{"v":0.25,"d":"25.00%"}]
[null,null,{"$error":"#REF!"},{"$error":"#REF!"},{"$error":"#REF!"},{"$error":"#REF!"},{"$nulls":13},{"v":0.25,"d":"25.00%"},{"v":0.25,"d":"25.00%"},{"v":0.25,"d":"25.00%"},{"v":0.25,"d":"25.00%"}]
[null,44,"SUMINISTRO E INSTALACION DE CORNAMUSAS GALVANIZADAS","u",{"v":18,"d":"18.00000"},{"v":545.71,"d":"$ 545.71000"},{"v":9822.78,"d":"$ 9,822.78000"},0,0,0,0,0,0,0,0,0,0,0,0,{"v":2455.695,"d":"2,455.69500"},{"v":2455.695,"d":"2,455.69500"},{"v":2455.695,"d":"2,455.69500"},{"v":2455.695,"d":"2,455.69500"}]
[null,null,{"$error":"#REF!"},{"$error":"#REF!"},{"$error":"#REF!"},{"$error":"#REF!"},null,{"v":0,"d":"0.00%"},{"v":0,"d":"0.00%"},{"v":0,"d":"0.00%"},{"v":0,"d":"0.00%"},{"v":0,"d":"0.00%"},{"v":0,"d":"0.00%"},{"v":0,"d":"0.00%"},{"v":0,"d":"0.00%"},{"v":0,"d":"0.00%"},{"v":0,"d":"0.00%"},{"v":0,"d":"0.00%"},{"v":0,"d":"0.00%"},{"v":0.25,"d":"25.00%"},{"v":0.25,"d":"25.00%"},{"v":0.25,"d":"25.00%"},{"v":0.25,"d":"25.00%"}]
[null,null,{"$error":"#REF!"},{"$error":"#REF!"},{"$error":"#REF!"},{"$error":"#REF!"},{"$nulls":13},{"v":0.25,"d":"25.00%"},{"v":0.25,"d":"25.00%"},{"v":0.25,"d":"25.00%"},{"v":0.25,"d":"25.00%"}]
[null,45,"SUMINISTRO E INSTALACION DE DECK DE MADERA PLASTICA PARA PISO","m2",{"v":280.74,"d":"280.74000"},{"v":175.14,"d":"$ 175.14000"},{"v":49168.8036,"d":"$ 49,168.80360"},0,0,0,0,0,0,0,0,0,0,0,0,{"v":12292.2009,"d":"12,292.20090"},{"v":12292.2009,"d":"12,292.20090"},{"v":12292.2009,"d":"12,292.20090"},{"v":12292.2009,"d":"12,292.20090"}]
[null,null,{"$error":"#REF!"},{"$error":"#REF!"},{"$error":"#REF!"},{"$error":"#REF!"},null,{"v":0,"d":"0.00%"},{"v":0,"d":"0.00%"},{"v":0,"d":"0.00%"},{"v":0,"d":"0.00%"},{"v":0,"d":"0.00%"},{"v":0,"d":"0.00%"},{"v":0,"d":"0.00%"},{"v":0,"d":"0.00%"},{"v":0,"d":"0.00%"},{"v":0,"d":"0.00%"},{"v":0,"d":"0.00%"},{"v":0,"d":"0.00%"},{"v":0.25,"d":"25.00%"},{"v":0.25,"d":"25.00%"},{"v":0.25,"d":"25.00%"},{"v":0.25,"d":"25.00%"}]
[null,null,{"$error":"#REF!"},{"$error":"#REF!"},{"$error":"#REF!"},{"$error":"#REF!"},{"$nulls":13},{"v":0.25,"d":"25.00%"},{"v":0.25,"d":"25.00%"},{"v":0.25,"d":"25.00%"},{"v":0.25,"d":"25.00%"}]
[null,46,"SUMINISTRO E INSTALACION DE PORCELANATO 18.5X150X9mm","m2",{"v":2250,"d":"2250.00000"},{"v":65.58,"d":"$ 65.58000"},{"v":147555,"d":"$ 147,555.00000"},0,0,0,0,0,0,0,0,0,0,0,0,{"v":36888.75,"d":"36,888.75000"},{"v":36888.75,"d":"36,888.75000"},{"v":36888.75,"d":"36,888.75000"},{"v":36888.75,"d":"36,888.75000"}]
[null,null,{"$error":"#REF!"},{"$error":"#REF!"},{"$error":"#REF!"},{"$error":"#REF!"},null,{"v":0,"d":"0.00%"},{"v":0,"d":"0.00%"},{"v":0,"d":"0.00%"},{"v":0,"d":"0.00%"},{"v":0,"d":"0.00%"},{"v":0,"d":"0.00%"},{"v":0,"d":"0.00%"},{"v":0,"d":"0.00%"},{"v":0,"d":"0.00%"},{"v":0,"d":"0.00%"},{"v":0,"d":"0.00%"},{"v":0,"d":"0.00%"},{"v":0.25,"d":"25.00%"},{"v":0.25,"d":"25.00%"},{"v":0.25,"d":"25.00%"},{"v":0.25,"d":"25.00%"}]
[null,null,{"$error":"#REF!"},{"$error":"#REF!"},{"$error":"#REF!"},{"$error":"#REF!"},{"$nulls":13},{"v":0.25,"d":"25.00%"},{"v":0.25,"d":"25.00%"},{"v":0.25,"d":"25.00%"},{"v":0.25,"d":"25.00%"}]
[null,47,"SUMINISTRO E INSTALACION DE BARANDA METALICA (INCLUYE PINTURA)","m",{"v":854,"d":"854.00000"},{"v":116.74,"d":"$ 116.74000"},{"v":99695.95999999999,"d":"$ 99,695.96000"},0,0,0,0,0,0,0,0,0,0,0,0,{"v":24923.989999999998,"d":"24,923.99000"},{"v":24923.989999999998,"d":"24,923.99000"},{"v":24923.989999999998,"d":"24,923.99000"},{"v":24923.989999999998,"d":"24,923.99000"}]
[null,null,{"$error":"#REF!"},{"$error":"#REF!"},{"$error":"#REF!"},{"$error":"#REF!"},null,{"v":0,"d":"0.00%"},{"v":0,"d":"0.00%"},{"v":0,"d":"0.00%"},{"v":0,"d":"0.00%"},{"v":0,"d":"0.00%"},{"v":0,"d":"0.00%"},{"v":0,"d":"0.00%"},{"v":0,"d":"0.00%"},{"v":0,"d":"0.00%"},{"v":0,"d":"0.00%"},{"v":0,"d":"0.00%"},{"v":0,"d":"0.00%"},{"v":0.25,"d":"25.00%"},{"v":0.25,"d":"25.00%"},{"v":0.25,"d":"25.00%"},{"v":0.25,"d":"25.00%"}]
[null,null,{"$error":"#REF!"},{"$error":"#REF!"},{"$error":"#REF!"},{"$error":"#REF!"},{"$nulls":13},{"v":0.25,"d":"25.00%"},{"v":0.25,"d":"25.00%"},{"v":0.25,"d":"25.00%"},{"v":0.25,"d":"25.00%"}]
[null,48,"ACERO ESTRUCTURAL (A36)","Kg",{"v":2382.69,"d":"2382.69000"},{"v":6.04,"d":"$ 6.04000"},{"v":14391.4476,"d":"$ 14,391.44760"},0,0,0,0,0,0,0,0,0,0,0,0,{"v":3597.8619,"d":"3,597.86190"},{"v":3597.8619,"d":"3,597.86190"},{"v":3597.8619,"d":"3,597.86190"},{"v":3597.8619,"d":"3,597.86190"}]
[null,null,{"$error":"#REF!"},{"$error":"#REF!"},{"$error":"#REF!"},{"$error":"#REF!"},null,{"v":0,"d":"0.00%"},{"v":0,"d":"0.00%"},{"v":0,"d":"0.00%"},{"v":0,"d":"0.00%"},{"v":0,"d":"0.00%"},{"v":0,"d":"0.00%"},{"v":0,"d":"0.00%"},{"v":0,"d":"0.00%"},{"v":0,"d":"0.00%"},{"v":0,"d":"0.00%"},{"v":0,"d":"0.00%"},{"v":0,"d":"0.00%"},{"v":0.25,"d":"25.00%"},{"v":0.25,"d":"25.00%"},{"v":0.25,"d":"25.00%"},{"v":0.25,"d":"25.00%"}]
[null,null,{"$error":"#REF!"},{"$error":"#REF!"},{"$error":"#REF!"},{"$error":"#REF!"},{"$nulls":13},{"v":0.25,"d":"25.00%"},{"v":0.25,"d":"25.00%"},{"v":0.25,"d":"25.00%"},{"v":0.25,"d":"25.00%"}]
[null,49,"ACERO DE REFUERZO EN BARRAS FY=4200 Kg/cm2","Kg",{"v":205.3,"d":"205.30000"},{"v":2.32,"d":"$ 2.32000"},{"v":476.296,"d":"$ 476.29600"},0,0,0,0,0,0,0,0,0,0,0,0,{"v":119.074,"d":"119.07400"},{"v":119.074,"d":"119.07400"},{"v":119.074,"d":"119.07400"},{"v":119.074,"d":"119.07400"}]
[null,null,{"$error":"#REF!"},{"$error":"#REF!"},{"$error":"#REF!"},{"$error":"#REF!"},null,{"v":0,"d":"0.00%"},{"v":0,"d":"0.00%"},{"v":0,"d":"0.00%"},{"v":0,"d":"0.00%"},{"v":0,"d":"0.00%"},{"v":0,"d":"0.00%"},{"v":0,"d":"0.00%"},{"v":0,"d":"0.00%"},{"v":0,"d":"0.00%"},{"v":0,"d":"0.00%"},{"v":0,"d":"0.00%"},{"v":0,"d":"0.00%"},{"v":0.25,"d":"25.00%"},{"v":0.25,"d":"25.00%"},{"v":0.25,"d":"25.00%"},{"v":0.25,"d":"25.00%"}]
[null,null,{"$error":"#REF!"},{"$error":"#REF!"},{"$error":"#REF!"},{"$error":"#REF!"},{"$nulls":13},{"v":0.25,"d":"25.00%"},{"v":0.25,"d":"25.00%"},{"v":0.25,"d":"25.00%"},{"v":0.25,"d":"25.00%"}]
[null,50,"HORMIGON ESTRUCTURAL/CEMENTO PORTLAND CL.-A; F'C=350 Kg/cm2 (INCLUYE CURADO)","m3",{"v":0.56,"d":"0.56000"},{"v":238,"d":"$ 238.00000"},{"v":133.28,"d":"$ 133.28000"},0,0,0,0,0,0,0,0,0,0,0,0,{"v":33.32,"d":"33.32000"},{"v":33.32,"d":"33.32000"},{"v":33.32,"d":"33.32000"},{"v":33.32,"d":"33.32000"}]
[null,null,{"$error":"#REF!"},{"$error":"#REF!"},{"$error":"#REF!"},{"$error":"#REF!"},null,{"v":0,"d":"0.00%"},{"v":0,"d":"0.00%"},{"v":0,"d":"0.00%"},{"v":0,"d":"0.00%"},{"v":0,"d":"0.00%"},{"v":0,"d":"0.00%"},{"v":0,"d":"0.00%"},{"v":0,"d":"0.00%"},{"v":0,"d":"0.00%"},{"v":0,"d":"0.00%"},{"v":0,"d":"0.00%"},{"v":0,"d":"0.00%"},{"v":0.25,"d":"25.00%"},{"v":0.25,"d":"25.00%"},{"v":0.25,"d":"25.00%"},{"v":0.25,"d":"25.00%"}]
[null,null,{"$error":"#REF!"},{"$error":"#REF!"},{"$error":"#REF!"},{"$error":"#REF!"},{"$nulls":13},{"v":0.25,"d":"25.00%"},{"v":0.25,"d":"25.00%"},{"v":0.25,"d":"25.00%"},{"v":0.25,"d":"25.00%"}]
[null,51,"ROTURA Y DESALOJO DE HORMIGON","m3",{"v":5.6,"d":"5.60000"},{"v":14.33,"d":"$ 14.33000"},{"v":80.24799999999999,"d":"$ 80.24800"},0,0,0,0,0,0,0,0,0,0,0,{"v":80.24799999999999,"d":"80.24800"},0,0,0,0]
[null,null,{"$error":"#REF!"},{"$error":"#REF!"},{"$error":"#REF!"},{"$error":"#REF!"},null,{"v":0,"d":"0.00%"},{"v":0,"d":"0.00%"},{"v":0,"d":"0.00%"},{"v":0,"d":"0.00%"},{"v":0,"d":"0.00%"},{"v":0,"d":"0.00%"},{"v":0,"d":"0.00%"},{"v":0,"d":"0.00%"},{"v":0,"d":"0.00%"},{"v":0,"d":"0.00%"},{"v":0,"d":"0.00%"},{"v":1,"d":"100.00%"},{"v":0,"d":"0.00%"},{"v":0,"d":"0.00%"},{"v":0,"d":"0.00%"},{"v":0,"d":"0.00%"}]
[null,null,{"$error":"#REF!"},{"$error":"#REF!"},{"$error":"#REF!"},{"$error":"#REF!"},{"$nulls":12},{"v":1,"d":"100.00%"}]
[null,52,"RELLENO COMPACTADO CON RODILLO DE MATERIAL IMPORTADO (INCLUYE TRANSPORTE)","m3",{"v":230,"d":"230.00000"},{"v":16.84,"d":"$ 16.84000"},{"v":3873.2,"d":"$ 3,873.20000"},0,0,0,0,0,0,0,0,0,0,0,{"v":1936.6,"d":"1,936.60000"},{"v":1936.6,"d":"1,936.60000"},0,0,0]
[null,null,{"$error":"#REF!"},{"$error":"#REF!"},{"$error":"#REF!"},{"$error":"#REF!"},null,{"v":0,"d":"0.00%"},{"v":0,"d":"0.00%"},{"v":0,"d":"0.00%"},{"v":0,"d":"0.00%"},{"v":0,"d":"0.00%"},{"v":0,"d":"0.00%"},{"v":0,"d":"0.00%"},{"v":0,"d":"0.00%"},{"v":0,"d":"0.00%"},{"v":0,"d":"0.00%"},{"v":0,"d":"0.00%"},{"v":0.5,"d":"50.00%"},{"v":0.5,"d":"50.00%"},{"v":0,"d":"0.00%"},{"v":0,"d":"0.00%"},{"v":0,"d":"0.00%"}]
[null,null,{"$error":"#REF!"},{"$error":"#REF!"},{"$error":"#REF!"},{"$error":"#REF!"},{"$nulls":12},{"v":0.5,"d":"50.00%"},{"v":0.5,"d":"50.00%"}]
[null,53,"SUMINISTRO E INSTALACION DE MATERIAL SUB-BASE CLASE 1A (INCLUYE TENDIDO CONFORMACION, COMPACTACION Y TRANSPORTE)","m3",{"v":247.5,"d":"247.50000"},{"v":19.99,"d":"$ 19.99000"},{"v":4947.525,"d":"$ 4,947.52500"},0,0,0,0,0,0,0,0,0,0,0,{"v":2473.7625,"d":"2,473.76250"},{"v":2473.7625,"d":"2,473.76250"},0,0,0]
[null,null,{"$error":"#REF!"},{"$error":"#REF!"},{"$error":"#REF!"},{"$error":"#REF!"},null,{"v":0,"d":"0.00%"},{"v":0,"d":"0.00%"},{"v":0,"d":"0.00%"},{"v":0,"d":"0.00%"},{"v":0,"d":"0.00%"},{"v":0,"d":"0.00%"},{"v":0,"d":"0.00%"},{"v":0,"d":"0.00%"},{"v":0,"d":"0.00%"},{"v":0,"d":"0.00%"},{"v":0,"d":"0.00%"},{"v":0.5,"d":"50.00%"},{"v":0.5,"d":"50.00%"},{"v":0,"d":"0.00%"},{"v":0,"d":"0.00%"},{"v":0,"d":"0.00%"}]
[null,null,{"$error":"#REF!"},{"$error":"#REF!"},{"$error":"#REF!"},{"$error":"#REF!"},{"$nulls":12},{"v":0.5,"d":"50.00%"},{"v":0.5,"d":"50.00%"}]
[null,54,"SUMINISTRO E INSTALACION DE MATERIAL BASE CLASE 1A (INCLUYE TENDIDO, CONFORMACION, COMPACTACION Y TRANSPORTE)","m3",{"v":115.5,"d":"115.50000"},{"v":30.49,"d":"$ 30.49000"},{"v":3521.595,"d":"$ 3,521.59500"},0,0,0,0,0,0,0,0,0,0,0,{"v":1760.7975,"d":"1,760.79750"},{"v":1760.7975,"d":"1,760.79750"},0,0,0]
[null,null,{"$error":"#REF!"},{"$error":"#REF!"},{"$error":"#REF!"},{"$error":"#REF!"},null,{"v":0,"d":"0.00%"},{"v":0,"d":"0.00%"},{"v":0,"d":"0.00%"},{"v":0,"d":"0.00%"},{"v":0,"d":"0.00%"},{"v":0,"d":"0.00%"},{"v":0,"d":"0.00%"},{"v":0,"d":"0.00%"},{"v":0,"d":"0.00%"},{"v":0,"d":"0.00%"},{"v":0,"d":"0.00%"},{"v":0.5,"d":"50.00%"},{"v":0.5,"d":"50.00%"},{"v":0,"d":"0.00%"},{"v":0,"d":"0.00%"},{"v":0,"d":"0.00%"}]
[null,null,{"$error":"#REF!"},{"$error":"#REF!"},{"$error":"#REF!"},{"$error":"#REF!"},{"$nulls":12},{"v":0.5,"d":"50.00%"},{"v":0.5,"d":"50.00%"}]
[null,55,"HORMIGON PAVIMENTADO 4.5 MPA PARA CALLES (INCLUIDO CURADO Y JUNTAS)","m3",{"v":210,"d":"210.00000"},{"v":302.06,"d":"$ 302.06000"},{"v":63432.6,"d":"$ 63,432.60000"},0,0,0,0,0,0,0,0,0,0,0,{"v":31716.3,"d":"31,716.30000"},{"v":31716.3,"d":"31,716.30000"},0,0,0]
[null,null,{"$error":"#REF!"},{"$error":"#REF!"},{"$error":"#REF!"},{"$error":"#REF!"},null,{"v":0,"d":"0.00%"},{"v":0,"d":"0.00%"},{"v":0,"d":"0.00%"},{"v":0,"d":"0.00%"},{"v":0,"d":"0.00%"},{"v":0,"d":"0.00%"},{"v":0,"d":"0.00%"},{"v":0,"d":"0.00%"},{"v":0,"d":"0.00%"},{"v":0,"d":"0.00%"},{"v":0,"d":"0.00%"},{"v":0.5,"d":"50.00%"},{"v":0.5,"d":"50.00%"},{"v":0,"d":"0.00%"},{"v":0,"d":"0.00%"},{"v":0,"d":"0.00%"}]
[null,null,{"$error":"#REF!"},{"$error":"#REF!"},{"$error":"#REF!"},{"$error":"#REF!"},{"$nulls":12},{"v":0.5,"d":"50.00%"},{"v":0.5,"d":"50.00%"}]
[null,56,"BORDILLO CUNETA F´C= 210 Kg/cm2","m",{"v":660,"d":"660.00000"},{"v":32.29,"d":"$ 32.29000"},{"v":21311.399999999998,"d":"$ 21,311.40000"},0,0,0,0,0,0,0,0,0,0,0,{"v":10655.699999999999,"d":"10,655.70000"},{"v":10655.699999999999,"d":"10,655.70000"},0,0,0]
[null,null,{"$error":"#REF!"},{"$error":"#REF!"},{"$error":"#REF!"},{"$error":"#REF!"},null,{"v":0,"d":"0.00%"},{"v":0,"d":"0.00%"},{"v":0,"d":"0.00%"},{"v":0,"d":"0.00%"},{"v":0,"d":"0.00%"},{"v":0,"d":"0.00%"},{"v":0,"d":"0.00%"},{"v":0,"d":"0.00%"},{"v":0,"d":"0.00%"},{"v":0,"d":"0.00%"},{"v":0,"d":"0.00%"},{"v":0.5,"d":"50.00%"},{"v":0.5,"d":"50.00%"},{"v":0,"d":"0.00%"},{"v":0,"d":"0.00%"},{"v":0,"d":"0.00%"}]
[null,null,{"$error":"#REF!"},{"$error":"#REF!"},{"$error":"#REF!"},{"$error":"#REF!"},{"$nulls":12},{"v":0.5,"d":"50.00%"},{"v":0.5,"d":"50.00%"}]
[null,57,"ACERA F´C=210 Kg/cm2, E=10cm","m2",{"v":1184.42,"d":"1184.42000"},{"v":23.48,"d":"$ 23.48000"},{"v":27810.181600000004,"d":"$ 27,810.18160"},0,0,0,0,0,0,0,0,0,0,0,{"v":13905.090800000002,"d":"13,905.09080"},{"v":13905.090800000002,"d":"13,905.09080"},0,0,0]
[null,null,{"$error":"#REF!"},{"$error":"#REF!"},{"$error":"#REF!"},{"$error":"#REF!"},null,{"v":0,"d":"0.00%"},{"v":0,"d":"0.00%"},{"v":0,"d":"0.00%"},{"v":0,"d":"0.00%"},{"v":0,"d":"0.00%"},{"v":0,"d":"0.00%"},{"v":0,"d":"0.00%"},{"v":0,"d":"0.00%"},{"v":0,"d":"0.00%"},{"v":0,"d":"0.00%"},{"v":0,"d":"0.00%"},{"v":0.5,"d":"50.00%"},{"v":0.5,"d":"50.00%"},{"v":0,"d":"0.00%"},{"v":0,"d":"0.00%"},{"v":0,"d":"0.00%"}]
[null,null,{"$error":"#REF!"},{"$error":"#REF!"},{"$error":"#REF!"},{"$error":"#REF!"},{"$nulls":12},{"v":0.5,"d":"50.00%"},{"v":0.5,"d":"50.00%"}]
[null,58,"HORMIGON PREMEZCLADO F'C=210 Kg/cm2 PARA RAMPAS (INCLUYE ENCOFRADO)","m3",{"v":7.4,"d":"7.40000"},{"v":255.47,"d":"$ 255.47000"},{"v":1890.478,"d":"$ 1,890.47800"},0,0,0,0,0,0,0,0,0,0,0,{"v":945.239,"d":"945.23900"},{"v":945.239,"d":"945.23900"},0,0,0]
[null,null,{"$error":"#REF!"},{"$error":"#REF!"},{"$error":"#REF!"},{"$error":"#REF!"},null,{"v":0,"d":"0.00%"},{"v":0,"d":"0.00%"},{"v":0,"d":"0.00%"},{"v":0,"d":"0.00%"},{"v":0,"d":"0.00%"},{"v":0,"d":"0.00%"},{"v":0,"d":"0.00%"},{"v":0,"d":"0.00%"},{"v":0,"d":"0.00%"},{"v":0,"d":"0.00%"},{"v":0,"d":"0.00%"},{"v":0.5,"d":"50.00%"},{"v":0.5,"d":"50.00%"},{"v":0,"d":"0.00%"},{"v":0,"d":"0.00%"},{"v":0,"d":"0.00%"}]
[null,null,{"$error":"#REF!"},{"$error":"#REF!"},{"$error":"#REF!"},{"$error":"#REF!"},{"$nulls":12},{"v":0.5,"d":"50.00%"},{"v":0.5,"d":"50.00%"}]
[null,59,"SUMINISTRO E INSTALACION DE TACHAS RETROREFLECTIVAS","u",{"v":882,"d":"882.00000"},{"v":9.63,"d":"$ 9.63000"},{"v":8493.66,"d":"$ 8,493.66000"},0,0,0,0,0,0,0,0,0,0,0,0,0,0,{"v":4246.83,"d":"4,246.83000"},{"v":4246.83,"d":"4,246.83000"}]
[null,null,{"$error":"#REF!"},{"$error":"#REF!"},{"$error":"#REF!"},{"$error":"#REF!"},null,{"v":0,"d":"0.00%"},{"v":0,"d":"0.00%"},{"v":0,"d":"0.00%"},{"v":0,"d":"0.00%"},{"v":0,"d":"0.00%"},{"v":0,"d":"0.00%"},{"v":0,"d":"0.00%"},{"v":0,"d":"0.00%"},{"v":0,"d":"0.00%"},{"v":0,"d":"0.00%"},{"v":0,"d":"0.00%"},{"v":0,"d":"0.00%"},{"v":0,"d":"0.00%"},{"v":0,"d":"0.00%"},{"v":0.5,"d":"50.00%"},{"v":0.5,"d":"50.00%"}]
[null,null,{"$error":"#REF!"},{"$error":"#REF!"},{"$error":"#REF!"},{"$error":"#REF!"},{"$nulls":15},{"v":0.5,"d":"50.00%"},{"v":0.5,"d":"50.00%"}]
[null,60,"SUMINISTRO E INSTALACION DE DELINEADOR VERTICAL","u",{"v":660,"d":"660.00000"},{"v":32.5,"d":"$ 32.50000"},{"v":21450,"d":"$ 21,450.00000"},0,0,0,0,0,0,0,0,0,0,0,0,0,0,{"v":10725,"d":"10,725.00000"},{"v":10725,"d":"10,725.00000"}]
[null,null,{"$error":"#REF!"},{"$error":"#REF!"},{"$error":"#REF!"},{"$error":"#REF!"},null,{"v":0,"d":"0.00%"},{"v":0,"d":"0.00%"},{"v":0,"d":"0.00%"},{"v":0,"d":"0.00%"},{"v":0,"d":"0.00%"},{"v":0,"d":"0.00%"},{"v":0,"d":"0.00%"},{"v":0,"d":"0.00%"},{"v":0,"d":"0.00%"},{"v":0,"d":"0.00%"},{"v":0,"d":"0.00%"},{"v":0,"d":"0.00%"},{"v":0,"d":"0.00%"},{"v":0,"d":"0.00%"},{"v":0.5,"d":"50.00%"},{"v":0.5,"d":"50.00%"}]
[null,null,{"$error":"#REF!"},{"$error":"#REF!"},{"$error":"#REF!"},{"$error":"#REF!"},{"$nulls":15},{"v":0.5,"d":"50.00%"},{"v":0.5,"d":"50.00%"}]
[null,61,"SEÑALIZACION HORIZONTAL CON PINTURA TERMOPLASTICA E=2.3mm, LINEAS DE A=15cm (INCLUYE MICROESFERA)","m",{"v":1320,"d":"1320.00000"},{"v":6.81,"d":"$ 6.81000"},{"v":8989.199999999999,"d":"$ 8,989.20000"},0,0,0,0,0,0,0,0,0,0,0,0,0,0,{"v":4494.599999999999,"d":"4,494.60000"},{"v":4494.599999999999,"d":"4,494.60000"}]
[null,null,{"$error":"#REF!"},{"$error":"#REF!"},{"$error":"#REF!"},{"$error":"#REF!"},null,{"v":0,"d":"0.00%"},{"v":0,"d":"0.00%"},{"v":0,"d":"0.00%"},{"v":0,"d":"0.00%"},{"v":0,"d":"0.00%"},{"v":0,"d":"0.00%"},{"v":0,"d":"0.00%"},{"v":0,"d":"0.00%"},{"v":0,"d":"0.00%"},{"v":0,"d":"0.00%"},{"v":0,"d":"0.00%"},{"v":0,"d":"0.00%"},{"v":0,"d":"0.00%"},{"v":0,"d":"0.00%"},{"v":0.5,"d":"50.00%"},{"v":0.5,"d":"50.00%"}]
[null,null,{"$error":"#REF!"},{"$error":"#REF!"},{"$error":"#REF!"},{"$error":"#REF!"},{"$nulls":15},{"v":0.5,"d":"50.00%"},{"v":0.5,"d":"50.00%"}]
[null,62,"DEMARCACION VIAL CON PINTURA TERMOPLASTICA ALTO TRAFICO (INCLUYE MICROESFERA)","m2",{"v":10.4,"d":"10.40000"},{"v":65.81,"d":"$ 65.81000"},{"v":684.4240000000001,"d":"$ 684.42400"},0,0,0,0,0,0,0,0,0,0,0,0,0,0,{"v":342.21200000000005,"d":"342.21200"},{"v":342.21200000000005,"d":"342.21200"}]
[null,null,{"$error":"#REF!"},{"$error":"#REF!"},{"$error":"#REF!"},{"$error":"#REF!"},null,{"v":0,"d":"0.00%"},{"v":0,"d":"0.00%"},{"v":0,"d":"0.00%"},{"v":0,"d":"0.00%"},{"v":0,"d":"0.00%"},{"v":0,"d":"0.00%"},{"v":0,"d":"0.00%"},{"v":0,"d":"0.00%"},{"v":0,"d":"0.00%"},{"v":0,"d":"0.00%"},{"v":0,"d":"0.00%"},{"v":0,"d":"0.00%"},{"v":0,"d":"0.00%"},{"v":0,"d":"0.00%"},{"v":0.5,"d":"50.00%"},{"v":0.5,"d":"50.00%"}]
[null,null,{"$error":"#REF!"},{"$error":"#REF!"},{"$error":"#REF!"},{"$error":"#REF!"},{"$nulls":15},{"v":0.5,"d":"50.00%"},{"v":0.5,"d":"50.00%"}]
[null,63,"ACERO DE REFUERZO EN BARRAS FY=4200 Kg/cm2","Kg",{"v":11768.36,"d":"11768.36000"},{"v":2.32,"d":"$ 2.32000"},{"v":27302.5952,"d":"$ 27,302.59520"},0,0,0,0,0,0,0,0,0,0,0,{"v":13651.2976,"d":"13,651.29760"},{"v":13651.2976,"d":"13,651.29760"},0,0,0]
[null,null,{"$error":"#REF!"},{"$error":"#REF!"},{"$error":"#REF!"},{"$error":"#REF!"},null,{"v":0,"d":"0.00%"},{"v":0,"d":"0.00%"},{"v":0,"d":"0.00%"},{"v":0,"d":"0.00%"},{"v":0,"d":"0.00%"},{"v":0,"d":"0.00%"},{"v":0,"d":"0.00%"},{"v":0,"d":"0.00%"},{"v":0,"d":"0.00%"},{"v":0,"d":"0.00%"},{"v":0,"d":"0.00%"},{"v":0.5,"d":"50.00%"},{"v":0.5,"d":"50.00%"},{"v":0,"d":"0.00%"},{"v":0,"d":"0.00%"},{"v":0,"d":"0.00%"}]
[null,null,{"$error":"#REF!"},{"$error":"#REF!"},{"$error":"#REF!"},{"$error":"#REF!"},{"$nulls":12},{"v":0.5,"d":"50.00%"},{"v":0.5,"d":"50.00%"}]
[null,64,"HORMIGON ESTRUCTURAL/CEMENTO PORTLAND CL.-A; F'C=350 Kg/cm2 (INCLUYE CURADO)","m3",{"v":35,"d":"35.00000"},{"v":238,"d":"$ 238.00000"},{"v":8330,"d":"$ 8,330.00000"},0,0,0,0,0,0,0,0,0,0,0,{"v":4165,"d":"4,165.00000"},{"v":4165,"d":"4,165.00000"},0,0,0]
[null,null,{"$error":"#REF!"},{"$error":"#REF!"},{"$error":"#REF!"},{"$error":"#REF!"},null,{"v":0,"d":"0.00%"},{"v":0,"d":"0.00%"},{"v":0,"d":"0.00%"},{"v":0,"d":"0.00%"},{"v":0,"d":"0.00%"},{"v":0,"d":"0.00%"},{"v":0,"d":"0.00%"},{"v":0,"d":"0.00%"},{"v":0,"d":"0.00%"},{"v":0,"d":"0.00%"},{"v":0,"d":"0.00%"},{"v":0.5,"d":"50.00%"},{"v":0.5,"d":"50.00%"},{"v":0,"d":"0.00%"},{"v":0,"d":"0.00%"},{"v":0,"d":"0.00%"}]
[null,null,{"$error":"#REF!"},{"$error":"#REF!"},{"$error":"#REF!"},{"$error":"#REF!"},{"$nulls":12},{"v":0.5,"d":"50.00%"},{"v":0.5,"d":"50.00%"}]
[null,65,"SUMINISTRO E INSTALACION DE BARANDA METALICA (INCLUYE PINTURA)","m",{"v":130.68,"d":"130.68000"},{"v":116.74,"d":"$ 116.74000"},{"v":15255.583200000001,"d":"$ 15,255.58320"},0,0,0,0,0,0,0,0,0,0,0,{"v":7627.7916000000005,"d":"7,627.79160"},{"v":7627.7916000000005,"d":"7,627.79160"},0,0,0]
[null,null,{"$error":"#REF!"},{"$error":"#REF!"},{"$error":"#REF!"},{"$error":"#REF!"},null,{"v":0,"d":"0.00%"},{"v":0,"d":"0.00%"},{"v":0,"d":"0.00%"},{"v":0,"d":"0.00%"},{"v":0,"d":"0.00%"},{"v":0,"d":"0.00%"},{"v":0,"d":"0.00%"},{"v":0,"d":"0.00%"},{"v":0,"d":"0.00%"},{"v":0,"d":"0.00%"},{"v":0,"d":"0.00%"},{"v":0.5,"d":"50.00%"},{"v":0.5,"d":"50.00%"},{"v":0,"d":"0.00%"},{"v":0,"d":"0.00%"},{"v":0,"d":"0.00%"}]
[null,null,{"$error":"#REF!"},{"$error":"#REF!"},{"$error":"#REF!"},{"$error":"#REF!"},{"$nulls":12},{"v":0.5,"d":"50.00%"},{"v":0.5,"d":"50.00%"}]
[null,66,"CERRAMIENTO PERIMETRAL TUBULAR DE ACERO GALVANIZADO SEGUN DISEÑO, H=2m","m",{"v":330,"d":"330.00000"},{"v":254.63,"d":"$ 254.63000"},{"v":84027.9,"d":"$ 84,027.90000"},0,0,0,0,0,0,0,0,0,0,0,0,0,{"v":84027.9,"d":"84,027.90000"},0,0]
[null,null,{"$error":"#REF!"},{"$error":"#REF!"},{"$error":"#REF!"},{"$error":"#REF!"},null,{"v":0,"d":"0.00%"},{"v":0,"d":"0.00%"},{"v":0,"d":"0.00%"},{"v":0,"d":"0.00%"},{"v":0,"d":"0.00%"},{"v":0,"d":"0.00%"},{"v":0,"d":"0.00%"},{"v":0,"d":"0.00%"},{"v":0,"d":"0.00%"},{"v":0,"d":"0.00%"},{"v":0,"d":"0.00%"},{"v":0,"d":"0.00%"},{"v":0,"d":"0.00%"},{"v":1,"d":"100.00%"},{"v":0,"d":"0.00%"},{"v":0,"d":"0.00%"}]
[null,null,{"$error":"#REF!"},{"$error":"#REF!"},{"$error":"#REF!"},{"$error":"#REF!"},{"$nulls":14},{"v":1,"d":"100.00%"}]
[null,67,"LETRAS CORPOREAS AUTOILUMINADAS \"MALECON AURORA\" SOBRE PILARES DE INGRESO PRINCIPAL","u",{"v":1,"d":"1.00000"},{"v":3399.22,"d":"$ 3,399.22000"},{"v":3399.22,"d":"$ 3,399.22000"},0,0,0,0,0,0,0,0,0,0,0,0,0,{"v":3399.22,"d":"3,399.22000"},0,0]
[null,null,{"$error":"#REF!"},{"$error":"#REF!"},{"$error":"#REF!"},{"$error":"#REF!"},null,{"v":0,"d":"0.00%"},{"v":0,"d":"0.00%"},{"v":0,"d":"0.00%"},{"v":0,"d":"0.00%"},{"v":0,"d":"0.00%"},{"v":0,"d":"0.00%"},{"v":0,"d":"0.00%"},{"v":0,"d":"0.00%"},{"v":0,"d":"0.00%"},{"v":0,"d":"0.00%"},{"v":0,"d":"0.00%"},{"v":0,"d":"0.00%"},{"v":0,"d":"0.00%"},{"v":1,"d":"100.00%"},{"v":0,"d":"0.00%"},{"v":0,"d":"0.00%"}]
[null,null,{"$error":"#REF!"},{"$error":"#REF!"},{"$error":"#REF!"},{"$error":"#REF!"},{"$nulls":14},{"v":1,"d":"100.00%"}]
[null,68,"PUERTA DE INGRESO DESLIZABLE P1 (10.00X2.00)m","u",{"v":1,"d":"1.00000"},{"v":2899.87,"d":"$ 2,899.87000"},{"v":2899.87,"d":"$ 2,899.87000"},0,0,0,0,0,0,0,0,0,0,0,0,0,{"v":2899.87,"d":"2,899.87000"},0,0]
[null,null,{"$error":"#REF!"},{"$error":"#REF!"},{"$error":"#REF!"},{"$error":"#REF!"},null,{"v":0,"d":"0.00%"},{"v":0,"d":"0.00%"},{"v":0,"d":"0.00%"},{"v":0,"d":"0.00%"},{"v":0,"d":"0.00%"},{"v":0,"d":"0.00%"},{"v":0,"d":"0.00%"},{"v":0,"d":"0.00%"},{"v":0,"d":"0.00%"},{"v":0,"d":"0.00%"},{"v":0,"d":"0.00%"},{"v":0,"d":"0.00%"},{"v":0,"d":"0.00%"},{"v":1,"d":"100.00%"},{"v":0,"d":"0.00%"},{"v":0,"d":"0.00%"}]
[null,null,{"$error":"#REF!"},{"$error":"#REF!"},{"$error":"#REF!"},{"$error":"#REF!"},{"$nulls":14},{"v":1,"d":"100.00%"}]
[null,69,"PUERTA DE INGRESO ABATIBLE P2 (10.00X2.00) m","u",{"v":1,"d":"1.00000"},{"v":2868.48,"d":"$ 2,868.48000"},{"v":2868.48,"d":"$ 2,868.48000"},0,0,0,0,0,0,0,0,0,0,0,0,0,{"v":2868.48,"d":"2,868.48000"},0,0]
[null,null,{"$error":"#REF!"},{"$error":"#REF!"},{"$error":"#REF!"},{"$error":"#REF!"},null,{"v":0,"d":"0.00%"},{"v":0,"d":"0.00%"},{"v":0,"d":"0.00%"},{"v":0,"d":"0.00%"},{"v":0,"d":"0.00%"},{"v":0,"d":"0.00%"},{"v":0,"d":"0.00%"},{"v":0,"d":"0.00%"},{"v":0,"d":"0.00%"},{"v":0,"d":"0.00%"},{"v":0,"d":"0.00%"},{"v":0,"d":"0.00%"},{"v":0,"d":"0.00%"},{"v":1,"d":"100.00%"},{"v":0,"d":"0.00%"},{"v":0,"d":"0.00%"}]
[null,null,{"$error":"#REF!"},{"$error":"#REF!"},{"$error":"#REF!"},{"$error":"#REF!"},{"$nulls":14},{"v":1,"d":"100.00%"}]
[null,70,"PUERTA DE INGRESO ABATIBLE P3 (4.00X2.00) m","u",{"v":1,"d":"1.00000"},{"v":1392.1,"d":"$ 1,392.10000"},{"v":1392.1,"d":"$ 1,392.10000"},0,0,0,0,0,0,0,0,0,0,0,0,0,{"v":1392.1,"d":"1,392.10000"},0,0]
[null,null,{"$error":"#REF!"},{"$error":"#REF!"},{"$error":"#REF!"},{"$error":"#REF!"},null,{"v":0,"d":"0.00%"},{"v":0,"d":"0.00%"},{"v":0,"d":"0.00%"},{"v":0,"d":"0.00%"},{"v":0,"d":"0.00%"},{"v":0,"d":"0.00%"},{"v":0,"d":"0.00%"},{"v":0,"d":"0.00%"},{"v":0,"d":"0.00%"},{"v":0,"d":"0.00%"},{"v":0,"d":"0.00%"},{"v":0,"d":"0.00%"},{"v":0,"d":"0.00%"},{"v":1,"d":"100.00%"},{"v":0,"d":"0.00%"},{"v":0,"d":"0.00%"}]
[null,null,{"$error":"#REF!"},{"$error":"#REF!"},{"$error":"#REF!"},{"$error":"#REF!"},{"$nulls":14},{"v":1,"d":"100.00%"}]
[null,71,"SEÑALIZACION HORIZONTAL CON PINTURA TERMOPLASTICA E=2.3mm, LINEAS DE A=15cm (INCLUYE MICROESFERA)","m",{"v":4896,"d":"4896.00000"},{"v":6.81,"d":"$ 6.81000"},{"v":33341.759999999995,"d":"$ 33,341.76000"},0,0,0,0,0,0,0,0,0,0,0,0,0,0,{"v":16670.879999999997,"d":"16,670.88000"},{"v":16670.879999999997,"d":"16,670.88000"}]
[null,null,{"$error":"#REF!"},{"$error":"#REF!"},{"$error":"#REF!"},{"$error":"#REF!"},null,{"v":0,"d":"0.00%"},{"v":0,"d":"0.00%"},{"v":0,"d":"0.00%"},{"v":0,"d":"0.00%"},{"v":0,"d":"0.00%"},{"v":0,"d":"0.00%"},{"v":0,"d":"0.00%"},{"v":0,"d":"0.00%"},{"v":0,"d":"0.00%"},{"v":0,"d":"0.00%"},{"v":0,"d":"0.00%"},{"v":0,"d":"0.00%"},{"v":0,"d":"0.00%"},{"v":0,"d":"0.00%"},{"v":0.5,"d":"50.00%"},{"v":0.5,"d":"50.00%"}]
[null,null,{"$error":"#REF!"},{"$error":"#REF!"},{"$error":"#REF!"},{"$error":"#REF!"},{"$nulls":15},{"v":0.5,"d":"50.00%"},{"v":0.5,"d":"50.00%"}]
[null,72,"DEMARCACION VIAL CON PINTURA TERMOPLASTICA ALTO TRAFICO (INCLUYE MICROESFERA)","m2",{"v":810.72,"d":"810.72000"},{"v":65.81,"d":"$ 65.81000"},{"v":53353.4832,"d":"$ 53,353.48320"},0,0,0,0,0,0,0,0,0,0,0,0,0,0,{"v":26676.7416,"d":"26,676.74160"},{"v":26676.7416,"d":"26,676.74160"}]
[null,null,{"$error":"#REF!"},{"$error":"#REF!"},{"$error":"#REF!"},{"$error":"#REF!"},null,{"v":0,"d":"0.00%"},{"v":0,"d":"0.00%"},{"v":0,"d":"0.00%"},{"v":0,"d":"0.00%"},{"v":0,"d":"0.00%"},{"v":0,"d":"0.00%"},{"v":0,"d":"0.00%"},{"v":0,"d":"0.00%"},{"v":0,"d":"0.00%"},{"v":0,"d":"0.00%"},{"v":0,"d":"0.00%"},{"v":0,"d":"0.00%"},{"v":0,"d":"0.00%"},{"v":0,"d":"0.00%"},{"v":0.5,"d":"50.00%"},{"v":0.5,"d":"50.00%"}]
[null,null,{"$error":"#REF!"},{"$error":"#REF!"},{"$error":"#REF!"},{"$error":"#REF!"},{"$nulls":15},{"v":0.5,"d":"50.00%"},{"v":0.5,"d":"50.00%"}]
[null,73,"SUMINISTRO E INSTALACION DE SEÑALETICA VERTICAL \"LIMITE DE VELOCIDAD\"","u",{"v":23,"d":"23.00000"},{"v":286.64,"d":"$ 286.64000"},{"v":6592.719999999999,"d":"$ 6,592.72000"},0,0,0,0,0,0,0,0,0,0,0,0,0,0,{"v":3296.3599999999997,"d":"3,296.36000"},{"v":3296.3599999999997,"d":"3,296.36000"}]
[null,null,{"$error":"#REF!"},{"$error":"#REF!"},{"$error":"#REF!"},{"$error":"#REF!"},null,{"v":0,"d":"0.00%"},{"v":0,"d":"0.00%"},{"v":0,"d":"0.00%"},{"v":0,"d":"0.00%"},{"v":0,"d":"0.00%"},{"v":0,"d":"0.00%"},{"v":0,"d":"0.00%"},{"v":0,"d":"0.00%"},{"v":0,"d":"0.00%"},{"v":0,"d":"0.00%"},{"v":0,"d":"0.00%"},{"v":0,"d":"0.00%"},{"v":0,"d":"0.00%"},{"v":0,"d":"0.00%"},{"v":0.5,"d":"50.00%"},{"v":0.5,"d":"50.00%"}]
[null,null,{"$error":"#REF!"},{"$error":"#REF!"},{"$error":"#REF!"},{"$error":"#REF!"},{"$nulls":15},{"v":0.5,"d":"50.00%"},{"v":0.5,"d":"50.00%"}]
[null,74,"SUMINISTRO E INSTALACION DE SEÑALETICA VERTICAL \"NO DETENER/NO ESTACIONAR\"","u",{"v":4,"d":"4.00000"},{"v":286.55,"d":"$ 286.55000"},{"v":1146.2,"d":"$ 1,146.20000"},0,0,0,0,0,0,0,0,0,0,0,0,0,0,{"v":573.1,"d":"573.10000"},{"v":573.1,"d":"573.10000"}]
[null,null,{"$error":"#REF!"},{"$error":"#REF!"},{"$error":"#REF!"},{"$error":"#REF!"},null,{"v":0,"d":"0.00%"},{"v":0,"d":"0.00%"},{"v":0,"d":"0.00%"},{"v":0,"d":"0.00%"},{"v":0,"d":"0.00%"},{"v":0,"d":"0.00%"},{"v":0,"d":"0.00%"},{"v":0,"d":"0.00%"},{"v":0,"d":"0.00%"},{"v":0,"d":"0.00%"},{"v":0,"d":"0.00%"},{"v":0,"d":"0.00%"},{"v":0,"d":"0.00%"},{"v":0,"d":"0.00%"},{"v":0.5,"d":"50.00%"},{"v":0.5,"d":"50.00%"}]
[null,null,{"$error":"#REF!"},{"$error":"#REF!"},{"$error":"#REF!"},{"$error":"#REF!"},{"$nulls":15},{"v":0.5,"d":"50.00%"},{"v":0.5,"d":"50.00%"}]
[null,75,"SUMINISTRO E INSTALACION DE SEÑALETICA VERTICAL \"PEATON\"","u",{"v":21,"d":"21.00000"},{"v":286.53,"d":"$ 286.53000"},{"v":6017.129999999999,"d":"$ 6,017.13000"},0,0,0,0,0,0,0,0,0,0,0,0,0,0,{"v":3008.5649999999996,"d":"3,008.56500"},{"v":3008.5649999999996,"d":"3,008.56500"}]
[null,null,{"$error":"#REF!"},{"$error":"#REF!"},{"$error":"#REF!"},{"$error":"#REF!"},null,{"v":0,"d":"0.00%"},{"v":0,"d":"0.00%"},{"v":0,"d":"0.00%"},{"v":0,"d":"0.00%"},{"v":0,"d":"0.00%"},{"v":0,"d":"0.00%"},{"v":0,"d":"0.00%"},{"v":0,"d":"0.00%"},{"v":0,"d":"0.00%"},{"v":0,"d":"0.00%"},{"v":0,"d":"0.00%"},{"v":0,"d":"0.00%"},{"v":0,"d":"0.00%"},{"v":0,"d":"0.00%"},{"v":0.5,"d":"50.00%"},{"v":0.5,"d":"50.00%"}]
[null,null,{"$error":"#REF!"},{"$error":"#REF!"},{"$error":"#REF!"},{"$error":"#REF!"},{"$nulls":15},{"v":0.5,"d":"50.00%"},{"v":0.5,"d":"50.00%"}]
[null,76,"SUMINISTRO E INSTALACION DE SEÑALETICA VERTICAL \"PARE\"","u",{"v":20,"d":"20.00000"},{"v":286.5,"d":"$ 286.50000"},{"v":5730,"d":"$ 5,730.00000"},0,0,0,0,0,0,0,0,0,0,0,0,0,0,{"v":2865,"d":"2,865.00000"},{"v":2865,"d":"2,865.00000"}]
[null,null,{"$error":"#REF!"},{"$error":"#REF!"},{"$error":"#REF!"},{"$error":"#REF!"},null,{"v":0,"d":"0.00%"},{"v":0,"d":"0.00%"},{"v":0,"d":"0.00%"},{"v":0,"d":"0.00%"},{"v":0,"d":"0.00%"},{"v":0,"d":"0.00%"},{"v":0,"d":"0.00%"},{"v":0,"d":"0.00%"},{"v":0,"d":"0.00%"},{"v":0,"d":"0.00%"},{"v":0,"d":"0.00%"},{"v":0,"d":"0.00%"},{"v":0,"d":"0.00%"},{"v":0,"d":"0.00%"},{"v":0.5,"d":"50.00%"},{"v":0.5,"d":"50.00%"}]
[null,null,{"$error":"#REF!"},{"$error":"#REF!"},{"$error":"#REF!"},{"$error":"#REF!"},{"$nulls":15},{"v":0.5,"d":"50.00%"},{"v":0.5,"d":"50.00%"}]
[null,77,"SUMINISTRO E INSTALACION DE SEÑALETICA VERTICAL DE SENTIDO VIAL","u",{"v":35,"d":"35.00000"},{"v":286.49,"d":"$ 286.49000"},{"v":10027.15,"d":"$ 10,027.15000"},0,0,0,0,0,0,0,0,0,0,0,0,0,0,{"v":5013.575,"d":"5,013.57500"},{"v":5013.575,"d":"5,013.57500"}]
[null,null,{"$error":"#REF!"},{"$error":"#REF!"},{"$error":"#REF!"},{"$error":"#REF!"},null,{"v":0,"d":"0.00%"},{"v":0,"d":"0.00%"},{"v":0,"d":"0.00%"},{"v":0,"d":"0.00%"},{"v":0,"d":"0.00%"},{"v":0,"d":"0.00%"},{"v":0,"d":"0.00%"},{"v":0,"d":"0.00%"},{"v":0,"d":"0.00%"},{"v":0,"d":"0.00%"},{"v":0,"d":"0.00%"},{"v":0,"d":"0.00%"},{"v":0,"d":"0.00%"},{"v":0,"d":"0.00%"},{"v":0.5,"d":"50.00%"},{"v":0.5,"d":"50.00%"}]
[null,null,{"$error":"#REF!"},{"$error":"#REF!"},{"$error":"#REF!"},{"$error":"#REF!"},{"$nulls":15},{"v":0.5,"d":"50.00%"},{"v":0.5,"d":"50.00%"}]
[null,78,"SUMINISTRO E INSTALACION DE SEÑALETICA VERTICAL \"BIFURCACION IZQUIERDA\"","u",{"v":2,"d":"2.00000"},{"v":286.6,"d":"$ 286.60000"},{"v":573.2,"d":"$ 573.20000"},0,0,0,0,0,0,0,0,0,0,0,0,0,0,{"v":286.6,"d":"286.60000"},{"v":286.6,"d":"286.60000"}]
[null,null,{"$error":"#REF!"},{"$error":"#REF!"},{"$error":"#REF!"},{"$error":"#REF!"},null,{"v":0,"d":"0.00%"},{"v":0,"d":"0.00%"},{"v":0,"d":"0.00%"},{"v":0,"d":"0.00%"},{"v":0,"d":"0.00%"},{"v":0,"d":"0.00%"},{"v":0,"d":"0.00%"},{"v":0,"d":"0.00%"},{"v":0,"d":"0.00%"},{"v":0,"d":"0.00%"},{"v":0,"d":"0.00%"},{"v":0,"d":"0.00%"},{"v":0,"d":"0.00%"},{"v":0,"d":"0.00%"},{"v":0.5,"d":"50.00%"},{"v":0.5,"d":"50.00%"}]
[null,null,{"$error":"#REF!"},{"$error":"#REF!"},{"$error":"#REF!"},{"$error":"#REF!"},{"$nulls":15},{"v":0.5,"d":"50.00%"},{"v":0.5,"d":"50.00%"}]
[null,79,"SUMINISTRO E INSTALACION DE SEÑALETICA VERTICAL \"CICLISTAS EN LA VIA\"","u",{"v":2,"d":"2.00000"},{"v":286.61,"d":"$ 286.61000"},{"v":573.22,"d":"$ 573.22000"},0,0,0,0,0,0,0,0,0,0,0,0,0,0,{"v":286.61,"d":"286.61000"},{"v":286.61,"d":"286.61000"}]
[null,null,{"$error":"#REF!"},{"$error":"#REF!"},{"$error":"#REF!"},{"$error":"#REF!"},null,{"v":0,"d":"0.00%"},{"v":0,"d":"0.00%"},{"v":0,"d":"0.00%"},{"v":0,"d":"0.00%"},{"v":0,"d":"0.00%"},{"v":0,"d":"0.00%"},{"v":0,"d":"0.00%"},{"v":0,"d":"0.00%"},{"v":0,"d":"0.00%"},{"v":0,"d":"0.00%"},{"v":0,"d":"0.00%"},{"v":0,"d":"0.00%"},{"v":0,"d":"0.00%"},{"v":0,"d":"0.00%"},{"v":0.5,"d":"50.00%"},{"v":0.5,"d":"50.00%"}]
[null,null,{"$error":"#REF!"},{"$error":"#REF!"},{"$error":"#REF!"},{"$error":"#REF!"},{"$nulls":15},{"v":0.5,"d":"50.00%"},{"v":0.5,"d":"50.00%"}]
[null,80,"SUMINISTRO E INSTALACION DE SEÑALETICA VERTICAL \"GIRO EN U\"","u",{"v":4,"d":"4.00000"},{"v":286.63,"d":"$ 286.63000"},{"v":1146.52,"d":"$ 1,146.52000"},0,0,0,0,0,0,0,0,0,0,0,0,0,0,{"v":573.26,"d":"573.26000"},{"v":573.26,"d":"573.26000"}]
[null,null,{"$error":"#REF!"},{"$error":"#REF!"},{"$error":"#REF!"},{"$error":"#REF!"},null,{"v":0,"d":"0.00%"},{"v":0,"d":"0.00%"},{"v":0,"d":"0.00%"},{"v":0,"d":"0.00%"},{"v":0,"d":"0.00%"},{"v":0,"d":"0.00%"},{"v":0,"d":"0.00%"},{"v":0,"d":"0.00%"},{"v":0,"d":"0.00%"},{"v":0,"d":"0.00%"},{"v":0,"d":"0.00%"},{"v":0,"d":"0.00%"},{"v":0,"d":"0.00%"},{"v":0,"d":"0.00%"},{"v":0.5,"d":"50.00%"},{"v":0.5,"d":"50.00%"}]
[null,null,{"$error":"#REF!"},{"$error":"#REF!"},{"$error":"#REF!"},{"$error":"#REF!"},{"$nulls":15},{"v":0.5,"d":"50.00%"},{"v":0.5,"d":"50.00%"}]
[null,81,"SUMINISTRO E INSTALACION DE SEÑALETICA VERTICAL \"APROXIMACION A REDONDEL\"","u",{"v":1,"d":"1.00000"},{"v":286.64,"d":"$ 286.64000"},{"v":286.64,"d":"$ 286.64000"},0,0,0,0,0,0,0,0,0,0,0,0,0,0,{"v":143.32,"d":"143.32000"},{"v":143.32,"d":"143.32000"}]
[null,null,{"$error":"#REF!"},{"$error":"#REF!"},{"$error":"#REF!"},{"$error":"#REF!"},null,{"v":0,"d":"0.00%"},{"v":0,"d":"0.00%"},{"v":0,"d":"0.00%"},{"v":0,"d":"0.00%"},{"v":0,"d":"0.00%"},{"v":0,"d":"0.00%"},{"v":0,"d":"0.00%"},{"v":0,"d":"0.00%"},{"v":0,"d":"0.00%"},{"v":0,"d":"0.00%"},{"v":0,"d":"0.00%"},{"v":0,"d":"0.00%"},{"v":0,"d":"0.00%"},{"v":0,"d":"0.00%"},{"v":0.5,"d":"50.00%"},{"v":0.5,"d":"50.00%"}]
[null,null,{"$error":"#REF!"},{"$error":"#REF!"},{"$error":"#REF!"},{"$error":"#REF!"},{"$nulls":15},{"v":0.5,"d":"50.00%"},{"v":0.5,"d":"50.00%"}]
[null,82,"SUMINISTRO E INSTALACION DE SEÑALETICA VERTICAL \"ESTACIONAMIENTO RESERVADO PARA DISCAPACITADOS\"","u",{"v":4,"d":"4.00000"},{"v":286.66,"d":"$ 286.66000"},{"v":1146.64,"d":"$ 1,146.64000"},0,0,0,0,0,0,0,0,0,0,0,0,0,0,{"v":573.32,"d":"573.32000"},{"v":573.32,"d":"573.32000"}]
[null,null,{"$error":"#REF!"},{"$error":"#REF!"},{"$error":"#REF!"},{"$error":"#REF!"},null,{"v":0,"d":"0.00%"},{"v":0,"d":"0.00%"},{"v":0,"d":"0.00%"},{"v":0,"d":"0.00%"},{"v":0,"d":"0.00%"},{"v":0,"d":"0.00%"},{"v":0,"d":"0.00%"},{"v":0,"d":"0.00%"},{"v":0,"d":"0.00%"},{"v":0,"d":"0.00%"},{"v":0,"d":"0.00%"},{"v":0,"d":"0.00%"},{"v":0,"d":"0.00%"},{"v":0,"d":"0.00%"},{"v":0.5,"d":"50.00%"},{"v":0.5,"d":"50.00%"}]
[null,null,{"$error":"#REF!"},{"$error":"#REF!"},{"$error":"#REF!"},{"$error":"#REF!"},{"$nulls":15},{"v":0.5,"d":"50.00%"},{"v":0.5,"d":"50.00%"}]
[null,83,"TIERRA: SUMINISTRO, COLOCACION , TENDIDO Y NIVELACION","m3",{"v":1030.5,"d":"1030.50000"},{"v":19.92,"d":"$ 19.92000"},{"v":20527.56,"d":"$ 20,527.56000"},0,0,0,0,0,0,0,0,0,0,0,0,0,0,{"v":10263.78,"d":"10,263.78000"},{"v":10263.78,"d":"10,263.78000"}]
[null,null,{"$error":"#REF!"},{"$error":"#REF!"},{"$error":"#REF!"},{"$error":"#REF!"},null,{"v":0,"d":"0.00%"},{"v":0,"d":"0.00%"},{"v":0,"d":"0.00%"},{"v":0,"d":"0.00%"},{"v":0,"d":"0.00%"},{"v":0,"d":"0.00%"},{"v":0,"d":"0.00%"},{"v":0,"d":"0.00%"},{"v":0,"d":"0.00%"},{"v":0,"d":"0.00%"},{"v":0,"d":"0.00%"},{"v":0,"d":"0.00%"},{"v":0,"d":"0.00%"},{"v":0,"d":"0.00%"},{"v":0.5,"d":"50.00%"},{"v":0.5,"d":"50.00%"}]
[null,null,{"$error":"#REF!"},{"$error":"#REF!"},{"$error":"#REF!"},{"$error":"#REF!"},{"$nulls":15},{"v":0.5,"d":"50.00%"},{"v":0.5,"d":"50.00%"}]
[null,84,"ARBOL DE LEUCAENA/LEUCAENA TRICHODES:  H= 2m; SUMINISTRO, SIEMBRA, ABONADO Y TUTORADO","u",{"v":15,"d":"15.00000"},{"v":43.77,"d":"$ 43.77000"},{"v":656.5500000000001,"d":"$ 656.55000"},0,0,0,0,0,0,0,0,0,0,0,0,0,0,{"v":328.27500000000003,"d":"328.27500"},{"v":328.27500000000003,"d":"328.27500"}]
[null,null,{"$error":"#REF!"},{"$error":"#REF!"},{"$error":"#REF!"},{"$error":"#REF!"},null,{"v":0,"d":"0.00%"},{"v":0,"d":"0.00%"},{"v":0,"d":"0.00%"},{"v":0,"d":"0.00%"},{"v":0,"d":"0.00%"},{"v":0,"d":"0.00%"},{"v":0,"d":"0.00%"},{"v":0,"d":"0.00%"},{"v":0,"d":"0.00%"},{"v":0,"d":"0.00%"},{"v":0,"d":"0.00%"},{"v":0,"d":"0.00%"},{"v":0,"d":"0.00%"},{"v":0,"d":"0.00%"},{"v":0.5,"d":"50.00%"},{"v":0.5,"d":"50.00%"}]
[null,null,{"$error":"#REF!"},{"$error":"#REF!"},{"$error":"#REF!"},{"$error":"#REF!"},{"$nulls":15},{"v":0.5,"d":"50.00%"},{"v":0.5,"d":"50.00%"}]
[null,85,"ARBOL DE GUAYACAN NEGRO/TABEBUIA CHRYSANTHA:  H= 2m; SUMINISTRO, SIEMBRA, ABONADO Y TUTORADO","u",{"v":4,"d":"4.00000"},{"v":43.98,"d":"$ 43.98000"},{"v":175.92,"d":"$ 175.92000"},0,0,0,0,0,0,0,0,0,0,0,0,0,0,{"v":87.96,"d":"87.96000"},{"v":87.96,"d":"87.96000"}]
[null,null,{"$error":"#REF!"},{"$error":"#REF!"},{"$error":"#REF!"},{"$error":"#REF!"},null,{"v":0,"d":"0.00%"},{"v":0,"d":"0.00%"},{"v":0,"d":"0.00%"},{"v":0,"d":"0.00%"},{"v":0,"d":"0.00%"},{"v":0,"d":"0.00%"},{"v":0,"d":"0.00%"},{"v":0,"d":"0.00%"},{"v":0,"d":"0.00%"},{"v":0,"d":"0.00%"},{"v":0,"d":"0.00%"},{"v":0,"d":"0.00%"},{"v":0,"d":"0.00%"},{"v":0,"d":"0.00%"},{"v":0.5,"d":"50.00%"},{"v":0.5,"d":"50.00%"}]
[null,null,{"$error":"#REF!"},{"$error":"#REF!"},{"$error":"#REF!"},{"$error":"#REF!"},{"$nulls":15},{"v":0.5,"d":"50.00%"},{"v":0.5,"d":"50.00%"}]
[null,86,"ARBOL DE ROBLE/TABEBUIA ROSEA:  H= 2m; SUMINISTRO, SIEMBRA, ABONADO Y TUTORADO","u",{"v":5,"d":"5.00000"},{"v":43.78,"d":"$ 43.78000"},{"v":218.9,"d":"$ 218.90000"},0,0,0,0,0,0,0,0,0,0,0,0,0,0,{"v":109.45,"d":"109.45000"},{"v":109.45,"d":"109.45000"}]
[null,null,{"$error":"#REF!"},{"$error":"#REF!"},{"$error":"#REF!"},{"$error":"#REF!"},null,{"v":0,"d":"0.00%"},{"v":0,"d":"0.00%"},{"v":0,"d":"0.00%"},{"v":0,"d":"0.00%"},{"v":0,"d":"0.00%"},{"v":0,"d":"0.00%"},{"v":0,"d":"0.00%"},{"v":0,"d":"0.00%"},{"v":0,"d":"0.00%"},{"v":0,"d":"0.00%"},{"v":0,"d":"0.00%"},{"v":0,"d":"0.00%"},{"v":0,"d":"0.00%"},{"v":0,"d":"0.00%"},{"v":0.5,"d":"50.00%"},{"v":0.5,"d":"50.00%"}]
[null,null,{"$error":"#REF!"},{"$error":"#REF!"},{"$error":"#REF!"},{"$error":"#REF!"},{"$nulls":15},{"v":0.5,"d":"50.00%"},{"v":0.5,"d":"50.00%"}]
[null,87,"ARBOL DE AMARILLO/CENTROLOBIUM OCHROXYLUM: H= 2m; SUMINISTRO, SIEMBRA, ABONADO Y TUTORADO","u",{"v":49,"d":"49.00000"},{"v":43.93,"d":"$ 43.93000"},{"v":2152.57,"d":"$ 2,152.57000"},0,0,0,0,0,0,0,0,0,0,0,0,0,0,{"v":1076.285,"d":"1,076.28500"},{"v":1076.285,"d":"1,076.28500"}]
[null,null,{"$error":"#REF!"},{"$error":"#REF!"},{"$error":"#REF!"},{"$error":"#REF!"},null,{"v":0,"d":"0.00%"},{"v":0,"d":"0.00%"},{"v":0,"d":"0.00%"},{"v":0,"d":"0.00%"},{"v":0,"d":"0.00%"},{"v":0,"d":"0.00%"},{"v":0,"d":"0.00%"},{"v":0,"d":"0.00%"},{"v":0,"d":"0.00%"},{"v":0,"d":"0.00%"},{"v":0,"d":"0.00%"},{"v":0,"d":"0.00%"},{"v":0,"d":"0.00%"},{"v":0,"d":"0.00%"},{"v":0.5,"d":"50.00%"},{"v":0.5,"d":"50.00%"}]
[null,null,{"$error":"#REF!"},{"$error":"#REF!"},{"$error":"#REF!"},{"$error":"#REF!"},{"$nulls":15},{"v":0.5,"d":"50.00%"},{"v":0.5,"d":"50.00%"}]
[null,88,"ARBOL DE FERNAN SANCHEZ/TRIPLARIS CUMINGIANA: H= 2m; SUMINISTRO, SIEMBRA, ABONADO Y TUTORADO","u",{"v":58,"d":"58.00000"},{"v":43.9,"d":"$ 43.90000"},{"v":2546.2,"d":"$ 2,546.20000"},0,0,0,0,0,0,0,0,0,0,0,0,0,0,{"v":1273.1,"d":"1,273.10000"},{"v":1273.1,"d":"1,273.10000"}]
[null,null,{"$error":"#REF!"},{"$error":"#REF!"},{"$error":"#REF!"},{"$error":"#REF!"},null,{"v":0,"d":"0.00%"},{"v":0,"d":"0.00%"},{"v":0,"d":"0.00%"},{"v":0,"d":"0.00%"},{"v":0,"d":"0.00%"},{"v":0,"d":"0.00%"},{"v":0,"d":"0.00%"},{"v":0,"d":"0.00%"},{"v":0,"d":"0.00%"},{"v":0,"d":"0.00%"},{"v":0,"d":"0.00%"},{"v":0,"d":"0.00%"},{"v":0,"d":"0.00%"},{"v":0,"d":"0.00%"},{"v":0.5,"d":"50.00%"},{"v":0.5,"d":"50.00%"}]
[null,null,{"$error":"#REF!"},{"$error":"#REF!"},{"$error":"#REF!"},{"$error":"#REF!"},{"$nulls":15},{"v":0.5,"d":"50.00%"},{"v":0.5,"d":"50.00%"}]
[null,89,"ARBOL DE SAMANCILLO/ALBIZIA PISTACIFOLIA: H= 2m; SUMINISTRO, SIEMBRA, ABONADO Y TUTORADO","u",{"v":8,"d":"8.00000"},{"v":43.76,"d":"$ 43.76000"},{"v":350.08,"d":"$ 350.08000"},0,0,0,0,0,0,0,0,0,0,0,0,0,0,{"v":175.04,"d":"175.04000"},{"v":175.04,"d":"175.04000"}]
[null,null,{"$error":"#REF!"},{"$error":"#REF!"},{"$error":"#REF!"},{"$error":"#REF!"},null,{"v":0,"d":"0.00%"},{"v":0,"d":"0.00%"},{"v":0,"d":"0.00%"},{"v":0,"d":"0.00%"},{"v":0,"d":"0.00%"},{"v":0,"d":"0.00%"},{"v":0,"d":"0.00%"},{"v":0,"d":"0.00%"},{"v":0,"d":"0.00%"},{"v":0,"d":"0.00%"},{"v":0,"d":"0.00%"},{"v":0,"d":"0.00%"},{"v":0,"d":"0.00%"},{"v":0,"d":"0.00%"},{"v":0.5,"d":"50.00%"},{"v":0.5,"d":"50.00%"}]
[null,null,{"$error":"#REF!"},{"$error":"#REF!"},{"$error":"#REF!"},{"$error":"#REF!"},{"$nulls":15},{"v":0.5,"d":"50.00%"},{"v":0.5,"d":"50.00%"}]
[null,90,"PLANTA ORNAMENTAL FITONIA/FITTONIA ALBIVENSIS: H= 0,15m; SUMINISTRO, SIEMBRA Y ABONADO","u",{"v":2543,"d":"2543.00000"},{"v":1.99,"d":"$ 1.99000"},{"v":5060.57,"d":"$ 5,060.57000"},0,0,0,0,0,0,0,0,0,0,0,0,0,0,{"v":2530.285,"d":"2,530.28500"},{"v":2530.285,"d":"2,530.28500"}]
[null,null,{"$error":"#REF!"},{"$error":"#REF!"},{"$error":"#REF!"},{"$error":"#REF!"},null,{"v":0,"d":"0.00%"},{"v":0,"d":"0.00%"},{"v":0,"d":"0.00%"},{"v":0,"d":"0.00%"},{"v":0,"d":"0.00%"},{"v":0,"d":"0.00%"},{"v":0,"d":"0.00%"},{"v":0,"d":"0.00%"},{"v":0,"d":"0.00%"},{"v":0,"d":"0.00%"},{"v":0,"d":"0.00%"},{"v":0,"d":"0.00%"},{"v":0,"d":"0.00%"},{"v":0,"d":"0.00%"},{"v":0.5,"d":"50.00%"},{"v":0.5,"d":"50.00%"}]
[null,null,{"$error":"#REF!"},{"$error":"#REF!"},{"$error":"#REF!"},{"$error":"#REF!"},{"$nulls":15},{"v":0.5,"d":"50.00%"},{"v":0.5,"d":"50.00%"}]
[null,91,"PLANTA ORNAMENTAL AJUGA/AJUGA REPTANS PURPUREA: H= 0,20m; SUMINISTRO, SIEMBRA Y ABONADO","u",{"v":4754,"d":"4754.00000"},{"v":1.98,"d":"$ 1.98000"},{"v":9412.92,"d":"$ 9,412.92000"},0,0,0,0,0,0,0,0,0,0,0,0,0,0,{"v":4706.46,"d":"4,706.46000"},{"v":4706.46,"d":"4,706.46000"}]
[null,null,{"$error":"#REF!"},{"$error":"#REF!"},{"$error":"#REF!"},{"$error":"#REF!"},null,{"v":0,"d":"0.00%"},{"v":0,"d":"0.00%"},{"v":0,"d":"0.00%"},{"v":0,"d":"0.00%"},{"v":0,"d":"0.00%"},{"v":0,"d":"0.00%"},{"v":0,"d":"0.00%"},{"v":0,"d":"0.00%"},{"v":0,"d":"0.00%"},{"v":0,"d":"0.00%"},{"v":0,"d":"0.00%"},{"v":0,"d":"0.00%"},{"v":0,"d":"0.00%"},{"v":0,"d":"0.00%"},{"v":0.5,"d":"50.00%"},{"v":0.5,"d":"50.00%"}]
[null,null,{"$error":"#REF!"},{"$error":"#REF!"},{"$error":"#REF!"},{"$error":"#REF!"},{"$nulls":15},{"v":0.5,"d":"50.00%"},{"v":0.5,"d":"50.00%"}]
[null,92,"PLANTA CESPED SAN AGUSTIN/STENOTAPHRUM SECUNDATUM: U=m2; SUMINISTRO, TENDIDO DE ARENA Y SIEMBRA","m2",{"v":742.77,"d":"742.77000"},{"v":7.18,"d":"$ 7.18000"},{"v":5333.0886,"d":"$ 5,333.08860"},0,0,0,0,0,0,0,0,0,0,0,0,0,0,{"v":2666.5443,"d":"2,666.54430"},{"v":2666.5443,"d":"2,666.54430"}]
[null,null,{"$error":"#REF!"},{"$error":"#REF!"},{"$error":"#REF!"},{"$error":"#REF!"},null,{"v":0,"d":"0.00%"},{"v":0,"d":"0.00%"},{"v":0,"d":"0.00%"},{"v":0,"d":"0.00%"},{"v":0,"d":"0.00%"},{"v":0,"d":"0.00%"},{"v":0,"d":"0.00%"},{"v":0,"d":"0.00%"},{"v":0,"d":"0.00%"},{"v":0,"d":"0.00%"},{"v":0,"d":"0.00%"},{"v":0,"d":"0.00%"},{"v":0,"d":"0.00%"},{"v":0,"d":"0.00%"},{"v":0.5,"d":"50.00%"},{"v":0.5,"d":"50.00%"}]
[null,null,{"$error":"#REF!"},{"$error":"#REF!"},{"$error":"#REF!"},{"$error":"#REF!"},{"$nulls":15},{"v":0.5,"d":"50.00%"},{"v":0.5,"d":"50.00%"}]
[null,93,"PLANTA ORNAMENTAL MONEDITA/SOLEIROLIA SOLEIROLII: H=0,10m; SUMINISTRO, SIEMBRA Y ABONADO","u",{"v":3967,"d":"3967.00000"},{"v":2,"d":"$ 2.00000"},{"v":7934,"d":"$ 7,934.00000"},0,0,0,0,0,0,0,0,0,0,0,0,0,0,{"v":3967,"d":"3,967.00000"},{"v":3967,"d":"3,967.00000"}]
[null,null,{"$error":"#REF!"},{"$error":"#REF!"},{"$error":"#REF!"},{"$error":"#REF!"},null,{"v":0,"d":"0.00%"},{"v":0,"d":"0.00%"},{"v":0,"d":"0.00%"},{"v":0,"d":"0.00%"},{"v":0,"d":"0.00%"},{"v":0,"d":"0.00%"},{"v":0,"d":"0.00%"},{"v":0,"d":"0.00%"},{"v":0,"d":"0.00%"},{"v":0,"d":"0.00%"},{"v":0,"d":"0.00%"},{"v":0,"d":"0.00%"},{"v":0,"d":"0.00%"},{"v":0,"d":"0.00%"},{"v":0.5,"d":"50.00%"},{"v":0.5,"d":"50.00%"}]
[null,null,{"$error":"#REF!"},{"$error":"#REF!"},{"$error":"#REF!"},{"$error":"#REF!"},{"$nulls":15},{"v":0.5,"d":"50.00%"},{"v":0.5,"d":"50.00%"}]
[null,94,"PLANTA ORNAMENTAL PLANTA DEL DINERO/PLECTRANTHRUS AUSTRALIS: H=0,15m; SUMINISTRO, SIEMBRA Y ABONADO","u",{"v":2680,"d":"2680.00000"},{"v":2.01,"d":"$ 2.01000"},{"v":5386.799999999999,"d":"$ 5,386.80000"},0,0,0,0,0,0,0,0,0,0,0,0,0,0,{"v":2693.3999999999996,"d":"2,693.40000"},{"v":2693.3999999999996,"d":"2,693.40000"}]
[null,null,{"$error":"#REF!"},{"$error":"#REF!"},{"$error":"#REF!"},{"$error":"#REF!"},null,{"v":0,"d":"0.00%"},{"v":0,"d":"0.00%"},{"v":0,"d":"0.00%"},{"v":0,"d":"0.00%"},{"v":0,"d":"0.00%"},{"v":0,"d":"0.00%"},{"v":0,"d":"0.00%"},{"v":0,"d":"0.00%"},{"v":0,"d":"0.00%"},{"v":0,"d":"0.00%"},{"v":0,"d":"0.00%"},{"v":0,"d":"0.00%"},{"v":0,"d":"0.00%"},{"v":0,"d":"0.00%"},{"v":0.5,"d":"50.00%"},{"v":0.5,"d":"50.00%"}]
[null,null,{"$error":"#REF!"},{"$error":"#REF!"},{"$error":"#REF!"},{"$error":"#REF!"},{"$nulls":15},{"v":0.5,"d":"50.00%"},{"v":0.5,"d":"50.00%"}]
[null,95,"PLANTA ORNAMENTAL PILEA/PILEA CARDIEREI: H= 0,20m; SUMINISTRO, SIEMBRA Y ABONADO","u",{"v":2756,"d":"2756.00000"},{"v":2.66,"d":"$ 2.66000"},{"v":7330.96,"d":"$ 7,330.96000"},0,0,0,0,0,0,0,0,0,0,0,0,0,0,{"v":3665.48,"d":"3,665.48000"},{"v":3665.48,"d":"3,665.48000"}]
[null,null,{"$error":"#REF!"},{"$error":"#REF!"},{"$error":"#REF!"},{"$error":"#REF!"},null,{"v":0,"d":"0.00%"},{"v":0,"d":"0.00%"},{"v":0,"d":"0.00%"},{"v":0,"d":"0.00%"},{"v":0,"d":"0.00%"},{"v":0,"d":"0.00%"},{"v":0,"d":"0.00%"},{"v":0,"d":"0.00%"},{"v":0,"d":"0.00%"},{"v":0,"d":"0.00%"},{"v":0,"d":"0.00%"},{"v":0,"d":"0.00%"},{"v":0,"d":"0.00%"},{"v":0,"d":"0.00%"},{"v":0.5,"d":"50.00%"},{"v":0.5,"d":"50.00%"}]
[null,null,{"$error":"#REF!"},{"$error":"#REF!"},{"$error":"#REF!"},{"$error":"#REF!"},{"$nulls":15},{"v":0.5,"d":"50.00%"},{"v":0.5,"d":"50.00%"}]
[null,96,"PLANTA ORNAMENTAL PILEA/PILEA PEPEROMIOIDES: H=0,20m; SUMINISTRO, SIEMBRA Y ABONADO","u",{"v":2445,"d":"2445.00000"},{"v":3.07,"d":"$ 3.07000"},{"v":7506.15,"d":"$ 7,506.15000"},0,0,0,0,0,0,0,0,0,0,0,0,0,0,{"v":3753.075,"d":"3,753.07500"},{"v":3753.075,"d":"3,753.07500"}]
[null,null,{"$error":"#REF!"},{"$error":"#REF!"},{"$error":"#REF!"},{"$error":"#REF!"},null,{"v":0,"d":"0.00%"},{"v":0,"d":"0.00%"},{"v":0,"d":"0.00%"},{"v":0,"d":"0.00%"},{"v":0,"d":"0.00%"},{"v":0,"d":"0.00%"},{"v":0,"d":"0.00%"},{"v":0,"d":"0.00%"},{"v":0,"d":"0.00%"},{"v":0,"d":"0.00%"},{"v":0,"d":"0.00%"},{"v":0,"d":"0.00%"},{"v":0,"d":"0.00%"},{"v":0,"d":"0.00%"},{"v":0.5,"d":"50.00%"},{"v":0.5,"d":"50.00%"}]
[null,null,{"$error":"#REF!"},{"$error":"#REF!"},{"$error":"#REF!"},{"$error":"#REF!"},{"$nulls":15},{"v":0.5,"d":"50.00%"},{"v":0.5,"d":"50.00%"}]
[null,97,"PLANTA ORNAMENTAL TREBOL MORADO/OXALIS REGNELLI ATROPURPUREA: H=0,30m; SUMINISTRO, SIEMBRA Y ABONADO","u",{"v":795,"d":"795.00000"},{"v":2.47,"d":"$ 2.47000"},{"v":1963.65,"d":"$ 1,963.65000"},0,0,0,0,0,0,0,0,0,0,0,0,0,0,{"v":981.825,"d":"981.82500"},{"v":981.825,"d":"981.82500"}]
[null,null,{"$error":"#REF!"},{"$error":"#REF!"},{"$error":"#REF!"},{"$error":"#REF!"},null,{"v":0,"d":"0.00%"},{"v":0,"d":"0.00%"},{"v":0,"d":"0.00%"},{"v":0,"d":"0.00%"},{"v":0,"d":"0.00%"},{"v":0,"d":"0.00%"},{"v":0,"d":"0.00%"},{"v":0,"d":"0.00%"},{"v":0,"d":"0.00%"},{"v":0,"d":"0.00%"},{"v":0,"d":"0.00%"},{"v":0,"d":"0.00%"},{"v":0,"d":"0.00%"},{"v":0,"d":"0.00%"},{"v":0.5,"d":"50.00%"},{"v":0.5,"d":"50.00%"}]
[null,null,{"$error":"#REF!"},{"$error":"#REF!"},{"$error":"#REF!"},{"$error":"#REF!"},{"$nulls":15},{"v":0.5,"d":"50.00%"},{"v":0.5,"d":"50.00%"}]
[null,98,"PLANTA ORNAMENTAL CEBOLLIN/THULBALGIA VIOLACEA:  H=0,40m; SUMINISTRO, SIEMBRA Y ABONADO","u",{"v":2766,"d":"2766.00000"},{"v":2.11,"d":"$ 2.11000"},{"v":5836.259999999999,"d":"$ 5,836.26000"},0,0,0,0,0,0,0,0,0,0,0,0,0,0,{"v":2918.1299999999997,"d":"2,918.13000"},{"v":2918.1299999999997,"d":"2,918.13000"}]
[null,null,{"$error":"#REF!"},{"$error":"#REF!"},{"$error":"#REF!"},{"$error":"#REF!"},null,{"v":0,"d":"0.00%"},{"v":0,"d":"0.00%"},{"v":0,"d":"0.00%"},{"v":0,"d":"0.00%"},{"v":0,"d":"0.00%"},{"v":0,"d":"0.00%"},{"v":0,"d":"0.00%"},{"v":0,"d":"0.00%"},{"v":0,"d":"0.00%"},{"v":0,"d":"0.00%"},{"v":0,"d":"0.00%"},{"v":0,"d":"0.00%"},{"v":0,"d":"0.00%"},{"v":0,"d":"0.00%"},{"v":0.5,"d":"50.00%"},{"v":0.5,"d":"50.00%"}]
[null,null,{"$error":"#REF!"},{"$error":"#REF!"},{"$error":"#REF!"},{"$error":"#REF!"},{"$nulls":15},{"v":0.5,"d":"50.00%"},{"v":0.5,"d":"50.00%"}]
[null,99,"PLANTA ORNAMENTAL ROELIA/RUELLIA BRITTONIANA: H= 0,80m; SUMINISTRO, SIEMBRA Y ABONADO","u",{"v":3057,"d":"3057.00000"},{"v":1.99,"d":"$ 1.99000"},{"v":6083.43,"d":"$ 6,083.43000"},0,0,0,0,0,0,0,0,0,0,0,0,0,0,{"v":3041.715,"d":"3,041.71500"},{"v":3041.715,"d":"3,041.71500"}]
[null,null,{"$error":"#REF!"},{"$error":"#REF!"},{"$error":"#REF!"},{"$error":"#REF!"},null,{"v":0,"d":"0.00%"},{"v":0,"d":"0.00%"},{"v":0,"d":"0.00%"},{"v":0,"d":"0.00%"},{"v":0,"d":"0.00%"},{"v":0,"d":"0.00%"},{"v":0,"d":"0.00%"},{"v":0,"d":"0.00%"},{"v":0,"d":"0.00%"},{"v":0,"d":"0.00%"},{"v":0,"d":"0.00%"},{"v":0,"d":"0.00%"},{"v":0,"d":"0.00%"},{"v":0,"d":"0.00%"},{"v":0.5,"d":"50.00%"},{"v":0.5,"d":"50.00%"}]
[null,null,{"$error":"#REF!"},{"$error":"#REF!"},{"$error":"#REF!"},{"$error":"#REF!"},{"$nulls":15},{"v":0.5,"d":"50.00%"},{"v":0.5,"d":"50.00%"}]
[null,100,"PLANTA ORNAMENTAL AMANCAY/CRINUM XANTHOPHYLLUM: H= 0,70m; SUMINISTRO, SIEMBRA Y ABONADO","u",{"v":96,"d":"96.00000"},{"v":2.47,"d":"$ 2.47000"},{"v":237.12,"d":"$ 237.12000"},0,0,0,0,0,0,0,0,0,0,0,0,0,0,{"v":118.56,"d":"118.56000"},{"v":118.56,"d":"118.56000"}]
[null,null,{"$error":"#REF!"},{"$error":"#REF!"},{"$error":"#REF!"},{"$error":"#REF!"},null,{"v":0,"d":"0.00%"},{"v":0,"d":"0.00%"},{"v":0,"d":"0.00%"},{"v":0,"d":"0.00%"},{"v":0,"d":"0.00%"},{"v":0,"d":"0.00%"},{"v":0,"d":"0.00%"},{"v":0,"d":"0.00%"},{"v":0,"d":"0.00%"},{"v":0,"d":"0.00%"},{"v":0,"d":"0.00%"},{"v":0,"d":"0.00%"},{"v":0,"d":"0.00%"},{"v":0,"d":"0.00%"},{"v":0.5,"d":"50.00%"},{"v":0.5,"d":"50.00%"}]
[null,null,{"$error":"#REF!"},{"$error":"#REF!"},{"$error":"#REF!"},{"$error":"#REF!"},{"$nulls":15},{"v":0.5,"d":"50.00%"},{"v":0.5,"d":"50.00%"}]
[null,101,"PLANTA ORNAMENTAL LIRIO ARAÑA/HYMENOCALLIS LITTORALIS: H=0,30m; SUMINISTRO, SIEMBRA Y ABONADO","u",{"v":202,"d":"202.00000"},{"v":2.77,"d":"$ 2.77000"},{"v":559.54,"d":"$ 559.54000"},0,0,0,0,0,0,0,0,0,0,0,0,0,0,{"v":279.77,"d":"279.77000"},{"v":279.77,"d":"279.77000"}]
[null,null,{"$error":"#REF!"},{"$error":"#REF!"},{"$error":"#REF!"},{"$error":"#REF!"},null,{"v":0,"d":"0.00%"},{"v":0,"d":"0.00%"},{"v":0,"d":"0.00%"},{"v":0,"d":"0.00%"},{"v":0,"d":"0.00%"},{"v":0,"d":"0.00%"},{"v":0,"d":"0.00%"},{"v":0,"d":"0.00%"},{"v":0,"d":"0.00%"},{"v":0,"d":"0.00%"},{"v":0,"d":"0.00%"},{"v":0,"d":"0.00%"},{"v":0,"d":"0.00%"},{"v":0,"d":"0.00%"},{"v":0.5,"d":"50.00%"},{"v":0.5,"d":"50.00%"}]
[null,null,{"$error":"#REF!"},{"$error":"#REF!"},{"$error":"#REF!"},{"$error":"#REF!"},{"$nulls":15},{"v":0.5,"d":"50.00%"},{"v":0.5,"d":"50.00%"}]
[null,102,"PLANTA ORNAMENTAL LLUVIA DE FUEGO/RUSSELIA EQUISETIFORMIS: H=1,00m; SUMINISTRO, SIEMBRA Y ABONADO","u",{"v":1425,"d":"1425.00000"},{"v":2.64,"d":"$ 2.64000"},{"v":3762,"d":"$ 3,762.00000"},0,0,0,0,0,0,0,0,0,0,0,0,0,0,{"v":1881,"d":"1,881.00000"},{"v":1881,"d":"1,881.00000"}]
[null,null,{"$error":"#REF!"},{"$error":"#REF!"},{"$error":"#REF!"},{"$error":"#REF!"},null,{"v":0,"d":"0.00%"},{"v":0,"d":"0.00%"},{"v":0,"d":"0.00%"},{"v":0,"d":"0.00%"},{"v":0,"d":"0.00%"},{"v":0,"d":"0.00%"},{"v":0,"d":"0.00%"},{"v":0,"d":"0.00%"},{"v":0,"d":"0.00%"},{"v":0,"d":"0.00%"},{"v":0,"d":"0.00%"},{"v":0,"d":"0.00%"},{"v":0,"d":"0.00%"},{"v":0,"d":"0.00%"},{"v":0.5,"d":"50.00%"},{"v":0.5,"d":"50.00%"}]
[null,null,{"$error":"#REF!"},{"$error":"#REF!"},{"$error":"#REF!"},{"$error":"#REF!"},{"$nulls":15},{"v":0.5,"d":"50.00%"},{"v":0.5,"d":"50.00%"}]
[null,103,"PLANTA ORNAMENTAL HELICONIA/HELICONIA ROSTRATA: H=1,00m; SUMINISTRO, SIEMBRA Y ABONADO","u",{"v":804,"d":"804.00000"},{"v":2.51,"d":"$ 2.51000"},{"v":2018.0399999999997,"d":"$ 2,018.04000"},0,0,0,0,0,0,0,0,0,0,0,0,0,0,{"v":1009.0199999999999,"d":"1,009.02000"},{"v":1009.0199999999999,"d":"1,009.02000"}]
[null,null,{"$error":"#REF!"},{"$error":"#REF!"},{"$error":"#REF!"},{"$error":"#REF!"},null,{"v":0,"d":"0.00%"},{"v":0,"d":"0.00%"},{"v":0,"d":"0.00%"},{"v":0,"d":"0.00%"},{"v":0,"d":"0.00%"},{"v":0,"d":"0.00%"},{"v":0,"d":"0.00%"},{"v":0,"d":"0.00%"},{"v":0,"d":"0.00%"},{"v":0,"d":"0.00%"},{"v":0,"d":"0.00%"},{"v":0,"d":"0.00%"},{"v":0,"d":"0.00%"},{"v":0,"d":"0.00%"},{"v":0.5,"d":"50.00%"},{"v":0.5,"d":"50.00%"}]
[null,null,{"$error":"#REF!"},{"$error":"#REF!"},{"$error":"#REF!"},{"$error":"#REF!"},{"$nulls":15},{"v":0.5,"d":"50.00%"},{"v":0.5,"d":"50.00%"}]
[null,104,"PLANTA ORNAMENTAL BROMELIA GIGANTE/TILLANDSIA CLAVIGERA: H=0,70m; SUMINISTRO, SIEMBRA Y ABONADO","u",{"v":219,"d":"219.00000"},{"v":19.27,"d":"$ 19.27000"},{"v":4220.13,"d":"$ 4,220.13000"},0,0,0,0,0,0,0,0,0,0,0,0,0,0,{"v":2110.065,"d":"2,110.06500"},{"v":2110.065,"d":"2,110.06500"}]
[null,null,{"$error":"#REF!"},{"$error":"#REF!"},{"$error":"#REF!"},{"$error":"#REF!"},null,{"v":0,"d":"0.00%"},{"v":0,"d":"0.00%"},{"v":0,"d":"0.00%"},{"v":0,"d":"0.00%"},{"v":0,"d":"0.00%"},{"v":0,"d":"0.00%"},{"v":0,"d":"0.00%"},{"v":0,"d":"0.00%"},{"v":0,"d":"0.00%"},{"v":0,"d":"0.00%"},{"v":0,"d":"0.00%"},{"v":0,"d":"0.00%"},{"v":0,"d":"0.00%"},{"v":0,"d":"0.00%"},{"v":0.5,"d":"50.00%"},{"v":0.5,"d":"50.00%"}]
[null,null,{"$error":"#REF!"},{"$error":"#REF!"},{"$error":"#REF!"},{"$error":"#REF!"},{"$nulls":15},{"v":0.5,"d":"50.00%"},{"v":0.5,"d":"50.00%"}]
[null,105,"PLANTA ORNAMENTAL BROMELIA ROJA/GUZMANIA SP.: H=0,25m; SUMINISTRO, SIEMBRA Y ABONADO","u",{"v":424,"d":"424.00000"},{"v":3.07,"d":"$ 3.07000"},{"v":1301.6799999999998,"d":"$ 1,301.68000"},0,0,0,0,0,0,0,0,0,0,0,0,0,0,{"v":650.8399999999999,"d":"650.84000"},{"v":650.8399999999999,"d":"650.84000"}]
[null,null,{"$error":"#REF!"},{"$error":"#REF!"},{"$error":"#REF!"},{"$error":"#REF!"},null,{"v":0,"d":"0.00%"},{"v":0,"d":"0.00%"},{"v":0,"d":"0.00%"},{"v":0,"d":"0.00%"},{"v":0,"d":"0.00%"},{"v":0,"d":"0.00%"},{"v":0,"d":"0.00%"},{"v":0,"d":"0.00%"},{"v":0,"d":"0.00%"},{"v":0,"d":"0.00%"},{"v":0,"d":"0.00%"},{"v":0,"d":"0.00%"},{"v":0,"d":"0.00%"},{"v":0,"d":"0.00%"},{"v":0.5,"d":"50.00%"},{"v":0.5,"d":"50.00%"}]
[null,null,{"$error":"#REF!"},{"$error":"#REF!"},{"$error":"#REF!"},{"$error":"#REF!"},{"$nulls":15},{"v":0.5,"d":"50.00%"},{"v":0.5,"d":"50.00%"}]
[null,106,"PLANTA ORNAMENTAL PALMA RAFIS/RAPHIS EXCELSA: H=1,70m; SUMINISTRO, SIEMBRA Y ABONADO","u",{"v":59,"d":"59.00000"},{"v":13.27,"d":"$ 13.27000"},{"v":782.93,"d":"$ 782.93000"},0,0,0,0,0,0,0,0,0,0,0,0,0,0,{"v":391.465,"d":"391.46500"},{"v":391.465,"d":"391.46500"}]
[null,null,{"$error":"#REF!"},{"$error":"#REF!"},{"$error":"#REF!"},{"$error":"#REF!"},null,{"v":0,"d":"0.00%"},{"v":0,"d":"0.00%"},{"v":0,"d":"0.00%"},{"v":0,"d":"0.00%"},{"v":0,"d":"0.00%"},{"v":0,"d":"0.00%"},{"v":0,"d":"0.00%"},{"v":0,"d":"0.00%"},{"v":0,"d":"0.00%"},{"v":0,"d":"0.00%"},{"v":0,"d":"0.00%"},{"v":0,"d":"0.00%"},{"v":0,"d":"0.00%"},{"v":0,"d":"0.00%"},{"v":0.5,"d":"50.00%"},{"v":0.5,"d":"50.00%"}]
[null,null,{"$error":"#REF!"},{"$error":"#REF!"},{"$error":"#REF!"},{"$error":"#REF!"},{"$nulls":15},{"v":0.5,"d":"50.00%"},{"v":0.5,"d":"50.00%"}]
[null,107,"PLANTA ORNAMENTAL BIJAO/CALATHEA LUTEA: H=0,80m; SUMINISTRO, SIEMBRA Y ABONADO","u",{"v":21,"d":"21.00000"},{"v":7.27,"d":"$ 7.27000"},{"v":152.67,"d":"$ 152.67000"},0,0,0,0,0,0,0,0,0,0,0,0,0,0,{"v":76.335,"d":"76.33500"},{"v":76.335,"d":"76.33500"}]
[null,null,{"$error":"#REF!"},{"$error":"#REF!"},{"$error":"#REF!"},{"$error":"#REF!"},null,{"v":0,"d":"0.00%"},{"v":0,"d":"0.00%"},{"v":0,"d":"0.00%"},{"v":0,"d":"0.00%"},{"v":0,"d":"0.00%"},{"v":0,"d":"0.00%"},{"v":0,"d":"0.00%"},{"v":0,"d":"0.00%"},{"v":0,"d":"0.00%"},{"v":0,"d":"0.00%"},{"v":0,"d":"0.00%"},{"v":0,"d":"0.00%"},{"v":0,"d":"0.00%"},{"v":0,"d":"0.00%"},{"v":0.5,"d":"50.00%"},{"v":0.5,"d":"50.00%"}]
[null,null,{"$error":"#REF!"},{"$error":"#REF!"},{"$error":"#REF!"},{"$error":"#REF!"},{"$nulls":15},{"v":0.5,"d":"50.00%"},{"v":0.5,"d":"50.00%"}]
[null,108,"APLICACION DE BIOESTIMULANTES Y FERTILIZANTES: SUMINISTRO Y APLICACION DE PRODUCTOS FOLIARES","m2",{"v":3798,"d":"3798.00000"},{"v":0.02,"d":"$ 0.02000"},{"v":75.96000000000001,"d":"$ 75.96000"},0,0,0,0,0,0,0,0,0,0,0,0,0,0,{"v":37.980000000000004,"d":"37.98000"},{"v":37.980000000000004,"d":"37.98000"}]
[null,null,{"$error":"#REF!"},{"$error":"#REF!"},{"$error":"#REF!"},{"$error":"#REF!"},null,{"v":0,"d":"0.00%"},{"v":0,"d":"0.00%"},{"v":0,"d":"0.00%"},{"v":0,"d":"0.00%"},{"v":0,"d":"0.00%"},{"v":0,"d":"0.00%"},{"v":0,"d":"0.00%"},{"v":0,"d":"0.00%"},{"v":0,"d":"0.00%"},{"v":0,"d":"0.00%"},{"v":0,"d":"0.00%"},{"v":0,"d":"0.00%"},{"v":0,"d":"0.00%"},{"v":0,"d":"0.00%"},{"v":0.5,"d":"50.00%"},{"v":0.5,"d":"50.00%"}]
[null,null,{"$error":"#REF!"},{"$error":"#REF!"},{"$error":"#REF!"},{"$error":"#REF!"},{"$nulls":15},{"v":0.5,"d":"50.00%"},{"v":0.5,"d":"50.00%"}]
[null,109,"ARENA GRUESA: SUMINISTRO, COLOCACION Y NIVELACION","m3",{"v":53,"d":"53.00000"},{"v":26.28,"d":"$ 26.28000"},{"v":1392.8400000000001,"d":"$ 1,392.84000"},0,0,0,0,0,0,0,0,0,0,0,0,0,0,{"v":696.4200000000001,"d":"696.42000"},{"v":696.4200000000001,"d":"696.42000"}]
[null,null,{"$error":"#REF!"},{"$error":"#REF!"},{"$error":"#REF!"},{"$error":"#REF!"},null,{"v":0,"d":"0.00%"},{"v":0,"d":"0.00%"},{"v":0,"d":"0.00%"},{"v":0,"d":"0.00%"},{"v":0,"d":"0.00%"},{"v":0,"d":"0.00%"},{"v":0,"d":"0.00%"},{"v":0,"d":"0.00%"},{"v":0,"d":"0.00%"},{"v":0,"d":"0.00%"},{"v":0,"d":"0.00%"},{"v":0,"d":"0.00%"},{"v":0,"d":"0.00%"},{"v":0,"d":"0.00%"},{"v":0.5,"d":"50.00%"},{"v":0.5,"d":"50.00%"}]
[null,null,{"$error":"#REF!"},{"$error":"#REF!"},{"$error":"#REF!"},{"$error":"#REF!"},{"$nulls":15},{"v":0.5,"d":"50.00%"},{"v":0.5,"d":"50.00%"}]
[null,110,"SUMINISTRO E INSTALACION DE JARDIN VERTICAL","m2",{"v":50,"d":"50.00000"},{"v":197.81,"d":"$ 197.81000"},{"v":9890.5,"d":"$ 9,890.50000"},0,0,0,0,0,0,0,0,0,0,0,0,0,0,{"v":4945.25,"d":"4,945.25000"},{"v":4945.25,"d":"4,945.25000"}]
[null,null,{"$error":"#REF!"},{"$error":"#REF!"},{"$error":"#REF!"},{"$error":"#REF!"},null,{"v":0,"d":"0.00%"},{"v":0,"d":"0.00%"},{"v":0,"d":"0.00%"},{"v":0,"d":"0.00%"},{"v":0,"d":"0.00%"},{"v":0,"d":"0.00%"},{"v":0,"d":"0.00%"},{"v":0,"d":"0.00%"},{"v":0,"d":"0.00%"},{"v":0,"d":"0.00%"},{"v":0,"d":"0.00%"},{"v":0,"d":"0.00%"},{"v":0,"d":"0.00%"},{"v":0,"d":"0.00%"},{"v":0.5,"d":"50.00%"},{"v":0.5,"d":"50.00%"}]
[null,null,{"$error":"#REF!"},{"$error":"#REF!"},{"$error":"#REF!"},{"$error":"#REF!"},{"$nulls":15},{"v":0.5,"d":"50.00%"},{"v":0.5,"d":"50.00%"}]
[null,111,"SUMINISTRO E INSTALACION DE CUBIERTA VERDE","m2",{"v":247.6,"d":"247.60000"},{"v":186.42,"d":"$ 186.42000"},{"v":46157.592,"d":"$ 46,157.59200"},0,0,0,0,0,0,0,0,0,0,0,0,0,0,{"v":23078.796,"d":"23,078.79600"},{"v":23078.796,"d":"23,078.79600"}]
[null,null,{"$error":"#REF!"},{"$error":"#REF!"},{"$error":"#REF!"},{"$error":"#REF!"},null,{"v":0,"d":"0.00%"},{"v":0,"d":"0.00%"},{"v":0,"d":"0.00%"},{"v":0,"d":"0.00%"},{"v":0,"d":"0.00%"},{"v":0,"d":"0.00%"},{"v":0,"d":"0.00%"},{"v":0,"d":"0.00%"},{"v":0,"d":"0.00%"},{"v":0,"d":"0.00%"},{"v":0,"d":"0.00%"},{"v":0,"d":"0.00%"},{"v":0,"d":"0.00%"},{"v":0,"d":"0.00%"},{"v":0.5,"d":"50.00%"},{"v":0.5,"d":"50.00%"}]
[null,null,{"$error":"#REF!"},{"$error":"#REF!"},{"$error":"#REF!"},{"$error":"#REF!"},{"$nulls":15},{"v":0.5,"d":"50.00%"},{"v":0.5,"d":"50.00%"}]
[null,112,"PORCELANATO GRIS/ANTRACITA/ARENA 30x60 cm","m2",{"v":1580,"d":"1580.00000"},{"v":42.87,"d":"$ 42.87000"},{"v":67734.59999999999,"d":"$ 67,734.60000"},0,0,0,0,0,0,0,0,0,0,0,0,0,0,{"v":33867.299999999996,"d":"33,867.30000"},{"v":33867.299999999996,"d":"33,867.30000"}]
[null,null,{"$error":"#REF!"},{"$error":"#REF!"},{"$error":"#REF!"},{"$error":"#REF!"},null,{"v":0,"d":"0.00%"},{"v":0,"d":"0.00%"},{"v":0,"d":"0.00%"},{"v":0,"d":"0.00%"},{"v":0,"d":"0.00%"},{"v":0,"d":"0.00%"},{"v":0,"d":"0.00%"},{"v":0,"d":"0.00%"},{"v":0,"d":"0.00%"},{"v":0,"d":"0.00%"},{"v":0,"d":"0.00%"},{"v":0,"d":"0.00%"},{"v":0,"d":"0.00%"},{"v":0,"d":"0.00%"},{"v":0.5,"d":"50.00%"},{"v":0.5,"d":"50.00%"}]
[null,null,{"$error":"#REF!"},{"$error":"#REF!"},{"$error":"#REF!"},{"$error":"#REF!"},{"$nulls":15},{"v":0.5,"d":"50.00%"},{"v":0.5,"d":"50.00%"}]
[null,113,"PORCELANATO GRIS/ANTRACITA/ARENA 60x120 cm","m2",{"v":2000,"d":"2000.00000"},{"v":57.41,"d":"$ 57.41000"},{"v":114820,"d":"$ 114,820.00000"},0,0,0,0,0,0,0,0,0,0,0,0,0,0,{"v":57410,"d":"57,410.00000"},{"v":57410,"d":"57,410.00000"}]
[null,null,{"$error":"#REF!"},{"$error":"#REF!"},{"$error":"#REF!"},{"$error":"#REF!"},null,{"v":0,"d":"0.00%"},{"v":0,"d":"0.00%"},{"v":0,"d":"0.00%"},{"v":0,"d":"0.00%"},{"v":0,"d":"0.00%"},{"v":0,"d":"0.00%"},{"v":0,"d":"0.00%"},{"v":0,"d":"0.00%"},{"v":0,"d":"0.00%"},{"v":0,"d":"0.00%"},{"v":0,"d":"0.00%"},{"v":0,"d":"0.00%"},{"v":0,"d":"0.00%"},{"v":0,"d":"0.00%"},{"v":0.5,"d":"50.00%"},{"v":0.5,"d":"50.00%"}]
[null,null,{"$error":"#REF!"},{"$error":"#REF!"},{"$error":"#REF!"},{"$error":"#REF!"},{"$nulls":15},{"v":0.5,"d":"50.00%"},{"v":0.5,"d":"50.00%"}]
[null,114,"SUMINISTRO E INSTALACION DE PORCELANATO 18.5x150x9mm","m2",{"v":1956.2,"d":"1956.20000"},{"v":65.58,"d":"$ 65.58000"},{"v":128287.596,"d":"$ 128,287.59600"},0,0,0,0,0,0,0,0,0,0,0,0,0,0,{"v":64143.798,"d":"64,143.79800"},{"v":64143.798,"d":"64,143.79800"}]
[null,null,{"$error":"#REF!"},{"$error":"#REF!"},{"$error":"#REF!"},{"$error":"#REF!"},null,{"v":0,"d":"0.00%"},{"v":0,"d":"0.00%"},{"v":0,"d":"0.00%"},{"v":0,"d":"0.00%"},{"v":0,"d":"0.00%"},{"v":0,"d":"0.00%"},{"v":0,"d":"0.00%"},{"v":0,"d":"0.00%"},{"v":0,"d":"0.00%"},{"v":0,"d":"0.00%"},{"v":0,"d":"0.00%"},{"v":0,"d":"0.00%"},{"v":0,"d":"0.00%"},{"v":0,"d":"0.00%"},{"v":0.5,"d":"50.00%"},{"v":0.5,"d":"50.00%"}]
[null,null,{"$error":"#REF!"},{"$error":"#REF!"},{"$error":"#REF!"},{"$error":"#REF!"},{"$nulls":15},{"v":0.5,"d":"50.00%"},{"v":0.5,"d":"50.00%"}]
[null,115,"SUMINISTRO E INSTALACION DE PIEDRA MARTELINADA 30x30cm E=6mm","m2",{"v":792,"d":"792.00000"},{"v":69.87,"d":"$ 69.87000"},{"v":55337.04,"d":"$ 55,337.04000"},0,0,0,0,0,0,0,0,0,0,0,0,0,0,{"v":27668.52,"d":"27,668.52000"},{"v":27668.52,"d":"27,668.52000"}]
[null,null,{"$error":"#REF!"},{"$error":"#REF!"},{"$error":"#REF!"},{"$error":"#REF!"},null,{"v":0,"d":"0.00%"},{"v":0,"d":"0.00%"},{"v":0,"d":"0.00%"},{"v":0,"d":"0.00%"},{"v":0,"d":"0.00%"},{"v":0,"d":"0.00%"},{"v":0,"d":"0.00%"},{"v":0,"d":"0.00%"},{"v":0,"d":"0.00%"},{"v":0,"d":"0.00%"},{"v":0,"d":"0.00%"},{"v":0,"d":"0.00%"},{"v":0,"d":"0.00%"},{"v":0,"d":"0.00%"},{"v":0.5,"d":"50.00%"},{"v":0.5,"d":"50.00%"}]
[null,null,{"$error":"#REF!"},{"$error":"#REF!"},{"$error":"#REF!"},{"$error":"#REF!"},{"$nulls":15},{"v":0.5,"d":"50.00%"},{"v":0.5,"d":"50.00%"}]
[null,116,"SUMINISTRO E INSTALACION DE DECK DE MADERA PLASTICA PARA PISO","m2",{"v":280,"d":"280.00000"},{"v":175.14,"d":"$ 175.14000"},{"v":49039.2,"d":"$ 49,039.20000"},0,0,0,0,0,0,0,0,0,0,0,0,0,0,{"v":24519.6,"d":"24,519.60000"},{"v":24519.6,"d":"24,519.60000"}]
[null,null,{"$error":"#REF!"},{"$error":"#REF!"},{"$error":"#REF!"},{"$error":"#REF!"},null,{"v":0,"d":"0.00%"},{"v":0,"d":"0.00%"},{"v":0,"d":"0.00%"},{"v":0,"d":"0.00%"},{"v":0,"d":"0.00%"},{"v":0,"d":"0.00%"},{"v":0,"d":"0.00%"},{"v":0,"d":"0.00%"},{"v":0,"d":"0.00%"},{"v":0,"d":"0.00%"},{"v":0,"d":"0.00%"},{"v":0,"d":"0.00%"},{"v":0,"d":"0.00%"},{"v":0,"d":"0.00%"},{"v":0.5,"d":"50.00%"},{"v":0.5,"d":"50.00%"}]
[null,null,{"$error":"#REF!"},{"$error":"#REF!"},{"$error":"#REF!"},{"$error":"#REF!"},{"$nulls":15},{"v":0.5,"d":"50.00%"},{"v":0.5,"d":"50.00%"}]
[null,117,"ACERO DE REFUERZO EN BARRAS FY=4200 Kg/cm2","Kg",{"v":380.83,"d":"380.83000"},{"v":2.32,"d":"$ 2.32000"},{"v":883.5255999999999,"d":"$ 883.52560"},0,0,0,0,0,0,0,0,0,0,0,0,{"v":883.5255999999999,"d":"883.52560"},0,0,0]
[null,null,{"$error":"#REF!"},{"$error":"#REF!"},{"$error":"#REF!"},{"$error":"#REF!"},null,{"v":0,"d":"0.00%"},{"v":0,"d":"0.00%"},{"v":0,"d":"0.00%"},{"v":0,"d":"0.00%"},{"v":0,"d":"0.00%"},{"v":0,"d":"0.00%"},{"v":0,"d":"0.00%"},{"v":0,"d":"0.00%"},{"v":0,"d":"0.00%"},{"v":0,"d":"0.00%"},{"v":0,"d":"0.00%"},{"v":0,"d":"0.00%"},{"v":1,"d":"100.00%"},{"v":0,"d":"0.00%"},{"v":0,"d":"0.00%"},{"v":0,"d":"0.00%"}]
[null,null,{"$error":"#REF!"},{"$error":"#REF!"},{"$error":"#REF!"},{"$error":"#REF!"},{"$nulls":13},{"v":1,"d":"100.00%"}]
[null,118,"HORMIGON PREMEZCLADO F´C=280 Kg/cm2 INCLUYE ENCOFRADO","m3",{"v":3.55,"d":"3.55000"},{"v":362.88,"d":"$ 362.88000"},{"v":1288.224,"d":"$ 1,288.22400"},0,0,0,0,0,0,0,0,0,0,0,0,{"v":1288.224,"d":"1,288.22400"},0,0,0]
[null,null,{"$error":"#REF!"},{"$error":"#REF!"},{"$error":"#REF!"},{"$error":"#REF!"},null,{"v":0,"d":"0.00%"},{"v":0,"d":"0.00%"},{"v":0,"d":"0.00%"},{"v":0,"d":"0.00%"},{"v":0,"d":"0.00%"},{"v":0,"d":"0.00%"},{"v":0,"d":"0.00%"},{"v":0,"d":"0.00%"},{"v":0,"d":"0.00%"},{"v":0,"d":"0.00%"},{"v":0,"d":"0.00%"},{"v":0,"d":"0.00%"},{"v":1,"d":"100.00%"},{"v":0,"d":"0.00%"},{"v":0,"d":"0.00%"},{"v":0,"d":"0.00%"}]
[null,null,{"$error":"#REF!"},{"$error":"#REF!"},{"$error":"#REF!"},{"$error":"#REF!"},{"$nulls":13},{"v":1,"d":"100.00%"}]
[null,119,"HORMIGON PREMEZCLADO F'C=180 Kg/cm2 PARA REPLANTILLO INCLUYE ENCOFRADO","m3",{"v":0.28,"d":"0.28000"},{"v":201.04,"d":"$ 201.04000"},{"v":56.2912,"d":"$ 56.29120"},0,0,0,0,0,0,0,0,0,0,0,0,{"v":56.2912,"d":"56.29120"},0,0,0]
[null,null,{"$error":"#REF!"},{"$error":"#REF!"},{"$error":"#REF!"},{"$error":"#REF!"},null,{"v":0,"d":"0.00%"},{"v":0,"d":"0.00%"},{"v":0,"d":"0.00%"},{"v":0,"d":"0.00%"},{"v":0,"d":"0.00%"},{"v":0,"d":"0.00%"},{"v":0,"d":"0.00%"},{"v":0,"d":"0.00%"},{"v":0,"d":"0.00%"},{"v":0,"d":"0.00%"},{"v":0,"d":"0.00%"},{"v":0,"d":"0.00%"},{"v":1,"d":"100.00%"},{"v":0,"d":"0.00%"},{"v":0,"d":"0.00%"},{"v":0,"d":"0.00%"}]
[null,null,{"$error":"#REF!"},{"$error":"#REF!"},{"$error":"#REF!"},{"$error":"#REF!"},{"$nulls":13},{"v":1,"d":"100.00%"}]
[null,120,"ACERO ESTRUCTURAL (A36)","Kg",{"v":543.73,"d":"543.73000"},{"v":6.04,"d":"$ 6.04000"},{"v":3284.1292000000003,"d":"$ 3,284.12920"},0,0,0,0,0,0,0,0,0,0,0,0,{"v":3284.1292000000003,"d":"3,284.12920"},0,0,0]
[null,null,{"$error":"#REF!"},{"$error":"#REF!"},{"$error":"#REF!"},{"$error":"#REF!"},null,{"v":0,"d":"0.00%"},{"v":0,"d":"0.00%"},{"v":0,"d":"0.00%"},{"v":0,"d":"0.00%"},{"v":0,"d":"0.00%"},{"v":0,"d":"0.00%"},{"v":0,"d":"0.00%"},{"v":0,"d":"0.00%"},{"v":0,"d":"0.00%"},{"v":0,"d":"0.00%"},{"v":0,"d":"0.00%"},{"v":0,"d":"0.00%"},{"v":1,"d":"100.00%"},{"v":0,"d":"0.00%"},{"v":0,"d":"0.00%"},{"v":0,"d":"0.00%"}]
[null,null,{"$error":"#REF!"},{"$error":"#REF!"},{"$error":"#REF!"},{"$error":"#REF!"},{"$nulls":13},{"v":1,"d":"100.00%"}]
[null,121,"PERNO ASTM A325 EN PLACA BASE D=1/2\" L=30cm","u",{"v":36,"d":"36.00000"},{"v":9.79,"d":"$ 9.79000"},{"v":352.43999999999994,"d":"$ 352.44000"},0,0,0,0,0,0,0,0,0,0,0,0,{"v":352.43999999999994,"d":"352.44000"},0,0,0]
[null,null,{"$error":"#REF!"},{"$error":"#REF!"},{"$error":"#REF!"},{"$error":"#REF!"},null,{"v":0,"d":"0.00%"},{"v":0,"d":"0.00%"},{"v":0,"d":"0.00%"},{"v":0,"d":"0.00%"},{"v":0,"d":"0.00%"},{"v":0,"d":"0.00%"},{"v":0,"d":"0.00%"},{"v":0,"d":"0.00%"},{"v":0,"d":"0.00%"},{"v":0,"d":"0.00%"},{"v":0,"d":"0.00%"},{"v":0,"d":"0.00%"},{"v":1,"d":"100.00%"},{"v":0,"d":"0.00%"},{"v":0,"d":"0.00%"},{"v":0,"d":"0.00%"}]
[null,null,{"$error":"#REF!"},{"$error":"#REF!"},{"$error":"#REF!"},{"$error":"#REF!"},{"$nulls":13},{"v":1,"d":"100.00%"}]
[null,122,"ESCULTURA METALICA EN ACERO INOXIDABLE H=8.5m","u",{"v":1,"d":"1.00000"},{"v":4526.74,"d":"$ 4,526.74000"},{"v":4526.74,"d":"$ 4,526.74000"},0,0,0,0,0,0,0,0,0,0,0,0,{"v":2263.37,"d":"2,263.37000"},{"v":2263.37,"d":"2,263.37000"},0,0]
[null,null,{"$error":"#REF!"},{"$error":"#REF!"},{"$error":"#REF!"},{"$error":"#REF!"},null,{"v":0,"d":"0.00%"},{"v":0,"d":"0.00%"},{"v":0,"d":"0.00%"},{"v":0,"d":"0.00%"},{"v":0,"d":"0.00%"},{"v":0,"d":"0.00%"},{"v":0,"d":"0.00%"},{"v":0,"d":"0.00%"},{"v":0,"d":"0.00%"},{"v":0,"d":"0.00%"},{"v":0,"d":"0.00%"},{"v":0,"d":"0.00%"},{"v":0.5,"d":"50.00%"},{"v":0.5,"d":"50.00%"},{"v":0,"d":"0.00%"},{"v":0,"d":"0.00%"}]
[null,null,{"$error":"#REF!"},{"$error":"#REF!"},{"$error":"#REF!"},{"$error":"#REF!"},{"$nulls":13},{"v":0.5,"d":"50.00%"},{"v":0.5,"d":"50.00%"}]
[null,123,"LETRAS CORPOREAS AUTOILUMINADAS \"MALECON AURORA\" SOBRE TOTEM DE INGRESO","u",{"v":1,"d":"1.00000"},{"v":4479.22,"d":"$ 4,479.22000"},{"v":4479.22,"d":"$ 4,479.22000"},0,0,0,0,0,0,0,0,0,0,0,0,0,{"v":4479.22,"d":"4,479.22000"},0,0]
[null,null,{"$error":"#REF!"},{"$error":"#REF!"},{"$error":"#REF!"},{"$error":"#REF!"},null,{"v":0,"d":"0.00%"},{"v":0,"d":"0.00%"},{"v":0,"d":"0.00%"},{"v":0,"d":"0.00%"},{"v":0,"d":"0.00%"},{"v":0,"d":"0.00%"},{"v":0,"d":"0.00%"},{"v":0,"d":"0.00%"},{"v":0,"d":"0.00%"},{"v":0,"d":"0.00%"},{"v":0,"d":"0.00%"},{"v":0,"d":"0.00%"},{"v":0,"d":"0.00%"},{"v":1,"d":"100.00%"},{"v":0,"d":"0.00%"},{"v":0,"d":"0.00%"}]
[null,null,{"$error":"#REF!"},{"$error":"#REF!"},{"$error":"#REF!"},{"$error":"#REF!"},{"$nulls":14},{"v":1,"d":"100.00%"}]
[null,124,"STENOTAPHRUM SECUNDATUM (CESPED SAN AGUSTIN)","m2",{"v":5,"d":"5.00000"},{"v":6.82,"d":"$ 6.82000"},{"v":34.1,"d":"$ 34.10000"},0,0,0,0,0,0,0,0,0,0,0,0,0,{"v":34.1,"d":"34.10000"},0,0]
[null,null,{"$error":"#REF!"},{"$error":"#REF!"},{"$error":"#REF!"},{"$error":"#REF!"},null,{"v":0,"d":"0.00%"},{"v":0,"d":"0.00%"},{"v":0,"d":"0.00%"},{"v":0,"d":"0.00%"},{"v":0,"d":"0.00%"},{"v":0,"d":"0.00%"},{"v":0,"d":"0.00%"},{"v":0,"d":"0.00%"},{"v":0,"d":"0.00%"},{"v":0,"d":"0.00%"},{"v":0,"d":"0.00%"},{"v":0,"d":"0.00%"},{"v":0,"d":"0.00%"},{"v":1,"d":"100.00%"},{"v":0,"d":"0.00%"},{"v":0,"d":"0.00%"}]
[null,null,{"$error":"#REF!"},{"$error":"#REF!"},{"$error":"#REF!"},{"$error":"#REF!"},{"$nulls":14},{"v":1,"d":"100.00%"}]
[null,125,"SUMINISTRO E INSTALACION DE JARDIN VERTICAL","m2",{"v":35,"d":"35.00000"},{"v":197.81,"d":"$ 197.81000"},{"v":6923.35,"d":"$ 6,923.35000"},0,0,0,0,0,0,0,0,0,0,0,0,0,{"v":6923.35,"d":"6,923.35000"},0,0]
[null,null,{"$error":"#REF!"},{"$error":"#REF!"},{"$error":"#REF!"},{"$error":"#REF!"},null,{"v":0,"d":"0.00%"},{"v":0,"d":"0.00%"},{"v":0,"d":"0.00%"},{"v":0,"d":"0.00%"},{"v":0,"d":"0.00%"},{"v":0,"d":"0.00%"},{"v":0,"d":"0.00%"},{"v":0,"d":"0.00%"},{"v":0,"d":"0.00%"},{"v":0,"d":"0.00%"},{"v":0,"d":"0.00%"},{"v":0,"d":"0.00%"},{"v":0,"d":"0.00%"},{"v":1,"d":"100.00%"},{"v":0,"d":"0.00%"},{"v":0,"d":"0.00%"}]
[null,null,{"$error":"#REF!"},{"$error":"#REF!"},{"$error":"#REF!"},{"$error":"#REF!"},{"$nulls":14},{"v":1,"d":"100.00%"}]
[null,126,"PLANCHA DE ACERO INOXIDABLE E=4mm","m2",{"v":18.68,"d":"18.68000"},{"v":243.19,"d":"$ 243.19000"},{"v":4542.7892,"d":"$ 4,542.78920"},0,0,0,0,0,0,0,0,0,0,0,0,0,{"v":4542.7892,"d":"4,542.78920"},0,0]
[null,null,{"$error":"#REF!"},{"$error":"#REF!"},{"$error":"#REF!"},{"$error":"#REF!"},null,{"v":0,"d":"0.00%"},{"v":0,"d":"0.00%"},{"v":0,"d":"0.00%"},{"v":0,"d":"0.00%"},{"v":0,"d":"0.00%"},{"v":0,"d":"0.00%"},{"v":0,"d":"0.00%"},{"v":0,"d":"0.00%"},{"v":0,"d":"0.00%"},{"v":0,"d":"0.00%"},{"v":0,"d":"0.00%"},{"v":0,"d":"0.00%"},{"v":0,"d":"0.00%"},{"v":1,"d":"100.00%"},{"v":0,"d":"0.00%"},{"v":0,"d":"0.00%"}]
[null,null,{"$error":"#REF!"},{"$error":"#REF!"},{"$error":"#REF!"},{"$error":"#REF!"},{"$nulls":14},{"v":1,"d":"100.00%"}]
[null,127,"SUMINISTRO E INSTALACION DE PIEDRA ANDESITA BUSARDEADA GRIS 30x30x3cm","m2",{"v":32.82,"d":"32.82000"},{"v":64.5,"d":"$ 64.50000"},{"v":2116.89,"d":"$ 2,116.89000"},0,0,0,0,0,0,0,0,0,0,0,0,0,{"v":2116.89,"d":"2,116.89000"},0,0]
[null,null,{"$error":"#REF!"},{"$error":"#REF!"},{"$error":"#REF!"},{"$error":"#REF!"},null,{"v":0,"d":"0.00%"},{"v":0,"d":"0.00%"},{"v":0,"d":"0.00%"},{"v":0,"d":"0.00%"},{"v":0,"d":"0.00%"},{"v":0,"d":"0.00%"},{"v":0,"d":"0.00%"},{"v":0,"d":"0.00%"},{"v":0,"d":"0.00%"},{"v":0,"d":"0.00%"},{"v":0,"d":"0.00%"},{"v":0,"d":"0.00%"},{"v":0,"d":"0.00%"},{"v":1,"d":"100.00%"},{"v":0,"d":"0.00%"},{"v":0,"d":"0.00%"}]
[null,null,{"$error":"#REF!"},{"$error":"#REF!"},{"$error":"#REF!"},{"$error":"#REF!"},{"$nulls":14},{"v":1,"d":"100.00%"}]
[null,128,"SUMINISTRO Y COLOCACION DE BANCA CIRCULAR DE HORMIGON SEGUN DISEÑO","u",{"v":15,"d":"15.00000"},{"v":1320.02,"d":"$ 1,320.02000"},{"v":19800.3,"d":"$ 19,800.30000"},0,0,0,0,0,0,0,0,0,0,0,0,0,0,0,{"v":19800.3,"d":"19,800.30000"}]
[null,null,{"$error":"#REF!"},{"$error":"#REF!"},{"$error":"#REF!"},{"$error":"#REF!"},null,{"v":0,"d":"0.00%"},{"v":0,"d":"0.00%"},{"v":0,"d":"0.00%"},{"v":0,"d":"0.00%"},{"v":0,"d":"0.00%"},{"v":0,"d":"0.00%"},{"v":0,"d":"0.00%"},{"v":0,"d":"0.00%"},{"v":0,"d":"0.00%"},{"v":0,"d":"0.00%"},{"v":0,"d":"0.00%"},{"v":0,"d":"0.00%"},{"v":0,"d":"0.00%"},{"v":0,"d":"0.00%"},{"v":0,"d":"0.00%"},{"v":1,"d":"100.00%"}]
[null,null,{"$error":"#REF!"},{"$error":"#REF!"},{"$error":"#REF!"},{"$error":"#REF!"},{"$nulls":16},{"v":1,"d":"100.00%"}]
[null,129,"SUMINISTRO Y COLOCACION DE TACHO DE BASURA DE HORMIGON SEGUN DISEÑO","u",{"v":10,"d":"10.00000"},{"v":1000.82,"d":"$ 1,000.82000"},{"v":10008.2,"d":"$ 10,008.20000"},0,0,0,0,0,0,0,0,0,0,0,0,0,0,0,{"v":10008.2,"d":"10,008.20000"}]
[null,null,{"$error":"#REF!"},{"$error":"#REF!"},{"$error":"#REF!"},{"$error":"#REF!"},null,{"v":0,"d":"0.00%"},{"v":0,"d":"0.00%"},{"v":0,"d":"0.00%"},{"v":0,"d":"0.00%"},{"v":0,"d":"0.00%"},{"v":0,"d":"0.00%"},{"v":0,"d":"0.00%"},{"v":0,"d":"0.00%"},{"v":0,"d":"0.00%"},{"v":0,"d":"0.00%"},{"v":0,"d":"0.00%"},{"v":0,"d":"0.00%"},{"v":0,"d":"0.00%"},{"v":0,"d":"0.00%"},{"v":0,"d":"0.00%"},{"v":1,"d":"100.00%"}]
[null,null,{"$error":"#REF!"},{"$error":"#REF!"},{"$error":"#REF!"},{"$error":"#REF!"},{"$nulls":16},{"v":1,"d":"100.00%"}]
[null,130,"SUMINISTRO Y COLOCACION DE MACETA TIPO ASIENTO DE HORMIGON SEGUN DISEÑO","u",{"v":72,"d":"72.00000"},{"v":820.82,"d":"$ 820.82000"},{"v":59099.04,"d":"$ 59,099.04000"},0,0,0,0,0,0,0,0,0,0,0,0,0,0,0,{"v":59099.04,"d":"59,099.04000"}]
[null,null,{"$error":"#REF!"},{"$error":"#REF!"},{"$error":"#REF!"},{"$error":"#REF!"},null,{"v":0,"d":"0.00%"},{"v":0,"d":"0.00%"},{"v":0,"d":"0.00%"},{"v":0,"d":"0.00%"},{"v":0,"d":"0.00%"},{"v":0,"d":"0.00%"},{"v":0,"d":"0.00%"},{"v":0,"d":"0.00%"},{"v":0,"d":"0.00%"},{"v":0,"d":"0.00%"},{"v":0,"d":"0.00%"},{"v":0,"d":"0.00%"},{"v":0,"d":"0.00%"},{"v":0,"d":"0.00%"},{"v":0,"d":"0.00%"},{"v":1,"d":"100.00%"}]
[null,null,{"$error":"#REF!"},{"$error":"#REF!"},{"$error":"#REF!"},{"$error":"#REF!"},{"$nulls":16},{"v":1,"d":"100.00%"}]
[null,131,"SUMINISTRO Y COLOCACION DE BANCA TIPO SERPENTINA DE HORMIGON SEGUN DISEÑO","u",{"v":2,"d":"2.00000"},{"v":830.42,"d":"$ 830.42000"},{"v":1660.84,"d":"$ 1,660.84000"},0,0,0,0,0,0,0,0,0,0,0,0,0,0,0,{"v":1660.84,"d":"1,660.84000"}]
[null,null,{"$error":"#REF!"},{"$error":"#REF!"},{"$error":"#REF!"},{"$error":"#REF!"},null,{"v":0,"d":"0.00%"},{"v":0,"d":"0.00%"},{"v":0,"d":"0.00%"},{"v":0,"d":"0.00%"},{"v":0,"d":"0.00%"},{"v":0,"d":"0.00%"},{"v":0,"d":"0.00%"},{"v":0,"d":"0.00%"},{"v":0,"d":"0.00%"},{"v":0,"d":"0.00%"},{"v":0,"d":"0.00%"},{"v":0,"d":"0.00%"},{"v":0,"d":"0.00%"},{"v":0,"d":"0.00%"},{"v":0,"d":"0.00%"},{"v":1,"d":"100.00%"}]
[null,null,{"$error":"#REF!"},{"$error":"#REF!"},{"$error":"#REF!"},{"$error":"#REF!"},{"$nulls":16},{"v":1,"d":"100.00%"}]
[null,132,"SUMINISTRO Y COLOCACION DE BANCA SEMICIRCULAR DE HORMIGON SEGUN DISEÑO","u",{"v":4,"d":"4.00000"},{"v":841.22,"d":"$ 841.22000"},{"v":3364.88,"d":"$ 3,364.88000"},0,0,0,0,0,0,0,0,0,0,0,0,0,0,0,{"v":3364.88,"d":"3,364.88000"}]
[null,null,{"$error":"#REF!"},{"$error":"#REF!"},{"$error":"#REF!"},{"$error":"#REF!"},null,{"v":0,"d":"0.00%"},{"v":0,"d":"0.00%"},{"v":0,"d":"0.00%"},{"v":0,"d":"0.00%"},{"v":0,"d":"0.00%"},{"v":0,"d":"0.00%"},{"v":0,"d":"0.00%"},{"v":0,"d":"0.00%"},{"v":0,"d":"0.00%"},{"v":0,"d":"0.00%"},{"v":0,"d":"0.00%"},{"v":0,"d":"0.00%"},{"v":0,"d":"0.00%"},{"v":0,"d":"0.00%"},{"v":0,"d":"0.00%"},{"v":1,"d":"100.00%"}]
[null,null,{"$error":"#REF!"},{"$error":"#REF!"},{"$error":"#REF!"},{"$error":"#REF!"},{"$nulls":16},{"v":1,"d":"100.00%"}]
[null,133,"JUEGO MULTIPLE INFANTIL (MODELO 1: 1000x630x460cm)","u",{"v":1,"d":"1.00000"},{"v":28277.07,"d":"$ 28,277.07000"},{"v":28277.07,"d":"$ 28,277.07000"},0,0,0,0,0,0,0,0,0,0,0,0,0,0,0,{"v":28277.07,"d":"28,277.07000"}]
[null,null,{"$error":"#REF!"},{"$error":"#REF!"},{"$error":"#REF!"},{"$error":"#REF!"},null,{"v":0,"d":"0.00%"},{"v":0,"d":"0.00%"},{"v":0,"d":"0.00%"},{"v":0,"d":"0.00%"},{"v":0,"d":"0.00%"},{"v":0,"d":"0.00%"},{"v":0,"d":"0.00%"},{"v":0,"d":"0.00%"},{"v":0,"d":"0.00%"},{"v":0,"d":"0.00%"},{"v":0,"d":"0.00%"},{"v":0,"d":"0.00%"},{"v":0,"d":"0.00%"},{"v":0,"d":"0.00%"},{"v":0,"d":"0.00%"},{"v":1,"d":"100.00%"}]
[null,null,{"$error":"#REF!"},{"$error":"#REF!"},{"$error":"#REF!"},{"$error":"#REF!"},{"$nulls":16},{"v":1,"d":"100.00%"}]
[null,134,"JUEGO MULTIPLE INFANTIL (MODELO 2: 800x600cm)","u",{"v":1,"d":"1.00000"},{"v":18077.07,"d":"$ 18,077.07000"},{"v":18077.07,"d":"$ 18,077.07000"},0,0,0,0,0,0,0,0,0,0,0,0,0,0,0,{"v":18077.07,"d":"18,077.07000"}]
[null,null,{"$error":"#REF!"},{"$error":"#REF!"},{"$error":"#REF!"},{"$error":"#REF!"},null,{"v":0,"d":"0.00%"},{"v":0,"d":"0.00%"},{"v":0,"d":"0.00%"},{"v":0,"d":"0.00%"},{"v":0,"d":"0.00%"},{"v":0,"d":"0.00%"},{"v":0,"d":"0.00%"},{"v":0,"d":"0.00%"},{"v":0,"d":"0.00%"},{"v":0,"d":"0.00%"},{"v":0,"d":"0.00%"},{"v":0,"d":"0.00%"},{"v":0,"d":"0.00%"},{"v":0,"d":"0.00%"},{"v":0,"d":"0.00%"},{"v":1,"d":"100.00%"}]
[null,null,{"$error":"#REF!"},{"$error":"#REF!"},{"$error":"#REF!"},{"$error":"#REF!"},{"$nulls":16},{"v":1,"d":"100.00%"}]
[null,135,"JUEGO INFANTIL COLUMPIO DE TRES ASIENTOS","u",{"v":1,"d":"1.00000"},{"v":1747.22,"d":"$ 1,747.22000"},{"v":1747.22,"d":"$ 1,747.22000"},0,0,0,0,0,0,0,0,0,0,0,0,0,0,0,{"v":1747.22,"d":"1,747.22000"}]
[null,null,{"$error":"#REF!"},{"$error":"#REF!"},{"$error":"#REF!"},{"$error":"#REF!"},null,{"v":0,"d":"0.00%"},{"v":0,"d":"0.00%"},{"v":0,"d":"0.00%"},{"v":0,"d":"0.00%"},{"v":0,"d":"0.00%"},{"v":0,"d":"0.00%"},{"v":0,"d":"0.00%"},{"v":0,"d":"0.00%"},{"v":0,"d":"0.00%"},{"v":0,"d":"0.00%"},{"v":0,"d":"0.00%"},{"v":0,"d":"0.00%"},{"v":0,"d":"0.00%"},{"v":0,"d":"0.00%"},{"v":0,"d":"0.00%"},{"v":1,"d":"100.00%"}]
[null,null,{"$error":"#REF!"},{"$error":"#REF!"},{"$error":"#REF!"},{"$error":"#REF!"},{"$nulls":16},{"v":1,"d":"100.00%"}]
[null,136,"MOSAICO VITREO 20x20mm","m2",{"v":203.51,"d":"203.51000"},{"v":84.76,"d":"$ 84.76000"},{"v":17249.5076,"d":"$ 17,249.50760"},0,0,0,0,0,0,0,0,0,0,0,0,{"v":1724.9507600000002,"d":"1,724.95076"},{"v":2587.42614,"d":"2,587.42614"},{"v":5174.85228,"d":"5,174.85228"},{"v":7762.278420000001,"d":"7,762.27842"}]
[null,null,{"$error":"#REF!"},{"$error":"#REF!"},{"$error":"#REF!"},{"$error":"#REF!"},null,{"v":0,"d":"0.00%"},{"v":0,"d":"0.00%"},{"v":0,"d":"0.00%"},{"v":0,"d":"0.00%"},{"v":0,"d":"0.00%"},{"v":0,"d":"0.00%"},{"v":0,"d":"0.00%"},{"v":0,"d":"0.00%"},{"v":0,"d":"0.00%"},{"v":0,"d":"0.00%"},{"v":0,"d":"0.00%"},{"v":0,"d":"0.00%"},{"v":0.1,"d":"10.00%"},{"v":0.15,"d":"15.00%"},{"v":0.3,"d":"30.00%"},{"v":0.45,"d":"45.00%"}]
[null,null,{"$error":"#REF!"},{"$error":"#REF!"},{"$error":"#REF!"},{"$error":"#REF!"},{"$nulls":13},{"v":0.1,"d":"10.00%"},{"v":0.15,"d":"15.00%"},{"v":0.3,"d":"30.00%"},{"v":0.45,"d":"45.00%"}]
[null,137,"PISO DE GRANITO LAVADO ALREDEDOR DE LA PISCINA","m2",{"v":229.43,"d":"229.43000"},{"v":30.01,"d":"$ 30.01000"},{"v":6885.1943,"d":"$ 6,885.19430"},0,0,0,0,0,0,0,0,0,0,0,0,688.51943,{"v":1032.779145,"d":"1,032.77915"},{"v":2065.55829,"d":"2,065.55829"},{"v":3098.337435,"d":"3,098.33744"}]
[null,null,{"$error":"#REF!"},{"$error":"#REF!"},{"$error":"#REF!"},{"$error":"#REF!"},null,{"v":0,"d":"0.00%"},{"v":0,"d":"0.00%"},{"v":0,"d":"0.00%"},{"v":0,"d":"0.00%"},{"v":0,"d":"0.00%"},{"v":0,"d":"0.00%"},{"v":0,"d":"0.00%"},{"v":0,"d":"0.00%"},{"v":0,"d":"0.00%"},{"v":0,"d":"0.00%"},{"v":0,"d":"0.00%"},{"v":0,"d":"0.00%"},{"v":0.1,"d":"10.00%"},{"v":0.15,"d":"15.00%"},{"v":0.3,"d":"30.00%"},{"v":0.45,"d":"45.00%"}]
[null,null,{"$error":"#REF!"},{"$error":"#REF!"},{"$error":"#REF!"},{"$error":"#REF!"},{"$nulls":13},{"v":0.1,"d":"10.00%"},{"v":0.15,"d":"15.00%"},{"v":0.3,"d":"30.00%"},{"v":0.45,"d":"45.00%"}]
[null,138,"SUMINISTRO E INSTALACION DE BOMBA CENTRIFUGA 2 HP","u",{"v":1,"d":"1.00000"},{"v":1612.68,"d":"$ 1,612.68000"},{"v":1612.68,"d":"$ 1,612.68000"},0,0,0,0,0,0,0,0,0,0,0,0,{"v":161.26800000000003,"d":"161.26800"},{"v":241.902,"d":"241.90200"},{"v":483.804,"d":"483.80400"},{"v":725.706,"d":"725.70600"}]
[null,null,{"$error":"#REF!"},{"$error":"#REF!"},{"$error":"#REF!"},{"$error":"#REF!"},null,{"v":0,"d":"0.00%"},{"v":0,"d":"0.00%"},{"v":0,"d":"0.00%"},{"v":0,"d":"0.00%"},{"v":0,"d":"0.00%"},{"v":0,"d":"0.00%"},{"v":0,"d":"0.00%"},{"v":0,"d":"0.00%"},{"v":0,"d":"0.00%"},{"v":0,"d":"0.00%"},{"v":0,"d":"0.00%"},{"v":0,"d":"0.00%"},{"v":0.1,"d":"10.00%"},{"v":0.15,"d":"15.00%"},{"v":0.3,"d":"30.00%"},{"v":0.45,"d":"45.00%"}]
[null,null,{"$error":"#REF!"},{"$error":"#REF!"},{"$error":"#REF!"},{"$error":"#REF!"},{"$nulls":13},{"v":0.1,"d":"10.00%"},{"v":0.15,"d":"15.00%"},{"v":0.3,"d":"30.00%"},{"v":0.45,"d":"45.00%"}]
[null,139,"SUMINISTRO E INSTALACION DE BOMBA CENTRIFUGA 5 HP TRIFASICA","u",{"v":2,"d":"2.00000"},{"v":2262.08,"d":"$ 2,262.08000"},{"v":4524.16,"d":"$ 4,524.16000"},0,0,0,0,0,0,0,0,0,0,0,0,{"v":452.416,"d":"452.41600"},{"v":678.6239999999999,"d":"678.62400"},{"v":1357.2479999999998,"d":"1,357.24800"},{"v":2035.872,"d":"2,035.87200"}]
[null,null,{"$error":"#REF!"},{"$error":"#REF!"},{"$error":"#REF!"},{"$error":"#REF!"},null,{"v":0,"d":"0.00%"},{"v":0,"d":"0.00%"},{"v":0,"d":"0.00%"},{"v":0,"d":"0.00%"},{"v":0,"d":"0.00%"},{"v":0,"d":"0.00%"},{"v":0,"d":"0.00%"},{"v":0,"d":"0.00%"},{"v":0,"d":"0.00%"},{"v":0,"d":"0.00%"},{"v":0,"d":"0.00%"},{"v":0,"d":"0.00%"},{"v":0.1,"d":"10.00%"},{"v":0.15,"d":"15.00%"},{"v":0.3,"d":"30.00%"},{"v":0.45,"d":"45.00%"}]
[null,null,{"$error":"#REF!"},{"$error":"#REF!"},{"$error":"#REF!"},{"$error":"#REF!"},{"$nulls":13},{"v":0.1,"d":"10.00%"},{"v":0.15,"d":"15.00%"},{"v":0.3,"d":"30.00%"},{"v":0.45,"d":"45.00%"}]
[null,140,"SUMINISTRO E INSTALACION DE CODO 90' PP 2 IN ROSCABLE","u",{"v":12,"d":"12.00000"},{"v":12.79,"d":"$ 12.79000"},{"v":153.48,"d":"$ 153.48000"},0,0,0,0,0,0,0,0,0,0,0,0,{"v":15.347999999999999,"d":"15.34800"},{"v":23.022,"d":"23.02200"},{"v":46.044,"d":"46.04400"},{"v":69.066,"d":"69.06600"}]
[null,null,{"$error":"#REF!"},{"$error":"#REF!"},{"$error":"#REF!"},{"$error":"#REF!"},null,{"v":0,"d":"0.00%"},{"v":0,"d":"0.00%"},{"v":0,"d":"0.00%"},{"v":0,"d":"0.00%"},{"v":0,"d":"0.00%"},{"v":0,"d":"0.00%"},{"v":0,"d":"0.00%"},{"v":0,"d":"0.00%"},{"v":0,"d":"0.00%"},{"v":0,"d":"0.00%"},{"v":0,"d":"0.00%"},{"v":0,"d":"0.00%"},{"v":0.1,"d":"10.00%"},{"v":0.15,"d":"15.00%"},{"v":0.3,"d":"30.00%"},{"v":0.45,"d":"45.00%"}]
[null,null,{"$error":"#REF!"},{"$error":"#REF!"},{"$error":"#REF!"},{"$error":"#REF!"},{"$nulls":13},{"v":0.1,"d":"10.00%"},{"v":0.15,"d":"15.00%"},{"v":0.3,"d":"30.00%"},{"v":0.45,"d":"45.00%"}]
[null,141,"SUMINISTRO DE TUBERIA PP UNION ROSCABLE DI=2  plg 1.25 MPA","m",{"v":87,"d":"87.00000"},{"v":12.89,"d":"$ 12.89000"},{"v":1121.43,"d":"$ 1,121.43000"},0,0,0,0,0,0,0,0,0,0,0,0,{"v":112.14300000000001,"d":"112.14300"},{"v":168.21450000000002,"d":"168.21450"},{"v":336.42900000000003,"d":"336.42900"},{"v":504.6435,"d":"504.64350"}]
[null,null,{"$error":"#REF!"},{"$error":"#REF!"},{"$error":"#REF!"},{"$error":"#REF!"},null,{"v":0,"d":"0.00%"},{"v":0,"d":"0.00%"},{"v":0,"d":"0.00%"},{"v":0,"d":"0.00%"},{"v":0,"d":"0.00%"},{"v":0,"d":"0.00%"},{"v":0,"d":"0.00%"},{"v":0,"d":"0.00%"},{"v":0,"d":"0.00%"},{"v":0,"d":"0.00%"},{"v":0,"d":"0.00%"},{"v":0,"d":"0.00%"},{"v":0.1,"d":"10.00%"},{"v":0.15,"d":"15.00%"},{"v":0.3,"d":"30.00%"},{"v":0.45,"d":"45.00%"}]
[null,null,{"$error":"#REF!"},{"$error":"#REF!"},{"$error":"#REF!"},{"$error":"#REF!"},{"$nulls":13},{"v":0.1,"d":"10.00%"},{"v":0.15,"d":"15.00%"},{"v":0.3,"d":"30.00%"},{"v":0.45,"d":"45.00%"}]
[null,142,"INSTALACION DE TUBERIA PP UNION ROSCABLE DI=2 plg 1.25 MPA","m",{"v":87,"d":"87.00000"},{"v":3.56,"d":"$ 3.56000"},{"v":309.72,"d":"$ 309.72000"},0,0,0,0,0,0,0,0,0,0,0,0,{"v":30.972000000000005,"d":"30.97200"},{"v":46.458000000000006,"d":"46.45800"},{"v":92.91600000000001,"d":"92.91600"},{"v":139.37400000000002,"d":"139.37400"}]
[null,null,{"$error":"#REF!"},{"$error":"#REF!"},{"$error":"#REF!"},{"$error":"#REF!"},null,{"v":0,"d":"0.00%"},{"v":0,"d":"0.00%"},{"v":0,"d":"0.00%"},{"v":0,"d":"0.00%"},{"v":0,"d":"0.00%"},{"v":0,"d":"0.00%"},{"v":0,"d":"0.00%"},{"v":0,"d":"0.00%"},{"v":0,"d":"0.00%"},{"v":0,"d":"0.00%"},{"v":0,"d":"0.00%"},{"v":0,"d":"0.00%"},{"v":0.1,"d":"10.00%"},{"v":0.15,"d":"15.00%"},{"v":0.3,"d":"30.00%"},{"v":0.45,"d":"45.00%"}]
[null,null,{"$error":"#REF!"},{"$error":"#REF!"},{"$error":"#REF!"},{"$error":"#REF!"},{"$nulls":13},{"v":0.1,"d":"10.00%"},{"v":0.15,"d":"15.00%"},{"v":0.3,"d":"30.00%"},{"v":0.45,"d":"45.00%"}]
[null,143,"COLGADOR PARA TUBERIA 2 IN","u",{"v":29,"d":"29.00000"},{"v":2.57,"d":"$ 2.57000"},{"v":74.53,"d":"$ 74.53000"},0,0,0,0,0,0,0,0,0,0,0,0,{"v":7.453,"d":"7.45300"},{"v":11.179499999999999,"d":"11.17950"},{"v":22.358999999999998,"d":"22.35900"},{"v":33.5385,"d":"33.53850"}]
[null,null,{"$error":"#REF!"},{"$error":"#REF!"},{"$error":"#REF!"},{"$error":"#REF!"},null,{"v":0,"d":"0.00%"},{"v":0,"d":"0.00%"},{"v":0,"d":"0.00%"},{"v":0,"d":"0.00%"},{"v":0,"d":"0.00%"},{"v":0,"d":"0.00%"},{"v":0,"d":"0.00%"},{"v":0,"d":"0.00%"},{"v":0,"d":"0.00%"},{"v":0,"d":"0.00%"},{"v":0,"d":"0.00%"},{"v":0,"d":"0.00%"},{"v":0.1,"d":"10.00%"},{"v":0.15,"d":"15.00%"},{"v":0.3,"d":"30.00%"},{"v":0.45,"d":"45.00%"}]
[null,null,{"$error":"#REF!"},{"$error":"#REF!"},{"$error":"#REF!"},{"$error":"#REF!"},{"$nulls":13},{"v":0.1,"d":"10.00%"},{"v":0.15,"d":"15.00%"},{"v":0.3,"d":"30.00%"},{"v":0.45,"d":"45.00%"}]
[null,144,"MANOMETRO VERTICAL 1/2\"","u",{"v":4,"d":"4.00000"},{"v":70.28,"d":"$ 70.28000"},{"v":281.12,"d":"$ 281.12000"},0,0,0,0,0,0,0,0,0,0,0,0,{"v":28.112000000000002,"d":"28.11200"},{"v":42.168,"d":"42.16800"},{"v":84.336,"d":"84.33600"},{"v":126.504,"d":"126.50400"}]
[null,null,{"$error":"#REF!"},{"$error":"#REF!"},{"$error":"#REF!"},{"$error":"#REF!"},null,{"v":0,"d":"0.00%"},{"v":0,"d":"0.00%"},{"v":0,"d":"0.00%"},{"v":0,"d":"0.00%"},{"v":0,"d":"0.00%"},{"v":0,"d":"0.00%"},{"v":0,"d":"0.00%"},{"v":0,"d":"0.00%"},{"v":0,"d":"0.00%"},{"v":0,"d":"0.00%"},{"v":0,"d":"0.00%"},{"v":0,"d":"0.00%"},{"v":0.1,"d":"10.00%"},{"v":0.15,"d":"15.00%"},{"v":0.3,"d":"30.00%"},{"v":0.45,"d":"45.00%"}]
[null,null,{"$error":"#REF!"},{"$error":"#REF!"},{"$error":"#REF!"},{"$error":"#REF!"},{"$nulls":13},{"v":0.1,"d":"10.00%"},{"v":0.15,"d":"15.00%"},{"v":0.3,"d":"30.00%"},{"v":0.45,"d":"45.00%"}]
[null,145,"SUMINISTRO E INSTALACION DE CODO 90' PP 1 IN ROSCABLE","u",{"v":8,"d":"8.00000"},{"v":6.49,"d":"$ 6.49000"},{"v":51.92,"d":"$ 51.92000"},0,0,0,0,0,0,0,0,0,0,0,0,{"v":5.192,"d":"5.19200"},{"v":7.788,"d":"7.78800"},{"v":15.576,"d":"15.57600"},{"v":23.364,"d":"23.36400"}]
[null,null,{"$error":"#REF!"},{"$error":"#REF!"},{"$error":"#REF!"},{"$error":"#REF!"},null,{"v":0,"d":"0.00%"},{"v":0,"d":"0.00%"},{"v":0,"d":"0.00%"},{"v":0,"d":"0.00%"},{"v":0,"d":"0.00%"},{"v":0,"d":"0.00%"},{"v":0,"d":"0.00%"},{"v":0,"d":"0.00%"},{"v":0,"d":"0.00%"},{"v":0,"d":"0.00%"},{"v":0,"d":"0.00%"},{"v":0,"d":"0.00%"},{"v":0.1,"d":"10.00%"},{"v":0.15,"d":"15.00%"},{"v":0.3,"d":"30.00%"},{"v":0.45,"d":"45.00%"}]
[null,null,{"$error":"#REF!"},{"$error":"#REF!"},{"$error":"#REF!"},{"$error":"#REF!"},{"$nulls":13},{"v":0.1,"d":"10.00%"},{"v":0.15,"d":"15.00%"},{"v":0.3,"d":"30.00%"},{"v":0.45,"d":"45.00%"}]
[null,146,"SUMINISTRO DE TUBERIA PP UNION ROSCABLE DI=1 plg 1.25 MPA","m",{"v":60,"d":"60.00000"},{"v":5.57,"d":"$ 5.57000"},{"v":334.20000000000005,"d":"$ 334.20000"},0,0,0,0,0,0,0,0,0,0,0,0,{"v":33.42000000000001,"d":"33.42000"},{"v":50.13,"d":"50.13000"},{"v":100.26,"d":"100.26000"},{"v":150.39000000000001,"d":"150.39000"}]
[null,null,{"$error":"#REF!"},{"$error":"#REF!"},{"$error":"#REF!"},{"$error":"#REF!"},null,{"v":0,"d":"0.00%"},{"v":0,"d":"0.00%"},{"v":0,"d":"0.00%"},{"v":0,"d":"0.00%"},{"v":0,"d":"0.00%"},{"v":0,"d":"0.00%"},{"v":0,"d":"0.00%"},{"v":0,"d":"0.00%"},{"v":0,"d":"0.00%"},{"v":0,"d":"0.00%"},{"v":0,"d":"0.00%"},{"v":0,"d":"0.00%"},{"v":0.1,"d":"10.00%"},{"v":0.15,"d":"15.00%"},{"v":0.3,"d":"30.00%"},{"v":0.45,"d":"45.00%"}]
[null,null,{"$error":"#REF!"},{"$error":"#REF!"},{"$error":"#REF!"},{"$error":"#REF!"},{"$nulls":13},{"v":0.1,"d":"10.00%"},{"v":0.15,"d":"15.00%"},{"v":0.3,"d":"30.00%"},{"v":0.45,"d":"45.00%"}]
[null,147,"INSTALACION DE TUBERIA PP UNION ROSCABLE DI=1 plg 1.25 MPA","m",{"v":60,"d":"60.00000"},{"v":4.1,"d":"$ 4.10000"},{"v":245.99999999999997,"d":"$ 246.00000"},0,0,0,0,0,0,0,0,0,0,0,0,{"v":24.599999999999998,"d":"24.60000"},{"v":36.89999999999999,"d":"36.90000"},{"v":73.79999999999998,"d":"73.80000"},{"v":110.69999999999999,"d":"110.70000"}]
[null,null,{"$error":"#REF!"},{"$error":"#REF!"},{"$error":"#REF!"},{"$error":"#REF!"},null,{"v":0,"d":"0.00%"},{"v":0,"d":"0.00%"},{"v":0,"d":"0.00%"},{"v":0,"d":"0.00%"},{"v":0,"d":"0.00%"},{"v":0,"d":"0.00%"},{"v":0,"d":"0.00%"},{"v":0,"d":"0.00%"},{"v":0,"d":"0.00%"},{"v":0,"d":"0.00%"},{"v":0,"d":"0.00%"},{"v":0,"d":"0.00%"},{"v":0.1,"d":"10.00%"},{"v":0.15,"d":"15.00%"},{"v":0.3,"d":"30.00%"},{"v":0.45,"d":"45.00%"}]
[null,null,{"$error":"#REF!"},{"$error":"#REF!"},{"$error":"#REF!"},{"$error":"#REF!"},{"$nulls":13},{"v":0.1,"d":"10.00%"},{"v":0.15,"d":"15.00%"},{"v":0.3,"d":"30.00%"},{"v":0.45,"d":"45.00%"}]
[null,148,"COLGADOR PARA TUBERIA 1 IN","u",{"v":20,"d":"20.00000"},{"v":1.67,"d":"$ 1.67000"},{"v":33.4,"d":"$ 33.40000"},0,0,0,0,0,0,0,0,0,0,0,0,{"v":3.34,"d":"3.34000"},{"v":5.01,"d":"5.01000"},{"v":10.02,"d":"10.02000"},{"v":15.03,"d":"15.03000"}]
[null,null,{"$error":"#REF!"},{"$error":"#REF!"},{"$error":"#REF!"},{"$error":"#REF!"},null,{"v":0,"d":"0.00%"},{"v":0,"d":"0.00%"},{"v":0,"d":"0.00%"},{"v":0,"d":"0.00%"},{"v":0,"d":"0.00%"},{"v":0,"d":"0.00%"},{"v":0,"d":"0.00%"},{"v":0,"d":"0.00%"},{"v":0,"d":"0.00%"},{"v":0,"d":"0.00%"},{"v":0,"d":"0.00%"},{"v":0,"d":"0.00%"},{"v":0.1,"d":"10.00%"},{"v":0.15,"d":"15.00%"},{"v":0.3,"d":"30.00%"},{"v":0.45,"d":"45.00%"}]
[null,null,{"$error":"#REF!"},{"$error":"#REF!"},{"$error":"#REF!"},{"$error":"#REF!"},{"$nulls":13},{"v":0.1,"d":"10.00%"},{"v":0.15,"d":"15.00%"},{"v":0.3,"d":"30.00%"},{"v":0.45,"d":"45.00%"}]
[null,149,"SUMINISTRO E INSTALACION DE TEE 1 IN PP ROSCABLE","u",{"v":1,"d":"1.00000"},{"v":7.86,"d":"$ 7.86000"},{"v":7.86,"d":"$ 7.86000"},0,0,0,0,0,0,0,0,0,0,0,0,{"v":0.786,"d":"0.78600"},{"v":1.179,"d":"1.17900"},{"v":2.358,"d":"2.35800"},{"v":3.5370000000000004,"d":"3.53700"}]
[null,null,{"$error":"#REF!"},{"$error":"#REF!"},{"$error":"#REF!"},{"$error":"#REF!"},null,{"v":0,"d":"0.00%"},{"v":0,"d":"0.00%"},{"v":0,"d":"0.00%"},{"v":0,"d":"0.00%"},{"v":0,"d":"0.00%"},{"v":0,"d":"0.00%"},{"v":0,"d":"0.00%"},{"v":0,"d":"0.00%"},{"v":0,"d":"0.00%"},{"v":0,"d":"0.00%"},{"v":0,"d":"0.00%"},{"v":0,"d":"0.00%"},{"v":0.1,"d":"10.00%"},{"v":0.15,"d":"15.00%"},{"v":0.3,"d":"30.00%"},{"v":0.45,"d":"45.00%"}]
[null,null,{"$error":"#REF!"},{"$error":"#REF!"},{"$error":"#REF!"},{"$error":"#REF!"},{"$nulls":13},{"v":0.1,"d":"10.00%"},{"v":0.15,"d":"15.00%"},{"v":0.3,"d":"30.00%"},{"v":0.45,"d":"45.00%"}]
[null,150,"SUMINISTRO E INSTALACION DE VALVULA DE AIRE 1/2\" DOBLE ACCION DE PVC (INCLUYE ACCESORIOS)","u",{"v":3,"d":"3.00000"},{"v":43.23,"d":"$ 43.23000"},{"v":129.69,"d":"$ 129.69000"},0,0,0,0,0,0,0,0,0,0,0,0,{"v":12.969000000000001,"d":"12.96900"},{"v":19.4535,"d":"19.45350"},{"v":38.907,"d":"38.90700"},{"v":58.3605,"d":"58.36050"}]
[null,null,{"$error":"#REF!"},{"$error":"#REF!"},{"$error":"#REF!"},{"$error":"#REF!"},null,{"v":0,"d":"0.00%"},{"v":0,"d":"0.00%"},{"v":0,"d":"0.00%"},{"v":0,"d":"0.00%"},{"v":0,"d":"0.00%"},{"v":0,"d":"0.00%"},{"v":0,"d":"0.00%"},{"v":0,"d":"0.00%"},{"v":0,"d":"0.00%"},{"v":0,"d":"0.00%"},{"v":0,"d":"0.00%"},{"v":0,"d":"0.00%"},{"v":0.1,"d":"10.00%"},{"v":0.15,"d":"15.00%"},{"v":0.3,"d":"30.00%"},{"v":0.45,"d":"45.00%"}]
[null,null,{"$error":"#REF!"},{"$error":"#REF!"},{"$error":"#REF!"},{"$error":"#REF!"},{"$nulls":13},{"v":0.1,"d":"10.00%"},{"v":0.15,"d":"15.00%"},{"v":0.3,"d":"30.00%"},{"v":0.45,"d":"45.00%"}]
[null,151,"SUMINISTRO DE TUBERIA PP UNION ROSCABLE DI=1 1/2  plg 1.25 MPA","m",{"v":60,"d":"60.00000"},{"v":9.71,"d":"$ 9.71000"},{"v":582.6,"d":"$ 582.60000"},0,0,0,0,0,0,0,0,0,0,0,0,{"v":58.260000000000005,"d":"58.26000"},{"v":87.39,"d":"87.39000"},{"v":174.78,"d":"174.78000"},{"v":262.17,"d":"262.17000"}]
[null,null,{"$error":"#REF!"},{"$error":"#REF!"},{"$error":"#REF!"},{"$error":"#REF!"},null,{"v":0,"d":"0.00%"},{"v":0,"d":"0.00%"},{"v":0,"d":"0.00%"},{"v":0,"d":"0.00%"},{"v":0,"d":"0.00%"},{"v":0,"d":"0.00%"},{"v":0,"d":"0.00%"},{"v":0,"d":"0.00%"},{"v":0,"d":"0.00%"},{"v":0,"d":"0.00%"},{"v":0,"d":"0.00%"},{"v":0,"d":"0.00%"},{"v":0.1,"d":"10.00%"},{"v":0.15,"d":"15.00%"},{"v":0.3,"d":"30.00%"},{"v":0.45,"d":"45.00%"}]
[null,null,{"$error":"#REF!"},{"$error":"#REF!"},{"$error":"#REF!"},{"$error":"#REF!"},{"$nulls":13},{"v":0.1,"d":"10.00%"},{"v":0.15,"d":"15.00%"},{"v":0.3,"d":"30.00%"},{"v":0.45,"d":"45.00%"}]
[null,152,"INSTALACION DE TUBERIA PP UNION ROSCABLE DI=1 1/2 plg 1.25 MPA","m",{"v":60,"d":"60.00000"},{"v":1.4,"d":"$ 1.40000"},{"v":84,"d":"$ 84.00000"},0,0,0,0,0,0,0,0,0,0,0,0,{"v":8.4,"d":"8.40000"},{"v":12.6,"d":"12.60000"},{"v":25.2,"d":"25.20000"},{"v":37.800000000000004,"d":"37.80000"}]
[null,null,{"$error":"#REF!"},{"$error":"#REF!"},{"$error":"#REF!"},{"$error":"#REF!"},null,{"v":0,"d":"0.00%"},{"v":0,"d":"0.00%"},{"v":0,"d":"0.00%"},{"v":0,"d":"0.00%"},{"v":0,"d":"0.00%"},{"v":0,"d":"0.00%"},{"v":0,"d":"0.00%"},{"v":0,"d":"0.00%"},{"v":0,"d":"0.00%"},{"v":0,"d":"0.00%"},{"v":0,"d":"0.00%"},{"v":0,"d":"0.00%"},{"v":0.1,"d":"10.00%"},{"v":0.15,"d":"15.00%"},{"v":0.3,"d":"30.00%"},{"v":0.45,"d":"45.00%"}]
[null,null,{"$error":"#REF!"},{"$error":"#REF!"},{"$error":"#REF!"},{"$error":"#REF!"},{"$nulls":13},{"v":0.1,"d":"10.00%"},{"v":0.15,"d":"15.00%"},{"v":0.3,"d":"30.00%"},{"v":0.45,"d":"45.00%"}]
[null,153,"COLGADOR PARA TUBERIA 1 1/2 IN","u",{"v":22,"d":"22.00000"},{"v":2.53,"d":"$ 2.53000"},{"v":55.66,"d":"$ 55.66000"},0,0,0,0,0,0,0,0,0,0,0,0,{"v":5.566,"d":"5.56600"},{"v":8.348999999999998,"d":"8.34900"},{"v":16.697999999999997,"d":"16.69800"},{"v":25.047,"d":"25.04700"}]
[null,null,{"$error":"#REF!"},{"$error":"#REF!"},{"$error":"#REF!"},{"$error":"#REF!"},null,{"v":0,"d":"0.00%"},{"v":0,"d":"0.00%"},{"v":0,"d":"0.00%"},{"v":0,"d":"0.00%"},{"v":0,"d":"0.00%"},{"v":0,"d":"0.00%"},{"v":0,"d":"0.00%"},{"v":0,"d":"0.00%"},{"v":0,"d":"0.00%"},{"v":0,"d":"0.00%"},{"v":0,"d":"0.00%"},{"v":0,"d":"0.00%"},{"v":0.1,"d":"10.00%"},{"v":0.15,"d":"15.00%"},{"v":0.3,"d":"30.00%"},{"v":0.45,"d":"45.00%"}]
[null,null,{"$error":"#REF!"},{"$error":"#REF!"},{"$error":"#REF!"},{"$error":"#REF!"},{"$nulls":13},{"v":0.1,"d":"10.00%"},{"v":0.15,"d":"15.00%"},{"v":0.3,"d":"30.00%"},{"v":0.45,"d":"45.00%"}]
[null,154,"SUMINISTRO E INSTALACION DE REDUCTOR DE 2 A 1 IN PP ROSCABLE","u",{"v":27,"d":"27.00000"},{"v":7.02,"d":"$ 7.02000"},{"v":189.54,"d":"$ 189.54000"},0,0,0,0,0,0,0,0,0,0,0,0,{"v":18.954,"d":"18.95400"},{"v":28.430999999999997,"d":"28.43100"},{"v":56.861999999999995,"d":"56.86200"},{"v":85.29299999999999,"d":"85.29300"}]
[null,null,{"$error":"#REF!"},{"$error":"#REF!"},{"$error":"#REF!"},{"$error":"#REF!"},null,{"v":0,"d":"0.00%"},{"v":0,"d":"0.00%"},{"v":0,"d":"0.00%"},{"v":0,"d":"0.00%"},{"v":0,"d":"0.00%"},{"v":0,"d":"0.00%"},{"v":0,"d":"0.00%"},{"v":0,"d":"0.00%"},{"v":0,"d":"0.00%"},{"v":0,"d":"0.00%"},{"v":0,"d":"0.00%"},{"v":0,"d":"0.00%"},{"v":0.1,"d":"10.00%"},{"v":0.15,"d":"15.00%"},{"v":0.3,"d":"30.00%"},{"v":0.45,"d":"45.00%"}]
[null,null,{"$error":"#REF!"},{"$error":"#REF!"},{"$error":"#REF!"},{"$error":"#REF!"},{"$nulls":13},{"v":0.1,"d":"10.00%"},{"v":0.15,"d":"15.00%"},{"v":0.3,"d":"30.00%"},{"v":0.45,"d":"45.00%"}]
[null,155,"SUMINISTRO E INSTALACION DE VALVULA CHECK ROSCADA PVC D=1\"","u",{"v":3,"d":"3.00000"},{"v":23.18,"d":"$ 23.18000"},{"v":69.53999999999999,"d":"$ 69.54000"},0,0,0,0,0,0,0,0,0,0,0,0,{"v":6.954,"d":"6.95400"},{"v":10.431,"d":"10.43100"},{"v":20.862,"d":"20.86200"},{"v":31.292999999999996,"d":"31.29300"}]
[null,null,{"$error":"#REF!"},{"$error":"#REF!"},{"$error":"#REF!"},{"$error":"#REF!"},null,{"v":0,"d":"0.00%"},{"v":0,"d":"0.00%"},{"v":0,"d":"0.00%"},{"v":0,"d":"0.00%"},{"v":0,"d":"0.00%"},{"v":0,"d":"0.00%"},{"v":0,"d":"0.00%"},{"v":0,"d":"0.00%"},{"v":0,"d":"0.00%"},{"v":0,"d":"0.00%"},{"v":0,"d":"0.00%"},{"v":0,"d":"0.00%"},{"v":0.1,"d":"10.00%"},{"v":0.15,"d":"15.00%"},{"v":0.3,"d":"30.00%"},{"v":0.45,"d":"45.00%"}]
[null,null,{"$error":"#REF!"},{"$error":"#REF!"},{"$error":"#REF!"},{"$error":"#REF!"},{"$nulls":13},{"v":0.1,"d":"10.00%"},{"v":0.15,"d":"15.00%"},{"v":0.3,"d":"30.00%"},{"v":0.45,"d":"45.00%"}]
[null,156,"SUMINISTRO E INSTALACION DE VALVULA DE BOLA PVC D= 1 plg ROSCABLE","u",{"v":2,"d":"2.00000"},{"v":19.67,"d":"$ 19.67000"},{"v":39.34,"d":"$ 39.34000"},0,0,0,0,0,0,0,0,0,0,0,0,{"v":3.9340000000000006,"d":"3.93400"},{"v":5.901000000000001,"d":"5.90100"},{"v":11.802000000000001,"d":"11.80200"},{"v":17.703000000000003,"d":"17.70300"}]
[null,null,{"$error":"#REF!"},{"$error":"#REF!"},{"$error":"#REF!"},{"$error":"#REF!"},null,{"v":0,"d":"0.00%"},{"v":0,"d":"0.00%"},{"v":0,"d":"0.00%"},{"v":0,"d":"0.00%"},{"v":0,"d":"0.00%"},{"v":0,"d":"0.00%"},{"v":0,"d":"0.00%"},{"v":0,"d":"0.00%"},{"v":0,"d":"0.00%"},{"v":0,"d":"0.00%"},{"v":0,"d":"0.00%"},{"v":0,"d":"0.00%"},{"v":0.1,"d":"10.00%"},{"v":0.15,"d":"15.00%"},{"v":0.3,"d":"30.00%"},{"v":0.45,"d":"45.00%"}]
[null,null,{"$error":"#REF!"},{"$error":"#REF!"},{"$error":"#REF!"},{"$error":"#REF!"},{"$nulls":13},{"v":0.1,"d":"10.00%"},{"v":0.15,"d":"15.00%"},{"v":0.3,"d":"30.00%"},{"v":0.45,"d":"45.00%"}]
[null,157,"SUMINISTRO E INSTALACION DE REDUCTOR DE 1 1/2 A 1 IN PP ROSCABLE","u",{"v":1,"d":"1.00000"},{"v":7.66,"d":"$ 7.66000"},{"v":7.66,"d":"$ 7.66000"},0,0,0,0,0,0,0,0,0,0,0,0,{"v":0.766,"d":"0.76600"},{"v":1.149,"d":"1.14900"},{"v":2.298,"d":"2.29800"},{"v":3.447,"d":"3.44700"}]
[null,null,{"$error":"#REF!"},{"$error":"#REF!"},{"$error":"#REF!"},{"$error":"#REF!"},null,{"v":0,"d":"0.00%"},{"v":0,"d":"0.00%"},{"v":0,"d":"0.00%"},{"v":0,"d":"0.00%"},{"v":0,"d":"0.00%"},{"v":0,"d":"0.00%"},{"v":0,"d":"0.00%"},{"v":0,"d":"0.00%"},{"v":0,"d":"0.00%"},{"v":0,"d":"0.00%"},{"v":0,"d":"0.00%"},{"v":0,"d":"0.00%"},{"v":0.1,"d":"10.00%"},{"v":0.15,"d":"15.00%"},{"v":0.3,"d":"30.00%"},{"v":0.45,"d":"45.00%"}]
[null,null,{"$error":"#REF!"},{"$error":"#REF!"},{"$error":"#REF!"},{"$error":"#REF!"},{"$nulls":13},{"v":0.1,"d":"10.00%"},{"v":0.15,"d":"15.00%"},{"v":0.3,"d":"30.00%"},{"v":0.45,"d":"45.00%"}]
[null,158,"SUMINISTRO E INSTALACION DE CODO 90' PP 1 1/2 IN ROSCABLE","u",{"v":8,"d":"8.00000"},{"v":11.62,"d":"$ 11.62000"},{"v":92.96,"d":"$ 92.96000"},0,0,0,0,0,0,0,0,0,0,0,0,{"v":9.296,"d":"9.29600"},{"v":13.943999999999999,"d":"13.94400"},{"v":27.887999999999998,"d":"27.88800"},{"v":41.832,"d":"41.83200"}]
[null,null,{"$error":"#REF!"},{"$error":"#REF!"},{"$error":"#REF!"},{"$error":"#REF!"},null,{"v":0,"d":"0.00%"},{"v":0,"d":"0.00%"},{"v":0,"d":"0.00%"},{"v":0,"d":"0.00%"},{"v":0,"d":"0.00%"},{"v":0,"d":"0.00%"},{"v":0,"d":"0.00%"},{"v":0,"d":"0.00%"},{"v":0,"d":"0.00%"},{"v":0,"d":"0.00%"},{"v":0,"d":"0.00%"},{"v":0,"d":"0.00%"},{"v":0.1,"d":"10.00%"},{"v":0.15,"d":"15.00%"},{"v":0.3,"d":"30.00%"},{"v":0.45,"d":"45.00%"}]
[null,null,{"$error":"#REF!"},{"$error":"#REF!"},{"$error":"#REF!"},{"$error":"#REF!"},{"$nulls":13},{"v":0.1,"d":"10.00%"},{"v":0.15,"d":"15.00%"},{"v":0.3,"d":"30.00%"},{"v":0.45,"d":"45.00%"}]
[null,159,"SUMINISTRO E INSTALACION DE CODO 90' PP 1 IN ROSCABLE","u",{"v":1,"d":"1.00000"},{"v":6.49,"d":"$ 6.49000"},{"v":6.49,"d":"$ 6.49000"},0,0,0,0,0,0,0,0,0,0,0,0,{"v":0.649,"d":"0.64900"},{"v":0.9735,"d":"0.97350"},{"v":1.947,"d":"1.94700"},{"v":2.9205,"d":"2.92050"}]
[null,null,{"$error":"#REF!"},{"$error":"#REF!"},{"$error":"#REF!"},{"$error":"#REF!"},null,{"v":0,"d":"0.00%"},{"v":0,"d":"0.00%"},{"v":0,"d":"0.00%"},{"v":0,"d":"0.00%"},{"v":0,"d":"0.00%"},{"v":0,"d":"0.00%"},{"v":0,"d":"0.00%"},{"v":0,"d":"0.00%"},{"v":0,"d":"0.00%"},{"v":0,"d":"0.00%"},{"v":0,"d":"0.00%"},{"v":0,"d":"0.00%"},{"v":0.1,"d":"10.00%"},{"v":0.15,"d":"15.00%"},{"v":0.3,"d":"30.00%"},{"v":0.45,"d":"45.00%"}]
[null,null,{"$error":"#REF!"},{"$error":"#REF!"},{"$error":"#REF!"},{"$error":"#REF!"},{"$nulls":13},{"v":0.1,"d":"10.00%"},{"v":0.15,"d":"15.00%"},{"v":0.3,"d":"30.00%"},{"v":0.45,"d":"45.00%"}]
[null,160,"FILTRO 16\"","u",{"v":2,"d":"2.00000"},{"v":262.61,"d":"$ 262.61000"},{"v":525.22,"d":"$ 525.22000"},0,0,0,0,0,0,0,0,0,0,0,0,{"v":52.522000000000006,"d":"52.52200"},{"v":78.783,"d":"78.78300"},{"v":157.566,"d":"157.56600"},{"v":236.34900000000002,"d":"236.34900"}]
[null,null,{"$error":"#REF!"},{"$error":"#REF!"},{"$error":"#REF!"},{"$error":"#REF!"},null,{"v":0,"d":"0.00%"},{"v":0,"d":"0.00%"},{"v":0,"d":"0.00%"},{"v":0,"d":"0.00%"},{"v":0,"d":"0.00%"},{"v":0,"d":"0.00%"},{"v":0,"d":"0.00%"},{"v":0,"d":"0.00%"},{"v":0,"d":"0.00%"},{"v":0,"d":"0.00%"},{"v":0,"d":"0.00%"},{"v":0,"d":"0.00%"},{"v":0.1,"d":"10.00%"},{"v":0.15,"d":"15.00%"},{"v":0.3,"d":"30.00%"},{"v":0.45,"d":"45.00%"}]
[null,null,{"$error":"#REF!"},{"$error":"#REF!"},{"$error":"#REF!"},{"$error":"#REF!"},{"$nulls":13},{"v":0.1,"d":"10.00%"},{"v":0.15,"d":"15.00%"},{"v":0.3,"d":"30.00%"},{"v":0.45,"d":"45.00%"}]
[null,161,"FILTRO 12\"","u",{"v":1,"d":"1.00000"},{"v":149.9,"d":"$ 149.90000"},{"v":149.9,"d":"$ 149.90000"},0,0,0,0,0,0,0,0,0,0,0,0,{"v":14.990000000000002,"d":"14.99000"},{"v":22.485,"d":"22.48500"},{"v":44.97,"d":"44.97000"},{"v":67.455,"d":"67.45500"}]
[null,null,{"$error":"#REF!"},{"$error":"#REF!"},{"$error":"#REF!"},{"$error":"#REF!"},null,{"v":0,"d":"0.00%"},{"v":0,"d":"0.00%"},{"v":0,"d":"0.00%"},{"v":0,"d":"0.00%"},{"v":0,"d":"0.00%"},{"v":0,"d":"0.00%"},{"v":0,"d":"0.00%"},{"v":0,"d":"0.00%"},{"v":0,"d":"0.00%"},{"v":0,"d":"0.00%"},{"v":0,"d":"0.00%"},{"v":0,"d":"0.00%"},{"v":0.1,"d":"10.00%"},{"v":0.15,"d":"15.00%"},{"v":0.3,"d":"30.00%"},{"v":0.45,"d":"45.00%"}]
[null,null,{"$error":"#REF!"},{"$error":"#REF!"},{"$error":"#REF!"},{"$error":"#REF!"},{"$nulls":13},{"v":0.1,"d":"10.00%"},{"v":0.15,"d":"15.00%"},{"v":0.3,"d":"30.00%"},{"v":0.45,"d":"45.00%"}]
[null,162,"SUMINISTRO Y COLOCACION DE ARENA PARA FILTRO (0.5 - 1 mm)","m3",{"v":3,"d":"3.00000"},{"v":293.9,"d":"$ 293.90000"},{"v":881.6999999999999,"d":"$ 881.70000"},0,0,0,0,0,0,0,0,0,0,0,0,{"v":88.17,"d":"88.17000"},{"v":132.255,"d":"132.25500"},{"v":264.51,"d":"264.51000"},{"v":396.765,"d":"396.76500"}]
[null,null,{"$error":"#REF!"},{"$error":"#REF!"},{"$error":"#REF!"},{"$error":"#REF!"},null,{"v":0,"d":"0.00%"},{"v":0,"d":"0.00%"},{"v":0,"d":"0.00%"},{"v":0,"d":"0.00%"},{"v":0,"d":"0.00%"},{"v":0,"d":"0.00%"},{"v":0,"d":"0.00%"},{"v":0,"d":"0.00%"},{"v":0,"d":"0.00%"},{"v":0,"d":"0.00%"},{"v":0,"d":"0.00%"},{"v":0,"d":"0.00%"},{"v":0.1,"d":"10.00%"},{"v":0.15,"d":"15.00%"},{"v":0.3,"d":"30.00%"},{"v":0.45,"d":"45.00%"}]
[null,null,{"$error":"#REF!"},{"$error":"#REF!"},{"$error":"#REF!"},{"$error":"#REF!"},{"$nulls":13},{"v":0.1,"d":"10.00%"},{"v":0.15,"d":"15.00%"},{"v":0.3,"d":"30.00%"},{"v":0.45,"d":"45.00%"}]
[null,163,"SUMINISTRO Y COLOCACION DE GRAVA PARA FILTRO (6 - 12 mm)","m3",{"v":2,"d":"2.00000"},{"v":379.93,"d":"$ 379.93000"},{"v":759.86,"d":"$ 759.86000"},0,0,0,0,0,0,0,0,0,0,0,0,{"v":75.986,"d":"75.98600"},{"v":113.979,"d":"113.97900"},{"v":227.958,"d":"227.95800"},{"v":341.937,"d":"341.93700"}]
[null,null,{"$error":"#REF!"},{"$error":"#REF!"},{"$error":"#REF!"},{"$error":"#REF!"},null,{"v":0,"d":"0.00%"},{"v":0,"d":"0.00%"},{"v":0,"d":"0.00%"},{"v":0,"d":"0.00%"},{"v":0,"d":"0.00%"},{"v":0,"d":"0.00%"},{"v":0,"d":"0.00%"},{"v":0,"d":"0.00%"},{"v":0,"d":"0.00%"},{"v":0,"d":"0.00%"},{"v":0,"d":"0.00%"},{"v":0,"d":"0.00%"},{"v":0.1,"d":"10.00%"},{"v":0.15,"d":"15.00%"},{"v":0.3,"d":"30.00%"},{"v":0.45,"d":"45.00%"}]
[null,null,{"$error":"#REF!"},{"$error":"#REF!"},{"$error":"#REF!"},{"$error":"#REF!"},{"$nulls":13},{"v":0.1,"d":"10.00%"},{"v":0.15,"d":"15.00%"},{"v":0.3,"d":"30.00%"},{"v":0.45,"d":"45.00%"}]
[null,164,"SUMINISTRO Y COLOCACION DE GRAVA PARA FILTRO (12 - 18 mm)","m3",{"v":2,"d":"2.00000"},{"v":382.6,"d":"$ 382.60000"},{"v":765.2,"d":"$ 765.20000"},0,0,0,0,0,0,0,0,0,0,0,0,{"v":76.52000000000001,"d":"76.52000"},{"v":114.78,"d":"114.78000"},{"v":229.56,"d":"229.56000"},{"v":344.34000000000003,"d":"344.34000"}]
[null,null,{"$error":"#REF!"},{"$error":"#REF!"},{"$error":"#REF!"},{"$error":"#REF!"},null,{"v":0,"d":"0.00%"},{"v":0,"d":"0.00%"},{"v":0,"d":"0.00%"},{"v":0,"d":"0.00%"},{"v":0,"d":"0.00%"},{"v":0,"d":"0.00%"},{"v":0,"d":"0.00%"},{"v":0,"d":"0.00%"},{"v":0,"d":"0.00%"},{"v":0,"d":"0.00%"},{"v":0,"d":"0.00%"},{"v":0,"d":"0.00%"},{"v":0.1,"d":"10.00%"},{"v":0.15,"d":"15.00%"},{"v":0.3,"d":"30.00%"},{"v":0.45,"d":"45.00%"}]
[null,null,{"$error":"#REF!"},{"$error":"#REF!"},{"$error":"#REF!"},{"$error":"#REF!"},{"$nulls":13},{"v":0.1,"d":"10.00%"},{"v":0.15,"d":"15.00%"},{"v":0.3,"d":"30.00%"},{"v":0.45,"d":"45.00%"}]
[null,165,"BOQUILLA TIPO CHORRO DE PISO 1x1/2","u",{"v":29,"d":"29.00000"},{"v":60.47,"d":"$ 60.47000"},{"v":1753.6299999999999,"d":"$ 1,753.63000"},0,0,0,0,0,0,0,0,0,0,0,0,{"v":175.363,"d":"175.36300"},{"v":263.04449999999997,"d":"263.04450"},{"v":526.0889999999999,"d":"526.08900"},{"v":789.1334999999999,"d":"789.13350"}]
[null,null,{"$error":"#REF!"},{"$error":"#REF!"},{"$error":"#REF!"},{"$error":"#REF!"},null,{"v":0,"d":"0.00%"},{"v":0,"d":"0.00%"},{"v":0,"d":"0.00%"},{"v":0,"d":"0.00%"},{"v":0,"d":"0.00%"},{"v":0,"d":"0.00%"},{"v":0,"d":"0.00%"},{"v":0,"d":"0.00%"},{"v":0,"d":"0.00%"},{"v":0,"d":"0.00%"},{"v":0,"d":"0.00%"},{"v":0,"d":"0.00%"},{"v":0.1,"d":"10.00%"},{"v":0.15,"d":"15.00%"},{"v":0.3,"d":"30.00%"},{"v":0.45,"d":"45.00%"}]
[null,null,{"$error":"#REF!"},{"$error":"#REF!"},{"$error":"#REF!"},{"$error":"#REF!"},{"$nulls":13},{"v":0.1,"d":"10.00%"},{"v":0.15,"d":"15.00%"},{"v":0.3,"d":"30.00%"},{"v":0.45,"d":"45.00%"}]
[null,166,"SKIMMER PEQUEÑO","u",{"v":10,"d":"10.00000"},{"v":41.31,"d":"$ 41.31000"},{"v":413.1,"d":"$ 413.10000"},0,0,0,0,0,0,0,0,0,0,0,0,{"v":41.31,"d":"41.31000"},{"v":61.965,"d":"61.96500"},{"v":123.93,"d":"123.93000"},{"v":185.895,"d":"185.89500"}]
[null,null,{"$error":"#REF!"},{"$error":"#REF!"},{"$error":"#REF!"},{"$error":"#REF!"},null,{"v":0,"d":"0.00%"},{"v":0,"d":"0.00%"},{"v":0,"d":"0.00%"},{"v":0,"d":"0.00%"},{"v":0,"d":"0.00%"},{"v":0,"d":"0.00%"},{"v":0,"d":"0.00%"},{"v":0,"d":"0.00%"},{"v":0,"d":"0.00%"},{"v":0,"d":"0.00%"},{"v":0,"d":"0.00%"},{"v":0,"d":"0.00%"},{"v":0.1,"d":"10.00%"},{"v":0.15,"d":"15.00%"},{"v":0.3,"d":"30.00%"},{"v":0.45,"d":"45.00%"}]
[null,null,{"$error":"#REF!"},{"$error":"#REF!"},{"$error":"#REF!"},{"$error":"#REF!"},{"$nulls":13},{"v":0.1,"d":"10.00%"},{"v":0.15,"d":"15.00%"},{"v":0.3,"d":"30.00%"},{"v":0.45,"d":"45.00%"}]
[null,167,"DRENAJE DE FONDO","u",{"v":4,"d":"4.00000"},{"v":32.31,"d":"$ 32.31000"},{"v":129.24,"d":"$ 129.24000"},0,0,0,0,0,0,0,0,0,0,0,0,{"v":12.924000000000001,"d":"12.92400"},{"v":19.386,"d":"19.38600"},{"v":38.772,"d":"38.77200"},{"v":58.15800000000001,"d":"58.15800"}]
[null,null,{"$error":"#REF!"},{"$error":"#REF!"},{"$error":"#REF!"},{"$error":"#REF!"},null,{"v":0,"d":"0.00%"},{"v":0,"d":"0.00%"},{"v":0,"d":"0.00%"},{"v":0,"d":"0.00%"},{"v":0,"d":"0.00%"},{"v":0,"d":"0.00%"},{"v":0,"d":"0.00%"},{"v":0,"d":"0.00%"},{"v":0,"d":"0.00%"},{"v":0,"d":"0.00%"},{"v":0,"d":"0.00%"},{"v":0,"d":"0.00%"},{"v":0.1,"d":"10.00%"},{"v":0.15,"d":"15.00%"},{"v":0.3,"d":"30.00%"},{"v":0.45,"d":"45.00%"}]
[null,null,{"$error":"#REF!"},{"$error":"#REF!"},{"$error":"#REF!"},{"$error":"#REF!"},{"$nulls":13},{"v":0.1,"d":"10.00%"},{"v":0.15,"d":"15.00%"},{"v":0.3,"d":"30.00%"},{"v":0.45,"d":"45.00%"}]
[null,168,"SUMINISTRO E INSTALACION DE TEE 2 IN PP ROSCABLE","u",{"v":25,"d":"25.00000"},{"v":17.57,"d":"$ 17.57000"},{"v":439.25,"d":"$ 439.25000"},0,0,0,0,0,0,0,0,0,0,0,0,{"v":43.925000000000004,"d":"43.92500"},{"v":65.8875,"d":"65.88750"},{"v":131.775,"d":"131.77500"},{"v":197.6625,"d":"197.66250"}]
[null,null,{"$error":"#REF!"},{"$error":"#REF!"},{"$error":"#REF!"},{"$error":"#REF!"},null,{"v":0,"d":"0.00%"},{"v":0,"d":"0.00%"},{"v":0,"d":"0.00%"},{"v":0,"d":"0.00%"},{"v":0,"d":"0.00%"},{"v":0,"d":"0.00%"},{"v":0,"d":"0.00%"},{"v":0,"d":"0.00%"},{"v":0,"d":"0.00%"},{"v":0,"d":"0.00%"},{"v":0,"d":"0.00%"},{"v":0,"d":"0.00%"},{"v":0.1,"d":"10.00%"},{"v":0.15,"d":"15.00%"},{"v":0.3,"d":"30.00%"},{"v":0.45,"d":"45.00%"}]
[null,null,{"$error":"#REF!"},{"$error":"#REF!"},{"$error":"#REF!"},{"$error":"#REF!"},{"$nulls":13},{"v":0.1,"d":"10.00%"},{"v":0.15,"d":"15.00%"},{"v":0.3,"d":"30.00%"},{"v":0.45,"d":"45.00%"}]
[null,169,"SUMINISTRO E INSTALACION DE TEE 1 1/2 IN PP ROSCABLE","u",{"v":8,"d":"8.00000"},{"v":14.39,"d":"$ 14.39000"},{"v":115.12,"d":"$ 115.12000"},0,0,0,0,0,0,0,0,0,0,0,0,{"v":11.512,"d":"11.51200"},{"v":17.268,"d":"17.26800"},{"v":34.536,"d":"34.53600"},{"v":51.804,"d":"51.80400"}]
[null,null,{"$error":"#REF!"},{"$error":"#REF!"},{"$error":"#REF!"},{"$error":"#REF!"},null,{"v":0,"d":"0.00%"},{"v":0,"d":"0.00%"},{"v":0,"d":"0.00%"},{"v":0,"d":"0.00%"},{"v":0,"d":"0.00%"},{"v":0,"d":"0.00%"},{"v":0,"d":"0.00%"},{"v":0,"d":"0.00%"},{"v":0,"d":"0.00%"},{"v":0,"d":"0.00%"},{"v":0,"d":"0.00%"},{"v":0,"d":"0.00%"},{"v":0.1,"d":"10.00%"},{"v":0.15,"d":"15.00%"},{"v":0.3,"d":"30.00%"},{"v":0.45,"d":"45.00%"}]
[null,null,{"$error":"#REF!"},{"$error":"#REF!"},{"$error":"#REF!"},{"$error":"#REF!"},{"$nulls":13},{"v":0.1,"d":"10.00%"},{"v":0.15,"d":"15.00%"},{"v":0.3,"d":"30.00%"},{"v":0.45,"d":"45.00%"}]
[null,170,"SUMINISTRO E INSTALACION DE CODO 90' PP 1 1/2 IN ROSCABLE","u",{"v":2,"d":"2.00000"},{"v":11.62,"d":"$ 11.62000"},{"v":23.24,"d":"$ 23.24000"},0,0,0,0,0,0,0,0,0,0,0,0,{"v":2.324,"d":"2.32400"},{"v":3.4859999999999998,"d":"3.48600"},{"v":6.9719999999999995,"d":"6.97200"},{"v":10.458,"d":"10.45800"}]
[null,null,{"$error":"#REF!"},{"$error":"#REF!"},{"$error":"#REF!"},{"$error":"#REF!"},null,{"v":0,"d":"0.00%"},{"v":0,"d":"0.00%"},{"v":0,"d":"0.00%"},{"v":0,"d":"0.00%"},{"v":0,"d":"0.00%"},{"v":0,"d":"0.00%"},{"v":0,"d":"0.00%"},{"v":0,"d":"0.00%"},{"v":0,"d":"0.00%"},{"v":0,"d":"0.00%"},{"v":0,"d":"0.00%"},{"v":0,"d":"0.00%"},{"v":0.1,"d":"10.00%"},{"v":0.15,"d":"15.00%"},{"v":0.3,"d":"30.00%"},{"v":0.45,"d":"45.00%"}]
[null,null,{"$error":"#REF!"},{"$error":"#REF!"},{"$error":"#REF!"},{"$error":"#REF!"},{"$nulls":13},{"v":0.1,"d":"10.00%"},{"v":0.15,"d":"15.00%"},{"v":0.3,"d":"30.00%"},{"v":0.45,"d":"45.00%"}]
[null,171,"KIT DE PRUEBA DE AGUA PARA PISCINA","u",{"v":1,"d":"1.00000"},{"v":13.36,"d":"$ 13.36000"},{"v":13.36,"d":"$ 13.36000"},0,0,0,0,0,0,0,0,0,0,0,0,{"v":1.336,"d":"1.33600"},{"v":2.004,"d":"2.00400"},{"v":4.008,"d":"4.00800"},{"v":6.012,"d":"6.01200"}]
[null,null,{"$error":"#REF!"},{"$error":"#REF!"},{"$error":"#REF!"},{"$error":"#REF!"},null,{"v":0,"d":"0.00%"},{"v":0,"d":"0.00%"},{"v":0,"d":"0.00%"},{"v":0,"d":"0.00%"},{"v":0,"d":"0.00%"},{"v":0,"d":"0.00%"},{"v":0,"d":"0.00%"},{"v":0,"d":"0.00%"},{"v":0,"d":"0.00%"},{"v":0,"d":"0.00%"},{"v":0,"d":"0.00%"},{"v":0,"d":"0.00%"},{"v":0.1,"d":"10.00%"},{"v":0.15,"d":"15.00%"},{"v":0.3,"d":"30.00%"},{"v":0.45,"d":"45.00%"}]
[null,null,{"$error":"#REF!"},{"$error":"#REF!"},{"$error":"#REF!"},{"$error":"#REF!"},{"$nulls":13},{"v":0.1,"d":"10.00%"},{"v":0.15,"d":"15.00%"},{"v":0.3,"d":"30.00%"},{"v":0.45,"d":"45.00%"}]
[null,172,"DOMOS O SOMBRILLAS DE AGUA DE 2 m DE DIAMETRO","u",{"v":2,"d":"2.00000"},{"v":3115.96,"d":"$ 3,115.96000"},{"v":6231.92,"d":"$ 6,231.92000"},0,0,0,0,0,0,0,0,0,0,0,0,{"v":623.192,"d":"623.19200"},{"v":934.788,"d":"934.78800"},{"v":1869.576,"d":"1,869.57600"},{"v":2804.364,"d":"2,804.36400"}]
[null,null,{"$error":"#REF!"},{"$error":"#REF!"},{"$error":"#REF!"},{"$error":"#REF!"},null,{"v":0,"d":"0.00%"},{"v":0,"d":"0.00%"},{"v":0,"d":"0.00%"},{"v":0,"d":"0.00%"},{"v":0,"d":"0.00%"},{"v":0,"d":"0.00%"},{"v":0,"d":"0.00%"},{"v":0,"d":"0.00%"},{"v":0,"d":"0.00%"},{"v":0,"d":"0.00%"},{"v":0,"d":"0.00%"},{"v":0,"d":"0.00%"},{"v":0.1,"d":"10.00%"},{"v":0.15,"d":"15.00%"},{"v":0.3,"d":"30.00%"},{"v":0.45,"d":"45.00%"}]
[null,null,{"$error":"#REF!"},{"$error":"#REF!"},{"$error":"#REF!"},{"$error":"#REF!"},{"$nulls":13},{"v":0.1,"d":"10.00%"},{"v":0.15,"d":"15.00%"},{"v":0.3,"d":"30.00%"},{"v":0.45,"d":"45.00%"}]
[null,173,"ABRAZADERA GALVANIZADA DE 1\"","u",{"v":8,"d":"8.00000"},{"v":7,"d":"$ 7.00000"},{"v":56,"d":"$ 56.00000"},0,0,0,0,0,0,0,0,0,0,0,0,{"v":5.6000000000000005,"d":"5.60000"},{"v":8.4,"d":"8.40000"},{"v":16.8,"d":"16.80000"},{"v":25.2,"d":"25.20000"}]
[null,null,{"$error":"#REF!"},{"$error":"#REF!"},{"$error":"#REF!"},{"$error":"#REF!"},null,{"v":0,"d":"0.00%"},{"v":0,"d":"0.00%"},{"v":0,"d":"0.00%"},{"v":0,"d":"0.00%"},{"v":0,"d":"0.00%"},{"v":0,"d":"0.00%"},{"v":0,"d":"0.00%"},{"v":0,"d":"0.00%"},{"v":0,"d":"0.00%"},{"v":0,"d":"0.00%"},{"v":0,"d":"0.00%"},{"v":0,"d":"0.00%"},{"v":0.1,"d":"10.00%"},{"v":0.15,"d":"15.00%"},{"v":0.3,"d":"30.00%"},{"v":0.45,"d":"45.00%"}]
[null,null,{"$error":"#REF!"},{"$error":"#REF!"},{"$error":"#REF!"},{"$error":"#REF!"},{"$nulls":13},{"v":0.1,"d":"10.00%"},{"v":0.15,"d":"15.00%"},{"v":0.3,"d":"30.00%"},{"v":0.45,"d":"45.00%"}]
[null,174,"ABRAZADERA GALVANIZADA DE 2\"","u",{"v":50,"d":"50.00000"},{"v":8.19,"d":"$ 8.19000"},{"v":409.5,"d":"$ 409.50000"},0,0,0,0,0,0,0,0,0,0,0,0,{"v":40.95,"d":"40.95000"},{"v":61.425,"d":"61.42500"},{"v":122.85,"d":"122.85000"},{"v":184.275,"d":"184.27500"}]
[null,null,{"$error":"#REF!"},{"$error":"#REF!"},{"$error":"#REF!"},{"$error":"#REF!"},null,{"v":0,"d":"0.00%"},{"v":0,"d":"0.00%"},{"v":0,"d":"0.00%"},{"v":0,"d":"0.00%"},{"v":0,"d":"0.00%"},{"v":0,"d":"0.00%"},{"v":0,"d":"0.00%"},{"v":0,"d":"0.00%"},{"v":0,"d":"0.00%"},{"v":0,"d":"0.00%"},{"v":0,"d":"0.00%"},{"v":0,"d":"0.00%"},{"v":0.1,"d":"10.00%"},{"v":0.15,"d":"15.00%"},{"v":0.3,"d":"30.00%"},{"v":0.45,"d":"45.00%"}]
[null,null,{"$error":"#REF!"},{"$error":"#REF!"},{"$error":"#REF!"},{"$error":"#REF!"},{"$nulls":13},{"v":0.1,"d":"10.00%"},{"v":0.15,"d":"15.00%"},{"v":0.3,"d":"30.00%"},{"v":0.45,"d":"45.00%"}]
[null,175,"HORMIGON PREMEZCLADO F´C=280 Kg/cm2 INCLUYE ENCOFRADO","m3",{"v":40,"d":"40.00000"},{"v":362.88,"d":"$ 362.88000"},{"v":14515.2,"d":"$ 14,515.20000"},0,0,0,0,0,0,{"v":580.6080000000001,"d":"580.60800"},{"v":725.7600000000001,"d":"725.76000"},{"v":1161.2160000000001,"d":"1,161.21600"},{"v":1596.672,"d":"1,596.67200"},{"v":2032.1280000000004,"d":"2,032.12800"},{"v":2612.736,"d":"2,612.73600"},{"v":3193.344,"d":"3,193.34400"},{"v":2612.736,"d":"2,612.73600"},0,0]
[null,null,{"$error":"#REF!"},{"$error":"#REF!"},{"$error":"#REF!"},{"$error":"#REF!"},null,{"v":0,"d":"0.00%"},{"v":0,"d":"0.00%"},{"v":0,"d":"0.00%"},{"v":0,"d":"0.00%"},{"v":0,"d":"0.00%"},{"v":0,"d":"0.00%"},{"v":0.04,"d":"4.00%"},{"v":0.05,"d":"5.00%"},{"v":0.08,"d":"8.00%"},{"v":0.11,"d":"11.00%"},{"v":0.14,"d":"14.00%"},{"v":0.18,"d":"18.00%"},{"v":0.22,"d":"22.00%"},{"v":0.18,"d":"18.00%"},{"v":0,"d":"0.00%"},{"v":0,"d":"0.00%"}]
[null,null,{"$error":"#REF!"},{"$error":"#REF!"},{"$error":"#REF!"},{"$error":"#REF!"},{"$nulls":7},{"v":0.04,"d":"4.00%"},{"v":0.05,"d":"5.00%"},{"v":0.08,"d":"8.00%"},{"v":0.11,"d":"11.00%"},{"v":0.14,"d":"14.00%"},{"v":0.18,"d":"18.00%"},{"v":0.22,"d":"22.00%"},{"v":0.18,"d":"18.00%"}]
[null,176,"ACERO ESTRUCTURAL (A36)","Kg",{"v":57160,"d":"57160.00000"},{"v":6.04,"d":"$ 6.04000"},{"v":345246.4,"d":"$ 345,246.40000"},0,0,0,0,0,0,{"v":13809.856000000002,"d":"13,809.85600"},{"v":17262.320000000003,"d":"17,262.32000"},{"v":27619.712000000003,"d":"27,619.71200"},{"v":37977.104,"d":"37,977.10400"},{"v":48334.49600000001,"d":"48,334.49600"},{"v":62144.352,"d":"62,144.35200"},{"v":75954.208,"d":"75,954.20800"},{"v":62144.352,"d":"62,144.35200"},0,0]
[null,null,{"$error":"#REF!"},{"$error":"#REF!"},{"$error":"#REF!"},{"$error":"#REF!"},null,{"v":0,"d":"0.00%"},{"v":0,"d":"0.00%"},{"v":0,"d":"0.00%"},{"v":0,"d":"0.00%"},{"v":0,"d":"0.00%"},{"v":0,"d":"0.00%"},{"v":0.04,"d":"4.00%"},{"v":0.05,"d":"5.00%"},{"v":0.08,"d":"8.00%"},{"v":0.11,"d":"11.00%"},{"v":0.14,"d":"14.00%"},{"v":0.18,"d":"18.00%"},{"v":0.22,"d":"22.00%"},{"v":0.18,"d":"18.00%"},{"v":0,"d":"0.00%"},{"v":0,"d":"0.00%"}]
[null,null,{"$error":"#REF!"},{"$error":"#REF!"},{"$error":"#REF!"},{"$error":"#REF!"},{"$nulls":7},{"v":0.04,"d":"4.00%"},{"v":0.05,"d":"5.00%"},{"v":0.08,"d":"8.00%"},{"v":0.11,"d":"11.00%"},{"v":0.14,"d":"14.00%"},{"v":0.18,"d":"18.00%"},{"v":0.22,"d":"22.00%"},{"v":0.18,"d":"18.00%"}]
[null,177,"SUMINISTRO E INSTALACION DE CUBIERTA METALICA CON AISLAMIENTO DE POLIURETANO E=30mm","m2",{"v":500,"d":"500.00000"},{"v":54.97,"d":"$ 54.97000"},{"v":27485,"d":"$ 27,485.00000"},0,0,0,0,0,0,{"v":1099.4,"d":"1,099.40000"},{"v":1374.25,"d":"1,374.25000"},{"v":2198.8,"d":"2,198.80000"},{"v":3023.35,"d":"3,023.35000"},{"v":3847.9000000000005,"d":"3,847.90000"},{"v":4947.3,"d":"4,947.30000"},{"v":6046.7,"d":"6,046.70000"},{"v":4947.3,"d":"4,947.30000"},0,0]
[null,null,{"$error":"#REF!"},{"$error":"#REF!"},{"$error":"#REF!"},{"$error":"#REF!"},null,{"v":0,"d":"0.00%"},{"v":0,"d":"0.00%"},{"v":0,"d":"0.00%"},{"v":0,"d":"0.00%"},{"v":0,"d":"0.00%"},{"v":0,"d":"0.00%"},{"v":0.04,"d":"4.00%"},{"v":0.05,"d":"5.00%"},{"v":0.08,"d":"8.00%"},{"v":0.11,"d":"11.00%"},{"v":0.14,"d":"14.00%"},{"v":0.18,"d":"18.00%"},{"v":0.22,"d":"22.00%"},{"v":0.18,"d":"18.00%"},{"v":0,"d":"0.00%"},{"v":0,"d":"0.00%"}]
[null,null,{"$error":"#REF!"},{"$error":"#REF!"},{"$error":"#REF!"},{"$error":"#REF!"},{"$nulls":7},{"v":0.04,"d":"4.00%"},{"v":0.05,"d":"5.00%"},{"v":0.08,"d":"8.00%"},{"v":0.11,"d":"11.00%"},{"v":0.14,"d":"14.00%"},{"v":0.18,"d":"18.00%"},{"v":0.22,"d":"22.00%"},{"v":0.18,"d":"18.00%"}]
[null,178,"SUMINISTRO E INSTALACION DE FLASHING PERIMETRAL PARA CUBIERTA","m",{"v":250,"d":"250.00000"},{"v":27.58,"d":"$ 27.58000"},{"v":6895,"d":"$ 6,895.00000"},0,0,0,0,0,0,{"v":275.8,"d":"275.80000"},{"v":344.75,"d":"344.75000"},{"v":551.6,"d":"551.60000"},{"v":758.45,"d":"758.45000"},{"v":965.3000000000001,"d":"965.30000"},{"v":1241.1,"d":"1,241.10000"},{"v":1516.9,"d":"1,516.90000"},{"v":1241.1,"d":"1,241.10000"},0,0]
[null,null,{"$error":"#REF!"},{"$error":"#REF!"},{"$error":"#REF!"},{"$error":"#REF!"},null,{"v":0,"d":"0.00%"},{"v":0,"d":"0.00%"},{"v":0,"d":"0.00%"},{"v":0,"d":"0.00%"},{"v":0,"d":"0.00%"},{"v":0,"d":"0.00%"},{"v":0.04,"d":"4.00%"},{"v":0.05,"d":"5.00%"},{"v":0.08,"d":"8.00%"},{"v":0.11,"d":"11.00%"},{"v":0.14,"d":"14.00%"},{"v":0.18,"d":"18.00%"},{"v":0.22,"d":"22.00%"},{"v":0.18,"d":"18.00%"},{"v":0,"d":"0.00%"},{"v":0,"d":"0.00%"}]
[null,null,{"$error":"#REF!"},{"$error":"#REF!"},{"$error":"#REF!"},{"$error":"#REF!"},{"$nulls":7},{"v":0.04,"d":"4.00%"},{"v":0.05,"d":"5.00%"},{"v":0.08,"d":"8.00%"},{"v":0.11,"d":"11.00%"},{"v":0.14,"d":"14.00%"},{"v":0.18,"d":"18.00%"},{"v":0.22,"d":"22.00%"},{"v":0.18,"d":"18.00%"}]
[null,179,"MALLA ELECTROSOLDADA 15x15 - 5,5mm","m2",{"v":540.98,"d":"540.98000"},{"v":6.03,"d":"$ 6.03000"},{"v":3262.1094000000003,"d":"$ 3,262.10940"},0,0,0,0,0,0,{"v":130.48437600000003,"d":"130.48438"},{"v":163.10547000000003,"d":"163.10547"},{"v":260.96875200000005,"d":"260.96875"},{"v":358.832034,"d":"358.83203"},{"v":456.6953160000001,"d":"456.69532"},{"v":587.179692,"d":"587.17969"},{"v":717.664068,"d":"717.66407"},{"v":587.179692,"d":"587.17969"},0,0]
[null,null,{"$error":"#REF!"},{"$error":"#REF!"},{"$error":"#REF!"},{"$error":"#REF!"},null,{"v":0,"d":"0.00%"},{"v":0,"d":"0.00%"},{"v":0,"d":"0.00%"},{"v":0,"d":"0.00%"},{"v":0,"d":"0.00%"},{"v":0,"d":"0.00%"},{"v":0.04,"d":"4.00%"},{"v":0.05,"d":"5.00%"},{"v":0.08,"d":"8.00%"},{"v":0.11,"d":"11.00%"},{"v":0.14,"d":"14.00%"},{"v":0.18,"d":"18.00%"},{"v":0.22,"d":"22.00%"},{"v":0.18,"d":"18.00%"},{"v":0,"d":"0.00%"},{"v":0,"d":"0.00%"}]
[null,null,{"$error":"#REF!"},{"$error":"#REF!"},{"$error":"#REF!"},{"$error":"#REF!"},{"$nulls":7},{"v":0.04,"d":"4.00%"},{"v":0.05,"d":"5.00%"},{"v":0.08,"d":"8.00%"},{"v":0.11,"d":"11.00%"},{"v":0.14,"d":"14.00%"},{"v":0.18,"d":"18.00%"},{"v":0.22,"d":"22.00%"},{"v":0.18,"d":"18.00%"}]
[null,180,"MALLA ELECTROSOLDADA 15x15 - 4,5mm","m2",{"v":13.46,"d":"13.46000"},{"v":7.1,"d":"$ 7.10000"},{"v":95.566,"d":"$ 95.56600"},0,0,0,0,0,0,{"v":3.8226400000000003,"d":"3.82264"},{"v":4.778300000000001,"d":"4.77830"},{"v":7.6452800000000005,"d":"7.64528"},10.51226,{"v":13.379240000000001,"d":"13.37924"},17.20188,21.02452,17.20188,0,0]
[null,null,{"$error":"#REF!"},{"$error":"#REF!"},{"$error":"#REF!"},{"$error":"#REF!"},null,{"v":0,"d":"0.00%"},{"v":0,"d":"0.00%"},{"v":0,"d":"0.00%"},{"v":0,"d":"0.00%"},{"v":0,"d":"0.00%"},{"v":0,"d":"0.00%"},{"v":0.04,"d":"4.00%"},{"v":0.05,"d":"5.00%"},{"v":0.08,"d":"8.00%"},{"v":0.11,"d":"11.00%"},{"v":0.14,"d":"14.00%"},{"v":0.18,"d":"18.00%"},{"v":0.22,"d":"22.00%"},{"v":0.18,"d":"18.00%"},{"v":0,"d":"0.00%"},{"v":0,"d":"0.00%"}]
[null,null,{"$error":"#REF!"},{"$error":"#REF!"},{"$error":"#REF!"},{"$error":"#REF!"},{"$nulls":7},{"v":0.04,"d":"4.00%"},{"v":0.05,"d":"5.00%"},{"v":0.08,"d":"8.00%"},{"v":0.11,"d":"11.00%"},{"v":0.14,"d":"14.00%"},{"v":0.18,"d":"18.00%"},{"v":0.22,"d":"22.00%"},{"v":0.18,"d":"18.00%"}]
[null,181,"SUMINISTRO E INSTALACION DE PLACA-ACERO COLABORANTE E=0.65mm","m2",{"v":1144.6,"d":"1144.60000"},{"v":64.9,"d":"$ 64.90000"},{"v":74284.54,"d":"$ 74,284.54000"},0,0,0,0,0,0,{"v":2971.3815999999997,"d":"2,971.38160"},{"v":3714.227,"d":"3,714.22700"},{"v":5942.763199999999,"d":"5,942.76320"},{"v":8171.299399999999,"d":"8,171.29940"},{"v":10399.8356,"d":"10,399.83560"},{"v":13371.2172,"d":"13,371.21720"},{"v":16342.598799999998,"d":"16,342.59880"},{"v":13371.2172,"d":"13,371.21720"},0,0]
[null,null,{"$error":"#REF!"},{"$error":"#REF!"},{"$error":"#REF!"},{"$error":"#REF!"},null,{"v":0,"d":"0.00%"},{"v":0,"d":"0.00%"},{"v":0,"d":"0.00%"},{"v":0,"d":"0.00%"},{"v":0,"d":"0.00%"},{"v":0,"d":"0.00%"},{"v":0.04,"d":"4.00%"},{"v":0.05,"d":"5.00%"},{"v":0.08,"d":"8.00%"},{"v":0.11,"d":"11.00%"},{"v":0.14,"d":"14.00%"},{"v":0.18,"d":"18.00%"},{"v":0.22,"d":"22.00%"},{"v":0.18,"d":"18.00%"},{"v":0,"d":"0.00%"},{"v":0,"d":"0.00%"}]
[null,null,{"$error":"#REF!"},{"$error":"#REF!"},{"$error":"#REF!"},{"$error":"#REF!"},{"$nulls":7},{"v":0.04,"d":"4.00%"},{"v":0.05,"d":"5.00%"},{"v":0.08,"d":"8.00%"},{"v":0.11,"d":"11.00%"},{"v":0.14,"d":"14.00%"},{"v":0.18,"d":"18.00%"},{"v":0.22,"d":"22.00%"},{"v":0.18,"d":"18.00%"}]
[null,182,"PERNO ASTM A325 EN PLACA BASE D=5/8\" L=25cm","u",{"v":320,"d":"320.00000"},{"v":7.69,"d":"$ 7.69000"},{"v":2460.8,"d":"$ 2,460.80000"},0,0,0,0,0,0,{"v":98.43200000000002,"d":"98.43200"},{"v":123.04000000000002,"d":"123.04000"},{"v":196.86400000000003,"d":"196.86400"},{"v":270.68800000000005,"d":"270.68800"},{"v":344.51200000000006,"d":"344.51200"},{"v":442.944,"d":"442.94400"},{"v":541.3760000000001,"d":"541.37600"},{"v":442.944,"d":"442.94400"},0,0]
[null,null,{"$error":"#REF!"},{"$error":"#REF!"},{"$error":"#REF!"},{"$error":"#REF!"},null,{"v":0,"d":"0.00%"},{"v":0,"d":"0.00%"},{"v":0,"d":"0.00%"},{"v":0,"d":"0.00%"},{"v":0,"d":"0.00%"},{"v":0,"d":"0.00%"},{"v":0.04,"d":"4.00%"},{"v":0.05,"d":"5.00%"},{"v":0.08,"d":"8.00%"},{"v":0.11,"d":"11.00%"},{"v":0.14,"d":"14.00%"},{"v":0.18,"d":"18.00%"},{"v":0.22,"d":"22.00%"},{"v":0.18,"d":"18.00%"},{"v":0,"d":"0.00%"},{"v":0,"d":"0.00%"}]
[null,null,{"$error":"#REF!"},{"$error":"#REF!"},{"$error":"#REF!"},{"$error":"#REF!"},{"$nulls":7},{"v":0.04,"d":"4.00%"},{"v":0.05,"d":"5.00%"},{"v":0.08,"d":"8.00%"},{"v":0.11,"d":"11.00%"},{"v":0.14,"d":"14.00%"},{"v":0.18,"d":"18.00%"},{"v":0.22,"d":"22.00%"},{"v":0.18,"d":"18.00%"}]
[null,183,"SUMINISTRO E INSTALACION DE PANEL COMPUESTO DE ALUMINIO (ALUCOBOND), E=4mm, PARA EXTERIOR","m2",{"v":525,"d":"525.00000"},{"v":87,"d":"$ 87.00000"},{"v":45675,"d":"$ 45,675.00000"},0,0,0,0,0,0,{"v":1827,"d":"1,827.00000"},{"v":2283.75,"d":"2,283.75000"},{"v":3654,"d":"3,654.00000"},{"v":5024.25,"d":"5,024.25000"},{"v":6394.500000000001,"d":"6,394.50000"},{"v":8221.5,"d":"8,221.50000"},{"v":10048.5,"d":"10,048.50000"},{"v":8221.5,"d":"8,221.50000"},0,0]
[null,null,{"$error":"#REF!"},{"$error":"#REF!"},{"$error":"#REF!"},{"$error":"#REF!"},null,{"v":0,"d":"0.00%"},{"v":0,"d":"0.00%"},{"v":0,"d":"0.00%"},{"v":0,"d":"0.00%"},{"v":0,"d":"0.00%"},{"v":0,"d":"0.00%"},{"v":0.04,"d":"4.00%"},{"v":0.05,"d":"5.00%"},{"v":0.08,"d":"8.00%"},{"v":0.11,"d":"11.00%"},{"v":0.14,"d":"14.00%"},{"v":0.18,"d":"18.00%"},{"v":0.22,"d":"22.00%"},{"v":0.18,"d":"18.00%"},{"v":0,"d":"0.00%"},{"v":0,"d":"0.00%"}]
[null,null,{"$error":"#REF!"},{"$error":"#REF!"},{"$error":"#REF!"},{"$error":"#REF!"},{"$nulls":7},{"v":0.04,"d":"4.00%"},{"v":0.05,"d":"5.00%"},{"v":0.08,"d":"8.00%"},{"v":0.11,"d":"11.00%"},{"v":0.14,"d":"14.00%"},{"v":0.18,"d":"18.00%"},{"v":0.22,"d":"22.00%"},{"v":0.18,"d":"18.00%"}]
[null,184,"CERAMICA 30x30cm","m2",{"v":29.1,"d":"29.10000"},{"v":25.81,"d":"$ 25.81000"},{"v":751.071,"d":"$ 751.07100"},0,0,0,0,0,0,0,0,0,{"v":375.5355,"d":"375.53550"},{"v":375.5355,"d":"375.53550"},0,0,0,0,0]
[null,null,{"$error":"#REF!"},{"$error":"#REF!"},{"$error":"#REF!"},{"$error":"#REF!"},null,{"v":0,"d":"0.00%"},{"v":0,"d":"0.00%"},{"v":0,"d":"0.00%"},{"v":0,"d":"0.00%"},{"v":0,"d":"0.00%"},{"v":0,"d":"0.00%"},{"v":0,"d":"0.00%"},{"v":0,"d":"0.00%"},{"v":0,"d":"0.00%"},{"v":0.5,"d":"50.00%"},{"v":0.5,"d":"50.00%"},{"v":0,"d":"0.00%"},{"v":0,"d":"0.00%"},{"v":0,"d":"0.00%"},{"v":0,"d":"0.00%"},{"v":0,"d":"0.00%"}]
[null,null,{"$error":"#REF!"},{"$error":"#REF!"},{"$error":"#REF!"},{"$error":"#REF!"},{"$nulls":10},{"v":0.5,"d":"50.00%"},{"v":0.5,"d":"50.00%"}]
[null,185,"PORCELANATO 60x60cm","m2",{"v":335.98,"d":"335.98000"},{"v":36.6,"d":"$ 36.60000"},{"v":12296.868,"d":"$ 12,296.86800"},0,0,0,0,0,0,0,0,0,{"v":6148.434,"d":"6,148.43400"},{"v":6148.434,"d":"6,148.43400"},0,0,0,0,0]
[null,null,{"$error":"#REF!"},{"$error":"#REF!"},{"$error":"#REF!"},{"$error":"#REF!"},null,{"v":0,"d":"0.00%"},{"v":0,"d":"0.00%"},{"v":0,"d":"0.00%"},{"v":0,"d":"0.00%"},{"v":0,"d":"0.00%"},{"v":0,"d":"0.00%"},{"v":0,"d":"0.00%"},{"v":0,"d":"0.00%"},{"v":0,"d":"0.00%"},{"v":0.5,"d":"50.00%"},{"v":0.5,"d":"50.00%"},{"v":0,"d":"0.00%"},{"v":0,"d":"0.00%"},{"v":0,"d":"0.00%"},{"v":0,"d":"0.00%"},{"v":0,"d":"0.00%"}]
[null,null,{"$error":"#REF!"},{"$error":"#REF!"},{"$error":"#REF!"},{"$error":"#REF!"},{"$nulls":10},{"v":0.5,"d":"50.00%"},{"v":0.5,"d":"50.00%"}]
[null,186,"GRANITO PULIDO","m2",{"v":21.86,"d":"21.86000"},{"v":242.23,"d":"$ 242.23000"},{"v":5295.1478,"d":"$ 5,295.14780"},0,0,0,0,0,0,0,0,0,{"v":2647.5739,"d":"2,647.57390"},{"v":2647.5739,"d":"2,647.57390"},0,0,0,0,0]
[null,null,{"$error":"#REF!"},{"$error":"#REF!"},{"$error":"#REF!"},{"$error":"#REF!"},null,{"v":0,"d":"0.00%"},{"v":0,"d":"0.00%"},{"v":0,"d":"0.00%"},{"v":0,"d":"0.00%"},{"v":0,"d":"0.00%"},{"v":0,"d":"0.00%"},{"v":0,"d":"0.00%"},{"v":0,"d":"0.00%"},{"v":0,"d":"0.00%"},{"v":0.5,"d":"50.00%"},{"v":0.5,"d":"50.00%"},{"v":0,"d":"0.00%"},{"v":0,"d":"0.00%"},{"v":0,"d":"0.00%"},{"v":0,"d":"0.00%"},{"v":0,"d":"0.00%"}]
[null,null,{"$error":"#REF!"},{"$error":"#REF!"},{"$error":"#REF!"},{"$error":"#REF!"},{"$nulls":10},{"v":0.5,"d":"50.00%"},{"v":0.5,"d":"50.00%"}]
[null,187,"PORCELANATO 100x300mm","m2",{"v":424.52,"d":"424.52000"},{"v":151.25,"d":"$ 151.25000"},{"v":64208.649999999994,"d":"$ 64,208.65000"},0,0,0,0,0,0,0,0,0,{"v":32104.324999999997,"d":"32,104.32500"},{"v":32104.324999999997,"d":"32,104.32500"},0,0,0,0,0]
[null,null,{"$error":"#REF!"},{"$error":"#REF!"},{"$error":"#REF!"},{"$error":"#REF!"},null,{"v":0,"d":"0.00%"},{"v":0,"d":"0.00%"},{"v":0,"d":"0.00%"},{"v":0,"d":"0.00%"},{"v":0,"d":"0.00%"},{"v":0,"d":"0.00%"},{"v":0,"d":"0.00%"},{"v":0,"d":"0.00%"},{"v":0,"d":"0.00%"},{"v":0.5,"d":"50.00%"},{"v":0.5,"d":"50.00%"},{"v":0,"d":"0.00%"},{"v":0,"d":"0.00%"},{"v":0,"d":"0.00%"},{"v":0,"d":"0.00%"},{"v":0,"d":"0.00%"}]
[null,null,{"$error":"#REF!"},{"$error":"#REF!"},{"$error":"#REF!"},{"$error":"#REF!"},{"$nulls":10},{"v":0.5,"d":"50.00%"},{"v":0.5,"d":"50.00%"}]
[null,188,"PARED DE BLOQUE 10x20x40cm","m2",{"v":314,"d":"314.00000"},{"v":22.2,"d":"$ 22.20000"},{"v":6970.8,"d":"$ 6,970.80000"},0,0,0,0,0,0,{"v":278.83199999999994,"d":"278.83200"},{"v":348.54,"d":"348.54000"},{"v":557.6639999999999,"d":"557.66400"},{"v":766.788,"d":"766.78800"},{"v":975.9120000000001,"d":"975.91200"},{"v":1254.744,"d":"1,254.74400"},{"v":1533.576,"d":"1,533.57600"},{"v":1254.744,"d":"1,254.74400"},0,0]
[null,null,{"$error":"#REF!"},{"$error":"#REF!"},{"$error":"#REF!"},{"$error":"#REF!"},null,{"v":0,"d":"0.00%"},{"v":0,"d":"0.00%"},{"v":0,"d":"0.00%"},{"v":0,"d":"0.00%"},{"v":0,"d":"0.00%"},{"v":0,"d":"0.00%"},{"v":0.039999999999999994,"d":"4.00%"},{"v":0.05,"d":"5.00%"},{"v":0.07999999999999999,"d":"8.00%"},{"v":0.11,"d":"11.00%"},{"v":0.14,"d":"14.00%"},{"v":0.18,"d":"18.00%"},{"v":0.22,"d":"22.00%"},{"v":0.18,"d":"18.00%"},{"v":0,"d":"0.00%"},{"v":0,"d":"0.00%"}]
[null,null,{"$error":"#REF!"},{"$error":"#REF!"},{"$error":"#REF!"},{"$error":"#REF!"},{"$nulls":7},{"v":0.039999999999999994,"d":"4.00%"},{"v":0.05,"d":"5.00%"},{"v":0.07999999999999999,"d":"8.00%"},{"v":0.11,"d":"11.00%"},{"v":0.14,"d":"14.00%"},{"v":0.18,"d":"18.00%"},{"v":0.22,"d":"22.00%"},{"v":0.18,"d":"18.00%"}]
[null,189,"PARED DE BLOQUE 20x20x40cm","m2",{"v":403.6,"d":"403.60000"},{"v":26.97,"d":"$ 26.97000"},{"v":10885.092,"d":"$ 10,885.09200"},0,0,0,0,0,0,{"v":435.40367999999995,"d":"435.40368"},{"v":544.2546000000001,"d":"544.25460"},{"v":870.8073599999999,"d":"870.80736"},{"v":1197.36012,"d":"1,197.36012"},{"v":1523.9128800000003,"d":"1,523.91288"},{"v":1959.31656,"d":"1,959.31656"},{"v":2394.72024,"d":"2,394.72024"},{"v":1959.31656,"d":"1,959.31656"},0,0]
[null,null,{"$error":"#REF!"},{"$error":"#REF!"},{"$error":"#REF!"},{"$error":"#REF!"},null,{"v":0,"d":"0.00%"},{"v":0,"d":"0.00%"},{"v":0,"d":"0.00%"},{"v":0,"d":"0.00%"},{"v":0,"d":"0.00%"},{"v":0,"d":"0.00%"},{"v":0.039999999999999994,"d":"4.00%"},{"v":0.05,"d":"5.00%"},{"v":0.07999999999999999,"d":"8.00%"},{"v":0.11,"d":"11.00%"},{"v":0.14,"d":"14.00%"},{"v":0.18,"d":"18.00%"},{"v":0.22,"d":"22.00%"},{"v":0.18,"d":"18.00%"},{"v":0,"d":"0.00%"},{"v":0,"d":"0.00%"}]
[null,null,{"$error":"#REF!"},{"$error":"#REF!"},{"$error":"#REF!"},{"$error":"#REF!"},{"$nulls":7},{"v":0.039999999999999994,"d":"4.00%"},{"v":0.05,"d":"5.00%"},{"v":0.07999999999999999,"d":"8.00%"},{"v":0.11,"d":"11.00%"},{"v":0.14,"d":"14.00%"},{"v":0.18,"d":"18.00%"},{"v":0.22,"d":"22.00%"},{"v":0.18,"d":"18.00%"}]
[null,190,"ENLUCIDO DE PAREDES EXTERIORES","m2",{"v":950,"d":"950.00000"},{"v":11.74,"d":"$ 11.74000"},{"v":11153,"d":"$ 11,153.00000"},0,0,0,0,0,0,{"v":446.11999999999995,"d":"446.12000"},{"v":557.65,"d":"557.65000"},{"v":892.2399999999999,"d":"892.24000"},{"v":1226.83,"d":"1,226.83000"},{"v":1561.42,"d":"1,561.42000"},{"v":2007.54,"d":"2,007.54000"},{"v":2453.66,"d":"2,453.66000"},{"v":2007.54,"d":"2,007.54000"},0,0]
[null,null,{"$error":"#REF!"},{"$error":"#REF!"},{"$error":"#REF!"},{"$error":"#REF!"},null,{"v":0,"d":"0.00%"},{"v":0,"d":"0.00%"},{"v":0,"d":"0.00%"},{"v":0,"d":"0.00%"},{"v":0,"d":"0.00%"},{"v":0,"d":"0.00%"},{"v":0.039999999999999994,"d":"4.00%"},{"v":0.05,"d":"5.00%"},{"v":0.07999999999999999,"d":"8.00%"},{"v":0.11,"d":"11.00%"},{"v":0.14,"d":"14.00%"},{"v":0.18,"d":"18.00%"},{"v":0.22,"d":"22.00%"},{"v":0.18,"d":"18.00%"},{"v":0,"d":"0.00%"},{"v":0,"d":"0.00%"}]
[null,null,{"$error":"#REF!"},{"$error":"#REF!"},{"$error":"#REF!"},{"$error":"#REF!"},{"$nulls":7},{"v":0.039999999999999994,"d":"4.00%"},{"v":0.05,"d":"5.00%"},{"v":0.07999999999999999,"d":"8.00%"},{"v":0.11,"d":"11.00%"},{"v":0.14,"d":"14.00%"},{"v":0.18,"d":"18.00%"},{"v":0.22,"d":"22.00%"},{"v":0.18,"d":"18.00%"}]
[null,191,"ENLUCIDO DE PAREDES INTERIORES","m2",{"v":900,"d":"900.00000"},{"v":8.61,"d":"$ 8.61000"},{"v":7748.999999999999,"d":"$ 7,749.00000"},0,0,0,0,0,0,{"v":309.9599999999999,"d":"309.96000"},{"v":387.45,"d":"387.45000"},{"v":619.9199999999998,"d":"619.92000"},{"v":852.3899999999999,"d":"852.39000"},{"v":1084.86,"d":"1,084.86000"},{"v":1394.8199999999997,"d":"1,394.82000"},{"v":1704.7799999999997,"d":"1,704.78000"},{"v":1394.8199999999997,"d":"1,394.82000"},0,0]
[null,null,{"$error":"#REF!"},{"$error":"#REF!"},{"$error":"#REF!"},{"$error":"#REF!"},null,{"v":0,"d":"0.00%"},{"v":0,"d":"0.00%"},{"v":0,"d":"0.00%"},{"v":0,"d":"0.00%"},{"v":0,"d":"0.00%"},{"v":0,"d":"0.00%"},{"v":0.039999999999999994,"d":"4.00%"},{"v":0.05,"d":"5.00%"},{"v":0.07999999999999999,"d":"8.00%"},{"v":0.11,"d":"11.00%"},{"v":0.14,"d":"14.00%"},{"v":0.18,"d":"18.00%"},{"v":0.22,"d":"22.00%"},{"v":0.18,"d":"18.00%"},{"v":0,"d":"0.00%"},{"v":0,"d":"0.00%"}]
[null,null,{"$error":"#REF!"},{"$error":"#REF!"},{"$error":"#REF!"},{"$error":"#REF!"},{"$nulls":7},{"v":0.039999999999999994,"d":"4.00%"},{"v":0.05,"d":"5.00%"},{"v":0.07999999999999999,"d":"8.00%"},{"v":0.11,"d":"11.00%"},{"v":0.14,"d":"14.00%"},{"v":0.18,"d":"18.00%"},{"v":0.22,"d":"22.00%"},{"v":0.18,"d":"18.00%"}]
[null,192,"ENLUCIDO DE FILOS","m",{"v":650,"d":"650.00000"},{"v":4.04,"d":"$ 4.04000"},{"v":2626,"d":"$ 2,626.00000"},0,0,0,0,0,0,{"v":105.03999999999998,"d":"105.04000"},{"v":131.3,"d":"131.30000"},{"v":210.07999999999996,"d":"210.08000"},{"v":288.86,"d":"288.86000"},{"v":367.64000000000004,"d":"367.64000"},{"v":472.68,"d":"472.68000"},{"v":577.72,"d":"577.72000"},{"v":472.68,"d":"472.68000"},0,0]
[null,null,{"$error":"#REF!"},{"$error":"#REF!"},{"$error":"#REF!"},{"$error":"#REF!"},null,{"v":0,"d":"0.00%"},{"v":0,"d":"0.00%"},{"v":0,"d":"0.00%"},{"v":0,"d":"0.00%"},{"v":0,"d":"0.00%"},{"v":0,"d":"0.00%"},{"v":0.039999999999999994,"d":"4.00%"},{"v":0.05,"d":"5.00%"},{"v":0.07999999999999999,"d":"8.00%"},{"v":0.11,"d":"11.00%"},{"v":0.14,"d":"14.00%"},{"v":0.18,"d":"18.00%"},{"v":0.22,"d":"22.00%"},{"v":0.18,"d":"18.00%"},{"v":0,"d":"0.00%"},{"v":0,"d":"0.00%"}]
[null,null,{"$error":"#REF!"},{"$error":"#REF!"},{"$error":"#REF!"},{"$error":"#REF!"},{"$nulls":7},{"v":0.039999999999999994,"d":"4.00%"},{"v":0.05,"d":"5.00%"},{"v":0.07999999999999999,"d":"8.00%"},{"v":0.11,"d":"11.00%"},{"v":0.14,"d":"14.00%"},{"v":0.18,"d":"18.00%"},{"v":0.22,"d":"22.00%"},{"v":0.18,"d":"18.00%"}]
[null,193,"PILARETES Y VIGUETAS 12x9cm","m",{"v":150,"d":"150.00000"},{"v":48.64,"d":"$ 48.64000"},{"v":7296,"d":"$ 7,296.00000"},0,0,0,0,0,0,{"v":291.84,"d":"291.84000"},{"v":364.8,"d":"364.80000"},{"v":583.68,"d":"583.68000"},{"v":802.5600000000001,"d":"802.56000"},{"v":1021.44,"d":"1,021.44000"},{"v":1313.28,"d":"1,313.28000"},{"v":1605.1200000000001,"d":"1,605.12000"},{"v":1313.28,"d":"1,313.28000"},0,0]
[null,null,{"$error":"#REF!"},{"$error":"#REF!"},{"$error":"#REF!"},{"$error":"#REF!"},null,{"v":0,"d":"0.00%"},{"v":0,"d":"0.00%"},{"v":0,"d":"0.00%"},{"v":0,"d":"0.00%"},{"v":0,"d":"0.00%"},{"v":0,"d":"0.00%"},{"v":0.039999999999999994,"d":"4.00%"},{"v":0.05,"d":"5.00%"},{"v":0.07999999999999999,"d":"8.00%"},{"v":0.11,"d":"11.00%"},{"v":0.14,"d":"14.00%"},{"v":0.18,"d":"18.00%"},{"v":0.22,"d":"22.00%"},{"v":0.18,"d":"18.00%"},{"v":0,"d":"0.00%"},{"v":0,"d":"0.00%"}]
[null,null,{"$error":"#REF!"},{"$error":"#REF!"},{"$error":"#REF!"},{"$error":"#REF!"},{"$nulls":7},{"v":0.039999999999999994,"d":"4.00%"},{"v":0.05,"d":"5.00%"},{"v":0.07999999999999999,"d":"8.00%"},{"v":0.11,"d":"11.00%"},{"v":0.14,"d":"14.00%"},{"v":0.18,"d":"18.00%"},{"v":0.22,"d":"22.00%"},{"v":0.18,"d":"18.00%"}]
[null,194,"CUADRADA DE BOQUETES","m",{"v":125,"d":"125.00000"},{"v":6.03,"d":"$ 6.03000"},{"v":753.75,"d":"$ 753.75000"},0,0,0,0,0,0,{"v":30.149999999999995,"d":"30.15000"},{"v":37.6875,"d":"37.68750"},{"v":60.29999999999999,"d":"60.30000"},{"v":82.9125,"d":"82.91250"},{"v":105.525,"d":"105.52500"},{"v":135.67499999999998,"d":"135.67500"},{"v":165.825,"d":"165.82500"},{"v":135.67499999999998,"d":"135.67500"},0,0]
[null,null,{"$error":"#REF!"},{"$error":"#REF!"},{"$error":"#REF!"},{"$error":"#REF!"},null,{"v":0,"d":"0.00%"},{"v":0,"d":"0.00%"},{"v":0,"d":"0.00%"},{"v":0,"d":"0.00%"},{"v":0,"d":"0.00%"},{"v":0,"d":"0.00%"},{"v":0.039999999999999994,"d":"4.00%"},{"v":0.05,"d":"5.00%"},{"v":0.07999999999999999,"d":"8.00%"},{"v":0.11,"d":"11.00%"},{"v":0.14,"d":"14.00%"},{"v":0.18,"d":"18.00%"},{"v":0.22,"d":"22.00%"},{"v":0.18,"d":"18.00%"},{"v":0,"d":"0.00%"},{"v":0,"d":"0.00%"}]
[null,null,{"$error":"#REF!"},{"$error":"#REF!"},{"$error":"#REF!"},{"$error":"#REF!"},{"$nulls":7},{"v":0.039999999999999994,"d":"4.00%"},{"v":0.05,"d":"5.00%"},{"v":0.07999999999999999,"d":"8.00%"},{"v":0.11,"d":"11.00%"},{"v":0.14,"d":"14.00%"},{"v":0.18,"d":"18.00%"},{"v":0.22,"d":"22.00%"},{"v":0.18,"d":"18.00%"}]
[null,195,"PINTURA EXTERIOR","m2",{"v":925,"d":"925.00000"},{"v":8.68,"d":"$ 8.68000"},{"v":8029,"d":"$ 8,029.00000"},0,0,0,0,0,0,{"v":321.15999999999997,"d":"321.16000"},{"v":401.45000000000005,"d":"401.45000"},{"v":642.3199999999999,"d":"642.32000"},{"v":883.19,"d":"883.19000"},{"v":1124.0600000000002,"d":"1,124.06000"},{"v":1445.22,"d":"1,445.22000"},{"v":1766.38,"d":"1,766.38000"},{"v":1445.22,"d":"1,445.22000"},0,0]
[null,null,{"$error":"#REF!"},{"$error":"#REF!"},{"$error":"#REF!"},{"$error":"#REF!"},null,{"v":0,"d":"0.00%"},{"v":0,"d":"0.00%"},{"v":0,"d":"0.00%"},{"v":0,"d":"0.00%"},{"v":0,"d":"0.00%"},{"v":0,"d":"0.00%"},{"v":0.039999999999999994,"d":"4.00%"},{"v":0.05,"d":"5.00%"},{"v":0.07999999999999999,"d":"8.00%"},{"v":0.11,"d":"11.00%"},{"v":0.14,"d":"14.00%"},{"v":0.18,"d":"18.00%"},{"v":0.22,"d":"22.00%"},{"v":0.18,"d":"18.00%"},{"v":0,"d":"0.00%"},{"v":0,"d":"0.00%"}]
[null,null,{"$error":"#REF!"},{"$error":"#REF!"},{"$error":"#REF!"},{"$error":"#REF!"},{"$nulls":7},{"v":0.039999999999999994,"d":"4.00%"},{"v":0.05,"d":"5.00%"},{"v":0.07999999999999999,"d":"8.00%"},{"v":0.11,"d":"11.00%"},{"v":0.14,"d":"14.00%"},{"v":0.18,"d":"18.00%"},{"v":0.22,"d":"22.00%"},{"v":0.18,"d":"18.00%"}]
[null,196,"PINTURA INTERIOR","m2",{"v":930,"d":"930.00000"},{"v":8.19,"d":"$ 8.19000"},{"v":7616.7,"d":"$ 7,616.70000"},0,0,0,0,0,0,{"v":304.66799999999995,"d":"304.66800"},{"v":380.83500000000004,"d":"380.83500"},{"v":609.3359999999999,"d":"609.33600"},{"v":837.837,"d":"837.83700"},{"v":1066.338,"d":"1,066.33800"},{"v":1371.0059999999999,"d":"1,371.00600"},{"v":1675.674,"d":"1,675.67400"},{"v":1371.0059999999999,"d":"1,371.00600"},0,0]
[null,null,{"$error":"#REF!"},{"$error":"#REF!"},{"$error":"#REF!"},{"$error":"#REF!"},null,{"v":0,"d":"0.00%"},{"v":0,"d":"0.00%"},{"v":0,"d":"0.00%"},{"v":0,"d":"0.00%"},{"v":0,"d":"0.00%"},{"v":0,"d":"0.00%"},{"v":0.039999999999999994,"d":"4.00%"},{"v":0.05,"d":"5.00%"},{"v":0.07999999999999999,"d":"8.00%"},{"v":0.11,"d":"11.00%"},{"v":0.14,"d":"14.00%"},{"v":0.18,"d":"18.00%"},{"v":0.22,"d":"22.00%"},{"v":0.18,"d":"18.00%"},{"v":0,"d":"0.00%"},{"v":0,"d":"0.00%"}]
[null,null,{"$error":"#REF!"},{"$error":"#REF!"},{"$error":"#REF!"},{"$error":"#REF!"},{"$nulls":7},{"v":0.039999999999999994,"d":"4.00%"},{"v":0.05,"d":"5.00%"},{"v":0.07999999999999999,"d":"8.00%"},{"v":0.11,"d":"11.00%"},{"v":0.14,"d":"14.00%"},{"v":0.18,"d":"18.00%"},{"v":0.22,"d":"22.00%"},{"v":0.18,"d":"18.00%"}]
[null,197,"SUMINISTRO E INSTALACION DE MADERA ALISTONADA EN PARED","m2",{"v":230,"d":"230.00000"},{"v":58.62,"d":"$ 58.62000"},{"v":13482.599999999999,"d":"$ 13,482.60000"},0,0,0,0,0,0,{"v":539.3039999999999,"d":"539.30400"},{"v":674.13,"d":"674.13000"},{"v":1078.6079999999997,"d":"1,078.60800"},{"v":1483.0859999999998,"d":"1,483.08600"},{"v":1887.564,"d":"1,887.56400"},{"v":2426.8679999999995,"d":"2,426.86800"},{"v":2966.1719999999996,"d":"2,966.17200"},{"v":2426.8679999999995,"d":"2,426.86800"},0,0]
[null,null,{"$error":"#REF!"},{"$error":"#REF!"},{"$error":"#REF!"},{"$error":"#REF!"},null,{"v":0,"d":"0.00%"},{"v":0,"d":"0.00%"},{"v":0,"d":"0.00%"},{"v":0,"d":"0.00%"},{"v":0,"d":"0.00%"},{"v":0,"d":"0.00%"},{"v":0.039999999999999994,"d":"4.00%"},{"v":0.05,"d":"5.00%"},{"v":0.07999999999999999,"d":"8.00%"},{"v":0.11,"d":"11.00%"},{"v":0.14,"d":"14.00%"},{"v":0.18,"d":"18.00%"},{"v":0.22,"d":"22.00%"},{"v":0.18,"d":"18.00%"},{"v":0,"d":"0.00%"},{"v":0,"d":"0.00%"}]
[null,null,{"$error":"#REF!"},{"$error":"#REF!"},{"$error":"#REF!"},{"$error":"#REF!"},{"$nulls":7},{"v":0.039999999999999994,"d":"4.00%"},{"v":0.05,"d":"5.00%"},{"v":0.07999999999999999,"d":"8.00%"},{"v":0.11,"d":"11.00%"},{"v":0.14,"d":"14.00%"},{"v":0.18,"d":"18.00%"},{"v":0.22,"d":"22.00%"},{"v":0.18,"d":"18.00%"}]
[null,198,"PORCELANATO 30x60cm","m2",{"v":255,"d":"255.00000"},{"v":42.17,"d":"$ 42.17000"},{"v":10753.35,"d":"$ 10,753.35000"},0,0,0,0,0,0,{"v":430.13399999999996,"d":"430.13400"},{"v":537.6675,"d":"537.66750"},{"v":860.2679999999999,"d":"860.26800"},{"v":1182.8685,"d":"1,182.86850"},{"v":1505.4690000000003,"d":"1,505.46900"},{"v":1935.603,"d":"1,935.60300"},{"v":2365.737,"d":"2,365.73700"},{"v":1935.603,"d":"1,935.60300"},0,0]
[null,null,{"$error":"#REF!"},{"$error":"#REF!"},{"$error":"#REF!"},{"$error":"#REF!"},null,{"v":0,"d":"0.00%"},{"v":0,"d":"0.00%"},{"v":0,"d":"0.00%"},{"v":0,"d":"0.00%"},{"v":0,"d":"0.00%"},{"v":0,"d":"0.00%"},{"v":0.039999999999999994,"d":"4.00%"},{"v":0.05,"d":"5.00%"},{"v":0.07999999999999999,"d":"8.00%"},{"v":0.11,"d":"11.00%"},{"v":0.14,"d":"14.00%"},{"v":0.18,"d":"18.00%"},{"v":0.22,"d":"22.00%"},{"v":0.18,"d":"18.00%"},{"v":0,"d":"0.00%"},{"v":0,"d":"0.00%"}]
[null,null,{"$error":"#REF!"},{"$error":"#REF!"},{"$error":"#REF!"},{"$error":"#REF!"},{"$nulls":7},{"v":0.039999999999999994,"d":"4.00%"},{"v":0.05,"d":"5.00%"},{"v":0.07999999999999999,"d":"8.00%"},{"v":0.11,"d":"11.00%"},{"v":0.14,"d":"14.00%"},{"v":0.18,"d":"18.00%"},{"v":0.22,"d":"22.00%"},{"v":0.18,"d":"18.00%"}]
[null,199,"SUMINISTRO E INSTALACION DE TUMBADO DE PVC MADERADO LAMINADO 8mm","m2",{"v":523.18,"d":"523.18000"},{"v":38.84,"d":"$ 38.84000"},{"v":20320.3112,"d":"$ 20,320.31120"},0,0,0,0,0,0,0,0,0,0,0,0,0,{"v":20320.3112,"d":"20,320.31120"},0,0]
[null,null,{"$error":"#REF!"},{"$error":"#REF!"},{"$error":"#REF!"},{"$error":"#REF!"},null,{"v":0,"d":"0.00%"},{"v":0,"d":"0.00%"},{"v":0,"d":"0.00%"},{"v":0,"d":"0.00%"},{"v":0,"d":"0.00%"},{"v":0,"d":"0.00%"},{"v":0,"d":"0.00%"},{"v":0,"d":"0.00%"},{"v":0,"d":"0.00%"},{"v":0,"d":"0.00%"},{"v":0,"d":"0.00%"},{"v":0,"d":"0.00%"},{"v":0,"d":"0.00%"},{"v":1,"d":"100.00%"},{"v":0,"d":"0.00%"},{"v":0,"d":"0.00%"}]
[null,null,{"$error":"#REF!"},{"$error":"#REF!"},{"$error":"#REF!"},{"$error":"#REF!"},{"$nulls":14},{"v":1,"d":"100.00%"}]
[null,200,"LAVAMANOS DE EMPOTRAR CON GRIFERIA DE CIERRE AUTOMATICO (INCLUYE ACCESORIOS)","u",{"v":14,"d":"14.00000"},{"v":194.44,"d":"$ 194.44000"},{"v":2722.16,"d":"$ 2,722.16000"},0,0,0,0,0,0,0,0,{"v":272.216,"d":"272.21600"},{"v":408.32399999999996,"d":"408.32400"},{"v":816.6479999999999,"d":"816.64800"},{"v":1224.972,"d":"1,224.97200"},0,0,0,0]
[null,null,{"$error":"#REF!"},{"$error":"#REF!"},{"$error":"#REF!"},{"$error":"#REF!"},null,{"v":0,"d":"0.00%"},{"v":0,"d":"0.00%"},{"v":0,"d":"0.00%"},{"v":0,"d":"0.00%"},{"v":0,"d":"0.00%"},{"v":0,"d":"0.00%"},{"v":0,"d":"0.00%"},{"v":0,"d":"0.00%"},{"v":0.1,"d":"10.00%"},{"v":0.15,"d":"15.00%"},{"v":0.3,"d":"30.00%"},{"v":0.45,"d":"45.00%"},{"v":0,"d":"0.00%"},{"v":0,"d":"0.00%"},{"v":0,"d":"0.00%"},{"v":0,"d":"0.00%"}]
[null,null,{"$error":"#REF!"},{"$error":"#REF!"},{"$error":"#REF!"},{"$error":"#REF!"},{"$nulls":9},{"v":0.1,"d":"10.00%"},{"v":0.15,"d":"15.00%"},{"v":0.3,"d":"30.00%"},{"v":0.45,"d":"45.00%"}]
[null,201,"LAVACOPA DE EMPOTRAR 60x42cm","u",{"v":8,"d":"8.00000"},{"v":234.72,"d":"$ 234.72000"},{"v":1877.76,"d":"$ 1,877.76000"},0,0,0,0,0,0,0,0,{"v":187.776,"d":"187.77600"},{"v":281.664,"d":"281.66400"},{"v":563.328,"d":"563.32800"},{"v":844.992,"d":"844.99200"},0,0,0,0]
[null,null,{"$error":"#REF!"},{"$error":"#REF!"},{"$error":"#REF!"},{"$error":"#REF!"},null,{"v":0,"d":"0.00%"},{"v":0,"d":"0.00%"},{"v":0,"d":"0.00%"},{"v":0,"d":"0.00%"},{"v":0,"d":"0.00%"},{"v":0,"d":"0.00%"},{"v":0,"d":"0.00%"},{"v":0,"d":"0.00%"},{"v":0.1,"d":"10.00%"},{"v":0.15,"d":"15.00%"},{"v":0.3,"d":"30.00%"},{"v":0.45,"d":"45.00%"},{"v":0,"d":"0.00%"},{"v":0,"d":"0.00%"},{"v":0,"d":"0.00%"},{"v":0,"d":"0.00%"}]
[null,null,{"$error":"#REF!"},{"$error":"#REF!"},{"$error":"#REF!"},{"$error":"#REF!"},{"$nulls":9},{"v":0.1,"d":"10.00%"},{"v":0.15,"d":"15.00%"},{"v":0.3,"d":"30.00%"},{"v":0.45,"d":"45.00%"}]
[null,202,"INODOROS CON FLUXOMETRO (INCLUYE ACCESORIOS)","u",{"v":8,"d":"8.00000"},{"v":402.63,"d":"$ 402.63000"},{"v":3221.04,"d":"$ 3,221.04000"},0,0,0,0,0,0,0,0,{"v":322.10400000000004,"d":"322.10400"},{"v":483.15599999999995,"d":"483.15600"},{"v":966.3119999999999,"d":"966.31200"},{"v":1449.468,"d":"1,449.46800"},0,0,0,0]
[null,null,{"$error":"#REF!"},{"$error":"#REF!"},{"$error":"#REF!"},{"$error":"#REF!"},null,{"v":0,"d":"0.00%"},{"v":0,"d":"0.00%"},{"v":0,"d":"0.00%"},{"v":0,"d":"0.00%"},{"v":0,"d":"0.00%"},{"v":0,"d":"0.00%"},{"v":0,"d":"0.00%"},{"v":0,"d":"0.00%"},{"v":0.1,"d":"10.00%"},{"v":0.15,"d":"15.00%"},{"v":0.3,"d":"30.00%"},{"v":0.45,"d":"45.00%"},{"v":0,"d":"0.00%"},{"v":0,"d":"0.00%"},{"v":0,"d":"0.00%"},{"v":0,"d":"0.00%"}]
[null,null,{"$error":"#REF!"},{"$error":"#REF!"},{"$error":"#REF!"},{"$error":"#REF!"},{"$nulls":9},{"v":0.1,"d":"10.00%"},{"v":0.15,"d":"15.00%"},{"v":0.3,"d":"30.00%"},{"v":0.45,"d":"45.00%"}]
[null,203,"INODORO PARA DISCAPACITADOS (INCLUYE ACCESORIOS)","u",{"v":4,"d":"4.00000"},{"v":498.6,"d":"$ 498.60000"},{"v":1994.4,"d":"$ 1,994.40000"},0,0,0,0,0,0,0,0,{"v":199.44000000000003,"d":"199.44000"},{"v":299.16,"d":"299.16000"},{"v":598.32,"d":"598.32000"},{"v":897.48,"d":"897.48000"},0,0,0,0]
[null,null,{"$error":"#REF!"},{"$error":"#REF!"},{"$error":"#REF!"},{"$error":"#REF!"},null,{"v":0,"d":"0.00%"},{"v":0,"d":"0.00%"},{"v":0,"d":"0.00%"},{"v":0,"d":"0.00%"},{"v":0,"d":"0.00%"},{"v":0,"d":"0.00%"},{"v":0,"d":"0.00%"},{"v":0,"d":"0.00%"},{"v":0.1,"d":"10.00%"},{"v":0.15,"d":"15.00%"},{"v":0.3,"d":"30.00%"},{"v":0.45,"d":"45.00%"},{"v":0,"d":"0.00%"},{"v":0,"d":"0.00%"},{"v":0,"d":"0.00%"},{"v":0,"d":"0.00%"}]
[null,null,{"$error":"#REF!"},{"$error":"#REF!"},{"$error":"#REF!"},{"$error":"#REF!"},{"$nulls":9},{"v":0.1,"d":"10.00%"},{"v":0.15,"d":"15.00%"},{"v":0.3,"d":"30.00%"},{"v":0.45,"d":"45.00%"}]
[null,204,"URINARIO CON FLUXOMETRO (INCLUYE ACCESORIOS)","u",{"v":6,"d":"6.00000"},{"v":335.87,"d":"$ 335.87000"},{"v":2015.22,"d":"$ 2,015.22000"},0,0,0,0,0,0,0,0,{"v":201.52200000000002,"d":"201.52200"},{"v":302.283,"d":"302.28300"},{"v":604.566,"d":"604.56600"},{"v":906.849,"d":"906.84900"},0,0,0,0]
[null,null,{"$error":"#REF!"},{"$error":"#REF!"},{"$error":"#REF!"},{"$error":"#REF!"},null,{"v":0,"d":"0.00%"},{"v":0,"d":"0.00%"},{"v":0,"d":"0.00%"},{"v":0,"d":"0.00%"},{"v":0,"d":"0.00%"},{"v":0,"d":"0.00%"},{"v":0,"d":"0.00%"},{"v":0,"d":"0.00%"},{"v":0.1,"d":"10.00%"},{"v":0.15,"d":"15.00%"},{"v":0.3,"d":"30.00%"},{"v":0.45,"d":"45.00%"},{"v":0,"d":"0.00%"},{"v":0,"d":"0.00%"},{"v":0,"d":"0.00%"},{"v":0,"d":"0.00%"}]
[null,null,{"$error":"#REF!"},{"$error":"#REF!"},{"$error":"#REF!"},{"$error":"#REF!"},{"$nulls":9},{"v":0.1,"d":"10.00%"},{"v":0.15,"d":"15.00%"},{"v":0.3,"d":"30.00%"},{"v":0.45,"d":"45.00%"}]
[null,205,"SUMINISTRO E INSTALACION DE DISPENSADOR DE JABON LIQUIDO","u",{"v":12,"d":"12.00000"},{"v":74.39,"d":"$ 74.39000"},{"v":892.6800000000001,"d":"$ 892.68000"},0,0,0,0,0,0,0,0,{"v":89.26800000000001,"d":"89.26800"},{"v":133.90200000000002,"d":"133.90200"},{"v":267.80400000000003,"d":"267.80400"},{"v":401.706,"d":"401.70600"},0,0,0,0]
[null,null,{"$error":"#REF!"},{"$error":"#REF!"},{"$error":"#REF!"},{"$error":"#REF!"},null,{"v":0,"d":"0.00%"},{"v":0,"d":"0.00%"},{"v":0,"d":"0.00%"},{"v":0,"d":"0.00%"},{"v":0,"d":"0.00%"},{"v":0,"d":"0.00%"},{"v":0,"d":"0.00%"},{"v":0,"d":"0.00%"},{"v":0.1,"d":"10.00%"},{"v":0.15,"d":"15.00%"},{"v":0.3,"d":"30.00%"},{"v":0.45,"d":"45.00%"},{"v":0,"d":"0.00%"},{"v":0,"d":"0.00%"},{"v":0,"d":"0.00%"},{"v":0,"d":"0.00%"}]
[null,null,{"$error":"#REF!"},{"$error":"#REF!"},{"$error":"#REF!"},{"$error":"#REF!"},{"$nulls":9},{"v":0.1,"d":"10.00%"},{"v":0.15,"d":"15.00%"},{"v":0.3,"d":"30.00%"},{"v":0.45,"d":"45.00%"}]
[null,206,"SUMINISTRO E INSTALACION DE DISPENSADOR DE PAPEL","u",{"v":16,"d":"16.00000"},{"v":82.32,"d":"$ 82.32000"},{"v":1317.12,"d":"$ 1,317.12000"},0,0,0,0,0,0,0,0,{"v":131.712,"d":"131.71200"},{"v":197.56799999999998,"d":"197.56800"},{"v":395.13599999999997,"d":"395.13600"},{"v":592.704,"d":"592.70400"},0,0,0,0]
[null,null,{"$error":"#REF!"},{"$error":"#REF!"},{"$error":"#REF!"},{"$error":"#REF!"},null,{"v":0,"d":"0.00%"},{"v":0,"d":"0.00%"},{"v":0,"d":"0.00%"},{"v":0,"d":"0.00%"},{"v":0,"d":"0.00%"},{"v":0,"d":"0.00%"},{"v":0,"d":"0.00%"},{"v":0,"d":"0.00%"},{"v":0.1,"d":"10.00%"},{"v":0.15,"d":"15.00%"},{"v":0.3,"d":"30.00%"},{"v":0.45,"d":"45.00%"},{"v":0,"d":"0.00%"},{"v":0,"d":"0.00%"},{"v":0,"d":"0.00%"},{"v":0,"d":"0.00%"}]
[null,null,{"$error":"#REF!"},{"$error":"#REF!"},{"$error":"#REF!"},{"$error":"#REF!"},{"$nulls":9},{"v":0.1,"d":"10.00%"},{"v":0.15,"d":"15.00%"},{"v":0.3,"d":"30.00%"},{"v":0.45,"d":"45.00%"}]
[null,207,"SUMINISTRO E INSTALACION DE ESPEJOS","m2",{"v":2.9,"d":"2.90000"},{"v":76.35,"d":"$ 76.35000"},{"v":221.41499999999996,"d":"$ 221.41500"},0,0,0,0,0,0,0,0,{"v":22.141499999999997,"d":"22.14150"},{"v":33.21224999999999,"d":"33.21225"},{"v":66.42449999999998,"d":"66.42450"},{"v":99.63674999999999,"d":"99.63675"},0,0,0,0]
[null,null,{"$error":"#REF!"},{"$error":"#REF!"},{"$error":"#REF!"},{"$error":"#REF!"},null,{"v":0,"d":"0.00%"},{"v":0,"d":"0.00%"},{"v":0,"d":"0.00%"},{"v":0,"d":"0.00%"},{"v":0,"d":"0.00%"},{"v":0,"d":"0.00%"},{"v":0,"d":"0.00%"},{"v":0,"d":"0.00%"},{"v":0.1,"d":"10.00%"},{"v":0.15,"d":"15.00%"},{"v":0.3,"d":"30.00%"},{"v":0.45,"d":"45.00%"},{"v":0,"d":"0.00%"},{"v":0,"d":"0.00%"},{"v":0,"d":"0.00%"},{"v":0,"d":"0.00%"}]
[null,null,{"$error":"#REF!"},{"$error":"#REF!"},{"$error":"#REF!"},{"$error":"#REF!"},{"$nulls":9},{"v":0.1,"d":"10.00%"},{"v":0.15,"d":"15.00%"},{"v":0.3,"d":"30.00%"},{"v":0.45,"d":"45.00%"}]
[null,208,"SUMINISTRO E INSTALACION DE SECADORA DE AIRE","u",{"v":8,"d":"8.00000"},{"v":91.33,"d":"$ 91.33000"},{"v":730.64,"d":"$ 730.64000"},0,0,0,0,0,0,0,0,{"v":73.06400000000001,"d":"73.06400"},{"v":109.59599999999999,"d":"109.59600"},{"v":219.19199999999998,"d":"219.19200"},{"v":328.788,"d":"328.78800"},0,0,0,0]
[null,null,{"$error":"#REF!"},{"$error":"#REF!"},{"$error":"#REF!"},{"$error":"#REF!"},null,{"v":0,"d":"0.00%"},{"v":0,"d":"0.00%"},{"v":0,"d":"0.00%"},{"v":0,"d":"0.00%"},{"v":0,"d":"0.00%"},{"v":0,"d":"0.00%"},{"v":0,"d":"0.00%"},{"v":0,"d":"0.00%"},{"v":0.1,"d":"10.00%"},{"v":0.15,"d":"15.00%"},{"v":0.3,"d":"30.00%"},{"v":0.45,"d":"45.00%"},{"v":0,"d":"0.00%"},{"v":0,"d":"0.00%"},{"v":0,"d":"0.00%"},{"v":0,"d":"0.00%"}]
[null,null,{"$error":"#REF!"},{"$error":"#REF!"},{"$error":"#REF!"},{"$error":"#REF!"},{"$nulls":9},{"v":0.1,"d":"10.00%"},{"v":0.15,"d":"15.00%"},{"v":0.3,"d":"30.00%"},{"v":0.45,"d":"45.00%"}]
[null,209,"REVESTIMIENTO DE MESONES CON PLANCHA DE GRANITO, INCLUYE RUDON, FALDON Y SALPICADERA","m2",{"v":32.5,"d":"32.50000"},{"v":218.71,"d":"$ 218.71000"},{"v":7108.075,"d":"$ 7,108.07500"},0,0,0,0,0,0,0,0,{"v":710.8075,"d":"710.80750"},{"v":1066.2112499999998,"d":"1,066.21125"},{"v":2132.4224999999997,"d":"2,132.42250"},{"v":3198.63375,"d":"3,198.63375"},0,0,0,0]
[null,null,{"$error":"#REF!"},{"$error":"#REF!"},{"$error":"#REF!"},{"$error":"#REF!"},null,{"v":0,"d":"0.00%"},{"v":0,"d":"0.00%"},{"v":0,"d":"0.00%"},{"v":0,"d":"0.00%"},{"v":0,"d":"0.00%"},{"v":0,"d":"0.00%"},{"v":0,"d":"0.00%"},{"v":0,"d":"0.00%"},{"v":0.1,"d":"10.00%"},{"v":0.15,"d":"15.00%"},{"v":0.3,"d":"30.00%"},{"v":0.45,"d":"45.00%"},{"v":0,"d":"0.00%"},{"v":0,"d":"0.00%"},{"v":0,"d":"0.00%"},{"v":0,"d":"0.00%"}]
[null,null,{"$error":"#REF!"},{"$error":"#REF!"},{"$error":"#REF!"},{"$error":"#REF!"},{"$nulls":9},{"v":0.1,"d":"10.00%"},{"v":0.15,"d":"15.00%"},{"v":0.3,"d":"30.00%"},{"v":0.45,"d":"45.00%"}]
[null,210,"HORMIGON ARMADO MESONES A= 0.40m; E= 0.07m","m",{"v":95,"d":"95.00000"},{"v":48.24,"d":"$ 48.24000"},{"v":4582.8,"d":"$ 4,582.80000"},0,0,0,0,0,0,0,0,{"v":458.28000000000003,"d":"458.28000"},{"v":687.42,"d":"687.42000"},{"v":1374.84,"d":"1,374.84000"},{"v":2062.26,"d":"2,062.26000"},0,0,0,0]
[null,null,{"$error":"#REF!"},{"$error":"#REF!"},{"$error":"#REF!"},{"$error":"#REF!"},null,{"v":0,"d":"0.00%"},{"v":0,"d":"0.00%"},{"v":0,"d":"0.00%"},{"v":0,"d":"0.00%"},{"v":0,"d":"0.00%"},{"v":0,"d":"0.00%"},{"v":0,"d":"0.00%"},{"v":0,"d":"0.00%"},{"v":0.1,"d":"10.00%"},{"v":0.15,"d":"15.00%"},{"v":0.3,"d":"30.00%"},{"v":0.45,"d":"45.00%"},{"v":0,"d":"0.00%"},{"v":0,"d":"0.00%"},{"v":0,"d":"0.00%"},{"v":0,"d":"0.00%"}]
[null,null,{"$error":"#REF!"},{"$error":"#REF!"},{"$error":"#REF!"},{"$error":"#REF!"},{"$nulls":9},{"v":0.1,"d":"10.00%"},{"v":0.15,"d":"15.00%"},{"v":0.3,"d":"30.00%"},{"v":0.45,"d":"45.00%"}]
[null,211,"SUMINISTRO E INSTALACION DE LOUVER METALICO ELIPTICO CON APARIENCIA MADERADA","m2",{"v":100,"d":"100.00000"},{"v":278.75,"d":"$ 278.75000"},{"v":27875,"d":"$ 27,875.00000"},0,0,0,0,0,0,0,0,{"v":2787.5,"d":"2,787.50000"},{"v":4181.25,"d":"4,181.25000"},{"v":8362.5,"d":"8,362.50000"},{"v":12543.75,"d":"12,543.75000"},0,0,0,0]
[null,null,{"$error":"#REF!"},{"$error":"#REF!"},{"$error":"#REF!"},{"$error":"#REF!"},null,{"v":0,"d":"0.00%"},{"v":0,"d":"0.00%"},{"v":0,"d":"0.00%"},{"v":0,"d":"0.00%"},{"v":0,"d":"0.00%"},{"v":0,"d":"0.00%"},{"v":0,"d":"0.00%"},{"v":0,"d":"0.00%"},{"v":0.1,"d":"10.00%"},{"v":0.15,"d":"15.00%"},{"v":0.3,"d":"30.00%"},{"v":0.45,"d":"45.00%"},{"v":0,"d":"0.00%"},{"v":0,"d":"0.00%"},{"v":0,"d":"0.00%"},{"v":0,"d":"0.00%"}]
[null,null,{"$error":"#REF!"},{"$error":"#REF!"},{"$error":"#REF!"},{"$error":"#REF!"},{"$nulls":9},{"v":0.1,"d":"10.00%"},{"v":0.15,"d":"15.00%"},{"v":0.3,"d":"30.00%"},{"v":0.45,"d":"45.00%"}]
[null,212,"VENTANAS DE ALUMINIO Y VIDRIO (VIDRIO 5mm)","m2",{"v":182,"d":"182.00000"},{"v":152.12,"d":"$ 152.12000"},{"v":27685.84,"d":"$ 27,685.84000"},0,0,0,0,0,0,0,0,{"v":2768.5840000000003,"d":"2,768.58400"},{"v":4152.876,"d":"4,152.87600"},{"v":8305.752,"d":"8,305.75200"},{"v":12458.628,"d":"12,458.62800"},0,0,0,0]
[null,null,{"$error":"#REF!"},{"$error":"#REF!"},{"$error":"#REF!"},{"$error":"#REF!"},null,{"v":0,"d":"0.00%"},{"v":0,"d":"0.00%"},{"v":0,"d":"0.00%"},{"v":0,"d":"0.00%"},{"v":0,"d":"0.00%"},{"v":0,"d":"0.00%"},{"v":0,"d":"0.00%"},{"v":0,"d":"0.00%"},{"v":0.1,"d":"10.00%"},{"v":0.15,"d":"15.00%"},{"v":0.3,"d":"30.00%"},{"v":0.45,"d":"45.00%"},{"v":0,"d":"0.00%"},{"v":0,"d":"0.00%"},{"v":0,"d":"0.00%"},{"v":0,"d":"0.00%"}]
[null,null,{"$error":"#REF!"},{"$error":"#REF!"},{"$error":"#REF!"},{"$error":"#REF!"},{"$nulls":9},{"v":0.1,"d":"10.00%"},{"v":0.15,"d":"15.00%"},{"v":0.3,"d":"30.00%"},{"v":0.45,"d":"45.00%"}]
[null,213,"PUERTA METALICA (0.80x2.10) m","u",{"v":4,"d":"4.00000"},{"v":494.39,"d":"$ 494.39000"},{"v":1977.56,"d":"$ 1,977.56000"},0,0,0,0,0,0,0,0,{"v":197.756,"d":"197.75600"},{"v":296.63399999999996,"d":"296.63400"},{"v":593.2679999999999,"d":"593.26800"},{"v":889.902,"d":"889.90200"},0,0,0,0]
[null,null,{"$error":"#REF!"},{"$error":"#REF!"},{"$error":"#REF!"},{"$error":"#REF!"},null,{"v":0,"d":"0.00%"},{"v":0,"d":"0.00%"},{"v":0,"d":"0.00%"},{"v":0,"d":"0.00%"},{"v":0,"d":"0.00%"},{"v":0,"d":"0.00%"},{"v":0,"d":"0.00%"},{"v":0,"d":"0.00%"},{"v":0.1,"d":"10.00%"},{"v":0.15,"d":"15.00%"},{"v":0.3,"d":"30.00%"},{"v":0.45,"d":"45.00%"},{"v":0,"d":"0.00%"},{"v":0,"d":"0.00%"},{"v":0,"d":"0.00%"},{"v":0,"d":"0.00%"}]
[null,null,{"$error":"#REF!"},{"$error":"#REF!"},{"$error":"#REF!"},{"$error":"#REF!"},{"$nulls":9},{"v":0.1,"d":"10.00%"},{"v":0.15,"d":"15.00%"},{"v":0.3,"d":"30.00%"},{"v":0.45,"d":"45.00%"}]
[null,214,"PUERTA DE ALUMINIO Y VIDRIO CLARO DE 6mm","m2",{"v":187.5,"d":"187.50000"},{"v":228.83,"d":"$ 228.83000"},{"v":42905.625,"d":"$ 42,905.62500"},0,0,0,0,0,0,0,0,{"v":4290.5625,"d":"4,290.56250"},{"v":6435.84375,"d":"6,435.84375"},{"v":12871.6875,"d":"12,871.68750"},{"v":19307.53125,"d":"19,307.53125"},0,0,0,0]
[null,null,{"$error":"#REF!"},{"$error":"#REF!"},{"$error":"#REF!"},{"$error":"#REF!"},null,{"v":0,"d":"0.00%"},{"v":0,"d":"0.00%"},{"v":0,"d":"0.00%"},{"v":0,"d":"0.00%"},{"v":0,"d":"0.00%"},{"v":0,"d":"0.00%"},{"v":0,"d":"0.00%"},{"v":0,"d":"0.00%"},{"v":0.1,"d":"10.00%"},{"v":0.15,"d":"15.00%"},{"v":0.3,"d":"30.00%"},{"v":0.45,"d":"45.00%"},{"v":0,"d":"0.00%"},{"v":0,"d":"0.00%"},{"v":0,"d":"0.00%"},{"v":0,"d":"0.00%"}]
[null,null,{"$error":"#REF!"},{"$error":"#REF!"},{"$error":"#REF!"},{"$error":"#REF!"},{"$nulls":9},{"v":0.1,"d":"10.00%"},{"v":0.15,"d":"15.00%"},{"v":0.3,"d":"30.00%"},{"v":0.45,"d":"45.00%"}]
[null,215,"DIVISION EN ACERO INOXIDABLE","m2",{"v":35,"d":"35.00000"},{"v":568.31,"d":"$ 568.31000"},{"v":19890.85,"d":"$ 19,890.85000"},0,0,0,0,0,0,0,0,{"v":1989.085,"d":"1,989.08500"},{"v":2983.6274999999996,"d":"2,983.62750"},{"v":5967.254999999999,"d":"5,967.25500"},{"v":8950.8825,"d":"8,950.88250"},0,0,0,0]
[null,null,{"$error":"#REF!"},{"$error":"#REF!"},{"$error":"#REF!"},{"$error":"#REF!"},null,{"v":0,"d":"0.00%"},{"v":0,"d":"0.00%"},{"v":0,"d":"0.00%"},{"v":0,"d":"0.00%"},{"v":0,"d":"0.00%"},{"v":0,"d":"0.00%"},{"v":0,"d":"0.00%"},{"v":0,"d":"0.00%"},{"v":0.1,"d":"10.00%"},{"v":0.15,"d":"15.00%"},{"v":0.3,"d":"30.00%"},{"v":0.45,"d":"45.00%"},{"v":0,"d":"0.00%"},{"v":0,"d":"0.00%"},{"v":0,"d":"0.00%"},{"v":0,"d":"0.00%"}]
[null,null,{"$error":"#REF!"},{"$error":"#REF!"},{"$error":"#REF!"},{"$error":"#REF!"},{"$nulls":9},{"v":0.1,"d":"10.00%"},{"v":0.15,"d":"15.00%"},{"v":0.3,"d":"30.00%"},{"v":0.45,"d":"45.00%"}]
[null,216,"PUERTA EN ACERO INOXIDABLE (0.80x1.50)m","u",{"v":4,"d":"4.00000"},{"v":795.76,"d":"$ 795.76000"},{"v":3183.04,"d":"$ 3,183.04000"},0,0,0,0,0,0,0,0,{"v":318.30400000000003,"d":"318.30400"},{"v":477.45599999999996,"d":"477.45600"},{"v":954.9119999999999,"d":"954.91200"},{"v":1432.368,"d":"1,432.36800"},0,0,0,0]
[null,null,{"$error":"#REF!"},{"$error":"#REF!"},{"$error":"#REF!"},{"$error":"#REF!"},null,{"v":0,"d":"0.00%"},{"v":0,"d":"0.00%"},{"v":0,"d":"0.00%"},{"v":0,"d":"0.00%"},{"v":0,"d":"0.00%"},{"v":0,"d":"0.00%"},{"v":0,"d":"0.00%"},{"v":0,"d":"0.00%"},{"v":0.1,"d":"10.00%"},{"v":0.15,"d":"15.00%"},{"v":0.3,"d":"30.00%"},{"v":0.45,"d":"45.00%"},{"v":0,"d":"0.00%"},{"v":0,"d":"0.00%"},{"v":0,"d":"0.00%"},{"v":0,"d":"0.00%"}]
[null,null,{"$error":"#REF!"},{"$error":"#REF!"},{"$error":"#REF!"},{"$error":"#REF!"},{"$nulls":9},{"v":0.1,"d":"10.00%"},{"v":0.15,"d":"15.00%"},{"v":0.3,"d":"30.00%"},{"v":0.45,"d":"45.00%"}]
[null,217,"PUERTA EN ACERO INOXIDABLE (0.60x1.50) m","u",{"v":8,"d":"8.00000"},{"v":610.93,"d":"$ 610.93000"},{"v":4887.44,"d":"$ 4,887.44000"},0,0,0,0,0,0,0,0,{"v":488.74399999999997,"d":"488.74400"},{"v":733.1159999999999,"d":"733.11600"},{"v":1466.2319999999997,"d":"1,466.23200"},{"v":2199.348,"d":"2,199.34800"},0,0,0,0]
[null,null,{"$error":"#REF!"},{"$error":"#REF!"},{"$error":"#REF!"},{"$error":"#REF!"},null,{"v":0,"d":"0.00%"},{"v":0,"d":"0.00%"},{"v":0,"d":"0.00%"},{"v":0,"d":"0.00%"},{"v":0,"d":"0.00%"},{"v":0,"d":"0.00%"},{"v":0,"d":"0.00%"},{"v":0,"d":"0.00%"},{"v":0.1,"d":"10.00%"},{"v":0.15,"d":"15.00%"},{"v":0.3,"d":"30.00%"},{"v":0.45,"d":"45.00%"},{"v":0,"d":"0.00%"},{"v":0,"d":"0.00%"},{"v":0,"d":"0.00%"},{"v":0,"d":"0.00%"}]
[null,null,{"$error":"#REF!"},{"$error":"#REF!"},{"$error":"#REF!"},{"$error":"#REF!"},{"$nulls":9},{"v":0.1,"d":"10.00%"},{"v":0.15,"d":"15.00%"},{"v":0.3,"d":"30.00%"},{"v":0.45,"d":"45.00%"}]
[null,218,"SUMINISTRO E INSTALACION DE BARANDA METALICA (INCLUYE PINTURA)","m",{"v":160,"d":"160.00000"},{"v":116.74,"d":"$ 116.74000"},{"v":18678.399999999998,"d":"$ 18,678.40000"},0,0,0,0,0,0,0,0,{"v":1867.84,"d":"1,867.84000"},{"v":2801.7599999999998,"d":"2,801.76000"},{"v":5603.5199999999995,"d":"5,603.52000"},{"v":8405.279999999999,"d":"8,405.28000"},0,0,0,0]
[null,null,{"$error":"#REF!"},{"$error":"#REF!"},{"$error":"#REF!"},{"$error":"#REF!"},null,{"v":0,"d":"0.00%"},{"v":0,"d":"0.00%"},{"v":0,"d":"0.00%"},{"v":0,"d":"0.00%"},{"v":0,"d":"0.00%"},{"v":0,"d":"0.00%"},{"v":0,"d":"0.00%"},{"v":0,"d":"0.00%"},{"v":0.1,"d":"10.00%"},{"v":0.15,"d":"15.00%"},{"v":0.3,"d":"30.00%"},{"v":0.45,"d":"45.00%"},{"v":0,"d":"0.00%"},{"v":0,"d":"0.00%"},{"v":0,"d":"0.00%"},{"v":0,"d":"0.00%"}]
[null,null,{"$error":"#REF!"},{"$error":"#REF!"},{"$error":"#REF!"},{"$error":"#REF!"},{"$nulls":9},{"v":0.1,"d":"10.00%"},{"v":0.15,"d":"15.00%"},{"v":0.3,"d":"30.00%"},{"v":0.45,"d":"45.00%"}]
[null,219,"LETRAS CORPOREAS AUTOILUMINADAS \"LA AURORA\" EN CENTRO COMERCIAL","u",{"v":1,"d":"1.00000"},{"v":3519.23,"d":"$ 3,519.23000"},{"v":3519.23,"d":"$ 3,519.23000"},0,0,0,0,0,0,0,0,{"v":351.923,"d":"351.92300"},{"v":527.8845,"d":"527.88450"},{"v":1055.769,"d":"1,055.76900"},{"v":1583.6535000000001,"d":"1,583.65350"},0,0,0,0]
[null,null,{"$error":"#REF!"},{"$error":"#REF!"},{"$error":"#REF!"},{"$error":"#REF!"},null,{"v":0,"d":"0.00%"},{"v":0,"d":"0.00%"},{"v":0,"d":"0.00%"},{"v":0,"d":"0.00%"},{"v":0,"d":"0.00%"},{"v":0,"d":"0.00%"},{"v":0,"d":"0.00%"},{"v":0,"d":"0.00%"},{"v":0.1,"d":"10.00%"},{"v":0.15,"d":"15.00%"},{"v":0.3,"d":"30.00%"},{"v":0.45,"d":"45.00%"},{"v":0,"d":"0.00%"},{"v":0,"d":"0.00%"},{"v":0,"d":"0.00%"},{"v":0,"d":"0.00%"}]
[null,null,{"$error":"#REF!"},{"$error":"#REF!"},{"$error":"#REF!"},{"$error":"#REF!"},{"$nulls":9},{"v":0.1,"d":"10.00%"},{"v":0.15,"d":"15.00%"},{"v":0.3,"d":"30.00%"},{"v":0.45,"d":"45.00%"}]
[null,220,"PUERTA DE MADERA (0.70x1.00) m","u",{"v":8,"d":"8.00000"},{"v":118.08,"d":"$ 118.08000"},{"v":944.64,"d":"$ 944.64000"},0,0,0,0,0,0,0,0,{"v":94.464,"d":"94.46400"},{"v":141.696,"d":"141.69600"},{"v":283.392,"d":"283.39200"},{"v":425.088,"d":"425.08800"},0,0,0,0]
[null,null,{"$error":"#REF!"},{"$error":"#REF!"},{"$error":"#REF!"},{"$error":"#REF!"},null,{"v":0,"d":"0.00%"},{"v":0,"d":"0.00%"},{"v":0,"d":"0.00%"},{"v":0,"d":"0.00%"},{"v":0,"d":"0.00%"},{"v":0,"d":"0.00%"},{"v":0,"d":"0.00%"},{"v":0,"d":"0.00%"},{"v":0.1,"d":"10.00%"},{"v":0.15,"d":"15.00%"},{"v":0.3,"d":"30.00%"},{"v":0.45,"d":"45.00%"},{"v":0,"d":"0.00%"},{"v":0,"d":"0.00%"},{"v":0,"d":"0.00%"},{"v":0,"d":"0.00%"}]
[null,null,{"$error":"#REF!"},{"$error":"#REF!"},{"$error":"#REF!"},{"$error":"#REF!"},{"$nulls":9},{"v":0.1,"d":"10.00%"},{"v":0.15,"d":"15.00%"},{"v":0.3,"d":"30.00%"},{"v":0.45,"d":"45.00%"}]
[null,221,"SUMINISTRO E INSTALACION DE CUBIERTA METALICA CON AISLAMIENTO DE POLIURETANO E=30mm","m2",{"v":675,"d":"675.00000"},{"v":54.97,"d":"$ 54.97000"},{"v":37104.75,"d":"$ 37,104.75000"},0,0,0,0,0,0,{"v":5565.7125,"d":"5,565.71250"},{"v":12986.662499999999,"d":"12,986.66250"},{"v":18552.375,"d":"18,552.37500"},0,0,0,0,0,0,0]
[null,null,{"$error":"#REF!"},{"$error":"#REF!"},{"$error":"#REF!"},{"$error":"#REF!"},null,{"v":0,"d":"0.00%"},{"v":0,"d":"0.00%"},{"v":0,"d":"0.00%"},{"v":0,"d":"0.00%"},{"v":0,"d":"0.00%"},{"v":0,"d":"0.00%"},{"v":0.15,"d":"15.00%"},{"v":0.35,"d":"35.00%"},{"v":0.5,"d":"50.00%"},{"v":0,"d":"0.00%"},{"v":0,"d":"0.00%"},{"v":0,"d":"0.00%"},{"v":0,"d":"0.00%"},{"v":0,"d":"0.00%"},{"v":0,"d":"0.00%"},{"v":0,"d":"0.00%"}]
[null,null,{"$error":"#REF!"},{"$error":"#REF!"},{"$error":"#REF!"},{"$error":"#REF!"},{"$nulls":7},{"v":0.15,"d":"15.00%"},{"v":0.35,"d":"35.00%"},{"v":0.5,"d":"50.00%"}]
[null,222,"SUMINISTRO E INSTALACION DE FLASHING PERIMETRAL PARA CUBIERTA","m",{"v":240,"d":"240.00000"},{"v":27.58,"d":"$ 27.58000"},{"v":6619.2,"d":"$ 6,619.20000"},0,0,0,0,0,0,{"v":992.8799999999999,"d":"992.88000"},{"v":2316.72,"d":"2,316.72000"},{"v":3309.6,"d":"3,309.60000"},0,0,0,0,0,0,0]
[null,null,{"$error":"#REF!"},{"$error":"#REF!"},{"$error":"#REF!"},{"$error":"#REF!"},null,{"v":0,"d":"0.00%"},{"v":0,"d":"0.00%"},{"v":0,"d":"0.00%"},{"v":0,"d":"0.00%"},{"v":0,"d":"0.00%"},{"v":0,"d":"0.00%"},{"v":0.15,"d":"15.00%"},{"v":0.35,"d":"35.00%"},{"v":0.5,"d":"50.00%"},{"v":0,"d":"0.00%"},{"v":0,"d":"0.00%"},{"v":0,"d":"0.00%"},{"v":0,"d":"0.00%"},{"v":0,"d":"0.00%"},{"v":0,"d":"0.00%"},{"v":0,"d":"0.00%"}]
[null,null,{"$error":"#REF!"},{"$error":"#REF!"},{"$error":"#REF!"},{"$error":"#REF!"},{"$nulls":7},{"v":0.15,"d":"15.00%"},{"v":0.35,"d":"35.00%"},{"v":0.5,"d":"50.00%"}]
[null,223,"ACERO ESTRUCTURAL (A36)","Kg",{"v":15195,"d":"15195.00000"},{"v":6.04,"d":"$ 6.04000"},{"v":91777.8,"d":"$ 91,777.80000"},0,0,0,0,0,0,{"v":13766.67,"d":"13,766.67000"},{"v":32122.23,"d":"32,122.23000"},{"v":45888.9,"d":"45,888.90000"},0,0,0,0,0,0,0]
[null,null,{"$error":"#REF!"},{"$error":"#REF!"},{"$error":"#REF!"},{"$error":"#REF!"},null,{"v":0,"d":"0.00%"},{"v":0,"d":"0.00%"},{"v":0,"d":"0.00%"},{"v":0,"d":"0.00%"},{"v":0,"d":"0.00%"},{"v":0,"d":"0.00%"},{"v":0.15,"d":"15.00%"},{"v":0.35,"d":"35.00%"},{"v":0.5,"d":"50.00%"},{"v":0,"d":"0.00%"},{"v":0,"d":"0.00%"},{"v":0,"d":"0.00%"},{"v":0,"d":"0.00%"},{"v":0,"d":"0.00%"},{"v":0,"d":"0.00%"},{"v":0,"d":"0.00%"}]
[null,null,{"$error":"#REF!"},{"$error":"#REF!"},{"$error":"#REF!"},{"$error":"#REF!"},{"$nulls":7},{"v":0.15,"d":"15.00%"},{"v":0.35,"d":"35.00%"},{"v":0.5,"d":"50.00%"}]
[null,224,"PORCELANATO 298x2398x9mm","m2",{"v":80.5,"d":"80.50000"},{"v":42.19,"d":"$ 42.19000"},{"v":3396.2949999999996,"d":"$ 3,396.29500"},0,0,0,0,0,0,0,0,0,0,0,0,{"v":1698.1474999999998,"d":"1,698.14750"},{"v":1698.1474999999998,"d":"1,698.14750"},0,0]
[null,null,{"$error":"#REF!"},{"$error":"#REF!"},{"$error":"#REF!"},{"$error":"#REF!"},null,{"v":0,"d":"0.00%"},{"v":0,"d":"0.00%"},{"v":0,"d":"0.00%"},{"v":0,"d":"0.00%"},{"v":0,"d":"0.00%"},{"v":0,"d":"0.00%"},{"v":0,"d":"0.00%"},{"v":0,"d":"0.00%"},{"v":0,"d":"0.00%"},{"v":0,"d":"0.00%"},{"v":0,"d":"0.00%"},{"v":0,"d":"0.00%"},{"v":0.5,"d":"50.00%"},{"v":0.5,"d":"50.00%"},{"v":0,"d":"0.00%"},{"v":0,"d":"0.00%"}]
[null,null,{"$error":"#REF!"},{"$error":"#REF!"},{"$error":"#REF!"},{"$error":"#REF!"},{"$nulls":13},{"v":0.5,"d":"50.00%"},{"v":0.5,"d":"50.00%"}]
[null,225,"SUMINISTRO E INSTALACION DE DECK DE MADERA PLASTICA PARA PISO","m2",{"v":671.66,"d":"671.66000"},{"v":175.14,"d":"$ 175.14000"},{"v":117634.53239999998,"d":"$ 117,634.53240"},0,0,0,0,0,0,0,0,0,0,0,0,{"v":58817.26619999999,"d":"58,817.26620"},{"v":58817.26619999999,"d":"58,817.26620"},0,0]
[null,null,{"$error":"#REF!"},{"$error":"#REF!"},{"$error":"#REF!"},{"$error":"#REF!"},null,{"v":0,"d":"0.00%"},{"v":0,"d":"0.00%"},{"v":0,"d":"0.00%"},{"v":0,"d":"0.00%"},{"v":0,"d":"0.00%"},{"v":0,"d":"0.00%"},{"v":0,"d":"0.00%"},{"v":0,"d":"0.00%"},{"v":0,"d":"0.00%"},{"v":0,"d":"0.00%"},{"v":0,"d":"0.00%"},{"v":0,"d":"0.00%"},{"v":0.5,"d":"50.00%"},{"v":0.5,"d":"50.00%"},{"v":0,"d":"0.00%"},{"v":0,"d":"0.00%"}]
[null,null,{"$error":"#REF!"},{"$error":"#REF!"},{"$error":"#REF!"},{"$error":"#REF!"},{"$nulls":13},{"v":0.5,"d":"50.00%"},{"v":0.5,"d":"50.00%"}]
[null,226,"SUMINISTRO E INSTALACION DE PORCELANATO 18.5x150x9mm","m2",{"v":195.45,"d":"195.45000"},{"v":65.58,"d":"$ 65.58000"},{"v":12817.610999999999,"d":"$ 12,817.61100"},0,0,0,0,0,0,0,0,0,0,0,0,{"v":6408.8054999999995,"d":"6,408.80550"},{"v":6408.8054999999995,"d":"6,408.80550"},0,0]
[null,null,{"$error":"#REF!"},{"$error":"#REF!"},{"$error":"#REF!"},{"$error":"#REF!"},null,{"v":0,"d":"0.00%"},{"v":0,"d":"0.00%"},{"v":0,"d":"0.00%"},{"v":0,"d":"0.00%"},{"v":0,"d":"0.00%"},{"v":0,"d":"0.00%"},{"v":0,"d":"0.00%"},{"v":0,"d":"0.00%"},{"v":0,"d":"0.00%"},{"v":0,"d":"0.00%"},{"v":0,"d":"0.00%"},{"v":0,"d":"0.00%"},{"v":0.5,"d":"50.00%"},{"v":0.5,"d":"50.00%"},{"v":0,"d":"0.00%"},{"v":0,"d":"0.00%"}]
[null,null,{"$error":"#REF!"},{"$error":"#REF!"},{"$error":"#REF!"},{"$error":"#REF!"},{"$nulls":13},{"v":0.5,"d":"50.00%"},{"v":0.5,"d":"50.00%"}]
[null,227,"PARED DE BLOQUE 10x20x40cm","m2",{"v":376.85,"d":"376.85000"},{"v":22.2,"d":"$ 22.20000"},{"v":8366.07,"d":"$ 8,366.07000"},0,0,0,0,0,0,0,0,0,{"v":2788.6899999999996,"d":"2,788.69000"},{"v":2788.6899999999996,"d":"2,788.69000"},{"v":2788.6899999999996,"d":"2,788.69000"},0,0,0,0]
[null,null,{"$error":"#REF!"},{"$error":"#REF!"},{"$error":"#REF!"},{"$error":"#REF!"},null,{"v":0,"d":"0.00%"},{"v":0,"d":"0.00%"},{"v":0,"d":"0.00%"},{"v":0,"d":"0.00%"},{"v":0,"d":"0.00%"},{"v":0,"d":"0.00%"},{"v":0,"d":"0.00%"},{"v":0,"d":"0.00%"},{"v":0,"d":"0.00%"},{"v":0.3333333333333333,"d":"33.33%"},{"v":0.3333333333333333,"d":"33.33%"},{"v":0.3333333333333333,"d":"33.33%"},{"v":0,"d":"0.00%"},{"v":0,"d":"0.00%"},{"v":0,"d":"0.00%"},{"v":0,"d":"0.00%"}]
[null,null,{"$error":"#REF!"},{"$error":"#REF!"},{"$error":"#REF!"},{"$error":"#REF!"},{"$nulls":10},{"v":0.3333333333333333,"d":"33.33%"},{"v":0.3333333333333333,"d":"33.33%"},{"v":0.3333333333333333,"d":"33.33%"}]
[null,228,"ENLUCIDO DE PAREDES EXTERIORES","m2",{"v":376.85,"d":"376.85000"},{"v":11.74,"d":"$ 11.74000"},{"v":4424.219,"d":"$ 4,424.21900"},0,0,0,0,0,0,0,0,0,{"v":1474.7396666666666,"d":"1,474.73967"},{"v":1474.7396666666666,"d":"1,474.73967"},{"v":1474.7396666666666,"d":"1,474.73967"},0,0,0,0]
[null,null,{"$error":"#REF!"},{"$error":"#REF!"},{"$error":"#REF!"},{"$error":"#REF!"},null,{"v":0,"d":"0.00%"},{"v":0,"d":"0.00%"},{"v":0,"d":"0.00%"},{"v":0,"d":"0.00%"},{"v":0,"d":"0.00%"},{"v":0,"d":"0.00%"},{"v":0,"d":"0.00%"},{"v":0,"d":"0.00%"},{"v":0,"d":"0.00%"},{"v":0.3333333333333333,"d":"33.33%"},{"v":0.3333333333333333,"d":"33.33%"},{"v":0.3333333333333333,"d":"33.33%"},{"v":0,"d":"0.00%"},{"v":0,"d":"0.00%"},{"v":0,"d":"0.00%"},{"v":0,"d":"0.00%"}]
[null,null,{"$error":"#REF!"},{"$error":"#REF!"},{"$error":"#REF!"},{"$error":"#REF!"},{"$nulls":10},{"v":0.3333333333333333,"d":"33.33%"},{"v":0.3333333333333333,"d":"33.33%"},{"v":0.3333333333333333,"d":"33.33%"}]
[null,229,"ENLUCIDO DE PAREDES INTERIORES","m2",{"v":325,"d":"325.00000"},{"v":8.61,"d":"$ 8.61000"},{"v":2798.25,"d":"$ 2,798.25000"},0,0,0,0,0,0,0,0,0,{"v":932.75,"d":"932.75000"},{"v":932.75,"d":"932.75000"},{"v":932.75,"d":"932.75000"},0,0,0,0]
[null,null,{"$error":"#REF!"},{"$error":"#REF!"},{"$error":"#REF!"},{"$error":"#REF!"},null,{"v":0,"d":"0.00%"},{"v":0,"d":"0.00%"},{"v":0,"d":"0.00%"},{"v":0,"d":"0.00%"},{"v":0,"d":"0.00%"},{"v":0,"d":"0.00%"},{"v":0,"d":"0.00%"},{"v":0,"d":"0.00%"},{"v":0,"d":"0.00%"},{"v":0.3333333333333333,"d":"33.33%"},{"v":0.3333333333333333,"d":"33.33%"},{"v":0.3333333333333333,"d":"33.33%"},{"v":0,"d":"0.00%"},{"v":0,"d":"0.00%"},{"v":0,"d":"0.00%"},{"v":0,"d":"0.00%"}]
[null,null,{"$error":"#REF!"},{"$error":"#REF!"},{"$error":"#REF!"},{"$error":"#REF!"},{"$nulls":10},{"v":0.3333333333333333,"d":"33.33%"},{"v":0.3333333333333333,"d":"33.33%"},{"v":0.3333333333333333,"d":"33.33%"}]
[null,230,"ENLUCIDO DE FILOS","m",{"v":630,"d":"630.00000"},{"v":4.04,"d":"$ 4.04000"},{"v":2545.2,"d":"$ 2,545.20000"},0,0,0,0,0,0,0,0,0,{"v":848.3999999999999,"d":"848.40000"},{"v":848.3999999999999,"d":"848.40000"},{"v":848.3999999999999,"d":"848.40000"},0,0,0,0]
[null,null,{"$error":"#REF!"},{"$error":"#REF!"},{"$error":"#REF!"},{"$error":"#REF!"},null,{"v":0,"d":"0.00%"},{"v":0,"d":"0.00%"},{"v":0,"d":"0.00%"},{"v":0,"d":"0.00%"},{"v":0,"d":"0.00%"},{"v":0,"d":"0.00%"},{"v":0,"d":"0.00%"},{"v":0,"d":"0.00%"},{"v":0,"d":"0.00%"},{"v":0.3333333333333333,"d":"33.33%"},{"v":0.3333333333333333,"d":"33.33%"},{"v":0.3333333333333333,"d":"33.33%"},{"v":0,"d":"0.00%"},{"v":0,"d":"0.00%"},{"v":0,"d":"0.00%"},{"v":0,"d":"0.00%"}]
[null,null,{"$error":"#REF!"},{"$error":"#REF!"},{"$error":"#REF!"},{"$error":"#REF!"},{"$nulls":10},{"v":0.3333333333333333,"d":"33.33%"},{"v":0.3333333333333333,"d":"33.33%"},{"v":0.3333333333333333,"d":"33.33%"}]
[null,231,"PILARETES Y VIGUETAS 12x9cm","m",{"v":320,"d":"320.00000"},{"v":48.64,"d":"$ 48.64000"},{"v":15564.8,"d":"$ 15,564.80000"},0,0,0,0,0,0,0,0,0,{"v":5188.266666666666,"d":"5,188.26667"},{"v":5188.266666666666,"d":"5,188.26667"},{"v":5188.266666666666,"d":"5,188.26667"},0,0,0,0]
[null,null,{"$error":"#REF!"},{"$error":"#REF!"},{"$error":"#REF!"},{"$error":"#REF!"},null,{"v":0,"d":"0.00%"},{"v":0,"d":"0.00%"},{"v":0,"d":"0.00%"},{"v":0,"d":"0.00%"},{"v":0,"d":"0.00%"},{"v":0,"d":"0.00%"},{"v":0,"d":"0.00%"},{"v":0,"d":"0.00%"},{"v":0,"d":"0.00%"},{"v":0.3333333333333333,"d":"33.33%"},{"v":0.3333333333333333,"d":"33.33%"},{"v":0.3333333333333333,"d":"33.33%"},{"v":0,"d":"0.00%"},{"v":0,"d":"0.00%"},{"v":0,"d":"0.00%"},{"v":0,"d":"0.00%"}]
[null,null,{"$error":"#REF!"},{"$error":"#REF!"},{"$error":"#REF!"},{"$error":"#REF!"},{"$nulls":10},{"v":0.3333333333333333,"d":"33.33%"},{"v":0.3333333333333333,"d":"33.33%"},{"v":0.3333333333333333,"d":"33.33%"}]
[null,232,"CUADRADA DE BOQUETES","m",{"v":230,"d":"230.00000"},{"v":6.03,"d":"$ 6.03000"},{"v":1386.9,"d":"$ 1,386.90000"},0,0,0,0,0,0,0,0,0,{"v":462.3,"d":"462.30000"},{"v":462.3,"d":"462.30000"},{"v":462.3,"d":"462.30000"},0,0,0,0]
[null,null,{"$error":"#REF!"},{"$error":"#REF!"},{"$error":"#REF!"},{"$error":"#REF!"},null,{"v":0,"d":"0.00%"},{"v":0,"d":"0.00%"},{"v":0,"d":"0.00%"},{"v":0,"d":"0.00%"},{"v":0,"d":"0.00%"},{"v":0,"d":"0.00%"},{"v":0,"d":"0.00%"},{"v":0,"d":"0.00%"},{"v":0,"d":"0.00%"},{"v":0.3333333333333333,"d":"33.33%"},{"v":0.3333333333333333,"d":"33.33%"},{"v":0.3333333333333333,"d":"33.33%"},{"v":0,"d":"0.00%"},{"v":0,"d":"0.00%"},{"v":0,"d":"0.00%"},{"v":0,"d":"0.00%"}]
[null,null,{"$error":"#REF!"},{"$error":"#REF!"},{"$error":"#REF!"},{"$error":"#REF!"},{"$nulls":10},{"v":0.3333333333333333,"d":"33.33%"},{"v":0.3333333333333333,"d":"33.33%"},{"v":0.3333333333333333,"d":"33.33%"}]
[null,233,"PINTURA EXTERIOR","m2",{"v":1130.55,"d":"1130.55000"},{"v":8.68,"d":"$ 8.68000"},{"v":9813.173999999999,"d":"$ 9,813.17400"},0,0,0,0,0,0,0,0,0,{"v":3271.0579999999995,"d":"3,271.05800"},{"v":3271.0579999999995,"d":"3,271.05800"},{"v":3271.0579999999995,"d":"3,271.05800"},0,0,0,0]
[null,null,{"$error":"#REF!"},{"$error":"#REF!"},{"$error":"#REF!"},{"$error":"#REF!"},null,{"v":0,"d":"0.00%"},{"v":0,"d":"0.00%"},{"v":0,"d":"0.00%"},{"v":0,"d":"0.00%"},{"v":0,"d":"0.00%"},{"v":0,"d":"0.00%"},{"v":0,"d":"0.00%"},{"v":0,"d":"0.00%"},{"v":0,"d":"0.00%"},{"v":0.3333333333333333,"d":"33.33%"},{"v":0.3333333333333333,"d":"33.33%"},{"v":0.3333333333333333,"d":"33.33%"},{"v":0,"d":"0.00%"},{"v":0,"d":"0.00%"},{"v":0,"d":"0.00%"},{"v":0,"d":"0.00%"}]
[null,null,{"$error":"#REF!"},{"$error":"#REF!"},{"$error":"#REF!"},{"$error":"#REF!"},{"$nulls":10},{"v":0.3333333333333333,"d":"33.33%"},{"v":0.3333333333333333,"d":"33.33%"},{"v":0.3333333333333333,"d":"33.33%"}]
[null,234,"PINTURA INTERIOR","m2",{"v":1130.55,"d":"1130.55000"},{"v":8.19,"d":"$ 8.19000"},{"v":9259.2045,"d":"$ 9,259.20450"},0,0,0,0,0,0,0,0,0,{"v":3086.4015,"d":"3,086.40150"},{"v":3086.4015,"d":"3,086.40150"},{"v":3086.4015,"d":"3,086.40150"},0,0,0,0]
[null,null,{"$error":"#REF!"},{"$error":"#REF!"},{"$error":"#REF!"},{"$error":"#REF!"},null,{"v":0,"d":"0.00%"},{"v":0,"d":"0.00%"},{"v":0,"d":"0.00%"},{"v":0,"d":"0.00%"},{"v":0,"d":"0.00%"},{"v":0,"d":"0.00%"},{"v":0,"d":"0.00%"},{"v":0,"d":"0.00%"},{"v":0,"d":"0.00%"},{"v":0.3333333333333333,"d":"33.33%"},{"v":0.3333333333333333,"d":"33.33%"},{"v":0.3333333333333333,"d":"33.33%"},{"v":0,"d":"0.00%"},{"v":0,"d":"0.00%"},{"v":0,"d":"0.00%"},{"v":0,"d":"0.00%"}]
[null,null,{"$error":"#REF!"},{"$error":"#REF!"},{"$error":"#REF!"},{"$error":"#REF!"},{"$nulls":10},{"v":0.3333333333333333,"d":"33.33%"},{"v":0.3333333333333333,"d":"33.33%"},{"v":0.3333333333333333,"d":"33.33%"}]
[null,235,"SUMINISTRO E INSTALACION DE FACHALETA TIPO LADRILLO","m2",{"v":514.35,"d":"514.35000"},{"v":62.37,"d":"$ 62.37000"},{"v":32080.0095,"d":"$ 32,080.00950"},0,0,0,0,0,0,0,0,0,{"v":10693.3365,"d":"10,693.33650"},{"v":10693.3365,"d":"10,693.33650"},{"v":10693.3365,"d":"10,693.33650"},0,0,0,0]
[null,null,{"$error":"#REF!"},{"$error":"#REF!"},{"$error":"#REF!"},{"$error":"#REF!"},null,{"v":0,"d":"0.00%"},{"v":0,"d":"0.00%"},{"v":0,"d":"0.00%"},{"v":0,"d":"0.00%"},{"v":0,"d":"0.00%"},{"v":0,"d":"0.00%"},{"v":0,"d":"0.00%"},{"v":0,"d":"0.00%"},{"v":0,"d":"0.00%"},{"v":0.3333333333333333,"d":"33.33%"},{"v":0.3333333333333333,"d":"33.33%"},{"v":0.3333333333333333,"d":"33.33%"},{"v":0,"d":"0.00%"},{"v":0,"d":"0.00%"},{"v":0,"d":"0.00%"},{"v":0,"d":"0.00%"}]
[null,null,{"$error":"#REF!"},{"$error":"#REF!"},{"$error":"#REF!"},{"$error":"#REF!"},{"$nulls":10},{"v":0.3333333333333333,"d":"33.33%"},{"v":0.3333333333333333,"d":"33.33%"},{"v":0.3333333333333333,"d":"33.33%"}]
[null,236,"PARED DE LADRILLO VISTO 27.5x12x8.5cm","m2",{"v":151.42,"d":"151.42000"},{"v":44.06,"d":"$ 44.06000"},{"v":6671.5652,"d":"$ 6,671.56520"},0,0,0,0,0,0,0,0,0,{"v":2223.8550666666665,"d":"2,223.85507"},{"v":2223.8550666666665,"d":"2,223.85507"},{"v":2223.8550666666665,"d":"2,223.85507"},0,0,0,0]
[null,null,{"$error":"#REF!"},{"$error":"#REF!"},{"$error":"#REF!"},{"$error":"#REF!"},null,{"v":0,"d":"0.00%"},{"v":0,"d":"0.00%"},{"v":0,"d":"0.00%"},{"v":0,"d":"0.00%"},{"v":0,"d":"0.00%"},{"v":0,"d":"0.00%"},{"v":0,"d":"0.00%"},{"v":0,"d":"0.00%"},{"v":0,"d":"0.00%"},{"v":0.3333333333333333,"d":"33.33%"},{"v":0.3333333333333333,"d":"33.33%"},{"v":0.3333333333333333,"d":"33.33%"},{"v":0,"d":"0.00%"},{"v":0,"d":"0.00%"},{"v":0,"d":"0.00%"},{"v":0,"d":"0.00%"}]
[null,null,{"$error":"#REF!"},{"$error":"#REF!"},{"$error":"#REF!"},{"$error":"#REF!"},{"$nulls":10},{"v":0.3333333333333333,"d":"33.33%"},{"v":0.3333333333333333,"d":"33.33%"},{"v":0.3333333333333333,"d":"33.33%"}]
[null,237,"CERAMICA 30x60cm","m2",{"v":34.9,"d":"34.90000"},{"v":24.97,"d":"$ 24.97000"},{"v":871.453,"d":"$ 871.45300"},0,0,0,0,0,0,0,0,0,{"v":290.4843333333333,"d":"290.48433"},{"v":290.4843333333333,"d":"290.48433"},{"v":290.4843333333333,"d":"290.48433"},0,0,0,0]
[null,null,{"$error":"#REF!"},{"$error":"#REF!"},{"$error":"#REF!"},{"$error":"#REF!"},null,{"v":0,"d":"0.00%"},{"v":0,"d":"0.00%"},{"v":0,"d":"0.00%"},{"v":0,"d":"0.00%"},{"v":0,"d":"0.00%"},{"v":0,"d":"0.00%"},{"v":0,"d":"0.00%"},{"v":0,"d":"0.00%"},{"v":0,"d":"0.00%"},{"v":0.3333333333333333,"d":"33.33%"},{"v":0.3333333333333333,"d":"33.33%"},{"v":0.3333333333333333,"d":"33.33%"},{"v":0,"d":"0.00%"},{"v":0,"d":"0.00%"},{"v":0,"d":"0.00%"},{"v":0,"d":"0.00%"}]
[null,null,{"$error":"#REF!"},{"$error":"#REF!"},{"$error":"#REF!"},{"$error":"#REF!"},{"$nulls":10},{"v":0.3333333333333333,"d":"33.33%"},{"v":0.3333333333333333,"d":"33.33%"},{"v":0.3333333333333333,"d":"33.33%"}]
[null,238,"PORCELANATO GRIS/ANTRACITA/ARENA 30X60 cm","m2",{"v":50.13,"d":"50.13000"},{"v":42.87,"d":"$ 42.87000"},{"v":2149.0731,"d":"$ 2,149.07310"},0,0,0,0,0,0,0,0,0,{"v":716.3577,"d":"716.35770"},{"v":716.3577,"d":"716.35770"},{"v":716.3577,"d":"716.35770"},0,0,0,0]
[null,null,{"$error":"#REF!"},{"$error":"#REF!"},{"$error":"#REF!"},{"$error":"#REF!"},null,{"v":0,"d":"0.00%"},{"v":0,"d":"0.00%"},{"v":0,"d":"0.00%"},{"v":0,"d":"0.00%"},{"v":0,"d":"0.00%"},{"v":0,"d":"0.00%"},{"v":0,"d":"0.00%"},{"v":0,"d":"0.00%"},{"v":0,"d":"0.00%"},{"v":0.3333333333333333,"d":"33.33%"},{"v":0.3333333333333333,"d":"33.33%"},{"v":0.3333333333333333,"d":"33.33%"},{"v":0,"d":"0.00%"},{"v":0,"d":"0.00%"},{"v":0,"d":"0.00%"},{"v":0,"d":"0.00%"}]
[null,null,{"$error":"#REF!"},{"$error":"#REF!"},{"$error":"#REF!"},{"$error":"#REF!"},{"$nulls":10},{"v":0.3333333333333333,"d":"33.33%"},{"v":0.3333333333333333,"d":"33.33%"},{"v":0.3333333333333333,"d":"33.33%"}]
[null,239,"PORCELANATO GRIS/ANTRACITA/ARENA 60x120 cm","m2",{"v":50.13,"d":"50.13000"},{"v":57.41,"d":"$ 57.41000"},{"v":2877.9633,"d":"$ 2,877.96330"},0,0,0,0,0,0,0,0,0,{"v":959.3210999999999,"d":"959.32110"},{"v":959.3210999999999,"d":"959.32110"},{"v":959.3210999999999,"d":"959.32110"},0,0,0,0]
[null,null,{"$error":"#REF!"},{"$error":"#REF!"},{"$error":"#REF!"},{"$error":"#REF!"},null,{"v":0,"d":"0.00%"},{"v":0,"d":"0.00%"},{"v":0,"d":"0.00%"},{"v":0,"d":"0.00%"},{"v":0,"d":"0.00%"},{"v":0,"d":"0.00%"},{"v":0,"d":"0.00%"},{"v":0,"d":"0.00%"},{"v":0,"d":"0.00%"},{"v":0.3333333333333333,"d":"33.33%"},{"v":0.3333333333333333,"d":"33.33%"},{"v":0.3333333333333333,"d":"33.33%"},{"v":0,"d":"0.00%"},{"v":0,"d":"0.00%"},{"v":0,"d":"0.00%"},{"v":0,"d":"0.00%"}]
[null,null,{"$error":"#REF!"},{"$error":"#REF!"},{"$error":"#REF!"},{"$error":"#REF!"},{"$nulls":10},{"v":0.3333333333333333,"d":"33.33%"},{"v":0.3333333333333333,"d":"33.33%"},{"v":0.3333333333333333,"d":"33.33%"}]
[null,240,"SUMINISTRO E INSTALACION DE TUMBADO DE PVC MADERADO LAMINADO 8mm","m2",{"v":660,"d":"660.00000"},{"v":38.84,"d":"$ 38.84000"},{"v":25634.4,"d":"$ 25,634.40000"},0,0,0,0,0,0,0,0,0,0,0,{"v":6408.6,"d":"6,408.60000"},{"v":19225.800000000003,"d":"19,225.80000"},0,0,0]
[null,null,{"$error":"#REF!"},{"$error":"#REF!"},{"$error":"#REF!"},{"$error":"#REF!"},null,{"v":0,"d":"0.00%"},{"v":0,"d":"0.00%"},{"v":0,"d":"0.00%"},{"v":0,"d":"0.00%"},{"v":0,"d":"0.00%"},{"v":0,"d":"0.00%"},{"v":0,"d":"0.00%"},{"v":0,"d":"0.00%"},{"v":0,"d":"0.00%"},{"v":0,"d":"0.00%"},{"v":0,"d":"0.00%"},{"v":0.25,"d":"25.00%"},{"v":0.7500000000000001,"d":"75.00%"},{"v":0,"d":"0.00%"},{"v":0,"d":"0.00%"},{"v":0,"d":"0.00%"}]
[null,null,{"$error":"#REF!"},{"$error":"#REF!"},{"$error":"#REF!"},{"$error":"#REF!"},{"$nulls":12},{"v":0.25,"d":"25.00%"},{"v":0.7500000000000001,"d":"75.00%"}]
[null,241,"LAVAMANOS DE EMPOTRAR CON GRIFERIA DE CIERRE AUTOMATICO (INCLUYE ACCESORIOS)","u",{"v":10,"d":"10.00000"},{"v":194.44,"d":"$ 194.44000"},{"v":1944.4,"d":"$ 1,944.40000"},0,0,0,0,0,0,0,0,0,0,0,{"v":291.66,"d":"291.66000"},{"v":680.54,"d":"680.54000"},{"v":972.2,"d":"972.20000"},0,0]
[null,null,{"$error":"#REF!"},{"$error":"#REF!"},{"$error":"#REF!"},{"$error":"#REF!"},null,{"v":0,"d":"0.00%"},{"v":0,"d":"0.00%"},{"v":0,"d":"0.00%"},{"v":0,"d":"0.00%"},{"v":0,"d":"0.00%"},{"v":0,"d":"0.00%"},{"v":0,"d":"0.00%"},{"v":0,"d":"0.00%"},{"v":0,"d":"0.00%"},{"v":0,"d":"0.00%"},{"v":0,"d":"0.00%"},{"v":0.15,"d":"15.00%"},{"v":0.35,"d":"35.00%"},{"v":0.5,"d":"50.00%"},{"v":0,"d":"0.00%"},{"v":0,"d":"0.00%"}]
[null,null,{"$error":"#REF!"},{"$error":"#REF!"},{"$error":"#REF!"},{"$error":"#REF!"},{"$nulls":12},{"v":0.15,"d":"15.00%"},{"v":0.35,"d":"35.00%"},{"v":0.5,"d":"50.00%"}]
[null,242,"LAVACOPA DE EMPOTRAR 60x42cm","u",{"v":15,"d":"15.00000"},{"v":234.72,"d":"$ 234.72000"},{"v":3520.8,"d":"$ 3,520.80000"},0,0,0,0,0,0,0,0,0,0,0,{"v":528.12,"d":"528.12000"},{"v":1232.28,"d":"1,232.28000"},{"v":1760.4,"d":"1,760.40000"},0,0]
[null,null,{"$error":"#REF!"},{"$error":"#REF!"},{"$error":"#REF!"},{"$error":"#REF!"},null,{"v":0,"d":"0.00%"},{"v":0,"d":"0.00%"},{"v":0,"d":"0.00%"},{"v":0,"d":"0.00%"},{"v":0,"d":"0.00%"},{"v":0,"d":"0.00%"},{"v":0,"d":"0.00%"},{"v":0,"d":"0.00%"},{"v":0,"d":"0.00%"},{"v":0,"d":"0.00%"},{"v":0,"d":"0.00%"},{"v":0.15,"d":"15.00%"},{"v":0.35,"d":"35.00%"},{"v":0.5,"d":"50.00%"},{"v":0,"d":"0.00%"},{"v":0,"d":"0.00%"}]
[null,null,{"$error":"#REF!"},{"$error":"#REF!"},{"$error":"#REF!"},{"$error":"#REF!"},{"$nulls":12},{"v":0.15,"d":"15.00%"},{"v":0.35,"d":"35.00%"},{"v":0.5,"d":"50.00%"}]
[null,243,"INODOROS CON FLUXOMETRO (INCLUYE ACCESORIOS)","u",{"v":10,"d":"10.00000"},{"v":402.63,"d":"$ 402.63000"},{"v":4026.3,"d":"$ 4,026.30000"},0,0,0,0,0,0,0,0,0,0,0,{"v":603.945,"d":"603.94500"},{"v":1409.205,"d":"1,409.20500"},{"v":2013.15,"d":"2,013.15000"},0,0]
[null,null,{"$error":"#REF!"},{"$error":"#REF!"},{"$error":"#REF!"},{"$error":"#REF!"},null,{"v":0,"d":"0.00%"},{"v":0,"d":"0.00%"},{"v":0,"d":"0.00%"},{"v":0,"d":"0.00%"},{"v":0,"d":"0.00%"},{"v":0,"d":"0.00%"},{"v":0,"d":"0.00%"},{"v":0,"d":"0.00%"},{"v":0,"d":"0.00%"},{"v":0,"d":"0.00%"},{"v":0,"d":"0.00%"},{"v":0.15,"d":"15.00%"},{"v":0.35,"d":"35.00%"},{"v":0.5,"d":"50.00%"},{"v":0,"d":"0.00%"},{"v":0,"d":"0.00%"}]
[null,null,{"$error":"#REF!"},{"$error":"#REF!"},{"$error":"#REF!"},{"$error":"#REF!"},{"$nulls":12},{"v":0.15,"d":"15.00%"},{"v":0.35,"d":"35.00%"},{"v":0.5,"d":"50.00%"}]
[null,244,"URINARIO CON FLUXOMETRO (INCLUYE ACCESORIOS)","u",{"v":5,"d":"5.00000"},{"v":335.87,"d":"$ 335.87000"},{"v":1679.35,"d":"$ 1,679.35000"},0,0,0,0,0,0,0,0,0,0,0,{"v":251.90249999999997,"d":"251.90250"},{"v":587.7724999999999,"d":"587.77250"},{"v":839.675,"d":"839.67500"},0,0]
[null,null,{"$error":"#REF!"},{"$error":"#REF!"},{"$error":"#REF!"},{"$error":"#REF!"},null,{"v":0,"d":"0.00%"},{"v":0,"d":"0.00%"},{"v":0,"d":"0.00%"},{"v":0,"d":"0.00%"},{"v":0,"d":"0.00%"},{"v":0,"d":"0.00%"},{"v":0,"d":"0.00%"},{"v":0,"d":"0.00%"},{"v":0,"d":"0.00%"},{"v":0,"d":"0.00%"},{"v":0,"d":"0.00%"},{"v":0.15,"d":"15.00%"},{"v":0.35,"d":"35.00%"},{"v":0.5,"d":"50.00%"},{"v":0,"d":"0.00%"},{"v":0,"d":"0.00%"}]
[null,null,{"$error":"#REF!"},{"$error":"#REF!"},{"$error":"#REF!"},{"$error":"#REF!"},{"$nulls":12},{"v":0.15,"d":"15.00%"},{"v":0.35,"d":"35.00%"},{"v":0.5,"d":"50.00%"}]
[null,245,"SUMINISTRO E INSTALACION DE DISPENSADOR DE PAPEL","u",{"v":10,"d":"10.00000"},{"v":82.32,"d":"$ 82.32000"},{"v":823.1999999999999,"d":"$ 823.20000"},0,0,0,0,0,0,0,0,0,0,0,{"v":123.47999999999999,"d":"123.48000"},{"v":288.11999999999995,"d":"288.12000"},{"v":411.59999999999997,"d":"411.60000"},0,0]
[null,null,{"$error":"#REF!"},{"$error":"#REF!"},{"$error":"#REF!"},{"$error":"#REF!"},null,{"v":0,"d":"0.00%"},{"v":0,"d":"0.00%"},{"v":0,"d":"0.00%"},{"v":0,"d":"0.00%"},{"v":0,"d":"0.00%"},{"v":0,"d":"0.00%"},{"v":0,"d":"0.00%"},{"v":0,"d":"0.00%"},{"v":0,"d":"0.00%"},{"v":0,"d":"0.00%"},{"v":0,"d":"0.00%"},{"v":0.15,"d":"15.00%"},{"v":0.35,"d":"35.00%"},{"v":0.5,"d":"50.00%"},{"v":0,"d":"0.00%"},{"v":0,"d":"0.00%"}]
[null,null,{"$error":"#REF!"},{"$error":"#REF!"},{"$error":"#REF!"},{"$error":"#REF!"},{"$nulls":12},{"v":0.15,"d":"15.00%"},{"v":0.35,"d":"35.00%"},{"v":0.5,"d":"50.00%"}]
[null,246,"SUMINISTRO E INSTALACION DE DISPENSADOR DE JABON LIQUIDO","u",{"v":10,"d":"10.00000"},{"v":74.39,"d":"$ 74.39000"},{"v":743.9,"d":"$ 743.90000"},0,0,0,0,0,0,0,0,0,0,0,{"v":111.585,"d":"111.58500"},{"v":260.36499999999995,"d":"260.36500"},{"v":371.95,"d":"371.95000"},0,0]
[null,null,{"$error":"#REF!"},{"$error":"#REF!"},{"$error":"#REF!"},{"$error":"#REF!"},null,{"v":0,"d":"0.00%"},{"v":0,"d":"0.00%"},{"v":0,"d":"0.00%"},{"v":0,"d":"0.00%"},{"v":0,"d":"0.00%"},{"v":0,"d":"0.00%"},{"v":0,"d":"0.00%"},{"v":0,"d":"0.00%"},{"v":0,"d":"0.00%"},{"v":0,"d":"0.00%"},{"v":0,"d":"0.00%"},{"v":0.15,"d":"15.00%"},{"v":0.35,"d":"35.00%"},{"v":0.5,"d":"50.00%"},{"v":0,"d":"0.00%"},{"v":0,"d":"0.00%"}]
[null,null,{"$error":"#REF!"},{"$error":"#REF!"},{"$error":"#REF!"},{"$error":"#REF!"},{"$nulls":12},{"v":0.15,"d":"15.00%"},{"v":0.35,"d":"35.00%"},{"v":0.5,"d":"50.00%"}]
[null,247,"SUMINISTRO E INSTALACION DE ESPEJOS","m2",{"v":1.8,"d":"1.80000"},{"v":76.35,"d":"$ 76.35000"},{"v":137.43,"d":"$ 137.43000"},0,0,0,0,0,0,0,0,0,0,0,{"v":20.6145,"d":"20.61450"},{"v":48.1005,"d":"48.10050"},{"v":68.715,"d":"68.71500"},0,0]
[null,null,{"$error":"#REF!"},{"$error":"#REF!"},{"$error":"#REF!"},{"$error":"#REF!"},null,{"v":0,"d":"0.00%"},{"v":0,"d":"0.00%"},{"v":0,"d":"0.00%"},{"v":0,"d":"0.00%"},{"v":0,"d":"0.00%"},{"v":0,"d":"0.00%"},{"v":0,"d":"0.00%"},{"v":0,"d":"0.00%"},{"v":0,"d":"0.00%"},{"v":0,"d":"0.00%"},{"v":0,"d":"0.00%"},{"v":0.15,"d":"15.00%"},{"v":0.35,"d":"35.00%"},{"v":0.5,"d":"50.00%"},{"v":0,"d":"0.00%"},{"v":0,"d":"0.00%"}]
[null,null,{"$error":"#REF!"},{"$error":"#REF!"},{"$error":"#REF!"},{"$error":"#REF!"},{"$nulls":12},{"v":0.15,"d":"15.00%"},{"v":0.35,"d":"35.00%"},{"v":0.5,"d":"50.00%"}]
[null,248,"SUMINISTRO E INSTALACION DE SECADORA DE AIRE","u",{"v":10,"d":"10.00000"},{"v":91.33,"d":"$ 91.33000"},{"v":913.3,"d":"$ 913.30000"},0,0,0,0,0,0,0,0,0,0,0,{"v":136.99499999999998,"d":"136.99500"},{"v":319.655,"d":"319.65500"},{"v":456.65,"d":"456.65000"},0,0]
[null,null,{"$error":"#REF!"},{"$error":"#REF!"},{"$error":"#REF!"},{"$error":"#REF!"},null,{"v":0,"d":"0.00%"},{"v":0,"d":"0.00%"},{"v":0,"d":"0.00%"},{"v":0,"d":"0.00%"},{"v":0,"d":"0.00%"},{"v":0,"d":"0.00%"},{"v":0,"d":"0.00%"},{"v":0,"d":"0.00%"},{"v":0,"d":"0.00%"},{"v":0,"d":"0.00%"},{"v":0,"d":"0.00%"},{"v":0.15,"d":"15.00%"},{"v":0.35,"d":"35.00%"},{"v":0.5,"d":"50.00%"},{"v":0,"d":"0.00%"},{"v":0,"d":"0.00%"}]
[null,null,{"$error":"#REF!"},{"$error":"#REF!"},{"$error":"#REF!"},{"$error":"#REF!"},{"$nulls":12},{"v":0.15,"d":"15.00%"},{"v":0.35,"d":"35.00%"},{"v":0.5,"d":"50.00%"}]
[null,249,"HORMIGON ARMADO PARA MESONES A= 0.60m; E= 0.07m","m",{"v":9,"d":"9.00000"},{"v":53.71,"d":"$ 53.71000"},{"v":483.39,"d":"$ 483.39000"},0,0,0,0,0,0,0,0,0,0,0,{"v":72.5085,"d":"72.50850"},{"v":169.1865,"d":"169.18650"},{"v":241.695,"d":"241.69500"},0,0]
[null,null,{"$error":"#REF!"},{"$error":"#REF!"},{"$error":"#REF!"},{"$error":"#REF!"},null,{"v":0,"d":"0.00%"},{"v":0,"d":"0.00%"},{"v":0,"d":"0.00%"},{"v":0,"d":"0.00%"},{"v":0,"d":"0.00%"},{"v":0,"d":"0.00%"},{"v":0,"d":"0.00%"},{"v":0,"d":"0.00%"},{"v":0,"d":"0.00%"},{"v":0,"d":"0.00%"},{"v":0,"d":"0.00%"},{"v":0.15,"d":"15.00%"},{"v":0.35,"d":"35.00%"},{"v":0.5,"d":"50.00%"},{"v":0,"d":"0.00%"},{"v":0,"d":"0.00%"}]
[null,null,{"$error":"#REF!"},{"$error":"#REF!"},{"$error":"#REF!"},{"$error":"#REF!"},{"$nulls":12},{"v":0.15,"d":"15.00%"},{"v":0.35,"d":"35.00%"},{"v":0.5,"d":"50.00%"}]
[null,250,"REVESTIMIENTO DE MESONES CON PLANCHA DE GRANITO, INCLUYE RUDON, FALDON Y SALPICADERA","m2",{"v":6.05,"d":"6.05000"},{"v":218.71,"d":"$ 218.71000"},{"v":1323.1955,"d":"$ 1,323.19550"},0,0,0,0,0,0,0,0,0,0,0,{"v":198.479325,"d":"198.47933"},{"v":463.118425,"d":"463.11843"},661.59775,0,0]
[null,null,{"$error":"#REF!"},{"$error":"#REF!"},{"$error":"#REF!"},{"$error":"#REF!"},null,{"v":0,"d":"0.00%"},{"v":0,"d":"0.00%"},{"v":0,"d":"0.00%"},{"v":0,"d":"0.00%"},{"v":0,"d":"0.00%"},{"v":0,"d":"0.00%"},{"v":0,"d":"0.00%"},{"v":0,"d":"0.00%"},{"v":0,"d":"0.00%"},{"v":0,"d":"0.00%"},{"v":0,"d":"0.00%"},{"v":0.15,"d":"15.00%"},{"v":0.35,"d":"35.00%"},{"v":0.5,"d":"50.00%"},{"v":0,"d":"0.00%"},{"v":0,"d":"0.00%"}]
[null,null,{"$error":"#REF!"},{"$error":"#REF!"},{"$error":"#REF!"},{"$error":"#REF!"},{"$nulls":12},{"v":0.15,"d":"15.00%"},{"v":0.35,"d":"35.00%"},{"v":0.5,"d":"50.00%"}]
[null,251,"SUMINISTRO E INSTALACION DE LOUVER METALICO ELIPTICO CON APARIENCIA MADERADA","m2",{"v":62.6,"d":"62.60000"},{"v":278.75,"d":"$ 278.75000"},{"v":17449.75,"d":"$ 17,449.75000"},0,0,0,0,0,0,0,0,0,0,0,{"v":2617.4625,"d":"2,617.46250"},{"v":6107.412499999999,"d":"6,107.41250"},{"v":8724.875,"d":"8,724.87500"},0,0]
[null,null,{"$error":"#REF!"},{"$error":"#REF!"},{"$error":"#REF!"},{"$error":"#REF!"},null,{"v":0,"d":"0.00%"},{"v":0,"d":"0.00%"},{"v":0,"d":"0.00%"},{"v":0,"d":"0.00%"},{"v":0,"d":"0.00%"},{"v":0,"d":"0.00%"},{"v":0,"d":"0.00%"},{"v":0,"d":"0.00%"},{"v":0,"d":"0.00%"},{"v":0,"d":"0.00%"},{"v":0,"d":"0.00%"},{"v":0.15,"d":"15.00%"},{"v":0.35,"d":"35.00%"},{"v":0.5,"d":"50.00%"},{"v":0,"d":"0.00%"},{"v":0,"d":"0.00%"}]
[null,null,{"$error":"#REF!"},{"$error":"#REF!"},{"$error":"#REF!"},{"$error":"#REF!"},{"$nulls":12},{"v":0.15,"d":"15.00%"},{"v":0.35,"d":"35.00%"},{"v":0.5,"d":"50.00%"}]
[null,252,"PUERTA METALICA (0.80x2.20)m","u",{"v":10,"d":"10.00000"},{"v":515.81,"d":"$ 515.81000"},{"v":5158.099999999999,"d":"$ 5,158.10000"},0,0,0,0,0,0,0,0,0,0,0,{"v":773.7149999999999,"d":"773.71500"},{"v":1805.3349999999996,"d":"1,805.33500"},{"v":2579.0499999999997,"d":"2,579.05000"},0,0]
[null,null,{"$error":"#REF!"},{"$error":"#REF!"},{"$error":"#REF!"},{"$error":"#REF!"},null,{"v":0,"d":"0.00%"},{"v":0,"d":"0.00%"},{"v":0,"d":"0.00%"},{"v":0,"d":"0.00%"},{"v":0,"d":"0.00%"},{"v":0,"d":"0.00%"},{"v":0,"d":"0.00%"},{"v":0,"d":"0.00%"},{"v":0,"d":"0.00%"},{"v":0,"d":"0.00%"},{"v":0,"d":"0.00%"},{"v":0.15,"d":"15.00%"},{"v":0.35,"d":"35.00%"},{"v":0.5,"d":"50.00%"},{"v":0,"d":"0.00%"},{"v":0,"d":"0.00%"}]
[null,null,{"$error":"#REF!"},{"$error":"#REF!"},{"$error":"#REF!"},{"$error":"#REF!"},{"$nulls":12},{"v":0.15,"d":"15.00%"},{"v":0.35,"d":"35.00%"},{"v":0.5,"d":"50.00%"}]
[null,253,"PUERTA METALICA (0.60x2.20)m","u",{"v":10,"d":"10.00000"},{"v":321.46,"d":"$ 321.46000"},{"v":3214.6,"d":"$ 3,214.60000"},0,0,0,0,0,0,0,0,0,0,0,{"v":482.18999999999994,"d":"482.19000"},{"v":1125.11,"d":"1,125.11000"},{"v":1607.3,"d":"1,607.30000"},0,0]
[null,null,{"$error":"#REF!"},{"$error":"#REF!"},{"$error":"#REF!"},{"$error":"#REF!"},null,{"v":0,"d":"0.00%"},{"v":0,"d":"0.00%"},{"v":0,"d":"0.00%"},{"v":0,"d":"0.00%"},{"v":0,"d":"0.00%"},{"v":0,"d":"0.00%"},{"v":0,"d":"0.00%"},{"v":0,"d":"0.00%"},{"v":0,"d":"0.00%"},{"v":0,"d":"0.00%"},{"v":0,"d":"0.00%"},{"v":0.15,"d":"15.00%"},{"v":0.35,"d":"35.00%"},{"v":0.5,"d":"50.00%"},{"v":0,"d":"0.00%"},{"v":0,"d":"0.00%"}]
[null,null,{"$error":"#REF!"},{"$error":"#REF!"},{"$error":"#REF!"},{"$error":"#REF!"},{"$nulls":12},{"v":0.15,"d":"15.00%"},{"v":0.35,"d":"35.00%"},{"v":0.5,"d":"50.00%"}]
[null,254,"PUERTA DE MADERA (0.80x1.00)m","u",{"v":5,"d":"5.00000"},{"v":118.08,"d":"$ 118.08000"},{"v":590.4,"d":"$ 590.40000"},0,0,0,0,0,0,0,0,0,0,0,{"v":88.55999999999999,"d":"88.56000"},{"v":206.64,"d":"206.64000"},{"v":295.2,"d":"295.20000"},0,0]
[null,null,{"$error":"#REF!"},{"$error":"#REF!"},{"$error":"#REF!"},{"$error":"#REF!"},null,{"v":0,"d":"0.00%"},{"v":0,"d":"0.00%"},{"v":0,"d":"0.00%"},{"v":0,"d":"0.00%"},{"v":0,"d":"0.00%"},{"v":0,"d":"0.00%"},{"v":0,"d":"0.00%"},{"v":0,"d":"0.00%"},{"v":0,"d":"0.00%"},{"v":0,"d":"0.00%"},{"v":0,"d":"0.00%"},{"v":0.15,"d":"15.00%"},{"v":0.35,"d":"35.00%"},{"v":0.5,"d":"50.00%"},{"v":0,"d":"0.00%"},{"v":0,"d":"0.00%"}]
[null,null,{"$error":"#REF!"},{"$error":"#REF!"},{"$error":"#REF!"},{"$error":"#REF!"},{"$nulls":12},{"v":0.15,"d":"15.00%"},{"v":0.35,"d":"35.00%"},{"v":0.5,"d":"50.00%"}]
[null,255,"ACERO ESTRUCTURAL (A36)","Kg",{"v":7099.3,"d":"7099.30000"},{"v":6.04,"d":"$ 6.04000"},{"v":42879.772000000004,"d":"$ 42,879.77200"},0,0,0,0,0,0,{"v":4287.9772,"d":"4,287.97720"},{"v":6431.965800000001,"d":"6,431.96580"},{"v":12863.931600000002,"d":"12,863.93160"},{"v":19295.8974,"d":"19,295.89740"},0,0,0,0,0,0]
[null,null,{"$error":"#REF!"},{"$error":"#REF!"},{"$error":"#REF!"},{"$error":"#REF!"},null,{"v":0,"d":"0.00%"},{"v":0,"d":"0.00%"},{"v":0,"d":"0.00%"},{"v":0,"d":"0.00%"},{"v":0,"d":"0.00%"},{"v":0,"d":"0.00%"},{"v":0.09999999999999999,"d":"10.00%"},{"v":0.15,"d":"15.00%"},{"v":0.3,"d":"30.00%"},{"v":0.45,"d":"45.00%"},{"v":0,"d":"0.00%"},{"v":0,"d":"0.00%"},{"v":0,"d":"0.00%"},{"v":0,"d":"0.00%"},{"v":0,"d":"0.00%"},{"v":0,"d":"0.00%"}]
[null,null,{"$error":"#REF!"},{"$error":"#REF!"},{"$error":"#REF!"},{"$error":"#REF!"},{"$nulls":7},{"v":0.09999999999999999,"d":"10.00%"},{"v":0.15,"d":"15.00%"},{"v":0.3,"d":"30.00%"},{"v":0.45,"d":"45.00%"}]
[null,256,"ACERO DE REFUERZO EN BARRAS FY=4200 Kg/cm2","Kg",{"v":1180,"d":"1180.00000"},{"v":2.32,"d":"$ 2.32000"},{"v":2737.6,"d":"$ 2,737.60000"},0,0,0,0,0,0,{"v":273.76,"d":"273.76000"},{"v":410.64,"d":"410.64000"},{"v":821.28,"d":"821.28000"},{"v":1231.92,"d":"1,231.92000"},0,0,0,0,0,0]
[null,null,{"$error":"#REF!"},{"$error":"#REF!"},{"$error":"#REF!"},{"$error":"#REF!"},null,{"v":0,"d":"0.00%"},{"v":0,"d":"0.00%"},{"v":0,"d":"0.00%"},{"v":0,"d":"0.00%"},{"v":0,"d":"0.00%"},{"v":0,"d":"0.00%"},{"v":0.09999999999999999,"d":"10.00%"},{"v":0.15,"d":"15.00%"},{"v":0.3,"d":"30.00%"},{"v":0.45,"d":"45.00%"},{"v":0,"d":"0.00%"},{"v":0,"d":"0.00%"},{"v":0,"d":"0.00%"},{"v":0,"d":"0.00%"},{"v":0,"d":"0.00%"},{"v":0,"d":"0.00%"}]
[null,null,{"$error":"#REF!"},{"$error":"#REF!"},{"$error":"#REF!"},{"$error":"#REF!"},{"$nulls":7},{"v":0.09999999999999999,"d":"10.00%"},{"v":0.15,"d":"15.00%"},{"v":0.3,"d":"30.00%"},{"v":0.45,"d":"45.00%"}]
[null,257,"SUMINISTRO E INSTALACION DE VIGA TIPO C EN PERIMETRO DE LOSETA","m",{"v":28,"d":"28.00000"},{"v":62.36,"d":"$ 62.36000"},{"v":1746.08,"d":"$ 1,746.08000"},0,0,0,0,0,0,{"v":174.60799999999998,"d":"174.60800"},{"v":261.912,"d":"261.91200"},{"v":523.824,"d":"523.82400"},{"v":785.736,"d":"785.73600"},0,0,0,0,0,0]
[null,null,{"$error":"#REF!"},{"$error":"#REF!"},{"$error":"#REF!"},{"$error":"#REF!"},null,{"v":0,"d":"0.00%"},{"v":0,"d":"0.00%"},{"v":0,"d":"0.00%"},{"v":0,"d":"0.00%"},{"v":0,"d":"0.00%"},{"v":0,"d":"0.00%"},{"v":0.09999999999999999,"d":"10.00%"},{"v":0.15,"d":"15.00%"},{"v":0.3,"d":"30.00%"},{"v":0.45,"d":"45.00%"},{"v":0,"d":"0.00%"},{"v":0,"d":"0.00%"},{"v":0,"d":"0.00%"},{"v":0,"d":"0.00%"},{"v":0,"d":"0.00%"},{"v":0,"d":"0.00%"}]
[null,null,{"$error":"#REF!"},{"$error":"#REF!"},{"$error":"#REF!"},{"$error":"#REF!"},{"$nulls":7},{"v":0.09999999999999999,"d":"10.00%"},{"v":0.15,"d":"15.00%"},{"v":0.3,"d":"30.00%"},{"v":0.45,"d":"45.00%"}]
[null,258,"SUMINISTRO E INSTALACION DE CUBIERTA METALICA CON AISLAMIENTO DE POLIURETANO E=30mm","m2",{"v":19.5,"d":"19.50000"},{"v":54.97,"d":"$ 54.97000"},{"v":1071.915,"d":"$ 1,071.91500"},0,0,0,0,0,0,{"v":107.19149999999999,"d":"107.19150"},160.78725,{"v":321.5745,"d":"321.57450"},482.36175,0,0,0,0,0,0]
[null,null,{"$error":"#REF!"},{"$error":"#REF!"},{"$error":"#REF!"},{"$error":"#REF!"},null,{"v":0,"d":"0.00%"},{"v":0,"d":"0.00%"},{"v":0,"d":"0.00%"},{"v":0,"d":"0.00%"},{"v":0,"d":"0.00%"},{"v":0,"d":"0.00%"},{"v":0.09999999999999999,"d":"10.00%"},{"v":0.15,"d":"15.00%"},{"v":0.3,"d":"30.00%"},{"v":0.45,"d":"45.00%"},{"v":0,"d":"0.00%"},{"v":0,"d":"0.00%"},{"v":0,"d":"0.00%"},{"v":0,"d":"0.00%"},{"v":0,"d":"0.00%"},{"v":0,"d":"0.00%"}]
[null,null,{"$error":"#REF!"},{"$error":"#REF!"},{"$error":"#REF!"},{"$error":"#REF!"},{"$nulls":7},{"v":0.09999999999999999,"d":"10.00%"},{"v":0.15,"d":"15.00%"},{"v":0.3,"d":"30.00%"},{"v":0.45,"d":"45.00%"}]
[null,259,"SUMINISTRO E INSTALACION DE FLASHING PERIMETRAL PARA CUBIERTA","m",{"v":9,"d":"9.00000"},{"v":27.58,"d":"$ 27.58000"},{"v":248.21999999999997,"d":"$ 248.22000"},0,0,0,0,0,0,{"v":24.821999999999996,"d":"24.82200"},{"v":37.233,"d":"37.23300"},{"v":74.466,"d":"74.46600"},{"v":111.69899999999998,"d":"111.69900"},0,0,0,0,0,0]
[null,null,{"$error":"#REF!"},{"$error":"#REF!"},{"$error":"#REF!"},{"$error":"#REF!"},null,{"v":0,"d":"0.00%"},{"v":0,"d":"0.00%"},{"v":0,"d":"0.00%"},{"v":0,"d":"0.00%"},{"v":0,"d":"0.00%"},{"v":0,"d":"0.00%"},{"v":0.09999999999999999,"d":"10.00%"},{"v":0.15,"d":"15.00%"},{"v":0.3,"d":"30.00%"},{"v":0.45,"d":"45.00%"},{"v":0,"d":"0.00%"},{"v":0,"d":"0.00%"},{"v":0,"d":"0.00%"},{"v":0,"d":"0.00%"},{"v":0,"d":"0.00%"},{"v":0,"d":"0.00%"}]
[null,null,{"$error":"#REF!"},{"$error":"#REF!"},{"$error":"#REF!"},{"$error":"#REF!"},{"$nulls":7},{"v":0.09999999999999999,"d":"10.00%"},{"v":0.15,"d":"15.00%"},{"v":0.3,"d":"30.00%"},{"v":0.45,"d":"45.00%"}]
[null,260,"MALLA ELECTROSOLDADA 15x15 8,00mm","m2",{"v":70.5,"d":"70.50000"},{"v":14.32,"d":"$ 14.32000"},{"v":1009.5600000000001,"d":"$ 1,009.56000"},0,0,0,0,0,0,{"v":100.956,"d":"100.95600"},{"v":151.434,"d":"151.43400"},{"v":302.868,"d":"302.86800"},{"v":454.302,"d":"454.30200"},0,0,0,0,0,0]
[null,null,{"$error":"#REF!"},{"$error":"#REF!"},{"$error":"#REF!"},{"$error":"#REF!"},null,{"v":0,"d":"0.00%"},{"v":0,"d":"0.00%"},{"v":0,"d":"0.00%"},{"v":0,"d":"0.00%"},{"v":0,"d":"0.00%"},{"v":0,"d":"0.00%"},{"v":0.09999999999999999,"d":"10.00%"},{"v":0.15,"d":"15.00%"},{"v":0.3,"d":"30.00%"},{"v":0.45,"d":"45.00%"},{"v":0,"d":"0.00%"},{"v":0,"d":"0.00%"},{"v":0,"d":"0.00%"},{"v":0,"d":"0.00%"},{"v":0,"d":"0.00%"},{"v":0,"d":"0.00%"}]
[null,null,{"$error":"#REF!"},{"$error":"#REF!"},{"$error":"#REF!"},{"$error":"#REF!"},{"$nulls":7},{"v":0.09999999999999999,"d":"10.00%"},{"v":0.15,"d":"15.00%"},{"v":0.3,"d":"30.00%"},{"v":0.45,"d":"45.00%"}]
[null,261,"MALLA ELECTROSOLDADA 15x15 - 5,5mm","m2",{"v":183.3,"d":"183.30000"},{"v":6.03,"d":"$ 6.03000"},{"v":1105.2990000000002,"d":"$ 1,105.29900"},0,0,0,0,0,0,{"v":110.52990000000001,"d":"110.52990"},{"v":165.79485000000003,"d":"165.79485"},{"v":331.58970000000005,"d":"331.58970"},{"v":497.3845500000001,"d":"497.38455"},0,0,0,0,0,0]
[null,null,{"$error":"#REF!"},{"$error":"#REF!"},{"$error":"#REF!"},{"$error":"#REF!"},null,{"v":0,"d":"0.00%"},{"v":0,"d":"0.00%"},{"v":0,"d":"0.00%"},{"v":0,"d":"0.00%"},{"v":0,"d":"0.00%"},{"v":0,"d":"0.00%"},{"v":0.09999999999999999,"d":"10.00%"},{"v":0.15,"d":"15.00%"},{"v":0.3,"d":"30.00%"},{"v":0.45,"d":"45.00%"},{"v":0,"d":"0.00%"},{"v":0,"d":"0.00%"},{"v":0,"d":"0.00%"},{"v":0,"d":"0.00%"},{"v":0,"d":"0.00%"},{"v":0,"d":"0.00%"}]
[null,null,{"$error":"#REF!"},{"$error":"#REF!"},{"$error":"#REF!"},{"$error":"#REF!"},{"$nulls":7},{"v":0.09999999999999999,"d":"10.00%"},{"v":0.15,"d":"15.00%"},{"v":0.3,"d":"30.00%"},{"v":0.45,"d":"45.00%"}]
[null,262,"HORMIGON PREMEZCLADO F´C=280 Kg/cm2 INCLUYE ENCOFRADO","m3",{"v":23.51,"d":"23.51000"},{"v":362.88,"d":"$ 362.88000"},{"v":8531.3088,"d":"$ 8,531.30880"},0,0,0,0,0,0,853.13088,{"v":1279.69632,"d":"1,279.69632"},{"v":2559.39264,"d":"2,559.39264"},{"v":3839.0889600000005,"d":"3,839.08896"},0,0,0,0,0,0]
[null,null,{"$error":"#REF!"},{"$error":"#REF!"},{"$error":"#REF!"},{"$error":"#REF!"},null,{"v":0,"d":"0.00%"},{"v":0,"d":"0.00%"},{"v":0,"d":"0.00%"},{"v":0,"d":"0.00%"},{"v":0,"d":"0.00%"},{"v":0,"d":"0.00%"},{"v":0.09999999999999999,"d":"10.00%"},{"v":0.15,"d":"15.00%"},{"v":0.3,"d":"30.00%"},{"v":0.45,"d":"45.00%"},{"v":0,"d":"0.00%"},{"v":0,"d":"0.00%"},{"v":0,"d":"0.00%"},{"v":0,"d":"0.00%"},{"v":0,"d":"0.00%"},{"v":0,"d":"0.00%"}]
[null,null,{"$error":"#REF!"},{"$error":"#REF!"},{"$error":"#REF!"},{"$error":"#REF!"},{"$nulls":7},{"v":0.09999999999999999,"d":"10.00%"},{"v":0.15,"d":"15.00%"},{"v":0.3,"d":"30.00%"},{"v":0.45,"d":"45.00%"}]
[null,263,"HORMIGON PREMEZCLADO F'C=180 Kg/cm2 PARA REPLANTILLO INCLUYE ENCOFRADO","m3",{"v":1.15,"d":"1.15000"},{"v":201.04,"d":"$ 201.04000"},{"v":231.19599999999997,"d":"$ 231.19600"},0,0,0,0,0,0,{"v":23.119599999999995,"d":"23.11960"},{"v":34.679399999999994,"d":"34.67940"},{"v":69.35879999999999,"d":"69.35880"},{"v":104.03819999999999,"d":"104.03820"},0,0,0,0,0,0]
[null,null,{"$error":"#REF!"},{"$error":"#REF!"},{"$error":"#REF!"},{"$error":"#REF!"},null,{"v":0,"d":"0.00%"},{"v":0,"d":"0.00%"},{"v":0,"d":"0.00%"},{"v":0,"d":"0.00%"},{"v":0,"d":"0.00%"},{"v":0,"d":"0.00%"},{"v":0.09999999999999999,"d":"10.00%"},{"v":0.15,"d":"15.00%"},{"v":0.3,"d":"30.00%"},{"v":0.45,"d":"45.00%"},{"v":0,"d":"0.00%"},{"v":0,"d":"0.00%"},{"v":0,"d":"0.00%"},{"v":0,"d":"0.00%"},{"v":0,"d":"0.00%"},{"v":0,"d":"0.00%"}]
[null,null,{"$error":"#REF!"},{"$error":"#REF!"},{"$error":"#REF!"},{"$error":"#REF!"},{"$nulls":7},{"v":0.09999999999999999,"d":"10.00%"},{"v":0.15,"d":"15.00%"},{"v":0.3,"d":"30.00%"},{"v":0.45,"d":"45.00%"}]
[null,264,"PORCELANATO 60x60cm","m2",{"v":88,"d":"88.00000"},{"v":36.6,"d":"$ 36.60000"},{"v":3220.8,"d":"$ 3,220.80000"},0,0,0,0,0,0,0,0,0,0,0,0,{"v":1127.28,"d":"1,127.28000"},{"v":2093.52,"d":"2,093.52000"},0,0]
[null,null,{"$error":"#REF!"},{"$error":"#REF!"},{"$error":"#REF!"},{"$error":"#REF!"},null,{"v":0,"d":"0.00%"},{"v":0,"d":"0.00%"},{"v":0,"d":"0.00%"},{"v":0,"d":"0.00%"},{"v":0,"d":"0.00%"},{"v":0,"d":"0.00%"},{"v":0,"d":"0.00%"},{"v":0,"d":"0.00%"},{"v":0,"d":"0.00%"},{"v":0,"d":"0.00%"},{"v":0,"d":"0.00%"},{"v":0,"d":"0.00%"},{"v":0.35,"d":"35.00%"},{"v":0.6499999999999999,"d":"65.00%"},{"v":0,"d":"0.00%"},{"v":0,"d":"0.00%"}]
[null,null,{"$error":"#REF!"},{"$error":"#REF!"},{"$error":"#REF!"},{"$error":"#REF!"},{"$nulls":13},{"v":0.35,"d":"35.00%"},{"v":0.6499999999999999,"d":"65.00%"}]
[null,265,"CERAMICA 30x30cm","m2",{"v":49.86,"d":"49.86000"},{"v":25.81,"d":"$ 25.81000"},{"v":1286.8865999999998,"d":"$ 1,286.88660"},0,0,0,0,0,0,0,0,0,0,0,0,{"v":450.4103099999999,"d":"450.41031"},{"v":836.4762899999997,"d":"836.47629"},0,0]
[null,null,{"$error":"#REF!"},{"$error":"#REF!"},{"$error":"#REF!"},{"$error":"#REF!"},null,{"v":0,"d":"0.00%"},{"v":0,"d":"0.00%"},{"v":0,"d":"0.00%"},{"v":0,"d":"0.00%"},{"v":0,"d":"0.00%"},{"v":0,"d":"0.00%"},{"v":0,"d":"0.00%"},{"v":0,"d":"0.00%"},{"v":0,"d":"0.00%"},{"v":0,"d":"0.00%"},{"v":0,"d":"0.00%"},{"v":0,"d":"0.00%"},{"v":0.35,"d":"35.00%"},{"v":0.6499999999999999,"d":"65.00%"},{"v":0,"d":"0.00%"},{"v":0,"d":"0.00%"}]
[null,null,{"$error":"#REF!"},{"$error":"#REF!"},{"$error":"#REF!"},{"$error":"#REF!"},{"$nulls":13},{"v":0.35,"d":"35.00%"},{"v":0.6499999999999999,"d":"65.00%"}]
[null,266,"PARED DE BLOQUE 10x20x40cm","m2",{"v":128.81,"d":"128.81000"},{"v":22.2,"d":"$ 22.20000"},{"v":2859.582,"d":"$ 2,859.58200"},0,0,0,0,0,0,{"v":285.95820000000003,"d":"285.95820"},{"v":428.9373,"d":"428.93730"},{"v":857.8746,"d":"857.87460"},{"v":1286.8119,"d":"1,286.81190"},0,0,0,0,0,0]
[null,null,{"$error":"#REF!"},{"$error":"#REF!"},{"$error":"#REF!"},{"$error":"#REF!"},null,{"v":0,"d":"0.00%"},{"v":0,"d":"0.00%"},{"v":0,"d":"0.00%"},{"v":0,"d":"0.00%"},{"v":0,"d":"0.00%"},{"v":0,"d":"0.00%"},{"v":0.10000000000000002,"d":"10.00%"},{"v":0.15,"d":"15.00%"},{"v":0.3,"d":"30.00%"},{"v":0.44999999999999996,"d":"45.00%"},{"v":0,"d":"0.00%"},{"v":0,"d":"0.00%"},{"v":0,"d":"0.00%"},{"v":0,"d":"0.00%"},{"v":0,"d":"0.00%"},{"v":0,"d":"0.00%"}]
[null,null,{"$error":"#REF!"},{"$error":"#REF!"},{"$error":"#REF!"},{"$error":"#REF!"},{"$nulls":7},{"v":0.10000000000000002,"d":"10.00%"},{"v":0.15,"d":"15.00%"},{"v":0.3,"d":"30.00%"},{"v":0.44999999999999996,"d":"45.00%"}]
[null,267,"PARED DE BLOQUE 20x20x40cm","m2",{"v":12.93,"d":"12.93000"},{"v":26.97,"d":"$ 26.97000"},{"v":348.72209999999995,"d":"$ 348.72210"},0,0,0,0,0,0,34.87221,{"v":52.30831499999999,"d":"52.30832"},{"v":104.61662999999999,"d":"104.61663"},{"v":156.92494499999995,"d":"156.92495"},0,0,0,0,0,0]
[null,null,{"$error":"#REF!"},{"$error":"#REF!"},{"$error":"#REF!"},{"$error":"#REF!"},null,{"v":0,"d":"0.00%"},{"v":0,"d":"0.00%"},{"v":0,"d":"0.00%"},{"v":0,"d":"0.00%"},{"v":0,"d":"0.00%"},{"v":0,"d":"0.00%"},{"v":0.10000000000000002,"d":"10.00%"},{"v":0.15,"d":"15.00%"},{"v":0.3,"d":"30.00%"},{"v":0.44999999999999996,"d":"45.00%"},{"v":0,"d":"0.00%"},{"v":0,"d":"0.00%"},{"v":0,"d":"0.00%"},{"v":0,"d":"0.00%"},{"v":0,"d":"0.00%"},{"v":0,"d":"0.00%"}]
[null,null,{"$error":"#REF!"},{"$error":"#REF!"},{"$error":"#REF!"},{"$error":"#REF!"},{"$nulls":7},{"v":0.10000000000000002,"d":"10.00%"},{"v":0.15,"d":"15.00%"},{"v":0.3,"d":"30.00%"},{"v":0.44999999999999996,"d":"45.00%"}]
[null,268,"ENLUCIDO DE PAREDES EXTERIORES","m2",{"v":137.5,"d":"137.50000"},{"v":11.74,"d":"$ 11.74000"},{"v":1614.25,"d":"$ 1,614.25000"},0,0,0,0,0,0,{"v":161.42500000000004,"d":"161.42500"},{"v":242.1375,"d":"242.13750"},{"v":484.275,"d":"484.27500"},{"v":726.4124999999999,"d":"726.41250"},0,0,0,0,0,0]
[null,null,{"$error":"#REF!"},{"$error":"#REF!"},{"$error":"#REF!"},{"$error":"#REF!"},null,{"v":0,"d":"0.00%"},{"v":0,"d":"0.00%"},{"v":0,"d":"0.00%"},{"v":0,"d":"0.00%"},{"v":0,"d":"0.00%"},{"v":0,"d":"0.00%"},{"v":0.10000000000000002,"d":"10.00%"},{"v":0.15,"d":"15.00%"},{"v":0.3,"d":"30.00%"},{"v":0.44999999999999996,"d":"45.00%"},{"v":0,"d":"0.00%"},{"v":0,"d":"0.00%"},{"v":0,"d":"0.00%"},{"v":0,"d":"0.00%"},{"v":0,"d":"0.00%"},{"v":0,"d":"0.00%"}]
[null,null,{"$error":"#REF!"},{"$error":"#REF!"},{"$error":"#REF!"},{"$error":"#REF!"},{"$nulls":7},{"v":0.10000000000000002,"d":"10.00%"},{"v":0.15,"d":"15.00%"},{"v":0.3,"d":"30.00%"},{"v":0.44999999999999996,"d":"45.00%"}]
[null,269,"ENLUCIDO DE PAREDES INTERIORES","m2",{"v":323.45,"d":"323.45000"},{"v":8.61,"d":"$ 8.61000"},{"v":2784.9044999999996,"d":"$ 2,784.90450"},0,0,0,0,0,0,278.49045,{"v":417.73567499999996,"d":"417.73568"},{"v":835.4713499999999,"d":"835.47135"},{"v":1253.2070249999997,"d":"1,253.20703"},0,0,0,0,0,0]
[null,null,{"$error":"#REF!"},{"$error":"#REF!"},{"$error":"#REF!"},{"$error":"#REF!"},null,{"v":0,"d":"0.00%"},{"v":0,"d":"0.00%"},{"v":0,"d":"0.00%"},{"v":0,"d":"0.00%"},{"v":0,"d":"0.00%"},{"v":0,"d":"0.00%"},{"v":0.10000000000000002,"d":"10.00%"},{"v":0.15,"d":"15.00%"},{"v":0.3,"d":"30.00%"},{"v":0.44999999999999996,"d":"45.00%"},{"v":0,"d":"0.00%"},{"v":0,"d":"0.00%"},{"v":0,"d":"0.00%"},{"v":0,"d":"0.00%"},{"v":0,"d":"0.00%"},{"v":0,"d":"0.00%"}]
[null,null,{"$error":"#REF!"},{"$error":"#REF!"},{"$error":"#REF!"},{"$error":"#REF!"},{"$nulls":7},{"v":0.10000000000000002,"d":"10.00%"},{"v":0.15,"d":"15.00%"},{"v":0.3,"d":"30.00%"},{"v":0.44999999999999996,"d":"45.00%"}]
[null,270,"ENLUCIDO DE FILOS","m",{"v":150,"d":"150.00000"},{"v":4.04,"d":"$ 4.04000"},{"v":606,"d":"$ 606.00000"},0,0,0,0,0,0,{"v":60.60000000000001,"d":"60.60000"},{"v":90.89999999999999,"d":"90.90000"},{"v":181.79999999999998,"d":"181.80000"},{"v":272.7,"d":"272.70000"},0,0,0,0,0,0]
[null,null,{"$error":"#REF!"},{"$error":"#REF!"},{"$error":"#REF!"},{"$error":"#REF!"},null,{"v":0,"d":"0.00%"},{"v":0,"d":"0.00%"},{"v":0,"d":"0.00%"},{"v":0,"d":"0.00%"},{"v":0,"d":"0.00%"},{"v":0,"d":"0.00%"},{"v":0.10000000000000002,"d":"10.00%"},{"v":0.15,"d":"15.00%"},{"v":0.3,"d":"30.00%"},{"v":0.44999999999999996,"d":"45.00%"},{"v":0,"d":"0.00%"},{"v":0,"d":"0.00%"},{"v":0,"d":"0.00%"},{"v":0,"d":"0.00%"},{"v":0,"d":"0.00%"},{"v":0,"d":"0.00%"}]
[null,null,{"$error":"#REF!"},{"$error":"#REF!"},{"$error":"#REF!"},{"$error":"#REF!"},{"$nulls":7},{"v":0.10000000000000002,"d":"10.00%"},{"v":0.15,"d":"15.00%"},{"v":0.3,"d":"30.00%"},{"v":0.44999999999999996,"d":"45.00%"}]
[null,271,"PILARETES Y VIGUETAS 12x9cm","m",{"v":70,"d":"70.00000"},{"v":48.64,"d":"$ 48.64000"},{"v":3404.8,"d":"$ 3,404.80000"},0,0,0,0,0,0,{"v":340.4800000000001,"d":"340.48000"},{"v":510.72,"d":"510.72000"},{"v":1021.44,"d":"1,021.44000"},{"v":1532.1599999999999,"d":"1,532.16000"},0,0,0,0,0,0]
[null,null,{"$error":"#REF!"},{"$error":"#REF!"},{"$error":"#REF!"},{"$error":"#REF!"},null,{"v":0,"d":"0.00%"},{"v":0,"d":"0.00%"},{"v":0,"d":"0.00%"},{"v":0,"d":"0.00%"},{"v":0,"d":"0.00%"},{"v":0,"d":"0.00%"},{"v":0.10000000000000002,"d":"10.00%"},{"v":0.15,"d":"15.00%"},{"v":0.3,"d":"30.00%"},{"v":0.44999999999999996,"d":"45.00%"},{"v":0,"d":"0.00%"},{"v":0,"d":"0.00%"},{"v":0,"d":"0.00%"},{"v":0,"d":"0.00%"},{"v":0,"d":"0.00%"},{"v":0,"d":"0.00%"}]
[null,null,{"$error":"#REF!"},{"$error":"#REF!"},{"$error":"#REF!"},{"$error":"#REF!"},{"$nulls":7},{"v":0.10000000000000002,"d":"10.00%"},{"v":0.15,"d":"15.00%"},{"v":0.3,"d":"30.00%"},{"v":0.44999999999999996,"d":"45.00%"}]
[null,272,"CUADRADA DE BOQUETES","m",{"v":70,"d":"70.00000"},{"v":6.03,"d":"$ 6.03000"},{"v":422.1,"d":"$ 422.10000"},0,0,0,0,0,0,{"v":42.21000000000001,"d":"42.21000"},{"v":63.315,"d":"63.31500"},{"v":126.63,"d":"126.63000"},{"v":189.945,"d":"189.94500"},0,0,0,0,0,0]
[null,null,{"$error":"#REF!"},{"$error":"#REF!"},{"$error":"#REF!"},{"$error":"#REF!"},null,{"v":0,"d":"0.00%"},{"v":0,"d":"0.00%"},{"v":0,"d":"0.00%"},{"v":0,"d":"0.00%"},{"v":0,"d":"0.00%"},{"v":0,"d":"0.00%"},{"v":0.10000000000000002,"d":"10.00%"},{"v":0.15,"d":"15.00%"},{"v":0.3,"d":"30.00%"},{"v":0.44999999999999996,"d":"45.00%"},{"v":0,"d":"0.00%"},{"v":0,"d":"0.00%"},{"v":0,"d":"0.00%"},{"v":0,"d":"0.00%"},{"v":0,"d":"0.00%"},{"v":0,"d":"0.00%"}]
[null,null,{"$error":"#REF!"},{"$error":"#REF!"},{"$error":"#REF!"},{"$error":"#REF!"},{"$nulls":7},{"v":0.10000000000000002,"d":"10.00%"},{"v":0.15,"d":"15.00%"},{"v":0.3,"d":"30.00%"},{"v":0.44999999999999996,"d":"45.00%"}]
[null,273,"PINTURA EXTERIOR","m2",{"v":141.74,"d":"141.74000"},{"v":8.68,"d":"$ 8.68000"},{"v":1230.3032,"d":"$ 1,230.30320"},0,0,0,0,0,0,{"v":123.03032000000003,"d":"123.03032"},184.54548,369.09096,553.63644,0,0,0,0,0,0]
[null,null,{"$error":"#REF!"},{"$error":"#REF!"},{"$error":"#REF!"},{"$error":"#REF!"},null,{"v":0,"d":"0.00%"},{"v":0,"d":"0.00%"},{"v":0,"d":"0.00%"},{"v":0,"d":"0.00%"},{"v":0,"d":"0.00%"},{"v":0,"d":"0.00%"},{"v":0.10000000000000002,"d":"10.00%"},{"v":0.15,"d":"15.00%"},{"v":0.3,"d":"30.00%"},{"v":0.44999999999999996,"d":"45.00%"},{"v":0,"d":"0.00%"},{"v":0,"d":"0.00%"},{"v":0,"d":"0.00%"},{"v":0,"d":"0.00%"},{"v":0,"d":"0.00%"},{"v":0,"d":"0.00%"}]
[null,null,{"$error":"#REF!"},{"$error":"#REF!"},{"$error":"#REF!"},{"$error":"#REF!"},{"$nulls":7},{"v":0.10000000000000002,"d":"10.00%"},{"v":0.15,"d":"15.00%"},{"v":0.3,"d":"30.00%"},{"v":0.44999999999999996,"d":"45.00%"}]
[null,274,"PINTURA INTERIOR","m2",{"v":312.5,"d":"312.50000"},{"v":8.19,"d":"$ 8.19000"},{"v":2559.375,"d":"$ 2,559.37500"},0,0,0,0,0,0,{"v":255.93750000000006,"d":"255.93750"},383.90625,{"v":767.8125,"d":"767.81250"},{"v":1151.71875,"d":"1,151.71875"},0,0,0,0,0,0]
[null,null,{"$error":"#REF!"},{"$error":"#REF!"},{"$error":"#REF!"},{"$error":"#REF!"},null,{"v":0,"d":"0.00%"},{"v":0,"d":"0.00%"},{"v":0,"d":"0.00%"},{"v":0,"d":"0.00%"},{"v":0,"d":"0.00%"},{"v":0,"d":"0.00%"},{"v":0.10000000000000002,"d":"10.00%"},{"v":0.15,"d":"15.00%"},{"v":0.3,"d":"30.00%"},{"v":0.44999999999999996,"d":"45.00%"},{"v":0,"d":"0.00%"},{"v":0,"d":"0.00%"},{"v":0,"d":"0.00%"},{"v":0,"d":"0.00%"},{"v":0,"d":"0.00%"},{"v":0,"d":"0.00%"}]
[null,null,{"$error":"#REF!"},{"$error":"#REF!"},{"$error":"#REF!"},{"$error":"#REF!"},{"$nulls":7},{"v":0.10000000000000002,"d":"10.00%"},{"v":0.15,"d":"15.00%"},{"v":0.3,"d":"30.00%"},{"v":0.44999999999999996,"d":"45.00%"}]
[null,275,"SUMINISTRO E INSTALACION DE MADERA ALISTONADA EN PARED","m2",{"v":37.02,"d":"37.02000"},{"v":58.62,"d":"$ 58.62000"},{"v":2170.1124,"d":"$ 2,170.11240"},0,0,0,0,0,0,{"v":217.01124000000004,"d":"217.01124"},325.51686,651.03372,{"v":976.5505799999999,"d":"976.55058"},0,0,0,0,0,0]
[null,null,{"$error":"#REF!"},{"$error":"#REF!"},{"$error":"#REF!"},{"$error":"#REF!"},null,{"v":0,"d":"0.00%"},{"v":0,"d":"0.00%"},{"v":0,"d":"0.00%"},{"v":0,"d":"0.00%"},{"v":0,"d":"0.00%"},{"v":0,"d":"0.00%"},{"v":0.10000000000000002,"d":"10.00%"},{"v":0.15,"d":"15.00%"},{"v":0.3,"d":"30.00%"},{"v":0.44999999999999996,"d":"45.00%"},{"v":0,"d":"0.00%"},{"v":0,"d":"0.00%"},{"v":0,"d":"0.00%"},{"v":0,"d":"0.00%"},{"v":0,"d":"0.00%"},{"v":0,"d":"0.00%"}]
[null,null,{"$error":"#REF!"},{"$error":"#REF!"},{"$error":"#REF!"},{"$error":"#REF!"},{"$nulls":7},{"v":0.10000000000000002,"d":"10.00%"},{"v":0.15,"d":"15.00%"},{"v":0.3,"d":"30.00%"},{"v":0.44999999999999996,"d":"45.00%"}]
[null,276,"HORMIGON APARENTE F´C= 180 Kg/cm2","m2",{"v":28.15,"d":"28.15000"},{"v":90.19,"d":"$ 90.19000"},{"v":2538.8484999999996,"d":"$ 2,538.84850"},0,0,0,0,0,0,253.88485,{"v":380.82727499999993,"d":"380.82728"},{"v":761.6545499999999,"d":"761.65455"},{"v":1142.4818249999996,"d":"1,142.48183"},0,0,0,0,0,0]
[null,null,{"$error":"#REF!"},{"$error":"#REF!"},{"$error":"#REF!"},{"$error":"#REF!"},null,{"v":0,"d":"0.00%"},{"v":0,"d":"0.00%"},{"v":0,"d":"0.00%"},{"v":0,"d":"0.00%"},{"v":0,"d":"0.00%"},{"v":0,"d":"0.00%"},{"v":0.10000000000000002,"d":"10.00%"},{"v":0.15,"d":"15.00%"},{"v":0.3,"d":"30.00%"},{"v":0.44999999999999996,"d":"45.00%"},{"v":0,"d":"0.00%"},{"v":0,"d":"0.00%"},{"v":0,"d":"0.00%"},{"v":0,"d":"0.00%"},{"v":0,"d":"0.00%"},{"v":0,"d":"0.00%"}]
[null,null,{"$error":"#REF!"},{"$error":"#REF!"},{"$error":"#REF!"},{"$error":"#REF!"},{"$nulls":7},{"v":0.10000000000000002,"d":"10.00%"},{"v":0.15,"d":"15.00%"},{"v":0.3,"d":"30.00%"},{"v":0.44999999999999996,"d":"45.00%"}]
[null,277,"CERAMICA 8x30cm","m2",{"v":85.86,"d":"85.86000"},{"v":69.6,"d":"$ 69.60000"},{"v":5975.856,"d":"$ 5,975.85600"},0,0,0,0,0,0,{"v":597.5856000000001,"d":"597.58560"},{"v":896.3783999999999,"d":"896.37840"},{"v":1792.7567999999999,"d":"1,792.75680"},{"v":2689.1351999999997,"d":"2,689.13520"},0,0,0,0,0,0]
[null,null,{"$error":"#REF!"},{"$error":"#REF!"},{"$error":"#REF!"},{"$error":"#REF!"},null,{"v":0,"d":"0.00%"},{"v":0,"d":"0.00%"},{"v":0,"d":"0.00%"},{"v":0,"d":"0.00%"},{"v":0,"d":"0.00%"},{"v":0,"d":"0.00%"},{"v":0.10000000000000002,"d":"10.00%"},{"v":0.15,"d":"15.00%"},{"v":0.3,"d":"30.00%"},{"v":0.44999999999999996,"d":"45.00%"},{"v":0,"d":"0.00%"},{"v":0,"d":"0.00%"},{"v":0,"d":"0.00%"},{"v":0,"d":"0.00%"},{"v":0,"d":"0.00%"},{"v":0,"d":"0.00%"}]
[null,null,{"$error":"#REF!"},{"$error":"#REF!"},{"$error":"#REF!"},{"$error":"#REF!"},{"$nulls":7},{"v":0.10000000000000002,"d":"10.00%"},{"v":0.15,"d":"15.00%"},{"v":0.3,"d":"30.00%"},{"v":0.44999999999999996,"d":"45.00%"}]
[null,278,"SUMINISTRO E INSTALACION DE PANEL PVC 2mm","m2",{"v":58.89,"d":"58.89000"},{"v":18.8,"d":"$ 18.80000"},{"v":1107.132,"d":"$ 1,107.13200"},0,0,0,0,0,0,{"v":110.71320000000003,"d":"110.71320"},{"v":166.06980000000001,"d":"166.06980"},{"v":332.13960000000003,"d":"332.13960"},{"v":498.20939999999996,"d":"498.20940"},0,0,0,0,0,0]
[null,null,{"$error":"#REF!"},{"$error":"#REF!"},{"$error":"#REF!"},{"$error":"#REF!"},null,{"v":0,"d":"0.00%"},{"v":0,"d":"0.00%"},{"v":0,"d":"0.00%"},{"v":0,"d":"0.00%"},{"v":0,"d":"0.00%"},{"v":0,"d":"0.00%"},{"v":0.10000000000000002,"d":"10.00%"},{"v":0.15,"d":"15.00%"},{"v":0.3,"d":"30.00%"},{"v":0.44999999999999996,"d":"45.00%"},{"v":0,"d":"0.00%"},{"v":0,"d":"0.00%"},{"v":0,"d":"0.00%"},{"v":0,"d":"0.00%"},{"v":0,"d":"0.00%"},{"v":0,"d":"0.00%"}]
[null,null,{"$error":"#REF!"},{"$error":"#REF!"},{"$error":"#REF!"},{"$error":"#REF!"},{"$nulls":7},{"v":0.10000000000000002,"d":"10.00%"},{"v":0.15,"d":"15.00%"},{"v":0.3,"d":"30.00%"},{"v":0.44999999999999996,"d":"45.00%"}]
[null,279,"CERAMICA DE PARED DE BAÑO 30x60cm","m2",{"v":31.89,"d":"31.89000"},{"v":24.35,"d":"$ 24.35000"},{"v":776.5215000000001,"d":"$ 776.52150"},0,0,0,0,0,0,{"v":77.65215000000002,"d":"77.65215"},{"v":116.47822500000001,"d":"116.47823"},{"v":232.95645000000002,"d":"232.95645"},{"v":349.43467499999997,"d":"349.43468"},0,0,0,0,0,0]
[null,null,{"$error":"#REF!"},{"$error":"#REF!"},{"$error":"#REF!"},{"$error":"#REF!"},null,{"v":0,"d":"0.00%"},{"v":0,"d":"0.00%"},{"v":0,"d":"0.00%"},{"v":0,"d":"0.00%"},{"v":0,"d":"0.00%"},{"v":0,"d":"0.00%"},{"v":0.10000000000000002,"d":"10.00%"},{"v":0.15,"d":"15.00%"},{"v":0.3,"d":"30.00%"},{"v":0.44999999999999996,"d":"45.00%"},{"v":0,"d":"0.00%"},{"v":0,"d":"0.00%"},{"v":0,"d":"0.00%"},{"v":0,"d":"0.00%"},{"v":0,"d":"0.00%"},{"v":0,"d":"0.00%"}]
[null,null,{"$error":"#REF!"},{"$error":"#REF!"},{"$error":"#REF!"},{"$error":"#REF!"},{"$nulls":7},{"v":0.10000000000000002,"d":"10.00%"},{"v":0.15,"d":"15.00%"},{"v":0.3,"d":"30.00%"},{"v":0.44999999999999996,"d":"45.00%"}]
[null,280,"CIELO RASO TIPO GYPSUM","m2",{"v":84.83,"d":"84.83000"},{"v":19.14,"d":"$ 19.14000"},{"v":1623.6462,"d":"$ 1,623.64620"},0,0,0,0,0,0,0,0,0,0,{"v":1623.6462,"d":"1,623.64620"},0,0,0,0,0]
[null,null,{"$error":"#REF!"},{"$error":"#REF!"},{"$error":"#REF!"},{"$error":"#REF!"},null,{"v":0,"d":"0.00%"},{"v":0,"d":"0.00%"},{"v":0,"d":"0.00%"},{"v":0,"d":"0.00%"},{"v":0,"d":"0.00%"},{"v":0,"d":"0.00%"},{"v":0,"d":"0.00%"},{"v":0,"d":"0.00%"},{"v":0,"d":"0.00%"},{"v":0,"d":"0.00%"},{"v":1,"d":"100.00%"},{"v":0,"d":"0.00%"},{"v":0,"d":"0.00%"},{"v":0,"d":"0.00%"},{"v":0,"d":"0.00%"},{"v":0,"d":"0.00%"}]
[null,null,{"$error":"#REF!"},{"$error":"#REF!"},{"$error":"#REF!"},{"$error":"#REF!"},{"$nulls":11},{"v":1,"d":"100.00%"}]
[null,281,"LAVAMANOS DE EMPOTRAR CON GRIFERIA DE CIERRE AUTOMATICO (INCLUYE ACCESORIOS)","u",{"v":2,"d":"2.00000"},{"v":194.44,"d":"$ 194.44000"},{"v":388.88,"d":"$ 388.88000"},0,0,0,0,0,0,0,0,0,0,0,0,0,{"v":388.88,"d":"388.88000"},0,0]
[null,null,{"$error":"#REF!"},{"$error":"#REF!"},{"$error":"#REF!"},{"$error":"#REF!"},null,{"v":0,"d":"0.00%"},{"v":0,"d":"0.00%"},{"v":0,"d":"0.00%"},{"v":0,"d":"0.00%"},{"v":0,"d":"0.00%"},{"v":0,"d":"0.00%"},{"v":0,"d":"0.00%"},{"v":0,"d":"0.00%"},{"v":0,"d":"0.00%"},{"v":0,"d":"0.00%"},{"v":0,"d":"0.00%"},{"v":0,"d":"0.00%"},{"v":0,"d":"0.00%"},{"v":1,"d":"100.00%"},{"v":0,"d":"0.00%"},{"v":0,"d":"0.00%"}]
[null,null,{"$error":"#REF!"},{"$error":"#REF!"},{"$error":"#REF!"},{"$error":"#REF!"},{"$nulls":14},{"v":1,"d":"100.00%"}]
[null,282,"INODOROS CON FLUXOMETRO (INCLUYE ACCESORIOS)","u",{"v":2,"d":"2.00000"},{"v":402.63,"d":"$ 402.63000"},{"v":805.26,"d":"$ 805.26000"},0,0,0,0,0,0,0,0,0,0,0,0,0,{"v":805.26,"d":"805.26000"},0,0]
[null,null,{"$error":"#REF!"},{"$error":"#REF!"},{"$error":"#REF!"},{"$error":"#REF!"},null,{"v":0,"d":"0.00%"},{"v":0,"d":"0.00%"},{"v":0,"d":"0.00%"},{"v":0,"d":"0.00%"},{"v":0,"d":"0.00%"},{"v":0,"d":"0.00%"},{"v":0,"d":"0.00%"},{"v":0,"d":"0.00%"},{"v":0,"d":"0.00%"},{"v":0,"d":"0.00%"},{"v":0,"d":"0.00%"},{"v":0,"d":"0.00%"},{"v":0,"d":"0.00%"},{"v":1,"d":"100.00%"},{"v":0,"d":"0.00%"},{"v":0,"d":"0.00%"}]
[null,null,{"$error":"#REF!"},{"$error":"#REF!"},{"$error":"#REF!"},{"$error":"#REF!"},{"$nulls":14},{"v":1,"d":"100.00%"}]
[null,283,"SUMINISTRO E INSTALACION DE ESPEJOS","m2",{"v":0.5,"d":"0.50000"},{"v":76.35,"d":"$ 76.35000"},{"v":38.175,"d":"$ 38.17500"},0,0,0,0,0,0,0,0,0,0,0,0,0,{"v":38.175,"d":"38.17500"},0,0]
[null,null,{"$error":"#REF!"},{"$error":"#REF!"},{"$error":"#REF!"},{"$error":"#REF!"},null,{"v":0,"d":"0.00%"},{"v":0,"d":"0.00%"},{"v":0,"d":"0.00%"},{"v":0,"d":"0.00%"},{"v":0,"d":"0.00%"},{"v":0,"d":"0.00%"},{"v":0,"d":"0.00%"},{"v":0,"d":"0.00%"},{"v":0,"d":"0.00%"},{"v":0,"d":"0.00%"},{"v":0,"d":"0.00%"},{"v":0,"d":"0.00%"},{"v":0,"d":"0.00%"},{"v":1,"d":"100.00%"},{"v":0,"d":"0.00%"},{"v":0,"d":"0.00%"}]
[null,null,{"$error":"#REF!"},{"$error":"#REF!"},{"$error":"#REF!"},{"$error":"#REF!"},{"$nulls":14},{"v":1,"d":"100.00%"}]
[null,284,"SUMINISTRO E INSTALACION DE DISPENSADOR DE PAPEL","u",{"v":2,"d":"2.00000"},{"v":82.32,"d":"$ 82.32000"},{"v":164.64,"d":"$ 164.64000"},0,0,0,0,0,0,0,0,0,0,0,0,0,{"v":164.64,"d":"164.64000"},0,0]
[null,null,{"$error":"#REF!"},{"$error":"#REF!"},{"$error":"#REF!"},{"$error":"#REF!"},null,{"v":0,"d":"0.00%"},{"v":0,"d":"0.00%"},{"v":0,"d":"0.00%"},{"v":0,"d":"0.00%"},{"v":0,"d":"0.00%"},{"v":0,"d":"0.00%"},{"v":0,"d":"0.00%"},{"v":0,"d":"0.00%"},{"v":0,"d":"0.00%"},{"v":0,"d":"0.00%"},{"v":0,"d":"0.00%"},{"v":0,"d":"0.00%"},{"v":0,"d":"0.00%"},{"v":1,"d":"100.00%"},{"v":0,"d":"0.00%"},{"v":0,"d":"0.00%"}]
[null,null,{"$error":"#REF!"},{"$error":"#REF!"},{"$error":"#REF!"},{"$error":"#REF!"},{"$nulls":14},{"v":1,"d":"100.00%"}]
[null,285,"SUMINISTRO E INSTALACION DE DISPENSADOR DE JABON LIQUIDO","u",{"v":2,"d":"2.00000"},{"v":74.39,"d":"$ 74.39000"},{"v":148.78,"d":"$ 148.78000"},0,0,0,0,0,0,0,0,0,0,0,0,0,{"v":148.78,"d":"148.78000"},0,0]
[null,null,{"$error":"#REF!"},{"$error":"#REF!"},{"$error":"#REF!"},{"$error":"#REF!"},null,{"v":0,"d":"0.00%"},{"v":0,"d":"0.00%"},{"v":0,"d":"0.00%"},{"v":0,"d":"0.00%"},{"v":0,"d":"0.00%"},{"v":0,"d":"0.00%"},{"v":0,"d":"0.00%"},{"v":0,"d":"0.00%"},{"v":0,"d":"0.00%"},{"v":0,"d":"0.00%"},{"v":0,"d":"0.00%"},{"v":0,"d":"0.00%"},{"v":0,"d":"0.00%"},{"v":1,"d":"100.00%"},{"v":0,"d":"0.00%"},{"v":0,"d":"0.00%"}]
[null,null,{"$error":"#REF!"},{"$error":"#REF!"},{"$error":"#REF!"},{"$error":"#REF!"},{"$nulls":14},{"v":1,"d":"100.00%"}]
[null,286,"SUMINISTRO E INSTALACION DE SECADORA DE AIRE","u",{"v":2,"d":"2.00000"},{"v":91.33,"d":"$ 91.33000"},{"v":182.66,"d":"$ 182.66000"},0,0,0,0,0,0,0,0,0,0,0,0,0,{"v":182.66,"d":"182.66000"},0,0]
[null,null,{"$error":"#REF!"},{"$error":"#REF!"},{"$error":"#REF!"},{"$error":"#REF!"},null,{"v":0,"d":"0.00%"},{"v":0,"d":"0.00%"},{"v":0,"d":"0.00%"},{"v":0,"d":"0.00%"},{"v":0,"d":"0.00%"},{"v":0,"d":"0.00%"},{"v":0,"d":"0.00%"},{"v":0,"d":"0.00%"},{"v":0,"d":"0.00%"},{"v":0,"d":"0.00%"},{"v":0,"d":"0.00%"},{"v":0,"d":"0.00%"},{"v":0,"d":"0.00%"},{"v":1,"d":"100.00%"},{"v":0,"d":"0.00%"},{"v":0,"d":"0.00%"}]
[null,null,{"$error":"#REF!"},{"$error":"#REF!"},{"$error":"#REF!"},{"$error":"#REF!"},{"$nulls":14},{"v":1,"d":"100.00%"}]
[null,287,"PUERTA DE MADERA (0.70x2.20)m","u",{"v":3,"d":"3.00000"},{"v":142.41,"d":"$ 142.41000"},{"v":427.23,"d":"$ 427.23000"},0,0,0,0,0,0,0,0,0,0,0,0,0,{"v":427.23,"d":"427.23000"},0,0]
[null,null,{"$error":"#REF!"},{"$error":"#REF!"},{"$error":"#REF!"},{"$error":"#REF!"},null,{"v":0,"d":"0.00%"},{"v":0,"d":"0.00%"},{"v":0,"d":"0.00%"},{"v":0,"d":"0.00%"},{"v":0,"d":"0.00%"},{"v":0,"d":"0.00%"},{"v":0,"d":"0.00%"},{"v":0,"d":"0.00%"},{"v":0,"d":"0.00%"},{"v":0,"d":"0.00%"},{"v":0,"d":"0.00%"},{"v":0,"d":"0.00%"},{"v":0,"d":"0.00%"},{"v":1,"d":"100.00%"},{"v":0,"d":"0.00%"},{"v":0,"d":"0.00%"}]
[null,null,{"$error":"#REF!"},{"$error":"#REF!"},{"$error":"#REF!"},{"$error":"#REF!"},{"$nulls":14},{"v":1,"d":"100.00%"}]
[null,288,"PUERTA DE MADERA (0.80x2.20)m","u",{"v":1,"d":"1.00000"},{"v":143.62,"d":"$ 143.62000"},{"v":143.62,"d":"$ 143.62000"},0,0,0,0,0,0,0,0,0,0,0,0,0,{"v":143.62,"d":"143.62000"},0,0]
[null,null,{"$error":"#REF!"},{"$error":"#REF!"},{"$error":"#REF!"},{"$error":"#REF!"},null,{"v":0,"d":"0.00%"},{"v":0,"d":"0.00%"},{"v":0,"d":"0.00%"},{"v":0,"d":"0.00%"},{"v":0,"d":"0.00%"},{"v":0,"d":"0.00%"},{"v":0,"d":"0.00%"},{"v":0,"d":"0.00%"},{"v":0,"d":"0.00%"},{"v":0,"d":"0.00%"},{"v":0,"d":"0.00%"},{"v":0,"d":"0.00%"},{"v":0,"d":"0.00%"},{"v":1,"d":"100.00%"},{"v":0,"d":"0.00%"},{"v":0,"d":"0.00%"}]
[null,null,{"$error":"#REF!"},{"$error":"#REF!"},{"$error":"#REF!"},{"$error":"#REF!"},{"$nulls":14},{"v":1,"d":"100.00%"}]
[null,289,"PUERTA METALICA (0.80x2.20)m","u",{"v":4,"d":"4.00000"},{"v":515.81,"d":"$ 515.81000"},{"v":2063.24,"d":"$ 2,063.24000"},0,0,0,0,0,0,0,0,0,0,0,0,0,{"v":2063.24,"d":"2,063.24000"},0,0]
[null,null,{"$error":"#REF!"},{"$error":"#REF!"},{"$error":"#REF!"},{"$error":"#REF!"},null,{"v":0,"d":"0.00%"},{"v":0,"d":"0.00%"},{"v":0,"d":"0.00%"},{"v":0,"d":"0.00%"},{"v":0,"d":"0.00%"},{"v":0,"d":"0.00%"},{"v":0,"d":"0.00%"},{"v":0,"d":"0.00%"},{"v":0,"d":"0.00%"},{"v":0,"d":"0.00%"},{"v":0,"d":"0.00%"},{"v":0,"d":"0.00%"},{"v":0,"d":"0.00%"},{"v":1,"d":"100.00%"},{"v":0,"d":"0.00%"},{"v":0,"d":"0.00%"}]
[null,null,{"$error":"#REF!"},{"$error":"#REF!"},{"$error":"#REF!"},{"$error":"#REF!"},{"$nulls":14},{"v":1,"d":"100.00%"}]
[null,290,"PUERTA METALICA (0.90x2.10)m","u",{"v":1,"d":"1.00000"},{"v":505.65,"d":"$ 505.65000"},{"v":505.65,"d":"$ 505.65000"},0,0,0,0,0,0,0,0,0,0,0,0,0,{"v":505.65,"d":"505.65000"},0,0]
[null,null,{"$error":"#REF!"},{"$error":"#REF!"},{"$error":"#REF!"},{"$error":"#REF!"},null,{"v":0,"d":"0.00%"},{"v":0,"d":"0.00%"},{"v":0,"d":"0.00%"},{"v":0,"d":"0.00%"},{"v":0,"d":"0.00%"},{"v":0,"d":"0.00%"},{"v":0,"d":"0.00%"},{"v":0,"d":"0.00%"},{"v":0,"d":"0.00%"},{"v":0,"d":"0.00%"},{"v":0,"d":"0.00%"},{"v":0,"d":"0.00%"},{"v":0,"d":"0.00%"},{"v":1,"d":"100.00%"},{"v":0,"d":"0.00%"},{"v":0,"d":"0.00%"}]
[null,null,{"$error":"#REF!"},{"$error":"#REF!"},{"$error":"#REF!"},{"$error":"#REF!"},{"$nulls":14},{"v":1,"d":"100.00%"}]
[null,291,"PUERTA METALICA (0.90x2.20)m","u",{"v":4,"d":"4.00000"},{"v":502.19,"d":"$ 502.19000"},{"v":2008.76,"d":"$ 2,008.76000"},0,0,0,0,0,0,0,0,0,0,0,0,0,{"v":1004.38,"d":"1,004.38000"},{"v":1004.38,"d":"1,004.38000"},0]
[null,null,{"$error":"#REF!"},{"$error":"#REF!"},{"$error":"#REF!"},{"$error":"#REF!"},null,{"v":0,"d":"0.00%"},{"v":0,"d":"0.00%"},{"v":0,"d":"0.00%"},{"v":0,"d":"0.00%"},{"v":0,"d":"0.00%"},{"v":0,"d":"0.00%"},{"v":0,"d":"0.00%"},{"v":0,"d":"0.00%"},{"v":0,"d":"0.00%"},{"v":0,"d":"0.00%"},{"v":0,"d":"0.00%"},{"v":0,"d":"0.00%"},{"v":0,"d":"0.00%"},{"v":0.5,"d":"50.00%"},{"v":0.5,"d":"50.00%"},{"v":0,"d":"0.00%"}]
[null,null,{"$error":"#REF!"},{"$error":"#REF!"},{"$error":"#REF!"},{"$error":"#REF!"},{"$nulls":14},{"v":0.5,"d":"50.00%"},{"v":0.5,"d":"50.00%"}]
[null,292,"PUERTA ENROLLABLE","m2",{"v":5.28,"d":"5.28000"},{"v":183.92,"d":"$ 183.92000"},{"v":971.0975999999999,"d":"$ 971.09760"},0,0,0,0,0,0,0,0,0,0,0,0,0,0,{"v":971.0975999999999,"d":"971.09760"},0]
[null,null,{"$error":"#REF!"},{"$error":"#REF!"},{"$error":"#REF!"},{"$error":"#REF!"},null,{"v":0,"d":"0.00%"},{"v":0,"d":"0.00%"},{"v":0,"d":"0.00%"},{"v":0,"d":"0.00%"},{"v":0,"d":"0.00%"},{"v":0,"d":"0.00%"},{"v":0,"d":"0.00%"},{"v":0,"d":"0.00%"},{"v":0,"d":"0.00%"},{"v":0,"d":"0.00%"},{"v":0,"d":"0.00%"},{"v":0,"d":"0.00%"},{"v":0,"d":"0.00%"},{"v":0,"d":"0.00%"},{"v":1,"d":"100.00%"},{"v":0,"d":"0.00%"}]
[null,null,{"$error":"#REF!"},{"$error":"#REF!"},{"$error":"#REF!"},{"$error":"#REF!"},{"$nulls":15},{"v":1,"d":"100.00%"}]
[null,293,"VENTANAS DE ALUMINIO Y VIDRIO (VIDRIO 5mm)","m2",{"v":5,"d":"5.00000"},{"v":152.12,"d":"$ 152.12000"},{"v":760.6,"d":"$ 760.60000"},0,0,0,0,0,0,0,0,0,0,0,0,0,0,{"v":760.6,"d":"760.60000"},0]
[null,null,{"$error":"#REF!"},{"$error":"#REF!"},{"$error":"#REF!"},{"$error":"#REF!"},null,{"v":0,"d":"0.00%"},{"v":0,"d":"0.00%"},{"v":0,"d":"0.00%"},{"v":0,"d":"0.00%"},{"v":0,"d":"0.00%"},{"v":0,"d":"0.00%"},{"v":0,"d":"0.00%"},{"v":0,"d":"0.00%"},{"v":0,"d":"0.00%"},{"v":0,"d":"0.00%"},{"v":0,"d":"0.00%"},{"v":0,"d":"0.00%"},{"v":0,"d":"0.00%"},{"v":0,"d":"0.00%"},{"v":1,"d":"100.00%"},{"v":0,"d":"0.00%"}]
[null,null,{"$error":"#REF!"},{"$error":"#REF!"},{"$error":"#REF!"},{"$error":"#REF!"},{"$nulls":15},{"v":1,"d":"100.00%"}]
[null,294,"SUMINISTRO E INSTALACION DE BARANDA METALICA (INCLUYE PINTURA)","m",{"v":5,"d":"5.00000"},{"v":116.74,"d":"$ 116.74000"},{"v":583.6999999999999,"d":"$ 583.70000"},0,0,0,0,0,0,0,0,0,0,0,0,0,0,{"v":583.6999999999999,"d":"583.70000"},0]
[null,null,{"$error":"#REF!"},{"$error":"#REF!"},{"$error":"#REF!"},{"$error":"#REF!"},null,{"v":0,"d":"0.00%"},{"v":0,"d":"0.00%"},{"v":0,"d":"0.00%"},{"v":0,"d":"0.00%"},{"v":0,"d":"0.00%"},{"v":0,"d":"0.00%"},{"v":0,"d":"0.00%"},{"v":0,"d":"0.00%"},{"v":0,"d":"0.00%"},{"v":0,"d":"0.00%"},{"v":0,"d":"0.00%"},{"v":0,"d":"0.00%"},{"v":0,"d":"0.00%"},{"v":0,"d":"0.00%"},{"v":1,"d":"100.00%"},{"v":0,"d":"0.00%"}]
[null,null,{"$error":"#REF!"},{"$error":"#REF!"},{"$error":"#REF!"},{"$error":"#REF!"},{"$nulls":15},{"v":1,"d":"100.00%"}]
[null,295,"HORMIGON ARMADO PARA MESONES A= 0.60m; E= 0.07m","m",{"v":2,"d":"2.00000"},{"v":53.71,"d":"$ 53.71000"},{"v":107.42,"d":"$ 107.42000"},0,0,0,0,0,0,0,0,0,0,0,0,0,0,{"v":107.42,"d":"107.42000"},0]
[null,null,{"$error":"#REF!"},{"$error":"#REF!"},{"$error":"#REF!"},{"$error":"#REF!"},null,{"v":0,"d":"0.00%"},{"v":0,"d":"0.00%"},{"v":0,"d":"0.00%"},{"v":0,"d":"0.00%"},{"v":0,"d":"0.00%"},{"v":0,"d":"0.00%"},{"v":0,"d":"0.00%"},{"v":0,"d":"0.00%"},{"v":0,"d":"0.00%"},{"v":0,"d":"0.00%"},{"v":0,"d":"0.00%"},{"v":0,"d":"0.00%"},{"v":0,"d":"0.00%"},{"v":0,"d":"0.00%"},{"v":1,"d":"100.00%"},{"v":0,"d":"0.00%"}]
[null,null,{"$error":"#REF!"},{"$error":"#REF!"},{"$error":"#REF!"},{"$error":"#REF!"},{"$nulls":15},{"v":1,"d":"100.00%"}]
[null,296,"REVESTIMIENTO DE MESONES CON PLANCHA DE GRANITO, INCLUYE RUDON, FALDON Y SALPICADERA","m2",{"v":1.21,"d":"1.21000"},{"v":218.71,"d":"$ 218.71000"},{"v":264.6391,"d":"$ 264.63910"},0,0,0,0,0,0,0,0,0,0,0,0,0,0,{"v":264.6391,"d":"264.63910"},0]
[null,null,{"$error":"#REF!"},{"$error":"#REF!"},{"$error":"#REF!"},{"$error":"#REF!"},null,{"v":0,"d":"0.00%"},{"v":0,"d":"0.00%"},{"v":0,"d":"0.00%"},{"v":0,"d":"0.00%"},{"v":0,"d":"0.00%"},{"v":0,"d":"0.00%"},{"v":0,"d":"0.00%"},{"v":0,"d":"0.00%"},{"v":0,"d":"0.00%"},{"v":0,"d":"0.00%"},{"v":0,"d":"0.00%"},{"v":0,"d":"0.00%"},{"v":0,"d":"0.00%"},{"v":0,"d":"0.00%"},{"v":1,"d":"100.00%"},{"v":0,"d":"0.00%"}]
[null,null,{"$error":"#REF!"},{"$error":"#REF!"},{"$error":"#REF!"},{"$error":"#REF!"},{"$nulls":15},{"v":1,"d":"100.00%"}]
[null,297,"SILLON PARA TRES PERSONAS","u",{"v":1,"d":"1.00000"},{"v":367.87,"d":"$ 367.87000"},{"v":367.87,"d":"$ 367.87000"},0,0,0,0,0,0,0,0,0,0,0,0,0,0,{"v":367.87,"d":"367.87000"},0]
[null,null,{"$error":"#REF!"},{"$error":"#REF!"},{"$error":"#REF!"},{"$error":"#REF!"},null,{"v":0,"d":"0.00%"},{"v":0,"d":"0.00%"},{"v":0,"d":"0.00%"},{"v":0,"d":"0.00%"},{"v":0,"d":"0.00%"},{"v":0,"d":"0.00%"},{"v":0,"d":"0.00%"},{"v":0,"d":"0.00%"},{"v":0,"d":"0.00%"},{"v":0,"d":"0.00%"},{"v":0,"d":"0.00%"},{"v":0,"d":"0.00%"},{"v":0,"d":"0.00%"},{"v":0,"d":"0.00%"},{"v":1,"d":"100.00%"},{"v":0,"d":"0.00%"}]
[null,null,{"$error":"#REF!"},{"$error":"#REF!"},{"$error":"#REF!"},{"$error":"#REF!"},{"$nulls":15},{"v":1,"d":"100.00%"}]
[null,298,"ESCRITORIO DE RECEPCION EN L 1.8x1.8m","u",{"v":1,"d":"1.00000"},{"v":1186.84,"d":"$ 1,186.84000"},{"v":1186.84,"d":"$ 1,186.84000"},0,0,0,0,0,0,0,0,0,0,0,0,0,0,{"v":1186.84,"d":"1,186.84000"},0]
[null,null,{"$error":"#REF!"},{"$error":"#REF!"},{"$error":"#REF!"},{"$error":"#REF!"},null,{"v":0,"d":"0.00%"},{"v":0,"d":"0.00%"},{"v":0,"d":"0.00%"},{"v":0,"d":"0.00%"},{"v":0,"d":"0.00%"},{"v":0,"d":"0.00%"},{"v":0,"d":"0.00%"},{"v":0,"d":"0.00%"},{"v":0,"d":"0.00%"},{"v":0,"d":"0.00%"},{"v":0,"d":"0.00%"},{"v":0,"d":"0.00%"},{"v":0,"d":"0.00%"},{"v":0,"d":"0.00%"},{"v":1,"d":"100.00%"},{"v":0,"d":"0.00%"}]
[null,null,{"$error":"#REF!"},{"$error":"#REF!"},{"$error":"#REF!"},{"$error":"#REF!"},{"$nulls":15},{"v":1,"d":"100.00%"}]
[null,299,"ESCRITORIO PARA OFICINA 1.5x0.60m","u",{"v":3,"d":"3.00000"},{"v":596.08,"d":"$ 596.08000"},{"v":1788.2400000000002,"d":"$ 1,788.24000"},0,0,0,0,0,0,0,0,0,0,0,0,0,0,{"v":1788.2400000000002,"d":"1,788.24000"},0]
[null,null,{"$error":"#REF!"},{"$error":"#REF!"},{"$error":"#REF!"},{"$error":"#REF!"},null,{"v":0,"d":"0.00%"},{"v":0,"d":"0.00%"},{"v":0,"d":"0.00%"},{"v":0,"d":"0.00%"},{"v":0,"d":"0.00%"},{"v":0,"d":"0.00%"},{"v":0,"d":"0.00%"},{"v":0,"d":"0.00%"},{"v":0,"d":"0.00%"},{"v":0,"d":"0.00%"},{"v":0,"d":"0.00%"},{"v":0,"d":"0.00%"},{"v":0,"d":"0.00%"},{"v":0,"d":"0.00%"},{"v":1,"d":"100.00%"},{"v":0,"d":"0.00%"}]
[null,null,{"$error":"#REF!"},{"$error":"#REF!"},{"$error":"#REF!"},{"$error":"#REF!"},{"$nulls":15},{"v":1,"d":"100.00%"}]
[null,300,"ESCRITORIO EN L 2.20x2.10m","u",{"v":1,"d":"1.00000"},{"v":914.26,"d":"$ 914.26000"},{"v":914.26,"d":"$ 914.26000"},0,0,0,0,0,0,0,0,0,0,0,0,0,0,{"v":914.26,"d":"914.26000"},0]
[null,null,{"$error":"#REF!"},{"$error":"#REF!"},{"$error":"#REF!"},{"$error":"#REF!"},null,{"v":0,"d":"0.00%"},{"v":0,"d":"0.00%"},{"v":0,"d":"0.00%"},{"v":0,"d":"0.00%"},{"v":0,"d":"0.00%"},{"v":0,"d":"0.00%"},{"v":0,"d":"0.00%"},{"v":0,"d":"0.00%"},{"v":0,"d":"0.00%"},{"v":0,"d":"0.00%"},{"v":0,"d":"0.00%"},{"v":0,"d":"0.00%"},{"v":0,"d":"0.00%"},{"v":0,"d":"0.00%"},{"v":1,"d":"100.00%"},{"v":0,"d":"0.00%"}]
[null,null,{"$error":"#REF!"},{"$error":"#REF!"},{"$error":"#REF!"},{"$error":"#REF!"},{"$nulls":15},{"v":1,"d":"100.00%"}]
[null,301,"SILLA GIRATORIA","u",{"v":10,"d":"10.00000"},{"v":321.09,"d":"$ 321.09000"},{"v":3210.8999999999996,"d":"$ 3,210.90000"},0,0,0,0,0,0,0,0,0,0,0,0,0,0,{"v":3210.8999999999996,"d":"3,210.90000"},0]
[null,null,{"$error":"#REF!"},{"$error":"#REF!"},{"$error":"#REF!"},{"$error":"#REF!"},null,{"v":0,"d":"0.00%"},{"v":0,"d":"0.00%"},{"v":0,"d":"0.00%"},{"v":0,"d":"0.00%"},{"v":0,"d":"0.00%"},{"v":0,"d":"0.00%"},{"v":0,"d":"0.00%"},{"v":0,"d":"0.00%"},{"v":0,"d":"0.00%"},{"v":0,"d":"0.00%"},{"v":0,"d":"0.00%"},{"v":0,"d":"0.00%"},{"v":0,"d":"0.00%"},{"v":0,"d":"0.00%"},{"v":1,"d":"100.00%"},{"v":0,"d":"0.00%"}]
[null,null,{"$error":"#REF!"},{"$error":"#REF!"},{"$error":"#REF!"},{"$error":"#REF!"},{"$nulls":15},{"v":1,"d":"100.00%"}]
[null,302,"ESTANTERIA 2.00x1.12x0.35m","u",{"v":3,"d":"3.00000"},{"v":257.38,"d":"$ 257.38000"},{"v":772.14,"d":"$ 772.14000"},0,0,0,0,0,0,0,0,0,0,0,0,0,0,{"v":772.14,"d":"772.14000"},0]
[null,null,{"$error":"#REF!"},{"$error":"#REF!"},{"$error":"#REF!"},{"$error":"#REF!"},null,{"v":0,"d":"0.00%"},{"v":0,"d":"0.00%"},{"v":0,"d":"0.00%"},{"v":0,"d":"0.00%"},{"v":0,"d":"0.00%"},{"v":0,"d":"0.00%"},{"v":0,"d":"0.00%"},{"v":0,"d":"0.00%"},{"v":0,"d":"0.00%"},{"v":0,"d":"0.00%"},{"v":0,"d":"0.00%"},{"v":0,"d":"0.00%"},{"v":0,"d":"0.00%"},{"v":0,"d":"0.00%"},{"v":1,"d":"100.00%"},{"v":0,"d":"0.00%"}]
[null,null,{"$error":"#REF!"},{"$error":"#REF!"},{"$error":"#REF!"},{"$error":"#REF!"},{"$nulls":15},{"v":1,"d":"100.00%"}]
[null,303,"ACERO ESTRUCTURAL (A36)","Kg",{"v":3306.48,"d":"3306.48000"},{"v":6.04,"d":"$ 6.04000"},{"v":19971.1392,"d":"$ 19,971.13920"},0,0,0,0,0,0,0,0,0,0,0,0,{"v":9985.5696,"d":"9,985.56960"},{"v":9985.5696,"d":"9,985.56960"},0,0]
[null,null,{"$error":"#REF!"},{"$error":"#REF!"},{"$error":"#REF!"},{"$error":"#REF!"},null,{"v":0,"d":"0.00%"},{"v":0,"d":"0.00%"},{"v":0,"d":"0.00%"},{"v":0,"d":"0.00%"},{"v":0,"d":"0.00%"},{"v":0,"d":"0.00%"},{"v":0,"d":"0.00%"},{"v":0,"d":"0.00%"},{"v":0,"d":"0.00%"},{"v":0,"d":"0.00%"},{"v":0,"d":"0.00%"},{"v":0,"d":"0.00%"},{"v":0.5,"d":"50.00%"},{"v":0.5,"d":"50.00%"},{"v":0,"d":"0.00%"},{"v":0,"d":"0.00%"}]
[null,null,{"$error":"#REF!"},{"$error":"#REF!"},{"$error":"#REF!"},{"$error":"#REF!"},{"$nulls":13},{"v":0.5,"d":"50.00%"},{"v":0.5,"d":"50.00%"}]
[null,304,"SUMINISTRO E INSTALACION DE CUBIERTA METALICA CON AISLAMIENTO DE POLIURETANO E=30mm","m2",{"v":50,"d":"50.00000"},{"v":54.97,"d":"$ 54.97000"},{"v":2748.5,"d":"$ 2,748.50000"},0,0,0,0,0,0,0,0,0,0,0,0,{"v":1374.25,"d":"1,374.25000"},{"v":1374.25,"d":"1,374.25000"},0,0]
[null,null,{"$error":"#REF!"},{"$error":"#REF!"},{"$error":"#REF!"},{"$error":"#REF!"},null,{"v":0,"d":"0.00%"},{"v":0,"d":"0.00%"},{"v":0,"d":"0.00%"},{"v":0,"d":"0.00%"},{"v":0,"d":"0.00%"},{"v":0,"d":"0.00%"},{"v":0,"d":"0.00%"},{"v":0,"d":"0.00%"},{"v":0,"d":"0.00%"},{"v":0,"d":"0.00%"},{"v":0,"d":"0.00%"},{"v":0,"d":"0.00%"},{"v":0.5,"d":"50.00%"},{"v":0.5,"d":"50.00%"},{"v":0,"d":"0.00%"},{"v":0,"d":"0.00%"}]
[null,null,{"$error":"#REF!"},{"$error":"#REF!"},{"$error":"#REF!"},{"$error":"#REF!"},{"$nulls":13},{"v":0.5,"d":"50.00%"},{"v":0.5,"d":"50.00%"}]
[null,305,"CERAMICA 30x30cm","m2",{"v":42,"d":"42.00000"},{"v":25.81,"d":"$ 25.81000"},{"v":1084.02,"d":"$ 1,084.02000"},0,0,0,0,0,0,0,0,0,0,0,0,0,{"v":1084.02,"d":"1,084.02000"},0,0]
[null,null,{"$error":"#REF!"},{"$error":"#REF!"},{"$error":"#REF!"},{"$error":"#REF!"},null,{"v":0,"d":"0.00%"},{"v":0,"d":"0.00%"},{"v":0,"d":"0.00%"},{"v":0,"d":"0.00%"},{"v":0,"d":"0.00%"},{"v":0,"d":"0.00%"},{"v":0,"d":"0.00%"},{"v":0,"d":"0.00%"},{"v":0,"d":"0.00%"},{"v":0,"d":"0.00%"},{"v":0,"d":"0.00%"},{"v":0,"d":"0.00%"},{"v":0,"d":"0.00%"},{"v":1,"d":"100.00%"},{"v":0,"d":"0.00%"},{"v":0,"d":"0.00%"}]
[null,null,{"$error":"#REF!"},{"$error":"#REF!"},{"$error":"#REF!"},{"$error":"#REF!"},{"$nulls":14},{"v":1,"d":"100.00%"}]
[null,306,"PARED DE BLOQUE 10x20x40cm","m2",{"v":56,"d":"56.00000"},{"v":22.2,"d":"$ 22.20000"},{"v":1243.2,"d":"$ 1,243.20000"},0,0,0,0,0,0,{"v":124.32000000000001,"d":"124.32000"},{"v":186.48,"d":"186.48000"},{"v":372.96,"d":"372.96000"},{"v":559.44,"d":"559.44000"},0,0,0,0,0,0]
[null,null,{"$error":"#REF!"},{"$error":"#REF!"},{"$error":"#REF!"},{"$error":"#REF!"},null,{"v":0,"d":"0.00%"},{"v":0,"d":"0.00%"},{"v":0,"d":"0.00%"},{"v":0,"d":"0.00%"},{"v":0,"d":"0.00%"},{"v":0,"d":"0.00%"},{"v":0.1,"d":"10.00%"},{"v":0.15,"d":"15.00%"},{"v":0.3,"d":"30.00%"},{"v":0.45,"d":"45.00%"},{"v":0,"d":"0.00%"},{"v":0,"d":"0.00%"},{"v":0,"d":"0.00%"},{"v":0,"d":"0.00%"},{"v":0,"d":"0.00%"},{"v":0,"d":"0.00%"}]
[null,null,{"$error":"#REF!"},{"$error":"#REF!"},{"$error":"#REF!"},{"$error":"#REF!"},{"$nulls":7},{"v":0.1,"d":"10.00%"},{"v":0.15,"d":"15.00%"},{"v":0.3,"d":"30.00%"},{"v":0.45,"d":"45.00%"}]
[null,307,"ENLUCIDO DE PAREDES EXTERIORES","m2",{"v":52.5,"d":"52.50000"},{"v":11.74,"d":"$ 11.74000"},{"v":616.35,"d":"$ 616.35000"},0,0,0,0,0,0,{"v":61.635000000000005,"d":"61.63500"},{"v":92.4525,"d":"92.45250"},{"v":184.905,"d":"184.90500"},{"v":277.3575,"d":"277.35750"},0,0,0,0,0,0]
[null,null,{"$error":"#REF!"},{"$error":"#REF!"},{"$error":"#REF!"},{"$error":"#REF!"},null,{"v":0,"d":"0.00%"},{"v":0,"d":"0.00%"},{"v":0,"d":"0.00%"},{"v":0,"d":"0.00%"},{"v":0,"d":"0.00%"},{"v":0,"d":"0.00%"},{"v":0.1,"d":"10.00%"},{"v":0.15,"d":"15.00%"},{"v":0.3,"d":"30.00%"},{"v":0.45,"d":"45.00%"},{"v":0,"d":"0.00%"},{"v":0,"d":"0.00%"},{"v":0,"d":"0.00%"},{"v":0,"d":"0.00%"},{"v":0,"d":"0.00%"},{"v":0,"d":"0.00%"}]
[null,null,{"$error":"#REF!"},{"$error":"#REF!"},{"$error":"#REF!"},{"$error":"#REF!"},{"$nulls":7},{"v":0.1,"d":"10.00%"},{"v":0.15,"d":"15.00%"},{"v":0.3,"d":"30.00%"},{"v":0.45,"d":"45.00%"}]
[null,308,"ENLUCIDO DE PAREDES INTERIORES","m2",{"v":52.5,"d":"52.50000"},{"v":8.61,"d":"$ 8.61000"},{"v":452.025,"d":"$ 452.02500"},0,0,0,0,0,0,{"v":45.2025,"d":"45.20250"},67.80375,{"v":135.6075,"d":"135.60750"},203.41125,0,0,0,0,0,0]
[null,null,{"$error":"#REF!"},{"$error":"#REF!"},{"$error":"#REF!"},{"$error":"#REF!"},null,{"v":0,"d":"0.00%"},{"v":0,"d":"0.00%"},{"v":0,"d":"0.00%"},{"v":0,"d":"0.00%"},{"v":0,"d":"0.00%"},{"v":0,"d":"0.00%"},{"v":0.1,"d":"10.00%"},{"v":0.15,"d":"15.00%"},{"v":0.3,"d":"30.00%"},{"v":0.45,"d":"45.00%"},{"v":0,"d":"0.00%"},{"v":0,"d":"0.00%"},{"v":0,"d":"0.00%"},{"v":0,"d":"0.00%"},{"v":0,"d":"0.00%"},{"v":0,"d":"0.00%"}]
[null,null,{"$error":"#REF!"},{"$error":"#REF!"},{"$error":"#REF!"},{"$error":"#REF!"},{"$nulls":7},{"v":0.1,"d":"10.00%"},{"v":0.15,"d":"15.00%"},{"v":0.3,"d":"30.00%"},{"v":0.45,"d":"45.00%"}]
[null,309,"ENLUCIDO DE FILOS","m",{"v":100,"d":"100.00000"},{"v":4.04,"d":"$ 4.04000"},{"v":404,"d":"$ 404.00000"},0,0,0,0,0,0,{"v":40.400000000000006,"d":"40.40000"},{"v":60.599999999999994,"d":"60.60000"},{"v":121.19999999999999,"d":"121.20000"},{"v":181.8,"d":"181.80000"},0,0,0,0,0,0]
[null,null,{"$error":"#REF!"},{"$error":"#REF!"},{"$error":"#REF!"},{"$error":"#REF!"},null,{"v":0,"d":"0.00%"},{"v":0,"d":"0.00%"},{"v":0,"d":"0.00%"},{"v":0,"d":"0.00%"},{"v":0,"d":"0.00%"},{"v":0,"d":"0.00%"},{"v":0.1,"d":"10.00%"},{"v":0.15,"d":"15.00%"},{"v":0.3,"d":"30.00%"},{"v":0.45,"d":"45.00%"},{"v":0,"d":"0.00%"},{"v":0,"d":"0.00%"},{"v":0,"d":"0.00%"},{"v":0,"d":"0.00%"},{"v":0,"d":"0.00%"},{"v":0,"d":"0.00%"}]
[null,null,{"$error":"#REF!"},{"$error":"#REF!"},{"$error":"#REF!"},{"$error":"#REF!"},{"$nulls":7},{"v":0.1,"d":"10.00%"},{"v":0.15,"d":"15.00%"},{"v":0.3,"d":"30.00%"},{"v":0.45,"d":"45.00%"}]
[null,310,"PILARETES Y VIGUETAS 12x9cm","m",{"v":30,"d":"30.00000"},{"v":48.64,"d":"$ 48.64000"},{"v":1459.2,"d":"$ 1,459.20000"},0,0,0,0,0,0,{"v":145.92000000000002,"d":"145.92000"},{"v":218.88,"d":"218.88000"},{"v":437.76,"d":"437.76000"},{"v":656.64,"d":"656.64000"},0,0,0,0,0,0]
[null,null,{"$error":"#REF!"},{"$error":"#REF!"},{"$error":"#REF!"},{"$error":"#REF!"},null,{"v":0,"d":"0.00%"},{"v":0,"d":"0.00%"},{"v":0,"d":"0.00%"},{"v":0,"d":"0.00%"},{"v":0,"d":"0.00%"},{"v":0,"d":"0.00%"},{"v":0.1,"d":"10.00%"},{"v":0.15,"d":"15.00%"},{"v":0.3,"d":"30.00%"},{"v":0.45,"d":"45.00%"},{"v":0,"d":"0.00%"},{"v":0,"d":"0.00%"},{"v":0,"d":"0.00%"},{"v":0,"d":"0.00%"},{"v":0,"d":"0.00%"},{"v":0,"d":"0.00%"}]
[null,null,{"$error":"#REF!"},{"$error":"#REF!"},{"$error":"#REF!"},{"$error":"#REF!"},{"$nulls":7},{"v":0.1,"d":"10.00%"},{"v":0.15,"d":"15.00%"},{"v":0.3,"d":"30.00%"},{"v":0.45,"d":"45.00%"}]
[null,311,"CUADRADA DE BOQUETES","m",{"v":40,"d":"40.00000"},{"v":6.03,"d":"$ 6.03000"},{"v":241.20000000000002,"d":"$ 241.20000"},0,0,0,0,0,0,{"v":24.120000000000005,"d":"24.12000"},{"v":36.18,"d":"36.18000"},{"v":72.36,"d":"72.36000"},{"v":108.54,"d":"108.54000"},0,0,0,0,0,0]
[null,null,{"$error":"#REF!"},{"$error":"#REF!"},{"$error":"#REF!"},{"$error":"#REF!"},null,{"v":0,"d":"0.00%"},{"v":0,"d":"0.00%"},{"v":0,"d":"0.00%"},{"v":0,"d":"0.00%"},{"v":0,"d":"0.00%"},{"v":0,"d":"0.00%"},{"v":0.1,"d":"10.00%"},{"v":0.15,"d":"15.00%"},{"v":0.3,"d":"30.00%"},{"v":0.45,"d":"45.00%"},{"v":0,"d":"0.00%"},{"v":0,"d":"0.00%"},{"v":0,"d":"0.00%"},{"v":0,"d":"0.00%"},{"v":0,"d":"0.00%"},{"v":0,"d":"0.00%"}]
[null,null,{"$error":"#REF!"},{"$error":"#REF!"},{"$error":"#REF!"},{"$error":"#REF!"},{"$nulls":7},{"v":0.1,"d":"10.00%"},{"v":0.15,"d":"15.00%"},{"v":0.3,"d":"30.00%"},{"v":0.45,"d":"45.00%"}]
[null,312,"PINTURA EXTERIOR","m2",{"v":57.2,"d":"57.20000"},{"v":8.68,"d":"$ 8.68000"},{"v":496.496,"d":"$ 496.49600"},0,0,0,0,0,0,{"v":49.6496,"d":"49.64960"},{"v":74.47439999999999,"d":"74.47440"},{"v":148.94879999999998,"d":"148.94880"},{"v":223.4232,"d":"223.42320"},0,0,0,0,0,0]
[null,null,{"$error":"#REF!"},{"$error":"#REF!"},{"$error":"#REF!"},{"$error":"#REF!"},null,{"v":0,"d":"0.00%"},{"v":0,"d":"0.00%"},{"v":0,"d":"0.00%"},{"v":0,"d":"0.00%"},{"v":0,"d":"0.00%"},{"v":0,"d":"0.00%"},{"v":0.1,"d":"10.00%"},{"v":0.15,"d":"15.00%"},{"v":0.3,"d":"30.00%"},{"v":0.45,"d":"45.00%"},{"v":0,"d":"0.00%"},{"v":0,"d":"0.00%"},{"v":0,"d":"0.00%"},{"v":0,"d":"0.00%"},{"v":0,"d":"0.00%"},{"v":0,"d":"0.00%"}]
[null,null,{"$error":"#REF!"},{"$error":"#REF!"},{"$error":"#REF!"},{"$error":"#REF!"},{"$nulls":7},{"v":0.1,"d":"10.00%"},{"v":0.15,"d":"15.00%"},{"v":0.3,"d":"30.00%"},{"v":0.45,"d":"45.00%"}]
[null,313,"PINTURA INTERIOR","m2",{"v":56.25,"d":"56.25000"},{"v":8.19,"d":"$ 8.19000"},{"v":460.6875,"d":"$ 460.68750"},0,0,0,0,0,0,46.06875,{"v":69.10312499999999,"d":"69.10313"},{"v":138.20624999999998,"d":"138.20625"},{"v":207.30937500000002,"d":"207.30938"},0,0,0,0,0,0]
[null,null,{"$error":"#REF!"},{"$error":"#REF!"},{"$error":"#REF!"},{"$error":"#REF!"},null,{"v":0,"d":"0.00%"},{"v":0,"d":"0.00%"},{"v":0,"d":"0.00%"},{"v":0,"d":"0.00%"},{"v":0,"d":"0.00%"},{"v":0,"d":"0.00%"},{"v":0.1,"d":"10.00%"},{"v":0.15,"d":"15.00%"},{"v":0.3,"d":"30.00%"},{"v":0.45,"d":"45.00%"},{"v":0,"d":"0.00%"},{"v":0,"d":"0.00%"},{"v":0,"d":"0.00%"},{"v":0,"d":"0.00%"},{"v":0,"d":"0.00%"},{"v":0,"d":"0.00%"}]
[null,null,{"$error":"#REF!"},{"$error":"#REF!"},{"$error":"#REF!"},{"$error":"#REF!"},{"$nulls":7},{"v":0.1,"d":"10.00%"},{"v":0.15,"d":"15.00%"},{"v":0.3,"d":"30.00%"},{"v":0.45,"d":"45.00%"}]
[null,314,"SUMINISTRO E INSTALACION DE PANEL PVC 2mm","m2",{"v":140.16,"d":"140.16000"},{"v":18.8,"d":"$ 18.80000"},{"v":2635.008,"d":"$ 2,635.00800"},0,0,0,0,0,0,{"v":263.50079999999997,"d":"263.50080"},{"v":395.2512,"d":"395.25120"},{"v":790.5024,"d":"790.50240"},{"v":1185.7536,"d":"1,185.75360"},0,0,0,0,0,0]
[null,null,{"$error":"#REF!"},{"$error":"#REF!"},{"$error":"#REF!"},{"$error":"#REF!"},null,{"v":0,"d":"0.00%"},{"v":0,"d":"0.00%"},{"v":0,"d":"0.00%"},{"v":0,"d":"0.00%"},{"v":0,"d":"0.00%"},{"v":0,"d":"0.00%"},{"v":0.1,"d":"10.00%"},{"v":0.15,"d":"15.00%"},{"v":0.3,"d":"30.00%"},{"v":0.45,"d":"45.00%"},{"v":0,"d":"0.00%"},{"v":0,"d":"0.00%"},{"v":0,"d":"0.00%"},{"v":0,"d":"0.00%"},{"v":0,"d":"0.00%"},{"v":0,"d":"0.00%"}]
[null,null,{"$error":"#REF!"},{"$error":"#REF!"},{"$error":"#REF!"},{"$error":"#REF!"},{"$nulls":7},{"v":0.1,"d":"10.00%"},{"v":0.15,"d":"15.00%"},{"v":0.3,"d":"30.00%"},{"v":0.45,"d":"45.00%"}]
[null,315,"SUMINISTRO E INSTALACION DE PANEL METALICO 0.4mm PARA EXTERIOR","m2",{"v":26.4,"d":"26.40000"},{"v":66.01,"d":"$ 66.01000"},{"v":1742.664,"d":"$ 1,742.66400"},0,0,0,0,0,0,{"v":174.2664,"d":"174.26640"},{"v":261.39959999999996,"d":"261.39960"},{"v":522.7991999999999,"d":"522.79920"},{"v":784.1988,"d":"784.19880"},0,0,0,0,0,0]
[null,null,{"$error":"#REF!"},{"$error":"#REF!"},{"$error":"#REF!"},{"$error":"#REF!"},null,{"v":0,"d":"0.00%"},{"v":0,"d":"0.00%"},{"v":0,"d":"0.00%"},{"v":0,"d":"0.00%"},{"v":0,"d":"0.00%"},{"v":0,"d":"0.00%"},{"v":0.1,"d":"10.00%"},{"v":0.15,"d":"15.00%"},{"v":0.3,"d":"30.00%"},{"v":0.45,"d":"45.00%"},{"v":0,"d":"0.00%"},{"v":0,"d":"0.00%"},{"v":0,"d":"0.00%"},{"v":0,"d":"0.00%"},{"v":0,"d":"0.00%"},{"v":0,"d":"0.00%"}]
[null,null,{"$error":"#REF!"},{"$error":"#REF!"},{"$error":"#REF!"},{"$error":"#REF!"},{"$nulls":7},{"v":0.1,"d":"10.00%"},{"v":0.15,"d":"15.00%"},{"v":0.3,"d":"30.00%"},{"v":0.45,"d":"45.00%"}]
[null,316,"SUMINISTRO E INSTALACION DE TUMBADO DE PVC MADERADO LAMINADO 8mm","m2",{"v":55.92,"d":"55.92000"},{"v":38.84,"d":"$ 38.84000"},{"v":2171.9328,"d":"$ 2,171.93280"},0,0,0,0,0,0,0,0,0,{"v":2171.9328,"d":"2,171.93280"},0,0,0,0,0,0]
[null,null,{"$error":"#REF!"},{"$error":"#REF!"},{"$error":"#REF!"},{"$error":"#REF!"},null,{"v":0,"d":"0.00%"},{"v":0,"d":"0.00%"},{"v":0,"d":"0.00%"},{"v":0,"d":"0.00%"},{"v":0,"d":"0.00%"},{"v":0,"d":"0.00%"},{"v":0,"d":"0.00%"},{"v":0,"d":"0.00%"},{"v":0,"d":"0.00%"},{"v":1,"d":"100.00%"},{"v":0,"d":"0.00%"},{"v":0,"d":"0.00%"},{"v":0,"d":"0.00%"},{"v":0,"d":"0.00%"},{"v":0,"d":"0.00%"},{"v":0,"d":"0.00%"}]
[null,null,{"$error":"#REF!"},{"$error":"#REF!"},{"$error":"#REF!"},{"$error":"#REF!"},{"$nulls":10},{"v":1,"d":"100.00%"}]
[null,317,"LAVACOPA DE EMPOTRAR 60x42cm","u",{"v":4,"d":"4.00000"},{"v":234.72,"d":"$ 234.72000"},{"v":938.88,"d":"$ 938.88000"},0,0,0,0,0,0,0,0,0,{"v":938.88,"d":"938.88000"},0,0,0,0,0,0]
[null,null,{"$error":"#REF!"},{"$error":"#REF!"},{"$error":"#REF!"},{"$error":"#REF!"},null,{"v":0,"d":"0.00%"},{"v":0,"d":"0.00%"},{"v":0,"d":"0.00%"},{"v":0,"d":"0.00%"},{"v":0,"d":"0.00%"},{"v":0,"d":"0.00%"},{"v":0,"d":"0.00%"},{"v":0,"d":"0.00%"},{"v":0,"d":"0.00%"},{"v":1,"d":"100.00%"},{"v":0,"d":"0.00%"},{"v":0,"d":"0.00%"},{"v":0,"d":"0.00%"},{"v":0,"d":"0.00%"},{"v":0,"d":"0.00%"},{"v":0,"d":"0.00%"}]
[null,null,{"$error":"#REF!"},{"$error":"#REF!"},{"$error":"#REF!"},{"$error":"#REF!"},{"$nulls":10},{"v":1,"d":"100.00%"}]
[null,318,"VENTANA PLEGABLE VERTICAL DE DOS HOJAS TIPO LOUVER","m2",{"v":24.36,"d":"24.36000"},{"v":337.94,"d":"$ 337.94000"},{"v":8232.2184,"d":"$ 8,232.21840"},0,0,0,0,0,0,0,{"v":2058.0546,"d":"2,058.05460"},{"v":6174.1638,"d":"6,174.16380"},0,0,0,0,0,0,0]
[null,null,{"$error":"#REF!"},{"$error":"#REF!"},{"$error":"#REF!"},{"$error":"#REF!"},null,{"v":0,"d":"0.00%"},{"v":0,"d":"0.00%"},{"v":0,"d":"0.00%"},{"v":0,"d":"0.00%"},{"v":0,"d":"0.00%"},{"v":0,"d":"0.00%"},{"v":0,"d":"0.00%"},{"v":0.25,"d":"25.00%"},{"v":0.75,"d":"75.00%"},{"v":0,"d":"0.00%"},{"v":0,"d":"0.00%"},{"v":0,"d":"0.00%"},{"v":0,"d":"0.00%"},{"v":0,"d":"0.00%"},{"v":0,"d":"0.00%"},{"v":0,"d":"0.00%"}]
[null,null,{"$error":"#REF!"},{"$error":"#REF!"},{"$error":"#REF!"},{"$error":"#REF!"},{"$nulls":8},{"v":0.25,"d":"25.00%"},{"v":0.75,"d":"75.00%"}]
[null,319,"MESONES DE HORMIGON ARMADO INCLUYE GRANITO (ANCHO 0.53m)","m",{"v":55,"d":"55.00000"},{"v":232.97,"d":"$ 232.97000"},{"v":12813.35,"d":"$ 12,813.35000"},0,0,0,0,0,0,0,{"v":3203.3375,"d":"3,203.33750"},{"v":9610.0125,"d":"9,610.01250"},0,0,0,0,0,0,0]
[null,null,{"$error":"#REF!"},{"$error":"#REF!"},{"$error":"#REF!"},{"$error":"#REF!"},null,{"v":0,"d":"0.00%"},{"v":0,"d":"0.00%"},{"v":0,"d":"0.00%"},{"v":0,"d":"0.00%"},{"v":0,"d":"0.00%"},{"v":0,"d":"0.00%"},{"v":0,"d":"0.00%"},{"v":0.25,"d":"25.00%"},{"v":0.75,"d":"75.00%"},{"v":0,"d":"0.00%"},{"v":0,"d":"0.00%"},{"v":0,"d":"0.00%"},{"v":0,"d":"0.00%"},{"v":0,"d":"0.00%"},{"v":0,"d":"0.00%"},{"v":0,"d":"0.00%"}]
[null,null,{"$error":"#REF!"},{"$error":"#REF!"},{"$error":"#REF!"},{"$error":"#REF!"},{"$nulls":8},{"v":0.25,"d":"25.00%"},{"v":0.75,"d":"75.00%"}]
[null,320,"SUMINISTRO E INSTALACION DE REVESTIMIENTO DE PARED EN CERAMICA TIPO MADERA","m2",{"v":43.99,"d":"43.99000"},{"v":49.1,"d":"$ 49.10000"},{"v":2159.909,"d":"$ 2,159.90900"},0,0,0,0,0,0,0,539.97725,{"v":1619.9317500000002,"d":"1,619.93175"},0,0,0,0,0,0,0]
[null,null,{"$error":"#REF!"},{"$error":"#REF!"},{"$error":"#REF!"},{"$error":"#REF!"},null,{"v":0,"d":"0.00%"},{"v":0,"d":"0.00%"},{"v":0,"d":"0.00%"},{"v":0,"d":"0.00%"},{"v":0,"d":"0.00%"},{"v":0,"d":"0.00%"},{"v":0,"d":"0.00%"},{"v":0.25,"d":"25.00%"},{"v":0.75,"d":"75.00%"},{"v":0,"d":"0.00%"},{"v":0,"d":"0.00%"},{"v":0,"d":"0.00%"},{"v":0,"d":"0.00%"},{"v":0,"d":"0.00%"},{"v":0,"d":"0.00%"},{"v":0,"d":"0.00%"}]
[null,null,{"$error":"#REF!"},{"$error":"#REF!"},{"$error":"#REF!"},{"$error":"#REF!"},{"$nulls":8},{"v":0.25,"d":"25.00%"},{"v":0.75,"d":"75.00%"}]
[null,321,"PUERTA DE MADERA DE ABATIMIENTO HACIA ARRIBA (0.56x1.00)m","u",{"v":4,"d":"4.00000"},{"v":111.36,"d":"$ 111.36000"},{"v":445.44,"d":"$ 445.44000"},0,0,0,0,0,0,0,{"v":111.36,"d":"111.36000"},{"v":334.08,"d":"334.08000"},0,0,0,0,0,0,0]
[null,null,{"$error":"#REF!"},{"$error":"#REF!"},{"$error":"#REF!"},{"$error":"#REF!"},null,{"v":0,"d":"0.00%"},{"v":0,"d":"0.00%"},{"v":0,"d":"0.00%"},{"v":0,"d":"0.00%"},{"v":0,"d":"0.00%"},{"v":0,"d":"0.00%"},{"v":0,"d":"0.00%"},{"v":0.25,"d":"25.00%"},{"v":0.75,"d":"75.00%"},{"v":0,"d":"0.00%"},{"v":0,"d":"0.00%"},{"v":0,"d":"0.00%"},{"v":0,"d":"0.00%"},{"v":0,"d":"0.00%"},{"v":0,"d":"0.00%"},{"v":0,"d":"0.00%"}]
[null,null,{"$error":"#REF!"},{"$error":"#REF!"},{"$error":"#REF!"},{"$error":"#REF!"},{"$nulls":8},{"v":0.25,"d":"25.00%"},{"v":0.75,"d":"75.00%"}]
[null,322,"ACERO ESTRUCTURAL (A36)","Kg",{"v":2045.84,"d":"2045.84000"},{"v":6.04,"d":"$ 6.04000"},{"v":12356.873599999999,"d":"$ 12,356.87360"},0,0,0,0,0,0,0,0,0,0,0,0,{"v":4054.2902281599995,"d":"4,054.29023"},{"v":8302.58337184,"d":"8,302.58337"},0,0]
[null,null,{"$error":"#REF!"},{"$error":"#REF!"},{"$error":"#REF!"},{"$error":"#REF!"},null,{"v":0,"d":"0.00%"},{"v":0,"d":"0.00%"},{"v":0,"d":"0.00%"},{"v":0,"d":"0.00%"},{"v":0,"d":"0.00%"},{"v":0,"d":"0.00%"},{"v":0,"d":"0.00%"},{"v":0,"d":"0.00%"},{"v":0,"d":"0.00%"},{"v":0,"d":"0.00%"},{"v":0,"d":"0.00%"},{"v":0,"d":"0.00%"},{"v":0.3281,"d":"32.81%"},{"v":0.6719000000000002,"d":"67.19%"},{"v":0,"d":"0.00%"},{"v":0,"d":"0.00%"}]
[null,null,{"$error":"#REF!"},{"$error":"#REF!"},{"$error":"#REF!"},{"$error":"#REF!"},{"$nulls":13},{"v":0.3281,"d":"32.81%"},{"v":0.6719000000000002,"d":"67.19%"}]
[null,323,"SUMINISTRO E INSTALACION DE CUBIERTA METALICA CON AISLAMIENTO DE POLIURETANO E=30mm","m2",{"v":37.5,"d":"37.50000"},{"v":54.97,"d":"$ 54.97000"},{"v":2061.375,"d":"$ 2,061.37500"},0,0,0,0,0,0,0,0,0,0,0,0,0,{"v":2061.375,"d":"2,061.37500"},0,0]
[null,null,{"$error":"#REF!"},{"$error":"#REF!"},{"$error":"#REF!"},{"$error":"#REF!"},null,{"v":0,"d":"0.00%"},{"v":0,"d":"0.00%"},{"v":0,"d":"0.00%"},{"v":0,"d":"0.00%"},{"v":0,"d":"0.00%"},{"v":0,"d":"0.00%"},{"v":0,"d":"0.00%"},{"v":0,"d":"0.00%"},{"v":0,"d":"0.00%"},{"v":0,"d":"0.00%"},{"v":0,"d":"0.00%"},{"v":0,"d":"0.00%"},{"v":0,"d":"0.00%"},{"v":1,"d":"100.00%"},{"v":0,"d":"0.00%"},{"v":0,"d":"0.00%"}]
[null,null,{"$error":"#REF!"},{"$error":"#REF!"},{"$error":"#REF!"},{"$error":"#REF!"},{"$nulls":14},{"v":1,"d":"100.00%"}]
[null,324,"SUMINISTRO E INSTALACION DE FLASHING PERIMETRAL PARA CUBIERTA","m",{"v":50,"d":"50.00000"},{"v":27.58,"d":"$ 27.58000"},{"v":1379,"d":"$ 1,379.00000"},0,0,0,0,0,0,0,0,0,0,0,0,0,{"v":1379,"d":"1,379.00000"},0,0]
[null,null,{"$error":"#REF!"},{"$error":"#REF!"},{"$error":"#REF!"},{"$error":"#REF!"},null,{"v":0,"d":"0.00%"},{"v":0,"d":"0.00%"},{"v":0,"d":"0.00%"},{"v":0,"d":"0.00%"},{"v":0,"d":"0.00%"},{"v":0,"d":"0.00%"},{"v":0,"d":"0.00%"},{"v":0,"d":"0.00%"},{"v":0,"d":"0.00%"},{"v":0,"d":"0.00%"},{"v":0,"d":"0.00%"},{"v":0,"d":"0.00%"},{"v":0,"d":"0.00%"},{"v":1,"d":"100.00%"},{"v":0,"d":"0.00%"},{"v":0,"d":"0.00%"}]
[null,null,{"$error":"#REF!"},{"$error":"#REF!"},{"$error":"#REF!"},{"$error":"#REF!"},{"$nulls":14},{"v":1,"d":"100.00%"}]
[null,325,"CERAMICA 30x30cm","m2",{"v":20.88,"d":"20.88000"},{"v":25.81,"d":"$ 25.81000"},{"v":538.9128,"d":"$ 538.91280"},0,0,0,0,0,0,0,0,0,0,0,0,0,{"v":538.9128,"d":"538.91280"},0,0]
[null,null,{"$error":"#REF!"},{"$error":"#REF!"},{"$error":"#REF!"},{"$error":"#REF!"},null,{"v":0,"d":"0.00%"},{"v":0,"d":"0.00%"},{"v":0,"d":"0.00%"},{"v":0,"d":"0.00%"},{"v":0,"d":"0.00%"},{"v":0,"d":"0.00%"},{"v":0,"d":"0.00%"},{"v":0,"d":"0.00%"},{"v":0,"d":"0.00%"},{"v":0,"d":"0.00%"},{"v":0,"d":"0.00%"},{"v":0,"d":"0.00%"},{"v":0,"d":"0.00%"},{"v":1,"d":"100.00%"},{"v":0,"d":"0.00%"},{"v":0,"d":"0.00%"}]
[null,null,{"$error":"#REF!"},{"$error":"#REF!"},{"$error":"#REF!"},{"$error":"#REF!"},{"$nulls":14},{"v":1,"d":"100.00%"}]
[null,326,"PARED DE BLOQUE 10x20x40cm","m2",{"v":130.28,"d":"130.28000"},{"v":22.2,"d":"$ 22.20000"},{"v":2892.216,"d":"$ 2,892.21600"},0,0,0,0,0,0,{"v":115.68863999999999,"d":"115.68864"},{"v":144.6108,"d":"144.61080"},{"v":231.37727999999998,"d":"231.37728"},{"v":318.14375999999993,"d":"318.14376"},{"v":404.91024000000004,"d":"404.91024"},520.59888,{"v":636.2875199999999,"d":"636.28752"},520.59888,0,0]
[null,null,{"$error":"#REF!"},{"$error":"#REF!"},{"$error":"#REF!"},{"$error":"#REF!"},null,{"v":0,"d":"0.00%"},{"v":0,"d":"0.00%"},{"v":0,"d":"0.00%"},{"v":0,"d":"0.00%"},{"v":0,"d":"0.00%"},{"v":0,"d":"0.00%"},{"v":0.04,"d":"4.00%"},{"v":0.05,"d":"5.00%"},{"v":0.08,"d":"8.00%"},{"v":0.10999999999999999,"d":"11.00%"},{"v":0.14,"d":"14.00%"},{"v":0.18,"d":"18.00%"},{"v":0.21999999999999997,"d":"22.00%"},{"v":0.18,"d":"18.00%"},{"v":0,"d":"0.00%"},{"v":0,"d":"0.00%"}]
[null,null,{"$error":"#REF!"},{"$error":"#REF!"},{"$error":"#REF!"},{"$error":"#REF!"},{"$nulls":7},{"v":0.04,"d":"4.00%"},{"v":0.05,"d":"5.00%"},{"v":0.08,"d":"8.00%"},{"v":0.10999999999999999,"d":"11.00%"},{"v":0.14,"d":"14.00%"},{"v":0.18,"d":"18.00%"},{"v":0.21999999999999997,"d":"22.00%"},{"v":0.18,"d":"18.00%"}]
[null,327,"ENLUCIDO DE PAREDES EXTERIORES","m2",{"v":100,"d":"100.00000"},{"v":11.74,"d":"$ 11.74000"},{"v":1174,"d":"$ 1,174.00000"},0,0,0,0,0,0,{"v":46.96,"d":"46.96000"},{"v":58.7,"d":"58.70000"},{"v":93.92,"d":"93.92000"},{"v":129.14,"d":"129.14000"},{"v":164.36,"d":"164.36000"},{"v":211.32,"d":"211.32000"},{"v":258.28,"d":"258.28000"},{"v":211.32,"d":"211.32000"},0,0]
[null,null,{"$error":"#REF!"},{"$error":"#REF!"},{"$error":"#REF!"},{"$error":"#REF!"},null,{"v":0,"d":"0.00%"},{"v":0,"d":"0.00%"},{"v":0,"d":"0.00%"},{"v":0,"d":"0.00%"},{"v":0,"d":"0.00%"},{"v":0,"d":"0.00%"},{"v":0.04,"d":"4.00%"},{"v":0.05,"d":"5.00%"},{"v":0.08,"d":"8.00%"},{"v":0.10999999999999999,"d":"11.00%"},{"v":0.14,"d":"14.00%"},{"v":0.18,"d":"18.00%"},{"v":0.21999999999999997,"d":"22.00%"},{"v":0.18,"d":"18.00%"},{"v":0,"d":"0.00%"},{"v":0,"d":"0.00%"}]
[null,null,{"$error":"#REF!"},{"$error":"#REF!"},{"$error":"#REF!"},{"$error":"#REF!"},{"$nulls":7},{"v":0.04,"d":"4.00%"},{"v":0.05,"d":"5.00%"},{"v":0.08,"d":"8.00%"},{"v":0.10999999999999999,"d":"11.00%"},{"v":0.14,"d":"14.00%"},{"v":0.18,"d":"18.00%"},{"v":0.21999999999999997,"d":"22.00%"},{"v":0.18,"d":"18.00%"}]
[null,328,"ENLUCIDO DE PAREDES INTERIORES","m2",{"v":95,"d":"95.00000"},{"v":8.61,"d":"$ 8.61000"},{"v":817.9499999999999,"d":"$ 817.95000"},0,0,0,0,0,0,{"v":32.717999999999996,"d":"32.71800"},{"v":40.8975,"d":"40.89750"},{"v":65.43599999999999,"d":"65.43600"},{"v":89.97449999999998,"d":"89.97450"},{"v":114.513,"d":"114.51300"},{"v":147.231,"d":"147.23100"},{"v":179.94899999999996,"d":"179.94900"},{"v":147.231,"d":"147.23100"},0,0]
[null,null,{"$error":"#REF!"},{"$error":"#REF!"},{"$error":"#REF!"},{"$error":"#REF!"},null,{"v":0,"d":"0.00%"},{"v":0,"d":"0.00%"},{"v":0,"d":"0.00%"},{"v":0,"d":"0.00%"},{"v":0,"d":"0.00%"},{"v":0,"d":"0.00%"},{"v":0.04,"d":"4.00%"},{"v":0.05,"d":"5.00%"},{"v":0.08,"d":"8.00%"},{"v":0.10999999999999999,"d":"11.00%"},{"v":0.14,"d":"14.00%"},{"v":0.18,"d":"18.00%"},{"v":0.21999999999999997,"d":"22.00%"},{"v":0.18,"d":"18.00%"},{"v":0,"d":"0.00%"},{"v":0,"d":"0.00%"}]
[null,null,{"$error":"#REF!"},{"$error":"#REF!"},{"$error":"#REF!"},{"$error":"#REF!"},{"$nulls":7},{"v":0.04,"d":"4.00%"},{"v":0.05,"d":"5.00%"},{"v":0.08,"d":"8.00%"},{"v":0.10999999999999999,"d":"11.00%"},{"v":0.14,"d":"14.00%"},{"v":0.18,"d":"18.00%"},{"v":0.21999999999999997,"d":"22.00%"},{"v":0.18,"d":"18.00%"}]
[null,329,"ENLUCIDO DE FILOS","m",{"v":60,"d":"60.00000"},{"v":4.04,"d":"$ 4.04000"},{"v":242.4,"d":"$ 242.40000"},0,0,0,0,0,0,{"v":9.696,"d":"9.69600"},{"v":12.120000000000001,"d":"12.12000"},{"v":19.392,"d":"19.39200"},{"v":26.663999999999998,"d":"26.66400"},{"v":33.93600000000001,"d":"33.93600"},{"v":43.632,"d":"43.63200"},{"v":53.327999999999996,"d":"53.32800"},{"v":43.632,"d":"43.63200"},0,0]
[null,null,{"$error":"#REF!"},{"$error":"#REF!"},{"$error":"#REF!"},{"$error":"#REF!"},null,{"v":0,"d":"0.00%"},{"v":0,"d":"0.00%"},{"v":0,"d":"0.00%"},{"v":0,"d":"0.00%"},{"v":0,"d":"0.00%"},{"v":0,"d":"0.00%"},{"v":0.04,"d":"4.00%"},{"v":0.05,"d":"5.00%"},{"v":0.08,"d":"8.00%"},{"v":0.10999999999999999,"d":"11.00%"},{"v":0.14,"d":"14.00%"},{"v":0.18,"d":"18.00%"},{"v":0.21999999999999997,"d":"22.00%"},{"v":0.18,"d":"18.00%"},{"v":0,"d":"0.00%"},{"v":0,"d":"0.00%"}]
[null,null,{"$error":"#REF!"},{"$error":"#REF!"},{"$error":"#REF!"},{"$error":"#REF!"},{"$nulls":7},{"v":0.04,"d":"4.00%"},{"v":0.05,"d":"5.00%"},{"v":0.08,"d":"8.00%"},{"v":0.10999999999999999,"d":"11.00%"},{"v":0.14,"d":"14.00%"},{"v":0.18,"d":"18.00%"},{"v":0.21999999999999997,"d":"22.00%"},{"v":0.18,"d":"18.00%"}]
[null,330,"CUADRADA DE BOQUETES","m",{"v":20,"d":"20.00000"},{"v":6.03,"d":"$ 6.03000"},{"v":120.60000000000001,"d":"$ 120.60000"},0,0,0,0,0,0,{"v":4.824000000000001,"d":"4.82400"},{"v":6.030000000000001,"d":"6.03000"},{"v":9.648000000000001,"d":"9.64800"},{"v":13.266,"d":"13.26600"},{"v":16.884000000000004,"d":"16.88400"},{"v":21.708000000000002,"d":"21.70800"},{"v":26.532,"d":"26.53200"},{"v":21.708000000000002,"d":"21.70800"},0,0]
[null,null,{"$error":"#REF!"},{"$error":"#REF!"},{"$error":"#REF!"},{"$error":"#REF!"},null,{"v":0,"d":"0.00%"},{"v":0,"d":"0.00%"},{"v":0,"d":"0.00%"},{"v":0,"d":"0.00%"},{"v":0,"d":"0.00%"},{"v":0,"d":"0.00%"},{"v":0.04,"d":"4.00%"},{"v":0.05,"d":"5.00%"},{"v":0.08,"d":"8.00%"},{"v":0.10999999999999999,"d":"11.00%"},{"v":0.14,"d":"14.00%"},{"v":0.18,"d":"18.00%"},{"v":0.21999999999999997,"d":"22.00%"},{"v":0.18,"d":"18.00%"},{"v":0,"d":"0.00%"},{"v":0,"d":"0.00%"}]
[null,null,{"$error":"#REF!"},{"$error":"#REF!"},{"$error":"#REF!"},{"$error":"#REF!"},{"$nulls":7},{"v":0.04,"d":"4.00%"},{"v":0.05,"d":"5.00%"},{"v":0.08,"d":"8.00%"},{"v":0.10999999999999999,"d":"11.00%"},{"v":0.14,"d":"14.00%"},{"v":0.18,"d":"18.00%"},{"v":0.21999999999999997,"d":"22.00%"},{"v":0.18,"d":"18.00%"}]
[null,331,"PINTURA EXTERIOR","m2",{"v":100.44,"d":"100.44000"},{"v":8.68,"d":"$ 8.68000"},{"v":871.8191999999999,"d":"$ 871.81920"},0,0,0,0,0,0,{"v":34.872768,"d":"34.87277"},{"v":43.590959999999995,"d":"43.59096"},{"v":69.745536,"d":"69.74554"},{"v":95.90011199999998,"d":"95.90011"},{"v":122.054688,"d":"122.05469"},{"v":156.92745599999998,"d":"156.92746"},{"v":191.80022399999996,"d":"191.80022"},{"v":156.92745599999998,"d":"156.92746"},0,0]
[null,null,{"$error":"#REF!"},{"$error":"#REF!"},{"$error":"#REF!"},{"$error":"#REF!"},null,{"v":0,"d":"0.00%"},{"v":0,"d":"0.00%"},{"v":0,"d":"0.00%"},{"v":0,"d":"0.00%"},{"v":0,"d":"0.00%"},{"v":0,"d":"0.00%"},{"v":0.04,"d":"4.00%"},{"v":0.05,"d":"5.00%"},{"v":0.08,"d":"8.00%"},{"v":0.10999999999999999,"d":"11.00%"},{"v":0.14,"d":"14.00%"},{"v":0.18,"d":"18.00%"},{"v":0.21999999999999997,"d":"22.00%"},{"v":0.18,"d":"18.00%"},{"v":0,"d":"0.00%"},{"v":0,"d":"0.00%"}]
[null,null,{"$error":"#REF!"},{"$error":"#REF!"},{"$error":"#REF!"},{"$error":"#REF!"},{"$nulls":7},{"v":0.04,"d":"4.00%"},{"v":0.05,"d":"5.00%"},{"v":0.08,"d":"8.00%"},{"v":0.10999999999999999,"d":"11.00%"},{"v":0.14,"d":"14.00%"},{"v":0.18,"d":"18.00%"},{"v":0.21999999999999997,"d":"22.00%"},{"v":0.18,"d":"18.00%"}]
[null,332,"PINTURA INTERIOR","m2",{"v":85,"d":"85.00000"},{"v":8.19,"d":"$ 8.19000"},{"v":696.15,"d":"$ 696.15000"},0,0,0,0,0,0,{"v":27.846,"d":"27.84600"},{"v":34.8075,"d":"34.80750"},{"v":55.692,"d":"55.69200"},{"v":76.57649999999998,"d":"76.57650"},{"v":97.46100000000001,"d":"97.46100"},{"v":125.30699999999999,"d":"125.30700"},{"v":153.15299999999996,"d":"153.15300"},{"v":125.30699999999999,"d":"125.30700"},0,0]
[null,null,{"$error":"#REF!"},{"$error":"#REF!"},{"$error":"#REF!"},{"$error":"#REF!"},null,{"v":0,"d":"0.00%"},{"v":0,"d":"0.00%"},{"v":0,"d":"0.00%"},{"v":0,"d":"0.00%"},{"v":0,"d":"0.00%"},{"v":0,"d":"0.00%"},{"v":0.04,"d":"4.00%"},{"v":0.05,"d":"5.00%"},{"v":0.08,"d":"8.00%"},{"v":0.10999999999999999,"d":"11.00%"},{"v":0.14,"d":"14.00%"},{"v":0.18,"d":"18.00%"},{"v":0.21999999999999997,"d":"22.00%"},{"v":0.18,"d":"18.00%"},{"v":0,"d":"0.00%"},{"v":0,"d":"0.00%"}]
[null,null,{"$error":"#REF!"},{"$error":"#REF!"},{"$error":"#REF!"},{"$error":"#REF!"},{"$nulls":7},{"v":0.04,"d":"4.00%"},{"v":0.05,"d":"5.00%"},{"v":0.08,"d":"8.00%"},{"v":0.10999999999999999,"d":"11.00%"},{"v":0.14,"d":"14.00%"},{"v":0.18,"d":"18.00%"},{"v":0.21999999999999997,"d":"22.00%"},{"v":0.18,"d":"18.00%"}]
[null,333,"CIELO RASO TIPO GYPSUM","m2",{"v":38.44,"d":"38.44000"},{"v":19.14,"d":"$ 19.14000"},{"v":735.7416,"d":"$ 735.74160"},0,0,0,0,0,0,0,0,0,0,0,0,{"v":735.7416,"d":"735.74160"},0,0,0]
[null,null,{"$error":"#REF!"},{"$error":"#REF!"},{"$error":"#REF!"},{"$error":"#REF!"},null,{"v":0,"d":"0.00%"},{"v":0,"d":"0.00%"},{"v":0,"d":"0.00%"},{"v":0,"d":"0.00%"},{"v":0,"d":"0.00%"},{"v":0,"d":"0.00%"},{"v":0,"d":"0.00%"},{"v":0,"d":"0.00%"},{"v":0,"d":"0.00%"},{"v":0,"d":"0.00%"},{"v":0,"d":"0.00%"},{"v":0,"d":"0.00%"},{"v":1,"d":"100.00%"},{"v":0,"d":"0.00%"},{"v":0,"d":"0.00%"},{"v":0,"d":"0.00%"}]
[null,null,{"$error":"#REF!"},{"$error":"#REF!"},{"$error":"#REF!"},{"$error":"#REF!"},{"$nulls":13},{"v":1,"d":"100.00%"}]
[null,334,"PUERTA DE ALUMINIO TIPO LOUVER (0.80x2.00)m","u",{"v":4,"d":"4.00000"},{"v":332.11,"d":"$ 332.11000"},{"v":1328.44,"d":"$ 1,328.44000"},0,0,0,0,0,0,0,0,0,0,0,0,0,{"v":1328.44,"d":"1,328.44000"},0,0]
[null,null,{"$error":"#REF!"},{"$error":"#REF!"},{"$error":"#REF!"},{"$error":"#REF!"},null,{"v":0,"d":"0.00%"},{"v":0,"d":"0.00%"},{"v":0,"d":"0.00%"},{"v":0,"d":"0.00%"},{"v":0,"d":"0.00%"},{"v":0,"d":"0.00%"},{"v":0,"d":"0.00%"},{"v":0,"d":"0.00%"},{"v":0,"d":"0.00%"},{"v":0,"d":"0.00%"},{"v":0,"d":"0.00%"},{"v":0,"d":"0.00%"},{"v":0,"d":"0.00%"},{"v":1,"d":"100.00%"},{"v":0,"d":"0.00%"},{"v":0,"d":"0.00%"}]
[null,null,{"$error":"#REF!"},{"$error":"#REF!"},{"$error":"#REF!"},{"$error":"#REF!"},{"$nulls":14},{"v":1,"d":"100.00%"}]
[null,335,"VENTANA DE PVC COLOR GRIS","m2",{"v":5.7,"d":"5.70000"},{"v":138.28,"d":"$ 138.28000"},{"v":788.196,"d":"$ 788.19600"},0,0,0,0,0,0,0,0,0,0,0,0,0,{"v":788.196,"d":"788.19600"},0,0]
[null,null,{"$error":"#REF!"},{"$error":"#REF!"},{"$error":"#REF!"},{"$error":"#REF!"},null,{"v":0,"d":"0.00%"},{"v":0,"d":"0.00%"},{"v":0,"d":"0.00%"},{"v":0,"d":"0.00%"},{"v":0,"d":"0.00%"},{"v":0,"d":"0.00%"},{"v":0,"d":"0.00%"},{"v":0,"d":"0.00%"},{"v":0,"d":"0.00%"},{"v":0,"d":"0.00%"},{"v":0,"d":"0.00%"},{"v":0,"d":"0.00%"},{"v":0,"d":"0.00%"},{"v":1,"d":"100.00%"},{"v":0,"d":"0.00%"},{"v":0,"d":"0.00%"}]
[null,null,{"$error":"#REF!"},{"$error":"#REF!"},{"$error":"#REF!"},{"$error":"#REF!"},{"$nulls":14},{"v":1,"d":"100.00%"}]
[null,336,"SUMINISTRO Y FABRICACION DE ELEMENTOS DE ACERO ESTRUCTURAL ASTM A-588","Kg",{"v":44000,"d":"44000.00000"},{"v":2.89,"d":"$ 2.89000"},{"v":127160,"d":"$ 127,160.00000"},0,0,0,0,0,0,0,0,0,0,{"v":10172.800000000001,"d":"10,172.80000"},{"v":19074,"d":"19,074.00000"},{"v":29246.800000000003,"d":"29,246.80000"},{"v":36876.399999999994,"d":"36,876.40000"},{"v":31790,"d":"31,790.00000"},0]
[null,null,{"$error":"#REF!"},{"$error":"#REF!"},{"$error":"#REF!"},{"$error":"#REF!"},null,{"v":0,"d":"0.00%"},{"v":0,"d":"0.00%"},{"v":0,"d":"0.00%"},{"v":0,"d":"0.00%"},{"v":0,"d":"0.00%"},{"v":0,"d":"0.00%"},{"v":0,"d":"0.00%"},{"v":0,"d":"0.00%"},{"v":0,"d":"0.00%"},{"v":0,"d":"0.00%"},{"v":0.08,"d":"8.00%"},{"v":0.15,"d":"15.00%"},{"v":0.23,"d":"23.00%"},{"v":0.29,"d":"29.00%"},{"v":0.25,"d":"25.00%"},{"v":0,"d":"0.00%"}]
[null,null,{"$error":"#REF!"},{"$error":"#REF!"},{"$error":"#REF!"},{"$error":"#REF!"},{"$nulls":11},{"v":0.08,"d":"8.00%"},{"v":0.15,"d":"15.00%"},{"v":0.23,"d":"23.00%"},{"v":0.29,"d":"29.00%"},{"v":0.25,"d":"25.00%"}]
[null,337,"MONTAJE DE ELEMENTOS DE ACERO ESTRUCTURAL ASTM A-588","Kg",{"v":44000,"d":"44000.00000"},{"v":0.56,"d":"$ 0.56000"},{"v":24640.000000000004,"d":"$ 24,640.00000"},0,0,0,0,0,0,0,0,0,0,{"v":1971.2000000000003,"d":"1,971.20000"},{"v":3696.0000000000005,"d":"3,696.00000"},{"v":5667.200000000001,"d":"5,667.20000"},{"v":7145.6,"d":"7,145.60000"},{"v":6160.000000000001,"d":"6,160.00000"},0]
[null,null,{"$error":"#REF!"},{"$error":"#REF!"},{"$error":"#REF!"},{"$error":"#REF!"},null,{"v":0,"d":"0.00%"},{"v":0,"d":"0.00%"},{"v":0,"d":"0.00%"},{"v":0,"d":"0.00%"},{"v":0,"d":"0.00%"},{"v":0,"d":"0.00%"},{"v":0,"d":"0.00%"},{"v":0,"d":"0.00%"},{"v":0,"d":"0.00%"},{"v":0,"d":"0.00%"},{"v":0.08,"d":"8.00%"},{"v":0.15,"d":"15.00%"},{"v":0.23,"d":"23.00%"},{"v":0.29,"d":"29.00%"},{"v":0.25,"d":"25.00%"},{"v":0,"d":"0.00%"}]
[null,null,{"$error":"#REF!"},{"$error":"#REF!"},{"$error":"#REF!"},{"$error":"#REF!"},{"$nulls":11},{"v":0.08,"d":"8.00%"},{"v":0.15,"d":"15.00%"},{"v":0.23,"d":"23.00%"},{"v":0.29,"d":"29.00%"},{"v":0.25,"d":"25.00%"}]
[null,338,"ACERO DE REFUERZO EN BARRAS FY=4200 Kg/cm2","Kg",{"v":370,"d":"370.00000"},{"v":2.32,"d":"$ 2.32000"},{"v":858.4,"d":"$ 858.40000"},0,0,0,0,0,0,0,0,0,0,{"v":68.672,"d":"68.67200"},{"v":128.76,"d":"128.76000"},{"v":197.43200000000002,"d":"197.43200"},{"v":248.93599999999998,"d":"248.93600"},{"v":214.6,"d":"214.60000"},0]
[null,null,{"$error":"#REF!"},{"$error":"#REF!"},{"$error":"#REF!"},{"$error":"#REF!"},null,{"v":0,"d":"0.00%"},{"v":0,"d":"0.00%"},{"v":0,"d":"0.00%"},{"v":0,"d":"0.00%"},{"v":0,"d":"0.00%"},{"v":0,"d":"0.00%"},{"v":0,"d":"0.00%"},{"v":0,"d":"0.00%"},{"v":0,"d":"0.00%"},{"v":0,"d":"0.00%"},{"v":0.08,"d":"8.00%"},{"v":0.15,"d":"15.00%"},{"v":0.23,"d":"23.00%"},{"v":0.29,"d":"29.00%"},{"v":0.25,"d":"25.00%"},{"v":0,"d":"0.00%"}]
[null,null,{"$error":"#REF!"},{"$error":"#REF!"},{"$error":"#REF!"},{"$error":"#REF!"},{"$nulls":11},{"v":0.08,"d":"8.00%"},{"v":0.15,"d":"15.00%"},{"v":0.23,"d":"23.00%"},{"v":0.29,"d":"29.00%"},{"v":0.25,"d":"25.00%"}]
[null,339,"ACERO ESTRUCTURAL (A36)","Kg",{"v":800,"d":"800.00000"},{"v":6.04,"d":"$ 6.04000"},{"v":4832,"d":"$ 4,832.00000"},0,0,0,0,0,0,0,0,0,0,{"v":386.56,"d":"386.56000"},{"v":724.8,"d":"724.80000"},{"v":1111.3600000000001,"d":"1,111.36000"},{"v":1401.28,"d":"1,401.28000"},{"v":1208,"d":"1,208.00000"},0]
[null,null,{"$error":"#REF!"},{"$error":"#REF!"},{"$error":"#REF!"},{"$error":"#REF!"},null,{"v":0,"d":"0.00%"},{"v":0,"d":"0.00%"},{"v":0,"d":"0.00%"},{"v":0,"d":"0.00%"},{"v":0,"d":"0.00%"},{"v":0,"d":"0.00%"},{"v":0,"d":"0.00%"},{"v":0,"d":"0.00%"},{"v":0,"d":"0.00%"},{"v":0,"d":"0.00%"},{"v":0.08,"d":"8.00%"},{"v":0.15,"d":"15.00%"},{"v":0.23,"d":"23.00%"},{"v":0.29,"d":"29.00%"},{"v":0.25,"d":"25.00%"},{"v":0,"d":"0.00%"}]
[null,null,{"$error":"#REF!"},{"$error":"#REF!"},{"$error":"#REF!"},{"$error":"#REF!"},{"$nulls":11},{"v":0.08,"d":"8.00%"},{"v":0.15,"d":"15.00%"},{"v":0.23,"d":"23.00%"},{"v":0.29,"d":"29.00%"},{"v":0.25,"d":"25.00%"}]
[null,340,"HORMIGON ESTRUCTURAL/CEMENTO PORTLAND CL.-A; F'C=350 Kg/cm2 (INCLUYE CURADO)","m3",{"v":10.33,"d":"10.33000"},{"v":238,"d":"$ 238.00000"},{"v":2458.54,"d":"$ 2,458.54000"},0,0,0,0,0,0,0,0,0,0,{"v":196.6832,"d":"196.68320"},{"v":368.781,"d":"368.78100"},{"v":565.4642,"d":"565.46420"},{"v":712.9766,"d":"712.97660"},{"v":614.635,"d":"614.63500"},0]
[null,null,{"$error":"#REF!"},{"$error":"#REF!"},{"$error":"#REF!"},{"$error":"#REF!"},null,{"v":0,"d":"0.00%"},{"v":0,"d":"0.00%"},{"v":0,"d":"0.00%"},{"v":0,"d":"0.00%"},{"v":0,"d":"0.00%"},{"v":0,"d":"0.00%"},{"v":0,"d":"0.00%"},{"v":0,"d":"0.00%"},{"v":0,"d":"0.00%"},{"v":0,"d":"0.00%"},{"v":0.08,"d":"8.00%"},{"v":0.15,"d":"15.00%"},{"v":0.23,"d":"23.00%"},{"v":0.29,"d":"29.00%"},{"v":0.25,"d":"25.00%"},{"v":0,"d":"0.00%"}]
[null,null,{"$error":"#REF!"},{"$error":"#REF!"},{"$error":"#REF!"},{"$error":"#REF!"},{"$nulls":11},{"v":0.08,"d":"8.00%"},{"v":0.15,"d":"15.00%"},{"v":0.23,"d":"23.00%"},{"v":0.29,"d":"29.00%"},{"v":0.25,"d":"25.00%"}]
[null,341,"SECCIONADOR FUSIBLE 100 A - 27kW CON ROMPE ARCO","u",{"v":1,"d":"1.00000"},{"v":315.1,"d":"$ 315.10000"},{"v":315.1,"d":"$ 315.10000"},0,0,0,0,0,0,0,0,0,0,{"v":25.208000000000002,"d":"25.20800"},{"v":47.265,"d":"47.26500"},{"v":72.47300000000001,"d":"72.47300"},{"v":91.379,"d":"91.37900"},{"v":78.775,"d":"78.77500"},0]
[null,null,{"$error":"#REF!"},{"$error":"#REF!"},{"$error":"#REF!"},{"$error":"#REF!"},null,{"v":0,"d":"0.00%"},{"v":0,"d":"0.00%"},{"v":0,"d":"0.00%"},{"v":0,"d":"0.00%"},{"v":0,"d":"0.00%"},{"v":0,"d":"0.00%"},{"v":0,"d":"0.00%"},{"v":0,"d":"0.00%"},{"v":0,"d":"0.00%"},{"v":0,"d":"0.00%"},{"v":0.08,"d":"8.00%"},{"v":0.15,"d":"15.00%"},{"v":0.23,"d":"23.00%"},{"v":0.29,"d":"29.00%"},{"v":0.25,"d":"25.00%"},{"v":0,"d":"0.00%"}]
[null,null,{"$error":"#REF!"},{"$error":"#REF!"},{"$error":"#REF!"},{"$error":"#REF!"},{"$nulls":11},{"v":0.08,"d":"8.00%"},{"v":0.15,"d":"15.00%"},{"v":0.23,"d":"23.00%"},{"v":0.29,"d":"29.00%"},{"v":0.25,"d":"25.00%"}]
[null,342,"CHORRO DE PUNTA DE LANZA DE 1 1/2” ENTRADA Y 16 mm DE SALIDA","u",{"v":72,"d":"72.00000"},{"v":128.81,"d":"$ 128.81000"},{"v":9274.32,"d":"$ 9,274.32000"},0,0,0,0,0,0,0,0,0,0,{"v":741.9456,"d":"741.94560"},{"v":1391.148,"d":"1,391.14800"},{"v":2133.0936,"d":"2,133.09360"},{"v":2689.5528,"d":"2,689.55280"},{"v":2318.58,"d":"2,318.58000"},0]
[null,null,{"$error":"#REF!"},{"$error":"#REF!"},{"$error":"#REF!"},{"$error":"#REF!"},null,{"v":0,"d":"0.00%"},{"v":0,"d":"0.00%"},{"v":0,"d":"0.00%"},{"v":0,"d":"0.00%"},{"v":0,"d":"0.00%"},{"v":0,"d":"0.00%"},{"v":0,"d":"0.00%"},{"v":0,"d":"0.00%"},{"v":0,"d":"0.00%"},{"v":0,"d":"0.00%"},{"v":0.08,"d":"8.00%"},{"v":0.15,"d":"15.00%"},{"v":0.23,"d":"23.00%"},{"v":0.29,"d":"29.00%"},{"v":0.25,"d":"25.00%"},{"v":0,"d":"0.00%"}]
[null,null,{"$error":"#REF!"},{"$error":"#REF!"},{"$error":"#REF!"},{"$error":"#REF!"},{"$nulls":11},{"v":0.08,"d":"8.00%"},{"v":0.15,"d":"15.00%"},{"v":0.23,"d":"23.00%"},{"v":0.29,"d":"29.00%"},{"v":0.25,"d":"25.00%"}]
[null,343,"SUMINISTRO E INSTALACION DE BOMBA SUMERGIBLE 7.5 KW DE ACERO INOXIDABLE (INCLUYE TABLERO, BASE AUTOACOPLABLE Y BRIDA DE DESCARGA)","u",{"v":6,"d":"6.00000"},{"v":24302.62,"d":"$ 24,302.62000"},{"v":145815.72,"d":"$ 145,815.72000"},0,0,0,0,0,0,0,0,0,0,{"v":11665.2576,"d":"11,665.25760"},{"v":21872.358,"d":"21,872.35800"},{"v":33537.615600000005,"d":"33,537.61560"},{"v":42286.5588,"d":"42,286.55880"},{"v":36453.93,"d":"36,453.93000"},0]
[null,null,{"$error":"#REF!"},{"$error":"#REF!"},{"$error":"#REF!"},{"$error":"#REF!"},null,{"v":0,"d":"0.00%"},{"v":0,"d":"0.00%"},{"v":0,"d":"0.00%"},{"v":0,"d":"0.00%"},{"v":0,"d":"0.00%"},{"v":0,"d":"0.00%"},{"v":0,"d":"0.00%"},{"v":0,"d":"0.00%"},{"v":0,"d":"0.00%"},{"v":0,"d":"0.00%"},{"v":0.08,"d":"8.00%"},{"v":0.15,"d":"15.00%"},{"v":0.23,"d":"23.00%"},{"v":0.29,"d":"29.00%"},{"v":0.25,"d":"25.00%"},{"v":0,"d":"0.00%"}]
[null,null,{"$error":"#REF!"},{"$error":"#REF!"},{"$error":"#REF!"},{"$error":"#REF!"},{"$nulls":11},{"v":0.08,"d":"8.00%"},{"v":0.15,"d":"15.00%"},{"v":0.23,"d":"23.00%"},{"v":0.29,"d":"29.00%"},{"v":0.25,"d":"25.00%"}]
[null,344,"SUMINISTRO E INSTALACION DE BOMBA SUMERGIBLE 6 KW DE ACERO INOXIDABLE (INCLUYE TABLERO, BASE AUTOACOPLABLE Y BRIDA DE DESCARGA)","u",{"v":1,"d":"1.00000"},{"v":20342.62,"d":"$ 20,342.62000"},{"v":20342.62,"d":"$ 20,342.62000"},0,0,0,0,0,0,0,0,0,0,{"v":1627.4096,"d":"1,627.40960"},{"v":3051.3929999999996,"d":"3,051.39300"},{"v":4678.8026,"d":"4,678.80260"},{"v":5899.359799999999,"d":"5,899.35980"},{"v":5085.655,"d":"5,085.65500"},0]
[null,null,{"$error":"#REF!"},{"$error":"#REF!"},{"$error":"#REF!"},{"$error":"#REF!"},null,{"v":0,"d":"0.00%"},{"v":0,"d":"0.00%"},{"v":0,"d":"0.00%"},{"v":0,"d":"0.00%"},{"v":0,"d":"0.00%"},{"v":0,"d":"0.00%"},{"v":0,"d":"0.00%"},{"v":0,"d":"0.00%"},{"v":0,"d":"0.00%"},{"v":0,"d":"0.00%"},{"v":0.08,"d":"8.00%"},{"v":0.15,"d":"15.00%"},{"v":0.23,"d":"23.00%"},{"v":0.29,"d":"29.00%"},{"v":0.25,"d":"25.00%"},{"v":0,"d":"0.00%"}]
[null,null,{"$error":"#REF!"},{"$error":"#REF!"},{"$error":"#REF!"},{"$error":"#REF!"},{"$nulls":11},{"v":0.08,"d":"8.00%"},{"v":0.15,"d":"15.00%"},{"v":0.23,"d":"23.00%"},{"v":0.29,"d":"29.00%"},{"v":0.25,"d":"25.00%"}]
[null,345,"SUMINISTRO E INSTALACION DE TUBO EN ACERO INOXIDABLE 6\", LONGITUD 20M CON 36 SALIDAS DE 1 1/2\" Y 6 ENTRADAS DE 4\"","m",{"v":40,"d":"40.00000"},{"v":1234.46,"d":"$ 1,234.46000"},{"v":49378.4,"d":"$ 49,378.40000"},0,0,0,0,0,0,0,0,0,0,{"v":3950.2720000000004,"d":"3,950.27200"},{"v":7406.76,"d":"7,406.76000"},{"v":11357.032000000001,"d":"11,357.03200"},{"v":14319.735999999999,"d":"14,319.73600"},{"v":12344.6,"d":"12,344.60000"},0]
[null,null,{"$error":"#REF!"},{"$error":"#REF!"},{"$error":"#REF!"},{"$error":"#REF!"},null,{"v":0,"d":"0.00%"},{"v":0,"d":"0.00%"},{"v":0,"d":"0.00%"},{"v":0,"d":"0.00%"},{"v":0,"d":"0.00%"},{"v":0,"d":"0.00%"},{"v":0,"d":"0.00%"},{"v":0,"d":"0.00%"},{"v":0,"d":"0.00%"},{"v":0,"d":"0.00%"},{"v":0.08,"d":"8.00%"},{"v":0.15,"d":"15.00%"},{"v":0.23,"d":"23.00%"},{"v":0.29,"d":"29.00%"},{"v":0.25,"d":"25.00%"},{"v":0,"d":"0.00%"}]
[null,null,{"$error":"#REF!"},{"$error":"#REF!"},{"$error":"#REF!"},{"$error":"#REF!"},{"$nulls":11},{"v":0.08,"d":"8.00%"},{"v":0.15,"d":"15.00%"},{"v":0.23,"d":"23.00%"},{"v":0.29,"d":"29.00%"},{"v":0.25,"d":"25.00%"}]
[null,346,"PANTALLA DE AGUA PULVERIZADA","u",{"v":1,"d":"1.00000"},{"v":1885.93,"d":"$ 1,885.93000"},{"v":1885.93,"d":"$ 1,885.93000"},0,0,0,0,0,0,0,0,0,0,{"v":150.8744,"d":"150.87440"},{"v":282.8895,"d":"282.88950"},{"v":433.76390000000004,"d":"433.76390"},{"v":546.9197,"d":"546.91970"},{"v":471.4825,"d":"471.48250"},0]
[null,null,{"$error":"#REF!"},{"$error":"#REF!"},{"$error":"#REF!"},{"$error":"#REF!"},null,{"v":0,"d":"0.00%"},{"v":0,"d":"0.00%"},{"v":0,"d":"0.00%"},{"v":0,"d":"0.00%"},{"v":0,"d":"0.00%"},{"v":0,"d":"0.00%"},{"v":0,"d":"0.00%"},{"v":0,"d":"0.00%"},{"v":0,"d":"0.00%"},{"v":0,"d":"0.00%"},{"v":0.08,"d":"8.00%"},{"v":0.15,"d":"15.00%"},{"v":0.23,"d":"23.00%"},{"v":0.29,"d":"29.00%"},{"v":0.25,"d":"25.00%"},{"v":0,"d":"0.00%"}]
[null,null,{"$error":"#REF!"},{"$error":"#REF!"},{"$error":"#REF!"},{"$error":"#REF!"},{"$nulls":11},{"v":0.08,"d":"8.00%"},{"v":0.15,"d":"15.00%"},{"v":0.23,"d":"23.00%"},{"v":0.29,"d":"29.00%"},{"v":0.25,"d":"25.00%"}]
[null,347,"FAROS DE 108 WATTS DE 24 V","u",{"v":72,"d":"72.00000"},{"v":855.32,"d":"$ 855.32000"},{"v":61583.04,"d":"$ 61,583.04000"},0,0,0,0,0,0,0,0,0,0,{"v":4926.6432,"d":"4,926.64320"},{"v":9237.456,"d":"9,237.45600"},{"v":14164.0992,"d":"14,164.09920"},{"v":17859.081599999998,"d":"17,859.08160"},{"v":15395.76,"d":"15,395.76000"},0]
[null,null,{"$error":"#REF!"},{"$error":"#REF!"},{"$error":"#REF!"},{"$error":"#REF!"},null,{"v":0,"d":"0.00%"},{"v":0,"d":"0.00%"},{"v":0,"d":"0.00%"},{"v":0,"d":"0.00%"},{"v":0,"d":"0.00%"},{"v":0,"d":"0.00%"},{"v":0,"d":"0.00%"},{"v":0,"d":"0.00%"},{"v":0,"d":"0.00%"},{"v":0,"d":"0.00%"},{"v":0.08,"d":"8.00%"},{"v":0.15,"d":"15.00%"},{"v":0.23,"d":"23.00%"},{"v":0.29,"d":"29.00%"},{"v":0.25,"d":"25.00%"},{"v":0,"d":"0.00%"}]
[null,null,{"$error":"#REF!"},{"$error":"#REF!"},{"$error":"#REF!"},{"$error":"#REF!"},{"$nulls":11},{"v":0.08,"d":"8.00%"},{"v":0.15,"d":"15.00%"},{"v":0.23,"d":"23.00%"},{"v":0.29,"d":"29.00%"},{"v":0.25,"d":"25.00%"}]
[null,348,"INTERFAX DMX PARA CONTROLAR LOS TONOS DE LOS FAROS","u",{"v":2,"d":"2.00000"},{"v":1081.75,"d":"$ 1,081.75000"},{"v":2163.5,"d":"$ 2,163.50000"},0,0,0,0,0,0,0,0,0,0,{"v":173.08,"d":"173.08000"},{"v":324.525,"d":"324.52500"},{"v":497.605,"d":"497.60500"},{"v":627.415,"d":"627.41500"},{"v":540.875,"d":"540.87500"},0]
[null,null,{"$error":"#REF!"},{"$error":"#REF!"},{"$error":"#REF!"},{"$error":"#REF!"},null,{"v":0,"d":"0.00%"},{"v":0,"d":"0.00%"},{"v":0,"d":"0.00%"},{"v":0,"d":"0.00%"},{"v":0,"d":"0.00%"},{"v":0,"d":"0.00%"},{"v":0,"d":"0.00%"},{"v":0,"d":"0.00%"},{"v":0,"d":"0.00%"},{"v":0,"d":"0.00%"},{"v":0.08,"d":"8.00%"},{"v":0.15,"d":"15.00%"},{"v":0.23,"d":"23.00%"},{"v":0.29,"d":"29.00%"},{"v":0.25,"d":"25.00%"},{"v":0,"d":"0.00%"}]
[null,null,{"$error":"#REF!"},{"$error":"#REF!"},{"$error":"#REF!"},{"$error":"#REF!"},{"$nulls":11},{"v":0.08,"d":"8.00%"},{"v":0.15,"d":"15.00%"},{"v":0.23,"d":"23.00%"},{"v":0.29,"d":"29.00%"},{"v":0.25,"d":"25.00%"}]
[null,349,"DECODIFICADOR DE 8 SALIDAS","u",{"v":10,"d":"10.00000"},{"v":532.09,"d":"$ 532.09000"},{"v":5320.900000000001,"d":"$ 5,320.90000"},0,0,0,0,0,0,0,0,0,0,{"v":425.672,"d":"425.67200"},{"v":798.1350000000001,"d":"798.13500"},{"v":1223.8070000000002,"d":"1,223.80700"},{"v":1543.0610000000001,"d":"1,543.06100"},{"v":1330.2250000000001,"d":"1,330.22500"},0]
[null,null,{"$error":"#REF!"},{"$error":"#REF!"},{"$error":"#REF!"},{"$error":"#REF!"},null,{"v":0,"d":"0.00%"},{"v":0,"d":"0.00%"},{"v":0,"d":"0.00%"},{"v":0,"d":"0.00%"},{"v":0,"d":"0.00%"},{"v":0,"d":"0.00%"},{"v":0,"d":"0.00%"},{"v":0,"d":"0.00%"},{"v":0,"d":"0.00%"},{"v":0,"d":"0.00%"},{"v":0.08,"d":"8.00%"},{"v":0.15,"d":"15.00%"},{"v":0.23,"d":"23.00%"},{"v":0.29,"d":"29.00%"},{"v":0.25,"d":"25.00%"},{"v":0,"d":"0.00%"}]
[null,null,{"$error":"#REF!"},{"$error":"#REF!"},{"$error":"#REF!"},{"$error":"#REF!"},{"$nulls":11},{"v":0.08,"d":"8.00%"},{"v":0.15,"d":"15.00%"},{"v":0.23,"d":"23.00%"},{"v":0.29,"d":"29.00%"},{"v":0.25,"d":"25.00%"}]
[null,350,"FUENTES DE PODER DE 1200W PARA TRANSFORMAR DE 220 O 110V A 24V","u",{"v":10,"d":"10.00000"},{"v":376.09,"d":"$ 376.09000"},{"v":3760.8999999999996,"d":"$ 3,760.90000"},0,0,0,0,0,0,0,0,0,0,{"v":300.87199999999996,"d":"300.87200"},{"v":564.1349999999999,"d":"564.13500"},{"v":865.007,"d":"865.00700"},{"v":1090.6609999999998,"d":"1,090.66100"},{"v":940.2249999999999,"d":"940.22500"},0]
[null,null,{"$error":"#REF!"},{"$error":"#REF!"},{"$error":"#REF!"},{"$error":"#REF!"},null,{"v":0,"d":"0.00%"},{"v":0,"d":"0.00%"},{"v":0,"d":"0.00%"},{"v":0,"d":"0.00%"},{"v":0,"d":"0.00%"},{"v":0,"d":"0.00%"},{"v":0,"d":"0.00%"},{"v":0,"d":"0.00%"},{"v":0,"d":"0.00%"},{"v":0,"d":"0.00%"},{"v":0.08,"d":"8.00%"},{"v":0.15,"d":"15.00%"},{"v":0.23,"d":"23.00%"},{"v":0.29,"d":"29.00%"},{"v":0.25,"d":"25.00%"},{"v":0,"d":"0.00%"}]
[null,null,{"$error":"#REF!"},{"$error":"#REF!"},{"$error":"#REF!"},{"$error":"#REF!"},{"$nulls":11},{"v":0.08,"d":"8.00%"},{"v":0.15,"d":"15.00%"},{"v":0.23,"d":"23.00%"},{"v":0.29,"d":"29.00%"},{"v":0.25,"d":"25.00%"}]
[null,351,"SUMINISTRO E INSTALACION DE TUBERIA DE PVC CED.40 3\"","m",{"v":108,"d":"108.00000"},{"v":19.98,"d":"$ 19.98000"},{"v":2157.84,"d":"$ 2,157.84000"},0,0,0,0,0,0,0,0,0,0,{"v":172.62720000000002,"d":"172.62720"},{"v":323.676,"d":"323.67600"},{"v":496.30320000000006,"d":"496.30320"},{"v":625.7736,"d":"625.77360"},{"v":539.46,"d":"539.46000"},0]
[null,null,{"$error":"#REF!"},{"$error":"#REF!"},{"$error":"#REF!"},{"$error":"#REF!"},null,{"v":0,"d":"0.00%"},{"v":0,"d":"0.00%"},{"v":0,"d":"0.00%"},{"v":0,"d":"0.00%"},{"v":0,"d":"0.00%"},{"v":0,"d":"0.00%"},{"v":0,"d":"0.00%"},{"v":0,"d":"0.00%"},{"v":0,"d":"0.00%"},{"v":0,"d":"0.00%"},{"v":0.08,"d":"8.00%"},{"v":0.15,"d":"15.00%"},{"v":0.23,"d":"23.00%"},{"v":0.29,"d":"29.00%"},{"v":0.25,"d":"25.00%"},{"v":0,"d":"0.00%"}]
[null,null,{"$error":"#REF!"},{"$error":"#REF!"},{"$error":"#REF!"},{"$error":"#REF!"},{"$nulls":11},{"v":0.08,"d":"8.00%"},{"v":0.15,"d":"15.00%"},{"v":0.23,"d":"23.00%"},{"v":0.29,"d":"29.00%"},{"v":0.25,"d":"25.00%"}]
[null,352,"SUMINISTRO E INSTALACION DE NUDOS UNIVERSALES PVC 3\"","u",{"v":12,"d":"12.00000"},{"v":33.05,"d":"$ 33.05000"},{"v":396.59999999999997,"d":"$ 396.60000"},0,0,0,0,0,0,0,0,0,0,{"v":31.727999999999998,"d":"31.72800"},{"v":59.489999999999995,"d":"59.49000"},{"v":91.21799999999999,"d":"91.21800"},{"v":115.01399999999998,"d":"115.01400"},{"v":99.14999999999999,"d":"99.15000"},0]
[null,null,{"$error":"#REF!"},{"$error":"#REF!"},{"$error":"#REF!"},{"$error":"#REF!"},null,{"v":0,"d":"0.00%"},{"v":0,"d":"0.00%"},{"v":0,"d":"0.00%"},{"v":0,"d":"0.00%"},{"v":0,"d":"0.00%"},{"v":0,"d":"0.00%"},{"v":0,"d":"0.00%"},{"v":0,"d":"0.00%"},{"v":0,"d":"0.00%"},{"v":0,"d":"0.00%"},{"v":0.08,"d":"8.00%"},{"v":0.15,"d":"15.00%"},{"v":0.23,"d":"23.00%"},{"v":0.29,"d":"29.00%"},{"v":0.25,"d":"25.00%"},{"v":0,"d":"0.00%"}]
[null,null,{"$error":"#REF!"},{"$error":"#REF!"},{"$error":"#REF!"},{"$error":"#REF!"},{"$nulls":11},{"v":0.08,"d":"8.00%"},{"v":0.15,"d":"15.00%"},{"v":0.23,"d":"23.00%"},{"v":0.29,"d":"29.00%"},{"v":0.25,"d":"25.00%"}]
[null,353,"SUMINISTRO E INSTALACION DE TEE 3 IN PVC ROSCABLE","u",{"v":8,"d":"8.00000"},{"v":18.12,"d":"$ 18.12000"},{"v":144.96,"d":"$ 144.96000"},0,0,0,0,0,0,0,0,0,0,{"v":11.5968,"d":"11.59680"},{"v":21.744,"d":"21.74400"},{"v":33.3408,"d":"33.34080"},{"v":42.0384,"d":"42.03840"},{"v":36.24,"d":"36.24000"},0]
[null,null,{"$error":"#REF!"},{"$error":"#REF!"},{"$error":"#REF!"},{"$error":"#REF!"},null,{"v":0,"d":"0.00%"},{"v":0,"d":"0.00%"},{"v":0,"d":"0.00%"},{"v":0,"d":"0.00%"},{"v":0,"d":"0.00%"},{"v":0,"d":"0.00%"},{"v":0,"d":"0.00%"},{"v":0,"d":"0.00%"},{"v":0,"d":"0.00%"},{"v":0,"d":"0.00%"},{"v":0.08,"d":"8.00%"},{"v":0.15,"d":"15.00%"},{"v":0.23,"d":"23.00%"},{"v":0.29,"d":"29.00%"},{"v":0.25,"d":"25.00%"},{"v":0,"d":"0.00%"}]
[null,null,{"$error":"#REF!"},{"$error":"#REF!"},{"$error":"#REF!"},{"$error":"#REF!"},{"$nulls":11},{"v":0.08,"d":"8.00%"},{"v":0.15,"d":"15.00%"},{"v":0.23,"d":"23.00%"},{"v":0.29,"d":"29.00%"},{"v":0.25,"d":"25.00%"}]
[null,354,"SUMINISTRO E INSTALACION DE REDUCTOR DE 6 A 3 IN PVC ROSCABLE","u",{"v":6,"d":"6.00000"},{"v":17.88,"d":"$ 17.88000"},{"v":107.28,"d":"$ 107.28000"},0,0,0,0,0,0,0,0,0,0,{"v":8.5824,"d":"8.58240"},{"v":16.092,"d":"16.09200"},{"v":24.674400000000002,"d":"24.67440"},{"v":31.111199999999997,"d":"31.11120"},{"v":26.82,"d":"26.82000"},0]
[null,null,{"$error":"#REF!"},{"$error":"#REF!"},{"$error":"#REF!"},{"$error":"#REF!"},null,{"v":0,"d":"0.00%"},{"v":0,"d":"0.00%"},{"v":0,"d":"0.00%"},{"v":0,"d":"0.00%"},{"v":0,"d":"0.00%"},{"v":0,"d":"0.00%"},{"v":0,"d":"0.00%"},{"v":0,"d":"0.00%"},{"v":0,"d":"0.00%"},{"v":0,"d":"0.00%"},{"v":0.08,"d":"8.00%"},{"v":0.15,"d":"15.00%"},{"v":0.23,"d":"23.00%"},{"v":0.29,"d":"29.00%"},{"v":0.25,"d":"25.00%"},{"v":0,"d":"0.00%"}]
[null,null,{"$error":"#REF!"},{"$error":"#REF!"},{"$error":"#REF!"},{"$error":"#REF!"},{"$nulls":11},{"v":0.08,"d":"8.00%"},{"v":0.15,"d":"15.00%"},{"v":0.23,"d":"23.00%"},{"v":0.29,"d":"29.00%"},{"v":0.25,"d":"25.00%"}]
[null,355,"SUMINISTRO E INSTALACION DE CODO 3\" x 90' PVC ROSCABLE","u",{"v":12,"d":"12.00000"},{"v":18.61,"d":"$ 18.61000"},{"v":223.32,"d":"$ 223.32000"},0,0,0,0,0,0,0,0,0,0,{"v":17.8656,"d":"17.86560"},{"v":33.498,"d":"33.49800"},{"v":51.3636,"d":"51.36360"},{"v":64.7628,"d":"64.76280"},{"v":55.83,"d":"55.83000"},0]
[null,null,{"$error":"#REF!"},{"$error":"#REF!"},{"$error":"#REF!"},{"$error":"#REF!"},null,{"v":0,"d":"0.00%"},{"v":0,"d":"0.00%"},{"v":0,"d":"0.00%"},{"v":0,"d":"0.00%"},{"v":0,"d":"0.00%"},{"v":0,"d":"0.00%"},{"v":0,"d":"0.00%"},{"v":0,"d":"0.00%"},{"v":0,"d":"0.00%"},{"v":0,"d":"0.00%"},{"v":0.08,"d":"8.00%"},{"v":0.15,"d":"15.00%"},{"v":0.23,"d":"23.00%"},{"v":0.29,"d":"29.00%"},{"v":0.25,"d":"25.00%"},{"v":0,"d":"0.00%"}]
[null,null,{"$error":"#REF!"},{"$error":"#REF!"},{"$error":"#REF!"},{"$error":"#REF!"},{"$nulls":11},{"v":0.08,"d":"8.00%"},{"v":0.15,"d":"15.00%"},{"v":0.23,"d":"23.00%"},{"v":0.29,"d":"29.00%"},{"v":0.25,"d":"25.00%"}]
[null,356,"SUMINISTRO Y COLOCACION DE SELLADOR ADHESIVO PARA JUNTAS","u",{"v":79,"d":"79.00000"},{"v":0.53,"d":"$ 0.53000"},{"v":41.870000000000005,"d":"$ 41.87000"},0,0,0,0,0,0,0,0,0,0,{"v":3.3496000000000006,"d":"3.34960"},{"v":6.280500000000001,"d":"6.28050"},{"v":9.630100000000002,"d":"9.63010"},{"v":12.1423,"d":"12.14230"},{"v":10.467500000000001,"d":"10.46750"},0]
[null,null,{"$error":"#REF!"},{"$error":"#REF!"},{"$error":"#REF!"},{"$error":"#REF!"},null,{"v":0,"d":"0.00%"},{"v":0,"d":"0.00%"},{"v":0,"d":"0.00%"},{"v":0,"d":"0.00%"},{"v":0,"d":"0.00%"},{"v":0,"d":"0.00%"},{"v":0,"d":"0.00%"},{"v":0,"d":"0.00%"},{"v":0,"d":"0.00%"},{"v":0,"d":"0.00%"},{"v":0.08,"d":"8.00%"},{"v":0.15,"d":"15.00%"},{"v":0.23,"d":"23.00%"},{"v":0.29,"d":"29.00%"},{"v":0.25,"d":"25.00%"},{"v":0,"d":"0.00%"}]
[null,null,{"$error":"#REF!"},{"$error":"#REF!"},{"$error":"#REF!"},{"$error":"#REF!"},{"$nulls":11},{"v":0.08,"d":"8.00%"},{"v":0.15,"d":"15.00%"},{"v":0.23,"d":"23.00%"},{"v":0.29,"d":"29.00%"},{"v":0.25,"d":"25.00%"}]
[null,357,"SUMINISTRO E INSTALACION DE ADAPTADOR MACHO 3 IN PVC ROSCABLE","u",{"v":12,"d":"12.00000"},{"v":16.92,"d":"$ 16.92000"},{"v":203.04000000000002,"d":"$ 203.04000"},0,0,0,0,0,0,0,0,0,0,{"v":16.2432,"d":"16.24320"},{"v":30.456000000000003,"d":"30.45600"},{"v":46.699200000000005,"d":"46.69920"},{"v":58.8816,"d":"58.88160"},{"v":50.760000000000005,"d":"50.76000"},0]
[null,null,{"$error":"#REF!"},{"$error":"#REF!"},{"$error":"#REF!"},{"$error":"#REF!"},null,{"v":0,"d":"0.00%"},{"v":0,"d":"0.00%"},{"v":0,"d":"0.00%"},{"v":0,"d":"0.00%"},{"v":0,"d":"0.00%"},{"v":0,"d":"0.00%"},{"v":0,"d":"0.00%"},{"v":0,"d":"0.00%"},{"v":0,"d":"0.00%"},{"v":0,"d":"0.00%"},{"v":0.08,"d":"8.00%"},{"v":0.15,"d":"15.00%"},{"v":0.23,"d":"23.00%"},{"v":0.29,"d":"29.00%"},{"v":0.25,"d":"25.00%"},{"v":0,"d":"0.00%"}]
[null,null,{"$error":"#REF!"},{"$error":"#REF!"},{"$error":"#REF!"},{"$error":"#REF!"},{"$nulls":11},{"v":0.08,"d":"8.00%"},{"v":0.15,"d":"15.00%"},{"v":0.23,"d":"23.00%"},{"v":0.29,"d":"29.00%"},{"v":0.25,"d":"25.00%"}]
[null,358,"SUMINISTRO E INSTALACION DE ADAPTADOR MACHO 6 IN PVC ROSCABLE","u",{"v":8,"d":"8.00000"},{"v":20.82,"d":"$ 20.82000"},{"v":166.56,"d":"$ 166.56000"},0,0,0,0,0,0,0,0,0,0,{"v":13.3248,"d":"13.32480"},{"v":24.983999999999998,"d":"24.98400"},{"v":38.308800000000005,"d":"38.30880"},{"v":48.3024,"d":"48.30240"},{"v":41.64,"d":"41.64000"},0]
[null,null,{"$error":"#REF!"},{"$error":"#REF!"},{"$error":"#REF!"},{"$error":"#REF!"},null,{"v":0,"d":"0.00%"},{"v":0,"d":"0.00%"},{"v":0,"d":"0.00%"},{"v":0,"d":"0.00%"},{"v":0,"d":"0.00%"},{"v":0,"d":"0.00%"},{"v":0,"d":"0.00%"},{"v":0,"d":"0.00%"},{"v":0,"d":"0.00%"},{"v":0,"d":"0.00%"},{"v":0.08,"d":"8.00%"},{"v":0.15,"d":"15.00%"},{"v":0.23,"d":"23.00%"},{"v":0.29,"d":"29.00%"},{"v":0.25,"d":"25.00%"},{"v":0,"d":"0.00%"}]
[null,null,{"$error":"#REF!"},{"$error":"#REF!"},{"$error":"#REF!"},{"$error":"#REF!"},{"$nulls":11},{"v":0.08,"d":"8.00%"},{"v":0.15,"d":"15.00%"},{"v":0.23,"d":"23.00%"},{"v":0.29,"d":"29.00%"},{"v":0.25,"d":"25.00%"}]
[null,359,"SUMINISTRO E INSTALACION DE LLAVE NUDO 3\" PVC ROSCABLE","u",{"v":6,"d":"6.00000"},{"v":60.12,"d":"$ 60.12000"},{"v":360.71999999999997,"d":"$ 360.72000"},0,0,0,0,0,0,0,0,0,0,{"v":28.857599999999998,"d":"28.85760"},{"v":54.108,"d":"54.10800"},{"v":82.9656,"d":"82.96560"},{"v":104.60879999999999,"d":"104.60880"},{"v":90.17999999999999,"d":"90.18000"},0]
[null,null,{"$error":"#REF!"},{"$error":"#REF!"},{"$error":"#REF!"},{"$error":"#REF!"},null,{"v":0,"d":"0.00%"},{"v":0,"d":"0.00%"},{"v":0,"d":"0.00%"},{"v":0,"d":"0.00%"},{"v":0,"d":"0.00%"},{"v":0,"d":"0.00%"},{"v":0,"d":"0.00%"},{"v":0,"d":"0.00%"},{"v":0,"d":"0.00%"},{"v":0,"d":"0.00%"},{"v":0.08,"d":"8.00%"},{"v":0.15,"d":"15.00%"},{"v":0.23,"d":"23.00%"},{"v":0.29,"d":"29.00%"},{"v":0.25,"d":"25.00%"},{"v":0,"d":"0.00%"}]
[null,null,{"$error":"#REF!"},{"$error":"#REF!"},{"$error":"#REF!"},{"$error":"#REF!"},{"$nulls":11},{"v":0.08,"d":"8.00%"},{"v":0.15,"d":"15.00%"},{"v":0.23,"d":"23.00%"},{"v":0.29,"d":"29.00%"},{"v":0.25,"d":"25.00%"}]
[null,360,"PROYECTOR DE LASER PARA PANTALLA, CON ALCANCE A UNA DISTANCIA DE 40m, PROYECCION DE 15m","u",{"v":1,"d":"1.00000"},{"v":18213.7,"d":"$ 18,213.70000"},{"v":18213.7,"d":"$ 18,213.70000"},0,0,0,0,0,0,0,0,0,0,{"v":1457.096,"d":"1,457.09600"},{"v":2732.055,"d":"2,732.05500"},{"v":4189.151000000001,"d":"4,189.15100"},{"v":5281.973,"d":"5,281.97300"},{"v":4553.425,"d":"4,553.42500"},0]
[null,null,{"$error":"#REF!"},{"$error":"#REF!"},{"$error":"#REF!"},{"$error":"#REF!"},null,{"v":0,"d":"0.00%"},{"v":0,"d":"0.00%"},{"v":0,"d":"0.00%"},{"v":0,"d":"0.00%"},{"v":0,"d":"0.00%"},{"v":0,"d":"0.00%"},{"v":0,"d":"0.00%"},{"v":0,"d":"0.00%"},{"v":0,"d":"0.00%"},{"v":0,"d":"0.00%"},{"v":0.08,"d":"8.00%"},{"v":0.15,"d":"15.00%"},{"v":0.23,"d":"23.00%"},{"v":0.29,"d":"29.00%"},{"v":0.25,"d":"25.00%"},{"v":0,"d":"0.00%"}]
[null,null,{"$error":"#REF!"},{"$error":"#REF!"},{"$error":"#REF!"},{"$error":"#REF!"},{"$nulls":11},{"v":0.08,"d":"8.00%"},{"v":0.15,"d":"15.00%"},{"v":0.23,"d":"23.00%"},{"v":0.29,"d":"29.00%"},{"v":0.25,"d":"25.00%"}]
[null,361,"TABLERO DE CONTROL Y AUTOMATIZACION DE LUCES ACUATICAS Y TABLERO PARA BOMBAS, INCLUIDO EL CABLE DESDE EL CUARTO DE MAQUINAS HASTA LA UBICACION DE LAS BOMBAS SUMERGIBLES Y LOS FAROS LED","u",{"v":1,"d":"1.00000"},{"v":23305.34,"d":"$ 23,305.34000"},{"v":23305.34,"d":"$ 23,305.34000"},0,0,0,0,0,0,0,0,0,0,{"v":1864.4272,"d":"1,864.42720"},{"v":3495.801,"d":"3,495.80100"},{"v":5360.2282000000005,"d":"5,360.22820"},{"v":6758.548599999999,"d":"6,758.54860"},{"v":5826.335,"d":"5,826.33500"},0]
[null,null,{"$error":"#REF!"},{"$error":"#REF!"},{"$error":"#REF!"},{"$error":"#REF!"},null,{"v":0,"d":"0.00%"},{"v":0,"d":"0.00%"},{"v":0,"d":"0.00%"},{"v":0,"d":"0.00%"},{"v":0,"d":"0.00%"},{"v":0,"d":"0.00%"},{"v":0,"d":"0.00%"},{"v":0,"d":"0.00%"},{"v":0,"d":"0.00%"},{"v":0,"d":"0.00%"},{"v":0.08,"d":"8.00%"},{"v":0.15,"d":"15.00%"},{"v":0.23,"d":"23.00%"},{"v":0.29,"d":"29.00%"},{"v":0.25,"d":"25.00%"},{"v":0,"d":"0.00%"}]
[null,null,{"$error":"#REF!"},{"$error":"#REF!"},{"$error":"#REF!"},{"$error":"#REF!"},{"$nulls":11},{"v":0.08,"d":"8.00%"},{"v":0.15,"d":"15.00%"},{"v":0.23,"d":"23.00%"},{"v":0.29,"d":"29.00%"},{"v":0.25,"d":"25.00%"}]
[null,362,"PERFILADA DE HORMIGON EN CALLES","m",{"v":180,"d":"180.00000"},{"v":3.6,"d":"$ 3.60000"},{"v":648,"d":"$ 648.00000"},0,0,0,0,{"v":64.8,"d":"64.80000"},{"v":97.2,"d":"97.20000"},{"v":194.4,"d":"194.40000"},{"v":291.6,"d":"291.60000"},0,0,0,0,0,0,0,0]
[null,null,{"$error":"#REF!"},{"$error":"#REF!"},{"$error":"#REF!"},{"$error":"#REF!"},null,{"v":0,"d":"0.00%"},{"v":0,"d":"0.00%"},{"v":0,"d":"0.00%"},{"v":0,"d":"0.00%"},{"v":0.09999999999999999,"d":"10.00%"},{"v":0.15,"d":"15.00%"},{"v":0.3,"d":"30.00%"},{"v":0.45,"d":"45.00%"},{"v":0,"d":"0.00%"},{"v":0,"d":"0.00%"},{"v":0,"d":"0.00%"},{"v":0,"d":"0.00%"},{"v":0,"d":"0.00%"},{"v":0,"d":"0.00%"},{"v":0,"d":"0.00%"},{"v":0,"d":"0.00%"}]
[null,null,{"$error":"#REF!"},{"$error":"#REF!"},{"$error":"#REF!"},{"$error":"#REF!"},{"$nulls":5},{"v":0.09999999999999999,"d":"10.00%"},{"v":0.15,"d":"15.00%"},{"v":0.3,"d":"30.00%"},{"v":0.45,"d":"45.00%"}]
[null,363,"ROTURA Y DESALOJO DE HORMIGON EN CALLES","m2",{"v":45,"d":"45.00000"},{"v":2.75,"d":"$ 2.75000"},{"v":123.75,"d":"$ 123.75000"},0,0,0,0,{"v":12.374999999999998,"d":"12.37500"},{"v":18.5625,"d":"18.56250"},{"v":37.125,"d":"37.12500"},{"v":55.6875,"d":"55.68750"},0,0,0,0,0,0,0,0]
[null,null,{"$error":"#REF!"},{"$error":"#REF!"},{"$error":"#REF!"},{"$error":"#REF!"},null,{"v":0,"d":"0.00%"},{"v":0,"d":"0.00%"},{"v":0,"d":"0.00%"},{"v":0,"d":"0.00%"},{"v":0.09999999999999999,"d":"10.00%"},{"v":0.15,"d":"15.00%"},{"v":0.3,"d":"30.00%"},{"v":0.45,"d":"45.00%"},{"v":0,"d":"0.00%"},{"v":0,"d":"0.00%"},{"v":0,"d":"0.00%"},{"v":0,"d":"0.00%"},{"v":0,"d":"0.00%"},{"v":0,"d":"0.00%"},{"v":0,"d":"0.00%"},{"v":0,"d":"0.00%"}]
[null,null,{"$error":"#REF!"},{"$error":"#REF!"},{"$error":"#REF!"},{"$error":"#REF!"},{"$nulls":5},{"v":0.09999999999999999,"d":"10.00%"},{"v":0.15,"d":"15.00%"},{"v":0.3,"d":"30.00%"},{"v":0.45,"d":"45.00%"}]
[null,364,"HORMIGON PAVIMENTADO 4.5 MPA PARA CALLES (INCLUIDO CURADO Y JUNTAS)","m3",{"v":9,"d":"9.00000"},{"v":302.06,"d":"$ 302.06000"},{"v":2718.54,"d":"$ 2,718.54000"},0,0,0,0,{"v":271.854,"d":"271.85400"},{"v":407.781,"d":"407.78100"},{"v":815.562,"d":"815.56200"},{"v":1223.343,"d":"1,223.34300"},0,0,0,0,0,0,0,0]
[null,null,{"$error":"#REF!"},{"$error":"#REF!"},{"$error":"#REF!"},{"$error":"#REF!"},null,{"v":0,"d":"0.00%"},{"v":0,"d":"0.00%"},{"v":0,"d":"0.00%"},{"v":0,"d":"0.00%"},{"v":0.09999999999999999,"d":"10.00%"},{"v":0.15,"d":"15.00%"},{"v":0.3,"d":"30.00%"},{"v":0.45,"d":"45.00%"},{"v":0,"d":"0.00%"},{"v":0,"d":"0.00%"},{"v":0,"d":"0.00%"},{"v":0,"d":"0.00%"},{"v":0,"d":"0.00%"},{"v":0,"d":"0.00%"},{"v":0,"d":"0.00%"},{"v":0,"d":"0.00%"}]
[null,null,{"$error":"#REF!"},{"$error":"#REF!"},{"$error":"#REF!"},{"$error":"#REF!"},{"$nulls":5},{"v":0.09999999999999999,"d":"10.00%"},{"v":0.15,"d":"15.00%"},{"v":0.3,"d":"30.00%"},{"v":0.45,"d":"45.00%"}]
[null,365,"REPLANTEO DE TUBERIAS","m",{"v":1200,"d":"1200.00000"},{"v":0.64,"d":"$ 0.64000"},{"v":768,"d":"$ 768.00000"},0,0,0,0,{"v":76.8,"d":"76.80000"},{"v":115.19999999999999,"d":"115.20000"},{"v":230.39999999999998,"d":"230.40000"},{"v":345.6,"d":"345.60000"},0,0,0,0,0,0,0,0]
[null,null,{"$error":"#REF!"},{"$error":"#REF!"},{"$error":"#REF!"},{"$error":"#REF!"},null,{"v":0,"d":"0.00%"},{"v":0,"d":"0.00%"},{"v":0,"d":"0.00%"},{"v":0,"d":"0.00%"},{"v":0.09999999999999999,"d":"10.00%"},{"v":0.15,"d":"15.00%"},{"v":0.3,"d":"30.00%"},{"v":0.45,"d":"45.00%"},{"v":0,"d":"0.00%"},{"v":0,"d":"0.00%"},{"v":0,"d":"0.00%"},{"v":0,"d":"0.00%"},{"v":0,"d":"0.00%"},{"v":0,"d":"0.00%"},{"v":0,"d":"0.00%"},{"v":0,"d":"0.00%"}]
[null,null,{"$error":"#REF!"},{"$error":"#REF!"},{"$error":"#REF!"},{"$error":"#REF!"},{"$nulls":5},{"v":0.09999999999999999,"d":"10.00%"},{"v":0.15,"d":"15.00%"},{"v":0.3,"d":"30.00%"},{"v":0.45,"d":"45.00%"}]
[null,366,"SUMINISTRO DE TUBERIA PP UNION ROSCABLE DI=3/4 plg 1.25 MPA","m",{"v":90,"d":"90.00000"},{"v":3.77,"d":"$ 3.77000"},{"v":339.3,"d":"$ 339.30000"},0,0,0,0,{"v":33.93,"d":"33.93000"},{"v":50.895,"d":"50.89500"},{"v":101.79,"d":"101.79000"},{"v":152.685,"d":"152.68500"},0,0,0,0,0,0,0,0]
[null,null,{"$error":"#REF!"},{"$error":"#REF!"},{"$error":"#REF!"},{"$error":"#REF!"},null,{"v":0,"d":"0.00%"},{"v":0,"d":"0.00%"},{"v":0,"d":"0.00%"},{"v":0,"d":"0.00%"},{"v":0.09999999999999999,"d":"10.00%"},{"v":0.15,"d":"15.00%"},{"v":0.3,"d":"30.00%"},{"v":0.45,"d":"45.00%"},{"v":0,"d":"0.00%"},{"v":0,"d":"0.00%"},{"v":0,"d":"0.00%"},{"v":0,"d":"0.00%"},{"v":0,"d":"0.00%"},{"v":0,"d":"0.00%"},{"v":0,"d":"0.00%"},{"v":0,"d":"0.00%"}]
[null,null,{"$error":"#REF!"},{"$error":"#REF!"},{"$error":"#REF!"},{"$error":"#REF!"},{"$nulls":5},{"v":0.09999999999999999,"d":"10.00%"},{"v":0.15,"d":"15.00%"},{"v":0.3,"d":"30.00%"},{"v":0.45,"d":"45.00%"}]
[null,367,"INSTALACION DE TUBERIA PP UNION ROSCABLE DI=3/4 plg 1.25 MPA","m",{"v":90,"d":"90.00000"},{"v":6.12,"d":"$ 6.12000"},{"v":550.8,"d":"$ 550.80000"},0,0,0,0,{"v":55.07999999999999,"d":"55.08000"},{"v":82.61999999999999,"d":"82.62000"},{"v":165.23999999999998,"d":"165.24000"},{"v":247.85999999999999,"d":"247.86000"},0,0,0,0,0,0,0,0]
[null,null,{"$error":"#REF!"},{"$error":"#REF!"},{"$error":"#REF!"},{"$error":"#REF!"},null,{"v":0,"d":"0.00%"},{"v":0,"d":"0.00%"},{"v":0,"d":"0.00%"},{"v":0,"d":"0.00%"},{"v":0.09999999999999999,"d":"10.00%"},{"v":0.15,"d":"15.00%"},{"v":0.3,"d":"30.00%"},{"v":0.45,"d":"45.00%"},{"v":0,"d":"0.00%"},{"v":0,"d":"0.00%"},{"v":0,"d":"0.00%"},{"v":0,"d":"0.00%"},{"v":0,"d":"0.00%"},{"v":0,"d":"0.00%"},{"v":0,"d":"0.00%"},{"v":0,"d":"0.00%"}]
[null,null,{"$error":"#REF!"},{"$error":"#REF!"},{"$error":"#REF!"},{"$error":"#REF!"},{"$nulls":5},{"v":0.09999999999999999,"d":"10.00%"},{"v":0.15,"d":"15.00%"},{"v":0.3,"d":"30.00%"},{"v":0.45,"d":"45.00%"}]
[null,368,"SUMINISTRO DE TUBERIA PP UNION ROSCABLE DI=1/2 plg 1.25 MPA","m",{"v":280,"d":"280.00000"},{"v":2.38,"d":"$ 2.38000"},{"v":666.4,"d":"$ 666.40000"},0,0,0,0,{"v":66.63999999999999,"d":"66.64000"},{"v":99.96,"d":"99.96000"},{"v":199.92,"d":"199.92000"},{"v":299.88,"d":"299.88000"},0,0,0,0,0,0,0,0]
[null,null,{"$error":"#REF!"},{"$error":"#REF!"},{"$error":"#REF!"},{"$error":"#REF!"},null,{"v":0,"d":"0.00%"},{"v":0,"d":"0.00%"},{"v":0,"d":"0.00%"},{"v":0,"d":"0.00%"},{"v":0.09999999999999999,"d":"10.00%"},{"v":0.15,"d":"15.00%"},{"v":0.3,"d":"30.00%"},{"v":0.45,"d":"45.00%"},{"v":0,"d":"0.00%"},{"v":0,"d":"0.00%"},{"v":0,"d":"0.00%"},{"v":0,"d":"0.00%"},{"v":0,"d":"0.00%"},{"v":0,"d":"0.00%"},{"v":0,"d":"0.00%"},{"v":0,"d":"0.00%"}]
[null,null,{"$error":"#REF!"},{"$error":"#REF!"},{"$error":"#REF!"},{"$error":"#REF!"},{"$nulls":5},{"v":0.09999999999999999,"d":"10.00%"},{"v":0.15,"d":"15.00%"},{"v":0.3,"d":"30.00%"},{"v":0.45,"d":"45.00%"}]
[null,369,"INSTALACION DE TUBERIA PP UNION ROSCABLE DI=1/2 plg 1.25 MPA","m",{"v":280,"d":"280.00000"},{"v":5.32,"d":"$ 5.32000"},{"v":1489.6000000000001,"d":"$ 1,489.60000"},0,0,0,0,{"v":148.96,"d":"148.96000"},{"v":223.44000000000003,"d":"223.44000"},{"v":446.88000000000005,"d":"446.88000"},{"v":670.32,"d":"670.32000"},0,0,0,0,0,0,0,0]
[null,null,{"$error":"#REF!"},{"$error":"#REF!"},{"$error":"#REF!"},{"$error":"#REF!"},null,{"v":0,"d":"0.00%"},{"v":0,"d":"0.00%"},{"v":0,"d":"0.00%"},{"v":0,"d":"0.00%"},{"v":0.09999999999999999,"d":"10.00%"},{"v":0.15,"d":"15.00%"},{"v":0.3,"d":"30.00%"},{"v":0.45,"d":"45.00%"},{"v":0,"d":"0.00%"},{"v":0,"d":"0.00%"},{"v":0,"d":"0.00%"},{"v":0,"d":"0.00%"},{"v":0,"d":"0.00%"},{"v":0,"d":"0.00%"},{"v":0,"d":"0.00%"},{"v":0,"d":"0.00%"}]
[null,null,{"$error":"#REF!"},{"$error":"#REF!"},{"$error":"#REF!"},{"$error":"#REF!"},{"$nulls":5},{"v":0.09999999999999999,"d":"10.00%"},{"v":0.15,"d":"15.00%"},{"v":0.3,"d":"30.00%"},{"v":0.45,"d":"45.00%"}]
[null,370,"SUMINISTRO DE TUBERIA PP UNION ROSCABLE DI=1 plg 1.25 MPA","m",{"v":100,"d":"100.00000"},{"v":5.57,"d":"$ 5.57000"},{"v":557,"d":"$ 557.00000"},0,0,0,0,{"v":55.699999999999996,"d":"55.70000"},{"v":83.55,"d":"83.55000"},{"v":167.1,"d":"167.10000"},{"v":250.65,"d":"250.65000"},0,0,0,0,0,0,0,0]
[null,null,{"$error":"#REF!"},{"$error":"#REF!"},{"$error":"#REF!"},{"$error":"#REF!"},null,{"v":0,"d":"0.00%"},{"v":0,"d":"0.00%"},{"v":0,"d":"0.00%"},{"v":0,"d":"0.00%"},{"v":0.09999999999999999,"d":"10.00%"},{"v":0.15,"d":"15.00%"},{"v":0.3,"d":"30.00%"},{"v":0.45,"d":"45.00%"},{"v":0,"d":"0.00%"},{"v":0,"d":"0.00%"},{"v":0,"d":"0.00%"},{"v":0,"d":"0.00%"},{"v":0,"d":"0.00%"},{"v":0,"d":"0.00%"},{"v":0,"d":"0.00%"},{"v":0,"d":"0.00%"}]
[null,null,{"$error":"#REF!"},{"$error":"#REF!"},{"$error":"#REF!"},{"$error":"#REF!"},{"$nulls":5},{"v":0.09999999999999999,"d":"10.00%"},{"v":0.15,"d":"15.00%"},{"v":0.3,"d":"30.00%"},{"v":0.45,"d":"45.00%"}]
[null,371,"INSTALACION DE TUBERIA PP UNION ROSCABLE DI=1 plg 1.25 MPA","m",{"v":100,"d":"100.00000"},{"v":4.1,"d":"$ 4.10000"},{"v":409.99999999999994,"d":"$ 410.00000"},0,0,0,0,{"v":40.99999999999999,"d":"41.00000"},{"v":61.499999999999986,"d":"61.50000"},{"v":122.99999999999997,"d":"123.00000"},{"v":184.49999999999997,"d":"184.50000"},0,0,0,0,0,0,0,0]
[null,null,{"$error":"#REF!"},{"$error":"#REF!"},{"$error":"#REF!"},{"$error":"#REF!"},null,{"v":0,"d":"0.00%"},{"v":0,"d":"0.00%"},{"v":0,"d":"0.00%"},{"v":0,"d":"0.00%"},{"v":0.09999999999999999,"d":"10.00%"},{"v":0.15,"d":"15.00%"},{"v":0.3,"d":"30.00%"},{"v":0.45,"d":"45.00%"},{"v":0,"d":"0.00%"},{"v":0,"d":"0.00%"},{"v":0,"d":"0.00%"},{"v":0,"d":"0.00%"},{"v":0,"d":"0.00%"},{"v":0,"d":"0.00%"},{"v":0,"d":"0.00%"},{"v":0,"d":"0.00%"}]
[null,null,{"$error":"#REF!"},{"$error":"#REF!"},{"$error":"#REF!"},{"$error":"#REF!"},{"$nulls":5},{"v":0.09999999999999999,"d":"10.00%"},{"v":0.15,"d":"15.00%"},{"v":0.3,"d":"30.00%"},{"v":0.45,"d":"45.00%"}]
[null,372,"SUMINISTRO DE TUBERIA PP UNION ROSCABLE DI=1 1/4  plg 1.25 MPA","m",{"v":9,"d":"9.00000"},{"v":8.03,"d":"$ 8.03000"},{"v":72.27,"d":"$ 72.27000"},0,0,0,0,{"v":7.226999999999999,"d":"7.22700"},{"v":10.840499999999999,"d":"10.84050"},{"v":21.680999999999997,"d":"21.68100"},{"v":32.521499999999996,"d":"32.52150"},0,0,0,0,0,0,0,0]
[null,null,{"$error":"#REF!"},{"$error":"#REF!"},{"$error":"#REF!"},{"$error":"#REF!"},null,{"v":0,"d":"0.00%"},{"v":0,"d":"0.00%"},{"v":0,"d":"0.00%"},{"v":0,"d":"0.00%"},{"v":0.09999999999999999,"d":"10.00%"},{"v":0.15,"d":"15.00%"},{"v":0.3,"d":"30.00%"},{"v":0.45,"d":"45.00%"},{"v":0,"d":"0.00%"},{"v":0,"d":"0.00%"},{"v":0,"d":"0.00%"},{"v":0,"d":"0.00%"},{"v":0,"d":"0.00%"},{"v":0,"d":"0.00%"},{"v":0,"d":"0.00%"},{"v":0,"d":"0.00%"}]
[null,null,{"$error":"#REF!"},{"$error":"#REF!"},{"$error":"#REF!"},{"$error":"#REF!"},{"$nulls":5},{"v":0.09999999999999999,"d":"10.00%"},{"v":0.15,"d":"15.00%"},{"v":0.3,"d":"30.00%"},{"v":0.45,"d":"45.00%"}]
[null,373,"INSTALACION DE TUBERIA PP UNION ROSCABLE DI=1 1/4 plg 1.25 MPA","m",{"v":9,"d":"9.00000"},{"v":6.13,"d":"$ 6.13000"},{"v":55.17,"d":"$ 55.17000"},0,0,0,0,{"v":5.5169999999999995,"d":"5.51700"},{"v":8.2755,"d":"8.27550"},{"v":16.551,"d":"16.55100"},{"v":24.826500000000003,"d":"24.82650"},0,0,0,0,0,0,0,0]
[null,null,{"$error":"#REF!"},{"$error":"#REF!"},{"$error":"#REF!"},{"$error":"#REF!"},null,{"v":0,"d":"0.00%"},{"v":0,"d":"0.00%"},{"v":0,"d":"0.00%"},{"v":0,"d":"0.00%"},{"v":0.09999999999999999,"d":"10.00%"},{"v":0.15,"d":"15.00%"},{"v":0.3,"d":"30.00%"},{"v":0.45,"d":"45.00%"},{"v":0,"d":"0.00%"},{"v":0,"d":"0.00%"},{"v":0,"d":"0.00%"},{"v":0,"d":"0.00%"},{"v":0,"d":"0.00%"},{"v":0,"d":"0.00%"},{"v":0,"d":"0.00%"},{"v":0,"d":"0.00%"}]
[null,null,{"$error":"#REF!"},{"$error":"#REF!"},{"$error":"#REF!"},{"$error":"#REF!"},{"$nulls":5},{"v":0.09999999999999999,"d":"10.00%"},{"v":0.15,"d":"15.00%"},{"v":0.3,"d":"30.00%"},{"v":0.45,"d":"45.00%"}]
[null,374,"SUMINISTRO DE TUBERIA PP UNION ROSCABLE DI=1 1/2  plg 1.25 MPA","m",{"v":40,"d":"40.00000"},{"v":9.71,"d":"$ 9.71000"},{"v":388.40000000000003,"d":"$ 388.40000"},0,0,0,0,{"v":38.84,"d":"38.84000"},{"v":58.260000000000005,"d":"58.26000"},{"v":116.52000000000001,"d":"116.52000"},{"v":174.78000000000003,"d":"174.78000"},0,0,0,0,0,0,0,0]
[null,null,{"$error":"#REF!"},{"$error":"#REF!"},{"$error":"#REF!"},{"$error":"#REF!"},null,{"v":0,"d":"0.00%"},{"v":0,"d":"0.00%"},{"v":0,"d":"0.00%"},{"v":0,"d":"0.00%"},{"v":0.09999999999999999,"d":"10.00%"},{"v":0.15,"d":"15.00%"},{"v":0.3,"d":"30.00%"},{"v":0.45,"d":"45.00%"},{"v":0,"d":"0.00%"},{"v":0,"d":"0.00%"},{"v":0,"d":"0.00%"},{"v":0,"d":"0.00%"},{"v":0,"d":"0.00%"},{"v":0,"d":"0.00%"},{"v":0,"d":"0.00%"},{"v":0,"d":"0.00%"}]
[null,null,{"$error":"#REF!"},{"$error":"#REF!"},{"$error":"#REF!"},{"$error":"#REF!"},{"$nulls":5},{"v":0.09999999999999999,"d":"10.00%"},{"v":0.15,"d":"15.00%"},{"v":0.3,"d":"30.00%"},{"v":0.45,"d":"45.00%"}]
[null,375,"INSTALACION DE TUBERIA PP UNION ROSCABLE DI=1 1/2 plg 1.25 MPA","m",{"v":40,"d":"40.00000"},{"v":1.4,"d":"$ 1.40000"},{"v":56,"d":"$ 56.00000"},0,0,0,0,{"v":5.6,"d":"5.60000"},{"v":8.4,"d":"8.40000"},{"v":16.8,"d":"16.80000"},{"v":25.2,"d":"25.20000"},0,0,0,0,0,0,0,0]
[null,null,{"$error":"#REF!"},{"$error":"#REF!"},{"$error":"#REF!"},{"$error":"#REF!"},null,{"v":0,"d":"0.00%"},{"v":0,"d":"0.00%"},{"v":0,"d":"0.00%"},{"v":0,"d":"0.00%"},{"v":0.09999999999999999,"d":"10.00%"},{"v":0.15,"d":"15.00%"},{"v":0.3,"d":"30.00%"},{"v":0.45,"d":"45.00%"},{"v":0,"d":"0.00%"},{"v":0,"d":"0.00%"},{"v":0,"d":"0.00%"},{"v":0,"d":"0.00%"},{"v":0,"d":"0.00%"},{"v":0,"d":"0.00%"},{"v":0,"d":"0.00%"},{"v":0,"d":"0.00%"}]
[null,null,{"$error":"#REF!"},{"$error":"#REF!"},{"$error":"#REF!"},{"$error":"#REF!"},{"$nulls":5},{"v":0.09999999999999999,"d":"10.00%"},{"v":0.15,"d":"15.00%"},{"v":0.3,"d":"30.00%"},{"v":0.45,"d":"45.00%"}]
[null,376,"SUMINISTRO DE TUBERIA PP UNION ROSCABLE DI=2  plg 1.25 MPA","m",{"v":300,"d":"300.00000"},{"v":12.89,"d":"$ 12.89000"},{"v":3867,"d":"$ 3,867.00000"},0,0,0,0,{"v":386.7,"d":"386.70000"},{"v":580.05,"d":"580.05000"},{"v":1160.1,"d":"1,160.10000"},{"v":1740.15,"d":"1,740.15000"},0,0,0,0,0,0,0,0]
[null,null,{"$error":"#REF!"},{"$error":"#REF!"},{"$error":"#REF!"},{"$error":"#REF!"},null,{"v":0,"d":"0.00%"},{"v":0,"d":"0.00%"},{"v":0,"d":"0.00%"},{"v":0,"d":"0.00%"},{"v":0.09999999999999999,"d":"10.00%"},{"v":0.15,"d":"15.00%"},{"v":0.3,"d":"30.00%"},{"v":0.45,"d":"45.00%"},{"v":0,"d":"0.00%"},{"v":0,"d":"0.00%"},{"v":0,"d":"0.00%"},{"v":0,"d":"0.00%"},{"v":0,"d":"0.00%"},{"v":0,"d":"0.00%"},{"v":0,"d":"0.00%"},{"v":0,"d":"0.00%"}]
[null,null,{"$error":"#REF!"},{"$error":"#REF!"},{"$error":"#REF!"},{"$error":"#REF!"},{"$nulls":5},{"v":0.09999999999999999,"d":"10.00%"},{"v":0.15,"d":"15.00%"},{"v":0.3,"d":"30.00%"},{"v":0.45,"d":"45.00%"}]
[null,377,"INSTALACION DE TUBERIA PP UNION ROSCABLE DI=2 plg 1.25 MPA","m",{"v":300,"d":"300.00000"},{"v":11.06,"d":"$ 11.06000"},{"v":3318,"d":"$ 3,318.00000"},0,0,0,0,{"v":331.79999999999995,"d":"331.80000"},{"v":497.7,"d":"497.70000"},{"v":995.4,"d":"995.40000"},{"v":1493.1000000000001,"d":"1,493.10000"},0,0,0,0,0,0,0,0]
[null,null,{"$error":"#REF!"},{"$error":"#REF!"},{"$error":"#REF!"},{"$error":"#REF!"},null,{"v":0,"d":"0.00%"},{"v":0,"d":"0.00%"},{"v":0,"d":"0.00%"},{"v":0,"d":"0.00%"},{"v":0.09999999999999999,"d":"10.00%"},{"v":0.15,"d":"15.00%"},{"v":0.3,"d":"30.00%"},{"v":0.45,"d":"45.00%"},{"v":0,"d":"0.00%"},{"v":0,"d":"0.00%"},{"v":0,"d":"0.00%"},{"v":0,"d":"0.00%"},{"v":0,"d":"0.00%"},{"v":0,"d":"0.00%"},{"v":0,"d":"0.00%"},{"v":0,"d":"0.00%"}]
[null,null,{"$error":"#REF!"},{"$error":"#REF!"},{"$error":"#REF!"},{"$error":"#REF!"},{"$nulls":5},{"v":0.09999999999999999,"d":"10.00%"},{"v":0.15,"d":"15.00%"},{"v":0.3,"d":"30.00%"},{"v":0.45,"d":"45.00%"}]
[null,378,"SUMINISTRO DE TUBERIA PP UNION ROSCABLE DI=2 1/2 plg 1.25 MPA","m",{"v":350,"d":"350.00000"},{"v":20.59,"d":"$ 20.59000"},{"v":7206.5,"d":"$ 7,206.50000"},0,0,0,0,{"v":720.65,"d":"720.65000"},{"v":1080.975,"d":"1,080.97500"},{"v":2161.95,"d":"2,161.95000"},{"v":3242.925,"d":"3,242.92500"},0,0,0,0,0,0,0,0]
[null,null,{"$error":"#REF!"},{"$error":"#REF!"},{"$error":"#REF!"},{"$error":"#REF!"},null,{"v":0,"d":"0.00%"},{"v":0,"d":"0.00%"},{"v":0,"d":"0.00%"},{"v":0,"d":"0.00%"},{"v":0.09999999999999999,"d":"10.00%"},{"v":0.15,"d":"15.00%"},{"v":0.3,"d":"30.00%"},{"v":0.45,"d":"45.00%"},{"v":0,"d":"0.00%"},{"v":0,"d":"0.00%"},{"v":0,"d":"0.00%"},{"v":0,"d":"0.00%"},{"v":0,"d":"0.00%"},{"v":0,"d":"0.00%"},{"v":0,"d":"0.00%"},{"v":0,"d":"0.00%"}]
[null,null,{"$error":"#REF!"},{"$error":"#REF!"},{"$error":"#REF!"},{"$error":"#REF!"},{"$nulls":5},{"v":0.09999999999999999,"d":"10.00%"},{"v":0.15,"d":"15.00%"},{"v":0.3,"d":"30.00%"},{"v":0.45,"d":"45.00%"}]
[null,379,"INSTALACION DE TUBERIA PP UNION ROSCABLE DI=2 1/2 plg 1.25 MPA","m",{"v":350,"d":"350.00000"},{"v":6.13,"d":"$ 6.13000"},{"v":2145.5,"d":"$ 2,145.50000"},0,0,0,0,{"v":214.54999999999998,"d":"214.55000"},{"v":321.825,"d":"321.82500"},{"v":643.65,"d":"643.65000"},{"v":965.475,"d":"965.47500"},0,0,0,0,0,0,0,0]
[null,null,{"$error":"#REF!"},{"$error":"#REF!"},{"$error":"#REF!"},{"$error":"#REF!"},null,{"v":0,"d":"0.00%"},{"v":0,"d":"0.00%"},{"v":0,"d":"0.00%"},{"v":0,"d":"0.00%"},{"v":0.09999999999999999,"d":"10.00%"},{"v":0.15,"d":"15.00%"},{"v":0.3,"d":"30.00%"},{"v":0.45,"d":"45.00%"},{"v":0,"d":"0.00%"},{"v":0,"d":"0.00%"},{"v":0,"d":"0.00%"},{"v":0,"d":"0.00%"},{"v":0,"d":"0.00%"},{"v":0,"d":"0.00%"},{"v":0,"d":"0.00%"},{"v":0,"d":"0.00%"}]
[null,null,{"$error":"#REF!"},{"$error":"#REF!"},{"$error":"#REF!"},{"$error":"#REF!"},{"$nulls":5},{"v":0.09999999999999999,"d":"10.00%"},{"v":0.15,"d":"15.00%"},{"v":0.3,"d":"30.00%"},{"v":0.45,"d":"45.00%"}]
[null,380,"PRUEBA HIDRAULICA Y DESINFECCION DE RED","m",{"v":1200,"d":"1200.00000"},{"v":2.58,"d":"$ 2.58000"},{"v":3096,"d":"$ 3,096.00000"},0,0,0,0,{"v":309.59999999999997,"d":"309.60000"},{"v":464.4,"d":"464.40000"},{"v":928.8,"d":"928.80000"},{"v":1393.2,"d":"1,393.20000"},0,0,0,0,0,0,0,0]
[null,null,{"$error":"#REF!"},{"$error":"#REF!"},{"$error":"#REF!"},{"$error":"#REF!"},null,{"v":0,"d":"0.00%"},{"v":0,"d":"0.00%"},{"v":0,"d":"0.00%"},{"v":0,"d":"0.00%"},{"v":0.09999999999999999,"d":"10.00%"},{"v":0.15,"d":"15.00%"},{"v":0.3,"d":"30.00%"},{"v":0.45,"d":"45.00%"},{"v":0,"d":"0.00%"},{"v":0,"d":"0.00%"},{"v":0,"d":"0.00%"},{"v":0,"d":"0.00%"},{"v":0,"d":"0.00%"},{"v":0,"d":"0.00%"},{"v":0,"d":"0.00%"},{"v":0,"d":"0.00%"}]
[null,null,{"$error":"#REF!"},{"$error":"#REF!"},{"$error":"#REF!"},{"$error":"#REF!"},{"$nulls":5},{"v":0.09999999999999999,"d":"10.00%"},{"v":0.15,"d":"15.00%"},{"v":0.3,"d":"30.00%"},{"v":0.45,"d":"45.00%"}]
[null,381,"SUMINISTRO E INSTALACION DE CODO 22.5' PP 3/4 IN ROSCABLE","u",{"v":3,"d":"3.00000"},{"v":10.43,"d":"$ 10.43000"},{"v":31.29,"d":"$ 31.29000"},0,0,0,0,0,{"v":1.5645,"d":"1.56450"},{"v":1.2516,"d":"1.25160"},{"v":1.8774,"d":"1.87740"},{"v":2.8160999999999996,"d":"2.81610"},{"v":3.7548,"d":"3.75480"},{"v":4.0677,"d":"4.06770"},{"v":5.0064,"d":"5.00640"},{"v":5.9451,"d":"5.94510"},{"v":5.0064,"d":"5.00640"},0,0]
[null,null,{"$error":"#REF!"},{"$error":"#REF!"},{"$error":"#REF!"},{"$error":"#REF!"},null,{"v":0,"d":"0.00%"},{"v":0,"d":"0.00%"},{"v":0,"d":"0.00%"},{"v":0,"d":"0.00%"},{"v":0,"d":"0.00%"},{"v":0.05,"d":"5.00%"},{"v":0.04,"d":"4.00%"},{"v":0.06,"d":"6.00%"},{"v":0.09,"d":"9.00%"},{"v":0.12,"d":"12.00%"},{"v":0.13,"d":"13.00%"},{"v":0.16,"d":"16.00%"},{"v":0.19,"d":"19.00%"},{"v":0.16,"d":"16.00%"},{"v":0,"d":"0.00%"},{"v":0,"d":"0.00%"}]
[null,null,{"$error":"#REF!"},{"$error":"#REF!"},{"$error":"#REF!"},{"$error":"#REF!"},{"$nulls":6},{"v":0.05,"d":"5.00%"},{"v":0.04,"d":"4.00%"},{"v":0.06,"d":"6.00%"},{"v":0.09,"d":"9.00%"},{"v":0.12,"d":"12.00%"},{"v":0.13,"d":"13.00%"},{"v":0.16,"d":"16.00%"},{"v":0.19,"d":"19.00%"},{"v":0.16,"d":"16.00%"}]
[null,382,"SUMINISTRO E INSTALACION DE CODO 22.5' PP 2 IN ROSCABLE","u",{"v":3,"d":"3.00000"},{"v":12.2,"d":"$ 12.20000"},{"v":36.599999999999994,"d":"$ 36.60000"},0,0,0,0,0,{"v":1.8299999999999998,"d":"1.83000"},{"v":1.4639999999999997,"d":"1.46400"},{"v":2.1959999999999997,"d":"2.19600"},{"v":3.293999999999999,"d":"3.29400"},{"v":4.3919999999999995,"d":"4.39200"},{"v":4.757999999999999,"d":"4.75800"},{"v":5.855999999999999,"d":"5.85600"},{"v":6.953999999999999,"d":"6.95400"},{"v":5.855999999999999,"d":"5.85600"},0,0]
[null,null,{"$error":"#REF!"},{"$error":"#REF!"},{"$error":"#REF!"},{"$error":"#REF!"},null,{"v":0,"d":"0.00%"},{"v":0,"d":"0.00%"},{"v":0,"d":"0.00%"},{"v":0,"d":"0.00%"},{"v":0,"d":"0.00%"},{"v":0.05,"d":"5.00%"},{"v":0.04,"d":"4.00%"},{"v":0.06,"d":"6.00%"},{"v":0.09,"d":"9.00%"},{"v":0.12,"d":"12.00%"},{"v":0.13,"d":"13.00%"},{"v":0.16,"d":"16.00%"},{"v":0.19,"d":"19.00%"},{"v":0.16,"d":"16.00%"},{"v":0,"d":"0.00%"},{"v":0,"d":"0.00%"}]
[null,null,{"$error":"#REF!"},{"$error":"#REF!"},{"$error":"#REF!"},{"$error":"#REF!"},{"$nulls":6},{"v":0.05,"d":"5.00%"},{"v":0.04,"d":"4.00%"},{"v":0.06,"d":"6.00%"},{"v":0.09,"d":"9.00%"},{"v":0.12,"d":"12.00%"},{"v":0.13,"d":"13.00%"},{"v":0.16,"d":"16.00%"},{"v":0.19,"d":"19.00%"},{"v":0.16,"d":"16.00%"}]
[null,383,"SUMINISTRO E INSTALACION DE CODO 45' PP 2 1/2 IN ROSCABLE","u",{"v":5,"d":"5.00000"},{"v":16.34,"d":"$ 16.34000"},{"v":81.7,"d":"$ 81.70000"},0,0,0,0,0,{"v":4.085,"d":"4.08500"},{"v":3.2680000000000002,"d":"3.26800"},{"v":4.902,"d":"4.90200"},{"v":7.353,"d":"7.35300"},{"v":9.804,"d":"9.80400"},{"v":10.621,"d":"10.62100"},{"v":13.072000000000001,"d":"13.07200"},{"v":15.523000000000001,"d":"15.52300"},{"v":13.072000000000001,"d":"13.07200"},0,0]
[null,null,{"$error":"#REF!"},{"$error":"#REF!"},{"$error":"#REF!"},{"$error":"#REF!"},null,{"v":0,"d":"0.00%"},{"v":0,"d":"0.00%"},{"v":0,"d":"0.00%"},{"v":0,"d":"0.00%"},{"v":0,"d":"0.00%"},{"v":0.05,"d":"5.00%"},{"v":0.04,"d":"4.00%"},{"v":0.06,"d":"6.00%"},{"v":0.09,"d":"9.00%"},{"v":0.12,"d":"12.00%"},{"v":0.13,"d":"13.00%"},{"v":0.16,"d":"16.00%"},{"v":0.19,"d":"19.00%"},{"v":0.16,"d":"16.00%"},{"v":0,"d":"0.00%"},{"v":0,"d":"0.00%"}]
[null,null,{"$error":"#REF!"},{"$error":"#REF!"},{"$error":"#REF!"},{"$error":"#REF!"},{"$nulls":6},{"v":0.05,"d":"5.00%"},{"v":0.04,"d":"4.00%"},{"v":0.06,"d":"6.00%"},{"v":0.09,"d":"9.00%"},{"v":0.12,"d":"12.00%"},{"v":0.13,"d":"13.00%"},{"v":0.16,"d":"16.00%"},{"v":0.19,"d":"19.00%"},{"v":0.16,"d":"16.00%"}]
[null,384,"SUMINISTRO E INSTALACION DE CODO 45' PP 2 IN ROSCABLE","u",{"v":3,"d":"3.00000"},{"v":17.56,"d":"$ 17.56000"},{"v":52.67999999999999,"d":"$ 52.68000"},0,0,0,0,0,{"v":2.634,"d":"2.63400"},{"v":2.1071999999999997,"d":"2.10720"},{"v":3.1607999999999996,"d":"3.16080"},{"v":4.741199999999999,"d":"4.74120"},{"v":6.321599999999999,"d":"6.32160"},{"v":6.848399999999999,"d":"6.84840"},{"v":8.428799999999999,"d":"8.42880"},{"v":10.009199999999998,"d":"10.00920"},{"v":8.428799999999999,"d":"8.42880"},0,0]
[null,null,{"$error":"#REF!"},{"$error":"#REF!"},{"$error":"#REF!"},{"$error":"#REF!"},null,{"v":0,"d":"0.00%"},{"v":0,"d":"0.00%"},{"v":0,"d":"0.00%"},{"v":0,"d":"0.00%"},{"v":0,"d":"0.00%"},{"v":0.05,"d":"5.00%"},{"v":0.04,"d":"4.00%"},{"v":0.06,"d":"6.00%"},{"v":0.09,"d":"9.00%"},{"v":0.12,"d":"12.00%"},{"v":0.13,"d":"13.00%"},{"v":0.16,"d":"16.00%"},{"v":0.19,"d":"19.00%"},{"v":0.16,"d":"16.00%"},{"v":0,"d":"0.00%"},{"v":0,"d":"0.00%"}]
[null,null,{"$error":"#REF!"},{"$error":"#REF!"},{"$error":"#REF!"},{"$error":"#REF!"},{"$nulls":6},{"v":0.05,"d":"5.00%"},{"v":0.04,"d":"4.00%"},{"v":0.06,"d":"6.00%"},{"v":0.09,"d":"9.00%"},{"v":0.12,"d":"12.00%"},{"v":0.13,"d":"13.00%"},{"v":0.16,"d":"16.00%"},{"v":0.19,"d":"19.00%"},{"v":0.16,"d":"16.00%"}]
[null,385,"SUMINISTRO E INSTALACION DE CODO 45' PP 3/4 ","u",{"v":3,"d":"3.00000"},{"v":9.83,"d":"$ 9.83000"},{"v":29.490000000000002,"d":"$ 29.49000"},0,0,0,0,0,{"v":1.4745000000000001,"d":"1.47450"},{"v":1.1796000000000002,"d":"1.17960"},{"v":1.7694,"d":"1.76940"},{"v":2.6541,"d":"2.65410"},{"v":3.5388,"d":"3.53880"},{"v":3.8337000000000003,"d":"3.83370"},{"v":4.718400000000001,"d":"4.71840"},{"v":5.6031,"d":"5.60310"},{"v":4.718400000000001,"d":"4.71840"},0,0]
[null,null,{"$error":"#REF!"},{"$error":"#REF!"},{"$error":"#REF!"},{"$error":"#REF!"},null,{"v":0,"d":"0.00%"},{"v":0,"d":"0.00%"},{"v":0,"d":"0.00%"},{"v":0,"d":"0.00%"},{"v":0,"d":"0.00%"},{"v":0.05,"d":"5.00%"},{"v":0.04,"d":"4.00%"},{"v":0.06,"d":"6.00%"},{"v":0.09,"d":"9.00%"},{"v":0.12,"d":"12.00%"},{"v":0.13,"d":"13.00%"},{"v":0.16,"d":"16.00%"},{"v":0.19,"d":"19.00%"},{"v":0.16,"d":"16.00%"},{"v":0,"d":"0.00%"},{"v":0,"d":"0.00%"}]
[null,null,{"$error":"#REF!"},{"$error":"#REF!"},{"$error":"#REF!"},{"$error":"#REF!"},{"$nulls":6},{"v":0.05,"d":"5.00%"},{"v":0.04,"d":"4.00%"},{"v":0.06,"d":"6.00%"},{"v":0.09,"d":"9.00%"},{"v":0.12,"d":"12.00%"},{"v":0.13,"d":"13.00%"},{"v":0.16,"d":"16.00%"},{"v":0.19,"d":"19.00%"},{"v":0.16,"d":"16.00%"}]
[null,386,"SUMINISTRO E INSTALACION DE CODO 90' PP 1 IN ROSCABLE","u",{"v":39,"d":"39.00000"},{"v":6.49,"d":"$ 6.49000"},{"v":253.11,"d":"$ 253.11000"},0,0,0,0,0,{"v":12.655500000000002,"d":"12.65550"},{"v":10.124400000000001,"d":"10.12440"},{"v":15.1866,"d":"15.18660"},{"v":22.7799,"d":"22.77990"},{"v":30.3732,"d":"30.37320"},{"v":32.904300000000006,"d":"32.90430"},{"v":40.497600000000006,"d":"40.49760"},{"v":48.090900000000005,"d":"48.09090"},{"v":40.497600000000006,"d":"40.49760"},0,0]
[null,null,{"$error":"#REF!"},{"$error":"#REF!"},{"$error":"#REF!"},{"$error":"#REF!"},null,{"v":0,"d":"0.00%"},{"v":0,"d":"0.00%"},{"v":0,"d":"0.00%"},{"v":0,"d":"0.00%"},{"v":0,"d":"0.00%"},{"v":0.05,"d":"5.00%"},{"v":0.04,"d":"4.00%"},{"v":0.06,"d":"6.00%"},{"v":0.09,"d":"9.00%"},{"v":0.12,"d":"12.00%"},{"v":0.13,"d":"13.00%"},{"v":0.16,"d":"16.00%"},{"v":0.19,"d":"19.00%"},{"v":0.16,"d":"16.00%"},{"v":0,"d":"0.00%"},{"v":0,"d":"0.00%"}]
[null,null,{"$error":"#REF!"},{"$error":"#REF!"},{"$error":"#REF!"},{"$error":"#REF!"},{"$nulls":6},{"v":0.05,"d":"5.00%"},{"v":0.04,"d":"4.00%"},{"v":0.06,"d":"6.00%"},{"v":0.09,"d":"9.00%"},{"v":0.12,"d":"12.00%"},{"v":0.13,"d":"13.00%"},{"v":0.16,"d":"16.00%"},{"v":0.19,"d":"19.00%"},{"v":0.16,"d":"16.00%"}]
[null,387,"SUMINISTRO E INSTALACION DE CODO 90' PP 1 1/2 IN ROSCABLE","u",{"v":30,"d":"30.00000"},{"v":11.62,"d":"$ 11.62000"},{"v":348.59999999999997,"d":"$ 348.60000"},0,0,0,0,0,{"v":17.43,"d":"17.43000"},{"v":13.943999999999999,"d":"13.94400"},{"v":20.915999999999997,"d":"20.91600"},{"v":31.373999999999995,"d":"31.37400"},{"v":41.831999999999994,"d":"41.83200"},{"v":45.318,"d":"45.31800"},{"v":55.775999999999996,"d":"55.77600"},{"v":66.234,"d":"66.23400"},{"v":55.775999999999996,"d":"55.77600"},0,0]
[null,null,{"$error":"#REF!"},{"$error":"#REF!"},{"$error":"#REF!"},{"$error":"#REF!"},null,{"v":0,"d":"0.00%"},{"v":0,"d":"0.00%"},{"v":0,"d":"0.00%"},{"v":0,"d":"0.00%"},{"v":0,"d":"0.00%"},{"v":0.05,"d":"5.00%"},{"v":0.04,"d":"4.00%"},{"v":0.06,"d":"6.00%"},{"v":0.09,"d":"9.00%"},{"v":0.12,"d":"12.00%"},{"v":0.13,"d":"13.00%"},{"v":0.16,"d":"16.00%"},{"v":0.19,"d":"19.00%"},{"v":0.16,"d":"16.00%"},{"v":0,"d":"0.00%"},{"v":0,"d":"0.00%"}]
[null,null,{"$error":"#REF!"},{"$error":"#REF!"},{"$error":"#REF!"},{"$error":"#REF!"},{"$nulls":6},{"v":0.05,"d":"5.00%"},{"v":0.04,"d":"4.00%"},{"v":0.06,"d":"6.00%"},{"v":0.09,"d":"9.00%"},{"v":0.12,"d":"12.00%"},{"v":0.13,"d":"13.00%"},{"v":0.16,"d":"16.00%"},{"v":0.19,"d":"19.00%"},{"v":0.16,"d":"16.00%"}]
[null,388,"SUMINISTRO E INSTALACION DE CODO 90' PP 1 1/4 IN ROSCABLE","u",{"v":4,"d":"4.00000"},{"v":12.03,"d":"$ 12.03000"},{"v":48.12,"d":"$ 48.12000"},0,0,0,0,0,{"v":2.406,"d":"2.40600"},{"v":1.9247999999999998,"d":"1.92480"},{"v":2.8871999999999995,"d":"2.88720"},{"v":4.3308,"d":"4.33080"},{"v":5.774399999999999,"d":"5.77440"},{"v":6.2556,"d":"6.25560"},{"v":7.699199999999999,"d":"7.69920"},{"v":9.1428,"d":"9.14280"},{"v":7.699199999999999,"d":"7.69920"},0,0]
[null,null,{"$error":"#REF!"},{"$error":"#REF!"},{"$error":"#REF!"},{"$error":"#REF!"},null,{"v":0,"d":"0.00%"},{"v":0,"d":"0.00%"},{"v":0,"d":"0.00%"},{"v":0,"d":"0.00%"},{"v":0,"d":"0.00%"},{"v":0.05,"d":"5.00%"},{"v":0.04,"d":"4.00%"},{"v":0.06,"d":"6.00%"},{"v":0.09,"d":"9.00%"},{"v":0.12,"d":"12.00%"},{"v":0.13,"d":"13.00%"},{"v":0.16,"d":"16.00%"},{"v":0.19,"d":"19.00%"},{"v":0.16,"d":"16.00%"},{"v":0,"d":"0.00%"},{"v":0,"d":"0.00%"}]
[null,null,{"$error":"#REF!"},{"$error":"#REF!"},{"$error":"#REF!"},{"$error":"#REF!"},{"$nulls":6},{"v":0.05,"d":"5.00%"},{"v":0.04,"d":"4.00%"},{"v":0.06,"d":"6.00%"},{"v":0.09,"d":"9.00%"},{"v":0.12,"d":"12.00%"},{"v":0.13,"d":"13.00%"},{"v":0.16,"d":"16.00%"},{"v":0.19,"d":"19.00%"},{"v":0.16,"d":"16.00%"}]
[null,389,"SUMINISTRO E INSTALACION DE CODO 90' PP 1/2 IN ROSCABLE","u",{"v":198,"d":"198.00000"},{"v":8.14,"d":"$ 8.14000"},{"v":1611.72,"d":"$ 1,611.72000"},0,0,0,0,0,{"v":80.58600000000001,"d":"80.58600"},{"v":64.4688,"d":"64.46880"},{"v":96.7032,"d":"96.70320"},{"v":145.0548,"d":"145.05480"},{"v":193.4064,"d":"193.40640"},{"v":209.52360000000002,"d":"209.52360"},{"v":257.8752,"d":"257.87520"},{"v":306.2268,"d":"306.22680"},{"v":257.8752,"d":"257.87520"},0,0]
[null,null,{"$error":"#REF!"},{"$error":"#REF!"},{"$error":"#REF!"},{"$error":"#REF!"},null,{"v":0,"d":"0.00%"},{"v":0,"d":"0.00%"},{"v":0,"d":"0.00%"},{"v":0,"d":"0.00%"},{"v":0,"d":"0.00%"},{"v":0.05,"d":"5.00%"},{"v":0.04,"d":"4.00%"},{"v":0.06,"d":"6.00%"},{"v":0.09,"d":"9.00%"},{"v":0.12,"d":"12.00%"},{"v":0.13,"d":"13.00%"},{"v":0.16,"d":"16.00%"},{"v":0.19,"d":"19.00%"},{"v":0.16,"d":"16.00%"},{"v":0,"d":"0.00%"},{"v":0,"d":"0.00%"}]
[null,null,{"$error":"#REF!"},{"$error":"#REF!"},{"$error":"#REF!"},{"$error":"#REF!"},{"$nulls":6},{"v":0.05,"d":"5.00%"},{"v":0.04,"d":"4.00%"},{"v":0.06,"d":"6.00%"},{"v":0.09,"d":"9.00%"},{"v":0.12,"d":"12.00%"},{"v":0.13,"d":"13.00%"},{"v":0.16,"d":"16.00%"},{"v":0.19,"d":"19.00%"},{"v":0.16,"d":"16.00%"}]
[null,390,"SUMINISTRO E INSTALACION DE CODO 90' PP 2 IN ROSCABLE","u",{"v":9,"d":"9.00000"},{"v":12.79,"d":"$ 12.79000"},{"v":115.10999999999999,"d":"$ 115.11000"},0,0,0,0,0,{"v":5.7555,"d":"5.75550"},{"v":4.604399999999999,"d":"4.60440"},{"v":6.906599999999999,"d":"6.90660"},{"v":10.359899999999998,"d":"10.35990"},{"v":13.813199999999998,"d":"13.81320"},{"v":14.964299999999998,"d":"14.96430"},{"v":18.417599999999997,"d":"18.41760"},{"v":21.8709,"d":"21.87090"},{"v":18.417599999999997,"d":"18.41760"},0,0]
[null,null,{"$error":"#REF!"},{"$error":"#REF!"},{"$error":"#REF!"},{"$error":"#REF!"},null,{"v":0,"d":"0.00%"},{"v":0,"d":"0.00%"},{"v":0,"d":"0.00%"},{"v":0,"d":"0.00%"},{"v":0,"d":"0.00%"},{"v":0.05,"d":"5.00%"},{"v":0.04,"d":"4.00%"},{"v":0.06,"d":"6.00%"},{"v":0.09,"d":"9.00%"},{"v":0.12,"d":"12.00%"},{"v":0.13,"d":"13.00%"},{"v":0.16,"d":"16.00%"},{"v":0.19,"d":"19.00%"},{"v":0.16,"d":"16.00%"},{"v":0,"d":"0.00%"},{"v":0,"d":"0.00%"}]
[null,null,{"$error":"#REF!"},{"$error":"#REF!"},{"$error":"#REF!"},{"$error":"#REF!"},{"$nulls":6},{"v":0.05,"d":"5.00%"},{"v":0.04,"d":"4.00%"},{"v":0.06,"d":"6.00%"},{"v":0.09,"d":"9.00%"},{"v":0.12,"d":"12.00%"},{"v":0.13,"d":"13.00%"},{"v":0.16,"d":"16.00%"},{"v":0.19,"d":"19.00%"},{"v":0.16,"d":"16.00%"}]
[null,391,"SUMINISTRO E INSTALACION DE CODO 90' PP 2 1/2 IN ROSCABLE","u",{"v":1,"d":"1.00000"},{"v":26.56,"d":"$ 26.56000"},{"v":26.56,"d":"$ 26.56000"},0,0,0,0,0,{"v":1.328,"d":"1.32800"},{"v":1.0624,"d":"1.06240"},{"v":1.5936,"d":"1.59360"},{"v":2.3903999999999996,"d":"2.39040"},{"v":3.1872,"d":"3.18720"},{"v":3.4528,"d":"3.45280"},{"v":4.2496,"d":"4.24960"},{"v":5.0464,"d":"5.04640"},{"v":4.2496,"d":"4.24960"},0,0]
[null,null,{"$error":"#REF!"},{"$error":"#REF!"},{"$error":"#REF!"},{"$error":"#REF!"},null,{"v":0,"d":"0.00%"},{"v":0,"d":"0.00%"},{"v":0,"d":"0.00%"},{"v":0,"d":"0.00%"},{"v":0,"d":"0.00%"},{"v":0.05,"d":"5.00%"},{"v":0.04,"d":"4.00%"},{"v":0.06,"d":"6.00%"},{"v":0.09,"d":"9.00%"},{"v":0.12,"d":"12.00%"},{"v":0.13,"d":"13.00%"},{"v":0.16,"d":"16.00%"},{"v":0.19,"d":"19.00%"},{"v":0.16,"d":"16.00%"},{"v":0,"d":"0.00%"},{"v":0,"d":"0.00%"}]
[null,null,{"$error":"#REF!"},{"$error":"#REF!"},{"$error":"#REF!"},{"$error":"#REF!"},{"$nulls":6},{"v":0.05,"d":"5.00%"},{"v":0.04,"d":"4.00%"},{"v":0.06,"d":"6.00%"},{"v":0.09,"d":"9.00%"},{"v":0.12,"d":"12.00%"},{"v":0.13,"d":"13.00%"},{"v":0.16,"d":"16.00%"},{"v":0.19,"d":"19.00%"},{"v":0.16,"d":"16.00%"}]
[null,392,"SUMINISTRO E INSTALACION DE CODO 90' PP 3/4 IN ROSCABLE","u",{"v":6,"d":"6.00000"},{"v":9.41,"d":"$ 9.41000"},{"v":56.46,"d":"$ 56.46000"},0,0,0,0,0,{"v":2.8230000000000004,"d":"2.82300"},{"v":2.2584,"d":"2.25840"},{"v":3.3876,"d":"3.38760"},{"v":5.0813999999999995,"d":"5.08140"},{"v":6.7752,"d":"6.77520"},{"v":7.3398,"d":"7.33980"},{"v":9.0336,"d":"9.03360"},{"v":10.727400000000001,"d":"10.72740"},{"v":9.0336,"d":"9.03360"},0,0]
[null,null,{"$error":"#REF!"},{"$error":"#REF!"},{"$error":"#REF!"},{"$error":"#REF!"},null,{"v":0,"d":"0.00%"},{"v":0,"d":"0.00%"},{"v":0,"d":"0.00%"},{"v":0,"d":"0.00%"},{"v":0,"d":"0.00%"},{"v":0.05,"d":"5.00%"},{"v":0.04,"d":"4.00%"},{"v":0.06,"d":"6.00%"},{"v":0.09,"d":"9.00%"},{"v":0.12,"d":"12.00%"},{"v":0.13,"d":"13.00%"},{"v":0.16,"d":"16.00%"},{"v":0.19,"d":"19.00%"},{"v":0.16,"d":"16.00%"},{"v":0,"d":"0.00%"},{"v":0,"d":"0.00%"}]
[null,null,{"$error":"#REF!"},{"$error":"#REF!"},{"$error":"#REF!"},{"$error":"#REF!"},{"$nulls":6},{"v":0.05,"d":"5.00%"},{"v":0.04,"d":"4.00%"},{"v":0.06,"d":"6.00%"},{"v":0.09,"d":"9.00%"},{"v":0.12,"d":"12.00%"},{"v":0.13,"d":"13.00%"},{"v":0.16,"d":"16.00%"},{"v":0.19,"d":"19.00%"},{"v":0.16,"d":"16.00%"}]
[null,393,"SUMINISTRO E INSTALACION DE REDUCTOR DE 1 A 1/2 IN PP ROSCABLE","u",{"v":9,"d":"9.00000"},{"v":10.07,"d":"$ 10.07000"},{"v":90.63,"d":"$ 90.63000"},0,0,0,0,0,{"v":4.5315,"d":"4.53150"},{"v":3.6252,"d":"3.62520"},{"v":5.437799999999999,"d":"5.43780"},{"v":8.156699999999999,"d":"8.15670"},{"v":10.875599999999999,"d":"10.87560"},{"v":11.7819,"d":"11.78190"},{"v":14.5008,"d":"14.50080"},{"v":17.2197,"d":"17.21970"},{"v":14.5008,"d":"14.50080"},0,0]
[null,null,{"$error":"#REF!"},{"$error":"#REF!"},{"$error":"#REF!"},{"$error":"#REF!"},null,{"v":0,"d":"0.00%"},{"v":0,"d":"0.00%"},{"v":0,"d":"0.00%"},{"v":0,"d":"0.00%"},{"v":0,"d":"0.00%"},{"v":0.05,"d":"5.00%"},{"v":0.04,"d":"4.00%"},{"v":0.06,"d":"6.00%"},{"v":0.09,"d":"9.00%"},{"v":0.12,"d":"12.00%"},{"v":0.13,"d":"13.00%"},{"v":0.16,"d":"16.00%"},{"v":0.19,"d":"19.00%"},{"v":0.16,"d":"16.00%"},{"v":0,"d":"0.00%"},{"v":0,"d":"0.00%"}]
[null,null,{"$error":"#REF!"},{"$error":"#REF!"},{"$error":"#REF!"},{"$error":"#REF!"},{"$nulls":6},{"v":0.05,"d":"5.00%"},{"v":0.04,"d":"4.00%"},{"v":0.06,"d":"6.00%"},{"v":0.09,"d":"9.00%"},{"v":0.12,"d":"12.00%"},{"v":0.13,"d":"13.00%"},{"v":0.16,"d":"16.00%"},{"v":0.19,"d":"19.00%"},{"v":0.16,"d":"16.00%"}]
[null,394,"SUMINISTRO E INSTALACION DE REDUCTOR DE 1 A 3/4 IN PP ROSCABLE","u",{"v":1,"d":"1.00000"},{"v":8.44,"d":"$ 8.44000"},{"v":8.44,"d":"$ 8.44000"},0,0,0,0,0,{"v":0.422,"d":"0.42200"},{"v":0.3376,"d":"0.33760"},{"v":0.5064,"d":"0.50640"},{"v":0.7595999999999999,"d":"0.75960"},{"v":1.0128,"d":"1.01280"},{"v":1.0972,"d":"1.09720"},{"v":1.3504,"d":"1.35040"},{"v":1.6036,"d":"1.60360"},{"v":1.3504,"d":"1.35040"},0,0]
[null,null,{"$error":"#REF!"},{"$error":"#REF!"},{"$error":"#REF!"},{"$error":"#REF!"},null,{"v":0,"d":"0.00%"},{"v":0,"d":"0.00%"},{"v":0,"d":"0.00%"},{"v":0,"d":"0.00%"},{"v":0,"d":"0.00%"},{"v":0.05,"d":"5.00%"},{"v":0.04,"d":"4.00%"},{"v":0.06,"d":"6.00%"},{"v":0.09,"d":"9.00%"},{"v":0.12,"d":"12.00%"},{"v":0.13,"d":"13.00%"},{"v":0.16,"d":"16.00%"},{"v":0.19,"d":"19.00%"},{"v":0.16,"d":"16.00%"},{"v":0,"d":"0.00%"},{"v":0,"d":"0.00%"}]
[null,null,{"$error":"#REF!"},{"$error":"#REF!"},{"$error":"#REF!"},{"$error":"#REF!"},{"$nulls":6},{"v":0.05,"d":"5.00%"},{"v":0.04,"d":"4.00%"},{"v":0.06,"d":"6.00%"},{"v":0.09,"d":"9.00%"},{"v":0.12,"d":"12.00%"},{"v":0.13,"d":"13.00%"},{"v":0.16,"d":"16.00%"},{"v":0.19,"d":"19.00%"},{"v":0.16,"d":"16.00%"}]
[null,395,"SUMINISTRO E INSTALACION DE REDUCTOR DE 1 1/2 A 1/2 IN PP ROSCABLE","u",{"v":6,"d":"6.00000"},{"v":8.63,"d":"$ 8.63000"},{"v":51.78,"d":"$ 51.78000"},0,0,0,0,0,{"v":2.5890000000000004,"d":"2.58900"},{"v":2.0712,"d":"2.07120"},{"v":3.1068,"d":"3.10680"},{"v":4.6602,"d":"4.66020"},{"v":6.2136,"d":"6.21360"},{"v":6.731400000000001,"d":"6.73140"},{"v":8.2848,"d":"8.28480"},{"v":9.8382,"d":"9.83820"},{"v":8.2848,"d":"8.28480"},0,0]
[null,null,{"$error":"#REF!"},{"$error":"#REF!"},{"$error":"#REF!"},{"$error":"#REF!"},null,{"v":0,"d":"0.00%"},{"v":0,"d":"0.00%"},{"v":0,"d":"0.00%"},{"v":0,"d":"0.00%"},{"v":0,"d":"0.00%"},{"v":0.05,"d":"5.00%"},{"v":0.04,"d":"4.00%"},{"v":0.06,"d":"6.00%"},{"v":0.09,"d":"9.00%"},{"v":0.12,"d":"12.00%"},{"v":0.13,"d":"13.00%"},{"v":0.16,"d":"16.00%"},{"v":0.19,"d":"19.00%"},{"v":0.16,"d":"16.00%"},{"v":0,"d":"0.00%"},{"v":0,"d":"0.00%"}]
[null,null,{"$error":"#REF!"},{"$error":"#REF!"},{"$error":"#REF!"},{"$error":"#REF!"},{"$nulls":6},{"v":0.05,"d":"5.00%"},{"v":0.04,"d":"4.00%"},{"v":0.06,"d":"6.00%"},{"v":0.09,"d":"9.00%"},{"v":0.12,"d":"12.00%"},{"v":0.13,"d":"13.00%"},{"v":0.16,"d":"16.00%"},{"v":0.19,"d":"19.00%"},{"v":0.16,"d":"16.00%"}]
[null,396,"SUMINISTRO E INSTALACION DE REDUCTOR DE 1 1/4 A 1 IN PP ROSCABLE","u",{"v":6,"d":"6.00000"},{"v":8.09,"d":"$ 8.09000"},{"v":48.54,"d":"$ 48.54000"},0,0,0,0,0,{"v":2.427,"d":"2.42700"},{"v":1.9416,"d":"1.94160"},{"v":2.9124,"d":"2.91240"},{"v":4.3686,"d":"4.36860"},{"v":5.8248,"d":"5.82480"},{"v":6.3102,"d":"6.31020"},{"v":7.7664,"d":"7.76640"},{"v":9.2226,"d":"9.22260"},{"v":7.7664,"d":"7.76640"},0,0]
[null,null,{"$error":"#REF!"},{"$error":"#REF!"},{"$error":"#REF!"},{"$error":"#REF!"},null,{"v":0,"d":"0.00%"},{"v":0,"d":"0.00%"},{"v":0,"d":"0.00%"},{"v":0,"d":"0.00%"},{"v":0,"d":"0.00%"},{"v":0.05,"d":"5.00%"},{"v":0.04,"d":"4.00%"},{"v":0.06,"d":"6.00%"},{"v":0.09,"d":"9.00%"},{"v":0.12,"d":"12.00%"},{"v":0.13,"d":"13.00%"},{"v":0.16,"d":"16.00%"},{"v":0.19,"d":"19.00%"},{"v":0.16,"d":"16.00%"},{"v":0,"d":"0.00%"},{"v":0,"d":"0.00%"}]
[null,null,{"$error":"#REF!"},{"$error":"#REF!"},{"$error":"#REF!"},{"$error":"#REF!"},{"$nulls":6},{"v":0.05,"d":"5.00%"},{"v":0.04,"d":"4.00%"},{"v":0.06,"d":"6.00%"},{"v":0.09,"d":"9.00%"},{"v":0.12,"d":"12.00%"},{"v":0.13,"d":"13.00%"},{"v":0.16,"d":"16.00%"},{"v":0.19,"d":"19.00%"},{"v":0.16,"d":"16.00%"}]
[null,397,"SUMINISTRO E INSTALACION DE REDUCTOR DE 1 1/4  A 1/2 IN PP ROSCABLE","u",{"v":6,"d":"6.00000"},{"v":8.74,"d":"$ 8.74000"},{"v":52.44,"d":"$ 52.44000"},0,0,0,0,0,{"v":2.622,"d":"2.62200"},{"v":2.0976,"d":"2.09760"},{"v":3.1464,"d":"3.14640"},{"v":4.7196,"d":"4.71960"},{"v":6.2928,"d":"6.29280"},{"v":6.8172,"d":"6.81720"},{"v":8.3904,"d":"8.39040"},{"v":9.9636,"d":"9.96360"},{"v":8.3904,"d":"8.39040"},0,0]
[null,null,{"$error":"#REF!"},{"$error":"#REF!"},{"$error":"#REF!"},{"$error":"#REF!"},null,{"v":0,"d":"0.00%"},{"v":0,"d":"0.00%"},{"v":0,"d":"0.00%"},{"v":0,"d":"0.00%"},{"v":0,"d":"0.00%"},{"v":0.05,"d":"5.00%"},{"v":0.04,"d":"4.00%"},{"v":0.06,"d":"6.00%"},{"v":0.09,"d":"9.00%"},{"v":0.12,"d":"12.00%"},{"v":0.13,"d":"13.00%"},{"v":0.16,"d":"16.00%"},{"v":0.19,"d":"19.00%"},{"v":0.16,"d":"16.00%"},{"v":0,"d":"0.00%"},{"v":0,"d":"0.00%"}]
[null,null,{"$error":"#REF!"},{"$error":"#REF!"},{"$error":"#REF!"},{"$error":"#REF!"},{"$nulls":6},{"v":0.05,"d":"5.00%"},{"v":0.04,"d":"4.00%"},{"v":0.06,"d":"6.00%"},{"v":0.09,"d":"9.00%"},{"v":0.12,"d":"12.00%"},{"v":0.13,"d":"13.00%"},{"v":0.16,"d":"16.00%"},{"v":0.19,"d":"19.00%"},{"v":0.16,"d":"16.00%"}]
[null,398,"SUMINISTRO E INSTALACION DE REDUCTOR DE 2 A 1 IN PP ROSCABLE","u",{"v":9,"d":"9.00000"},{"v":7.02,"d":"$ 7.02000"},{"v":63.17999999999999,"d":"$ 63.18000"},0,0,0,0,0,{"v":3.159,"d":"3.15900"},{"v":2.5271999999999997,"d":"2.52720"},{"v":3.7907999999999995,"d":"3.79080"},{"v":5.6861999999999995,"d":"5.68620"},{"v":7.581599999999999,"d":"7.58160"},{"v":8.2134,"d":"8.21340"},{"v":10.108799999999999,"d":"10.10880"},{"v":12.004199999999999,"d":"12.00420"},{"v":10.108799999999999,"d":"10.10880"},0,0]
[null,null,{"$error":"#REF!"},{"$error":"#REF!"},{"$error":"#REF!"},{"$error":"#REF!"},null,{"v":0,"d":"0.00%"},{"v":0,"d":"0.00%"},{"v":0,"d":"0.00%"},{"v":0,"d":"0.00%"},{"v":0,"d":"0.00%"},{"v":0.05,"d":"5.00%"},{"v":0.04,"d":"4.00%"},{"v":0.06,"d":"6.00%"},{"v":0.09,"d":"9.00%"},{"v":0.12,"d":"12.00%"},{"v":0.13,"d":"13.00%"},{"v":0.16,"d":"16.00%"},{"v":0.19,"d":"19.00%"},{"v":0.16,"d":"16.00%"},{"v":0,"d":"0.00%"},{"v":0,"d":"0.00%"}]
[null,null,{"$error":"#REF!"},{"$error":"#REF!"},{"$error":"#REF!"},{"$error":"#REF!"},{"$nulls":6},{"v":0.05,"d":"5.00%"},{"v":0.04,"d":"4.00%"},{"v":0.06,"d":"6.00%"},{"v":0.09,"d":"9.00%"},{"v":0.12,"d":"12.00%"},{"v":0.13,"d":"13.00%"},{"v":0.16,"d":"16.00%"},{"v":0.19,"d":"19.00%"},{"v":0.16,"d":"16.00%"}]
[null,399,"SUMINISTRO E INSTALACION DE REDUCTOR DE 2 A 1 1/2 IN PP ROSCABLE","u",{"v":27,"d":"27.00000"},{"v":13.44,"d":"$ 13.44000"},{"v":362.88,"d":"$ 362.88000"},0,0,0,0,0,{"v":18.144000000000002,"d":"18.14400"},{"v":14.5152,"d":"14.51520"},{"v":21.7728,"d":"21.77280"},{"v":32.6592,"d":"32.65920"},{"v":43.5456,"d":"43.54560"},{"v":47.1744,"d":"47.17440"},{"v":58.0608,"d":"58.06080"},{"v":68.9472,"d":"68.94720"},{"v":58.0608,"d":"58.06080"},0,0]
[null,null,{"$error":"#REF!"},{"$error":"#REF!"},{"$error":"#REF!"},{"$error":"#REF!"},null,{"v":0,"d":"0.00%"},{"v":0,"d":"0.00%"},{"v":0,"d":"0.00%"},{"v":0,"d":"0.00%"},{"v":0,"d":"0.00%"},{"v":0.05,"d":"5.00%"},{"v":0.04,"d":"4.00%"},{"v":0.06,"d":"6.00%"},{"v":0.09,"d":"9.00%"},{"v":0.12,"d":"12.00%"},{"v":0.13,"d":"13.00%"},{"v":0.16,"d":"16.00%"},{"v":0.19,"d":"19.00%"},{"v":0.16,"d":"16.00%"},{"v":0,"d":"0.00%"},{"v":0,"d":"0.00%"}]
[null,null,{"$error":"#REF!"},{"$error":"#REF!"},{"$error":"#REF!"},{"$error":"#REF!"},{"$nulls":6},{"v":0.05,"d":"5.00%"},{"v":0.04,"d":"4.00%"},{"v":0.06,"d":"6.00%"},{"v":0.09,"d":"9.00%"},{"v":0.12,"d":"12.00%"},{"v":0.13,"d":"13.00%"},{"v":0.16,"d":"16.00%"},{"v":0.19,"d":"19.00%"},{"v":0.16,"d":"16.00%"}]
[null,400,"SUMINISTRO E INSTALACION DE REDUCTOR DE 2 A 1 1/4 IN PP ROSCABLE","u",{"v":2,"d":"2.00000"},{"v":13.63,"d":"$ 13.63000"},{"v":27.26,"d":"$ 27.26000"},0,0,0,0,0,{"v":1.3630000000000002,"d":"1.36300"},{"v":1.0904,"d":"1.09040"},{"v":1.6356,"d":"1.63560"},{"v":2.4534000000000002,"d":"2.45340"},{"v":3.2712,"d":"3.27120"},{"v":3.5438000000000005,"d":"3.54380"},{"v":4.3616,"d":"4.36160"},{"v":5.1794,"d":"5.17940"},{"v":4.3616,"d":"4.36160"},0,0]
[null,null,{"$error":"#REF!"},{"$error":"#REF!"},{"$error":"#REF!"},{"$error":"#REF!"},null,{"v":0,"d":"0.00%"},{"v":0,"d":"0.00%"},{"v":0,"d":"0.00%"},{"v":0,"d":"0.00%"},{"v":0,"d":"0.00%"},{"v":0.05,"d":"5.00%"},{"v":0.04,"d":"4.00%"},{"v":0.06,"d":"6.00%"},{"v":0.09,"d":"9.00%"},{"v":0.12,"d":"12.00%"},{"v":0.13,"d":"13.00%"},{"v":0.16,"d":"16.00%"},{"v":0.19,"d":"19.00%"},{"v":0.16,"d":"16.00%"},{"v":0,"d":"0.00%"},{"v":0,"d":"0.00%"}]
[null,null,{"$error":"#REF!"},{"$error":"#REF!"},{"$error":"#REF!"},{"$error":"#REF!"},{"$nulls":6},{"v":0.05,"d":"5.00%"},{"v":0.04,"d":"4.00%"},{"v":0.06,"d":"6.00%"},{"v":0.09,"d":"9.00%"},{"v":0.12,"d":"12.00%"},{"v":0.13,"d":"13.00%"},{"v":0.16,"d":"16.00%"},{"v":0.19,"d":"19.00%"},{"v":0.16,"d":"16.00%"}]
[null,401,"SUMINISTRO E INSTALACION DE REDUCTOR DE 2 A 1/2 IN PP ROSCABLE","u",{"v":5,"d":"5.00000"},{"v":11.29,"d":"$ 11.29000"},{"v":56.449999999999996,"d":"$ 56.45000"},0,0,0,0,0,{"v":2.8225,"d":"2.82250"},{"v":2.258,"d":"2.25800"},{"v":3.3869999999999996,"d":"3.38700"},{"v":5.0805,"d":"5.08050"},{"v":6.773999999999999,"d":"6.77400"},{"v":7.3385,"d":"7.33850"},{"v":9.032,"d":"9.03200"},{"v":10.725499999999998,"d":"10.72550"},{"v":9.032,"d":"9.03200"},0,0]
[null,null,{"$error":"#REF!"},{"$error":"#REF!"},{"$error":"#REF!"},{"$error":"#REF!"},null,{"v":0,"d":"0.00%"},{"v":0,"d":"0.00%"},{"v":0,"d":"0.00%"},{"v":0,"d":"0.00%"},{"v":0,"d":"0.00%"},{"v":0.05,"d":"5.00%"},{"v":0.04,"d":"4.00%"},{"v":0.06,"d":"6.00%"},{"v":0.09,"d":"9.00%"},{"v":0.12,"d":"12.00%"},{"v":0.13,"d":"13.00%"},{"v":0.16,"d":"16.00%"},{"v":0.19,"d":"19.00%"},{"v":0.16,"d":"16.00%"},{"v":0,"d":"0.00%"},{"v":0,"d":"0.00%"}]
[null,null,{"$error":"#REF!"},{"$error":"#REF!"},{"$error":"#REF!"},{"$error":"#REF!"},{"$nulls":6},{"v":0.05,"d":"5.00%"},{"v":0.04,"d":"4.00%"},{"v":0.06,"d":"6.00%"},{"v":0.09,"d":"9.00%"},{"v":0.12,"d":"12.00%"},{"v":0.13,"d":"13.00%"},{"v":0.16,"d":"16.00%"},{"v":0.19,"d":"19.00%"},{"v":0.16,"d":"16.00%"}]
[null,402,"SUMINISTRO E INSTALACION DE REDUCTOR DE 2 A 3/4 IN PP ROSCABLE","u",{"v":7,"d":"7.00000"},{"v":13.26,"d":"$ 13.26000"},{"v":92.82,"d":"$ 92.82000"},0,0,0,0,0,{"v":4.641,"d":"4.64100"},{"v":3.7127999999999997,"d":"3.71280"},{"v":5.5691999999999995,"d":"5.56920"},{"v":8.3538,"d":"8.35380"},{"v":11.138399999999999,"d":"11.13840"},{"v":12.0666,"d":"12.06660"},{"v":14.851199999999999,"d":"14.85120"},{"v":17.6358,"d":"17.63580"},{"v":14.851199999999999,"d":"14.85120"},0,0]
[null,null,{"$error":"#REF!"},{"$error":"#REF!"},{"$error":"#REF!"},{"$error":"#REF!"},null,{"v":0,"d":"0.00%"},{"v":0,"d":"0.00%"},{"v":0,"d":"0.00%"},{"v":0,"d":"0.00%"},{"v":0,"d":"0.00%"},{"v":0.05,"d":"5.00%"},{"v":0.04,"d":"4.00%"},{"v":0.06,"d":"6.00%"},{"v":0.09,"d":"9.00%"},{"v":0.12,"d":"12.00%"},{"v":0.13,"d":"13.00%"},{"v":0.16,"d":"16.00%"},{"v":0.19,"d":"19.00%"},{"v":0.16,"d":"16.00%"},{"v":0,"d":"0.00%"},{"v":0,"d":"0.00%"}]
[null,null,{"$error":"#REF!"},{"$error":"#REF!"},{"$error":"#REF!"},{"$error":"#REF!"},{"$nulls":6},{"v":0.05,"d":"5.00%"},{"v":0.04,"d":"4.00%"},{"v":0.06,"d":"6.00%"},{"v":0.09,"d":"9.00%"},{"v":0.12,"d":"12.00%"},{"v":0.13,"d":"13.00%"},{"v":0.16,"d":"16.00%"},{"v":0.19,"d":"19.00%"},{"v":0.16,"d":"16.00%"}]
[null,403,"SUMINISTRO E INSTALACION DE REDUCTOR DE 2 1/2 A 1 IN PP ROSCABLE","u",{"v":4,"d":"4.00000"},{"v":18.54,"d":"$ 18.54000"},{"v":74.16,"d":"$ 74.16000"},0,0,0,0,0,{"v":3.708,"d":"3.70800"},{"v":2.9663999999999997,"d":"2.96640"},{"v":4.449599999999999,"d":"4.44960"},{"v":6.6743999999999994,"d":"6.67440"},{"v":8.899199999999999,"d":"8.89920"},{"v":9.6408,"d":"9.64080"},{"v":11.865599999999999,"d":"11.86560"},{"v":14.090399999999999,"d":"14.09040"},{"v":11.865599999999999,"d":"11.86560"},0,0]
[null,null,{"$error":"#REF!"},{"$error":"#REF!"},{"$error":"#REF!"},{"$error":"#REF!"},null,{"v":0,"d":"0.00%"},{"v":0,"d":"0.00%"},{"v":0,"d":"0.00%"},{"v":0,"d":"0.00%"},{"v":0,"d":"0.00%"},{"v":0.05,"d":"5.00%"},{"v":0.04,"d":"4.00%"},{"v":0.06,"d":"6.00%"},{"v":0.09,"d":"9.00%"},{"v":0.12,"d":"12.00%"},{"v":0.13,"d":"13.00%"},{"v":0.16,"d":"16.00%"},{"v":0.19,"d":"19.00%"},{"v":0.16,"d":"16.00%"},{"v":0,"d":"0.00%"},{"v":0,"d":"0.00%"}]
[null,null,{"$error":"#REF!"},{"$error":"#REF!"},{"$error":"#REF!"},{"$error":"#REF!"},{"$nulls":6},{"v":0.05,"d":"5.00%"},{"v":0.04,"d":"4.00%"},{"v":0.06,"d":"6.00%"},{"v":0.09,"d":"9.00%"},{"v":0.12,"d":"12.00%"},{"v":0.13,"d":"13.00%"},{"v":0.16,"d":"16.00%"},{"v":0.19,"d":"19.00%"},{"v":0.16,"d":"16.00%"}]
[null,404,"SUMINISTRO E INSTALACION DE REDUCTOR DE 2 1/2 A 1 1/2 IN PP ROSCABLE","u",{"v":1,"d":"1.00000"},{"v":20.78,"d":"$ 20.78000"},{"v":20.78,"d":"$ 20.78000"},0,0,0,0,0,{"v":1.0390000000000001,"d":"1.03900"},{"v":0.8312,"d":"0.83120"},{"v":1.2468000000000001,"d":"1.24680"},{"v":1.8702,"d":"1.87020"},{"v":2.4936000000000003,"d":"2.49360"},{"v":2.7014,"d":"2.70140"},{"v":3.3248,"d":"3.32480"},{"v":3.9482000000000004,"d":"3.94820"},{"v":3.3248,"d":"3.32480"},0,0]
[null,null,{"$error":"#REF!"},{"$error":"#REF!"},{"$error":"#REF!"},{"$error":"#REF!"},null,{"v":0,"d":"0.00%"},{"v":0,"d":"0.00%"},{"v":0,"d":"0.00%"},{"v":0,"d":"0.00%"},{"v":0,"d":"0.00%"},{"v":0.05,"d":"5.00%"},{"v":0.04,"d":"4.00%"},{"v":0.06,"d":"6.00%"},{"v":0.09,"d":"9.00%"},{"v":0.12,"d":"12.00%"},{"v":0.13,"d":"13.00%"},{"v":0.16,"d":"16.00%"},{"v":0.19,"d":"19.00%"},{"v":0.16,"d":"16.00%"},{"v":0,"d":"0.00%"},{"v":0,"d":"0.00%"}]
[null,null,{"$error":"#REF!"},{"$error":"#REF!"},{"$error":"#REF!"},{"$error":"#REF!"},{"$nulls":6},{"v":0.05,"d":"5.00%"},{"v":0.04,"d":"4.00%"},{"v":0.06,"d":"6.00%"},{"v":0.09,"d":"9.00%"},{"v":0.12,"d":"12.00%"},{"v":0.13,"d":"13.00%"},{"v":0.16,"d":"16.00%"},{"v":0.19,"d":"19.00%"},{"v":0.16,"d":"16.00%"}]
[null,405,"SUMINISTRO E INSTALACION DE REDUCTOR DE 2 1/2 A 2 IN PP ROSCABLE","u",{"v":13,"d":"13.00000"},{"v":14.03,"d":"$ 14.03000"},{"v":182.39,"d":"$ 182.39000"},0,0,0,0,0,{"v":9.1195,"d":"9.11950"},{"v":7.295599999999999,"d":"7.29560"},{"v":10.943399999999999,"d":"10.94340"},{"v":16.4151,"d":"16.41510"},{"v":21.886799999999997,"d":"21.88680"},{"v":23.7107,"d":"23.71070"},{"v":29.182399999999998,"d":"29.18240"},{"v":34.6541,"d":"34.65410"},{"v":29.182399999999998,"d":"29.18240"},0,0]
[null,null,{"$error":"#REF!"},{"$error":"#REF!"},{"$error":"#REF!"},{"$error":"#REF!"},null,{"v":0,"d":"0.00%"},{"v":0,"d":"0.00%"},{"v":0,"d":"0.00%"},{"v":0,"d":"0.00%"},{"v":0,"d":"0.00%"},{"v":0.05,"d":"5.00%"},{"v":0.04,"d":"4.00%"},{"v":0.06,"d":"6.00%"},{"v":0.09,"d":"9.00%"},{"v":0.12,"d":"12.00%"},{"v":0.13,"d":"13.00%"},{"v":0.16,"d":"16.00%"},{"v":0.19,"d":"19.00%"},{"v":0.16,"d":"16.00%"},{"v":0,"d":"0.00%"},{"v":0,"d":"0.00%"}]
[null,null,{"$error":"#REF!"},{"$error":"#REF!"},{"$error":"#REF!"},{"$error":"#REF!"},{"$nulls":6},{"v":0.05,"d":"5.00%"},{"v":0.04,"d":"4.00%"},{"v":0.06,"d":"6.00%"},{"v":0.09,"d":"9.00%"},{"v":0.12,"d":"12.00%"},{"v":0.13,"d":"13.00%"},{"v":0.16,"d":"16.00%"},{"v":0.19,"d":"19.00%"},{"v":0.16,"d":"16.00%"}]
[null,406,"SUMINISTRO E INSTALACION DE REDUCTOR DE 2 1/2 A 1/2 IN PP ROSCABLE","u",{"v":1,"d":"1.00000"},{"v":18.64,"d":"$ 18.64000"},{"v":18.64,"d":"$ 18.64000"},0,0,0,0,0,{"v":0.932,"d":"0.93200"},{"v":0.7456,"d":"0.74560"},{"v":1.1184,"d":"1.11840"},{"v":1.6776,"d":"1.67760"},{"v":2.2368,"d":"2.23680"},{"v":2.4232,"d":"2.42320"},{"v":2.9824,"d":"2.98240"},{"v":3.5416000000000003,"d":"3.54160"},{"v":2.9824,"d":"2.98240"},0,0]
[null,null,{"$error":"#REF!"},{"$error":"#REF!"},{"$error":"#REF!"},{"$error":"#REF!"},null,{"v":0,"d":"0.00%"},{"v":0,"d":"0.00%"},{"v":0,"d":"0.00%"},{"v":0,"d":"0.00%"},{"v":0,"d":"0.00%"},{"v":0.05,"d":"5.00%"},{"v":0.04,"d":"4.00%"},{"v":0.06,"d":"6.00%"},{"v":0.09,"d":"9.00%"},{"v":0.12,"d":"12.00%"},{"v":0.13,"d":"13.00%"},{"v":0.16,"d":"16.00%"},{"v":0.19,"d":"19.00%"},{"v":0.16,"d":"16.00%"},{"v":0,"d":"0.00%"},{"v":0,"d":"0.00%"}]
[null,null,{"$error":"#REF!"},{"$error":"#REF!"},{"$error":"#REF!"},{"$error":"#REF!"},{"$nulls":6},{"v":0.05,"d":"5.00%"},{"v":0.04,"d":"4.00%"},{"v":0.06,"d":"6.00%"},{"v":0.09,"d":"9.00%"},{"v":0.12,"d":"12.00%"},{"v":0.13,"d":"13.00%"},{"v":0.16,"d":"16.00%"},{"v":0.19,"d":"19.00%"},{"v":0.16,"d":"16.00%"}]
[null,407,"SUMINISTRO E INSTALACION DE REDUCTOR DE 2 1/2 A 3/4 IN PP ROSCABLE","u",{"v":1,"d":"1.00000"},{"v":20.6,"d":"$ 20.60000"},{"v":20.6,"d":"$ 20.60000"},0,0,0,0,0,{"v":1.03,"d":"1.03000"},{"v":0.8240000000000001,"d":"0.82400"},{"v":1.236,"d":"1.23600"},{"v":1.854,"d":"1.85400"},{"v":2.472,"d":"2.47200"},{"v":2.6780000000000004,"d":"2.67800"},{"v":3.2960000000000003,"d":"3.29600"},{"v":3.914,"d":"3.91400"},{"v":3.2960000000000003,"d":"3.29600"},0,0]
[null,null,{"$error":"#REF!"},{"$error":"#REF!"},{"$error":"#REF!"},{"$error":"#REF!"},null,{"v":0,"d":"0.00%"},{"v":0,"d":"0.00%"},{"v":0,"d":"0.00%"},{"v":0,"d":"0.00%"},{"v":0,"d":"0.00%"},{"v":0.05,"d":"5.00%"},{"v":0.04,"d":"4.00%"},{"v":0.06,"d":"6.00%"},{"v":0.09,"d":"9.00%"},{"v":0.12,"d":"12.00%"},{"v":0.13,"d":"13.00%"},{"v":0.16,"d":"16.00%"},{"v":0.19,"d":"19.00%"},{"v":0.16,"d":"16.00%"},{"v":0,"d":"0.00%"},{"v":0,"d":"0.00%"}]
[null,null,{"$error":"#REF!"},{"$error":"#REF!"},{"$error":"#REF!"},{"$error":"#REF!"},{"$nulls":6},{"v":0.05,"d":"5.00%"},{"v":0.04,"d":"4.00%"},{"v":0.06,"d":"6.00%"},{"v":0.09,"d":"9.00%"},{"v":0.12,"d":"12.00%"},{"v":0.13,"d":"13.00%"},{"v":0.16,"d":"16.00%"},{"v":0.19,"d":"19.00%"},{"v":0.16,"d":"16.00%"}]
[null,408,"SUMINISTRO E INSTALACION DE REDUCTOR DE 3/4 A 1/2 IN PP ROSCABLE","u",{"v":12,"d":"12.00000"},{"v":7.03,"d":"$ 7.03000"},{"v":84.36,"d":"$ 84.36000"},0,0,0,0,0,{"v":4.218,"d":"4.21800"},{"v":3.3744,"d":"3.37440"},{"v":5.061599999999999,"d":"5.06160"},{"v":7.5924,"d":"7.59240"},{"v":10.123199999999999,"d":"10.12320"},{"v":10.966800000000001,"d":"10.96680"},{"v":13.4976,"d":"13.49760"},{"v":16.0284,"d":"16.02840"},{"v":13.4976,"d":"13.49760"},0,0]
[null,null,{"$error":"#REF!"},{"$error":"#REF!"},{"$error":"#REF!"},{"$error":"#REF!"},null,{"v":0,"d":"0.00%"},{"v":0,"d":"0.00%"},{"v":0,"d":"0.00%"},{"v":0,"d":"0.00%"},{"v":0,"d":"0.00%"},{"v":0.05,"d":"5.00%"},{"v":0.04,"d":"4.00%"},{"v":0.06,"d":"6.00%"},{"v":0.09,"d":"9.00%"},{"v":0.12,"d":"12.00%"},{"v":0.13,"d":"13.00%"},{"v":0.16,"d":"16.00%"},{"v":0.19,"d":"19.00%"},{"v":0.16,"d":"16.00%"},{"v":0,"d":"0.00%"},{"v":0,"d":"0.00%"}]
[null,null,{"$error":"#REF!"},{"$error":"#REF!"},{"$error":"#REF!"},{"$error":"#REF!"},{"$nulls":6},{"v":0.05,"d":"5.00%"},{"v":0.04,"d":"4.00%"},{"v":0.06,"d":"6.00%"},{"v":0.09,"d":"9.00%"},{"v":0.12,"d":"12.00%"},{"v":0.13,"d":"13.00%"},{"v":0.16,"d":"16.00%"},{"v":0.19,"d":"19.00%"},{"v":0.16,"d":"16.00%"}]
[null,409,"SUMINISTRO E INSTALACION DE TEE 1 IN PP ROSCABLE","u",{"v":2,"d":"2.00000"},{"v":7.86,"d":"$ 7.86000"},{"v":15.72,"d":"$ 15.72000"},0,0,0,0,0,{"v":0.786,"d":"0.78600"},{"v":0.6288,"d":"0.62880"},{"v":0.9432,"d":"0.94320"},{"v":1.4148,"d":"1.41480"},{"v":1.8864,"d":"1.88640"},{"v":2.0436,"d":"2.04360"},{"v":2.5152,"d":"2.51520"},{"v":2.9868,"d":"2.98680"},{"v":2.5152,"d":"2.51520"},0,0]
[null,null,{"$error":"#REF!"},{"$error":"#REF!"},{"$error":"#REF!"},{"$error":"#REF!"},null,{"v":0,"d":"0.00%"},{"v":0,"d":"0.00%"},{"v":0,"d":"0.00%"},{"v":0,"d":"0.00%"},{"v":0,"d":"0.00%"},{"v":0.05,"d":"5.00%"},{"v":0.04,"d":"4.00%"},{"v":0.06,"d":"6.00%"},{"v":0.09,"d":"9.00%"},{"v":0.12,"d":"12.00%"},{"v":0.13,"d":"13.00%"},{"v":0.16,"d":"16.00%"},{"v":0.19,"d":"19.00%"},{"v":0.16,"d":"16.00%"},{"v":0,"d":"0.00%"},{"v":0,"d":"0.00%"}]
[null,null,{"$error":"#REF!"},{"$error":"#REF!"},{"$error":"#REF!"},{"$error":"#REF!"},{"$nulls":6},{"v":0.05,"d":"5.00%"},{"v":0.04,"d":"4.00%"},{"v":0.06,"d":"6.00%"},{"v":0.09,"d":"9.00%"},{"v":0.12,"d":"12.00%"},{"v":0.13,"d":"13.00%"},{"v":0.16,"d":"16.00%"},{"v":0.19,"d":"19.00%"},{"v":0.16,"d":"16.00%"}]
[null,410,"SUMINISTRO E INSTALACION DE TEE 1 1/2 IN PP ROSCABLE","u",{"v":7,"d":"7.00000"},{"v":14.39,"d":"$ 14.39000"},{"v":100.73,"d":"$ 100.73000"},0,0,0,0,0,{"v":5.0365,"d":"5.03650"},{"v":4.0292,"d":"4.02920"},{"v":6.0438,"d":"6.04380"},{"v":9.0657,"d":"9.06570"},{"v":12.0876,"d":"12.08760"},{"v":13.0949,"d":"13.09490"},{"v":16.1168,"d":"16.11680"},{"v":19.1387,"d":"19.13870"},{"v":16.1168,"d":"16.11680"},0,0]
[null,null,{"$error":"#REF!"},{"$error":"#REF!"},{"$error":"#REF!"},{"$error":"#REF!"},null,{"v":0,"d":"0.00%"},{"v":0,"d":"0.00%"},{"v":0,"d":"0.00%"},{"v":0,"d":"0.00%"},{"v":0,"d":"0.00%"},{"v":0.05,"d":"5.00%"},{"v":0.04,"d":"4.00%"},{"v":0.06,"d":"6.00%"},{"v":0.09,"d":"9.00%"},{"v":0.12,"d":"12.00%"},{"v":0.13,"d":"13.00%"},{"v":0.16,"d":"16.00%"},{"v":0.19,"d":"19.00%"},{"v":0.16,"d":"16.00%"},{"v":0,"d":"0.00%"},{"v":0,"d":"0.00%"}]
[null,null,{"$error":"#REF!"},{"$error":"#REF!"},{"$error":"#REF!"},{"$error":"#REF!"},{"$nulls":6},{"v":0.05,"d":"5.00%"},{"v":0.04,"d":"4.00%"},{"v":0.06,"d":"6.00%"},{"v":0.09,"d":"9.00%"},{"v":0.12,"d":"12.00%"},{"v":0.13,"d":"13.00%"},{"v":0.16,"d":"16.00%"},{"v":0.19,"d":"19.00%"},{"v":0.16,"d":"16.00%"}]
[null,411,"SUMINISTRO E INSTALACION DE TEE 2 IN PP ROSCABLE","u",{"v":23,"d":"23.00000"},{"v":17.57,"d":"$ 17.57000"},{"v":404.11,"d":"$ 404.11000"},0,0,0,0,0,{"v":20.2055,"d":"20.20550"},{"v":16.1644,"d":"16.16440"},{"v":24.2466,"d":"24.24660"},{"v":36.3699,"d":"36.36990"},{"v":48.4932,"d":"48.49320"},{"v":52.5343,"d":"52.53430"},{"v":64.6576,"d":"64.65760"},{"v":76.7809,"d":"76.78090"},{"v":64.6576,"d":"64.65760"},0,0]
[null,null,{"$error":"#REF!"},{"$error":"#REF!"},{"$error":"#REF!"},{"$error":"#REF!"},null,{"v":0,"d":"0.00%"},{"v":0,"d":"0.00%"},{"v":0,"d":"0.00%"},{"v":0,"d":"0.00%"},{"v":0,"d":"0.00%"},{"v":0.05,"d":"5.00%"},{"v":0.04,"d":"4.00%"},{"v":0.06,"d":"6.00%"},{"v":0.09,"d":"9.00%"},{"v":0.12,"d":"12.00%"},{"v":0.13,"d":"13.00%"},{"v":0.16,"d":"16.00%"},{"v":0.19,"d":"19.00%"},{"v":0.16,"d":"16.00%"},{"v":0,"d":"0.00%"},{"v":0,"d":"0.00%"}]
[null,null,{"$error":"#REF!"},{"$error":"#REF!"},{"$error":"#REF!"},{"$error":"#REF!"},{"$nulls":6},{"v":0.05,"d":"5.00%"},{"v":0.04,"d":"4.00%"},{"v":0.06,"d":"6.00%"},{"v":0.09,"d":"9.00%"},{"v":0.12,"d":"12.00%"},{"v":0.13,"d":"13.00%"},{"v":0.16,"d":"16.00%"},{"v":0.19,"d":"19.00%"},{"v":0.16,"d":"16.00%"}]
[null,412,"SUMINISTRO E INSTALACION DE TEE 2 1/2 IN PP ROSCABLE","u",{"v":19,"d":"19.00000"},{"v":7.89,"d":"$ 7.89000"},{"v":149.91,"d":"$ 149.91000"},0,0,0,0,0,{"v":7.4955,"d":"7.49550"},{"v":5.9964,"d":"5.99640"},{"v":8.9946,"d":"8.99460"},{"v":13.4919,"d":"13.49190"},{"v":17.9892,"d":"17.98920"},{"v":19.4883,"d":"19.48830"},{"v":23.9856,"d":"23.98560"},{"v":28.4829,"d":"28.48290"},{"v":23.9856,"d":"23.98560"},0,0]
[null,null,{"$error":"#REF!"},{"$error":"#REF!"},{"$error":"#REF!"},{"$error":"#REF!"},null,{"v":0,"d":"0.00%"},{"v":0,"d":"0.00%"},{"v":0,"d":"0.00%"},{"v":0,"d":"0.00%"},{"v":0,"d":"0.00%"},{"v":0.05,"d":"5.00%"},{"v":0.04,"d":"4.00%"},{"v":0.06,"d":"6.00%"},{"v":0.09,"d":"9.00%"},{"v":0.12,"d":"12.00%"},{"v":0.13,"d":"13.00%"},{"v":0.16,"d":"16.00%"},{"v":0.19,"d":"19.00%"},{"v":0.16,"d":"16.00%"},{"v":0,"d":"0.00%"},{"v":0,"d":"0.00%"}]
[null,null,{"$error":"#REF!"},{"$error":"#REF!"},{"$error":"#REF!"},{"$error":"#REF!"},{"$nulls":6},{"v":0.05,"d":"5.00%"},{"v":0.04,"d":"4.00%"},{"v":0.06,"d":"6.00%"},{"v":0.09,"d":"9.00%"},{"v":0.12,"d":"12.00%"},{"v":0.13,"d":"13.00%"},{"v":0.16,"d":"16.00%"},{"v":0.19,"d":"19.00%"},{"v":0.16,"d":"16.00%"}]
[null,413,"SUMINISTRO E INSTALACION DE TEE 3/4 IN PP ROSCABLE","u",{"v":3,"d":"3.00000"},{"v":8.24,"d":"$ 8.24000"},{"v":24.72,"d":"$ 24.72000"},0,0,0,0,0,{"v":1.236,"d":"1.23600"},{"v":0.9888,"d":"0.98880"},{"v":1.4831999999999999,"d":"1.48320"},{"v":2.2247999999999997,"d":"2.22480"},{"v":2.9663999999999997,"d":"2.96640"},{"v":3.2136,"d":"3.21360"},{"v":3.9552,"d":"3.95520"},{"v":4.6968,"d":"4.69680"},{"v":3.9552,"d":"3.95520"},0,0]
[null,null,{"$error":"#REF!"},{"$error":"#REF!"},{"$error":"#REF!"},{"$error":"#REF!"},null,{"v":0,"d":"0.00%"},{"v":0,"d":"0.00%"},{"v":0,"d":"0.00%"},{"v":0,"d":"0.00%"},{"v":0,"d":"0.00%"},{"v":0.05,"d":"5.00%"},{"v":0.04,"d":"4.00%"},{"v":0.06,"d":"6.00%"},{"v":0.09,"d":"9.00%"},{"v":0.12,"d":"12.00%"},{"v":0.13,"d":"13.00%"},{"v":0.16,"d":"16.00%"},{"v":0.19,"d":"19.00%"},{"v":0.16,"d":"16.00%"},{"v":0,"d":"0.00%"},{"v":0,"d":"0.00%"}]
[null,null,{"$error":"#REF!"},{"$error":"#REF!"},{"$error":"#REF!"},{"$error":"#REF!"},{"$nulls":6},{"v":0.05,"d":"5.00%"},{"v":0.04,"d":"4.00%"},{"v":0.06,"d":"6.00%"},{"v":0.09,"d":"9.00%"},{"v":0.12,"d":"12.00%"},{"v":0.13,"d":"13.00%"},{"v":0.16,"d":"16.00%"},{"v":0.19,"d":"19.00%"},{"v":0.16,"d":"16.00%"}]
[null,414,"COLGADOR PARA TUBERIA 3/4 IN","u",{"v":31,"d":"31.00000"},{"v":2.33,"d":"$ 2.33000"},{"v":72.23,"d":"$ 72.23000"},0,0,0,0,0,{"v":3.6115000000000004,"d":"3.61150"},{"v":2.8892,"d":"2.88920"},{"v":4.3338,"d":"4.33380"},{"v":6.5007,"d":"6.50070"},{"v":8.6676,"d":"8.66760"},{"v":9.3899,"d":"9.38990"},{"v":11.5568,"d":"11.55680"},{"v":13.723700000000001,"d":"13.72370"},{"v":11.5568,"d":"11.55680"},0,0]
[null,null,{"$error":"#REF!"},{"$error":"#REF!"},{"$error":"#REF!"},{"$error":"#REF!"},null,{"v":0,"d":"0.00%"},{"v":0,"d":"0.00%"},{"v":0,"d":"0.00%"},{"v":0,"d":"0.00%"},{"v":0,"d":"0.00%"},{"v":0.05,"d":"5.00%"},{"v":0.04,"d":"4.00%"},{"v":0.06,"d":"6.00%"},{"v":0.09,"d":"9.00%"},{"v":0.12,"d":"12.00%"},{"v":0.13,"d":"13.00%"},{"v":0.16,"d":"16.00%"},{"v":0.19,"d":"19.00%"},{"v":0.16,"d":"16.00%"},{"v":0,"d":"0.00%"},{"v":0,"d":"0.00%"}]
[null,null,{"$error":"#REF!"},{"$error":"#REF!"},{"$error":"#REF!"},{"$error":"#REF!"},{"$nulls":6},{"v":0.05,"d":"5.00%"},{"v":0.04,"d":"4.00%"},{"v":0.06,"d":"6.00%"},{"v":0.09,"d":"9.00%"},{"v":0.12,"d":"12.00%"},{"v":0.13,"d":"13.00%"},{"v":0.16,"d":"16.00%"},{"v":0.19,"d":"19.00%"},{"v":0.16,"d":"16.00%"}]
[null,415,"COLGADOR PARA TUBERIA 1/2 IN","u",{"v":94,"d":"94.00000"},{"v":2.33,"d":"$ 2.33000"},{"v":219.02,"d":"$ 219.02000"},0,0,0,0,0,{"v":10.951,"d":"10.95100"},{"v":8.760800000000001,"d":"8.76080"},{"v":13.1412,"d":"13.14120"},{"v":19.7118,"d":"19.71180"},{"v":26.2824,"d":"26.28240"},{"v":28.472600000000003,"d":"28.47260"},{"v":35.043200000000006,"d":"35.04320"},{"v":41.613800000000005,"d":"41.61380"},{"v":35.043200000000006,"d":"35.04320"},0,0]
[null,null,{"$error":"#REF!"},{"$error":"#REF!"},{"$error":"#REF!"},{"$error":"#REF!"},null,{"v":0,"d":"0.00%"},{"v":0,"d":"0.00%"},{"v":0,"d":"0.00%"},{"v":0,"d":"0.00%"},{"v":0,"d":"0.00%"},{"v":0.05,"d":"5.00%"},{"v":0.04,"d":"4.00%"},{"v":0.06,"d":"6.00%"},{"v":0.09,"d":"9.00%"},{"v":0.12,"d":"12.00%"},{"v":0.13,"d":"13.00%"},{"v":0.16,"d":"16.00%"},{"v":0.19,"d":"19.00%"},{"v":0.16,"d":"16.00%"},{"v":0,"d":"0.00%"},{"v":0,"d":"0.00%"}]
[null,null,{"$error":"#REF!"},{"$error":"#REF!"},{"$error":"#REF!"},{"$error":"#REF!"},{"$nulls":6},{"v":0.05,"d":"5.00%"},{"v":0.04,"d":"4.00%"},{"v":0.06,"d":"6.00%"},{"v":0.09,"d":"9.00%"},{"v":0.12,"d":"12.00%"},{"v":0.13,"d":"13.00%"},{"v":0.16,"d":"16.00%"},{"v":0.19,"d":"19.00%"},{"v":0.16,"d":"16.00%"}]
[null,416,"COLGADOR PARA TUBERIA 1 IN","u",{"v":33,"d":"33.00000"},{"v":1.67,"d":"$ 1.67000"},{"v":55.11,"d":"$ 55.11000"},0,0,0,0,0,{"v":2.7555,"d":"2.75550"},{"v":2.2044,"d":"2.20440"},{"v":3.3066,"d":"3.30660"},{"v":4.9599,"d":"4.95990"},{"v":6.6132,"d":"6.61320"},{"v":7.1643,"d":"7.16430"},{"v":8.8176,"d":"8.81760"},{"v":10.4709,"d":"10.47090"},{"v":8.8176,"d":"8.81760"},0,0]
[null,null,{"$error":"#REF!"},{"$error":"#REF!"},{"$error":"#REF!"},{"$error":"#REF!"},null,{"v":0,"d":"0.00%"},{"v":0,"d":"0.00%"},{"v":0,"d":"0.00%"},{"v":0,"d":"0.00%"},{"v":0,"d":"0.00%"},{"v":0.05,"d":"5.00%"},{"v":0.04,"d":"4.00%"},{"v":0.06,"d":"6.00%"},{"v":0.09,"d":"9.00%"},{"v":0.12,"d":"12.00%"},{"v":0.13,"d":"13.00%"},{"v":0.16,"d":"16.00%"},{"v":0.19,"d":"19.00%"},{"v":0.16,"d":"16.00%"},{"v":0,"d":"0.00%"},{"v":0,"d":"0.00%"}]
[null,null,{"$error":"#REF!"},{"$error":"#REF!"},{"$error":"#REF!"},{"$error":"#REF!"},{"$nulls":6},{"v":0.05,"d":"5.00%"},{"v":0.04,"d":"4.00%"},{"v":0.06,"d":"6.00%"},{"v":0.09,"d":"9.00%"},{"v":0.12,"d":"12.00%"},{"v":0.13,"d":"13.00%"},{"v":0.16,"d":"16.00%"},{"v":0.19,"d":"19.00%"},{"v":0.16,"d":"16.00%"}]
[null,417,"COLGADOR PARA TUBERIA 1 1/4 IN","u",{"v":3,"d":"3.00000"},{"v":2.49,"d":"$ 2.49000"},{"v":7.470000000000001,"d":"$ 7.47000"},0,0,0,0,0,{"v":0.37350000000000005,"d":"0.37350"},{"v":0.2988,"d":"0.29880"},{"v":0.44820000000000004,"d":"0.44820"},{"v":0.6723,"d":"0.67230"},{"v":0.8964000000000001,"d":"0.89640"},{"v":0.9711000000000001,"d":"0.97110"},{"v":1.1952,"d":"1.19520"},{"v":1.4193000000000002,"d":"1.41930"},{"v":1.1952,"d":"1.19520"},0,0]
[null,null,{"$error":"#REF!"},{"$error":"#REF!"},{"$error":"#REF!"},{"$error":"#REF!"},null,{"v":0,"d":"0.00%"},{"v":0,"d":"0.00%"},{"v":0,"d":"0.00%"},{"v":0,"d":"0.00%"},{"v":0,"d":"0.00%"},{"v":0.05,"d":"5.00%"},{"v":0.04,"d":"4.00%"},{"v":0.06,"d":"6.00%"},{"v":0.09,"d":"9.00%"},{"v":0.12,"d":"12.00%"},{"v":0.13,"d":"13.00%"},{"v":0.16,"d":"16.00%"},{"v":0.19,"d":"19.00%"},{"v":0.16,"d":"16.00%"},{"v":0,"d":"0.00%"},{"v":0,"d":"0.00%"}]
[null,null,{"$error":"#REF!"},{"$error":"#REF!"},{"$error":"#REF!"},{"$error":"#REF!"},{"$nulls":6},{"v":0.05,"d":"5.00%"},{"v":0.04,"d":"4.00%"},{"v":0.06,"d":"6.00%"},{"v":0.09,"d":"9.00%"},{"v":0.12,"d":"12.00%"},{"v":0.13,"d":"13.00%"},{"v":0.16,"d":"16.00%"},{"v":0.19,"d":"19.00%"},{"v":0.16,"d":"16.00%"}]
[null,418,"COLGADOR PARA TUBERIA 1 1/2 IN","u",{"v":15,"d":"15.00000"},{"v":2.53,"d":"$ 2.53000"},{"v":37.949999999999996,"d":"$ 37.95000"},0,0,0,0,0,{"v":1.8975,"d":"1.89750"},{"v":1.5179999999999998,"d":"1.51800"},{"v":2.2769999999999997,"d":"2.27700"},{"v":3.4154999999999993,"d":"3.41550"},{"v":4.553999999999999,"d":"4.55400"},{"v":4.9334999999999996,"d":"4.93350"},{"v":6.071999999999999,"d":"6.07200"},{"v":7.2105,"d":"7.21050"},{"v":6.071999999999999,"d":"6.07200"},0,0]
[null,null,{"$error":"#REF!"},{"$error":"#REF!"},{"$error":"#REF!"},{"$error":"#REF!"},null,{"v":0,"d":"0.00%"},{"v":0,"d":"0.00%"},{"v":0,"d":"0.00%"},{"v":0,"d":"0.00%"},{"v":0,"d":"0.00%"},{"v":0.05,"d":"5.00%"},{"v":0.04,"d":"4.00%"},{"v":0.06,"d":"6.00%"},{"v":0.09,"d":"9.00%"},{"v":0.12,"d":"12.00%"},{"v":0.13,"d":"13.00%"},{"v":0.16,"d":"16.00%"},{"v":0.19,"d":"19.00%"},{"v":0.16,"d":"16.00%"},{"v":0,"d":"0.00%"},{"v":0,"d":"0.00%"}]
[null,null,{"$error":"#REF!"},{"$error":"#REF!"},{"$error":"#REF!"},{"$error":"#REF!"},{"$nulls":6},{"v":0.05,"d":"5.00%"},{"v":0.04,"d":"4.00%"},{"v":0.06,"d":"6.00%"},{"v":0.09,"d":"9.00%"},{"v":0.12,"d":"12.00%"},{"v":0.13,"d":"13.00%"},{"v":0.16,"d":"16.00%"},{"v":0.19,"d":"19.00%"},{"v":0.16,"d":"16.00%"}]
[null,419,"COLGADOR PARA TUBERIA 2 IN","u",{"v":105,"d":"105.00000"},{"v":2.57,"d":"$ 2.57000"},{"v":269.84999999999997,"d":"$ 269.85000"},0,0,0,0,0,{"v":13.4925,"d":"13.49250"},{"v":10.793999999999999,"d":"10.79400"},{"v":16.191,"d":"16.19100"},{"v":24.286499999999997,"d":"24.28650"},{"v":32.382,"d":"32.38200"},{"v":35.080499999999994,"d":"35.08050"},{"v":43.175999999999995,"d":"43.17600"},{"v":51.271499999999996,"d":"51.27150"},{"v":43.175999999999995,"d":"43.17600"},0,0]
[null,null,{"$error":"#REF!"},{"$error":"#REF!"},{"$error":"#REF!"},{"$error":"#REF!"},null,{"v":0,"d":"0.00%"},{"v":0,"d":"0.00%"},{"v":0,"d":"0.00%"},{"v":0,"d":"0.00%"},{"v":0,"d":"0.00%"},{"v":0.05,"d":"5.00%"},{"v":0.04,"d":"4.00%"},{"v":0.06,"d":"6.00%"},{"v":0.09,"d":"9.00%"},{"v":0.12,"d":"12.00%"},{"v":0.13,"d":"13.00%"},{"v":0.16,"d":"16.00%"},{"v":0.19,"d":"19.00%"},{"v":0.16,"d":"16.00%"},{"v":0,"d":"0.00%"},{"v":0,"d":"0.00%"}]
[null,null,{"$error":"#REF!"},{"$error":"#REF!"},{"$error":"#REF!"},{"$error":"#REF!"},{"$nulls":6},{"v":0.05,"d":"5.00%"},{"v":0.04,"d":"4.00%"},{"v":0.06,"d":"6.00%"},{"v":0.09,"d":"9.00%"},{"v":0.12,"d":"12.00%"},{"v":0.13,"d":"13.00%"},{"v":0.16,"d":"16.00%"},{"v":0.19,"d":"19.00%"},{"v":0.16,"d":"16.00%"}]
[null,420,"COLGADOR PARA TUBERIA 2 1/2 IN","u",{"v":121,"d":"121.00000"},{"v":3.29,"d":"$ 3.29000"},{"v":398.09000000000003,"d":"$ 398.09000"},0,0,0,0,0,{"v":19.904500000000002,"d":"19.90450"},{"v":15.923600000000002,"d":"15.92360"},{"v":23.8854,"d":"23.88540"},{"v":35.8281,"d":"35.82810"},{"v":47.7708,"d":"47.77080"},{"v":51.75170000000001,"d":"51.75170"},{"v":63.69440000000001,"d":"63.69440"},{"v":75.6371,"d":"75.63710"},{"v":63.69440000000001,"d":"63.69440"},0,0]
[null,null,{"$error":"#REF!"},{"$error":"#REF!"},{"$error":"#REF!"},{"$error":"#REF!"},null,{"v":0,"d":"0.00%"},{"v":0,"d":"0.00%"},{"v":0,"d":"0.00%"},{"v":0,"d":"0.00%"},{"v":0,"d":"0.00%"},{"v":0.05,"d":"5.00%"},{"v":0.04,"d":"4.00%"},{"v":0.06,"d":"6.00%"},{"v":0.09,"d":"9.00%"},{"v":0.12,"d":"12.00%"},{"v":0.13,"d":"13.00%"},{"v":0.16,"d":"16.00%"},{"v":0.19,"d":"19.00%"},{"v":0.16,"d":"16.00%"},{"v":0,"d":"0.00%"},{"v":0,"d":"0.00%"}]
[null,null,{"$error":"#REF!"},{"$error":"#REF!"},{"$error":"#REF!"},{"$error":"#REF!"},{"$nulls":6},{"v":0.05,"d":"5.00%"},{"v":0.04,"d":"4.00%"},{"v":0.06,"d":"6.00%"},{"v":0.09,"d":"9.00%"},{"v":0.12,"d":"12.00%"},{"v":0.13,"d":"13.00%"},{"v":0.16,"d":"16.00%"},{"v":0.19,"d":"19.00%"},{"v":0.16,"d":"16.00%"}]
[null,421,"SUMINISTRO E INSTALACION DE VALVULA DE BOLA PVC D= 3/4 plg ROSCABLE","u",{"v":1,"d":"1.00000"},{"v":8.94,"d":"$ 8.94000"},{"v":8.94,"d":"$ 8.94000"},0,0,0,0,0,0,{"v":0.3576,"d":"0.35760"},{"v":0.447,"d":"0.44700"},{"v":0.7152,"d":"0.71520"},{"v":0.9833999999999999,"d":"0.98340"},{"v":1.2516,"d":"1.25160"},{"v":1.6091999999999997,"d":"1.60920"},{"v":1.9667999999999999,"d":"1.96680"},{"v":1.6091999999999997,"d":"1.60920"},0,0]
[null,null,{"$error":"#REF!"},{"$error":"#REF!"},{"$error":"#REF!"},{"$error":"#REF!"},null,{"v":0,"d":"0.00%"},{"v":0,"d":"0.00%"},{"v":0,"d":"0.00%"},{"v":0,"d":"0.00%"},{"v":0,"d":"0.00%"},{"v":0,"d":"0.00%"},{"v":0.04,"d":"4.00%"},{"v":0.05,"d":"5.00%"},{"v":0.08,"d":"8.00%"},{"v":0.11,"d":"11.00%"},{"v":0.14,"d":"14.00%"},{"v":0.18,"d":"18.00%"},{"v":0.22,"d":"22.00%"},{"v":0.18,"d":"18.00%"},{"v":0,"d":"0.00%"},{"v":0,"d":"0.00%"}]
[null,null,{"$error":"#REF!"},{"$error":"#REF!"},{"$error":"#REF!"},{"$error":"#REF!"},{"$nulls":7},{"v":0.04,"d":"4.00%"},{"v":0.05,"d":"5.00%"},{"v":0.08,"d":"8.00%"},{"v":0.11,"d":"11.00%"},{"v":0.14,"d":"14.00%"},{"v":0.18,"d":"18.00%"},{"v":0.22,"d":"22.00%"},{"v":0.18,"d":"18.00%"}]
[null,422,"SUMINISTRO E INSTALACION DE VALVULA DE BOLA PVC D= 1 plg ROSCABLE","u",{"v":3,"d":"3.00000"},{"v":19.67,"d":"$ 19.67000"},{"v":59.010000000000005,"d":"$ 59.01000"},0,0,0,0,0,0,{"v":2.3604000000000003,"d":"2.36040"},{"v":2.9505000000000003,"d":"2.95050"},{"v":4.7208000000000006,"d":"4.72080"},{"v":6.4911,"d":"6.49110"},{"v":8.261400000000002,"d":"8.26140"},{"v":10.6218,"d":"10.62180"},{"v":12.9822,"d":"12.98220"},{"v":10.6218,"d":"10.62180"},0,0]
[null,null,{"$error":"#REF!"},{"$error":"#REF!"},{"$error":"#REF!"},{"$error":"#REF!"},null,{"v":0,"d":"0.00%"},{"v":0,"d":"0.00%"},{"v":0,"d":"0.00%"},{"v":0,"d":"0.00%"},{"v":0,"d":"0.00%"},{"v":0,"d":"0.00%"},{"v":0.04,"d":"4.00%"},{"v":0.05,"d":"5.00%"},{"v":0.08,"d":"8.00%"},{"v":0.11,"d":"11.00%"},{"v":0.14,"d":"14.00%"},{"v":0.18,"d":"18.00%"},{"v":0.22,"d":"22.00%"},{"v":0.18,"d":"18.00%"},{"v":0,"d":"0.00%"},{"v":0,"d":"0.00%"}]
[null,null,{"$error":"#REF!"},{"$error":"#REF!"},{"$error":"#REF!"},{"$error":"#REF!"},{"$nulls":7},{"v":0.04,"d":"4.00%"},{"v":0.05,"d":"5.00%"},{"v":0.08,"d":"8.00%"},{"v":0.11,"d":"11.00%"},{"v":0.14,"d":"14.00%"},{"v":0.18,"d":"18.00%"},{"v":0.22,"d":"22.00%"},{"v":0.18,"d":"18.00%"}]
[null,423,"SUMINISTRO E INSTALACION DE VALVULA DE BOLA PVC D= 1 1/2 plg ROSCABLE","u",{"v":3,"d":"3.00000"},{"v":37.13,"d":"$ 37.13000"},{"v":111.39000000000001,"d":"$ 111.39000"},0,0,0,0,0,0,{"v":4.4556000000000004,"d":"4.45560"},{"v":5.5695000000000014,"d":"5.56950"},{"v":8.911200000000001,"d":"8.91120"},{"v":12.252900000000002,"d":"12.25290"},{"v":15.594600000000003,"d":"15.59460"},{"v":20.0502,"d":"20.05020"},{"v":24.505800000000004,"d":"24.50580"},{"v":20.0502,"d":"20.05020"},0,0]
[null,null,{"$error":"#REF!"},{"$error":"#REF!"},{"$error":"#REF!"},{"$error":"#REF!"},null,{"v":0,"d":"0.00%"},{"v":0,"d":"0.00%"},{"v":0,"d":"0.00%"},{"v":0,"d":"0.00%"},{"v":0,"d":"0.00%"},{"v":0,"d":"0.00%"},{"v":0.04,"d":"4.00%"},{"v":0.05,"d":"5.00%"},{"v":0.08,"d":"8.00%"},{"v":0.11,"d":"11.00%"},{"v":0.14,"d":"14.00%"},{"v":0.18,"d":"18.00%"},{"v":0.22,"d":"22.00%"},{"v":0.18,"d":"18.00%"},{"v":0,"d":"0.00%"},{"v":0,"d":"0.00%"}]
[null,null,{"$error":"#REF!"},{"$error":"#REF!"},{"$error":"#REF!"},{"$error":"#REF!"},{"$nulls":7},{"v":0.04,"d":"4.00%"},{"v":0.05,"d":"5.00%"},{"v":0.08,"d":"8.00%"},{"v":0.11,"d":"11.00%"},{"v":0.14,"d":"14.00%"},{"v":0.18,"d":"18.00%"},{"v":0.22,"d":"22.00%"},{"v":0.18,"d":"18.00%"}]
[null,424,"SUMINISTRO E INSTALACION DE VALVULA DE BOLA PVC D= 2 plg ROSCABLE","u",{"v":3,"d":"3.00000"},{"v":53.16,"d":"$ 53.16000"},{"v":159.48,"d":"$ 159.48000"},0,0,0,0,0,0,{"v":6.3792,"d":"6.37920"},{"v":7.974,"d":"7.97400"},{"v":12.7584,"d":"12.75840"},{"v":17.5428,"d":"17.54280"},{"v":22.3272,"d":"22.32720"},{"v":28.7064,"d":"28.70640"},{"v":35.0856,"d":"35.08560"},{"v":28.7064,"d":"28.70640"},0,0]
[null,null,{"$error":"#REF!"},{"$error":"#REF!"},{"$error":"#REF!"},{"$error":"#REF!"},null,{"v":0,"d":"0.00%"},{"v":0,"d":"0.00%"},{"v":0,"d":"0.00%"},{"v":0,"d":"0.00%"},{"v":0,"d":"0.00%"},{"v":0,"d":"0.00%"},{"v":0.04,"d":"4.00%"},{"v":0.05,"d":"5.00%"},{"v":0.08,"d":"8.00%"},{"v":0.11,"d":"11.00%"},{"v":0.14,"d":"14.00%"},{"v":0.18,"d":"18.00%"},{"v":0.22,"d":"22.00%"},{"v":0.18,"d":"18.00%"},{"v":0,"d":"0.00%"},{"v":0,"d":"0.00%"}]
[null,null,{"$error":"#REF!"},{"$error":"#REF!"},{"$error":"#REF!"},{"$error":"#REF!"},{"$nulls":7},{"v":0.04,"d":"4.00%"},{"v":0.05,"d":"5.00%"},{"v":0.08,"d":"8.00%"},{"v":0.11,"d":"11.00%"},{"v":0.14,"d":"14.00%"},{"v":0.18,"d":"18.00%"},{"v":0.22,"d":"22.00%"},{"v":0.18,"d":"18.00%"}]
[null,425,"SUMINISTRO E INSTALACION DE VALVULA DE BOLA PVC D= 2 1/2 plg ROSCABLE","u",{"v":4,"d":"4.00000"},{"v":63.81,"d":"$ 63.81000"},{"v":255.24,"d":"$ 255.24000"},0,0,0,0,0,0,{"v":10.2096,"d":"10.20960"},{"v":12.762,"d":"12.76200"},{"v":20.4192,"d":"20.41920"},{"v":28.0764,"d":"28.07640"},{"v":35.7336,"d":"35.73360"},{"v":45.9432,"d":"45.94320"},{"v":56.1528,"d":"56.15280"},{"v":45.9432,"d":"45.94320"},0,0]
[null,null,{"$error":"#REF!"},{"$error":"#REF!"},{"$error":"#REF!"},{"$error":"#REF!"},null,{"v":0,"d":"0.00%"},{"v":0,"d":"0.00%"},{"v":0,"d":"0.00%"},{"v":0,"d":"0.00%"},{"v":0,"d":"0.00%"},{"v":0,"d":"0.00%"},{"v":0.04,"d":"4.00%"},{"v":0.05,"d":"5.00%"},{"v":0.08,"d":"8.00%"},{"v":0.11,"d":"11.00%"},{"v":0.14,"d":"14.00%"},{"v":0.18,"d":"18.00%"},{"v":0.22,"d":"22.00%"},{"v":0.18,"d":"18.00%"},{"v":0,"d":"0.00%"},{"v":0,"d":"0.00%"}]
[null,null,{"$error":"#REF!"},{"$error":"#REF!"},{"$error":"#REF!"},{"$error":"#REF!"},{"$nulls":7},{"v":0.04,"d":"4.00%"},{"v":0.05,"d":"5.00%"},{"v":0.08,"d":"8.00%"},{"v":0.11,"d":"11.00%"},{"v":0.14,"d":"14.00%"},{"v":0.18,"d":"18.00%"},{"v":0.22,"d":"22.00%"},{"v":0.18,"d":"18.00%"}]
[null,426,"HORMIGON PREMEZCLADO F´C=280 Kg/cm2 INCLUYE ENCOFRADO","m3",{"v":1.5,"d":"1.50000"},{"v":362.88,"d":"$ 362.88000"},{"v":544.3199999999999,"d":"$ 544.32000"},0,0,0,0,0,0,{"v":21.772799999999997,"d":"21.77280"},{"v":27.215999999999998,"d":"27.21600"},{"v":43.54559999999999,"d":"43.54560"},{"v":59.87519999999999,"d":"59.87520"},{"v":76.20479999999999,"d":"76.20480"},{"v":97.97759999999998,"d":"97.97760"},{"v":119.75039999999998,"d":"119.75040"},{"v":97.97759999999998,"d":"97.97760"},0,0]
[null,null,{"$error":"#REF!"},{"$error":"#REF!"},{"$error":"#REF!"},{"$error":"#REF!"},null,{"v":0,"d":"0.00%"},{"v":0,"d":"0.00%"},{"v":0,"d":"0.00%"},{"v":0,"d":"0.00%"},{"v":0,"d":"0.00%"},{"v":0,"d":"0.00%"},{"v":0.04,"d":"4.00%"},{"v":0.05,"d":"5.00%"},{"v":0.08,"d":"8.00%"},{"v":0.11,"d":"11.00%"},{"v":0.14,"d":"14.00%"},{"v":0.18,"d":"18.00%"},{"v":0.22,"d":"22.00%"},{"v":0.18,"d":"18.00%"},{"v":0,"d":"0.00%"},{"v":0,"d":"0.00%"}]
[null,null,{"$error":"#REF!"},{"$error":"#REF!"},{"$error":"#REF!"},{"$error":"#REF!"},{"$nulls":7},{"v":0.04,"d":"4.00%"},{"v":0.05,"d":"5.00%"},{"v":0.08,"d":"8.00%"},{"v":0.11,"d":"11.00%"},{"v":0.14,"d":"14.00%"},{"v":0.18,"d":"18.00%"},{"v":0.22,"d":"22.00%"},{"v":0.18,"d":"18.00%"}]
[null,427,"HORMIGON PREMEZCLADO F´C=210 Kg/cm2 INCLUYE ENCOFRADO","m3",{"v":34.3,"d":"34.30000"},{"v":226.64,"d":"$ 226.64000"},{"v":7773.751999999999,"d":"$ 7,773.75200"},0,0,0,0,0,0,{"v":310.95007999999996,"d":"310.95008"},{"v":388.6876,"d":"388.68760"},{"v":621.9001599999999,"d":"621.90016"},{"v":855.1127199999999,"d":"855.11272"},{"v":1088.3252799999998,"d":"1,088.32528"},{"v":1399.2753599999996,"d":"1,399.27536"},{"v":1710.2254399999997,"d":"1,710.22544"},{"v":1399.2753599999996,"d":"1,399.27536"},0,0]
[null,null,{"$error":"#REF!"},{"$error":"#REF!"},{"$error":"#REF!"},{"$error":"#REF!"},null,{"v":0,"d":"0.00%"},{"v":0,"d":"0.00%"},{"v":0,"d":"0.00%"},{"v":0,"d":"0.00%"},{"v":0,"d":"0.00%"},{"v":0,"d":"0.00%"},{"v":0.04,"d":"4.00%"},{"v":0.05,"d":"5.00%"},{"v":0.08,"d":"8.00%"},{"v":0.11,"d":"11.00%"},{"v":0.14,"d":"14.00%"},{"v":0.18,"d":"18.00%"},{"v":0.22,"d":"22.00%"},{"v":0.18,"d":"18.00%"},{"v":0,"d":"0.00%"},{"v":0,"d":"0.00%"}]
[null,null,{"$error":"#REF!"},{"$error":"#REF!"},{"$error":"#REF!"},{"$error":"#REF!"},{"$nulls":7},{"v":0.04,"d":"4.00%"},{"v":0.05,"d":"5.00%"},{"v":0.08,"d":"8.00%"},{"v":0.11,"d":"11.00%"},{"v":0.14,"d":"14.00%"},{"v":0.18,"d":"18.00%"},{"v":0.22,"d":"22.00%"},{"v":0.18,"d":"18.00%"}]
[null,428,"ACERO DE REFUERZO EN BARRAS FY=4200 Kg/cm2","Kg",{"v":4502,"d":"4502.00000"},{"v":2.32,"d":"$ 2.32000"},{"v":10444.64,"d":"$ 10,444.64000"},0,0,0,0,0,0,{"v":417.7856,"d":"417.78560"},{"v":522.232,"d":"522.23200"},{"v":835.5712,"d":"835.57120"},{"v":1148.9104,"d":"1,148.91040"},{"v":1462.2496,"d":"1,462.24960"},{"v":1880.0351999999998,"d":"1,880.03520"},{"v":2297.8208,"d":"2,297.82080"},{"v":1880.0351999999998,"d":"1,880.03520"},0,0]
[null,null,{"$error":"#REF!"},{"$error":"#REF!"},{"$error":"#REF!"},{"$error":"#REF!"},null,{"v":0,"d":"0.00%"},{"v":0,"d":"0.00%"},{"v":0,"d":"0.00%"},{"v":0,"d":"0.00%"},{"v":0,"d":"0.00%"},{"v":0,"d":"0.00%"},{"v":0.04,"d":"4.00%"},{"v":0.05,"d":"5.00%"},{"v":0.08,"d":"8.00%"},{"v":0.11,"d":"11.00%"},{"v":0.14,"d":"14.00%"},{"v":0.18,"d":"18.00%"},{"v":0.22,"d":"22.00%"},{"v":0.18,"d":"18.00%"},{"v":0,"d":"0.00%"},{"v":0,"d":"0.00%"}]
[null,null,{"$error":"#REF!"},{"$error":"#REF!"},{"$error":"#REF!"},{"$error":"#REF!"},{"$nulls":7},{"v":0.04,"d":"4.00%"},{"v":0.05,"d":"5.00%"},{"v":0.08,"d":"8.00%"},{"v":0.11,"d":"11.00%"},{"v":0.14,"d":"14.00%"},{"v":0.18,"d":"18.00%"},{"v":0.22,"d":"22.00%"},{"v":0.18,"d":"18.00%"}]
[null,429,"EXCAVACION MECANICA EN SUELO SIN CLASIFICAR 0,00 < H < 2,00m","m3",{"v":45.4,"d":"45.40000"},{"v":3.84,"d":"$ 3.84000"},{"v":174.33599999999998,"d":"$ 174.33600"},0,0,0,0,0,0,{"v":6.973439999999999,"d":"6.97344"},{"v":8.7168,"d":"8.71680"},{"v":13.946879999999998,"d":"13.94688"},{"v":19.176959999999998,"d":"19.17696"},24.40704,{"v":31.380479999999995,"d":"31.38048"},{"v":38.353919999999995,"d":"38.35392"},{"v":31.380479999999995,"d":"31.38048"},0,0]
[null,null,{"$error":"#REF!"},{"$error":"#REF!"},{"$error":"#REF!"},{"$error":"#REF!"},null,{"v":0,"d":"0.00%"},{"v":0,"d":"0.00%"},{"v":0,"d":"0.00%"},{"v":0,"d":"0.00%"},{"v":0,"d":"0.00%"},{"v":0,"d":"0.00%"},{"v":0.04,"d":"4.00%"},{"v":0.05,"d":"5.00%"},{"v":0.08,"d":"8.00%"},{"v":0.11,"d":"11.00%"},{"v":0.14,"d":"14.00%"},{"v":0.18,"d":"18.00%"},{"v":0.22,"d":"22.00%"},{"v":0.18,"d":"18.00%"},{"v":0,"d":"0.00%"},{"v":0,"d":"0.00%"}]
[null,null,{"$error":"#REF!"},{"$error":"#REF!"},{"$error":"#REF!"},{"$error":"#REF!"},{"$nulls":7},{"v":0.04,"d":"4.00%"},{"v":0.05,"d":"5.00%"},{"v":0.08,"d":"8.00%"},{"v":0.11,"d":"11.00%"},{"v":0.14,"d":"14.00%"},{"v":0.18,"d":"18.00%"},{"v":0.22,"d":"22.00%"},{"v":0.18,"d":"18.00%"}]
[null,430,"DESALOJO DEL MATERIAL SOBRANTE (BOTADERO MUNICIPAL)","m3",{"v":16.8,"d":"16.80000"},{"v":3.5,"d":"$ 3.50000"},{"v":58.800000000000004,"d":"$ 58.80000"},0,0,0,0,0,0,{"v":2.3520000000000003,"d":"2.35200"},{"v":2.9400000000000004,"d":"2.94000"},{"v":4.704000000000001,"d":"4.70400"},{"v":6.468000000000001,"d":"6.46800"},{"v":8.232000000000001,"d":"8.23200"},{"v":10.584,"d":"10.58400"},{"v":12.936000000000002,"d":"12.93600"},{"v":10.584,"d":"10.58400"},0,0]
[null,null,{"$error":"#REF!"},{"$error":"#REF!"},{"$error":"#REF!"},{"$error":"#REF!"},null,{"v":0,"d":"0.00%"},{"v":0,"d":"0.00%"},{"v":0,"d":"0.00%"},{"v":0,"d":"0.00%"},{"v":0,"d":"0.00%"},{"v":0,"d":"0.00%"},{"v":0.04,"d":"4.00%"},{"v":0.05,"d":"5.00%"},{"v":0.08,"d":"8.00%"},{"v":0.11,"d":"11.00%"},{"v":0.14,"d":"14.00%"},{"v":0.18,"d":"18.00%"},{"v":0.22,"d":"22.00%"},{"v":0.18,"d":"18.00%"},{"v":0,"d":"0.00%"},{"v":0,"d":"0.00%"}]
[null,null,{"$error":"#REF!"},{"$error":"#REF!"},{"$error":"#REF!"},{"$error":"#REF!"},{"$nulls":7},{"v":0.04,"d":"4.00%"},{"v":0.05,"d":"5.00%"},{"v":0.08,"d":"8.00%"},{"v":0.11,"d":"11.00%"},{"v":0.14,"d":"14.00%"},{"v":0.18,"d":"18.00%"},{"v":0.22,"d":"22.00%"},{"v":0.18,"d":"18.00%"}]
[null,431,"RELLENO COMPACTADO CON VIBROAPISONADOR, MATERIAL DE SITIO","m3",{"v":28.6,"d":"28.60000"},{"v":4.35,"d":"$ 4.35000"},{"v":124.41,"d":"$ 124.41000"},0,0,0,0,0,0,{"v":4.9764,"d":"4.97640"},{"v":6.2205,"d":"6.22050"},{"v":9.9528,"d":"9.95280"},{"v":13.6851,"d":"13.68510"},{"v":17.4174,"d":"17.41740"},{"v":22.3938,"d":"22.39380"},{"v":27.3702,"d":"27.37020"},{"v":22.3938,"d":"22.39380"},0,0]
[null,null,{"$error":"#REF!"},{"$error":"#REF!"},{"$error":"#REF!"},{"$error":"#REF!"},null,{"v":0,"d":"0.00%"},{"v":0,"d":"0.00%"},{"v":0,"d":"0.00%"},{"v":0,"d":"0.00%"},{"v":0,"d":"0.00%"},{"v":0,"d":"0.00%"},{"v":0.04,"d":"4.00%"},{"v":0.05,"d":"5.00%"},{"v":0.08,"d":"8.00%"},{"v":0.11,"d":"11.00%"},{"v":0.14,"d":"14.00%"},{"v":0.18,"d":"18.00%"},{"v":0.22,"d":"22.00%"},{"v":0.18,"d":"18.00%"},{"v":0,"d":"0.00%"},{"v":0,"d":"0.00%"}]
[null,null,{"$error":"#REF!"},{"$error":"#REF!"},{"$error":"#REF!"},{"$error":"#REF!"},{"$nulls":7},{"v":0.04,"d":"4.00%"},{"v":0.05,"d":"5.00%"},{"v":0.08,"d":"8.00%"},{"v":0.11,"d":"11.00%"},{"v":0.14,"d":"14.00%"},{"v":0.18,"d":"18.00%"},{"v":0.22,"d":"22.00%"},{"v":0.18,"d":"18.00%"}]
[null,432,"SUMINISTRO E INSTALACION DE TAPA DE H.A. (700x700)mm","u",{"v":14,"d":"14.00000"},{"v":164.6,"d":"$ 164.60000"},{"v":2304.4,"d":"$ 2,304.40000"},0,0,0,0,0,0,{"v":92.176,"d":"92.17600"},{"v":115.22000000000001,"d":"115.22000"},{"v":184.352,"d":"184.35200"},{"v":253.484,"d":"253.48400"},{"v":322.61600000000004,"d":"322.61600"},{"v":414.792,"d":"414.79200"},{"v":506.968,"d":"506.96800"},{"v":414.792,"d":"414.79200"},0,0]
[null,null,{"$error":"#REF!"},{"$error":"#REF!"},{"$error":"#REF!"},{"$error":"#REF!"},null,{"v":0,"d":"0.00%"},{"v":0,"d":"0.00%"},{"v":0,"d":"0.00%"},{"v":0,"d":"0.00%"},{"v":0,"d":"0.00%"},{"v":0,"d":"0.00%"},{"v":0.04,"d":"4.00%"},{"v":0.05,"d":"5.00%"},{"v":0.08,"d":"8.00%"},{"v":0.11,"d":"11.00%"},{"v":0.14,"d":"14.00%"},{"v":0.18,"d":"18.00%"},{"v":0.22,"d":"22.00%"},{"v":0.18,"d":"18.00%"},{"v":0,"d":"0.00%"},{"v":0,"d":"0.00%"}]
[null,null,{"$error":"#REF!"},{"$error":"#REF!"},{"$error":"#REF!"},{"$error":"#REF!"},{"$nulls":7},{"v":0.04,"d":"4.00%"},{"v":0.05,"d":"5.00%"},{"v":0.08,"d":"8.00%"},{"v":0.11,"d":"11.00%"},{"v":0.14,"d":"14.00%"},{"v":0.18,"d":"18.00%"},{"v":0.22,"d":"22.00%"},{"v":0.18,"d":"18.00%"}]
[null,433,"SUMINISTRO E INSTALACION DE HIDRANTE TIPO TRAFICO D=110 mm (INCLUYE ACCESORIOS)","u",{"v":3,"d":"3.00000"},{"v":1385.04,"d":"$ 1,385.04000"},{"v":4155.12,"d":"$ 4,155.12000"},0,0,0,0,0,0,{"v":166.2048,"d":"166.20480"},{"v":207.756,"d":"207.75600"},{"v":332.4096,"d":"332.40960"},{"v":457.0632,"d":"457.06320"},{"v":581.7168,"d":"581.71680"},{"v":747.9215999999999,"d":"747.92160"},{"v":914.1264,"d":"914.12640"},{"v":747.9215999999999,"d":"747.92160"},0,0]
[null,null,{"$error":"#REF!"},{"$error":"#REF!"},{"$error":"#REF!"},{"$error":"#REF!"},null,{"v":0,"d":"0.00%"},{"v":0,"d":"0.00%"},{"v":0,"d":"0.00%"},{"v":0,"d":"0.00%"},{"v":0,"d":"0.00%"},{"v":0,"d":"0.00%"},{"v":0.04,"d":"4.00%"},{"v":0.05,"d":"5.00%"},{"v":0.08,"d":"8.00%"},{"v":0.11,"d":"11.00%"},{"v":0.14,"d":"14.00%"},{"v":0.18,"d":"18.00%"},{"v":0.22,"d":"22.00%"},{"v":0.18,"d":"18.00%"},{"v":0,"d":"0.00%"},{"v":0,"d":"0.00%"}]
[null,null,{"$error":"#REF!"},{"$error":"#REF!"},{"$error":"#REF!"},{"$error":"#REF!"},{"$nulls":7},{"v":0.04,"d":"4.00%"},{"v":0.05,"d":"5.00%"},{"v":0.08,"d":"8.00%"},{"v":0.11,"d":"11.00%"},{"v":0.14,"d":"14.00%"},{"v":0.18,"d":"18.00%"},{"v":0.22,"d":"22.00%"},{"v":0.18,"d":"18.00%"}]
[null,434,"SUMINISTRO E INSTALACION DE TRAMO DE TUBERIA PVC/UE D = 110 mm 0.80 MPA (INCLUYE UNION ELASTOMERICA)","m",{"v":4,"d":"4.00000"},{"v":12.71,"d":"$ 12.71000"},{"v":50.84,"d":"$ 50.84000"},0,0,0,0,0,0,{"v":2.0336000000000003,"d":"2.03360"},{"v":2.5420000000000003,"d":"2.54200"},{"v":4.067200000000001,"d":"4.06720"},{"v":5.5924000000000005,"d":"5.59240"},{"v":7.117600000000001,"d":"7.11760"},{"v":9.151200000000001,"d":"9.15120"},{"v":11.184800000000001,"d":"11.18480"},{"v":9.151200000000001,"d":"9.15120"},0,0]
[null,null,{"$error":"#REF!"},{"$error":"#REF!"},{"$error":"#REF!"},{"$error":"#REF!"},null,{"v":0,"d":"0.00%"},{"v":0,"d":"0.00%"},{"v":0,"d":"0.00%"},{"v":0,"d":"0.00%"},{"v":0,"d":"0.00%"},{"v":0,"d":"0.00%"},{"v":0.04,"d":"4.00%"},{"v":0.05,"d":"5.00%"},{"v":0.08,"d":"8.00%"},{"v":0.11,"d":"11.00%"},{"v":0.14,"d":"14.00%"},{"v":0.18,"d":"18.00%"},{"v":0.22,"d":"22.00%"},{"v":0.18,"d":"18.00%"},{"v":0,"d":"0.00%"},{"v":0,"d":"0.00%"}]
[null,null,{"$error":"#REF!"},{"$error":"#REF!"},{"$error":"#REF!"},{"$error":"#REF!"},{"$nulls":7},{"v":0.04,"d":"4.00%"},{"v":0.05,"d":"5.00%"},{"v":0.08,"d":"8.00%"},{"v":0.11,"d":"11.00%"},{"v":0.14,"d":"14.00%"},{"v":0.18,"d":"18.00%"},{"v":0.22,"d":"22.00%"},{"v":0.18,"d":"18.00%"}]
[null,435,"SUMINISTRO E INSTALACION DE REDUCTOR PVC/UE 110 A 90 mm","u",{"v":6,"d":"6.00000"},{"v":23.04,"d":"$ 23.04000"},{"v":138.24,"d":"$ 138.24000"},0,0,0,0,0,0,{"v":5.5296,"d":"5.52960"},{"v":6.912000000000001,"d":"6.91200"},{"v":11.0592,"d":"11.05920"},{"v":15.2064,"d":"15.20640"},{"v":19.353600000000004,"d":"19.35360"},{"v":24.883200000000002,"d":"24.88320"},{"v":30.4128,"d":"30.41280"},{"v":24.883200000000002,"d":"24.88320"},0,0]
[null,null,{"$error":"#REF!"},{"$error":"#REF!"},{"$error":"#REF!"},{"$error":"#REF!"},null,{"v":0,"d":"0.00%"},{"v":0,"d":"0.00%"},{"v":0,"d":"0.00%"},{"v":0,"d":"0.00%"},{"v":0,"d":"0.00%"},{"v":0,"d":"0.00%"},{"v":0.04,"d":"4.00%"},{"v":0.05,"d":"5.00%"},{"v":0.08,"d":"8.00%"},{"v":0.11,"d":"11.00%"},{"v":0.14,"d":"14.00%"},{"v":0.18,"d":"18.00%"},{"v":0.22,"d":"22.00%"},{"v":0.18,"d":"18.00%"},{"v":0,"d":"0.00%"},{"v":0,"d":"0.00%"}]
[null,null,{"$error":"#REF!"},{"$error":"#REF!"},{"$error":"#REF!"},{"$error":"#REF!"},{"$nulls":7},{"v":0.04,"d":"4.00%"},{"v":0.05,"d":"5.00%"},{"v":0.08,"d":"8.00%"},{"v":0.11,"d":"11.00%"},{"v":0.14,"d":"14.00%"},{"v":0.18,"d":"18.00%"},{"v":0.22,"d":"22.00%"},{"v":0.18,"d":"18.00%"}]
[null,436,"SUMINISTRO E INSTALACION DE UNION MECANICA 90mm","u",{"v":6,"d":"6.00000"},{"v":66.19,"d":"$ 66.19000"},{"v":397.14,"d":"$ 397.14000"},0,0,0,0,0,0,{"v":15.8856,"d":"15.88560"},{"v":19.857,"d":"19.85700"},{"v":31.7712,"d":"31.77120"},{"v":43.6854,"d":"43.68540"},{"v":55.5996,"d":"55.59960"},{"v":71.48519999999999,"d":"71.48520"},{"v":87.3708,"d":"87.37080"},{"v":71.48519999999999,"d":"71.48520"},0,0]
[null,null,{"$error":"#REF!"},{"$error":"#REF!"},{"$error":"#REF!"},{"$error":"#REF!"},null,{"v":0,"d":"0.00%"},{"v":0,"d":"0.00%"},{"v":0,"d":"0.00%"},{"v":0,"d":"0.00%"},{"v":0,"d":"0.00%"},{"v":0,"d":"0.00%"},{"v":0.04,"d":"4.00%"},{"v":0.05,"d":"5.00%"},{"v":0.08,"d":"8.00%"},{"v":0.11,"d":"11.00%"},{"v":0.14,"d":"14.00%"},{"v":0.18,"d":"18.00%"},{"v":0.22,"d":"22.00%"},{"v":0.18,"d":"18.00%"},{"v":0,"d":"0.00%"},{"v":0,"d":"0.00%"}]
[null,null,{"$error":"#REF!"},{"$error":"#REF!"},{"$error":"#REF!"},{"$error":"#REF!"},{"$nulls":7},{"v":0.04,"d":"4.00%"},{"v":0.05,"d":"5.00%"},{"v":0.08,"d":"8.00%"},{"v":0.11,"d":"11.00%"},{"v":0.14,"d":"14.00%"},{"v":0.18,"d":"18.00%"},{"v":0.22,"d":"22.00%"},{"v":0.18,"d":"18.00%"}]
[null,437,"SUMINISTRO E INSTALACION DE VALVULA COMPUERTA VASTAGO FIJO EXTREMOS LISOS D=110 mm PN10 (INCLUYE CAJETIN)","u",{"v":3,"d":"3.00000"},{"v":649.08,"d":"$ 649.08000"},{"v":1947.2400000000002,"d":"$ 1,947.24000"},0,0,0,0,0,0,{"v":77.88960000000002,"d":"77.88960"},{"v":97.36200000000002,"d":"97.36200"},{"v":155.77920000000003,"d":"155.77920"},{"v":214.19640000000004,"d":"214.19640"},{"v":272.6136000000001,"d":"272.61360"},{"v":350.50320000000005,"d":"350.50320"},{"v":428.3928000000001,"d":"428.39280"},{"v":350.50320000000005,"d":"350.50320"},0,0]
[null,null,{"$error":"#REF!"},{"$error":"#REF!"},{"$error":"#REF!"},{"$error":"#REF!"},null,{"v":0,"d":"0.00%"},{"v":0,"d":"0.00%"},{"v":0,"d":"0.00%"},{"v":0,"d":"0.00%"},{"v":0,"d":"0.00%"},{"v":0,"d":"0.00%"},{"v":0.04,"d":"4.00%"},{"v":0.05,"d":"5.00%"},{"v":0.08,"d":"8.00%"},{"v":0.11,"d":"11.00%"},{"v":0.14,"d":"14.00%"},{"v":0.18,"d":"18.00%"},{"v":0.22,"d":"22.00%"},{"v":0.18,"d":"18.00%"},{"v":0,"d":"0.00%"},{"v":0,"d":"0.00%"}]
[null,null,{"$error":"#REF!"},{"$error":"#REF!"},{"$error":"#REF!"},{"$error":"#REF!"},{"$nulls":7},{"v":0.04,"d":"4.00%"},{"v":0.05,"d":"5.00%"},{"v":0.08,"d":"8.00%"},{"v":0.11,"d":"11.00%"},{"v":0.14,"d":"14.00%"},{"v":0.18,"d":"18.00%"},{"v":0.22,"d":"22.00%"},{"v":0.18,"d":"18.00%"}]
[null,438,"SUMINISTRO E INSTALACION DE TAPA DE HF 3\"","u",{"v":3,"d":"3.00000"},{"v":50.55,"d":"$ 50.55000"},{"v":151.64999999999998,"d":"$ 151.65000"},0,0,0,0,0,0,{"v":6.065999999999999,"d":"6.06600"},{"v":7.5825,"d":"7.58250"},{"v":12.131999999999998,"d":"12.13200"},{"v":16.681499999999996,"d":"16.68150"},{"v":21.230999999999998,"d":"21.23100"},{"v":27.296999999999993,"d":"27.29700"},{"v":33.36299999999999,"d":"33.36300"},{"v":27.296999999999993,"d":"27.29700"},0,0]
[null,null,{"$error":"#REF!"},{"$error":"#REF!"},{"$error":"#REF!"},{"$error":"#REF!"},null,{"v":0,"d":"0.00%"},{"v":0,"d":"0.00%"},{"v":0,"d":"0.00%"},{"v":0,"d":"0.00%"},{"v":0,"d":"0.00%"},{"v":0,"d":"0.00%"},{"v":0.04,"d":"4.00%"},{"v":0.05,"d":"5.00%"},{"v":0.08,"d":"8.00%"},{"v":0.11,"d":"11.00%"},{"v":0.14,"d":"14.00%"},{"v":0.18,"d":"18.00%"},{"v":0.22,"d":"22.00%"},{"v":0.18,"d":"18.00%"},{"v":0,"d":"0.00%"},{"v":0,"d":"0.00%"}]
[null,null,{"$error":"#REF!"},{"$error":"#REF!"},{"$error":"#REF!"},{"$error":"#REF!"},{"$nulls":7},{"v":0.04,"d":"4.00%"},{"v":0.05,"d":"5.00%"},{"v":0.08,"d":"8.00%"},{"v":0.11,"d":"11.00%"},{"v":0.14,"d":"14.00%"},{"v":0.18,"d":"18.00%"},{"v":0.22,"d":"22.00%"},{"v":0.18,"d":"18.00%"}]
[null,439,"SUMINISTRO E INSTALACION DE CODO 45' PVC 110 mm UZ","u",{"v":6,"d":"6.00000"},{"v":23.83,"d":"$ 23.83000"},{"v":142.98,"d":"$ 142.98000"},0,0,0,0,0,0,{"v":5.7192,"d":"5.71920"},{"v":7.149,"d":"7.14900"},{"v":11.4384,"d":"11.43840"},{"v":15.727799999999998,"d":"15.72780"},{"v":20.0172,"d":"20.01720"},{"v":25.736399999999996,"d":"25.73640"},{"v":31.455599999999997,"d":"31.45560"},{"v":25.736399999999996,"d":"25.73640"},0,0]
[null,null,{"$error":"#REF!"},{"$error":"#REF!"},{"$error":"#REF!"},{"$error":"#REF!"},null,{"v":0,"d":"0.00%"},{"v":0,"d":"0.00%"},{"v":0,"d":"0.00%"},{"v":0,"d":"0.00%"},{"v":0,"d":"0.00%"},{"v":0,"d":"0.00%"},{"v":0.04,"d":"4.00%"},{"v":0.05,"d":"5.00%"},{"v":0.08,"d":"8.00%"},{"v":0.11,"d":"11.00%"},{"v":0.14,"d":"14.00%"},{"v":0.18,"d":"18.00%"},{"v":0.22,"d":"22.00%"},{"v":0.18,"d":"18.00%"},{"v":0,"d":"0.00%"},{"v":0,"d":"0.00%"}]
[null,null,{"$error":"#REF!"},{"$error":"#REF!"},{"$error":"#REF!"},{"$error":"#REF!"},{"$nulls":7},{"v":0.04,"d":"4.00%"},{"v":0.05,"d":"5.00%"},{"v":0.08,"d":"8.00%"},{"v":0.11,"d":"11.00%"},{"v":0.14,"d":"14.00%"},{"v":0.18,"d":"18.00%"},{"v":0.22,"d":"22.00%"},{"v":0.18,"d":"18.00%"}]
[null,440,"SUMINISTRO E INSTALACION DE TEE PVC/UE D = 90 mm","u",{"v":3,"d":"3.00000"},{"v":34.38,"d":"$ 34.38000"},{"v":103.14000000000001,"d":"$ 103.14000"},0,0,0,0,0,0,{"v":4.1256,"d":"4.12560"},{"v":5.157000000000001,"d":"5.15700"},{"v":8.2512,"d":"8.25120"},{"v":11.345400000000001,"d":"11.34540"},{"v":14.439600000000004,"d":"14.43960"},{"v":18.5652,"d":"18.56520"},{"v":22.690800000000003,"d":"22.69080"},{"v":18.5652,"d":"18.56520"},0,0]
[null,null,{"$error":"#REF!"},{"$error":"#REF!"},{"$error":"#REF!"},{"$error":"#REF!"},null,{"v":0,"d":"0.00%"},{"v":0,"d":"0.00%"},{"v":0,"d":"0.00%"},{"v":0,"d":"0.00%"},{"v":0,"d":"0.00%"},{"v":0,"d":"0.00%"},{"v":0.04,"d":"4.00%"},{"v":0.05,"d":"5.00%"},{"v":0.08,"d":"8.00%"},{"v":0.11,"d":"11.00%"},{"v":0.14,"d":"14.00%"},{"v":0.18,"d":"18.00%"},{"v":0.22,"d":"22.00%"},{"v":0.18,"d":"18.00%"},{"v":0,"d":"0.00%"},{"v":0,"d":"0.00%"}]
[null,null,{"$error":"#REF!"},{"$error":"#REF!"},{"$error":"#REF!"},{"$error":"#REF!"},{"$nulls":7},{"v":0.04,"d":"4.00%"},{"v":0.05,"d":"5.00%"},{"v":0.08,"d":"8.00%"},{"v":0.11,"d":"11.00%"},{"v":0.14,"d":"14.00%"},{"v":0.18,"d":"18.00%"},{"v":0.22,"d":"22.00%"},{"v":0.18,"d":"18.00%"}]
[null,441,"SUMINISTRO E INSTALACION DE TEE PVC/UE D = 110 mm","u",{"v":3,"d":"3.00000"},{"v":40.51,"d":"$ 40.51000"},{"v":121.53,"d":"$ 121.53000"},0,0,0,0,0,0,{"v":4.8612,"d":"4.86120"},{"v":6.0765,"d":"6.07650"},{"v":9.7224,"d":"9.72240"},{"v":13.3683,"d":"13.36830"},{"v":17.014200000000002,"d":"17.01420"},{"v":21.8754,"d":"21.87540"},{"v":26.7366,"d":"26.73660"},{"v":21.8754,"d":"21.87540"},0,0]
[null,null,{"$error":"#REF!"},{"$error":"#REF!"},{"$error":"#REF!"},{"$error":"#REF!"},null,{"v":0,"d":"0.00%"},{"v":0,"d":"0.00%"},{"v":0,"d":"0.00%"},{"v":0,"d":"0.00%"},{"v":0,"d":"0.00%"},{"v":0,"d":"0.00%"},{"v":0.04,"d":"4.00%"},{"v":0.05,"d":"5.00%"},{"v":0.08,"d":"8.00%"},{"v":0.11,"d":"11.00%"},{"v":0.14,"d":"14.00%"},{"v":0.18,"d":"18.00%"},{"v":0.22,"d":"22.00%"},{"v":0.18,"d":"18.00%"},{"v":0,"d":"0.00%"},{"v":0,"d":"0.00%"}]
[null,null,{"$error":"#REF!"},{"$error":"#REF!"},{"$error":"#REF!"},{"$error":"#REF!"},{"$nulls":7},{"v":0.04,"d":"4.00%"},{"v":0.05,"d":"5.00%"},{"v":0.08,"d":"8.00%"},{"v":0.11,"d":"11.00%"},{"v":0.14,"d":"14.00%"},{"v":0.18,"d":"18.00%"},{"v":0.22,"d":"22.00%"},{"v":0.18,"d":"18.00%"}]
[null,442,"HORMIGON PREMEZCLADO F´C=180 Kg/cm2, PARA BLOQUES DE ANCLAJES","m3",{"v":0.9,"d":"0.90000"},{"v":188.57,"d":"$ 188.57000"},{"v":169.713,"d":"$ 169.71300"},0,0,0,0,0,0,6.78852,8.48565,13.57704,18.66843,23.75982,{"v":30.548339999999996,"d":"30.54834"},37.33686,{"v":30.548339999999996,"d":"30.54834"},0,0]
[null,null,{"$error":"#REF!"},{"$error":"#REF!"},{"$error":"#REF!"},{"$error":"#REF!"},null,{"v":0,"d":"0.00%"},{"v":0,"d":"0.00%"},{"v":0,"d":"0.00%"},{"v":0,"d":"0.00%"},{"v":0,"d":"0.00%"},{"v":0,"d":"0.00%"},{"v":0.04,"d":"4.00%"},{"v":0.05,"d":"5.00%"},{"v":0.08,"d":"8.00%"},{"v":0.11,"d":"11.00%"},{"v":0.14,"d":"14.00%"},{"v":0.18,"d":"18.00%"},{"v":0.22,"d":"22.00%"},{"v":0.18,"d":"18.00%"},{"v":0,"d":"0.00%"},{"v":0,"d":"0.00%"}]
[null,null,{"$error":"#REF!"},{"$error":"#REF!"},{"$error":"#REF!"},{"$error":"#REF!"},{"$nulls":7},{"v":0.04,"d":"4.00%"},{"v":0.05,"d":"5.00%"},{"v":0.08,"d":"8.00%"},{"v":0.11,"d":"11.00%"},{"v":0.14,"d":"14.00%"},{"v":0.18,"d":"18.00%"},{"v":0.22,"d":"22.00%"},{"v":0.18,"d":"18.00%"}]
[null,443,"SUMINISTRO E INSTALACION DE CAJETIN DE HORMIGON PARA VALVULA","u",{"v":3,"d":"3.00000"},{"v":82.08,"d":"$ 82.08000"},{"v":246.24,"d":"$ 246.24000"},0,0,0,0,0,0,{"v":9.8496,"d":"9.84960"},{"v":12.312000000000001,"d":"12.31200"},{"v":19.6992,"d":"19.69920"},{"v":27.0864,"d":"27.08640"},{"v":34.473600000000005,"d":"34.47360"},{"v":44.3232,"d":"44.32320"},{"v":54.1728,"d":"54.17280"},{"v":44.3232,"d":"44.32320"},0,0]
[null,null,{"$error":"#REF!"},{"$error":"#REF!"},{"$error":"#REF!"},{"$error":"#REF!"},null,{"v":0,"d":"0.00%"},{"v":0,"d":"0.00%"},{"v":0,"d":"0.00%"},{"v":0,"d":"0.00%"},{"v":0,"d":"0.00%"},{"v":0,"d":"0.00%"},{"v":0.04,"d":"4.00%"},{"v":0.05,"d":"5.00%"},{"v":0.08,"d":"8.00%"},{"v":0.11,"d":"11.00%"},{"v":0.14,"d":"14.00%"},{"v":0.18,"d":"18.00%"},{"v":0.22,"d":"22.00%"},{"v":0.18,"d":"18.00%"},{"v":0,"d":"0.00%"},{"v":0,"d":"0.00%"}]
[null,null,{"$error":"#REF!"},{"$error":"#REF!"},{"$error":"#REF!"},{"$error":"#REF!"},{"$nulls":7},{"v":0.04,"d":"4.00%"},{"v":0.05,"d":"5.00%"},{"v":0.08,"d":"8.00%"},{"v":0.11,"d":"11.00%"},{"v":0.14,"d":"14.00%"},{"v":0.18,"d":"18.00%"},{"v":0.22,"d":"22.00%"},{"v":0.18,"d":"18.00%"}]
[null,444,"SUMINISTRO E INSTALACION DE MEDIDOR 1/2\" R100 CHORRO UNICO - REGISTRO COBRE VIDRIO, INCLUYE CAJA DE POLIPROPILENO","u",{"v":28,"d":"28.00000"},{"v":79.43,"d":"$ 79.43000"},{"v":2224.04,"d":"$ 2,224.04000"},0,0,0,0,0,0,{"v":88.9616,"d":"88.96160"},{"v":111.202,"d":"111.20200"},{"v":177.9232,"d":"177.92320"},{"v":244.6444,"d":"244.64440"},{"v":311.36560000000003,"d":"311.36560"},{"v":400.3272,"d":"400.32720"},{"v":489.2888,"d":"489.28880"},{"v":400.3272,"d":"400.32720"},0,0]
[null,null,{"$error":"#REF!"},{"$error":"#REF!"},{"$error":"#REF!"},{"$error":"#REF!"},null,{"v":0,"d":"0.00%"},{"v":0,"d":"0.00%"},{"v":0,"d":"0.00%"},{"v":0,"d":"0.00%"},{"v":0,"d":"0.00%"},{"v":0,"d":"0.00%"},{"v":0.04,"d":"4.00%"},{"v":0.05,"d":"5.00%"},{"v":0.08,"d":"8.00%"},{"v":0.11,"d":"11.00%"},{"v":0.14,"d":"14.00%"},{"v":0.18,"d":"18.00%"},{"v":0.22,"d":"22.00%"},{"v":0.18,"d":"18.00%"},{"v":0,"d":"0.00%"},{"v":0,"d":"0.00%"}]
[null,null,{"$error":"#REF!"},{"$error":"#REF!"},{"$error":"#REF!"},{"$error":"#REF!"},{"$nulls":7},{"v":0.04,"d":"4.00%"},{"v":0.05,"d":"5.00%"},{"v":0.08,"d":"8.00%"},{"v":0.11,"d":"11.00%"},{"v":0.14,"d":"14.00%"},{"v":0.18,"d":"18.00%"},{"v":0.22,"d":"22.00%"},{"v":0.18,"d":"18.00%"}]
[null,445,"SUMINISTRO E INSTALACION DE MEDIDOR 1\" R160 VOLUMETRICO - REGISTRO COBRE VIDRIO, INCLUYE CAJA DE POLIPROPILENO","u",{"v":1,"d":"1.00000"},{"v":466.48,"d":"$ 466.48000"},{"v":466.48,"d":"$ 466.48000"},0,0,0,0,0,0,{"v":18.659200000000002,"d":"18.65920"},{"v":23.324,"d":"23.32400"},{"v":37.318400000000004,"d":"37.31840"},{"v":51.3128,"d":"51.31280"},{"v":65.30720000000001,"d":"65.30720"},{"v":83.96640000000001,"d":"83.96640"},{"v":102.6256,"d":"102.62560"},{"v":83.96640000000001,"d":"83.96640"},0,0]
[null,null,{"$error":"#REF!"},{"$error":"#REF!"},{"$error":"#REF!"},{"$error":"#REF!"},null,{"v":0,"d":"0.00%"},{"v":0,"d":"0.00%"},{"v":0,"d":"0.00%"},{"v":0,"d":"0.00%"},{"v":0,"d":"0.00%"},{"v":0,"d":"0.00%"},{"v":0.04,"d":"4.00%"},{"v":0.05,"d":"5.00%"},{"v":0.08,"d":"8.00%"},{"v":0.11,"d":"11.00%"},{"v":0.14,"d":"14.00%"},{"v":0.18,"d":"18.00%"},{"v":0.22,"d":"22.00%"},{"v":0.18,"d":"18.00%"},{"v":0,"d":"0.00%"},{"v":0,"d":"0.00%"}]
[null,null,{"$error":"#REF!"},{"$error":"#REF!"},{"$error":"#REF!"},{"$error":"#REF!"},{"$nulls":7},{"v":0.04,"d":"4.00%"},{"v":0.05,"d":"5.00%"},{"v":0.08,"d":"8.00%"},{"v":0.11,"d":"11.00%"},{"v":0.14,"d":"14.00%"},{"v":0.18,"d":"18.00%"},{"v":0.22,"d":"22.00%"},{"v":0.18,"d":"18.00%"}]
[null,446,"ACERO DE REFUERZO EN BARRAS FY=4200 Kg/cm2","Kg",{"v":7970,"d":"7970.00000"},{"v":2.32,"d":"$ 2.32000"},{"v":18490.399999999998,"d":"$ 18,490.40000"},0,0,0,0,0,0,{"v":18490.399999999998,"d":"18,490.40000"},0,0,0,0,0,0,0,0,0]
[null,null,{"$error":"#REF!"},{"$error":"#REF!"},{"$error":"#REF!"},{"$error":"#REF!"},null,{"v":0,"d":"0.00%"},{"v":0,"d":"0.00%"},{"v":0,"d":"0.00%"},{"v":0,"d":"0.00%"},{"v":0,"d":"0.00%"},{"v":0,"d":"0.00%"},{"v":1,"d":"100.00%"},{"v":0,"d":"0.00%"},{"v":0,"d":"0.00%"},{"v":0,"d":"0.00%"},{"v":0,"d":"0.00%"},{"v":0,"d":"0.00%"},{"v":0,"d":"0.00%"},{"v":0,"d":"0.00%"},{"v":0,"d":"0.00%"},{"v":0,"d":"0.00%"}]
[null,null,{"$error":"#REF!"},{"$error":"#REF!"},{"$error":"#REF!"},{"$error":"#REF!"},{"$nulls":7},{"v":1,"d":"100.00%"}]
[null,447,"HORMIGON PREMEZCLADO F´C=280 Kg/cm2 INCLUYE ENCOFRADO","m3",{"v":63.2,"d":"63.20000"},{"v":362.88,"d":"$ 362.88000"},{"v":22934.016,"d":"$ 22,934.01600"},0,0,0,0,0,0,{"v":22934.016,"d":"22,934.01600"},0,0,0,0,0,0,0,0,0]
[null,null,{"$error":"#REF!"},{"$error":"#REF!"},{"$error":"#REF!"},{"$error":"#REF!"},null,{"v":0,"d":"0.00%"},{"v":0,"d":"0.00%"},{"v":0,"d":"0.00%"},{"v":0,"d":"0.00%"},{"v":0,"d":"0.00%"},{"v":0,"d":"0.00%"},{"v":1,"d":"100.00%"},{"v":0,"d":"0.00%"},{"v":0,"d":"0.00%"},{"v":0,"d":"0.00%"},{"v":0,"d":"0.00%"},{"v":0,"d":"0.00%"},{"v":0,"d":"0.00%"},{"v":0,"d":"0.00%"},{"v":0,"d":"0.00%"},{"v":0,"d":"0.00%"}]
[null,null,{"$error":"#REF!"},{"$error":"#REF!"},{"$error":"#REF!"},{"$error":"#REF!"},{"$nulls":7},{"v":1,"d":"100.00%"}]
[null,448,"REPLANTEO DE TUBERIAS","m",{"v":663,"d":"663.00000"},{"v":0.64,"d":"$ 0.64000"},{"v":424.32,"d":"$ 424.32000"},0,0,0,0,0,0,{"v":53.04,"d":"53.04000"},{"v":53.04,"d":"53.04000"},{"v":53.04,"d":"53.04000"},{"v":53.04,"d":"53.04000"},{"v":53.04,"d":"53.04000"},{"v":53.04,"d":"53.04000"},{"v":53.04,"d":"53.04000"},{"v":53.04,"d":"53.04000"},0,0]
[null,null,{"$error":"#REF!"},{"$error":"#REF!"},{"$error":"#REF!"},{"$error":"#REF!"},null,{"v":0,"d":"0.00%"},{"v":0,"d":"0.00%"},{"v":0,"d":"0.00%"},{"v":0,"d":"0.00%"},{"v":0,"d":"0.00%"},{"v":0,"d":"0.00%"},{"v":0.125,"d":"12.50%"},{"v":0.125,"d":"12.50%"},{"v":0.125,"d":"12.50%"},{"v":0.125,"d":"12.50%"},{"v":0.125,"d":"12.50%"},{"v":0.125,"d":"12.50%"},{"v":0.125,"d":"12.50%"},{"v":0.125,"d":"12.50%"},{"v":0,"d":"0.00%"},{"v":0,"d":"0.00%"}]
[null,null,{"$error":"#REF!"},{"$error":"#REF!"},{"$error":"#REF!"},{"$error":"#REF!"},{"$nulls":7},{"v":0.125,"d":"12.50%"},{"v":0.125,"d":"12.50%"},{"v":0.125,"d":"12.50%"},{"v":0.125,"d":"12.50%"},{"v":0.125,"d":"12.50%"},{"v":0.125,"d":"12.50%"},{"v":0.125,"d":"12.50%"},{"v":0.125,"d":"12.50%"}]
[null,449,"EXCAVACION MECANICA EN SUELO SIN CLASIFICAR 0,00 < H < 2,00m","m3",{"v":440,"d":"440.00000"},{"v":3.84,"d":"$ 3.84000"},{"v":1689.6,"d":"$ 1,689.60000"},0,0,0,0,0,0,{"v":211.2,"d":"211.20000"},{"v":211.2,"d":"211.20000"},{"v":211.2,"d":"211.20000"},{"v":211.2,"d":"211.20000"},{"v":211.2,"d":"211.20000"},{"v":211.2,"d":"211.20000"},{"v":211.2,"d":"211.20000"},{"v":211.2,"d":"211.20000"},0,0]
[null,null,{"$error":"#REF!"},{"$error":"#REF!"},{"$error":"#REF!"},{"$error":"#REF!"},null,{"v":0,"d":"0.00%"},{"v":0,"d":"0.00%"},{"v":0,"d":"0.00%"},{"v":0,"d":"0.00%"},{"v":0,"d":"0.00%"},{"v":0,"d":"0.00%"},{"v":0.125,"d":"12.50%"},{"v":0.125,"d":"12.50%"},{"v":0.125,"d":"12.50%"},{"v":0.125,"d":"12.50%"},{"v":0.125,"d":"12.50%"},{"v":0.125,"d":"12.50%"},{"v":0.125,"d":"12.50%"},{"v":0.125,"d":"12.50%"},{"v":0,"d":"0.00%"},{"v":0,"d":"0.00%"}]
[null,null,{"$error":"#REF!"},{"$error":"#REF!"},{"$error":"#REF!"},{"$error":"#REF!"},{"$nulls":7},{"v":0.125,"d":"12.50%"},{"v":0.125,"d":"12.50%"},{"v":0.125,"d":"12.50%"},{"v":0.125,"d":"12.50%"},{"v":0.125,"d":"12.50%"},{"v":0.125,"d":"12.50%"},{"v":0.125,"d":"12.50%"},{"v":0.125,"d":"12.50%"}]
[null,450,"DESALOJO DEL MATERIAL SOBRANTE (BOTADERO MUNICIPAL)","m3",{"v":293.61,"d":"293.61000"},{"v":3.5,"d":"$ 3.50000"},{"v":1027.635,"d":"$ 1,027.63500"},0,0,0,0,0,0,{"v":128.454375,"d":"128.45438"},{"v":128.454375,"d":"128.45438"},{"v":128.454375,"d":"128.45438"},{"v":128.454375,"d":"128.45438"},{"v":128.454375,"d":"128.45438"},{"v":128.454375,"d":"128.45438"},{"v":128.454375,"d":"128.45438"},{"v":128.454375,"d":"128.45438"},0,0]
[null,null,{"$error":"#REF!"},{"$error":"#REF!"},{"$error":"#REF!"},{"$error":"#REF!"},null,{"v":0,"d":"0.00%"},{"v":0,"d":"0.00%"},{"v":0,"d":"0.00%"},{"v":0,"d":"0.00%"},{"v":0,"d":"0.00%"},{"v":0,"d":"0.00%"},{"v":0.125,"d":"12.50%"},{"v":0.125,"d":"12.50%"},{"v":0.125,"d":"12.50%"},{"v":0.125,"d":"12.50%"},{"v":0.125,"d":"12.50%"},{"v":0.125,"d":"12.50%"},{"v":0.125,"d":"12.50%"},{"v":0.125,"d":"12.50%"},{"v":0,"d":"0.00%"},{"v":0,"d":"0.00%"}]
[null,null,{"$error":"#REF!"},{"$error":"#REF!"},{"$error":"#REF!"},{"$error":"#REF!"},{"$nulls":7},{"v":0.125,"d":"12.50%"},{"v":0.125,"d":"12.50%"},{"v":0.125,"d":"12.50%"},{"v":0.125,"d":"12.50%"},{"v":0.125,"d":"12.50%"},{"v":0.125,"d":"12.50%"},{"v":0.125,"d":"12.50%"},{"v":0.125,"d":"12.50%"}]
[null,451,"CAMA DE ARENA PARA PROTECCION DE TUBERIAS","m3",{"v":83.63,"d":"83.63000"},{"v":28.83,"d":"$ 28.83000"},{"v":2411.0528999999997,"d":"$ 2,411.05290"},0,0,0,0,0,0,{"v":301.38161249999996,"d":"301.38161"},{"v":301.38161249999996,"d":"301.38161"},{"v":301.38161249999996,"d":"301.38161"},{"v":301.38161249999996,"d":"301.38161"},{"v":301.38161249999996,"d":"301.38161"},{"v":301.38161249999996,"d":"301.38161"},{"v":301.38161249999996,"d":"301.38161"},{"v":301.38161249999996,"d":"301.38161"},0,0]
[null,null,{"$error":"#REF!"},{"$error":"#REF!"},{"$error":"#REF!"},{"$error":"#REF!"},null,{"v":0,"d":"0.00%"},{"v":0,"d":"0.00%"},{"v":0,"d":"0.00%"},{"v":0,"d":"0.00%"},{"v":0,"d":"0.00%"},{"v":0,"d":"0.00%"},{"v":0.125,"d":"12.50%"},{"v":0.125,"d":"12.50%"},{"v":0.125,"d":"12.50%"},{"v":0.125,"d":"12.50%"},{"v":0.125,"d":"12.50%"},{"v":0.125,"d":"12.50%"},{"v":0.125,"d":"12.50%"},{"v":0.125,"d":"12.50%"},{"v":0,"d":"0.00%"},{"v":0,"d":"0.00%"}]
[null,null,{"$error":"#REF!"},{"$error":"#REF!"},{"$error":"#REF!"},{"$error":"#REF!"},{"$nulls":7},{"v":0.125,"d":"12.50%"},{"v":0.125,"d":"12.50%"},{"v":0.125,"d":"12.50%"},{"v":0.125,"d":"12.50%"},{"v":0.125,"d":"12.50%"},{"v":0.125,"d":"12.50%"},{"v":0.125,"d":"12.50%"},{"v":0.125,"d":"12.50%"}]
[null,452,"RELLENO COMPACTADO CON VIBROAPISONADOR, MATERIAL DE SITIO","m3",{"v":162.88,"d":"162.88000"},{"v":4.35,"d":"$ 4.35000"},{"v":708.5279999999999,"d":"$ 708.52800"},0,0,0,0,0,0,{"v":88.56599999999999,"d":"88.56600"},{"v":88.56599999999999,"d":"88.56600"},{"v":88.56599999999999,"d":"88.56600"},{"v":88.56599999999999,"d":"88.56600"},{"v":88.56599999999999,"d":"88.56600"},{"v":88.56599999999999,"d":"88.56600"},{"v":88.56599999999999,"d":"88.56600"},{"v":88.56599999999999,"d":"88.56600"},0,0]
[null,null,{"$error":"#REF!"},{"$error":"#REF!"},{"$error":"#REF!"},{"$error":"#REF!"},null,{"v":0,"d":"0.00%"},{"v":0,"d":"0.00%"},{"v":0,"d":"0.00%"},{"v":0,"d":"0.00%"},{"v":0,"d":"0.00%"},{"v":0,"d":"0.00%"},{"v":0.125,"d":"12.50%"},{"v":0.125,"d":"12.50%"},{"v":0.125,"d":"12.50%"},{"v":0.125,"d":"12.50%"},{"v":0.125,"d":"12.50%"},{"v":0.125,"d":"12.50%"},{"v":0.125,"d":"12.50%"},{"v":0.125,"d":"12.50%"},{"v":0,"d":"0.00%"},{"v":0,"d":"0.00%"}]
[null,null,{"$error":"#REF!"},{"$error":"#REF!"},{"$error":"#REF!"},{"$error":"#REF!"},{"$nulls":7},{"v":0.125,"d":"12.50%"},{"v":0.125,"d":"12.50%"},{"v":0.125,"d":"12.50%"},{"v":0.125,"d":"12.50%"},{"v":0.125,"d":"12.50%"},{"v":0.125,"d":"12.50%"},{"v":0.125,"d":"12.50%"},{"v":0.125,"d":"12.50%"}]
[null,453,"SUMINISTRO E INSTALACION DE MATERIAL SUB-BASE CLASE 1A (INCLUYE TENDIDO CONFORMACION, COMPACTACION Y TRANSPORTE)","m3",{"v":31.94,"d":"31.94000"},{"v":19.99,"d":"$ 19.99000"},{"v":638.4806,"d":"$ 638.48060"},0,0,0,0,0,0,{"v":79.810075,"d":"79.81008"},{"v":79.810075,"d":"79.81008"},{"v":79.810075,"d":"79.81008"},{"v":79.810075,"d":"79.81008"},{"v":79.810075,"d":"79.81008"},{"v":79.810075,"d":"79.81008"},{"v":79.810075,"d":"79.81008"},{"v":79.810075,"d":"79.81008"},0,0]
[null,null,{"$error":"#REF!"},{"$error":"#REF!"},{"$error":"#REF!"},{"$error":"#REF!"},null,{"v":0,"d":"0.00%"},{"v":0,"d":"0.00%"},{"v":0,"d":"0.00%"},{"v":0,"d":"0.00%"},{"v":0,"d":"0.00%"},{"v":0,"d":"0.00%"},{"v":0.125,"d":"12.50%"},{"v":0.125,"d":"12.50%"},{"v":0.125,"d":"12.50%"},{"v":0.125,"d":"12.50%"},{"v":0.125,"d":"12.50%"},{"v":0.125,"d":"12.50%"},{"v":0.125,"d":"12.50%"},{"v":0.125,"d":"12.50%"},{"v":0,"d":"0.00%"},{"v":0,"d":"0.00%"}]
[null,null,{"$error":"#REF!"},{"$error":"#REF!"},{"$error":"#REF!"},{"$error":"#REF!"},{"$nulls":7},{"v":0.125,"d":"12.50%"},{"v":0.125,"d":"12.50%"},{"v":0.125,"d":"12.50%"},{"v":0.125,"d":"12.50%"},{"v":0.125,"d":"12.50%"},{"v":0.125,"d":"12.50%"},{"v":0.125,"d":"12.50%"},{"v":0.125,"d":"12.50%"}]
[null,454,"SUMINISTRO E INSTALACION DE MATERIAL BASE CLASE 1A (INCLUYE TENDIDO, CONFORMACION, COMPACTACION Y TRANSPORTE)","m3",{"v":15.97,"d":"15.97000"},{"v":30.49,"d":"$ 30.49000"},{"v":486.9253,"d":"$ 486.92530"},0,0,0,0,0,0,{"v":60.8656625,"d":"60.86566"},{"v":60.8656625,"d":"60.86566"},{"v":60.8656625,"d":"60.86566"},{"v":60.8656625,"d":"60.86566"},{"v":60.8656625,"d":"60.86566"},{"v":60.8656625,"d":"60.86566"},{"v":60.8656625,"d":"60.86566"},{"v":60.8656625,"d":"60.86566"},0,0]
[null,null,{"$error":"#REF!"},{"$error":"#REF!"},{"$error":"#REF!"},{"$error":"#REF!"},null,{"v":0,"d":"0.00%"},{"v":0,"d":"0.00%"},{"v":0,"d":"0.00%"},{"v":0,"d":"0.00%"},{"v":0,"d":"0.00%"},{"v":0,"d":"0.00%"},{"v":0.125,"d":"12.50%"},{"v":0.125,"d":"12.50%"},{"v":0.125,"d":"12.50%"},{"v":0.125,"d":"12.50%"},{"v":0.125,"d":"12.50%"},{"v":0.125,"d":"12.50%"},{"v":0.125,"d":"12.50%"},{"v":0.125,"d":"12.50%"},{"v":0,"d":"0.00%"},{"v":0,"d":"0.00%"}]
[null,null,{"$error":"#REF!"},{"$error":"#REF!"},{"$error":"#REF!"},{"$error":"#REF!"},{"$nulls":7},{"v":0.125,"d":"12.50%"},{"v":0.125,"d":"12.50%"},{"v":0.125,"d":"12.50%"},{"v":0.125,"d":"12.50%"},{"v":0.125,"d":"12.50%"},{"v":0.125,"d":"12.50%"},{"v":0.125,"d":"12.50%"},{"v":0.125,"d":"12.50%"}]
[null,455,"SUMINISTRO E INSTALACION DE MATERIAL GRANULAR (INCLUYE TENDIDO CONFORMACION Y COMPACTACION)","m3",{"v":87.13,"d":"87.13000"},{"v":23.54,"d":"$ 23.54000"},{"v":2051.0402,"d":"$ 2,051.04020"},0,0,0,0,0,0,{"v":256.380025,"d":"256.38003"},{"v":256.380025,"d":"256.38003"},{"v":256.380025,"d":"256.38003"},{"v":256.380025,"d":"256.38003"},{"v":256.380025,"d":"256.38003"},{"v":256.380025,"d":"256.38003"},{"v":256.380025,"d":"256.38003"},{"v":256.380025,"d":"256.38003"},0,0]
[null,null,{"$error":"#REF!"},{"$error":"#REF!"},{"$error":"#REF!"},{"$error":"#REF!"},null,{"v":0,"d":"0.00%"},{"v":0,"d":"0.00%"},{"v":0,"d":"0.00%"},{"v":0,"d":"0.00%"},{"v":0,"d":"0.00%"},{"v":0,"d":"0.00%"},{"v":0.125,"d":"12.50%"},{"v":0.125,"d":"12.50%"},{"v":0.125,"d":"12.50%"},{"v":0.125,"d":"12.50%"},{"v":0.125,"d":"12.50%"},{"v":0.125,"d":"12.50%"},{"v":0.125,"d":"12.50%"},{"v":0.125,"d":"12.50%"},{"v":0,"d":"0.00%"},{"v":0,"d":"0.00%"}]
[null,null,{"$error":"#REF!"},{"$error":"#REF!"},{"$error":"#REF!"},{"$error":"#REF!"},{"$nulls":7},{"v":0.125,"d":"12.50%"},{"v":0.125,"d":"12.50%"},{"v":0.125,"d":"12.50%"},{"v":0.125,"d":"12.50%"},{"v":0.125,"d":"12.50%"},{"v":0.125,"d":"12.50%"},{"v":0.125,"d":"12.50%"},{"v":0.125,"d":"12.50%"}]
[null,456,"SUMINISTRO E INSTALACION DE PIEDRA 3/4\" (INCLUYE TENDIDO CONFORMACION Y COMPACTACION)","m3",{"v":21.78,"d":"21.78000"},{"v":23.02,"d":"$ 23.02000"},{"v":501.3756,"d":"$ 501.37560"},0,0,0,0,0,0,62.67195,62.67195,62.67195,62.67195,62.67195,62.67195,62.67195,62.67195,0,0]
[null,null,{"$error":"#REF!"},{"$error":"#REF!"},{"$error":"#REF!"},{"$error":"#REF!"},null,{"v":0,"d":"0.00%"},{"v":0,"d":"0.00%"},{"v":0,"d":"0.00%"},{"v":0,"d":"0.00%"},{"v":0,"d":"0.00%"},{"v":0,"d":"0.00%"},{"v":0.125,"d":"12.50%"},{"v":0.125,"d":"12.50%"},{"v":0.125,"d":"12.50%"},{"v":0.125,"d":"12.50%"},{"v":0.125,"d":"12.50%"},{"v":0.125,"d":"12.50%"},{"v":0.125,"d":"12.50%"},{"v":0.125,"d":"12.50%"},{"v":0,"d":"0.00%"},{"v":0,"d":"0.00%"}]
[null,null,{"$error":"#REF!"},{"$error":"#REF!"},{"$error":"#REF!"},{"$error":"#REF!"},{"$nulls":7},{"v":0.125,"d":"12.50%"},{"v":0.125,"d":"12.50%"},{"v":0.125,"d":"12.50%"},{"v":0.125,"d":"12.50%"},{"v":0.125,"d":"12.50%"},{"v":0.125,"d":"12.50%"},{"v":0.125,"d":"12.50%"},{"v":0.125,"d":"12.50%"}]
[null,457,"PERFILADA DE ACERA","m",{"v":83,"d":"83.00000"},{"v":3.42,"d":"$ 3.42000"},{"v":283.86,"d":"$ 283.86000"},0,0,0,0,0,0,{"v":35.4825,"d":"35.48250"},{"v":35.4825,"d":"35.48250"},{"v":35.4825,"d":"35.48250"},{"v":35.4825,"d":"35.48250"},{"v":35.4825,"d":"35.48250"},{"v":35.4825,"d":"35.48250"},{"v":35.4825,"d":"35.48250"},{"v":35.4825,"d":"35.48250"},0,0]
[null,null,{"$error":"#REF!"},{"$error":"#REF!"},{"$error":"#REF!"},{"$error":"#REF!"},null,{"v":0,"d":"0.00%"},{"v":0,"d":"0.00%"},{"v":0,"d":"0.00%"},{"v":0,"d":"0.00%"},{"v":0,"d":"0.00%"},{"v":0,"d":"0.00%"},{"v":0.125,"d":"12.50%"},{"v":0.125,"d":"12.50%"},{"v":0.125,"d":"12.50%"},{"v":0.125,"d":"12.50%"},{"v":0.125,"d":"12.50%"},{"v":0.125,"d":"12.50%"},{"v":0.125,"d":"12.50%"},{"v":0.125,"d":"12.50%"},{"v":0,"d":"0.00%"},{"v":0,"d":"0.00%"}]
[null,null,{"$error":"#REF!"},{"$error":"#REF!"},{"$error":"#REF!"},{"$error":"#REF!"},{"$nulls":7},{"v":0.125,"d":"12.50%"},{"v":0.125,"d":"12.50%"},{"v":0.125,"d":"12.50%"},{"v":0.125,"d":"12.50%"},{"v":0.125,"d":"12.50%"},{"v":0.125,"d":"12.50%"},{"v":0.125,"d":"12.50%"},{"v":0.125,"d":"12.50%"}]
[null,458,"ROTURA Y DESALOJO DE ACERAS","m2",{"v":58.14,"d":"58.14000"},{"v":6.89,"d":"$ 6.89000"},{"v":400.58459999999997,"d":"$ 400.58460"},0,0,0,0,0,0,{"v":50.073074999999996,"d":"50.07308"},{"v":50.073074999999996,"d":"50.07308"},{"v":50.073074999999996,"d":"50.07308"},{"v":50.073074999999996,"d":"50.07308"},{"v":50.073074999999996,"d":"50.07308"},{"v":50.073074999999996,"d":"50.07308"},{"v":50.073074999999996,"d":"50.07308"},{"v":50.073074999999996,"d":"50.07308"},0,0]
[null,null,{"$error":"#REF!"},{"$error":"#REF!"},{"$error":"#REF!"},{"$error":"#REF!"},null,{"v":0,"d":"0.00%"},{"v":0,"d":"0.00%"},{"v":0,"d":"0.00%"},{"v":0,"d":"0.00%"},{"v":0,"d":"0.00%"},{"v":0,"d":"0.00%"},{"v":0.125,"d":"12.50%"},{"v":0.125,"d":"12.50%"},{"v":0.125,"d":"12.50%"},{"v":0.125,"d":"12.50%"},{"v":0.125,"d":"12.50%"},{"v":0.125,"d":"12.50%"},{"v":0.125,"d":"12.50%"},{"v":0.125,"d":"12.50%"},{"v":0,"d":"0.00%"},{"v":0,"d":"0.00%"}]
[null,null,{"$error":"#REF!"},{"$error":"#REF!"},{"$error":"#REF!"},{"$error":"#REF!"},{"$nulls":7},{"v":0.125,"d":"12.50%"},{"v":0.125,"d":"12.50%"},{"v":0.125,"d":"12.50%"},{"v":0.125,"d":"12.50%"},{"v":0.125,"d":"12.50%"},{"v":0.125,"d":"12.50%"},{"v":0.125,"d":"12.50%"},{"v":0.125,"d":"12.50%"}]
[null,459,"REPOSICION DE ACERA F´C=210 Kg/cm2, E=10 cm","m2",{"v":58.14,"d":"58.14000"},{"v":22.27,"d":"$ 22.27000"},{"v":1294.7778,"d":"$ 1,294.77780"},0,0,0,0,0,0,{"v":161.847225,"d":"161.84723"},{"v":161.847225,"d":"161.84723"},{"v":161.847225,"d":"161.84723"},{"v":161.847225,"d":"161.84723"},{"v":161.847225,"d":"161.84723"},{"v":161.847225,"d":"161.84723"},{"v":161.847225,"d":"161.84723"},{"v":161.847225,"d":"161.84723"},0,0]
[null,null,{"$error":"#REF!"},{"$error":"#REF!"},{"$error":"#REF!"},{"$error":"#REF!"},null,{"v":0,"d":"0.00%"},{"v":0,"d":"0.00%"},{"v":0,"d":"0.00%"},{"v":0,"d":"0.00%"},{"v":0,"d":"0.00%"},{"v":0,"d":"0.00%"},{"v":0.125,"d":"12.50%"},{"v":0.125,"d":"12.50%"},{"v":0.125,"d":"12.50%"},{"v":0.125,"d":"12.50%"},{"v":0.125,"d":"12.50%"},{"v":0.125,"d":"12.50%"},{"v":0.125,"d":"12.50%"},{"v":0.125,"d":"12.50%"},{"v":0,"d":"0.00%"},{"v":0,"d":"0.00%"}]
[null,null,{"$error":"#REF!"},{"$error":"#REF!"},{"$error":"#REF!"},{"$error":"#REF!"},{"$nulls":7},{"v":0.125,"d":"12.50%"},{"v":0.125,"d":"12.50%"},{"v":0.125,"d":"12.50%"},{"v":0.125,"d":"12.50%"},{"v":0.125,"d":"12.50%"},{"v":0.125,"d":"12.50%"},{"v":0.125,"d":"12.50%"},{"v":0.125,"d":"12.50%"}]
[null,460,"PERFILADA DE HORMIGON EN CALLES","m",{"v":282,"d":"282.00000"},{"v":3.6,"d":"$ 3.60000"},{"v":1015.2,"d":"$ 1,015.20000"},0,0,0,0,0,0,{"v":126.9,"d":"126.90000"},{"v":126.9,"d":"126.90000"},{"v":126.9,"d":"126.90000"},{"v":126.9,"d":"126.90000"},{"v":126.9,"d":"126.90000"},{"v":126.9,"d":"126.90000"},{"v":126.9,"d":"126.90000"},{"v":126.9,"d":"126.90000"},0,0]
[null,null,{"$error":"#REF!"},{"$error":"#REF!"},{"$error":"#REF!"},{"$error":"#REF!"},null,{"v":0,"d":"0.00%"},{"v":0,"d":"0.00%"},{"v":0,"d":"0.00%"},{"v":0,"d":"0.00%"},{"v":0,"d":"0.00%"},{"v":0,"d":"0.00%"},{"v":0.125,"d":"12.50%"},{"v":0.125,"d":"12.50%"},{"v":0.125,"d":"12.50%"},{"v":0.125,"d":"12.50%"},{"v":0.125,"d":"12.50%"},{"v":0.125,"d":"12.50%"},{"v":0.125,"d":"12.50%"},{"v":0.125,"d":"12.50%"},{"v":0,"d":"0.00%"},{"v":0,"d":"0.00%"}]
[null,null,{"$error":"#REF!"},{"$error":"#REF!"},{"$error":"#REF!"},{"$error":"#REF!"},{"$nulls":7},{"v":0.125,"d":"12.50%"},{"v":0.125,"d":"12.50%"},{"v":0.125,"d":"12.50%"},{"v":0.125,"d":"12.50%"},{"v":0.125,"d":"12.50%"},{"v":0.125,"d":"12.50%"},{"v":0.125,"d":"12.50%"},{"v":0.125,"d":"12.50%"}]
[null,461,"ROTURA Y DESALOJO DE HORMIGON EN CALLES","m2",{"v":159.68,"d":"159.68000"},{"v":2.75,"d":"$ 2.75000"},{"v":439.12,"d":"$ 439.12000"},0,0,0,0,0,0,{"v":54.89,"d":"54.89000"},{"v":54.89,"d":"54.89000"},{"v":54.89,"d":"54.89000"},{"v":54.89,"d":"54.89000"},{"v":54.89,"d":"54.89000"},{"v":54.89,"d":"54.89000"},{"v":54.89,"d":"54.89000"},{"v":54.89,"d":"54.89000"},0,0]
[null,null,{"$error":"#REF!"},{"$error":"#REF!"},{"$error":"#REF!"},{"$error":"#REF!"},null,{"v":0,"d":"0.00%"},{"v":0,"d":"0.00%"},{"v":0,"d":"0.00%"},{"v":0,"d":"0.00%"},{"v":0,"d":"0.00%"},{"v":0,"d":"0.00%"},{"v":0.125,"d":"12.50%"},{"v":0.125,"d":"12.50%"},{"v":0.125,"d":"12.50%"},{"v":0.125,"d":"12.50%"},{"v":0.125,"d":"12.50%"},{"v":0.125,"d":"12.50%"},{"v":0.125,"d":"12.50%"},{"v":0.125,"d":"12.50%"},{"v":0,"d":"0.00%"},{"v":0,"d":"0.00%"}]
[null,null,{"$error":"#REF!"},{"$error":"#REF!"},{"$error":"#REF!"},{"$error":"#REF!"},{"$nulls":7},{"v":0.125,"d":"12.50%"},{"v":0.125,"d":"12.50%"},{"v":0.125,"d":"12.50%"},{"v":0.125,"d":"12.50%"},{"v":0.125,"d":"12.50%"},{"v":0.125,"d":"12.50%"},{"v":0.125,"d":"12.50%"},{"v":0.125,"d":"12.50%"}]
[null,462,"HORMIGON PAVIMENTADO 4.5 MPA PARA CALLES (INCLUIDO CURADO Y JUNTAS)","m3",{"v":43.56,"d":"43.56000"},{"v":302.06,"d":"$ 302.06000"},{"v":13157.733600000001,"d":"$ 13,157.73360"},0,0,0,0,0,0,{"v":1644.7167000000002,"d":"1,644.71670"},{"v":1644.7167000000002,"d":"1,644.71670"},{"v":1644.7167000000002,"d":"1,644.71670"},{"v":1644.7167000000002,"d":"1,644.71670"},{"v":1644.7167000000002,"d":"1,644.71670"},{"v":1644.7167000000002,"d":"1,644.71670"},{"v":1644.7167000000002,"d":"1,644.71670"},{"v":1644.7167000000002,"d":"1,644.71670"},0,0]
[null,null,{"$error":"#REF!"},{"$error":"#REF!"},{"$error":"#REF!"},{"$error":"#REF!"},null,{"v":0,"d":"0.00%"},{"v":0,"d":"0.00%"},{"v":0,"d":"0.00%"},{"v":0,"d":"0.00%"},{"v":0,"d":"0.00%"},{"v":0,"d":"0.00%"},{"v":0.125,"d":"12.50%"},{"v":0.125,"d":"12.50%"},{"v":0.125,"d":"12.50%"},{"v":0.125,"d":"12.50%"},{"v":0.125,"d":"12.50%"},{"v":0.125,"d":"12.50%"},{"v":0.125,"d":"12.50%"},{"v":0.125,"d":"12.50%"},{"v":0,"d":"0.00%"},{"v":0,"d":"0.00%"}]
[null,null,{"$error":"#REF!"},{"$error":"#REF!"},{"$error":"#REF!"},{"$error":"#REF!"},{"$nulls":7},{"v":0.125,"d":"12.50%"},{"v":0.125,"d":"12.50%"},{"v":0.125,"d":"12.50%"},{"v":0.125,"d":"12.50%"},{"v":0.125,"d":"12.50%"},{"v":0.125,"d":"12.50%"},{"v":0.125,"d":"12.50%"},{"v":0.125,"d":"12.50%"}]
[null,463,"SUMINISTRO DE TUBERIA PVC LISA DI=50 mm","m",{"v":100,"d":"100.00000"},{"v":2.52,"d":"$ 2.52000"},{"v":252,"d":"$ 252.00000"},0,0,0,0,0,0,{"v":31.5,"d":"31.50000"},{"v":31.5,"d":"31.50000"},{"v":31.5,"d":"31.50000"},{"v":31.5,"d":"31.50000"},{"v":31.5,"d":"31.50000"},{"v":31.5,"d":"31.50000"},{"v":31.5,"d":"31.50000"},{"v":31.5,"d":"31.50000"},0,0]
[null,null,{"$error":"#REF!"},{"$error":"#REF!"},{"$error":"#REF!"},{"$error":"#REF!"},null,{"v":0,"d":"0.00%"},{"v":0,"d":"0.00%"},{"v":0,"d":"0.00%"},{"v":0,"d":"0.00%"},{"v":0,"d":"0.00%"},{"v":0,"d":"0.00%"},{"v":0.125,"d":"12.50%"},{"v":0.125,"d":"12.50%"},{"v":0.125,"d":"12.50%"},{"v":0.125,"d":"12.50%"},{"v":0.125,"d":"12.50%"},{"v":0.125,"d":"12.50%"},{"v":0.125,"d":"12.50%"},{"v":0.125,"d":"12.50%"},{"v":0,"d":"0.00%"},{"v":0,"d":"0.00%"}]
[null,null,{"$error":"#REF!"},{"$error":"#REF!"},{"$error":"#REF!"},{"$error":"#REF!"},{"$nulls":7},{"v":0.125,"d":"12.50%"},{"v":0.125,"d":"12.50%"},{"v":0.125,"d":"12.50%"},{"v":0.125,"d":"12.50%"},{"v":0.125,"d":"12.50%"},{"v":0.125,"d":"12.50%"},{"v":0.125,"d":"12.50%"},{"v":0.125,"d":"12.50%"}]
[null,464,"INSTALACION DE TUBERIA PVC LISA DI=50 mm","m",{"v":100,"d":"100.00000"},{"v":6.13,"d":"$ 6.13000"},{"v":613,"d":"$ 613.00000"},0,0,0,0,0,0,{"v":76.625,"d":"76.62500"},{"v":76.625,"d":"76.62500"},{"v":76.625,"d":"76.62500"},{"v":76.625,"d":"76.62500"},{"v":76.625,"d":"76.62500"},{"v":76.625,"d":"76.62500"},{"v":76.625,"d":"76.62500"},{"v":76.625,"d":"76.62500"},0,0]
[null,null,{"$error":"#REF!"},{"$error":"#REF!"},{"$error":"#REF!"},{"$error":"#REF!"},null,{"v":0,"d":"0.00%"},{"v":0,"d":"0.00%"},{"v":0,"d":"0.00%"},{"v":0,"d":"0.00%"},{"v":0,"d":"0.00%"},{"v":0,"d":"0.00%"},{"v":0.125,"d":"12.50%"},{"v":0.125,"d":"12.50%"},{"v":0.125,"d":"12.50%"},{"v":0.125,"d":"12.50%"},{"v":0.125,"d":"12.50%"},{"v":0.125,"d":"12.50%"},{"v":0.125,"d":"12.50%"},{"v":0.125,"d":"12.50%"},{"v":0,"d":"0.00%"},{"v":0,"d":"0.00%"}]
[null,null,{"$error":"#REF!"},{"$error":"#REF!"},{"$error":"#REF!"},{"$error":"#REF!"},{"$nulls":7},{"v":0.125,"d":"12.50%"},{"v":0.125,"d":"12.50%"},{"v":0.125,"d":"12.50%"},{"v":0.125,"d":"12.50%"},{"v":0.125,"d":"12.50%"},{"v":0.125,"d":"12.50%"},{"v":0.125,"d":"12.50%"},{"v":0.125,"d":"12.50%"}]
[null,465,"SUMINISTRO DE TUBERIA PVC LISA DI=110 mm","m",{"v":270,"d":"270.00000"},{"v":5.87,"d":"$ 5.87000"},{"v":1584.9,"d":"$ 1,584.90000"},0,0,0,0,0,0,{"v":198.1125,"d":"198.11250"},{"v":198.1125,"d":"198.11250"},{"v":198.1125,"d":"198.11250"},{"v":198.1125,"d":"198.11250"},{"v":198.1125,"d":"198.11250"},{"v":198.1125,"d":"198.11250"},{"v":198.1125,"d":"198.11250"},{"v":198.1125,"d":"198.11250"},0,0]
[null,null,{"$error":"#REF!"},{"$error":"#REF!"},{"$error":"#REF!"},{"$error":"#REF!"},null,{"v":0,"d":"0.00%"},{"v":0,"d":"0.00%"},{"v":0,"d":"0.00%"},{"v":0,"d":"0.00%"},{"v":0,"d":"0.00%"},{"v":0,"d":"0.00%"},{"v":0.125,"d":"12.50%"},{"v":0.125,"d":"12.50%"},{"v":0.125,"d":"12.50%"},{"v":0.125,"d":"12.50%"},{"v":0.125,"d":"12.50%"},{"v":0.125,"d":"12.50%"},{"v":0.125,"d":"12.50%"},{"v":0.125,"d":"12.50%"},{"v":0,"d":"0.00%"},{"v":0,"d":"0.00%"}]
[null,null,{"$error":"#REF!"},{"$error":"#REF!"},{"$error":"#REF!"},{"$error":"#REF!"},{"$nulls":7},{"v":0.125,"d":"12.50%"},{"v":0.125,"d":"12.50%"},{"v":0.125,"d":"12.50%"},{"v":0.125,"d":"12.50%"},{"v":0.125,"d":"12.50%"},{"v":0.125,"d":"12.50%"},{"v":0.125,"d":"12.50%"},{"v":0.125,"d":"12.50%"}]
[null,466,"INSTALACION DE TUBERIA PVC LISA DI=110 mm","m",{"v":270,"d":"270.00000"},{"v":6.13,"d":"$ 6.13000"},{"v":1655.1,"d":"$ 1,655.10000"},0,0,0,0,0,0,{"v":206.8875,"d":"206.88750"},{"v":206.8875,"d":"206.88750"},{"v":206.8875,"d":"206.88750"},{"v":206.8875,"d":"206.88750"},{"v":206.8875,"d":"206.88750"},{"v":206.8875,"d":"206.88750"},{"v":206.8875,"d":"206.88750"},{"v":206.8875,"d":"206.88750"},0,0]
[null,null,{"$error":"#REF!"},{"$error":"#REF!"},{"$error":"#REF!"},{"$error":"#REF!"},null,{"v":0,"d":"0.00%"},{"v":0,"d":"0.00%"},{"v":0,"d":"0.00%"},{"v":0,"d":"0.00%"},{"v":0,"d":"0.00%"},{"v":0,"d":"0.00%"},{"v":0.125,"d":"12.50%"},{"v":0.125,"d":"12.50%"},{"v":0.125,"d":"12.50%"},{"v":0.125,"d":"12.50%"},{"v":0.125,"d":"12.50%"},{"v":0.125,"d":"12.50%"},{"v":0.125,"d":"12.50%"},{"v":0.125,"d":"12.50%"},{"v":0,"d":"0.00%"},{"v":0,"d":"0.00%"}]
[null,null,{"$error":"#REF!"},{"$error":"#REF!"},{"$error":"#REF!"},{"$error":"#REF!"},{"$nulls":7},{"v":0.125,"d":"12.50%"},{"v":0.125,"d":"12.50%"},{"v":0.125,"d":"12.50%"},{"v":0.125,"d":"12.50%"},{"v":0.125,"d":"12.50%"},{"v":0.125,"d":"12.50%"},{"v":0.125,"d":"12.50%"},{"v":0.125,"d":"12.50%"}]
[null,467,"SUMINISTRO DE TUBERIA PVC ESTRUCTURADA DI=160 mm (DN175) NORMA NTE INEN 2059","m",{"v":80,"d":"80.00000"},{"v":11.26,"d":"$ 11.26000"},{"v":900.8,"d":"$ 900.80000"},0,0,0,0,0,0,{"v":112.6,"d":"112.60000"},{"v":112.6,"d":"112.60000"},{"v":112.6,"d":"112.60000"},{"v":112.6,"d":"112.60000"},{"v":112.6,"d":"112.60000"},{"v":112.6,"d":"112.60000"},{"v":112.6,"d":"112.60000"},{"v":112.6,"d":"112.60000"},0,0]
[null,null,{"$error":"#REF!"},{"$error":"#REF!"},{"$error":"#REF!"},{"$error":"#REF!"},null,{"v":0,"d":"0.00%"},{"v":0,"d":"0.00%"},{"v":0,"d":"0.00%"},{"v":0,"d":"0.00%"},{"v":0,"d":"0.00%"},{"v":0,"d":"0.00%"},{"v":0.125,"d":"12.50%"},{"v":0.125,"d":"12.50%"},{"v":0.125,"d":"12.50%"},{"v":0.125,"d":"12.50%"},{"v":0.125,"d":"12.50%"},{"v":0.125,"d":"12.50%"},{"v":0.125,"d":"12.50%"},{"v":0.125,"d":"12.50%"},{"v":0,"d":"0.00%"},{"v":0,"d":"0.00%"}]
[null,null,{"$error":"#REF!"},{"$error":"#REF!"},{"$error":"#REF!"},{"$error":"#REF!"},{"$nulls":7},{"v":0.125,"d":"12.50%"},{"v":0.125,"d":"12.50%"},{"v":0.125,"d":"12.50%"},{"v":0.125,"d":"12.50%"},{"v":0.125,"d":"12.50%"},{"v":0.125,"d":"12.50%"},{"v":0.125,"d":"12.50%"},{"v":0.125,"d":"12.50%"}]
[null,468,"INSTALACION DE TUBERIA PVC ESTRUCTURADA DI=160 mm (DN175) NORMA NTE INEN 2059","m",{"v":80,"d":"80.00000"},{"v":3.86,"d":"$ 3.86000"},{"v":308.8,"d":"$ 308.80000"},0,0,0,0,0,0,{"v":38.6,"d":"38.60000"},{"v":38.6,"d":"38.60000"},{"v":38.6,"d":"38.60000"},{"v":38.6,"d":"38.60000"},{"v":38.6,"d":"38.60000"},{"v":38.6,"d":"38.60000"},{"v":38.6,"d":"38.60000"},{"v":38.6,"d":"38.60000"},0,0]
[null,null,{"$error":"#REF!"},{"$error":"#REF!"},{"$error":"#REF!"},{"$error":"#REF!"},null,{"v":0,"d":"0.00%"},{"v":0,"d":"0.00%"},{"v":0,"d":"0.00%"},{"v":0,"d":"0.00%"},{"v":0,"d":"0.00%"},{"v":0,"d":"0.00%"},{"v":0.125,"d":"12.50%"},{"v":0.125,"d":"12.50%"},{"v":0.125,"d":"12.50%"},{"v":0.125,"d":"12.50%"},{"v":0.125,"d":"12.50%"},{"v":0.125,"d":"12.50%"},{"v":0.125,"d":"12.50%"},{"v":0.125,"d":"12.50%"},{"v":0,"d":"0.00%"},{"v":0,"d":"0.00%"}]
[null,null,{"$error":"#REF!"},{"$error":"#REF!"},{"$error":"#REF!"},{"$error":"#REF!"},{"$nulls":7},{"v":0.125,"d":"12.50%"},{"v":0.125,"d":"12.50%"},{"v":0.125,"d":"12.50%"},{"v":0.125,"d":"12.50%"},{"v":0.125,"d":"12.50%"},{"v":0.125,"d":"12.50%"},{"v":0.125,"d":"12.50%"},{"v":0.125,"d":"12.50%"}]
[null,469,"SUMINISTRO DE TUBERIA PVC ESTRUCTURADA DI = 200 mm (DN220) NORMA NTE INEN 2059","m",{"v":180,"d":"180.00000"},{"v":19.4,"d":"$ 19.40000"},{"v":3491.9999999999995,"d":"$ 3,492.00000"},0,0,0,0,0,0,{"v":436.49999999999994,"d":"436.50000"},{"v":436.49999999999994,"d":"436.50000"},{"v":436.49999999999994,"d":"436.50000"},{"v":436.49999999999994,"d":"436.50000"},{"v":436.49999999999994,"d":"436.50000"},{"v":436.49999999999994,"d":"436.50000"},{"v":436.49999999999994,"d":"436.50000"},{"v":436.49999999999994,"d":"436.50000"},0,0]
[null,null,{"$error":"#REF!"},{"$error":"#REF!"},{"$error":"#REF!"},{"$error":"#REF!"},null,{"v":0,"d":"0.00%"},{"v":0,"d":"0.00%"},{"v":0,"d":"0.00%"},{"v":0,"d":"0.00%"},{"v":0,"d":"0.00%"},{"v":0,"d":"0.00%"},{"v":0.125,"d":"12.50%"},{"v":0.125,"d":"12.50%"},{"v":0.125,"d":"12.50%"},{"v":0.125,"d":"12.50%"},{"v":0.125,"d":"12.50%"},{"v":0.125,"d":"12.50%"},{"v":0.125,"d":"12.50%"},{"v":0.125,"d":"12.50%"},{"v":0,"d":"0.00%"},{"v":0,"d":"0.00%"}]
[null,null,{"$error":"#REF!"},{"$error":"#REF!"},{"$error":"#REF!"},{"$error":"#REF!"},{"$nulls":7},{"v":0.125,"d":"12.50%"},{"v":0.125,"d":"12.50%"},{"v":0.125,"d":"12.50%"},{"v":0.125,"d":"12.50%"},{"v":0.125,"d":"12.50%"},{"v":0.125,"d":"12.50%"},{"v":0.125,"d":"12.50%"},{"v":0.125,"d":"12.50%"}]
[null,470,"INSTALACION DE TUBERIA PVC ESTRUCTURADA DI = 200 mm (DN220) NORMA NTE INEN 2059","m",{"v":200,"d":"200.00000"},{"v":5.79,"d":"$ 5.79000"},{"v":1158,"d":"$ 1,158.00000"},0,0,0,0,0,0,{"v":144.75,"d":"144.75000"},{"v":144.75,"d":"144.75000"},{"v":144.75,"d":"144.75000"},{"v":144.75,"d":"144.75000"},{"v":144.75,"d":"144.75000"},{"v":144.75,"d":"144.75000"},{"v":144.75,"d":"144.75000"},{"v":144.75,"d":"144.75000"},0,0]
[null,null,{"$error":"#REF!"},{"$error":"#REF!"},{"$error":"#REF!"},{"$error":"#REF!"},null,{"v":0,"d":"0.00%"},{"v":0,"d":"0.00%"},{"v":0,"d":"0.00%"},{"v":0,"d":"0.00%"},{"v":0,"d":"0.00%"},{"v":0,"d":"0.00%"},{"v":0.125,"d":"12.50%"},{"v":0.125,"d":"12.50%"},{"v":0.125,"d":"12.50%"},{"v":0.125,"d":"12.50%"},{"v":0.125,"d":"12.50%"},{"v":0.125,"d":"12.50%"},{"v":0.125,"d":"12.50%"},{"v":0.125,"d":"12.50%"},{"v":0,"d":"0.00%"},{"v":0,"d":"0.00%"}]
[null,null,{"$error":"#REF!"},{"$error":"#REF!"},{"$error":"#REF!"},{"$error":"#REF!"},{"$nulls":7},{"v":0.125,"d":"12.50%"},{"v":0.125,"d":"12.50%"},{"v":0.125,"d":"12.50%"},{"v":0.125,"d":"12.50%"},{"v":0.125,"d":"12.50%"},{"v":0.125,"d":"12.50%"},{"v":0.125,"d":"12.50%"},{"v":0.125,"d":"12.50%"}]
[null,471,"PRUEBA DE ESTANQUEIDAD Y ESCURRIMIENTO","m",{"v":600,"d":"600.00000"},{"v":4.65,"d":"$ 4.65000"},{"v":2790,"d":"$ 2,790.00000"},0,0,0,0,0,0,{"v":348.75,"d":"348.75000"},{"v":348.75,"d":"348.75000"},{"v":348.75,"d":"348.75000"},{"v":348.75,"d":"348.75000"},{"v":348.75,"d":"348.75000"},{"v":348.75,"d":"348.75000"},{"v":348.75,"d":"348.75000"},{"v":348.75,"d":"348.75000"},0,0]
[null,null,{"$error":"#REF!"},{"$error":"#REF!"},{"$error":"#REF!"},{"$error":"#REF!"},null,{"v":0,"d":"0.00%"},{"v":0,"d":"0.00%"},{"v":0,"d":"0.00%"},{"v":0,"d":"0.00%"},{"v":0,"d":"0.00%"},{"v":0,"d":"0.00%"},{"v":0.125,"d":"12.50%"},{"v":0.125,"d":"12.50%"},{"v":0.125,"d":"12.50%"},{"v":0.125,"d":"12.50%"},{"v":0.125,"d":"12.50%"},{"v":0.125,"d":"12.50%"},{"v":0.125,"d":"12.50%"},{"v":0.125,"d":"12.50%"},{"v":0,"d":"0.00%"},{"v":0,"d":"0.00%"}]
[null,null,{"$error":"#REF!"},{"$error":"#REF!"},{"$error":"#REF!"},{"$error":"#REF!"},{"$nulls":7},{"v":0.125,"d":"12.50%"},{"v":0.125,"d":"12.50%"},{"v":0.125,"d":"12.50%"},{"v":0.125,"d":"12.50%"},{"v":0.125,"d":"12.50%"},{"v":0.125,"d":"12.50%"},{"v":0.125,"d":"12.50%"},{"v":0.125,"d":"12.50%"}]
[null,472,"COLGADOR PARA TUBERIA 2 IN","u",{"v":53,"d":"53.00000"},{"v":2.57,"d":"$ 2.57000"},{"v":136.20999999999998,"d":"$ 136.21000"},0,0,0,0,0,0,{"v":17.026249999999997,"d":"17.02625"},{"v":17.026249999999997,"d":"17.02625"},{"v":17.026249999999997,"d":"17.02625"},{"v":17.026249999999997,"d":"17.02625"},{"v":17.026249999999997,"d":"17.02625"},{"v":17.026249999999997,"d":"17.02625"},{"v":17.026249999999997,"d":"17.02625"},{"v":17.026249999999997,"d":"17.02625"},0,0]
[null,null,{"$error":"#REF!"},{"$error":"#REF!"},{"$error":"#REF!"},{"$error":"#REF!"},null,{"v":0,"d":"0.00%"},{"v":0,"d":"0.00%"},{"v":0,"d":"0.00%"},{"v":0,"d":"0.00%"},{"v":0,"d":"0.00%"},{"v":0,"d":"0.00%"},{"v":0.125,"d":"12.50%"},{"v":0.125,"d":"12.50%"},{"v":0.125,"d":"12.50%"},{"v":0.125,"d":"12.50%"},{"v":0.125,"d":"12.50%"},{"v":0.125,"d":"12.50%"},{"v":0.125,"d":"12.50%"},{"v":0.125,"d":"12.50%"},{"v":0,"d":"0.00%"},{"v":0,"d":"0.00%"}]
[null,null,{"$error":"#REF!"},{"$error":"#REF!"},{"$error":"#REF!"},{"$error":"#REF!"},{"$nulls":7},{"v":0.125,"d":"12.50%"},{"v":0.125,"d":"12.50%"},{"v":0.125,"d":"12.50%"},{"v":0.125,"d":"12.50%"},{"v":0.125,"d":"12.50%"},{"v":0.125,"d":"12.50%"},{"v":0.125,"d":"12.50%"},{"v":0.125,"d":"12.50%"}]
[null,473,"COLGADOR PARA TUBERIA 4 IN","u",{"v":137,"d":"137.00000"},{"v":4,"d":"$ 4.00000"},{"v":548,"d":"$ 548.00000"},0,0,0,0,0,0,{"v":68.5,"d":"68.50000"},{"v":68.5,"d":"68.50000"},{"v":68.5,"d":"68.50000"},{"v":68.5,"d":"68.50000"},{"v":68.5,"d":"68.50000"},{"v":68.5,"d":"68.50000"},{"v":68.5,"d":"68.50000"},{"v":68.5,"d":"68.50000"},0,0]
[null,null,{"$error":"#REF!"},{"$error":"#REF!"},{"$error":"#REF!"},{"$error":"#REF!"},null,{"v":0,"d":"0.00%"},{"v":0,"d":"0.00%"},{"v":0,"d":"0.00%"},{"v":0,"d":"0.00%"},{"v":0,"d":"0.00%"},{"v":0,"d":"0.00%"},{"v":0.125,"d":"12.50%"},{"v":0.125,"d":"12.50%"},{"v":0.125,"d":"12.50%"},{"v":0.125,"d":"12.50%"},{"v":0.125,"d":"12.50%"},{"v":0.125,"d":"12.50%"},{"v":0.125,"d":"12.50%"},{"v":0.125,"d":"12.50%"},{"v":0,"d":"0.00%"},{"v":0,"d":"0.00%"}]
[null,null,{"$error":"#REF!"},{"$error":"#REF!"},{"$error":"#REF!"},{"$error":"#REF!"},{"$nulls":7},{"v":0.125,"d":"12.50%"},{"v":0.125,"d":"12.50%"},{"v":0.125,"d":"12.50%"},{"v":0.125,"d":"12.50%"},{"v":0.125,"d":"12.50%"},{"v":0.125,"d":"12.50%"},{"v":0.125,"d":"12.50%"},{"v":0.125,"d":"12.50%"}]
[null,474,"COLGADOR PARA TUBERIA 6 IN","u",{"v":42,"d":"42.00000"},{"v":5.7565,"d":"$ 5.75650"},{"v":241.773,"d":"$ 241.77300"},0,0,0,0,0,0,{"v":30.221625,"d":"30.22163"},{"v":30.221625,"d":"30.22163"},{"v":30.221625,"d":"30.22163"},{"v":30.221625,"d":"30.22163"},{"v":30.221625,"d":"30.22163"},{"v":30.221625,"d":"30.22163"},{"v":30.221625,"d":"30.22163"},{"v":30.221625,"d":"30.22163"},0,0]
[null,null,{"$error":"#REF!"},{"$error":"#REF!"},{"$error":"#REF!"},{"$error":"#REF!"},null,{"v":0,"d":"0.00%"},{"v":0,"d":"0.00%"},{"v":0,"d":"0.00%"},{"v":0,"d":"0.00%"},{"v":0,"d":"0.00%"},{"v":0,"d":"0.00%"},{"v":0.125,"d":"12.50%"},{"v":0.125,"d":"12.50%"},{"v":0.125,"d":"12.50%"},{"v":0.125,"d":"12.50%"},{"v":0.125,"d":"12.50%"},{"v":0.125,"d":"12.50%"},{"v":0.125,"d":"12.50%"},{"v":0.125,"d":"12.50%"},{"v":0,"d":"0.00%"},{"v":0,"d":"0.00%"}]
[null,null,{"$error":"#REF!"},{"$error":"#REF!"},{"$error":"#REF!"},{"$error":"#REF!"},{"$nulls":7},{"v":0.125,"d":"12.50%"},{"v":0.125,"d":"12.50%"},{"v":0.125,"d":"12.50%"},{"v":0.125,"d":"12.50%"},{"v":0.125,"d":"12.50%"},{"v":0.125,"d":"12.50%"},{"v":0.125,"d":"12.50%"},{"v":0.125,"d":"12.50%"}]
[null,475,"SUMINISTRO E INSTALACION DE CAJA DOMICILIARIA ALINEADA D=175mm (INCLUYE TAPA)","u",{"v":12,"d":"12.00000"},{"v":215.44,"d":"$ 215.44000"},{"v":2585.2799999999997,"d":"$ 2,585.28000"},0,0,0,0,0,0,{"v":323.15999999999997,"d":"323.16000"},{"v":323.15999999999997,"d":"323.16000"},{"v":323.15999999999997,"d":"323.16000"},{"v":323.15999999999997,"d":"323.16000"},{"v":323.15999999999997,"d":"323.16000"},{"v":323.15999999999997,"d":"323.16000"},{"v":323.15999999999997,"d":"323.16000"},{"v":323.15999999999997,"d":"323.16000"},0,0]
[null,null,{"$error":"#REF!"},{"$error":"#REF!"},{"$error":"#REF!"},{"$error":"#REF!"},null,{"v":0,"d":"0.00%"},{"v":0,"d":"0.00%"},{"v":0,"d":"0.00%"},{"v":0,"d":"0.00%"},{"v":0,"d":"0.00%"},{"v":0,"d":"0.00%"},{"v":0.125,"d":"12.50%"},{"v":0.125,"d":"12.50%"},{"v":0.125,"d":"12.50%"},{"v":0.125,"d":"12.50%"},{"v":0.125,"d":"12.50%"},{"v":0.125,"d":"12.50%"},{"v":0.125,"d":"12.50%"},{"v":0.125,"d":"12.50%"},{"v":0,"d":"0.00%"},{"v":0,"d":"0.00%"}]
[null,null,{"$error":"#REF!"},{"$error":"#REF!"},{"$error":"#REF!"},{"$error":"#REF!"},{"$nulls":7},{"v":0.125,"d":"12.50%"},{"v":0.125,"d":"12.50%"},{"v":0.125,"d":"12.50%"},{"v":0.125,"d":"12.50%"},{"v":0.125,"d":"12.50%"},{"v":0.125,"d":"12.50%"},{"v":0.125,"d":"12.50%"},{"v":0.125,"d":"12.50%"}]
[null,476,"SUMINISTRO E INSTALACION DE CAJA DOMICILIARIA CIEGA D=175mm (INCLUYE TAPA)","u",{"v":3,"d":"3.00000"},{"v":215.44,"d":"$ 215.44000"},{"v":646.3199999999999,"d":"$ 646.32000"},0,0,0,0,0,0,{"v":80.78999999999999,"d":"80.79000"},{"v":80.78999999999999,"d":"80.79000"},{"v":80.78999999999999,"d":"80.79000"},{"v":80.78999999999999,"d":"80.79000"},{"v":80.78999999999999,"d":"80.79000"},{"v":80.78999999999999,"d":"80.79000"},{"v":80.78999999999999,"d":"80.79000"},{"v":80.78999999999999,"d":"80.79000"},0,0]
[null,null,{"$error":"#REF!"},{"$error":"#REF!"},{"$error":"#REF!"},{"$error":"#REF!"},null,{"v":0,"d":"0.00%"},{"v":0,"d":"0.00%"},{"v":0,"d":"0.00%"},{"v":0,"d":"0.00%"},{"v":0,"d":"0.00%"},{"v":0,"d":"0.00%"},{"v":0.125,"d":"12.50%"},{"v":0.125,"d":"12.50%"},{"v":0.125,"d":"12.50%"},{"v":0.125,"d":"12.50%"},{"v":0.125,"d":"12.50%"},{"v":0.125,"d":"12.50%"},{"v":0.125,"d":"12.50%"},{"v":0.125,"d":"12.50%"},{"v":0,"d":"0.00%"},{"v":0,"d":"0.00%"}]
[null,null,{"$error":"#REF!"},{"$error":"#REF!"},{"$error":"#REF!"},{"$error":"#REF!"},{"$nulls":7},{"v":0.125,"d":"12.50%"},{"v":0.125,"d":"12.50%"},{"v":0.125,"d":"12.50%"},{"v":0.125,"d":"12.50%"},{"v":0.125,"d":"12.50%"},{"v":0.125,"d":"12.50%"},{"v":0.125,"d":"12.50%"},{"v":0.125,"d":"12.50%"}]
[null,477,"SUMINISTRO E INSTALACION DE CAJA DOMICILIARIA DE H.A. ESQUINA, H<2.50m (INCLUYE TAPA)","u",{"v":7,"d":"7.00000"},{"v":380.24,"d":"$ 380.24000"},{"v":2661.6800000000003,"d":"$ 2,661.68000"},0,0,0,0,0,0,{"v":332.71000000000004,"d":"332.71000"},{"v":332.71000000000004,"d":"332.71000"},{"v":332.71000000000004,"d":"332.71000"},{"v":332.71000000000004,"d":"332.71000"},{"v":332.71000000000004,"d":"332.71000"},{"v":332.71000000000004,"d":"332.71000"},{"v":332.71000000000004,"d":"332.71000"},{"v":332.71000000000004,"d":"332.71000"},0,0]
[null,null,{"$error":"#REF!"},{"$error":"#REF!"},{"$error":"#REF!"},{"$error":"#REF!"},null,{"v":0,"d":"0.00%"},{"v":0,"d":"0.00%"},{"v":0,"d":"0.00%"},{"v":0,"d":"0.00%"},{"v":0,"d":"0.00%"},{"v":0,"d":"0.00%"},{"v":0.125,"d":"12.50%"},{"v":0.125,"d":"12.50%"},{"v":0.125,"d":"12.50%"},{"v":0.125,"d":"12.50%"},{"v":0.125,"d":"12.50%"},{"v":0.125,"d":"12.50%"},{"v":0.125,"d":"12.50%"},{"v":0.125,"d":"12.50%"},{"v":0,"d":"0.00%"},{"v":0,"d":"0.00%"}]
[null,null,{"$error":"#REF!"},{"$error":"#REF!"},{"$error":"#REF!"},{"$error":"#REF!"},{"$nulls":7},{"v":0.125,"d":"12.50%"},{"v":0.125,"d":"12.50%"},{"v":0.125,"d":"12.50%"},{"v":0.125,"d":"12.50%"},{"v":0.125,"d":"12.50%"},{"v":0.125,"d":"12.50%"},{"v":0.125,"d":"12.50%"},{"v":0.125,"d":"12.50%"}]
[null,478,"SUMINISTRO E INSTALACION DE CAJA DOMICILIARIA RED INTERNA MALECON D=175mm (INCLUYE TAPA) H=0.6m 0.7x0.7x0.6m","u",{"v":27,"d":"27.00000"},{"v":215.93,"d":"$ 215.93000"},{"v":5830.110000000001,"d":"$ 5,830.11000"},0,0,0,0,0,0,{"v":728.7637500000001,"d":"728.76375"},{"v":728.7637500000001,"d":"728.76375"},{"v":728.7637500000001,"d":"728.76375"},{"v":728.7637500000001,"d":"728.76375"},{"v":728.7637500000001,"d":"728.76375"},{"v":728.7637500000001,"d":"728.76375"},{"v":728.7637500000001,"d":"728.76375"},{"v":728.7637500000001,"d":"728.76375"},0,0]
[null,null,{"$error":"#REF!"},{"$error":"#REF!"},{"$error":"#REF!"},{"$error":"#REF!"},null,{"v":0,"d":"0.00%"},{"v":0,"d":"0.00%"},{"v":0,"d":"0.00%"},{"v":0,"d":"0.00%"},{"v":0,"d":"0.00%"},{"v":0,"d":"0.00%"},{"v":0.125,"d":"12.50%"},{"v":0.125,"d":"12.50%"},{"v":0.125,"d":"12.50%"},{"v":0.125,"d":"12.50%"},{"v":0.125,"d":"12.50%"},{"v":0.125,"d":"12.50%"},{"v":0.125,"d":"12.50%"},{"v":0.125,"d":"12.50%"},{"v":0,"d":"0.00%"},{"v":0,"d":"0.00%"}]
[null,null,{"$error":"#REF!"},{"$error":"#REF!"},{"$error":"#REF!"},{"$error":"#REF!"},{"$nulls":7},{"v":0.125,"d":"12.50%"},{"v":0.125,"d":"12.50%"},{"v":0.125,"d":"12.50%"},{"v":0.125,"d":"12.50%"},{"v":0.125,"d":"12.50%"},{"v":0.125,"d":"12.50%"},{"v":0.125,"d":"12.50%"},{"v":0.125,"d":"12.50%"}]
[null,479,"SUMINISTRO E INSTALACION DE YEE DESAGUE EC 110mm","u",{"v":17,"d":"17.00000"},{"v":10.4,"d":"$ 10.40000"},{"v":176.8,"d":"$ 176.80000"},0,0,0,0,0,0,{"v":22.1,"d":"22.10000"},{"v":22.1,"d":"22.10000"},{"v":22.1,"d":"22.10000"},{"v":22.1,"d":"22.10000"},{"v":22.1,"d":"22.10000"},{"v":22.1,"d":"22.10000"},{"v":22.1,"d":"22.10000"},{"v":22.1,"d":"22.10000"},0,0]
[null,null,{"$error":"#REF!"},{"$error":"#REF!"},{"$error":"#REF!"},{"$error":"#REF!"},null,{"v":0,"d":"0.00%"},{"v":0,"d":"0.00%"},{"v":0,"d":"0.00%"},{"v":0,"d":"0.00%"},{"v":0,"d":"0.00%"},{"v":0,"d":"0.00%"},{"v":0.125,"d":"12.50%"},{"v":0.125,"d":"12.50%"},{"v":0.125,"d":"12.50%"},{"v":0.125,"d":"12.50%"},{"v":0.125,"d":"12.50%"},{"v":0.125,"d":"12.50%"},{"v":0.125,"d":"12.50%"},{"v":0.125,"d":"12.50%"},{"v":0,"d":"0.00%"},{"v":0,"d":"0.00%"}]
[null,null,{"$error":"#REF!"},{"$error":"#REF!"},{"$error":"#REF!"},{"$error":"#REF!"},{"$nulls":7},{"v":0.125,"d":"12.50%"},{"v":0.125,"d":"12.50%"},{"v":0.125,"d":"12.50%"},{"v":0.125,"d":"12.50%"},{"v":0.125,"d":"12.50%"},{"v":0.125,"d":"12.50%"},{"v":0.125,"d":"12.50%"},{"v":0.125,"d":"12.50%"}]
[null,480,"SUMINISTRO E INSTALACION DE CODO DESAGUE EC 110mmX45'","u",{"v":60,"d":"60.00000"},{"v":9.75,"d":"$ 9.75000"},{"v":585,"d":"$ 585.00000"},0,0,0,0,0,0,{"v":73.125,"d":"73.12500"},{"v":73.125,"d":"73.12500"},{"v":73.125,"d":"73.12500"},{"v":73.125,"d":"73.12500"},{"v":73.125,"d":"73.12500"},{"v":73.125,"d":"73.12500"},{"v":73.125,"d":"73.12500"},{"v":73.125,"d":"73.12500"},0,0]
[null,null,{"$error":"#REF!"},{"$error":"#REF!"},{"$error":"#REF!"},{"$error":"#REF!"},null,{"v":0,"d":"0.00%"},{"v":0,"d":"0.00%"},{"v":0,"d":"0.00%"},{"v":0,"d":"0.00%"},{"v":0,"d":"0.00%"},{"v":0,"d":"0.00%"},{"v":0.125,"d":"12.50%"},{"v":0.125,"d":"12.50%"},{"v":0.125,"d":"12.50%"},{"v":0.125,"d":"12.50%"},{"v":0.125,"d":"12.50%"},{"v":0.125,"d":"12.50%"},{"v":0.125,"d":"12.50%"},{"v":0.125,"d":"12.50%"},{"v":0,"d":"0.00%"},{"v":0,"d":"0.00%"}]
[null,null,{"$error":"#REF!"},{"$error":"#REF!"},{"$error":"#REF!"},{"$error":"#REF!"},{"$nulls":7},{"v":0.125,"d":"12.50%"},{"v":0.125,"d":"12.50%"},{"v":0.125,"d":"12.50%"},{"v":0.125,"d":"12.50%"},{"v":0.125,"d":"12.50%"},{"v":0.125,"d":"12.50%"},{"v":0.125,"d":"12.50%"},{"v":0.125,"d":"12.50%"}]
[null,481,"SUMINISTRO E INSTALACION DE YEE REDUCTORA DE DESAGUE DE 110 A 50mm","u",{"v":19,"d":"19.00000"},{"v":9.45,"d":"$ 9.45000"},{"v":179.54999999999998,"d":"$ 179.55000"},0,0,0,0,0,0,{"v":22.443749999999998,"d":"22.44375"},{"v":22.443749999999998,"d":"22.44375"},{"v":22.443749999999998,"d":"22.44375"},{"v":22.443749999999998,"d":"22.44375"},{"v":22.443749999999998,"d":"22.44375"},{"v":22.443749999999998,"d":"22.44375"},{"v":22.443749999999998,"d":"22.44375"},{"v":22.443749999999998,"d":"22.44375"},0,0]
[null,null,{"$error":"#REF!"},{"$error":"#REF!"},{"$error":"#REF!"},{"$error":"#REF!"},null,{"v":0,"d":"0.00%"},{"v":0,"d":"0.00%"},{"v":0,"d":"0.00%"},{"v":0,"d":"0.00%"},{"v":0,"d":"0.00%"},{"v":0,"d":"0.00%"},{"v":0.125,"d":"12.50%"},{"v":0.125,"d":"12.50%"},{"v":0.125,"d":"12.50%"},{"v":0.125,"d":"12.50%"},{"v":0.125,"d":"12.50%"},{"v":0.125,"d":"12.50%"},{"v":0.125,"d":"12.50%"},{"v":0.125,"d":"12.50%"},{"v":0,"d":"0.00%"},{"v":0,"d":"0.00%"}]
[null,null,{"$error":"#REF!"},{"$error":"#REF!"},{"$error":"#REF!"},{"$error":"#REF!"},{"$nulls":7},{"v":0.125,"d":"12.50%"},{"v":0.125,"d":"12.50%"},{"v":0.125,"d":"12.50%"},{"v":0.125,"d":"12.50%"},{"v":0.125,"d":"12.50%"},{"v":0.125,"d":"12.50%"},{"v":0.125,"d":"12.50%"},{"v":0.125,"d":"12.50%"}]
[null,482,"SUMINISTRO E INSTALACION DE CODO DESAGUE EC 110mmX90'","u",{"v":28,"d":"28.00000"},{"v":8.02,"d":"$ 8.02000"},{"v":224.56,"d":"$ 224.56000"},0,0,0,0,0,0,{"v":28.07,"d":"28.07000"},{"v":28.07,"d":"28.07000"},{"v":28.07,"d":"28.07000"},{"v":28.07,"d":"28.07000"},{"v":28.07,"d":"28.07000"},{"v":28.07,"d":"28.07000"},{"v":28.07,"d":"28.07000"},{"v":28.07,"d":"28.07000"},0,0]
[null,null,{"$error":"#REF!"},{"$error":"#REF!"},{"$error":"#REF!"},{"$error":"#REF!"},null,{"v":0,"d":"0.00%"},{"v":0,"d":"0.00%"},{"v":0,"d":"0.00%"},{"v":0,"d":"0.00%"},{"v":0,"d":"0.00%"},{"v":0,"d":"0.00%"},{"v":0.125,"d":"12.50%"},{"v":0.125,"d":"12.50%"},{"v":0.125,"d":"12.50%"},{"v":0.125,"d":"12.50%"},{"v":0.125,"d":"12.50%"},{"v":0.125,"d":"12.50%"},{"v":0.125,"d":"12.50%"},{"v":0.125,"d":"12.50%"},{"v":0,"d":"0.00%"},{"v":0,"d":"0.00%"}]
[null,null,{"$error":"#REF!"},{"$error":"#REF!"},{"$error":"#REF!"},{"$error":"#REF!"},{"$nulls":7},{"v":0.125,"d":"12.50%"},{"v":0.125,"d":"12.50%"},{"v":0.125,"d":"12.50%"},{"v":0.125,"d":"12.50%"},{"v":0.125,"d":"12.50%"},{"v":0.125,"d":"12.50%"},{"v":0.125,"d":"12.50%"},{"v":0.125,"d":"12.50%"}]
[null,483,"SUMINISTRO E INSTALACION DE TEE DESAGUE EC D=110mm","u",{"v":4,"d":"4.00000"},{"v":9.62,"d":"$ 9.62000"},{"v":38.48,"d":"$ 38.48000"},0,0,0,0,0,0,{"v":4.81,"d":"4.81000"},{"v":4.81,"d":"4.81000"},{"v":4.81,"d":"4.81000"},{"v":4.81,"d":"4.81000"},{"v":4.81,"d":"4.81000"},{"v":4.81,"d":"4.81000"},{"v":4.81,"d":"4.81000"},{"v":4.81,"d":"4.81000"},0,0]
[null,null,{"$error":"#REF!"},{"$error":"#REF!"},{"$error":"#REF!"},{"$error":"#REF!"},null,{"v":0,"d":"0.00%"},{"v":0,"d":"0.00%"},{"v":0,"d":"0.00%"},{"v":0,"d":"0.00%"},{"v":0,"d":"0.00%"},{"v":0,"d":"0.00%"},{"v":0.125,"d":"12.50%"},{"v":0.125,"d":"12.50%"},{"v":0.125,"d":"12.50%"},{"v":0.125,"d":"12.50%"},{"v":0.125,"d":"12.50%"},{"v":0.125,"d":"12.50%"},{"v":0.125,"d":"12.50%"},{"v":0.125,"d":"12.50%"},{"v":0,"d":"0.00%"},{"v":0,"d":"0.00%"}]
[null,null,{"$error":"#REF!"},{"$error":"#REF!"},{"$error":"#REF!"},{"$error":"#REF!"},{"$nulls":7},{"v":0.125,"d":"12.50%"},{"v":0.125,"d":"12.50%"},{"v":0.125,"d":"12.50%"},{"v":0.125,"d":"12.50%"},{"v":0.125,"d":"12.50%"},{"v":0.125,"d":"12.50%"},{"v":0.125,"d":"12.50%"},{"v":0.125,"d":"12.50%"}]
[null,484,"SUMINISTRO E INSTALACION DE REDUCTOR DESAGUE EC 110 A 50mm","u",{"v":14,"d":"14.00000"},{"v":7.79,"d":"$ 7.79000"},{"v":109.06,"d":"$ 109.06000"},0,0,0,0,0,0,{"v":13.6325,"d":"13.63250"},{"v":13.6325,"d":"13.63250"},{"v":13.6325,"d":"13.63250"},{"v":13.6325,"d":"13.63250"},{"v":13.6325,"d":"13.63250"},{"v":13.6325,"d":"13.63250"},{"v":13.6325,"d":"13.63250"},{"v":13.6325,"d":"13.63250"},0,0]
[null,null,{"$error":"#REF!"},{"$error":"#REF!"},{"$error":"#REF!"},{"$error":"#REF!"},null,{"v":0,"d":"0.00%"},{"v":0,"d":"0.00%"},{"v":0,"d":"0.00%"},{"v":0,"d":"0.00%"},{"v":0,"d":"0.00%"},{"v":0,"d":"0.00%"},{"v":0.125,"d":"12.50%"},{"v":0.125,"d":"12.50%"},{"v":0.125,"d":"12.50%"},{"v":0.125,"d":"12.50%"},{"v":0.125,"d":"12.50%"},{"v":0.125,"d":"12.50%"},{"v":0.125,"d":"12.50%"},{"v":0.125,"d":"12.50%"},{"v":0,"d":"0.00%"},{"v":0,"d":"0.00%"}]
[null,null,{"$error":"#REF!"},{"$error":"#REF!"},{"$error":"#REF!"},{"$error":"#REF!"},{"$nulls":7},{"v":0.125,"d":"12.50%"},{"v":0.125,"d":"12.50%"},{"v":0.125,"d":"12.50%"},{"v":0.125,"d":"12.50%"},{"v":0.125,"d":"12.50%"},{"v":0.125,"d":"12.50%"},{"v":0.125,"d":"12.50%"},{"v":0.125,"d":"12.50%"}]
[null,485,"SUMINISTRO E INSTALACION DE YEE DESAGUE EC 50mm","u",{"v":58,"d":"58.00000"},{"v":4.56,"d":"$ 4.56000"},{"v":264.47999999999996,"d":"$ 264.48000"},0,0,0,0,0,0,{"v":33.059999999999995,"d":"33.06000"},{"v":33.059999999999995,"d":"33.06000"},{"v":33.059999999999995,"d":"33.06000"},{"v":33.059999999999995,"d":"33.06000"},{"v":33.059999999999995,"d":"33.06000"},{"v":33.059999999999995,"d":"33.06000"},{"v":33.059999999999995,"d":"33.06000"},{"v":33.059999999999995,"d":"33.06000"},0,0]
[null,null,{"$error":"#REF!"},{"$error":"#REF!"},{"$error":"#REF!"},{"$error":"#REF!"},null,{"v":0,"d":"0.00%"},{"v":0,"d":"0.00%"},{"v":0,"d":"0.00%"},{"v":0,"d":"0.00%"},{"v":0,"d":"0.00%"},{"v":0,"d":"0.00%"},{"v":0.125,"d":"12.50%"},{"v":0.125,"d":"12.50%"},{"v":0.125,"d":"12.50%"},{"v":0.125,"d":"12.50%"},{"v":0.125,"d":"12.50%"},{"v":0.125,"d":"12.50%"},{"v":0.125,"d":"12.50%"},{"v":0.125,"d":"12.50%"},{"v":0,"d":"0.00%"},{"v":0,"d":"0.00%"}]
[null,null,{"$error":"#REF!"},{"$error":"#REF!"},{"$error":"#REF!"},{"$error":"#REF!"},{"$nulls":7},{"v":0.125,"d":"12.50%"},{"v":0.125,"d":"12.50%"},{"v":0.125,"d":"12.50%"},{"v":0.125,"d":"12.50%"},{"v":0.125,"d":"12.50%"},{"v":0.125,"d":"12.50%"},{"v":0.125,"d":"12.50%"},{"v":0.125,"d":"12.50%"}]
[null,486,"SUMINISTRO E INSTALACION DE CODO DESAGUE EC 50mmX45'","u",{"v":105,"d":"105.00000"},{"v":3.62,"d":"$ 3.62000"},{"v":380.1,"d":"$ 380.10000"},0,0,0,0,0,0,{"v":47.5125,"d":"47.51250"},{"v":47.5125,"d":"47.51250"},{"v":47.5125,"d":"47.51250"},{"v":47.5125,"d":"47.51250"},{"v":47.5125,"d":"47.51250"},{"v":47.5125,"d":"47.51250"},{"v":47.5125,"d":"47.51250"},{"v":47.5125,"d":"47.51250"},0,0]
[null,null,{"$error":"#REF!"},{"$error":"#REF!"},{"$error":"#REF!"},{"$error":"#REF!"},null,{"v":0,"d":"0.00%"},{"v":0,"d":"0.00%"},{"v":0,"d":"0.00%"},{"v":0,"d":"0.00%"},{"v":0,"d":"0.00%"},{"v":0,"d":"0.00%"},{"v":0.125,"d":"12.50%"},{"v":0.125,"d":"12.50%"},{"v":0.125,"d":"12.50%"},{"v":0.125,"d":"12.50%"},{"v":0.125,"d":"12.50%"},{"v":0.125,"d":"12.50%"},{"v":0.125,"d":"12.50%"},{"v":0.125,"d":"12.50%"},{"v":0,"d":"0.00%"},{"v":0,"d":"0.00%"}]
[null,null,{"$error":"#REF!"},{"$error":"#REF!"},{"$error":"#REF!"},{"$error":"#REF!"},{"$nulls":7},{"v":0.125,"d":"12.50%"},{"v":0.125,"d":"12.50%"},{"v":0.125,"d":"12.50%"},{"v":0.125,"d":"12.50%"},{"v":0.125,"d":"12.50%"},{"v":0.125,"d":"12.50%"},{"v":0.125,"d":"12.50%"},{"v":0.125,"d":"12.50%"}]
[null,487,"SUMINISTRO E INSTALACION DE CODO DESAGUE EC 50mmX90'","u",{"v":64,"d":"64.00000"},{"v":4.55,"d":"$ 4.55000"},{"v":291.2,"d":"$ 291.20000"},0,0,0,0,0,0,{"v":36.4,"d":"36.40000"},{"v":36.4,"d":"36.40000"},{"v":36.4,"d":"36.40000"},{"v":36.4,"d":"36.40000"},{"v":36.4,"d":"36.40000"},{"v":36.4,"d":"36.40000"},{"v":36.4,"d":"36.40000"},{"v":36.4,"d":"36.40000"},0,0]
[null,null,{"$error":"#REF!"},{"$error":"#REF!"},{"$error":"#REF!"},{"$error":"#REF!"},null,{"v":0,"d":"0.00%"},{"v":0,"d":"0.00%"},{"v":0,"d":"0.00%"},{"v":0,"d":"0.00%"},{"v":0,"d":"0.00%"},{"v":0,"d":"0.00%"},{"v":0.125,"d":"12.50%"},{"v":0.125,"d":"12.50%"},{"v":0.125,"d":"12.50%"},{"v":0.125,"d":"12.50%"},{"v":0.125,"d":"12.50%"},{"v":0.125,"d":"12.50%"},{"v":0.125,"d":"12.50%"},{"v":0.125,"d":"12.50%"},{"v":0,"d":"0.00%"},{"v":0,"d":"0.00%"}]
[null,null,{"$error":"#REF!"},{"$error":"#REF!"},{"$error":"#REF!"},{"$error":"#REF!"},{"$nulls":7},{"v":0.125,"d":"12.50%"},{"v":0.125,"d":"12.50%"},{"v":0.125,"d":"12.50%"},{"v":0.125,"d":"12.50%"},{"v":0.125,"d":"12.50%"},{"v":0.125,"d":"12.50%"},{"v":0.125,"d":"12.50%"},{"v":0.125,"d":"12.50%"}]
[null,488,"SUMINISTRO E INSTALACION DE SIFON DESAGUE EC 110mm","u",{"v":33,"d":"33.00000"},{"v":16.65,"d":"$ 16.65000"},{"v":549.4499999999999,"d":"$ 549.45000"},0,0,0,0,0,0,{"v":68.68124999999999,"d":"68.68125"},{"v":68.68124999999999,"d":"68.68125"},{"v":68.68124999999999,"d":"68.68125"},{"v":68.68124999999999,"d":"68.68125"},{"v":68.68124999999999,"d":"68.68125"},{"v":68.68124999999999,"d":"68.68125"},{"v":68.68124999999999,"d":"68.68125"},{"v":68.68124999999999,"d":"68.68125"},0,0]
[null,null,{"$error":"#REF!"},{"$error":"#REF!"},{"$error":"#REF!"},{"$error":"#REF!"},null,{"v":0,"d":"0.00%"},{"v":0,"d":"0.00%"},{"v":0,"d":"0.00%"},{"v":0,"d":"0.00%"},{"v":0,"d":"0.00%"},{"v":0,"d":"0.00%"},{"v":0.125,"d":"12.50%"},{"v":0.125,"d":"12.50%"},{"v":0.125,"d":"12.50%"},{"v":0.125,"d":"12.50%"},{"v":0.125,"d":"12.50%"},{"v":0.125,"d":"12.50%"},{"v":0.125,"d":"12.50%"},{"v":0.125,"d":"12.50%"},{"v":0,"d":"0.00%"},{"v":0,"d":"0.00%"}]
[null,null,{"$error":"#REF!"},{"$error":"#REF!"},{"$error":"#REF!"},{"$error":"#REF!"},{"$nulls":7},{"v":0.125,"d":"12.50%"},{"v":0.125,"d":"12.50%"},{"v":0.125,"d":"12.50%"},{"v":0.125,"d":"12.50%"},{"v":0.125,"d":"12.50%"},{"v":0.125,"d":"12.50%"},{"v":0.125,"d":"12.50%"},{"v":0.125,"d":"12.50%"}]
[null,489,"SUMINISTRO E INSTALACION DE REJILLA CROMADA DE 2\" PARA PISO","u",{"v":33,"d":"33.00000"},{"v":6.34,"d":"$ 6.34000"},{"v":209.22,"d":"$ 209.22000"},0,0,0,0,0,0,{"v":26.1525,"d":"26.15250"},{"v":26.1525,"d":"26.15250"},{"v":26.1525,"d":"26.15250"},{"v":26.1525,"d":"26.15250"},{"v":26.1525,"d":"26.15250"},{"v":26.1525,"d":"26.15250"},{"v":26.1525,"d":"26.15250"},{"v":26.1525,"d":"26.15250"},0,0]
[null,null,{"$error":"#REF!"},{"$error":"#REF!"},{"$error":"#REF!"},{"$error":"#REF!"},null,{"v":0,"d":"0.00%"},{"v":0,"d":"0.00%"},{"v":0,"d":"0.00%"},{"v":0,"d":"0.00%"},{"v":0,"d":"0.00%"},{"v":0,"d":"0.00%"},{"v":0.125,"d":"12.50%"},{"v":0.125,"d":"12.50%"},{"v":0.125,"d":"12.50%"},{"v":0.125,"d":"12.50%"},{"v":0.125,"d":"12.50%"},{"v":0.125,"d":"12.50%"},{"v":0.125,"d":"12.50%"},{"v":0.125,"d":"12.50%"},{"v":0,"d":"0.00%"},{"v":0,"d":"0.00%"}]
[null,null,{"$error":"#REF!"},{"$error":"#REF!"},{"$error":"#REF!"},{"$error":"#REF!"},{"$nulls":7},{"v":0.125,"d":"12.50%"},{"v":0.125,"d":"12.50%"},{"v":0.125,"d":"12.50%"},{"v":0.125,"d":"12.50%"},{"v":0.125,"d":"12.50%"},{"v":0.125,"d":"12.50%"},{"v":0.125,"d":"12.50%"},{"v":0.125,"d":"12.50%"}]
[null,490,"SUMINISTRO DE TUBERIA PVC LISA DI=50 mm","m",{"v":190,"d":"190.00000"},{"v":2.52,"d":"$ 2.52000"},{"v":478.8,"d":"$ 478.80000"},0,0,0,0,0,0,{"v":59.85,"d":"59.85000"},{"v":59.85,"d":"59.85000"},{"v":59.85,"d":"59.85000"},{"v":59.85,"d":"59.85000"},{"v":59.85,"d":"59.85000"},{"v":59.85,"d":"59.85000"},{"v":59.85,"d":"59.85000"},{"v":59.85,"d":"59.85000"},0,0]
[null,null,{"$error":"#REF!"},{"$error":"#REF!"},{"$error":"#REF!"},{"$error":"#REF!"},null,{"v":0,"d":"0.00%"},{"v":0,"d":"0.00%"},{"v":0,"d":"0.00%"},{"v":0,"d":"0.00%"},{"v":0,"d":"0.00%"},{"v":0,"d":"0.00%"},{"v":0.125,"d":"12.50%"},{"v":0.125,"d":"12.50%"},{"v":0.125,"d":"12.50%"},{"v":0.125,"d":"12.50%"},{"v":0.125,"d":"12.50%"},{"v":0.125,"d":"12.50%"},{"v":0.125,"d":"12.50%"},{"v":0.125,"d":"12.50%"},{"v":0,"d":"0.00%"},{"v":0,"d":"0.00%"}]
[null,null,{"$error":"#REF!"},{"$error":"#REF!"},{"$error":"#REF!"},{"$error":"#REF!"},{"$nulls":7},{"v":0.125,"d":"12.50%"},{"v":0.125,"d":"12.50%"},{"v":0.125,"d":"12.50%"},{"v":0.125,"d":"12.50%"},{"v":0.125,"d":"12.50%"},{"v":0.125,"d":"12.50%"},{"v":0.125,"d":"12.50%"},{"v":0.125,"d":"12.50%"}]
[null,491,"INSTALACION DE TUBERIA PVC LISA DI=50 mm","m",{"v":190,"d":"190.00000"},{"v":6.13,"d":"$ 6.13000"},{"v":1164.7,"d":"$ 1,164.70000"},0,0,0,0,0,0,{"v":145.5875,"d":"145.58750"},{"v":145.5875,"d":"145.58750"},{"v":145.5875,"d":"145.58750"},{"v":145.5875,"d":"145.58750"},{"v":145.5875,"d":"145.58750"},{"v":145.5875,"d":"145.58750"},{"v":145.5875,"d":"145.58750"},{"v":145.5875,"d":"145.58750"},0,0]
[null,null,{"$error":"#REF!"},{"$error":"#REF!"},{"$error":"#REF!"},{"$error":"#REF!"},null,{"v":0,"d":"0.00%"},{"v":0,"d":"0.00%"},{"v":0,"d":"0.00%"},{"v":0,"d":"0.00%"},{"v":0,"d":"0.00%"},{"v":0,"d":"0.00%"},{"v":0.125,"d":"12.50%"},{"v":0.125,"d":"12.50%"},{"v":0.125,"d":"12.50%"},{"v":0.125,"d":"12.50%"},{"v":0.125,"d":"12.50%"},{"v":0.125,"d":"12.50%"},{"v":0.125,"d":"12.50%"},{"v":0.125,"d":"12.50%"},{"v":0,"d":"0.00%"},{"v":0,"d":"0.00%"}]
[null,null,{"$error":"#REF!"},{"$error":"#REF!"},{"$error":"#REF!"},{"$error":"#REF!"},{"$nulls":7},{"v":0.125,"d":"12.50%"},{"v":0.125,"d":"12.50%"},{"v":0.125,"d":"12.50%"},{"v":0.125,"d":"12.50%"},{"v":0.125,"d":"12.50%"},{"v":0.125,"d":"12.50%"},{"v":0.125,"d":"12.50%"},{"v":0.125,"d":"12.50%"}]
[null,492,"SUMINISTRO DE TUBERIA PVC LISA DI=110 mm","m",{"v":220,"d":"220.00000"},{"v":5.87,"d":"$ 5.87000"},{"v":1291.4,"d":"$ 1,291.40000"},0,0,0,0,0,0,{"v":161.425,"d":"161.42500"},{"v":161.425,"d":"161.42500"},{"v":161.425,"d":"161.42500"},{"v":161.425,"d":"161.42500"},{"v":161.425,"d":"161.42500"},{"v":161.425,"d":"161.42500"},{"v":161.425,"d":"161.42500"},{"v":161.425,"d":"161.42500"},0,0]
[null,null,{"$error":"#REF!"},{"$error":"#REF!"},{"$error":"#REF!"},{"$error":"#REF!"},null,{"v":0,"d":"0.00%"},{"v":0,"d":"0.00%"},{"v":0,"d":"0.00%"},{"v":0,"d":"0.00%"},{"v":0,"d":"0.00%"},{"v":0,"d":"0.00%"},{"v":0.125,"d":"12.50%"},{"v":0.125,"d":"12.50%"},{"v":0.125,"d":"12.50%"},{"v":0.125,"d":"12.50%"},{"v":0.125,"d":"12.50%"},{"v":0.125,"d":"12.50%"},{"v":0.125,"d":"12.50%"},{"v":0.125,"d":"12.50%"},{"v":0,"d":"0.00%"},{"v":0,"d":"0.00%"}]
[null,null,{"$error":"#REF!"},{"$error":"#REF!"},{"$error":"#REF!"},{"$error":"#REF!"},{"$nulls":7},{"v":0.125,"d":"12.50%"},{"v":0.125,"d":"12.50%"},{"v":0.125,"d":"12.50%"},{"v":0.125,"d":"12.50%"},{"v":0.125,"d":"12.50%"},{"v":0.125,"d":"12.50%"},{"v":0.125,"d":"12.50%"},{"v":0.125,"d":"12.50%"}]
[null,493,"INSTALACION DE TUBERIA PVC LISA DI=110 mm","m",{"v":220,"d":"220.00000"},{"v":6.13,"d":"$ 6.13000"},{"v":1348.6,"d":"$ 1,348.60000"},0,0,0,0,0,0,{"v":168.575,"d":"168.57500"},{"v":168.575,"d":"168.57500"},{"v":168.575,"d":"168.57500"},{"v":168.575,"d":"168.57500"},{"v":168.575,"d":"168.57500"},{"v":168.575,"d":"168.57500"},{"v":168.575,"d":"168.57500"},{"v":168.575,"d":"168.57500"},0,0]
[null,null,{"$error":"#REF!"},{"$error":"#REF!"},{"$error":"#REF!"},{"$error":"#REF!"},null,{"v":0,"d":"0.00%"},{"v":0,"d":"0.00%"},{"v":0,"d":"0.00%"},{"v":0,"d":"0.00%"},{"v":0,"d":"0.00%"},{"v":0,"d":"0.00%"},{"v":0.125,"d":"12.50%"},{"v":0.125,"d":"12.50%"},{"v":0.125,"d":"12.50%"},{"v":0.125,"d":"12.50%"},{"v":0.125,"d":"12.50%"},{"v":0.125,"d":"12.50%"},{"v":0.125,"d":"12.50%"},{"v":0.125,"d":"12.50%"},{"v":0,"d":"0.00%"},{"v":0,"d":"0.00%"}]
[null,null,{"$error":"#REF!"},{"$error":"#REF!"},{"$error":"#REF!"},{"$error":"#REF!"},{"$nulls":7},{"v":0.125,"d":"12.50%"},{"v":0.125,"d":"12.50%"},{"v":0.125,"d":"12.50%"},{"v":0.125,"d":"12.50%"},{"v":0.125,"d":"12.50%"},{"v":0.125,"d":"12.50%"},{"v":0.125,"d":"12.50%"},{"v":0.125,"d":"12.50%"}]
[null,494,"COLGADOR PARA TUBERIA 2 IN","u",{"v":98,"d":"98.00000"},{"v":2.57,"d":"$ 2.57000"},{"v":251.85999999999999,"d":"$ 251.86000"},0,0,0,0,0,0,{"v":31.482499999999998,"d":"31.48250"},{"v":31.482499999999998,"d":"31.48250"},{"v":31.482499999999998,"d":"31.48250"},{"v":31.482499999999998,"d":"31.48250"},{"v":31.482499999999998,"d":"31.48250"},{"v":31.482499999999998,"d":"31.48250"},{"v":31.482499999999998,"d":"31.48250"},{"v":31.482499999999998,"d":"31.48250"},0,0]
[null,null,{"$error":"#REF!"},{"$error":"#REF!"},{"$error":"#REF!"},{"$error":"#REF!"},null,{"v":0,"d":"0.00%"},{"v":0,"d":"0.00%"},{"v":0,"d":"0.00%"},{"v":0,"d":"0.00%"},{"v":0,"d":"0.00%"},{"v":0,"d":"0.00%"},{"v":0.125,"d":"12.50%"},{"v":0.125,"d":"12.50%"},{"v":0.125,"d":"12.50%"},{"v":0.125,"d":"12.50%"},{"v":0.125,"d":"12.50%"},{"v":0.125,"d":"12.50%"},{"v":0.125,"d":"12.50%"},{"v":0.125,"d":"12.50%"},{"v":0,"d":"0.00%"},{"v":0,"d":"0.00%"}]
[null,null,{"$error":"#REF!"},{"$error":"#REF!"},{"$error":"#REF!"},{"$error":"#REF!"},{"$nulls":7},{"v":0.125,"d":"12.50%"},{"v":0.125,"d":"12.50%"},{"v":0.125,"d":"12.50%"},{"v":0.125,"d":"12.50%"},{"v":0.125,"d":"12.50%"},{"v":0.125,"d":"12.50%"},{"v":0.125,"d":"12.50%"},{"v":0.125,"d":"12.50%"}]
[null,495,"COLGADOR PARA TUBERIA 4 IN","u",{"v":78,"d":"78.00000"},{"v":4,"d":"$ 4.00000"},{"v":312,"d":"$ 312.00000"},0,0,0,0,0,0,{"v":39,"d":"39.00000"},{"v":39,"d":"39.00000"},{"v":39,"d":"39.00000"},{"v":39,"d":"39.00000"},{"v":39,"d":"39.00000"},{"v":39,"d":"39.00000"},{"v":39,"d":"39.00000"},{"v":39,"d":"39.00000"},0,0]
[null,null,{"$error":"#REF!"},{"$error":"#REF!"},{"$error":"#REF!"},{"$error":"#REF!"},null,{"v":0,"d":"0.00%"},{"v":0,"d":"0.00%"},{"v":0,"d":"0.00%"},{"v":0,"d":"0.00%"},{"v":0,"d":"0.00%"},{"v":0,"d":"0.00%"},{"v":0.125,"d":"12.50%"},{"v":0.125,"d":"12.50%"},{"v":0.125,"d":"12.50%"},{"v":0.125,"d":"12.50%"},{"v":0.125,"d":"12.50%"},{"v":0.125,"d":"12.50%"},{"v":0.125,"d":"12.50%"},{"v":0.125,"d":"12.50%"},{"v":0,"d":"0.00%"},{"v":0,"d":"0.00%"}]
[null,null,{"$error":"#REF!"},{"$error":"#REF!"},{"$error":"#REF!"},{"$error":"#REF!"},{"$nulls":7},{"v":0.125,"d":"12.50%"},{"v":0.125,"d":"12.50%"},{"v":0.125,"d":"12.50%"},{"v":0.125,"d":"12.50%"},{"v":0.125,"d":"12.50%"},{"v":0.125,"d":"12.50%"},{"v":0.125,"d":"12.50%"},{"v":0.125,"d":"12.50%"}]
[null,496,"INODOROS CON FLUXOMETRO (INCLUYE ACCESORIOS)","u",{"v":23,"d":"23.00000"},{"v":402.63,"d":"$ 402.63000"},{"v":9260.49,"d":"$ 9,260.49000"},0,0,0,0,0,0,{"v":1157.56125,"d":"1,157.56125"},{"v":1157.56125,"d":"1,157.56125"},{"v":1157.56125,"d":"1,157.56125"},{"v":1157.56125,"d":"1,157.56125"},{"v":1157.56125,"d":"1,157.56125"},{"v":1157.56125,"d":"1,157.56125"},{"v":1157.56125,"d":"1,157.56125"},{"v":1157.56125,"d":"1,157.56125"},0,0]
[null,null,{"$error":"#REF!"},{"$error":"#REF!"},{"$error":"#REF!"},{"$error":"#REF!"},null,{"v":0,"d":"0.00%"},{"v":0,"d":"0.00%"},{"v":0,"d":"0.00%"},{"v":0,"d":"0.00%"},{"v":0,"d":"0.00%"},{"v":0,"d":"0.00%"},{"v":0.125,"d":"12.50%"},{"v":0.125,"d":"12.50%"},{"v":0.125,"d":"12.50%"},{"v":0.125,"d":"12.50%"},{"v":0.125,"d":"12.50%"},{"v":0.125,"d":"12.50%"},{"v":0.125,"d":"12.50%"},{"v":0.125,"d":"12.50%"},{"v":0,"d":"0.00%"},{"v":0,"d":"0.00%"}]
[null,null,{"$error":"#REF!"},{"$error":"#REF!"},{"$error":"#REF!"},{"$error":"#REF!"},{"$nulls":7},{"v":0.125,"d":"12.50%"},{"v":0.125,"d":"12.50%"},{"v":0.125,"d":"12.50%"},{"v":0.125,"d":"12.50%"},{"v":0.125,"d":"12.50%"},{"v":0.125,"d":"12.50%"},{"v":0.125,"d":"12.50%"},{"v":0.125,"d":"12.50%"}]
[null,497,"URINARIO CON FLUXOMETRO (INCLUYE ACCESORIOS)","u",{"v":11,"d":"11.00000"},{"v":335.87,"d":"$ 335.87000"},{"v":3694.57,"d":"$ 3,694.57000"},0,0,0,0,0,0,461.82125,461.82125,461.82125,461.82125,461.82125,461.82125,461.82125,461.82125,0,0]
[null,null,{"$error":"#REF!"},{"$error":"#REF!"},{"$error":"#REF!"},{"$error":"#REF!"},null,{"v":0,"d":"0.00%"},{"v":0,"d":"0.00%"},{"v":0,"d":"0.00%"},{"v":0,"d":"0.00%"},{"v":0,"d":"0.00%"},{"v":0,"d":"0.00%"},{"v":0.125,"d":"12.50%"},{"v":0.125,"d":"12.50%"},{"v":0.125,"d":"12.50%"},{"v":0.125,"d":"12.50%"},{"v":0.125,"d":"12.50%"},{"v":0.125,"d":"12.50%"},{"v":0.125,"d":"12.50%"},{"v":0.125,"d":"12.50%"},{"v":0,"d":"0.00%"},{"v":0,"d":"0.00%"}]
[null,null,{"$error":"#REF!"},{"$error":"#REF!"},{"$error":"#REF!"},{"$error":"#REF!"},{"$nulls":7},{"v":0.125,"d":"12.50%"},{"v":0.125,"d":"12.50%"},{"v":0.125,"d":"12.50%"},{"v":0.125,"d":"12.50%"},{"v":0.125,"d":"12.50%"},{"v":0.125,"d":"12.50%"},{"v":0.125,"d":"12.50%"},{"v":0.125,"d":"12.50%"}]
[null,498,"LAVAPLATOS DE DOS POZOS PROFUNDOS (INCLUYE ACCESORIOS)","u",{"v":23,"d":"23.00000"},{"v":167.98,"d":"$ 167.98000"},{"v":3863.54,"d":"$ 3,863.54000"},0,0,0,0,0,0,{"v":482.9425,"d":"482.94250"},{"v":482.9425,"d":"482.94250"},{"v":482.9425,"d":"482.94250"},{"v":482.9425,"d":"482.94250"},{"v":482.9425,"d":"482.94250"},{"v":482.9425,"d":"482.94250"},{"v":482.9425,"d":"482.94250"},{"v":482.9425,"d":"482.94250"},0,0]
[null,null,{"$error":"#REF!"},{"$error":"#REF!"},{"$error":"#REF!"},{"$error":"#REF!"},null,{"v":0,"d":"0.00%"},{"v":0,"d":"0.00%"},{"v":0,"d":"0.00%"},{"v":0,"d":"0.00%"},{"v":0,"d":"0.00%"},{"v":0,"d":"0.00%"},{"v":0.125,"d":"12.50%"},{"v":0.125,"d":"12.50%"},{"v":0.125,"d":"12.50%"},{"v":0.125,"d":"12.50%"},{"v":0.125,"d":"12.50%"},{"v":0.125,"d":"12.50%"},{"v":0.125,"d":"12.50%"},{"v":0.125,"d":"12.50%"},{"v":0,"d":"0.00%"},{"v":0,"d":"0.00%"}]
[null,null,{"$error":"#REF!"},{"$error":"#REF!"},{"$error":"#REF!"},{"$error":"#REF!"},{"$nulls":7},{"v":0.125,"d":"12.50%"},{"v":0.125,"d":"12.50%"},{"v":0.125,"d":"12.50%"},{"v":0.125,"d":"12.50%"},{"v":0.125,"d":"12.50%"},{"v":0.125,"d":"12.50%"},{"v":0.125,"d":"12.50%"},{"v":0.125,"d":"12.50%"}]
[null,499,"LAVAMANOS DE EMPOTRAR CON GRIFERIA PRESSMATIC (INCLUYE ACCESORIOS)","u",{"v":25,"d":"25.00000"},{"v":194.44,"d":"$ 194.44000"},{"v":4861,"d":"$ 4,861.00000"},0,0,0,0,0,0,{"v":607.625,"d":"607.62500"},{"v":607.625,"d":"607.62500"},{"v":607.625,"d":"607.62500"},{"v":607.625,"d":"607.62500"},{"v":607.625,"d":"607.62500"},{"v":607.625,"d":"607.62500"},{"v":607.625,"d":"607.62500"},{"v":607.625,"d":"607.62500"},0,0]
[null,null,{"$error":"#REF!"},{"$error":"#REF!"},{"$error":"#REF!"},{"$error":"#REF!"},null,{"v":0,"d":"0.00%"},{"v":0,"d":"0.00%"},{"v":0,"d":"0.00%"},{"v":0,"d":"0.00%"},{"v":0,"d":"0.00%"},{"v":0,"d":"0.00%"},{"v":0.125,"d":"12.50%"},{"v":0.125,"d":"12.50%"},{"v":0.125,"d":"12.50%"},{"v":0.125,"d":"12.50%"},{"v":0.125,"d":"12.50%"},{"v":0.125,"d":"12.50%"},{"v":0.125,"d":"12.50%"},{"v":0.125,"d":"12.50%"},{"v":0,"d":"0.00%"},{"v":0,"d":"0.00%"}]
[null,null,{"$error":"#REF!"},{"$error":"#REF!"},{"$error":"#REF!"},{"$error":"#REF!"},{"$nulls":7},{"v":0.125,"d":"12.50%"},{"v":0.125,"d":"12.50%"},{"v":0.125,"d":"12.50%"},{"v":0.125,"d":"12.50%"},{"v":0.125,"d":"12.50%"},{"v":0.125,"d":"12.50%"},{"v":0.125,"d":"12.50%"},{"v":0.125,"d":"12.50%"}]
[null,500,"CAJA DE REGISTRO PARA AA.SS. EDIFICACIONES DE H.A., F´C= 210 Kg/cm2; H<1.00m (0.60x0.60)m","u",{"v":33,"d":"33.00000"},{"v":171.7,"d":"$ 171.70000"},{"v":5666.099999999999,"d":"$ 5,666.10000"},0,0,0,0,0,0,{"v":708.2624999999999,"d":"708.26250"},{"v":708.2624999999999,"d":"708.26250"},{"v":708.2624999999999,"d":"708.26250"},{"v":708.2624999999999,"d":"708.26250"},{"v":708.2624999999999,"d":"708.26250"},{"v":708.2624999999999,"d":"708.26250"},{"v":708.2624999999999,"d":"708.26250"},{"v":708.2624999999999,"d":"708.26250"},0,0]
[null,null,{"$error":"#REF!"},{"$error":"#REF!"},{"$error":"#REF!"},{"$error":"#REF!"},null,{"v":0,"d":"0.00%"},{"v":0,"d":"0.00%"},{"v":0,"d":"0.00%"},{"v":0,"d":"0.00%"},{"v":0,"d":"0.00%"},{"v":0,"d":"0.00%"},{"v":0.125,"d":"12.50%"},{"v":0.125,"d":"12.50%"},{"v":0.125,"d":"12.50%"},{"v":0.125,"d":"12.50%"},{"v":0.125,"d":"12.50%"},{"v":0.125,"d":"12.50%"},{"v":0.125,"d":"12.50%"},{"v":0.125,"d":"12.50%"},{"v":0,"d":"0.00%"},{"v":0,"d":"0.00%"}]
[null,null,{"$error":"#REF!"},{"$error":"#REF!"},{"$error":"#REF!"},{"$error":"#REF!"},{"$nulls":7},{"v":0.125,"d":"12.50%"},{"v":0.125,"d":"12.50%"},{"v":0.125,"d":"12.50%"},{"v":0.125,"d":"12.50%"},{"v":0.125,"d":"12.50%"},{"v":0.125,"d":"12.50%"},{"v":0.125,"d":"12.50%"},{"v":0.125,"d":"12.50%"}]
[null,501,"SUMINISTRO E INSTALACION DE CODO VENTILACION EC 50mmX90'","u",{"v":51,"d":"51.00000"},{"v":4.55,"d":"$ 4.55000"},{"v":232.04999999999998,"d":"$ 232.05000"},0,0,0,0,0,0,{"v":29.006249999999998,"d":"29.00625"},{"v":29.006249999999998,"d":"29.00625"},{"v":29.006249999999998,"d":"29.00625"},{"v":29.006249999999998,"d":"29.00625"},{"v":29.006249999999998,"d":"29.00625"},{"v":29.006249999999998,"d":"29.00625"},{"v":29.006249999999998,"d":"29.00625"},{"v":29.006249999999998,"d":"29.00625"},0,0]
[null,null,{"$error":"#REF!"},{"$error":"#REF!"},{"$error":"#REF!"},{"$error":"#REF!"},null,{"v":0,"d":"0.00%"},{"v":0,"d":"0.00%"},{"v":0,"d":"0.00%"},{"v":0,"d":"0.00%"},{"v":0,"d":"0.00%"},{"v":0,"d":"0.00%"},{"v":0.125,"d":"12.50%"},{"v":0.125,"d":"12.50%"},{"v":0.125,"d":"12.50%"},{"v":0.125,"d":"12.50%"},{"v":0.125,"d":"12.50%"},{"v":0.125,"d":"12.50%"},{"v":0.125,"d":"12.50%"},{"v":0.125,"d":"12.50%"},{"v":0,"d":"0.00%"},{"v":0,"d":"0.00%"}]
[null,null,{"$error":"#REF!"},{"$error":"#REF!"},{"$error":"#REF!"},{"$error":"#REF!"},{"$nulls":7},{"v":0.125,"d":"12.50%"},{"v":0.125,"d":"12.50%"},{"v":0.125,"d":"12.50%"},{"v":0.125,"d":"12.50%"},{"v":0.125,"d":"12.50%"},{"v":0.125,"d":"12.50%"},{"v":0.125,"d":"12.50%"},{"v":0.125,"d":"12.50%"}]
[null,502,"SUMINISTRO E INSTALACION DE YEE REDUCTORA VENTILACION 110 A 50mm","u",{"v":24,"d":"24.00000"},{"v":9.45,"d":"$ 9.45000"},{"v":226.79999999999998,"d":"$ 226.80000"},0,0,0,0,0,0,{"v":28.349999999999998,"d":"28.35000"},{"v":28.349999999999998,"d":"28.35000"},{"v":28.349999999999998,"d":"28.35000"},{"v":28.349999999999998,"d":"28.35000"},{"v":28.349999999999998,"d":"28.35000"},{"v":28.349999999999998,"d":"28.35000"},{"v":28.349999999999998,"d":"28.35000"},{"v":28.349999999999998,"d":"28.35000"},0,0]
[null,null,{"$error":"#REF!"},{"$error":"#REF!"},{"$error":"#REF!"},{"$error":"#REF!"},null,{"v":0,"d":"0.00%"},{"v":0,"d":"0.00%"},{"v":0,"d":"0.00%"},{"v":0,"d":"0.00%"},{"v":0,"d":"0.00%"},{"v":0,"d":"0.00%"},{"v":0.125,"d":"12.50%"},{"v":0.125,"d":"12.50%"},{"v":0.125,"d":"12.50%"},{"v":0.125,"d":"12.50%"},{"v":0.125,"d":"12.50%"},{"v":0.125,"d":"12.50%"},{"v":0.125,"d":"12.50%"},{"v":0.125,"d":"12.50%"},{"v":0,"d":"0.00%"},{"v":0,"d":"0.00%"}]
[null,null,{"$error":"#REF!"},{"$error":"#REF!"},{"$error":"#REF!"},{"$error":"#REF!"},{"$nulls":7},{"v":0.125,"d":"12.50%"},{"v":0.125,"d":"12.50%"},{"v":0.125,"d":"12.50%"},{"v":0.125,"d":"12.50%"},{"v":0.125,"d":"12.50%"},{"v":0.125,"d":"12.50%"},{"v":0.125,"d":"12.50%"},{"v":0.125,"d":"12.50%"}]
[null,503,"SUMINISTRO E INSTALACION DE TEE VENTILACION EC D=50mm","u",{"v":76,"d":"76.00000"},{"v":4.73,"d":"$ 4.73000"},{"v":359.48,"d":"$ 359.48000"},0,0,0,0,0,0,{"v":44.935,"d":"44.93500"},{"v":44.935,"d":"44.93500"},{"v":44.935,"d":"44.93500"},{"v":44.935,"d":"44.93500"},{"v":44.935,"d":"44.93500"},{"v":44.935,"d":"44.93500"},{"v":44.935,"d":"44.93500"},{"v":44.935,"d":"44.93500"},0,0]
[null,null,{"$error":"#REF!"},{"$error":"#REF!"},{"$error":"#REF!"},{"$error":"#REF!"},null,{"v":0,"d":"0.00%"},{"v":0,"d":"0.00%"},{"v":0,"d":"0.00%"},{"v":0,"d":"0.00%"},{"v":0,"d":"0.00%"},{"v":0,"d":"0.00%"},{"v":0.125,"d":"12.50%"},{"v":0.125,"d":"12.50%"},{"v":0.125,"d":"12.50%"},{"v":0.125,"d":"12.50%"},{"v":0.125,"d":"12.50%"},{"v":0.125,"d":"12.50%"},{"v":0.125,"d":"12.50%"},{"v":0.125,"d":"12.50%"},{"v":0,"d":"0.00%"},{"v":0,"d":"0.00%"}]
[null,null,{"$error":"#REF!"},{"$error":"#REF!"},{"$error":"#REF!"},{"$error":"#REF!"},{"$nulls":7},{"v":0.125,"d":"12.50%"},{"v":0.125,"d":"12.50%"},{"v":0.125,"d":"12.50%"},{"v":0.125,"d":"12.50%"},{"v":0.125,"d":"12.50%"},{"v":0.125,"d":"12.50%"},{"v":0.125,"d":"12.50%"},{"v":0.125,"d":"12.50%"}]
[null,504,"SUMINISTRO E INSTALACION DE CODO VENTILACION EC 50mmX45' ","u",{"v":4,"d":"4.00000"},{"v":3.08,"d":"$ 3.08000"},{"v":12.32,"d":"$ 12.32000"},0,0,0,0,0,0,{"v":1.54,"d":"1.54000"},{"v":1.54,"d":"1.54000"},{"v":1.54,"d":"1.54000"},{"v":1.54,"d":"1.54000"},{"v":1.54,"d":"1.54000"},{"v":1.54,"d":"1.54000"},{"v":1.54,"d":"1.54000"},{"v":1.54,"d":"1.54000"},0,0]
[null,null,{"$error":"#REF!"},{"$error":"#REF!"},{"$error":"#REF!"},{"$error":"#REF!"},null,{"v":0,"d":"0.00%"},{"v":0,"d":"0.00%"},{"v":0,"d":"0.00%"},{"v":0,"d":"0.00%"},{"v":0,"d":"0.00%"},{"v":0,"d":"0.00%"},{"v":0.125,"d":"12.50%"},{"v":0.125,"d":"12.50%"},{"v":0.125,"d":"12.50%"},{"v":0.125,"d":"12.50%"},{"v":0.125,"d":"12.50%"},{"v":0.125,"d":"12.50%"},{"v":0.125,"d":"12.50%"},{"v":0.125,"d":"12.50%"},{"v":0,"d":"0.00%"},{"v":0,"d":"0.00%"}]
[null,null,{"$error":"#REF!"},{"$error":"#REF!"},{"$error":"#REF!"},{"$error":"#REF!"},{"$nulls":7},{"v":0.125,"d":"12.50%"},{"v":0.125,"d":"12.50%"},{"v":0.125,"d":"12.50%"},{"v":0.125,"d":"12.50%"},{"v":0.125,"d":"12.50%"},{"v":0.125,"d":"12.50%"},{"v":0.125,"d":"12.50%"},{"v":0.125,"d":"12.50%"}]
[null,505,"SUMINISTRO DE TUBERIA DE VENTILACION PVC EC DI=50mm","m",{"v":170,"d":"170.00000"},{"v":1.68,"d":"$ 1.68000"},{"v":285.59999999999997,"d":"$ 285.60000"},0,0,0,0,0,0,{"v":35.699999999999996,"d":"35.70000"},{"v":35.699999999999996,"d":"35.70000"},{"v":35.699999999999996,"d":"35.70000"},{"v":35.699999999999996,"d":"35.70000"},{"v":35.699999999999996,"d":"35.70000"},{"v":35.699999999999996,"d":"35.70000"},{"v":35.699999999999996,"d":"35.70000"},{"v":35.699999999999996,"d":"35.70000"},0,0]
[null,null,{"$error":"#REF!"},{"$error":"#REF!"},{"$error":"#REF!"},{"$error":"#REF!"},null,{"v":0,"d":"0.00%"},{"v":0,"d":"0.00%"},{"v":0,"d":"0.00%"},{"v":0,"d":"0.00%"},{"v":0,"d":"0.00%"},{"v":0,"d":"0.00%"},{"v":0.125,"d":"12.50%"},{"v":0.125,"d":"12.50%"},{"v":0.125,"d":"12.50%"},{"v":0.125,"d":"12.50%"},{"v":0.125,"d":"12.50%"},{"v":0.125,"d":"12.50%"},{"v":0.125,"d":"12.50%"},{"v":0.125,"d":"12.50%"},{"v":0,"d":"0.00%"},{"v":0,"d":"0.00%"}]
[null,null,{"$error":"#REF!"},{"$error":"#REF!"},{"$error":"#REF!"},{"$error":"#REF!"},{"$nulls":7},{"v":0.125,"d":"12.50%"},{"v":0.125,"d":"12.50%"},{"v":0.125,"d":"12.50%"},{"v":0.125,"d":"12.50%"},{"v":0.125,"d":"12.50%"},{"v":0.125,"d":"12.50%"},{"v":0.125,"d":"12.50%"},{"v":0.125,"d":"12.50%"}]
[null,506,"INSTALACION DE TUBERIA DE VENTILACION PVC EC DI=50mm","m",{"v":170,"d":"170.00000"},{"v":5.34,"d":"$ 5.34000"},{"v":907.8,"d":"$ 907.80000"},0,0,0,0,0,0,{"v":113.475,"d":"113.47500"},{"v":113.475,"d":"113.47500"},{"v":113.475,"d":"113.47500"},{"v":113.475,"d":"113.47500"},{"v":113.475,"d":"113.47500"},{"v":113.475,"d":"113.47500"},{"v":113.475,"d":"113.47500"},{"v":113.475,"d":"113.47500"},0,0]
[null,null,{"$error":"#REF!"},{"$error":"#REF!"},{"$error":"#REF!"},{"$error":"#REF!"},null,{"v":0,"d":"0.00%"},{"v":0,"d":"0.00%"},{"v":0,"d":"0.00%"},{"v":0,"d":"0.00%"},{"v":0,"d":"0.00%"},{"v":0,"d":"0.00%"},{"v":0.125,"d":"12.50%"},{"v":0.125,"d":"12.50%"},{"v":0.125,"d":"12.50%"},{"v":0.125,"d":"12.50%"},{"v":0.125,"d":"12.50%"},{"v":0.125,"d":"12.50%"},{"v":0.125,"d":"12.50%"},{"v":0.125,"d":"12.50%"},{"v":0,"d":"0.00%"},{"v":0,"d":"0.00%"}]
[null,null,{"$error":"#REF!"},{"$error":"#REF!"},{"$error":"#REF!"},{"$error":"#REF!"},{"$nulls":7},{"v":0.125,"d":"12.50%"},{"v":0.125,"d":"12.50%"},{"v":0.125,"d":"12.50%"},{"v":0.125,"d":"12.50%"},{"v":0.125,"d":"12.50%"},{"v":0.125,"d":"12.50%"},{"v":0.125,"d":"12.50%"},{"v":0.125,"d":"12.50%"}]
[null,507,"EXCAVACION MECANICA EN SUELO SIN CLASIFICAR 0,00 < H < 2,00m","m3",{"v":84.5,"d":"84.50000"},{"v":3.84,"d":"$ 3.84000"},{"v":324.47999999999996,"d":"$ 324.48000"},0,0,0,0,0,0,{"v":40.559999999999995,"d":"40.56000"},{"v":40.559999999999995,"d":"40.56000"},{"v":40.559999999999995,"d":"40.56000"},{"v":40.559999999999995,"d":"40.56000"},{"v":40.559999999999995,"d":"40.56000"},{"v":40.559999999999995,"d":"40.56000"},{"v":40.559999999999995,"d":"40.56000"},{"v":40.559999999999995,"d":"40.56000"},0,0]
[null,null,{"$error":"#REF!"},{"$error":"#REF!"},{"$error":"#REF!"},{"$error":"#REF!"},null,{"v":0,"d":"0.00%"},{"v":0,"d":"0.00%"},{"v":0,"d":"0.00%"},{"v":0,"d":"0.00%"},{"v":0,"d":"0.00%"},{"v":0,"d":"0.00%"},{"v":0.125,"d":"12.50%"},{"v":0.125,"d":"12.50%"},{"v":0.125,"d":"12.50%"},{"v":0.125,"d":"12.50%"},{"v":0.125,"d":"12.50%"},{"v":0.125,"d":"12.50%"},{"v":0.125,"d":"12.50%"},{"v":0.125,"d":"12.50%"},{"v":0,"d":"0.00%"},{"v":0,"d":"0.00%"}]
[null,null,{"$error":"#REF!"},{"$error":"#REF!"},{"$error":"#REF!"},{"$error":"#REF!"},{"$nulls":7},{"v":0.125,"d":"12.50%"},{"v":0.125,"d":"12.50%"},{"v":0.125,"d":"12.50%"},{"v":0.125,"d":"12.50%"},{"v":0.125,"d":"12.50%"},{"v":0.125,"d":"12.50%"},{"v":0.125,"d":"12.50%"},{"v":0.125,"d":"12.50%"}]
[null,508,"DESALOJO DEL MATERIAL SOBRANTE (BOTADERO MUNICIPAL)","m3",{"v":84.5,"d":"84.50000"},{"v":3.5,"d":"$ 3.50000"},{"v":295.75,"d":"$ 295.75000"},0,0,0,0,0,0,36.96875,36.96875,36.96875,36.96875,36.96875,36.96875,36.96875,36.96875,0,0]
[null,null,{"$error":"#REF!"},{"$error":"#REF!"},{"$error":"#REF!"},{"$error":"#REF!"},null,{"v":0,"d":"0.00%"},{"v":0,"d":"0.00%"},{"v":0,"d":"0.00%"},{"v":0,"d":"0.00%"},{"v":0,"d":"0.00%"},{"v":0,"d":"0.00%"},{"v":0.125,"d":"12.50%"},{"v":0.125,"d":"12.50%"},{"v":0.125,"d":"12.50%"},{"v":0.125,"d":"12.50%"},{"v":0.125,"d":"12.50%"},{"v":0.125,"d":"12.50%"},{"v":0.125,"d":"12.50%"},{"v":0.125,"d":"12.50%"},{"v":0,"d":"0.00%"},{"v":0,"d":"0.00%"}]
[null,null,{"$error":"#REF!"},{"$error":"#REF!"},{"$error":"#REF!"},{"$error":"#REF!"},{"$nulls":7},{"v":0.125,"d":"12.50%"},{"v":0.125,"d":"12.50%"},{"v":0.125,"d":"12.50%"},{"v":0.125,"d":"12.50%"},{"v":0.125,"d":"12.50%"},{"v":0.125,"d":"12.50%"},{"v":0.125,"d":"12.50%"},{"v":0.125,"d":"12.50%"}]
[null,509,"EXCAVACION MECANICA EN SUELO SIN CLASIFICAR 0,00 < H < 2,00m","m3",{"v":37.56,"d":"37.56000"},{"v":3.84,"d":"$ 3.84000"},{"v":144.2304,"d":"$ 144.23040"},0,0,0,0,0,0,{"v":18.0288,"d":"18.02880"},{"v":18.0288,"d":"18.02880"},{"v":18.0288,"d":"18.02880"},{"v":18.0288,"d":"18.02880"},{"v":18.0288,"d":"18.02880"},{"v":18.0288,"d":"18.02880"},{"v":18.0288,"d":"18.02880"},{"v":18.0288,"d":"18.02880"},0,0]
[null,null,{"$error":"#REF!"},{"$error":"#REF!"},{"$error":"#REF!"},{"$error":"#REF!"},null,{"v":0,"d":"0.00%"},{"v":0,"d":"0.00%"},{"v":0,"d":"0.00%"},{"v":0,"d":"0.00%"},{"v":0,"d":"0.00%"},{"v":0,"d":"0.00%"},{"v":0.125,"d":"12.50%"},{"v":0.125,"d":"12.50%"},{"v":0.125,"d":"12.50%"},{"v":0.125,"d":"12.50%"},{"v":0.125,"d":"12.50%"},{"v":0.125,"d":"12.50%"},{"v":0.125,"d":"12.50%"},{"v":0.125,"d":"12.50%"},{"v":0,"d":"0.00%"},{"v":0,"d":"0.00%"}]
[null,null,{"$error":"#REF!"},{"$error":"#REF!"},{"$error":"#REF!"},{"$error":"#REF!"},{"$nulls":7},{"v":0.125,"d":"12.50%"},{"v":0.125,"d":"12.50%"},{"v":0.125,"d":"12.50%"},{"v":0.125,"d":"12.50%"},{"v":0.125,"d":"12.50%"},{"v":0.125,"d":"12.50%"},{"v":0.125,"d":"12.50%"},{"v":0.125,"d":"12.50%"}]
[null,510,"DESALOJO DEL MATERIAL SOBRANTE (BOTADERO MUNICIPAL)","m3",{"v":37.56,"d":"37.56000"},{"v":3.5,"d":"$ 3.50000"},{"v":131.46,"d":"$ 131.46000"},0,0,0,0,0,0,{"v":16.4325,"d":"16.43250"},{"v":16.4325,"d":"16.43250"},{"v":16.4325,"d":"16.43250"},{"v":16.4325,"d":"16.43250"},{"v":16.4325,"d":"16.43250"},{"v":16.4325,"d":"16.43250"},{"v":16.4325,"d":"16.43250"},{"v":16.4325,"d":"16.43250"},0,0]
[null,null,{"$error":"#REF!"},{"$error":"#REF!"},{"$error":"#REF!"},{"$error":"#REF!"},null,{"v":0,"d":"0.00%"},{"v":0,"d":"0.00%"},{"v":0,"d":"0.00%"},{"v":0,"d":"0.00%"},{"v":0,"d":"0.00%"},{"v":0,"d":"0.00%"},{"v":0.125,"d":"12.50%"},{"v":0.125,"d":"12.50%"},{"v":0.125,"d":"12.50%"},{"v":0.125,"d":"12.50%"},{"v":0.125,"d":"12.50%"},{"v":0.125,"d":"12.50%"},{"v":0.125,"d":"12.50%"},{"v":0.125,"d":"12.50%"},{"v":0,"d":"0.00%"},{"v":0,"d":"0.00%"}]
[null,null,{"$error":"#REF!"},{"$error":"#REF!"},{"$error":"#REF!"},{"$error":"#REF!"},{"$nulls":7},{"v":0.125,"d":"12.50%"},{"v":0.125,"d":"12.50%"},{"v":0.125,"d":"12.50%"},{"v":0.125,"d":"12.50%"},{"v":0.125,"d":"12.50%"},{"v":0.125,"d":"12.50%"},{"v":0.125,"d":"12.50%"},{"v":0.125,"d":"12.50%"}]
[null,511,"RELLENO COMPACTADO CON COMPACTADOR MANUAL DE MATERIAL IMPORTADO (INCLUYE TRANSPORTE)","m3",{"v":6,"d":"6.00000"},{"v":20.66,"d":"$ 20.66000"},{"v":123.96000000000001,"d":"$ 123.96000"},0,0,0,0,0,0,{"v":15.495000000000001,"d":"15.49500"},{"v":15.495000000000001,"d":"15.49500"},{"v":15.495000000000001,"d":"15.49500"},{"v":15.495000000000001,"d":"15.49500"},{"v":15.495000000000001,"d":"15.49500"},{"v":15.495000000000001,"d":"15.49500"},{"v":15.495000000000001,"d":"15.49500"},{"v":15.495000000000001,"d":"15.49500"},0,0]
[null,null,{"$error":"#REF!"},{"$error":"#REF!"},{"$error":"#REF!"},{"$error":"#REF!"},null,{"v":0,"d":"0.00%"},{"v":0,"d":"0.00%"},{"v":0,"d":"0.00%"},{"v":0,"d":"0.00%"},{"v":0,"d":"0.00%"},{"v":0,"d":"0.00%"},{"v":0.125,"d":"12.50%"},{"v":0.125,"d":"12.50%"},{"v":0.125,"d":"12.50%"},{"v":0.125,"d":"12.50%"},{"v":0.125,"d":"12.50%"},{"v":0.125,"d":"12.50%"},{"v":0.125,"d":"12.50%"},{"v":0.125,"d":"12.50%"},{"v":0,"d":"0.00%"},{"v":0,"d":"0.00%"}]
[null,null,{"$error":"#REF!"},{"$error":"#REF!"},{"$error":"#REF!"},{"$error":"#REF!"},{"$nulls":7},{"v":0.125,"d":"12.50%"},{"v":0.125,"d":"12.50%"},{"v":0.125,"d":"12.50%"},{"v":0.125,"d":"12.50%"},{"v":0.125,"d":"12.50%"},{"v":0.125,"d":"12.50%"},{"v":0.125,"d":"12.50%"},{"v":0.125,"d":"12.50%"}]
[null,512,"SUMINISTRO E INSTALACION DE CAMARA DE INSPECCION TIPO II DE HORMIGON ARMADO","u",{"v":3,"d":"3.00000"},{"v":2335.47,"d":"$ 2,335.47000"},{"v":7006.41,"d":"$ 7,006.41000"},0,0,0,0,0,0,875.80125,875.80125,875.80125,875.80125,875.80125,875.80125,875.80125,875.80125,0,0]
[null,null,{"$error":"#REF!"},{"$error":"#REF!"},{"$error":"#REF!"},{"$error":"#REF!"},null,{"v":0,"d":"0.00%"},{"v":0,"d":"0.00%"},{"v":0,"d":"0.00%"},{"v":0,"d":"0.00%"},{"v":0,"d":"0.00%"},{"v":0,"d":"0.00%"},{"v":0.125,"d":"12.50%"},{"v":0.125,"d":"12.50%"},{"v":0.125,"d":"12.50%"},{"v":0.125,"d":"12.50%"},{"v":0.125,"d":"12.50%"},{"v":0.125,"d":"12.50%"},{"v":0.125,"d":"12.50%"},{"v":0.125,"d":"12.50%"},{"v":0,"d":"0.00%"},{"v":0,"d":"0.00%"}]
[null,null,{"$error":"#REF!"},{"$error":"#REF!"},{"$error":"#REF!"},{"$error":"#REF!"},{"$nulls":7},{"v":0.125,"d":"12.50%"},{"v":0.125,"d":"12.50%"},{"v":0.125,"d":"12.50%"},{"v":0.125,"d":"12.50%"},{"v":0.125,"d":"12.50%"},{"v":0.125,"d":"12.50%"},{"v":0.125,"d":"12.50%"},{"v":0.125,"d":"12.50%"}]
[null,513,"SUMINISTRO E INSTALACION DE TAPA DE HD (D600) - INEN NTE 2496","u",{"v":3,"d":"3.00000"},{"v":267.29,"d":"$ 267.29000"},{"v":801.8700000000001,"d":"$ 801.87000"},0,0,0,0,0,0,{"v":100.23375000000001,"d":"100.23375"},{"v":100.23375000000001,"d":"100.23375"},{"v":100.23375000000001,"d":"100.23375"},{"v":100.23375000000001,"d":"100.23375"},{"v":100.23375000000001,"d":"100.23375"},{"v":100.23375000000001,"d":"100.23375"},{"v":100.23375000000001,"d":"100.23375"},{"v":100.23375000000001,"d":"100.23375"},0,0]
[null,null,{"$error":"#REF!"},{"$error":"#REF!"},{"$error":"#REF!"},{"$error":"#REF!"},null,{"v":0,"d":"0.00%"},{"v":0,"d":"0.00%"},{"v":0,"d":"0.00%"},{"v":0,"d":"0.00%"},{"v":0,"d":"0.00%"},{"v":0,"d":"0.00%"},{"v":0.125,"d":"12.50%"},{"v":0.125,"d":"12.50%"},{"v":0.125,"d":"12.50%"},{"v":0.125,"d":"12.50%"},{"v":0.125,"d":"12.50%"},{"v":0.125,"d":"12.50%"},{"v":0.125,"d":"12.50%"},{"v":0.125,"d":"12.50%"},{"v":0,"d":"0.00%"},{"v":0,"d":"0.00%"}]
[null,null,{"$error":"#REF!"},{"$error":"#REF!"},{"$error":"#REF!"},{"$error":"#REF!"},{"$nulls":7},{"v":0.125,"d":"12.50%"},{"v":0.125,"d":"12.50%"},{"v":0.125,"d":"12.50%"},{"v":0.125,"d":"12.50%"},{"v":0.125,"d":"12.50%"},{"v":0.125,"d":"12.50%"},{"v":0.125,"d":"12.50%"},{"v":0.125,"d":"12.50%"}]
[null,514,"REPLANTEO DE TUBERIAS","m",{"v":280,"d":"280.00000"},{"v":0.64,"d":"$ 0.64000"},{"v":179.20000000000002,"d":"$ 179.20000"},0,0,0,0,0,0,{"v":22.400000000000002,"d":"22.40000"},{"v":22.400000000000002,"d":"22.40000"},{"v":22.400000000000002,"d":"22.40000"},{"v":22.400000000000002,"d":"22.40000"},{"v":22.400000000000002,"d":"22.40000"},{"v":22.400000000000002,"d":"22.40000"},{"v":22.400000000000002,"d":"22.40000"},{"v":22.400000000000002,"d":"22.40000"},0,0]
[null,null,{"$error":"#REF!"},{"$error":"#REF!"},{"$error":"#REF!"},{"$error":"#REF!"},null,{"v":0,"d":"0.00%"},{"v":0,"d":"0.00%"},{"v":0,"d":"0.00%"},{"v":0,"d":"0.00%"},{"v":0,"d":"0.00%"},{"v":0,"d":"0.00%"},{"v":0.125,"d":"12.50%"},{"v":0.125,"d":"12.50%"},{"v":0.125,"d":"12.50%"},{"v":0.125,"d":"12.50%"},{"v":0.125,"d":"12.50%"},{"v":0.125,"d":"12.50%"},{"v":0.125,"d":"12.50%"},{"v":0.125,"d":"12.50%"},{"v":0,"d":"0.00%"},{"v":0,"d":"0.00%"}]
[null,null,{"$error":"#REF!"},{"$error":"#REF!"},{"$error":"#REF!"},{"$error":"#REF!"},{"$nulls":7},{"v":0.125,"d":"12.50%"},{"v":0.125,"d":"12.50%"},{"v":0.125,"d":"12.50%"},{"v":0.125,"d":"12.50%"},{"v":0.125,"d":"12.50%"},{"v":0.125,"d":"12.50%"},{"v":0.125,"d":"12.50%"},{"v":0.125,"d":"12.50%"}]
[null,515,"EXCAVACION MECANICA EN SUELO SIN CLASIFICAR 0,00 < H < 2,00m","m3",{"v":843.38,"d":"843.38000"},{"v":3.84,"d":"$ 3.84000"},{"v":3238.5791999999997,"d":"$ 3,238.57920"},0,0,0,0,0,0,{"v":404.82239999999996,"d":"404.82240"},{"v":404.82239999999996,"d":"404.82240"},{"v":404.82239999999996,"d":"404.82240"},{"v":404.82239999999996,"d":"404.82240"},{"v":404.82239999999996,"d":"404.82240"},{"v":404.82239999999996,"d":"404.82240"},{"v":404.82239999999996,"d":"404.82240"},{"v":404.82239999999996,"d":"404.82240"},0,0]
[null,null,{"$error":"#REF!"},{"$error":"#REF!"},{"$error":"#REF!"},{"$error":"#REF!"},null,{"v":0,"d":"0.00%"},{"v":0,"d":"0.00%"},{"v":0,"d":"0.00%"},{"v":0,"d":"0.00%"},{"v":0,"d":"0.00%"},{"v":0,"d":"0.00%"},{"v":0.125,"d":"12.50%"},{"v":0.125,"d":"12.50%"},{"v":0.125,"d":"12.50%"},{"v":0.125,"d":"12.50%"},{"v":0.125,"d":"12.50%"},{"v":0.125,"d":"12.50%"},{"v":0.125,"d":"12.50%"},{"v":0.125,"d":"12.50%"},{"v":0,"d":"0.00%"},{"v":0,"d":"0.00%"}]
[null,null,{"$error":"#REF!"},{"$error":"#REF!"},{"$error":"#REF!"},{"$error":"#REF!"},{"$nulls":7},{"v":0.125,"d":"12.50%"},{"v":0.125,"d":"12.50%"},{"v":0.125,"d":"12.50%"},{"v":0.125,"d":"12.50%"},{"v":0.125,"d":"12.50%"},{"v":0.125,"d":"12.50%"},{"v":0.125,"d":"12.50%"},{"v":0.125,"d":"12.50%"}]
[null,516,"DESALOJO DEL MATERIAL SOBRANTE (BOTADERO MUNICIPAL)","m3",{"v":830.45,"d":"830.45000"},{"v":3.5,"d":"$ 3.50000"},{"v":2906.5750000000003,"d":"$ 2,906.57500"},0,0,0,0,0,0,{"v":363.32187500000003,"d":"363.32188"},{"v":363.32187500000003,"d":"363.32188"},{"v":363.32187500000003,"d":"363.32188"},{"v":363.32187500000003,"d":"363.32188"},{"v":363.32187500000003,"d":"363.32188"},{"v":363.32187500000003,"d":"363.32188"},{"v":363.32187500000003,"d":"363.32188"},{"v":363.32187500000003,"d":"363.32188"},0,0]
[null,null,{"$error":"#REF!"},{"$error":"#REF!"},{"$error":"#REF!"},{"$error":"#REF!"},null,{"v":0,"d":"0.00%"},{"v":0,"d":"0.00%"},{"v":0,"d":"0.00%"},{"v":0,"d":"0.00%"},{"v":0,"d":"0.00%"},{"v":0,"d":"0.00%"},{"v":0.125,"d":"12.50%"},{"v":0.125,"d":"12.50%"},{"v":0.125,"d":"12.50%"},{"v":0.125,"d":"12.50%"},{"v":0.125,"d":"12.50%"},{"v":0.125,"d":"12.50%"},{"v":0.125,"d":"12.50%"},{"v":0.125,"d":"12.50%"},{"v":0,"d":"0.00%"},{"v":0,"d":"0.00%"}]
[null,null,{"$error":"#REF!"},{"$error":"#REF!"},{"$error":"#REF!"},{"$error":"#REF!"},{"$nulls":7},{"v":0.125,"d":"12.50%"},{"v":0.125,"d":"12.50%"},{"v":0.125,"d":"12.50%"},{"v":0.125,"d":"12.50%"},{"v":0.125,"d":"12.50%"},{"v":0.125,"d":"12.50%"},{"v":0.125,"d":"12.50%"},{"v":0.125,"d":"12.50%"}]
[null,517,"CAMA DE ARENA PARA PROTECCION DE TUBERIAS","m3",{"v":184.59,"d":"184.59000"},{"v":28.83,"d":"$ 28.83000"},{"v":5321.7297,"d":"$ 5,321.72970"},0,0,0,0,0,0,{"v":665.2162125,"d":"665.21621"},{"v":665.2162125,"d":"665.21621"},{"v":665.2162125,"d":"665.21621"},{"v":665.2162125,"d":"665.21621"},{"v":665.2162125,"d":"665.21621"},{"v":665.2162125,"d":"665.21621"},{"v":665.2162125,"d":"665.21621"},{"v":665.2162125,"d":"665.21621"},0,0]
[null,null,{"$error":"#REF!"},{"$error":"#REF!"},{"$error":"#REF!"},{"$error":"#REF!"},null,{"v":0,"d":"0.00%"},{"v":0,"d":"0.00%"},{"v":0,"d":"0.00%"},{"v":0,"d":"0.00%"},{"v":0,"d":"0.00%"},{"v":0,"d":"0.00%"},{"v":0.125,"d":"12.50%"},{"v":0.125,"d":"12.50%"},{"v":0.125,"d":"12.50%"},{"v":0.125,"d":"12.50%"},{"v":0.125,"d":"12.50%"},{"v":0.125,"d":"12.50%"},{"v":0.125,"d":"12.50%"},{"v":0.125,"d":"12.50%"},{"v":0,"d":"0.00%"},{"v":0,"d":"0.00%"}]
[null,null,{"$error":"#REF!"},{"$error":"#REF!"},{"$error":"#REF!"},{"$error":"#REF!"},{"$nulls":7},{"v":0.125,"d":"12.50%"},{"v":0.125,"d":"12.50%"},{"v":0.125,"d":"12.50%"},{"v":0.125,"d":"12.50%"},{"v":0.125,"d":"12.50%"},{"v":0.125,"d":"12.50%"},{"v":0.125,"d":"12.50%"},{"v":0.125,"d":"12.50%"}]
[null,518,"RELLENO COMPACTADO CON VIBROAPISONADOR, MATERIAL DE SITIO","m3",{"v":12.93,"d":"12.93000"},{"v":4.35,"d":"$ 4.35000"},{"v":56.24549999999999,"d":"$ 56.24550"},0,0,0,0,0,0,{"v":7.030687499999999,"d":"7.03069"},{"v":7.030687499999999,"d":"7.03069"},{"v":7.030687499999999,"d":"7.03069"},{"v":7.030687499999999,"d":"7.03069"},{"v":7.030687499999999,"d":"7.03069"},{"v":7.030687499999999,"d":"7.03069"},{"v":7.030687499999999,"d":"7.03069"},{"v":7.030687499999999,"d":"7.03069"},0,0]
[null,null,{"$error":"#REF!"},{"$error":"#REF!"},{"$error":"#REF!"},{"$error":"#REF!"},null,{"v":0,"d":"0.00%"},{"v":0,"d":"0.00%"},{"v":0,"d":"0.00%"},{"v":0,"d":"0.00%"},{"v":0,"d":"0.00%"},{"v":0,"d":"0.00%"},{"v":0.125,"d":"12.50%"},{"v":0.125,"d":"12.50%"},{"v":0.125,"d":"12.50%"},{"v":0.125,"d":"12.50%"},{"v":0.125,"d":"12.50%"},{"v":0.125,"d":"12.50%"},{"v":0.125,"d":"12.50%"},{"v":0.125,"d":"12.50%"},{"v":0,"d":"0.00%"},{"v":0,"d":"0.00%"}]
[null,null,{"$error":"#REF!"},{"$error":"#REF!"},{"$error":"#REF!"},{"$error":"#REF!"},{"$nulls":7},{"v":0.125,"d":"12.50%"},{"v":0.125,"d":"12.50%"},{"v":0.125,"d":"12.50%"},{"v":0.125,"d":"12.50%"},{"v":0.125,"d":"12.50%"},{"v":0.125,"d":"12.50%"},{"v":0.125,"d":"12.50%"},{"v":0.125,"d":"12.50%"}]
[null,519,"RELLENO COMPACTADO CON COMPACTADOR MANUAL DE MATERIAL IMPORTADO (INCLUYE TRANSPORTE)","m3",{"v":189.14,"d":"189.14000"},{"v":20.66,"d":"$ 20.66000"},{"v":3907.6324,"d":"$ 3,907.63240"},0,0,0,0,0,0,488.45405,488.45405,488.45405,488.45405,488.45405,488.45405,488.45405,488.45405,0,0]
[null,null,{"$error":"#REF!"},{"$error":"#REF!"},{"$error":"#REF!"},{"$error":"#REF!"},null,{"v":0,"d":"0.00%"},{"v":0,"d":"0.00%"},{"v":0,"d":"0.00%"},{"v":0,"d":"0.00%"},{"v":0,"d":"0.00%"},{"v":0,"d":"0.00%"},{"v":0.125,"d":"12.50%"},{"v":0.125,"d":"12.50%"},{"v":0.125,"d":"12.50%"},{"v":0.125,"d":"12.50%"},{"v":0.125,"d":"12.50%"},{"v":0.125,"d":"12.50%"},{"v":0.125,"d":"12.50%"},{"v":0.125,"d":"12.50%"},{"v":0,"d":"0.00%"},{"v":0,"d":"0.00%"}]
[null,null,{"$error":"#REF!"},{"$error":"#REF!"},{"$error":"#REF!"},{"$error":"#REF!"},{"$nulls":7},{"v":0.125,"d":"12.50%"},{"v":0.125,"d":"12.50%"},{"v":0.125,"d":"12.50%"},{"v":0.125,"d":"12.50%"},{"v":0.125,"d":"12.50%"},{"v":0.125,"d":"12.50%"},{"v":0.125,"d":"12.50%"},{"v":0.125,"d":"12.50%"}]
[null,520,"SUMINISTRO E INSTALACION DE MATERIAL SUB-BASE CLASE 1A (INCLUYE TENDIDO CONFORMACION, COMPACTACION Y TRANSPORTE)","m3",{"v":96.16,"d":"96.16000"},{"v":19.99,"d":"$ 19.99000"},{"v":1922.2383999999997,"d":"$ 1,922.23840"},0,0,0,0,0,0,{"v":240.27979999999997,"d":"240.27980"},{"v":240.27979999999997,"d":"240.27980"},{"v":240.27979999999997,"d":"240.27980"},{"v":240.27979999999997,"d":"240.27980"},{"v":240.27979999999997,"d":"240.27980"},{"v":240.27979999999997,"d":"240.27980"},{"v":240.27979999999997,"d":"240.27980"},{"v":240.27979999999997,"d":"240.27980"},0,0]
[null,null,{"$error":"#REF!"},{"$error":"#REF!"},{"$error":"#REF!"},{"$error":"#REF!"},null,{"v":0,"d":"0.00%"},{"v":0,"d":"0.00%"},{"v":0,"d":"0.00%"},{"v":0,"d":"0.00%"},{"v":0,"d":"0.00%"},{"v":0,"d":"0.00%"},{"v":0.125,"d":"12.50%"},{"v":0.125,"d":"12.50%"},{"v":0.125,"d":"12.50%"},{"v":0.125,"d":"12.50%"},{"v":0.125,"d":"12.50%"},{"v":0.125,"d":"12.50%"},{"v":0.125,"d":"12.50%"},{"v":0.125,"d":"12.50%"},{"v":0,"d":"0.00%"},{"v":0,"d":"0.00%"}]
[null,null,{"$error":"#REF!"},{"$error":"#REF!"},{"$error":"#REF!"},{"$error":"#REF!"},{"$nulls":7},{"v":0.125,"d":"12.50%"},{"v":0.125,"d":"12.50%"},{"v":0.125,"d":"12.50%"},{"v":0.125,"d":"12.50%"},{"v":0.125,"d":"12.50%"},{"v":0.125,"d":"12.50%"},{"v":0.125,"d":"12.50%"},{"v":0.125,"d":"12.50%"}]
[null,521,"SUMINISTRO E INSTALACION DE MATERIAL BASE CLASE 1A (INCLUYE TENDIDO, CONFORMACION, COMPACTACION Y TRANSPORTE)","m3",{"v":64.12,"d":"64.12000"},{"v":30.49,"d":"$ 30.49000"},{"v":1955.0188,"d":"$ 1,955.01880"},0,0,0,0,0,0,244.37735,244.37735,244.37735,244.37735,244.37735,244.37735,244.37735,244.37735,0,0]
[null,null,{"$error":"#REF!"},{"$error":"#REF!"},{"$error":"#REF!"},{"$error":"#REF!"},null,{"v":0,"d":"0.00%"},{"v":0,"d":"0.00%"},{"v":0,"d":"0.00%"},{"v":0,"d":"0.00%"},{"v":0,"d":"0.00%"},{"v":0,"d":"0.00%"},{"v":0.125,"d":"12.50%"},{"v":0.125,"d":"12.50%"},{"v":0.125,"d":"12.50%"},{"v":0.125,"d":"12.50%"},{"v":0.125,"d":"12.50%"},{"v":0.125,"d":"12.50%"},{"v":0.125,"d":"12.50%"},{"v":0.125,"d":"12.50%"},{"v":0,"d":"0.00%"},{"v":0,"d":"0.00%"}]
[null,null,{"$error":"#REF!"},{"$error":"#REF!"},{"$error":"#REF!"},{"$error":"#REF!"},{"$nulls":7},{"v":0.125,"d":"12.50%"},{"v":0.125,"d":"12.50%"},{"v":0.125,"d":"12.50%"},{"v":0.125,"d":"12.50%"},{"v":0.125,"d":"12.50%"},{"v":0.125,"d":"12.50%"},{"v":0.125,"d":"12.50%"},{"v":0.125,"d":"12.50%"}]
[null,522,"SUMINISTRO E INSTALACION DE MATERIAL GRANULAR (INCLUYE TENDIDO CONFORMACION Y COMPACTACION)","m3",{"v":128.22,"d":"128.22000"},{"v":23.54,"d":"$ 23.54000"},{"v":3018.2988,"d":"$ 3,018.29880"},0,0,0,0,0,0,377.28735,377.28735,377.28735,377.28735,377.28735,377.28735,377.28735,377.28735,0,0]
[null,null,{"$error":"#REF!"},{"$error":"#REF!"},{"$error":"#REF!"},{"$error":"#REF!"},null,{"v":0,"d":"0.00%"},{"v":0,"d":"0.00%"},{"v":0,"d":"0.00%"},{"v":0,"d":"0.00%"},{"v":0,"d":"0.00%"},{"v":0,"d":"0.00%"},{"v":0.125,"d":"12.50%"},{"v":0.125,"d":"12.50%"},{"v":0.125,"d":"12.50%"},{"v":0.125,"d":"12.50%"},{"v":0.125,"d":"12.50%"},{"v":0.125,"d":"12.50%"},{"v":0.125,"d":"12.50%"},{"v":0.125,"d":"12.50%"},{"v":0,"d":"0.00%"},{"v":0,"d":"0.00%"}]
[null,null,{"$error":"#REF!"},{"$error":"#REF!"},{"$error":"#REF!"},{"$error":"#REF!"},{"$nulls":7},{"v":0.125,"d":"12.50%"},{"v":0.125,"d":"12.50%"},{"v":0.125,"d":"12.50%"},{"v":0.125,"d":"12.50%"},{"v":0.125,"d":"12.50%"},{"v":0.125,"d":"12.50%"},{"v":0.125,"d":"12.50%"},{"v":0.125,"d":"12.50%"}]
[null,523,"SUMINISTRO E INSTALACION DE PIEDRA 3/4\" (INCLUYE TENDIDO CONFORMACION Y COMPACTACION)","m3",{"v":30.46,"d":"30.46000"},{"v":23.02,"d":"$ 23.02000"},{"v":701.1892,"d":"$ 701.18920"},0,0,0,0,0,0,87.64865,87.64865,87.64865,87.64865,87.64865,87.64865,87.64865,87.64865,0,0]
[null,null,{"$error":"#REF!"},{"$error":"#REF!"},{"$error":"#REF!"},{"$error":"#REF!"},null,{"v":0,"d":"0.00%"},{"v":0,"d":"0.00%"},{"v":0,"d":"0.00%"},{"v":0,"d":"0.00%"},{"v":0,"d":"0.00%"},{"v":0,"d":"0.00%"},{"v":0.125,"d":"12.50%"},{"v":0.125,"d":"12.50%"},{"v":0.125,"d":"12.50%"},{"v":0.125,"d":"12.50%"},{"v":0.125,"d":"12.50%"},{"v":0.125,"d":"12.50%"},{"v":0.125,"d":"12.50%"},{"v":0.125,"d":"12.50%"},{"v":0,"d":"0.00%"},{"v":0,"d":"0.00%"}]
[null,null,{"$error":"#REF!"},{"$error":"#REF!"},{"$error":"#REF!"},{"$error":"#REF!"},{"$nulls":7},{"v":0.125,"d":"12.50%"},{"v":0.125,"d":"12.50%"},{"v":0.125,"d":"12.50%"},{"v":0.125,"d":"12.50%"},{"v":0.125,"d":"12.50%"},{"v":0.125,"d":"12.50%"},{"v":0.125,"d":"12.50%"},{"v":0.125,"d":"12.50%"}]
[null,524,"PERFILADA DE HORMIGON EN CALLES","m",{"v":280,"d":"280.00000"},{"v":3.6,"d":"$ 3.60000"},{"v":1008,"d":"$ 1,008.00000"},0,0,0,0,0,0,{"v":126,"d":"126.00000"},{"v":126,"d":"126.00000"},{"v":126,"d":"126.00000"},{"v":126,"d":"126.00000"},{"v":126,"d":"126.00000"},{"v":126,"d":"126.00000"},{"v":126,"d":"126.00000"},{"v":126,"d":"126.00000"},0,0]
[null,null,{"$error":"#REF!"},{"$error":"#REF!"},{"$error":"#REF!"},{"$error":"#REF!"},null,{"v":0,"d":"0.00%"},{"v":0,"d":"0.00%"},{"v":0,"d":"0.00%"},{"v":0,"d":"0.00%"},{"v":0,"d":"0.00%"},{"v":0,"d":"0.00%"},{"v":0.125,"d":"12.50%"},{"v":0.125,"d":"12.50%"},{"v":0.125,"d":"12.50%"},{"v":0.125,"d":"12.50%"},{"v":0.125,"d":"12.50%"},{"v":0.125,"d":"12.50%"},{"v":0.125,"d":"12.50%"},{"v":0.125,"d":"12.50%"},{"v":0,"d":"0.00%"},{"v":0,"d":"0.00%"}]
[null,null,{"$error":"#REF!"},{"$error":"#REF!"},{"$error":"#REF!"},{"$error":"#REF!"},{"$nulls":7},{"v":0.125,"d":"12.50%"},{"v":0.125,"d":"12.50%"},{"v":0.125,"d":"12.50%"},{"v":0.125,"d":"12.50%"},{"v":0.125,"d":"12.50%"},{"v":0.125,"d":"12.50%"},{"v":0.125,"d":"12.50%"},{"v":0.125,"d":"12.50%"}]
[null,525,"ROTURA Y DESALOJO DE HORMIGON EN CALLES","m2",{"v":320.57,"d":"320.57000"},{"v":2.75,"d":"$ 2.75000"},{"v":881.5675,"d":"$ 881.56750"},0,0,0,0,0,0,{"v":110.1959375,"d":"110.19594"},{"v":110.1959375,"d":"110.19594"},{"v":110.1959375,"d":"110.19594"},{"v":110.1959375,"d":"110.19594"},{"v":110.1959375,"d":"110.19594"},{"v":110.1959375,"d":"110.19594"},{"v":110.1959375,"d":"110.19594"},{"v":110.1959375,"d":"110.19594"},0,0]
[null,null,{"$error":"#REF!"},{"$error":"#REF!"},{"$error":"#REF!"},{"$error":"#REF!"},null,{"v":0,"d":"0.00%"},{"v":0,"d":"0.00%"},{"v":0,"d":"0.00%"},{"v":0,"d":"0.00%"},{"v":0,"d":"0.00%"},{"v":0,"d":"0.00%"},{"v":0.125,"d":"12.50%"},{"v":0.125,"d":"12.50%"},{"v":0.125,"d":"12.50%"},{"v":0.125,"d":"12.50%"},{"v":0.125,"d":"12.50%"},{"v":0.125,"d":"12.50%"},{"v":0.125,"d":"12.50%"},{"v":0.125,"d":"12.50%"},{"v":0,"d":"0.00%"},{"v":0,"d":"0.00%"}]
[null,null,{"$error":"#REF!"},{"$error":"#REF!"},{"$error":"#REF!"},{"$error":"#REF!"},{"$nulls":7},{"v":0.125,"d":"12.50%"},{"v":0.125,"d":"12.50%"},{"v":0.125,"d":"12.50%"},{"v":0.125,"d":"12.50%"},{"v":0.125,"d":"12.50%"},{"v":0.125,"d":"12.50%"},{"v":0.125,"d":"12.50%"},{"v":0.125,"d":"12.50%"}]
[null,526,"HORMIGON PAVIMENTADO 4.5 MPA PARA CALLES (INCLUIDO CURADO Y JUNTAS)","m3",{"v":60.91,"d":"60.91000"},{"v":302.06,"d":"$ 302.06000"},{"v":18398.474599999998,"d":"$ 18,398.47460"},0,0,0,0,0,0,{"v":2299.8093249999997,"d":"2,299.80933"},{"v":2299.8093249999997,"d":"2,299.80933"},{"v":2299.8093249999997,"d":"2,299.80933"},{"v":2299.8093249999997,"d":"2,299.80933"},{"v":2299.8093249999997,"d":"2,299.80933"},{"v":2299.8093249999997,"d":"2,299.80933"},{"v":2299.8093249999997,"d":"2,299.80933"},{"v":2299.8093249999997,"d":"2,299.80933"},0,0]
[null,null,{"$error":"#REF!"},{"$error":"#REF!"},{"$error":"#REF!"},{"$error":"#REF!"},null,{"v":0,"d":"0.00%"},{"v":0,"d":"0.00%"},{"v":0,"d":"0.00%"},{"v":0,"d":"0.00%"},{"v":0,"d":"0.00%"},{"v":0,"d":"0.00%"},{"v":0.125,"d":"12.50%"},{"v":0.125,"d":"12.50%"},{"v":0.125,"d":"12.50%"},{"v":0.125,"d":"12.50%"},{"v":0.125,"d":"12.50%"},{"v":0.125,"d":"12.50%"},{"v":0.125,"d":"12.50%"},{"v":0.125,"d":"12.50%"},{"v":0,"d":"0.00%"},{"v":0,"d":"0.00%"}]
[null,null,{"$error":"#REF!"},{"$error":"#REF!"},{"$error":"#REF!"},{"$error":"#REF!"},{"$nulls":7},{"v":0.125,"d":"12.50%"},{"v":0.125,"d":"12.50%"},{"v":0.125,"d":"12.50%"},{"v":0.125,"d":"12.50%"},{"v":0.125,"d":"12.50%"},{"v":0.125,"d":"12.50%"},{"v":0.125,"d":"12.50%"},{"v":0.125,"d":"12.50%"}]
[null,527,"SUMINISTRO DE TUBERIA PVC ESTRUCTURADA DI=250 mm (DN275) NORMA NTE INEN 2059","m",{"v":20,"d":"20.00000"},{"v":15.62,"d":"$ 15.62000"},{"v":312.4,"d":"$ 312.40000"},0,0,0,0,0,0,{"v":39.05,"d":"39.05000"},{"v":39.05,"d":"39.05000"},{"v":39.05,"d":"39.05000"},{"v":39.05,"d":"39.05000"},{"v":39.05,"d":"39.05000"},{"v":39.05,"d":"39.05000"},{"v":39.05,"d":"39.05000"},{"v":39.05,"d":"39.05000"},0,0]
[null,null,{"$error":"#REF!"},{"$error":"#REF!"},{"$error":"#REF!"},{"$error":"#REF!"},null,{"v":0,"d":"0.00%"},{"v":0,"d":"0.00%"},{"v":0,"d":"0.00%"},{"v":0,"d":"0.00%"},{"v":0,"d":"0.00%"},{"v":0,"d":"0.00%"},{"v":0.125,"d":"12.50%"},{"v":0.125,"d":"12.50%"},{"v":0.125,"d":"12.50%"},{"v":0.125,"d":"12.50%"},{"v":0.125,"d":"12.50%"},{"v":0.125,"d":"12.50%"},{"v":0.125,"d":"12.50%"},{"v":0.125,"d":"12.50%"},{"v":0,"d":"0.00%"},{"v":0,"d":"0.00%"}]
[null,null,{"$error":"#REF!"},{"$error":"#REF!"},{"$error":"#REF!"},{"$error":"#REF!"},{"$nulls":7},{"v":0.125,"d":"12.50%"},{"v":0.125,"d":"12.50%"},{"v":0.125,"d":"12.50%"},{"v":0.125,"d":"12.50%"},{"v":0.125,"d":"12.50%"},{"v":0.125,"d":"12.50%"},{"v":0.125,"d":"12.50%"},{"v":0.125,"d":"12.50%"}]
[null,528,"INSTALACION DE TUBERIA PVC ESTRUCTURADA DI=250 mm (DN275) NORMA NTE INEN 2059","m",{"v":20,"d":"20.00000"},{"v":5.79,"d":"$ 5.79000"},{"v":115.8,"d":"$ 115.80000"},0,0,0,0,0,0,{"v":14.475,"d":"14.47500"},{"v":14.475,"d":"14.47500"},{"v":14.475,"d":"14.47500"},{"v":14.475,"d":"14.47500"},{"v":14.475,"d":"14.47500"},{"v":14.475,"d":"14.47500"},{"v":14.475,"d":"14.47500"},{"v":14.475,"d":"14.47500"},0,0]
[null,null,{"$error":"#REF!"},{"$error":"#REF!"},{"$error":"#REF!"},{"$error":"#REF!"},null,{"v":0,"d":"0.00%"},{"v":0,"d":"0.00%"},{"v":0,"d":"0.00%"},{"v":0,"d":"0.00%"},{"v":0,"d":"0.00%"},{"v":0,"d":"0.00%"},{"v":0.125,"d":"12.50%"},{"v":0.125,"d":"12.50%"},{"v":0.125,"d":"12.50%"},{"v":0.125,"d":"12.50%"},{"v":0.125,"d":"12.50%"},{"v":0.125,"d":"12.50%"},{"v":0.125,"d":"12.50%"},{"v":0.125,"d":"12.50%"},{"v":0,"d":"0.00%"},{"v":0,"d":"0.00%"}]
[null,null,{"$error":"#REF!"},{"$error":"#REF!"},{"$error":"#REF!"},{"$error":"#REF!"},{"$nulls":7},{"v":0.125,"d":"12.50%"},{"v":0.125,"d":"12.50%"},{"v":0.125,"d":"12.50%"},{"v":0.125,"d":"12.50%"},{"v":0.125,"d":"12.50%"},{"v":0.125,"d":"12.50%"},{"v":0.125,"d":"12.50%"},{"v":0.125,"d":"12.50%"}]
[null,529,"SUMINISTRO DE TUBERIA PVC ESTRUCTURADA DI= 500mm (DN540) NORMA NTE INEN 2059","m",{"v":55,"d":"55.00000"},{"v":97.34,"d":"$ 97.34000"},{"v":5353.7,"d":"$ 5,353.70000"},0,0,0,0,0,0,{"v":669.2125,"d":"669.21250"},{"v":669.2125,"d":"669.21250"},{"v":669.2125,"d":"669.21250"},{"v":669.2125,"d":"669.21250"},{"v":669.2125,"d":"669.21250"},{"v":669.2125,"d":"669.21250"},{"v":669.2125,"d":"669.21250"},{"v":669.2125,"d":"669.21250"},0,0]
[null,null,{"$error":"#REF!"},{"$error":"#REF!"},{"$error":"#REF!"},{"$error":"#REF!"},null,{"v":0,"d":"0.00%"},{"v":0,"d":"0.00%"},{"v":0,"d":"0.00%"},{"v":0,"d":"0.00%"},{"v":0,"d":"0.00%"},{"v":0,"d":"0.00%"},{"v":0.125,"d":"12.50%"},{"v":0.125,"d":"12.50%"},{"v":0.125,"d":"12.50%"},{"v":0.125,"d":"12.50%"},{"v":0.125,"d":"12.50%"},{"v":0.125,"d":"12.50%"},{"v":0.125,"d":"12.50%"},{"v":0.125,"d":"12.50%"},{"v":0,"d":"0.00%"},{"v":0,"d":"0.00%"}]
[null,null,{"$error":"#REF!"},{"$error":"#REF!"},{"$error":"#REF!"},{"$error":"#REF!"},{"$nulls":7},{"v":0.125,"d":"12.50%"},{"v":0.125,"d":"12.50%"},{"v":0.125,"d":"12.50%"},{"v":0.125,"d":"12.50%"},{"v":0.125,"d":"12.50%"},{"v":0.125,"d":"12.50%"},{"v":0.125,"d":"12.50%"},{"v":0.125,"d":"12.50%"}]
[null,530,"INSTALACION DE TUBERIA PVC ESTRUCTURADA DI= 500mm (DN540) NORMA NTE INEN 2059","m",{"v":55,"d":"55.00000"},{"v":20.3,"d":"$ 20.30000"},{"v":1116.5,"d":"$ 1,116.50000"},0,0,0,0,0,0,{"v":139.5625,"d":"139.56250"},{"v":139.5625,"d":"139.56250"},{"v":139.5625,"d":"139.56250"},{"v":139.5625,"d":"139.56250"},{"v":139.5625,"d":"139.56250"},{"v":139.5625,"d":"139.56250"},{"v":139.5625,"d":"139.56250"},{"v":139.5625,"d":"139.56250"},0,0]
[null,null,{"$error":"#REF!"},{"$error":"#REF!"},{"$error":"#REF!"},{"$error":"#REF!"},null,{"v":0,"d":"0.00%"},{"v":0,"d":"0.00%"},{"v":0,"d":"0.00%"},{"v":0,"d":"0.00%"},{"v":0,"d":"0.00%"},{"v":0,"d":"0.00%"},{"v":0.125,"d":"12.50%"},{"v":0.125,"d":"12.50%"},{"v":0.125,"d":"12.50%"},{"v":0.125,"d":"12.50%"},{"v":0.125,"d":"12.50%"},{"v":0.125,"d":"12.50%"},{"v":0.125,"d":"12.50%"},{"v":0.125,"d":"12.50%"},{"v":0,"d":"0.00%"},{"v":0,"d":"0.00%"}]
[null,null,{"$error":"#REF!"},{"$error":"#REF!"},{"$error":"#REF!"},{"$error":"#REF!"},{"$nulls":7},{"v":0.125,"d":"12.50%"},{"v":0.125,"d":"12.50%"},{"v":0.125,"d":"12.50%"},{"v":0.125,"d":"12.50%"},{"v":0.125,"d":"12.50%"},{"v":0.125,"d":"12.50%"},{"v":0.125,"d":"12.50%"},{"v":0.125,"d":"12.50%"}]
[null,531,"SUMINISTRO DE TUBERIA PVC ESTRUCTURADA DI= 600 mm (DN650) NORMA NTE INEN 2059","m",{"v":95,"d":"95.00000"},{"v":134.06,"d":"$ 134.06000"},{"v":12735.7,"d":"$ 12,735.70000"},0,0,0,0,0,0,{"v":1591.9625,"d":"1,591.96250"},{"v":1591.9625,"d":"1,591.96250"},{"v":1591.9625,"d":"1,591.96250"},{"v":1591.9625,"d":"1,591.96250"},{"v":1591.9625,"d":"1,591.96250"},{"v":1591.9625,"d":"1,591.96250"},{"v":1591.9625,"d":"1,591.96250"},{"v":1591.9625,"d":"1,591.96250"},0,0]
[null,null,{"$error":"#REF!"},{"$error":"#REF!"},{"$error":"#REF!"},{"$error":"#REF!"},null,{"v":0,"d":"0.00%"},{"v":0,"d":"0.00%"},{"v":0,"d":"0.00%"},{"v":0,"d":"0.00%"},{"v":0,"d":"0.00%"},{"v":0,"d":"0.00%"},{"v":0.125,"d":"12.50%"},{"v":0.125,"d":"12.50%"},{"v":0.125,"d":"12.50%"},{"v":0.125,"d":"12.50%"},{"v":0.125,"d":"12.50%"},{"v":0.125,"d":"12.50%"},{"v":0.125,"d":"12.50%"},{"v":0.125,"d":"12.50%"},{"v":0,"d":"0.00%"},{"v":0,"d":"0.00%"}]
[null,null,{"$error":"#REF!"},{"$error":"#REF!"},{"$error":"#REF!"},{"$error":"#REF!"},{"$nulls":7},{"v":0.125,"d":"12.50%"},{"v":0.125,"d":"12.50%"},{"v":0.125,"d":"12.50%"},{"v":0.125,"d":"12.50%"},{"v":0.125,"d":"12.50%"},{"v":0.125,"d":"12.50%"},{"v":0.125,"d":"12.50%"},{"v":0.125,"d":"12.50%"}]
[null,532,"INSTALACION DE TUBERIA PVC ESTRUCTURADA DI= 600 mm (DN650) NORMA NTE INEN 2059","m",{"v":95,"d":"95.00000"},{"v":22.55,"d":"$ 22.55000"},{"v":2142.25,"d":"$ 2,142.25000"},0,0,0,0,0,0,267.78125,267.78125,267.78125,267.78125,267.78125,267.78125,267.78125,267.78125,0,0]
[null,null,{"$error":"#REF!"},{"$error":"#REF!"},{"$error":"#REF!"},{"$error":"#REF!"},null,{"v":0,"d":"0.00%"},{"v":0,"d":"0.00%"},{"v":0,"d":"0.00%"},{"v":0,"d":"0.00%"},{"v":0,"d":"0.00%"},{"v":0,"d":"0.00%"},{"v":0.125,"d":"12.50%"},{"v":0.125,"d":"12.50%"},{"v":0.125,"d":"12.50%"},{"v":0.125,"d":"12.50%"},{"v":0.125,"d":"12.50%"},{"v":0.125,"d":"12.50%"},{"v":0.125,"d":"12.50%"},{"v":0.125,"d":"12.50%"},{"v":0,"d":"0.00%"},{"v":0,"d":"0.00%"}]
[null,null,{"$error":"#REF!"},{"$error":"#REF!"},{"$error":"#REF!"},{"$error":"#REF!"},{"$nulls":7},{"v":0.125,"d":"12.50%"},{"v":0.125,"d":"12.50%"},{"v":0.125,"d":"12.50%"},{"v":0.125,"d":"12.50%"},{"v":0.125,"d":"12.50%"},{"v":0.125,"d":"12.50%"},{"v":0.125,"d":"12.50%"},{"v":0.125,"d":"12.50%"}]
[null,533,"SUMINISTRO DE TUBERIA PVC ESTRUCTURADA DI= 700 mm (DN740) NORMA NTE INEN 2059","m",{"v":105,"d":"105.00000"},{"v":177.22,"d":"$ 177.22000"},{"v":18608.1,"d":"$ 18,608.10000"},0,0,0,0,0,0,{"v":2326.0125,"d":"2,326.01250"},{"v":2326.0125,"d":"2,326.01250"},{"v":2326.0125,"d":"2,326.01250"},{"v":2326.0125,"d":"2,326.01250"},{"v":2326.0125,"d":"2,326.01250"},{"v":2326.0125,"d":"2,326.01250"},{"v":2326.0125,"d":"2,326.01250"},{"v":2326.0125,"d":"2,326.01250"},0,0]
[null,null,{"$error":"#REF!"},{"$error":"#REF!"},{"$error":"#REF!"},{"$error":"#REF!"},null,{"v":0,"d":"0.00%"},{"v":0,"d":"0.00%"},{"v":0,"d":"0.00%"},{"v":0,"d":"0.00%"},{"v":0,"d":"0.00%"},{"v":0,"d":"0.00%"},{"v":0.125,"d":"12.50%"},{"v":0.125,"d":"12.50%"},{"v":0.125,"d":"12.50%"},{"v":0.125,"d":"12.50%"},{"v":0.125,"d":"12.50%"},{"v":0.125,"d":"12.50%"},{"v":0.125,"d":"12.50%"},{"v":0.125,"d":"12.50%"},{"v":0,"d":"0.00%"},{"v":0,"d":"0.00%"}]
[null,null,{"$error":"#REF!"},{"$error":"#REF!"},{"$error":"#REF!"},{"$error":"#REF!"},{"$nulls":7},{"v":0.125,"d":"12.50%"},{"v":0.125,"d":"12.50%"},{"v":0.125,"d":"12.50%"},{"v":0.125,"d":"12.50%"},{"v":0.125,"d":"12.50%"},{"v":0.125,"d":"12.50%"},{"v":0.125,"d":"12.50%"},{"v":0.125,"d":"12.50%"}]
[null,534,"INSTALACION DE TUBERIA PVC ESTRUCTURADA DI = 700 mm (DN740) NORMA NTE INEN 2059","m",{"v":105,"d":"105.00000"},{"v":24.81,"d":"$ 24.81000"},{"v":2605.0499999999997,"d":"$ 2,605.05000"},0,0,0,0,0,0,{"v":325.63124999999997,"d":"325.63125"},{"v":325.63124999999997,"d":"325.63125"},{"v":325.63124999999997,"d":"325.63125"},{"v":325.63124999999997,"d":"325.63125"},{"v":325.63124999999997,"d":"325.63125"},{"v":325.63124999999997,"d":"325.63125"},{"v":325.63124999999997,"d":"325.63125"},{"v":325.63124999999997,"d":"325.63125"},0,0]
[null,null,{"$error":"#REF!"},{"$error":"#REF!"},{"$error":"#REF!"},{"$error":"#REF!"},null,{"v":0,"d":"0.00%"},{"v":0,"d":"0.00%"},{"v":0,"d":"0.00%"},{"v":0,"d":"0.00%"},{"v":0,"d":"0.00%"},{"v":0,"d":"0.00%"},{"v":0.125,"d":"12.50%"},{"v":0.125,"d":"12.50%"},{"v":0.125,"d":"12.50%"},{"v":0.125,"d":"12.50%"},{"v":0.125,"d":"12.50%"},{"v":0.125,"d":"12.50%"},{"v":0.125,"d":"12.50%"},{"v":0.125,"d":"12.50%"},{"v":0,"d":"0.00%"},{"v":0,"d":"0.00%"}]
[null,null,{"$error":"#REF!"},{"$error":"#REF!"},{"$error":"#REF!"},{"$error":"#REF!"},{"$nulls":7},{"v":0.125,"d":"12.50%"},{"v":0.125,"d":"12.50%"},{"v":0.125,"d":"12.50%"},{"v":0.125,"d":"12.50%"},{"v":0.125,"d":"12.50%"},{"v":0.125,"d":"12.50%"},{"v":0.125,"d":"12.50%"},{"v":0.125,"d":"12.50%"}]
[null,535,"PRUEBA DE ESTANQUEIDAD Y ESCURRIMIENTO","m",{"v":250,"d":"250.00000"},{"v":4.65,"d":"$ 4.65000"},{"v":1162.5,"d":"$ 1,162.50000"},0,0,0,0,0,0,{"v":145.3125,"d":"145.31250"},{"v":145.3125,"d":"145.31250"},{"v":145.3125,"d":"145.31250"},{"v":145.3125,"d":"145.31250"},{"v":145.3125,"d":"145.31250"},{"v":145.3125,"d":"145.31250"},{"v":145.3125,"d":"145.31250"},{"v":145.3125,"d":"145.31250"},0,0]
[null,null,{"$error":"#REF!"},{"$error":"#REF!"},{"$error":"#REF!"},{"$error":"#REF!"},null,{"v":0,"d":"0.00%"},{"v":0,"d":"0.00%"},{"v":0,"d":"0.00%"},{"v":0,"d":"0.00%"},{"v":0,"d":"0.00%"},{"v":0,"d":"0.00%"},{"v":0.125,"d":"12.50%"},{"v":0.125,"d":"12.50%"},{"v":0.125,"d":"12.50%"},{"v":0.125,"d":"12.50%"},{"v":0.125,"d":"12.50%"},{"v":0.125,"d":"12.50%"},{"v":0.125,"d":"12.50%"},{"v":0.125,"d":"12.50%"},{"v":0,"d":"0.00%"},{"v":0,"d":"0.00%"}]
[null,null,{"$error":"#REF!"},{"$error":"#REF!"},{"$error":"#REF!"},{"$error":"#REF!"},{"$nulls":7},{"v":0.125,"d":"12.50%"},{"v":0.125,"d":"12.50%"},{"v":0.125,"d":"12.50%"},{"v":0.125,"d":"12.50%"},{"v":0.125,"d":"12.50%"},{"v":0.125,"d":"12.50%"},{"v":0.125,"d":"12.50%"},{"v":0.125,"d":"12.50%"}]
[null,536,"EXCAVACION A MANO","m3",{"v":3.12,"d":"3.12000"},{"v":12.23,"d":"$ 12.23000"},{"v":38.1576,"d":"$ 38.15760"},0,0,0,0,0,0,{"v":4.7697,"d":"4.76970"},{"v":4.7697,"d":"4.76970"},{"v":4.7697,"d":"4.76970"},{"v":4.7697,"d":"4.76970"},{"v":4.7697,"d":"4.76970"},{"v":4.7697,"d":"4.76970"},{"v":4.7697,"d":"4.76970"},{"v":4.7697,"d":"4.76970"},0,0]
[null,null,{"$error":"#REF!"},{"$error":"#REF!"},{"$error":"#REF!"},{"$error":"#REF!"},null,{"v":0,"d":"0.00%"},{"v":0,"d":"0.00%"},{"v":0,"d":"0.00%"},{"v":0,"d":"0.00%"},{"v":0,"d":"0.00%"},{"v":0,"d":"0.00%"},{"v":0.125,"d":"12.50%"},{"v":0.125,"d":"12.50%"},{"v":0.125,"d":"12.50%"},{"v":0.125,"d":"12.50%"},{"v":0.125,"d":"12.50%"},{"v":0.125,"d":"12.50%"},{"v":0.125,"d":"12.50%"},{"v":0.125,"d":"12.50%"},{"v":0,"d":"0.00%"},{"v":0,"d":"0.00%"}]
[null,null,{"$error":"#REF!"},{"$error":"#REF!"},{"$error":"#REF!"},{"$error":"#REF!"},{"$nulls":7},{"v":0.125,"d":"12.50%"},{"v":0.125,"d":"12.50%"},{"v":0.125,"d":"12.50%"},{"v":0.125,"d":"12.50%"},{"v":0.125,"d":"12.50%"},{"v":0.125,"d":"12.50%"},{"v":0.125,"d":"12.50%"},{"v":0.125,"d":"12.50%"}]
[null,537,"DESALOJO DEL MATERIAL SOBRANTE (BOTADERO MUNICIPAL)","m3",{"v":2.28,"d":"2.28000"},{"v":3.5,"d":"$ 3.50000"},{"v":7.9799999999999995,"d":"$ 7.98000"},0,0,0,0,0,0,{"v":0.9974999999999999,"d":"0.99750"},{"v":0.9974999999999999,"d":"0.99750"},{"v":0.9974999999999999,"d":"0.99750"},{"v":0.9974999999999999,"d":"0.99750"},{"v":0.9974999999999999,"d":"0.99750"},{"v":0.9974999999999999,"d":"0.99750"},{"v":0.9974999999999999,"d":"0.99750"},{"v":0.9974999999999999,"d":"0.99750"},0,0]
[null,null,{"$error":"#REF!"},{"$error":"#REF!"},{"$error":"#REF!"},{"$error":"#REF!"},null,{"v":0,"d":"0.00%"},{"v":0,"d":"0.00%"},{"v":0,"d":"0.00%"},{"v":0,"d":"0.00%"},{"v":0,"d":"0.00%"},{"v":0,"d":"0.00%"},{"v":0.125,"d":"12.50%"},{"v":0.125,"d":"12.50%"},{"v":0.125,"d":"12.50%"},{"v":0.125,"d":"12.50%"},{"v":0.125,"d":"12.50%"},{"v":0.125,"d":"12.50%"},{"v":0.125,"d":"12.50%"},{"v":0.125,"d":"12.50%"},{"v":0,"d":"0.00%"},{"v":0,"d":"0.00%"}]
[null,null,{"$error":"#REF!"},{"$error":"#REF!"},{"$error":"#REF!"},{"$error":"#REF!"},{"$nulls":7},{"v":0.125,"d":"12.50%"},{"v":0.125,"d":"12.50%"},{"v":0.125,"d":"12.50%"},{"v":0.125,"d":"12.50%"},{"v":0.125,"d":"12.50%"},{"v":0.125,"d":"12.50%"},{"v":0.125,"d":"12.50%"},{"v":0.125,"d":"12.50%"}]
[null,538,"RELLENO COMPACTADO CON VIBROAPISONADOR, MATERIAL DE SITIO","m3",{"v":0.84,"d":"0.84000"},{"v":4.35,"d":"$ 4.35000"},{"v":3.6539999999999995,"d":"$ 3.65400"},0,0,0,0,0,0,{"v":0.45674999999999993,"d":"0.45675"},{"v":0.45674999999999993,"d":"0.45675"},{"v":0.45674999999999993,"d":"0.45675"},{"v":0.45674999999999993,"d":"0.45675"},{"v":0.45674999999999993,"d":"0.45675"},{"v":0.45674999999999993,"d":"0.45675"},{"v":0.45674999999999993,"d":"0.45675"},{"v":0.45674999999999993,"d":"0.45675"},0,0]
[null,null,{"$error":"#REF!"},{"$error":"#REF!"},{"$error":"#REF!"},{"$error":"#REF!"},null,{"v":0,"d":"0.00%"},{"v":0,"d":"0.00%"},{"v":0,"d":"0.00%"},{"v":0,"d":"0.00%"},{"v":0,"d":"0.00%"},{"v":0,"d":"0.00%"},{"v":0.125,"d":"12.50%"},{"v":0.125,"d":"12.50%"},{"v":0.125,"d":"12.50%"},{"v":0.125,"d":"12.50%"},{"v":0.125,"d":"12.50%"},{"v":0.125,"d":"12.50%"},{"v":0.125,"d":"12.50%"},{"v":0.125,"d":"12.50%"},{"v":0,"d":"0.00%"},{"v":0,"d":"0.00%"}]
[null,null,{"$error":"#REF!"},{"$error":"#REF!"},{"$error":"#REF!"},{"$error":"#REF!"},{"$nulls":7},{"v":0.125,"d":"12.50%"},{"v":0.125,"d":"12.50%"},{"v":0.125,"d":"12.50%"},{"v":0.125,"d":"12.50%"},{"v":0.125,"d":"12.50%"},{"v":0.125,"d":"12.50%"},{"v":0.125,"d":"12.50%"},{"v":0.125,"d":"12.50%"}]
[null,539,"HORMIGON PREMEZCLADO F´C=210 Kg/cm2 INCLUYE ENCOFRADO","m3",{"v":3.3,"d":"3.30000"},{"v":226.64,"d":"$ 226.64000"},{"v":747.9119999999999,"d":"$ 747.91200"},0,0,0,0,0,0,{"v":93.48899999999999,"d":"93.48900"},{"v":93.48899999999999,"d":"93.48900"},{"v":93.48899999999999,"d":"93.48900"},{"v":93.48899999999999,"d":"93.48900"},{"v":93.48899999999999,"d":"93.48900"},{"v":93.48899999999999,"d":"93.48900"},{"v":93.48899999999999,"d":"93.48900"},{"v":93.48899999999999,"d":"93.48900"},0,0]
[null,null,{"$error":"#REF!"},{"$error":"#REF!"},{"$error":"#REF!"},{"$error":"#REF!"},null,{"v":0,"d":"0.00%"},{"v":0,"d":"0.00%"},{"v":0,"d":"0.00%"},{"v":0,"d":"0.00%"},{"v":0,"d":"0.00%"},{"v":0,"d":"0.00%"},{"v":0.125,"d":"12.50%"},{"v":0.125,"d":"12.50%"},{"v":0.125,"d":"12.50%"},{"v":0.125,"d":"12.50%"},{"v":0.125,"d":"12.50%"},{"v":0.125,"d":"12.50%"},{"v":0.125,"d":"12.50%"},{"v":0.125,"d":"12.50%"},{"v":0,"d":"0.00%"},{"v":0,"d":"0.00%"}]
[null,null,{"$error":"#REF!"},{"$error":"#REF!"},{"$error":"#REF!"},{"$error":"#REF!"},{"$nulls":7},{"v":0.125,"d":"12.50%"},{"v":0.125,"d":"12.50%"},{"v":0.125,"d":"12.50%"},{"v":0.125,"d":"12.50%"},{"v":0.125,"d":"12.50%"},{"v":0.125,"d":"12.50%"},{"v":0.125,"d":"12.50%"},{"v":0.125,"d":"12.50%"}]
[null,540,"HORMIGON PREMEZCLADO F'C=180 Kg/cm2 PARA REPLANTILLO INCLUYE ENCOFRADO","m3",{"v":0.18,"d":"0.18000"},{"v":201.04,"d":"$ 201.04000"},{"v":36.1872,"d":"$ 36.18720"},0,0,0,0,0,0,{"v":4.5234,"d":"4.52340"},{"v":4.5234,"d":"4.52340"},{"v":4.5234,"d":"4.52340"},{"v":4.5234,"d":"4.52340"},{"v":4.5234,"d":"4.52340"},{"v":4.5234,"d":"4.52340"},{"v":4.5234,"d":"4.52340"},{"v":4.5234,"d":"4.52340"},0,0]
[null,null,{"$error":"#REF!"},{"$error":"#REF!"},{"$error":"#REF!"},{"$error":"#REF!"},null,{"v":0,"d":"0.00%"},{"v":0,"d":"0.00%"},{"v":0,"d":"0.00%"},{"v":0,"d":"0.00%"},{"v":0,"d":"0.00%"},{"v":0,"d":"0.00%"},{"v":0.125,"d":"12.50%"},{"v":0.125,"d":"12.50%"},{"v":0.125,"d":"12.50%"},{"v":0.125,"d":"12.50%"},{"v":0.125,"d":"12.50%"},{"v":0.125,"d":"12.50%"},{"v":0.125,"d":"12.50%"},{"v":0.125,"d":"12.50%"},{"v":0,"d":"0.00%"},{"v":0,"d":"0.00%"}]
[null,null,{"$error":"#REF!"},{"$error":"#REF!"},{"$error":"#REF!"},{"$error":"#REF!"},{"$nulls":7},{"v":0.125,"d":"12.50%"},{"v":0.125,"d":"12.50%"},{"v":0.125,"d":"12.50%"},{"v":0.125,"d":"12.50%"},{"v":0.125,"d":"12.50%"},{"v":0.125,"d":"12.50%"},{"v":0.125,"d":"12.50%"},{"v":0.125,"d":"12.50%"}]
[null,541,"ACERO DE REFUERZO EN BARRAS FY=4200 Kg/cm2","Kg",{"v":424.79,"d":"424.79000"},{"v":2.32,"d":"$ 2.32000"},{"v":985.5128,"d":"$ 985.51280"},0,0,0,0,0,0,{"v":123.1891,"d":"123.18910"},{"v":123.1891,"d":"123.18910"},{"v":123.1891,"d":"123.18910"},{"v":123.1891,"d":"123.18910"},{"v":123.1891,"d":"123.18910"},{"v":123.1891,"d":"123.18910"},{"v":123.1891,"d":"123.18910"},{"v":123.1891,"d":"123.18910"},0,0]
[null,null,{"$error":"#REF!"},{"$error":"#REF!"},{"$error":"#REF!"},{"$error":"#REF!"},null,{"v":0,"d":"0.00%"},{"v":0,"d":"0.00%"},{"v":0,"d":"0.00%"},{"v":0,"d":"0.00%"},{"v":0,"d":"0.00%"},{"v":0,"d":"0.00%"},{"v":0.125,"d":"12.50%"},{"v":0.125,"d":"12.50%"},{"v":0.125,"d":"12.50%"},{"v":0.125,"d":"12.50%"},{"v":0.125,"d":"12.50%"},{"v":0.125,"d":"12.50%"},{"v":0.125,"d":"12.50%"},{"v":0.125,"d":"12.50%"},{"v":0,"d":"0.00%"},{"v":0,"d":"0.00%"}]
[null,null,{"$error":"#REF!"},{"$error":"#REF!"},{"$error":"#REF!"},{"$error":"#REF!"},{"$nulls":7},{"v":0.125,"d":"12.50%"},{"v":0.125,"d":"12.50%"},{"v":0.125,"d":"12.50%"},{"v":0.125,"d":"12.50%"},{"v":0.125,"d":"12.50%"},{"v":0.125,"d":"12.50%"},{"v":0.125,"d":"12.50%"},{"v":0.125,"d":"12.50%"}]
[null,542,"SUMINISTRO E INSTALACION DE REJILLA DE HD TIPO II 0.70x0.60m","u",{"v":6,"d":"6.00000"},{"v":197.53,"d":"$ 197.53000"},{"v":1185.18,"d":"$ 1,185.18000"},0,0,0,0,0,0,{"v":148.1475,"d":"148.14750"},{"v":148.1475,"d":"148.14750"},{"v":148.1475,"d":"148.14750"},{"v":148.1475,"d":"148.14750"},{"v":148.1475,"d":"148.14750"},{"v":148.1475,"d":"148.14750"},{"v":148.1475,"d":"148.14750"},{"v":148.1475,"d":"148.14750"},0,0]
[null,null,{"$error":"#REF!"},{"$error":"#REF!"},{"$error":"#REF!"},{"$error":"#REF!"},null,{"v":0,"d":"0.00%"},{"v":0,"d":"0.00%"},{"v":0,"d":"0.00%"},{"v":0,"d":"0.00%"},{"v":0,"d":"0.00%"},{"v":0,"d":"0.00%"},{"v":0.125,"d":"12.50%"},{"v":0.125,"d":"12.50%"},{"v":0.125,"d":"12.50%"},{"v":0.125,"d":"12.50%"},{"v":0.125,"d":"12.50%"},{"v":0.125,"d":"12.50%"},{"v":0.125,"d":"12.50%"},{"v":0.125,"d":"12.50%"},{"v":0,"d":"0.00%"},{"v":0,"d":"0.00%"}]
[null,null,{"$error":"#REF!"},{"$error":"#REF!"},{"$error":"#REF!"},{"$error":"#REF!"},{"$nulls":7},{"v":0.125,"d":"12.50%"},{"v":0.125,"d":"12.50%"},{"v":0.125,"d":"12.50%"},{"v":0.125,"d":"12.50%"},{"v":0.125,"d":"12.50%"},{"v":0.125,"d":"12.50%"},{"v":0.125,"d":"12.50%"},{"v":0.125,"d":"12.50%"}]
[null,543,"EXCAVACION MECANICA EN SUELO SIN CLASIFICAR 0,00 < H < 2,00m","m3",{"v":59.2,"d":"59.20000"},{"v":3.84,"d":"$ 3.84000"},{"v":227.328,"d":"$ 227.32800"},0,0,0,0,0,0,{"v":28.416,"d":"28.41600"},{"v":28.416,"d":"28.41600"},{"v":28.416,"d":"28.41600"},{"v":28.416,"d":"28.41600"},{"v":28.416,"d":"28.41600"},{"v":28.416,"d":"28.41600"},{"v":28.416,"d":"28.41600"},{"v":28.416,"d":"28.41600"},0,0]
[null,null,{"$error":"#REF!"},{"$error":"#REF!"},{"$error":"#REF!"},{"$error":"#REF!"},null,{"v":0,"d":"0.00%"},{"v":0,"d":"0.00%"},{"v":0,"d":"0.00%"},{"v":0,"d":"0.00%"},{"v":0,"d":"0.00%"},{"v":0,"d":"0.00%"},{"v":0.125,"d":"12.50%"},{"v":0.125,"d":"12.50%"},{"v":0.125,"d":"12.50%"},{"v":0.125,"d":"12.50%"},{"v":0.125,"d":"12.50%"},{"v":0.125,"d":"12.50%"},{"v":0.125,"d":"12.50%"},{"v":0.125,"d":"12.50%"},{"v":0,"d":"0.00%"},{"v":0,"d":"0.00%"}]
[null,null,{"$error":"#REF!"},{"$error":"#REF!"},{"$error":"#REF!"},{"$error":"#REF!"},{"$nulls":7},{"v":0.125,"d":"12.50%"},{"v":0.125,"d":"12.50%"},{"v":0.125,"d":"12.50%"},{"v":0.125,"d":"12.50%"},{"v":0.125,"d":"12.50%"},{"v":0.125,"d":"12.50%"},{"v":0.125,"d":"12.50%"},{"v":0.125,"d":"12.50%"}]
[null,544,"DESALOJO DEL MATERIAL SOBRANTE (BOTADERO MUNICIPAL)","m3",{"v":59.2,"d":"59.20000"},{"v":3.5,"d":"$ 3.50000"},{"v":207.20000000000002,"d":"$ 207.20000"},0,0,0,0,0,0,{"v":25.900000000000002,"d":"25.90000"},{"v":25.900000000000002,"d":"25.90000"},{"v":25.900000000000002,"d":"25.90000"},{"v":25.900000000000002,"d":"25.90000"},{"v":25.900000000000002,"d":"25.90000"},{"v":25.900000000000002,"d":"25.90000"},{"v":25.900000000000002,"d":"25.90000"},{"v":25.900000000000002,"d":"25.90000"},0,0]
[null,null,{"$error":"#REF!"},{"$error":"#REF!"},{"$error":"#REF!"},{"$error":"#REF!"},null,{"v":0,"d":"0.00%"},{"v":0,"d":"0.00%"},{"v":0,"d":"0.00%"},{"v":0,"d":"0.00%"},{"v":0,"d":"0.00%"},{"v":0,"d":"0.00%"},{"v":0.125,"d":"12.50%"},{"v":0.125,"d":"12.50%"},{"v":0.125,"d":"12.50%"},{"v":0.125,"d":"12.50%"},{"v":0.125,"d":"12.50%"},{"v":0.125,"d":"12.50%"},{"v":0.125,"d":"12.50%"},{"v":0.125,"d":"12.50%"},{"v":0,"d":"0.00%"},{"v":0,"d":"0.00%"}]
[null,null,{"$error":"#REF!"},{"$error":"#REF!"},{"$error":"#REF!"},{"$error":"#REF!"},{"$nulls":7},{"v":0.125,"d":"12.50%"},{"v":0.125,"d":"12.50%"},{"v":0.125,"d":"12.50%"},{"v":0.125,"d":"12.50%"},{"v":0.125,"d":"12.50%"},{"v":0.125,"d":"12.50%"},{"v":0.125,"d":"12.50%"},{"v":0.125,"d":"12.50%"}]
[null,545,"RELLENO COMPACTADO CON COMPACTADOR MANUAL DE MATERIAL IMPORTADO (INCLUYE TRANSPORTE)","m3",{"v":49.33,"d":"49.33000"},{"v":20.66,"d":"$ 20.66000"},{"v":1019.1578,"d":"$ 1,019.15780"},0,0,0,0,0,0,{"v":127.394725,"d":"127.39473"},{"v":127.394725,"d":"127.39473"},{"v":127.394725,"d":"127.39473"},{"v":127.394725,"d":"127.39473"},{"v":127.394725,"d":"127.39473"},{"v":127.394725,"d":"127.39473"},{"v":127.394725,"d":"127.39473"},{"v":127.394725,"d":"127.39473"},0,0]
[null,null,{"$error":"#REF!"},{"$error":"#REF!"},{"$error":"#REF!"},{"$error":"#REF!"},null,{"v":0,"d":"0.00%"},{"v":0,"d":"0.00%"},{"v":0,"d":"0.00%"},{"v":0,"d":"0.00%"},{"v":0,"d":"0.00%"},{"v":0,"d":"0.00%"},{"v":0.125,"d":"12.50%"},{"v":0.125,"d":"12.50%"},{"v":0.125,"d":"12.50%"},{"v":0.125,"d":"12.50%"},{"v":0.125,"d":"12.50%"},{"v":0.125,"d":"12.50%"},{"v":0.125,"d":"12.50%"},{"v":0.125,"d":"12.50%"},{"v":0,"d":"0.00%"},{"v":0,"d":"0.00%"}]
[null,null,{"$error":"#REF!"},{"$error":"#REF!"},{"$error":"#REF!"},{"$error":"#REF!"},{"$nulls":7},{"v":0.125,"d":"12.50%"},{"v":0.125,"d":"12.50%"},{"v":0.125,"d":"12.50%"},{"v":0.125,"d":"12.50%"},{"v":0.125,"d":"12.50%"},{"v":0.125,"d":"12.50%"},{"v":0.125,"d":"12.50%"},{"v":0.125,"d":"12.50%"}]
[null,546,"HORMIGON PREMEZCLADO F'C=180 Kg/cm2 PARA REPLANTILLO INCLUYE ENCOFRADO","m3",{"v":3.91,"d":"3.91000"},{"v":201.04,"d":"$ 201.04000"},{"v":786.0664,"d":"$ 786.06640"},0,0,0,0,0,0,{"v":98.2583,"d":"98.25830"},{"v":98.2583,"d":"98.25830"},{"v":98.2583,"d":"98.25830"},{"v":98.2583,"d":"98.25830"},{"v":98.2583,"d":"98.25830"},{"v":98.2583,"d":"98.25830"},{"v":98.2583,"d":"98.25830"},{"v":98.2583,"d":"98.25830"},0,0]
[null,null,{"$error":"#REF!"},{"$error":"#REF!"},{"$error":"#REF!"},{"$error":"#REF!"},null,{"v":0,"d":"0.00%"},{"v":0,"d":"0.00%"},{"v":0,"d":"0.00%"},{"v":0,"d":"0.00%"},{"v":0,"d":"0.00%"},{"v":0,"d":"0.00%"},{"v":0.125,"d":"12.50%"},{"v":0.125,"d":"12.50%"},{"v":0.125,"d":"12.50%"},{"v":0.125,"d":"12.50%"},{"v":0.125,"d":"12.50%"},{"v":0.125,"d":"12.50%"},{"v":0.125,"d":"12.50%"},{"v":0.125,"d":"12.50%"},{"v":0,"d":"0.00%"},{"v":0,"d":"0.00%"}]
[null,null,{"$error":"#REF!"},{"$error":"#REF!"},{"$error":"#REF!"},{"$error":"#REF!"},{"$nulls":7},{"v":0.125,"d":"12.50%"},{"v":0.125,"d":"12.50%"},{"v":0.125,"d":"12.50%"},{"v":0.125,"d":"12.50%"},{"v":0.125,"d":"12.50%"},{"v":0.125,"d":"12.50%"},{"v":0.125,"d":"12.50%"},{"v":0.125,"d":"12.50%"}]
[null,547,"HORMIGON PREMEZCLADO F´C=280 Kg/cm2 CON IMPERMEABILIZANTE (INCLUYE ENCOFRADO)","m3",{"v":28.61,"d":"28.61000"},{"v":310.94,"d":"$ 310.94000"},{"v":8895.9934,"d":"$ 8,895.99340"},0,0,0,0,0,0,{"v":1111.999175,"d":"1,111.99918"},{"v":1111.999175,"d":"1,111.99918"},{"v":1111.999175,"d":"1,111.99918"},{"v":1111.999175,"d":"1,111.99918"},{"v":1111.999175,"d":"1,111.99918"},{"v":1111.999175,"d":"1,111.99918"},{"v":1111.999175,"d":"1,111.99918"},{"v":1111.999175,"d":"1,111.99918"},0,0]
[null,null,{"$error":"#REF!"},{"$error":"#REF!"},{"$error":"#REF!"},{"$error":"#REF!"},null,{"v":0,"d":"0.00%"},{"v":0,"d":"0.00%"},{"v":0,"d":"0.00%"},{"v":0,"d":"0.00%"},{"v":0,"d":"0.00%"},{"v":0,"d":"0.00%"},{"v":0.125,"d":"12.50%"},{"v":0.125,"d":"12.50%"},{"v":0.125,"d":"12.50%"},{"v":0.125,"d":"12.50%"},{"v":0.125,"d":"12.50%"},{"v":0.125,"d":"12.50%"},{"v":0.125,"d":"12.50%"},{"v":0.125,"d":"12.50%"},{"v":0,"d":"0.00%"},{"v":0,"d":"0.00%"}]
[null,null,{"$error":"#REF!"},{"$error":"#REF!"},{"$error":"#REF!"},{"$error":"#REF!"},{"$nulls":7},{"v":0.125,"d":"12.50%"},{"v":0.125,"d":"12.50%"},{"v":0.125,"d":"12.50%"},{"v":0.125,"d":"12.50%"},{"v":0.125,"d":"12.50%"},{"v":0.125,"d":"12.50%"},{"v":0.125,"d":"12.50%"},{"v":0.125,"d":"12.50%"}]
[null,548,"ACERO DE REFUERZO EN BARRAS FY=4200 Kg/cm2","Kg",{"v":3453.57,"d":"3453.57000"},{"v":2.32,"d":"$ 2.32000"},{"v":8012.2824,"d":"$ 8,012.28240"},0,0,0,0,0,0,{"v":1001.5353,"d":"1,001.53530"},{"v":1001.5353,"d":"1,001.53530"},{"v":1001.5353,"d":"1,001.53530"},{"v":1001.5353,"d":"1,001.53530"},{"v":1001.5353,"d":"1,001.53530"},{"v":1001.5353,"d":"1,001.53530"},{"v":1001.5353,"d":"1,001.53530"},{"v":1001.5353,"d":"1,001.53530"},0,0]
[null,null,{"$error":"#REF!"},{"$error":"#REF!"},{"$error":"#REF!"},{"$error":"#REF!"},null,{"v":0,"d":"0.00%"},{"v":0,"d":"0.00%"},{"v":0,"d":"0.00%"},{"v":0,"d":"0.00%"},{"v":0,"d":"0.00%"},{"v":0,"d":"0.00%"},{"v":0.125,"d":"12.50%"},{"v":0.125,"d":"12.50%"},{"v":0.125,"d":"12.50%"},{"v":0.125,"d":"12.50%"},{"v":0.125,"d":"12.50%"},{"v":0.125,"d":"12.50%"},{"v":0.125,"d":"12.50%"},{"v":0.125,"d":"12.50%"},{"v":0,"d":"0.00%"},{"v":0,"d":"0.00%"}]
[null,null,{"$error":"#REF!"},{"$error":"#REF!"},{"$error":"#REF!"},{"$error":"#REF!"},{"$nulls":7},{"v":0.125,"d":"12.50%"},{"v":0.125,"d":"12.50%"},{"v":0.125,"d":"12.50%"},{"v":0.125,"d":"12.50%"},{"v":0.125,"d":"12.50%"},{"v":0.125,"d":"12.50%"},{"v":0.125,"d":"12.50%"},{"v":0.125,"d":"12.50%"}]
[null,549,"SUMINISTRO E INSTALACION DE VALVULA DE CLAPETA DE DESCARGA D=600mm (INCLUYE ACCESORIOS)","u",{"v":1,"d":"1.00000"},{"v":3700.93,"d":"$ 3,700.93000"},{"v":3700.93,"d":"$ 3,700.93000"},0,0,0,0,0,0,462.61625,462.61625,462.61625,462.61625,462.61625,462.61625,462.61625,462.61625,0,0]
[null,null,{"$error":"#REF!"},{"$error":"#REF!"},{"$error":"#REF!"},{"$error":"#REF!"},null,{"v":0,"d":"0.00%"},{"v":0,"d":"0.00%"},{"v":0,"d":"0.00%"},{"v":0,"d":"0.00%"},{"v":0,"d":"0.00%"},{"v":0,"d":"0.00%"},{"v":0.125,"d":"12.50%"},{"v":0.125,"d":"12.50%"},{"v":0.125,"d":"12.50%"},{"v":0.125,"d":"12.50%"},{"v":0.125,"d":"12.50%"},{"v":0.125,"d":"12.50%"},{"v":0.125,"d":"12.50%"},{"v":0.125,"d":"12.50%"},{"v":0,"d":"0.00%"},{"v":0,"d":"0.00%"}]
[null,null,{"$error":"#REF!"},{"$error":"#REF!"},{"$error":"#REF!"},{"$error":"#REF!"},{"$nulls":7},{"v":0.125,"d":"12.50%"},{"v":0.125,"d":"12.50%"},{"v":0.125,"d":"12.50%"},{"v":0.125,"d":"12.50%"},{"v":0.125,"d":"12.50%"},{"v":0.125,"d":"12.50%"},{"v":0.125,"d":"12.50%"},{"v":0.125,"d":"12.50%"}]
[null,550,"SUMINISTRO E INSTALACION DE VALVULA DE CLAPETA DE DESCARGA D=700mm (INCLUYE ACCESORIOS)","u",{"v":2,"d":"2.00000"},{"v":4333.75,"d":"$ 4,333.75000"},{"v":8667.5,"d":"$ 8,667.50000"},0,0,0,0,0,0,{"v":1083.4375,"d":"1,083.43750"},{"v":1083.4375,"d":"1,083.43750"},{"v":1083.4375,"d":"1,083.43750"},{"v":1083.4375,"d":"1,083.43750"},{"v":1083.4375,"d":"1,083.43750"},{"v":1083.4375,"d":"1,083.43750"},{"v":1083.4375,"d":"1,083.43750"},{"v":1083.4375,"d":"1,083.43750"},0,0]
[null,null,{"$error":"#REF!"},{"$error":"#REF!"},{"$error":"#REF!"},{"$error":"#REF!"},null,{"v":0,"d":"0.00%"},{"v":0,"d":"0.00%"},{"v":0,"d":"0.00%"},{"v":0,"d":"0.00%"},{"v":0,"d":"0.00%"},{"v":0,"d":"0.00%"},{"v":0.125,"d":"12.50%"},{"v":0.125,"d":"12.50%"},{"v":0.125,"d":"12.50%"},{"v":0.125,"d":"12.50%"},{"v":0.125,"d":"12.50%"},{"v":0.125,"d":"12.50%"},{"v":0.125,"d":"12.50%"},{"v":0.125,"d":"12.50%"},{"v":0,"d":"0.00%"},{"v":0,"d":"0.00%"}]
[null,null,{"$error":"#REF!"},{"$error":"#REF!"},{"$error":"#REF!"},{"$error":"#REF!"},{"$nulls":7},{"v":0.125,"d":"12.50%"},{"v":0.125,"d":"12.50%"},{"v":0.125,"d":"12.50%"},{"v":0.125,"d":"12.50%"},{"v":0.125,"d":"12.50%"},{"v":0.125,"d":"12.50%"},{"v":0.125,"d":"12.50%"},{"v":0.125,"d":"12.50%"}]
[null,551,"SUMINISTRO E INSTALACION DE VALVULA DE CLAPETA DE DESCARGA D=1200mm (INCLUYE ACCESORIOS)","u",{"v":1,"d":"1.00000"},{"v":9511.39,"d":"$ 9,511.39000"},{"v":9511.39,"d":"$ 9,511.39000"},0,0,0,0,0,0,{"v":1188.92375,"d":"1,188.92375"},{"v":1188.92375,"d":"1,188.92375"},{"v":1188.92375,"d":"1,188.92375"},{"v":1188.92375,"d":"1,188.92375"},{"v":1188.92375,"d":"1,188.92375"},{"v":1188.92375,"d":"1,188.92375"},{"v":1188.92375,"d":"1,188.92375"},{"v":1188.92375,"d":"1,188.92375"},0,0]
[null,null,{"$error":"#REF!"},{"$error":"#REF!"},{"$error":"#REF!"},{"$error":"#REF!"},null,{"v":0,"d":"0.00%"},{"v":0,"d":"0.00%"},{"v":0,"d":"0.00%"},{"v":0,"d":"0.00%"},{"v":0,"d":"0.00%"},{"v":0,"d":"0.00%"},{"v":0.125,"d":"12.50%"},{"v":0.125,"d":"12.50%"},{"v":0.125,"d":"12.50%"},{"v":0.125,"d":"12.50%"},{"v":0.125,"d":"12.50%"},{"v":0.125,"d":"12.50%"},{"v":0.125,"d":"12.50%"},{"v":0.125,"d":"12.50%"},{"v":0,"d":"0.00%"},{"v":0,"d":"0.00%"}]
[null,null,{"$error":"#REF!"},{"$error":"#REF!"},{"$error":"#REF!"},{"$error":"#REF!"},{"$nulls":7},{"v":0.125,"d":"12.50%"},{"v":0.125,"d":"12.50%"},{"v":0.125,"d":"12.50%"},{"v":0.125,"d":"12.50%"},{"v":0.125,"d":"12.50%"},{"v":0.125,"d":"12.50%"},{"v":0.125,"d":"12.50%"},{"v":0.125,"d":"12.50%"}]
[null,552,"HORMIGON PREMEZCLADO F´C=280 Kg/cm2 CON IMPERMEABILIZANTE (INCLUYE ENCOFRADO)","m3",{"v":18.63,"d":"18.63000"},{"v":310.94,"d":"$ 310.94000"},{"v":5792.812199999999,"d":"$ 5,792.81220"},0,0,0,0,0,0,{"v":724.1015249999999,"d":"724.10153"},{"v":724.1015249999999,"d":"724.10153"},{"v":724.1015249999999,"d":"724.10153"},{"v":724.1015249999999,"d":"724.10153"},{"v":724.1015249999999,"d":"724.10153"},{"v":724.1015249999999,"d":"724.10153"},{"v":724.1015249999999,"d":"724.10153"},{"v":724.1015249999999,"d":"724.10153"},0,0]
[null,null,{"$error":"#REF!"},{"$error":"#REF!"},{"$error":"#REF!"},{"$error":"#REF!"},null,{"v":0,"d":"0.00%"},{"v":0,"d":"0.00%"},{"v":0,"d":"0.00%"},{"v":0,"d":"0.00%"},{"v":0,"d":"0.00%"},{"v":0,"d":"0.00%"},{"v":0.125,"d":"12.50%"},{"v":0.125,"d":"12.50%"},{"v":0.125,"d":"12.50%"},{"v":0.125,"d":"12.50%"},{"v":0.125,"d":"12.50%"},{"v":0.125,"d":"12.50%"},{"v":0.125,"d":"12.50%"},{"v":0.125,"d":"12.50%"},{"v":0,"d":"0.00%"},{"v":0,"d":"0.00%"}]
[null,null,{"$error":"#REF!"},{"$error":"#REF!"},{"$error":"#REF!"},{"$error":"#REF!"},{"$nulls":7},{"v":0.125,"d":"12.50%"},{"v":0.125,"d":"12.50%"},{"v":0.125,"d":"12.50%"},{"v":0.125,"d":"12.50%"},{"v":0.125,"d":"12.50%"},{"v":0.125,"d":"12.50%"},{"v":0.125,"d":"12.50%"},{"v":0.125,"d":"12.50%"}]
[null,553,"MALLA ELECTROSOLDADA 15x15 - 5,5mm","m2",{"v":414,"d":"414.00000"},{"v":6.03,"d":"$ 6.03000"},{"v":2496.42,"d":"$ 2,496.42000"},0,0,0,0,0,0,{"v":312.0525,"d":"312.05250"},{"v":312.0525,"d":"312.05250"},{"v":312.0525,"d":"312.05250"},{"v":312.0525,"d":"312.05250"},{"v":312.0525,"d":"312.05250"},{"v":312.0525,"d":"312.05250"},{"v":312.0525,"d":"312.05250"},{"v":312.0525,"d":"312.05250"},0,0]
[null,null,{"$error":"#REF!"},{"$error":"#REF!"},{"$error":"#REF!"},{"$error":"#REF!"},null,{"v":0,"d":"0.00%"},{"v":0,"d":"0.00%"},{"v":0,"d":"0.00%"},{"v":0,"d":"0.00%"},{"v":0,"d":"0.00%"},{"v":0,"d":"0.00%"},{"v":0.125,"d":"12.50%"},{"v":0.125,"d":"12.50%"},{"v":0.125,"d":"12.50%"},{"v":0.125,"d":"12.50%"},{"v":0.125,"d":"12.50%"},{"v":0.125,"d":"12.50%"},{"v":0.125,"d":"12.50%"},{"v":0.125,"d":"12.50%"},{"v":0,"d":"0.00%"},{"v":0,"d":"0.00%"}]
[null,null,{"$error":"#REF!"},{"$error":"#REF!"},{"$error":"#REF!"},{"$error":"#REF!"},{"$nulls":7},{"v":0.125,"d":"12.50%"},{"v":0.125,"d":"12.50%"},{"v":0.125,"d":"12.50%"},{"v":0.125,"d":"12.50%"},{"v":0.125,"d":"12.50%"},{"v":0.125,"d":"12.50%"},{"v":0.125,"d":"12.50%"},{"v":0.125,"d":"12.50%"}]
[null,554,"SUMINISTRO E INSTALACION DE REJILLA DE HD TIPO I  0.70x0.40m","u",{"v":296,"d":"296.00000"},{"v":148.42,"d":"$ 148.42000"},{"v":43932.32,"d":"$ 43,932.32000"},0,0,0,0,0,0,{"v":5491.54,"d":"5,491.54000"},{"v":5491.54,"d":"5,491.54000"},{"v":5491.54,"d":"5,491.54000"},{"v":5491.54,"d":"5,491.54000"},{"v":5491.54,"d":"5,491.54000"},{"v":5491.54,"d":"5,491.54000"},{"v":5491.54,"d":"5,491.54000"},{"v":5491.54,"d":"5,491.54000"},0,0]
[null,null,{"$error":"#REF!"},{"$error":"#REF!"},{"$error":"#REF!"},{"$error":"#REF!"},null,{"v":0,"d":"0.00%"},{"v":0,"d":"0.00%"},{"v":0,"d":"0.00%"},{"v":0,"d":"0.00%"},{"v":0,"d":"0.00%"},{"v":0,"d":"0.00%"},{"v":0.125,"d":"12.50%"},{"v":0.125,"d":"12.50%"},{"v":0.125,"d":"12.50%"},{"v":0.125,"d":"12.50%"},{"v":0.125,"d":"12.50%"},{"v":0.125,"d":"12.50%"},{"v":0.125,"d":"12.50%"},{"v":0.125,"d":"12.50%"},{"v":0,"d":"0.00%"},{"v":0,"d":"0.00%"}]
[null,null,{"$error":"#REF!"},{"$error":"#REF!"},{"$error":"#REF!"},{"$error":"#REF!"},{"$nulls":7},{"v":0.125,"d":"12.50%"},{"v":0.125,"d":"12.50%"},{"v":0.125,"d":"12.50%"},{"v":0.125,"d":"12.50%"},{"v":0.125,"d":"12.50%"},{"v":0.125,"d":"12.50%"},{"v":0.125,"d":"12.50%"},{"v":0.125,"d":"12.50%"}]
[null,555,"SUMINISTRO E INSTALACION DE PERFIL ESTRUCTURAL L 50X3","m",{"v":207,"d":"207.00000"},{"v":16.23,"d":"$ 16.23000"},{"v":3359.61,"d":"$ 3,359.61000"},0,0,0,0,0,0,419.95125,419.95125,419.95125,419.95125,419.95125,419.95125,419.95125,419.95125,0,0]
[null,null,{"$error":"#REF!"},{"$error":"#REF!"},{"$error":"#REF!"},{"$error":"#REF!"},null,{"v":0,"d":"0.00%"},{"v":0,"d":"0.00%"},{"v":0,"d":"0.00%"},{"v":0,"d":"0.00%"},{"v":0,"d":"0.00%"},{"v":0,"d":"0.00%"},{"v":0.125,"d":"12.50%"},{"v":0.125,"d":"12.50%"},{"v":0.125,"d":"12.50%"},{"v":0.125,"d":"12.50%"},{"v":0.125,"d":"12.50%"},{"v":0.125,"d":"12.50%"},{"v":0.125,"d":"12.50%"},{"v":0.125,"d":"12.50%"},{"v":0,"d":"0.00%"},{"v":0,"d":"0.00%"}]
[null,null,{"$error":"#REF!"},{"$error":"#REF!"},{"$error":"#REF!"},{"$error":"#REF!"},{"$nulls":7},{"v":0.125,"d":"12.50%"},{"v":0.125,"d":"12.50%"},{"v":0.125,"d":"12.50%"},{"v":0.125,"d":"12.50%"},{"v":0.125,"d":"12.50%"},{"v":0.125,"d":"12.50%"},{"v":0.125,"d":"12.50%"},{"v":0.125,"d":"12.50%"}]
[null,556,"SUMINISTRO DE TUBERIA PVC ESTRUCTURADA DI=160 mm (DN175) NORMA NTE INEN 2059","m",{"v":57,"d":"57.00000"},{"v":11.26,"d":"$ 11.26000"},{"v":641.8199999999999,"d":"$ 641.82000"},0,0,0,0,0,0,{"v":80.22749999999999,"d":"80.22750"},{"v":80.22749999999999,"d":"80.22750"},{"v":80.22749999999999,"d":"80.22750"},{"v":80.22749999999999,"d":"80.22750"},{"v":80.22749999999999,"d":"80.22750"},{"v":80.22749999999999,"d":"80.22750"},{"v":80.22749999999999,"d":"80.22750"},{"v":80.22749999999999,"d":"80.22750"},0,0]
[null,null,{"$error":"#REF!"},{"$error":"#REF!"},{"$error":"#REF!"},{"$error":"#REF!"},null,{"v":0,"d":"0.00%"},{"v":0,"d":"0.00%"},{"v":0,"d":"0.00%"},{"v":0,"d":"0.00%"},{"v":0,"d":"0.00%"},{"v":0,"d":"0.00%"},{"v":0.125,"d":"12.50%"},{"v":0.125,"d":"12.50%"},{"v":0.125,"d":"12.50%"},{"v":0.125,"d":"12.50%"},{"v":0.125,"d":"12.50%"},{"v":0.125,"d":"12.50%"},{"v":0.125,"d":"12.50%"},{"v":0.125,"d":"12.50%"},{"v":0,"d":"0.00%"},{"v":0,"d":"0.00%"}]
[null,null,{"$error":"#REF!"},{"$error":"#REF!"},{"$error":"#REF!"},{"$error":"#REF!"},{"$nulls":7},{"v":0.125,"d":"12.50%"},{"v":0.125,"d":"12.50%"},{"v":0.125,"d":"12.50%"},{"v":0.125,"d":"12.50%"},{"v":0.125,"d":"12.50%"},{"v":0.125,"d":"12.50%"},{"v":0.125,"d":"12.50%"},{"v":0.125,"d":"12.50%"}]
[null,557,"INSTALACION DE TUBERIA PVC ESTRUCTURADA DI=160 mm (DN175) NORMA NTE INEN 2059","m",{"v":50,"d":"50.00000"},{"v":3.86,"d":"$ 3.86000"},{"v":193,"d":"$ 193.00000"},0,0,0,0,0,0,{"v":24.125,"d":"24.12500"},{"v":24.125,"d":"24.12500"},{"v":24.125,"d":"24.12500"},{"v":24.125,"d":"24.12500"},{"v":24.125,"d":"24.12500"},{"v":24.125,"d":"24.12500"},{"v":24.125,"d":"24.12500"},{"v":24.125,"d":"24.12500"},0,0]
[null,null,{"$error":"#REF!"},{"$error":"#REF!"},{"$error":"#REF!"},{"$error":"#REF!"},null,{"v":0,"d":"0.00%"},{"v":0,"d":"0.00%"},{"v":0,"d":"0.00%"},{"v":0,"d":"0.00%"},{"v":0,"d":"0.00%"},{"v":0,"d":"0.00%"},{"v":0.125,"d":"12.50%"},{"v":0.125,"d":"12.50%"},{"v":0.125,"d":"12.50%"},{"v":0.125,"d":"12.50%"},{"v":0.125,"d":"12.50%"},{"v":0.125,"d":"12.50%"},{"v":0.125,"d":"12.50%"},{"v":0.125,"d":"12.50%"},{"v":0,"d":"0.00%"},{"v":0,"d":"0.00%"}]
[null,null,{"$error":"#REF!"},{"$error":"#REF!"},{"$error":"#REF!"},{"$error":"#REF!"},{"$nulls":7},{"v":0.125,"d":"12.50%"},{"v":0.125,"d":"12.50%"},{"v":0.125,"d":"12.50%"},{"v":0.125,"d":"12.50%"},{"v":0.125,"d":"12.50%"},{"v":0.125,"d":"12.50%"},{"v":0.125,"d":"12.50%"},{"v":0.125,"d":"12.50%"}]
[null,558,"SUMINISTRO E INSTALACION DE EXTINTOR TIPO A","u",{"v":5,"d":"5.00000"},{"v":237.71,"d":"$ 237.71000"},{"v":1188.55,"d":"$ 1,188.55000"},0,0,0,0,0,0,0,0,0,0,0,0,{"v":594.275,"d":"594.27500"},{"v":594.275,"d":"594.27500"},0,0]
[null,null,{"$error":"#REF!"},{"$error":"#REF!"},{"$error":"#REF!"},{"$error":"#REF!"},null,{"v":0,"d":"0.00%"},{"v":0,"d":"0.00%"},{"v":0,"d":"0.00%"},{"v":0,"d":"0.00%"},{"v":0,"d":"0.00%"},{"v":0,"d":"0.00%"},{"v":0,"d":"0.00%"},{"v":0,"d":"0.00%"},{"v":0,"d":"0.00%"},{"v":0,"d":"0.00%"},{"v":0,"d":"0.00%"},{"v":0,"d":"0.00%"},{"v":0.5,"d":"50.00%"},{"v":0.5,"d":"50.00%"},{"v":0,"d":"0.00%"},{"v":0,"d":"0.00%"}]
[null,null,{"$error":"#REF!"},{"$error":"#REF!"},{"$error":"#REF!"},{"$error":"#REF!"},{"$nulls":13},{"v":0.5,"d":"50.00%"},{"v":0.5,"d":"50.00%"}]
[null,559,"SUMINISTRO E INSTALACIÓN DE LETRERO PROHIBIDO FUMAR","u",{"v":5,"d":"5.00000"},{"v":7.57,"d":"$ 7.57000"},{"v":37.85,"d":"$ 37.85000"},0,0,0,0,0,0,0,0,0,0,0,0,{"v":18.925,"d":"18.92500"},{"v":18.925,"d":"18.92500"},0,0]
[null,null,{"$error":"#REF!"},{"$error":"#REF!"},{"$error":"#REF!"},{"$error":"#REF!"},null,{"v":0,"d":"0.00%"},{"v":0,"d":"0.00%"},{"v":0,"d":"0.00%"},{"v":0,"d":"0.00%"},{"v":0,"d":"0.00%"},{"v":0,"d":"0.00%"},{"v":0,"d":"0.00%"},{"v":0,"d":"0.00%"},{"v":0,"d":"0.00%"},{"v":0,"d":"0.00%"},{"v":0,"d":"0.00%"},{"v":0,"d":"0.00%"},{"v":0.5,"d":"50.00%"},{"v":0.5,"d":"50.00%"},{"v":0,"d":"0.00%"},{"v":0,"d":"0.00%"}]
[null,null,{"$error":"#REF!"},{"$error":"#REF!"},{"$error":"#REF!"},{"$error":"#REF!"},{"$nulls":13},{"v":0.5,"d":"50.00%"},{"v":0.5,"d":"50.00%"}]
[null,560,"SUMINISTRO E INSTALACION DE ALARMA CONTRAINCENDIO","u",{"v":22,"d":"22.00000"},{"v":316.71,"d":"$ 316.71000"},{"v":6967.62,"d":"$ 6,967.62000"},0,0,0,0,0,0,0,0,0,0,0,0,{"v":3483.81,"d":"3,483.81000"},{"v":3483.81,"d":"3,483.81000"},0,0]
[null,null,{"$error":"#REF!"},{"$error":"#REF!"},{"$error":"#REF!"},{"$error":"#REF!"},null,{"v":0,"d":"0.00%"},{"v":0,"d":"0.00%"},{"v":0,"d":"0.00%"},{"v":0,"d":"0.00%"},{"v":0,"d":"0.00%"},{"v":0,"d":"0.00%"},{"v":0,"d":"0.00%"},{"v":0,"d":"0.00%"},{"v":0,"d":"0.00%"},{"v":0,"d":"0.00%"},{"v":0,"d":"0.00%"},{"v":0,"d":"0.00%"},{"v":0.5,"d":"50.00%"},{"v":0.5,"d":"50.00%"},{"v":0,"d":"0.00%"},{"v":0,"d":"0.00%"}]
[null,null,{"$error":"#REF!"},{"$error":"#REF!"},{"$error":"#REF!"},{"$error":"#REF!"},{"$nulls":13},{"v":0.5,"d":"50.00%"},{"v":0.5,"d":"50.00%"}]
[null,561,"SUMINISTRO E INSTALACION DE LETRERO PROHIBIDO HACER FUEGO","u",{"v":5,"d":"5.00000"},{"v":7.63,"d":"$ 7.63000"},{"v":38.15,"d":"$ 38.15000"},0,0,0,0,0,0,0,0,0,0,0,0,{"v":19.075,"d":"19.07500"},{"v":19.075,"d":"19.07500"},0,0]
[null,null,{"$error":"#REF!"},{"$error":"#REF!"},{"$error":"#REF!"},{"$error":"#REF!"},null,{"v":0,"d":"0.00%"},{"v":0,"d":"0.00%"},{"v":0,"d":"0.00%"},{"v":0,"d":"0.00%"},{"v":0,"d":"0.00%"},{"v":0,"d":"0.00%"},{"v":0,"d":"0.00%"},{"v":0,"d":"0.00%"},{"v":0,"d":"0.00%"},{"v":0,"d":"0.00%"},{"v":0,"d":"0.00%"},{"v":0,"d":"0.00%"},{"v":0.5,"d":"50.00%"},{"v":0.5,"d":"50.00%"},{"v":0,"d":"0.00%"},{"v":0,"d":"0.00%"}]
[null,null,{"$error":"#REF!"},{"$error":"#REF!"},{"$error":"#REF!"},{"$error":"#REF!"},{"$nulls":13},{"v":0.5,"d":"50.00%"},{"v":0.5,"d":"50.00%"}]
[null,562,"SUMINISTRO E INSTALACION DE DETECTOR DE HUMO","u",{"v":5,"d":"5.00000"},{"v":51.03,"d":"$ 51.03000"},{"v":255.15,"d":"$ 255.15000"},0,0,0,0,0,0,0,0,0,0,0,0,{"v":127.575,"d":"127.57500"},{"v":127.575,"d":"127.57500"},0,0]
[null,null,{"$error":"#REF!"},{"$error":"#REF!"},{"$error":"#REF!"},{"$error":"#REF!"},null,{"v":0,"d":"0.00%"},{"v":0,"d":"0.00%"},{"v":0,"d":"0.00%"},{"v":0,"d":"0.00%"},{"v":0,"d":"0.00%"},{"v":0,"d":"0.00%"},{"v":0,"d":"0.00%"},{"v":0,"d":"0.00%"},{"v":0,"d":"0.00%"},{"v":0,"d":"0.00%"},{"v":0,"d":"0.00%"},{"v":0,"d":"0.00%"},{"v":0.5,"d":"50.00%"},{"v":0.5,"d":"50.00%"},{"v":0,"d":"0.00%"},{"v":0,"d":"0.00%"}]
[null,null,{"$error":"#REF!"},{"$error":"#REF!"},{"$error":"#REF!"},{"$error":"#REF!"},{"$nulls":13},{"v":0.5,"d":"50.00%"},{"v":0.5,"d":"50.00%"}]
[null,563,"SUMINISTRO E INSTALACION DE LETRERO SALIDA ESCALERA DERECHA ABAJO","u",{"v":2,"d":"2.00000"},{"v":7.68,"d":"$ 7.68000"},{"v":15.36,"d":"$ 15.36000"},0,0,0,0,0,0,0,0,0,0,0,0,{"v":7.68,"d":"7.68000"},{"v":7.68,"d":"7.68000"},0,0]
[null,null,{"$error":"#REF!"},{"$error":"#REF!"},{"$error":"#REF!"},{"$error":"#REF!"},null,{"v":0,"d":"0.00%"},{"v":0,"d":"0.00%"},{"v":0,"d":"0.00%"},{"v":0,"d":"0.00%"},{"v":0,"d":"0.00%"},{"v":0,"d":"0.00%"},{"v":0,"d":"0.00%"},{"v":0,"d":"0.00%"},{"v":0,"d":"0.00%"},{"v":0,"d":"0.00%"},{"v":0,"d":"0.00%"},{"v":0,"d":"0.00%"},{"v":0.5,"d":"50.00%"},{"v":0.5,"d":"50.00%"},{"v":0,"d":"0.00%"},{"v":0,"d":"0.00%"}]
[null,null,{"$error":"#REF!"},{"$error":"#REF!"},{"$error":"#REF!"},{"$error":"#REF!"},{"$nulls":13},{"v":0.5,"d":"50.00%"},{"v":0.5,"d":"50.00%"}]
[null,564,"SUMINISTRO E INSTALACION DE BOTIQUIN DE PRIMEROS AUXILIOS","u",{"v":15,"d":"15.00000"},{"v":54.31,"d":"$ 54.31000"},{"v":814.6500000000001,"d":"$ 814.65000"},0,0,0,0,0,0,0,0,0,0,0,0,{"v":407.32500000000005,"d":"407.32500"},{"v":407.32500000000005,"d":"407.32500"},0,0]
[null,null,{"$error":"#REF!"},{"$error":"#REF!"},{"$error":"#REF!"},{"$error":"#REF!"},null,{"v":0,"d":"0.00%"},{"v":0,"d":"0.00%"},{"v":0,"d":"0.00%"},{"v":0,"d":"0.00%"},{"v":0,"d":"0.00%"},{"v":0,"d":"0.00%"},{"v":0,"d":"0.00%"},{"v":0,"d":"0.00%"},{"v":0,"d":"0.00%"},{"v":0,"d":"0.00%"},{"v":0,"d":"0.00%"},{"v":0,"d":"0.00%"},{"v":0.5,"d":"50.00%"},{"v":0.5,"d":"50.00%"},{"v":0,"d":"0.00%"},{"v":0,"d":"0.00%"}]
[null,null,{"$error":"#REF!"},{"$error":"#REF!"},{"$error":"#REF!"},{"$error":"#REF!"},{"$nulls":13},{"v":0.5,"d":"50.00%"},{"v":0.5,"d":"50.00%"}]
[null,565,"SUMINISTRO E INSTALACION DE LETRERO PUNTO DE ENCUENTRO","u",{"v":12,"d":"12.00000"},{"v":7.73,"d":"$ 7.73000"},{"v":92.76,"d":"$ 92.76000"},0,0,0,0,0,0,0,0,0,0,0,0,{"v":46.38,"d":"46.38000"},{"v":46.38,"d":"46.38000"},0,0]
[null,null,{"$error":"#REF!"},{"$error":"#REF!"},{"$error":"#REF!"},{"$error":"#REF!"},null,{"v":0,"d":"0.00%"},{"v":0,"d":"0.00%"},{"v":0,"d":"0.00%"},{"v":0,"d":"0.00%"},{"v":0,"d":"0.00%"},{"v":0,"d":"0.00%"},{"v":0,"d":"0.00%"},{"v":0,"d":"0.00%"},{"v":0,"d":"0.00%"},{"v":0,"d":"0.00%"},{"v":0,"d":"0.00%"},{"v":0,"d":"0.00%"},{"v":0.5,"d":"50.00%"},{"v":0.5,"d":"50.00%"},{"v":0,"d":"0.00%"},{"v":0,"d":"0.00%"}]
[null,null,{"$error":"#REF!"},{"$error":"#REF!"},{"$error":"#REF!"},{"$error":"#REF!"},{"$nulls":13},{"v":0.5,"d":"50.00%"},{"v":0.5,"d":"50.00%"}]
[null,566,"SUMINISTRO E INSTALACION DE LETRERO SALIDA","u",{"v":11,"d":"11.00000"},{"v":7.79,"d":"$ 7.79000"},{"v":85.69,"d":"$ 85.69000"},0,0,0,0,0,0,0,0,0,0,0,0,{"v":42.845,"d":"42.84500"},{"v":42.845,"d":"42.84500"},0,0]
[null,null,{"$error":"#REF!"},{"$error":"#REF!"},{"$error":"#REF!"},{"$error":"#REF!"},null,{"v":0,"d":"0.00%"},{"v":0,"d":"0.00%"},{"v":0,"d":"0.00%"},{"v":0,"d":"0.00%"},{"v":0,"d":"0.00%"},{"v":0,"d":"0.00%"},{"v":0,"d":"0.00%"},{"v":0,"d":"0.00%"},{"v":0,"d":"0.00%"},{"v":0,"d":"0.00%"},{"v":0,"d":"0.00%"},{"v":0,"d":"0.00%"},{"v":0.5,"d":"50.00%"},{"v":0.5,"d":"50.00%"},{"v":0,"d":"0.00%"},{"v":0,"d":"0.00%"}]
[null,null,{"$error":"#REF!"},{"$error":"#REF!"},{"$error":"#REF!"},{"$error":"#REF!"},{"$nulls":13},{"v":0.5,"d":"50.00%"},{"v":0.5,"d":"50.00%"}]
[null,567,"SUMINISTRO E INSTALACION DE LUZ DE EMERGENCIA","u",{"v":36,"d":"36.00000"},{"v":68.91,"d":"$ 68.91000"},{"v":2480.7599999999998,"d":"$ 2,480.76000"},0,0,0,0,0,0,0,0,0,0,0,0,{"v":1240.3799999999999,"d":"1,240.38000"},{"v":1240.3799999999999,"d":"1,240.38000"},0,0]
[null,null,{"$error":"#REF!"},{"$error":"#REF!"},{"$error":"#REF!"},{"$error":"#REF!"},null,{"v":0,"d":"0.00%"},{"v":0,"d":"0.00%"},{"v":0,"d":"0.00%"},{"v":0,"d":"0.00%"},{"v":0,"d":"0.00%"},{"v":0,"d":"0.00%"},{"v":0,"d":"0.00%"},{"v":0,"d":"0.00%"},{"v":0,"d":"0.00%"},{"v":0,"d":"0.00%"},{"v":0,"d":"0.00%"},{"v":0,"d":"0.00%"},{"v":0.5,"d":"50.00%"},{"v":0.5,"d":"50.00%"},{"v":0,"d":"0.00%"},{"v":0,"d":"0.00%"}]
[null,null,{"$error":"#REF!"},{"$error":"#REF!"},{"$error":"#REF!"},{"$error":"#REF!"},{"$nulls":13},{"v":0.5,"d":"50.00%"},{"v":0.5,"d":"50.00%"}]
[null,568,"SUMINISTRO E INSTALACION DE EXTINTOR TIPO K","u",{"v":15,"d":"15.00000"},{"v":521.31,"d":"$ 521.31000"},{"v":7819.65,"d":"$ 7,819.65000"},0,0,0,0,0,0,0,0,0,0,0,0,{"v":3909.825,"d":"3,909.82500"},{"v":3909.825,"d":"3,909.82500"},0,0]
[null,null,{"$error":"#REF!"},{"$error":"#REF!"},{"$error":"#REF!"},{"$error":"#REF!"},null,{"v":0,"d":"0.00%"},{"v":0,"d":"0.00%"},{"v":0,"d":"0.00%"},{"v":0,"d":"0.00%"},{"v":0,"d":"0.00%"},{"v":0,"d":"0.00%"},{"v":0,"d":"0.00%"},{"v":0,"d":"0.00%"},{"v":0,"d":"0.00%"},{"v":0,"d":"0.00%"},{"v":0,"d":"0.00%"},{"v":0,"d":"0.00%"},{"v":0.5,"d":"50.00%"},{"v":0.5,"d":"50.00%"},{"v":0,"d":"0.00%"},{"v":0,"d":"0.00%"}]
[null,null,{"$error":"#REF!"},{"$error":"#REF!"},{"$error":"#REF!"},{"$error":"#REF!"},{"$nulls":13},{"v":0.5,"d":"50.00%"},{"v":0.5,"d":"50.00%"}]
[null,569,"SUMINISTRO E INSTALACION DE TUBERIA ACERO ASTM A36  D=40mm","m",{"v":11,"d":"11.00000"},{"v":10.88,"d":"$ 10.88000"},{"v":119.68,"d":"$ 119.68000"},0,0,0,0,0,0,0,0,0,{"v":23.936000000000003,"d":"23.93600"},{"v":23.936000000000003,"d":"23.93600"},{"v":23.936000000000003,"d":"23.93600"},{"v":23.936000000000003,"d":"23.93600"},{"v":23.936000000000003,"d":"23.93600"},0,0]
[null,null,{"$error":"#REF!"},{"$error":"#REF!"},{"$error":"#REF!"},{"$error":"#REF!"},null,{"v":0,"d":"0.00%"},{"v":0,"d":"0.00%"},{"v":0,"d":"0.00%"},{"v":0,"d":"0.00%"},{"v":0,"d":"0.00%"},{"v":0,"d":"0.00%"},{"v":0,"d":"0.00%"},{"v":0,"d":"0.00%"},{"v":0,"d":"0.00%"},{"v":0.2,"d":"20.00%"},{"v":0.2,"d":"20.00%"},{"v":0.2,"d":"20.00%"},{"v":0.2,"d":"20.00%"},{"v":0.2,"d":"20.00%"},{"v":0,"d":"0.00%"},{"v":0,"d":"0.00%"}]
[null,null,{"$error":"#REF!"},{"$error":"#REF!"},{"$error":"#REF!"},{"$error":"#REF!"},{"$nulls":10},{"v":0.2,"d":"20.00%"},{"v":0.2,"d":"20.00%"},{"v":0.2,"d":"20.00%"},{"v":0.2,"d":"20.00%"},{"v":0.2,"d":"20.00%"}]
[null,570,"SUMINISTRO E INSTALACION DE CODO ACERO ASTM A36 D = 40mmX90'","u",{"v":3,"d":"3.00000"},{"v":10.1,"d":"$ 10.10000"},{"v":30.299999999999997,"d":"$ 30.30000"},0,0,0,0,0,0,0,0,0,{"v":6.06,"d":"6.06000"},{"v":6.06,"d":"6.06000"},{"v":6.06,"d":"6.06000"},{"v":6.06,"d":"6.06000"},{"v":6.06,"d":"6.06000"},0,0]
[null,null,{"$error":"#REF!"},{"$error":"#REF!"},{"$error":"#REF!"},{"$error":"#REF!"},null,{"v":0,"d":"0.00%"},{"v":0,"d":"0.00%"},{"v":0,"d":"0.00%"},{"v":0,"d":"0.00%"},{"v":0,"d":"0.00%"},{"v":0,"d":"0.00%"},{"v":0,"d":"0.00%"},{"v":0,"d":"0.00%"},{"v":0,"d":"0.00%"},{"v":0.2,"d":"20.00%"},{"v":0.2,"d":"20.00%"},{"v":0.2,"d":"20.00%"},{"v":0.2,"d":"20.00%"},{"v":0.2,"d":"20.00%"},{"v":0,"d":"0.00%"},{"v":0,"d":"0.00%"}]
[null,null,{"$error":"#REF!"},{"$error":"#REF!"},{"$error":"#REF!"},{"$error":"#REF!"},{"$nulls":10},{"v":0.2,"d":"20.00%"},{"v":0.2,"d":"20.00%"},{"v":0.2,"d":"20.00%"},{"v":0.2,"d":"20.00%"},{"v":0.2,"d":"20.00%"}]
[null,571,"SUMINISTRO E INSTALACION DE BRIDA DE ACERO AL CARBONO ASTM A-105 DN 40mm","u",{"v":8,"d":"8.00000"},{"v":45.52,"d":"$ 45.52000"},{"v":364.16,"d":"$ 364.16000"},0,0,0,0,0,0,0,0,0,{"v":72.83200000000001,"d":"72.83200"},{"v":72.83200000000001,"d":"72.83200"},{"v":72.83200000000001,"d":"72.83200"},{"v":72.83200000000001,"d":"72.83200"},{"v":72.83200000000001,"d":"72.83200"},0,0]
[null,null,{"$error":"#REF!"},{"$error":"#REF!"},{"$error":"#REF!"},{"$error":"#REF!"},null,{"v":0,"d":"0.00%"},{"v":0,"d":"0.00%"},{"v":0,"d":"0.00%"},{"v":0,"d":"0.00%"},{"v":0,"d":"0.00%"},{"v":0,"d":"0.00%"},{"v":0,"d":"0.00%"},{"v":0,"d":"0.00%"},{"v":0,"d":"0.00%"},{"v":0.2,"d":"20.00%"},{"v":0.2,"d":"20.00%"},{"v":0.2,"d":"20.00%"},{"v":0.2,"d":"20.00%"},{"v":0.2,"d":"20.00%"},{"v":0,"d":"0.00%"},{"v":0,"d":"0.00%"}]
[null,null,{"$error":"#REF!"},{"$error":"#REF!"},{"$error":"#REF!"},{"$error":"#REF!"},{"$nulls":10},{"v":0.2,"d":"20.00%"},{"v":0.2,"d":"20.00%"},{"v":0.2,"d":"20.00%"},{"v":0.2,"d":"20.00%"},{"v":0.2,"d":"20.00%"}]
[null,572,"SUMINISTRO E INSTALACION DE BOMBA CENTRIFUGA TDH=37.1m, Q=8.61 L/S (INCLUYE ACCESORIOS)","u",{"v":2,"d":"2.00000"},{"v":3056.96,"d":"$ 3,056.96000"},{"v":6113.92,"d":"$ 6,113.92000"},0,0,0,0,0,0,0,0,0,{"v":1222.784,"d":"1,222.78400"},{"v":1222.784,"d":"1,222.78400"},{"v":1222.784,"d":"1,222.78400"},{"v":1222.784,"d":"1,222.78400"},{"v":1222.784,"d":"1,222.78400"},0,0]
[null,null,{"$error":"#REF!"},{"$error":"#REF!"},{"$error":"#REF!"},{"$error":"#REF!"},null,{"v":0,"d":"0.00%"},{"v":0,"d":"0.00%"},{"v":0,"d":"0.00%"},{"v":0,"d":"0.00%"},{"v":0,"d":"0.00%"},{"v":0,"d":"0.00%"},{"v":0,"d":"0.00%"},{"v":0,"d":"0.00%"},{"v":0,"d":"0.00%"},{"v":0.2,"d":"20.00%"},{"v":0.2,"d":"20.00%"},{"v":0.2,"d":"20.00%"},{"v":0.2,"d":"20.00%"},{"v":0.2,"d":"20.00%"},{"v":0,"d":"0.00%"},{"v":0,"d":"0.00%"}]
[null,null,{"$error":"#REF!"},{"$error":"#REF!"},{"$error":"#REF!"},{"$error":"#REF!"},{"$nulls":10},{"v":0.2,"d":"20.00%"},{"v":0.2,"d":"20.00%"},{"v":0.2,"d":"20.00%"},{"v":0.2,"d":"20.00%"},{"v":0.2,"d":"20.00%"}]
[null,573,"SUMINISTRO E INSTALACION DE REDUCTOR ACERO ASTM A36 50 A 40mm","u",{"v":1,"d":"1.00000"},{"v":17.27,"d":"$ 17.27000"},{"v":17.27,"d":"$ 17.27000"},0,0,0,0,0,0,0,0,0,{"v":3.454,"d":"3.45400"},{"v":3.454,"d":"3.45400"},{"v":3.454,"d":"3.45400"},{"v":3.454,"d":"3.45400"},{"v":3.454,"d":"3.45400"},0,0]
[null,null,{"$error":"#REF!"},{"$error":"#REF!"},{"$error":"#REF!"},{"$error":"#REF!"},null,{"v":0,"d":"0.00%"},{"v":0,"d":"0.00%"},{"v":0,"d":"0.00%"},{"v":0,"d":"0.00%"},{"v":0,"d":"0.00%"},{"v":0,"d":"0.00%"},{"v":0,"d":"0.00%"},{"v":0,"d":"0.00%"},{"v":0,"d":"0.00%"},{"v":0.2,"d":"20.00%"},{"v":0.2,"d":"20.00%"},{"v":0.2,"d":"20.00%"},{"v":0.2,"d":"20.00%"},{"v":0.2,"d":"20.00%"},{"v":0,"d":"0.00%"},{"v":0,"d":"0.00%"}]
[null,null,{"$error":"#REF!"},{"$error":"#REF!"},{"$error":"#REF!"},{"$error":"#REF!"},{"$nulls":10},{"v":0.2,"d":"20.00%"},{"v":0.2,"d":"20.00%"},{"v":0.2,"d":"20.00%"},{"v":0.2,"d":"20.00%"},{"v":0.2,"d":"20.00%"}]
[null,574,"SUMINISTRO E INSTALACION DE BRIDA DE ACERO AL CARBONO ASTM A-105 DN 50mm","u",{"v":1,"d":"1.00000"},{"v":55.12,"d":"$ 55.12000"},{"v":55.12,"d":"$ 55.12000"},0,0,0,0,0,0,0,0,0,{"v":11.024000000000001,"d":"11.02400"},{"v":11.024000000000001,"d":"11.02400"},{"v":11.024000000000001,"d":"11.02400"},{"v":11.024000000000001,"d":"11.02400"},{"v":11.024000000000001,"d":"11.02400"},0,0]
[null,null,{"$error":"#REF!"},{"$error":"#REF!"},{"$error":"#REF!"},{"$error":"#REF!"},null,{"v":0,"d":"0.00%"},{"v":0,"d":"0.00%"},{"v":0,"d":"0.00%"},{"v":0,"d":"0.00%"},{"v":0,"d":"0.00%"},{"v":0,"d":"0.00%"},{"v":0,"d":"0.00%"},{"v":0,"d":"0.00%"},{"v":0,"d":"0.00%"},{"v":0.2,"d":"20.00%"},{"v":0.2,"d":"20.00%"},{"v":0.2,"d":"20.00%"},{"v":0.2,"d":"20.00%"},{"v":0.2,"d":"20.00%"},{"v":0,"d":"0.00%"},{"v":0,"d":"0.00%"}]
[null,null,{"$error":"#REF!"},{"$error":"#REF!"},{"$error":"#REF!"},{"$error":"#REF!"},{"$nulls":10},{"v":0.2,"d":"20.00%"},{"v":0.2,"d":"20.00%"},{"v":0.2,"d":"20.00%"},{"v":0.2,"d":"20.00%"},{"v":0.2,"d":"20.00%"}]
[null,575,"SUMINISTRO E INSTALACION DE BRIDA DE ACERO AL CARBONO ASTM A-105 DN 40mm","u",{"v":1,"d":"1.00000"},{"v":45.52,"d":"$ 45.52000"},{"v":45.52,"d":"$ 45.52000"},0,0,0,0,0,0,0,0,0,{"v":9.104000000000001,"d":"9.10400"},{"v":9.104000000000001,"d":"9.10400"},{"v":9.104000000000001,"d":"9.10400"},{"v":9.104000000000001,"d":"9.10400"},{"v":9.104000000000001,"d":"9.10400"},0,0]
[null,null,{"$error":"#REF!"},{"$error":"#REF!"},{"$error":"#REF!"},{"$error":"#REF!"},null,{"v":0,"d":"0.00%"},{"v":0,"d":"0.00%"},{"v":0,"d":"0.00%"},{"v":0,"d":"0.00%"},{"v":0,"d":"0.00%"},{"v":0,"d":"0.00%"},{"v":0,"d":"0.00%"},{"v":0,"d":"0.00%"},{"v":0,"d":"0.00%"},{"v":0.2,"d":"20.00%"},{"v":0.2,"d":"20.00%"},{"v":0.2,"d":"20.00%"},{"v":0.2,"d":"20.00%"},{"v":0.2,"d":"20.00%"},{"v":0,"d":"0.00%"},{"v":0,"d":"0.00%"}]
[null,null,{"$error":"#REF!"},{"$error":"#REF!"},{"$error":"#REF!"},{"$error":"#REF!"},{"$nulls":10},{"v":0.2,"d":"20.00%"},{"v":0.2,"d":"20.00%"},{"v":0.2,"d":"20.00%"},{"v":0.2,"d":"20.00%"},{"v":0.2,"d":"20.00%"}]
[null,576,"SUMINISTRO E INSTALACION DE VALVULA COMPUERTA VASTAGO FIJO EXTREMOS BRIDADOS D=80mm PN10/16","u",{"v":1,"d":"1.00000"},{"v":381.56,"d":"$ 381.56000"},{"v":381.56,"d":"$ 381.56000"},0,0,0,0,0,0,0,0,0,{"v":76.312,"d":"76.31200"},{"v":76.312,"d":"76.31200"},{"v":76.312,"d":"76.31200"},{"v":76.312,"d":"76.31200"},{"v":76.312,"d":"76.31200"},0,0]
[null,null,{"$error":"#REF!"},{"$error":"#REF!"},{"$error":"#REF!"},{"$error":"#REF!"},null,{"v":0,"d":"0.00%"},{"v":0,"d":"0.00%"},{"v":0,"d":"0.00%"},{"v":0,"d":"0.00%"},{"v":0,"d":"0.00%"},{"v":0,"d":"0.00%"},{"v":0,"d":"0.00%"},{"v":0,"d":"0.00%"},{"v":0,"d":"0.00%"},{"v":0.2,"d":"20.00%"},{"v":0.2,"d":"20.00%"},{"v":0.2,"d":"20.00%"},{"v":0.2,"d":"20.00%"},{"v":0.2,"d":"20.00%"},{"v":0,"d":"0.00%"},{"v":0,"d":"0.00%"}]
[null,null,{"$error":"#REF!"},{"$error":"#REF!"},{"$error":"#REF!"},{"$error":"#REF!"},{"$nulls":10},{"v":0.2,"d":"20.00%"},{"v":0.2,"d":"20.00%"},{"v":0.2,"d":"20.00%"},{"v":0.2,"d":"20.00%"},{"v":0.2,"d":"20.00%"}]
[null,577,"SUMINISTRO E INSTALACION DE VALVULA CHECK BRIDADA DE H.D. TIPO SWING D=80mm PN10/16","u",{"v":1,"d":"1.00000"},{"v":284.35,"d":"$ 284.35000"},{"v":284.35,"d":"$ 284.35000"},0,0,0,0,0,0,0,0,0,{"v":56.870000000000005,"d":"56.87000"},{"v":56.870000000000005,"d":"56.87000"},{"v":56.870000000000005,"d":"56.87000"},{"v":56.870000000000005,"d":"56.87000"},{"v":56.870000000000005,"d":"56.87000"},0,0]
[null,null,{"$error":"#REF!"},{"$error":"#REF!"},{"$error":"#REF!"},{"$error":"#REF!"},null,{"v":0,"d":"0.00%"},{"v":0,"d":"0.00%"},{"v":0,"d":"0.00%"},{"v":0,"d":"0.00%"},{"v":0,"d":"0.00%"},{"v":0,"d":"0.00%"},{"v":0,"d":"0.00%"},{"v":0,"d":"0.00%"},{"v":0,"d":"0.00%"},{"v":0.2,"d":"20.00%"},{"v":0.2,"d":"20.00%"},{"v":0.2,"d":"20.00%"},{"v":0.2,"d":"20.00%"},{"v":0.2,"d":"20.00%"},{"v":0,"d":"0.00%"},{"v":0,"d":"0.00%"}]
[null,null,{"$error":"#REF!"},{"$error":"#REF!"},{"$error":"#REF!"},{"$error":"#REF!"},{"$nulls":10},{"v":0.2,"d":"20.00%"},{"v":0.2,"d":"20.00%"},{"v":0.2,"d":"20.00%"},{"v":0.2,"d":"20.00%"},{"v":0.2,"d":"20.00%"}]
[null,578,"SUMINISTRO E INSTALACION DE BRIDA DE ACERO AL CARBONO ASTM A-105 DN 80mm","u",{"v":2,"d":"2.00000"},{"v":101.92,"d":"$ 101.92000"},{"v":203.84,"d":"$ 203.84000"},0,0,0,0,0,0,0,0,0,{"v":40.768,"d":"40.76800"},{"v":40.768,"d":"40.76800"},{"v":40.768,"d":"40.76800"},{"v":40.768,"d":"40.76800"},{"v":40.768,"d":"40.76800"},0,0]
[null,null,{"$error":"#REF!"},{"$error":"#REF!"},{"$error":"#REF!"},{"$error":"#REF!"},null,{"v":0,"d":"0.00%"},{"v":0,"d":"0.00%"},{"v":0,"d":"0.00%"},{"v":0,"d":"0.00%"},{"v":0,"d":"0.00%"},{"v":0,"d":"0.00%"},{"v":0,"d":"0.00%"},{"v":0,"d":"0.00%"},{"v":0,"d":"0.00%"},{"v":0.2,"d":"20.00%"},{"v":0.2,"d":"20.00%"},{"v":0.2,"d":"20.00%"},{"v":0.2,"d":"20.00%"},{"v":0.2,"d":"20.00%"},{"v":0,"d":"0.00%"},{"v":0,"d":"0.00%"}]
[null,null,{"$error":"#REF!"},{"$error":"#REF!"},{"$error":"#REF!"},{"$error":"#REF!"},{"$nulls":10},{"v":0.2,"d":"20.00%"},{"v":0.2,"d":"20.00%"},{"v":0.2,"d":"20.00%"},{"v":0.2,"d":"20.00%"},{"v":0.2,"d":"20.00%"}]
[null,579,"SUMINISTRO E INSTALACION DE UNION UNIVERSAL DE HD DN80mm PN24","u",{"v":1,"d":"1.00000"},{"v":93.64,"d":"$ 93.64000"},{"v":93.64,"d":"$ 93.64000"},0,0,0,0,0,0,0,0,0,{"v":18.728,"d":"18.72800"},{"v":18.728,"d":"18.72800"},{"v":18.728,"d":"18.72800"},{"v":18.728,"d":"18.72800"},{"v":18.728,"d":"18.72800"},0,0]
[null,null,{"$error":"#REF!"},{"$error":"#REF!"},{"$error":"#REF!"},{"$error":"#REF!"},null,{"v":0,"d":"0.00%"},{"v":0,"d":"0.00%"},{"v":0,"d":"0.00%"},{"v":0,"d":"0.00%"},{"v":0,"d":"0.00%"},{"v":0,"d":"0.00%"},{"v":0,"d":"0.00%"},{"v":0,"d":"0.00%"},{"v":0,"d":"0.00%"},{"v":0.2,"d":"20.00%"},{"v":0.2,"d":"20.00%"},{"v":0.2,"d":"20.00%"},{"v":0.2,"d":"20.00%"},{"v":0.2,"d":"20.00%"},{"v":0,"d":"0.00%"},{"v":0,"d":"0.00%"}]
[null,null,{"$error":"#REF!"},{"$error":"#REF!"},{"$error":"#REF!"},{"$error":"#REF!"},{"$nulls":10},{"v":0.2,"d":"20.00%"},{"v":0.2,"d":"20.00%"},{"v":0.2,"d":"20.00%"},{"v":0.2,"d":"20.00%"},{"v":0.2,"d":"20.00%"}]
[null,580,"MANOMETRO VERTICAL 1/2\"","u",{"v":2,"d":"2.00000"},{"v":70.28,"d":"$ 70.28000"},{"v":140.56,"d":"$ 140.56000"},0,0,0,0,0,0,0,0,0,{"v":28.112000000000002,"d":"28.11200"},{"v":28.112000000000002,"d":"28.11200"},{"v":28.112000000000002,"d":"28.11200"},{"v":28.112000000000002,"d":"28.11200"},{"v":28.112000000000002,"d":"28.11200"},0,0]
[null,null,{"$error":"#REF!"},{"$error":"#REF!"},{"$error":"#REF!"},{"$error":"#REF!"},null,{"v":0,"d":"0.00%"},{"v":0,"d":"0.00%"},{"v":0,"d":"0.00%"},{"v":0,"d":"0.00%"},{"v":0,"d":"0.00%"},{"v":0,"d":"0.00%"},{"v":0,"d":"0.00%"},{"v":0,"d":"0.00%"},{"v":0,"d":"0.00%"},{"v":0.2,"d":"20.00%"},{"v":0.2,"d":"20.00%"},{"v":0.2,"d":"20.00%"},{"v":0.2,"d":"20.00%"},{"v":0.2,"d":"20.00%"},{"v":0,"d":"0.00%"},{"v":0,"d":"0.00%"}]
[null,null,{"$error":"#REF!"},{"$error":"#REF!"},{"$error":"#REF!"},{"$error":"#REF!"},{"$nulls":10},{"v":0.2,"d":"20.00%"},{"v":0.2,"d":"20.00%"},{"v":0.2,"d":"20.00%"},{"v":0.2,"d":"20.00%"},{"v":0.2,"d":"20.00%"}]
[null,581,"SUMINISTRO E INSTALACION DE VALVULA DE AIRE 3\" TRIPLE ACCION (INCLUYE ACCESORIOS)","u",{"v":2,"d":"2.00000"},{"v":931.51,"d":"$ 931.51000"},{"v":1863.02,"d":"$ 1,863.02000"},0,0,0,0,0,0,0,0,0,{"v":372.60400000000004,"d":"372.60400"},{"v":372.60400000000004,"d":"372.60400"},{"v":372.60400000000004,"d":"372.60400"},{"v":372.60400000000004,"d":"372.60400"},{"v":372.60400000000004,"d":"372.60400"},0,0]
[null,null,{"$error":"#REF!"},{"$error":"#REF!"},{"$error":"#REF!"},{"$error":"#REF!"},null,{"v":0,"d":"0.00%"},{"v":0,"d":"0.00%"},{"v":0,"d":"0.00%"},{"v":0,"d":"0.00%"},{"v":0,"d":"0.00%"},{"v":0,"d":"0.00%"},{"v":0,"d":"0.00%"},{"v":0,"d":"0.00%"},{"v":0,"d":"0.00%"},{"v":0.2,"d":"20.00%"},{"v":0.2,"d":"20.00%"},{"v":0.2,"d":"20.00%"},{"v":0.2,"d":"20.00%"},{"v":0.2,"d":"20.00%"},{"v":0,"d":"0.00%"},{"v":0,"d":"0.00%"}]
[null,null,{"$error":"#REF!"},{"$error":"#REF!"},{"$error":"#REF!"},{"$error":"#REF!"},{"$nulls":10},{"v":0.2,"d":"20.00%"},{"v":0.2,"d":"20.00%"},{"v":0.2,"d":"20.00%"},{"v":0.2,"d":"20.00%"},{"v":0.2,"d":"20.00%"}]
[null,582,"SUMINISTRO E INSTALACION DE BRIDA DE ACERO AL CARBONO ASTM A-105 DN 80mm","u",{"v":4,"d":"4.00000"},{"v":101.92,"d":"$ 101.92000"},{"v":407.68,"d":"$ 407.68000"},0,0,0,0,0,0,0,0,0,{"v":81.536,"d":"81.53600"},{"v":81.536,"d":"81.53600"},{"v":81.536,"d":"81.53600"},{"v":81.536,"d":"81.53600"},{"v":81.536,"d":"81.53600"},0,0]
[null,null,{"$error":"#REF!"},{"$error":"#REF!"},{"$error":"#REF!"},{"$error":"#REF!"},null,{"v":0,"d":"0.00%"},{"v":0,"d":"0.00%"},{"v":0,"d":"0.00%"},{"v":0,"d":"0.00%"},{"v":0,"d":"0.00%"},{"v":0,"d":"0.00%"},{"v":0,"d":"0.00%"},{"v":0,"d":"0.00%"},{"v":0,"d":"0.00%"},{"v":0.2,"d":"20.00%"},{"v":0.2,"d":"20.00%"},{"v":0.2,"d":"20.00%"},{"v":0.2,"d":"20.00%"},{"v":0.2,"d":"20.00%"},{"v":0,"d":"0.00%"},{"v":0,"d":"0.00%"}]
[null,null,{"$error":"#REF!"},{"$error":"#REF!"},{"$error":"#REF!"},{"$error":"#REF!"},{"$nulls":10},{"v":0.2,"d":"20.00%"},{"v":0.2,"d":"20.00%"},{"v":0.2,"d":"20.00%"},{"v":0.2,"d":"20.00%"},{"v":0.2,"d":"20.00%"}]
[null,583,"SUMINISTRO DE TUBERIA PVC LISA DI=75 mm (DESAGUE CISTERNA)","m",{"v":3,"d":"3.00000"},{"v":5.47,"d":"$ 5.47000"},{"v":16.41,"d":"$ 16.41000"},0,0,0,0,0,0,0,0,0,{"v":3.282,"d":"3.28200"},{"v":3.282,"d":"3.28200"},{"v":3.282,"d":"3.28200"},{"v":3.282,"d":"3.28200"},{"v":3.282,"d":"3.28200"},0,0]
[null,null,{"$error":"#REF!"},{"$error":"#REF!"},{"$error":"#REF!"},{"$error":"#REF!"},null,{"v":0,"d":"0.00%"},{"v":0,"d":"0.00%"},{"v":0,"d":"0.00%"},{"v":0,"d":"0.00%"},{"v":0,"d":"0.00%"},{"v":0,"d":"0.00%"},{"v":0,"d":"0.00%"},{"v":0,"d":"0.00%"},{"v":0,"d":"0.00%"},{"v":0.2,"d":"20.00%"},{"v":0.2,"d":"20.00%"},{"v":0.2,"d":"20.00%"},{"v":0.2,"d":"20.00%"},{"v":0.2,"d":"20.00%"},{"v":0,"d":"0.00%"},{"v":0,"d":"0.00%"}]
[null,null,{"$error":"#REF!"},{"$error":"#REF!"},{"$error":"#REF!"},{"$error":"#REF!"},{"$nulls":10},{"v":0.2,"d":"20.00%"},{"v":0.2,"d":"20.00%"},{"v":0.2,"d":"20.00%"},{"v":0.2,"d":"20.00%"},{"v":0.2,"d":"20.00%"}]
[null,584,"INSTALACION DE TUBERIA PVC LISA DI=75 mm (DESAGUE CISTERNA)","m",{"v":3,"d":"3.00000"},{"v":5.96,"d":"$ 5.96000"},{"v":17.88,"d":"$ 17.88000"},0,0,0,0,0,0,0,0,0,{"v":3.576,"d":"3.57600"},{"v":3.576,"d":"3.57600"},{"v":3.576,"d":"3.57600"},{"v":3.576,"d":"3.57600"},{"v":3.576,"d":"3.57600"},0,0]
[null,null,{"$error":"#REF!"},{"$error":"#REF!"},{"$error":"#REF!"},{"$error":"#REF!"},null,{"v":0,"d":"0.00%"},{"v":0,"d":"0.00%"},{"v":0,"d":"0.00%"},{"v":0,"d":"0.00%"},{"v":0,"d":"0.00%"},{"v":0,"d":"0.00%"},{"v":0,"d":"0.00%"},{"v":0,"d":"0.00%"},{"v":0,"d":"0.00%"},{"v":0.2,"d":"20.00%"},{"v":0.2,"d":"20.00%"},{"v":0.2,"d":"20.00%"},{"v":0.2,"d":"20.00%"},{"v":0.2,"d":"20.00%"},{"v":0,"d":"0.00%"},{"v":0,"d":"0.00%"}]
[null,null,{"$error":"#REF!"},{"$error":"#REF!"},{"$error":"#REF!"},{"$error":"#REF!"},{"$nulls":10},{"v":0.2,"d":"20.00%"},{"v":0.2,"d":"20.00%"},{"v":0.2,"d":"20.00%"},{"v":0.2,"d":"20.00%"},{"v":0.2,"d":"20.00%"}]
[null,585,"HORMIGON PREMEZCLADO F´C=180 Kg/cm2, PARA BLOQUES DE ANCLAJES","m3",{"v":0.1,"d":"0.10000"},{"v":188.57,"d":"$ 188.57000"},{"v":18.857,"d":"$ 18.85700"},0,0,0,0,0,0,0,0,0,{"v":3.7714,"d":"3.77140"},{"v":3.7714,"d":"3.77140"},{"v":3.7714,"d":"3.77140"},{"v":3.7714,"d":"3.77140"},{"v":3.7714,"d":"3.77140"},0,0]
[null,null,{"$error":"#REF!"},{"$error":"#REF!"},{"$error":"#REF!"},{"$error":"#REF!"},null,{"v":0,"d":"0.00%"},{"v":0,"d":"0.00%"},{"v":0,"d":"0.00%"},{"v":0,"d":"0.00%"},{"v":0,"d":"0.00%"},{"v":0,"d":"0.00%"},{"v":0,"d":"0.00%"},{"v":0,"d":"0.00%"},{"v":0,"d":"0.00%"},{"v":0.2,"d":"20.00%"},{"v":0.2,"d":"20.00%"},{"v":0.2,"d":"20.00%"},{"v":0.2,"d":"20.00%"},{"v":0.2,"d":"20.00%"},{"v":0,"d":"0.00%"},{"v":0,"d":"0.00%"}]
[null,null,{"$error":"#REF!"},{"$error":"#REF!"},{"$error":"#REF!"},{"$error":"#REF!"},{"$nulls":10},{"v":0.2,"d":"20.00%"},{"v":0.2,"d":"20.00%"},{"v":0.2,"d":"20.00%"},{"v":0.2,"d":"20.00%"},{"v":0.2,"d":"20.00%"}]
[null,586,"SUMINISTRO E INSTALACION DE CODO 90' PP 2 1/2 IN ROSCABLE","u",{"v":2,"d":"2.00000"},{"v":26.56,"d":"$ 26.56000"},{"v":53.12,"d":"$ 53.12000"},0,0,0,0,0,0,0,0,0,{"v":10.624,"d":"10.62400"},{"v":10.624,"d":"10.62400"},{"v":10.624,"d":"10.62400"},{"v":10.624,"d":"10.62400"},{"v":10.624,"d":"10.62400"},0,0]
[null,null,{"$error":"#REF!"},{"$error":"#REF!"},{"$error":"#REF!"},{"$error":"#REF!"},null,{"v":0,"d":"0.00%"},{"v":0,"d":"0.00%"},{"v":0,"d":"0.00%"},{"v":0,"d":"0.00%"},{"v":0,"d":"0.00%"},{"v":0,"d":"0.00%"},{"v":0,"d":"0.00%"},{"v":0,"d":"0.00%"},{"v":0,"d":"0.00%"},{"v":0.2,"d":"20.00%"},{"v":0.2,"d":"20.00%"},{"v":0.2,"d":"20.00%"},{"v":0.2,"d":"20.00%"},{"v":0.2,"d":"20.00%"},{"v":0,"d":"0.00%"},{"v":0,"d":"0.00%"}]
[null,null,{"$error":"#REF!"},{"$error":"#REF!"},{"$error":"#REF!"},{"$error":"#REF!"},{"$nulls":10},{"v":0.2,"d":"20.00%"},{"v":0.2,"d":"20.00%"},{"v":0.2,"d":"20.00%"},{"v":0.2,"d":"20.00%"},{"v":0.2,"d":"20.00%"}]
[null,587,"SUMINISTRO DE TUBERIA PP UNION ROSCABLE DI=2 1/2 plg 1.25 MPA","m",{"v":6,"d":"6.00000"},{"v":20.59,"d":"$ 20.59000"},{"v":123.53999999999999,"d":"$ 123.54000"},0,0,0,0,0,0,0,0,0,{"v":24.708,"d":"24.70800"},{"v":24.708,"d":"24.70800"},{"v":24.708,"d":"24.70800"},{"v":24.708,"d":"24.70800"},{"v":24.708,"d":"24.70800"},0,0]
[null,null,{"$error":"#REF!"},{"$error":"#REF!"},{"$error":"#REF!"},{"$error":"#REF!"},null,{"v":0,"d":"0.00%"},{"v":0,"d":"0.00%"},{"v":0,"d":"0.00%"},{"v":0,"d":"0.00%"},{"v":0,"d":"0.00%"},{"v":0,"d":"0.00%"},{"v":0,"d":"0.00%"},{"v":0,"d":"0.00%"},{"v":0,"d":"0.00%"},{"v":0.2,"d":"20.00%"},{"v":0.2,"d":"20.00%"},{"v":0.2,"d":"20.00%"},{"v":0.2,"d":"20.00%"},{"v":0.2,"d":"20.00%"},{"v":0,"d":"0.00%"},{"v":0,"d":"0.00%"}]
[null,null,{"$error":"#REF!"},{"$error":"#REF!"},{"$error":"#REF!"},{"$error":"#REF!"},{"$nulls":10},{"v":0.2,"d":"20.00%"},{"v":0.2,"d":"20.00%"},{"v":0.2,"d":"20.00%"},{"v":0.2,"d":"20.00%"},{"v":0.2,"d":"20.00%"}]
[null,588,"INSTALACION DE TUBERIA PP UNION ROSCABLE DI=2 1/2 plg 1.25 MPA","m",{"v":6,"d":"6.00000"},{"v":6.13,"d":"$ 6.13000"},{"v":36.78,"d":"$ 36.78000"},0,0,0,0,0,0,0,0,0,{"v":7.356000000000001,"d":"7.35600"},{"v":7.356000000000001,"d":"7.35600"},{"v":7.356000000000001,"d":"7.35600"},{"v":7.356000000000001,"d":"7.35600"},{"v":7.356000000000001,"d":"7.35600"},0,0]
[null,null,{"$error":"#REF!"},{"$error":"#REF!"},{"$error":"#REF!"},{"$error":"#REF!"},null,{"v":0,"d":"0.00%"},{"v":0,"d":"0.00%"},{"v":0,"d":"0.00%"},{"v":0,"d":"0.00%"},{"v":0,"d":"0.00%"},{"v":0,"d":"0.00%"},{"v":0,"d":"0.00%"},{"v":0,"d":"0.00%"},{"v":0,"d":"0.00%"},{"v":0.2,"d":"20.00%"},{"v":0.2,"d":"20.00%"},{"v":0.2,"d":"20.00%"},{"v":0.2,"d":"20.00%"},{"v":0.2,"d":"20.00%"},{"v":0,"d":"0.00%"},{"v":0,"d":"0.00%"}]
[null,null,{"$error":"#REF!"},{"$error":"#REF!"},{"$error":"#REF!"},{"$error":"#REF!"},{"$nulls":10},{"v":0.2,"d":"20.00%"},{"v":0.2,"d":"20.00%"},{"v":0.2,"d":"20.00%"},{"v":0.2,"d":"20.00%"},{"v":0.2,"d":"20.00%"}]
[null,589,"COLGADOR PARA TUBERIA 2 1/2 IN","u",{"v":7,"d":"7.00000"},{"v":3.29,"d":"$ 3.29000"},{"v":23.03,"d":"$ 23.03000"},0,0,0,0,0,0,0,0,0,{"v":4.606000000000001,"d":"4.60600"},{"v":4.606000000000001,"d":"4.60600"},{"v":4.606000000000001,"d":"4.60600"},{"v":4.606000000000001,"d":"4.60600"},{"v":4.606000000000001,"d":"4.60600"},0,0]
[null,null,{"$error":"#REF!"},{"$error":"#REF!"},{"$error":"#REF!"},{"$error":"#REF!"},null,{"v":0,"d":"0.00%"},{"v":0,"d":"0.00%"},{"v":0,"d":"0.00%"},{"v":0,"d":"0.00%"},{"v":0,"d":"0.00%"},{"v":0,"d":"0.00%"},{"v":0,"d":"0.00%"},{"v":0,"d":"0.00%"},{"v":0,"d":"0.00%"},{"v":0.2,"d":"20.00%"},{"v":0.2,"d":"20.00%"},{"v":0.2,"d":"20.00%"},{"v":0.2,"d":"20.00%"},{"v":0.2,"d":"20.00%"},{"v":0,"d":"0.00%"},{"v":0,"d":"0.00%"}]
[null,null,{"$error":"#REF!"},{"$error":"#REF!"},{"$error":"#REF!"},{"$error":"#REF!"},{"$nulls":10},{"v":0.2,"d":"20.00%"},{"v":0.2,"d":"20.00%"},{"v":0.2,"d":"20.00%"},{"v":0.2,"d":"20.00%"},{"v":0.2,"d":"20.00%"}]
[null,590,"SUMINISTRO E INSTALACION DE TEE 2 1/2 IN PP ROSCABLE","u",{"v":1,"d":"1.00000"},{"v":7.89,"d":"$ 7.89000"},{"v":7.89,"d":"$ 7.89000"},0,0,0,0,0,0,0,0,0,{"v":1.578,"d":"1.57800"},{"v":1.578,"d":"1.57800"},{"v":1.578,"d":"1.57800"},{"v":1.578,"d":"1.57800"},{"v":1.578,"d":"1.57800"},0,0]
[null,null,{"$error":"#REF!"},{"$error":"#REF!"},{"$error":"#REF!"},{"$error":"#REF!"},null,{"v":0,"d":"0.00%"},{"v":0,"d":"0.00%"},{"v":0,"d":"0.00%"},{"v":0,"d":"0.00%"},{"v":0,"d":"0.00%"},{"v":0,"d":"0.00%"},{"v":0,"d":"0.00%"},{"v":0,"d":"0.00%"},{"v":0,"d":"0.00%"},{"v":0.2,"d":"20.00%"},{"v":0.2,"d":"20.00%"},{"v":0.2,"d":"20.00%"},{"v":0.2,"d":"20.00%"},{"v":0.2,"d":"20.00%"},{"v":0,"d":"0.00%"},{"v":0,"d":"0.00%"}]
[null,null,{"$error":"#REF!"},{"$error":"#REF!"},{"$error":"#REF!"},{"$error":"#REF!"},{"$nulls":10},{"v":0.2,"d":"20.00%"},{"v":0.2,"d":"20.00%"},{"v":0.2,"d":"20.00%"},{"v":0.2,"d":"20.00%"},{"v":0.2,"d":"20.00%"}]
[null,591,"ESCALERA DE ACERO INOXIDABLE","m",{"v":3,"d":"3.00000"},{"v":164.4,"d":"$ 164.40000"},{"v":493.20000000000005,"d":"$ 493.20000"},0,0,0,0,0,0,0,0,0,{"v":98.64000000000001,"d":"98.64000"},{"v":98.64000000000001,"d":"98.64000"},{"v":98.64000000000001,"d":"98.64000"},{"v":98.64000000000001,"d":"98.64000"},{"v":98.64000000000001,"d":"98.64000"},0,0]
[null,null,{"$error":"#REF!"},{"$error":"#REF!"},{"$error":"#REF!"},{"$error":"#REF!"},null,{"v":0,"d":"0.00%"},{"v":0,"d":"0.00%"},{"v":0,"d":"0.00%"},{"v":0,"d":"0.00%"},{"v":0,"d":"0.00%"},{"v":0,"d":"0.00%"},{"v":0,"d":"0.00%"},{"v":0,"d":"0.00%"},{"v":0,"d":"0.00%"},{"v":0.2,"d":"20.00%"},{"v":0.2,"d":"20.00%"},{"v":0.2,"d":"20.00%"},{"v":0.2,"d":"20.00%"},{"v":0.2,"d":"20.00%"},{"v":0,"d":"0.00%"},{"v":0,"d":"0.00%"}]
[null,null,{"$error":"#REF!"},{"$error":"#REF!"},{"$error":"#REF!"},{"$error":"#REF!"},{"$nulls":10},{"v":0.2,"d":"20.00%"},{"v":0.2,"d":"20.00%"},{"v":0.2,"d":"20.00%"},{"v":0.2,"d":"20.00%"},{"v":0.2,"d":"20.00%"}]
[null,592,"SUMINISTRO E INSTALACION DE VALVULA DE BOLA PVC D= 2 1/2 plg ROSCABLE","u",{"v":1,"d":"1.00000"},{"v":63.81,"d":"$ 63.81000"},{"v":63.81,"d":"$ 63.81000"},0,0,0,0,0,0,0,0,0,{"v":12.762,"d":"12.76200"},{"v":12.762,"d":"12.76200"},{"v":12.762,"d":"12.76200"},{"v":12.762,"d":"12.76200"},{"v":12.762,"d":"12.76200"},0,0]
[null,null,{"$error":"#REF!"},{"$error":"#REF!"},{"$error":"#REF!"},{"$error":"#REF!"},null,{"v":0,"d":"0.00%"},{"v":0,"d":"0.00%"},{"v":0,"d":"0.00%"},{"v":0,"d":"0.00%"},{"v":0,"d":"0.00%"},{"v":0,"d":"0.00%"},{"v":0,"d":"0.00%"},{"v":0,"d":"0.00%"},{"v":0,"d":"0.00%"},{"v":0.2,"d":"20.00%"},{"v":0.2,"d":"20.00%"},{"v":0.2,"d":"20.00%"},{"v":0.2,"d":"20.00%"},{"v":0.2,"d":"20.00%"},{"v":0,"d":"0.00%"},{"v":0,"d":"0.00%"}]
[null,null,{"$error":"#REF!"},{"$error":"#REF!"},{"$error":"#REF!"},{"$error":"#REF!"},{"$nulls":10},{"v":0.2,"d":"20.00%"},{"v":0.2,"d":"20.00%"},{"v":0.2,"d":"20.00%"},{"v":0.2,"d":"20.00%"},{"v":0.2,"d":"20.00%"}]
[null,593,"FLOTADOR DE NIVEL CISTERNA","u",{"v":1,"d":"1.00000"},{"v":41.56,"d":"$ 41.56000"},{"v":41.56,"d":"$ 41.56000"},0,0,0,0,0,0,0,0,0,{"v":8.312000000000001,"d":"8.31200"},{"v":8.312000000000001,"d":"8.31200"},{"v":8.312000000000001,"d":"8.31200"},{"v":8.312000000000001,"d":"8.31200"},{"v":8.312000000000001,"d":"8.31200"},0,0]
[null,null,{"$error":"#REF!"},{"$error":"#REF!"},{"$error":"#REF!"},{"$error":"#REF!"},null,{"v":0,"d":"0.00%"},{"v":0,"d":"0.00%"},{"v":0,"d":"0.00%"},{"v":0,"d":"0.00%"},{"v":0,"d":"0.00%"},{"v":0,"d":"0.00%"},{"v":0,"d":"0.00%"},{"v":0,"d":"0.00%"},{"v":0,"d":"0.00%"},{"v":0.2,"d":"20.00%"},{"v":0.2,"d":"20.00%"},{"v":0.2,"d":"20.00%"},{"v":0.2,"d":"20.00%"},{"v":0.2,"d":"20.00%"},{"v":0,"d":"0.00%"},{"v":0,"d":"0.00%"}]
[null,null,{"$error":"#REF!"},{"$error":"#REF!"},{"$error":"#REF!"},{"$error":"#REF!"},{"$nulls":10},{"v":0.2,"d":"20.00%"},{"v":0.2,"d":"20.00%"},{"v":0.2,"d":"20.00%"},{"v":0.2,"d":"20.00%"},{"v":0.2,"d":"20.00%"}]
[null,594,"SUMINISTRO E INSTALACION DE PASAMURO PARA TUBERIA DE H.F. 75mm, L=0.40m","u",{"v":3,"d":"3.00000"},{"v":105.29,"d":"$ 105.29000"},{"v":315.87,"d":"$ 315.87000"},0,0,0,0,0,0,0,0,0,{"v":63.17400000000001,"d":"63.17400"},{"v":63.17400000000001,"d":"63.17400"},{"v":63.17400000000001,"d":"63.17400"},{"v":63.17400000000001,"d":"63.17400"},{"v":63.17400000000001,"d":"63.17400"},0,0]
[null,null,{"$error":"#REF!"},{"$error":"#REF!"},{"$error":"#REF!"},{"$error":"#REF!"},null,{"v":0,"d":"0.00%"},{"v":0,"d":"0.00%"},{"v":0,"d":"0.00%"},{"v":0,"d":"0.00%"},{"v":0,"d":"0.00%"},{"v":0,"d":"0.00%"},{"v":0,"d":"0.00%"},{"v":0,"d":"0.00%"},{"v":0,"d":"0.00%"},{"v":0.2,"d":"20.00%"},{"v":0.2,"d":"20.00%"},{"v":0.2,"d":"20.00%"},{"v":0.2,"d":"20.00%"},{"v":0.2,"d":"20.00%"},{"v":0,"d":"0.00%"},{"v":0,"d":"0.00%"}]
[null,null,{"$error":"#REF!"},{"$error":"#REF!"},{"$error":"#REF!"},{"$error":"#REF!"},{"$nulls":10},{"v":0.2,"d":"20.00%"},{"v":0.2,"d":"20.00%"},{"v":0.2,"d":"20.00%"},{"v":0.2,"d":"20.00%"},{"v":0.2,"d":"20.00%"}]
[null,595,"SUMINISTRO E INSTALACION DE REDUCTOR ACERO ASTM A36 50 A 40mm","u",{"v":1,"d":"1.00000"},{"v":17.27,"d":"$ 17.27000"},{"v":17.27,"d":"$ 17.27000"},0,0,0,0,0,0,0,0,0,{"v":3.454,"d":"3.45400"},{"v":3.454,"d":"3.45400"},{"v":3.454,"d":"3.45400"},{"v":3.454,"d":"3.45400"},{"v":3.454,"d":"3.45400"},0,0]
[null,null,{"$error":"#REF!"},{"$error":"#REF!"},{"$error":"#REF!"},{"$error":"#REF!"},null,{"v":0,"d":"0.00%"},{"v":0,"d":"0.00%"},{"v":0,"d":"0.00%"},{"v":0,"d":"0.00%"},{"v":0,"d":"0.00%"},{"v":0,"d":"0.00%"},{"v":0,"d":"0.00%"},{"v":0,"d":"0.00%"},{"v":0,"d":"0.00%"},{"v":0.2,"d":"20.00%"},{"v":0.2,"d":"20.00%"},{"v":0.2,"d":"20.00%"},{"v":0.2,"d":"20.00%"},{"v":0.2,"d":"20.00%"},{"v":0,"d":"0.00%"},{"v":0,"d":"0.00%"}]
[null,null,{"$error":"#REF!"},{"$error":"#REF!"},{"$error":"#REF!"},{"$error":"#REF!"},{"$nulls":10},{"v":0.2,"d":"20.00%"},{"v":0.2,"d":"20.00%"},{"v":0.2,"d":"20.00%"},{"v":0.2,"d":"20.00%"},{"v":0.2,"d":"20.00%"}]
[null,596,"SUMINISTRO E INSTALACION DE BRIDA DE ACERO AL CARBONO ASTM A-105 DN 50mm","u",{"v":1,"d":"1.00000"},{"v":55.12,"d":"$ 55.12000"},{"v":55.12,"d":"$ 55.12000"},0,0,0,0,0,0,0,0,0,{"v":11.024000000000001,"d":"11.02400"},{"v":11.024000000000001,"d":"11.02400"},{"v":11.024000000000001,"d":"11.02400"},{"v":11.024000000000001,"d":"11.02400"},{"v":11.024000000000001,"d":"11.02400"},0,0]
[null,null,{"$error":"#REF!"},{"$error":"#REF!"},{"$error":"#REF!"},{"$error":"#REF!"},null,{"v":0,"d":"0.00%"},{"v":0,"d":"0.00%"},{"v":0,"d":"0.00%"},{"v":0,"d":"0.00%"},{"v":0,"d":"0.00%"},{"v":0,"d":"0.00%"},{"v":0,"d":"0.00%"},{"v":0,"d":"0.00%"},{"v":0,"d":"0.00%"},{"v":0.2,"d":"20.00%"},{"v":0.2,"d":"20.00%"},{"v":0.2,"d":"20.00%"},{"v":0.2,"d":"20.00%"},{"v":0.2,"d":"20.00%"},{"v":0,"d":"0.00%"},{"v":0,"d":"0.00%"}]
[null,null,{"$error":"#REF!"},{"$error":"#REF!"},{"$error":"#REF!"},{"$error":"#REF!"},{"$nulls":10},{"v":0.2,"d":"20.00%"},{"v":0.2,"d":"20.00%"},{"v":0.2,"d":"20.00%"},{"v":0.2,"d":"20.00%"},{"v":0.2,"d":"20.00%"}]
[null,597,"SUMINISTRO E INSTALACION DE BRIDA DE ACERO AL CARBONO ASTM A-105 DN 40mm","u",{"v":1,"d":"1.00000"},{"v":45.52,"d":"$ 45.52000"},{"v":45.52,"d":"$ 45.52000"},0,0,0,0,0,0,0,0,0,{"v":9.104000000000001,"d":"9.10400"},{"v":9.104000000000001,"d":"9.10400"},{"v":9.104000000000001,"d":"9.10400"},{"v":9.104000000000001,"d":"9.10400"},{"v":9.104000000000001,"d":"9.10400"},0,0]
[null,null,{"$error":"#REF!"},{"$error":"#REF!"},{"$error":"#REF!"},{"$error":"#REF!"},null,{"v":0,"d":"0.00%"},{"v":0,"d":"0.00%"},{"v":0,"d":"0.00%"},{"v":0,"d":"0.00%"},{"v":0,"d":"0.00%"},{"v":0,"d":"0.00%"},{"v":0,"d":"0.00%"},{"v":0,"d":"0.00%"},{"v":0,"d":"0.00%"},{"v":0.2,"d":"20.00%"},{"v":0.2,"d":"20.00%"},{"v":0.2,"d":"20.00%"},{"v":0.2,"d":"20.00%"},{"v":0.2,"d":"20.00%"},{"v":0,"d":"0.00%"},{"v":0,"d":"0.00%"}]
[null,null,{"$error":"#REF!"},{"$error":"#REF!"},{"$error":"#REF!"},{"$error":"#REF!"},{"$nulls":10},{"v":0.2,"d":"20.00%"},{"v":0.2,"d":"20.00%"},{"v":0.2,"d":"20.00%"},{"v":0.2,"d":"20.00%"},{"v":0.2,"d":"20.00%"}]
[null,598,"SUMINISTRO DE TUBERIA DE VENTILACION PVC EC DI=50mm","m",{"v":1,"d":"1.00000"},{"v":1.68,"d":"$ 1.68000"},{"v":1.68,"d":"$ 1.68000"},0,0,0,0,0,0,0,0,0,{"v":0.336,"d":"0.33600"},{"v":0.336,"d":"0.33600"},{"v":0.336,"d":"0.33600"},{"v":0.336,"d":"0.33600"},{"v":0.336,"d":"0.33600"},0,0]
[null,null,{"$error":"#REF!"},{"$error":"#REF!"},{"$error":"#REF!"},{"$error":"#REF!"},null,{"v":0,"d":"0.00%"},{"v":0,"d":"0.00%"},{"v":0,"d":"0.00%"},{"v":0,"d":"0.00%"},{"v":0,"d":"0.00%"},{"v":0,"d":"0.00%"},{"v":0,"d":"0.00%"},{"v":0,"d":"0.00%"},{"v":0,"d":"0.00%"},{"v":0.2,"d":"20.00%"},{"v":0.2,"d":"20.00%"},{"v":0.2,"d":"20.00%"},{"v":0.2,"d":"20.00%"},{"v":0.2,"d":"20.00%"},{"v":0,"d":"0.00%"},{"v":0,"d":"0.00%"}]
[null,null,{"$error":"#REF!"},{"$error":"#REF!"},{"$error":"#REF!"},{"$error":"#REF!"},{"$nulls":10},{"v":0.2,"d":"20.00%"},{"v":0.2,"d":"20.00%"},{"v":0.2,"d":"20.00%"},{"v":0.2,"d":"20.00%"},{"v":0.2,"d":"20.00%"}]
[null,599,"INSTALACION DE TUBERIA DE VENTILACION PVC EC DI=50mm","m",{"v":1,"d":"1.00000"},{"v":5.34,"d":"$ 5.34000"},{"v":5.34,"d":"$ 5.34000"},0,0,0,0,0,0,0,0,0,{"v":1.068,"d":"1.06800"},{"v":1.068,"d":"1.06800"},{"v":1.068,"d":"1.06800"},{"v":1.068,"d":"1.06800"},{"v":1.068,"d":"1.06800"},0,0]
[null,null,{"$error":"#REF!"},{"$error":"#REF!"},{"$error":"#REF!"},{"$error":"#REF!"},null,{"v":0,"d":"0.00%"},{"v":0,"d":"0.00%"},{"v":0,"d":"0.00%"},{"v":0,"d":"0.00%"},{"v":0,"d":"0.00%"},{"v":0,"d":"0.00%"},{"v":0,"d":"0.00%"},{"v":0,"d":"0.00%"},{"v":0,"d":"0.00%"},{"v":0.2,"d":"20.00%"},{"v":0.2,"d":"20.00%"},{"v":0.2,"d":"20.00%"},{"v":0.2,"d":"20.00%"},{"v":0.2,"d":"20.00%"},{"v":0,"d":"0.00%"},{"v":0,"d":"0.00%"}]
[null,null,{"$error":"#REF!"},{"$error":"#REF!"},{"$error":"#REF!"},{"$error":"#REF!"},{"$nulls":10},{"v":0.2,"d":"20.00%"},{"v":0.2,"d":"20.00%"},{"v":0.2,"d":"20.00%"},{"v":0.2,"d":"20.00%"},{"v":0.2,"d":"20.00%"}]
[null,600,"SUMINISTRO E INSTALACION DE CODO DESAGUE EC 50mmX90'","u",{"v":2,"d":"2.00000"},{"v":4.55,"d":"$ 4.55000"},{"v":9.1,"d":"$ 9.10000"},0,0,0,0,0,0,0,0,0,{"v":1.82,"d":"1.82000"},{"v":1.82,"d":"1.82000"},{"v":1.82,"d":"1.82000"},{"v":1.82,"d":"1.82000"},{"v":1.82,"d":"1.82000"},0,0]
[null,null,{"$error":"#REF!"},{"$error":"#REF!"},{"$error":"#REF!"},{"$error":"#REF!"},null,{"v":0,"d":"0.00%"},{"v":0,"d":"0.00%"},{"v":0,"d":"0.00%"},{"v":0,"d":"0.00%"},{"v":0,"d":"0.00%"},{"v":0,"d":"0.00%"},{"v":0,"d":"0.00%"},{"v":0,"d":"0.00%"},{"v":0,"d":"0.00%"},{"v":0.2,"d":"20.00%"},{"v":0.2,"d":"20.00%"},{"v":0.2,"d":"20.00%"},{"v":0.2,"d":"20.00%"},{"v":0.2,"d":"20.00%"},{"v":0,"d":"0.00%"},{"v":0,"d":"0.00%"}]
[null,null,{"$error":"#REF!"},{"$error":"#REF!"},{"$error":"#REF!"},{"$error":"#REF!"},{"$nulls":10},{"v":0.2,"d":"20.00%"},{"v":0.2,"d":"20.00%"},{"v":0.2,"d":"20.00%"},{"v":0.2,"d":"20.00%"},{"v":0.2,"d":"20.00%"}]
[null,601,"SUMINISTRO E INSTALACION DE VALVULA CHECK CON CANASTILLA DE BRONCE 2 1/2\"","u",{"v":1,"d":"1.00000"},{"v":70.87,"d":"$ 70.87000"},{"v":70.87,"d":"$ 70.87000"},0,0,0,0,0,0,0,0,0,{"v":14.174000000000001,"d":"14.17400"},{"v":14.174000000000001,"d":"14.17400"},{"v":14.174000000000001,"d":"14.17400"},{"v":14.174000000000001,"d":"14.17400"},{"v":14.174000000000001,"d":"14.17400"},0,0]
[null,null,{"$error":"#REF!"},{"$error":"#REF!"},{"$error":"#REF!"},{"$error":"#REF!"},null,{"v":0,"d":"0.00%"},{"v":0,"d":"0.00%"},{"v":0,"d":"0.00%"},{"v":0,"d":"0.00%"},{"v":0,"d":"0.00%"},{"v":0,"d":"0.00%"},{"v":0,"d":"0.00%"},{"v":0,"d":"0.00%"},{"v":0,"d":"0.00%"},{"v":0.2,"d":"20.00%"},{"v":0.2,"d":"20.00%"},{"v":0.2,"d":"20.00%"},{"v":0.2,"d":"20.00%"},{"v":0.2,"d":"20.00%"},{"v":0,"d":"0.00%"},{"v":0,"d":"0.00%"}]
[null,null,{"$error":"#REF!"},{"$error":"#REF!"},{"$error":"#REF!"},{"$error":"#REF!"},{"$nulls":10},{"v":0.2,"d":"20.00%"},{"v":0.2,"d":"20.00%"},{"v":0.2,"d":"20.00%"},{"v":0.2,"d":"20.00%"},{"v":0.2,"d":"20.00%"}]
[null,602,"SUMINISTRO E INSTALACION DE BRIDA DE ACERO AL CARBONO ASTM A-105 DN 65mm","u",{"v":1,"d":"1.00000"},{"v":69.52,"d":"$ 69.52000"},{"v":69.52,"d":"$ 69.52000"},0,0,0,0,0,0,0,0,0,{"v":13.904,"d":"13.90400"},{"v":13.904,"d":"13.90400"},{"v":13.904,"d":"13.90400"},{"v":13.904,"d":"13.90400"},{"v":13.904,"d":"13.90400"},0,0]
[null,null,{"$error":"#REF!"},{"$error":"#REF!"},{"$error":"#REF!"},{"$error":"#REF!"},null,{"v":0,"d":"0.00%"},{"v":0,"d":"0.00%"},{"v":0,"d":"0.00%"},{"v":0,"d":"0.00%"},{"v":0,"d":"0.00%"},{"v":0,"d":"0.00%"},{"v":0,"d":"0.00%"},{"v":0,"d":"0.00%"},{"v":0,"d":"0.00%"},{"v":0.2,"d":"20.00%"},{"v":0.2,"d":"20.00%"},{"v":0.2,"d":"20.00%"},{"v":0.2,"d":"20.00%"},{"v":0.2,"d":"20.00%"},{"v":0,"d":"0.00%"},{"v":0,"d":"0.00%"}]
[null,null,{"$error":"#REF!"},{"$error":"#REF!"},{"$error":"#REF!"},{"$error":"#REF!"},{"$nulls":10},{"v":0.2,"d":"20.00%"},{"v":0.2,"d":"20.00%"},{"v":0.2,"d":"20.00%"},{"v":0.2,"d":"20.00%"},{"v":0.2,"d":"20.00%"}]
[null,603,"SUMINISTRO E INSTALACION DE TUBERIA ACERO ASTM A36  D=65 mm","m",{"v":1,"d":"1.00000"},{"v":25.76,"d":"$ 25.76000"},{"v":25.76,"d":"$ 25.76000"},0,0,0,0,0,0,0,0,0,{"v":5.152000000000001,"d":"5.15200"},{"v":5.152000000000001,"d":"5.15200"},{"v":5.152000000000001,"d":"5.15200"},{"v":5.152000000000001,"d":"5.15200"},{"v":5.152000000000001,"d":"5.15200"},0,0]
[null,null,{"$error":"#REF!"},{"$error":"#REF!"},{"$error":"#REF!"},{"$error":"#REF!"},null,{"v":0,"d":"0.00%"},{"v":0,"d":"0.00%"},{"v":0,"d":"0.00%"},{"v":0,"d":"0.00%"},{"v":0,"d":"0.00%"},{"v":0,"d":"0.00%"},{"v":0,"d":"0.00%"},{"v":0,"d":"0.00%"},{"v":0,"d":"0.00%"},{"v":0.2,"d":"20.00%"},{"v":0.2,"d":"20.00%"},{"v":0.2,"d":"20.00%"},{"v":0.2,"d":"20.00%"},{"v":0.2,"d":"20.00%"},{"v":0,"d":"0.00%"},{"v":0,"d":"0.00%"}]
[null,null,{"$error":"#REF!"},{"$error":"#REF!"},{"$error":"#REF!"},{"$error":"#REF!"},{"$nulls":10},{"v":0.2,"d":"20.00%"},{"v":0.2,"d":"20.00%"},{"v":0.2,"d":"20.00%"},{"v":0.2,"d":"20.00%"},{"v":0.2,"d":"20.00%"}]
[null,604,"SUMINISTRO E INSTALACION DE CODO ACERO ASTM A36 D= 65mmX90'","u",{"v":1,"d":"1.00000"},{"v":22.54,"d":"$ 22.54000"},{"v":22.54,"d":"$ 22.54000"},0,0,0,0,0,0,0,0,0,{"v":4.508,"d":"4.50800"},{"v":4.508,"d":"4.50800"},{"v":4.508,"d":"4.50800"},{"v":4.508,"d":"4.50800"},{"v":4.508,"d":"4.50800"},0,0]
[null,null,{"$error":"#REF!"},{"$error":"#REF!"},{"$error":"#REF!"},{"$error":"#REF!"},null,{"v":0,"d":"0.00%"},{"v":0,"d":"0.00%"},{"v":0,"d":"0.00%"},{"v":0,"d":"0.00%"},{"v":0,"d":"0.00%"},{"v":0,"d":"0.00%"},{"v":0,"d":"0.00%"},{"v":0,"d":"0.00%"},{"v":0,"d":"0.00%"},{"v":0.2,"d":"20.00%"},{"v":0.2,"d":"20.00%"},{"v":0.2,"d":"20.00%"},{"v":0.2,"d":"20.00%"},{"v":0.2,"d":"20.00%"},{"v":0,"d":"0.00%"},{"v":0,"d":"0.00%"}]
[null,null,{"$error":"#REF!"},{"$error":"#REF!"},{"$error":"#REF!"},{"$error":"#REF!"},{"$nulls":10},{"v":0.2,"d":"20.00%"},{"v":0.2,"d":"20.00%"},{"v":0.2,"d":"20.00%"},{"v":0.2,"d":"20.00%"},{"v":0.2,"d":"20.00%"}]
[null,605,"SUMINISTRO E INSTALACION DE BRIDA DE ACERO AL CARBONO ASTM A-105 DN 65mm","u",{"v":4,"d":"4.00000"},{"v":69.52,"d":"$ 69.52000"},{"v":278.08,"d":"$ 278.08000"},0,0,0,0,0,0,0,0,0,{"v":55.616,"d":"55.61600"},{"v":55.616,"d":"55.61600"},{"v":55.616,"d":"55.61600"},{"v":55.616,"d":"55.61600"},{"v":55.616,"d":"55.61600"},0,0]
[null,null,{"$error":"#REF!"},{"$error":"#REF!"},{"$error":"#REF!"},{"$error":"#REF!"},null,{"v":0,"d":"0.00%"},{"v":0,"d":"0.00%"},{"v":0,"d":"0.00%"},{"v":0,"d":"0.00%"},{"v":0,"d":"0.00%"},{"v":0,"d":"0.00%"},{"v":0,"d":"0.00%"},{"v":0,"d":"0.00%"},{"v":0,"d":"0.00%"},{"v":0.2,"d":"20.00%"},{"v":0.2,"d":"20.00%"},{"v":0.2,"d":"20.00%"},{"v":0.2,"d":"20.00%"},{"v":0.2,"d":"20.00%"},{"v":0,"d":"0.00%"},{"v":0,"d":"0.00%"}]
[null,null,{"$error":"#REF!"},{"$error":"#REF!"},{"$error":"#REF!"},{"$error":"#REF!"},{"$nulls":10},{"v":0.2,"d":"20.00%"},{"v":0.2,"d":"20.00%"},{"v":0.2,"d":"20.00%"},{"v":0.2,"d":"20.00%"},{"v":0.2,"d":"20.00%"}]
[null,606,"SUMINISTRO E INSTALACION DE BOMBA CENTRIFUGA TDH=21.5m, Q=4.58 L/S (INCLUYE ACCESORIOS)","u",{"v":1,"d":"1.00000"},{"v":1894.28,"d":"$ 1,894.28000"},{"v":1894.28,"d":"$ 1,894.28000"},0,0,0,0,0,0,0,0,0,{"v":378.856,"d":"378.85600"},{"v":378.856,"d":"378.85600"},{"v":378.856,"d":"378.85600"},{"v":378.856,"d":"378.85600"},{"v":378.856,"d":"378.85600"},0,0]
[null,null,{"$error":"#REF!"},{"$error":"#REF!"},{"$error":"#REF!"},{"$error":"#REF!"},null,{"v":0,"d":"0.00%"},{"v":0,"d":"0.00%"},{"v":0,"d":"0.00%"},{"v":0,"d":"0.00%"},{"v":0,"d":"0.00%"},{"v":0,"d":"0.00%"},{"v":0,"d":"0.00%"},{"v":0,"d":"0.00%"},{"v":0,"d":"0.00%"},{"v":0.2,"d":"20.00%"},{"v":0.2,"d":"20.00%"},{"v":0.2,"d":"20.00%"},{"v":0.2,"d":"20.00%"},{"v":0.2,"d":"20.00%"},{"v":0,"d":"0.00%"},{"v":0,"d":"0.00%"}]
[null,null,{"$error":"#REF!"},{"$error":"#REF!"},{"$error":"#REF!"},{"$error":"#REF!"},{"$nulls":10},{"v":0.2,"d":"20.00%"},{"v":0.2,"d":"20.00%"},{"v":0.2,"d":"20.00%"},{"v":0.2,"d":"20.00%"},{"v":0.2,"d":"20.00%"}]
[null,607,"SUMINISTRO E INSTALACION DE REDUCTOR ACERO ASTM A36 65 A 50mm","u",{"v":1,"d":"1.00000"},{"v":26.5,"d":"$ 26.50000"},{"v":26.5,"d":"$ 26.50000"},0,0,0,0,0,0,0,0,0,{"v":5.300000000000001,"d":"5.30000"},{"v":5.300000000000001,"d":"5.30000"},{"v":5.300000000000001,"d":"5.30000"},{"v":5.300000000000001,"d":"5.30000"},{"v":5.300000000000001,"d":"5.30000"},0,0]
[null,null,{"$error":"#REF!"},{"$error":"#REF!"},{"$error":"#REF!"},{"$error":"#REF!"},null,{"v":0,"d":"0.00%"},{"v":0,"d":"0.00%"},{"v":0,"d":"0.00%"},{"v":0,"d":"0.00%"},{"v":0,"d":"0.00%"},{"v":0,"d":"0.00%"},{"v":0,"d":"0.00%"},{"v":0,"d":"0.00%"},{"v":0,"d":"0.00%"},{"v":0.2,"d":"20.00%"},{"v":0.2,"d":"20.00%"},{"v":0.2,"d":"20.00%"},{"v":0.2,"d":"20.00%"},{"v":0.2,"d":"20.00%"},{"v":0,"d":"0.00%"},{"v":0,"d":"0.00%"}]
[null,null,{"$error":"#REF!"},{"$error":"#REF!"},{"$error":"#REF!"},{"$error":"#REF!"},{"$nulls":10},{"v":0.2,"d":"20.00%"},{"v":0.2,"d":"20.00%"},{"v":0.2,"d":"20.00%"},{"v":0.2,"d":"20.00%"},{"v":0.2,"d":"20.00%"}]
[null,608,"SUMINISTRO E INSTALACION DE BRIDA DE ACERO AL CARBONO ASTM A-105 DN 65mm","u",{"v":1,"d":"1.00000"},{"v":69.52,"d":"$ 69.52000"},{"v":69.52,"d":"$ 69.52000"},0,0,0,0,0,0,0,0,0,{"v":13.904,"d":"13.90400"},{"v":13.904,"d":"13.90400"},{"v":13.904,"d":"13.90400"},{"v":13.904,"d":"13.90400"},{"v":13.904,"d":"13.90400"},0,0]
[null,null,{"$error":"#REF!"},{"$error":"#REF!"},{"$error":"#REF!"},{"$error":"#REF!"},null,{"v":0,"d":"0.00%"},{"v":0,"d":"0.00%"},{"v":0,"d":"0.00%"},{"v":0,"d":"0.00%"},{"v":0,"d":"0.00%"},{"v":0,"d":"0.00%"},{"v":0,"d":"0.00%"},{"v":0,"d":"0.00%"},{"v":0,"d":"0.00%"},{"v":0.2,"d":"20.00%"},{"v":0.2,"d":"20.00%"},{"v":0.2,"d":"20.00%"},{"v":0.2,"d":"20.00%"},{"v":0.2,"d":"20.00%"},{"v":0,"d":"0.00%"},{"v":0,"d":"0.00%"}]
[null,null,{"$error":"#REF!"},{"$error":"#REF!"},{"$error":"#REF!"},{"$error":"#REF!"},{"$nulls":10},{"v":0.2,"d":"20.00%"},{"v":0.2,"d":"20.00%"},{"v":0.2,"d":"20.00%"},{"v":0.2,"d":"20.00%"},{"v":0.2,"d":"20.00%"}]
[null,609,"SUMINISTRO E INSTALACION DE BRIDA DE ACERO AL CARBONO ASTM A-105 DN 50mm","u",{"v":1,"d":"1.00000"},{"v":55.12,"d":"$ 55.12000"},{"v":55.12,"d":"$ 55.12000"},0,0,0,0,0,0,0,0,0,{"v":11.024000000000001,"d":"11.02400"},{"v":11.024000000000001,"d":"11.02400"},{"v":11.024000000000001,"d":"11.02400"},{"v":11.024000000000001,"d":"11.02400"},{"v":11.024000000000001,"d":"11.02400"},0,0]
[null,null,{"$error":"#REF!"},{"$error":"#REF!"},{"$error":"#REF!"},{"$error":"#REF!"},null,{"v":0,"d":"0.00%"},{"v":0,"d":"0.00%"},{"v":0,"d":"0.00%"},{"v":0,"d":"0.00%"},{"v":0,"d":"0.00%"},{"v":0,"d":"0.00%"},{"v":0,"d":"0.00%"},{"v":0,"d":"0.00%"},{"v":0,"d":"0.00%"},{"v":0.2,"d":"20.00%"},{"v":0.2,"d":"20.00%"},{"v":0.2,"d":"20.00%"},{"v":0.2,"d":"20.00%"},{"v":0.2,"d":"20.00%"},{"v":0,"d":"0.00%"},{"v":0,"d":"0.00%"}]
[null,null,{"$error":"#REF!"},{"$error":"#REF!"},{"$error":"#REF!"},{"$error":"#REF!"},{"$nulls":10},{"v":0.2,"d":"20.00%"},{"v":0.2,"d":"20.00%"},{"v":0.2,"d":"20.00%"},{"v":0.2,"d":"20.00%"},{"v":0.2,"d":"20.00%"}]
[null,610,"SUMINISTRO E INSTALACION DE VALVULA COMPUERTA VASTAGO FIJO EXTREMOS BRIDADOS D=50mm PN10/16","u",{"v":1,"d":"1.00000"},{"v":306.3,"d":"$ 306.30000"},{"v":306.3,"d":"$ 306.30000"},0,0,0,0,0,0,0,0,0,{"v":61.260000000000005,"d":"61.26000"},{"v":61.260000000000005,"d":"61.26000"},{"v":61.260000000000005,"d":"61.26000"},{"v":61.260000000000005,"d":"61.26000"},{"v":61.260000000000005,"d":"61.26000"},0,0]
[null,null,{"$error":"#REF!"},{"$error":"#REF!"},{"$error":"#REF!"},{"$error":"#REF!"},null,{"v":0,"d":"0.00%"},{"v":0,"d":"0.00%"},{"v":0,"d":"0.00%"},{"v":0,"d":"0.00%"},{"v":0,"d":"0.00%"},{"v":0,"d":"0.00%"},{"v":0,"d":"0.00%"},{"v":0,"d":"0.00%"},{"v":0,"d":"0.00%"},{"v":0.2,"d":"20.00%"},{"v":0.2,"d":"20.00%"},{"v":0.2,"d":"20.00%"},{"v":0.2,"d":"20.00%"},{"v":0.2,"d":"20.00%"},{"v":0,"d":"0.00%"},{"v":0,"d":"0.00%"}]
[null,null,{"$error":"#REF!"},{"$error":"#REF!"},{"$error":"#REF!"},{"$error":"#REF!"},{"$nulls":10},{"v":0.2,"d":"20.00%"},{"v":0.2,"d":"20.00%"},{"v":0.2,"d":"20.00%"},{"v":0.2,"d":"20.00%"},{"v":0.2,"d":"20.00%"}]
[null,611,"SUMINISTRO E INSTALACION DE VALVULA CHECK BRIDADA DE H.D. TIPO SWING D=50mm PN10/16","u",{"v":1,"d":"1.00000"},{"v":191.74,"d":"$ 191.74000"},{"v":191.74,"d":"$ 191.74000"},0,0,0,0,0,0,0,0,0,{"v":38.348000000000006,"d":"38.34800"},{"v":38.348000000000006,"d":"38.34800"},{"v":38.348000000000006,"d":"38.34800"},{"v":38.348000000000006,"d":"38.34800"},{"v":38.348000000000006,"d":"38.34800"},0,0]
[null,null,{"$error":"#REF!"},{"$error":"#REF!"},{"$error":"#REF!"},{"$error":"#REF!"},null,{"v":0,"d":"0.00%"},{"v":0,"d":"0.00%"},{"v":0,"d":"0.00%"},{"v":0,"d":"0.00%"},{"v":0,"d":"0.00%"},{"v":0,"d":"0.00%"},{"v":0,"d":"0.00%"},{"v":0,"d":"0.00%"},{"v":0,"d":"0.00%"},{"v":0.2,"d":"20.00%"},{"v":0.2,"d":"20.00%"},{"v":0.2,"d":"20.00%"},{"v":0.2,"d":"20.00%"},{"v":0.2,"d":"20.00%"},{"v":0,"d":"0.00%"},{"v":0,"d":"0.00%"}]
[null,null,{"$error":"#REF!"},{"$error":"#REF!"},{"$error":"#REF!"},{"$error":"#REF!"},{"$nulls":10},{"v":0.2,"d":"20.00%"},{"v":0.2,"d":"20.00%"},{"v":0.2,"d":"20.00%"},{"v":0.2,"d":"20.00%"},{"v":0.2,"d":"20.00%"}]
[null,612,"SUMINISTRO E INSTALACION DE BRIDA DE ACERO AL CARBONO ASTM A-105 DN 50mm","u",{"v":2,"d":"2.00000"},{"v":55.12,"d":"$ 55.12000"},{"v":110.24,"d":"$ 110.24000"},0,0,0,0,0,0,0,0,0,{"v":22.048000000000002,"d":"22.04800"},{"v":22.048000000000002,"d":"22.04800"},{"v":22.048000000000002,"d":"22.04800"},{"v":22.048000000000002,"d":"22.04800"},{"v":22.048000000000002,"d":"22.04800"},0,0]
[null,null,{"$error":"#REF!"},{"$error":"#REF!"},{"$error":"#REF!"},{"$error":"#REF!"},null,{"v":0,"d":"0.00%"},{"v":0,"d":"0.00%"},{"v":0,"d":"0.00%"},{"v":0,"d":"0.00%"},{"v":0,"d":"0.00%"},{"v":0,"d":"0.00%"},{"v":0,"d":"0.00%"},{"v":0,"d":"0.00%"},{"v":0,"d":"0.00%"},{"v":0.2,"d":"20.00%"},{"v":0.2,"d":"20.00%"},{"v":0.2,"d":"20.00%"},{"v":0.2,"d":"20.00%"},{"v":0.2,"d":"20.00%"},{"v":0,"d":"0.00%"},{"v":0,"d":"0.00%"}]
[null,null,{"$error":"#REF!"},{"$error":"#REF!"},{"$error":"#REF!"},{"$error":"#REF!"},{"$nulls":10},{"v":0.2,"d":"20.00%"},{"v":0.2,"d":"20.00%"},{"v":0.2,"d":"20.00%"},{"v":0.2,"d":"20.00%"},{"v":0.2,"d":"20.00%"}]
[null,613,"SUMINISTRO E INSTALACION DE UNION UNIVERSAL DE HD DN50mm PN24","u",{"v":1,"d":"1.00000"},{"v":63.79,"d":"$ 63.79000"},{"v":63.79,"d":"$ 63.79000"},0,0,0,0,0,0,0,0,0,{"v":12.758000000000001,"d":"12.75800"},{"v":12.758000000000001,"d":"12.75800"},{"v":12.758000000000001,"d":"12.75800"},{"v":12.758000000000001,"d":"12.75800"},{"v":12.758000000000001,"d":"12.75800"},0,0]
[null,null,{"$error":"#REF!"},{"$error":"#REF!"},{"$error":"#REF!"},{"$error":"#REF!"},null,{"v":0,"d":"0.00%"},{"v":0,"d":"0.00%"},{"v":0,"d":"0.00%"},{"v":0,"d":"0.00%"},{"v":0,"d":"0.00%"},{"v":0,"d":"0.00%"},{"v":0,"d":"0.00%"},{"v":0,"d":"0.00%"},{"v":0,"d":"0.00%"},{"v":0.2,"d":"20.00%"},{"v":0.2,"d":"20.00%"},{"v":0.2,"d":"20.00%"},{"v":0.2,"d":"20.00%"},{"v":0.2,"d":"20.00%"},{"v":0,"d":"0.00%"},{"v":0,"d":"0.00%"}]
[null,null,{"$error":"#REF!"},{"$error":"#REF!"},{"$error":"#REF!"},{"$error":"#REF!"},{"$nulls":10},{"v":0.2,"d":"20.00%"},{"v":0.2,"d":"20.00%"},{"v":0.2,"d":"20.00%"},{"v":0.2,"d":"20.00%"},{"v":0.2,"d":"20.00%"}]
[null,614,"MANOMETRO VERTICAL 1/2\"","u",{"v":1,"d":"1.00000"},{"v":70.28,"d":"$ 70.28000"},{"v":70.28,"d":"$ 70.28000"},0,0,0,0,0,0,0,0,0,{"v":14.056000000000001,"d":"14.05600"},{"v":14.056000000000001,"d":"14.05600"},{"v":14.056000000000001,"d":"14.05600"},{"v":14.056000000000001,"d":"14.05600"},{"v":14.056000000000001,"d":"14.05600"},0,0]
[null,null,{"$error":"#REF!"},{"$error":"#REF!"},{"$error":"#REF!"},{"$error":"#REF!"},null,{"v":0,"d":"0.00%"},{"v":0,"d":"0.00%"},{"v":0,"d":"0.00%"},{"v":0,"d":"0.00%"},{"v":0,"d":"0.00%"},{"v":0,"d":"0.00%"},{"v":0,"d":"0.00%"},{"v":0,"d":"0.00%"},{"v":0,"d":"0.00%"},{"v":0.2,"d":"20.00%"},{"v":0.2,"d":"20.00%"},{"v":0.2,"d":"20.00%"},{"v":0.2,"d":"20.00%"},{"v":0.2,"d":"20.00%"},{"v":0,"d":"0.00%"},{"v":0,"d":"0.00%"}]
[null,null,{"$error":"#REF!"},{"$error":"#REF!"},{"$error":"#REF!"},{"$error":"#REF!"},{"$nulls":10},{"v":0.2,"d":"20.00%"},{"v":0.2,"d":"20.00%"},{"v":0.2,"d":"20.00%"},{"v":0.2,"d":"20.00%"},{"v":0.2,"d":"20.00%"}]
[null,615,"SUMINISTRO E INSTALACION DE VALVULA DE AIRE 2\" TRIPLE ACCION (INCLUYE ACCESORIOS)","u",{"v":1,"d":"1.00000"},{"v":768.16,"d":"$ 768.16000"},{"v":768.16,"d":"$ 768.16000"},0,0,0,0,0,0,0,0,0,{"v":153.632,"d":"153.63200"},{"v":153.632,"d":"153.63200"},{"v":153.632,"d":"153.63200"},{"v":153.632,"d":"153.63200"},{"v":153.632,"d":"153.63200"},0,0]
[null,null,{"$error":"#REF!"},{"$error":"#REF!"},{"$error":"#REF!"},{"$error":"#REF!"},null,{"v":0,"d":"0.00%"},{"v":0,"d":"0.00%"},{"v":0,"d":"0.00%"},{"v":0,"d":"0.00%"},{"v":0,"d":"0.00%"},{"v":0,"d":"0.00%"},{"v":0,"d":"0.00%"},{"v":0,"d":"0.00%"},{"v":0,"d":"0.00%"},{"v":0.2,"d":"20.00%"},{"v":0.2,"d":"20.00%"},{"v":0.2,"d":"20.00%"},{"v":0.2,"d":"20.00%"},{"v":0.2,"d":"20.00%"},{"v":0,"d":"0.00%"},{"v":0,"d":"0.00%"}]
[null,null,{"$error":"#REF!"},{"$error":"#REF!"},{"$error":"#REF!"},{"$error":"#REF!"},{"$nulls":10},{"v":0.2,"d":"20.00%"},{"v":0.2,"d":"20.00%"},{"v":0.2,"d":"20.00%"},{"v":0.2,"d":"20.00%"},{"v":0.2,"d":"20.00%"}]
[null,616,"SUMINISTRO E INSTALACION DE BRIDA DE ACERO AL CARBONO ASTM A-105 DN 50mm","u",{"v":2,"d":"2.00000"},{"v":55.12,"d":"$ 55.12000"},{"v":110.24,"d":"$ 110.24000"},0,0,0,0,0,0,0,0,0,{"v":22.048000000000002,"d":"22.04800"},{"v":22.048000000000002,"d":"22.04800"},{"v":22.048000000000002,"d":"22.04800"},{"v":22.048000000000002,"d":"22.04800"},{"v":22.048000000000002,"d":"22.04800"},0,0]
[null,null,{"$error":"#REF!"},{"$error":"#REF!"},{"$error":"#REF!"},{"$error":"#REF!"},null,{"v":0,"d":"0.00%"},{"v":0,"d":"0.00%"},{"v":0,"d":"0.00%"},{"v":0,"d":"0.00%"},{"v":0,"d":"0.00%"},{"v":0,"d":"0.00%"},{"v":0,"d":"0.00%"},{"v":0,"d":"0.00%"},{"v":0,"d":"0.00%"},{"v":0.2,"d":"20.00%"},{"v":0.2,"d":"20.00%"},{"v":0.2,"d":"20.00%"},{"v":0.2,"d":"20.00%"},{"v":0.2,"d":"20.00%"},{"v":0,"d":"0.00%"},{"v":0,"d":"0.00%"}]
[null,null,{"$error":"#REF!"},{"$error":"#REF!"},{"$error":"#REF!"},{"$error":"#REF!"},{"$nulls":10},{"v":0.2,"d":"20.00%"},{"v":0.2,"d":"20.00%"},{"v":0.2,"d":"20.00%"},{"v":0.2,"d":"20.00%"},{"v":0.2,"d":"20.00%"}]
[null,617,"SUMINISTRO DE TUBERIA PVC LISA DI=50 mm","m",{"v":2,"d":"2.00000"},{"v":2.52,"d":"$ 2.52000"},{"v":5.04,"d":"$ 5.04000"},0,0,0,0,0,0,0,0,0,{"v":1.008,"d":"1.00800"},{"v":1.008,"d":"1.00800"},{"v":1.008,"d":"1.00800"},{"v":1.008,"d":"1.00800"},{"v":1.008,"d":"1.00800"},0,0]
[null,null,{"$error":"#REF!"},{"$error":"#REF!"},{"$error":"#REF!"},{"$error":"#REF!"},null,{"v":0,"d":"0.00%"},{"v":0,"d":"0.00%"},{"v":0,"d":"0.00%"},{"v":0,"d":"0.00%"},{"v":0,"d":"0.00%"},{"v":0,"d":"0.00%"},{"v":0,"d":"0.00%"},{"v":0,"d":"0.00%"},{"v":0,"d":"0.00%"},{"v":0.2,"d":"20.00%"},{"v":0.2,"d":"20.00%"},{"v":0.2,"d":"20.00%"},{"v":0.2,"d":"20.00%"},{"v":0.2,"d":"20.00%"},{"v":0,"d":"0.00%"},{"v":0,"d":"0.00%"}]
[null,null,{"$error":"#REF!"},{"$error":"#REF!"},{"$error":"#REF!"},{"$error":"#REF!"},{"$nulls":10},{"v":0.2,"d":"20.00%"},{"v":0.2,"d":"20.00%"},{"v":0.2,"d":"20.00%"},{"v":0.2,"d":"20.00%"},{"v":0.2,"d":"20.00%"}]
[null,618,"INSTALACION DE TUBERIA PVC LISA DI=50 mm","m",{"v":2,"d":"2.00000"},{"v":6.13,"d":"$ 6.13000"},{"v":12.26,"d":"$ 12.26000"},0,0,0,0,0,0,0,0,0,{"v":2.452,"d":"2.45200"},{"v":2.452,"d":"2.45200"},{"v":2.452,"d":"2.45200"},{"v":2.452,"d":"2.45200"},{"v":2.452,"d":"2.45200"},0,0]
[null,null,{"$error":"#REF!"},{"$error":"#REF!"},{"$error":"#REF!"},{"$error":"#REF!"},null,{"v":0,"d":"0.00%"},{"v":0,"d":"0.00%"},{"v":0,"d":"0.00%"},{"v":0,"d":"0.00%"},{"v":0,"d":"0.00%"},{"v":0,"d":"0.00%"},{"v":0,"d":"0.00%"},{"v":0,"d":"0.00%"},{"v":0,"d":"0.00%"},{"v":0.2,"d":"20.00%"},{"v":0.2,"d":"20.00%"},{"v":0.2,"d":"20.00%"},{"v":0.2,"d":"20.00%"},{"v":0.2,"d":"20.00%"},{"v":0,"d":"0.00%"},{"v":0,"d":"0.00%"}]
[null,null,{"$error":"#REF!"},{"$error":"#REF!"},{"$error":"#REF!"},{"$error":"#REF!"},{"$nulls":10},{"v":0.2,"d":"20.00%"},{"v":0.2,"d":"20.00%"},{"v":0.2,"d":"20.00%"},{"v":0.2,"d":"20.00%"},{"v":0.2,"d":"20.00%"}]
[null,619,"SUMINISTRO E INSTALACION DE BRIDA DE ACERO AL CARBONO ASTM A-105 DN 50mm","u",{"v":2,"d":"2.00000"},{"v":55.12,"d":"$ 55.12000"},{"v":110.24,"d":"$ 110.24000"},0,0,0,0,0,0,0,0,0,{"v":22.048000000000002,"d":"22.04800"},{"v":22.048000000000002,"d":"22.04800"},{"v":22.048000000000002,"d":"22.04800"},{"v":22.048000000000002,"d":"22.04800"},{"v":22.048000000000002,"d":"22.04800"},0,0]
[null,null,{"$error":"#REF!"},{"$error":"#REF!"},{"$error":"#REF!"},{"$error":"#REF!"},null,{"v":0,"d":"0.00%"},{"v":0,"d":"0.00%"},{"v":0,"d":"0.00%"},{"v":0,"d":"0.00%"},{"v":0,"d":"0.00%"},{"v":0,"d":"0.00%"},{"v":0,"d":"0.00%"},{"v":0,"d":"0.00%"},{"v":0,"d":"0.00%"},{"v":0.2,"d":"20.00%"},{"v":0.2,"d":"20.00%"},{"v":0.2,"d":"20.00%"},{"v":0.2,"d":"20.00%"},{"v":0.2,"d":"20.00%"},{"v":0,"d":"0.00%"},{"v":0,"d":"0.00%"}]
[null,null,{"$error":"#REF!"},{"$error":"#REF!"},{"$error":"#REF!"},{"$error":"#REF!"},{"$nulls":10},{"v":0.2,"d":"20.00%"},{"v":0.2,"d":"20.00%"},{"v":0.2,"d":"20.00%"},{"v":0.2,"d":"20.00%"},{"v":0.2,"d":"20.00%"}]
[null,620,"SUMINISTRO E INSTALACION DE UNION MECANICA 50mm","u",{"v":2,"d":"2.00000"},{"v":40.03,"d":"$ 40.03000"},{"v":80.06,"d":"$ 80.06000"},0,0,0,0,0,0,0,0,0,{"v":16.012,"d":"16.01200"},{"v":16.012,"d":"16.01200"},{"v":16.012,"d":"16.01200"},{"v":16.012,"d":"16.01200"},{"v":16.012,"d":"16.01200"},0,0]
[null,null,{"$error":"#REF!"},{"$error":"#REF!"},{"$error":"#REF!"},{"$error":"#REF!"},null,{"v":0,"d":"0.00%"},{"v":0,"d":"0.00%"},{"v":0,"d":"0.00%"},{"v":0,"d":"0.00%"},{"v":0,"d":"0.00%"},{"v":0,"d":"0.00%"},{"v":0,"d":"0.00%"},{"v":0,"d":"0.00%"},{"v":0,"d":"0.00%"},{"v":0.2,"d":"20.00%"},{"v":0.2,"d":"20.00%"},{"v":0.2,"d":"20.00%"},{"v":0.2,"d":"20.00%"},{"v":0.2,"d":"20.00%"},{"v":0,"d":"0.00%"},{"v":0,"d":"0.00%"}]
[null,null,{"$error":"#REF!"},{"$error":"#REF!"},{"$error":"#REF!"},{"$error":"#REF!"},{"$nulls":10},{"v":0.2,"d":"20.00%"},{"v":0.2,"d":"20.00%"},{"v":0.2,"d":"20.00%"},{"v":0.2,"d":"20.00%"},{"v":0.2,"d":"20.00%"}]
[null,621,"HORMIGON PREMEZCLADO F´C=180 Kg/cm2, PARA BLOQUES DE ANCLAJES","m3",{"v":0.15,"d":"0.15000"},{"v":188.57,"d":"$ 188.57000"},{"v":28.2855,"d":"$ 28.28550"},0,0,0,0,0,0,0,0,0,{"v":5.6571,"d":"5.65710"},{"v":5.6571,"d":"5.65710"},{"v":5.6571,"d":"5.65710"},{"v":5.6571,"d":"5.65710"},{"v":5.6571,"d":"5.65710"},0,0]
[null,null,{"$error":"#REF!"},{"$error":"#REF!"},{"$error":"#REF!"},{"$error":"#REF!"},null,{"v":0,"d":"0.00%"},{"v":0,"d":"0.00%"},{"v":0,"d":"0.00%"},{"v":0,"d":"0.00%"},{"v":0,"d":"0.00%"},{"v":0,"d":"0.00%"},{"v":0,"d":"0.00%"},{"v":0,"d":"0.00%"},{"v":0,"d":"0.00%"},{"v":0.2,"d":"20.00%"},{"v":0.2,"d":"20.00%"},{"v":0.2,"d":"20.00%"},{"v":0.2,"d":"20.00%"},{"v":0.2,"d":"20.00%"},{"v":0,"d":"0.00%"},{"v":0,"d":"0.00%"}]
[null,null,{"$error":"#REF!"},{"$error":"#REF!"},{"$error":"#REF!"},{"$error":"#REF!"},{"$nulls":10},{"v":0.2,"d":"20.00%"},{"v":0.2,"d":"20.00%"},{"v":0.2,"d":"20.00%"},{"v":0.2,"d":"20.00%"},{"v":0.2,"d":"20.00%"}]
[null,622,"SUMINISTRO E INSTALACION DE PASAMURO PARA TUBERIA DE H.F. 50mm, L=0.40m","u",{"v":1,"d":"1.00000"},{"v":74.09,"d":"$ 74.09000"},{"v":74.09,"d":"$ 74.09000"},0,0,0,0,0,0,0,0,0,{"v":14.818000000000001,"d":"14.81800"},{"v":14.818000000000001,"d":"14.81800"},{"v":14.818000000000001,"d":"14.81800"},{"v":14.818000000000001,"d":"14.81800"},{"v":14.818000000000001,"d":"14.81800"},0,0]
[null,null,{"$error":"#REF!"},{"$error":"#REF!"},{"$error":"#REF!"},{"$error":"#REF!"},null,{"v":0,"d":"0.00%"},{"v":0,"d":"0.00%"},{"v":0,"d":"0.00%"},{"v":0,"d":"0.00%"},{"v":0,"d":"0.00%"},{"v":0,"d":"0.00%"},{"v":0,"d":"0.00%"},{"v":0,"d":"0.00%"},{"v":0,"d":"0.00%"},{"v":0.2,"d":"20.00%"},{"v":0.2,"d":"20.00%"},{"v":0.2,"d":"20.00%"},{"v":0.2,"d":"20.00%"},{"v":0.2,"d":"20.00%"},{"v":0,"d":"0.00%"},{"v":0,"d":"0.00%"}]
[null,null,{"$error":"#REF!"},{"$error":"#REF!"},{"$error":"#REF!"},{"$error":"#REF!"},{"$nulls":10},{"v":0.2,"d":"20.00%"},{"v":0.2,"d":"20.00%"},{"v":0.2,"d":"20.00%"},{"v":0.2,"d":"20.00%"},{"v":0.2,"d":"20.00%"}]
[null,623,"SUMINISTRO E INSTALACION DE CODO ACERO ASTM A36 D= 50mmX90'","u",{"v":1,"d":"1.00000"},{"v":15.49,"d":"$ 15.49000"},{"v":15.49,"d":"$ 15.49000"},0,0,0,0,0,0,0,0,0,{"v":3.0980000000000003,"d":"3.09800"},{"v":3.0980000000000003,"d":"3.09800"},{"v":3.0980000000000003,"d":"3.09800"},{"v":3.0980000000000003,"d":"3.09800"},{"v":3.0980000000000003,"d":"3.09800"},0,0]
[null,null,{"$error":"#REF!"},{"$error":"#REF!"},{"$error":"#REF!"},{"$error":"#REF!"},null,{"v":0,"d":"0.00%"},{"v":0,"d":"0.00%"},{"v":0,"d":"0.00%"},{"v":0,"d":"0.00%"},{"v":0,"d":"0.00%"},{"v":0,"d":"0.00%"},{"v":0,"d":"0.00%"},{"v":0,"d":"0.00%"},{"v":0,"d":"0.00%"},{"v":0.2,"d":"20.00%"},{"v":0.2,"d":"20.00%"},{"v":0.2,"d":"20.00%"},{"v":0.2,"d":"20.00%"},{"v":0.2,"d":"20.00%"},{"v":0,"d":"0.00%"},{"v":0,"d":"0.00%"}]
[null,null,{"$error":"#REF!"},{"$error":"#REF!"},{"$error":"#REF!"},{"$error":"#REF!"},{"$nulls":10},{"v":0.2,"d":"20.00%"},{"v":0.2,"d":"20.00%"},{"v":0.2,"d":"20.00%"},{"v":0.2,"d":"20.00%"},{"v":0.2,"d":"20.00%"}]
[null,624,"SUMINISTRO E INSTALACION DE REDUCTOR ACERO ASTM A36 50 A 40mm","u",{"v":1,"d":"1.00000"},{"v":17.27,"d":"$ 17.27000"},{"v":17.27,"d":"$ 17.27000"},0,0,0,0,0,0,0,0,0,{"v":3.454,"d":"3.45400"},{"v":3.454,"d":"3.45400"},{"v":3.454,"d":"3.45400"},{"v":3.454,"d":"3.45400"},{"v":3.454,"d":"3.45400"},0,0]
[null,null,{"$error":"#REF!"},{"$error":"#REF!"},{"$error":"#REF!"},{"$error":"#REF!"},null,{"v":0,"d":"0.00%"},{"v":0,"d":"0.00%"},{"v":0,"d":"0.00%"},{"v":0,"d":"0.00%"},{"v":0,"d":"0.00%"},{"v":0,"d":"0.00%"},{"v":0,"d":"0.00%"},{"v":0,"d":"0.00%"},{"v":0,"d":"0.00%"},{"v":0.2,"d":"20.00%"},{"v":0.2,"d":"20.00%"},{"v":0.2,"d":"20.00%"},{"v":0.2,"d":"20.00%"},{"v":0.2,"d":"20.00%"},{"v":0,"d":"0.00%"},{"v":0,"d":"0.00%"}]
[null,null,{"$error":"#REF!"},{"$error":"#REF!"},{"$error":"#REF!"},{"$error":"#REF!"},{"$nulls":10},{"v":0.2,"d":"20.00%"},{"v":0.2,"d":"20.00%"},{"v":0.2,"d":"20.00%"},{"v":0.2,"d":"20.00%"},{"v":0.2,"d":"20.00%"}]
[null,625,"SUMINISTRO E INSTALACION DE BRIDA DE ACERO AL CARBONO ASTM A-105 DN 40mm","u",{"v":1,"d":"1.00000"},{"v":45.52,"d":"$ 45.52000"},{"v":45.52,"d":"$ 45.52000"},0,0,0,0,0,0,0,0,0,{"v":9.104000000000001,"d":"9.10400"},{"v":9.104000000000001,"d":"9.10400"},{"v":9.104000000000001,"d":"9.10400"},{"v":9.104000000000001,"d":"9.10400"},{"v":9.104000000000001,"d":"9.10400"},0,0]
[null,null,{"$error":"#REF!"},{"$error":"#REF!"},{"$error":"#REF!"},{"$error":"#REF!"},null,{"v":0,"d":"0.00%"},{"v":0,"d":"0.00%"},{"v":0,"d":"0.00%"},{"v":0,"d":"0.00%"},{"v":0,"d":"0.00%"},{"v":0,"d":"0.00%"},{"v":0,"d":"0.00%"},{"v":0,"d":"0.00%"},{"v":0,"d":"0.00%"},{"v":0.2,"d":"20.00%"},{"v":0.2,"d":"20.00%"},{"v":0.2,"d":"20.00%"},{"v":0.2,"d":"20.00%"},{"v":0.2,"d":"20.00%"},{"v":0,"d":"0.00%"},{"v":0,"d":"0.00%"}]
[null,null,{"$error":"#REF!"},{"$error":"#REF!"},{"$error":"#REF!"},{"$error":"#REF!"},{"$nulls":10},{"v":0.2,"d":"20.00%"},{"v":0.2,"d":"20.00%"},{"v":0.2,"d":"20.00%"},{"v":0.2,"d":"20.00%"},{"v":0.2,"d":"20.00%"}]
[null,626,"SUMINISTRO E INSTALACION DE BRIDA DE ACERO AL CARBONO ASTM A-105 DN 50mm","u",{"v":1,"d":"1.00000"},{"v":55.12,"d":"$ 55.12000"},{"v":55.12,"d":"$ 55.12000"},0,0,0,0,0,0,0,0,0,{"v":11.024000000000001,"d":"11.02400"},{"v":11.024000000000001,"d":"11.02400"},{"v":11.024000000000001,"d":"11.02400"},{"v":11.024000000000001,"d":"11.02400"},{"v":11.024000000000001,"d":"11.02400"},0,0]
[null,null,{"$error":"#REF!"},{"$error":"#REF!"},{"$error":"#REF!"},{"$error":"#REF!"},null,{"v":0,"d":"0.00%"},{"v":0,"d":"0.00%"},{"v":0,"d":"0.00%"},{"v":0,"d":"0.00%"},{"v":0,"d":"0.00%"},{"v":0,"d":"0.00%"},{"v":0,"d":"0.00%"},{"v":0,"d":"0.00%"},{"v":0,"d":"0.00%"},{"v":0.2,"d":"20.00%"},{"v":0.2,"d":"20.00%"},{"v":0.2,"d":"20.00%"},{"v":0.2,"d":"20.00%"},{"v":0.2,"d":"20.00%"},{"v":0,"d":"0.00%"},{"v":0,"d":"0.00%"}]
[null,null,{"$error":"#REF!"},{"$error":"#REF!"},{"$error":"#REF!"},{"$error":"#REF!"},{"$nulls":10},{"v":0.2,"d":"20.00%"},{"v":0.2,"d":"20.00%"},{"v":0.2,"d":"20.00%"},{"v":0.2,"d":"20.00%"},{"v":0.2,"d":"20.00%"}]
[null,627,"SUMINISTRO E INSTALACION DE CODO 90' PP 2 IN ROSCABLE","u",{"v":1,"d":"1.00000"},{"v":12.79,"d":"$ 12.79000"},{"v":12.79,"d":"$ 12.79000"},0,0,0,0,0,0,0,0,0,{"v":2.558,"d":"2.55800"},{"v":2.558,"d":"2.55800"},{"v":2.558,"d":"2.55800"},{"v":2.558,"d":"2.55800"},{"v":2.558,"d":"2.55800"},0,0]
[null,null,{"$error":"#REF!"},{"$error":"#REF!"},{"$error":"#REF!"},{"$error":"#REF!"},null,{"v":0,"d":"0.00%"},{"v":0,"d":"0.00%"},{"v":0,"d":"0.00%"},{"v":0,"d":"0.00%"},{"v":0,"d":"0.00%"},{"v":0,"d":"0.00%"},{"v":0,"d":"0.00%"},{"v":0,"d":"0.00%"},{"v":0,"d":"0.00%"},{"v":0.2,"d":"20.00%"},{"v":0.2,"d":"20.00%"},{"v":0.2,"d":"20.00%"},{"v":0.2,"d":"20.00%"},{"v":0.2,"d":"20.00%"},{"v":0,"d":"0.00%"},{"v":0,"d":"0.00%"}]
[null,null,{"$error":"#REF!"},{"$error":"#REF!"},{"$error":"#REF!"},{"$error":"#REF!"},{"$nulls":10},{"v":0.2,"d":"20.00%"},{"v":0.2,"d":"20.00%"},{"v":0.2,"d":"20.00%"},{"v":0.2,"d":"20.00%"},{"v":0.2,"d":"20.00%"}]
[null,628,"FILTRO 12\"","u",{"v":1,"d":"1.00000"},{"v":149.9,"d":"$ 149.90000"},{"v":149.9,"d":"$ 149.90000"},0,0,0,0,0,0,0,0,0,{"v":29.980000000000004,"d":"29.98000"},{"v":29.980000000000004,"d":"29.98000"},{"v":29.980000000000004,"d":"29.98000"},{"v":29.980000000000004,"d":"29.98000"},{"v":29.980000000000004,"d":"29.98000"},0,0]
[null,null,{"$error":"#REF!"},{"$error":"#REF!"},{"$error":"#REF!"},{"$error":"#REF!"},null,{"v":0,"d":"0.00%"},{"v":0,"d":"0.00%"},{"v":0,"d":"0.00%"},{"v":0,"d":"0.00%"},{"v":0,"d":"0.00%"},{"v":0,"d":"0.00%"},{"v":0,"d":"0.00%"},{"v":0,"d":"0.00%"},{"v":0,"d":"0.00%"},{"v":0.2,"d":"20.00%"},{"v":0.2,"d":"20.00%"},{"v":0.2,"d":"20.00%"},{"v":0.2,"d":"20.00%"},{"v":0.2,"d":"20.00%"},{"v":0,"d":"0.00%"},{"v":0,"d":"0.00%"}]
[null,null,{"$error":"#REF!"},{"$error":"#REF!"},{"$error":"#REF!"},{"$error":"#REF!"},{"$nulls":10},{"v":0.2,"d":"20.00%"},{"v":0.2,"d":"20.00%"},{"v":0.2,"d":"20.00%"},{"v":0.2,"d":"20.00%"},{"v":0.2,"d":"20.00%"}]
[null,629,"COLGADOR PARA TUBERIA 2 IN","u",{"v":22,"d":"22.00000"},{"v":2.57,"d":"$ 2.57000"},{"v":56.54,"d":"$ 56.54000"},0,0,0,0,0,0,0,0,0,{"v":11.308,"d":"11.30800"},{"v":11.308,"d":"11.30800"},{"v":11.308,"d":"11.30800"},{"v":11.308,"d":"11.30800"},{"v":11.308,"d":"11.30800"},0,0]
[null,null,{"$error":"#REF!"},{"$error":"#REF!"},{"$error":"#REF!"},{"$error":"#REF!"},null,{"v":0,"d":"0.00%"},{"v":0,"d":"0.00%"},{"v":0,"d":"0.00%"},{"v":0,"d":"0.00%"},{"v":0,"d":"0.00%"},{"v":0,"d":"0.00%"},{"v":0,"d":"0.00%"},{"v":0,"d":"0.00%"},{"v":0,"d":"0.00%"},{"v":0.2,"d":"20.00%"},{"v":0.2,"d":"20.00%"},{"v":0.2,"d":"20.00%"},{"v":0.2,"d":"20.00%"},{"v":0.2,"d":"20.00%"},{"v":0,"d":"0.00%"},{"v":0,"d":"0.00%"}]
[null,null,{"$error":"#REF!"},{"$error":"#REF!"},{"$error":"#REF!"},{"$error":"#REF!"},{"$nulls":10},{"v":0.2,"d":"20.00%"},{"v":0.2,"d":"20.00%"},{"v":0.2,"d":"20.00%"},{"v":0.2,"d":"20.00%"},{"v":0.2,"d":"20.00%"}]
[null,630,"SUMINISTRO E INSTALACION DE BOMBA CENTRIFUGA 5 HP","u",{"v":1,"d":"1.00000"},{"v":2311.69,"d":"$ 2,311.69000"},{"v":2311.69,"d":"$ 2,311.69000"},0,0,0,0,0,0,0,0,0,{"v":462.338,"d":"462.33800"},{"v":462.338,"d":"462.33800"},{"v":462.338,"d":"462.33800"},{"v":462.338,"d":"462.33800"},{"v":462.338,"d":"462.33800"},0,0]
[null,null,{"$error":"#REF!"},{"$error":"#REF!"},{"$error":"#REF!"},{"$error":"#REF!"},null,{"v":0,"d":"0.00%"},{"v":0,"d":"0.00%"},{"v":0,"d":"0.00%"},{"v":0,"d":"0.00%"},{"v":0,"d":"0.00%"},{"v":0,"d":"0.00%"},{"v":0,"d":"0.00%"},{"v":0,"d":"0.00%"},{"v":0,"d":"0.00%"},{"v":0.2,"d":"20.00%"},{"v":0.2,"d":"20.00%"},{"v":0.2,"d":"20.00%"},{"v":0.2,"d":"20.00%"},{"v":0.2,"d":"20.00%"},{"v":0,"d":"0.00%"},{"v":0,"d":"0.00%"}]
[null,null,{"$error":"#REF!"},{"$error":"#REF!"},{"$error":"#REF!"},{"$error":"#REF!"},{"$nulls":10},{"v":0.2,"d":"20.00%"},{"v":0.2,"d":"20.00%"},{"v":0.2,"d":"20.00%"},{"v":0.2,"d":"20.00%"},{"v":0.2,"d":"20.00%"}]
[null,631,"SUMINISTRO E INSTALACION DE CODO 90' PP 1 IN ROSCABLE","u",{"v":1,"d":"1.00000"},{"v":6.49,"d":"$ 6.49000"},{"v":6.49,"d":"$ 6.49000"},0,0,0,0,0,0,0,0,0,{"v":1.298,"d":"1.29800"},{"v":1.298,"d":"1.29800"},{"v":1.298,"d":"1.29800"},{"v":1.298,"d":"1.29800"},{"v":1.298,"d":"1.29800"},0,0]
[null,null,{"$error":"#REF!"},{"$error":"#REF!"},{"$error":"#REF!"},{"$error":"#REF!"},null,{"v":0,"d":"0.00%"},{"v":0,"d":"0.00%"},{"v":0,"d":"0.00%"},{"v":0,"d":"0.00%"},{"v":0,"d":"0.00%"},{"v":0,"d":"0.00%"},{"v":0,"d":"0.00%"},{"v":0,"d":"0.00%"},{"v":0,"d":"0.00%"},{"v":0.2,"d":"20.00%"},{"v":0.2,"d":"20.00%"},{"v":0.2,"d":"20.00%"},{"v":0.2,"d":"20.00%"},{"v":0.2,"d":"20.00%"},{"v":0,"d":"0.00%"},{"v":0,"d":"0.00%"}]
[null,null,{"$error":"#REF!"},{"$error":"#REF!"},{"$error":"#REF!"},{"$error":"#REF!"},{"$nulls":10},{"v":0.2,"d":"20.00%"},{"v":0.2,"d":"20.00%"},{"v":0.2,"d":"20.00%"},{"v":0.2,"d":"20.00%"},{"v":0.2,"d":"20.00%"}]
[null,632,"SUMINISTRO E INSTALACION DE TEE 1 IN PP ROSCABLE","u",{"v":1,"d":"1.00000"},{"v":7.86,"d":"$ 7.86000"},{"v":7.86,"d":"$ 7.86000"},0,0,0,0,0,0,0,0,0,{"v":1.572,"d":"1.57200"},{"v":1.572,"d":"1.57200"},{"v":1.572,"d":"1.57200"},{"v":1.572,"d":"1.57200"},{"v":1.572,"d":"1.57200"},0,0]
[null,null,{"$error":"#REF!"},{"$error":"#REF!"},{"$error":"#REF!"},{"$error":"#REF!"},null,{"v":0,"d":"0.00%"},{"v":0,"d":"0.00%"},{"v":0,"d":"0.00%"},{"v":0,"d":"0.00%"},{"v":0,"d":"0.00%"},{"v":0,"d":"0.00%"},{"v":0,"d":"0.00%"},{"v":0,"d":"0.00%"},{"v":0,"d":"0.00%"},{"v":0.2,"d":"20.00%"},{"v":0.2,"d":"20.00%"},{"v":0.2,"d":"20.00%"},{"v":0.2,"d":"20.00%"},{"v":0.2,"d":"20.00%"},{"v":0,"d":"0.00%"},{"v":0,"d":"0.00%"}]
[null,null,{"$error":"#REF!"},{"$error":"#REF!"},{"$error":"#REF!"},{"$error":"#REF!"},{"$nulls":10},{"v":0.2,"d":"20.00%"},{"v":0.2,"d":"20.00%"},{"v":0.2,"d":"20.00%"},{"v":0.2,"d":"20.00%"},{"v":0.2,"d":"20.00%"}]
[null,633,"SUMINISTRO E INSTALACION DE REDUCTOR PVC EC 40 A 25mm","u",{"v":1,"d":"1.00000"},{"v":15.61,"d":"$ 15.61000"},{"v":15.61,"d":"$ 15.61000"},0,0,0,0,0,0,0,0,0,{"v":3.122,"d":"3.12200"},{"v":3.122,"d":"3.12200"},{"v":3.122,"d":"3.12200"},{"v":3.122,"d":"3.12200"},{"v":3.122,"d":"3.12200"},0,0]
[null,null,{"$error":"#REF!"},{"$error":"#REF!"},{"$error":"#REF!"},{"$error":"#REF!"},null,{"v":0,"d":"0.00%"},{"v":0,"d":"0.00%"},{"v":0,"d":"0.00%"},{"v":0,"d":"0.00%"},{"v":0,"d":"0.00%"},{"v":0,"d":"0.00%"},{"v":0,"d":"0.00%"},{"v":0,"d":"0.00%"},{"v":0,"d":"0.00%"},{"v":0.2,"d":"20.00%"},{"v":0.2,"d":"20.00%"},{"v":0.2,"d":"20.00%"},{"v":0.2,"d":"20.00%"},{"v":0.2,"d":"20.00%"},{"v":0,"d":"0.00%"},{"v":0,"d":"0.00%"}]
[null,null,{"$error":"#REF!"},{"$error":"#REF!"},{"$error":"#REF!"},{"$error":"#REF!"},{"$nulls":10},{"v":0.2,"d":"20.00%"},{"v":0.2,"d":"20.00%"},{"v":0.2,"d":"20.00%"},{"v":0.2,"d":"20.00%"},{"v":0.2,"d":"20.00%"}]
[null,634,"SUMINISTRO E INSTALACION DE REDUCTOR PVC EC 50 A 40mm","u",{"v":1,"d":"1.00000"},{"v":5.79,"d":"$ 5.79000"},{"v":5.79,"d":"$ 5.79000"},0,0,0,0,0,0,0,0,0,{"v":1.1580000000000001,"d":"1.15800"},{"v":1.1580000000000001,"d":"1.15800"},{"v":1.1580000000000001,"d":"1.15800"},{"v":1.1580000000000001,"d":"1.15800"},{"v":1.1580000000000001,"d":"1.15800"},0,0]
[null,null,{"$error":"#REF!"},{"$error":"#REF!"},{"$error":"#REF!"},{"$error":"#REF!"},null,{"v":0,"d":"0.00%"},{"v":0,"d":"0.00%"},{"v":0,"d":"0.00%"},{"v":0,"d":"0.00%"},{"v":0,"d":"0.00%"},{"v":0,"d":"0.00%"},{"v":0,"d":"0.00%"},{"v":0,"d":"0.00%"},{"v":0,"d":"0.00%"},{"v":0.2,"d":"20.00%"},{"v":0.2,"d":"20.00%"},{"v":0.2,"d":"20.00%"},{"v":0.2,"d":"20.00%"},{"v":0.2,"d":"20.00%"},{"v":0,"d":"0.00%"},{"v":0,"d":"0.00%"}]
[null,null,{"$error":"#REF!"},{"$error":"#REF!"},{"$error":"#REF!"},{"$error":"#REF!"},{"$nulls":10},{"v":0.2,"d":"20.00%"},{"v":0.2,"d":"20.00%"},{"v":0.2,"d":"20.00%"},{"v":0.2,"d":"20.00%"},{"v":0.2,"d":"20.00%"}]
[null,635,"SUMINISTRO E INSTALACION DE BRIDA DE ACERO AL CARBONO ASTM A-105 DN 50mm","u",{"v":1,"d":"1.00000"},{"v":55.12,"d":"$ 55.12000"},{"v":55.12,"d":"$ 55.12000"},0,0,0,0,0,0,0,0,0,{"v":11.024000000000001,"d":"11.02400"},{"v":11.024000000000001,"d":"11.02400"},{"v":11.024000000000001,"d":"11.02400"},{"v":11.024000000000001,"d":"11.02400"},{"v":11.024000000000001,"d":"11.02400"},0,0]
[null,null,{"$error":"#REF!"},{"$error":"#REF!"},{"$error":"#REF!"},{"$error":"#REF!"},null,{"v":0,"d":"0.00%"},{"v":0,"d":"0.00%"},{"v":0,"d":"0.00%"},{"v":0,"d":"0.00%"},{"v":0,"d":"0.00%"},{"v":0,"d":"0.00%"},{"v":0,"d":"0.00%"},{"v":0,"d":"0.00%"},{"v":0,"d":"0.00%"},{"v":0.2,"d":"20.00%"},{"v":0.2,"d":"20.00%"},{"v":0.2,"d":"20.00%"},{"v":0.2,"d":"20.00%"},{"v":0.2,"d":"20.00%"},{"v":0,"d":"0.00%"},{"v":0,"d":"0.00%"}]
[null,null,{"$error":"#REF!"},{"$error":"#REF!"},{"$error":"#REF!"},{"$error":"#REF!"},{"$nulls":10},{"v":0.2,"d":"20.00%"},{"v":0.2,"d":"20.00%"},{"v":0.2,"d":"20.00%"},{"v":0.2,"d":"20.00%"},{"v":0.2,"d":"20.00%"}]
[null,636,"SUMINISTRO E INSTALACION DE BRIDA DE ACERO AL CARBONO ASTM A-105 DN 40mm","u",{"v":3,"d":"3.00000"},{"v":45.52,"d":"$ 45.52000"},{"v":136.56,"d":"$ 136.56000"},0,0,0,0,0,0,0,0,0,{"v":27.312,"d":"27.31200"},{"v":27.312,"d":"27.31200"},{"v":27.312,"d":"27.31200"},{"v":27.312,"d":"27.31200"},{"v":27.312,"d":"27.31200"},0,0]
[null,null,{"$error":"#REF!"},{"$error":"#REF!"},{"$error":"#REF!"},{"$error":"#REF!"},null,{"v":0,"d":"0.00%"},{"v":0,"d":"0.00%"},{"v":0,"d":"0.00%"},{"v":0,"d":"0.00%"},{"v":0,"d":"0.00%"},{"v":0,"d":"0.00%"},{"v":0,"d":"0.00%"},{"v":0,"d":"0.00%"},{"v":0,"d":"0.00%"},{"v":0.2,"d":"20.00%"},{"v":0.2,"d":"20.00%"},{"v":0.2,"d":"20.00%"},{"v":0.2,"d":"20.00%"},{"v":0.2,"d":"20.00%"},{"v":0,"d":"0.00%"},{"v":0,"d":"0.00%"}]
[null,null,{"$error":"#REF!"},{"$error":"#REF!"},{"$error":"#REF!"},{"$error":"#REF!"},{"$nulls":10},{"v":0.2,"d":"20.00%"},{"v":0.2,"d":"20.00%"},{"v":0.2,"d":"20.00%"},{"v":0.2,"d":"20.00%"},{"v":0.2,"d":"20.00%"}]
[null,637,"SUMINISTRO E INSTALACION DE CODO 90' PP 1 1/2 IN ROSCABLE","u",{"v":6,"d":"6.00000"},{"v":11.62,"d":"$ 11.62000"},{"v":69.72,"d":"$ 69.72000"},0,0,0,0,0,0,0,0,0,{"v":13.944,"d":"13.94400"},{"v":13.944,"d":"13.94400"},{"v":13.944,"d":"13.94400"},{"v":13.944,"d":"13.94400"},{"v":13.944,"d":"13.94400"},0,0]
[null,null,{"$error":"#REF!"},{"$error":"#REF!"},{"$error":"#REF!"},{"$error":"#REF!"},null,{"v":0,"d":"0.00%"},{"v":0,"d":"0.00%"},{"v":0,"d":"0.00%"},{"v":0,"d":"0.00%"},{"v":0,"d":"0.00%"},{"v":0,"d":"0.00%"},{"v":0,"d":"0.00%"},{"v":0,"d":"0.00%"},{"v":0,"d":"0.00%"},{"v":0.2,"d":"20.00%"},{"v":0.2,"d":"20.00%"},{"v":0.2,"d":"20.00%"},{"v":0.2,"d":"20.00%"},{"v":0.2,"d":"20.00%"},{"v":0,"d":"0.00%"},{"v":0,"d":"0.00%"}]
[null,null,{"$error":"#REF!"},{"$error":"#REF!"},{"$error":"#REF!"},{"$error":"#REF!"},{"$nulls":10},{"v":0.2,"d":"20.00%"},{"v":0.2,"d":"20.00%"},{"v":0.2,"d":"20.00%"},{"v":0.2,"d":"20.00%"},{"v":0.2,"d":"20.00%"}]
[null,638,"SUMINISTRO E INSTALACION DE VALVULA DE AIRE 1\" TRIPLE ACCION (INCLUYE ACCESORIOS)","u",{"v":3,"d":"3.00000"},{"v":643.69,"d":"$ 643.69000"},{"v":1931.0700000000002,"d":"$ 1,931.07000"},0,0,0,0,0,0,0,0,0,{"v":386.21400000000006,"d":"386.21400"},{"v":386.21400000000006,"d":"386.21400"},{"v":386.21400000000006,"d":"386.21400"},{"v":386.21400000000006,"d":"386.21400"},{"v":386.21400000000006,"d":"386.21400"},0,0]
[null,null,{"$error":"#REF!"},{"$error":"#REF!"},{"$error":"#REF!"},{"$error":"#REF!"},null,{"v":0,"d":"0.00%"},{"v":0,"d":"0.00%"},{"v":0,"d":"0.00%"},{"v":0,"d":"0.00%"},{"v":0,"d":"0.00%"},{"v":0,"d":"0.00%"},{"v":0,"d":"0.00%"},{"v":0,"d":"0.00%"},{"v":0,"d":"0.00%"},{"v":0.2,"d":"20.00%"},{"v":0.2,"d":"20.00%"},{"v":0.2,"d":"20.00%"},{"v":0.2,"d":"20.00%"},{"v":0.2,"d":"20.00%"},{"v":0,"d":"0.00%"},{"v":0,"d":"0.00%"}]
[null,null,{"$error":"#REF!"},{"$error":"#REF!"},{"$error":"#REF!"},{"$error":"#REF!"},{"$nulls":10},{"v":0.2,"d":"20.00%"},{"v":0.2,"d":"20.00%"},{"v":0.2,"d":"20.00%"},{"v":0.2,"d":"20.00%"},{"v":0.2,"d":"20.00%"}]
[null,639,"SUMINISTRO DE TUBERIA PP UNION ROSCABLE DI=1 plg 1.25 MPA","m",{"v":4,"d":"4.00000"},{"v":5.57,"d":"$ 5.57000"},{"v":22.28,"d":"$ 22.28000"},0,0,0,0,0,0,0,0,0,{"v":4.456,"d":"4.45600"},{"v":4.456,"d":"4.45600"},{"v":4.456,"d":"4.45600"},{"v":4.456,"d":"4.45600"},{"v":4.456,"d":"4.45600"},0,0]
[null,null,{"$error":"#REF!"},{"$error":"#REF!"},{"$error":"#REF!"},{"$error":"#REF!"},null,{"v":0,"d":"0.00%"},{"v":0,"d":"0.00%"},{"v":0,"d":"0.00%"},{"v":0,"d":"0.00%"},{"v":0,"d":"0.00%"},{"v":0,"d":"0.00%"},{"v":0,"d":"0.00%"},{"v":0,"d":"0.00%"},{"v":0,"d":"0.00%"},{"v":0.2,"d":"20.00%"},{"v":0.2,"d":"20.00%"},{"v":0.2,"d":"20.00%"},{"v":0.2,"d":"20.00%"},{"v":0.2,"d":"20.00%"},{"v":0,"d":"0.00%"},{"v":0,"d":"0.00%"}]
[null,null,{"$error":"#REF!"},{"$error":"#REF!"},{"$error":"#REF!"},{"$error":"#REF!"},{"$nulls":10},{"v":0.2,"d":"20.00%"},{"v":0.2,"d":"20.00%"},{"v":0.2,"d":"20.00%"},{"v":0.2,"d":"20.00%"},{"v":0.2,"d":"20.00%"}]
[null,640,"INSTALACION DE TUBERIA PP UNION ROSCABLE DI=1 plg 1.25 MPA","m",{"v":4,"d":"4.00000"},{"v":4.1,"d":"$ 4.10000"},{"v":16.4,"d":"$ 16.40000"},0,0,0,0,0,0,0,0,0,{"v":3.28,"d":"3.28000"},{"v":3.28,"d":"3.28000"},{"v":3.28,"d":"3.28000"},{"v":3.28,"d":"3.28000"},{"v":3.28,"d":"3.28000"},0,0]
[null,null,{"$error":"#REF!"},{"$error":"#REF!"},{"$error":"#REF!"},{"$error":"#REF!"},null,{"v":0,"d":"0.00%"},{"v":0,"d":"0.00%"},{"v":0,"d":"0.00%"},{"v":0,"d":"0.00%"},{"v":0,"d":"0.00%"},{"v":0,"d":"0.00%"},{"v":0,"d":"0.00%"},{"v":0,"d":"0.00%"},{"v":0,"d":"0.00%"},{"v":0.2,"d":"20.00%"},{"v":0.2,"d":"20.00%"},{"v":0.2,"d":"20.00%"},{"v":0.2,"d":"20.00%"},{"v":0.2,"d":"20.00%"},{"v":0,"d":"0.00%"},{"v":0,"d":"0.00%"}]
[null,null,{"$error":"#REF!"},{"$error":"#REF!"},{"$error":"#REF!"},{"$error":"#REF!"},{"$nulls":10},{"v":0.2,"d":"20.00%"},{"v":0.2,"d":"20.00%"},{"v":0.2,"d":"20.00%"},{"v":0.2,"d":"20.00%"},{"v":0.2,"d":"20.00%"}]
[null,641,"COLGADOR PARA TUBERIA 1 IN","u",{"v":3,"d":"3.00000"},{"v":1.67,"d":"$ 1.67000"},{"v":5.01,"d":"$ 5.01000"},0,0,0,0,0,0,0,0,0,{"v":1.002,"d":"1.00200"},{"v":1.002,"d":"1.00200"},{"v":1.002,"d":"1.00200"},{"v":1.002,"d":"1.00200"},{"v":1.002,"d":"1.00200"},0,0]
[null,null,{"$error":"#REF!"},{"$error":"#REF!"},{"$error":"#REF!"},{"$error":"#REF!"},null,{"v":0,"d":"0.00%"},{"v":0,"d":"0.00%"},{"v":0,"d":"0.00%"},{"v":0,"d":"0.00%"},{"v":0,"d":"0.00%"},{"v":0,"d":"0.00%"},{"v":0,"d":"0.00%"},{"v":0,"d":"0.00%"},{"v":0,"d":"0.00%"},{"v":0.2,"d":"20.00%"},{"v":0.2,"d":"20.00%"},{"v":0.2,"d":"20.00%"},{"v":0.2,"d":"20.00%"},{"v":0.2,"d":"20.00%"},{"v":0,"d":"0.00%"},{"v":0,"d":"0.00%"}]
[null,null,{"$error":"#REF!"},{"$error":"#REF!"},{"$error":"#REF!"},{"$error":"#REF!"},{"$nulls":10},{"v":0.2,"d":"20.00%"},{"v":0.2,"d":"20.00%"},{"v":0.2,"d":"20.00%"},{"v":0.2,"d":"20.00%"},{"v":0.2,"d":"20.00%"}]
[null,642,"SUMINISTRO E INSTALACION DE VALVULA CHECK ROSCADA PVC D=1\"","u",{"v":1,"d":"1.00000"},{"v":23.18,"d":"$ 23.18000"},{"v":23.18,"d":"$ 23.18000"},0,0,0,0,0,0,0,0,0,{"v":4.636,"d":"4.63600"},{"v":4.636,"d":"4.63600"},{"v":4.636,"d":"4.63600"},{"v":4.636,"d":"4.63600"},{"v":4.636,"d":"4.63600"},0,0]
[null,null,{"$error":"#REF!"},{"$error":"#REF!"},{"$error":"#REF!"},{"$error":"#REF!"},null,{"v":0,"d":"0.00%"},{"v":0,"d":"0.00%"},{"v":0,"d":"0.00%"},{"v":0,"d":"0.00%"},{"v":0,"d":"0.00%"},{"v":0,"d":"0.00%"},{"v":0,"d":"0.00%"},{"v":0,"d":"0.00%"},{"v":0,"d":"0.00%"},{"v":0.2,"d":"20.00%"},{"v":0.2,"d":"20.00%"},{"v":0.2,"d":"20.00%"},{"v":0.2,"d":"20.00%"},{"v":0.2,"d":"20.00%"},{"v":0,"d":"0.00%"},{"v":0,"d":"0.00%"}]
[null,null,{"$error":"#REF!"},{"$error":"#REF!"},{"$error":"#REF!"},{"$error":"#REF!"},{"$nulls":10},{"v":0.2,"d":"20.00%"},{"v":0.2,"d":"20.00%"},{"v":0.2,"d":"20.00%"},{"v":0.2,"d":"20.00%"},{"v":0.2,"d":"20.00%"}]
[null,643,"SUMINISTRO E INSTALACION DE PASAMURO PARA TUBERIA DE H.F. 25mm, L=0.30m","u",{"v":1,"d":"1.00000"},{"v":37.89,"d":"$ 37.89000"},{"v":37.89,"d":"$ 37.89000"},0,0,0,0,0,0,0,0,0,{"v":7.578,"d":"7.57800"},{"v":7.578,"d":"7.57800"},{"v":7.578,"d":"7.57800"},{"v":7.578,"d":"7.57800"},{"v":7.578,"d":"7.57800"},0,0]
[null,null,{"$error":"#REF!"},{"$error":"#REF!"},{"$error":"#REF!"},{"$error":"#REF!"},null,{"v":0,"d":"0.00%"},{"v":0,"d":"0.00%"},{"v":0,"d":"0.00%"},{"v":0,"d":"0.00%"},{"v":0,"d":"0.00%"},{"v":0,"d":"0.00%"},{"v":0,"d":"0.00%"},{"v":0,"d":"0.00%"},{"v":0,"d":"0.00%"},{"v":0.2,"d":"20.00%"},{"v":0.2,"d":"20.00%"},{"v":0.2,"d":"20.00%"},{"v":0.2,"d":"20.00%"},{"v":0.2,"d":"20.00%"},{"v":0,"d":"0.00%"},{"v":0,"d":"0.00%"}]
[null,null,{"$error":"#REF!"},{"$error":"#REF!"},{"$error":"#REF!"},{"$error":"#REF!"},{"$nulls":10},{"v":0.2,"d":"20.00%"},{"v":0.2,"d":"20.00%"},{"v":0.2,"d":"20.00%"},{"v":0.2,"d":"20.00%"},{"v":0.2,"d":"20.00%"}]
[null,644,"SUMINISTRO E INSTALACION DE VALVULA DE CORTE 1\" (INCLUYE ACCESORIOS)","u",{"v":1,"d":"1.00000"},{"v":98.04,"d":"$ 98.04000"},{"v":98.04,"d":"$ 98.04000"},0,0,0,0,0,0,0,0,0,{"v":19.608000000000004,"d":"19.60800"},{"v":19.608000000000004,"d":"19.60800"},{"v":19.608000000000004,"d":"19.60800"},{"v":19.608000000000004,"d":"19.60800"},{"v":19.608000000000004,"d":"19.60800"},0,0]
[null,null,{"$error":"#REF!"},{"$error":"#REF!"},{"$error":"#REF!"},{"$error":"#REF!"},null,{"v":0,"d":"0.00%"},{"v":0,"d":"0.00%"},{"v":0,"d":"0.00%"},{"v":0,"d":"0.00%"},{"v":0,"d":"0.00%"},{"v":0,"d":"0.00%"},{"v":0,"d":"0.00%"},{"v":0,"d":"0.00%"},{"v":0,"d":"0.00%"},{"v":0.2,"d":"20.00%"},{"v":0.2,"d":"20.00%"},{"v":0.2,"d":"20.00%"},{"v":0.2,"d":"20.00%"},{"v":0.2,"d":"20.00%"},{"v":0,"d":"0.00%"},{"v":0,"d":"0.00%"}]
[null,null,{"$error":"#REF!"},{"$error":"#REF!"},{"$error":"#REF!"},{"$error":"#REF!"},{"$nulls":10},{"v":0.2,"d":"20.00%"},{"v":0.2,"d":"20.00%"},{"v":0.2,"d":"20.00%"},{"v":0.2,"d":"20.00%"},{"v":0.2,"d":"20.00%"}]
[null,645,"HORMIGON PREMEZCLADO F´C=180 Kg/cm2, PARA BLOQUES DE ANCLAJES","m3",{"v":0.06,"d":"0.06000"},{"v":188.57,"d":"$ 188.57000"},{"v":11.3142,"d":"$ 11.31420"},0,0,0,0,0,0,0,0,0,2.26284,2.26284,2.26284,2.26284,2.26284,0,0]
[null,null,{"$error":"#REF!"},{"$error":"#REF!"},{"$error":"#REF!"},{"$error":"#REF!"},null,{"v":0,"d":"0.00%"},{"v":0,"d":"0.00%"},{"v":0,"d":"0.00%"},{"v":0,"d":"0.00%"},{"v":0,"d":"0.00%"},{"v":0,"d":"0.00%"},{"v":0,"d":"0.00%"},{"v":0,"d":"0.00%"},{"v":0,"d":"0.00%"},{"v":0.2,"d":"20.00%"},{"v":0.2,"d":"20.00%"},{"v":0.2,"d":"20.00%"},{"v":0.2,"d":"20.00%"},{"v":0.2,"d":"20.00%"},{"v":0,"d":"0.00%"},{"v":0,"d":"0.00%"}]
[null,null,{"$error":"#REF!"},{"$error":"#REF!"},{"$error":"#REF!"},{"$error":"#REF!"},{"$nulls":10},{"v":0.2,"d":"20.00%"},{"v":0.2,"d":"20.00%"},{"v":0.2,"d":"20.00%"},{"v":0.2,"d":"20.00%"},{"v":0.2,"d":"20.00%"}]
[null,646,"SUMINISTRO E INSTALACION DE VALVULA CHECK ROSCADA PVC D=1 1/2\"","u",{"v":2,"d":"2.00000"},{"v":55.93,"d":"$ 55.93000"},{"v":111.86,"d":"$ 111.86000"},0,0,0,0,0,0,0,0,0,{"v":22.372,"d":"22.37200"},{"v":22.372,"d":"22.37200"},{"v":22.372,"d":"22.37200"},{"v":22.372,"d":"22.37200"},{"v":22.372,"d":"22.37200"},0,0]
[null,null,{"$error":"#REF!"},{"$error":"#REF!"},{"$error":"#REF!"},{"$error":"#REF!"},null,{"v":0,"d":"0.00%"},{"v":0,"d":"0.00%"},{"v":0,"d":"0.00%"},{"v":0,"d":"0.00%"},{"v":0,"d":"0.00%"},{"v":0,"d":"0.00%"},{"v":0,"d":"0.00%"},{"v":0,"d":"0.00%"},{"v":0,"d":"0.00%"},{"v":0.2,"d":"20.00%"},{"v":0.2,"d":"20.00%"},{"v":0.2,"d":"20.00%"},{"v":0.2,"d":"20.00%"},{"v":0.2,"d":"20.00%"},{"v":0,"d":"0.00%"},{"v":0,"d":"0.00%"}]
[null,null,{"$error":"#REF!"},{"$error":"#REF!"},{"$error":"#REF!"},{"$error":"#REF!"},{"$nulls":10},{"v":0.2,"d":"20.00%"},{"v":0.2,"d":"20.00%"},{"v":0.2,"d":"20.00%"},{"v":0.2,"d":"20.00%"},{"v":0.2,"d":"20.00%"}]
[null,647,"SUMINISTRO E INSTALACION DE VALVULA DE CORTE 1 1/2\" (INCLUYE ACCESORIOS)","u",{"v":2,"d":"2.00000"},{"v":103.01,"d":"$ 103.01000"},{"v":206.02,"d":"$ 206.02000"},0,0,0,0,0,0,0,0,0,{"v":41.20400000000001,"d":"41.20400"},{"v":41.20400000000001,"d":"41.20400"},{"v":41.20400000000001,"d":"41.20400"},{"v":41.20400000000001,"d":"41.20400"},{"v":41.20400000000001,"d":"41.20400"},0,0]
[null,null,{"$error":"#REF!"},{"$error":"#REF!"},{"$error":"#REF!"},{"$error":"#REF!"},null,{"v":0,"d":"0.00%"},{"v":0,"d":"0.00%"},{"v":0,"d":"0.00%"},{"v":0,"d":"0.00%"},{"v":0,"d":"0.00%"},{"v":0,"d":"0.00%"},{"v":0,"d":"0.00%"},{"v":0,"d":"0.00%"},{"v":0,"d":"0.00%"},{"v":0.2,"d":"20.00%"},{"v":0.2,"d":"20.00%"},{"v":0.2,"d":"20.00%"},{"v":0.2,"d":"20.00%"},{"v":0.2,"d":"20.00%"},{"v":0,"d":"0.00%"},{"v":0,"d":"0.00%"}]
[null,null,{"$error":"#REF!"},{"$error":"#REF!"},{"$error":"#REF!"},{"$error":"#REF!"},{"$nulls":10},{"v":0.2,"d":"20.00%"},{"v":0.2,"d":"20.00%"},{"v":0.2,"d":"20.00%"},{"v":0.2,"d":"20.00%"},{"v":0.2,"d":"20.00%"}]
[null,648,"SUMINISTRO E INSTALACION DE CODO 90' PP 1 1/2 IN ROSCABLE","u",{"v":13,"d":"13.00000"},{"v":11.62,"d":"$ 11.62000"},{"v":151.06,"d":"$ 151.06000"},0,0,0,0,0,0,0,0,0,{"v":30.212000000000003,"d":"30.21200"},{"v":30.212000000000003,"d":"30.21200"},{"v":30.212000000000003,"d":"30.21200"},{"v":30.212000000000003,"d":"30.21200"},{"v":30.212000000000003,"d":"30.21200"},0,0]
[null,null,{"$error":"#REF!"},{"$error":"#REF!"},{"$error":"#REF!"},{"$error":"#REF!"},null,{"v":0,"d":"0.00%"},{"v":0,"d":"0.00%"},{"v":0,"d":"0.00%"},{"v":0,"d":"0.00%"},{"v":0,"d":"0.00%"},{"v":0,"d":"0.00%"},{"v":0,"d":"0.00%"},{"v":0,"d":"0.00%"},{"v":0,"d":"0.00%"},{"v":0.2,"d":"20.00%"},{"v":0.2,"d":"20.00%"},{"v":0.2,"d":"20.00%"},{"v":0.2,"d":"20.00%"},{"v":0.2,"d":"20.00%"},{"v":0,"d":"0.00%"},{"v":0,"d":"0.00%"}]
[null,null,{"$error":"#REF!"},{"$error":"#REF!"},{"$error":"#REF!"},{"$error":"#REF!"},{"$nulls":10},{"v":0.2,"d":"20.00%"},{"v":0.2,"d":"20.00%"},{"v":0.2,"d":"20.00%"},{"v":0.2,"d":"20.00%"},{"v":0.2,"d":"20.00%"}]
[null,649,"MANOMETRO VERTICAL 1/2\"","u",{"v":3,"d":"3.00000"},{"v":70.28,"d":"$ 70.28000"},{"v":210.84,"d":"$ 210.84000"},0,0,0,0,0,0,0,0,0,{"v":42.168000000000006,"d":"42.16800"},{"v":42.168000000000006,"d":"42.16800"},{"v":42.168000000000006,"d":"42.16800"},{"v":42.168000000000006,"d":"42.16800"},{"v":42.168000000000006,"d":"42.16800"},0,0]
[null,null,{"$error":"#REF!"},{"$error":"#REF!"},{"$error":"#REF!"},{"$error":"#REF!"},null,{"v":0,"d":"0.00%"},{"v":0,"d":"0.00%"},{"v":0,"d":"0.00%"},{"v":0,"d":"0.00%"},{"v":0,"d":"0.00%"},{"v":0,"d":"0.00%"},{"v":0,"d":"0.00%"},{"v":0,"d":"0.00%"},{"v":0,"d":"0.00%"},{"v":0.2,"d":"20.00%"},{"v":0.2,"d":"20.00%"},{"v":0.2,"d":"20.00%"},{"v":0.2,"d":"20.00%"},{"v":0.2,"d":"20.00%"},{"v":0,"d":"0.00%"},{"v":0,"d":"0.00%"}]
[null,null,{"$error":"#REF!"},{"$error":"#REF!"},{"$error":"#REF!"},{"$error":"#REF!"},{"$nulls":10},{"v":0.2,"d":"20.00%"},{"v":0.2,"d":"20.00%"},{"v":0.2,"d":"20.00%"},{"v":0.2,"d":"20.00%"},{"v":0.2,"d":"20.00%"}]
[null,650,"SUMINISTRO DE TUBERIA PP UNION ROSCABLE DI=1 1/2  plg 1.25 MPA","m",{"v":50,"d":"50.00000"},{"v":9.71,"d":"$ 9.71000"},{"v":485.50000000000006,"d":"$ 485.50000"},0,0,0,0,0,0,0,0,0,{"v":97.10000000000002,"d":"97.10000"},{"v":97.10000000000002,"d":"97.10000"},{"v":97.10000000000002,"d":"97.10000"},{"v":97.10000000000002,"d":"97.10000"},{"v":97.10000000000002,"d":"97.10000"},0,0]
[null,null,{"$error":"#REF!"},{"$error":"#REF!"},{"$error":"#REF!"},{"$error":"#REF!"},null,{"v":0,"d":"0.00%"},{"v":0,"d":"0.00%"},{"v":0,"d":"0.00%"},{"v":0,"d":"0.00%"},{"v":0,"d":"0.00%"},{"v":0,"d":"0.00%"},{"v":0,"d":"0.00%"},{"v":0,"d":"0.00%"},{"v":0,"d":"0.00%"},{"v":0.2,"d":"20.00%"},{"v":0.2,"d":"20.00%"},{"v":0.2,"d":"20.00%"},{"v":0.2,"d":"20.00%"},{"v":0.2,"d":"20.00%"},{"v":0,"d":"0.00%"},{"v":0,"d":"0.00%"}]
[null,null,{"$error":"#REF!"},{"$error":"#REF!"},{"$error":"#REF!"},{"$error":"#REF!"},{"$nulls":10},{"v":0.2,"d":"20.00%"},{"v":0.2,"d":"20.00%"},{"v":0.2,"d":"20.00%"},{"v":0.2,"d":"20.00%"},{"v":0.2,"d":"20.00%"}]
[null,651,"INSTALACION DE TUBERIA PP UNION ROSCABLE DI=1 1/2 plg 1.25 MPA","m",{"v":50,"d":"50.00000"},{"v":1.4,"d":"$ 1.40000"},{"v":70,"d":"$ 70.00000"},0,0,0,0,0,0,0,0,0,{"v":14,"d":"14.00000"},{"v":14,"d":"14.00000"},{"v":14,"d":"14.00000"},{"v":14,"d":"14.00000"},{"v":14,"d":"14.00000"},0,0]
[null,null,{"$error":"#REF!"},{"$error":"#REF!"},{"$error":"#REF!"},{"$error":"#REF!"},null,{"v":0,"d":"0.00%"},{"v":0,"d":"0.00%"},{"v":0,"d":"0.00%"},{"v":0,"d":"0.00%"},{"v":0,"d":"0.00%"},{"v":0,"d":"0.00%"},{"v":0,"d":"0.00%"},{"v":0,"d":"0.00%"},{"v":0,"d":"0.00%"},{"v":0.2,"d":"20.00%"},{"v":0.2,"d":"20.00%"},{"v":0.2,"d":"20.00%"},{"v":0.2,"d":"20.00%"},{"v":0.2,"d":"20.00%"},{"v":0,"d":"0.00%"},{"v":0,"d":"0.00%"}]
[null,null,{"$error":"#REF!"},{"$error":"#REF!"},{"$error":"#REF!"},{"$error":"#REF!"},{"$nulls":10},{"v":0.2,"d":"20.00%"},{"v":0.2,"d":"20.00%"},{"v":0.2,"d":"20.00%"},{"v":0.2,"d":"20.00%"},{"v":0.2,"d":"20.00%"}]
[null,652,"COLGADOR PARA TUBERIA 1 1/2 IN","u",{"v":17,"d":"17.00000"},{"v":2.53,"d":"$ 2.53000"},{"v":43.01,"d":"$ 43.01000"},0,0,0,0,0,0,0,0,0,{"v":8.602,"d":"8.60200"},{"v":8.602,"d":"8.60200"},{"v":8.602,"d":"8.60200"},{"v":8.602,"d":"8.60200"},{"v":8.602,"d":"8.60200"},0,0]
[null,null,{"$error":"#REF!"},{"$error":"#REF!"},{"$error":"#REF!"},{"$error":"#REF!"},null,{"v":0,"d":"0.00%"},{"v":0,"d":"0.00%"},{"v":0,"d":"0.00%"},{"v":0,"d":"0.00%"},{"v":0,"d":"0.00%"},{"v":0,"d":"0.00%"},{"v":0,"d":"0.00%"},{"v":0,"d":"0.00%"},{"v":0,"d":"0.00%"},{"v":0.2,"d":"20.00%"},{"v":0.2,"d":"20.00%"},{"v":0.2,"d":"20.00%"},{"v":0.2,"d":"20.00%"},{"v":0.2,"d":"20.00%"},{"v":0,"d":"0.00%"},{"v":0,"d":"0.00%"}]
[null,null,{"$error":"#REF!"},{"$error":"#REF!"},{"$error":"#REF!"},{"$error":"#REF!"},{"$nulls":10},{"v":0.2,"d":"20.00%"},{"v":0.2,"d":"20.00%"},{"v":0.2,"d":"20.00%"},{"v":0.2,"d":"20.00%"},{"v":0.2,"d":"20.00%"}]
[null,653,"SUMINISTRO E INSTALACION DE REDUCTOR DE 1 1/2 A 1 IN PP ROSCABLE","u",{"v":1,"d":"1.00000"},{"v":7.66,"d":"$ 7.66000"},{"v":7.66,"d":"$ 7.66000"},0,0,0,0,0,0,0,0,0,{"v":1.532,"d":"1.53200"},{"v":1.532,"d":"1.53200"},{"v":1.532,"d":"1.53200"},{"v":1.532,"d":"1.53200"},{"v":1.532,"d":"1.53200"},0,0]
[null,null,{"$error":"#REF!"},{"$error":"#REF!"},{"$error":"#REF!"},{"$error":"#REF!"},null,{"v":0,"d":"0.00%"},{"v":0,"d":"0.00%"},{"v":0,"d":"0.00%"},{"v":0,"d":"0.00%"},{"v":0,"d":"0.00%"},{"v":0,"d":"0.00%"},{"v":0,"d":"0.00%"},{"v":0,"d":"0.00%"},{"v":0,"d":"0.00%"},{"v":0.2,"d":"20.00%"},{"v":0.2,"d":"20.00%"},{"v":0.2,"d":"20.00%"},{"v":0.2,"d":"20.00%"},{"v":0.2,"d":"20.00%"},{"v":0,"d":"0.00%"},{"v":0,"d":"0.00%"}]
[null,null,{"$error":"#REF!"},{"$error":"#REF!"},{"$error":"#REF!"},{"$error":"#REF!"},{"$nulls":10},{"v":0.2,"d":"20.00%"},{"v":0.2,"d":"20.00%"},{"v":0.2,"d":"20.00%"},{"v":0.2,"d":"20.00%"},{"v":0.2,"d":"20.00%"}]
[null,654,"TAPA DRENAJE DE FONDO","u",{"v":3,"d":"3.00000"},{"v":36.82,"d":"$ 36.82000"},{"v":110.46000000000001,"d":"$ 110.46000"},0,0,0,0,0,0,0,0,0,{"v":22.092000000000002,"d":"22.09200"},{"v":22.092000000000002,"d":"22.09200"},{"v":22.092000000000002,"d":"22.09200"},{"v":22.092000000000002,"d":"22.09200"},{"v":22.092000000000002,"d":"22.09200"},0,0]
[null,null,{"$error":"#REF!"},{"$error":"#REF!"},{"$error":"#REF!"},{"$error":"#REF!"},null,{"v":0,"d":"0.00%"},{"v":0,"d":"0.00%"},{"v":0,"d":"0.00%"},{"v":0,"d":"0.00%"},{"v":0,"d":"0.00%"},{"v":0,"d":"0.00%"},{"v":0,"d":"0.00%"},{"v":0,"d":"0.00%"},{"v":0,"d":"0.00%"},{"v":0.2,"d":"20.00%"},{"v":0.2,"d":"20.00%"},{"v":0.2,"d":"20.00%"},{"v":0.2,"d":"20.00%"},{"v":0.2,"d":"20.00%"},{"v":0,"d":"0.00%"},{"v":0,"d":"0.00%"}]
[null,null,{"$error":"#REF!"},{"$error":"#REF!"},{"$error":"#REF!"},{"$error":"#REF!"},{"$nulls":10},{"v":0.2,"d":"20.00%"},{"v":0.2,"d":"20.00%"},{"v":0.2,"d":"20.00%"},{"v":0.2,"d":"20.00%"},{"v":0.2,"d":"20.00%"}]
[null,655,"BOQUILLA TIPO DIRECTA","u",{"v":4,"d":"4.00000"},{"v":4.05,"d":"$ 4.05000"},{"v":16.2,"d":"$ 16.20000"},0,0,0,0,0,0,0,0,0,{"v":3.24,"d":"3.24000"},{"v":3.24,"d":"3.24000"},{"v":3.24,"d":"3.24000"},{"v":3.24,"d":"3.24000"},{"v":3.24,"d":"3.24000"},0,0]
[null,null,{"$error":"#REF!"},{"$error":"#REF!"},{"$error":"#REF!"},{"$error":"#REF!"},null,{"v":0,"d":"0.00%"},{"v":0,"d":"0.00%"},{"v":0,"d":"0.00%"},{"v":0,"d":"0.00%"},{"v":0,"d":"0.00%"},{"v":0,"d":"0.00%"},{"v":0,"d":"0.00%"},{"v":0,"d":"0.00%"},{"v":0,"d":"0.00%"},{"v":0.2,"d":"20.00%"},{"v":0.2,"d":"20.00%"},{"v":0.2,"d":"20.00%"},{"v":0.2,"d":"20.00%"},{"v":0.2,"d":"20.00%"},{"v":0,"d":"0.00%"},{"v":0,"d":"0.00%"}]
[null,null,{"$error":"#REF!"},{"$error":"#REF!"},{"$error":"#REF!"},{"$error":"#REF!"},{"$nulls":10},{"v":0.2,"d":"20.00%"},{"v":0.2,"d":"20.00%"},{"v":0.2,"d":"20.00%"},{"v":0.2,"d":"20.00%"},{"v":0.2,"d":"20.00%"}]
[null,656,"FILTRO 24\"","u",{"v":1,"d":"1.00000"},{"v":403.72,"d":"$ 403.72000"},{"v":403.72,"d":"$ 403.72000"},0,0,0,0,0,0,0,0,0,{"v":80.74400000000001,"d":"80.74400"},{"v":80.74400000000001,"d":"80.74400"},{"v":80.74400000000001,"d":"80.74400"},{"v":80.74400000000001,"d":"80.74400"},{"v":80.74400000000001,"d":"80.74400"},0,0]
[null,null,{"$error":"#REF!"},{"$error":"#REF!"},{"$error":"#REF!"},{"$error":"#REF!"},null,{"v":0,"d":"0.00%"},{"v":0,"d":"0.00%"},{"v":0,"d":"0.00%"},{"v":0,"d":"0.00%"},{"v":0,"d":"0.00%"},{"v":0,"d":"0.00%"},{"v":0,"d":"0.00%"},{"v":0,"d":"0.00%"},{"v":0,"d":"0.00%"},{"v":0.2,"d":"20.00%"},{"v":0.2,"d":"20.00%"},{"v":0.2,"d":"20.00%"},{"v":0.2,"d":"20.00%"},{"v":0.2,"d":"20.00%"},{"v":0,"d":"0.00%"},{"v":0,"d":"0.00%"}]
[null,null,{"$error":"#REF!"},{"$error":"#REF!"},{"$error":"#REF!"},{"$error":"#REF!"},{"$nulls":10},{"v":0.2,"d":"20.00%"},{"v":0.2,"d":"20.00%"},{"v":0.2,"d":"20.00%"},{"v":0.2,"d":"20.00%"},{"v":0.2,"d":"20.00%"}]
[null,657,"MASILLADO Y ALISADO DE PISOS CON IMPERMEABILIZANTE","m2",{"v":379.68,"d":"379.68000"},{"v":14.48,"d":"$ 14.48000"},{"v":5497.7664,"d":"$ 5,497.76640"},0,0,0,0,0,0,0,0,0,{"v":1099.55328,"d":"1,099.55328"},{"v":1099.55328,"d":"1,099.55328"},{"v":1099.55328,"d":"1,099.55328"},{"v":1099.55328,"d":"1,099.55328"},{"v":1099.55328,"d":"1,099.55328"},0,0]
[null,null,{"$error":"#REF!"},{"$error":"#REF!"},{"$error":"#REF!"},{"$error":"#REF!"},null,{"v":0,"d":"0.00%"},{"v":0,"d":"0.00%"},{"v":0,"d":"0.00%"},{"v":0,"d":"0.00%"},{"v":0,"d":"0.00%"},{"v":0,"d":"0.00%"},{"v":0,"d":"0.00%"},{"v":0,"d":"0.00%"},{"v":0,"d":"0.00%"},{"v":0.2,"d":"20.00%"},{"v":0.2,"d":"20.00%"},{"v":0.2,"d":"20.00%"},{"v":0.2,"d":"20.00%"},{"v":0.2,"d":"20.00%"},{"v":0,"d":"0.00%"},{"v":0,"d":"0.00%"}]
[null,null,{"$error":"#REF!"},{"$error":"#REF!"},{"$error":"#REF!"},{"$error":"#REF!"},{"$nulls":10},{"v":0.2,"d":"20.00%"},{"v":0.2,"d":"20.00%"},{"v":0.2,"d":"20.00%"},{"v":0.2,"d":"20.00%"},{"v":0.2,"d":"20.00%"}]
[null,658,"SUMINISTRO E INSTALACION DE PIEDRA NATURAL TRITURADA","m2",{"v":113.8,"d":"113.80000"},{"v":13.24,"d":"$ 13.24000"},{"v":1506.712,"d":"$ 1,506.71200"},0,0,0,0,0,0,0,0,0,{"v":301.3424,"d":"301.34240"},{"v":301.3424,"d":"301.34240"},{"v":301.3424,"d":"301.34240"},{"v":301.3424,"d":"301.34240"},{"v":301.3424,"d":"301.34240"},0,0]
[null,null,{"$error":"#REF!"},{"$error":"#REF!"},{"$error":"#REF!"},{"$error":"#REF!"},null,{"v":0,"d":"0.00%"},{"v":0,"d":"0.00%"},{"v":0,"d":"0.00%"},{"v":0,"d":"0.00%"},{"v":0,"d":"0.00%"},{"v":0,"d":"0.00%"},{"v":0,"d":"0.00%"},{"v":0,"d":"0.00%"},{"v":0,"d":"0.00%"},{"v":0.2,"d":"20.00%"},{"v":0.2,"d":"20.00%"},{"v":0.2,"d":"20.00%"},{"v":0.2,"d":"20.00%"},{"v":0.2,"d":"20.00%"},{"v":0,"d":"0.00%"},{"v":0,"d":"0.00%"}]
[null,null,{"$error":"#REF!"},{"$error":"#REF!"},{"$error":"#REF!"},{"$error":"#REF!"},{"$nulls":10},{"v":0.2,"d":"20.00%"},{"v":0.2,"d":"20.00%"},{"v":0.2,"d":"20.00%"},{"v":0.2,"d":"20.00%"},{"v":0.2,"d":"20.00%"}]
[null,659,"MOSAICO VITREO 20x20mm","m2",{"v":238.5,"d":"238.50000"},{"v":84.76,"d":"$ 84.76000"},{"v":20215.260000000002,"d":"$ 20,215.26000"},0,0,0,0,0,0,0,0,0,{"v":4043.0520000000006,"d":"4,043.05200"},{"v":4043.0520000000006,"d":"4,043.05200"},{"v":4043.0520000000006,"d":"4,043.05200"},{"v":4043.0520000000006,"d":"4,043.05200"},{"v":4043.0520000000006,"d":"4,043.05200"},0,0]
[null,null,{"$error":"#REF!"},{"$error":"#REF!"},{"$error":"#REF!"},{"$error":"#REF!"},null,{"v":0,"d":"0.00%"},{"v":0,"d":"0.00%"},{"v":0,"d":"0.00%"},{"v":0,"d":"0.00%"},{"v":0,"d":"0.00%"},{"v":0,"d":"0.00%"},{"v":0,"d":"0.00%"},{"v":0,"d":"0.00%"},{"v":0,"d":"0.00%"},{"v":0.2,"d":"20.00%"},{"v":0.2,"d":"20.00%"},{"v":0.2,"d":"20.00%"},{"v":0.2,"d":"20.00%"},{"v":0.2,"d":"20.00%"},{"v":0,"d":"0.00%"},{"v":0,"d":"0.00%"}]
[null,null,{"$error":"#REF!"},{"$error":"#REF!"},{"$error":"#REF!"},{"$error":"#REF!"},{"$nulls":10},{"v":0.2,"d":"20.00%"},{"v":0.2,"d":"20.00%"},{"v":0.2,"d":"20.00%"},{"v":0.2,"d":"20.00%"},{"v":0.2,"d":"20.00%"}]
[null,660,"PINTURA PARA PISCINA (INCLUYE EMPASTE)","m2",{"v":379.68,"d":"379.68000"},{"v":11.72,"d":"$ 11.72000"},{"v":4449.8496000000005,"d":"$ 4,449.84960"},0,0,0,0,0,0,0,0,0,{"v":889.9699200000001,"d":"889.96992"},{"v":889.9699200000001,"d":"889.96992"},{"v":889.9699200000001,"d":"889.96992"},{"v":889.9699200000001,"d":"889.96992"},{"v":889.9699200000001,"d":"889.96992"},0,0]
[null,null,{"$error":"#REF!"},{"$error":"#REF!"},{"$error":"#REF!"},{"$error":"#REF!"},null,{"v":0,"d":"0.00%"},{"v":0,"d":"0.00%"},{"v":0,"d":"0.00%"},{"v":0,"d":"0.00%"},{"v":0,"d":"0.00%"},{"v":0,"d":"0.00%"},{"v":0,"d":"0.00%"},{"v":0,"d":"0.00%"},{"v":0,"d":"0.00%"},{"v":0.2,"d":"20.00%"},{"v":0.2,"d":"20.00%"},{"v":0.2,"d":"20.00%"},{"v":0.2,"d":"20.00%"},{"v":0.2,"d":"20.00%"},{"v":0,"d":"0.00%"},{"v":0,"d":"0.00%"}]
[null,null,{"$error":"#REF!"},{"$error":"#REF!"},{"$error":"#REF!"},{"$error":"#REF!"},{"$nulls":10},{"v":0.2,"d":"20.00%"},{"v":0.2,"d":"20.00%"},{"v":0.2,"d":"20.00%"},{"v":0.2,"d":"20.00%"},{"v":0.2,"d":"20.00%"}]
[null,661,"SUMINISTRO E INSTALACION DE BOMBA CENTRIFUGA 1 HP","u",{"v":1,"d":"1.00000"},{"v":726.81,"d":"$ 726.81000"},{"v":726.81,"d":"$ 726.81000"},0,0,0,0,0,0,0,0,0,{"v":145.362,"d":"145.36200"},{"v":145.362,"d":"145.36200"},{"v":145.362,"d":"145.36200"},{"v":145.362,"d":"145.36200"},{"v":145.362,"d":"145.36200"},0,0]
[null,null,{"$error":"#REF!"},{"$error":"#REF!"},{"$error":"#REF!"},{"$error":"#REF!"},null,{"v":0,"d":"0.00%"},{"v":0,"d":"0.00%"},{"v":0,"d":"0.00%"},{"v":0,"d":"0.00%"},{"v":0,"d":"0.00%"},{"v":0,"d":"0.00%"},{"v":0,"d":"0.00%"},{"v":0,"d":"0.00%"},{"v":0,"d":"0.00%"},{"v":0.2,"d":"20.00%"},{"v":0.2,"d":"20.00%"},{"v":0.2,"d":"20.00%"},{"v":0.2,"d":"20.00%"},{"v":0.2,"d":"20.00%"},{"v":0,"d":"0.00%"},{"v":0,"d":"0.00%"}]
[null,null,{"$error":"#REF!"},{"$error":"#REF!"},{"$error":"#REF!"},{"$error":"#REF!"},{"$nulls":10},{"v":0.2,"d":"20.00%"},{"v":0.2,"d":"20.00%"},{"v":0.2,"d":"20.00%"},{"v":0.2,"d":"20.00%"},{"v":0.2,"d":"20.00%"}]
[null,662,"SUMINISTRO E INSTALACION DE CODO 90' PP 3/4 IN ROSCABLE","u",{"v":9,"d":"9.00000"},{"v":9.41,"d":"$ 9.41000"},{"v":84.69,"d":"$ 84.69000"},0,0,0,0,0,0,0,0,0,{"v":16.938,"d":"16.93800"},{"v":16.938,"d":"16.93800"},{"v":16.938,"d":"16.93800"},{"v":16.938,"d":"16.93800"},{"v":16.938,"d":"16.93800"},0,0]
[null,null,{"$error":"#REF!"},{"$error":"#REF!"},{"$error":"#REF!"},{"$error":"#REF!"},null,{"v":0,"d":"0.00%"},{"v":0,"d":"0.00%"},{"v":0,"d":"0.00%"},{"v":0,"d":"0.00%"},{"v":0,"d":"0.00%"},{"v":0,"d":"0.00%"},{"v":0,"d":"0.00%"},{"v":0,"d":"0.00%"},{"v":0,"d":"0.00%"},{"v":0.2,"d":"20.00%"},{"v":0.2,"d":"20.00%"},{"v":0.2,"d":"20.00%"},{"v":0.2,"d":"20.00%"},{"v":0.2,"d":"20.00%"},{"v":0,"d":"0.00%"},{"v":0,"d":"0.00%"}]
[null,null,{"$error":"#REF!"},{"$error":"#REF!"},{"$error":"#REF!"},{"$error":"#REF!"},{"$nulls":10},{"v":0.2,"d":"20.00%"},{"v":0.2,"d":"20.00%"},{"v":0.2,"d":"20.00%"},{"v":0.2,"d":"20.00%"},{"v":0.2,"d":"20.00%"}]
[null,663,"SUMINISTRO E INSTALACION DE TEE 3/4 IN PP ROSCABLE","u",{"v":11,"d":"11.00000"},{"v":8.24,"d":"$ 8.24000"},{"v":90.64,"d":"$ 90.64000"},0,0,0,0,0,0,0,0,0,{"v":18.128,"d":"18.12800"},{"v":18.128,"d":"18.12800"},{"v":18.128,"d":"18.12800"},{"v":18.128,"d":"18.12800"},{"v":18.128,"d":"18.12800"},0,0]
[null,null,{"$error":"#REF!"},{"$error":"#REF!"},{"$error":"#REF!"},{"$error":"#REF!"},null,{"v":0,"d":"0.00%"},{"v":0,"d":"0.00%"},{"v":0,"d":"0.00%"},{"v":0,"d":"0.00%"},{"v":0,"d":"0.00%"},{"v":0,"d":"0.00%"},{"v":0,"d":"0.00%"},{"v":0,"d":"0.00%"},{"v":0,"d":"0.00%"},{"v":0.2,"d":"20.00%"},{"v":0.2,"d":"20.00%"},{"v":0.2,"d":"20.00%"},{"v":0.2,"d":"20.00%"},{"v":0.2,"d":"20.00%"},{"v":0,"d":"0.00%"},{"v":0,"d":"0.00%"}]
[null,null,{"$error":"#REF!"},{"$error":"#REF!"},{"$error":"#REF!"},{"$error":"#REF!"},{"$nulls":10},{"v":0.2,"d":"20.00%"},{"v":0.2,"d":"20.00%"},{"v":0.2,"d":"20.00%"},{"v":0.2,"d":"20.00%"},{"v":0.2,"d":"20.00%"}]
[null,664,"SUMINISTRO DE TUBERIA PP UNION ROSCABLE DI=3/4 plg 1.25 MPA","m",{"v":48,"d":"48.00000"},{"v":3.77,"d":"$ 3.77000"},{"v":180.96,"d":"$ 180.96000"},0,0,0,0,0,0,0,0,0,{"v":36.192,"d":"36.19200"},{"v":36.192,"d":"36.19200"},{"v":36.192,"d":"36.19200"},{"v":36.192,"d":"36.19200"},{"v":36.192,"d":"36.19200"},0,0]
[null,null,{"$error":"#REF!"},{"$error":"#REF!"},{"$error":"#REF!"},{"$error":"#REF!"},null,{"v":0,"d":"0.00%"},{"v":0,"d":"0.00%"},{"v":0,"d":"0.00%"},{"v":0,"d":"0.00%"},{"v":0,"d":"0.00%"},{"v":0,"d":"0.00%"},{"v":0,"d":"0.00%"},{"v":0,"d":"0.00%"},{"v":0,"d":"0.00%"},{"v":0.2,"d":"20.00%"},{"v":0.2,"d":"20.00%"},{"v":0.2,"d":"20.00%"},{"v":0.2,"d":"20.00%"},{"v":0.2,"d":"20.00%"},{"v":0,"d":"0.00%"},{"v":0,"d":"0.00%"}]
[null,null,{"$error":"#REF!"},{"$error":"#REF!"},{"$error":"#REF!"},{"$error":"#REF!"},{"$nulls":10},{"v":0.2,"d":"20.00%"},{"v":0.2,"d":"20.00%"},{"v":0.2,"d":"20.00%"},{"v":0.2,"d":"20.00%"},{"v":0.2,"d":"20.00%"}]
[null,665,"INSTALACION DE TUBERIA PP UNION ROSCABLE DI=3/4 plg 1.25 MPA","m",{"v":48,"d":"48.00000"},{"v":6.12,"d":"$ 6.12000"},{"v":293.76,"d":"$ 293.76000"},0,0,0,0,0,0,0,0,0,{"v":58.752,"d":"58.75200"},{"v":58.752,"d":"58.75200"},{"v":58.752,"d":"58.75200"},{"v":58.752,"d":"58.75200"},{"v":58.752,"d":"58.75200"},0,0]
[null,null,{"$error":"#REF!"},{"$error":"#REF!"},{"$error":"#REF!"},{"$error":"#REF!"},null,{"v":0,"d":"0.00%"},{"v":0,"d":"0.00%"},{"v":0,"d":"0.00%"},{"v":0,"d":"0.00%"},{"v":0,"d":"0.00%"},{"v":0,"d":"0.00%"},{"v":0,"d":"0.00%"},{"v":0,"d":"0.00%"},{"v":0,"d":"0.00%"},{"v":0.2,"d":"20.00%"},{"v":0.2,"d":"20.00%"},{"v":0.2,"d":"20.00%"},{"v":0.2,"d":"20.00%"},{"v":0.2,"d":"20.00%"},{"v":0,"d":"0.00%"},{"v":0,"d":"0.00%"}]
[null,null,{"$error":"#REF!"},{"$error":"#REF!"},{"$error":"#REF!"},{"$error":"#REF!"},{"$nulls":10},{"v":0.2,"d":"20.00%"},{"v":0.2,"d":"20.00%"},{"v":0.2,"d":"20.00%"},{"v":0.2,"d":"20.00%"},{"v":0.2,"d":"20.00%"}]
[null,666,"COLGADOR PARA TUBERIA 3/4 IN","u",{"v":16,"d":"16.00000"},{"v":2.33,"d":"$ 2.33000"},{"v":37.28,"d":"$ 37.28000"},0,0,0,0,0,0,0,0,0,{"v":7.456,"d":"7.45600"},{"v":7.456,"d":"7.45600"},{"v":7.456,"d":"7.45600"},{"v":7.456,"d":"7.45600"},{"v":7.456,"d":"7.45600"},0,0]
[null,null,{"$error":"#REF!"},{"$error":"#REF!"},{"$error":"#REF!"},{"$error":"#REF!"},null,{"v":0,"d":"0.00%"},{"v":0,"d":"0.00%"},{"v":0,"d":"0.00%"},{"v":0,"d":"0.00%"},{"v":0,"d":"0.00%"},{"v":0,"d":"0.00%"},{"v":0,"d":"0.00%"},{"v":0,"d":"0.00%"},{"v":0,"d":"0.00%"},{"v":0.2,"d":"20.00%"},{"v":0.2,"d":"20.00%"},{"v":0.2,"d":"20.00%"},{"v":0.2,"d":"20.00%"},{"v":0.2,"d":"20.00%"},{"v":0,"d":"0.00%"},{"v":0,"d":"0.00%"}]
[null,null,{"$error":"#REF!"},{"$error":"#REF!"},{"$error":"#REF!"},{"$error":"#REF!"},{"$nulls":10},{"v":0.2,"d":"20.00%"},{"v":0.2,"d":"20.00%"},{"v":0.2,"d":"20.00%"},{"v":0.2,"d":"20.00%"},{"v":0.2,"d":"20.00%"}]
[null,667,"MANOMETRO VERTICAL 1/2\"","u",{"v":1,"d":"1.00000"},{"v":70.28,"d":"$ 70.28000"},{"v":70.28,"d":"$ 70.28000"},0,0,0,0,0,0,0,0,0,{"v":14.056000000000001,"d":"14.05600"},{"v":14.056000000000001,"d":"14.05600"},{"v":14.056000000000001,"d":"14.05600"},{"v":14.056000000000001,"d":"14.05600"},{"v":14.056000000000001,"d":"14.05600"},0,0]
[null,null,{"$error":"#REF!"},{"$error":"#REF!"},{"$error":"#REF!"},{"$error":"#REF!"},null,{"v":0,"d":"0.00%"},{"v":0,"d":"0.00%"},{"v":0,"d":"0.00%"},{"v":0,"d":"0.00%"},{"v":0,"d":"0.00%"},{"v":0,"d":"0.00%"},{"v":0,"d":"0.00%"},{"v":0,"d":"0.00%"},{"v":0,"d":"0.00%"},{"v":0.2,"d":"20.00%"},{"v":0.2,"d":"20.00%"},{"v":0.2,"d":"20.00%"},{"v":0.2,"d":"20.00%"},{"v":0.2,"d":"20.00%"},{"v":0,"d":"0.00%"},{"v":0,"d":"0.00%"}]
[null,null,{"$error":"#REF!"},{"$error":"#REF!"},{"$error":"#REF!"},{"$error":"#REF!"},{"$nulls":10},{"v":0.2,"d":"20.00%"},{"v":0.2,"d":"20.00%"},{"v":0.2,"d":"20.00%"},{"v":0.2,"d":"20.00%"},{"v":0.2,"d":"20.00%"}]
[null,668,"SUMINISTRO E INSTALACION DE VALVULA CHECK ROSCADA PVC D=3/4\"","u",{"v":1,"d":"1.00000"},{"v":20.23,"d":"$ 20.23000"},{"v":20.23,"d":"$ 20.23000"},0,0,0,0,0,0,0,0,0,{"v":4.046,"d":"4.04600"},{"v":4.046,"d":"4.04600"},{"v":4.046,"d":"4.04600"},{"v":4.046,"d":"4.04600"},{"v":4.046,"d":"4.04600"},0,0]
[null,null,{"$error":"#REF!"},{"$error":"#REF!"},{"$error":"#REF!"},{"$error":"#REF!"},null,{"v":0,"d":"0.00%"},{"v":0,"d":"0.00%"},{"v":0,"d":"0.00%"},{"v":0,"d":"0.00%"},{"v":0,"d":"0.00%"},{"v":0,"d":"0.00%"},{"v":0,"d":"0.00%"},{"v":0,"d":"0.00%"},{"v":0,"d":"0.00%"},{"v":0.2,"d":"20.00%"},{"v":0.2,"d":"20.00%"},{"v":0.2,"d":"20.00%"},{"v":0.2,"d":"20.00%"},{"v":0.2,"d":"20.00%"},{"v":0,"d":"0.00%"},{"v":0,"d":"0.00%"}]
[null,null,{"$error":"#REF!"},{"$error":"#REF!"},{"$error":"#REF!"},{"$error":"#REF!"},{"$nulls":10},{"v":0.2,"d":"20.00%"},{"v":0.2,"d":"20.00%"},{"v":0.2,"d":"20.00%"},{"v":0.2,"d":"20.00%"},{"v":0.2,"d":"20.00%"}]
[null,669,"SUMINISTRO E INSTALACION DE VALVULA DE BOLA PVC D= 3/4 plg ROSCABLE","u",{"v":1,"d":"1.00000"},{"v":8.94,"d":"$ 8.94000"},{"v":8.94,"d":"$ 8.94000"},0,0,0,0,0,0,0,0,0,{"v":1.788,"d":"1.78800"},{"v":1.788,"d":"1.78800"},{"v":1.788,"d":"1.78800"},{"v":1.788,"d":"1.78800"},{"v":1.788,"d":"1.78800"},0,0]
[null,null,{"$error":"#REF!"},{"$error":"#REF!"},{"$error":"#REF!"},{"$error":"#REF!"},null,{"v":0,"d":"0.00%"},{"v":0,"d":"0.00%"},{"v":0,"d":"0.00%"},{"v":0,"d":"0.00%"},{"v":0,"d":"0.00%"},{"v":0,"d":"0.00%"},{"v":0,"d":"0.00%"},{"v":0,"d":"0.00%"},{"v":0,"d":"0.00%"},{"v":0.2,"d":"20.00%"},{"v":0.2,"d":"20.00%"},{"v":0.2,"d":"20.00%"},{"v":0.2,"d":"20.00%"},{"v":0.2,"d":"20.00%"},{"v":0,"d":"0.00%"},{"v":0,"d":"0.00%"}]
[null,null,{"$error":"#REF!"},{"$error":"#REF!"},{"$error":"#REF!"},{"$error":"#REF!"},{"$nulls":10},{"v":0.2,"d":"20.00%"},{"v":0.2,"d":"20.00%"},{"v":0.2,"d":"20.00%"},{"v":0.2,"d":"20.00%"},{"v":0.2,"d":"20.00%"}]
[null,670,"SUMINISTRO E INSTALACION DE REDUCTOR DE 3/4 A 1/2 IN PP ROSCABLE","u",{"v":1,"d":"1.00000"},{"v":7.03,"d":"$ 7.03000"},{"v":7.03,"d":"$ 7.03000"},0,0,0,0,0,0,0,0,0,{"v":1.4060000000000001,"d":"1.40600"},{"v":1.4060000000000001,"d":"1.40600"},{"v":1.4060000000000001,"d":"1.40600"},{"v":1.4060000000000001,"d":"1.40600"},{"v":1.4060000000000001,"d":"1.40600"},0,0]
[null,null,{"$error":"#REF!"},{"$error":"#REF!"},{"$error":"#REF!"},{"$error":"#REF!"},null,{"v":0,"d":"0.00%"},{"v":0,"d":"0.00%"},{"v":0,"d":"0.00%"},{"v":0,"d":"0.00%"},{"v":0,"d":"0.00%"},{"v":0,"d":"0.00%"},{"v":0,"d":"0.00%"},{"v":0,"d":"0.00%"},{"v":0,"d":"0.00%"},{"v":0.2,"d":"20.00%"},{"v":0.2,"d":"20.00%"},{"v":0.2,"d":"20.00%"},{"v":0.2,"d":"20.00%"},{"v":0.2,"d":"20.00%"},{"v":0,"d":"0.00%"},{"v":0,"d":"0.00%"}]
[null,null,{"$error":"#REF!"},{"$error":"#REF!"},{"$error":"#REF!"},{"$error":"#REF!"},{"$nulls":10},{"v":0.2,"d":"20.00%"},{"v":0.2,"d":"20.00%"},{"v":0.2,"d":"20.00%"},{"v":0.2,"d":"20.00%"},{"v":0.2,"d":"20.00%"}]
[null,671,"SUMINISTRO E INSTALACION DE LLAVE DE JARDIN 1/2\"","u",{"v":1,"d":"1.00000"},{"v":14.54,"d":"$ 14.54000"},{"v":14.54,"d":"$ 14.54000"},0,0,0,0,0,0,0,0,0,{"v":2.908,"d":"2.90800"},{"v":2.908,"d":"2.90800"},{"v":2.908,"d":"2.90800"},{"v":2.908,"d":"2.90800"},{"v":2.908,"d":"2.90800"},0,0]
[null,null,{"$error":"#REF!"},{"$error":"#REF!"},{"$error":"#REF!"},{"$error":"#REF!"},null,{"v":0,"d":"0.00%"},{"v":0,"d":"0.00%"},{"v":0,"d":"0.00%"},{"v":0,"d":"0.00%"},{"v":0,"d":"0.00%"},{"v":0,"d":"0.00%"},{"v":0,"d":"0.00%"},{"v":0,"d":"0.00%"},{"v":0,"d":"0.00%"},{"v":0.2,"d":"20.00%"},{"v":0.2,"d":"20.00%"},{"v":0.2,"d":"20.00%"},{"v":0.2,"d":"20.00%"},{"v":0.2,"d":"20.00%"},{"v":0,"d":"0.00%"},{"v":0,"d":"0.00%"}]
[null,null,{"$error":"#REF!"},{"$error":"#REF!"},{"$error":"#REF!"},{"$error":"#REF!"},{"$nulls":10},{"v":0.2,"d":"20.00%"},{"v":0.2,"d":"20.00%"},{"v":0.2,"d":"20.00%"},{"v":0.2,"d":"20.00%"},{"v":0.2,"d":"20.00%"}]
[null,672,"SUMINISTRO DE TUBERIA PP UNION ROSCABLE DI=1/2 plg 1.25 MPA","m",{"v":1,"d":"1.00000"},{"v":2.38,"d":"$ 2.38000"},{"v":2.38,"d":"$ 2.38000"},0,0,0,0,0,0,0,0,0,{"v":0.476,"d":"0.47600"},{"v":0.476,"d":"0.47600"},{"v":0.476,"d":"0.47600"},{"v":0.476,"d":"0.47600"},{"v":0.476,"d":"0.47600"},0,0]
[null,null,{"$error":"#REF!"},{"$error":"#REF!"},{"$error":"#REF!"},{"$error":"#REF!"},null,{"v":0,"d":"0.00%"},{"v":0,"d":"0.00%"},{"v":0,"d":"0.00%"},{"v":0,"d":"0.00%"},{"v":0,"d":"0.00%"},{"v":0,"d":"0.00%"},{"v":0,"d":"0.00%"},{"v":0,"d":"0.00%"},{"v":0,"d":"0.00%"},{"v":0.2,"d":"20.00%"},{"v":0.2,"d":"20.00%"},{"v":0.2,"d":"20.00%"},{"v":0.2,"d":"20.00%"},{"v":0.2,"d":"20.00%"},{"v":0,"d":"0.00%"},{"v":0,"d":"0.00%"}]
[null,null,{"$error":"#REF!"},{"$error":"#REF!"},{"$error":"#REF!"},{"$error":"#REF!"},{"$nulls":10},{"v":0.2,"d":"20.00%"},{"v":0.2,"d":"20.00%"},{"v":0.2,"d":"20.00%"},{"v":0.2,"d":"20.00%"},{"v":0.2,"d":"20.00%"}]
[null,673,"INSTALACION DE TUBERIA PP UNION ROSCABLE DI=1/2 plg 1.25 MPA","m",{"v":1,"d":"1.00000"},{"v":3,"d":"$ 3.00000"},{"v":3,"d":"$ 3.00000"},0,0,0,0,0,0,0,0,0,{"v":0.6000000000000001,"d":"0.60000"},{"v":0.6000000000000001,"d":"0.60000"},{"v":0.6000000000000001,"d":"0.60000"},{"v":0.6000000000000001,"d":"0.60000"},{"v":0.6000000000000001,"d":"0.60000"},0,0]
[null,null,{"$error":"#REF!"},{"$error":"#REF!"},{"$error":"#REF!"},{"$error":"#REF!"},null,{"v":0,"d":"0.00%"},{"v":0,"d":"0.00%"},{"v":0,"d":"0.00%"},{"v":0,"d":"0.00%"},{"v":0,"d":"0.00%"},{"v":0,"d":"0.00%"},{"v":0,"d":"0.00%"},{"v":0,"d":"0.00%"},{"v":0,"d":"0.00%"},{"v":0.2,"d":"20.00%"},{"v":0.2,"d":"20.00%"},{"v":0.2,"d":"20.00%"},{"v":0.2,"d":"20.00%"},{"v":0.2,"d":"20.00%"},{"v":0,"d":"0.00%"},{"v":0,"d":"0.00%"}]
[null,null,{"$error":"#REF!"},{"$error":"#REF!"},{"$error":"#REF!"},{"$error":"#REF!"},{"$nulls":10},{"v":0.2,"d":"20.00%"},{"v":0.2,"d":"20.00%"},{"v":0.2,"d":"20.00%"},{"v":0.2,"d":"20.00%"},{"v":0.2,"d":"20.00%"}]
[null,674,"FILTRO 24\"","u",{"v":1,"d":"1.00000"},{"v":403.72,"d":"$ 403.72000"},{"v":403.72,"d":"$ 403.72000"},0,0,0,0,0,0,0,0,0,{"v":80.74400000000001,"d":"80.74400"},{"v":80.74400000000001,"d":"80.74400"},{"v":80.74400000000001,"d":"80.74400"},{"v":80.74400000000001,"d":"80.74400"},{"v":80.74400000000001,"d":"80.74400"},0,0]
[null,null,{"$error":"#REF!"},{"$error":"#REF!"},{"$error":"#REF!"},{"$error":"#REF!"},null,{"v":0,"d":"0.00%"},{"v":0,"d":"0.00%"},{"v":0,"d":"0.00%"},{"v":0,"d":"0.00%"},{"v":0,"d":"0.00%"},{"v":0,"d":"0.00%"},{"v":0,"d":"0.00%"},{"v":0,"d":"0.00%"},{"v":0,"d":"0.00%"},{"v":0.2,"d":"20.00%"},{"v":0.2,"d":"20.00%"},{"v":0.2,"d":"20.00%"},{"v":0.2,"d":"20.00%"},{"v":0.2,"d":"20.00%"},{"v":0,"d":"0.00%"},{"v":0,"d":"0.00%"}]
[null,null,{"$error":"#REF!"},{"$error":"#REF!"},{"$error":"#REF!"},{"$error":"#REF!"},{"$nulls":10},{"v":0.2,"d":"20.00%"},{"v":0.2,"d":"20.00%"},{"v":0.2,"d":"20.00%"},{"v":0.2,"d":"20.00%"},{"v":0.2,"d":"20.00%"}]
[null,675,"SUMINISTRO E INSTALACION DE REDUCTOR DE 1 A 3/4 IN PP ROSCABLE","u",{"v":11,"d":"11.00000"},{"v":8.44,"d":"$ 8.44000"},{"v":92.83999999999999,"d":"$ 92.84000"},0,0,0,0,0,0,0,0,0,{"v":18.567999999999998,"d":"18.56800"},{"v":18.567999999999998,"d":"18.56800"},{"v":18.567999999999998,"d":"18.56800"},{"v":18.567999999999998,"d":"18.56800"},{"v":18.567999999999998,"d":"18.56800"},0,0]
[null,null,{"$error":"#REF!"},{"$error":"#REF!"},{"$error":"#REF!"},{"$error":"#REF!"},null,{"v":0,"d":"0.00%"},{"v":0,"d":"0.00%"},{"v":0,"d":"0.00%"},{"v":0,"d":"0.00%"},{"v":0,"d":"0.00%"},{"v":0,"d":"0.00%"},{"v":0,"d":"0.00%"},{"v":0,"d":"0.00%"},{"v":0,"d":"0.00%"},{"v":0.2,"d":"20.00%"},{"v":0.2,"d":"20.00%"},{"v":0.2,"d":"20.00%"},{"v":0.2,"d":"20.00%"},{"v":0.2,"d":"20.00%"},{"v":0,"d":"0.00%"},{"v":0,"d":"0.00%"}]
[null,null,{"$error":"#REF!"},{"$error":"#REF!"},{"$error":"#REF!"},{"$error":"#REF!"},{"$nulls":10},{"v":0.2,"d":"20.00%"},{"v":0.2,"d":"20.00%"},{"v":0.2,"d":"20.00%"},{"v":0.2,"d":"20.00%"},{"v":0.2,"d":"20.00%"}]
[null,676,"BOQUILLA TIPO CHORRO DE PISO 1x1/2","u",{"v":9,"d":"9.00000"},{"v":60.47,"d":"$ 60.47000"},{"v":544.23,"d":"$ 544.23000"},0,0,0,0,0,0,0,0,0,{"v":108.846,"d":"108.84600"},{"v":108.846,"d":"108.84600"},{"v":108.846,"d":"108.84600"},{"v":108.846,"d":"108.84600"},{"v":108.846,"d":"108.84600"},0,0]
[null,null,{"$error":"#REF!"},{"$error":"#REF!"},{"$error":"#REF!"},{"$error":"#REF!"},null,{"v":0,"d":"0.00%"},{"v":0,"d":"0.00%"},{"v":0,"d":"0.00%"},{"v":0,"d":"0.00%"},{"v":0,"d":"0.00%"},{"v":0,"d":"0.00%"},{"v":0,"d":"0.00%"},{"v":0,"d":"0.00%"},{"v":0,"d":"0.00%"},{"v":0.2,"d":"20.00%"},{"v":0.2,"d":"20.00%"},{"v":0.2,"d":"20.00%"},{"v":0.2,"d":"20.00%"},{"v":0.2,"d":"20.00%"},{"v":0,"d":"0.00%"},{"v":0,"d":"0.00%"}]
[null,null,{"$error":"#REF!"},{"$error":"#REF!"},{"$error":"#REF!"},{"$error":"#REF!"},{"$nulls":10},{"v":0.2,"d":"20.00%"},{"v":0.2,"d":"20.00%"},{"v":0.2,"d":"20.00%"},{"v":0.2,"d":"20.00%"},{"v":0.2,"d":"20.00%"}]
[null,677,"SUMINISTRO Y COLOCACION DE ARENA PARA FILTRO (0.5 - 1 mm)","m3",{"v":3,"d":"3.00000"},{"v":293.9,"d":"$ 293.90000"},{"v":881.6999999999999,"d":"$ 881.70000"},0,0,0,0,0,0,0,0,0,{"v":176.34,"d":"176.34000"},{"v":176.34,"d":"176.34000"},{"v":176.34,"d":"176.34000"},{"v":176.34,"d":"176.34000"},{"v":176.34,"d":"176.34000"},0,0]
[null,null,{"$error":"#REF!"},{"$error":"#REF!"},{"$error":"#REF!"},{"$error":"#REF!"},null,{"v":0,"d":"0.00%"},{"v":0,"d":"0.00%"},{"v":0,"d":"0.00%"},{"v":0,"d":"0.00%"},{"v":0,"d":"0.00%"},{"v":0,"d":"0.00%"},{"v":0,"d":"0.00%"},{"v":0,"d":"0.00%"},{"v":0,"d":"0.00%"},{"v":0.2,"d":"20.00%"},{"v":0.2,"d":"20.00%"},{"v":0.2,"d":"20.00%"},{"v":0.2,"d":"20.00%"},{"v":0.2,"d":"20.00%"},{"v":0,"d":"0.00%"},{"v":0,"d":"0.00%"}]
[null,null,{"$error":"#REF!"},{"$error":"#REF!"},{"$error":"#REF!"},{"$error":"#REF!"},{"$nulls":10},{"v":0.2,"d":"20.00%"},{"v":0.2,"d":"20.00%"},{"v":0.2,"d":"20.00%"},{"v":0.2,"d":"20.00%"},{"v":0.2,"d":"20.00%"}]
[null,678,"SUMINISTRO Y COLOCACION DE GRAVA PARA FILTRO (6 - 12 mm)","m3",{"v":2,"d":"2.00000"},{"v":379.93,"d":"$ 379.93000"},{"v":759.86,"d":"$ 759.86000"},0,0,0,0,0,0,0,0,0,{"v":151.972,"d":"151.97200"},{"v":151.972,"d":"151.97200"},{"v":151.972,"d":"151.97200"},{"v":151.972,"d":"151.97200"},{"v":151.972,"d":"151.97200"},0,0]
[null,null,{"$error":"#REF!"},{"$error":"#REF!"},{"$error":"#REF!"},{"$error":"#REF!"},null,{"v":0,"d":"0.00%"},{"v":0,"d":"0.00%"},{"v":0,"d":"0.00%"},{"v":0,"d":"0.00%"},{"v":0,"d":"0.00%"},{"v":0,"d":"0.00%"},{"v":0,"d":"0.00%"},{"v":0,"d":"0.00%"},{"v":0,"d":"0.00%"},{"v":0.2,"d":"20.00%"},{"v":0.2,"d":"20.00%"},{"v":0.2,"d":"20.00%"},{"v":0.2,"d":"20.00%"},{"v":0.2,"d":"20.00%"},{"v":0,"d":"0.00%"},{"v":0,"d":"0.00%"}]
[null,null,{"$error":"#REF!"},{"$error":"#REF!"},{"$error":"#REF!"},{"$error":"#REF!"},{"$nulls":10},{"v":0.2,"d":"20.00%"},{"v":0.2,"d":"20.00%"},{"v":0.2,"d":"20.00%"},{"v":0.2,"d":"20.00%"},{"v":0.2,"d":"20.00%"}]
[null,679,"SUMINISTRO Y COLOCACION DE GRAVA PARA FILTRO (12 - 18 mm)","m3",{"v":2,"d":"2.00000"},{"v":382.6,"d":"$ 382.60000"},{"v":765.2,"d":"$ 765.20000"},0,0,0,0,0,0,0,0,0,{"v":153.04000000000002,"d":"153.04000"},{"v":153.04000000000002,"d":"153.04000"},{"v":153.04000000000002,"d":"153.04000"},{"v":153.04000000000002,"d":"153.04000"},{"v":153.04000000000002,"d":"153.04000"},0,0]
[null,null,{"$error":"#REF!"},{"$error":"#REF!"},{"$error":"#REF!"},{"$error":"#REF!"},null,{"v":0,"d":"0.00%"},{"v":0,"d":"0.00%"},{"v":0,"d":"0.00%"},{"v":0,"d":"0.00%"},{"v":0,"d":"0.00%"},{"v":0,"d":"0.00%"},{"v":0,"d":"0.00%"},{"v":0,"d":"0.00%"},{"v":0,"d":"0.00%"},{"v":0.2,"d":"20.00%"},{"v":0.2,"d":"20.00%"},{"v":0.2,"d":"20.00%"},{"v":0.2,"d":"20.00%"},{"v":0.2,"d":"20.00%"},{"v":0,"d":"0.00%"},{"v":0,"d":"0.00%"}]
[null,null,{"$error":"#REF!"},{"$error":"#REF!"},{"$error":"#REF!"},{"$error":"#REF!"},{"$nulls":10},{"v":0.2,"d":"20.00%"},{"v":0.2,"d":"20.00%"},{"v":0.2,"d":"20.00%"},{"v":0.2,"d":"20.00%"},{"v":0.2,"d":"20.00%"}]
[null,680,"SKIMMER PEQUEÑO","u",{"v":2,"d":"2.00000"},{"v":41.31,"d":"$ 41.31000"},{"v":82.62,"d":"$ 82.62000"},0,0,0,0,0,0,0,0,0,{"v":16.524,"d":"16.52400"},{"v":16.524,"d":"16.52400"},{"v":16.524,"d":"16.52400"},{"v":16.524,"d":"16.52400"},{"v":16.524,"d":"16.52400"},0,0]
[null,null,{"$error":"#REF!"},{"$error":"#REF!"},{"$error":"#REF!"},{"$error":"#REF!"},null,{"v":0,"d":"0.00%"},{"v":0,"d":"0.00%"},{"v":0,"d":"0.00%"},{"v":0,"d":"0.00%"},{"v":0,"d":"0.00%"},{"v":0,"d":"0.00%"},{"v":0,"d":"0.00%"},{"v":0,"d":"0.00%"},{"v":0,"d":"0.00%"},{"v":0.2,"d":"20.00%"},{"v":0.2,"d":"20.00%"},{"v":0.2,"d":"20.00%"},{"v":0.2,"d":"20.00%"},{"v":0.2,"d":"20.00%"},{"v":0,"d":"0.00%"},{"v":0,"d":"0.00%"}]
[null,null,{"$error":"#REF!"},{"$error":"#REF!"},{"$error":"#REF!"},{"$error":"#REF!"},{"$nulls":10},{"v":0.2,"d":"20.00%"},{"v":0.2,"d":"20.00%"},{"v":0.2,"d":"20.00%"},{"v":0.2,"d":"20.00%"},{"v":0.2,"d":"20.00%"}]
[null,681,"DRENAJE DE FONDO","u",{"v":1,"d":"1.00000"},{"v":32.31,"d":"$ 32.31000"},{"v":32.31,"d":"$ 32.31000"},0,0,0,0,0,0,0,0,0,{"v":6.462000000000001,"d":"6.46200"},{"v":6.462000000000001,"d":"6.46200"},{"v":6.462000000000001,"d":"6.46200"},{"v":6.462000000000001,"d":"6.46200"},{"v":6.462000000000001,"d":"6.46200"},0,0]
[null,null,{"$error":"#REF!"},{"$error":"#REF!"},{"$error":"#REF!"},{"$error":"#REF!"},null,{"v":0,"d":"0.00%"},{"v":0,"d":"0.00%"},{"v":0,"d":"0.00%"},{"v":0,"d":"0.00%"},{"v":0,"d":"0.00%"},{"v":0,"d":"0.00%"},{"v":0,"d":"0.00%"},{"v":0,"d":"0.00%"},{"v":0,"d":"0.00%"},{"v":0.2,"d":"20.00%"},{"v":0.2,"d":"20.00%"},{"v":0.2,"d":"20.00%"},{"v":0.2,"d":"20.00%"},{"v":0.2,"d":"20.00%"},{"v":0,"d":"0.00%"},{"v":0,"d":"0.00%"}]
[null,null,{"$error":"#REF!"},{"$error":"#REF!"},{"$error":"#REF!"},{"$error":"#REF!"},{"$nulls":10},{"v":0.2,"d":"20.00%"},{"v":0.2,"d":"20.00%"},{"v":0.2,"d":"20.00%"},{"v":0.2,"d":"20.00%"},{"v":0.2,"d":"20.00%"}]
[null,682,"SUMINISTRO DE TUBERIA PP UNION ROSCABLE DI=1 1/2  plg 1.25 MPA","m",{"v":9,"d":"9.00000"},{"v":9.71,"d":"$ 9.71000"},{"v":87.39000000000001,"d":"$ 87.39000"},0,0,0,0,0,0,0,0,0,{"v":17.478000000000005,"d":"17.47800"},{"v":17.478000000000005,"d":"17.47800"},{"v":17.478000000000005,"d":"17.47800"},{"v":17.478000000000005,"d":"17.47800"},{"v":17.478000000000005,"d":"17.47800"},0,0]
[null,null,{"$error":"#REF!"},{"$error":"#REF!"},{"$error":"#REF!"},{"$error":"#REF!"},null,{"v":0,"d":"0.00%"},{"v":0,"d":"0.00%"},{"v":0,"d":"0.00%"},{"v":0,"d":"0.00%"},{"v":0,"d":"0.00%"},{"v":0,"d":"0.00%"},{"v":0,"d":"0.00%"},{"v":0,"d":"0.00%"},{"v":0,"d":"0.00%"},{"v":0.2,"d":"20.00%"},{"v":0.2,"d":"20.00%"},{"v":0.2,"d":"20.00%"},{"v":0.2,"d":"20.00%"},{"v":0.2,"d":"20.00%"},{"v":0,"d":"0.00%"},{"v":0,"d":"0.00%"}]
[null,null,{"$error":"#REF!"},{"$error":"#REF!"},{"$error":"#REF!"},{"$error":"#REF!"},{"$nulls":10},{"v":0.2,"d":"20.00%"},{"v":0.2,"d":"20.00%"},{"v":0.2,"d":"20.00%"},{"v":0.2,"d":"20.00%"},{"v":0.2,"d":"20.00%"}]
[null,683,"INSTALACION DE TUBERIA PP UNION ROSCABLE DI=1 1/2 plg 1.25 MPA","m",{"v":9,"d":"9.00000"},{"v":1.4,"d":"$ 1.40000"},{"v":12.6,"d":"$ 12.60000"},0,0,0,0,0,0,0,0,0,{"v":2.52,"d":"2.52000"},{"v":2.52,"d":"2.52000"},{"v":2.52,"d":"2.52000"},{"v":2.52,"d":"2.52000"},{"v":2.52,"d":"2.52000"},0,0]
[null,null,{"$error":"#REF!"},{"$error":"#REF!"},{"$error":"#REF!"},{"$error":"#REF!"},null,{"v":0,"d":"0.00%"},{"v":0,"d":"0.00%"},{"v":0,"d":"0.00%"},{"v":0,"d":"0.00%"},{"v":0,"d":"0.00%"},{"v":0,"d":"0.00%"},{"v":0,"d":"0.00%"},{"v":0,"d":"0.00%"},{"v":0,"d":"0.00%"},{"v":0.2,"d":"20.00%"},{"v":0.2,"d":"20.00%"},{"v":0.2,"d":"20.00%"},{"v":0.2,"d":"20.00%"},{"v":0.2,"d":"20.00%"},{"v":0,"d":"0.00%"},{"v":0,"d":"0.00%"}]
[null,null,{"$error":"#REF!"},{"$error":"#REF!"},{"$error":"#REF!"},{"$error":"#REF!"},{"$nulls":10},{"v":0.2,"d":"20.00%"},{"v":0.2,"d":"20.00%"},{"v":0.2,"d":"20.00%"},{"v":0.2,"d":"20.00%"},{"v":0.2,"d":"20.00%"}]
[null,684,"SUMINISTRO E INSTALACION DE CODO 90' PP 1 1/2 IN ROSCABLE","u",{"v":3,"d":"3.00000"},{"v":11.62,"d":"$ 11.62000"},{"v":34.86,"d":"$ 34.86000"},0,0,0,0,0,0,0,0,0,{"v":6.972,"d":"6.97200"},{"v":6.972,"d":"6.97200"},{"v":6.972,"d":"6.97200"},{"v":6.972,"d":"6.97200"},{"v":6.972,"d":"6.97200"},0,0]
[null,null,{"$error":"#REF!"},{"$error":"#REF!"},{"$error":"#REF!"},{"$error":"#REF!"},null,{"v":0,"d":"0.00%"},{"v":0,"d":"0.00%"},{"v":0,"d":"0.00%"},{"v":0,"d":"0.00%"},{"v":0,"d":"0.00%"},{"v":0,"d":"0.00%"},{"v":0,"d":"0.00%"},{"v":0,"d":"0.00%"},{"v":0,"d":"0.00%"},{"v":0.2,"d":"20.00%"},{"v":0.2,"d":"20.00%"},{"v":0.2,"d":"20.00%"},{"v":0.2,"d":"20.00%"},{"v":0.2,"d":"20.00%"},{"v":0,"d":"0.00%"},{"v":0,"d":"0.00%"}]
[null,null,{"$error":"#REF!"},{"$error":"#REF!"},{"$error":"#REF!"},{"$error":"#REF!"},{"$nulls":10},{"v":0.2,"d":"20.00%"},{"v":0.2,"d":"20.00%"},{"v":0.2,"d":"20.00%"},{"v":0.2,"d":"20.00%"},{"v":0.2,"d":"20.00%"}]
[null,685,"SUMINISTRO E INSTALACION DE TEE 1 1/2 IN PP ROSCABLE","u",{"v":2,"d":"2.00000"},{"v":14.39,"d":"$ 14.39000"},{"v":28.78,"d":"$ 28.78000"},0,0,0,0,0,0,0,0,0,{"v":5.756,"d":"5.75600"},{"v":5.756,"d":"5.75600"},{"v":5.756,"d":"5.75600"},{"v":5.756,"d":"5.75600"},{"v":5.756,"d":"5.75600"},0,0]
[null,null,{"$error":"#REF!"},{"$error":"#REF!"},{"$error":"#REF!"},{"$error":"#REF!"},null,{"v":0,"d":"0.00%"},{"v":0,"d":"0.00%"},{"v":0,"d":"0.00%"},{"v":0,"d":"0.00%"},{"v":0,"d":"0.00%"},{"v":0,"d":"0.00%"},{"v":0,"d":"0.00%"},{"v":0,"d":"0.00%"},{"v":0,"d":"0.00%"},{"v":0.2,"d":"20.00%"},{"v":0.2,"d":"20.00%"},{"v":0.2,"d":"20.00%"},{"v":0.2,"d":"20.00%"},{"v":0.2,"d":"20.00%"},{"v":0,"d":"0.00%"},{"v":0,"d":"0.00%"}]
[null,null,{"$error":"#REF!"},{"$error":"#REF!"},{"$error":"#REF!"},{"$error":"#REF!"},{"$nulls":10},{"v":0.2,"d":"20.00%"},{"v":0.2,"d":"20.00%"},{"v":0.2,"d":"20.00%"},{"v":0.2,"d":"20.00%"},{"v":0.2,"d":"20.00%"}]
[null,686,"SUMINISTRO E INSTALACION DE REDUCTOR DE 1 1/2 A 3/4 IN PP ROSCABLE","u",{"v":1,"d":"1.00000"},{"v":10.56,"d":"$ 10.56000"},{"v":10.56,"d":"$ 10.56000"},0,0,0,0,0,0,0,0,0,{"v":2.112,"d":"2.11200"},{"v":2.112,"d":"2.11200"},{"v":2.112,"d":"2.11200"},{"v":2.112,"d":"2.11200"},{"v":2.112,"d":"2.11200"},0,0]
[null,null,{"$error":"#REF!"},{"$error":"#REF!"},{"$error":"#REF!"},{"$error":"#REF!"},null,{"v":0,"d":"0.00%"},{"v":0,"d":"0.00%"},{"v":0,"d":"0.00%"},{"v":0,"d":"0.00%"},{"v":0,"d":"0.00%"},{"v":0,"d":"0.00%"},{"v":0,"d":"0.00%"},{"v":0,"d":"0.00%"},{"v":0,"d":"0.00%"},{"v":0.2,"d":"20.00%"},{"v":0.2,"d":"20.00%"},{"v":0.2,"d":"20.00%"},{"v":0.2,"d":"20.00%"},{"v":0.2,"d":"20.00%"},{"v":0,"d":"0.00%"},{"v":0,"d":"0.00%"}]
[null,null,{"$error":"#REF!"},{"$error":"#REF!"},{"$error":"#REF!"},{"$error":"#REF!"},{"$nulls":10},{"v":0.2,"d":"20.00%"},{"v":0.2,"d":"20.00%"},{"v":0.2,"d":"20.00%"},{"v":0.2,"d":"20.00%"},{"v":0.2,"d":"20.00%"}]
[null,687,"MANGUERA LIMPIADORA 12m","u",{"v":1,"d":"1.00000"},{"v":73.7,"d":"$ 73.70000"},{"v":73.7,"d":"$ 73.70000"},0,0,0,0,0,0,0,0,0,{"v":14.740000000000002,"d":"14.74000"},{"v":14.740000000000002,"d":"14.74000"},{"v":14.740000000000002,"d":"14.74000"},{"v":14.740000000000002,"d":"14.74000"},{"v":14.740000000000002,"d":"14.74000"},0,0]
[null,null,{"$error":"#REF!"},{"$error":"#REF!"},{"$error":"#REF!"},{"$error":"#REF!"},null,{"v":0,"d":"0.00%"},{"v":0,"d":"0.00%"},{"v":0,"d":"0.00%"},{"v":0,"d":"0.00%"},{"v":0,"d":"0.00%"},{"v":0,"d":"0.00%"},{"v":0,"d":"0.00%"},{"v":0,"d":"0.00%"},{"v":0,"d":"0.00%"},{"v":0.2,"d":"20.00%"},{"v":0.2,"d":"20.00%"},{"v":0.2,"d":"20.00%"},{"v":0.2,"d":"20.00%"},{"v":0.2,"d":"20.00%"},{"v":0,"d":"0.00%"},{"v":0,"d":"0.00%"}]
[null,null,{"$error":"#REF!"},{"$error":"#REF!"},{"$error":"#REF!"},{"$error":"#REF!"},{"$nulls":10},{"v":0.2,"d":"20.00%"},{"v":0.2,"d":"20.00%"},{"v":0.2,"d":"20.00%"},{"v":0.2,"d":"20.00%"},{"v":0.2,"d":"20.00%"}]
[null,688,"ASPIRADORA RUEDA MANGO ALUMINIO","u",{"v":1,"d":"1.00000"},{"v":35.66,"d":"$ 35.66000"},{"v":35.66,"d":"$ 35.66000"},0,0,0,0,0,0,0,0,0,{"v":7.132,"d":"7.13200"},{"v":7.132,"d":"7.13200"},{"v":7.132,"d":"7.13200"},{"v":7.132,"d":"7.13200"},{"v":7.132,"d":"7.13200"},0,0]
[null,null,{"$error":"#REF!"},{"$error":"#REF!"},{"$error":"#REF!"},{"$error":"#REF!"},null,{"v":0,"d":"0.00%"},{"v":0,"d":"0.00%"},{"v":0,"d":"0.00%"},{"v":0,"d":"0.00%"},{"v":0,"d":"0.00%"},{"v":0,"d":"0.00%"},{"v":0,"d":"0.00%"},{"v":0,"d":"0.00%"},{"v":0,"d":"0.00%"},{"v":0.2,"d":"20.00%"},{"v":0.2,"d":"20.00%"},{"v":0.2,"d":"20.00%"},{"v":0.2,"d":"20.00%"},{"v":0.2,"d":"20.00%"},{"v":0,"d":"0.00%"},{"v":0,"d":"0.00%"}]
[null,null,{"$error":"#REF!"},{"$error":"#REF!"},{"$error":"#REF!"},{"$error":"#REF!"},{"$nulls":10},{"v":0.2,"d":"20.00%"},{"v":0.2,"d":"20.00%"},{"v":0.2,"d":"20.00%"},{"v":0.2,"d":"20.00%"},{"v":0.2,"d":"20.00%"}]
[null,689,"CEPILLO #18","u",{"v":1,"d":"1.00000"},{"v":18.56,"d":"$ 18.56000"},{"v":18.56,"d":"$ 18.56000"},0,0,0,0,0,0,0,0,0,{"v":3.7119999999999997,"d":"3.71200"},{"v":3.7119999999999997,"d":"3.71200"},{"v":3.7119999999999997,"d":"3.71200"},{"v":3.7119999999999997,"d":"3.71200"},{"v":3.7119999999999997,"d":"3.71200"},0,0]
[null,null,{"$error":"#REF!"},{"$error":"#REF!"},{"$error":"#REF!"},{"$error":"#REF!"},null,{"v":0,"d":"0.00%"},{"v":0,"d":"0.00%"},{"v":0,"d":"0.00%"},{"v":0,"d":"0.00%"},{"v":0,"d":"0.00%"},{"v":0,"d":"0.00%"},{"v":0,"d":"0.00%"},{"v":0,"d":"0.00%"},{"v":0,"d":"0.00%"},{"v":0.2,"d":"20.00%"},{"v":0.2,"d":"20.00%"},{"v":0.2,"d":"20.00%"},{"v":0.2,"d":"20.00%"},{"v":0.2,"d":"20.00%"},{"v":0,"d":"0.00%"},{"v":0,"d":"0.00%"}]
[null,null,{"$error":"#REF!"},{"$error":"#REF!"},{"$error":"#REF!"},{"$error":"#REF!"},{"$nulls":10},{"v":0.2,"d":"20.00%"},{"v":0.2,"d":"20.00%"},{"v":0.2,"d":"20.00%"},{"v":0.2,"d":"20.00%"},{"v":0.2,"d":"20.00%"}]
[null,690,"CERNIDERA DE HOJAS FILO BLANCO","u",{"v":1,"d":"1.00000"},{"v":13.73,"d":"$ 13.73000"},{"v":13.73,"d":"$ 13.73000"},0,0,0,0,0,0,0,0,0,{"v":2.7460000000000004,"d":"2.74600"},{"v":2.7460000000000004,"d":"2.74600"},{"v":2.7460000000000004,"d":"2.74600"},{"v":2.7460000000000004,"d":"2.74600"},{"v":2.7460000000000004,"d":"2.74600"},0,0]
[null,null,{"$error":"#REF!"},{"$error":"#REF!"},{"$error":"#REF!"},{"$error":"#REF!"},null,{"v":0,"d":"0.00%"},{"v":0,"d":"0.00%"},{"v":0,"d":"0.00%"},{"v":0,"d":"0.00%"},{"v":0,"d":"0.00%"},{"v":0,"d":"0.00%"},{"v":0,"d":"0.00%"},{"v":0,"d":"0.00%"},{"v":0,"d":"0.00%"},{"v":0.2,"d":"20.00%"},{"v":0.2,"d":"20.00%"},{"v":0.2,"d":"20.00%"},{"v":0.2,"d":"20.00%"},{"v":0.2,"d":"20.00%"},{"v":0,"d":"0.00%"},{"v":0,"d":"0.00%"}]
[null,null,{"$error":"#REF!"},{"$error":"#REF!"},{"$error":"#REF!"},{"$error":"#REF!"},{"$nulls":10},{"v":0.2,"d":"20.00%"},{"v":0.2,"d":"20.00%"},{"v":0.2,"d":"20.00%"},{"v":0.2,"d":"20.00%"},{"v":0.2,"d":"20.00%"}]
[null,691,"MANGO TELESCOPICO","u",{"v":1,"d":"1.00000"},{"v":30.42,"d":"$ 30.42000"},{"v":30.42,"d":"$ 30.42000"},0,0,0,0,0,0,0,0,0,{"v":6.0840000000000005,"d":"6.08400"},{"v":6.0840000000000005,"d":"6.08400"},{"v":6.0840000000000005,"d":"6.08400"},{"v":6.0840000000000005,"d":"6.08400"},{"v":6.0840000000000005,"d":"6.08400"},0,0]
[null,null,{"$error":"#REF!"},{"$error":"#REF!"},{"$error":"#REF!"},{"$error":"#REF!"},null,{"v":0,"d":"0.00%"},{"v":0,"d":"0.00%"},{"v":0,"d":"0.00%"},{"v":0,"d":"0.00%"},{"v":0,"d":"0.00%"},{"v":0,"d":"0.00%"},{"v":0,"d":"0.00%"},{"v":0,"d":"0.00%"},{"v":0,"d":"0.00%"},{"v":0.2,"d":"20.00%"},{"v":0.2,"d":"20.00%"},{"v":0.2,"d":"20.00%"},{"v":0.2,"d":"20.00%"},{"v":0.2,"d":"20.00%"},{"v":0,"d":"0.00%"},{"v":0,"d":"0.00%"}]
[null,null,{"$error":"#REF!"},{"$error":"#REF!"},{"$error":"#REF!"},{"$error":"#REF!"},{"$nulls":10},{"v":0.2,"d":"20.00%"},{"v":0.2,"d":"20.00%"},{"v":0.2,"d":"20.00%"},{"v":0.2,"d":"20.00%"},{"v":0.2,"d":"20.00%"}]
[null,692,"KIT DE PRUEBA DE AGUA PARA PISCINA","u",{"v":1,"d":"1.00000"},{"v":13.36,"d":"$ 13.36000"},{"v":13.36,"d":"$ 13.36000"},0,0,0,0,0,0,0,0,0,{"v":2.672,"d":"2.67200"},{"v":2.672,"d":"2.67200"},{"v":2.672,"d":"2.67200"},{"v":2.672,"d":"2.67200"},{"v":2.672,"d":"2.67200"},0,0]
[null,null,{"$error":"#REF!"},{"$error":"#REF!"},{"$error":"#REF!"},{"$error":"#REF!"},null,{"v":0,"d":"0.00%"},{"v":0,"d":"0.00%"},{"v":0,"d":"0.00%"},{"v":0,"d":"0.00%"},{"v":0,"d":"0.00%"},{"v":0,"d":"0.00%"},{"v":0,"d":"0.00%"},{"v":0,"d":"0.00%"},{"v":0,"d":"0.00%"},{"v":0.2,"d":"20.00%"},{"v":0.2,"d":"20.00%"},{"v":0.2,"d":"20.00%"},{"v":0.2,"d":"20.00%"},{"v":0.2,"d":"20.00%"},{"v":0,"d":"0.00%"},{"v":0,"d":"0.00%"}]
[null,null,{"$error":"#REF!"},{"$error":"#REF!"},{"$error":"#REF!"},{"$error":"#REF!"},{"$nulls":10},{"v":0.2,"d":"20.00%"},{"v":0.2,"d":"20.00%"},{"v":0.2,"d":"20.00%"},{"v":0.2,"d":"20.00%"},{"v":0.2,"d":"20.00%"}]
[null,693,"SUMINISTRO E INSTALACION DE ABRAZADERA GALVANIZADA DE 3/4\"","u",{"v":20,"d":"20.00000"},{"v":6.52,"d":"$ 6.52000"},{"v":130.39999999999998,"d":"$ 130.40000"},0,0,0,0,0,0,0,0,0,{"v":26.08,"d":"26.08000"},{"v":26.08,"d":"26.08000"},{"v":26.08,"d":"26.08000"},{"v":26.08,"d":"26.08000"},{"v":26.08,"d":"26.08000"},0,0]
[null,null,{"$error":"#REF!"},{"$error":"#REF!"},{"$error":"#REF!"},{"$error":"#REF!"},null,{"v":0,"d":"0.00%"},{"v":0,"d":"0.00%"},{"v":0,"d":"0.00%"},{"v":0,"d":"0.00%"},{"v":0,"d":"0.00%"},{"v":0,"d":"0.00%"},{"v":0,"d":"0.00%"},{"v":0,"d":"0.00%"},{"v":0,"d":"0.00%"},{"v":0.2,"d":"20.00%"},{"v":0.2,"d":"20.00%"},{"v":0.2,"d":"20.00%"},{"v":0.2,"d":"20.00%"},{"v":0.2,"d":"20.00%"},{"v":0,"d":"0.00%"},{"v":0,"d":"0.00%"}]
[null,null,{"$error":"#REF!"},{"$error":"#REF!"},{"$error":"#REF!"},{"$error":"#REF!"},{"$nulls":10},{"v":0.2,"d":"20.00%"},{"v":0.2,"d":"20.00%"},{"v":0.2,"d":"20.00%"},{"v":0.2,"d":"20.00%"},{"v":0.2,"d":"20.00%"}]
[null,694,"MASILLADO Y ALISADO DE PISOS CON IMPERMEABILIZANTE","m2",{"v":413.66,"d":"413.66000"},{"v":14.48,"d":"$ 14.48000"},{"v":5989.796800000001,"d":"$ 5,989.79680"},0,0,0,0,0,0,0,0,0,{"v":1197.9593600000003,"d":"1,197.95936"},{"v":1197.9593600000003,"d":"1,197.95936"},{"v":1197.9593600000003,"d":"1,197.95936"},{"v":1197.9593600000003,"d":"1,197.95936"},{"v":1197.9593600000003,"d":"1,197.95936"},0,0]
[null,null,{"$error":"#REF!"},{"$error":"#REF!"},{"$error":"#REF!"},{"$error":"#REF!"},null,{"v":0,"d":"0.00%"},{"v":0,"d":"0.00%"},{"v":0,"d":"0.00%"},{"v":0,"d":"0.00%"},{"v":0,"d":"0.00%"},{"v":0,"d":"0.00%"},{"v":0,"d":"0.00%"},{"v":0,"d":"0.00%"},{"v":0,"d":"0.00%"},{"v":0.2,"d":"20.00%"},{"v":0.2,"d":"20.00%"},{"v":0.2,"d":"20.00%"},{"v":0.2,"d":"20.00%"},{"v":0.2,"d":"20.00%"},{"v":0,"d":"0.00%"},{"v":0,"d":"0.00%"}]
[null,null,{"$error":"#REF!"},{"$error":"#REF!"},{"$error":"#REF!"},{"$error":"#REF!"},{"$nulls":10},{"v":0.2,"d":"20.00%"},{"v":0.2,"d":"20.00%"},{"v":0.2,"d":"20.00%"},{"v":0.2,"d":"20.00%"},{"v":0.2,"d":"20.00%"}]
[null,695,"PINTURA PARA PISCINA (INCLUYE EMPASTE)","m2",{"v":413.66,"d":"413.66000"},{"v":11.72,"d":"$ 11.72000"},{"v":4848.095200000001,"d":"$ 4,848.09520"},0,0,0,0,0,0,0,0,0,{"v":969.6190400000002,"d":"969.61904"},{"v":969.6190400000002,"d":"969.61904"},{"v":969.6190400000002,"d":"969.61904"},{"v":969.6190400000002,"d":"969.61904"},{"v":969.6190400000002,"d":"969.61904"},0,0]
[null,null,{"$error":"#REF!"},{"$error":"#REF!"},{"$error":"#REF!"},{"$error":"#REF!"},null,{"v":0,"d":"0.00%"},{"v":0,"d":"0.00%"},{"v":0,"d":"0.00%"},{"v":0,"d":"0.00%"},{"v":0,"d":"0.00%"},{"v":0,"d":"0.00%"},{"v":0,"d":"0.00%"},{"v":0,"d":"0.00%"},{"v":0,"d":"0.00%"},{"v":0.2,"d":"20.00%"},{"v":0.2,"d":"20.00%"},{"v":0.2,"d":"20.00%"},{"v":0.2,"d":"20.00%"},{"v":0.2,"d":"20.00%"},{"v":0,"d":"0.00%"},{"v":0,"d":"0.00%"}]
[null,null,{"$error":"#REF!"},{"$error":"#REF!"},{"$error":"#REF!"},{"$error":"#REF!"},{"$nulls":10},{"v":0.2,"d":"20.00%"},{"v":0.2,"d":"20.00%"},{"v":0.2,"d":"20.00%"},{"v":0.2,"d":"20.00%"},{"v":0.2,"d":"20.00%"}]
[null,696,"REPLANTEO Y TRAZADO PARA ESTRUCTURA CIVIL","m2",{"v":953.18,"d":"953.18000"},{"v":1.4,"d":"$ 1.40000"},{"v":1334.4519999999998,"d":"$ 1,334.45200"},0,0,0,0,0,0,0,0,0,{"v":266.89039999999994,"d":"266.89040"},{"v":266.89039999999994,"d":"266.89040"},{"v":266.89039999999994,"d":"266.89040"},{"v":266.89039999999994,"d":"266.89040"},{"v":266.89039999999994,"d":"266.89040"},0,0]
[null,null,{"$error":"#REF!"},{"$error":"#REF!"},{"$error":"#REF!"},{"$error":"#REF!"},null,{"v":0,"d":"0.00%"},{"v":0,"d":"0.00%"},{"v":0,"d":"0.00%"},{"v":0,"d":"0.00%"},{"v":0,"d":"0.00%"},{"v":0,"d":"0.00%"},{"v":0,"d":"0.00%"},{"v":0,"d":"0.00%"},{"v":0,"d":"0.00%"},{"v":0.2,"d":"20.00%"},{"v":0.2,"d":"20.00%"},{"v":0.2,"d":"20.00%"},{"v":0.2,"d":"20.00%"},{"v":0.2,"d":"20.00%"},{"v":0,"d":"0.00%"},{"v":0,"d":"0.00%"}]
[null,null,{"$error":"#REF!"},{"$error":"#REF!"},{"$error":"#REF!"},{"$error":"#REF!"},{"$nulls":10},{"v":0.2,"d":"20.00%"},{"v":0.2,"d":"20.00%"},{"v":0.2,"d":"20.00%"},{"v":0.2,"d":"20.00%"},{"v":0.2,"d":"20.00%"}]
[null,697,"RELLENO COMPACTADO CON COMPACTADOR MANUAL DE MATERIAL IMPORTADO (INCLUYE TRANSPORTE)","m3",{"v":278.59,"d":"278.59000"},{"v":20.66,"d":"$ 20.66000"},{"v":5755.6694,"d":"$ 5,755.66940"},0,0,0,0,0,0,0,0,0,{"v":1151.13388,"d":"1,151.13388"},{"v":1151.13388,"d":"1,151.13388"},{"v":1151.13388,"d":"1,151.13388"},{"v":1151.13388,"d":"1,151.13388"},{"v":1151.13388,"d":"1,151.13388"},0,0]
[null,null,{"$error":"#REF!"},{"$error":"#REF!"},{"$error":"#REF!"},{"$error":"#REF!"},null,{"v":0,"d":"0.00%"},{"v":0,"d":"0.00%"},{"v":0,"d":"0.00%"},{"v":0,"d":"0.00%"},{"v":0,"d":"0.00%"},{"v":0,"d":"0.00%"},{"v":0,"d":"0.00%"},{"v":0,"d":"0.00%"},{"v":0,"d":"0.00%"},{"v":0.2,"d":"20.00%"},{"v":0.2,"d":"20.00%"},{"v":0.2,"d":"20.00%"},{"v":0.2,"d":"20.00%"},{"v":0.2,"d":"20.00%"},{"v":0,"d":"0.00%"},{"v":0,"d":"0.00%"}]
[null,null,{"$error":"#REF!"},{"$error":"#REF!"},{"$error":"#REF!"},{"$error":"#REF!"},{"$nulls":10},{"v":0.2,"d":"20.00%"},{"v":0.2,"d":"20.00%"},{"v":0.2,"d":"20.00%"},{"v":0.2,"d":"20.00%"},{"v":0.2,"d":"20.00%"}]
[null,698,"HIDROSUCCIONADOR 12m3 (HORA)","u",{"v":960,"d":"960.00000"},{"v":166.5,"d":"$ 166.50000"},{"v":159840,"d":"$ 159,840.00000"},0,0,0,0,0,0,0,0,0,{"v":31968,"d":"31,968.00000"},{"v":31968,"d":"31,968.00000"},{"v":31968,"d":"31,968.00000"},{"v":31968,"d":"31,968.00000"},{"v":31968,"d":"31,968.00000"},0,0]
[null,null,{"$error":"#REF!"},{"$error":"#REF!"},{"$error":"#REF!"},{"$error":"#REF!"},null,{"v":0,"d":"0.00%"},{"v":0,"d":"0.00%"},{"v":0,"d":"0.00%"},{"v":0,"d":"0.00%"},{"v":0,"d":"0.00%"},{"v":0,"d":"0.00%"},{"v":0,"d":"0.00%"},{"v":0,"d":"0.00%"},{"v":0,"d":"0.00%"},{"v":0.2,"d":"20.00%"},{"v":0.2,"d":"20.00%"},{"v":0.2,"d":"20.00%"},{"v":0.2,"d":"20.00%"},{"v":0.2,"d":"20.00%"},{"v":0,"d":"0.00%"},{"v":0,"d":"0.00%"}]
[null,null,{"$error":"#REF!"},{"$error":"#REF!"},{"$error":"#REF!"},{"$error":"#REF!"},{"$nulls":10},{"v":0.2,"d":"20.00%"},{"v":0.2,"d":"20.00%"},{"v":0.2,"d":"20.00%"},{"v":0.2,"d":"20.00%"},{"v":0.2,"d":"20.00%"}]
[null,699,"DEMOLICION DE HORMIGON ARMADO (INCLUYE DESALOJO)","m3",{"v":10.5,"d":"10.50000"},{"v":65.44,"d":"$ 65.44000"},{"v":687.12,"d":"$ 687.12000"},0,0,0,0,0,0,0,0,0,{"v":137.424,"d":"137.42400"},{"v":137.424,"d":"137.42400"},{"v":137.424,"d":"137.42400"},{"v":137.424,"d":"137.42400"},{"v":137.424,"d":"137.42400"},0,0]
[null,null,{"$error":"#REF!"},{"$error":"#REF!"},{"$error":"#REF!"},{"$error":"#REF!"},null,{"v":0,"d":"0.00%"},{"v":0,"d":"0.00%"},{"v":0,"d":"0.00%"},{"v":0,"d":"0.00%"},{"v":0,"d":"0.00%"},{"v":0,"d":"0.00%"},{"v":0,"d":"0.00%"},{"v":0,"d":"0.00%"},{"v":0,"d":"0.00%"},{"v":0.2,"d":"20.00%"},{"v":0.2,"d":"20.00%"},{"v":0.2,"d":"20.00%"},{"v":0.2,"d":"20.00%"},{"v":0.2,"d":"20.00%"},{"v":0,"d":"0.00%"},{"v":0,"d":"0.00%"}]
[null,null,{"$error":"#REF!"},{"$error":"#REF!"},{"$error":"#REF!"},{"$error":"#REF!"},{"$nulls":10},{"v":0.2,"d":"20.00%"},{"v":0.2,"d":"20.00%"},{"v":0.2,"d":"20.00%"},{"v":0.2,"d":"20.00%"},{"v":0.2,"d":"20.00%"}]
[null,700,"ACERO DE REFUERZO EN BARRAS FY=4200 Kg/cm2","Kg",{"v":6522.9,"d":"6522.90000"},{"v":2.32,"d":"$ 2.32000"},{"v":15133.127999999999,"d":"$ 15,133.12800"},0,0,0,0,0,0,0,0,0,{"v":3026.6256,"d":"3,026.62560"},{"v":3026.6256,"d":"3,026.62560"},{"v":3026.6256,"d":"3,026.62560"},{"v":3026.6256,"d":"3,026.62560"},{"v":3026.6256,"d":"3,026.62560"},0,0]
[null,null,{"$error":"#REF!"},{"$error":"#REF!"},{"$error":"#REF!"},{"$error":"#REF!"},null,{"v":0,"d":"0.00%"},{"v":0,"d":"0.00%"},{"v":0,"d":"0.00%"},{"v":0,"d":"0.00%"},{"v":0,"d":"0.00%"},{"v":0,"d":"0.00%"},{"v":0,"d":"0.00%"},{"v":0,"d":"0.00%"},{"v":0,"d":"0.00%"},{"v":0.2,"d":"20.00%"},{"v":0.2,"d":"20.00%"},{"v":0.2,"d":"20.00%"},{"v":0.2,"d":"20.00%"},{"v":0.2,"d":"20.00%"},{"v":0,"d":"0.00%"},{"v":0,"d":"0.00%"}]
[null,null,{"$error":"#REF!"},{"$error":"#REF!"},{"$error":"#REF!"},{"$error":"#REF!"},{"$nulls":10},{"v":0.2,"d":"20.00%"},{"v":0.2,"d":"20.00%"},{"v":0.2,"d":"20.00%"},{"v":0.2,"d":"20.00%"},{"v":0.2,"d":"20.00%"}]
[null,701,"HORMIGON PREMEZCLADO F´C=280 Kg/cm2 INCLUYE ENCOFRADO","m3",{"v":40,"d":"40.00000"},{"v":362.88,"d":"$ 362.88000"},{"v":14515.2,"d":"$ 14,515.20000"},0,0,0,0,0,0,0,0,0,{"v":2903.0400000000004,"d":"2,903.04000"},{"v":2903.0400000000004,"d":"2,903.04000"},{"v":2903.0400000000004,"d":"2,903.04000"},{"v":2903.0400000000004,"d":"2,903.04000"},{"v":2903.0400000000004,"d":"2,903.04000"},0,0]
[null,null,{"$error":"#REF!"},{"$error":"#REF!"},{"$error":"#REF!"},{"$error":"#REF!"},null,{"v":0,"d":"0.00%"},{"v":0,"d":"0.00%"},{"v":0,"d":"0.00%"},{"v":0,"d":"0.00%"},{"v":0,"d":"0.00%"},{"v":0,"d":"0.00%"},{"v":0,"d":"0.00%"},{"v":0,"d":"0.00%"},{"v":0,"d":"0.00%"},{"v":0.2,"d":"20.00%"},{"v":0.2,"d":"20.00%"},{"v":0.2,"d":"20.00%"},{"v":0.2,"d":"20.00%"},{"v":0.2,"d":"20.00%"},{"v":0,"d":"0.00%"},{"v":0,"d":"0.00%"}]
[null,null,{"$error":"#REF!"},{"$error":"#REF!"},{"$error":"#REF!"},{"$error":"#REF!"},{"$nulls":10},{"v":0.2,"d":"20.00%"},{"v":0.2,"d":"20.00%"},{"v":0.2,"d":"20.00%"},{"v":0.2,"d":"20.00%"},{"v":0.2,"d":"20.00%"}]
[null,702,"HORMIGON PREMEZCLADO F'C=180 Kg/cm2 PARA REPLANTILLO INCLUYE ENCOFRADO","m3",{"v":1.4,"d":"1.40000"},{"v":201.04,"d":"$ 201.04000"},{"v":281.45599999999996,"d":"$ 281.45600"},0,0,0,0,0,0,0,0,0,{"v":56.291199999999996,"d":"56.29120"},{"v":56.291199999999996,"d":"56.29120"},{"v":56.291199999999996,"d":"56.29120"},{"v":56.291199999999996,"d":"56.29120"},{"v":56.291199999999996,"d":"56.29120"},0,0]
[null,null,{"$error":"#REF!"},{"$error":"#REF!"},{"$error":"#REF!"},{"$error":"#REF!"},null,{"v":0,"d":"0.00%"},{"v":0,"d":"0.00%"},{"v":0,"d":"0.00%"},{"v":0,"d":"0.00%"},{"v":0,"d":"0.00%"},{"v":0,"d":"0.00%"},{"v":0,"d":"0.00%"},{"v":0,"d":"0.00%"},{"v":0,"d":"0.00%"},{"v":0.2,"d":"20.00%"},{"v":0.2,"d":"20.00%"},{"v":0.2,"d":"20.00%"},{"v":0.2,"d":"20.00%"},{"v":0.2,"d":"20.00%"},{"v":0,"d":"0.00%"},{"v":0,"d":"0.00%"}]
[null,null,{"$error":"#REF!"},{"$error":"#REF!"},{"$error":"#REF!"},{"$error":"#REF!"},{"$nulls":10},{"v":0.2,"d":"20.00%"},{"v":0.2,"d":"20.00%"},{"v":0.2,"d":"20.00%"},{"v":0.2,"d":"20.00%"},{"v":0.2,"d":"20.00%"}]
[null,703,"TECLE ELECTRICO DE 3 Tn 15m DE LEVANTE (INCLUYE TROLLEY Y RIELES)","u",{"v":1,"d":"1.00000"},{"v":18999.06,"d":"$ 18,999.06000"},{"v":18999.06,"d":"$ 18,999.06000"},0,0,0,0,0,0,0,0,0,{"v":3799.8120000000004,"d":"3,799.81200"},{"v":3799.8120000000004,"d":"3,799.81200"},{"v":3799.8120000000004,"d":"3,799.81200"},{"v":3799.8120000000004,"d":"3,799.81200"},{"v":3799.8120000000004,"d":"3,799.81200"},0,0]
[null,null,{"$error":"#REF!"},{"$error":"#REF!"},{"$error":"#REF!"},{"$error":"#REF!"},null,{"v":0,"d":"0.00%"},{"v":0,"d":"0.00%"},{"v":0,"d":"0.00%"},{"v":0,"d":"0.00%"},{"v":0,"d":"0.00%"},{"v":0,"d":"0.00%"},{"v":0,"d":"0.00%"},{"v":0,"d":"0.00%"},{"v":0,"d":"0.00%"},{"v":0.2,"d":"20.00%"},{"v":0.2,"d":"20.00%"},{"v":0.2,"d":"20.00%"},{"v":0.2,"d":"20.00%"},{"v":0.2,"d":"20.00%"},{"v":0,"d":"0.00%"},{"v":0,"d":"0.00%"}]
[null,null,{"$error":"#REF!"},{"$error":"#REF!"},{"$error":"#REF!"},{"$error":"#REF!"},{"$nulls":10},{"v":0.2,"d":"20.00%"},{"v":0.2,"d":"20.00%"},{"v":0.2,"d":"20.00%"},{"v":0.2,"d":"20.00%"},{"v":0.2,"d":"20.00%"}]
[null,704,"SUMINISTRO E INSTALACION DE BOMBA SUMERGIBLE Q=35.33 L/S, TDH=11.33m","u",{"v":2,"d":"2.00000"},{"v":12133.82,"d":"$ 12,133.82000"},{"v":24267.64,"d":"$ 24,267.64000"},0,0,0,0,0,0,0,0,0,{"v":4853.528,"d":"4,853.52800"},{"v":4853.528,"d":"4,853.52800"},{"v":4853.528,"d":"4,853.52800"},{"v":4853.528,"d":"4,853.52800"},{"v":4853.528,"d":"4,853.52800"},0,0]
[null,null,{"$error":"#REF!"},{"$error":"#REF!"},{"$error":"#REF!"},{"$error":"#REF!"},null,{"v":0,"d":"0.00%"},{"v":0,"d":"0.00%"},{"v":0,"d":"0.00%"},{"v":0,"d":"0.00%"},{"v":0,"d":"0.00%"},{"v":0,"d":"0.00%"},{"v":0,"d":"0.00%"},{"v":0,"d":"0.00%"},{"v":0,"d":"0.00%"},{"v":0.2,"d":"20.00%"},{"v":0.2,"d":"20.00%"},{"v":0.2,"d":"20.00%"},{"v":0.2,"d":"20.00%"},{"v":0.2,"d":"20.00%"},{"v":0,"d":"0.00%"},{"v":0,"d":"0.00%"}]
[null,null,{"$error":"#REF!"},{"$error":"#REF!"},{"$error":"#REF!"},{"$error":"#REF!"},{"$nulls":10},{"v":0.2,"d":"20.00%"},{"v":0.2,"d":"20.00%"},{"v":0.2,"d":"20.00%"},{"v":0.2,"d":"20.00%"},{"v":0.2,"d":"20.00%"}]
[null,705,"SUMINISTRO E INSTALACION DE VALVULA COMPUERTA TIPO GUILLOTINA D=200mm","u",{"v":1,"d":"1.00000"},{"v":1107.13,"d":"$ 1,107.13000"},{"v":1107.13,"d":"$ 1,107.13000"},0,0,0,0,0,0,0,0,0,{"v":221.42600000000004,"d":"221.42600"},{"v":221.42600000000004,"d":"221.42600"},{"v":221.42600000000004,"d":"221.42600"},{"v":221.42600000000004,"d":"221.42600"},{"v":221.42600000000004,"d":"221.42600"},0,0]
[null,null,{"$error":"#REF!"},{"$error":"#REF!"},{"$error":"#REF!"},{"$error":"#REF!"},null,{"v":0,"d":"0.00%"},{"v":0,"d":"0.00%"},{"v":0,"d":"0.00%"},{"v":0,"d":"0.00%"},{"v":0,"d":"0.00%"},{"v":0,"d":"0.00%"},{"v":0,"d":"0.00%"},{"v":0,"d":"0.00%"},{"v":0,"d":"0.00%"},{"v":0.2,"d":"20.00%"},{"v":0.2,"d":"20.00%"},{"v":0.2,"d":"20.00%"},{"v":0.2,"d":"20.00%"},{"v":0.2,"d":"20.00%"},{"v":0,"d":"0.00%"},{"v":0,"d":"0.00%"}]
[null,null,{"$error":"#REF!"},{"$error":"#REF!"},{"$error":"#REF!"},{"$error":"#REF!"},{"$nulls":10},{"v":0.2,"d":"20.00%"},{"v":0.2,"d":"20.00%"},{"v":0.2,"d":"20.00%"},{"v":0.2,"d":"20.00%"},{"v":0.2,"d":"20.00%"}]
[null,706,"SUMINISTRO E INSTALACION DE CANASTILLA DE DESBASTE, SEPARACION 1 plg","u",{"v":1,"d":"1.00000"},{"v":1269.39,"d":"$ 1,269.39000"},{"v":1269.39,"d":"$ 1,269.39000"},0,0,0,0,0,0,0,0,0,{"v":253.87800000000004,"d":"253.87800"},{"v":253.87800000000004,"d":"253.87800"},{"v":253.87800000000004,"d":"253.87800"},{"v":253.87800000000004,"d":"253.87800"},{"v":253.87800000000004,"d":"253.87800"},0,0]
[null,null,{"$error":"#REF!"},{"$error":"#REF!"},{"$error":"#REF!"},{"$error":"#REF!"},null,{"v":0,"d":"0.00%"},{"v":0,"d":"0.00%"},{"v":0,"d":"0.00%"},{"v":0,"d":"0.00%"},{"v":0,"d":"0.00%"},{"v":0,"d":"0.00%"},{"v":0,"d":"0.00%"},{"v":0,"d":"0.00%"},{"v":0,"d":"0.00%"},{"v":0.2,"d":"20.00%"},{"v":0.2,"d":"20.00%"},{"v":0.2,"d":"20.00%"},{"v":0.2,"d":"20.00%"},{"v":0.2,"d":"20.00%"},{"v":0,"d":"0.00%"},{"v":0,"d":"0.00%"}]
[null,null,{"$error":"#REF!"},{"$error":"#REF!"},{"$error":"#REF!"},{"$error":"#REF!"},{"$nulls":10},{"v":0.2,"d":"20.00%"},{"v":0.2,"d":"20.00%"},{"v":0.2,"d":"20.00%"},{"v":0.2,"d":"20.00%"},{"v":0.2,"d":"20.00%"}]
[null,707,"SUMINISTRO E INSTALACION DE CADENA GALVANIZADA 8mm","m",{"v":14,"d":"14.00000"},{"v":23.6,"d":"$ 23.60000"},{"v":330.40000000000003,"d":"$ 330.40000"},0,0,0,0,0,0,0,0,0,{"v":66.08000000000001,"d":"66.08000"},{"v":66.08000000000001,"d":"66.08000"},{"v":66.08000000000001,"d":"66.08000"},{"v":66.08000000000001,"d":"66.08000"},{"v":66.08000000000001,"d":"66.08000"},0,0]
[null,null,{"$error":"#REF!"},{"$error":"#REF!"},{"$error":"#REF!"},{"$error":"#REF!"},null,{"v":0,"d":"0.00%"},{"v":0,"d":"0.00%"},{"v":0,"d":"0.00%"},{"v":0,"d":"0.00%"},{"v":0,"d":"0.00%"},{"v":0,"d":"0.00%"},{"v":0,"d":"0.00%"},{"v":0,"d":"0.00%"},{"v":0,"d":"0.00%"},{"v":0.2,"d":"20.00%"},{"v":0.2,"d":"20.00%"},{"v":0.2,"d":"20.00%"},{"v":0.2,"d":"20.00%"},{"v":0.2,"d":"20.00%"},{"v":0,"d":"0.00%"},{"v":0,"d":"0.00%"}]
[null,null,{"$error":"#REF!"},{"$error":"#REF!"},{"$error":"#REF!"},{"$error":"#REF!"},{"$nulls":10},{"v":0.2,"d":"20.00%"},{"v":0.2,"d":"20.00%"},{"v":0.2,"d":"20.00%"},{"v":0.2,"d":"20.00%"},{"v":0.2,"d":"20.00%"}]
[null,708,"ESCALERA DE ACERO INOXIDABLE","m",{"v":16,"d":"16.00000"},{"v":164.4,"d":"$ 164.40000"},{"v":2630.4,"d":"$ 2,630.40000"},0,0,0,0,0,0,0,0,0,{"v":526.08,"d":"526.08000"},{"v":526.08,"d":"526.08000"},{"v":526.08,"d":"526.08000"},{"v":526.08,"d":"526.08000"},{"v":526.08,"d":"526.08000"},0,0]
[null,null,{"$error":"#REF!"},{"$error":"#REF!"},{"$error":"#REF!"},{"$error":"#REF!"},null,{"v":0,"d":"0.00%"},{"v":0,"d":"0.00%"},{"v":0,"d":"0.00%"},{"v":0,"d":"0.00%"},{"v":0,"d":"0.00%"},{"v":0,"d":"0.00%"},{"v":0,"d":"0.00%"},{"v":0,"d":"0.00%"},{"v":0,"d":"0.00%"},{"v":0.2,"d":"20.00%"},{"v":0.2,"d":"20.00%"},{"v":0.2,"d":"20.00%"},{"v":0.2,"d":"20.00%"},{"v":0.2,"d":"20.00%"},{"v":0,"d":"0.00%"},{"v":0,"d":"0.00%"}]
[null,null,{"$error":"#REF!"},{"$error":"#REF!"},{"$error":"#REF!"},{"$error":"#REF!"},{"$nulls":10},{"v":0.2,"d":"20.00%"},{"v":0.2,"d":"20.00%"},{"v":0.2,"d":"20.00%"},{"v":0.2,"d":"20.00%"},{"v":0.2,"d":"20.00%"}]
[null,709,"SUMINISTRO E INSTALACION DE BARANDA METALICA (INCLUYE PINTURA)","m",{"v":31,"d":"31.00000"},{"v":116.74,"d":"$ 116.74000"},{"v":3618.94,"d":"$ 3,618.94000"},0,0,0,0,0,0,0,0,0,{"v":723.788,"d":"723.78800"},{"v":723.788,"d":"723.78800"},{"v":723.788,"d":"723.78800"},{"v":723.788,"d":"723.78800"},{"v":723.788,"d":"723.78800"},0,0]
[null,null,{"$error":"#REF!"},{"$error":"#REF!"},{"$error":"#REF!"},{"$error":"#REF!"},null,{"v":0,"d":"0.00%"},{"v":0,"d":"0.00%"},{"v":0,"d":"0.00%"},{"v":0,"d":"0.00%"},{"v":0,"d":"0.00%"},{"v":0,"d":"0.00%"},{"v":0,"d":"0.00%"},{"v":0,"d":"0.00%"},{"v":0,"d":"0.00%"},{"v":0.2,"d":"20.00%"},{"v":0.2,"d":"20.00%"},{"v":0.2,"d":"20.00%"},{"v":0.2,"d":"20.00%"},{"v":0.2,"d":"20.00%"},{"v":0,"d":"0.00%"},{"v":0,"d":"0.00%"}]
[null,null,{"$error":"#REF!"},{"$error":"#REF!"},{"$error":"#REF!"},{"$error":"#REF!"},{"$nulls":10},{"v":0.2,"d":"20.00%"},{"v":0.2,"d":"20.00%"},{"v":0.2,"d":"20.00%"},{"v":0.2,"d":"20.00%"},{"v":0.2,"d":"20.00%"}]
[null,710,"SUMINISTRO E INSTALACION DE VALVULA CHECK BRIDADA DE H.D. TIPO SWING D=150mm PN10/16","u",{"v":2,"d":"2.00000"},{"v":670.6,"d":"$ 670.60000"},{"v":1341.2,"d":"$ 1,341.20000"},0,0,0,0,0,0,0,0,0,{"v":268.24,"d":"268.24000"},{"v":268.24,"d":"268.24000"},{"v":268.24,"d":"268.24000"},{"v":268.24,"d":"268.24000"},{"v":268.24,"d":"268.24000"},0,0]
[null,null,{"$error":"#REF!"},{"$error":"#REF!"},{"$error":"#REF!"},{"$error":"#REF!"},null,{"v":0,"d":"0.00%"},{"v":0,"d":"0.00%"},{"v":0,"d":"0.00%"},{"v":0,"d":"0.00%"},{"v":0,"d":"0.00%"},{"v":0,"d":"0.00%"},{"v":0,"d":"0.00%"},{"v":0,"d":"0.00%"},{"v":0,"d":"0.00%"},{"v":0.2,"d":"20.00%"},{"v":0.2,"d":"20.00%"},{"v":0.2,"d":"20.00%"},{"v":0.2,"d":"20.00%"},{"v":0.2,"d":"20.00%"},{"v":0,"d":"0.00%"},{"v":0,"d":"0.00%"}]
[null,null,{"$error":"#REF!"},{"$error":"#REF!"},{"$error":"#REF!"},{"$error":"#REF!"},{"$nulls":10},{"v":0.2,"d":"20.00%"},{"v":0.2,"d":"20.00%"},{"v":0.2,"d":"20.00%"},{"v":0.2,"d":"20.00%"},{"v":0.2,"d":"20.00%"}]
[null,711,"SUMINISTRO E INSTALACION DE VALVULA COMPUERTA VASTAGO FIJO EXTREMOS BRIDADOS D=150mm PN10/16","u",{"v":2,"d":"2.00000"},{"v":790.91,"d":"$ 790.91000"},{"v":1581.82,"d":"$ 1,581.82000"},0,0,0,0,0,0,0,0,0,{"v":316.36400000000003,"d":"316.36400"},{"v":316.36400000000003,"d":"316.36400"},{"v":316.36400000000003,"d":"316.36400"},{"v":316.36400000000003,"d":"316.36400"},{"v":316.36400000000003,"d":"316.36400"},0,0]
[null,null,{"$error":"#REF!"},{"$error":"#REF!"},{"$error":"#REF!"},{"$error":"#REF!"},null,{"v":0,"d":"0.00%"},{"v":0,"d":"0.00%"},{"v":0,"d":"0.00%"},{"v":0,"d":"0.00%"},{"v":0,"d":"0.00%"},{"v":0,"d":"0.00%"},{"v":0,"d":"0.00%"},{"v":0,"d":"0.00%"},{"v":0,"d":"0.00%"},{"v":0.2,"d":"20.00%"},{"v":0.2,"d":"20.00%"},{"v":0.2,"d":"20.00%"},{"v":0.2,"d":"20.00%"},{"v":0.2,"d":"20.00%"},{"v":0,"d":"0.00%"},{"v":0,"d":"0.00%"}]
[null,null,{"$error":"#REF!"},{"$error":"#REF!"},{"$error":"#REF!"},{"$error":"#REF!"},{"$nulls":10},{"v":0.2,"d":"20.00%"},{"v":0.2,"d":"20.00%"},{"v":0.2,"d":"20.00%"},{"v":0.2,"d":"20.00%"},{"v":0.2,"d":"20.00%"}]
[null,712,"SUMINISTRO E INSTALACION DE JUNTA DE DESMONTAJE 150mm","u",{"v":2,"d":"2.00000"},{"v":434.57,"d":"$ 434.57000"},{"v":869.14,"d":"$ 869.14000"},0,0,0,0,0,0,0,0,0,{"v":173.828,"d":"173.82800"},{"v":173.828,"d":"173.82800"},{"v":173.828,"d":"173.82800"},{"v":173.828,"d":"173.82800"},{"v":173.828,"d":"173.82800"},0,0]
[null,null,{"$error":"#REF!"},{"$error":"#REF!"},{"$error":"#REF!"},{"$error":"#REF!"},null,{"v":0,"d":"0.00%"},{"v":0,"d":"0.00%"},{"v":0,"d":"0.00%"},{"v":0,"d":"0.00%"},{"v":0,"d":"0.00%"},{"v":0,"d":"0.00%"},{"v":0,"d":"0.00%"},{"v":0,"d":"0.00%"},{"v":0,"d":"0.00%"},{"v":0.2,"d":"20.00%"},{"v":0.2,"d":"20.00%"},{"v":0.2,"d":"20.00%"},{"v":0.2,"d":"20.00%"},{"v":0.2,"d":"20.00%"},{"v":0,"d":"0.00%"},{"v":0,"d":"0.00%"}]
[null,null,{"$error":"#REF!"},{"$error":"#REF!"},{"$error":"#REF!"},{"$error":"#REF!"},{"$nulls":10},{"v":0.2,"d":"20.00%"},{"v":0.2,"d":"20.00%"},{"v":0.2,"d":"20.00%"},{"v":0.2,"d":"20.00%"},{"v":0.2,"d":"20.00%"}]
[null,713,"SUMINISTRO E INSTALACION DE BRIDA DE ACERO AL CARBONO ASTM A-105 DN 150mm","u",{"v":13,"d":"13.00000"},{"v":237.3,"d":"$ 237.30000"},{"v":3084.9,"d":"$ 3,084.90000"},0,0,0,0,0,0,0,0,0,{"v":616.98,"d":"616.98000"},{"v":616.98,"d":"616.98000"},{"v":616.98,"d":"616.98000"},{"v":616.98,"d":"616.98000"},{"v":616.98,"d":"616.98000"},0,0]
[null,null,{"$error":"#REF!"},{"$error":"#REF!"},{"$error":"#REF!"},{"$error":"#REF!"},null,{"v":0,"d":"0.00%"},{"v":0,"d":"0.00%"},{"v":0,"d":"0.00%"},{"v":0,"d":"0.00%"},{"v":0,"d":"0.00%"},{"v":0,"d":"0.00%"},{"v":0,"d":"0.00%"},{"v":0,"d":"0.00%"},{"v":0,"d":"0.00%"},{"v":0.2,"d":"20.00%"},{"v":0.2,"d":"20.00%"},{"v":0.2,"d":"20.00%"},{"v":0.2,"d":"20.00%"},{"v":0.2,"d":"20.00%"},{"v":0,"d":"0.00%"},{"v":0,"d":"0.00%"}]
[null,null,{"$error":"#REF!"},{"$error":"#REF!"},{"$error":"#REF!"},{"$error":"#REF!"},{"$nulls":10},{"v":0.2,"d":"20.00%"},{"v":0.2,"d":"20.00%"},{"v":0.2,"d":"20.00%"},{"v":0.2,"d":"20.00%"},{"v":0.2,"d":"20.00%"}]
[null,714,"SUMINISTRO E INSTALACION DE TUBERIA ACERO ASTM A36  D=150 mm","m",{"v":1,"d":"1.00000"},{"v":168.45,"d":"$ 168.45000"},{"v":168.45,"d":"$ 168.45000"},0,0,0,0,0,0,0,0,0,{"v":33.69,"d":"33.69000"},{"v":33.69,"d":"33.69000"},{"v":33.69,"d":"33.69000"},{"v":33.69,"d":"33.69000"},{"v":33.69,"d":"33.69000"},0,0]
[null,null,{"$error":"#REF!"},{"$error":"#REF!"},{"$error":"#REF!"},{"$error":"#REF!"},null,{"v":0,"d":"0.00%"},{"v":0,"d":"0.00%"},{"v":0,"d":"0.00%"},{"v":0,"d":"0.00%"},{"v":0,"d":"0.00%"},{"v":0,"d":"0.00%"},{"v":0,"d":"0.00%"},{"v":0,"d":"0.00%"},{"v":0,"d":"0.00%"},{"v":0.2,"d":"20.00%"},{"v":0.2,"d":"20.00%"},{"v":0.2,"d":"20.00%"},{"v":0.2,"d":"20.00%"},{"v":0.2,"d":"20.00%"},{"v":0,"d":"0.00%"},{"v":0,"d":"0.00%"}]
[null,null,{"$error":"#REF!"},{"$error":"#REF!"},{"$error":"#REF!"},{"$error":"#REF!"},{"$nulls":10},{"v":0.2,"d":"20.00%"},{"v":0.2,"d":"20.00%"},{"v":0.2,"d":"20.00%"},{"v":0.2,"d":"20.00%"},{"v":0.2,"d":"20.00%"}]
[null,715,"SUMINISTRO E INSTALACION DE CODO ACERO ASTM A36 D= 150mmX90'","u",{"v":1,"d":"1.00000"},{"v":244.66,"d":"$ 244.66000"},{"v":244.66,"d":"$ 244.66000"},0,0,0,0,0,0,0,0,0,{"v":48.932,"d":"48.93200"},{"v":48.932,"d":"48.93200"},{"v":48.932,"d":"48.93200"},{"v":48.932,"d":"48.93200"},{"v":48.932,"d":"48.93200"},0,0]
[null,null,{"$error":"#REF!"},{"$error":"#REF!"},{"$error":"#REF!"},{"$error":"#REF!"},null,{"v":0,"d":"0.00%"},{"v":0,"d":"0.00%"},{"v":0,"d":"0.00%"},{"v":0,"d":"0.00%"},{"v":0,"d":"0.00%"},{"v":0,"d":"0.00%"},{"v":0,"d":"0.00%"},{"v":0,"d":"0.00%"},{"v":0,"d":"0.00%"},{"v":0.2,"d":"20.00%"},{"v":0.2,"d":"20.00%"},{"v":0.2,"d":"20.00%"},{"v":0.2,"d":"20.00%"},{"v":0.2,"d":"20.00%"},{"v":0,"d":"0.00%"},{"v":0,"d":"0.00%"}]
[null,null,{"$error":"#REF!"},{"$error":"#REF!"},{"$error":"#REF!"},{"$error":"#REF!"},{"$nulls":10},{"v":0.2,"d":"20.00%"},{"v":0.2,"d":"20.00%"},{"v":0.2,"d":"20.00%"},{"v":0.2,"d":"20.00%"},{"v":0.2,"d":"20.00%"}]
[null,716,"HORMIGON PREMEZCLADO F´C=180 Kg/cm2, PARA BLOQUES DE ANCLAJES","m3",{"v":11.08,"d":"11.08000"},{"v":188.57,"d":"$ 188.57000"},{"v":2089.3556,"d":"$ 2,089.35560"},0,0,0,0,0,0,0,0,0,417.87112,417.87112,417.87112,417.87112,417.87112,0,0]
[null,null,{"$error":"#REF!"},{"$error":"#REF!"},{"$error":"#REF!"},{"$error":"#REF!"},null,{"v":0,"d":"0.00%"},{"v":0,"d":"0.00%"},{"v":0,"d":"0.00%"},{"v":0,"d":"0.00%"},{"v":0,"d":"0.00%"},{"v":0,"d":"0.00%"},{"v":0,"d":"0.00%"},{"v":0,"d":"0.00%"},{"v":0,"d":"0.00%"},{"v":0.2,"d":"20.00%"},{"v":0.2,"d":"20.00%"},{"v":0.2,"d":"20.00%"},{"v":0.2,"d":"20.00%"},{"v":0.2,"d":"20.00%"},{"v":0,"d":"0.00%"},{"v":0,"d":"0.00%"}]
[null,null,{"$error":"#REF!"},{"$error":"#REF!"},{"$error":"#REF!"},{"$error":"#REF!"},{"$nulls":10},{"v":0.2,"d":"20.00%"},{"v":0.2,"d":"20.00%"},{"v":0.2,"d":"20.00%"},{"v":0.2,"d":"20.00%"},{"v":0.2,"d":"20.00%"}]
[null,717,"COLGADOR PARA TUBERIA 8 IN","u",{"v":10,"d":"10.00000"},{"v":6.75,"d":"$ 6.75000"},{"v":67.5,"d":"$ 67.50000"},0,0,0,0,0,0,0,0,0,{"v":13.5,"d":"13.50000"},{"v":13.5,"d":"13.50000"},{"v":13.5,"d":"13.50000"},{"v":13.5,"d":"13.50000"},{"v":13.5,"d":"13.50000"},0,0]
[null,null,{"$error":"#REF!"},{"$error":"#REF!"},{"$error":"#REF!"},{"$error":"#REF!"},null,{"v":0,"d":"0.00%"},{"v":0,"d":"0.00%"},{"v":0,"d":"0.00%"},{"v":0,"d":"0.00%"},{"v":0,"d":"0.00%"},{"v":0,"d":"0.00%"},{"v":0,"d":"0.00%"},{"v":0,"d":"0.00%"},{"v":0,"d":"0.00%"},{"v":0.2,"d":"20.00%"},{"v":0.2,"d":"20.00%"},{"v":0.2,"d":"20.00%"},{"v":0.2,"d":"20.00%"},{"v":0.2,"d":"20.00%"},{"v":0,"d":"0.00%"},{"v":0,"d":"0.00%"}]
[null,null,{"$error":"#REF!"},{"$error":"#REF!"},{"$error":"#REF!"},{"$error":"#REF!"},{"$nulls":10},{"v":0.2,"d":"20.00%"},{"v":0.2,"d":"20.00%"},{"v":0.2,"d":"20.00%"},{"v":0.2,"d":"20.00%"},{"v":0.2,"d":"20.00%"}]
[null,718,"SUMINISTRO E INSTALACION DE TUBERIA ACERO PERFORADA ASTM A36 D=150 mm","m",{"v":7,"d":"7.00000"},{"v":171.16,"d":"$ 171.16000"},{"v":1198.12,"d":"$ 1,198.12000"},0,0,0,0,0,0,0,0,0,{"v":239.624,"d":"239.62400"},{"v":239.624,"d":"239.62400"},{"v":239.624,"d":"239.62400"},{"v":239.624,"d":"239.62400"},{"v":239.624,"d":"239.62400"},0,0]
[null,null,{"$error":"#REF!"},{"$error":"#REF!"},{"$error":"#REF!"},{"$error":"#REF!"},null,{"v":0,"d":"0.00%"},{"v":0,"d":"0.00%"},{"v":0,"d":"0.00%"},{"v":0,"d":"0.00%"},{"v":0,"d":"0.00%"},{"v":0,"d":"0.00%"},{"v":0,"d":"0.00%"},{"v":0,"d":"0.00%"},{"v":0,"d":"0.00%"},{"v":0.2,"d":"20.00%"},{"v":0.2,"d":"20.00%"},{"v":0.2,"d":"20.00%"},{"v":0.2,"d":"20.00%"},{"v":0.2,"d":"20.00%"},{"v":0,"d":"0.00%"},{"v":0,"d":"0.00%"}]
[null,null,{"$error":"#REF!"},{"$error":"#REF!"},{"$error":"#REF!"},{"$error":"#REF!"},{"$nulls":10},{"v":0.2,"d":"20.00%"},{"v":0.2,"d":"20.00%"},{"v":0.2,"d":"20.00%"},{"v":0.2,"d":"20.00%"},{"v":0.2,"d":"20.00%"}]
[null,719,"SUMINISTRO E INSTALACION DE PASAMURO PARA TUBERIA DE H.F. 150mm, L=0.40m","u",{"v":6,"d":"6.00000"},{"v":192.18,"d":"$ 192.18000"},{"v":1153.08,"d":"$ 1,153.08000"},0,0,0,0,0,0,0,0,0,{"v":230.61599999999999,"d":"230.61600"},{"v":230.61599999999999,"d":"230.61600"},{"v":230.61599999999999,"d":"230.61600"},{"v":230.61599999999999,"d":"230.61600"},{"v":230.61599999999999,"d":"230.61600"},0,0]
[null,null,{"$error":"#REF!"},{"$error":"#REF!"},{"$error":"#REF!"},{"$error":"#REF!"},null,{"v":0,"d":"0.00%"},{"v":0,"d":"0.00%"},{"v":0,"d":"0.00%"},{"v":0,"d":"0.00%"},{"v":0,"d":"0.00%"},{"v":0,"d":"0.00%"},{"v":0,"d":"0.00%"},{"v":0,"d":"0.00%"},{"v":0,"d":"0.00%"},{"v":0.2,"d":"20.00%"},{"v":0.2,"d":"20.00%"},{"v":0.2,"d":"20.00%"},{"v":0.2,"d":"20.00%"},{"v":0.2,"d":"20.00%"},{"v":0,"d":"0.00%"},{"v":0,"d":"0.00%"}]
[null,null,{"$error":"#REF!"},{"$error":"#REF!"},{"$error":"#REF!"},{"$error":"#REF!"},{"$nulls":10},{"v":0.2,"d":"20.00%"},{"v":0.2,"d":"20.00%"},{"v":0.2,"d":"20.00%"},{"v":0.2,"d":"20.00%"},{"v":0.2,"d":"20.00%"}]
[null,720,"SUMINISTRO E INSTALACION DE ABRAZADERA GALVANIZADA DE 4\"","u",{"v":10,"d":"10.00000"},{"v":15.91,"d":"$ 15.91000"},{"v":159.1,"d":"$ 159.10000"},0,0,0,0,0,0,0,0,0,{"v":31.82,"d":"31.82000"},{"v":31.82,"d":"31.82000"},{"v":31.82,"d":"31.82000"},{"v":31.82,"d":"31.82000"},{"v":31.82,"d":"31.82000"},0,0]
[null,null,{"$error":"#REF!"},{"$error":"#REF!"},{"$error":"#REF!"},{"$error":"#REF!"},null,{"v":0,"d":"0.00%"},{"v":0,"d":"0.00%"},{"v":0,"d":"0.00%"},{"v":0,"d":"0.00%"},{"v":0,"d":"0.00%"},{"v":0,"d":"0.00%"},{"v":0,"d":"0.00%"},{"v":0,"d":"0.00%"},{"v":0,"d":"0.00%"},{"v":0.2,"d":"20.00%"},{"v":0.2,"d":"20.00%"},{"v":0.2,"d":"20.00%"},{"v":0.2,"d":"20.00%"},{"v":0.2,"d":"20.00%"},{"v":0,"d":"0.00%"},{"v":0,"d":"0.00%"}]
[null,null,{"$error":"#REF!"},{"$error":"#REF!"},{"$error":"#REF!"},{"$error":"#REF!"},{"$nulls":10},{"v":0.2,"d":"20.00%"},{"v":0.2,"d":"20.00%"},{"v":0.2,"d":"20.00%"},{"v":0.2,"d":"20.00%"},{"v":0.2,"d":"20.00%"}]
[null,721,"SUMINISTRO DE TUBERIA DE VENTILACION PVC EC DI=110 mm","m",{"v":8,"d":"8.00000"},{"v":4.13,"d":"$ 4.13000"},{"v":33.04,"d":"$ 33.04000"},0,0,0,0,0,0,0,0,0,{"v":6.6080000000000005,"d":"6.60800"},{"v":6.6080000000000005,"d":"6.60800"},{"v":6.6080000000000005,"d":"6.60800"},{"v":6.6080000000000005,"d":"6.60800"},{"v":6.6080000000000005,"d":"6.60800"},0,0]
[null,null,{"$error":"#REF!"},{"$error":"#REF!"},{"$error":"#REF!"},{"$error":"#REF!"},null,{"v":0,"d":"0.00%"},{"v":0,"d":"0.00%"},{"v":0,"d":"0.00%"},{"v":0,"d":"0.00%"},{"v":0,"d":"0.00%"},{"v":0,"d":"0.00%"},{"v":0,"d":"0.00%"},{"v":0,"d":"0.00%"},{"v":0,"d":"0.00%"},{"v":0.2,"d":"20.00%"},{"v":0.2,"d":"20.00%"},{"v":0.2,"d":"20.00%"},{"v":0.2,"d":"20.00%"},{"v":0.2,"d":"20.00%"},{"v":0,"d":"0.00%"},{"v":0,"d":"0.00%"}]
[null,null,{"$error":"#REF!"},{"$error":"#REF!"},{"$error":"#REF!"},{"$error":"#REF!"},{"$nulls":10},{"v":0.2,"d":"20.00%"},{"v":0.2,"d":"20.00%"},{"v":0.2,"d":"20.00%"},{"v":0.2,"d":"20.00%"},{"v":0.2,"d":"20.00%"}]
[null,722,"INSTALACION DE TUBERIA DE VENTILACION PVC EC DI=110 mm","m",{"v":8,"d":"8.00000"},{"v":5.34,"d":"$ 5.34000"},{"v":42.72,"d":"$ 42.72000"},0,0,0,0,0,0,0,0,0,{"v":8.544,"d":"8.54400"},{"v":8.544,"d":"8.54400"},{"v":8.544,"d":"8.54400"},{"v":8.544,"d":"8.54400"},{"v":8.544,"d":"8.54400"},0,0]
[null,null,{"$error":"#REF!"},{"$error":"#REF!"},{"$error":"#REF!"},{"$error":"#REF!"},null,{"v":0,"d":"0.00%"},{"v":0,"d":"0.00%"},{"v":0,"d":"0.00%"},{"v":0,"d":"0.00%"},{"v":0,"d":"0.00%"},{"v":0,"d":"0.00%"},{"v":0,"d":"0.00%"},{"v":0,"d":"0.00%"},{"v":0,"d":"0.00%"},{"v":0.2,"d":"20.00%"},{"v":0.2,"d":"20.00%"},{"v":0.2,"d":"20.00%"},{"v":0.2,"d":"20.00%"},{"v":0.2,"d":"20.00%"},{"v":0,"d":"0.00%"},{"v":0,"d":"0.00%"}]
[null,null,{"$error":"#REF!"},{"$error":"#REF!"},{"$error":"#REF!"},{"$error":"#REF!"},{"$nulls":10},{"v":0.2,"d":"20.00%"},{"v":0.2,"d":"20.00%"},{"v":0.2,"d":"20.00%"},{"v":0.2,"d":"20.00%"},{"v":0.2,"d":"20.00%"}]
[null,723,"COLGADOR PARA TUBERIA 4 IN","u",{"v":10,"d":"10.00000"},{"v":4,"d":"$ 4.00000"},{"v":40,"d":"$ 40.00000"},0,0,0,0,0,0,0,0,0,{"v":8,"d":"8.00000"},{"v":8,"d":"8.00000"},{"v":8,"d":"8.00000"},{"v":8,"d":"8.00000"},{"v":8,"d":"8.00000"},0,0]
[null,null,{"$error":"#REF!"},{"$error":"#REF!"},{"$error":"#REF!"},{"$error":"#REF!"},null,{"v":0,"d":"0.00%"},{"v":0,"d":"0.00%"},{"v":0,"d":"0.00%"},{"v":0,"d":"0.00%"},{"v":0,"d":"0.00%"},{"v":0,"d":"0.00%"},{"v":0,"d":"0.00%"},{"v":0,"d":"0.00%"},{"v":0,"d":"0.00%"},{"v":0.2,"d":"20.00%"},{"v":0.2,"d":"20.00%"},{"v":0.2,"d":"20.00%"},{"v":0.2,"d":"20.00%"},{"v":0.2,"d":"20.00%"},{"v":0,"d":"0.00%"},{"v":0,"d":"0.00%"}]
[null,null,{"$error":"#REF!"},{"$error":"#REF!"},{"$error":"#REF!"},{"$error":"#REF!"},{"$nulls":10},{"v":0.2,"d":"20.00%"},{"v":0.2,"d":"20.00%"},{"v":0.2,"d":"20.00%"},{"v":0.2,"d":"20.00%"},{"v":0.2,"d":"20.00%"}]
[null,724,"SUMINISTRO E INSTALACION DE RIEL","Kg",{"v":448.18,"d":"448.18000"},{"v":5.96,"d":"$ 5.96000"},{"v":2671.1528,"d":"$ 2,671.15280"},0,0,0,0,0,0,0,0,0,534.23056,534.23056,534.23056,534.23056,534.23056,0,0]
[null,null,{"$error":"#REF!"},{"$error":"#REF!"},{"$error":"#REF!"},{"$error":"#REF!"},null,{"v":0,"d":"0.00%"},{"v":0,"d":"0.00%"},{"v":0,"d":"0.00%"},{"v":0,"d":"0.00%"},{"v":0,"d":"0.00%"},{"v":0,"d":"0.00%"},{"v":0,"d":"0.00%"},{"v":0,"d":"0.00%"},{"v":0,"d":"0.00%"},{"v":0.2,"d":"20.00%"},{"v":0.2,"d":"20.00%"},{"v":0.2,"d":"20.00%"},{"v":0.2,"d":"20.00%"},{"v":0.2,"d":"20.00%"},{"v":0,"d":"0.00%"},{"v":0,"d":"0.00%"}]
[null,null,{"$error":"#REF!"},{"$error":"#REF!"},{"$error":"#REF!"},{"$error":"#REF!"},{"$nulls":10},{"v":0.2,"d":"20.00%"},{"v":0.2,"d":"20.00%"},{"v":0.2,"d":"20.00%"},{"v":0.2,"d":"20.00%"},{"v":0.2,"d":"20.00%"}]
[null,725,"SUMINISTRO E INSTALACION DE TAPA DE ACERO (2.02X2.02m) (E=6mm)","u",{"v":1,"d":"1.00000"},{"v":997.31,"d":"$ 997.31000"},{"v":997.31,"d":"$ 997.31000"},0,0,0,0,0,0,0,0,0,{"v":199.462,"d":"199.46200"},{"v":199.462,"d":"199.46200"},{"v":199.462,"d":"199.46200"},{"v":199.462,"d":"199.46200"},{"v":199.462,"d":"199.46200"},0,0]
[null,null,{"$error":"#REF!"},{"$error":"#REF!"},{"$error":"#REF!"},{"$error":"#REF!"},null,{"v":0,"d":"0.00%"},{"v":0,"d":"0.00%"},{"v":0,"d":"0.00%"},{"v":0,"d":"0.00%"},{"v":0,"d":"0.00%"},{"v":0,"d":"0.00%"},{"v":0,"d":"0.00%"},{"v":0,"d":"0.00%"},{"v":0,"d":"0.00%"},{"v":0.2,"d":"20.00%"},{"v":0.2,"d":"20.00%"},{"v":0.2,"d":"20.00%"},{"v":0.2,"d":"20.00%"},{"v":0.2,"d":"20.00%"},{"v":0,"d":"0.00%"},{"v":0,"d":"0.00%"}]
[null,null,{"$error":"#REF!"},{"$error":"#REF!"},{"$error":"#REF!"},{"$error":"#REF!"},{"$nulls":10},{"v":0.2,"d":"20.00%"},{"v":0.2,"d":"20.00%"},{"v":0.2,"d":"20.00%"},{"v":0.2,"d":"20.00%"},{"v":0.2,"d":"20.00%"}]
[null,726,"SUMINISTRO E INSTALACION DE TAPA DE ACERO (1.80X2.03m) (E=6mm)","u",{"v":2,"d":"2.00000"},{"v":359.93,"d":"$ 359.93000"},{"v":719.86,"d":"$ 719.86000"},0,0,0,0,0,0,0,0,0,{"v":143.972,"d":"143.97200"},{"v":143.972,"d":"143.97200"},{"v":143.972,"d":"143.97200"},{"v":143.972,"d":"143.97200"},{"v":143.972,"d":"143.97200"},0,0]
[null,null,{"$error":"#REF!"},{"$error":"#REF!"},{"$error":"#REF!"},{"$error":"#REF!"},null,{"v":0,"d":"0.00%"},{"v":0,"d":"0.00%"},{"v":0,"d":"0.00%"},{"v":0,"d":"0.00%"},{"v":0,"d":"0.00%"},{"v":0,"d":"0.00%"},{"v":0,"d":"0.00%"},{"v":0,"d":"0.00%"},{"v":0,"d":"0.00%"},{"v":0.2,"d":"20.00%"},{"v":0.2,"d":"20.00%"},{"v":0.2,"d":"20.00%"},{"v":0.2,"d":"20.00%"},{"v":0.2,"d":"20.00%"},{"v":0,"d":"0.00%"},{"v":0,"d":"0.00%"}]
[null,null,{"$error":"#REF!"},{"$error":"#REF!"},{"$error":"#REF!"},{"$error":"#REF!"},{"$nulls":10},{"v":0.2,"d":"20.00%"},{"v":0.2,"d":"20.00%"},{"v":0.2,"d":"20.00%"},{"v":0.2,"d":"20.00%"},{"v":0.2,"d":"20.00%"}]
[null,727,"SUMINISTRO E INSTALACION DE TAPA DE ACERO (1.33X0.93m) (E=6mm)","u",{"v":1,"d":"1.00000"},{"v":357.47,"d":"$ 357.47000"},{"v":357.47,"d":"$ 357.47000"},0,0,0,0,0,0,0,0,0,{"v":71.49400000000001,"d":"71.49400"},{"v":71.49400000000001,"d":"71.49400"},{"v":71.49400000000001,"d":"71.49400"},{"v":71.49400000000001,"d":"71.49400"},{"v":71.49400000000001,"d":"71.49400"},0,0]
[null,null,{"$error":"#REF!"},{"$error":"#REF!"},{"$error":"#REF!"},{"$error":"#REF!"},null,{"v":0,"d":"0.00%"},{"v":0,"d":"0.00%"},{"v":0,"d":"0.00%"},{"v":0,"d":"0.00%"},{"v":0,"d":"0.00%"},{"v":0,"d":"0.00%"},{"v":0,"d":"0.00%"},{"v":0,"d":"0.00%"},{"v":0,"d":"0.00%"},{"v":0.2,"d":"20.00%"},{"v":0.2,"d":"20.00%"},{"v":0.2,"d":"20.00%"},{"v":0.2,"d":"20.00%"},{"v":0.2,"d":"20.00%"},{"v":0,"d":"0.00%"},{"v":0,"d":"0.00%"}]
[null,null,{"$error":"#REF!"},{"$error":"#REF!"},{"$error":"#REF!"},{"$error":"#REF!"},{"$nulls":10},{"v":0.2,"d":"20.00%"},{"v":0.2,"d":"20.00%"},{"v":0.2,"d":"20.00%"},{"v":0.2,"d":"20.00%"},{"v":0.2,"d":"20.00%"}]
[null,728,"SUMINISTRO E INSTALACION DE TAPA DE ACERO (1.13X1.13m) (E=6mm)","u",{"v":1,"d":"1.00000"},{"v":828.34,"d":"$ 828.34000"},{"v":828.34,"d":"$ 828.34000"},0,0,0,0,0,0,0,0,0,{"v":165.668,"d":"165.66800"},{"v":165.668,"d":"165.66800"},{"v":165.668,"d":"165.66800"},{"v":165.668,"d":"165.66800"},{"v":165.668,"d":"165.66800"},0,0]
[null,null,{"$error":"#REF!"},{"$error":"#REF!"},{"$error":"#REF!"},{"$error":"#REF!"},null,{"v":0,"d":"0.00%"},{"v":0,"d":"0.00%"},{"v":0,"d":"0.00%"},{"v":0,"d":"0.00%"},{"v":0,"d":"0.00%"},{"v":0,"d":"0.00%"},{"v":0,"d":"0.00%"},{"v":0,"d":"0.00%"},{"v":0,"d":"0.00%"},{"v":0.2,"d":"20.00%"},{"v":0.2,"d":"20.00%"},{"v":0.2,"d":"20.00%"},{"v":0.2,"d":"20.00%"},{"v":0.2,"d":"20.00%"},{"v":0,"d":"0.00%"},{"v":0,"d":"0.00%"}]
[null,null,{"$error":"#REF!"},{"$error":"#REF!"},{"$error":"#REF!"},{"$error":"#REF!"},{"$nulls":10},{"v":0.2,"d":"20.00%"},{"v":0.2,"d":"20.00%"},{"v":0.2,"d":"20.00%"},{"v":0.2,"d":"20.00%"},{"v":0.2,"d":"20.00%"}]
[null,729,"HORMIGON PREMEZCLADO F´C=180 Kg/cm2 INCLUYE ENCOFRADO","m3",{"v":1,"d":"1.00000"},{"v":210.34,"d":"$ 210.34000"},{"v":210.34,"d":"$ 210.34000"},0,0,0,0,0,0,0,0,0,{"v":42.068000000000005,"d":"42.06800"},{"v":42.068000000000005,"d":"42.06800"},{"v":42.068000000000005,"d":"42.06800"},{"v":42.068000000000005,"d":"42.06800"},{"v":42.068000000000005,"d":"42.06800"},0,0]
[null,null,{"$error":"#REF!"},{"$error":"#REF!"},{"$error":"#REF!"},{"$error":"#REF!"},null,{"v":0,"d":"0.00%"},{"v":0,"d":"0.00%"},{"v":0,"d":"0.00%"},{"v":0,"d":"0.00%"},{"v":0,"d":"0.00%"},{"v":0,"d":"0.00%"},{"v":0,"d":"0.00%"},{"v":0,"d":"0.00%"},{"v":0,"d":"0.00%"},{"v":0.2,"d":"20.00%"},{"v":0.2,"d":"20.00%"},{"v":0.2,"d":"20.00%"},{"v":0.2,"d":"20.00%"},{"v":0.2,"d":"20.00%"},{"v":0,"d":"0.00%"},{"v":0,"d":"0.00%"}]
[null,null,{"$error":"#REF!"},{"$error":"#REF!"},{"$error":"#REF!"},{"$error":"#REF!"},{"$nulls":10},{"v":0.2,"d":"20.00%"},{"v":0.2,"d":"20.00%"},{"v":0.2,"d":"20.00%"},{"v":0.2,"d":"20.00%"},{"v":0.2,"d":"20.00%"}]
[null,730,"SUMINISTRO E INSTALACION DE CUBIERTA","m2",{"v":1.11,"d":"1.11000"},{"v":11.73,"d":"$ 11.73000"},{"v":13.020300000000002,"d":"$ 13.02030"},0,0,0,0,0,0,0,0,0,{"v":2.6040600000000005,"d":"2.60406"},{"v":2.6040600000000005,"d":"2.60406"},{"v":2.6040600000000005,"d":"2.60406"},{"v":2.6040600000000005,"d":"2.60406"},{"v":2.6040600000000005,"d":"2.60406"},0,0]
[null,null,{"$error":"#REF!"},{"$error":"#REF!"},{"$error":"#REF!"},{"$error":"#REF!"},null,{"v":0,"d":"0.00%"},{"v":0,"d":"0.00%"},{"v":0,"d":"0.00%"},{"v":0,"d":"0.00%"},{"v":0,"d":"0.00%"},{"v":0,"d":"0.00%"},{"v":0,"d":"0.00%"},{"v":0,"d":"0.00%"},{"v":0,"d":"0.00%"},{"v":0.2,"d":"20.00%"},{"v":0.2,"d":"20.00%"},{"v":0.2,"d":"20.00%"},{"v":0.2,"d":"20.00%"},{"v":0.2,"d":"20.00%"},{"v":0,"d":"0.00%"},{"v":0,"d":"0.00%"}]
[null,null,{"$error":"#REF!"},{"$error":"#REF!"},{"$error":"#REF!"},{"$error":"#REF!"},{"$nulls":10},{"v":0.2,"d":"20.00%"},{"v":0.2,"d":"20.00%"},{"v":0.2,"d":"20.00%"},{"v":0.2,"d":"20.00%"},{"v":0.2,"d":"20.00%"}]
[null,731,"SUMINISTRO E INSTALACION DE TUBERIA GALVANIZADA 1\"","m",{"v":17,"d":"17.00000"},{"v":12.55,"d":"$ 12.55000"},{"v":213.35000000000002,"d":"$ 213.35000"},0,0,0,0,0,0,0,0,0,{"v":42.67000000000001,"d":"42.67000"},{"v":42.67000000000001,"d":"42.67000"},{"v":42.67000000000001,"d":"42.67000"},{"v":42.67000000000001,"d":"42.67000"},{"v":42.67000000000001,"d":"42.67000"},0,0]
[null,null,{"$error":"#REF!"},{"$error":"#REF!"},{"$error":"#REF!"},{"$error":"#REF!"},null,{"v":0,"d":"0.00%"},{"v":0,"d":"0.00%"},{"v":0,"d":"0.00%"},{"v":0,"d":"0.00%"},{"v":0,"d":"0.00%"},{"v":0,"d":"0.00%"},{"v":0,"d":"0.00%"},{"v":0,"d":"0.00%"},{"v":0,"d":"0.00%"},{"v":0.2,"d":"20.00%"},{"v":0.2,"d":"20.00%"},{"v":0.2,"d":"20.00%"},{"v":0.2,"d":"20.00%"},{"v":0.2,"d":"20.00%"},{"v":0,"d":"0.00%"},{"v":0,"d":"0.00%"}]
[null,null,{"$error":"#REF!"},{"$error":"#REF!"},{"$error":"#REF!"},{"$error":"#REF!"},{"$nulls":10},{"v":0.2,"d":"20.00%"},{"v":0.2,"d":"20.00%"},{"v":0.2,"d":"20.00%"},{"v":0.2,"d":"20.00%"},{"v":0.2,"d":"20.00%"}]
[null,732,"ACERO ESTRUCTURAL (A36)","Kg",{"v":17,"d":"17.00000"},{"v":6.04,"d":"$ 6.04000"},{"v":102.68,"d":"$ 102.68000"},0,0,0,0,0,0,0,0,0,{"v":20.536,"d":"20.53600"},{"v":20.536,"d":"20.53600"},{"v":20.536,"d":"20.53600"},{"v":20.536,"d":"20.53600"},{"v":20.536,"d":"20.53600"},0,0]
[null,null,{"$error":"#REF!"},{"$error":"#REF!"},{"$error":"#REF!"},{"$error":"#REF!"},null,{"v":0,"d":"0.00%"},{"v":0,"d":"0.00%"},{"v":0,"d":"0.00%"},{"v":0,"d":"0.00%"},{"v":0,"d":"0.00%"},{"v":0,"d":"0.00%"},{"v":0,"d":"0.00%"},{"v":0,"d":"0.00%"},{"v":0,"d":"0.00%"},{"v":0.2,"d":"20.00%"},{"v":0.2,"d":"20.00%"},{"v":0.2,"d":"20.00%"},{"v":0.2,"d":"20.00%"},{"v":0.2,"d":"20.00%"},{"v":0,"d":"0.00%"},{"v":0,"d":"0.00%"}]
[null,null,{"$error":"#REF!"},{"$error":"#REF!"},{"$error":"#REF!"},{"$error":"#REF!"},{"$nulls":10},{"v":0.2,"d":"20.00%"},{"v":0.2,"d":"20.00%"},{"v":0.2,"d":"20.00%"},{"v":0.2,"d":"20.00%"},{"v":0.2,"d":"20.00%"}]
[null,733,"HORMIGON PREMEZCLADO F'C=180 Kg/cm2 PARA REPLANTILLO INCLUYE ENCOFRADO","m3",{"v":0.05,"d":"0.05000"},{"v":201.04,"d":"$ 201.04000"},{"v":10.052,"d":"$ 10.05200"},0,0,0,0,0,0,0,0,0,{"v":2.0104,"d":"2.01040"},{"v":2.0104,"d":"2.01040"},{"v":2.0104,"d":"2.01040"},{"v":2.0104,"d":"2.01040"},{"v":2.0104,"d":"2.01040"},0,0]
[null,null,{"$error":"#REF!"},{"$error":"#REF!"},{"$error":"#REF!"},{"$error":"#REF!"},null,{"v":0,"d":"0.00%"},{"v":0,"d":"0.00%"},{"v":0,"d":"0.00%"},{"v":0,"d":"0.00%"},{"v":0,"d":"0.00%"},{"v":0,"d":"0.00%"},{"v":0,"d":"0.00%"},{"v":0,"d":"0.00%"},{"v":0,"d":"0.00%"},{"v":0.2,"d":"20.00%"},{"v":0.2,"d":"20.00%"},{"v":0.2,"d":"20.00%"},{"v":0.2,"d":"20.00%"},{"v":0.2,"d":"20.00%"},{"v":0,"d":"0.00%"},{"v":0,"d":"0.00%"}]
[null,null,{"$error":"#REF!"},{"$error":"#REF!"},{"$error":"#REF!"},{"$error":"#REF!"},{"$nulls":10},{"v":0.2,"d":"20.00%"},{"v":0.2,"d":"20.00%"},{"v":0.2,"d":"20.00%"},{"v":0.2,"d":"20.00%"},{"v":0.2,"d":"20.00%"}]
[null,734,"SUMINISTRO E INSTALACION DE BISAGRA","u",{"v":2,"d":"2.00000"},{"v":4.16,"d":"$ 4.16000"},{"v":8.32,"d":"$ 8.32000"},0,0,0,0,0,0,0,0,0,{"v":1.6640000000000001,"d":"1.66400"},{"v":1.6640000000000001,"d":"1.66400"},{"v":1.6640000000000001,"d":"1.66400"},{"v":1.6640000000000001,"d":"1.66400"},{"v":1.6640000000000001,"d":"1.66400"},0,0]
[null,null,{"$error":"#REF!"},{"$error":"#REF!"},{"$error":"#REF!"},{"$error":"#REF!"},null,{"v":0,"d":"0.00%"},{"v":0,"d":"0.00%"},{"v":0,"d":"0.00%"},{"v":0,"d":"0.00%"},{"v":0,"d":"0.00%"},{"v":0,"d":"0.00%"},{"v":0,"d":"0.00%"},{"v":0,"d":"0.00%"},{"v":0,"d":"0.00%"},{"v":0.2,"d":"20.00%"},{"v":0.2,"d":"20.00%"},{"v":0.2,"d":"20.00%"},{"v":0.2,"d":"20.00%"},{"v":0.2,"d":"20.00%"},{"v":0,"d":"0.00%"},{"v":0,"d":"0.00%"}]
[null,null,{"$error":"#REF!"},{"$error":"#REF!"},{"$error":"#REF!"},{"$error":"#REF!"},{"$nulls":10},{"v":0.2,"d":"20.00%"},{"v":0.2,"d":"20.00%"},{"v":0.2,"d":"20.00%"},{"v":0.2,"d":"20.00%"},{"v":0.2,"d":"20.00%"}]
[null,735,"ACERO DE REFUERZO EN BARRAS FY=4200 Kg/cm2","Kg",{"v":751.52,"d":"751.52000"},{"v":2.32,"d":"$ 2.32000"},{"v":1743.5263999999997,"d":"$ 1,743.52640"},0,0,0,0,0,0,0,0,0,{"v":348.70527999999996,"d":"348.70528"},{"v":348.70527999999996,"d":"348.70528"},{"v":348.70527999999996,"d":"348.70528"},{"v":348.70527999999996,"d":"348.70528"},{"v":348.70527999999996,"d":"348.70528"},0,0]
[null,null,{"$error":"#REF!"},{"$error":"#REF!"},{"$error":"#REF!"},{"$error":"#REF!"},null,{"v":0,"d":"0.00%"},{"v":0,"d":"0.00%"},{"v":0,"d":"0.00%"},{"v":0,"d":"0.00%"},{"v":0,"d":"0.00%"},{"v":0,"d":"0.00%"},{"v":0,"d":"0.00%"},{"v":0,"d":"0.00%"},{"v":0,"d":"0.00%"},{"v":0.2,"d":"20.00%"},{"v":0.2,"d":"20.00%"},{"v":0.2,"d":"20.00%"},{"v":0.2,"d":"20.00%"},{"v":0.2,"d":"20.00%"},{"v":0,"d":"0.00%"},{"v":0,"d":"0.00%"}]
[null,null,{"$error":"#REF!"},{"$error":"#REF!"},{"$error":"#REF!"},{"$error":"#REF!"},{"$nulls":10},{"v":0.2,"d":"20.00%"},{"v":0.2,"d":"20.00%"},{"v":0.2,"d":"20.00%"},{"v":0.2,"d":"20.00%"},{"v":0.2,"d":"20.00%"}]
[null,736,"MALLA ELECTROSOLDADA 15x15 - 5,5mm","m2",{"v":32,"d":"32.00000"},{"v":6.03,"d":"$ 6.03000"},{"v":192.96,"d":"$ 192.96000"},0,0,0,0,0,0,0,0,0,{"v":38.592000000000006,"d":"38.59200"},{"v":38.592000000000006,"d":"38.59200"},{"v":38.592000000000006,"d":"38.59200"},{"v":38.592000000000006,"d":"38.59200"},{"v":38.592000000000006,"d":"38.59200"},0,0]
[null,null,{"$error":"#REF!"},{"$error":"#REF!"},{"$error":"#REF!"},{"$error":"#REF!"},null,{"v":0,"d":"0.00%"},{"v":0,"d":"0.00%"},{"v":0,"d":"0.00%"},{"v":0,"d":"0.00%"},{"v":0,"d":"0.00%"},{"v":0,"d":"0.00%"},{"v":0,"d":"0.00%"},{"v":0,"d":"0.00%"},{"v":0,"d":"0.00%"},{"v":0.2,"d":"20.00%"},{"v":0.2,"d":"20.00%"},{"v":0.2,"d":"20.00%"},{"v":0.2,"d":"20.00%"},{"v":0.2,"d":"20.00%"},{"v":0,"d":"0.00%"},{"v":0,"d":"0.00%"}]
[null,null,{"$error":"#REF!"},{"$error":"#REF!"},{"$error":"#REF!"},{"$error":"#REF!"},{"$nulls":10},{"v":0.2,"d":"20.00%"},{"v":0.2,"d":"20.00%"},{"v":0.2,"d":"20.00%"},{"v":0.2,"d":"20.00%"},{"v":0.2,"d":"20.00%"}]
[null,737,"ACERO ESTRUCTURAL (A36)","Kg",{"v":41.18,"d":"41.18000"},{"v":6.04,"d":"$ 6.04000"},{"v":248.7272,"d":"$ 248.72720"},0,0,0,0,0,0,0,0,0,49.74544,49.74544,49.74544,49.74544,49.74544,0,0]
[null,null,{"$error":"#REF!"},{"$error":"#REF!"},{"$error":"#REF!"},{"$error":"#REF!"},null,{"v":0,"d":"0.00%"},{"v":0,"d":"0.00%"},{"v":0,"d":"0.00%"},{"v":0,"d":"0.00%"},{"v":0,"d":"0.00%"},{"v":0,"d":"0.00%"},{"v":0,"d":"0.00%"},{"v":0,"d":"0.00%"},{"v":0,"d":"0.00%"},{"v":0.2,"d":"20.00%"},{"v":0.2,"d":"20.00%"},{"v":0.2,"d":"20.00%"},{"v":0.2,"d":"20.00%"},{"v":0.2,"d":"20.00%"},{"v":0,"d":"0.00%"},{"v":0,"d":"0.00%"}]
[null,null,{"$error":"#REF!"},{"$error":"#REF!"},{"$error":"#REF!"},{"$error":"#REF!"},{"$nulls":10},{"v":0.2,"d":"20.00%"},{"v":0.2,"d":"20.00%"},{"v":0.2,"d":"20.00%"},{"v":0.2,"d":"20.00%"},{"v":0.2,"d":"20.00%"}]
[null,738,"HORMIGON PREMEZCLADO F´C=180 Kg/cm2 INCLUYE ENCOFRADO","m3",{"v":1.32,"d":"1.32000"},{"v":210.34,"d":"$ 210.34000"},{"v":277.6488,"d":"$ 277.64880"},0,0,0,0,0,0,0,0,0,55.52976,55.52976,55.52976,55.52976,55.52976,0,0]
[null,null,{"$error":"#REF!"},{"$error":"#REF!"},{"$error":"#REF!"},{"$error":"#REF!"},null,{"v":0,"d":"0.00%"},{"v":0,"d":"0.00%"},{"v":0,"d":"0.00%"},{"v":0,"d":"0.00%"},{"v":0,"d":"0.00%"},{"v":0,"d":"0.00%"},{"v":0,"d":"0.00%"},{"v":0,"d":"0.00%"},{"v":0,"d":"0.00%"},{"v":0.2,"d":"20.00%"},{"v":0.2,"d":"20.00%"},{"v":0.2,"d":"20.00%"},{"v":0.2,"d":"20.00%"},{"v":0.2,"d":"20.00%"},{"v":0,"d":"0.00%"},{"v":0,"d":"0.00%"}]
[null,null,{"$error":"#REF!"},{"$error":"#REF!"},{"$error":"#REF!"},{"$error":"#REF!"},{"$nulls":10},{"v":0.2,"d":"20.00%"},{"v":0.2,"d":"20.00%"},{"v":0.2,"d":"20.00%"},{"v":0.2,"d":"20.00%"},{"v":0.2,"d":"20.00%"}]
[null,739,"HORMIGON PREMEZCLADO F´C=210 Kg/cm2 INCLUYE ENCOFRADO","m3",{"v":7.28,"d":"7.28000"},{"v":226.64,"d":"$ 226.64000"},{"v":1649.9392,"d":"$ 1,649.93920"},0,0,0,0,0,0,0,0,0,329.98784,329.98784,329.98784,329.98784,329.98784,0,0]
[null,null,{"$error":"#REF!"},{"$error":"#REF!"},{"$error":"#REF!"},{"$error":"#REF!"},null,{"v":0,"d":"0.00%"},{"v":0,"d":"0.00%"},{"v":0,"d":"0.00%"},{"v":0,"d":"0.00%"},{"v":0,"d":"0.00%"},{"v":0,"d":"0.00%"},{"v":0,"d":"0.00%"},{"v":0,"d":"0.00%"},{"v":0,"d":"0.00%"},{"v":0.2,"d":"20.00%"},{"v":0.2,"d":"20.00%"},{"v":0.2,"d":"20.00%"},{"v":0.2,"d":"20.00%"},{"v":0.2,"d":"20.00%"},{"v":0,"d":"0.00%"},{"v":0,"d":"0.00%"}]
[null,null,{"$error":"#REF!"},{"$error":"#REF!"},{"$error":"#REF!"},{"$error":"#REF!"},{"$nulls":10},{"v":0.2,"d":"20.00%"},{"v":0.2,"d":"20.00%"},{"v":0.2,"d":"20.00%"},{"v":0.2,"d":"20.00%"},{"v":0.2,"d":"20.00%"}]
[null,740,"RELLENO COMPACTADO CON COMPACTADOR MANUAL DE MATERIAL IMPORTADO (INCLUYE TRANSPORTE)","m3",{"v":2.46,"d":"2.46000"},{"v":20.66,"d":"$ 20.66000"},{"v":50.8236,"d":"$ 50.82360"},0,0,0,0,0,0,0,0,0,10.16472,10.16472,10.16472,10.16472,10.16472,0,0]
[null,null,{"$error":"#REF!"},{"$error":"#REF!"},{"$error":"#REF!"},{"$error":"#REF!"},null,{"v":0,"d":"0.00%"},{"v":0,"d":"0.00%"},{"v":0,"d":"0.00%"},{"v":0,"d":"0.00%"},{"v":0,"d":"0.00%"},{"v":0,"d":"0.00%"},{"v":0,"d":"0.00%"},{"v":0,"d":"0.00%"},{"v":0,"d":"0.00%"},{"v":0.2,"d":"20.00%"},{"v":0.2,"d":"20.00%"},{"v":0.2,"d":"20.00%"},{"v":0.2,"d":"20.00%"},{"v":0.2,"d":"20.00%"},{"v":0,"d":"0.00%"},{"v":0,"d":"0.00%"}]
[null,null,{"$error":"#REF!"},{"$error":"#REF!"},{"$error":"#REF!"},{"$error":"#REF!"},{"$nulls":10},{"v":0.2,"d":"20.00%"},{"v":0.2,"d":"20.00%"},{"v":0.2,"d":"20.00%"},{"v":0.2,"d":"20.00%"},{"v":0.2,"d":"20.00%"}]
[null,741,"EXCAVACION A MANO","m3",{"v":8.52,"d":"8.52000"},{"v":12.23,"d":"$ 12.23000"},{"v":104.1996,"d":"$ 104.19960"},0,0,0,0,0,0,0,0,0,{"v":20.839920000000003,"d":"20.83992"},{"v":20.839920000000003,"d":"20.83992"},{"v":20.839920000000003,"d":"20.83992"},{"v":20.839920000000003,"d":"20.83992"},{"v":20.839920000000003,"d":"20.83992"},0,0]
[null,null,{"$error":"#REF!"},{"$error":"#REF!"},{"$error":"#REF!"},{"$error":"#REF!"},null,{"v":0,"d":"0.00%"},{"v":0,"d":"0.00%"},{"v":0,"d":"0.00%"},{"v":0,"d":"0.00%"},{"v":0,"d":"0.00%"},{"v":0,"d":"0.00%"},{"v":0,"d":"0.00%"},{"v":0,"d":"0.00%"},{"v":0,"d":"0.00%"},{"v":0.2,"d":"20.00%"},{"v":0.2,"d":"20.00%"},{"v":0.2,"d":"20.00%"},{"v":0.2,"d":"20.00%"},{"v":0.2,"d":"20.00%"},{"v":0,"d":"0.00%"},{"v":0,"d":"0.00%"}]
[null,null,{"$error":"#REF!"},{"$error":"#REF!"},{"$error":"#REF!"},{"$error":"#REF!"},{"$nulls":10},{"v":0.2,"d":"20.00%"},{"v":0.2,"d":"20.00%"},{"v":0.2,"d":"20.00%"},{"v":0.2,"d":"20.00%"},{"v":0.2,"d":"20.00%"}]
[null,742,"DESALOJO DEL MATERIAL SOBRANTE (BOTADERO MUNICIPAL)","m3",{"v":8.52,"d":"8.52000"},{"v":3.5,"d":"$ 3.50000"},{"v":29.82,"d":"$ 29.82000"},0,0,0,0,0,0,0,0,0,{"v":5.964,"d":"5.96400"},{"v":5.964,"d":"5.96400"},{"v":5.964,"d":"5.96400"},{"v":5.964,"d":"5.96400"},{"v":5.964,"d":"5.96400"},0,0]
[null,null,{"$error":"#REF!"},{"$error":"#REF!"},{"$error":"#REF!"},{"$error":"#REF!"},null,{"v":0,"d":"0.00%"},{"v":0,"d":"0.00%"},{"v":0,"d":"0.00%"},{"v":0,"d":"0.00%"},{"v":0,"d":"0.00%"},{"v":0,"d":"0.00%"},{"v":0,"d":"0.00%"},{"v":0,"d":"0.00%"},{"v":0,"d":"0.00%"},{"v":0.2,"d":"20.00%"},{"v":0.2,"d":"20.00%"},{"v":0.2,"d":"20.00%"},{"v":0.2,"d":"20.00%"},{"v":0.2,"d":"20.00%"},{"v":0,"d":"0.00%"},{"v":0,"d":"0.00%"}]
[null,null,{"$error":"#REF!"},{"$error":"#REF!"},{"$error":"#REF!"},{"$error":"#REF!"},{"$nulls":10},{"v":0.2,"d":"20.00%"},{"v":0.2,"d":"20.00%"},{"v":0.2,"d":"20.00%"},{"v":0.2,"d":"20.00%"},{"v":0.2,"d":"20.00%"}]
[null,743,"SUMINISTRO E INSTALACION DE CUBIERTA DE TEJA DE FIBROCEMENTO 8mm","m2",{"v":59.6,"d":"59.60000"},{"v":14.57,"d":"$ 14.57000"},{"v":868.3720000000001,"d":"$ 868.37200"},0,0,0,0,0,0,0,0,0,{"v":173.67440000000002,"d":"173.67440"},{"v":173.67440000000002,"d":"173.67440"},{"v":173.67440000000002,"d":"173.67440"},{"v":173.67440000000002,"d":"173.67440"},{"v":173.67440000000002,"d":"173.67440"},0,0]
[null,null,{"$error":"#REF!"},{"$error":"#REF!"},{"$error":"#REF!"},{"$error":"#REF!"},null,{"v":0,"d":"0.00%"},{"v":0,"d":"0.00%"},{"v":0,"d":"0.00%"},{"v":0,"d":"0.00%"},{"v":0,"d":"0.00%"},{"v":0,"d":"0.00%"},{"v":0,"d":"0.00%"},{"v":0,"d":"0.00%"},{"v":0,"d":"0.00%"},{"v":0.2,"d":"20.00%"},{"v":0.2,"d":"20.00%"},{"v":0.2,"d":"20.00%"},{"v":0.2,"d":"20.00%"},{"v":0.2,"d":"20.00%"},{"v":0,"d":"0.00%"},{"v":0,"d":"0.00%"}]
[null,null,{"$error":"#REF!"},{"$error":"#REF!"},{"$error":"#REF!"},{"$error":"#REF!"},{"$nulls":10},{"v":0.2,"d":"20.00%"},{"v":0.2,"d":"20.00%"},{"v":0.2,"d":"20.00%"},{"v":0.2,"d":"20.00%"},{"v":0.2,"d":"20.00%"}]
[null,744,"PARED DE BLOQUE 30X30X15cm","m2",{"v":53.12,"d":"53.12000"},{"v":21.21,"d":"$ 21.21000"},{"v":1126.6752,"d":"$ 1,126.67520"},0,0,0,0,0,0,0,0,0,225.33504,225.33504,225.33504,225.33504,225.33504,0,0]
[null,null,{"$error":"#REF!"},{"$error":"#REF!"},{"$error":"#REF!"},{"$error":"#REF!"},null,{"v":0,"d":"0.00%"},{"v":0,"d":"0.00%"},{"v":0,"d":"0.00%"},{"v":0,"d":"0.00%"},{"v":0,"d":"0.00%"},{"v":0,"d":"0.00%"},{"v":0,"d":"0.00%"},{"v":0,"d":"0.00%"},{"v":0,"d":"0.00%"},{"v":0.2,"d":"20.00%"},{"v":0.2,"d":"20.00%"},{"v":0.2,"d":"20.00%"},{"v":0.2,"d":"20.00%"},{"v":0.2,"d":"20.00%"},{"v":0,"d":"0.00%"},{"v":0,"d":"0.00%"}]
[null,null,{"$error":"#REF!"},{"$error":"#REF!"},{"$error":"#REF!"},{"$error":"#REF!"},{"$nulls":10},{"v":0.2,"d":"20.00%"},{"v":0.2,"d":"20.00%"},{"v":0.2,"d":"20.00%"},{"v":0.2,"d":"20.00%"},{"v":0.2,"d":"20.00%"}]
[null,745,"ENLUCIDO DE PAREDES EXTERIORES","m2",{"v":60,"d":"60.00000"},{"v":11.74,"d":"$ 11.74000"},{"v":704.4,"d":"$ 704.40000"},0,0,0,0,0,0,0,0,0,{"v":140.88,"d":"140.88000"},{"v":140.88,"d":"140.88000"},{"v":140.88,"d":"140.88000"},{"v":140.88,"d":"140.88000"},{"v":140.88,"d":"140.88000"},0,0]
[null,null,{"$error":"#REF!"},{"$error":"#REF!"},{"$error":"#REF!"},{"$error":"#REF!"},null,{"v":0,"d":"0.00%"},{"v":0,"d":"0.00%"},{"v":0,"d":"0.00%"},{"v":0,"d":"0.00%"},{"v":0,"d":"0.00%"},{"v":0,"d":"0.00%"},{"v":0,"d":"0.00%"},{"v":0,"d":"0.00%"},{"v":0,"d":"0.00%"},{"v":0.2,"d":"20.00%"},{"v":0.2,"d":"20.00%"},{"v":0.2,"d":"20.00%"},{"v":0.2,"d":"20.00%"},{"v":0.2,"d":"20.00%"},{"v":0,"d":"0.00%"},{"v":0,"d":"0.00%"}]
[null,null,{"$error":"#REF!"},{"$error":"#REF!"},{"$error":"#REF!"},{"$error":"#REF!"},{"$nulls":10},{"v":0.2,"d":"20.00%"},{"v":0.2,"d":"20.00%"},{"v":0.2,"d":"20.00%"},{"v":0.2,"d":"20.00%"},{"v":0.2,"d":"20.00%"}]
[null,746,"ENLUCIDO DE PAREDES INTERIORES","m2",{"v":50,"d":"50.00000"},{"v":8.61,"d":"$ 8.61000"},{"v":430.5,"d":"$ 430.50000"},0,0,0,0,0,0,0,0,0,{"v":86.10000000000001,"d":"86.10000"},{"v":86.10000000000001,"d":"86.10000"},{"v":86.10000000000001,"d":"86.10000"},{"v":86.10000000000001,"d":"86.10000"},{"v":86.10000000000001,"d":"86.10000"},0,0]
[null,null,{"$error":"#REF!"},{"$error":"#REF!"},{"$error":"#REF!"},{"$error":"#REF!"},null,{"v":0,"d":"0.00%"},{"v":0,"d":"0.00%"},{"v":0,"d":"0.00%"},{"v":0,"d":"0.00%"},{"v":0,"d":"0.00%"},{"v":0,"d":"0.00%"},{"v":0,"d":"0.00%"},{"v":0,"d":"0.00%"},{"v":0,"d":"0.00%"},{"v":0.2,"d":"20.00%"},{"v":0.2,"d":"20.00%"},{"v":0.2,"d":"20.00%"},{"v":0.2,"d":"20.00%"},{"v":0.2,"d":"20.00%"},{"v":0,"d":"0.00%"},{"v":0,"d":"0.00%"}]
[null,null,{"$error":"#REF!"},{"$error":"#REF!"},{"$error":"#REF!"},{"$error":"#REF!"},{"$nulls":10},{"v":0.2,"d":"20.00%"},{"v":0.2,"d":"20.00%"},{"v":0.2,"d":"20.00%"},{"v":0.2,"d":"20.00%"},{"v":0.2,"d":"20.00%"}]
[null,747,"PINTURA EXTERIOR","m2",{"v":74.48,"d":"74.48000"},{"v":8.68,"d":"$ 8.68000"},{"v":646.4864,"d":"$ 646.48640"},0,0,0,0,0,0,0,0,0,129.29728,129.29728,129.29728,129.29728,129.29728,0,0]
[null,null,{"$error":"#REF!"},{"$error":"#REF!"},{"$error":"#REF!"},{"$error":"#REF!"},null,{"v":0,"d":"0.00%"},{"v":0,"d":"0.00%"},{"v":0,"d":"0.00%"},{"v":0,"d":"0.00%"},{"v":0,"d":"0.00%"},{"v":0,"d":"0.00%"},{"v":0,"d":"0.00%"},{"v":0,"d":"0.00%"},{"v":0,"d":"0.00%"},{"v":0.2,"d":"20.00%"},{"v":0.2,"d":"20.00%"},{"v":0.2,"d":"20.00%"},{"v":0.2,"d":"20.00%"},{"v":0.2,"d":"20.00%"},{"v":0,"d":"0.00%"},{"v":0,"d":"0.00%"}]
[null,null,{"$error":"#REF!"},{"$error":"#REF!"},{"$error":"#REF!"},{"$error":"#REF!"},{"$nulls":10},{"v":0.2,"d":"20.00%"},{"v":0.2,"d":"20.00%"},{"v":0.2,"d":"20.00%"},{"v":0.2,"d":"20.00%"},{"v":0.2,"d":"20.00%"}]
[null,748,"PINTURA INTERIOR","m2",{"v":62.5,"d":"62.50000"},{"v":8.19,"d":"$ 8.19000"},{"v":511.87499999999994,"d":"$ 511.87500"},0,0,0,0,0,0,0,0,0,{"v":102.375,"d":"102.37500"},{"v":102.375,"d":"102.37500"},{"v":102.375,"d":"102.37500"},{"v":102.375,"d":"102.37500"},{"v":102.375,"d":"102.37500"},0,0]
[null,null,{"$error":"#REF!"},{"$error":"#REF!"},{"$error":"#REF!"},{"$error":"#REF!"},null,{"v":0,"d":"0.00%"},{"v":0,"d":"0.00%"},{"v":0,"d":"0.00%"},{"v":0,"d":"0.00%"},{"v":0,"d":"0.00%"},{"v":0,"d":"0.00%"},{"v":0,"d":"0.00%"},{"v":0,"d":"0.00%"},{"v":0,"d":"0.00%"},{"v":0.2,"d":"20.00%"},{"v":0.2,"d":"20.00%"},{"v":0.2,"d":"20.00%"},{"v":0.2,"d":"20.00%"},{"v":0.2,"d":"20.00%"},{"v":0,"d":"0.00%"},{"v":0,"d":"0.00%"}]
[null,null,{"$error":"#REF!"},{"$error":"#REF!"},{"$error":"#REF!"},{"$error":"#REF!"},{"$nulls":10},{"v":0.2,"d":"20.00%"},{"v":0.2,"d":"20.00%"},{"v":0.2,"d":"20.00%"},{"v":0.2,"d":"20.00%"},{"v":0.2,"d":"20.00%"}]
[null,749,"VENTANAS DE ALUMINIO Y VIDRIO (VIDRIO 5mm)","m2",{"v":5,"d":"5.00000"},{"v":152.12,"d":"$ 152.12000"},{"v":760.6,"d":"$ 760.60000"},0,0,0,0,0,0,0,0,0,{"v":152.12,"d":"152.12000"},{"v":152.12,"d":"152.12000"},{"v":152.12,"d":"152.12000"},{"v":152.12,"d":"152.12000"},{"v":152.12,"d":"152.12000"},0,0]
[null,null,{"$error":"#REF!"},{"$error":"#REF!"},{"$error":"#REF!"},{"$error":"#REF!"},null,{"v":0,"d":"0.00%"},{"v":0,"d":"0.00%"},{"v":0,"d":"0.00%"},{"v":0,"d":"0.00%"},{"v":0,"d":"0.00%"},{"v":0,"d":"0.00%"},{"v":0,"d":"0.00%"},{"v":0,"d":"0.00%"},{"v":0,"d":"0.00%"},{"v":0.2,"d":"20.00%"},{"v":0.2,"d":"20.00%"},{"v":0.2,"d":"20.00%"},{"v":0.2,"d":"20.00%"},{"v":0.2,"d":"20.00%"},{"v":0,"d":"0.00%"},{"v":0,"d":"0.00%"}]
[null,null,{"$error":"#REF!"},{"$error":"#REF!"},{"$error":"#REF!"},{"$error":"#REF!"},{"$nulls":10},{"v":0.2,"d":"20.00%"},{"v":0.2,"d":"20.00%"},{"v":0.2,"d":"20.00%"},{"v":0.2,"d":"20.00%"},{"v":0.2,"d":"20.00%"}]
[null,750,"PUERTA METALICA TIPO LOUVER (1.60x1.60m)","u",{"v":2,"d":"2.00000"},{"v":437.71,"d":"$ 437.71000"},{"v":875.42,"d":"$ 875.42000"},0,0,0,0,0,0,0,0,0,{"v":175.084,"d":"175.08400"},{"v":175.084,"d":"175.08400"},{"v":175.084,"d":"175.08400"},{"v":175.084,"d":"175.08400"},{"v":175.084,"d":"175.08400"},0,0]
[null,null,{"$error":"#REF!"},{"$error":"#REF!"},{"$error":"#REF!"},{"$error":"#REF!"},null,{"v":0,"d":"0.00%"},{"v":0,"d":"0.00%"},{"v":0,"d":"0.00%"},{"v":0,"d":"0.00%"},{"v":0,"d":"0.00%"},{"v":0,"d":"0.00%"},{"v":0,"d":"0.00%"},{"v":0,"d":"0.00%"},{"v":0,"d":"0.00%"},{"v":0.2,"d":"20.00%"},{"v":0.2,"d":"20.00%"},{"v":0.2,"d":"20.00%"},{"v":0.2,"d":"20.00%"},{"v":0.2,"d":"20.00%"},{"v":0,"d":"0.00%"},{"v":0,"d":"0.00%"}]
[null,null,{"$error":"#REF!"},{"$error":"#REF!"},{"$error":"#REF!"},{"$error":"#REF!"},{"$nulls":10},{"v":0.2,"d":"20.00%"},{"v":0.2,"d":"20.00%"},{"v":0.2,"d":"20.00%"},{"v":0.2,"d":"20.00%"},{"v":0.2,"d":"20.00%"}]
[null,751,"ACERO DE REFUERZO EN BARRAS FY=4200 Kg/cm2","Kg",{"v":350,"d":"350.00000"},{"v":2.32,"d":"$ 2.32000"},{"v":812,"d":"$ 812.00000"},0,0,0,0,0,0,0,0,0,{"v":162.4,"d":"162.40000"},{"v":162.4,"d":"162.40000"},{"v":162.4,"d":"162.40000"},{"v":162.4,"d":"162.40000"},{"v":162.4,"d":"162.40000"},0,0]
[null,null,{"$error":"#REF!"},{"$error":"#REF!"},{"$error":"#REF!"},{"$error":"#REF!"},null,{"v":0,"d":"0.00%"},{"v":0,"d":"0.00%"},{"v":0,"d":"0.00%"},{"v":0,"d":"0.00%"},{"v":0,"d":"0.00%"},{"v":0,"d":"0.00%"},{"v":0,"d":"0.00%"},{"v":0,"d":"0.00%"},{"v":0,"d":"0.00%"},{"v":0.2,"d":"20.00%"},{"v":0.2,"d":"20.00%"},{"v":0.2,"d":"20.00%"},{"v":0.2,"d":"20.00%"},{"v":0.2,"d":"20.00%"},{"v":0,"d":"0.00%"},{"v":0,"d":"0.00%"}]
[null,null,{"$error":"#REF!"},{"$error":"#REF!"},{"$error":"#REF!"},{"$error":"#REF!"},{"$nulls":10},{"v":0.2,"d":"20.00%"},{"v":0.2,"d":"20.00%"},{"v":0.2,"d":"20.00%"},{"v":0.2,"d":"20.00%"},{"v":0.2,"d":"20.00%"}]
[null,752,"MALLA ELECTROSOLDADA 15x15 - 5,5mm","m2",{"v":14.5,"d":"14.50000"},{"v":6.03,"d":"$ 6.03000"},{"v":87.435,"d":"$ 87.43500"},0,0,0,0,0,0,0,0,0,{"v":17.487000000000002,"d":"17.48700"},{"v":17.487000000000002,"d":"17.48700"},{"v":17.487000000000002,"d":"17.48700"},{"v":17.487000000000002,"d":"17.48700"},{"v":17.487000000000002,"d":"17.48700"},0,0]
[null,null,{"$error":"#REF!"},{"$error":"#REF!"},{"$error":"#REF!"},{"$error":"#REF!"},null,{"v":0,"d":"0.00%"},{"v":0,"d":"0.00%"},{"v":0,"d":"0.00%"},{"v":0,"d":"0.00%"},{"v":0,"d":"0.00%"},{"v":0,"d":"0.00%"},{"v":0,"d":"0.00%"},{"v":0,"d":"0.00%"},{"v":0,"d":"0.00%"},{"v":0.2,"d":"20.00%"},{"v":0.2,"d":"20.00%"},{"v":0.2,"d":"20.00%"},{"v":0.2,"d":"20.00%"},{"v":0.2,"d":"20.00%"},{"v":0,"d":"0.00%"},{"v":0,"d":"0.00%"}]
[null,null,{"$error":"#REF!"},{"$error":"#REF!"},{"$error":"#REF!"},{"$error":"#REF!"},{"$nulls":10},{"v":0.2,"d":"20.00%"},{"v":0.2,"d":"20.00%"},{"v":0.2,"d":"20.00%"},{"v":0.2,"d":"20.00%"},{"v":0.2,"d":"20.00%"}]
[null,753,"ACERO ESTRUCTURAL (A36)","Kg",{"v":20,"d":"20.00000"},{"v":6.04,"d":"$ 6.04000"},{"v":120.8,"d":"$ 120.80000"},0,0,0,0,0,0,0,0,0,{"v":24.16,"d":"24.16000"},{"v":24.16,"d":"24.16000"},{"v":24.16,"d":"24.16000"},{"v":24.16,"d":"24.16000"},{"v":24.16,"d":"24.16000"},0,0]
[null,null,{"$error":"#REF!"},{"$error":"#REF!"},{"$error":"#REF!"},{"$error":"#REF!"},null,{"v":0,"d":"0.00%"},{"v":0,"d":"0.00%"},{"v":0,"d":"0.00%"},{"v":0,"d":"0.00%"},{"v":0,"d":"0.00%"},{"v":0,"d":"0.00%"},{"v":0,"d":"0.00%"},{"v":0,"d":"0.00%"},{"v":0,"d":"0.00%"},{"v":0.2,"d":"20.00%"},{"v":0.2,"d":"20.00%"},{"v":0.2,"d":"20.00%"},{"v":0.2,"d":"20.00%"},{"v":0.2,"d":"20.00%"},{"v":0,"d":"0.00%"},{"v":0,"d":"0.00%"}]
[null,null,{"$error":"#REF!"},{"$error":"#REF!"},{"$error":"#REF!"},{"$error":"#REF!"},{"$nulls":10},{"v":0.2,"d":"20.00%"},{"v":0.2,"d":"20.00%"},{"v":0.2,"d":"20.00%"},{"v":0.2,"d":"20.00%"},{"v":0.2,"d":"20.00%"}]
[null,754,"HORMIGON PREMEZCLADO F'C=180 Kg/cm2 PARA REPLANTILLO INCLUYE ENCOFRADO","m3",{"v":0.34,"d":"0.34000"},{"v":201.04,"d":"$ 201.04000"},{"v":68.3536,"d":"$ 68.35360"},0,0,0,0,0,0,0,0,0,{"v":13.670720000000001,"d":"13.67072"},{"v":13.670720000000001,"d":"13.67072"},{"v":13.670720000000001,"d":"13.67072"},{"v":13.670720000000001,"d":"13.67072"},{"v":13.670720000000001,"d":"13.67072"},0,0]
[null,null,{"$error":"#REF!"},{"$error":"#REF!"},{"$error":"#REF!"},{"$error":"#REF!"},null,{"v":0,"d":"0.00%"},{"v":0,"d":"0.00%"},{"v":0,"d":"0.00%"},{"v":0,"d":"0.00%"},{"v":0,"d":"0.00%"},{"v":0,"d":"0.00%"},{"v":0,"d":"0.00%"},{"v":0,"d":"0.00%"},{"v":0,"d":"0.00%"},{"v":0.2,"d":"20.00%"},{"v":0.2,"d":"20.00%"},{"v":0.2,"d":"20.00%"},{"v":0.2,"d":"20.00%"},{"v":0.2,"d":"20.00%"},{"v":0,"d":"0.00%"},{"v":0,"d":"0.00%"}]
[null,null,{"$error":"#REF!"},{"$error":"#REF!"},{"$error":"#REF!"},{"$error":"#REF!"},{"$nulls":10},{"v":0.2,"d":"20.00%"},{"v":0.2,"d":"20.00%"},{"v":0.2,"d":"20.00%"},{"v":0.2,"d":"20.00%"},{"v":0.2,"d":"20.00%"}]
[null,755,"HORMIGON PREMEZCLADO F´C=210 Kg/cm2 INCLUYE ENCOFRADO","m3",{"v":3.95,"d":"3.95000"},{"v":226.64,"d":"$ 226.64000"},{"v":895.228,"d":"$ 895.22800"},0,0,0,0,0,0,0,0,0,{"v":179.0456,"d":"179.04560"},{"v":179.0456,"d":"179.04560"},{"v":179.0456,"d":"179.04560"},{"v":179.0456,"d":"179.04560"},{"v":179.0456,"d":"179.04560"},0,0]
[null,null,{"$error":"#REF!"},{"$error":"#REF!"},{"$error":"#REF!"},{"$error":"#REF!"},null,{"v":0,"d":"0.00%"},{"v":0,"d":"0.00%"},{"v":0,"d":"0.00%"},{"v":0,"d":"0.00%"},{"v":0,"d":"0.00%"},{"v":0,"d":"0.00%"},{"v":0,"d":"0.00%"},{"v":0,"d":"0.00%"},{"v":0,"d":"0.00%"},{"v":0.2,"d":"20.00%"},{"v":0.2,"d":"20.00%"},{"v":0.2,"d":"20.00%"},{"v":0.2,"d":"20.00%"},{"v":0.2,"d":"20.00%"},{"v":0,"d":"0.00%"},{"v":0,"d":"0.00%"}]
[null,null,{"$error":"#REF!"},{"$error":"#REF!"},{"$error":"#REF!"},{"$error":"#REF!"},{"$nulls":10},{"v":0.2,"d":"20.00%"},{"v":0.2,"d":"20.00%"},{"v":0.2,"d":"20.00%"},{"v":0.2,"d":"20.00%"},{"v":0.2,"d":"20.00%"}]
[null,756,"RELLENO COMPACTADO CON COMPACTADOR MANUAL DE MATERIAL IMPORTADO (INCLUYE TRANSPORTE)","m3",{"v":1.23,"d":"1.23000"},{"v":20.66,"d":"$ 20.66000"},{"v":25.4118,"d":"$ 25.41180"},0,0,0,0,0,0,0,0,0,5.08236,5.08236,5.08236,5.08236,5.08236,0,0]
[null,null,{"$error":"#REF!"},{"$error":"#REF!"},{"$error":"#REF!"},{"$error":"#REF!"},null,{"v":0,"d":"0.00%"},{"v":0,"d":"0.00%"},{"v":0,"d":"0.00%"},{"v":0,"d":"0.00%"},{"v":0,"d":"0.00%"},{"v":0,"d":"0.00%"},{"v":0,"d":"0.00%"},{"v":0,"d":"0.00%"},{"v":0,"d":"0.00%"},{"v":0.2,"d":"20.00%"},{"v":0.2,"d":"20.00%"},{"v":0.2,"d":"20.00%"},{"v":0.2,"d":"20.00%"},{"v":0.2,"d":"20.00%"},{"v":0,"d":"0.00%"},{"v":0,"d":"0.00%"}]
[null,null,{"$error":"#REF!"},{"$error":"#REF!"},{"$error":"#REF!"},{"$error":"#REF!"},{"$nulls":10},{"v":0.2,"d":"20.00%"},{"v":0.2,"d":"20.00%"},{"v":0.2,"d":"20.00%"},{"v":0.2,"d":"20.00%"},{"v":0.2,"d":"20.00%"}]
[null,757,"EXCAVACION A MANO","m3",{"v":4.26,"d":"4.26000"},{"v":12.23,"d":"$ 12.23000"},{"v":52.0998,"d":"$ 52.09980"},0,0,0,0,0,0,0,0,0,{"v":10.419960000000001,"d":"10.41996"},{"v":10.419960000000001,"d":"10.41996"},{"v":10.419960000000001,"d":"10.41996"},{"v":10.419960000000001,"d":"10.41996"},{"v":10.419960000000001,"d":"10.41996"},0,0]
[null,null,{"$error":"#REF!"},{"$error":"#REF!"},{"$error":"#REF!"},{"$error":"#REF!"},null,{"v":0,"d":"0.00%"},{"v":0,"d":"0.00%"},{"v":0,"d":"0.00%"},{"v":0,"d":"0.00%"},{"v":0,"d":"0.00%"},{"v":0,"d":"0.00%"},{"v":0,"d":"0.00%"},{"v":0,"d":"0.00%"},{"v":0,"d":"0.00%"},{"v":0.2,"d":"20.00%"},{"v":0.2,"d":"20.00%"},{"v":0.2,"d":"20.00%"},{"v":0.2,"d":"20.00%"},{"v":0.2,"d":"20.00%"},{"v":0,"d":"0.00%"},{"v":0,"d":"0.00%"}]
[null,null,{"$error":"#REF!"},{"$error":"#REF!"},{"$error":"#REF!"},{"$error":"#REF!"},{"$nulls":10},{"v":0.2,"d":"20.00%"},{"v":0.2,"d":"20.00%"},{"v":0.2,"d":"20.00%"},{"v":0.2,"d":"20.00%"},{"v":0.2,"d":"20.00%"}]
[null,758,"DESALOJO DEL MATERIAL SOBRANTE (BOTADERO MUNICIPAL)","m3",{"v":4.26,"d":"4.26000"},{"v":3.5,"d":"$ 3.50000"},{"v":14.91,"d":"$ 14.91000"},0,0,0,0,0,0,0,0,0,{"v":2.982,"d":"2.98200"},{"v":2.982,"d":"2.98200"},{"v":2.982,"d":"2.98200"},{"v":2.982,"d":"2.98200"},{"v":2.982,"d":"2.98200"},0,0]
[null,null,{"$error":"#REF!"},{"$error":"#REF!"},{"$error":"#REF!"},{"$error":"#REF!"},null,{"v":0,"d":"0.00%"},{"v":0,"d":"0.00%"},{"v":0,"d":"0.00%"},{"v":0,"d":"0.00%"},{"v":0,"d":"0.00%"},{"v":0,"d":"0.00%"},{"v":0,"d":"0.00%"},{"v":0,"d":"0.00%"},{"v":0,"d":"0.00%"},{"v":0.2,"d":"20.00%"},{"v":0.2,"d":"20.00%"},{"v":0.2,"d":"20.00%"},{"v":0.2,"d":"20.00%"},{"v":0.2,"d":"20.00%"},{"v":0,"d":"0.00%"},{"v":0,"d":"0.00%"}]
[null,null,{"$error":"#REF!"},{"$error":"#REF!"},{"$error":"#REF!"},{"$error":"#REF!"},{"$nulls":10},{"v":0.2,"d":"20.00%"},{"v":0.2,"d":"20.00%"},{"v":0.2,"d":"20.00%"},{"v":0.2,"d":"20.00%"},{"v":0.2,"d":"20.00%"}]
[null,759,"SUMINISTRO E INSTALACION DE CUBIERTA DE TEJA DE FIBROCEMENTO 8mm","m2",{"v":23.84,"d":"23.84000"},{"v":14.57,"d":"$ 14.57000"},{"v":347.3488,"d":"$ 347.34880"},0,0,0,0,0,0,0,0,0,69.46976,69.46976,69.46976,69.46976,69.46976,0,0]
[null,null,{"$error":"#REF!"},{"$error":"#REF!"},{"$error":"#REF!"},{"$error":"#REF!"},null,{"v":0,"d":"0.00%"},{"v":0,"d":"0.00%"},{"v":0,"d":"0.00%"},{"v":0,"d":"0.00%"},{"v":0,"d":"0.00%"},{"v":0,"d":"0.00%"},{"v":0,"d":"0.00%"},{"v":0,"d":"0.00%"},{"v":0,"d":"0.00%"},{"v":0.2,"d":"20.00%"},{"v":0.2,"d":"20.00%"},{"v":0.2,"d":"20.00%"},{"v":0.2,"d":"20.00%"},{"v":0.2,"d":"20.00%"},{"v":0,"d":"0.00%"},{"v":0,"d":"0.00%"}]
[null,null,{"$error":"#REF!"},{"$error":"#REF!"},{"$error":"#REF!"},{"$error":"#REF!"},{"$nulls":10},{"v":0.2,"d":"20.00%"},{"v":0.2,"d":"20.00%"},{"v":0.2,"d":"20.00%"},{"v":0.2,"d":"20.00%"},{"v":0.2,"d":"20.00%"}]
[null,760,"PARED DE BLOQUE 30X30X15cm","m2",{"v":20.49,"d":"20.49000"},{"v":21.21,"d":"$ 21.21000"},{"v":434.5929,"d":"$ 434.59290"},0,0,0,0,0,0,0,0,0,86.91858,86.91858,86.91858,86.91858,86.91858,0,0]
[null,null,{"$error":"#REF!"},{"$error":"#REF!"},{"$error":"#REF!"},{"$error":"#REF!"},null,{"v":0,"d":"0.00%"},{"v":0,"d":"0.00%"},{"v":0,"d":"0.00%"},{"v":0,"d":"0.00%"},{"v":0,"d":"0.00%"},{"v":0,"d":"0.00%"},{"v":0,"d":"0.00%"},{"v":0,"d":"0.00%"},{"v":0,"d":"0.00%"},{"v":0.2,"d":"20.00%"},{"v":0.2,"d":"20.00%"},{"v":0.2,"d":"20.00%"},{"v":0.2,"d":"20.00%"},{"v":0.2,"d":"20.00%"},{"v":0,"d":"0.00%"},{"v":0,"d":"0.00%"}]
[null,null,{"$error":"#REF!"},{"$error":"#REF!"},{"$error":"#REF!"},{"$error":"#REF!"},{"$nulls":10},{"v":0.2,"d":"20.00%"},{"v":0.2,"d":"20.00%"},{"v":0.2,"d":"20.00%"},{"v":0.2,"d":"20.00%"},{"v":0.2,"d":"20.00%"}]
[null,761,"ENLUCIDO DE PAREDES EXTERIORES","m2",{"v":25,"d":"25.00000"},{"v":11.74,"d":"$ 11.74000"},{"v":293.5,"d":"$ 293.50000"},0,0,0,0,0,0,0,0,0,{"v":58.7,"d":"58.70000"},{"v":58.7,"d":"58.70000"},{"v":58.7,"d":"58.70000"},{"v":58.7,"d":"58.70000"},{"v":58.7,"d":"58.70000"},0,0]
[null,null,{"$error":"#REF!"},{"$error":"#REF!"},{"$error":"#REF!"},{"$error":"#REF!"},null,{"v":0,"d":"0.00%"},{"v":0,"d":"0.00%"},{"v":0,"d":"0.00%"},{"v":0,"d":"0.00%"},{"v":0,"d":"0.00%"},{"v":0,"d":"0.00%"},{"v":0,"d":"0.00%"},{"v":0,"d":"0.00%"},{"v":0,"d":"0.00%"},{"v":0.2,"d":"20.00%"},{"v":0.2,"d":"20.00%"},{"v":0.2,"d":"20.00%"},{"v":0.2,"d":"20.00%"},{"v":0.2,"d":"20.00%"},{"v":0,"d":"0.00%"},{"v":0,"d":"0.00%"}]
[null,null,{"$error":"#REF!"},{"$error":"#REF!"},{"$error":"#REF!"},{"$error":"#REF!"},{"$nulls":10},{"v":0.2,"d":"20.00%"},{"v":0.2,"d":"20.00%"},{"v":0.2,"d":"20.00%"},{"v":0.2,"d":"20.00%"},{"v":0.2,"d":"20.00%"}]
[null,762,"ENLUCIDO DE PAREDES INTERIORES","m2",{"v":75,"d":"75.00000"},{"v":8.61,"d":"$ 8.61000"},{"v":645.75,"d":"$ 645.75000"},0,0,0,0,0,0,0,0,0,{"v":129.15,"d":"129.15000"},{"v":129.15,"d":"129.15000"},{"v":129.15,"d":"129.15000"},{"v":129.15,"d":"129.15000"},{"v":129.15,"d":"129.15000"},0,0]
[null,null,{"$error":"#REF!"},{"$error":"#REF!"},{"$error":"#REF!"},{"$error":"#REF!"},null,{"v":0,"d":"0.00%"},{"v":0,"d":"0.00%"},{"v":0,"d":"0.00%"},{"v":0,"d":"0.00%"},{"v":0,"d":"0.00%"},{"v":0,"d":"0.00%"},{"v":0,"d":"0.00%"},{"v":0,"d":"0.00%"},{"v":0,"d":"0.00%"},{"v":0.2,"d":"20.00%"},{"v":0.2,"d":"20.00%"},{"v":0.2,"d":"20.00%"},{"v":0.2,"d":"20.00%"},{"v":0.2,"d":"20.00%"},{"v":0,"d":"0.00%"},{"v":0,"d":"0.00%"}]
[null,null,{"$error":"#REF!"},{"$error":"#REF!"},{"$error":"#REF!"},{"$error":"#REF!"},{"$nulls":10},{"v":0.2,"d":"20.00%"},{"v":0.2,"d":"20.00%"},{"v":0.2,"d":"20.00%"},{"v":0.2,"d":"20.00%"},{"v":0.2,"d":"20.00%"}]
[null,763,"PINTURA EXTERIOR","m2",{"v":37.78,"d":"37.78000"},{"v":8.68,"d":"$ 8.68000"},{"v":327.9304,"d":"$ 327.93040"},0,0,0,0,0,0,0,0,0,{"v":65.58608000000001,"d":"65.58608"},{"v":65.58608000000001,"d":"65.58608"},{"v":65.58608000000001,"d":"65.58608"},{"v":65.58608000000001,"d":"65.58608"},{"v":65.58608000000001,"d":"65.58608"},0,0]
[null,null,{"$error":"#REF!"},{"$error":"#REF!"},{"$error":"#REF!"},{"$error":"#REF!"},null,{"v":0,"d":"0.00%"},{"v":0,"d":"0.00%"},{"v":0,"d":"0.00%"},{"v":0,"d":"0.00%"},{"v":0,"d":"0.00%"},{"v":0,"d":"0.00%"},{"v":0,"d":"0.00%"},{"v":0,"d":"0.00%"},{"v":0,"d":"0.00%"},{"v":0.2,"d":"20.00%"},{"v":0.2,"d":"20.00%"},{"v":0.2,"d":"20.00%"},{"v":0.2,"d":"20.00%"},{"v":0.2,"d":"20.00%"},{"v":0,"d":"0.00%"},{"v":0,"d":"0.00%"}]
[null,null,{"$error":"#REF!"},{"$error":"#REF!"},{"$error":"#REF!"},{"$error":"#REF!"},{"$nulls":10},{"v":0.2,"d":"20.00%"},{"v":0.2,"d":"20.00%"},{"v":0.2,"d":"20.00%"},{"v":0.2,"d":"20.00%"},{"v":0.2,"d":"20.00%"}]
[null,764,"PINTURA INTERIOR","m2",{"v":75,"d":"75.00000"},{"v":8.19,"d":"$ 8.19000"},{"v":614.25,"d":"$ 614.25000"},0,0,0,0,0,0,0,0,0,{"v":122.85000000000001,"d":"122.85000"},{"v":122.85000000000001,"d":"122.85000"},{"v":122.85000000000001,"d":"122.85000"},{"v":122.85000000000001,"d":"122.85000"},{"v":122.85000000000001,"d":"122.85000"},0,0]
[null,null,{"$error":"#REF!"},{"$error":"#REF!"},{"$error":"#REF!"},{"$error":"#REF!"},null,{"v":0,"d":"0.00%"},{"v":0,"d":"0.00%"},{"v":0,"d":"0.00%"},{"v":0,"d":"0.00%"},{"v":0,"d":"0.00%"},{"v":0,"d":"0.00%"},{"v":0,"d":"0.00%"},{"v":0,"d":"0.00%"},{"v":0,"d":"0.00%"},{"v":0.2,"d":"20.00%"},{"v":0.2,"d":"20.00%"},{"v":0.2,"d":"20.00%"},{"v":0.2,"d":"20.00%"},{"v":0.2,"d":"20.00%"},{"v":0,"d":"0.00%"},{"v":0,"d":"0.00%"}]
[null,null,{"$error":"#REF!"},{"$error":"#REF!"},{"$error":"#REF!"},{"$error":"#REF!"},{"$nulls":10},{"v":0.2,"d":"20.00%"},{"v":0.2,"d":"20.00%"},{"v":0.2,"d":"20.00%"},{"v":0.2,"d":"20.00%"},{"v":0.2,"d":"20.00%"}]
[null,765,"PUERTA EN ACERO INOXIDABLE (0.90x2.00m)","u",{"v":3,"d":"3.00000"},{"v":920.42,"d":"$ 920.42000"},{"v":2761.2599999999998,"d":"$ 2,761.26000"},0,0,0,0,0,0,0,0,0,{"v":552.252,"d":"552.25200"},{"v":552.252,"d":"552.25200"},{"v":552.252,"d":"552.25200"},{"v":552.252,"d":"552.25200"},{"v":552.252,"d":"552.25200"},0,0]
[null,null,{"$error":"#REF!"},{"$error":"#REF!"},{"$error":"#REF!"},{"$error":"#REF!"},null,{"v":0,"d":"0.00%"},{"v":0,"d":"0.00%"},{"v":0,"d":"0.00%"},{"v":0,"d":"0.00%"},{"v":0,"d":"0.00%"},{"v":0,"d":"0.00%"},{"v":0,"d":"0.00%"},{"v":0,"d":"0.00%"},{"v":0,"d":"0.00%"},{"v":0.2,"d":"20.00%"},{"v":0.2,"d":"20.00%"},{"v":0.2,"d":"20.00%"},{"v":0.2,"d":"20.00%"},{"v":0.2,"d":"20.00%"},{"v":0,"d":"0.00%"},{"v":0,"d":"0.00%"}]
[null,null,{"$error":"#REF!"},{"$error":"#REF!"},{"$error":"#REF!"},{"$error":"#REF!"},{"$nulls":10},{"v":0.2,"d":"20.00%"},{"v":0.2,"d":"20.00%"},{"v":0.2,"d":"20.00%"},{"v":0.2,"d":"20.00%"},{"v":0.2,"d":"20.00%"}]
[null,766,"INODORO (INCLUYE ACCESORIOS)","u",{"v":1,"d":"1.00000"},{"v":182.33,"d":"$ 182.33000"},{"v":182.33,"d":"$ 182.33000"},0,0,0,0,0,0,0,0,0,{"v":36.466,"d":"36.46600"},{"v":36.466,"d":"36.46600"},{"v":36.466,"d":"36.46600"},{"v":36.466,"d":"36.46600"},{"v":36.466,"d":"36.46600"},0,0]
[null,null,{"$error":"#REF!"},{"$error":"#REF!"},{"$error":"#REF!"},{"$error":"#REF!"},null,{"v":0,"d":"0.00%"},{"v":0,"d":"0.00%"},{"v":0,"d":"0.00%"},{"v":0,"d":"0.00%"},{"v":0,"d":"0.00%"},{"v":0,"d":"0.00%"},{"v":0,"d":"0.00%"},{"v":0,"d":"0.00%"},{"v":0,"d":"0.00%"},{"v":0.2,"d":"20.00%"},{"v":0.2,"d":"20.00%"},{"v":0.2,"d":"20.00%"},{"v":0.2,"d":"20.00%"},{"v":0.2,"d":"20.00%"},{"v":0,"d":"0.00%"},{"v":0,"d":"0.00%"}]
[null,null,{"$error":"#REF!"},{"$error":"#REF!"},{"$error":"#REF!"},{"$error":"#REF!"},{"$nulls":10},{"v":0.2,"d":"20.00%"},{"v":0.2,"d":"20.00%"},{"v":0.2,"d":"20.00%"},{"v":0.2,"d":"20.00%"},{"v":0.2,"d":"20.00%"}]
[null,767,"LAVAMANOS DE EMPOTRAR CON GRIFERIA PRESSMATIC (INCLUYE ACCESORIOS)","u",{"v":1,"d":"1.00000"},{"v":194.44,"d":"$ 194.44000"},{"v":194.44,"d":"$ 194.44000"},0,0,0,0,0,0,0,0,0,{"v":38.888000000000005,"d":"38.88800"},{"v":38.888000000000005,"d":"38.88800"},{"v":38.888000000000005,"d":"38.88800"},{"v":38.888000000000005,"d":"38.88800"},{"v":38.888000000000005,"d":"38.88800"},0,0]
[null,null,{"$error":"#REF!"},{"$error":"#REF!"},{"$error":"#REF!"},{"$error":"#REF!"},null,{"v":0,"d":"0.00%"},{"v":0,"d":"0.00%"},{"v":0,"d":"0.00%"},{"v":0,"d":"0.00%"},{"v":0,"d":"0.00%"},{"v":0,"d":"0.00%"},{"v":0,"d":"0.00%"},{"v":0,"d":"0.00%"},{"v":0,"d":"0.00%"},{"v":0.2,"d":"20.00%"},{"v":0.2,"d":"20.00%"},{"v":0.2,"d":"20.00%"},{"v":0.2,"d":"20.00%"},{"v":0.2,"d":"20.00%"},{"v":0,"d":"0.00%"},{"v":0,"d":"0.00%"}]
[null,null,{"$error":"#REF!"},{"$error":"#REF!"},{"$error":"#REF!"},{"$error":"#REF!"},{"$nulls":10},{"v":0.2,"d":"20.00%"},{"v":0.2,"d":"20.00%"},{"v":0.2,"d":"20.00%"},{"v":0.2,"d":"20.00%"},{"v":0.2,"d":"20.00%"}]
[null,768,"MESON PARA BAÑO","u",{"v":1,"d":"1.00000"},{"v":204.85,"d":"$ 204.85000"},{"v":204.85,"d":"$ 204.85000"},0,0,0,0,0,0,0,0,0,{"v":40.97,"d":"40.97000"},{"v":40.97,"d":"40.97000"},{"v":40.97,"d":"40.97000"},{"v":40.97,"d":"40.97000"},{"v":40.97,"d":"40.97000"},0,0]
[null,null,{"$error":"#REF!"},{"$error":"#REF!"},{"$error":"#REF!"},{"$error":"#REF!"},null,{"v":0,"d":"0.00%"},{"v":0,"d":"0.00%"},{"v":0,"d":"0.00%"},{"v":0,"d":"0.00%"},{"v":0,"d":"0.00%"},{"v":0,"d":"0.00%"},{"v":0,"d":"0.00%"},{"v":0,"d":"0.00%"},{"v":0,"d":"0.00%"},{"v":0.2,"d":"20.00%"},{"v":0.2,"d":"20.00%"},{"v":0.2,"d":"20.00%"},{"v":0.2,"d":"20.00%"},{"v":0.2,"d":"20.00%"},{"v":0,"d":"0.00%"},{"v":0,"d":"0.00%"}]
[null,null,{"$error":"#REF!"},{"$error":"#REF!"},{"$error":"#REF!"},{"$error":"#REF!"},{"$nulls":10},{"v":0.2,"d":"20.00%"},{"v":0.2,"d":"20.00%"},{"v":0.2,"d":"20.00%"},{"v":0.2,"d":"20.00%"},{"v":0.2,"d":"20.00%"}]
[null,769,"DUCHA (INCLUYE ACCESORIOS)","u",{"v":1,"d":"1.00000"},{"v":97.24,"d":"$ 97.24000"},{"v":97.24,"d":"$ 97.24000"},0,0,0,0,0,0,0,0,0,{"v":19.448,"d":"19.44800"},{"v":19.448,"d":"19.44800"},{"v":19.448,"d":"19.44800"},{"v":19.448,"d":"19.44800"},{"v":19.448,"d":"19.44800"},0,0]
[null,null,{"$error":"#REF!"},{"$error":"#REF!"},{"$error":"#REF!"},{"$error":"#REF!"},null,{"v":0,"d":"0.00%"},{"v":0,"d":"0.00%"},{"v":0,"d":"0.00%"},{"v":0,"d":"0.00%"},{"v":0,"d":"0.00%"},{"v":0,"d":"0.00%"},{"v":0,"d":"0.00%"},{"v":0,"d":"0.00%"},{"v":0,"d":"0.00%"},{"v":0.2,"d":"20.00%"},{"v":0.2,"d":"20.00%"},{"v":0.2,"d":"20.00%"},{"v":0.2,"d":"20.00%"},{"v":0.2,"d":"20.00%"},{"v":0,"d":"0.00%"},{"v":0,"d":"0.00%"}]
[null,null,{"$error":"#REF!"},{"$error":"#REF!"},{"$error":"#REF!"},{"$error":"#REF!"},{"$nulls":10},{"v":0.2,"d":"20.00%"},{"v":0.2,"d":"20.00%"},{"v":0.2,"d":"20.00%"},{"v":0.2,"d":"20.00%"},{"v":0.2,"d":"20.00%"}]
[null,770,"MESA PARA ESCRITORIO (INCLUYE SILLA)","u",{"v":1,"d":"1.00000"},{"v":305.5,"d":"$ 305.50000"},{"v":305.5,"d":"$ 305.50000"},0,0,0,0,0,0,0,0,0,{"v":61.1,"d":"61.10000"},{"v":61.1,"d":"61.10000"},{"v":61.1,"d":"61.10000"},{"v":61.1,"d":"61.10000"},{"v":61.1,"d":"61.10000"},0,0]
[null,null,{"$error":"#REF!"},{"$error":"#REF!"},{"$error":"#REF!"},{"$error":"#REF!"},null,{"v":0,"d":"0.00%"},{"v":0,"d":"0.00%"},{"v":0,"d":"0.00%"},{"v":0,"d":"0.00%"},{"v":0,"d":"0.00%"},{"v":0,"d":"0.00%"},{"v":0,"d":"0.00%"},{"v":0,"d":"0.00%"},{"v":0,"d":"0.00%"},{"v":0.2,"d":"20.00%"},{"v":0.2,"d":"20.00%"},{"v":0.2,"d":"20.00%"},{"v":0.2,"d":"20.00%"},{"v":0.2,"d":"20.00%"},{"v":0,"d":"0.00%"},{"v":0,"d":"0.00%"}]
[null,null,{"$error":"#REF!"},{"$error":"#REF!"},{"$error":"#REF!"},{"$error":"#REF!"},{"$nulls":10},{"v":0.2,"d":"20.00%"},{"v":0.2,"d":"20.00%"},{"v":0.2,"d":"20.00%"},{"v":0.2,"d":"20.00%"},{"v":0.2,"d":"20.00%"}]
[null,771,"VENTANAS DE ALUMINIO Y VIDRIO (VIDRIO 5mm)","m2",{"v":3.75,"d":"3.75000"},{"v":152.12,"d":"$ 152.12000"},{"v":570.45,"d":"$ 570.45000"},0,0,0,0,0,0,0,0,0,{"v":114.09000000000002,"d":"114.09000"},{"v":114.09000000000002,"d":"114.09000"},{"v":114.09000000000002,"d":"114.09000"},{"v":114.09000000000002,"d":"114.09000"},{"v":114.09000000000002,"d":"114.09000"},0,0]
[null,null,{"$error":"#REF!"},{"$error":"#REF!"},{"$error":"#REF!"},{"$error":"#REF!"},null,{"v":0,"d":"0.00%"},{"v":0,"d":"0.00%"},{"v":0,"d":"0.00%"},{"v":0,"d":"0.00%"},{"v":0,"d":"0.00%"},{"v":0,"d":"0.00%"},{"v":0,"d":"0.00%"},{"v":0,"d":"0.00%"},{"v":0,"d":"0.00%"},{"v":0.2,"d":"20.00%"},{"v":0.2,"d":"20.00%"},{"v":0.2,"d":"20.00%"},{"v":0.2,"d":"20.00%"},{"v":0.2,"d":"20.00%"},{"v":0,"d":"0.00%"},{"v":0,"d":"0.00%"}]
[null,null,{"$error":"#REF!"},{"$error":"#REF!"},{"$error":"#REF!"},{"$error":"#REF!"},{"$nulls":10},{"v":0.2,"d":"20.00%"},{"v":0.2,"d":"20.00%"},{"v":0.2,"d":"20.00%"},{"v":0.2,"d":"20.00%"},{"v":0.2,"d":"20.00%"}]
[null,772,"ACERO DE REFUERZO EN BARRAS FY=4200 Kg/cm2","Kg",{"v":200,"d":"200.00000"},{"v":2.32,"d":"$ 2.32000"},{"v":463.99999999999994,"d":"$ 464.00000"},0,0,0,0,0,0,0,0,0,{"v":92.8,"d":"92.80000"},{"v":92.8,"d":"92.80000"},{"v":92.8,"d":"92.80000"},{"v":92.8,"d":"92.80000"},{"v":92.8,"d":"92.80000"},0,0]
[null,null,{"$error":"#REF!"},{"$error":"#REF!"},{"$error":"#REF!"},{"$error":"#REF!"},null,{"v":0,"d":"0.00%"},{"v":0,"d":"0.00%"},{"v":0,"d":"0.00%"},{"v":0,"d":"0.00%"},{"v":0,"d":"0.00%"},{"v":0,"d":"0.00%"},{"v":0,"d":"0.00%"},{"v":0,"d":"0.00%"},{"v":0,"d":"0.00%"},{"v":0.2,"d":"20.00%"},{"v":0.2,"d":"20.00%"},{"v":0.2,"d":"20.00%"},{"v":0.2,"d":"20.00%"},{"v":0.2,"d":"20.00%"},{"v":0,"d":"0.00%"},{"v":0,"d":"0.00%"}]
[null,null,{"$error":"#REF!"},{"$error":"#REF!"},{"$error":"#REF!"},{"$error":"#REF!"},{"$nulls":10},{"v":0.2,"d":"20.00%"},{"v":0.2,"d":"20.00%"},{"v":0.2,"d":"20.00%"},{"v":0.2,"d":"20.00%"},{"v":0.2,"d":"20.00%"}]
[null,773,"MALLA ELECTROSOLDADA 15x15 - 5,5mm","m2",{"v":4.62,"d":"4.62000"},{"v":6.03,"d":"$ 6.03000"},{"v":27.858600000000003,"d":"$ 27.85860"},0,0,0,0,0,0,0,0,0,{"v":5.571720000000001,"d":"5.57172"},{"v":5.571720000000001,"d":"5.57172"},{"v":5.571720000000001,"d":"5.57172"},{"v":5.571720000000001,"d":"5.57172"},{"v":5.571720000000001,"d":"5.57172"},0,0]
[null,null,{"$error":"#REF!"},{"$error":"#REF!"},{"$error":"#REF!"},{"$error":"#REF!"},null,{"v":0,"d":"0.00%"},{"v":0,"d":"0.00%"},{"v":0,"d":"0.00%"},{"v":0,"d":"0.00%"},{"v":0,"d":"0.00%"},{"v":0,"d":"0.00%"},{"v":0,"d":"0.00%"},{"v":0,"d":"0.00%"},{"v":0,"d":"0.00%"},{"v":0.2,"d":"20.00%"},{"v":0.2,"d":"20.00%"},{"v":0.2,"d":"20.00%"},{"v":0.2,"d":"20.00%"},{"v":0.2,"d":"20.00%"},{"v":0,"d":"0.00%"},{"v":0,"d":"0.00%"}]
[null,null,{"$error":"#REF!"},{"$error":"#REF!"},{"$error":"#REF!"},{"$error":"#REF!"},{"$nulls":10},{"v":0.2,"d":"20.00%"},{"v":0.2,"d":"20.00%"},{"v":0.2,"d":"20.00%"},{"v":0.2,"d":"20.00%"},{"v":0.2,"d":"20.00%"}]
[null,774,"ACERO ESTRUCTURAL (A36)","Kg",{"v":14,"d":"14.00000"},{"v":6.04,"d":"$ 6.04000"},{"v":84.56,"d":"$ 84.56000"},0,0,0,0,0,0,0,0,0,{"v":16.912000000000003,"d":"16.91200"},{"v":16.912000000000003,"d":"16.91200"},{"v":16.912000000000003,"d":"16.91200"},{"v":16.912000000000003,"d":"16.91200"},{"v":16.912000000000003,"d":"16.91200"},0,0]
[null,null,{"$error":"#REF!"},{"$error":"#REF!"},{"$error":"#REF!"},{"$error":"#REF!"},null,{"v":0,"d":"0.00%"},{"v":0,"d":"0.00%"},{"v":0,"d":"0.00%"},{"v":0,"d":"0.00%"},{"v":0,"d":"0.00%"},{"v":0,"d":"0.00%"},{"v":0,"d":"0.00%"},{"v":0,"d":"0.00%"},{"v":0,"d":"0.00%"},{"v":0.2,"d":"20.00%"},{"v":0.2,"d":"20.00%"},{"v":0.2,"d":"20.00%"},{"v":0.2,"d":"20.00%"},{"v":0.2,"d":"20.00%"},{"v":0,"d":"0.00%"},{"v":0,"d":"0.00%"}]
[null,null,{"$error":"#REF!"},{"$error":"#REF!"},{"$error":"#REF!"},{"$error":"#REF!"},{"$nulls":10},{"v":0.2,"d":"20.00%"},{"v":0.2,"d":"20.00%"},{"v":0.2,"d":"20.00%"},{"v":0.2,"d":"20.00%"},{"v":0.2,"d":"20.00%"}]
[null,775,"HORMIGON PREMEZCLADO F´C=180 Kg/cm2 INCLUYE ENCOFRADO","m3",{"v":0.38,"d":"0.38000"},{"v":210.34,"d":"$ 210.34000"},{"v":79.92920000000001,"d":"$ 79.92920"},0,0,0,0,0,0,0,0,0,{"v":15.985840000000003,"d":"15.98584"},{"v":15.985840000000003,"d":"15.98584"},{"v":15.985840000000003,"d":"15.98584"},{"v":15.985840000000003,"d":"15.98584"},{"v":15.985840000000003,"d":"15.98584"},0,0]
[null,null,{"$error":"#REF!"},{"$error":"#REF!"},{"$error":"#REF!"},{"$error":"#REF!"},null,{"v":0,"d":"0.00%"},{"v":0,"d":"0.00%"},{"v":0,"d":"0.00%"},{"v":0,"d":"0.00%"},{"v":0,"d":"0.00%"},{"v":0,"d":"0.00%"},{"v":0,"d":"0.00%"},{"v":0,"d":"0.00%"},{"v":0,"d":"0.00%"},{"v":0.2,"d":"20.00%"},{"v":0.2,"d":"20.00%"},{"v":0.2,"d":"20.00%"},{"v":0.2,"d":"20.00%"},{"v":0.2,"d":"20.00%"},{"v":0,"d":"0.00%"},{"v":0,"d":"0.00%"}]
[null,null,{"$error":"#REF!"},{"$error":"#REF!"},{"$error":"#REF!"},{"$error":"#REF!"},{"$nulls":10},{"v":0.2,"d":"20.00%"},{"v":0.2,"d":"20.00%"},{"v":0.2,"d":"20.00%"},{"v":0.2,"d":"20.00%"},{"v":0.2,"d":"20.00%"}]
[null,776,"HORMIGON PREMEZCLADO F´C=210 Kg/cm2 INCLUYE ENCOFRADO","m3",{"v":3.64,"d":"3.64000"},{"v":226.64,"d":"$ 226.64000"},{"v":824.9696,"d":"$ 824.96960"},0,0,0,0,0,0,0,0,0,164.99392,164.99392,164.99392,164.99392,164.99392,0,0]
[null,null,{"$error":"#REF!"},{"$error":"#REF!"},{"$error":"#REF!"},{"$error":"#REF!"},null,{"v":0,"d":"0.00%"},{"v":0,"d":"0.00%"},{"v":0,"d":"0.00%"},{"v":0,"d":"0.00%"},{"v":0,"d":"0.00%"},{"v":0,"d":"0.00%"},{"v":0,"d":"0.00%"},{"v":0,"d":"0.00%"},{"v":0,"d":"0.00%"},{"v":0.2,"d":"20.00%"},{"v":0.2,"d":"20.00%"},{"v":0.2,"d":"20.00%"},{"v":0.2,"d":"20.00%"},{"v":0.2,"d":"20.00%"},{"v":0,"d":"0.00%"},{"v":0,"d":"0.00%"}]
[null,null,{"$error":"#REF!"},{"$error":"#REF!"},{"$error":"#REF!"},{"$error":"#REF!"},{"$nulls":10},{"v":0.2,"d":"20.00%"},{"v":0.2,"d":"20.00%"},{"v":0.2,"d":"20.00%"},{"v":0.2,"d":"20.00%"},{"v":0.2,"d":"20.00%"}]
[null,777,"RELLENO COMPACTADO CON COMPACTADOR MANUAL DE MATERIAL IMPORTADO (INCLUYE TRANSPORTE)","m3",{"v":0.9,"d":"0.90000"},{"v":20.66,"d":"$ 20.66000"},{"v":18.594,"d":"$ 18.59400"},0,0,0,0,0,0,0,0,0,{"v":3.7188000000000003,"d":"3.71880"},{"v":3.7188000000000003,"d":"3.71880"},{"v":3.7188000000000003,"d":"3.71880"},{"v":3.7188000000000003,"d":"3.71880"},{"v":3.7188000000000003,"d":"3.71880"},0,0]
[null,null,{"$error":"#REF!"},{"$error":"#REF!"},{"$error":"#REF!"},{"$error":"#REF!"},null,{"v":0,"d":"0.00%"},{"v":0,"d":"0.00%"},{"v":0,"d":"0.00%"},{"v":0,"d":"0.00%"},{"v":0,"d":"0.00%"},{"v":0,"d":"0.00%"},{"v":0,"d":"0.00%"},{"v":0,"d":"0.00%"},{"v":0,"d":"0.00%"},{"v":0.2,"d":"20.00%"},{"v":0.2,"d":"20.00%"},{"v":0.2,"d":"20.00%"},{"v":0.2,"d":"20.00%"},{"v":0.2,"d":"20.00%"},{"v":0,"d":"0.00%"},{"v":0,"d":"0.00%"}]
[null,null,{"$error":"#REF!"},{"$error":"#REF!"},{"$error":"#REF!"},{"$error":"#REF!"},{"$nulls":10},{"v":0.2,"d":"20.00%"},{"v":0.2,"d":"20.00%"},{"v":0.2,"d":"20.00%"},{"v":0.2,"d":"20.00%"},{"v":0.2,"d":"20.00%"}]
[null,778,"EXCAVACION A MANO","m3",{"v":2.25,"d":"2.25000"},{"v":12.23,"d":"$ 12.23000"},{"v":27.517500000000002,"d":"$ 27.51750"},0,0,0,0,0,0,0,0,0,{"v":5.503500000000001,"d":"5.50350"},{"v":5.503500000000001,"d":"5.50350"},{"v":5.503500000000001,"d":"5.50350"},{"v":5.503500000000001,"d":"5.50350"},{"v":5.503500000000001,"d":"5.50350"},0,0]
[null,null,{"$error":"#REF!"},{"$error":"#REF!"},{"$error":"#REF!"},{"$error":"#REF!"},null,{"v":0,"d":"0.00%"},{"v":0,"d":"0.00%"},{"v":0,"d":"0.00%"},{"v":0,"d":"0.00%"},{"v":0,"d":"0.00%"},{"v":0,"d":"0.00%"},{"v":0,"d":"0.00%"},{"v":0,"d":"0.00%"},{"v":0,"d":"0.00%"},{"v":0.2,"d":"20.00%"},{"v":0.2,"d":"20.00%"},{"v":0.2,"d":"20.00%"},{"v":0.2,"d":"20.00%"},{"v":0.2,"d":"20.00%"},{"v":0,"d":"0.00%"},{"v":0,"d":"0.00%"}]
[null,null,{"$error":"#REF!"},{"$error":"#REF!"},{"$error":"#REF!"},{"$error":"#REF!"},{"$nulls":10},{"v":0.2,"d":"20.00%"},{"v":0.2,"d":"20.00%"},{"v":0.2,"d":"20.00%"},{"v":0.2,"d":"20.00%"},{"v":0.2,"d":"20.00%"}]
[null,779,"DESALOJO DEL MATERIAL SOBRANTE (BOTADERO MUNICIPAL)","m3",{"v":2.25,"d":"2.25000"},{"v":3.5,"d":"$ 3.50000"},{"v":7.875,"d":"$ 7.87500"},0,0,0,0,0,0,0,0,0,{"v":1.5750000000000002,"d":"1.57500"},{"v":1.5750000000000002,"d":"1.57500"},{"v":1.5750000000000002,"d":"1.57500"},{"v":1.5750000000000002,"d":"1.57500"},{"v":1.5750000000000002,"d":"1.57500"},0,0]
[null,null,{"$error":"#REF!"},{"$error":"#REF!"},{"$error":"#REF!"},{"$error":"#REF!"},null,{"v":0,"d":"0.00%"},{"v":0,"d":"0.00%"},{"v":0,"d":"0.00%"},{"v":0,"d":"0.00%"},{"v":0,"d":"0.00%"},{"v":0,"d":"0.00%"},{"v":0,"d":"0.00%"},{"v":0,"d":"0.00%"},{"v":0,"d":"0.00%"},{"v":0.2,"d":"20.00%"},{"v":0.2,"d":"20.00%"},{"v":0.2,"d":"20.00%"},{"v":0.2,"d":"20.00%"},{"v":0.2,"d":"20.00%"},{"v":0,"d":"0.00%"},{"v":0,"d":"0.00%"}]
[null,null,{"$error":"#REF!"},{"$error":"#REF!"},{"$error":"#REF!"},{"$error":"#REF!"},{"$nulls":10},{"v":0.2,"d":"20.00%"},{"v":0.2,"d":"20.00%"},{"v":0.2,"d":"20.00%"},{"v":0.2,"d":"20.00%"},{"v":0.2,"d":"20.00%"}]
[null,780,"SUMINISTRO E INSTALACION DE CUBIERTA DE TEJA DE FIBROCEMENTO 8mm","m2",{"v":11.92,"d":"11.92000"},{"v":14.57,"d":"$ 14.57000"},{"v":173.6744,"d":"$ 173.67440"},0,0,0,0,0,0,0,0,0,34.73488,34.73488,34.73488,34.73488,34.73488,0,0]
[null,null,{"$error":"#REF!"},{"$error":"#REF!"},{"$error":"#REF!"},{"$error":"#REF!"},null,{"v":0,"d":"0.00%"},{"v":0,"d":"0.00%"},{"v":0,"d":"0.00%"},{"v":0,"d":"0.00%"},{"v":0,"d":"0.00%"},{"v":0,"d":"0.00%"},{"v":0,"d":"0.00%"},{"v":0,"d":"0.00%"},{"v":0,"d":"0.00%"},{"v":0.2,"d":"20.00%"},{"v":0.2,"d":"20.00%"},{"v":0.2,"d":"20.00%"},{"v":0.2,"d":"20.00%"},{"v":0.2,"d":"20.00%"},{"v":0,"d":"0.00%"},{"v":0,"d":"0.00%"}]
[null,null,{"$error":"#REF!"},{"$error":"#REF!"},{"$error":"#REF!"},{"$error":"#REF!"},{"$nulls":10},{"v":0.2,"d":"20.00%"},{"v":0.2,"d":"20.00%"},{"v":0.2,"d":"20.00%"},{"v":0.2,"d":"20.00%"},{"v":0.2,"d":"20.00%"}]
[null,781,"PARED DE BLOQUE 30X30X15cm","m2",{"v":20,"d":"20.00000"},{"v":21.21,"d":"$ 21.21000"},{"v":424.20000000000005,"d":"$ 424.20000"},0,0,0,0,0,0,0,0,0,{"v":84.84000000000002,"d":"84.84000"},{"v":84.84000000000002,"d":"84.84000"},{"v":84.84000000000002,"d":"84.84000"},{"v":84.84000000000002,"d":"84.84000"},{"v":84.84000000000002,"d":"84.84000"},0,0]
[null,null,{"$error":"#REF!"},{"$error":"#REF!"},{"$error":"#REF!"},{"$error":"#REF!"},null,{"v":0,"d":"0.00%"},{"v":0,"d":"0.00%"},{"v":0,"d":"0.00%"},{"v":0,"d":"0.00%"},{"v":0,"d":"0.00%"},{"v":0,"d":"0.00%"},{"v":0,"d":"0.00%"},{"v":0,"d":"0.00%"},{"v":0,"d":"0.00%"},{"v":0.2,"d":"20.00%"},{"v":0.2,"d":"20.00%"},{"v":0.2,"d":"20.00%"},{"v":0.2,"d":"20.00%"},{"v":0.2,"d":"20.00%"},{"v":0,"d":"0.00%"},{"v":0,"d":"0.00%"}]
[null,null,{"$error":"#REF!"},{"$error":"#REF!"},{"$error":"#REF!"},{"$error":"#REF!"},{"$nulls":10},{"v":0.2,"d":"20.00%"},{"v":0.2,"d":"20.00%"},{"v":0.2,"d":"20.00%"},{"v":0.2,"d":"20.00%"},{"v":0.2,"d":"20.00%"}]
[null,782,"PUERTA METALICA TIPO LOUVER (1.60x1.60m)","u",{"v":1,"d":"1.00000"},{"v":437.71,"d":"$ 437.71000"},{"v":437.71,"d":"$ 437.71000"},0,0,0,0,0,0,0,0,0,{"v":87.542,"d":"87.54200"},{"v":87.542,"d":"87.54200"},{"v":87.542,"d":"87.54200"},{"v":87.542,"d":"87.54200"},{"v":87.542,"d":"87.54200"},0,0]
[null,null,{"$error":"#REF!"},{"$error":"#REF!"},{"$error":"#REF!"},{"$error":"#REF!"},null,{"v":0,"d":"0.00%"},{"v":0,"d":"0.00%"},{"v":0,"d":"0.00%"},{"v":0,"d":"0.00%"},{"v":0,"d":"0.00%"},{"v":0,"d":"0.00%"},{"v":0,"d":"0.00%"},{"v":0,"d":"0.00%"},{"v":0,"d":"0.00%"},{"v":0.2,"d":"20.00%"},{"v":0.2,"d":"20.00%"},{"v":0.2,"d":"20.00%"},{"v":0.2,"d":"20.00%"},{"v":0.2,"d":"20.00%"},{"v":0,"d":"0.00%"},{"v":0,"d":"0.00%"}]
[null,null,{"$error":"#REF!"},{"$error":"#REF!"},{"$error":"#REF!"},{"$error":"#REF!"},{"$nulls":10},{"v":0.2,"d":"20.00%"},{"v":0.2,"d":"20.00%"},{"v":0.2,"d":"20.00%"},{"v":0.2,"d":"20.00%"},{"v":0.2,"d":"20.00%"}]
[null,783,"ACERO DE REFUERZO EN BARRAS FY=4200 Kg/cm2","Kg",{"v":3400,"d":"3400.00000"},{"v":2.32,"d":"$ 2.32000"},{"v":7887.999999999999,"d":"$ 7,888.00000"},0,0,0,0,0,0,0,0,0,{"v":1577.6,"d":"1,577.60000"},{"v":1577.6,"d":"1,577.60000"},{"v":1577.6,"d":"1,577.60000"},{"v":1577.6,"d":"1,577.60000"},{"v":1577.6,"d":"1,577.60000"},0,0]
[null,null,{"$error":"#REF!"},{"$error":"#REF!"},{"$error":"#REF!"},{"$error":"#REF!"},null,{"v":0,"d":"0.00%"},{"v":0,"d":"0.00%"},{"v":0,"d":"0.00%"},{"v":0,"d":"0.00%"},{"v":0,"d":"0.00%"},{"v":0,"d":"0.00%"},{"v":0,"d":"0.00%"},{"v":0,"d":"0.00%"},{"v":0,"d":"0.00%"},{"v":0.2,"d":"20.00%"},{"v":0.2,"d":"20.00%"},{"v":0.2,"d":"20.00%"},{"v":0.2,"d":"20.00%"},{"v":0.2,"d":"20.00%"},{"v":0,"d":"0.00%"},{"v":0,"d":"0.00%"}]
[null,null,{"$error":"#REF!"},{"$error":"#REF!"},{"$error":"#REF!"},{"$error":"#REF!"},{"$nulls":10},{"v":0.2,"d":"20.00%"},{"v":0.2,"d":"20.00%"},{"v":0.2,"d":"20.00%"},{"v":0.2,"d":"20.00%"},{"v":0.2,"d":"20.00%"}]
[null,784,"HORMIGON PREMEZCLADO F´C=180 Kg/cm2 INCLUYE ENCOFRADO","m3",{"v":3.7,"d":"3.70000"},{"v":210.34,"d":"$ 210.34000"},{"v":778.258,"d":"$ 778.25800"},0,0,0,0,0,0,0,0,0,{"v":155.65160000000003,"d":"155.65160"},{"v":155.65160000000003,"d":"155.65160"},{"v":155.65160000000003,"d":"155.65160"},{"v":155.65160000000003,"d":"155.65160"},{"v":155.65160000000003,"d":"155.65160"},0,0]
[null,null,{"$error":"#REF!"},{"$error":"#REF!"},{"$error":"#REF!"},{"$error":"#REF!"},null,{"v":0,"d":"0.00%"},{"v":0,"d":"0.00%"},{"v":0,"d":"0.00%"},{"v":0,"d":"0.00%"},{"v":0,"d":"0.00%"},{"v":0,"d":"0.00%"},{"v":0,"d":"0.00%"},{"v":0,"d":"0.00%"},{"v":0,"d":"0.00%"},{"v":0.2,"d":"20.00%"},{"v":0.2,"d":"20.00%"},{"v":0.2,"d":"20.00%"},{"v":0.2,"d":"20.00%"},{"v":0.2,"d":"20.00%"},{"v":0,"d":"0.00%"},{"v":0,"d":"0.00%"}]
[null,null,{"$error":"#REF!"},{"$error":"#REF!"},{"$error":"#REF!"},{"$error":"#REF!"},{"$nulls":10},{"v":0.2,"d":"20.00%"},{"v":0.2,"d":"20.00%"},{"v":0.2,"d":"20.00%"},{"v":0.2,"d":"20.00%"},{"v":0.2,"d":"20.00%"}]
[null,785,"HORMIGON PREMEZCLADO F´C=210 Kg/cm2 INCLUYE ENCOFRADO","m3",{"v":100,"d":"100.00000"},{"v":226.64,"d":"$ 226.64000"},{"v":22664,"d":"$ 22,664.00000"},0,0,0,0,0,0,0,0,0,{"v":4532.8,"d":"4,532.80000"},{"v":4532.8,"d":"4,532.80000"},{"v":4532.8,"d":"4,532.80000"},{"v":4532.8,"d":"4,532.80000"},{"v":4532.8,"d":"4,532.80000"},0,0]
[null,null,{"$error":"#REF!"},{"$error":"#REF!"},{"$error":"#REF!"},{"$error":"#REF!"},null,{"v":0,"d":"0.00%"},{"v":0,"d":"0.00%"},{"v":0,"d":"0.00%"},{"v":0,"d":"0.00%"},{"v":0,"d":"0.00%"},{"v":0,"d":"0.00%"},{"v":0,"d":"0.00%"},{"v":0,"d":"0.00%"},{"v":0,"d":"0.00%"},{"v":0.2,"d":"20.00%"},{"v":0.2,"d":"20.00%"},{"v":0.2,"d":"20.00%"},{"v":0.2,"d":"20.00%"},{"v":0.2,"d":"20.00%"},{"v":0,"d":"0.00%"},{"v":0,"d":"0.00%"}]
[null,null,{"$error":"#REF!"},{"$error":"#REF!"},{"$error":"#REF!"},{"$error":"#REF!"},{"$nulls":10},{"v":0.2,"d":"20.00%"},{"v":0.2,"d":"20.00%"},{"v":0.2,"d":"20.00%"},{"v":0.2,"d":"20.00%"},{"v":0.2,"d":"20.00%"}]
[null,786,"RELLENO COMPACTADO CON COMPACTADOR MANUAL DE MATERIAL IMPORTADO (INCLUYE TRANSPORTE)","m3",{"v":14.8,"d":"14.80000"},{"v":20.66,"d":"$ 20.66000"},{"v":305.76800000000003,"d":"$ 305.76800"},0,0,0,0,0,0,0,0,0,{"v":61.15360000000001,"d":"61.15360"},{"v":61.15360000000001,"d":"61.15360"},{"v":61.15360000000001,"d":"61.15360"},{"v":61.15360000000001,"d":"61.15360"},{"v":61.15360000000001,"d":"61.15360"},0,0]
[null,null,{"$error":"#REF!"},{"$error":"#REF!"},{"$error":"#REF!"},{"$error":"#REF!"},null,{"v":0,"d":"0.00%"},{"v":0,"d":"0.00%"},{"v":0,"d":"0.00%"},{"v":0,"d":"0.00%"},{"v":0,"d":"0.00%"},{"v":0,"d":"0.00%"},{"v":0,"d":"0.00%"},{"v":0,"d":"0.00%"},{"v":0,"d":"0.00%"},{"v":0.2,"d":"20.00%"},{"v":0.2,"d":"20.00%"},{"v":0.2,"d":"20.00%"},{"v":0.2,"d":"20.00%"},{"v":0.2,"d":"20.00%"},{"v":0,"d":"0.00%"},{"v":0,"d":"0.00%"}]
[null,null,{"$error":"#REF!"},{"$error":"#REF!"},{"$error":"#REF!"},{"$error":"#REF!"},{"$nulls":10},{"v":0.2,"d":"20.00%"},{"v":0.2,"d":"20.00%"},{"v":0.2,"d":"20.00%"},{"v":0.2,"d":"20.00%"},{"v":0.2,"d":"20.00%"}]
[null,787,"EXCAVACION MECANICA EN SUELO SIN CLASIFICAR 0,00 < H < 2,00m","m3",{"v":50.05,"d":"50.05000"},{"v":3.84,"d":"$ 3.84000"},{"v":192.19199999999998,"d":"$ 192.19200"},0,0,0,0,0,0,0,0,0,{"v":38.4384,"d":"38.43840"},{"v":38.4384,"d":"38.43840"},{"v":38.4384,"d":"38.43840"},{"v":38.4384,"d":"38.43840"},{"v":38.4384,"d":"38.43840"},0,0]
[null,null,{"$error":"#REF!"},{"$error":"#REF!"},{"$error":"#REF!"},{"$error":"#REF!"},null,{"v":0,"d":"0.00%"},{"v":0,"d":"0.00%"},{"v":0,"d":"0.00%"},{"v":0,"d":"0.00%"},{"v":0,"d":"0.00%"},{"v":0,"d":"0.00%"},{"v":0,"d":"0.00%"},{"v":0,"d":"0.00%"},{"v":0,"d":"0.00%"},{"v":0.2,"d":"20.00%"},{"v":0.2,"d":"20.00%"},{"v":0.2,"d":"20.00%"},{"v":0.2,"d":"20.00%"},{"v":0.2,"d":"20.00%"},{"v":0,"d":"0.00%"},{"v":0,"d":"0.00%"}]
[null,null,{"$error":"#REF!"},{"$error":"#REF!"},{"$error":"#REF!"},{"$error":"#REF!"},{"$nulls":10},{"v":0.2,"d":"20.00%"},{"v":0.2,"d":"20.00%"},{"v":0.2,"d":"20.00%"},{"v":0.2,"d":"20.00%"},{"v":0.2,"d":"20.00%"}]
[null,788,"DESALOJO DEL MATERIAL SOBRANTE (BOTADERO MUNICIPAL)","m3",{"v":50.05,"d":"50.05000"},{"v":3.5,"d":"$ 3.50000"},{"v":175.17499999999998,"d":"$ 175.17500"},0,0,0,0,0,0,0,0,0,{"v":35.035,"d":"35.03500"},{"v":35.035,"d":"35.03500"},{"v":35.035,"d":"35.03500"},{"v":35.035,"d":"35.03500"},{"v":35.035,"d":"35.03500"},0,0]
[null,null,{"$error":"#REF!"},{"$error":"#REF!"},{"$error":"#REF!"},{"$error":"#REF!"},null,{"v":0,"d":"0.00%"},{"v":0,"d":"0.00%"},{"v":0,"d":"0.00%"},{"v":0,"d":"0.00%"},{"v":0,"d":"0.00%"},{"v":0,"d":"0.00%"},{"v":0,"d":"0.00%"},{"v":0,"d":"0.00%"},{"v":0,"d":"0.00%"},{"v":0.2,"d":"20.00%"},{"v":0.2,"d":"20.00%"},{"v":0.2,"d":"20.00%"},{"v":0.2,"d":"20.00%"},{"v":0.2,"d":"20.00%"},{"v":0,"d":"0.00%"},{"v":0,"d":"0.00%"}]
[null,null,{"$error":"#REF!"},{"$error":"#REF!"},{"$error":"#REF!"},{"$error":"#REF!"},{"$nulls":10},{"v":0.2,"d":"20.00%"},{"v":0.2,"d":"20.00%"},{"v":0.2,"d":"20.00%"},{"v":0.2,"d":"20.00%"},{"v":0.2,"d":"20.00%"}]
[null,789,"PARED DE BLOQUE 30X30X15cm","m2",{"v":214.5,"d":"214.50000"},{"v":21.21,"d":"$ 21.21000"},{"v":4549.545,"d":"$ 4,549.54500"},0,0,0,0,0,0,0,0,0,{"v":909.9090000000001,"d":"909.90900"},{"v":909.9090000000001,"d":"909.90900"},{"v":909.9090000000001,"d":"909.90900"},{"v":909.9090000000001,"d":"909.90900"},{"v":909.9090000000001,"d":"909.90900"},0,0]
[null,null,{"$error":"#REF!"},{"$error":"#REF!"},{"$error":"#REF!"},{"$error":"#REF!"},null,{"v":0,"d":"0.00%"},{"v":0,"d":"0.00%"},{"v":0,"d":"0.00%"},{"v":0,"d":"0.00%"},{"v":0,"d":"0.00%"},{"v":0,"d":"0.00%"},{"v":0,"d":"0.00%"},{"v":0,"d":"0.00%"},{"v":0,"d":"0.00%"},{"v":0.2,"d":"20.00%"},{"v":0.2,"d":"20.00%"},{"v":0.2,"d":"20.00%"},{"v":0.2,"d":"20.00%"},{"v":0.2,"d":"20.00%"},{"v":0,"d":"0.00%"},{"v":0,"d":"0.00%"}]
[null,null,{"$error":"#REF!"},{"$error":"#REF!"},{"$error":"#REF!"},{"$error":"#REF!"},{"$nulls":10},{"v":0.2,"d":"20.00%"},{"v":0.2,"d":"20.00%"},{"v":0.2,"d":"20.00%"},{"v":0.2,"d":"20.00%"},{"v":0.2,"d":"20.00%"}]
[null,790,"SUMINISTRO E INSTALACION DE TUBERIA GALVANIZADA 2\"","m",{"v":60,"d":"60.00000"},{"v":12.26,"d":"$ 12.26000"},{"v":735.6,"d":"$ 735.60000"},0,0,0,0,0,0,0,0,0,{"v":147.12,"d":"147.12000"},{"v":147.12,"d":"147.12000"},{"v":147.12,"d":"147.12000"},{"v":147.12,"d":"147.12000"},{"v":147.12,"d":"147.12000"},0,0]
[null,null,{"$error":"#REF!"},{"$error":"#REF!"},{"$error":"#REF!"},{"$error":"#REF!"},null,{"v":0,"d":"0.00%"},{"v":0,"d":"0.00%"},{"v":0,"d":"0.00%"},{"v":0,"d":"0.00%"},{"v":0,"d":"0.00%"},{"v":0,"d":"0.00%"},{"v":0,"d":"0.00%"},{"v":0,"d":"0.00%"},{"v":0,"d":"0.00%"},{"v":0.2,"d":"20.00%"},{"v":0.2,"d":"20.00%"},{"v":0.2,"d":"20.00%"},{"v":0.2,"d":"20.00%"},{"v":0.2,"d":"20.00%"},{"v":0,"d":"0.00%"},{"v":0,"d":"0.00%"}]
[null,null,{"$error":"#REF!"},{"$error":"#REF!"},{"$error":"#REF!"},{"$error":"#REF!"},{"$nulls":10},{"v":0.2,"d":"20.00%"},{"v":0.2,"d":"20.00%"},{"v":0.2,"d":"20.00%"},{"v":0.2,"d":"20.00%"},{"v":0.2,"d":"20.00%"}]
[null,791,"SUMINISTRO E INSTALACION DE MALLA HEXAGONAL 5/8\"","m2",{"v":44.85,"d":"44.85000"},{"v":2.77,"d":"$ 2.77000"},{"v":124.23450000000001,"d":"$ 124.23450"},0,0,0,0,0,0,0,0,0,{"v":24.846900000000005,"d":"24.84690"},{"v":24.846900000000005,"d":"24.84690"},{"v":24.846900000000005,"d":"24.84690"},{"v":24.846900000000005,"d":"24.84690"},{"v":24.846900000000005,"d":"24.84690"},0,0]
[null,null,{"$error":"#REF!"},{"$error":"#REF!"},{"$error":"#REF!"},{"$error":"#REF!"},null,{"v":0,"d":"0.00%"},{"v":0,"d":"0.00%"},{"v":0,"d":"0.00%"},{"v":0,"d":"0.00%"},{"v":0,"d":"0.00%"},{"v":0,"d":"0.00%"},{"v":0,"d":"0.00%"},{"v":0,"d":"0.00%"},{"v":0,"d":"0.00%"},{"v":0.2,"d":"20.00%"},{"v":0.2,"d":"20.00%"},{"v":0.2,"d":"20.00%"},{"v":0.2,"d":"20.00%"},{"v":0.2,"d":"20.00%"},{"v":0,"d":"0.00%"},{"v":0,"d":"0.00%"}]
[null,null,{"$error":"#REF!"},{"$error":"#REF!"},{"$error":"#REF!"},{"$error":"#REF!"},{"$nulls":10},{"v":0.2,"d":"20.00%"},{"v":0.2,"d":"20.00%"},{"v":0.2,"d":"20.00%"},{"v":0.2,"d":"20.00%"},{"v":0.2,"d":"20.00%"}]
[null,792,"HORMIGON PREMEZCLADO F´C=210 Kg/cm2, PARA CONTRAPISO E=10cm (INCLUYE ENCOFRADO)","m2",{"v":235.2,"d":"235.20000"},{"v":28.32,"d":"$ 28.32000"},{"v":6660.864,"d":"$ 6,660.86400"},0,0,0,0,0,0,0,0,0,{"v":1332.1728,"d":"1,332.17280"},{"v":1332.1728,"d":"1,332.17280"},{"v":1332.1728,"d":"1,332.17280"},{"v":1332.1728,"d":"1,332.17280"},{"v":1332.1728,"d":"1,332.17280"},0,0]
[null,null,{"$error":"#REF!"},{"$error":"#REF!"},{"$error":"#REF!"},{"$error":"#REF!"},null,{"v":0,"d":"0.00%"},{"v":0,"d":"0.00%"},{"v":0,"d":"0.00%"},{"v":0,"d":"0.00%"},{"v":0,"d":"0.00%"},{"v":0,"d":"0.00%"},{"v":0,"d":"0.00%"},{"v":0,"d":"0.00%"},{"v":0,"d":"0.00%"},{"v":0.2,"d":"20.00%"},{"v":0.2,"d":"20.00%"},{"v":0.2,"d":"20.00%"},{"v":0.2,"d":"20.00%"},{"v":0.2,"d":"20.00%"},{"v":0,"d":"0.00%"},{"v":0,"d":"0.00%"}]
[null,null,{"$error":"#REF!"},{"$error":"#REF!"},{"$error":"#REF!"},{"$error":"#REF!"},{"$nulls":10},{"v":0.2,"d":"20.00%"},{"v":0.2,"d":"20.00%"},{"v":0.2,"d":"20.00%"},{"v":0.2,"d":"20.00%"},{"v":0.2,"d":"20.00%"}]
[null,793,"BORDILLO DE HORMIGON PREMEZCLADO FC=210 Kg/cm2","m",{"v":90,"d":"90.00000"},{"v":9.71,"d":"$ 9.71000"},{"v":873.9000000000001,"d":"$ 873.90000"},0,0,0,0,0,0,0,0,0,{"v":174.78000000000003,"d":"174.78000"},{"v":174.78000000000003,"d":"174.78000"},{"v":174.78000000000003,"d":"174.78000"},{"v":174.78000000000003,"d":"174.78000"},{"v":174.78000000000003,"d":"174.78000"},0,0]
[null,null,{"$error":"#REF!"},{"$error":"#REF!"},{"$error":"#REF!"},{"$error":"#REF!"},null,{"v":0,"d":"0.00%"},{"v":0,"d":"0.00%"},{"v":0,"d":"0.00%"},{"v":0,"d":"0.00%"},{"v":0,"d":"0.00%"},{"v":0,"d":"0.00%"},{"v":0,"d":"0.00%"},{"v":0,"d":"0.00%"},{"v":0,"d":"0.00%"},{"v":0.2,"d":"20.00%"},{"v":0.2,"d":"20.00%"},{"v":0.2,"d":"20.00%"},{"v":0.2,"d":"20.00%"},{"v":0.2,"d":"20.00%"},{"v":0,"d":"0.00%"},{"v":0,"d":"0.00%"}]
[null,null,{"$error":"#REF!"},{"$error":"#REF!"},{"$error":"#REF!"},{"$error":"#REF!"},{"$nulls":10},{"v":0.2,"d":"20.00%"},{"v":0.2,"d":"20.00%"},{"v":0.2,"d":"20.00%"},{"v":0.2,"d":"20.00%"},{"v":0.2,"d":"20.00%"}]
[null,794,"HORMIGON PREMEZCLADO F'C=210 Kg/cm2 PARA RAMPAS (INCLUYE ENCOFRADO)","m3",{"v":4.95,"d":"4.95000"},{"v":255.47,"d":"$ 255.47000"},{"v":1264.5765000000001,"d":"$ 1,264.57650"},0,0,0,0,0,0,0,0,0,{"v":252.91530000000003,"d":"252.91530"},{"v":252.91530000000003,"d":"252.91530"},{"v":252.91530000000003,"d":"252.91530"},{"v":252.91530000000003,"d":"252.91530"},{"v":252.91530000000003,"d":"252.91530"},0,0]
[null,null,{"$error":"#REF!"},{"$error":"#REF!"},{"$error":"#REF!"},{"$error":"#REF!"},null,{"v":0,"d":"0.00%"},{"v":0,"d":"0.00%"},{"v":0,"d":"0.00%"},{"v":0,"d":"0.00%"},{"v":0,"d":"0.00%"},{"v":0,"d":"0.00%"},{"v":0,"d":"0.00%"},{"v":0,"d":"0.00%"},{"v":0,"d":"0.00%"},{"v":0.2,"d":"20.00%"},{"v":0.2,"d":"20.00%"},{"v":0.2,"d":"20.00%"},{"v":0.2,"d":"20.00%"},{"v":0.2,"d":"20.00%"},{"v":0,"d":"0.00%"},{"v":0,"d":"0.00%"}]
[null,null,{"$error":"#REF!"},{"$error":"#REF!"},{"$error":"#REF!"},{"$error":"#REF!"},{"$nulls":10},{"v":0.2,"d":"20.00%"},{"v":0.2,"d":"20.00%"},{"v":0.2,"d":"20.00%"},{"v":0.2,"d":"20.00%"},{"v":0.2,"d":"20.00%"}]
[null,795,"MALLA ELECTROSOLDADA 15x15 - 5,5mm","m2",{"v":13.74,"d":"13.74000"},{"v":6.03,"d":"$ 6.03000"},{"v":82.85220000000001,"d":"$ 82.85220"},0,0,0,0,0,0,0,0,0,16.57044,16.57044,16.57044,16.57044,16.57044,0,0]
[null,null,{"$error":"#REF!"},{"$error":"#REF!"},{"$error":"#REF!"},{"$error":"#REF!"},null,{"v":0,"d":"0.00%"},{"v":0,"d":"0.00%"},{"v":0,"d":"0.00%"},{"v":0,"d":"0.00%"},{"v":0,"d":"0.00%"},{"v":0,"d":"0.00%"},{"v":0,"d":"0.00%"},{"v":0,"d":"0.00%"},{"v":0,"d":"0.00%"},{"v":0.2,"d":"20.00%"},{"v":0.2,"d":"20.00%"},{"v":0.2,"d":"20.00%"},{"v":0.2,"d":"20.00%"},{"v":0.2,"d":"20.00%"},{"v":0,"d":"0.00%"},{"v":0,"d":"0.00%"}]
[null,null,{"$error":"#REF!"},{"$error":"#REF!"},{"$error":"#REF!"},{"$error":"#REF!"},{"$nulls":10},{"v":0.2,"d":"20.00%"},{"v":0.2,"d":"20.00%"},{"v":0.2,"d":"20.00%"},{"v":0.2,"d":"20.00%"},{"v":0.2,"d":"20.00%"}]
[null,796,"SUMINISTRO Y COLOCACION DE ADOQUIN E=8cm","m2",{"v":59.25,"d":"59.25000"},{"v":29.53,"d":"$ 29.53000"},{"v":1749.6525000000001,"d":"$ 1,749.65250"},0,0,0,0,0,0,0,0,0,{"v":349.93050000000005,"d":"349.93050"},{"v":349.93050000000005,"d":"349.93050"},{"v":349.93050000000005,"d":"349.93050"},{"v":349.93050000000005,"d":"349.93050"},{"v":349.93050000000005,"d":"349.93050"},0,0]
[null,null,{"$error":"#REF!"},{"$error":"#REF!"},{"$error":"#REF!"},{"$error":"#REF!"},null,{"v":0,"d":"0.00%"},{"v":0,"d":"0.00%"},{"v":0,"d":"0.00%"},{"v":0,"d":"0.00%"},{"v":0,"d":"0.00%"},{"v":0,"d":"0.00%"},{"v":0,"d":"0.00%"},{"v":0,"d":"0.00%"},{"v":0,"d":"0.00%"},{"v":0.2,"d":"20.00%"},{"v":0.2,"d":"20.00%"},{"v":0.2,"d":"20.00%"},{"v":0.2,"d":"20.00%"},{"v":0.2,"d":"20.00%"},{"v":0,"d":"0.00%"},{"v":0,"d":"0.00%"}]
[null,null,{"$error":"#REF!"},{"$error":"#REF!"},{"$error":"#REF!"},{"$error":"#REF!"},{"$nulls":10},{"v":0.2,"d":"20.00%"},{"v":0.2,"d":"20.00%"},{"v":0.2,"d":"20.00%"},{"v":0.2,"d":"20.00%"},{"v":0.2,"d":"20.00%"}]
[null,797,"SUMINISTRO E INSTALACION DE ARBOLES","u",{"v":5,"d":"5.00000"},{"v":64.76,"d":"$ 64.76000"},{"v":323.8,"d":"$ 323.80000"},0,0,0,0,0,0,0,0,0,{"v":64.76,"d":"64.76000"},{"v":64.76,"d":"64.76000"},{"v":64.76,"d":"64.76000"},{"v":64.76,"d":"64.76000"},{"v":64.76,"d":"64.76000"},0,0]
[null,null,{"$error":"#REF!"},{"$error":"#REF!"},{"$error":"#REF!"},{"$error":"#REF!"},null,{"v":0,"d":"0.00%"},{"v":0,"d":"0.00%"},{"v":0,"d":"0.00%"},{"v":0,"d":"0.00%"},{"v":0,"d":"0.00%"},{"v":0,"d":"0.00%"},{"v":0,"d":"0.00%"},{"v":0,"d":"0.00%"},{"v":0,"d":"0.00%"},{"v":0.2,"d":"20.00%"},{"v":0.2,"d":"20.00%"},{"v":0.2,"d":"20.00%"},{"v":0.2,"d":"20.00%"},{"v":0.2,"d":"20.00%"},{"v":0,"d":"0.00%"},{"v":0,"d":"0.00%"}]
[null,null,{"$error":"#REF!"},{"$error":"#REF!"},{"$error":"#REF!"},{"$error":"#REF!"},{"$nulls":10},{"v":0.2,"d":"20.00%"},{"v":0.2,"d":"20.00%"},{"v":0.2,"d":"20.00%"},{"v":0.2,"d":"20.00%"},{"v":0.2,"d":"20.00%"}]
[null,798,"CESPED BERMUDA (SUMINISTRO, SIEMBRA, ABONADO Y APLICACION DE ENRAIZANTE)","m2",{"v":90,"d":"90.00000"},{"v":8.11,"d":"$ 8.11000"},{"v":729.9,"d":"$ 729.90000"},0,0,0,0,0,0,0,0,0,{"v":145.98,"d":"145.98000"},{"v":145.98,"d":"145.98000"},{"v":145.98,"d":"145.98000"},{"v":145.98,"d":"145.98000"},{"v":145.98,"d":"145.98000"},0,0]
[null,null,{"$error":"#REF!"},{"$error":"#REF!"},{"$error":"#REF!"},{"$error":"#REF!"},null,{"v":0,"d":"0.00%"},{"v":0,"d":"0.00%"},{"v":0,"d":"0.00%"},{"v":0,"d":"0.00%"},{"v":0,"d":"0.00%"},{"v":0,"d":"0.00%"},{"v":0,"d":"0.00%"},{"v":0,"d":"0.00%"},{"v":0,"d":"0.00%"},{"v":0.2,"d":"20.00%"},{"v":0.2,"d":"20.00%"},{"v":0.2,"d":"20.00%"},{"v":0.2,"d":"20.00%"},{"v":0.2,"d":"20.00%"},{"v":0,"d":"0.00%"},{"v":0,"d":"0.00%"}]
[null,null,{"$error":"#REF!"},{"$error":"#REF!"},{"$error":"#REF!"},{"$error":"#REF!"},{"$nulls":10},{"v":0.2,"d":"20.00%"},{"v":0.2,"d":"20.00%"},{"v":0.2,"d":"20.00%"},{"v":0.2,"d":"20.00%"},{"v":0.2,"d":"20.00%"}]
[null,799,"SUMINISTRO E INSTALACION DE REJILLA DE DESBASTE 0.35x0.95m","u",{"v":1,"d":"1.00000"},{"v":96.3,"d":"$ 96.30000"},{"v":96.3,"d":"$ 96.30000"},0,0,0,0,0,0,0,0,0,{"v":19.26,"d":"19.26000"},{"v":19.26,"d":"19.26000"},{"v":19.26,"d":"19.26000"},{"v":19.26,"d":"19.26000"},{"v":19.26,"d":"19.26000"},0,0]
[null,null,{"$error":"#REF!"},{"$error":"#REF!"},{"$error":"#REF!"},{"$error":"#REF!"},null,{"v":0,"d":"0.00%"},{"v":0,"d":"0.00%"},{"v":0,"d":"0.00%"},{"v":0,"d":"0.00%"},{"v":0,"d":"0.00%"},{"v":0,"d":"0.00%"},{"v":0,"d":"0.00%"},{"v":0,"d":"0.00%"},{"v":0,"d":"0.00%"},{"v":0.2,"d":"20.00%"},{"v":0.2,"d":"20.00%"},{"v":0.2,"d":"20.00%"},{"v":0.2,"d":"20.00%"},{"v":0.2,"d":"20.00%"},{"v":0,"d":"0.00%"},{"v":0,"d":"0.00%"}]
[null,null,{"$error":"#REF!"},{"$error":"#REF!"},{"$error":"#REF!"},{"$error":"#REF!"},{"$nulls":10},{"v":0.2,"d":"20.00%"},{"v":0.2,"d":"20.00%"},{"v":0.2,"d":"20.00%"},{"v":0.2,"d":"20.00%"},{"v":0.2,"d":"20.00%"}]
[null,800,"SUMINISITRO E INSTALACION DE CANASTILLA DE RECOLECCION DE SOLIDOS","u",{"v":1,"d":"1.00000"},{"v":119.53,"d":"$ 119.53000"},{"v":119.53,"d":"$ 119.53000"},0,0,0,0,0,0,0,0,0,{"v":23.906000000000002,"d":"23.90600"},{"v":23.906000000000002,"d":"23.90600"},{"v":23.906000000000002,"d":"23.90600"},{"v":23.906000000000002,"d":"23.90600"},{"v":23.906000000000002,"d":"23.90600"},0,0]
[null,null,{"$error":"#REF!"},{"$error":"#REF!"},{"$error":"#REF!"},{"$error":"#REF!"},null,{"v":0,"d":"0.00%"},{"v":0,"d":"0.00%"},{"v":0,"d":"0.00%"},{"v":0,"d":"0.00%"},{"v":0,"d":"0.00%"},{"v":0,"d":"0.00%"},{"v":0,"d":"0.00%"},{"v":0,"d":"0.00%"},{"v":0,"d":"0.00%"},{"v":0.2,"d":"20.00%"},{"v":0.2,"d":"20.00%"},{"v":0.2,"d":"20.00%"},{"v":0.2,"d":"20.00%"},{"v":0.2,"d":"20.00%"},{"v":0,"d":"0.00%"},{"v":0,"d":"0.00%"}]
[null,null,{"$error":"#REF!"},{"$error":"#REF!"},{"$error":"#REF!"},{"$error":"#REF!"},{"$nulls":10},{"v":0.2,"d":"20.00%"},{"v":0.2,"d":"20.00%"},{"v":0.2,"d":"20.00%"},{"v":0.2,"d":"20.00%"},{"v":0.2,"d":"20.00%"}]
[null,801,"PLANCHA AGUJERADA E=6mm, D=5cm","m2",{"v":0.11,"d":"0.11000"},{"v":649.58,"d":"$ 649.58000"},{"v":71.4538,"d":"$ 71.45380"},0,0,0,0,0,0,0,0,0,14.29076,14.29076,14.29076,14.29076,14.29076,0,0]
[null,null,{"$error":"#REF!"},{"$error":"#REF!"},{"$error":"#REF!"},{"$error":"#REF!"},null,{"v":0,"d":"0.00%"},{"v":0,"d":"0.00%"},{"v":0,"d":"0.00%"},{"v":0,"d":"0.00%"},{"v":0,"d":"0.00%"},{"v":0,"d":"0.00%"},{"v":0,"d":"0.00%"},{"v":0,"d":"0.00%"},{"v":0,"d":"0.00%"},{"v":0.2,"d":"20.00%"},{"v":0.2,"d":"20.00%"},{"v":0.2,"d":"20.00%"},{"v":0.2,"d":"20.00%"},{"v":0.2,"d":"20.00%"},{"v":0,"d":"0.00%"},{"v":0,"d":"0.00%"}]
[null,null,{"$error":"#REF!"},{"$error":"#REF!"},{"$error":"#REF!"},{"$error":"#REF!"},{"$nulls":10},{"v":0.2,"d":"20.00%"},{"v":0.2,"d":"20.00%"},{"v":0.2,"d":"20.00%"},{"v":0.2,"d":"20.00%"},{"v":0.2,"d":"20.00%"}]
[null,802,"SUMINISTRO E INSTALACION DE VALVULA COMPUERTA VASTAGO FIJO EXTREMOS BRIDADOS D=200mm PN10","u",{"v":2,"d":"2.00000"},{"v":1173.96,"d":"$ 1,173.96000"},{"v":2347.92,"d":"$ 2,347.92000"},0,0,0,0,0,0,0,0,0,{"v":469.58400000000006,"d":"469.58400"},{"v":469.58400000000006,"d":"469.58400"},{"v":469.58400000000006,"d":"469.58400"},{"v":469.58400000000006,"d":"469.58400"},{"v":469.58400000000006,"d":"469.58400"},0,0]
[null,null,{"$error":"#REF!"},{"$error":"#REF!"},{"$error":"#REF!"},{"$error":"#REF!"},null,{"v":0,"d":"0.00%"},{"v":0,"d":"0.00%"},{"v":0,"d":"0.00%"},{"v":0,"d":"0.00%"},{"v":0,"d":"0.00%"},{"v":0,"d":"0.00%"},{"v":0,"d":"0.00%"},{"v":0,"d":"0.00%"},{"v":0,"d":"0.00%"},{"v":0.2,"d":"20.00%"},{"v":0.2,"d":"20.00%"},{"v":0.2,"d":"20.00%"},{"v":0.2,"d":"20.00%"},{"v":0.2,"d":"20.00%"},{"v":0,"d":"0.00%"},{"v":0,"d":"0.00%"}]
[null,null,{"$error":"#REF!"},{"$error":"#REF!"},{"$error":"#REF!"},{"$error":"#REF!"},{"$nulls":10},{"v":0.2,"d":"20.00%"},{"v":0.2,"d":"20.00%"},{"v":0.2,"d":"20.00%"},{"v":0.2,"d":"20.00%"},{"v":0.2,"d":"20.00%"}]
[null,803,"SUMINISTRO E INSTALACION DE UNION MECANICA 200mm","u",{"v":4,"d":"4.00000"},{"v":135.36,"d":"$ 135.36000"},{"v":541.44,"d":"$ 541.44000"},0,0,0,0,0,0,0,0,0,{"v":108.28800000000001,"d":"108.28800"},{"v":108.28800000000001,"d":"108.28800"},{"v":108.28800000000001,"d":"108.28800"},{"v":108.28800000000001,"d":"108.28800"},{"v":108.28800000000001,"d":"108.28800"},0,0]
[null,null,{"$error":"#REF!"},{"$error":"#REF!"},{"$error":"#REF!"},{"$error":"#REF!"},null,{"v":0,"d":"0.00%"},{"v":0,"d":"0.00%"},{"v":0,"d":"0.00%"},{"v":0,"d":"0.00%"},{"v":0,"d":"0.00%"},{"v":0,"d":"0.00%"},{"v":0,"d":"0.00%"},{"v":0,"d":"0.00%"},{"v":0,"d":"0.00%"},{"v":0.2,"d":"20.00%"},{"v":0.2,"d":"20.00%"},{"v":0.2,"d":"20.00%"},{"v":0.2,"d":"20.00%"},{"v":0.2,"d":"20.00%"},{"v":0,"d":"0.00%"},{"v":0,"d":"0.00%"}]
[null,null,{"$error":"#REF!"},{"$error":"#REF!"},{"$error":"#REF!"},{"$error":"#REF!"},{"$nulls":10},{"v":0.2,"d":"20.00%"},{"v":0.2,"d":"20.00%"},{"v":0.2,"d":"20.00%"},{"v":0.2,"d":"20.00%"},{"v":0.2,"d":"20.00%"}]
[null,804,"SUMINISTRO E INSTALACION DE BRIDA DE ACERO AL CARBONO ASTM A-105 DN 200mm","u",{"v":8,"d":"8.00000"},{"v":267.3,"d":"$ 267.30000"},{"v":2138.4,"d":"$ 2,138.40000"},0,0,0,0,0,0,0,0,0,{"v":427.68000000000006,"d":"427.68000"},{"v":427.68000000000006,"d":"427.68000"},{"v":427.68000000000006,"d":"427.68000"},{"v":427.68000000000006,"d":"427.68000"},{"v":427.68000000000006,"d":"427.68000"},0,0]
[null,null,{"$error":"#REF!"},{"$error":"#REF!"},{"$error":"#REF!"},{"$error":"#REF!"},null,{"v":0,"d":"0.00%"},{"v":0,"d":"0.00%"},{"v":0,"d":"0.00%"},{"v":0,"d":"0.00%"},{"v":0,"d":"0.00%"},{"v":0,"d":"0.00%"},{"v":0,"d":"0.00%"},{"v":0,"d":"0.00%"},{"v":0,"d":"0.00%"},{"v":0.2,"d":"20.00%"},{"v":0.2,"d":"20.00%"},{"v":0.2,"d":"20.00%"},{"v":0.2,"d":"20.00%"},{"v":0.2,"d":"20.00%"},{"v":0,"d":"0.00%"},{"v":0,"d":"0.00%"}]
[null,null,{"$error":"#REF!"},{"$error":"#REF!"},{"$error":"#REF!"},{"$error":"#REF!"},{"$nulls":10},{"v":0.2,"d":"20.00%"},{"v":0.2,"d":"20.00%"},{"v":0.2,"d":"20.00%"},{"v":0.2,"d":"20.00%"},{"v":0.2,"d":"20.00%"}]
[null,805,"SUMINISTRO DE TUBERIA PVC ESTRUCTURADA DI = 200 mm (DN220) NORMA NTE INEN 2059","m",{"v":15,"d":"15.00000"},{"v":19.4,"d":"$ 19.40000"},{"v":291,"d":"$ 291.00000"},0,0,0,0,0,0,0,0,0,{"v":58.2,"d":"58.20000"},{"v":58.2,"d":"58.20000"},{"v":58.2,"d":"58.20000"},{"v":58.2,"d":"58.20000"},{"v":58.2,"d":"58.20000"},0,0]
[null,null,{"$error":"#REF!"},{"$error":"#REF!"},{"$error":"#REF!"},{"$error":"#REF!"},null,{"v":0,"d":"0.00%"},{"v":0,"d":"0.00%"},{"v":0,"d":"0.00%"},{"v":0,"d":"0.00%"},{"v":0,"d":"0.00%"},{"v":0,"d":"0.00%"},{"v":0,"d":"0.00%"},{"v":0,"d":"0.00%"},{"v":0,"d":"0.00%"},{"v":0.2,"d":"20.00%"},{"v":0.2,"d":"20.00%"},{"v":0.2,"d":"20.00%"},{"v":0.2,"d":"20.00%"},{"v":0.2,"d":"20.00%"},{"v":0,"d":"0.00%"},{"v":0,"d":"0.00%"}]
[null,null,{"$error":"#REF!"},{"$error":"#REF!"},{"$error":"#REF!"},{"$error":"#REF!"},{"$nulls":10},{"v":0.2,"d":"20.00%"},{"v":0.2,"d":"20.00%"},{"v":0.2,"d":"20.00%"},{"v":0.2,"d":"20.00%"},{"v":0.2,"d":"20.00%"}]
[null,806,"INSTALACION DE TUBERIA PVC ESTRUCTURADA DI = 200 mm (DN220) NORMA NTE INEN 2059","m",{"v":15,"d":"15.00000"},{"v":5.79,"d":"$ 5.79000"},{"v":86.85,"d":"$ 86.85000"},0,0,0,0,0,0,0,0,0,{"v":17.37,"d":"17.37000"},{"v":17.37,"d":"17.37000"},{"v":17.37,"d":"17.37000"},{"v":17.37,"d":"17.37000"},{"v":17.37,"d":"17.37000"},0,0]
[null,null,{"$error":"#REF!"},{"$error":"#REF!"},{"$error":"#REF!"},{"$error":"#REF!"},null,{"v":0,"d":"0.00%"},{"v":0,"d":"0.00%"},{"v":0,"d":"0.00%"},{"v":0,"d":"0.00%"},{"v":0,"d":"0.00%"},{"v":0,"d":"0.00%"},{"v":0,"d":"0.00%"},{"v":0,"d":"0.00%"},{"v":0,"d":"0.00%"},{"v":0.2,"d":"20.00%"},{"v":0.2,"d":"20.00%"},{"v":0.2,"d":"20.00%"},{"v":0.2,"d":"20.00%"},{"v":0.2,"d":"20.00%"},{"v":0,"d":"0.00%"},{"v":0,"d":"0.00%"}]
[null,null,{"$error":"#REF!"},{"$error":"#REF!"},{"$error":"#REF!"},{"$error":"#REF!"},{"$nulls":10},{"v":0.2,"d":"20.00%"},{"v":0.2,"d":"20.00%"},{"v":0.2,"d":"20.00%"},{"v":0.2,"d":"20.00%"},{"v":0.2,"d":"20.00%"}]
[null,807,"SUMINISTRO DE TUBERIA PVC ESTRUCTURADA DI=250 mm (DN275) NORMA NTE INEN 2059","m",{"v":10,"d":"10.00000"},{"v":15.62,"d":"$ 15.62000"},{"v":156.2,"d":"$ 156.20000"},0,0,0,0,0,0,0,0,0,{"v":31.24,"d":"31.24000"},{"v":31.24,"d":"31.24000"},{"v":31.24,"d":"31.24000"},{"v":31.24,"d":"31.24000"},{"v":31.24,"d":"31.24000"},0,0]
[null,null,{"$error":"#REF!"},{"$error":"#REF!"},{"$error":"#REF!"},{"$error":"#REF!"},null,{"v":0,"d":"0.00%"},{"v":0,"d":"0.00%"},{"v":0,"d":"0.00%"},{"v":0,"d":"0.00%"},{"v":0,"d":"0.00%"},{"v":0,"d":"0.00%"},{"v":0,"d":"0.00%"},{"v":0,"d":"0.00%"},{"v":0,"d":"0.00%"},{"v":0.2,"d":"20.00%"},{"v":0.2,"d":"20.00%"},{"v":0.2,"d":"20.00%"},{"v":0.2,"d":"20.00%"},{"v":0.2,"d":"20.00%"},{"v":0,"d":"0.00%"},{"v":0,"d":"0.00%"}]
[null,null,{"$error":"#REF!"},{"$error":"#REF!"},{"$error":"#REF!"},{"$error":"#REF!"},{"$nulls":10},{"v":0.2,"d":"20.00%"},{"v":0.2,"d":"20.00%"},{"v":0.2,"d":"20.00%"},{"v":0.2,"d":"20.00%"},{"v":0.2,"d":"20.00%"}]
[null,808,"INSTALACION DE TUBERIA PVC ESTRUCTURADA DI=250 mm (DN275) NORMA NTE INEN 2059","m",{"v":10,"d":"10.00000"},{"v":5.79,"d":"$ 5.79000"},{"v":57.9,"d":"$ 57.90000"},0,0,0,0,0,0,0,0,0,{"v":11.58,"d":"11.58000"},{"v":11.58,"d":"11.58000"},{"v":11.58,"d":"11.58000"},{"v":11.58,"d":"11.58000"},{"v":11.58,"d":"11.58000"},0,0]
[null,null,{"$error":"#REF!"},{"$error":"#REF!"},{"$error":"#REF!"},{"$error":"#REF!"},null,{"v":0,"d":"0.00%"},{"v":0,"d":"0.00%"},{"v":0,"d":"0.00%"},{"v":0,"d":"0.00%"},{"v":0,"d":"0.00%"},{"v":0,"d":"0.00%"},{"v":0,"d":"0.00%"},{"v":0,"d":"0.00%"},{"v":0,"d":"0.00%"},{"v":0.2,"d":"20.00%"},{"v":0.2,"d":"20.00%"},{"v":0.2,"d":"20.00%"},{"v":0.2,"d":"20.00%"},{"v":0.2,"d":"20.00%"},{"v":0,"d":"0.00%"},{"v":0,"d":"0.00%"}]
[null,null,{"$error":"#REF!"},{"$error":"#REF!"},{"$error":"#REF!"},{"$error":"#REF!"},{"$nulls":10},{"v":0.2,"d":"20.00%"},{"v":0.2,"d":"20.00%"},{"v":0.2,"d":"20.00%"},{"v":0.2,"d":"20.00%"},{"v":0.2,"d":"20.00%"}]
[null,809,"SUMINISTRO DE TUBERIA PVC ESTRUCTURADA DI=160 mm (DN175) NORMA NTE INEN 2059","m",{"v":90,"d":"90.00000"},{"v":11.26,"d":"$ 11.26000"},{"v":1013.4,"d":"$ 1,013.40000"},0,0,0,0,0,0,0,0,0,{"v":202.68,"d":"202.68000"},{"v":202.68,"d":"202.68000"},{"v":202.68,"d":"202.68000"},{"v":202.68,"d":"202.68000"},{"v":202.68,"d":"202.68000"},0,0]
[null,null,{"$error":"#REF!"},{"$error":"#REF!"},{"$error":"#REF!"},{"$error":"#REF!"},null,{"v":0,"d":"0.00%"},{"v":0,"d":"0.00%"},{"v":0,"d":"0.00%"},{"v":0,"d":"0.00%"},{"v":0,"d":"0.00%"},{"v":0,"d":"0.00%"},{"v":0,"d":"0.00%"},{"v":0,"d":"0.00%"},{"v":0,"d":"0.00%"},{"v":0.2,"d":"20.00%"},{"v":0.2,"d":"20.00%"},{"v":0.2,"d":"20.00%"},{"v":0.2,"d":"20.00%"},{"v":0.2,"d":"20.00%"},{"v":0,"d":"0.00%"},{"v":0,"d":"0.00%"}]
[null,null,{"$error":"#REF!"},{"$error":"#REF!"},{"$error":"#REF!"},{"$error":"#REF!"},{"$nulls":10},{"v":0.2,"d":"20.00%"},{"v":0.2,"d":"20.00%"},{"v":0.2,"d":"20.00%"},{"v":0.2,"d":"20.00%"},{"v":0.2,"d":"20.00%"}]
[null,810,"INSTALACION DE TUBERIA PVC ESTRUCTURADA DI=160 mm (DN175) NORMA NTE INEN 2059","m",{"v":90,"d":"90.00000"},{"v":3.86,"d":"$ 3.86000"},{"v":347.4,"d":"$ 347.40000"},0,0,0,0,0,0,0,0,0,{"v":69.48,"d":"69.48000"},{"v":69.48,"d":"69.48000"},{"v":69.48,"d":"69.48000"},{"v":69.48,"d":"69.48000"},{"v":69.48,"d":"69.48000"},0,0]
[null,null,{"$error":"#REF!"},{"$error":"#REF!"},{"$error":"#REF!"},{"$error":"#REF!"},null,{"v":0,"d":"0.00%"},{"v":0,"d":"0.00%"},{"v":0,"d":"0.00%"},{"v":0,"d":"0.00%"},{"v":0,"d":"0.00%"},{"v":0,"d":"0.00%"},{"v":0,"d":"0.00%"},{"v":0,"d":"0.00%"},{"v":0,"d":"0.00%"},{"v":0.2,"d":"20.00%"},{"v":0.2,"d":"20.00%"},{"v":0.2,"d":"20.00%"},{"v":0.2,"d":"20.00%"},{"v":0.2,"d":"20.00%"},{"v":0,"d":"0.00%"},{"v":0,"d":"0.00%"}]
[null,null,{"$error":"#REF!"},{"$error":"#REF!"},{"$error":"#REF!"},{"$error":"#REF!"},{"$nulls":10},{"v":0.2,"d":"20.00%"},{"v":0.2,"d":"20.00%"},{"v":0.2,"d":"20.00%"},{"v":0.2,"d":"20.00%"},{"v":0.2,"d":"20.00%"}]
[null,811,"SUMINISTRO DE TUBERIA PVC ESTRUCTURADA DI=110 mm (DN125) NORMA NTE INEN 2059","m",{"v":70,"d":"70.00000"},{"v":6.96,"d":"$ 6.96000"},{"v":487.2,"d":"$ 487.20000"},0,0,0,0,0,0,0,0,0,{"v":97.44,"d":"97.44000"},{"v":97.44,"d":"97.44000"},{"v":97.44,"d":"97.44000"},{"v":97.44,"d":"97.44000"},{"v":97.44,"d":"97.44000"},0,0]
[null,null,{"$error":"#REF!"},{"$error":"#REF!"},{"$error":"#REF!"},{"$error":"#REF!"},null,{"v":0,"d":"0.00%"},{"v":0,"d":"0.00%"},{"v":0,"d":"0.00%"},{"v":0,"d":"0.00%"},{"v":0,"d":"0.00%"},{"v":0,"d":"0.00%"},{"v":0,"d":"0.00%"},{"v":0,"d":"0.00%"},{"v":0,"d":"0.00%"},{"v":0.2,"d":"20.00%"},{"v":0.2,"d":"20.00%"},{"v":0.2,"d":"20.00%"},{"v":0.2,"d":"20.00%"},{"v":0.2,"d":"20.00%"},{"v":0,"d":"0.00%"},{"v":0,"d":"0.00%"}]
[null,null,{"$error":"#REF!"},{"$error":"#REF!"},{"$error":"#REF!"},{"$error":"#REF!"},{"$nulls":10},{"v":0.2,"d":"20.00%"},{"v":0.2,"d":"20.00%"},{"v":0.2,"d":"20.00%"},{"v":0.2,"d":"20.00%"},{"v":0.2,"d":"20.00%"}]
[null,812,"INSTALACION DE TUBERIA PVC ESTRUCTURADA DI=110 mm (DN125) NORMA NTE INEN 2059","m",{"v":70,"d":"70.00000"},{"v":3.98,"d":"$ 3.98000"},{"v":278.6,"d":"$ 278.60000"},0,0,0,0,0,0,0,0,0,{"v":55.720000000000006,"d":"55.72000"},{"v":55.720000000000006,"d":"55.72000"},{"v":55.720000000000006,"d":"55.72000"},{"v":55.720000000000006,"d":"55.72000"},{"v":55.720000000000006,"d":"55.72000"},0,0]
[null,null,{"$error":"#REF!"},{"$error":"#REF!"},{"$error":"#REF!"},{"$error":"#REF!"},null,{"v":0,"d":"0.00%"},{"v":0,"d":"0.00%"},{"v":0,"d":"0.00%"},{"v":0,"d":"0.00%"},{"v":0,"d":"0.00%"},{"v":0,"d":"0.00%"},{"v":0,"d":"0.00%"},{"v":0,"d":"0.00%"},{"v":0,"d":"0.00%"},{"v":0.2,"d":"20.00%"},{"v":0.2,"d":"20.00%"},{"v":0.2,"d":"20.00%"},{"v":0.2,"d":"20.00%"},{"v":0.2,"d":"20.00%"},{"v":0,"d":"0.00%"},{"v":0,"d":"0.00%"}]
[null,null,{"$error":"#REF!"},{"$error":"#REF!"},{"$error":"#REF!"},{"$error":"#REF!"},{"$nulls":10},{"v":0.2,"d":"20.00%"},{"v":0.2,"d":"20.00%"},{"v":0.2,"d":"20.00%"},{"v":0.2,"d":"20.00%"},{"v":0.2,"d":"20.00%"}]
[null,813,"SUMINISTRO E INSTALACION DE CODO DESAGUE CC 220mmX90'","u",{"v":2,"d":"2.00000"},{"v":17.63,"d":"$ 17.63000"},{"v":35.26,"d":"$ 35.26000"},0,0,0,0,0,0,0,0,0,{"v":7.052,"d":"7.05200"},{"v":7.052,"d":"7.05200"},{"v":7.052,"d":"7.05200"},{"v":7.052,"d":"7.05200"},{"v":7.052,"d":"7.05200"},0,0]
[null,null,{"$error":"#REF!"},{"$error":"#REF!"},{"$error":"#REF!"},{"$error":"#REF!"},null,{"v":0,"d":"0.00%"},{"v":0,"d":"0.00%"},{"v":0,"d":"0.00%"},{"v":0,"d":"0.00%"},{"v":0,"d":"0.00%"},{"v":0,"d":"0.00%"},{"v":0,"d":"0.00%"},{"v":0,"d":"0.00%"},{"v":0,"d":"0.00%"},{"v":0.2,"d":"20.00%"},{"v":0.2,"d":"20.00%"},{"v":0.2,"d":"20.00%"},{"v":0.2,"d":"20.00%"},{"v":0.2,"d":"20.00%"},{"v":0,"d":"0.00%"},{"v":0,"d":"0.00%"}]
[null,null,{"$error":"#REF!"},{"$error":"#REF!"},{"$error":"#REF!"},{"$error":"#REF!"},{"$nulls":10},{"v":0.2,"d":"20.00%"},{"v":0.2,"d":"20.00%"},{"v":0.2,"d":"20.00%"},{"v":0.2,"d":"20.00%"},{"v":0.2,"d":"20.00%"}]
[null,814,"SUMINISTRO E INSTALACION DE CODO DESAGUE CC 160mmX90'","u",{"v":12,"d":"12.00000"},{"v":17.63,"d":"$ 17.63000"},{"v":211.56,"d":"$ 211.56000"},0,0,0,0,0,0,0,0,0,{"v":42.312000000000005,"d":"42.31200"},{"v":42.312000000000005,"d":"42.31200"},{"v":42.312000000000005,"d":"42.31200"},{"v":42.312000000000005,"d":"42.31200"},{"v":42.312000000000005,"d":"42.31200"},0,0]
[null,null,{"$error":"#REF!"},{"$error":"#REF!"},{"$error":"#REF!"},{"$error":"#REF!"},null,{"v":0,"d":"0.00%"},{"v":0,"d":"0.00%"},{"v":0,"d":"0.00%"},{"v":0,"d":"0.00%"},{"v":0,"d":"0.00%"},{"v":0,"d":"0.00%"},{"v":0,"d":"0.00%"},{"v":0,"d":"0.00%"},{"v":0,"d":"0.00%"},{"v":0.2,"d":"20.00%"},{"v":0.2,"d":"20.00%"},{"v":0.2,"d":"20.00%"},{"v":0.2,"d":"20.00%"},{"v":0.2,"d":"20.00%"},{"v":0,"d":"0.00%"},{"v":0,"d":"0.00%"}]
[null,null,{"$error":"#REF!"},{"$error":"#REF!"},{"$error":"#REF!"},{"$error":"#REF!"},{"$nulls":10},{"v":0.2,"d":"20.00%"},{"v":0.2,"d":"20.00%"},{"v":0.2,"d":"20.00%"},{"v":0.2,"d":"20.00%"},{"v":0.2,"d":"20.00%"}]
[null,815,"SUMINISTRO E INSTALACION DE CODO DESAGUE CC 125mmX45'","u",{"v":1,"d":"1.00000"},{"v":10.79,"d":"$ 10.79000"},{"v":10.79,"d":"$ 10.79000"},0,0,0,0,0,0,0,0,0,{"v":2.158,"d":"2.15800"},{"v":2.158,"d":"2.15800"},{"v":2.158,"d":"2.15800"},{"v":2.158,"d":"2.15800"},{"v":2.158,"d":"2.15800"},0,0]
[null,null,{"$error":"#REF!"},{"$error":"#REF!"},{"$error":"#REF!"},{"$error":"#REF!"},null,{"v":0,"d":"0.00%"},{"v":0,"d":"0.00%"},{"v":0,"d":"0.00%"},{"v":0,"d":"0.00%"},{"v":0,"d":"0.00%"},{"v":0,"d":"0.00%"},{"v":0,"d":"0.00%"},{"v":0,"d":"0.00%"},{"v":0,"d":"0.00%"},{"v":0.2,"d":"20.00%"},{"v":0.2,"d":"20.00%"},{"v":0.2,"d":"20.00%"},{"v":0.2,"d":"20.00%"},{"v":0.2,"d":"20.00%"},{"v":0,"d":"0.00%"},{"v":0,"d":"0.00%"}]
[null,null,{"$error":"#REF!"},{"$error":"#REF!"},{"$error":"#REF!"},{"$error":"#REF!"},{"$nulls":10},{"v":0.2,"d":"20.00%"},{"v":0.2,"d":"20.00%"},{"v":0.2,"d":"20.00%"},{"v":0.2,"d":"20.00%"},{"v":0.2,"d":"20.00%"}]
[null,816,"SUMINISTRO E INSTALACION DE BLOWER DE 15 HP","u",{"v":2,"d":"2.00000"},{"v":2464.37,"d":"$ 2,464.37000"},{"v":4928.74,"d":"$ 4,928.74000"},0,0,0,0,0,0,0,0,0,{"v":985.748,"d":"985.74800"},{"v":985.748,"d":"985.74800"},{"v":985.748,"d":"985.74800"},{"v":985.748,"d":"985.74800"},{"v":985.748,"d":"985.74800"},0,0]
[null,null,{"$error":"#REF!"},{"$error":"#REF!"},{"$error":"#REF!"},{"$error":"#REF!"},null,{"v":0,"d":"0.00%"},{"v":0,"d":"0.00%"},{"v":0,"d":"0.00%"},{"v":0,"d":"0.00%"},{"v":0,"d":"0.00%"},{"v":0,"d":"0.00%"},{"v":0,"d":"0.00%"},{"v":0,"d":"0.00%"},{"v":0,"d":"0.00%"},{"v":0.2,"d":"20.00%"},{"v":0.2,"d":"20.00%"},{"v":0.2,"d":"20.00%"},{"v":0.2,"d":"20.00%"},{"v":0.2,"d":"20.00%"},{"v":0,"d":"0.00%"},{"v":0,"d":"0.00%"}]
[null,null,{"$error":"#REF!"},{"$error":"#REF!"},{"$error":"#REF!"},{"$error":"#REF!"},{"$nulls":10},{"v":0.2,"d":"20.00%"},{"v":0.2,"d":"20.00%"},{"v":0.2,"d":"20.00%"},{"v":0.2,"d":"20.00%"},{"v":0.2,"d":"20.00%"}]
[null,817,"SUMINISTRO E INSTALACION DE DIFUSOR DE 12\"","u",{"v":224,"d":"224.00000"},{"v":103.08,"d":"$ 103.08000"},{"v":23089.92,"d":"$ 23,089.92000"},0,0,0,0,0,0,0,0,0,{"v":4617.9839999999995,"d":"4,617.98400"},{"v":4617.9839999999995,"d":"4,617.98400"},{"v":4617.9839999999995,"d":"4,617.98400"},{"v":4617.9839999999995,"d":"4,617.98400"},{"v":4617.9839999999995,"d":"4,617.98400"},0,0]
[null,null,{"$error":"#REF!"},{"$error":"#REF!"},{"$error":"#REF!"},{"$error":"#REF!"},null,{"v":0,"d":"0.00%"},{"v":0,"d":"0.00%"},{"v":0,"d":"0.00%"},{"v":0,"d":"0.00%"},{"v":0,"d":"0.00%"},{"v":0,"d":"0.00%"},{"v":0,"d":"0.00%"},{"v":0,"d":"0.00%"},{"v":0,"d":"0.00%"},{"v":0.2,"d":"20.00%"},{"v":0.2,"d":"20.00%"},{"v":0.2,"d":"20.00%"},{"v":0.2,"d":"20.00%"},{"v":0.2,"d":"20.00%"},{"v":0,"d":"0.00%"},{"v":0,"d":"0.00%"}]
[null,null,{"$error":"#REF!"},{"$error":"#REF!"},{"$error":"#REF!"},{"$error":"#REF!"},{"$nulls":10},{"v":0.2,"d":"20.00%"},{"v":0.2,"d":"20.00%"},{"v":0.2,"d":"20.00%"},{"v":0.2,"d":"20.00%"},{"v":0.2,"d":"20.00%"}]
[null,818,"SUMINISTRO E INSTALACION DE VALVULA DE ALIVIO D=150mm PN10 EXTREMOS BRIDADOS","u",{"v":2,"d":"2.00000"},{"v":9111.5,"d":"$ 9,111.50000"},{"v":18223,"d":"$ 18,223.00000"},0,0,0,0,0,0,0,0,0,{"v":3644.6000000000004,"d":"3,644.60000"},{"v":3644.6000000000004,"d":"3,644.60000"},{"v":3644.6000000000004,"d":"3,644.60000"},{"v":3644.6000000000004,"d":"3,644.60000"},{"v":3644.6000000000004,"d":"3,644.60000"},0,0]
[null,null,{"$error":"#REF!"},{"$error":"#REF!"},{"$error":"#REF!"},{"$error":"#REF!"},null,{"v":0,"d":"0.00%"},{"v":0,"d":"0.00%"},{"v":0,"d":"0.00%"},{"v":0,"d":"0.00%"},{"v":0,"d":"0.00%"},{"v":0,"d":"0.00%"},{"v":0,"d":"0.00%"},{"v":0,"d":"0.00%"},{"v":0,"d":"0.00%"},{"v":0.2,"d":"20.00%"},{"v":0.2,"d":"20.00%"},{"v":0.2,"d":"20.00%"},{"v":0.2,"d":"20.00%"},{"v":0.2,"d":"20.00%"},{"v":0,"d":"0.00%"},{"v":0,"d":"0.00%"}]
[null,null,{"$error":"#REF!"},{"$error":"#REF!"},{"$error":"#REF!"},{"$error":"#REF!"},{"$nulls":10},{"v":0.2,"d":"20.00%"},{"v":0.2,"d":"20.00%"},{"v":0.2,"d":"20.00%"},{"v":0.2,"d":"20.00%"},{"v":0.2,"d":"20.00%"}]
[null,819,"ESCALERA DE ACERO INOXIDABLE","m",{"v":5,"d":"5.00000"},{"v":164.4,"d":"$ 164.40000"},{"v":822,"d":"$ 822.00000"},0,0,0,0,0,0,0,0,0,{"v":164.4,"d":"164.40000"},{"v":164.4,"d":"164.40000"},{"v":164.4,"d":"164.40000"},{"v":164.4,"d":"164.40000"},{"v":164.4,"d":"164.40000"},0,0]
[null,null,{"$error":"#REF!"},{"$error":"#REF!"},{"$error":"#REF!"},{"$error":"#REF!"},null,{"v":0,"d":"0.00%"},{"v":0,"d":"0.00%"},{"v":0,"d":"0.00%"},{"v":0,"d":"0.00%"},{"v":0,"d":"0.00%"},{"v":0,"d":"0.00%"},{"v":0,"d":"0.00%"},{"v":0,"d":"0.00%"},{"v":0,"d":"0.00%"},{"v":0.2,"d":"20.00%"},{"v":0.2,"d":"20.00%"},{"v":0.2,"d":"20.00%"},{"v":0.2,"d":"20.00%"},{"v":0.2,"d":"20.00%"},{"v":0,"d":"0.00%"},{"v":0,"d":"0.00%"}]
[null,null,{"$error":"#REF!"},{"$error":"#REF!"},{"$error":"#REF!"},{"$error":"#REF!"},{"$nulls":10},{"v":0.2,"d":"20.00%"},{"v":0.2,"d":"20.00%"},{"v":0.2,"d":"20.00%"},{"v":0.2,"d":"20.00%"},{"v":0.2,"d":"20.00%"}]
[null,820,"SUMINISTRO E INSTALACION DE BARANDA METALICA (INCLUYE PINTURA)","m",{"v":30,"d":"30.00000"},{"v":116.74,"d":"$ 116.74000"},{"v":3502.2,"d":"$ 3,502.20000"},0,0,0,0,0,0,0,0,0,{"v":700.44,"d":"700.44000"},{"v":700.44,"d":"700.44000"},{"v":700.44,"d":"700.44000"},{"v":700.44,"d":"700.44000"},{"v":700.44,"d":"700.44000"},0,0]
[null,null,{"$error":"#REF!"},{"$error":"#REF!"},{"$error":"#REF!"},{"$error":"#REF!"},null,{"v":0,"d":"0.00%"},{"v":0,"d":"0.00%"},{"v":0,"d":"0.00%"},{"v":0,"d":"0.00%"},{"v":0,"d":"0.00%"},{"v":0,"d":"0.00%"},{"v":0,"d":"0.00%"},{"v":0,"d":"0.00%"},{"v":0,"d":"0.00%"},{"v":0.2,"d":"20.00%"},{"v":0.2,"d":"20.00%"},{"v":0.2,"d":"20.00%"},{"v":0.2,"d":"20.00%"},{"v":0.2,"d":"20.00%"},{"v":0,"d":"0.00%"},{"v":0,"d":"0.00%"}]
[null,null,{"$error":"#REF!"},{"$error":"#REF!"},{"$error":"#REF!"},{"$error":"#REF!"},{"$nulls":10},{"v":0.2,"d":"20.00%"},{"v":0.2,"d":"20.00%"},{"v":0.2,"d":"20.00%"},{"v":0.2,"d":"20.00%"},{"v":0.2,"d":"20.00%"}]
[null,821,"SUMINISTRO E INSTALACION DE TUBERIA ACERO INOXIDABLE AISI 304 D=6 IN","m",{"v":180,"d":"180.00000"},{"v":146.01,"d":"$ 146.01000"},{"v":26281.8,"d":"$ 26,281.80000"},0,0,0,0,0,0,0,0,0,{"v":5256.360000000001,"d":"5,256.36000"},{"v":5256.360000000001,"d":"5,256.36000"},{"v":5256.360000000001,"d":"5,256.36000"},{"v":5256.360000000001,"d":"5,256.36000"},{"v":5256.360000000001,"d":"5,256.36000"},0,0]
[null,null,{"$error":"#REF!"},{"$error":"#REF!"},{"$error":"#REF!"},{"$error":"#REF!"},null,{"v":0,"d":"0.00%"},{"v":0,"d":"0.00%"},{"v":0,"d":"0.00%"},{"v":0,"d":"0.00%"},{"v":0,"d":"0.00%"},{"v":0,"d":"0.00%"},{"v":0,"d":"0.00%"},{"v":0,"d":"0.00%"},{"v":0,"d":"0.00%"},{"v":0.2,"d":"20.00%"},{"v":0.2,"d":"20.00%"},{"v":0.2,"d":"20.00%"},{"v":0.2,"d":"20.00%"},{"v":0.2,"d":"20.00%"},{"v":0,"d":"0.00%"},{"v":0,"d":"0.00%"}]
[null,null,{"$error":"#REF!"},{"$error":"#REF!"},{"$error":"#REF!"},{"$error":"#REF!"},{"$nulls":10},{"v":0.2,"d":"20.00%"},{"v":0.2,"d":"20.00%"},{"v":0.2,"d":"20.00%"},{"v":0.2,"d":"20.00%"},{"v":0.2,"d":"20.00%"}]
[null,822,"SUMINISTRO E INSTALACION DE CODO ACERO INOXIDABLE AISI 304 D=6 IN","u",{"v":4,"d":"4.00000"},{"v":254.31,"d":"$ 254.31000"},{"v":1017.24,"d":"$ 1,017.24000"},0,0,0,0,0,0,0,0,0,{"v":203.448,"d":"203.44800"},{"v":203.448,"d":"203.44800"},{"v":203.448,"d":"203.44800"},{"v":203.448,"d":"203.44800"},{"v":203.448,"d":"203.44800"},0,0]
[null,null,{"$error":"#REF!"},{"$error":"#REF!"},{"$error":"#REF!"},{"$error":"#REF!"},null,{"v":0,"d":"0.00%"},{"v":0,"d":"0.00%"},{"v":0,"d":"0.00%"},{"v":0,"d":"0.00%"},{"v":0,"d":"0.00%"},{"v":0,"d":"0.00%"},{"v":0,"d":"0.00%"},{"v":0,"d":"0.00%"},{"v":0,"d":"0.00%"},{"v":0.2,"d":"20.00%"},{"v":0.2,"d":"20.00%"},{"v":0.2,"d":"20.00%"},{"v":0.2,"d":"20.00%"},{"v":0.2,"d":"20.00%"},{"v":0,"d":"0.00%"},{"v":0,"d":"0.00%"}]
[null,null,{"$error":"#REF!"},{"$error":"#REF!"},{"$error":"#REF!"},{"$error":"#REF!"},{"$nulls":10},{"v":0.2,"d":"20.00%"},{"v":0.2,"d":"20.00%"},{"v":0.2,"d":"20.00%"},{"v":0.2,"d":"20.00%"},{"v":0.2,"d":"20.00%"}]
[null,823,"SUMINISTRO Y COLOCACION DE ARENA PARA FILTRO (0.5 - 1 mm)","m3",{"v":3.6,"d":"3.60000"},{"v":293.9,"d":"$ 293.90000"},{"v":1058.04,"d":"$ 1,058.04000"},0,0,0,0,0,0,0,0,0,{"v":211.608,"d":"211.60800"},{"v":211.608,"d":"211.60800"},{"v":211.608,"d":"211.60800"},{"v":211.608,"d":"211.60800"},{"v":211.608,"d":"211.60800"},0,0]
[null,null,{"$error":"#REF!"},{"$error":"#REF!"},{"$error":"#REF!"},{"$error":"#REF!"},null,{"v":0,"d":"0.00%"},{"v":0,"d":"0.00%"},{"v":0,"d":"0.00%"},{"v":0,"d":"0.00%"},{"v":0,"d":"0.00%"},{"v":0,"d":"0.00%"},{"v":0,"d":"0.00%"},{"v":0,"d":"0.00%"},{"v":0,"d":"0.00%"},{"v":0.2,"d":"20.00%"},{"v":0.2,"d":"20.00%"},{"v":0.2,"d":"20.00%"},{"v":0.2,"d":"20.00%"},{"v":0.2,"d":"20.00%"},{"v":0,"d":"0.00%"},{"v":0,"d":"0.00%"}]
[null,null,{"$error":"#REF!"},{"$error":"#REF!"},{"$error":"#REF!"},{"$error":"#REF!"},{"$nulls":10},{"v":0.2,"d":"20.00%"},{"v":0.2,"d":"20.00%"},{"v":0.2,"d":"20.00%"},{"v":0.2,"d":"20.00%"},{"v":0.2,"d":"20.00%"}]
[null,824,"SUMINISTRO Y COLOCACION DE GRAVA PARA FILTRO (6 - 12 mm)","m3",{"v":1.8,"d":"1.80000"},{"v":379.93,"d":"$ 379.93000"},{"v":683.874,"d":"$ 683.87400"},0,0,0,0,0,0,0,0,0,{"v":136.7748,"d":"136.77480"},{"v":136.7748,"d":"136.77480"},{"v":136.7748,"d":"136.77480"},{"v":136.7748,"d":"136.77480"},{"v":136.7748,"d":"136.77480"},0,0]
[null,null,{"$error":"#REF!"},{"$error":"#REF!"},{"$error":"#REF!"},{"$error":"#REF!"},null,{"v":0,"d":"0.00%"},{"v":0,"d":"0.00%"},{"v":0,"d":"0.00%"},{"v":0,"d":"0.00%"},{"v":0,"d":"0.00%"},{"v":0,"d":"0.00%"},{"v":0,"d":"0.00%"},{"v":0,"d":"0.00%"},{"v":0,"d":"0.00%"},{"v":0.2,"d":"20.00%"},{"v":0.2,"d":"20.00%"},{"v":0.2,"d":"20.00%"},{"v":0.2,"d":"20.00%"},{"v":0.2,"d":"20.00%"},{"v":0,"d":"0.00%"},{"v":0,"d":"0.00%"}]
[null,null,{"$error":"#REF!"},{"$error":"#REF!"},{"$error":"#REF!"},{"$error":"#REF!"},{"$nulls":10},{"v":0.2,"d":"20.00%"},{"v":0.2,"d":"20.00%"},{"v":0.2,"d":"20.00%"},{"v":0.2,"d":"20.00%"},{"v":0.2,"d":"20.00%"}]
[null,825,"SUMINISTRO Y COLOCACION DE GRAVA PARA FILTRO (18 - 25 mm)","m3",{"v":5.4,"d":"5.40000"},{"v":296.03,"d":"$ 296.03000"},{"v":1598.562,"d":"$ 1,598.56200"},0,0,0,0,0,0,0,0,0,{"v":319.7124,"d":"319.71240"},{"v":319.7124,"d":"319.71240"},{"v":319.7124,"d":"319.71240"},{"v":319.7124,"d":"319.71240"},{"v":319.7124,"d":"319.71240"},0,0]
[null,null,{"$error":"#REF!"},{"$error":"#REF!"},{"$error":"#REF!"},{"$error":"#REF!"},null,{"v":0,"d":"0.00%"},{"v":0,"d":"0.00%"},{"v":0,"d":"0.00%"},{"v":0,"d":"0.00%"},{"v":0,"d":"0.00%"},{"v":0,"d":"0.00%"},{"v":0,"d":"0.00%"},{"v":0,"d":"0.00%"},{"v":0,"d":"0.00%"},{"v":0.2,"d":"20.00%"},{"v":0.2,"d":"20.00%"},{"v":0.2,"d":"20.00%"},{"v":0.2,"d":"20.00%"},{"v":0.2,"d":"20.00%"},{"v":0,"d":"0.00%"},{"v":0,"d":"0.00%"}]
[null,null,{"$error":"#REF!"},{"$error":"#REF!"},{"$error":"#REF!"},{"$error":"#REF!"},{"$nulls":10},{"v":0.2,"d":"20.00%"},{"v":0.2,"d":"20.00%"},{"v":0.2,"d":"20.00%"},{"v":0.2,"d":"20.00%"},{"v":0.2,"d":"20.00%"}]
[null,826,"PARED DE BLOQUE 9x19x39cm","m2",{"v":72,"d":"72.00000"},{"v":27.37,"d":"$ 27.37000"},{"v":1970.64,"d":"$ 1,970.64000"},0,0,0,0,0,0,0,0,0,{"v":394.12800000000004,"d":"394.12800"},{"v":394.12800000000004,"d":"394.12800"},{"v":394.12800000000004,"d":"394.12800"},{"v":394.12800000000004,"d":"394.12800"},{"v":394.12800000000004,"d":"394.12800"},0,0]
[null,null,{"$error":"#REF!"},{"$error":"#REF!"},{"$error":"#REF!"},{"$error":"#REF!"},null,{"v":0,"d":"0.00%"},{"v":0,"d":"0.00%"},{"v":0,"d":"0.00%"},{"v":0,"d":"0.00%"},{"v":0,"d":"0.00%"},{"v":0,"d":"0.00%"},{"v":0,"d":"0.00%"},{"v":0,"d":"0.00%"},{"v":0,"d":"0.00%"},{"v":0.2,"d":"20.00%"},{"v":0.2,"d":"20.00%"},{"v":0.2,"d":"20.00%"},{"v":0.2,"d":"20.00%"},{"v":0.2,"d":"20.00%"},{"v":0,"d":"0.00%"},{"v":0,"d":"0.00%"}]
[null,null,{"$error":"#REF!"},{"$error":"#REF!"},{"$error":"#REF!"},{"$error":"#REF!"},{"$nulls":10},{"v":0.2,"d":"20.00%"},{"v":0.2,"d":"20.00%"},{"v":0.2,"d":"20.00%"},{"v":0.2,"d":"20.00%"},{"v":0.2,"d":"20.00%"}]
[null,827,"SUMINISTRO E INSTALACION DE COLLARIN 63mm x 3/4\"","u",{"v":1,"d":"1.00000"},{"v":10.98,"d":"$ 10.98000"},{"v":10.98,"d":"$ 10.98000"},0,0,0,0,0,0,0,0,0,{"v":2.196,"d":"2.19600"},{"v":2.196,"d":"2.19600"},{"v":2.196,"d":"2.19600"},{"v":2.196,"d":"2.19600"},{"v":2.196,"d":"2.19600"},0,0]
[null,null,{"$error":"#REF!"},{"$error":"#REF!"},{"$error":"#REF!"},{"$error":"#REF!"},null,{"v":0,"d":"0.00%"},{"v":0,"d":"0.00%"},{"v":0,"d":"0.00%"},{"v":0,"d":"0.00%"},{"v":0,"d":"0.00%"},{"v":0,"d":"0.00%"},{"v":0,"d":"0.00%"},{"v":0,"d":"0.00%"},{"v":0,"d":"0.00%"},{"v":0.2,"d":"20.00%"},{"v":0.2,"d":"20.00%"},{"v":0.2,"d":"20.00%"},{"v":0.2,"d":"20.00%"},{"v":0.2,"d":"20.00%"},{"v":0,"d":"0.00%"},{"v":0,"d":"0.00%"}]
[null,null,{"$error":"#REF!"},{"$error":"#REF!"},{"$error":"#REF!"},{"$error":"#REF!"},{"$nulls":10},{"v":0.2,"d":"20.00%"},{"v":0.2,"d":"20.00%"},{"v":0.2,"d":"20.00%"},{"v":0.2,"d":"20.00%"},{"v":0.2,"d":"20.00%"}]
[null,828,"SUMINISTRO E INSTALACION DE ADAPTADOR PEAD 3/4\"","u",{"v":1,"d":"1.00000"},{"v":6.61,"d":"$ 6.61000"},{"v":6.61,"d":"$ 6.61000"},0,0,0,0,0,0,0,0,0,{"v":1.322,"d":"1.32200"},{"v":1.322,"d":"1.32200"},{"v":1.322,"d":"1.32200"},{"v":1.322,"d":"1.32200"},{"v":1.322,"d":"1.32200"},0,0]
[null,null,{"$error":"#REF!"},{"$error":"#REF!"},{"$error":"#REF!"},{"$error":"#REF!"},null,{"v":0,"d":"0.00%"},{"v":0,"d":"0.00%"},{"v":0,"d":"0.00%"},{"v":0,"d":"0.00%"},{"v":0,"d":"0.00%"},{"v":0,"d":"0.00%"},{"v":0,"d":"0.00%"},{"v":0,"d":"0.00%"},{"v":0,"d":"0.00%"},{"v":0.2,"d":"20.00%"},{"v":0.2,"d":"20.00%"},{"v":0.2,"d":"20.00%"},{"v":0.2,"d":"20.00%"},{"v":0.2,"d":"20.00%"},{"v":0,"d":"0.00%"},{"v":0,"d":"0.00%"}]
[null,null,{"$error":"#REF!"},{"$error":"#REF!"},{"$error":"#REF!"},{"$error":"#REF!"},{"$nulls":10},{"v":0.2,"d":"20.00%"},{"v":0.2,"d":"20.00%"},{"v":0.2,"d":"20.00%"},{"v":0.2,"d":"20.00%"},{"v":0.2,"d":"20.00%"}]
[null,829,"SUMINISTRO E INSTALACION DE TUBERIA PEAD D= 20mm","m",{"v":40,"d":"40.00000"},{"v":2.33,"d":"$ 2.33000"},{"v":93.2,"d":"$ 93.20000"},0,0,0,0,0,0,0,0,0,{"v":18.64,"d":"18.64000"},{"v":18.64,"d":"18.64000"},{"v":18.64,"d":"18.64000"},{"v":18.64,"d":"18.64000"},{"v":18.64,"d":"18.64000"},0,0]
[null,null,{"$error":"#REF!"},{"$error":"#REF!"},{"$error":"#REF!"},{"$error":"#REF!"},null,{"v":0,"d":"0.00%"},{"v":0,"d":"0.00%"},{"v":0,"d":"0.00%"},{"v":0,"d":"0.00%"},{"v":0,"d":"0.00%"},{"v":0,"d":"0.00%"},{"v":0,"d":"0.00%"},{"v":0,"d":"0.00%"},{"v":0,"d":"0.00%"},{"v":0.2,"d":"20.00%"},{"v":0.2,"d":"20.00%"},{"v":0.2,"d":"20.00%"},{"v":0.2,"d":"20.00%"},{"v":0.2,"d":"20.00%"},{"v":0,"d":"0.00%"},{"v":0,"d":"0.00%"}]
[null,null,{"$error":"#REF!"},{"$error":"#REF!"},{"$error":"#REF!"},{"$error":"#REF!"},{"$nulls":10},{"v":0.2,"d":"20.00%"},{"v":0.2,"d":"20.00%"},{"v":0.2,"d":"20.00%"},{"v":0.2,"d":"20.00%"},{"v":0.2,"d":"20.00%"}]
[null,830,"SUMINISTRO E INSTALACION DE CODO PEAD 20mmX90'","u",{"v":1,"d":"1.00000"},{"v":7.77,"d":"$ 7.77000"},{"v":7.77,"d":"$ 7.77000"},0,0,0,0,0,0,0,0,0,{"v":1.554,"d":"1.55400"},{"v":1.554,"d":"1.55400"},{"v":1.554,"d":"1.55400"},{"v":1.554,"d":"1.55400"},{"v":1.554,"d":"1.55400"},0,0]
[null,null,{"$error":"#REF!"},{"$error":"#REF!"},{"$error":"#REF!"},{"$error":"#REF!"},null,{"v":0,"d":"0.00%"},{"v":0,"d":"0.00%"},{"v":0,"d":"0.00%"},{"v":0,"d":"0.00%"},{"v":0,"d":"0.00%"},{"v":0,"d":"0.00%"},{"v":0,"d":"0.00%"},{"v":0,"d":"0.00%"},{"v":0,"d":"0.00%"},{"v":0.2,"d":"20.00%"},{"v":0.2,"d":"20.00%"},{"v":0.2,"d":"20.00%"},{"v":0.2,"d":"20.00%"},{"v":0.2,"d":"20.00%"},{"v":0,"d":"0.00%"},{"v":0,"d":"0.00%"}]
[null,null,{"$error":"#REF!"},{"$error":"#REF!"},{"$error":"#REF!"},{"$error":"#REF!"},{"$nulls":10},{"v":0.2,"d":"20.00%"},{"v":0.2,"d":"20.00%"},{"v":0.2,"d":"20.00%"},{"v":0.2,"d":"20.00%"},{"v":0.2,"d":"20.00%"}]
[null,831,"SUMINISTRO E INSTALACION DE UNION DE COMPRESION 20mm","u",{"v":1,"d":"1.00000"},{"v":6.86,"d":"$ 6.86000"},{"v":6.86,"d":"$ 6.86000"},0,0,0,0,0,0,0,0,0,{"v":1.372,"d":"1.37200"},{"v":1.372,"d":"1.37200"},{"v":1.372,"d":"1.37200"},{"v":1.372,"d":"1.37200"},{"v":1.372,"d":"1.37200"},0,0]
[null,null,{"$error":"#REF!"},{"$error":"#REF!"},{"$error":"#REF!"},{"$error":"#REF!"},null,{"v":0,"d":"0.00%"},{"v":0,"d":"0.00%"},{"v":0,"d":"0.00%"},{"v":0,"d":"0.00%"},{"v":0,"d":"0.00%"},{"v":0,"d":"0.00%"},{"v":0,"d":"0.00%"},{"v":0,"d":"0.00%"},{"v":0,"d":"0.00%"},{"v":0.2,"d":"20.00%"},{"v":0.2,"d":"20.00%"},{"v":0.2,"d":"20.00%"},{"v":0.2,"d":"20.00%"},{"v":0.2,"d":"20.00%"},{"v":0,"d":"0.00%"},{"v":0,"d":"0.00%"}]
[null,null,{"$error":"#REF!"},{"$error":"#REF!"},{"$error":"#REF!"},{"$error":"#REF!"},{"$nulls":10},{"v":0.2,"d":"20.00%"},{"v":0.2,"d":"20.00%"},{"v":0.2,"d":"20.00%"},{"v":0.2,"d":"20.00%"},{"v":0.2,"d":"20.00%"}]
[null,832,"SUMINISTRO DE TUBERIA PP UNION ROSCABLE DI=3/4 plg 1.25 MPA","m",{"v":20,"d":"20.00000"},{"v":3.77,"d":"$ 3.77000"},{"v":75.4,"d":"$ 75.40000"},0,0,0,0,0,0,0,0,0,{"v":15.080000000000002,"d":"15.08000"},{"v":15.080000000000002,"d":"15.08000"},{"v":15.080000000000002,"d":"15.08000"},{"v":15.080000000000002,"d":"15.08000"},{"v":15.080000000000002,"d":"15.08000"},0,0]
[null,null,{"$error":"#REF!"},{"$error":"#REF!"},{"$error":"#REF!"},{"$error":"#REF!"},null,{"v":0,"d":"0.00%"},{"v":0,"d":"0.00%"},{"v":0,"d":"0.00%"},{"v":0,"d":"0.00%"},{"v":0,"d":"0.00%"},{"v":0,"d":"0.00%"},{"v":0,"d":"0.00%"},{"v":0,"d":"0.00%"},{"v":0,"d":"0.00%"},{"v":0.2,"d":"20.00%"},{"v":0.2,"d":"20.00%"},{"v":0.2,"d":"20.00%"},{"v":0.2,"d":"20.00%"},{"v":0.2,"d":"20.00%"},{"v":0,"d":"0.00%"},{"v":0,"d":"0.00%"}]
[null,null,{"$error":"#REF!"},{"$error":"#REF!"},{"$error":"#REF!"},{"$error":"#REF!"},{"$nulls":10},{"v":0.2,"d":"20.00%"},{"v":0.2,"d":"20.00%"},{"v":0.2,"d":"20.00%"},{"v":0.2,"d":"20.00%"},{"v":0.2,"d":"20.00%"}]
[null,833,"INSTALACION DE TUBERIA PP UNION ROSCABLE DI=3/4 plg 1.25 MPA","m",{"v":20,"d":"20.00000"},{"v":6.12,"d":"$ 6.12000"},{"v":122.4,"d":"$ 122.40000"},0,0,0,0,0,0,0,0,0,{"v":24.480000000000004,"d":"24.48000"},{"v":24.480000000000004,"d":"24.48000"},{"v":24.480000000000004,"d":"24.48000"},{"v":24.480000000000004,"d":"24.48000"},{"v":24.480000000000004,"d":"24.48000"},0,0]
[null,null,{"$error":"#REF!"},{"$error":"#REF!"},{"$error":"#REF!"},{"$error":"#REF!"},null,{"v":0,"d":"0.00%"},{"v":0,"d":"0.00%"},{"v":0,"d":"0.00%"},{"v":0,"d":"0.00%"},{"v":0,"d":"0.00%"},{"v":0,"d":"0.00%"},{"v":0,"d":"0.00%"},{"v":0,"d":"0.00%"},{"v":0,"d":"0.00%"},{"v":0.2,"d":"20.00%"},{"v":0.2,"d":"20.00%"},{"v":0.2,"d":"20.00%"},{"v":0.2,"d":"20.00%"},{"v":0.2,"d":"20.00%"},{"v":0,"d":"0.00%"},{"v":0,"d":"0.00%"}]
[null,null,{"$error":"#REF!"},{"$error":"#REF!"},{"$error":"#REF!"},{"$error":"#REF!"},{"$nulls":10},{"v":0.2,"d":"20.00%"},{"v":0.2,"d":"20.00%"},{"v":0.2,"d":"20.00%"},{"v":0.2,"d":"20.00%"},{"v":0.2,"d":"20.00%"}]
[null,834,"SUMINISTRO DE TUBERIA PP UNION ROSCABLE DI=1/2 plg 1.25 MPA","m",{"v":1,"d":"1.00000"},{"v":2.38,"d":"$ 2.38000"},{"v":2.38,"d":"$ 2.38000"},0,0,0,0,0,0,0,0,0,{"v":0.476,"d":"0.47600"},{"v":0.476,"d":"0.47600"},{"v":0.476,"d":"0.47600"},{"v":0.476,"d":"0.47600"},{"v":0.476,"d":"0.47600"},0,0]
[null,null,{"$error":"#REF!"},{"$error":"#REF!"},{"$error":"#REF!"},{"$error":"#REF!"},null,{"v":0,"d":"0.00%"},{"v":0,"d":"0.00%"},{"v":0,"d":"0.00%"},{"v":0,"d":"0.00%"},{"v":0,"d":"0.00%"},{"v":0,"d":"0.00%"},{"v":0,"d":"0.00%"},{"v":0,"d":"0.00%"},{"v":0,"d":"0.00%"},{"v":0.2,"d":"20.00%"},{"v":0.2,"d":"20.00%"},{"v":0.2,"d":"20.00%"},{"v":0.2,"d":"20.00%"},{"v":0.2,"d":"20.00%"},{"v":0,"d":"0.00%"},{"v":0,"d":"0.00%"}]
[null,null,{"$error":"#REF!"},{"$error":"#REF!"},{"$error":"#REF!"},{"$error":"#REF!"},{"$nulls":10},{"v":0.2,"d":"20.00%"},{"v":0.2,"d":"20.00%"},{"v":0.2,"d":"20.00%"},{"v":0.2,"d":"20.00%"},{"v":0.2,"d":"20.00%"}]
[null,835,"INSTALACION DE TUBERIA PP UNION ROSCABLE DI=1/2 plg 1.25 MPA","m",{"v":1,"d":"1.00000"},{"v":3,"d":"$ 3.00000"},{"v":3,"d":"$ 3.00000"},0,0,0,0,0,0,0,0,0,{"v":0.6000000000000001,"d":"0.60000"},{"v":0.6000000000000001,"d":"0.60000"},{"v":0.6000000000000001,"d":"0.60000"},{"v":0.6000000000000001,"d":"0.60000"},{"v":0.6000000000000001,"d":"0.60000"},0,0]
[null,null,{"$error":"#REF!"},{"$error":"#REF!"},{"$error":"#REF!"},{"$error":"#REF!"},null,{"v":0,"d":"0.00%"},{"v":0,"d":"0.00%"},{"v":0,"d":"0.00%"},{"v":0,"d":"0.00%"},{"v":0,"d":"0.00%"},{"v":0,"d":"0.00%"},{"v":0,"d":"0.00%"},{"v":0,"d":"0.00%"},{"v":0,"d":"0.00%"},{"v":0.2,"d":"20.00%"},{"v":0.2,"d":"20.00%"},{"v":0.2,"d":"20.00%"},{"v":0.2,"d":"20.00%"},{"v":0.2,"d":"20.00%"},{"v":0,"d":"0.00%"},{"v":0,"d":"0.00%"}]
[null,null,{"$error":"#REF!"},{"$error":"#REF!"},{"$error":"#REF!"},{"$error":"#REF!"},{"$nulls":10},{"v":0.2,"d":"20.00%"},{"v":0.2,"d":"20.00%"},{"v":0.2,"d":"20.00%"},{"v":0.2,"d":"20.00%"},{"v":0.2,"d":"20.00%"}]
[null,836,"SUMINISTRO E INSTALACION DE CODO 45' PP 3/4 IN ROSCABLE","u",{"v":2,"d":"2.00000"},{"v":10.03,"d":"$ 10.03000"},{"v":20.06,"d":"$ 20.06000"},0,0,0,0,0,0,0,0,0,{"v":4.012,"d":"4.01200"},{"v":4.012,"d":"4.01200"},{"v":4.012,"d":"4.01200"},{"v":4.012,"d":"4.01200"},{"v":4.012,"d":"4.01200"},0,0]
[null,null,{"$error":"#REF!"},{"$error":"#REF!"},{"$error":"#REF!"},{"$error":"#REF!"},null,{"v":0,"d":"0.00%"},{"v":0,"d":"0.00%"},{"v":0,"d":"0.00%"},{"v":0,"d":"0.00%"},{"v":0,"d":"0.00%"},{"v":0,"d":"0.00%"},{"v":0,"d":"0.00%"},{"v":0,"d":"0.00%"},{"v":0,"d":"0.00%"},{"v":0.2,"d":"20.00%"},{"v":0.2,"d":"20.00%"},{"v":0.2,"d":"20.00%"},{"v":0.2,"d":"20.00%"},{"v":0.2,"d":"20.00%"},{"v":0,"d":"0.00%"},{"v":0,"d":"0.00%"}]
[null,null,{"$error":"#REF!"},{"$error":"#REF!"},{"$error":"#REF!"},{"$error":"#REF!"},{"$nulls":10},{"v":0.2,"d":"20.00%"},{"v":0.2,"d":"20.00%"},{"v":0.2,"d":"20.00%"},{"v":0.2,"d":"20.00%"},{"v":0.2,"d":"20.00%"}]
[null,837,"SUMINISTRO E INSTALACION DE CODO 90' PP 1/2 IN ROSCABLE","u",{"v":1,"d":"1.00000"},{"v":8.14,"d":"$ 8.14000"},{"v":8.14,"d":"$ 8.14000"},0,0,0,0,0,0,0,0,0,{"v":1.6280000000000001,"d":"1.62800"},{"v":1.6280000000000001,"d":"1.62800"},{"v":1.6280000000000001,"d":"1.62800"},{"v":1.6280000000000001,"d":"1.62800"},{"v":1.6280000000000001,"d":"1.62800"},0,0]
[null,null,{"$error":"#REF!"},{"$error":"#REF!"},{"$error":"#REF!"},{"$error":"#REF!"},null,{"v":0,"d":"0.00%"},{"v":0,"d":"0.00%"},{"v":0,"d":"0.00%"},{"v":0,"d":"0.00%"},{"v":0,"d":"0.00%"},{"v":0,"d":"0.00%"},{"v":0,"d":"0.00%"},{"v":0,"d":"0.00%"},{"v":0,"d":"0.00%"},{"v":0.2,"d":"20.00%"},{"v":0.2,"d":"20.00%"},{"v":0.2,"d":"20.00%"},{"v":0.2,"d":"20.00%"},{"v":0.2,"d":"20.00%"},{"v":0,"d":"0.00%"},{"v":0,"d":"0.00%"}]
[null,null,{"$error":"#REF!"},{"$error":"#REF!"},{"$error":"#REF!"},{"$error":"#REF!"},{"$nulls":10},{"v":0.2,"d":"20.00%"},{"v":0.2,"d":"20.00%"},{"v":0.2,"d":"20.00%"},{"v":0.2,"d":"20.00%"},{"v":0.2,"d":"20.00%"}]
[null,838,"SUMINISTRO E INSTALACION DE TEE 3/4 A 1/2 IN PP ROSCABLE","u",{"v":3,"d":"3.00000"},{"v":10.36,"d":"$ 10.36000"},{"v":31.08,"d":"$ 31.08000"},0,0,0,0,0,0,0,0,0,{"v":6.216,"d":"6.21600"},{"v":6.216,"d":"6.21600"},{"v":6.216,"d":"6.21600"},{"v":6.216,"d":"6.21600"},{"v":6.216,"d":"6.21600"},0,0]
[null,null,{"$error":"#REF!"},{"$error":"#REF!"},{"$error":"#REF!"},{"$error":"#REF!"},null,{"v":0,"d":"0.00%"},{"v":0,"d":"0.00%"},{"v":0,"d":"0.00%"},{"v":0,"d":"0.00%"},{"v":0,"d":"0.00%"},{"v":0,"d":"0.00%"},{"v":0,"d":"0.00%"},{"v":0,"d":"0.00%"},{"v":0,"d":"0.00%"},{"v":0.2,"d":"20.00%"},{"v":0.2,"d":"20.00%"},{"v":0.2,"d":"20.00%"},{"v":0.2,"d":"20.00%"},{"v":0.2,"d":"20.00%"},{"v":0,"d":"0.00%"},{"v":0,"d":"0.00%"}]
[null,null,{"$error":"#REF!"},{"$error":"#REF!"},{"$error":"#REF!"},{"$error":"#REF!"},{"$nulls":10},{"v":0.2,"d":"20.00%"},{"v":0.2,"d":"20.00%"},{"v":0.2,"d":"20.00%"},{"v":0.2,"d":"20.00%"},{"v":0.2,"d":"20.00%"}]
[null,839,"SUMINISTRO E INSTALACION DE LLAVE DE JARDIN 1/2\"","u",{"v":1,"d":"1.00000"},{"v":14.54,"d":"$ 14.54000"},{"v":14.54,"d":"$ 14.54000"},0,0,0,0,0,0,0,0,0,{"v":2.908,"d":"2.90800"},{"v":2.908,"d":"2.90800"},{"v":2.908,"d":"2.90800"},{"v":2.908,"d":"2.90800"},{"v":2.908,"d":"2.90800"},0,0]
[null,null,{"$error":"#REF!"},{"$error":"#REF!"},{"$error":"#REF!"},{"$error":"#REF!"},null,{"v":0,"d":"0.00%"},{"v":0,"d":"0.00%"},{"v":0,"d":"0.00%"},{"v":0,"d":"0.00%"},{"v":0,"d":"0.00%"},{"v":0,"d":"0.00%"},{"v":0,"d":"0.00%"},{"v":0,"d":"0.00%"},{"v":0,"d":"0.00%"},{"v":0.2,"d":"20.00%"},{"v":0.2,"d":"20.00%"},{"v":0.2,"d":"20.00%"},{"v":0.2,"d":"20.00%"},{"v":0.2,"d":"20.00%"},{"v":0,"d":"0.00%"},{"v":0,"d":"0.00%"}]
[null,null,{"$error":"#REF!"},{"$error":"#REF!"},{"$error":"#REF!"},{"$error":"#REF!"},{"$nulls":10},{"v":0.2,"d":"20.00%"},{"v":0.2,"d":"20.00%"},{"v":0.2,"d":"20.00%"},{"v":0.2,"d":"20.00%"},{"v":0.2,"d":"20.00%"}]
[null,840,"SUMINISTRO E INSTALACION DE TUBERIA DESAGUE EC D= 110mm","m",{"v":7,"d":"7.00000"},{"v":17.07,"d":"$ 17.07000"},{"v":119.49000000000001,"d":"$ 119.49000"},0,0,0,0,0,0,0,0,0,{"v":23.898000000000003,"d":"23.89800"},{"v":23.898000000000003,"d":"23.89800"},{"v":23.898000000000003,"d":"23.89800"},{"v":23.898000000000003,"d":"23.89800"},{"v":23.898000000000003,"d":"23.89800"},0,0]
[null,null,{"$error":"#REF!"},{"$error":"#REF!"},{"$error":"#REF!"},{"$error":"#REF!"},null,{"v":0,"d":"0.00%"},{"v":0,"d":"0.00%"},{"v":0,"d":"0.00%"},{"v":0,"d":"0.00%"},{"v":0,"d":"0.00%"},{"v":0,"d":"0.00%"},{"v":0,"d":"0.00%"},{"v":0,"d":"0.00%"},{"v":0,"d":"0.00%"},{"v":0.2,"d":"20.00%"},{"v":0.2,"d":"20.00%"},{"v":0.2,"d":"20.00%"},{"v":0.2,"d":"20.00%"},{"v":0.2,"d":"20.00%"},{"v":0,"d":"0.00%"},{"v":0,"d":"0.00%"}]
[null,null,{"$error":"#REF!"},{"$error":"#REF!"},{"$error":"#REF!"},{"$error":"#REF!"},{"$nulls":10},{"v":0.2,"d":"20.00%"},{"v":0.2,"d":"20.00%"},{"v":0.2,"d":"20.00%"},{"v":0.2,"d":"20.00%"},{"v":0.2,"d":"20.00%"}]
[null,841,"SUMINISTRO E INSTALACION DE TUBERIA DESAGUE EC D= 50mm","m",{"v":2,"d":"2.00000"},{"v":13.5,"d":"$ 13.50000"},{"v":27,"d":"$ 27.00000"},0,0,0,0,0,0,0,0,0,{"v":5.4,"d":"5.40000"},{"v":5.4,"d":"5.40000"},{"v":5.4,"d":"5.40000"},{"v":5.4,"d":"5.40000"},{"v":5.4,"d":"5.40000"},0,0]
[null,null,{"$error":"#REF!"},{"$error":"#REF!"},{"$error":"#REF!"},{"$error":"#REF!"},null,{"v":0,"d":"0.00%"},{"v":0,"d":"0.00%"},{"v":0,"d":"0.00%"},{"v":0,"d":"0.00%"},{"v":0,"d":"0.00%"},{"v":0,"d":"0.00%"},{"v":0,"d":"0.00%"},{"v":0,"d":"0.00%"},{"v":0,"d":"0.00%"},{"v":0.2,"d":"20.00%"},{"v":0.2,"d":"20.00%"},{"v":0.2,"d":"20.00%"},{"v":0.2,"d":"20.00%"},{"v":0.2,"d":"20.00%"},{"v":0,"d":"0.00%"},{"v":0,"d":"0.00%"}]
[null,null,{"$error":"#REF!"},{"$error":"#REF!"},{"$error":"#REF!"},{"$error":"#REF!"},{"$nulls":10},{"v":0.2,"d":"20.00%"},{"v":0.2,"d":"20.00%"},{"v":0.2,"d":"20.00%"},{"v":0.2,"d":"20.00%"},{"v":0.2,"d":"20.00%"}]
[null,842,"SUMINISTRO E INSTALACION DE YEE REDUCTORA DE DESAGUE DE 110 A 50mm","u",{"v":2,"d":"2.00000"},{"v":9.45,"d":"$ 9.45000"},{"v":18.9,"d":"$ 18.90000"},0,0,0,0,0,0,0,0,0,{"v":3.78,"d":"3.78000"},{"v":3.78,"d":"3.78000"},{"v":3.78,"d":"3.78000"},{"v":3.78,"d":"3.78000"},{"v":3.78,"d":"3.78000"},0,0]
[null,null,{"$error":"#REF!"},{"$error":"#REF!"},{"$error":"#REF!"},{"$error":"#REF!"},null,{"v":0,"d":"0.00%"},{"v":0,"d":"0.00%"},{"v":0,"d":"0.00%"},{"v":0,"d":"0.00%"},{"v":0,"d":"0.00%"},{"v":0,"d":"0.00%"},{"v":0,"d":"0.00%"},{"v":0,"d":"0.00%"},{"v":0,"d":"0.00%"},{"v":0.2,"d":"20.00%"},{"v":0.2,"d":"20.00%"},{"v":0.2,"d":"20.00%"},{"v":0.2,"d":"20.00%"},{"v":0.2,"d":"20.00%"},{"v":0,"d":"0.00%"},{"v":0,"d":"0.00%"}]
[null,null,{"$error":"#REF!"},{"$error":"#REF!"},{"$error":"#REF!"},{"$error":"#REF!"},{"$nulls":10},{"v":0.2,"d":"20.00%"},{"v":0.2,"d":"20.00%"},{"v":0.2,"d":"20.00%"},{"v":0.2,"d":"20.00%"},{"v":0.2,"d":"20.00%"}]
[null,843,"SUMINISTRO E INSTALACION DE CODO DESAGUE EC 110mmX45'","u",{"v":1,"d":"1.00000"},{"v":9.75,"d":"$ 9.75000"},{"v":9.75,"d":"$ 9.75000"},0,0,0,0,0,0,0,0,0,{"v":1.9500000000000002,"d":"1.95000"},{"v":1.9500000000000002,"d":"1.95000"},{"v":1.9500000000000002,"d":"1.95000"},{"v":1.9500000000000002,"d":"1.95000"},{"v":1.9500000000000002,"d":"1.95000"},0,0]
[null,null,{"$error":"#REF!"},{"$error":"#REF!"},{"$error":"#REF!"},{"$error":"#REF!"},null,{"v":0,"d":"0.00%"},{"v":0,"d":"0.00%"},{"v":0,"d":"0.00%"},{"v":0,"d":"0.00%"},{"v":0,"d":"0.00%"},{"v":0,"d":"0.00%"},{"v":0,"d":"0.00%"},{"v":0,"d":"0.00%"},{"v":0,"d":"0.00%"},{"v":0.2,"d":"20.00%"},{"v":0.2,"d":"20.00%"},{"v":0.2,"d":"20.00%"},{"v":0.2,"d":"20.00%"},{"v":0.2,"d":"20.00%"},{"v":0,"d":"0.00%"},{"v":0,"d":"0.00%"}]
[null,null,{"$error":"#REF!"},{"$error":"#REF!"},{"$error":"#REF!"},{"$error":"#REF!"},{"$nulls":10},{"v":0.2,"d":"20.00%"},{"v":0.2,"d":"20.00%"},{"v":0.2,"d":"20.00%"},{"v":0.2,"d":"20.00%"},{"v":0.2,"d":"20.00%"}]
[null,844,"SUMINISTRO E INSTALACION DE TUBERIA ACERO ASTM A36  D=100 mm","m",{"v":60,"d":"60.00000"},{"v":90.93,"d":"$ 90.93000"},{"v":5455.8,"d":"$ 5,455.80000"},0,0,0,0,0,0,0,0,0,{"v":1091.16,"d":"1,091.16000"},{"v":1091.16,"d":"1,091.16000"},{"v":1091.16,"d":"1,091.16000"},{"v":1091.16,"d":"1,091.16000"},{"v":1091.16,"d":"1,091.16000"},0,0]
[null,null,{"$error":"#REF!"},{"$error":"#REF!"},{"$error":"#REF!"},{"$error":"#REF!"},null,{"v":0,"d":"0.00%"},{"v":0,"d":"0.00%"},{"v":0,"d":"0.00%"},{"v":0,"d":"0.00%"},{"v":0,"d":"0.00%"},{"v":0,"d":"0.00%"},{"v":0,"d":"0.00%"},{"v":0,"d":"0.00%"},{"v":0,"d":"0.00%"},{"v":0.2,"d":"20.00%"},{"v":0.2,"d":"20.00%"},{"v":0.2,"d":"20.00%"},{"v":0.2,"d":"20.00%"},{"v":0.2,"d":"20.00%"},{"v":0,"d":"0.00%"},{"v":0,"d":"0.00%"}]
[null,null,{"$error":"#REF!"},{"$error":"#REF!"},{"$error":"#REF!"},{"$error":"#REF!"},{"$nulls":10},{"v":0.2,"d":"20.00%"},{"v":0.2,"d":"20.00%"},{"v":0.2,"d":"20.00%"},{"v":0.2,"d":"20.00%"},{"v":0.2,"d":"20.00%"}]
[null,845,"SUMINISTRO E INSTALACION DE BOMBA SUMERGIBLE 1.0 HP 110/220V 1F","u",{"v":2,"d":"2.00000"},{"v":1685.12,"d":"$ 1,685.12000"},{"v":3370.24,"d":"$ 3,370.24000"},0,0,0,0,0,0,0,0,0,{"v":674.048,"d":"674.04800"},{"v":674.048,"d":"674.04800"},{"v":674.048,"d":"674.04800"},{"v":674.048,"d":"674.04800"},{"v":674.048,"d":"674.04800"},0,0]
[null,null,{"$error":"#REF!"},{"$error":"#REF!"},{"$error":"#REF!"},{"$error":"#REF!"},null,{"v":0,"d":"0.00%"},{"v":0,"d":"0.00%"},{"v":0,"d":"0.00%"},{"v":0,"d":"0.00%"},{"v":0,"d":"0.00%"},{"v":0,"d":"0.00%"},{"v":0,"d":"0.00%"},{"v":0,"d":"0.00%"},{"v":0,"d":"0.00%"},{"v":0.2,"d":"20.00%"},{"v":0.2,"d":"20.00%"},{"v":0.2,"d":"20.00%"},{"v":0.2,"d":"20.00%"},{"v":0.2,"d":"20.00%"},{"v":0,"d":"0.00%"},{"v":0,"d":"0.00%"}]
[null,null,{"$error":"#REF!"},{"$error":"#REF!"},{"$error":"#REF!"},{"$error":"#REF!"},{"$nulls":10},{"v":0.2,"d":"20.00%"},{"v":0.2,"d":"20.00%"},{"v":0.2,"d":"20.00%"},{"v":0.2,"d":"20.00%"},{"v":0.2,"d":"20.00%"}]
[null,846,"SUMINISTRO E INSTALACION DE TAPA DE ACERO (0.90x1.40m) (E=10mm)","u",{"v":16,"d":"16.00000"},{"v":181.9,"d":"$ 181.90000"},{"v":2910.4,"d":"$ 2,910.40000"},0,0,0,0,0,0,0,0,0,{"v":582.08,"d":"582.08000"},{"v":582.08,"d":"582.08000"},{"v":582.08,"d":"582.08000"},{"v":582.08,"d":"582.08000"},{"v":582.08,"d":"582.08000"},0,0]
[null,null,{"$error":"#REF!"},{"$error":"#REF!"},{"$error":"#REF!"},{"$error":"#REF!"},null,{"v":0,"d":"0.00%"},{"v":0,"d":"0.00%"},{"v":0,"d":"0.00%"},{"v":0,"d":"0.00%"},{"v":0,"d":"0.00%"},{"v":0,"d":"0.00%"},{"v":0,"d":"0.00%"},{"v":0,"d":"0.00%"},{"v":0,"d":"0.00%"},{"v":0.2,"d":"20.00%"},{"v":0.2,"d":"20.00%"},{"v":0.2,"d":"20.00%"},{"v":0.2,"d":"20.00%"},{"v":0.2,"d":"20.00%"},{"v":0,"d":"0.00%"},{"v":0,"d":"0.00%"}]
[null,null,{"$error":"#REF!"},{"$error":"#REF!"},{"$error":"#REF!"},{"$error":"#REF!"},{"$nulls":10},{"v":0.2,"d":"20.00%"},{"v":0.2,"d":"20.00%"},{"v":0.2,"d":"20.00%"},{"v":0.2,"d":"20.00%"},{"v":0.2,"d":"20.00%"}]
[null,847,"SUMINISTRO E INSTALACION DE TAPA DE ACERO (0.30x0.30m) (E=10mm)","u",{"v":8,"d":"8.00000"},{"v":68.49,"d":"$ 68.49000"},{"v":547.92,"d":"$ 547.92000"},0,0,0,0,0,0,0,0,0,{"v":109.584,"d":"109.58400"},{"v":109.584,"d":"109.58400"},{"v":109.584,"d":"109.58400"},{"v":109.584,"d":"109.58400"},{"v":109.584,"d":"109.58400"},0,0]
[null,null,{"$error":"#REF!"},{"$error":"#REF!"},{"$error":"#REF!"},{"$error":"#REF!"},null,{"v":0,"d":"0.00%"},{"v":0,"d":"0.00%"},{"v":0,"d":"0.00%"},{"v":0,"d":"0.00%"},{"v":0,"d":"0.00%"},{"v":0,"d":"0.00%"},{"v":0,"d":"0.00%"},{"v":0,"d":"0.00%"},{"v":0,"d":"0.00%"},{"v":0.2,"d":"20.00%"},{"v":0.2,"d":"20.00%"},{"v":0.2,"d":"20.00%"},{"v":0.2,"d":"20.00%"},{"v":0.2,"d":"20.00%"},{"v":0,"d":"0.00%"},{"v":0,"d":"0.00%"}]
[null,null,{"$error":"#REF!"},{"$error":"#REF!"},{"$error":"#REF!"},{"$error":"#REF!"},{"$nulls":10},{"v":0.2,"d":"20.00%"},{"v":0.2,"d":"20.00%"},{"v":0.2,"d":"20.00%"},{"v":0.2,"d":"20.00%"},{"v":0.2,"d":"20.00%"}]
[null,848,"SUMINISTRO E INSTALACION DE PASAMURO PARA TUBERIA DE H.F. 250mm, L=0.40m","u",{"v":3,"d":"3.00000"},{"v":310.28,"d":"$ 310.28000"},{"v":930.8399999999999,"d":"$ 930.84000"},0,0,0,0,0,0,0,0,0,{"v":186.168,"d":"186.16800"},{"v":186.168,"d":"186.16800"},{"v":186.168,"d":"186.16800"},{"v":186.168,"d":"186.16800"},{"v":186.168,"d":"186.16800"},0,0]
[null,null,{"$error":"#REF!"},{"$error":"#REF!"},{"$error":"#REF!"},{"$error":"#REF!"},null,{"v":0,"d":"0.00%"},{"v":0,"d":"0.00%"},{"v":0,"d":"0.00%"},{"v":0,"d":"0.00%"},{"v":0,"d":"0.00%"},{"v":0,"d":"0.00%"},{"v":0,"d":"0.00%"},{"v":0,"d":"0.00%"},{"v":0,"d":"0.00%"},{"v":0.2,"d":"20.00%"},{"v":0.2,"d":"20.00%"},{"v":0.2,"d":"20.00%"},{"v":0.2,"d":"20.00%"},{"v":0.2,"d":"20.00%"},{"v":0,"d":"0.00%"},{"v":0,"d":"0.00%"}]
[null,null,{"$error":"#REF!"},{"$error":"#REF!"},{"$error":"#REF!"},{"$error":"#REF!"},{"$nulls":10},{"v":0.2,"d":"20.00%"},{"v":0.2,"d":"20.00%"},{"v":0.2,"d":"20.00%"},{"v":0.2,"d":"20.00%"},{"v":0.2,"d":"20.00%"}]
[null,849,"SUMINISTRO E INSTALACION DE PASAMURO PARA TUBERIA DE H.F. 200mm, L=0.40m","u",{"v":19,"d":"19.00000"},{"v":251.23,"d":"$ 251.23000"},{"v":4773.37,"d":"$ 4,773.37000"},0,0,0,0,0,0,0,0,0,{"v":954.674,"d":"954.67400"},{"v":954.674,"d":"954.67400"},{"v":954.674,"d":"954.67400"},{"v":954.674,"d":"954.67400"},{"v":954.674,"d":"954.67400"},0,0]
[null,null,{"$error":"#REF!"},{"$error":"#REF!"},{"$error":"#REF!"},{"$error":"#REF!"},null,{"v":0,"d":"0.00%"},{"v":0,"d":"0.00%"},{"v":0,"d":"0.00%"},{"v":0,"d":"0.00%"},{"v":0,"d":"0.00%"},{"v":0,"d":"0.00%"},{"v":0,"d":"0.00%"},{"v":0,"d":"0.00%"},{"v":0,"d":"0.00%"},{"v":0.2,"d":"20.00%"},{"v":0.2,"d":"20.00%"},{"v":0.2,"d":"20.00%"},{"v":0.2,"d":"20.00%"},{"v":0.2,"d":"20.00%"},{"v":0,"d":"0.00%"},{"v":0,"d":"0.00%"}]
[null,null,{"$error":"#REF!"},{"$error":"#REF!"},{"$error":"#REF!"},{"$error":"#REF!"},{"$nulls":10},{"v":0.2,"d":"20.00%"},{"v":0.2,"d":"20.00%"},{"v":0.2,"d":"20.00%"},{"v":0.2,"d":"20.00%"},{"v":0.2,"d":"20.00%"}]
[null,850,"SUMINISTRO E INSTALACION DE PASAMURO PARA TUBERIA DE H.F. 150mm, L=0.40m","u",{"v":22,"d":"22.00000"},{"v":192.18,"d":"$ 192.18000"},{"v":4227.96,"d":"$ 4,227.96000"},0,0,0,0,0,0,0,0,0,{"v":845.5920000000001,"d":"845.59200"},{"v":845.5920000000001,"d":"845.59200"},{"v":845.5920000000001,"d":"845.59200"},{"v":845.5920000000001,"d":"845.59200"},{"v":845.5920000000001,"d":"845.59200"},0,0]
[null,null,{"$error":"#REF!"},{"$error":"#REF!"},{"$error":"#REF!"},{"$error":"#REF!"},null,{"v":0,"d":"0.00%"},{"v":0,"d":"0.00%"},{"v":0,"d":"0.00%"},{"v":0,"d":"0.00%"},{"v":0,"d":"0.00%"},{"v":0,"d":"0.00%"},{"v":0,"d":"0.00%"},{"v":0,"d":"0.00%"},{"v":0,"d":"0.00%"},{"v":0.2,"d":"20.00%"},{"v":0.2,"d":"20.00%"},{"v":0.2,"d":"20.00%"},{"v":0.2,"d":"20.00%"},{"v":0.2,"d":"20.00%"},{"v":0,"d":"0.00%"},{"v":0,"d":"0.00%"}]
[null,null,{"$error":"#REF!"},{"$error":"#REF!"},{"$error":"#REF!"},{"$error":"#REF!"},{"$nulls":10},{"v":0.2,"d":"20.00%"},{"v":0.2,"d":"20.00%"},{"v":0.2,"d":"20.00%"},{"v":0.2,"d":"20.00%"},{"v":0.2,"d":"20.00%"}]
[null,851,"SUMINISTRO E INSTALACION DE PASAMURO PARA TUBERIA DE H.F. 100mm, L=0.40m","u",{"v":16,"d":"16.00000"},{"v":133.14,"d":"$ 133.14000"},{"v":2130.24,"d":"$ 2,130.24000"},0,0,0,0,0,0,0,0,0,{"v":426.048,"d":"426.04800"},{"v":426.048,"d":"426.04800"},{"v":426.048,"d":"426.04800"},{"v":426.048,"d":"426.04800"},{"v":426.048,"d":"426.04800"},0,0]
[null,null,{"$error":"#REF!"},{"$error":"#REF!"},{"$error":"#REF!"},{"$error":"#REF!"},null,{"v":0,"d":"0.00%"},{"v":0,"d":"0.00%"},{"v":0,"d":"0.00%"},{"v":0,"d":"0.00%"},{"v":0,"d":"0.00%"},{"v":0,"d":"0.00%"},{"v":0,"d":"0.00%"},{"v":0,"d":"0.00%"},{"v":0,"d":"0.00%"},{"v":0.2,"d":"20.00%"},{"v":0.2,"d":"20.00%"},{"v":0.2,"d":"20.00%"},{"v":0.2,"d":"20.00%"},{"v":0.2,"d":"20.00%"},{"v":0,"d":"0.00%"},{"v":0,"d":"0.00%"}]
[null,null,{"$error":"#REF!"},{"$error":"#REF!"},{"$error":"#REF!"},{"$error":"#REF!"},{"$nulls":10},{"v":0.2,"d":"20.00%"},{"v":0.2,"d":"20.00%"},{"v":0.2,"d":"20.00%"},{"v":0.2,"d":"20.00%"},{"v":0.2,"d":"20.00%"}]
[null,852,"SUMINISTRO E INSTALACION DE MAQUINA DE CONTROL DE OLORES","u",{"v":1,"d":"1.00000"},{"v":103176.56,"d":"$ 103,176.56000"},{"v":103176.56,"d":"$ 103,176.56000"},0,0,0,0,0,0,0,0,0,{"v":20635.312,"d":"20,635.31200"},{"v":20635.312,"d":"20,635.31200"},{"v":20635.312,"d":"20,635.31200"},{"v":20635.312,"d":"20,635.31200"},{"v":20635.312,"d":"20,635.31200"},0,0]
[null,null,{"$error":"#REF!"},{"$error":"#REF!"},{"$error":"#REF!"},{"$error":"#REF!"},null,{"v":0,"d":"0.00%"},{"v":0,"d":"0.00%"},{"v":0,"d":"0.00%"},{"v":0,"d":"0.00%"},{"v":0,"d":"0.00%"},{"v":0,"d":"0.00%"},{"v":0,"d":"0.00%"},{"v":0,"d":"0.00%"},{"v":0,"d":"0.00%"},{"v":0.2,"d":"20.00%"},{"v":0.2,"d":"20.00%"},{"v":0.2,"d":"20.00%"},{"v":0.2,"d":"20.00%"},{"v":0.2,"d":"20.00%"},{"v":0,"d":"0.00%"},{"v":0,"d":"0.00%"}]
[null,null,{"$error":"#REF!"},{"$error":"#REF!"},{"$error":"#REF!"},{"$error":"#REF!"},{"$nulls":10},{"v":0.2,"d":"20.00%"},{"v":0.2,"d":"20.00%"},{"v":0.2,"d":"20.00%"},{"v":0.2,"d":"20.00%"},{"v":0.2,"d":"20.00%"}]
[null,853,"SUMINISTRO E INSTALACION DE TUBERIA VENTILACION EC D= 200mm","m",{"v":35,"d":"35.00000"},{"v":29.8,"d":"$ 29.80000"},{"v":1043,"d":"$ 1,043.00000"},0,0,0,0,0,0,0,0,0,{"v":208.60000000000002,"d":"208.60000"},{"v":208.60000000000002,"d":"208.60000"},{"v":208.60000000000002,"d":"208.60000"},{"v":208.60000000000002,"d":"208.60000"},{"v":208.60000000000002,"d":"208.60000"},0,0]
[null,null,{"$error":"#REF!"},{"$error":"#REF!"},{"$error":"#REF!"},{"$error":"#REF!"},null,{"v":0,"d":"0.00%"},{"v":0,"d":"0.00%"},{"v":0,"d":"0.00%"},{"v":0,"d":"0.00%"},{"v":0,"d":"0.00%"},{"v":0,"d":"0.00%"},{"v":0,"d":"0.00%"},{"v":0,"d":"0.00%"},{"v":0,"d":"0.00%"},{"v":0.2,"d":"20.00%"},{"v":0.2,"d":"20.00%"},{"v":0.2,"d":"20.00%"},{"v":0.2,"d":"20.00%"},{"v":0.2,"d":"20.00%"},{"v":0,"d":"0.00%"},{"v":0,"d":"0.00%"}]
[null,null,{"$error":"#REF!"},{"$error":"#REF!"},{"$error":"#REF!"},{"$error":"#REF!"},{"$nulls":10},{"v":0.2,"d":"20.00%"},{"v":0.2,"d":"20.00%"},{"v":0.2,"d":"20.00%"},{"v":0.2,"d":"20.00%"},{"v":0.2,"d":"20.00%"}]
[null,854,"SUMINISTRO E INSTALACION DE CODO VENTILACION EC 200mmX90'","u",{"v":11,"d":"11.00000"},{"v":24.45,"d":"$ 24.45000"},{"v":268.95,"d":"$ 268.95000"},0,0,0,0,0,0,0,0,0,{"v":53.79,"d":"53.79000"},{"v":53.79,"d":"53.79000"},{"v":53.79,"d":"53.79000"},{"v":53.79,"d":"53.79000"},{"v":53.79,"d":"53.79000"},0,0]
[null,null,{"$error":"#REF!"},{"$error":"#REF!"},{"$error":"#REF!"},{"$error":"#REF!"},null,{"v":0,"d":"0.00%"},{"v":0,"d":"0.00%"},{"v":0,"d":"0.00%"},{"v":0,"d":"0.00%"},{"v":0,"d":"0.00%"},{"v":0,"d":"0.00%"},{"v":0,"d":"0.00%"},{"v":0,"d":"0.00%"},{"v":0,"d":"0.00%"},{"v":0.2,"d":"20.00%"},{"v":0.2,"d":"20.00%"},{"v":0.2,"d":"20.00%"},{"v":0.2,"d":"20.00%"},{"v":0.2,"d":"20.00%"},{"v":0,"d":"0.00%"},{"v":0,"d":"0.00%"}]
[null,null,{"$error":"#REF!"},{"$error":"#REF!"},{"$error":"#REF!"},{"$error":"#REF!"},{"$nulls":10},{"v":0.2,"d":"20.00%"},{"v":0.2,"d":"20.00%"},{"v":0.2,"d":"20.00%"},{"v":0.2,"d":"20.00%"},{"v":0.2,"d":"20.00%"}]
[null,855,"SUMINISTRO E INSTALACION DE TEE VENTILACION EC 200mm","u",{"v":1,"d":"1.00000"},{"v":38.9,"d":"$ 38.90000"},{"v":38.9,"d":"$ 38.90000"},0,0,0,0,0,0,0,0,0,{"v":7.78,"d":"7.78000"},{"v":7.78,"d":"7.78000"},{"v":7.78,"d":"7.78000"},{"v":7.78,"d":"7.78000"},{"v":7.78,"d":"7.78000"},0,0]
[null,null,{"$error":"#REF!"},{"$error":"#REF!"},{"$error":"#REF!"},{"$error":"#REF!"},null,{"v":0,"d":"0.00%"},{"v":0,"d":"0.00%"},{"v":0,"d":"0.00%"},{"v":0,"d":"0.00%"},{"v":0,"d":"0.00%"},{"v":0,"d":"0.00%"},{"v":0,"d":"0.00%"},{"v":0,"d":"0.00%"},{"v":0,"d":"0.00%"},{"v":0.2,"d":"20.00%"},{"v":0.2,"d":"20.00%"},{"v":0.2,"d":"20.00%"},{"v":0.2,"d":"20.00%"},{"v":0.2,"d":"20.00%"},{"v":0,"d":"0.00%"},{"v":0,"d":"0.00%"}]
[null,null,{"$error":"#REF!"},{"$error":"#REF!"},{"$error":"#REF!"},{"$error":"#REF!"},{"$nulls":10},{"v":0.2,"d":"20.00%"},{"v":0.2,"d":"20.00%"},{"v":0.2,"d":"20.00%"},{"v":0.2,"d":"20.00%"},{"v":0.2,"d":"20.00%"}]
[null,856,"EXCAVACION A MANO","m3",{"v":0.82,"d":"0.82000"},{"v":12.23,"d":"$ 12.23000"},{"v":10.028599999999999,"d":"$ 10.02860"},0,0,0,0,0,0,0,0,0,0,{"v":10.028599999999999,"d":"10.02860"},0,0,0,0,0]
[null,null,{"$error":"#REF!"},{"$error":"#REF!"},{"$error":"#REF!"},{"$error":"#REF!"},null,{"v":0,"d":"0.00%"},{"v":0,"d":"0.00%"},{"v":0,"d":"0.00%"},{"v":0,"d":"0.00%"},{"v":0,"d":"0.00%"},{"v":0,"d":"0.00%"},{"v":0,"d":"0.00%"},{"v":0,"d":"0.00%"},{"v":0,"d":"0.00%"},{"v":0,"d":"0.00%"},{"v":1,"d":"100.00%"},{"v":0,"d":"0.00%"},{"v":0,"d":"0.00%"},{"v":0,"d":"0.00%"},{"v":0,"d":"0.00%"},{"v":0,"d":"0.00%"}]
[null,null,{"$error":"#REF!"},{"$error":"#REF!"},{"$error":"#REF!"},{"$error":"#REF!"},{"$nulls":11},{"v":1,"d":"100.00%"}]
[null,857,"HORMIGON PREMEZCLADO F´C=280 Kg/cm2 INCLUYE ENCOFRADO","m3",{"v":2.56,"d":"2.56000"},{"v":362.88,"d":"$ 362.88000"},{"v":928.9728,"d":"$ 928.97280"},0,0,0,0,0,0,0,0,0,0,{"v":928.9728,"d":"928.97280"},0,0,0,0,0]
[null,null,{"$error":"#REF!"},{"$error":"#REF!"},{"$error":"#REF!"},{"$error":"#REF!"},null,{"v":0,"d":"0.00%"},{"v":0,"d":"0.00%"},{"v":0,"d":"0.00%"},{"v":0,"d":"0.00%"},{"v":0,"d":"0.00%"},{"v":0,"d":"0.00%"},{"v":0,"d":"0.00%"},{"v":0,"d":"0.00%"},{"v":0,"d":"0.00%"},{"v":0,"d":"0.00%"},{"v":1,"d":"100.00%"},{"v":0,"d":"0.00%"},{"v":0,"d":"0.00%"},{"v":0,"d":"0.00%"},{"v":0,"d":"0.00%"},{"v":0,"d":"0.00%"}]
[null,null,{"$error":"#REF!"},{"$error":"#REF!"},{"$error":"#REF!"},{"$error":"#REF!"},{"$nulls":11},{"v":1,"d":"100.00%"}]
[null,858,"ACERO DE REFUERZO EN BARRAS FY=4200 Kg/cm2","Kg",{"v":314.85,"d":"314.85000"},{"v":2.32,"d":"$ 2.32000"},{"v":730.452,"d":"$ 730.45200"},0,0,0,0,0,0,0,0,0,0,{"v":730.452,"d":"730.45200"},0,0,0,0,0]
[null,null,{"$error":"#REF!"},{"$error":"#REF!"},{"$error":"#REF!"},{"$error":"#REF!"},null,{"v":0,"d":"0.00%"},{"v":0,"d":"0.00%"},{"v":0,"d":"0.00%"},{"v":0,"d":"0.00%"},{"v":0,"d":"0.00%"},{"v":0,"d":"0.00%"},{"v":0,"d":"0.00%"},{"v":0,"d":"0.00%"},{"v":0,"d":"0.00%"},{"v":0,"d":"0.00%"},{"v":1,"d":"100.00%"},{"v":0,"d":"0.00%"},{"v":0,"d":"0.00%"},{"v":0,"d":"0.00%"},{"v":0,"d":"0.00%"},{"v":0,"d":"0.00%"}]
[null,null,{"$error":"#REF!"},{"$error":"#REF!"},{"$error":"#REF!"},{"$error":"#REF!"},{"$nulls":11},{"v":1,"d":"100.00%"}]
[null,859,"ACERO DE REFUERZO EN BARRAS FY=4200 Kg/cm2","Kg",{"v":1478.88,"d":"1478.88000"},{"v":2.32,"d":"$ 2.32000"},{"v":3431.0016,"d":"$ 3,431.00160"},0,0,0,0,0,0,0,0,0,686.20032,686.20032,686.20032,686.20032,686.20032,0,0]
[null,null,{"$error":"#REF!"},{"$error":"#REF!"},{"$error":"#REF!"},{"$error":"#REF!"},null,{"v":0,"d":"0.00%"},{"v":0,"d":"0.00%"},{"v":0,"d":"0.00%"},{"v":0,"d":"0.00%"},{"v":0,"d":"0.00%"},{"v":0,"d":"0.00%"},{"v":0,"d":"0.00%"},{"v":0,"d":"0.00%"},{"v":0,"d":"0.00%"},{"v":0.2,"d":"20.00%"},{"v":0.2,"d":"20.00%"},{"v":0.2,"d":"20.00%"},{"v":0.2,"d":"20.00%"},{"v":0.2,"d":"20.00%"},{"v":0,"d":"0.00%"},{"v":0,"d":"0.00%"}]
[null,null,{"$error":"#REF!"},{"$error":"#REF!"},{"$error":"#REF!"},{"$error":"#REF!"},{"$nulls":10},{"v":0.2,"d":"20.00%"},{"v":0.2,"d":"20.00%"},{"v":0.2,"d":"20.00%"},{"v":0.2,"d":"20.00%"},{"v":0.2,"d":"20.00%"}]
[null,860,"HORMIGON PREMEZCLADO F´C=180 Kg/cm2 INCLUYE ENCOFRADO","m3",{"v":4.32,"d":"4.32000"},{"v":210.34,"d":"$ 210.34000"},{"v":908.6688,"d":"$ 908.66880"},0,0,0,0,0,0,0,0,0,{"v":181.73376000000002,"d":"181.73376"},{"v":181.73376000000002,"d":"181.73376"},{"v":181.73376000000002,"d":"181.73376"},{"v":181.73376000000002,"d":"181.73376"},{"v":181.73376000000002,"d":"181.73376"},0,0]
[null,null,{"$error":"#REF!"},{"$error":"#REF!"},{"$error":"#REF!"},{"$error":"#REF!"},null,{"v":0,"d":"0.00%"},{"v":0,"d":"0.00%"},{"v":0,"d":"0.00%"},{"v":0,"d":"0.00%"},{"v":0,"d":"0.00%"},{"v":0,"d":"0.00%"},{"v":0,"d":"0.00%"},{"v":0,"d":"0.00%"},{"v":0,"d":"0.00%"},{"v":0.2,"d":"20.00%"},{"v":0.2,"d":"20.00%"},{"v":0.2,"d":"20.00%"},{"v":0.2,"d":"20.00%"},{"v":0.2,"d":"20.00%"},{"v":0,"d":"0.00%"},{"v":0,"d":"0.00%"}]
[null,null,{"$error":"#REF!"},{"$error":"#REF!"},{"$error":"#REF!"},{"$error":"#REF!"},{"$nulls":10},{"v":0.2,"d":"20.00%"},{"v":0.2,"d":"20.00%"},{"v":0.2,"d":"20.00%"},{"v":0.2,"d":"20.00%"},{"v":0.2,"d":"20.00%"}]
[null,861,"HORMIGON PREMEZCLADO F´C=210 Kg/cm2 INCLUYE ENCOFRADO","m3",{"v":9.42,"d":"9.42000"},{"v":226.64,"d":"$ 226.64000"},{"v":2134.9487999999997,"d":"$ 2,134.94880"},0,0,0,0,0,0,0,0,0,{"v":426.98975999999993,"d":"426.98976"},{"v":426.98975999999993,"d":"426.98976"},{"v":426.98975999999993,"d":"426.98976"},{"v":426.98975999999993,"d":"426.98976"},{"v":426.98975999999993,"d":"426.98976"},0,0]
[null,null,{"$error":"#REF!"},{"$error":"#REF!"},{"$error":"#REF!"},{"$error":"#REF!"},null,{"v":0,"d":"0.00%"},{"v":0,"d":"0.00%"},{"v":0,"d":"0.00%"},{"v":0,"d":"0.00%"},{"v":0,"d":"0.00%"},{"v":0,"d":"0.00%"},{"v":0,"d":"0.00%"},{"v":0,"d":"0.00%"},{"v":0,"d":"0.00%"},{"v":0.2,"d":"20.00%"},{"v":0.2,"d":"20.00%"},{"v":0.2,"d":"20.00%"},{"v":0.2,"d":"20.00%"},{"v":0.2,"d":"20.00%"},{"v":0,"d":"0.00%"},{"v":0,"d":"0.00%"}]
[null,null,{"$error":"#REF!"},{"$error":"#REF!"},{"$error":"#REF!"},{"$error":"#REF!"},{"$nulls":10},{"v":0.2,"d":"20.00%"},{"v":0.2,"d":"20.00%"},{"v":0.2,"d":"20.00%"},{"v":0.2,"d":"20.00%"},{"v":0.2,"d":"20.00%"}]
[null,862,"EXCAVACION A MANO","m3",{"v":40.08,"d":"40.08000"},{"v":12.23,"d":"$ 12.23000"},{"v":490.1784,"d":"$ 490.17840"},0,0,0,0,0,0,0,0,0,{"v":98.03568000000001,"d":"98.03568"},{"v":98.03568000000001,"d":"98.03568"},{"v":98.03568000000001,"d":"98.03568"},{"v":98.03568000000001,"d":"98.03568"},{"v":98.03568000000001,"d":"98.03568"},0,0]
[null,null,{"$error":"#REF!"},{"$error":"#REF!"},{"$error":"#REF!"},{"$error":"#REF!"},null,{"v":0,"d":"0.00%"},{"v":0,"d":"0.00%"},{"v":0,"d":"0.00%"},{"v":0,"d":"0.00%"},{"v":0,"d":"0.00%"},{"v":0,"d":"0.00%"},{"v":0,"d":"0.00%"},{"v":0,"d":"0.00%"},{"v":0,"d":"0.00%"},{"v":0.2,"d":"20.00%"},{"v":0.2,"d":"20.00%"},{"v":0.2,"d":"20.00%"},{"v":0.2,"d":"20.00%"},{"v":0.2,"d":"20.00%"},{"v":0,"d":"0.00%"},{"v":0,"d":"0.00%"}]
[null,null,{"$error":"#REF!"},{"$error":"#REF!"},{"$error":"#REF!"},{"$error":"#REF!"},{"$nulls":10},{"v":0.2,"d":"20.00%"},{"v":0.2,"d":"20.00%"},{"v":0.2,"d":"20.00%"},{"v":0.2,"d":"20.00%"},{"v":0.2,"d":"20.00%"}]
[null,863,"DESALOJO DEL MATERIAL SOBRANTE (BOTADERO MUNICIPAL)","m3",{"v":40.08,"d":"40.08000"},{"v":3.5,"d":"$ 3.50000"},{"v":140.28,"d":"$ 140.28000"},0,0,0,0,0,0,0,0,0,{"v":28.056,"d":"28.05600"},{"v":28.056,"d":"28.05600"},{"v":28.056,"d":"28.05600"},{"v":28.056,"d":"28.05600"},{"v":28.056,"d":"28.05600"},0,0]
[null,null,{"$error":"#REF!"},{"$error":"#REF!"},{"$error":"#REF!"},{"$error":"#REF!"},null,{"v":0,"d":"0.00%"},{"v":0,"d":"0.00%"},{"v":0,"d":"0.00%"},{"v":0,"d":"0.00%"},{"v":0,"d":"0.00%"},{"v":0,"d":"0.00%"},{"v":0,"d":"0.00%"},{"v":0,"d":"0.00%"},{"v":0,"d":"0.00%"},{"v":0.2,"d":"20.00%"},{"v":0.2,"d":"20.00%"},{"v":0.2,"d":"20.00%"},{"v":0.2,"d":"20.00%"},{"v":0.2,"d":"20.00%"},{"v":0,"d":"0.00%"},{"v":0,"d":"0.00%"}]
[null,null,{"$error":"#REF!"},{"$error":"#REF!"},{"$error":"#REF!"},{"$error":"#REF!"},{"$nulls":10},{"v":0.2,"d":"20.00%"},{"v":0.2,"d":"20.00%"},{"v":0.2,"d":"20.00%"},{"v":0.2,"d":"20.00%"},{"v":0.2,"d":"20.00%"}]
[null,864,"RELLENO COMPACTADO CON COMPACTADOR MANUAL DE MATERIAL IMPORTADO (INCLUYE TRANSPORTE)","m3",{"v":18.66,"d":"18.66000"},{"v":20.66,"d":"$ 20.66000"},{"v":385.5156,"d":"$ 385.51560"},0,0,0,0,0,0,0,0,0,77.10312,77.10312,77.10312,77.10312,77.10312,0,0]
[null,null,{"$error":"#REF!"},{"$error":"#REF!"},{"$error":"#REF!"},{"$error":"#REF!"},null,{"v":0,"d":"0.00%"},{"v":0,"d":"0.00%"},{"v":0,"d":"0.00%"},{"v":0,"d":"0.00%"},{"v":0,"d":"0.00%"},{"v":0,"d":"0.00%"},{"v":0,"d":"0.00%"},{"v":0,"d":"0.00%"},{"v":0,"d":"0.00%"},{"v":0.2,"d":"20.00%"},{"v":0.2,"d":"20.00%"},{"v":0.2,"d":"20.00%"},{"v":0.2,"d":"20.00%"},{"v":0.2,"d":"20.00%"},{"v":0,"d":"0.00%"},{"v":0,"d":"0.00%"}]
[null,null,{"$error":"#REF!"},{"$error":"#REF!"},{"$error":"#REF!"},{"$error":"#REF!"},{"$nulls":10},{"v":0.2,"d":"20.00%"},{"v":0.2,"d":"20.00%"},{"v":0.2,"d":"20.00%"},{"v":0.2,"d":"20.00%"},{"v":0.2,"d":"20.00%"}]
[null,865,"ACERO DE REFUERZO EN BARRAS FY=4200 Kg/cm2","Kg",{"v":947.4,"d":"947.40000"},{"v":2.32,"d":"$ 2.32000"},{"v":2197.968,"d":"$ 2,197.96800"},0,0,0,0,0,0,0,0,0,{"v":439.5936,"d":"439.59360"},{"v":439.5936,"d":"439.59360"},{"v":439.5936,"d":"439.59360"},{"v":439.5936,"d":"439.59360"},{"v":439.5936,"d":"439.59360"},0,0]
[null,null,{"$error":"#REF!"},{"$error":"#REF!"},{"$error":"#REF!"},{"$error":"#REF!"},null,{"v":0,"d":"0.00%"},{"v":0,"d":"0.00%"},{"v":0,"d":"0.00%"},{"v":0,"d":"0.00%"},{"v":0,"d":"0.00%"},{"v":0,"d":"0.00%"},{"v":0,"d":"0.00%"},{"v":0,"d":"0.00%"},{"v":0,"d":"0.00%"},{"v":0.2,"d":"20.00%"},{"v":0.2,"d":"20.00%"},{"v":0.2,"d":"20.00%"},{"v":0.2,"d":"20.00%"},{"v":0.2,"d":"20.00%"},{"v":0,"d":"0.00%"},{"v":0,"d":"0.00%"}]
[null,null,{"$error":"#REF!"},{"$error":"#REF!"},{"$error":"#REF!"},{"$error":"#REF!"},{"$nulls":10},{"v":0.2,"d":"20.00%"},{"v":0.2,"d":"20.00%"},{"v":0.2,"d":"20.00%"},{"v":0.2,"d":"20.00%"},{"v":0.2,"d":"20.00%"}]
[null,866,"HORMIGON PREMEZCLADO F´C=180 Kg/cm2 INCLUYE ENCOFRADO","m3",{"v":2.88,"d":"2.88000"},{"v":210.34,"d":"$ 210.34000"},{"v":605.7792,"d":"$ 605.77920"},0,0,0,0,0,0,0,0,0,121.15584,121.15584,121.15584,121.15584,121.15584,0,0]
[null,null,{"$error":"#REF!"},{"$error":"#REF!"},{"$error":"#REF!"},{"$error":"#REF!"},null,{"v":0,"d":"0.00%"},{"v":0,"d":"0.00%"},{"v":0,"d":"0.00%"},{"v":0,"d":"0.00%"},{"v":0,"d":"0.00%"},{"v":0,"d":"0.00%"},{"v":0,"d":"0.00%"},{"v":0,"d":"0.00%"},{"v":0,"d":"0.00%"},{"v":0.2,"d":"20.00%"},{"v":0.2,"d":"20.00%"},{"v":0.2,"d":"20.00%"},{"v":0.2,"d":"20.00%"},{"v":0.2,"d":"20.00%"},{"v":0,"d":"0.00%"},{"v":0,"d":"0.00%"}]
[null,null,{"$error":"#REF!"},{"$error":"#REF!"},{"$error":"#REF!"},{"$error":"#REF!"},{"$nulls":10},{"v":0.2,"d":"20.00%"},{"v":0.2,"d":"20.00%"},{"v":0.2,"d":"20.00%"},{"v":0.2,"d":"20.00%"},{"v":0.2,"d":"20.00%"}]
[null,867,"HORMIGON PREMEZCLADO F´C=210 Kg/cm2 INCLUYE ENCOFRADO","m3",{"v":5,"d":"5.00000"},{"v":226.64,"d":"$ 226.64000"},{"v":1133.1999999999998,"d":"$ 1,133.20000"},0,0,0,0,0,0,0,0,0,{"v":226.64,"d":"226.64000"},{"v":226.64,"d":"226.64000"},{"v":226.64,"d":"226.64000"},{"v":226.64,"d":"226.64000"},{"v":226.64,"d":"226.64000"},0,0]
[null,null,{"$error":"#REF!"},{"$error":"#REF!"},{"$error":"#REF!"},{"$error":"#REF!"},null,{"v":0,"d":"0.00%"},{"v":0,"d":"0.00%"},{"v":0,"d":"0.00%"},{"v":0,"d":"0.00%"},{"v":0,"d":"0.00%"},{"v":0,"d":"0.00%"},{"v":0,"d":"0.00%"},{"v":0,"d":"0.00%"},{"v":0,"d":"0.00%"},{"v":0.2,"d":"20.00%"},{"v":0.2,"d":"20.00%"},{"v":0.2,"d":"20.00%"},{"v":0.2,"d":"20.00%"},{"v":0.2,"d":"20.00%"},{"v":0,"d":"0.00%"},{"v":0,"d":"0.00%"}]
[null,null,{"$error":"#REF!"},{"$error":"#REF!"},{"$error":"#REF!"},{"$error":"#REF!"},{"$nulls":10},{"v":0.2,"d":"20.00%"},{"v":0.2,"d":"20.00%"},{"v":0.2,"d":"20.00%"},{"v":0.2,"d":"20.00%"},{"v":0.2,"d":"20.00%"}]
[null,868,"EXCAVACION A MANO","m3",{"v":23.84,"d":"23.84000"},{"v":12.23,"d":"$ 12.23000"},{"v":291.5632,"d":"$ 291.56320"},0,0,0,0,0,0,0,0,0,58.31264,58.31264,58.31264,58.31264,58.31264,0,0]
[null,null,{"$error":"#REF!"},{"$error":"#REF!"},{"$error":"#REF!"},{"$error":"#REF!"},null,{"v":0,"d":"0.00%"},{"v":0,"d":"0.00%"},{"v":0,"d":"0.00%"},{"v":0,"d":"0.00%"},{"v":0,"d":"0.00%"},{"v":0,"d":"0.00%"},{"v":0,"d":"0.00%"},{"v":0,"d":"0.00%"},{"v":0,"d":"0.00%"},{"v":0.2,"d":"20.00%"},{"v":0.2,"d":"20.00%"},{"v":0.2,"d":"20.00%"},{"v":0.2,"d":"20.00%"},{"v":0.2,"d":"20.00%"},{"v":0,"d":"0.00%"},{"v":0,"d":"0.00%"}]
[null,null,{"$error":"#REF!"},{"$error":"#REF!"},{"$error":"#REF!"},{"$error":"#REF!"},{"$nulls":10},{"v":0.2,"d":"20.00%"},{"v":0.2,"d":"20.00%"},{"v":0.2,"d":"20.00%"},{"v":0.2,"d":"20.00%"},{"v":0.2,"d":"20.00%"}]
[null,869,"DESALOJO DEL MATERIAL SOBRANTE (BOTADERO MUNICIPAL)","m3",{"v":23.84,"d":"23.84000"},{"v":3.5,"d":"$ 3.50000"},{"v":83.44,"d":"$ 83.44000"},0,0,0,0,0,0,0,0,0,{"v":16.688,"d":"16.68800"},{"v":16.688,"d":"16.68800"},{"v":16.688,"d":"16.68800"},{"v":16.688,"d":"16.68800"},{"v":16.688,"d":"16.68800"},0,0]
[null,null,{"$error":"#REF!"},{"$error":"#REF!"},{"$error":"#REF!"},{"$error":"#REF!"},null,{"v":0,"d":"0.00%"},{"v":0,"d":"0.00%"},{"v":0,"d":"0.00%"},{"v":0,"d":"0.00%"},{"v":0,"d":"0.00%"},{"v":0,"d":"0.00%"},{"v":0,"d":"0.00%"},{"v":0,"d":"0.00%"},{"v":0,"d":"0.00%"},{"v":0.2,"d":"20.00%"},{"v":0.2,"d":"20.00%"},{"v":0.2,"d":"20.00%"},{"v":0.2,"d":"20.00%"},{"v":0.2,"d":"20.00%"},{"v":0,"d":"0.00%"},{"v":0,"d":"0.00%"}]
[null,null,{"$error":"#REF!"},{"$error":"#REF!"},{"$error":"#REF!"},{"$error":"#REF!"},{"$nulls":10},{"v":0.2,"d":"20.00%"},{"v":0.2,"d":"20.00%"},{"v":0.2,"d":"20.00%"},{"v":0.2,"d":"20.00%"},{"v":0.2,"d":"20.00%"}]
[null,870,"RELLENO COMPACTADO CON COMPACTADOR MANUAL DE MATERIAL IMPORTADO (INCLUYE TRANSPORTE)","m3",{"v":12.44,"d":"12.44000"},{"v":20.66,"d":"$ 20.66000"},{"v":257.0104,"d":"$ 257.01040"},0,0,0,0,0,0,0,0,0,{"v":51.402080000000005,"d":"51.40208"},{"v":51.402080000000005,"d":"51.40208"},{"v":51.402080000000005,"d":"51.40208"},{"v":51.402080000000005,"d":"51.40208"},{"v":51.402080000000005,"d":"51.40208"},0,0]
[null,null,{"$error":"#REF!"},{"$error":"#REF!"},{"$error":"#REF!"},{"$error":"#REF!"},null,{"v":0,"d":"0.00%"},{"v":0,"d":"0.00%"},{"v":0,"d":"0.00%"},{"v":0,"d":"0.00%"},{"v":0,"d":"0.00%"},{"v":0,"d":"0.00%"},{"v":0,"d":"0.00%"},{"v":0,"d":"0.00%"},{"v":0,"d":"0.00%"},{"v":0.2,"d":"20.00%"},{"v":0.2,"d":"20.00%"},{"v":0.2,"d":"20.00%"},{"v":0.2,"d":"20.00%"},{"v":0.2,"d":"20.00%"},{"v":0,"d":"0.00%"},{"v":0,"d":"0.00%"}]
[null,null,{"$error":"#REF!"},{"$error":"#REF!"},{"$error":"#REF!"},{"$error":"#REF!"},{"$nulls":10},{"v":0.2,"d":"20.00%"},{"v":0.2,"d":"20.00%"},{"v":0.2,"d":"20.00%"},{"v":0.2,"d":"20.00%"},{"v":0.2,"d":"20.00%"}]
[null,871,"ACERO DE REFUERZO EN BARRAS FY=4200 Kg/cm2","Kg",{"v":1800,"d":"1800.00000"},{"v":2.32,"d":"$ 2.32000"},{"v":4176,"d":"$ 4,176.00000"},0,0,0,0,0,0,0,0,0,{"v":835.2,"d":"835.20000"},{"v":835.2,"d":"835.20000"},{"v":835.2,"d":"835.20000"},{"v":835.2,"d":"835.20000"},{"v":835.2,"d":"835.20000"},0,0]
[null,null,{"$error":"#REF!"},{"$error":"#REF!"},{"$error":"#REF!"},{"$error":"#REF!"},null,{"v":0,"d":"0.00%"},{"v":0,"d":"0.00%"},{"v":0,"d":"0.00%"},{"v":0,"d":"0.00%"},{"v":0,"d":"0.00%"},{"v":0,"d":"0.00%"},{"v":0,"d":"0.00%"},{"v":0,"d":"0.00%"},{"v":0,"d":"0.00%"},{"v":0.2,"d":"20.00%"},{"v":0.2,"d":"20.00%"},{"v":0.2,"d":"20.00%"},{"v":0.2,"d":"20.00%"},{"v":0.2,"d":"20.00%"},{"v":0,"d":"0.00%"},{"v":0,"d":"0.00%"}]
[null,null,{"$error":"#REF!"},{"$error":"#REF!"},{"$error":"#REF!"},{"$error":"#REF!"},{"$nulls":10},{"v":0.2,"d":"20.00%"},{"v":0.2,"d":"20.00%"},{"v":0.2,"d":"20.00%"},{"v":0.2,"d":"20.00%"},{"v":0.2,"d":"20.00%"}]
[null,872,"HORMIGON PREMEZCLADO F´C=180 Kg/cm2 INCLUYE ENCOFRADO","m3",{"v":2.88,"d":"2.88000"},{"v":210.34,"d":"$ 210.34000"},{"v":605.7792,"d":"$ 605.77920"},0,0,0,0,0,0,0,0,0,121.15584,121.15584,121.15584,121.15584,121.15584,0,0]
[null,null,{"$error":"#REF!"},{"$error":"#REF!"},{"$error":"#REF!"},{"$error":"#REF!"},null,{"v":0,"d":"0.00%"},{"v":0,"d":"0.00%"},{"v":0,"d":"0.00%"},{"v":0,"d":"0.00%"},{"v":0,"d":"0.00%"},{"v":0,"d":"0.00%"},{"v":0,"d":"0.00%"},{"v":0,"d":"0.00%"},{"v":0,"d":"0.00%"},{"v":0.2,"d":"20.00%"},{"v":0.2,"d":"20.00%"},{"v":0.2,"d":"20.00%"},{"v":0.2,"d":"20.00%"},{"v":0.2,"d":"20.00%"},{"v":0,"d":"0.00%"},{"v":0,"d":"0.00%"}]
[null,null,{"$error":"#REF!"},{"$error":"#REF!"},{"$error":"#REF!"},{"$error":"#REF!"},{"$nulls":10},{"v":0.2,"d":"20.00%"},{"v":0.2,"d":"20.00%"},{"v":0.2,"d":"20.00%"},{"v":0.2,"d":"20.00%"},{"v":0.2,"d":"20.00%"}]
[null,873,"HORMIGON PREMEZCLADO F´C=210 Kg/cm2 INCLUYE ENCOFRADO","m3",{"v":13.5,"d":"13.50000"},{"v":226.64,"d":"$ 226.64000"},{"v":3059.64,"d":"$ 3,059.64000"},0,0,0,0,0,0,0,0,0,{"v":611.928,"d":"611.92800"},{"v":611.928,"d":"611.92800"},{"v":611.928,"d":"611.92800"},{"v":611.928,"d":"611.92800"},{"v":611.928,"d":"611.92800"},0,0]
[null,null,{"$error":"#REF!"},{"$error":"#REF!"},{"$error":"#REF!"},{"$error":"#REF!"},null,{"v":0,"d":"0.00%"},{"v":0,"d":"0.00%"},{"v":0,"d":"0.00%"},{"v":0,"d":"0.00%"},{"v":0,"d":"0.00%"},{"v":0,"d":"0.00%"},{"v":0,"d":"0.00%"},{"v":0,"d":"0.00%"},{"v":0,"d":"0.00%"},{"v":0.2,"d":"20.00%"},{"v":0.2,"d":"20.00%"},{"v":0.2,"d":"20.00%"},{"v":0.2,"d":"20.00%"},{"v":0.2,"d":"20.00%"},{"v":0,"d":"0.00%"},{"v":0,"d":"0.00%"}]
[null,null,{"$error":"#REF!"},{"$error":"#REF!"},{"$error":"#REF!"},{"$error":"#REF!"},{"$nulls":10},{"v":0.2,"d":"20.00%"},{"v":0.2,"d":"20.00%"},{"v":0.2,"d":"20.00%"},{"v":0.2,"d":"20.00%"},{"v":0.2,"d":"20.00%"}]
[null,874,"EXCAVACION A MANO","m3",{"v":23.84,"d":"23.84000"},{"v":12.23,"d":"$ 12.23000"},{"v":291.5632,"d":"$ 291.56320"},0,0,0,0,0,0,0,0,0,58.31264,58.31264,58.31264,58.31264,58.31264,0,0]
[null,null,{"$error":"#REF!"},{"$error":"#REF!"},{"$error":"#REF!"},{"$error":"#REF!"},null,{"v":0,"d":"0.00%"},{"v":0,"d":"0.00%"},{"v":0,"d":"0.00%"},{"v":0,"d":"0.00%"},{"v":0,"d":"0.00%"},{"v":0,"d":"0.00%"},{"v":0,"d":"0.00%"},{"v":0,"d":"0.00%"},{"v":0,"d":"0.00%"},{"v":0.2,"d":"20.00%"},{"v":0.2,"d":"20.00%"},{"v":0.2,"d":"20.00%"},{"v":0.2,"d":"20.00%"},{"v":0.2,"d":"20.00%"},{"v":0,"d":"0.00%"},{"v":0,"d":"0.00%"}]
[null,null,{"$error":"#REF!"},{"$error":"#REF!"},{"$error":"#REF!"},{"$error":"#REF!"},{"$nulls":10},{"v":0.2,"d":"20.00%"},{"v":0.2,"d":"20.00%"},{"v":0.2,"d":"20.00%"},{"v":0.2,"d":"20.00%"},{"v":0.2,"d":"20.00%"}]
[null,875,"DESALOJO DEL MATERIAL SOBRANTE (BOTADERO MUNICIPAL)","m3",{"v":23.84,"d":"23.84000"},{"v":3.5,"d":"$ 3.50000"},{"v":83.44,"d":"$ 83.44000"},0,0,0,0,0,0,0,0,0,{"v":16.688,"d":"16.68800"},{"v":16.688,"d":"16.68800"},{"v":16.688,"d":"16.68800"},{"v":16.688,"d":"16.68800"},{"v":16.688,"d":"16.68800"},0,0]
[null,null,{"$error":"#REF!"},{"$error":"#REF!"},{"$error":"#REF!"},{"$error":"#REF!"},null,{"v":0,"d":"0.00%"},{"v":0,"d":"0.00%"},{"v":0,"d":"0.00%"},{"v":0,"d":"0.00%"},{"v":0,"d":"0.00%"},{"v":0,"d":"0.00%"},{"v":0,"d":"0.00%"},{"v":0,"d":"0.00%"},{"v":0,"d":"0.00%"},{"v":0.2,"d":"20.00%"},{"v":0.2,"d":"20.00%"},{"v":0.2,"d":"20.00%"},{"v":0.2,"d":"20.00%"},{"v":0.2,"d":"20.00%"},{"v":0,"d":"0.00%"},{"v":0,"d":"0.00%"}]
[null,null,{"$error":"#REF!"},{"$error":"#REF!"},{"$error":"#REF!"},{"$error":"#REF!"},{"$nulls":10},{"v":0.2,"d":"20.00%"},{"v":0.2,"d":"20.00%"},{"v":0.2,"d":"20.00%"},{"v":0.2,"d":"20.00%"},{"v":0.2,"d":"20.00%"}]
[null,876,"RELLENO COMPACTADO CON COMPACTADOR MANUAL DE MATERIAL IMPORTADO (INCLUYE TRANSPORTE)","m3",{"v":12.44,"d":"12.44000"},{"v":20.66,"d":"$ 20.66000"},{"v":257.0104,"d":"$ 257.01040"},0,0,0,0,0,0,0,0,0,{"v":51.402080000000005,"d":"51.40208"},{"v":51.402080000000005,"d":"51.40208"},{"v":51.402080000000005,"d":"51.40208"},{"v":51.402080000000005,"d":"51.40208"},{"v":51.402080000000005,"d":"51.40208"},0,0]
[null,null,{"$error":"#REF!"},{"$error":"#REF!"},{"$error":"#REF!"},{"$error":"#REF!"},null,{"v":0,"d":"0.00%"},{"v":0,"d":"0.00%"},{"v":0,"d":"0.00%"},{"v":0,"d":"0.00%"},{"v":0,"d":"0.00%"},{"v":0,"d":"0.00%"},{"v":0,"d":"0.00%"},{"v":0,"d":"0.00%"},{"v":0,"d":"0.00%"},{"v":0.2,"d":"20.00%"},{"v":0.2,"d":"20.00%"},{"v":0.2,"d":"20.00%"},{"v":0.2,"d":"20.00%"},{"v":0.2,"d":"20.00%"},{"v":0,"d":"0.00%"},{"v":0,"d":"0.00%"}]
[null,null,{"$error":"#REF!"},{"$error":"#REF!"},{"$error":"#REF!"},{"$error":"#REF!"},{"$nulls":10},{"v":0.2,"d":"20.00%"},{"v":0.2,"d":"20.00%"},{"v":0.2,"d":"20.00%"},{"v":0.2,"d":"20.00%"},{"v":0.2,"d":"20.00%"}]
[null,877,"ACERO DE REFUERZO EN BARRAS FY=4200 Kg/cm2","Kg",{"v":500,"d":"500.00000"},{"v":2.32,"d":"$ 2.32000"},{"v":1160,"d":"$ 1,160.00000"},0,0,0,0,0,0,0,0,0,{"v":232,"d":"232.00000"},{"v":232,"d":"232.00000"},{"v":232,"d":"232.00000"},{"v":232,"d":"232.00000"},{"v":232,"d":"232.00000"},0,0]
[null,null,{"$error":"#REF!"},{"$error":"#REF!"},{"$error":"#REF!"},{"$error":"#REF!"},null,{"v":0,"d":"0.00%"},{"v":0,"d":"0.00%"},{"v":0,"d":"0.00%"},{"v":0,"d":"0.00%"},{"v":0,"d":"0.00%"},{"v":0,"d":"0.00%"},{"v":0,"d":"0.00%"},{"v":0,"d":"0.00%"},{"v":0,"d":"0.00%"},{"v":0.2,"d":"20.00%"},{"v":0.2,"d":"20.00%"},{"v":0.2,"d":"20.00%"},{"v":0.2,"d":"20.00%"},{"v":0.2,"d":"20.00%"},{"v":0,"d":"0.00%"},{"v":0,"d":"0.00%"}]
[null,null,{"$error":"#REF!"},{"$error":"#REF!"},{"$error":"#REF!"},{"$error":"#REF!"},{"$nulls":10},{"v":0.2,"d":"20.00%"},{"v":0.2,"d":"20.00%"},{"v":0.2,"d":"20.00%"},{"v":0.2,"d":"20.00%"},{"v":0.2,"d":"20.00%"}]
[null,878,"HORMIGON PREMEZCLADO F´C=180 Kg/cm2 INCLUYE ENCOFRADO","m3",{"v":1.44,"d":"1.44000"},{"v":210.34,"d":"$ 210.34000"},{"v":302.8896,"d":"$ 302.88960"},0,0,0,0,0,0,0,0,0,60.57792,60.57792,60.57792,60.57792,60.57792,0,0]
[null,null,{"$error":"#REF!"},{"$error":"#REF!"},{"$error":"#REF!"},{"$error":"#REF!"},null,{"v":0,"d":"0.00%"},{"v":0,"d":"0.00%"},{"v":0,"d":"0.00%"},{"v":0,"d":"0.00%"},{"v":0,"d":"0.00%"},{"v":0,"d":"0.00%"},{"v":0,"d":"0.00%"},{"v":0,"d":"0.00%"},{"v":0,"d":"0.00%"},{"v":0.2,"d":"20.00%"},{"v":0.2,"d":"20.00%"},{"v":0.2,"d":"20.00%"},{"v":0.2,"d":"20.00%"},{"v":0.2,"d":"20.00%"},{"v":0,"d":"0.00%"},{"v":0,"d":"0.00%"}]
[null,null,{"$error":"#REF!"},{"$error":"#REF!"},{"$error":"#REF!"},{"$error":"#REF!"},{"$nulls":10},{"v":0.2,"d":"20.00%"},{"v":0.2,"d":"20.00%"},{"v":0.2,"d":"20.00%"},{"v":0.2,"d":"20.00%"},{"v":0.2,"d":"20.00%"}]
[null,879,"HORMIGON PREMEZCLADO F´C=210 Kg/cm2 INCLUYE ENCOFRADO","m3",{"v":7.12,"d":"7.12000"},{"v":226.64,"d":"$ 226.64000"},{"v":1613.6768,"d":"$ 1,613.67680"},0,0,0,0,0,0,0,0,0,322.73536,322.73536,322.73536,322.73536,322.73536,0,0]
[null,null,{"$error":"#REF!"},{"$error":"#REF!"},{"$error":"#REF!"},{"$error":"#REF!"},null,{"v":0,"d":"0.00%"},{"v":0,"d":"0.00%"},{"v":0,"d":"0.00%"},{"v":0,"d":"0.00%"},{"v":0,"d":"0.00%"},{"v":0,"d":"0.00%"},{"v":0,"d":"0.00%"},{"v":0,"d":"0.00%"},{"v":0,"d":"0.00%"},{"v":0.2,"d":"20.00%"},{"v":0.2,"d":"20.00%"},{"v":0.2,"d":"20.00%"},{"v":0.2,"d":"20.00%"},{"v":0.2,"d":"20.00%"},{"v":0,"d":"0.00%"},{"v":0,"d":"0.00%"}]
[null,null,{"$error":"#REF!"},{"$error":"#REF!"},{"$error":"#REF!"},{"$error":"#REF!"},{"$nulls":10},{"v":0.2,"d":"20.00%"},{"v":0.2,"d":"20.00%"},{"v":0.2,"d":"20.00%"},{"v":0.2,"d":"20.00%"},{"v":0.2,"d":"20.00%"}]
[null,880,"EXCAVACION A MANO","m3",{"v":11.92,"d":"11.92000"},{"v":12.23,"d":"$ 12.23000"},{"v":145.7816,"d":"$ 145.78160"},0,0,0,0,0,0,0,0,0,29.15632,29.15632,29.15632,29.15632,29.15632,0,0]
[null,null,{"$error":"#REF!"},{"$error":"#REF!"},{"$error":"#REF!"},{"$error":"#REF!"},null,{"v":0,"d":"0.00%"},{"v":0,"d":"0.00%"},{"v":0,"d":"0.00%"},{"v":0,"d":"0.00%"},{"v":0,"d":"0.00%"},{"v":0,"d":"0.00%"},{"v":0,"d":"0.00%"},{"v":0,"d":"0.00%"},{"v":0,"d":"0.00%"},{"v":0.2,"d":"20.00%"},{"v":0.2,"d":"20.00%"},{"v":0.2,"d":"20.00%"},{"v":0.2,"d":"20.00%"},{"v":0.2,"d":"20.00%"},{"v":0,"d":"0.00%"},{"v":0,"d":"0.00%"}]
[null,null,{"$error":"#REF!"},{"$error":"#REF!"},{"$error":"#REF!"},{"$error":"#REF!"},{"$nulls":10},{"v":0.2,"d":"20.00%"},{"v":0.2,"d":"20.00%"},{"v":0.2,"d":"20.00%"},{"v":0.2,"d":"20.00%"},{"v":0.2,"d":"20.00%"}]
[null,881,"DESALOJO DEL MATERIAL SOBRANTE (BOTADERO MUNICIPAL)","m3",{"v":11.92,"d":"11.92000"},{"v":3.5,"d":"$ 3.50000"},{"v":41.72,"d":"$ 41.72000"},0,0,0,0,0,0,0,0,0,{"v":8.344,"d":"8.34400"},{"v":8.344,"d":"8.34400"},{"v":8.344,"d":"8.34400"},{"v":8.344,"d":"8.34400"},{"v":8.344,"d":"8.34400"},0,0]
[null,null,{"$error":"#REF!"},{"$error":"#REF!"},{"$error":"#REF!"},{"$error":"#REF!"},null,{"v":0,"d":"0.00%"},{"v":0,"d":"0.00%"},{"v":0,"d":"0.00%"},{"v":0,"d":"0.00%"},{"v":0,"d":"0.00%"},{"v":0,"d":"0.00%"},{"v":0,"d":"0.00%"},{"v":0,"d":"0.00%"},{"v":0,"d":"0.00%"},{"v":0.2,"d":"20.00%"},{"v":0.2,"d":"20.00%"},{"v":0.2,"d":"20.00%"},{"v":0.2,"d":"20.00%"},{"v":0.2,"d":"20.00%"},{"v":0,"d":"0.00%"},{"v":0,"d":"0.00%"}]
[null,null,{"$error":"#REF!"},{"$error":"#REF!"},{"$error":"#REF!"},{"$error":"#REF!"},{"$nulls":10},{"v":0.2,"d":"20.00%"},{"v":0.2,"d":"20.00%"},{"v":0.2,"d":"20.00%"},{"v":0.2,"d":"20.00%"},{"v":0.2,"d":"20.00%"}]
[null,882,"RELLENO COMPACTADO CON COMPACTADOR MANUAL DE MATERIAL IMPORTADO (INCLUYE TRANSPORTE)","m3",{"v":6.22,"d":"6.22000"},{"v":20.66,"d":"$ 20.66000"},{"v":128.5052,"d":"$ 128.50520"},0,0,0,0,0,0,0,0,0,{"v":25.701040000000003,"d":"25.70104"},{"v":25.701040000000003,"d":"25.70104"},{"v":25.701040000000003,"d":"25.70104"},{"v":25.701040000000003,"d":"25.70104"},{"v":25.701040000000003,"d":"25.70104"},0,0]
[null,null,{"$error":"#REF!"},{"$error":"#REF!"},{"$error":"#REF!"},{"$error":"#REF!"},null,{"v":0,"d":"0.00%"},{"v":0,"d":"0.00%"},{"v":0,"d":"0.00%"},{"v":0,"d":"0.00%"},{"v":0,"d":"0.00%"},{"v":0,"d":"0.00%"},{"v":0,"d":"0.00%"},{"v":0,"d":"0.00%"},{"v":0,"d":"0.00%"},{"v":0.2,"d":"20.00%"},{"v":0.2,"d":"20.00%"},{"v":0.2,"d":"20.00%"},{"v":0.2,"d":"20.00%"},{"v":0.2,"d":"20.00%"},{"v":0,"d":"0.00%"},{"v":0,"d":"0.00%"}]
[null,null,{"$error":"#REF!"},{"$error":"#REF!"},{"$error":"#REF!"},{"$error":"#REF!"},{"$nulls":10},{"v":0.2,"d":"20.00%"},{"v":0.2,"d":"20.00%"},{"v":0.2,"d":"20.00%"},{"v":0.2,"d":"20.00%"},{"v":0.2,"d":"20.00%"}]
[null,883,"EXCAVACION MECANICA EN SUELO SIN CLASIFICAR 0,00 < H < 2,00m","m3",{"v":112.68,"d":"112.68000"},{"v":3.84,"d":"$ 3.84000"},{"v":432.69120000000004,"d":"$ 432.69120"},0,0,0,0,0,0,0,0,0,{"v":86.53824000000002,"d":"86.53824"},{"v":86.53824000000002,"d":"86.53824"},{"v":86.53824000000002,"d":"86.53824"},{"v":86.53824000000002,"d":"86.53824"},{"v":86.53824000000002,"d":"86.53824"},0,0]
[null,null,{"$error":"#REF!"},{"$error":"#REF!"},{"$error":"#REF!"},{"$error":"#REF!"},null,{"v":0,"d":"0.00%"},{"v":0,"d":"0.00%"},{"v":0,"d":"0.00%"},{"v":0,"d":"0.00%"},{"v":0,"d":"0.00%"},{"v":0,"d":"0.00%"},{"v":0,"d":"0.00%"},{"v":0,"d":"0.00%"},{"v":0,"d":"0.00%"},{"v":0.2,"d":"20.00%"},{"v":0.2,"d":"20.00%"},{"v":0.2,"d":"20.00%"},{"v":0.2,"d":"20.00%"},{"v":0.2,"d":"20.00%"},{"v":0,"d":"0.00%"},{"v":0,"d":"0.00%"}]
[null,null,{"$error":"#REF!"},{"$error":"#REF!"},{"$error":"#REF!"},{"$error":"#REF!"},{"$nulls":10},{"v":0.2,"d":"20.00%"},{"v":0.2,"d":"20.00%"},{"v":0.2,"d":"20.00%"},{"v":0.2,"d":"20.00%"},{"v":0.2,"d":"20.00%"}]
[null,884,"DESALOJO DEL MATERIAL SOBRANTE (BOTADERO MUNICIPAL)","m3",{"v":112.68,"d":"112.68000"},{"v":3.5,"d":"$ 3.50000"},{"v":394.38,"d":"$ 394.38000"},0,0,0,0,0,0,0,0,0,{"v":78.876,"d":"78.87600"},{"v":78.876,"d":"78.87600"},{"v":78.876,"d":"78.87600"},{"v":78.876,"d":"78.87600"},{"v":78.876,"d":"78.87600"},0,0]
[null,null,{"$error":"#REF!"},{"$error":"#REF!"},{"$error":"#REF!"},{"$error":"#REF!"},null,{"v":0,"d":"0.00%"},{"v":0,"d":"0.00%"},{"v":0,"d":"0.00%"},{"v":0,"d":"0.00%"},{"v":0,"d":"0.00%"},{"v":0,"d":"0.00%"},{"v":0,"d":"0.00%"},{"v":0,"d":"0.00%"},{"v":0,"d":"0.00%"},{"v":0.2,"d":"20.00%"},{"v":0.2,"d":"20.00%"},{"v":0.2,"d":"20.00%"},{"v":0.2,"d":"20.00%"},{"v":0.2,"d":"20.00%"},{"v":0,"d":"0.00%"},{"v":0,"d":"0.00%"}]
[null,null,{"$error":"#REF!"},{"$error":"#REF!"},{"$error":"#REF!"},{"$error":"#REF!"},{"$nulls":10},{"v":0.2,"d":"20.00%"},{"v":0.2,"d":"20.00%"},{"v":0.2,"d":"20.00%"},{"v":0.2,"d":"20.00%"},{"v":0.2,"d":"20.00%"}]
[null,885,"RELLENO COMPACTADO CON COMPACTADOR MANUAL DE MATERIAL IMPORTADO (INCLUYE TRANSPORTE)","m3",{"v":18,"d":"18.00000"},{"v":20.66,"d":"$ 20.66000"},{"v":371.88,"d":"$ 371.88000"},0,0,0,0,0,0,0,0,0,{"v":74.376,"d":"74.37600"},{"v":74.376,"d":"74.37600"},{"v":74.376,"d":"74.37600"},{"v":74.376,"d":"74.37600"},{"v":74.376,"d":"74.37600"},0,0]
[null,null,{"$error":"#REF!"},{"$error":"#REF!"},{"$error":"#REF!"},{"$error":"#REF!"},null,{"v":0,"d":"0.00%"},{"v":0,"d":"0.00%"},{"v":0,"d":"0.00%"},{"v":0,"d":"0.00%"},{"v":0,"d":"0.00%"},{"v":0,"d":"0.00%"},{"v":0,"d":"0.00%"},{"v":0,"d":"0.00%"},{"v":0,"d":"0.00%"},{"v":0.2,"d":"20.00%"},{"v":0.2,"d":"20.00%"},{"v":0.2,"d":"20.00%"},{"v":0.2,"d":"20.00%"},{"v":0.2,"d":"20.00%"},{"v":0,"d":"0.00%"},{"v":0,"d":"0.00%"}]
[null,null,{"$error":"#REF!"},{"$error":"#REF!"},{"$error":"#REF!"},{"$error":"#REF!"},{"$nulls":10},{"v":0.2,"d":"20.00%"},{"v":0.2,"d":"20.00%"},{"v":0.2,"d":"20.00%"},{"v":0.2,"d":"20.00%"},{"v":0.2,"d":"20.00%"}]
[null,886,"SUMINISTRO E INSTALACION DE CAMARA DE INSPECCION TIPO II DE HORMIGON ARMADO","u",{"v":3,"d":"3.00000"},{"v":2335.47,"d":"$ 2,335.47000"},{"v":7006.41,"d":"$ 7,006.41000"},0,0,0,0,0,0,0,0,0,{"v":1401.2820000000002,"d":"1,401.28200"},{"v":1401.2820000000002,"d":"1,401.28200"},{"v":1401.2820000000002,"d":"1,401.28200"},{"v":1401.2820000000002,"d":"1,401.28200"},{"v":1401.2820000000002,"d":"1,401.28200"},0,0]
[null,null,{"$error":"#REF!"},{"$error":"#REF!"},{"$error":"#REF!"},{"$error":"#REF!"},null,{"v":0,"d":"0.00%"},{"v":0,"d":"0.00%"},{"v":0,"d":"0.00%"},{"v":0,"d":"0.00%"},{"v":0,"d":"0.00%"},{"v":0,"d":"0.00%"},{"v":0,"d":"0.00%"},{"v":0,"d":"0.00%"},{"v":0,"d":"0.00%"},{"v":0.2,"d":"20.00%"},{"v":0.2,"d":"20.00%"},{"v":0.2,"d":"20.00%"},{"v":0.2,"d":"20.00%"},{"v":0.2,"d":"20.00%"},{"v":0,"d":"0.00%"},{"v":0,"d":"0.00%"}]
[null,null,{"$error":"#REF!"},{"$error":"#REF!"},{"$error":"#REF!"},{"$error":"#REF!"},{"$nulls":10},{"v":0.2,"d":"20.00%"},{"v":0.2,"d":"20.00%"},{"v":0.2,"d":"20.00%"},{"v":0.2,"d":"20.00%"},{"v":0.2,"d":"20.00%"}]
[null,887,"SUMINISTRO E INSTALACION DE TAPA DE HD (D600) - INEN NTE 2496","u",{"v":3,"d":"3.00000"},{"v":267.29,"d":"$ 267.29000"},{"v":801.8700000000001,"d":"$ 801.87000"},0,0,0,0,0,0,0,0,0,{"v":160.37400000000002,"d":"160.37400"},{"v":160.37400000000002,"d":"160.37400"},{"v":160.37400000000002,"d":"160.37400"},{"v":160.37400000000002,"d":"160.37400"},{"v":160.37400000000002,"d":"160.37400"},0,0]
[null,null,{"$error":"#REF!"},{"$error":"#REF!"},{"$error":"#REF!"},{"$error":"#REF!"},null,{"v":0,"d":"0.00%"},{"v":0,"d":"0.00%"},{"v":0,"d":"0.00%"},{"v":0,"d":"0.00%"},{"v":0,"d":"0.00%"},{"v":0,"d":"0.00%"},{"v":0,"d":"0.00%"},{"v":0,"d":"0.00%"},{"v":0,"d":"0.00%"},{"v":0.2,"d":"20.00%"},{"v":0.2,"d":"20.00%"},{"v":0.2,"d":"20.00%"},{"v":0.2,"d":"20.00%"},{"v":0.2,"d":"20.00%"},{"v":0,"d":"0.00%"},{"v":0,"d":"0.00%"}]
[null,null,{"$error":"#REF!"},{"$error":"#REF!"},{"$error":"#REF!"},{"$error":"#REF!"},{"$nulls":10},{"v":0.2,"d":"20.00%"},{"v":0.2,"d":"20.00%"},{"v":0.2,"d":"20.00%"},{"v":0.2,"d":"20.00%"},{"v":0.2,"d":"20.00%"}]
[null,888,"HORMIGON ESTRUCTURAL/CEMENTO PORTLAND CL.-A; F'C=350 Kg/cm2 (INCLUYE CURADO)","m3",{"v":572.71,"d":"572.71000"},{"v":238,"d":"$ 238.00000"},{"v":136304.98,"d":"$ 136,304.98000"},0,0,0,0,0,0,0,0,0,{"v":27260.996000000003,"d":"27,260.99600"},{"v":27260.996000000003,"d":"27,260.99600"},{"v":27260.996000000003,"d":"27,260.99600"},{"v":27260.996000000003,"d":"27,260.99600"},{"v":27260.996000000003,"d":"27,260.99600"},0,0]
[null,null,{"$error":"#REF!"},{"$error":"#REF!"},{"$error":"#REF!"},{"$error":"#REF!"},null,{"v":0,"d":"0.00%"},{"v":0,"d":"0.00%"},{"v":0,"d":"0.00%"},{"v":0,"d":"0.00%"},{"v":0,"d":"0.00%"},{"v":0,"d":"0.00%"},{"v":0,"d":"0.00%"},{"v":0,"d":"0.00%"},{"v":0,"d":"0.00%"},{"v":0.2,"d":"20.00%"},{"v":0.2,"d":"20.00%"},{"v":0.2,"d":"20.00%"},{"v":0.2,"d":"20.00%"},{"v":0.2,"d":"20.00%"},{"v":0,"d":"0.00%"},{"v":0,"d":"0.00%"}]
[null,null,{"$error":"#REF!"},{"$error":"#REF!"},{"$error":"#REF!"},{"$error":"#REF!"},{"$nulls":10},{"v":0.2,"d":"20.00%"},{"v":0.2,"d":"20.00%"},{"v":0.2,"d":"20.00%"},{"v":0.2,"d":"20.00%"},{"v":0.2,"d":"20.00%"}]
[null,889,"ACERO DE REFUERZO EN BARRAS FY=4200 Kg/cm2","Kg",{"v":104052.51,"d":"104052.51000"},{"v":2.32,"d":"$ 2.32000"},{"v":241401.82319999998,"d":"$ 241,401.82320"},0,0,0,0,0,0,0,0,0,{"v":48280.36464,"d":"48,280.36464"},{"v":48280.36464,"d":"48,280.36464"},{"v":48280.36464,"d":"48,280.36464"},{"v":48280.36464,"d":"48,280.36464"},{"v":48280.36464,"d":"48,280.36464"},0,0]
[null,null,{"$error":"#REF!"},{"$error":"#REF!"},{"$error":"#REF!"},{"$error":"#REF!"},null,{"v":0,"d":"0.00%"},{"v":0,"d":"0.00%"},{"v":0,"d":"0.00%"},{"v":0,"d":"0.00%"},{"v":0,"d":"0.00%"},{"v":0,"d":"0.00%"},{"v":0,"d":"0.00%"},{"v":0,"d":"0.00%"},{"v":0,"d":"0.00%"},{"v":0.2,"d":"20.00%"},{"v":0.2,"d":"20.00%"},{"v":0.2,"d":"20.00%"},{"v":0.2,"d":"20.00%"},{"v":0.2,"d":"20.00%"},{"v":0,"d":"0.00%"},{"v":0,"d":"0.00%"}]
[null,null,{"$error":"#REF!"},{"$error":"#REF!"},{"$error":"#REF!"},{"$error":"#REF!"},{"$nulls":10},{"v":0.2,"d":"20.00%"},{"v":0.2,"d":"20.00%"},{"v":0.2,"d":"20.00%"},{"v":0.2,"d":"20.00%"},{"v":0.2,"d":"20.00%"}]
[null,890,"ESTRUCTURA 3F CENTRADA RETENCION EST-3CR","u",{"v":1,"d":"1.00000"},{"v":509.36,"d":"$ 509.36000"},{"v":509.36,"d":"$ 509.36000"},0,0,0,0,0,0,0,0,0,{"v":101.87200000000001,"d":"101.87200"},{"v":101.87200000000001,"d":"101.87200"},{"v":101.87200000000001,"d":"101.87200"},{"v":101.87200000000001,"d":"101.87200"},{"v":101.87200000000001,"d":"101.87200"},0,0]
[null,null,{"$error":"#REF!"},{"$error":"#REF!"},{"$error":"#REF!"},{"$error":"#REF!"},null,{"v":0,"d":"0.00%"},{"v":0,"d":"0.00%"},{"v":0,"d":"0.00%"},{"v":0,"d":"0.00%"},{"v":0,"d":"0.00%"},{"v":0,"d":"0.00%"},{"v":0,"d":"0.00%"},{"v":0,"d":"0.00%"},{"v":0,"d":"0.00%"},{"v":0.2,"d":"20.00%"},{"v":0.2,"d":"20.00%"},{"v":0.2,"d":"20.00%"},{"v":0.2,"d":"20.00%"},{"v":0.2,"d":"20.00%"},{"v":0,"d":"0.00%"},{"v":0,"d":"0.00%"}]
[null,null,{"$error":"#REF!"},{"$error":"#REF!"},{"$error":"#REF!"},{"$error":"#REF!"},{"$nulls":10},{"v":0.2,"d":"20.00%"},{"v":0.2,"d":"20.00%"},{"v":0.2,"d":"20.00%"},{"v":0.2,"d":"20.00%"},{"v":0.2,"d":"20.00%"}]
[null,891,"ESTRUCTURA 3F VOLADA TERMINAL EST-3VR","u",{"v":1,"d":"1.00000"},{"v":507.53,"d":"$ 507.53000"},{"v":507.53,"d":"$ 507.53000"},0,0,0,0,0,0,0,0,0,{"v":101.506,"d":"101.50600"},{"v":101.506,"d":"101.50600"},{"v":101.506,"d":"101.50600"},{"v":101.506,"d":"101.50600"},{"v":101.506,"d":"101.50600"},0,0]
[null,null,{"$error":"#REF!"},{"$error":"#REF!"},{"$error":"#REF!"},{"$error":"#REF!"},null,{"v":0,"d":"0.00%"},{"v":0,"d":"0.00%"},{"v":0,"d":"0.00%"},{"v":0,"d":"0.00%"},{"v":0,"d":"0.00%"},{"v":0,"d":"0.00%"},{"v":0,"d":"0.00%"},{"v":0,"d":"0.00%"},{"v":0,"d":"0.00%"},{"v":0.2,"d":"20.00%"},{"v":0.2,"d":"20.00%"},{"v":0.2,"d":"20.00%"},{"v":0.2,"d":"20.00%"},{"v":0.2,"d":"20.00%"},{"v":0,"d":"0.00%"},{"v":0,"d":"0.00%"}]
[null,null,{"$error":"#REF!"},{"$error":"#REF!"},{"$error":"#REF!"},{"$error":"#REF!"},{"$nulls":10},{"v":0.2,"d":"20.00%"},{"v":0.2,"d":"20.00%"},{"v":0.2,"d":"20.00%"},{"v":0.2,"d":"20.00%"},{"v":0.2,"d":"20.00%"}]
[null,892,"ESTRUCTURA 3F VOLADA PASANTE EST-3VP","u",{"v":1,"d":"1.00000"},{"v":340.95,"d":"$ 340.95000"},{"v":340.95,"d":"$ 340.95000"},0,0,0,0,0,0,0,0,0,{"v":68.19,"d":"68.19000"},{"v":68.19,"d":"68.19000"},{"v":68.19,"d":"68.19000"},{"v":68.19,"d":"68.19000"},{"v":68.19,"d":"68.19000"},0,0]
[null,null,{"$error":"#REF!"},{"$error":"#REF!"},{"$error":"#REF!"},{"$error":"#REF!"},null,{"v":0,"d":"0.00%"},{"v":0,"d":"0.00%"},{"v":0,"d":"0.00%"},{"v":0,"d":"0.00%"},{"v":0,"d":"0.00%"},{"v":0,"d":"0.00%"},{"v":0,"d":"0.00%"},{"v":0,"d":"0.00%"},{"v":0,"d":"0.00%"},{"v":0.2,"d":"20.00%"},{"v":0.2,"d":"20.00%"},{"v":0.2,"d":"20.00%"},{"v":0.2,"d":"20.00%"},{"v":0.2,"d":"20.00%"},{"v":0,"d":"0.00%"},{"v":0,"d":"0.00%"}]
[null,null,{"$error":"#REF!"},{"$error":"#REF!"},{"$error":"#REF!"},{"$error":"#REF!"},{"$nulls":10},{"v":0.2,"d":"20.00%"},{"v":0.2,"d":"20.00%"},{"v":0.2,"d":"20.00%"},{"v":0.2,"d":"20.00%"},{"v":0.2,"d":"20.00%"}]
[null,893,"ESTRUCTURA 3F VOLADA ANGULAR EST-3VA","u",{"v":1,"d":"1.00000"},{"v":515.7,"d":"$ 515.70000"},{"v":515.7,"d":"$ 515.70000"},0,0,0,0,0,0,0,0,0,{"v":103.14000000000001,"d":"103.14000"},{"v":103.14000000000001,"d":"103.14000"},{"v":103.14000000000001,"d":"103.14000"},{"v":103.14000000000001,"d":"103.14000"},{"v":103.14000000000001,"d":"103.14000"},0,0]
[null,null,{"$error":"#REF!"},{"$error":"#REF!"},{"$error":"#REF!"},{"$error":"#REF!"},null,{"v":0,"d":"0.00%"},{"v":0,"d":"0.00%"},{"v":0,"d":"0.00%"},{"v":0,"d":"0.00%"},{"v":0,"d":"0.00%"},{"v":0,"d":"0.00%"},{"v":0,"d":"0.00%"},{"v":0,"d":"0.00%"},{"v":0,"d":"0.00%"},{"v":0.2,"d":"20.00%"},{"v":0.2,"d":"20.00%"},{"v":0.2,"d":"20.00%"},{"v":0.2,"d":"20.00%"},{"v":0.2,"d":"20.00%"},{"v":0,"d":"0.00%"},{"v":0,"d":"0.00%"}]
[null,null,{"$error":"#REF!"},{"$error":"#REF!"},{"$error":"#REF!"},{"$error":"#REF!"},{"$nulls":10},{"v":0.2,"d":"20.00%"},{"v":0.2,"d":"20.00%"},{"v":0.2,"d":"20.00%"},{"v":0.2,"d":"20.00%"},{"v":0.2,"d":"20.00%"}]
[null,894,"ESTRUCTURA 3F VOLADA DOBLE RETENCION EST-3VD","u",{"v":1,"d":"1.00000"},{"v":629.94,"d":"$ 629.94000"},{"v":629.94,"d":"$ 629.94000"},0,0,0,0,0,0,0,0,0,{"v":125.98800000000001,"d":"125.98800"},{"v":125.98800000000001,"d":"125.98800"},{"v":125.98800000000001,"d":"125.98800"},{"v":125.98800000000001,"d":"125.98800"},{"v":125.98800000000001,"d":"125.98800"},0,0]
[null,null,{"$error":"#REF!"},{"$error":"#REF!"},{"$error":"#REF!"},{"$error":"#REF!"},null,{"v":0,"d":"0.00%"},{"v":0,"d":"0.00%"},{"v":0,"d":"0.00%"},{"v":0,"d":"0.00%"},{"v":0,"d":"0.00%"},{"v":0,"d":"0.00%"},{"v":0,"d":"0.00%"},{"v":0,"d":"0.00%"},{"v":0,"d":"0.00%"},{"v":0.2,"d":"20.00%"},{"v":0.2,"d":"20.00%"},{"v":0.2,"d":"20.00%"},{"v":0.2,"d":"20.00%"},{"v":0.2,"d":"20.00%"},{"v":0,"d":"0.00%"},{"v":0,"d":"0.00%"}]
[null,null,{"$error":"#REF!"},{"$error":"#REF!"},{"$error":"#REF!"},{"$error":"#REF!"},{"$nulls":10},{"v":0.2,"d":"20.00%"},{"v":0.2,"d":"20.00%"},{"v":0.2,"d":"20.00%"},{"v":0.2,"d":"20.00%"},{"v":0.2,"d":"20.00%"}]
[null,895,"ESTRUCTURA DE NEUTRO: 1ED","u",{"v":1,"d":"1.00000"},{"v":85.78,"d":"$ 85.78000"},{"v":85.78,"d":"$ 85.78000"},0,0,0,0,0,0,0,0,0,{"v":17.156000000000002,"d":"17.15600"},{"v":17.156000000000002,"d":"17.15600"},{"v":17.156000000000002,"d":"17.15600"},{"v":17.156000000000002,"d":"17.15600"},{"v":17.156000000000002,"d":"17.15600"},0,0]
[null,null,{"$error":"#REF!"},{"$error":"#REF!"},{"$error":"#REF!"},{"$error":"#REF!"},null,{"v":0,"d":"0.00%"},{"v":0,"d":"0.00%"},{"v":0,"d":"0.00%"},{"v":0,"d":"0.00%"},{"v":0,"d":"0.00%"},{"v":0,"d":"0.00%"},{"v":0,"d":"0.00%"},{"v":0,"d":"0.00%"},{"v":0,"d":"0.00%"},{"v":0.2,"d":"20.00%"},{"v":0.2,"d":"20.00%"},{"v":0.2,"d":"20.00%"},{"v":0.2,"d":"20.00%"},{"v":0.2,"d":"20.00%"},{"v":0,"d":"0.00%"},{"v":0,"d":"0.00%"}]
[null,null,{"$error":"#REF!"},{"$error":"#REF!"},{"$error":"#REF!"},{"$error":"#REF!"},{"$nulls":10},{"v":0.2,"d":"20.00%"},{"v":0.2,"d":"20.00%"},{"v":0.2,"d":"20.00%"},{"v":0.2,"d":"20.00%"},{"v":0.2,"d":"20.00%"}]
[null,896,"ESTRUCTURA DE NEUTRO: 1ER","u",{"v":2,"d":"2.00000"},{"v":75.27,"d":"$ 75.27000"},{"v":150.54,"d":"$ 150.54000"},0,0,0,0,0,0,0,0,0,{"v":30.108,"d":"30.10800"},{"v":30.108,"d":"30.10800"},{"v":30.108,"d":"30.10800"},{"v":30.108,"d":"30.10800"},{"v":30.108,"d":"30.10800"},0,0]
[null,null,{"$error":"#REF!"},{"$error":"#REF!"},{"$error":"#REF!"},{"$error":"#REF!"},null,{"v":0,"d":"0.00%"},{"v":0,"d":"0.00%"},{"v":0,"d":"0.00%"},{"v":0,"d":"0.00%"},{"v":0,"d":"0.00%"},{"v":0,"d":"0.00%"},{"v":0,"d":"0.00%"},{"v":0,"d":"0.00%"},{"v":0,"d":"0.00%"},{"v":0.2,"d":"20.00%"},{"v":0.2,"d":"20.00%"},{"v":0.2,"d":"20.00%"},{"v":0.2,"d":"20.00%"},{"v":0.2,"d":"20.00%"},{"v":0,"d":"0.00%"},{"v":0,"d":"0.00%"}]
[null,null,{"$error":"#REF!"},{"$error":"#REF!"},{"$error":"#REF!"},{"$error":"#REF!"},{"$nulls":10},{"v":0.2,"d":"20.00%"},{"v":0.2,"d":"20.00%"},{"v":0.2,"d":"20.00%"},{"v":0.2,"d":"20.00%"},{"v":0.2,"d":"20.00%"}]
[null,897,"ESTRUCTURA DE NEUTRO: 1EP","u",{"v":2,"d":"2.00000"},{"v":55.3,"d":"$ 55.30000"},{"v":110.6,"d":"$ 110.60000"},0,0,0,0,0,0,0,0,0,{"v":22.12,"d":"22.12000"},{"v":22.12,"d":"22.12000"},{"v":22.12,"d":"22.12000"},{"v":22.12,"d":"22.12000"},{"v":22.12,"d":"22.12000"},0,0]
[null,null,{"$error":"#REF!"},{"$error":"#REF!"},{"$error":"#REF!"},{"$error":"#REF!"},null,{"v":0,"d":"0.00%"},{"v":0,"d":"0.00%"},{"v":0,"d":"0.00%"},{"v":0,"d":"0.00%"},{"v":0,"d":"0.00%"},{"v":0,"d":"0.00%"},{"v":0,"d":"0.00%"},{"v":0,"d":"0.00%"},{"v":0,"d":"0.00%"},{"v":0.2,"d":"20.00%"},{"v":0.2,"d":"20.00%"},{"v":0.2,"d":"20.00%"},{"v":0.2,"d":"20.00%"},{"v":0.2,"d":"20.00%"},{"v":0,"d":"0.00%"},{"v":0,"d":"0.00%"}]
[null,null,{"$error":"#REF!"},{"$error":"#REF!"},{"$error":"#REF!"},{"$error":"#REF!"},{"$nulls":10},{"v":0.2,"d":"20.00%"},{"v":0.2,"d":"20.00%"},{"v":0.2,"d":"20.00%"},{"v":0.2,"d":"20.00%"},{"v":0.2,"d":"20.00%"}]
[null,898,"POSTE HA 12m X 500 KGF","u",{"v":2,"d":"2.00000"},{"v":478.63,"d":"$ 478.63000"},{"v":957.26,"d":"$ 957.26000"},0,0,0,0,0,0,0,0,0,{"v":191.452,"d":"191.45200"},{"v":191.452,"d":"191.45200"},{"v":191.452,"d":"191.45200"},{"v":191.452,"d":"191.45200"},{"v":191.452,"d":"191.45200"},0,0]
[null,null,{"$error":"#REF!"},{"$error":"#REF!"},{"$error":"#REF!"},{"$error":"#REF!"},null,{"v":0,"d":"0.00%"},{"v":0,"d":"0.00%"},{"v":0,"d":"0.00%"},{"v":0,"d":"0.00%"},{"v":0,"d":"0.00%"},{"v":0,"d":"0.00%"},{"v":0,"d":"0.00%"},{"v":0,"d":"0.00%"},{"v":0,"d":"0.00%"},{"v":0.2,"d":"20.00%"},{"v":0.2,"d":"20.00%"},{"v":0.2,"d":"20.00%"},{"v":0.2,"d":"20.00%"},{"v":0.2,"d":"20.00%"},{"v":0,"d":"0.00%"},{"v":0,"d":"0.00%"}]
[null,null,{"$error":"#REF!"},{"$error":"#REF!"},{"$error":"#REF!"},{"$error":"#REF!"},{"$nulls":10},{"v":0.2,"d":"20.00%"},{"v":0.2,"d":"20.00%"},{"v":0.2,"d":"20.00%"},{"v":0.2,"d":"20.00%"},{"v":0.2,"d":"20.00%"}]
[null,899,"POSTE HA 12m X 2000 KGF","u",{"v":1,"d":"1.00000"},{"v":1217.07,"d":"$ 1,217.07000"},{"v":1217.07,"d":"$ 1,217.07000"},0,0,0,0,0,0,0,0,0,{"v":243.414,"d":"243.41400"},{"v":243.414,"d":"243.41400"},{"v":243.414,"d":"243.41400"},{"v":243.414,"d":"243.41400"},{"v":243.414,"d":"243.41400"},0,0]
[null,null,{"$error":"#REF!"},{"$error":"#REF!"},{"$error":"#REF!"},{"$error":"#REF!"},null,{"v":0,"d":"0.00%"},{"v":0,"d":"0.00%"},{"v":0,"d":"0.00%"},{"v":0,"d":"0.00%"},{"v":0,"d":"0.00%"},{"v":0,"d":"0.00%"},{"v":0,"d":"0.00%"},{"v":0,"d":"0.00%"},{"v":0,"d":"0.00%"},{"v":0.2,"d":"20.00%"},{"v":0.2,"d":"20.00%"},{"v":0.2,"d":"20.00%"},{"v":0.2,"d":"20.00%"},{"v":0.2,"d":"20.00%"},{"v":0,"d":"0.00%"},{"v":0,"d":"0.00%"}]
[null,null,{"$error":"#REF!"},{"$error":"#REF!"},{"$error":"#REF!"},{"$error":"#REF!"},{"$nulls":10},{"v":0.2,"d":"20.00%"},{"v":0.2,"d":"20.00%"},{"v":0.2,"d":"20.00%"},{"v":0.2,"d":"20.00%"},{"v":0.2,"d":"20.00%"}]
[null,900,"PARARRAYO DE 10 KV, CON DESCONECTADOR Y ATERRIZAMIENTO","u",{"v":3,"d":"3.00000"},{"v":208.12,"d":"$ 208.12000"},{"v":624.36,"d":"$ 624.36000"},0,0,0,0,0,0,0,0,0,{"v":124.87200000000001,"d":"124.87200"},{"v":124.87200000000001,"d":"124.87200"},{"v":124.87200000000001,"d":"124.87200"},{"v":124.87200000000001,"d":"124.87200"},{"v":124.87200000000001,"d":"124.87200"},0,0]
[null,null,{"$error":"#REF!"},{"$error":"#REF!"},{"$error":"#REF!"},{"$error":"#REF!"},null,{"v":0,"d":"0.00%"},{"v":0,"d":"0.00%"},{"v":0,"d":"0.00%"},{"v":0,"d":"0.00%"},{"v":0,"d":"0.00%"},{"v":0,"d":"0.00%"},{"v":0,"d":"0.00%"},{"v":0,"d":"0.00%"},{"v":0,"d":"0.00%"},{"v":0.2,"d":"20.00%"},{"v":0.2,"d":"20.00%"},{"v":0.2,"d":"20.00%"},{"v":0.2,"d":"20.00%"},{"v":0.2,"d":"20.00%"},{"v":0,"d":"0.00%"},{"v":0,"d":"0.00%"}]
[null,null,{"$error":"#REF!"},{"$error":"#REF!"},{"$error":"#REF!"},{"$error":"#REF!"},{"$nulls":10},{"v":0.2,"d":"20.00%"},{"v":0.2,"d":"20.00%"},{"v":0.2,"d":"20.00%"},{"v":0.2,"d":"20.00%"},{"v":0.2,"d":"20.00%"}]
[null,901,"SECCIONADOR FUSIBLE 100 A - 27KV CON ROMPE ARCO","u",{"v":6,"d":"6.00000"},{"v":315.1,"d":"$ 315.10000"},{"v":1890.6000000000001,"d":"$ 1,890.60000"},0,0,0,0,0,0,0,0,0,{"v":378.12000000000006,"d":"378.12000"},{"v":378.12000000000006,"d":"378.12000"},{"v":378.12000000000006,"d":"378.12000"},{"v":378.12000000000006,"d":"378.12000"},{"v":378.12000000000006,"d":"378.12000"},0,0]
[null,null,{"$error":"#REF!"},{"$error":"#REF!"},{"$error":"#REF!"},{"$error":"#REF!"},null,{"v":0,"d":"0.00%"},{"v":0,"d":"0.00%"},{"v":0,"d":"0.00%"},{"v":0,"d":"0.00%"},{"v":0,"d":"0.00%"},{"v":0,"d":"0.00%"},{"v":0,"d":"0.00%"},{"v":0,"d":"0.00%"},{"v":0,"d":"0.00%"},{"v":0.2,"d":"20.00%"},{"v":0.2,"d":"20.00%"},{"v":0.2,"d":"20.00%"},{"v":0.2,"d":"20.00%"},{"v":0.2,"d":"20.00%"},{"v":0,"d":"0.00%"},{"v":0,"d":"0.00%"}]
[null,null,{"$error":"#REF!"},{"$error":"#REF!"},{"$error":"#REF!"},{"$error":"#REF!"},{"$nulls":10},{"v":0.2,"d":"20.00%"},{"v":0.2,"d":"20.00%"},{"v":0.2,"d":"20.00%"},{"v":0.2,"d":"20.00%"},{"v":0.2,"d":"20.00%"}]
[null,902,"TENDIDO Y REGULADO CONDUCTOR NO.2 AWG ACAR","km",{"v":0.5,"d":"0.50000"},{"v":1747.4,"d":"$ 1,747.40000"},{"v":873.7,"d":"$ 873.70000"},0,0,0,0,0,0,0,0,0,{"v":174.74,"d":"174.74000"},{"v":174.74,"d":"174.74000"},{"v":174.74,"d":"174.74000"},{"v":174.74,"d":"174.74000"},{"v":174.74,"d":"174.74000"},0,0]
[null,null,{"$error":"#REF!"},{"$error":"#REF!"},{"$error":"#REF!"},{"$error":"#REF!"},null,{"v":0,"d":"0.00%"},{"v":0,"d":"0.00%"},{"v":0,"d":"0.00%"},{"v":0,"d":"0.00%"},{"v":0,"d":"0.00%"},{"v":0,"d":"0.00%"},{"v":0,"d":"0.00%"},{"v":0,"d":"0.00%"},{"v":0,"d":"0.00%"},{"v":0.2,"d":"20.00%"},{"v":0.2,"d":"20.00%"},{"v":0.2,"d":"20.00%"},{"v":0.2,"d":"20.00%"},{"v":0.2,"d":"20.00%"},{"v":0,"d":"0.00%"},{"v":0,"d":"0.00%"}]
[null,null,{"$error":"#REF!"},{"$error":"#REF!"},{"$error":"#REF!"},{"$error":"#REF!"},{"$nulls":10},{"v":0.2,"d":"20.00%"},{"v":0.2,"d":"20.00%"},{"v":0.2,"d":"20.00%"},{"v":0.2,"d":"20.00%"},{"v":0.2,"d":"20.00%"}]
[null,903,"TENDIDO Y REGULADO CONDUCTOR NO.2/0 AWG ACAR","km",{"v":0.75,"d":"0.75000"},{"v":1747.4,"d":"$ 1,747.40000"},{"v":1310.5500000000002,"d":"$ 1,310.55000"},0,0,0,0,0,0,0,0,0,{"v":262.11000000000007,"d":"262.11000"},{"v":262.11000000000007,"d":"262.11000"},{"v":262.11000000000007,"d":"262.11000"},{"v":262.11000000000007,"d":"262.11000"},{"v":262.11000000000007,"d":"262.11000"},0,0]
[null,null,{"$error":"#REF!"},{"$error":"#REF!"},{"$error":"#REF!"},{"$error":"#REF!"},null,{"v":0,"d":"0.00%"},{"v":0,"d":"0.00%"},{"v":0,"d":"0.00%"},{"v":0,"d":"0.00%"},{"v":0,"d":"0.00%"},{"v":0,"d":"0.00%"},{"v":0,"d":"0.00%"},{"v":0,"d":"0.00%"},{"v":0,"d":"0.00%"},{"v":0.2,"d":"20.00%"},{"v":0.2,"d":"20.00%"},{"v":0.2,"d":"20.00%"},{"v":0.2,"d":"20.00%"},{"v":0.2,"d":"20.00%"},{"v":0,"d":"0.00%"},{"v":0,"d":"0.00%"}]
[null,null,{"$error":"#REF!"},{"$error":"#REF!"},{"$error":"#REF!"},{"$error":"#REF!"},{"$nulls":10},{"v":0.2,"d":"20.00%"},{"v":0.2,"d":"20.00%"},{"v":0.2,"d":"20.00%"},{"v":0.2,"d":"20.00%"},{"v":0.2,"d":"20.00%"}]
[null,904,"TENSOR A TIERRA SIMPLE TAT-OTS","u",{"v":3,"d":"3.00000"},{"v":122.23,"d":"$ 122.23000"},{"v":366.69,"d":"$ 366.69000"},0,0,0,0,0,0,0,0,0,{"v":73.33800000000001,"d":"73.33800"},{"v":73.33800000000001,"d":"73.33800"},{"v":73.33800000000001,"d":"73.33800"},{"v":73.33800000000001,"d":"73.33800"},{"v":73.33800000000001,"d":"73.33800"},0,0]
[null,null,{"$error":"#REF!"},{"$error":"#REF!"},{"$error":"#REF!"},{"$error":"#REF!"},null,{"v":0,"d":"0.00%"},{"v":0,"d":"0.00%"},{"v":0,"d":"0.00%"},{"v":0,"d":"0.00%"},{"v":0,"d":"0.00%"},{"v":0,"d":"0.00%"},{"v":0,"d":"0.00%"},{"v":0,"d":"0.00%"},{"v":0,"d":"0.00%"},{"v":0.2,"d":"20.00%"},{"v":0.2,"d":"20.00%"},{"v":0.2,"d":"20.00%"},{"v":0.2,"d":"20.00%"},{"v":0.2,"d":"20.00%"},{"v":0,"d":"0.00%"},{"v":0,"d":"0.00%"}]
[null,null,{"$error":"#REF!"},{"$error":"#REF!"},{"$error":"#REF!"},{"$error":"#REF!"},{"$nulls":10},{"v":0.2,"d":"20.00%"},{"v":0.2,"d":"20.00%"},{"v":0.2,"d":"20.00%"},{"v":0.2,"d":"20.00%"},{"v":0.2,"d":"20.00%"}]
[null,905,"REPLANTEO DE REDES EN MEDIA TENSION","u",{"v":1,"d":"1.00000"},{"v":433.78,"d":"$ 433.78000"},{"v":433.78,"d":"$ 433.78000"},0,0,0,0,0,0,0,0,0,{"v":86.756,"d":"86.75600"},{"v":86.756,"d":"86.75600"},{"v":86.756,"d":"86.75600"},{"v":86.756,"d":"86.75600"},{"v":86.756,"d":"86.75600"},0,0]
[null,null,{"$error":"#REF!"},{"$error":"#REF!"},{"$error":"#REF!"},{"$error":"#REF!"},null,{"v":0,"d":"0.00%"},{"v":0,"d":"0.00%"},{"v":0,"d":"0.00%"},{"v":0,"d":"0.00%"},{"v":0,"d":"0.00%"},{"v":0,"d":"0.00%"},{"v":0,"d":"0.00%"},{"v":0,"d":"0.00%"},{"v":0,"d":"0.00%"},{"v":0.2,"d":"20.00%"},{"v":0.2,"d":"20.00%"},{"v":0.2,"d":"20.00%"},{"v":0.2,"d":"20.00%"},{"v":0.2,"d":"20.00%"},{"v":0,"d":"0.00%"},{"v":0,"d":"0.00%"}]
[null,null,{"$error":"#REF!"},{"$error":"#REF!"},{"$error":"#REF!"},{"$error":"#REF!"},{"$nulls":10},{"v":0.2,"d":"20.00%"},{"v":0.2,"d":"20.00%"},{"v":0.2,"d":"20.00%"},{"v":0.2,"d":"20.00%"},{"v":0.2,"d":"20.00%"}]
[null,906,"PRUEBAS DE ENERGIZACION DE LINEAS EN MT","u",{"v":1,"d":"1.00000"},{"v":413.38,"d":"$ 413.38000"},{"v":413.38,"d":"$ 413.38000"},0,0,0,0,0,0,0,0,0,{"v":82.676,"d":"82.67600"},{"v":82.676,"d":"82.67600"},{"v":82.676,"d":"82.67600"},{"v":82.676,"d":"82.67600"},{"v":82.676,"d":"82.67600"},0,0]
[null,null,{"$error":"#REF!"},{"$error":"#REF!"},{"$error":"#REF!"},{"$error":"#REF!"},null,{"v":0,"d":"0.00%"},{"v":0,"d":"0.00%"},{"v":0,"d":"0.00%"},{"v":0,"d":"0.00%"},{"v":0,"d":"0.00%"},{"v":0,"d":"0.00%"},{"v":0,"d":"0.00%"},{"v":0,"d":"0.00%"},{"v":0,"d":"0.00%"},{"v":0.2,"d":"20.00%"},{"v":0.2,"d":"20.00%"},{"v":0.2,"d":"20.00%"},{"v":0.2,"d":"20.00%"},{"v":0.2,"d":"20.00%"},{"v":0,"d":"0.00%"},{"v":0,"d":"0.00%"}]
[null,null,{"$error":"#REF!"},{"$error":"#REF!"},{"$error":"#REF!"},{"$error":"#REF!"},{"$nulls":10},{"v":0.2,"d":"20.00%"},{"v":0.2,"d":"20.00%"},{"v":0.2,"d":"20.00%"},{"v":0.2,"d":"20.00%"},{"v":0.2,"d":"20.00%"}]
[null,907,"PRUEBAS DE ENERGIZACION DE TRANSFORMADORES","u",{"v":2,"d":"2.00000"},{"v":221.08,"d":"$ 221.08000"},{"v":442.16,"d":"$ 442.16000"},0,0,0,0,0,0,0,0,0,{"v":88.43200000000002,"d":"88.43200"},{"v":88.43200000000002,"d":"88.43200"},{"v":88.43200000000002,"d":"88.43200"},{"v":88.43200000000002,"d":"88.43200"},{"v":88.43200000000002,"d":"88.43200"},0,0]
[null,null,{"$error":"#REF!"},{"$error":"#REF!"},{"$error":"#REF!"},{"$error":"#REF!"},null,{"v":0,"d":"0.00%"},{"v":0,"d":"0.00%"},{"v":0,"d":"0.00%"},{"v":0,"d":"0.00%"},{"v":0,"d":"0.00%"},{"v":0,"d":"0.00%"},{"v":0,"d":"0.00%"},{"v":0,"d":"0.00%"},{"v":0,"d":"0.00%"},{"v":0.2,"d":"20.00%"},{"v":0.2,"d":"20.00%"},{"v":0.2,"d":"20.00%"},{"v":0.2,"d":"20.00%"},{"v":0.2,"d":"20.00%"},{"v":0,"d":"0.00%"},{"v":0,"d":"0.00%"}]
[null,null,{"$error":"#REF!"},{"$error":"#REF!"},{"$error":"#REF!"},{"$error":"#REF!"},{"$nulls":10},{"v":0.2,"d":"20.00%"},{"v":0.2,"d":"20.00%"},{"v":0.2,"d":"20.00%"},{"v":0.2,"d":"20.00%"},{"v":0.2,"d":"20.00%"}]
[null,908,"SISTEMA A TIERRA EN CENTRO DE CARGA","u",{"v":1,"d":"1.00000"},{"v":1309,"d":"$ 1,309.00000"},{"v":1309,"d":"$ 1,309.00000"},0,0,0,0,0,0,0,0,0,{"v":261.8,"d":"261.80000"},{"v":261.8,"d":"261.80000"},{"v":261.8,"d":"261.80000"},{"v":261.8,"d":"261.80000"},{"v":261.8,"d":"261.80000"},0,0]
[null,null,{"$error":"#REF!"},{"$error":"#REF!"},{"$error":"#REF!"},{"$error":"#REF!"},null,{"v":0,"d":"0.00%"},{"v":0,"d":"0.00%"},{"v":0,"d":"0.00%"},{"v":0,"d":"0.00%"},{"v":0,"d":"0.00%"},{"v":0,"d":"0.00%"},{"v":0,"d":"0.00%"},{"v":0,"d":"0.00%"},{"v":0,"d":"0.00%"},{"v":0.2,"d":"20.00%"},{"v":0.2,"d":"20.00%"},{"v":0.2,"d":"20.00%"},{"v":0.2,"d":"20.00%"},{"v":0.2,"d":"20.00%"},{"v":0,"d":"0.00%"},{"v":0,"d":"0.00%"}]
[null,null,{"$error":"#REF!"},{"$error":"#REF!"},{"$error":"#REF!"},{"$error":"#REF!"},{"$nulls":10},{"v":0.2,"d":"20.00%"},{"v":0.2,"d":"20.00%"},{"v":0.2,"d":"20.00%"},{"v":0.2,"d":"20.00%"},{"v":0.2,"d":"20.00%"}]
[null,909,"CARGA, ACARREO Y DESCARGA DE POSTES H.A. 9 A12m","u",{"v":3,"d":"3.00000"},{"v":88.56,"d":"$ 88.56000"},{"v":265.68,"d":"$ 265.68000"},0,0,0,0,0,0,0,0,0,{"v":53.136,"d":"53.13600"},{"v":53.136,"d":"53.13600"},{"v":53.136,"d":"53.13600"},{"v":53.136,"d":"53.13600"},{"v":53.136,"d":"53.13600"},0,0]
[null,null,{"$error":"#REF!"},{"$error":"#REF!"},{"$error":"#REF!"},{"$error":"#REF!"},null,{"v":0,"d":"0.00%"},{"v":0,"d":"0.00%"},{"v":0,"d":"0.00%"},{"v":0,"d":"0.00%"},{"v":0,"d":"0.00%"},{"v":0,"d":"0.00%"},{"v":0,"d":"0.00%"},{"v":0,"d":"0.00%"},{"v":0,"d":"0.00%"},{"v":0.2,"d":"20.00%"},{"v":0.2,"d":"20.00%"},{"v":0.2,"d":"20.00%"},{"v":0.2,"d":"20.00%"},{"v":0.2,"d":"20.00%"},{"v":0,"d":"0.00%"},{"v":0,"d":"0.00%"}]
[null,null,{"$error":"#REF!"},{"$error":"#REF!"},{"$error":"#REF!"},{"$error":"#REF!"},{"$nulls":10},{"v":0.2,"d":"20.00%"},{"v":0.2,"d":"20.00%"},{"v":0.2,"d":"20.00%"},{"v":0.2,"d":"20.00%"},{"v":0.2,"d":"20.00%"}]
[null,910,"CONSTRUCCION DE BASE PARA TRANSFORMADOR","u",{"v":1,"d":"1.00000"},{"v":454.19,"d":"$ 454.19000"},{"v":454.19,"d":"$ 454.19000"},0,0,0,0,0,0,0,0,0,{"v":90.83800000000001,"d":"90.83800"},{"v":90.83800000000001,"d":"90.83800"},{"v":90.83800000000001,"d":"90.83800"},{"v":90.83800000000001,"d":"90.83800"},{"v":90.83800000000001,"d":"90.83800"},0,0]
[null,null,{"$error":"#REF!"},{"$error":"#REF!"},{"$error":"#REF!"},{"$error":"#REF!"},null,{"v":0,"d":"0.00%"},{"v":0,"d":"0.00%"},{"v":0,"d":"0.00%"},{"v":0,"d":"0.00%"},{"v":0,"d":"0.00%"},{"v":0,"d":"0.00%"},{"v":0,"d":"0.00%"},{"v":0,"d":"0.00%"},{"v":0,"d":"0.00%"},{"v":0.2,"d":"20.00%"},{"v":0.2,"d":"20.00%"},{"v":0.2,"d":"20.00%"},{"v":0.2,"d":"20.00%"},{"v":0.2,"d":"20.00%"},{"v":0,"d":"0.00%"},{"v":0,"d":"0.00%"}]
[null,null,{"$error":"#REF!"},{"$error":"#REF!"},{"$error":"#REF!"},{"$error":"#REF!"},{"$nulls":10},{"v":0.2,"d":"20.00%"},{"v":0.2,"d":"20.00%"},{"v":0.2,"d":"20.00%"},{"v":0.2,"d":"20.00%"},{"v":0.2,"d":"20.00%"}]
[null,911,"DUCTERIA EMT RIGIDA 4\" PARA MEDIA TENSION","u",{"v":1,"d":"1.00000"},{"v":724.62,"d":"$ 724.62000"},{"v":724.62,"d":"$ 724.62000"},0,0,0,0,0,0,0,0,0,{"v":144.924,"d":"144.92400"},{"v":144.924,"d":"144.92400"},{"v":144.924,"d":"144.92400"},{"v":144.924,"d":"144.92400"},{"v":144.924,"d":"144.92400"},0,0]
[null,null,{"$error":"#REF!"},{"$error":"#REF!"},{"$error":"#REF!"},{"$error":"#REF!"},null,{"v":0,"d":"0.00%"},{"v":0,"d":"0.00%"},{"v":0,"d":"0.00%"},{"v":0,"d":"0.00%"},{"v":0,"d":"0.00%"},{"v":0,"d":"0.00%"},{"v":0,"d":"0.00%"},{"v":0,"d":"0.00%"},{"v":0,"d":"0.00%"},{"v":0.2,"d":"20.00%"},{"v":0.2,"d":"20.00%"},{"v":0.2,"d":"20.00%"},{"v":0.2,"d":"20.00%"},{"v":0.2,"d":"20.00%"},{"v":0,"d":"0.00%"},{"v":0,"d":"0.00%"}]
[null,null,{"$error":"#REF!"},{"$error":"#REF!"},{"$error":"#REF!"},{"$error":"#REF!"},{"$nulls":10},{"v":0.2,"d":"20.00%"},{"v":0.2,"d":"20.00%"},{"v":0.2,"d":"20.00%"},{"v":0.2,"d":"20.00%"},{"v":0.2,"d":"20.00%"}]
[null,912,"PUNTAS TERMINALES EN MEDIA TENSION","u",{"v":15,"d":"15.00000"},{"v":120.03,"d":"$ 120.03000"},{"v":1800.45,"d":"$ 1,800.45000"},0,0,0,0,0,0,0,0,0,{"v":360.09000000000003,"d":"360.09000"},{"v":360.09000000000003,"d":"360.09000"},{"v":360.09000000000003,"d":"360.09000"},{"v":360.09000000000003,"d":"360.09000"},{"v":360.09000000000003,"d":"360.09000"},0,0]
[null,null,{"$error":"#REF!"},{"$error":"#REF!"},{"$error":"#REF!"},{"$error":"#REF!"},null,{"v":0,"d":"0.00%"},{"v":0,"d":"0.00%"},{"v":0,"d":"0.00%"},{"v":0,"d":"0.00%"},{"v":0,"d":"0.00%"},{"v":0,"d":"0.00%"},{"v":0,"d":"0.00%"},{"v":0,"d":"0.00%"},{"v":0,"d":"0.00%"},{"v":0.2,"d":"20.00%"},{"v":0.2,"d":"20.00%"},{"v":0.2,"d":"20.00%"},{"v":0.2,"d":"20.00%"},{"v":0.2,"d":"20.00%"},{"v":0,"d":"0.00%"},{"v":0,"d":"0.00%"}]
[null,null,{"$error":"#REF!"},{"$error":"#REF!"},{"$error":"#REF!"},{"$error":"#REF!"},{"$nulls":10},{"v":0.2,"d":"20.00%"},{"v":0.2,"d":"20.00%"},{"v":0.2,"d":"20.00%"},{"v":0.2,"d":"20.00%"},{"v":0.2,"d":"20.00%"}]
[null,913,"ACOMETIDA 3F EN MEDIA TENSION A IDS","u",{"v":45,"d":"45.00000"},{"v":89.48,"d":"$ 89.48000"},{"v":4026.6000000000004,"d":"$ 4,026.60000"},0,0,0,0,0,0,0,0,0,{"v":805.3200000000002,"d":"805.32000"},{"v":805.3200000000002,"d":"805.32000"},{"v":805.3200000000002,"d":"805.32000"},{"v":805.3200000000002,"d":"805.32000"},{"v":805.3200000000002,"d":"805.32000"},0,0]
[null,null,{"$error":"#REF!"},{"$error":"#REF!"},{"$error":"#REF!"},{"$error":"#REF!"},null,{"v":0,"d":"0.00%"},{"v":0,"d":"0.00%"},{"v":0,"d":"0.00%"},{"v":0,"d":"0.00%"},{"v":0,"d":"0.00%"},{"v":0,"d":"0.00%"},{"v":0,"d":"0.00%"},{"v":0,"d":"0.00%"},{"v":0,"d":"0.00%"},{"v":0.2,"d":"20.00%"},{"v":0.2,"d":"20.00%"},{"v":0.2,"d":"20.00%"},{"v":0.2,"d":"20.00%"},{"v":0.2,"d":"20.00%"},{"v":0,"d":"0.00%"},{"v":0,"d":"0.00%"}]
[null,null,{"$error":"#REF!"},{"$error":"#REF!"},{"$error":"#REF!"},{"$error":"#REF!"},{"$nulls":10},{"v":0.2,"d":"20.00%"},{"v":0.2,"d":"20.00%"},{"v":0.2,"d":"20.00%"},{"v":0.2,"d":"20.00%"},{"v":0.2,"d":"20.00%"}]
[null,914,"CAJA DE REVISION ELECTRICA 1.60x0.90x0.90m","u",{"v":1,"d":"1.00000"},{"v":688.09,"d":"$ 688.09000"},{"v":688.09,"d":"$ 688.09000"},0,0,0,0,0,0,0,0,0,{"v":137.61800000000002,"d":"137.61800"},{"v":137.61800000000002,"d":"137.61800"},{"v":137.61800000000002,"d":"137.61800"},{"v":137.61800000000002,"d":"137.61800"},{"v":137.61800000000002,"d":"137.61800"},0,0]
[null,null,{"$error":"#REF!"},{"$error":"#REF!"},{"$error":"#REF!"},{"$error":"#REF!"},null,{"v":0,"d":"0.00%"},{"v":0,"d":"0.00%"},{"v":0,"d":"0.00%"},{"v":0,"d":"0.00%"},{"v":0,"d":"0.00%"},{"v":0,"d":"0.00%"},{"v":0,"d":"0.00%"},{"v":0,"d":"0.00%"},{"v":0,"d":"0.00%"},{"v":0.2,"d":"20.00%"},{"v":0.2,"d":"20.00%"},{"v":0.2,"d":"20.00%"},{"v":0.2,"d":"20.00%"},{"v":0.2,"d":"20.00%"},{"v":0,"d":"0.00%"},{"v":0,"d":"0.00%"}]
[null,null,{"$error":"#REF!"},{"$error":"#REF!"},{"$error":"#REF!"},{"$error":"#REF!"},{"$nulls":10},{"v":0.2,"d":"20.00%"},{"v":0.2,"d":"20.00%"},{"v":0.2,"d":"20.00%"},{"v":0.2,"d":"20.00%"},{"v":0.2,"d":"20.00%"}]
[null,915,"CAJA DE REVISION ELECTRICA 0.90x0.90x0.90m","u",{"v":16,"d":"16.00000"},{"v":303.48,"d":"$ 303.48000"},{"v":4855.68,"d":"$ 4,855.68000"},0,0,0,0,0,0,0,0,0,{"v":971.1360000000001,"d":"971.13600"},{"v":971.1360000000001,"d":"971.13600"},{"v":971.1360000000001,"d":"971.13600"},{"v":971.1360000000001,"d":"971.13600"},{"v":971.1360000000001,"d":"971.13600"},0,0]
[null,null,{"$error":"#REF!"},{"$error":"#REF!"},{"$error":"#REF!"},{"$error":"#REF!"},null,{"v":0,"d":"0.00%"},{"v":0,"d":"0.00%"},{"v":0,"d":"0.00%"},{"v":0,"d":"0.00%"},{"v":0,"d":"0.00%"},{"v":0,"d":"0.00%"},{"v":0,"d":"0.00%"},{"v":0,"d":"0.00%"},{"v":0,"d":"0.00%"},{"v":0.2,"d":"20.00%"},{"v":0.2,"d":"20.00%"},{"v":0.2,"d":"20.00%"},{"v":0.2,"d":"20.00%"},{"v":0.2,"d":"20.00%"},{"v":0,"d":"0.00%"},{"v":0,"d":"0.00%"}]
[null,null,{"$error":"#REF!"},{"$error":"#REF!"},{"$error":"#REF!"},{"$error":"#REF!"},{"$nulls":10},{"v":0.2,"d":"20.00%"},{"v":0.2,"d":"20.00%"},{"v":0.2,"d":"20.00%"},{"v":0.2,"d":"20.00%"},{"v":0.2,"d":"20.00%"}]
[null,916,"INTERRUPTOR DISTRIBUCION SUBTERRANEA PADSWICHT 422","u",{"v":1,"d":"1.00000"},{"v":112852.72,"d":"$ 112,852.72000"},{"v":112852.72,"d":"$ 112,852.72000"},0,0,0,0,0,0,0,0,0,{"v":22570.544,"d":"22,570.54400"},{"v":22570.544,"d":"22,570.54400"},{"v":22570.544,"d":"22,570.54400"},{"v":22570.544,"d":"22,570.54400"},{"v":22570.544,"d":"22,570.54400"},0,0]
[null,null,{"$error":"#REF!"},{"$error":"#REF!"},{"$error":"#REF!"},{"$error":"#REF!"},null,{"v":0,"d":"0.00%"},{"v":0,"d":"0.00%"},{"v":0,"d":"0.00%"},{"v":0,"d":"0.00%"},{"v":0,"d":"0.00%"},{"v":0,"d":"0.00%"},{"v":0,"d":"0.00%"},{"v":0,"d":"0.00%"},{"v":0,"d":"0.00%"},{"v":0.2,"d":"20.00%"},{"v":0.2,"d":"20.00%"},{"v":0.2,"d":"20.00%"},{"v":0.2,"d":"20.00%"},{"v":0.2,"d":"20.00%"},{"v":0,"d":"0.00%"},{"v":0,"d":"0.00%"}]
[null,null,{"$error":"#REF!"},{"$error":"#REF!"},{"$error":"#REF!"},{"$error":"#REF!"},{"$nulls":10},{"v":0.2,"d":"20.00%"},{"v":0.2,"d":"20.00%"},{"v":0.2,"d":"20.00%"},{"v":0.2,"d":"20.00%"},{"v":0.2,"d":"20.00%"}]
[null,917,"RED SUBTERRANEA 3F EN MEDIA TENSION","u",{"v":338,"d":"338.00000"},{"v":65.09,"d":"$ 65.09000"},{"v":22000.420000000002,"d":"$ 22,000.42000"},0,0,0,0,0,0,0,0,0,{"v":4400.084000000001,"d":"4,400.08400"},{"v":4400.084000000001,"d":"4,400.08400"},{"v":4400.084000000001,"d":"4,400.08400"},{"v":4400.084000000001,"d":"4,400.08400"},{"v":4400.084000000001,"d":"4,400.08400"},0,0]
[null,null,{"$error":"#REF!"},{"$error":"#REF!"},{"$error":"#REF!"},{"$error":"#REF!"},null,{"v":0,"d":"0.00%"},{"v":0,"d":"0.00%"},{"v":0,"d":"0.00%"},{"v":0,"d":"0.00%"},{"v":0,"d":"0.00%"},{"v":0,"d":"0.00%"},{"v":0,"d":"0.00%"},{"v":0,"d":"0.00%"},{"v":0,"d":"0.00%"},{"v":0.2,"d":"20.00%"},{"v":0.2,"d":"20.00%"},{"v":0.2,"d":"20.00%"},{"v":0.2,"d":"20.00%"},{"v":0.2,"d":"20.00%"},{"v":0,"d":"0.00%"},{"v":0,"d":"0.00%"}]
[null,null,{"$error":"#REF!"},{"$error":"#REF!"},{"$error":"#REF!"},{"$error":"#REF!"},{"$nulls":10},{"v":0.2,"d":"20.00%"},{"v":0.2,"d":"20.00%"},{"v":0.2,"d":"20.00%"},{"v":0.2,"d":"20.00%"},{"v":0.2,"d":"20.00%"}]
[null,918,"TRANSFORMADOR 3F 150 KVA, TIPO PAD MOUNTED","u",{"v":1,"d":"1.00000"},{"v":12850.29,"d":"$ 12,850.29000"},{"v":12850.29,"d":"$ 12,850.29000"},0,0,0,0,0,0,0,0,0,{"v":2570.0580000000004,"d":"2,570.05800"},{"v":2570.0580000000004,"d":"2,570.05800"},{"v":2570.0580000000004,"d":"2,570.05800"},{"v":2570.0580000000004,"d":"2,570.05800"},{"v":2570.0580000000004,"d":"2,570.05800"},0,0]
[null,null,{"$error":"#REF!"},{"$error":"#REF!"},{"$error":"#REF!"},{"$error":"#REF!"},null,{"v":0,"d":"0.00%"},{"v":0,"d":"0.00%"},{"v":0,"d":"0.00%"},{"v":0,"d":"0.00%"},{"v":0,"d":"0.00%"},{"v":0,"d":"0.00%"},{"v":0,"d":"0.00%"},{"v":0,"d":"0.00%"},{"v":0,"d":"0.00%"},{"v":0.2,"d":"20.00%"},{"v":0.2,"d":"20.00%"},{"v":0.2,"d":"20.00%"},{"v":0.2,"d":"20.00%"},{"v":0.2,"d":"20.00%"},{"v":0,"d":"0.00%"},{"v":0,"d":"0.00%"}]
[null,null,{"$error":"#REF!"},{"$error":"#REF!"},{"$error":"#REF!"},{"$error":"#REF!"},{"$nulls":10},{"v":0.2,"d":"20.00%"},{"v":0.2,"d":"20.00%"},{"v":0.2,"d":"20.00%"},{"v":0.2,"d":"20.00%"},{"v":0.2,"d":"20.00%"}]
[null,919,"TRANSFORMADOR 3F 100 KVA, TIPO PAD MOUNTED","u",{"v":1,"d":"1.00000"},{"v":10621.89,"d":"$ 10,621.89000"},{"v":10621.89,"d":"$ 10,621.89000"},0,0,0,0,0,0,0,0,0,{"v":2124.378,"d":"2,124.37800"},{"v":2124.378,"d":"2,124.37800"},{"v":2124.378,"d":"2,124.37800"},{"v":2124.378,"d":"2,124.37800"},{"v":2124.378,"d":"2,124.37800"},0,0]
[null,null,{"$error":"#REF!"},{"$error":"#REF!"},{"$error":"#REF!"},{"$error":"#REF!"},null,{"v":0,"d":"0.00%"},{"v":0,"d":"0.00%"},{"v":0,"d":"0.00%"},{"v":0,"d":"0.00%"},{"v":0,"d":"0.00%"},{"v":0,"d":"0.00%"},{"v":0,"d":"0.00%"},{"v":0,"d":"0.00%"},{"v":0,"d":"0.00%"},{"v":0.2,"d":"20.00%"},{"v":0.2,"d":"20.00%"},{"v":0.2,"d":"20.00%"},{"v":0.2,"d":"20.00%"},{"v":0.2,"d":"20.00%"},{"v":0,"d":"0.00%"},{"v":0,"d":"0.00%"}]
[null,null,{"$error":"#REF!"},{"$error":"#REF!"},{"$error":"#REF!"},{"$error":"#REF!"},{"$nulls":10},{"v":0.2,"d":"20.00%"},{"v":0.2,"d":"20.00%"},{"v":0.2,"d":"20.00%"},{"v":0.2,"d":"20.00%"},{"v":0.2,"d":"20.00%"}]
[null,920,"MEDICION INDIRECTA EN BAJA TENSION 3F TC 600:5","u",{"v":2,"d":"2.00000"},{"v":1899.12,"d":"$ 1,899.12000"},{"v":3798.24,"d":"$ 3,798.24000"},0,0,0,0,0,0,0,0,0,{"v":759.648,"d":"759.64800"},{"v":759.648,"d":"759.64800"},{"v":759.648,"d":"759.64800"},{"v":759.648,"d":"759.64800"},{"v":759.648,"d":"759.64800"},0,0]
[null,null,{"$error":"#REF!"},{"$error":"#REF!"},{"$error":"#REF!"},{"$error":"#REF!"},null,{"v":0,"d":"0.00%"},{"v":0,"d":"0.00%"},{"v":0,"d":"0.00%"},{"v":0,"d":"0.00%"},{"v":0,"d":"0.00%"},{"v":0,"d":"0.00%"},{"v":0,"d":"0.00%"},{"v":0,"d":"0.00%"},{"v":0,"d":"0.00%"},{"v":0.2,"d":"20.00%"},{"v":0.2,"d":"20.00%"},{"v":0.2,"d":"20.00%"},{"v":0.2,"d":"20.00%"},{"v":0.2,"d":"20.00%"},{"v":0,"d":"0.00%"},{"v":0,"d":"0.00%"}]
[null,null,{"$error":"#REF!"},{"$error":"#REF!"},{"$error":"#REF!"},{"$error":"#REF!"},{"$nulls":10},{"v":0.2,"d":"20.00%"},{"v":0.2,"d":"20.00%"},{"v":0.2,"d":"20.00%"},{"v":0.2,"d":"20.00%"},{"v":0.2,"d":"20.00%"}]
[null,921,"MEDICION INDIRECTA EN BAJA TENSION 3F TC 400:5","u",{"v":2,"d":"2.00000"},{"v":1359.12,"d":"$ 1,359.12000"},{"v":2718.24,"d":"$ 2,718.24000"},0,0,0,0,0,0,0,0,0,{"v":543.648,"d":"543.64800"},{"v":543.648,"d":"543.64800"},{"v":543.648,"d":"543.64800"},{"v":543.648,"d":"543.64800"},{"v":543.648,"d":"543.64800"},0,0]
[null,null,{"$error":"#REF!"},{"$error":"#REF!"},{"$error":"#REF!"},{"$error":"#REF!"},null,{"v":0,"d":"0.00%"},{"v":0,"d":"0.00%"},{"v":0,"d":"0.00%"},{"v":0,"d":"0.00%"},{"v":0,"d":"0.00%"},{"v":0,"d":"0.00%"},{"v":0,"d":"0.00%"},{"v":0,"d":"0.00%"},{"v":0,"d":"0.00%"},{"v":0.2,"d":"20.00%"},{"v":0.2,"d":"20.00%"},{"v":0.2,"d":"20.00%"},{"v":0.2,"d":"20.00%"},{"v":0.2,"d":"20.00%"},{"v":0,"d":"0.00%"},{"v":0,"d":"0.00%"}]
[null,null,{"$error":"#REF!"},{"$error":"#REF!"},{"$error":"#REF!"},{"$error":"#REF!"},{"$nulls":10},{"v":0.2,"d":"20.00%"},{"v":0.2,"d":"20.00%"},{"v":0.2,"d":"20.00%"},{"v":0.2,"d":"20.00%"},{"v":0.2,"d":"20.00%"}]
[null,922,"GENERADOR 3F - 70 KVA/56KW CABINADO - 220 V","u",{"v":1,"d":"1.00000"},{"v":17187.42,"d":"$ 17,187.42000"},{"v":17187.42,"d":"$ 17,187.42000"},0,0,0,0,0,0,0,0,0,{"v":3437.484,"d":"3,437.48400"},{"v":3437.484,"d":"3,437.48400"},{"v":3437.484,"d":"3,437.48400"},{"v":3437.484,"d":"3,437.48400"},{"v":3437.484,"d":"3,437.48400"},0,0]
[null,null,{"$error":"#REF!"},{"$error":"#REF!"},{"$error":"#REF!"},{"$error":"#REF!"},null,{"v":0,"d":"0.00%"},{"v":0,"d":"0.00%"},{"v":0,"d":"0.00%"},{"v":0,"d":"0.00%"},{"v":0,"d":"0.00%"},{"v":0,"d":"0.00%"},{"v":0,"d":"0.00%"},{"v":0,"d":"0.00%"},{"v":0,"d":"0.00%"},{"v":0.2,"d":"20.00%"},{"v":0.2,"d":"20.00%"},{"v":0.2,"d":"20.00%"},{"v":0.2,"d":"20.00%"},{"v":0.2,"d":"20.00%"},{"v":0,"d":"0.00%"},{"v":0,"d":"0.00%"}]
[null,null,{"$error":"#REF!"},{"$error":"#REF!"},{"$error":"#REF!"},{"$error":"#REF!"},{"$nulls":10},{"v":0.2,"d":"20.00%"},{"v":0.2,"d":"20.00%"},{"v":0.2,"d":"20.00%"},{"v":0.2,"d":"20.00%"},{"v":0.2,"d":"20.00%"}]
[null,923,"TABLERO TRANSFERENCIA AUTOMATICA 250A (TTA)","u",{"v":1,"d":"1.00000"},{"v":3164.84,"d":"$ 3,164.84000"},{"v":3164.84,"d":"$ 3,164.84000"},0,0,0,0,0,0,0,0,0,{"v":632.9680000000001,"d":"632.96800"},{"v":632.9680000000001,"d":"632.96800"},{"v":632.9680000000001,"d":"632.96800"},{"v":632.9680000000001,"d":"632.96800"},{"v":632.9680000000001,"d":"632.96800"},0,0]
[null,null,{"$error":"#REF!"},{"$error":"#REF!"},{"$error":"#REF!"},{"$error":"#REF!"},null,{"v":0,"d":"0.00%"},{"v":0,"d":"0.00%"},{"v":0,"d":"0.00%"},{"v":0,"d":"0.00%"},{"v":0,"d":"0.00%"},{"v":0,"d":"0.00%"},{"v":0,"d":"0.00%"},{"v":0,"d":"0.00%"},{"v":0,"d":"0.00%"},{"v":0.2,"d":"20.00%"},{"v":0.2,"d":"20.00%"},{"v":0.2,"d":"20.00%"},{"v":0.2,"d":"20.00%"},{"v":0.2,"d":"20.00%"},{"v":0,"d":"0.00%"},{"v":0,"d":"0.00%"}]
[null,null,{"$error":"#REF!"},{"$error":"#REF!"},{"$error":"#REF!"},{"$error":"#REF!"},{"$nulls":10},{"v":0.2,"d":"20.00%"},{"v":0.2,"d":"20.00%"},{"v":0.2,"d":"20.00%"},{"v":0.2,"d":"20.00%"},{"v":0.2,"d":"20.00%"}]
[null,924,"RED SUBTERRANEA 3F EN BAJA TENSION A TDG-01","u",{"v":10,"d":"10.00000"},{"v":254.64,"d":"$ 254.64000"},{"v":2546.3999999999996,"d":"$ 2,546.40000"},0,0,0,0,0,0,0,0,0,{"v":509.28,"d":"509.28000"},{"v":509.28,"d":"509.28000"},{"v":509.28,"d":"509.28000"},{"v":509.28,"d":"509.28000"},{"v":509.28,"d":"509.28000"},0,0]
[null,null,{"$error":"#REF!"},{"$error":"#REF!"},{"$error":"#REF!"},{"$error":"#REF!"},null,{"v":0,"d":"0.00%"},{"v":0,"d":"0.00%"},{"v":0,"d":"0.00%"},{"v":0,"d":"0.00%"},{"v":0,"d":"0.00%"},{"v":0,"d":"0.00%"},{"v":0,"d":"0.00%"},{"v":0,"d":"0.00%"},{"v":0,"d":"0.00%"},{"v":0.2,"d":"20.00%"},{"v":0.2,"d":"20.00%"},{"v":0.2,"d":"20.00%"},{"v":0.2,"d":"20.00%"},{"v":0.2,"d":"20.00%"},{"v":0,"d":"0.00%"},{"v":0,"d":"0.00%"}]
[null,null,{"$error":"#REF!"},{"$error":"#REF!"},{"$error":"#REF!"},{"$error":"#REF!"},{"$nulls":10},{"v":0.2,"d":"20.00%"},{"v":0.2,"d":"20.00%"},{"v":0.2,"d":"20.00%"},{"v":0.2,"d":"20.00%"},{"v":0.2,"d":"20.00%"}]
[null,925,"RED SUBTERRANEA 3F EN BAJA TENSION A TDG-02","u",{"v":15,"d":"15.00000"},{"v":218.04,"d":"$ 218.04000"},{"v":3270.6,"d":"$ 3,270.60000"},0,0,0,0,0,0,0,0,0,{"v":654.12,"d":"654.12000"},{"v":654.12,"d":"654.12000"},{"v":654.12,"d":"654.12000"},{"v":654.12,"d":"654.12000"},{"v":654.12,"d":"654.12000"},0,0]
[null,null,{"$error":"#REF!"},{"$error":"#REF!"},{"$error":"#REF!"},{"$error":"#REF!"},null,{"v":0,"d":"0.00%"},{"v":0,"d":"0.00%"},{"v":0,"d":"0.00%"},{"v":0,"d":"0.00%"},{"v":0,"d":"0.00%"},{"v":0,"d":"0.00%"},{"v":0,"d":"0.00%"},{"v":0,"d":"0.00%"},{"v":0,"d":"0.00%"},{"v":0.2,"d":"20.00%"},{"v":0.2,"d":"20.00%"},{"v":0.2,"d":"20.00%"},{"v":0.2,"d":"20.00%"},{"v":0.2,"d":"20.00%"},{"v":0,"d":"0.00%"},{"v":0,"d":"0.00%"}]
[null,null,{"$error":"#REF!"},{"$error":"#REF!"},{"$error":"#REF!"},{"$error":"#REF!"},{"$nulls":10},{"v":0.2,"d":"20.00%"},{"v":0.2,"d":"20.00%"},{"v":0.2,"d":"20.00%"},{"v":0.2,"d":"20.00%"},{"v":0.2,"d":"20.00%"}]
[null,926,"TABLERO DISTRIBUCION GENERAL FASE 1A (TDG-01)","u",{"v":1,"d":"1.00000"},{"v":3582.39,"d":"$ 3,582.39000"},{"v":3582.39,"d":"$ 3,582.39000"},0,0,0,0,0,0,0,0,0,{"v":716.4780000000001,"d":"716.47800"},{"v":716.4780000000001,"d":"716.47800"},{"v":716.4780000000001,"d":"716.47800"},{"v":716.4780000000001,"d":"716.47800"},{"v":716.4780000000001,"d":"716.47800"},0,0]
[null,null,{"$error":"#REF!"},{"$error":"#REF!"},{"$error":"#REF!"},{"$error":"#REF!"},null,{"v":0,"d":"0.00%"},{"v":0,"d":"0.00%"},{"v":0,"d":"0.00%"},{"v":0,"d":"0.00%"},{"v":0,"d":"0.00%"},{"v":0,"d":"0.00%"},{"v":0,"d":"0.00%"},{"v":0,"d":"0.00%"},{"v":0,"d":"0.00%"},{"v":0.2,"d":"20.00%"},{"v":0.2,"d":"20.00%"},{"v":0.2,"d":"20.00%"},{"v":0.2,"d":"20.00%"},{"v":0.2,"d":"20.00%"},{"v":0,"d":"0.00%"},{"v":0,"d":"0.00%"}]
[null,null,{"$error":"#REF!"},{"$error":"#REF!"},{"$error":"#REF!"},{"$error":"#REF!"},{"$nulls":10},{"v":0.2,"d":"20.00%"},{"v":0.2,"d":"20.00%"},{"v":0.2,"d":"20.00%"},{"v":0.2,"d":"20.00%"},{"v":0.2,"d":"20.00%"}]
[null,927,"TABLERO DISTRIBUCION GENERAL FASE 1B (TDG-02)","u",{"v":1,"d":"1.00000"},{"v":3516.63,"d":"$ 3,516.63000"},{"v":3516.63,"d":"$ 3,516.63000"},0,0,0,0,0,0,0,0,0,{"v":703.326,"d":"703.32600"},{"v":703.326,"d":"703.32600"},{"v":703.326,"d":"703.32600"},{"v":703.326,"d":"703.32600"},{"v":703.326,"d":"703.32600"},0,0]
[null,null,{"$error":"#REF!"},{"$error":"#REF!"},{"$error":"#REF!"},{"$error":"#REF!"},null,{"v":0,"d":"0.00%"},{"v":0,"d":"0.00%"},{"v":0,"d":"0.00%"},{"v":0,"d":"0.00%"},{"v":0,"d":"0.00%"},{"v":0,"d":"0.00%"},{"v":0,"d":"0.00%"},{"v":0,"d":"0.00%"},{"v":0,"d":"0.00%"},{"v":0.2,"d":"20.00%"},{"v":0.2,"d":"20.00%"},{"v":0.2,"d":"20.00%"},{"v":0.2,"d":"20.00%"},{"v":0.2,"d":"20.00%"},{"v":0,"d":"0.00%"},{"v":0,"d":"0.00%"}]
[null,null,{"$error":"#REF!"},{"$error":"#REF!"},{"$error":"#REF!"},{"$error":"#REF!"},{"$nulls":10},{"v":0.2,"d":"20.00%"},{"v":0.2,"d":"20.00%"},{"v":0.2,"d":"20.00%"},{"v":0.2,"d":"20.00%"},{"v":0.2,"d":"20.00%"}]
[null,928,"TABLERO DISTRIBUCION EMERGENCIA (TDE)","u",{"v":1,"d":"1.00000"},{"v":2090.07,"d":"$ 2,090.07000"},{"v":2090.07,"d":"$ 2,090.07000"},0,0,0,0,0,0,0,0,0,{"v":418.01400000000007,"d":"418.01400"},{"v":418.01400000000007,"d":"418.01400"},{"v":418.01400000000007,"d":"418.01400"},{"v":418.01400000000007,"d":"418.01400"},{"v":418.01400000000007,"d":"418.01400"},0,0]
[null,null,{"$error":"#REF!"},{"$error":"#REF!"},{"$error":"#REF!"},{"$error":"#REF!"},null,{"v":0,"d":"0.00%"},{"v":0,"d":"0.00%"},{"v":0,"d":"0.00%"},{"v":0,"d":"0.00%"},{"v":0,"d":"0.00%"},{"v":0,"d":"0.00%"},{"v":0,"d":"0.00%"},{"v":0,"d":"0.00%"},{"v":0,"d":"0.00%"},{"v":0.2,"d":"20.00%"},{"v":0.2,"d":"20.00%"},{"v":0.2,"d":"20.00%"},{"v":0.2,"d":"20.00%"},{"v":0.2,"d":"20.00%"},{"v":0,"d":"0.00%"},{"v":0,"d":"0.00%"}]
[null,null,{"$error":"#REF!"},{"$error":"#REF!"},{"$error":"#REF!"},{"$error":"#REF!"},{"$nulls":10},{"v":0.2,"d":"20.00%"},{"v":0.2,"d":"20.00%"},{"v":0.2,"d":"20.00%"},{"v":0.2,"d":"20.00%"},{"v":0.2,"d":"20.00%"}]
[null,929,"SISTEMA DE ATERRIZAMIENTO (MALLA Y ELECTRODO)","u",{"v":2,"d":"2.00000"},{"v":2011.42,"d":"$ 2,011.42000"},{"v":4022.84,"d":"$ 4,022.84000"},0,0,0,0,0,0,0,0,0,{"v":804.5680000000001,"d":"804.56800"},{"v":804.5680000000001,"d":"804.56800"},{"v":804.5680000000001,"d":"804.56800"},{"v":804.5680000000001,"d":"804.56800"},{"v":804.5680000000001,"d":"804.56800"},0,0]
[null,null,{"$error":"#REF!"},{"$error":"#REF!"},{"$error":"#REF!"},{"$error":"#REF!"},null,{"v":0,"d":"0.00%"},{"v":0,"d":"0.00%"},{"v":0,"d":"0.00%"},{"v":0,"d":"0.00%"},{"v":0,"d":"0.00%"},{"v":0,"d":"0.00%"},{"v":0,"d":"0.00%"},{"v":0,"d":"0.00%"},{"v":0,"d":"0.00%"},{"v":0.2,"d":"20.00%"},{"v":0.2,"d":"20.00%"},{"v":0.2,"d":"20.00%"},{"v":0.2,"d":"20.00%"},{"v":0.2,"d":"20.00%"},{"v":0,"d":"0.00%"},{"v":0,"d":"0.00%"}]
[null,null,{"$error":"#REF!"},{"$error":"#REF!"},{"$error":"#REF!"},{"$error":"#REF!"},{"$nulls":10},{"v":0.2,"d":"20.00%"},{"v":0.2,"d":"20.00%"},{"v":0.2,"d":"20.00%"},{"v":0.2,"d":"20.00%"},{"v":0.2,"d":"20.00%"}]
[null,930,"CAJA DE REVISION ELECTRICA 0.60x0.60x0.60m","u",{"v":42,"d":"42.00000"},{"v":437.73,"d":"$ 437.73000"},{"v":18384.66,"d":"$ 18,384.66000"},0,0,0,0,0,0,0,0,0,{"v":3676.9320000000002,"d":"3,676.93200"},{"v":3676.9320000000002,"d":"3,676.93200"},{"v":3676.9320000000002,"d":"3,676.93200"},{"v":3676.9320000000002,"d":"3,676.93200"},{"v":3676.9320000000002,"d":"3,676.93200"},0,0]
[null,null,{"$error":"#REF!"},{"$error":"#REF!"},{"$error":"#REF!"},{"$error":"#REF!"},null,{"v":0,"d":"0.00%"},{"v":0,"d":"0.00%"},{"v":0,"d":"0.00%"},{"v":0,"d":"0.00%"},{"v":0,"d":"0.00%"},{"v":0,"d":"0.00%"},{"v":0,"d":"0.00%"},{"v":0,"d":"0.00%"},{"v":0,"d":"0.00%"},{"v":0.2,"d":"20.00%"},{"v":0.2,"d":"20.00%"},{"v":0.2,"d":"20.00%"},{"v":0.2,"d":"20.00%"},{"v":0.2,"d":"20.00%"},{"v":0,"d":"0.00%"},{"v":0,"d":"0.00%"}]
[null,null,{"$error":"#REF!"},{"$error":"#REF!"},{"$error":"#REF!"},{"$error":"#REF!"},{"$nulls":10},{"v":0.2,"d":"20.00%"},{"v":0.2,"d":"20.00%"},{"v":0.2,"d":"20.00%"},{"v":0.2,"d":"20.00%"},{"v":0.2,"d":"20.00%"}]
[null,931,"CAJA DE REVISION ELECTRICA 0.40x0.40x0.40m","u",{"v":12,"d":"12.00000"},{"v":283.33,"d":"$ 283.33000"},{"v":3399.96,"d":"$ 3,399.96000"},0,0,0,0,0,0,0,0,0,{"v":679.9920000000001,"d":"679.99200"},{"v":679.9920000000001,"d":"679.99200"},{"v":679.9920000000001,"d":"679.99200"},{"v":679.9920000000001,"d":"679.99200"},{"v":679.9920000000001,"d":"679.99200"},0,0]
[null,null,{"$error":"#REF!"},{"$error":"#REF!"},{"$error":"#REF!"},{"$error":"#REF!"},null,{"v":0,"d":"0.00%"},{"v":0,"d":"0.00%"},{"v":0,"d":"0.00%"},{"v":0,"d":"0.00%"},{"v":0,"d":"0.00%"},{"v":0,"d":"0.00%"},{"v":0,"d":"0.00%"},{"v":0,"d":"0.00%"},{"v":0,"d":"0.00%"},{"v":0.2,"d":"20.00%"},{"v":0.2,"d":"20.00%"},{"v":0.2,"d":"20.00%"},{"v":0.2,"d":"20.00%"},{"v":0.2,"d":"20.00%"},{"v":0,"d":"0.00%"},{"v":0,"d":"0.00%"}]
[null,null,{"$error":"#REF!"},{"$error":"#REF!"},{"$error":"#REF!"},{"$error":"#REF!"},{"$nulls":10},{"v":0.2,"d":"20.00%"},{"v":0.2,"d":"20.00%"},{"v":0.2,"d":"20.00%"},{"v":0.2,"d":"20.00%"},{"v":0.2,"d":"20.00%"}]
[null,932,"CANALIZACION BATERIA 6 X 4\" PVC PESADO","m",{"v":66,"d":"66.00000"},{"v":141.53,"d":"$ 141.53000"},{"v":9340.98,"d":"$ 9,340.98000"},0,0,0,0,0,0,0,0,0,{"v":1868.196,"d":"1,868.19600"},{"v":1868.196,"d":"1,868.19600"},{"v":1868.196,"d":"1,868.19600"},{"v":1868.196,"d":"1,868.19600"},{"v":1868.196,"d":"1,868.19600"},0,0]
[null,null,{"$error":"#REF!"},{"$error":"#REF!"},{"$error":"#REF!"},{"$error":"#REF!"},null,{"v":0,"d":"0.00%"},{"v":0,"d":"0.00%"},{"v":0,"d":"0.00%"},{"v":0,"d":"0.00%"},{"v":0,"d":"0.00%"},{"v":0,"d":"0.00%"},{"v":0,"d":"0.00%"},{"v":0,"d":"0.00%"},{"v":0,"d":"0.00%"},{"v":0.2,"d":"20.00%"},{"v":0.2,"d":"20.00%"},{"v":0.2,"d":"20.00%"},{"v":0.2,"d":"20.00%"},{"v":0.2,"d":"20.00%"},{"v":0,"d":"0.00%"},{"v":0,"d":"0.00%"}]
[null,null,{"$error":"#REF!"},{"$error":"#REF!"},{"$error":"#REF!"},{"$error":"#REF!"},{"$nulls":10},{"v":0.2,"d":"20.00%"},{"v":0.2,"d":"20.00%"},{"v":0.2,"d":"20.00%"},{"v":0.2,"d":"20.00%"},{"v":0.2,"d":"20.00%"}]
[null,933,"CANALIZACION BATERIA 4 x 4\" PVC PESADO","m",{"v":350,"d":"350.00000"},{"v":69.92,"d":"$ 69.92000"},{"v":24472,"d":"$ 24,472.00000"},0,0,0,0,0,0,0,0,0,{"v":4894.400000000001,"d":"4,894.40000"},{"v":4894.400000000001,"d":"4,894.40000"},{"v":4894.400000000001,"d":"4,894.40000"},{"v":4894.400000000001,"d":"4,894.40000"},{"v":4894.400000000001,"d":"4,894.40000"},0,0]
[null,null,{"$error":"#REF!"},{"$error":"#REF!"},{"$error":"#REF!"},{"$error":"#REF!"},null,{"v":0,"d":"0.00%"},{"v":0,"d":"0.00%"},{"v":0,"d":"0.00%"},{"v":0,"d":"0.00%"},{"v":0,"d":"0.00%"},{"v":0,"d":"0.00%"},{"v":0,"d":"0.00%"},{"v":0,"d":"0.00%"},{"v":0,"d":"0.00%"},{"v":0.2,"d":"20.00%"},{"v":0.2,"d":"20.00%"},{"v":0.2,"d":"20.00%"},{"v":0.2,"d":"20.00%"},{"v":0.2,"d":"20.00%"},{"v":0,"d":"0.00%"},{"v":0,"d":"0.00%"}]
[null,null,{"$error":"#REF!"},{"$error":"#REF!"},{"$error":"#REF!"},{"$error":"#REF!"},{"$nulls":10},{"v":0.2,"d":"20.00%"},{"v":0.2,"d":"20.00%"},{"v":0.2,"d":"20.00%"},{"v":0.2,"d":"20.00%"},{"v":0.2,"d":"20.00%"}]
[null,934,"CANALIZACION BATERIA 2 x 4\" PVC PESADO","m",{"v":70,"d":"70.00000"},{"v":45.8,"d":"$ 45.80000"},{"v":3206,"d":"$ 3,206.00000"},0,0,0,0,0,0,0,0,0,{"v":641.2,"d":"641.20000"},{"v":641.2,"d":"641.20000"},{"v":641.2,"d":"641.20000"},{"v":641.2,"d":"641.20000"},{"v":641.2,"d":"641.20000"},0,0]
[null,null,{"$error":"#REF!"},{"$error":"#REF!"},{"$error":"#REF!"},{"$error":"#REF!"},null,{"v":0,"d":"0.00%"},{"v":0,"d":"0.00%"},{"v":0,"d":"0.00%"},{"v":0,"d":"0.00%"},{"v":0,"d":"0.00%"},{"v":0,"d":"0.00%"},{"v":0,"d":"0.00%"},{"v":0,"d":"0.00%"},{"v":0,"d":"0.00%"},{"v":0.2,"d":"20.00%"},{"v":0.2,"d":"20.00%"},{"v":0.2,"d":"20.00%"},{"v":0.2,"d":"20.00%"},{"v":0.2,"d":"20.00%"},{"v":0,"d":"0.00%"},{"v":0,"d":"0.00%"}]
[null,null,{"$error":"#REF!"},{"$error":"#REF!"},{"$error":"#REF!"},{"$error":"#REF!"},{"$nulls":10},{"v":0.2,"d":"20.00%"},{"v":0.2,"d":"20.00%"},{"v":0.2,"d":"20.00%"},{"v":0.2,"d":"20.00%"},{"v":0.2,"d":"20.00%"}]
[null,935,"CANALIZACION BATERIA 2 x 4\" PVC CORRUGADO","m",{"v":24,"d":"24.00000"},{"v":45.8,"d":"$ 45.80000"},{"v":1099.1999999999998,"d":"$ 1,099.20000"},0,0,0,0,0,0,0,0,0,{"v":219.83999999999997,"d":"219.84000"},{"v":219.83999999999997,"d":"219.84000"},{"v":219.83999999999997,"d":"219.84000"},{"v":219.83999999999997,"d":"219.84000"},{"v":219.83999999999997,"d":"219.84000"},0,0]
[null,null,{"$error":"#REF!"},{"$error":"#REF!"},{"$error":"#REF!"},{"$error":"#REF!"},null,{"v":0,"d":"0.00%"},{"v":0,"d":"0.00%"},{"v":0,"d":"0.00%"},{"v":0,"d":"0.00%"},{"v":0,"d":"0.00%"},{"v":0,"d":"0.00%"},{"v":0,"d":"0.00%"},{"v":0,"d":"0.00%"},{"v":0,"d":"0.00%"},{"v":0.2,"d":"20.00%"},{"v":0.2,"d":"20.00%"},{"v":0.2,"d":"20.00%"},{"v":0.2,"d":"20.00%"},{"v":0.2,"d":"20.00%"},{"v":0,"d":"0.00%"},{"v":0,"d":"0.00%"}]
[null,null,{"$error":"#REF!"},{"$error":"#REF!"},{"$error":"#REF!"},{"$error":"#REF!"},{"$nulls":10},{"v":0.2,"d":"20.00%"},{"v":0.2,"d":"20.00%"},{"v":0.2,"d":"20.00%"},{"v":0.2,"d":"20.00%"},{"v":0.2,"d":"20.00%"}]
[null,936,"CANALIZACION  4 x 4\" PVC PESADO + 4x4\" MET. RIGIDO","m",{"v":15,"d":"15.00000"},{"v":291.37,"d":"$ 291.37000"},{"v":4370.55,"d":"$ 4,370.55000"},0,0,0,0,0,0,0,0,0,{"v":874.1100000000001,"d":"874.11000"},{"v":874.1100000000001,"d":"874.11000"},{"v":874.1100000000001,"d":"874.11000"},{"v":874.1100000000001,"d":"874.11000"},{"v":874.1100000000001,"d":"874.11000"},0,0]
[null,null,{"$error":"#REF!"},{"$error":"#REF!"},{"$error":"#REF!"},{"$error":"#REF!"},null,{"v":0,"d":"0.00%"},{"v":0,"d":"0.00%"},{"v":0,"d":"0.00%"},{"v":0,"d":"0.00%"},{"v":0,"d":"0.00%"},{"v":0,"d":"0.00%"},{"v":0,"d":"0.00%"},{"v":0,"d":"0.00%"},{"v":0,"d":"0.00%"},{"v":0.2,"d":"20.00%"},{"v":0.2,"d":"20.00%"},{"v":0.2,"d":"20.00%"},{"v":0.2,"d":"20.00%"},{"v":0.2,"d":"20.00%"},{"v":0,"d":"0.00%"},{"v":0,"d":"0.00%"}]
[null,null,{"$error":"#REF!"},{"$error":"#REF!"},{"$error":"#REF!"},{"$error":"#REF!"},{"$nulls":10},{"v":0.2,"d":"20.00%"},{"v":0.2,"d":"20.00%"},{"v":0.2,"d":"20.00%"},{"v":0.2,"d":"20.00%"},{"v":0.2,"d":"20.00%"}]
[null,937,"CANALIZACION 4 x 4\" PVC PESADO + 3x 4\" MET. RIGIDO","m",{"v":39,"d":"39.00000"},{"v":205.8,"d":"$ 205.80000"},{"v":8026.200000000001,"d":"$ 8,026.20000"},0,0,0,0,0,0,0,0,0,{"v":1605.2400000000002,"d":"1,605.24000"},{"v":1605.2400000000002,"d":"1,605.24000"},{"v":1605.2400000000002,"d":"1,605.24000"},{"v":1605.2400000000002,"d":"1,605.24000"},{"v":1605.2400000000002,"d":"1,605.24000"},0,0]
[null,null,{"$error":"#REF!"},{"$error":"#REF!"},{"$error":"#REF!"},{"$error":"#REF!"},null,{"v":0,"d":"0.00%"},{"v":0,"d":"0.00%"},{"v":0,"d":"0.00%"},{"v":0,"d":"0.00%"},{"v":0,"d":"0.00%"},{"v":0,"d":"0.00%"},{"v":0,"d":"0.00%"},{"v":0,"d":"0.00%"},{"v":0,"d":"0.00%"},{"v":0.2,"d":"20.00%"},{"v":0.2,"d":"20.00%"},{"v":0.2,"d":"20.00%"},{"v":0.2,"d":"20.00%"},{"v":0.2,"d":"20.00%"},{"v":0,"d":"0.00%"},{"v":0,"d":"0.00%"}]
[null,null,{"$error":"#REF!"},{"$error":"#REF!"},{"$error":"#REF!"},{"$error":"#REF!"},{"$nulls":10},{"v":0.2,"d":"20.00%"},{"v":0.2,"d":"20.00%"},{"v":0.2,"d":"20.00%"},{"v":0.2,"d":"20.00%"},{"v":0.2,"d":"20.00%"}]
[null,938,"CANALIZACION 4 x 4\" PVC PESADO + 2x4\" MET. RIGIDO","m",{"v":87,"d":"87.00000"},{"v":161.05,"d":"$ 161.05000"},{"v":14011.35,"d":"$ 14,011.35000"},0,0,0,0,0,0,0,0,0,{"v":2802.2700000000004,"d":"2,802.27000"},{"v":2802.2700000000004,"d":"2,802.27000"},{"v":2802.2700000000004,"d":"2,802.27000"},{"v":2802.2700000000004,"d":"2,802.27000"},{"v":2802.2700000000004,"d":"2,802.27000"},0,0]
[null,null,{"$error":"#REF!"},{"$error":"#REF!"},{"$error":"#REF!"},{"$error":"#REF!"},null,{"v":0,"d":"0.00%"},{"v":0,"d":"0.00%"},{"v":0,"d":"0.00%"},{"v":0,"d":"0.00%"},{"v":0,"d":"0.00%"},{"v":0,"d":"0.00%"},{"v":0,"d":"0.00%"},{"v":0,"d":"0.00%"},{"v":0,"d":"0.00%"},{"v":0.2,"d":"20.00%"},{"v":0.2,"d":"20.00%"},{"v":0.2,"d":"20.00%"},{"v":0.2,"d":"20.00%"},{"v":0.2,"d":"20.00%"},{"v":0,"d":"0.00%"},{"v":0,"d":"0.00%"}]
[null,null,{"$error":"#REF!"},{"$error":"#REF!"},{"$error":"#REF!"},{"$error":"#REF!"},{"$nulls":10},{"v":0.2,"d":"20.00%"},{"v":0.2,"d":"20.00%"},{"v":0.2,"d":"20.00%"},{"v":0.2,"d":"20.00%"},{"v":0.2,"d":"20.00%"}]
[null,939,"CANALIZACION 2 x 4\" PVC PESADO + 2x4\" MET. RIGIDO","m",{"v":25,"d":"25.00000"},{"v":125.92,"d":"$ 125.92000"},{"v":3148,"d":"$ 3,148.00000"},0,0,0,0,0,0,0,0,0,{"v":629.6,"d":"629.60000"},{"v":629.6,"d":"629.60000"},{"v":629.6,"d":"629.60000"},{"v":629.6,"d":"629.60000"},{"v":629.6,"d":"629.60000"},0,0]
[null,null,{"$error":"#REF!"},{"$error":"#REF!"},{"$error":"#REF!"},{"$error":"#REF!"},null,{"v":0,"d":"0.00%"},{"v":0,"d":"0.00%"},{"v":0,"d":"0.00%"},{"v":0,"d":"0.00%"},{"v":0,"d":"0.00%"},{"v":0,"d":"0.00%"},{"v":0,"d":"0.00%"},{"v":0,"d":"0.00%"},{"v":0,"d":"0.00%"},{"v":0.2,"d":"20.00%"},{"v":0.2,"d":"20.00%"},{"v":0.2,"d":"20.00%"},{"v":0.2,"d":"20.00%"},{"v":0.2,"d":"20.00%"},{"v":0,"d":"0.00%"},{"v":0,"d":"0.00%"}]
[null,null,{"$error":"#REF!"},{"$error":"#REF!"},{"$error":"#REF!"},{"$error":"#REF!"},{"$nulls":10},{"v":0.2,"d":"20.00%"},{"v":0.2,"d":"20.00%"},{"v":0.2,"d":"20.00%"},{"v":0.2,"d":"20.00%"},{"v":0.2,"d":"20.00%"}]
[null,940,"CANALIZACION 2 x 4\" MET. RIGIDO","m",{"v":28,"d":"28.00000"},{"v":102.16,"d":"$ 102.16000"},{"v":2860.48,"d":"$ 2,860.48000"},0,0,0,0,0,0,0,0,0,{"v":572.096,"d":"572.09600"},{"v":572.096,"d":"572.09600"},{"v":572.096,"d":"572.09600"},{"v":572.096,"d":"572.09600"},{"v":572.096,"d":"572.09600"},0,0]
[null,null,{"$error":"#REF!"},{"$error":"#REF!"},{"$error":"#REF!"},{"$error":"#REF!"},null,{"v":0,"d":"0.00%"},{"v":0,"d":"0.00%"},{"v":0,"d":"0.00%"},{"v":0,"d":"0.00%"},{"v":0,"d":"0.00%"},{"v":0,"d":"0.00%"},{"v":0,"d":"0.00%"},{"v":0,"d":"0.00%"},{"v":0,"d":"0.00%"},{"v":0.2,"d":"20.00%"},{"v":0.2,"d":"20.00%"},{"v":0.2,"d":"20.00%"},{"v":0.2,"d":"20.00%"},{"v":0.2,"d":"20.00%"},{"v":0,"d":"0.00%"},{"v":0,"d":"0.00%"}]
[null,null,{"$error":"#REF!"},{"$error":"#REF!"},{"$error":"#REF!"},{"$error":"#REF!"},{"$nulls":10},{"v":0.2,"d":"20.00%"},{"v":0.2,"d":"20.00%"},{"v":0.2,"d":"20.00%"},{"v":0.2,"d":"20.00%"},{"v":0.2,"d":"20.00%"}]
[null,941,"ALIMENTADOR AWG-THHN-CU: 3NO.250 + 1NO.4/0 + TNO.2/0","m",{"v":15,"d":"15.00000"},{"v":114.32,"d":"$ 114.32000"},{"v":1714.8,"d":"$ 1,714.80000"},0,0,0,0,0,0,0,0,0,{"v":342.96000000000004,"d":"342.96000"},{"v":342.96000000000004,"d":"342.96000"},{"v":342.96000000000004,"d":"342.96000"},{"v":342.96000000000004,"d":"342.96000"},{"v":342.96000000000004,"d":"342.96000"},0,0]
[null,null,{"$error":"#REF!"},{"$error":"#REF!"},{"$error":"#REF!"},{"$error":"#REF!"},null,{"v":0,"d":"0.00%"},{"v":0,"d":"0.00%"},{"v":0,"d":"0.00%"},{"v":0,"d":"0.00%"},{"v":0,"d":"0.00%"},{"v":0,"d":"0.00%"},{"v":0,"d":"0.00%"},{"v":0,"d":"0.00%"},{"v":0,"d":"0.00%"},{"v":0.2,"d":"20.00%"},{"v":0.2,"d":"20.00%"},{"v":0.2,"d":"20.00%"},{"v":0.2,"d":"20.00%"},{"v":0.2,"d":"20.00%"},{"v":0,"d":"0.00%"},{"v":0,"d":"0.00%"}]
[null,null,{"$error":"#REF!"},{"$error":"#REF!"},{"$error":"#REF!"},{"$error":"#REF!"},{"$nulls":10},{"v":0.2,"d":"20.00%"},{"v":0.2,"d":"20.00%"},{"v":0.2,"d":"20.00%"},{"v":0.2,"d":"20.00%"},{"v":0.2,"d":"20.00%"}]
[null,942,"ALIMENTADOR AWG-THHN-CU: 3 NO. 4/0 + 1 NO. 2/0 + T NO. 2","m",{"v":20,"d":"20.00000"},{"v":104.42,"d":"$ 104.42000"},{"v":2088.4,"d":"$ 2,088.40000"},0,0,0,0,0,0,0,0,0,{"v":417.68000000000006,"d":"417.68000"},{"v":417.68000000000006,"d":"417.68000"},{"v":417.68000000000006,"d":"417.68000"},{"v":417.68000000000006,"d":"417.68000"},{"v":417.68000000000006,"d":"417.68000"},0,0]
[null,null,{"$error":"#REF!"},{"$error":"#REF!"},{"$error":"#REF!"},{"$error":"#REF!"},null,{"v":0,"d":"0.00%"},{"v":0,"d":"0.00%"},{"v":0,"d":"0.00%"},{"v":0,"d":"0.00%"},{"v":0,"d":"0.00%"},{"v":0,"d":"0.00%"},{"v":0,"d":"0.00%"},{"v":0,"d":"0.00%"},{"v":0,"d":"0.00%"},{"v":0.2,"d":"20.00%"},{"v":0.2,"d":"20.00%"},{"v":0.2,"d":"20.00%"},{"v":0.2,"d":"20.00%"},{"v":0.2,"d":"20.00%"},{"v":0,"d":"0.00%"},{"v":0,"d":"0.00%"}]
[null,null,{"$error":"#REF!"},{"$error":"#REF!"},{"$error":"#REF!"},{"$error":"#REF!"},{"$nulls":10},{"v":0.2,"d":"20.00%"},{"v":0.2,"d":"20.00%"},{"v":0.2,"d":"20.00%"},{"v":0.2,"d":"20.00%"},{"v":0.2,"d":"20.00%"}]
[null,943,"ALIMENTADOR AWG-THHN-CU: 3 NO. 1/0 + 1 NO. 2 + T NO. 4","m",{"v":432,"d":"432.00000"},{"v":55.75,"d":"$ 55.75000"},{"v":24084,"d":"$ 24,084.00000"},0,0,0,0,0,0,0,0,0,{"v":4816.8,"d":"4,816.80000"},{"v":4816.8,"d":"4,816.80000"},{"v":4816.8,"d":"4,816.80000"},{"v":4816.8,"d":"4,816.80000"},{"v":4816.8,"d":"4,816.80000"},0,0]
[null,null,{"$error":"#REF!"},{"$error":"#REF!"},{"$error":"#REF!"},{"$error":"#REF!"},null,{"v":0,"d":"0.00%"},{"v":0,"d":"0.00%"},{"v":0,"d":"0.00%"},{"v":0,"d":"0.00%"},{"v":0,"d":"0.00%"},{"v":0,"d":"0.00%"},{"v":0,"d":"0.00%"},{"v":0,"d":"0.00%"},{"v":0,"d":"0.00%"},{"v":0.2,"d":"20.00%"},{"v":0.2,"d":"20.00%"},{"v":0.2,"d":"20.00%"},{"v":0.2,"d":"20.00%"},{"v":0.2,"d":"20.00%"},{"v":0,"d":"0.00%"},{"v":0,"d":"0.00%"}]
[null,null,{"$error":"#REF!"},{"$error":"#REF!"},{"$error":"#REF!"},{"$error":"#REF!"},{"$nulls":10},{"v":0.2,"d":"20.00%"},{"v":0.2,"d":"20.00%"},{"v":0.2,"d":"20.00%"},{"v":0.2,"d":"20.00%"},{"v":0.2,"d":"20.00%"}]
[null,944,"ALIMENTADOR AWG-THHN-CU: 3 NO.2 + 1 NO.4 + T NO.6","m",{"v":210,"d":"210.00000"},{"v":44.35,"d":"$ 44.35000"},{"v":9313.5,"d":"$ 9,313.50000"},0,0,0,0,0,0,0,0,0,{"v":1862.7,"d":"1,862.70000"},{"v":1862.7,"d":"1,862.70000"},{"v":1862.7,"d":"1,862.70000"},{"v":1862.7,"d":"1,862.70000"},{"v":1862.7,"d":"1,862.70000"},0,0]
[null,null,{"$error":"#REF!"},{"$error":"#REF!"},{"$error":"#REF!"},{"$error":"#REF!"},null,{"v":0,"d":"0.00%"},{"v":0,"d":"0.00%"},{"v":0,"d":"0.00%"},{"v":0,"d":"0.00%"},{"v":0,"d":"0.00%"},{"v":0,"d":"0.00%"},{"v":0,"d":"0.00%"},{"v":0,"d":"0.00%"},{"v":0,"d":"0.00%"},{"v":0.2,"d":"20.00%"},{"v":0.2,"d":"20.00%"},{"v":0.2,"d":"20.00%"},{"v":0.2,"d":"20.00%"},{"v":0.2,"d":"20.00%"},{"v":0,"d":"0.00%"},{"v":0,"d":"0.00%"}]
[null,null,{"$error":"#REF!"},{"$error":"#REF!"},{"$error":"#REF!"},{"$error":"#REF!"},{"$nulls":10},{"v":0.2,"d":"20.00%"},{"v":0.2,"d":"20.00%"},{"v":0.2,"d":"20.00%"},{"v":0.2,"d":"20.00%"},{"v":0.2,"d":"20.00%"}]
[null,945,"ALIMENTADOR AWG-THHN-CU: 3 NO.4 + 1 NO.6 + T NO.8","m",{"v":233,"d":"233.00000"},{"v":35.61,"d":"$ 35.61000"},{"v":8297.13,"d":"$ 8,297.13000"},0,0,0,0,0,0,0,0,0,{"v":1659.426,"d":"1,659.42600"},{"v":1659.426,"d":"1,659.42600"},{"v":1659.426,"d":"1,659.42600"},{"v":1659.426,"d":"1,659.42600"},{"v":1659.426,"d":"1,659.42600"},0,0]
[null,null,{"$error":"#REF!"},{"$error":"#REF!"},{"$error":"#REF!"},{"$error":"#REF!"},null,{"v":0,"d":"0.00%"},{"v":0,"d":"0.00%"},{"v":0,"d":"0.00%"},{"v":0,"d":"0.00%"},{"v":0,"d":"0.00%"},{"v":0,"d":"0.00%"},{"v":0,"d":"0.00%"},{"v":0,"d":"0.00%"},{"v":0,"d":"0.00%"},{"v":0.2,"d":"20.00%"},{"v":0.2,"d":"20.00%"},{"v":0.2,"d":"20.00%"},{"v":0.2,"d":"20.00%"},{"v":0.2,"d":"20.00%"},{"v":0,"d":"0.00%"},{"v":0,"d":"0.00%"}]
[null,null,{"$error":"#REF!"},{"$error":"#REF!"},{"$error":"#REF!"},{"$error":"#REF!"},{"$nulls":10},{"v":0.2,"d":"20.00%"},{"v":0.2,"d":"20.00%"},{"v":0.2,"d":"20.00%"},{"v":0.2,"d":"20.00%"},{"v":0.2,"d":"20.00%"}]
[null,946,"ALIMENTADOR AWG-THHN-CU: 3 NO.6 + 1 NO.8 + T NO.10","m",{"v":11,"d":"11.00000"},{"v":28.75,"d":"$ 28.75000"},{"v":316.25,"d":"$ 316.25000"},0,0,0,0,0,0,0,0,0,{"v":63.25,"d":"63.25000"},{"v":63.25,"d":"63.25000"},{"v":63.25,"d":"63.25000"},{"v":63.25,"d":"63.25000"},{"v":63.25,"d":"63.25000"},0,0]
[null,null,{"$error":"#REF!"},{"$error":"#REF!"},{"$error":"#REF!"},{"$error":"#REF!"},null,{"v":0,"d":"0.00%"},{"v":0,"d":"0.00%"},{"v":0,"d":"0.00%"},{"v":0,"d":"0.00%"},{"v":0,"d":"0.00%"},{"v":0,"d":"0.00%"},{"v":0,"d":"0.00%"},{"v":0,"d":"0.00%"},{"v":0,"d":"0.00%"},{"v":0.2,"d":"20.00%"},{"v":0.2,"d":"20.00%"},{"v":0.2,"d":"20.00%"},{"v":0.2,"d":"20.00%"},{"v":0.2,"d":"20.00%"},{"v":0,"d":"0.00%"},{"v":0,"d":"0.00%"}]
[null,null,{"$error":"#REF!"},{"$error":"#REF!"},{"$error":"#REF!"},{"$error":"#REF!"},{"$nulls":10},{"v":0.2,"d":"20.00%"},{"v":0.2,"d":"20.00%"},{"v":0.2,"d":"20.00%"},{"v":0.2,"d":"20.00%"},{"v":0.2,"d":"20.00%"}]
[null,947,"ALIMENTADOR AWG-THHN-CU: 2 NO.6 + 1 NO.8 + T NO.10","m",{"v":35,"d":"35.00000"},{"v":26.06,"d":"$ 26.06000"},{"v":912.0999999999999,"d":"$ 912.10000"},0,0,0,0,0,0,0,0,0,{"v":182.42,"d":"182.42000"},{"v":182.42,"d":"182.42000"},{"v":182.42,"d":"182.42000"},{"v":182.42,"d":"182.42000"},{"v":182.42,"d":"182.42000"},0,0]
[null,null,{"$error":"#REF!"},{"$error":"#REF!"},{"$error":"#REF!"},{"$error":"#REF!"},null,{"v":0,"d":"0.00%"},{"v":0,"d":"0.00%"},{"v":0,"d":"0.00%"},{"v":0,"d":"0.00%"},{"v":0,"d":"0.00%"},{"v":0,"d":"0.00%"},{"v":0,"d":"0.00%"},{"v":0,"d":"0.00%"},{"v":0,"d":"0.00%"},{"v":0.2,"d":"20.00%"},{"v":0.2,"d":"20.00%"},{"v":0.2,"d":"20.00%"},{"v":0.2,"d":"20.00%"},{"v":0.2,"d":"20.00%"},{"v":0,"d":"0.00%"},{"v":0,"d":"0.00%"}]
[null,null,{"$error":"#REF!"},{"$error":"#REF!"},{"$error":"#REF!"},{"$error":"#REF!"},{"$nulls":10},{"v":0.2,"d":"20.00%"},{"v":0.2,"d":"20.00%"},{"v":0.2,"d":"20.00%"},{"v":0.2,"d":"20.00%"},{"v":0.2,"d":"20.00%"}]
[null,948,"ALIMENTADOR AWG-THHN-CU: 3 NO.8 + 1 NO.10 + T NO.12","m",{"v":190,"d":"190.00000"},{"v":19.01,"d":"$ 19.01000"},{"v":3611.9,"d":"$ 3,611.90000"},0,0,0,0,0,0,0,0,0,{"v":722.3800000000001,"d":"722.38000"},{"v":722.3800000000001,"d":"722.38000"},{"v":722.3800000000001,"d":"722.38000"},{"v":722.3800000000001,"d":"722.38000"},{"v":722.3800000000001,"d":"722.38000"},0,0]
[null,null,{"$error":"#REF!"},{"$error":"#REF!"},{"$error":"#REF!"},{"$error":"#REF!"},null,{"v":0,"d":"0.00%"},{"v":0,"d":"0.00%"},{"v":0,"d":"0.00%"},{"v":0,"d":"0.00%"},{"v":0,"d":"0.00%"},{"v":0,"d":"0.00%"},{"v":0,"d":"0.00%"},{"v":0,"d":"0.00%"},{"v":0,"d":"0.00%"},{"v":0.2,"d":"20.00%"},{"v":0.2,"d":"20.00%"},{"v":0.2,"d":"20.00%"},{"v":0.2,"d":"20.00%"},{"v":0.2,"d":"20.00%"},{"v":0,"d":"0.00%"},{"v":0,"d":"0.00%"}]
[null,null,{"$error":"#REF!"},{"$error":"#REF!"},{"$error":"#REF!"},{"$error":"#REF!"},{"$nulls":10},{"v":0.2,"d":"20.00%"},{"v":0.2,"d":"20.00%"},{"v":0.2,"d":"20.00%"},{"v":0.2,"d":"20.00%"},{"v":0.2,"d":"20.00%"}]
[null,949,"ALIMENTADOR AWG-THHN-CU: 2 NO.8 + 1 NO.10 + T NO.12","m",{"v":1100,"d":"1100.00000"},{"v":17.26,"d":"$ 17.26000"},{"v":18986,"d":"$ 18,986.00000"},0,0,0,0,0,0,0,0,0,{"v":3797.2000000000003,"d":"3,797.20000"},{"v":3797.2000000000003,"d":"3,797.20000"},{"v":3797.2000000000003,"d":"3,797.20000"},{"v":3797.2000000000003,"d":"3,797.20000"},{"v":3797.2000000000003,"d":"3,797.20000"},0,0]
[null,null,{"$error":"#REF!"},{"$error":"#REF!"},{"$error":"#REF!"},{"$error":"#REF!"},null,{"v":0,"d":"0.00%"},{"v":0,"d":"0.00%"},{"v":0,"d":"0.00%"},{"v":0,"d":"0.00%"},{"v":0,"d":"0.00%"},{"v":0,"d":"0.00%"},{"v":0,"d":"0.00%"},{"v":0,"d":"0.00%"},{"v":0,"d":"0.00%"},{"v":0.2,"d":"20.00%"},{"v":0.2,"d":"20.00%"},{"v":0.2,"d":"20.00%"},{"v":0.2,"d":"20.00%"},{"v":0.2,"d":"20.00%"},{"v":0,"d":"0.00%"},{"v":0,"d":"0.00%"}]
[null,null,{"$error":"#REF!"},{"$error":"#REF!"},{"$error":"#REF!"},{"$error":"#REF!"},{"$nulls":10},{"v":0.2,"d":"20.00%"},{"v":0.2,"d":"20.00%"},{"v":0.2,"d":"20.00%"},{"v":0.2,"d":"20.00%"},{"v":0.2,"d":"20.00%"}]
[null,950,"TABLERO 3F DISTRIBUCION TM1","u",{"v":1,"d":"1.00000"},{"v":2167.42,"d":"$ 2,167.42000"},{"v":2167.42,"d":"$ 2,167.42000"},0,0,0,0,0,0,0,0,0,{"v":433.48400000000004,"d":"433.48400"},{"v":433.48400000000004,"d":"433.48400"},{"v":433.48400000000004,"d":"433.48400"},{"v":433.48400000000004,"d":"433.48400"},{"v":433.48400000000004,"d":"433.48400"},0,0]
[null,null,{"$error":"#REF!"},{"$error":"#REF!"},{"$error":"#REF!"},{"$error":"#REF!"},null,{"v":0,"d":"0.00%"},{"v":0,"d":"0.00%"},{"v":0,"d":"0.00%"},{"v":0,"d":"0.00%"},{"v":0,"d":"0.00%"},{"v":0,"d":"0.00%"},{"v":0,"d":"0.00%"},{"v":0,"d":"0.00%"},{"v":0,"d":"0.00%"},{"v":0.2,"d":"20.00%"},{"v":0.2,"d":"20.00%"},{"v":0.2,"d":"20.00%"},{"v":0.2,"d":"20.00%"},{"v":0.2,"d":"20.00%"},{"v":0,"d":"0.00%"},{"v":0,"d":"0.00%"}]
[null,null,{"$error":"#REF!"},{"$error":"#REF!"},{"$error":"#REF!"},{"$error":"#REF!"},{"$nulls":10},{"v":0.2,"d":"20.00%"},{"v":0.2,"d":"20.00%"},{"v":0.2,"d":"20.00%"},{"v":0.2,"d":"20.00%"},{"v":0.2,"d":"20.00%"}]
[null,951,"TABLERO 3F DISTRIBUCION TM2","u",{"v":1,"d":"1.00000"},{"v":2136.07,"d":"$ 2,136.07000"},{"v":2136.07,"d":"$ 2,136.07000"},0,0,0,0,0,0,0,0,0,{"v":427.21400000000006,"d":"427.21400"},{"v":427.21400000000006,"d":"427.21400"},{"v":427.21400000000006,"d":"427.21400"},{"v":427.21400000000006,"d":"427.21400"},{"v":427.21400000000006,"d":"427.21400"},0,0]
[null,null,{"$error":"#REF!"},{"$error":"#REF!"},{"$error":"#REF!"},{"$error":"#REF!"},null,{"v":0,"d":"0.00%"},{"v":0,"d":"0.00%"},{"v":0,"d":"0.00%"},{"v":0,"d":"0.00%"},{"v":0,"d":"0.00%"},{"v":0,"d":"0.00%"},{"v":0,"d":"0.00%"},{"v":0,"d":"0.00%"},{"v":0,"d":"0.00%"},{"v":0.2,"d":"20.00%"},{"v":0.2,"d":"20.00%"},{"v":0.2,"d":"20.00%"},{"v":0.2,"d":"20.00%"},{"v":0.2,"d":"20.00%"},{"v":0,"d":"0.00%"},{"v":0,"d":"0.00%"}]
[null,null,{"$error":"#REF!"},{"$error":"#REF!"},{"$error":"#REF!"},{"$error":"#REF!"},{"$nulls":10},{"v":0.2,"d":"20.00%"},{"v":0.2,"d":"20.00%"},{"v":0.2,"d":"20.00%"},{"v":0.2,"d":"20.00%"},{"v":0.2,"d":"20.00%"}]
[null,952,"TABLERO 3F DISTRIBUCION TPC-M1","u",{"v":1,"d":"1.00000"},{"v":1809.7,"d":"$ 1,809.70000"},{"v":1809.7,"d":"$ 1,809.70000"},0,0,0,0,0,0,0,0,0,{"v":361.94000000000005,"d":"361.94000"},{"v":361.94000000000005,"d":"361.94000"},{"v":361.94000000000005,"d":"361.94000"},{"v":361.94000000000005,"d":"361.94000"},{"v":361.94000000000005,"d":"361.94000"},0,0]
[null,null,{"$error":"#REF!"},{"$error":"#REF!"},{"$error":"#REF!"},{"$error":"#REF!"},null,{"v":0,"d":"0.00%"},{"v":0,"d":"0.00%"},{"v":0,"d":"0.00%"},{"v":0,"d":"0.00%"},{"v":0,"d":"0.00%"},{"v":0,"d":"0.00%"},{"v":0,"d":"0.00%"},{"v":0,"d":"0.00%"},{"v":0,"d":"0.00%"},{"v":0.2,"d":"20.00%"},{"v":0.2,"d":"20.00%"},{"v":0.2,"d":"20.00%"},{"v":0.2,"d":"20.00%"},{"v":0.2,"d":"20.00%"},{"v":0,"d":"0.00%"},{"v":0,"d":"0.00%"}]
[null,null,{"$error":"#REF!"},{"$error":"#REF!"},{"$error":"#REF!"},{"$error":"#REF!"},{"$nulls":10},{"v":0.2,"d":"20.00%"},{"v":0.2,"d":"20.00%"},{"v":0.2,"d":"20.00%"},{"v":0.2,"d":"20.00%"},{"v":0.2,"d":"20.00%"}]
[null,953,"TABLERO 3F DISTRIBUCION TPC-M2","u",{"v":1,"d":"1.00000"},{"v":2121.67,"d":"$ 2,121.67000"},{"v":2121.67,"d":"$ 2,121.67000"},0,0,0,0,0,0,0,0,0,{"v":424.33400000000006,"d":"424.33400"},{"v":424.33400000000006,"d":"424.33400"},{"v":424.33400000000006,"d":"424.33400"},{"v":424.33400000000006,"d":"424.33400"},{"v":424.33400000000006,"d":"424.33400"},0,0]
[null,null,{"$error":"#REF!"},{"$error":"#REF!"},{"$error":"#REF!"},{"$error":"#REF!"},null,{"v":0,"d":"0.00%"},{"v":0,"d":"0.00%"},{"v":0,"d":"0.00%"},{"v":0,"d":"0.00%"},{"v":0,"d":"0.00%"},{"v":0,"d":"0.00%"},{"v":0,"d":"0.00%"},{"v":0,"d":"0.00%"},{"v":0,"d":"0.00%"},{"v":0.2,"d":"20.00%"},{"v":0.2,"d":"20.00%"},{"v":0.2,"d":"20.00%"},{"v":0.2,"d":"20.00%"},{"v":0.2,"d":"20.00%"},{"v":0,"d":"0.00%"},{"v":0,"d":"0.00%"}]
[null,null,{"$error":"#REF!"},{"$error":"#REF!"},{"$error":"#REF!"},{"$error":"#REF!"},{"$nulls":10},{"v":0.2,"d":"20.00%"},{"v":0.2,"d":"20.00%"},{"v":0.2,"d":"20.00%"},{"v":0.2,"d":"20.00%"},{"v":0.2,"d":"20.00%"}]
[null,954,"TABLERO 3F DISTRIBUCION TCA - 01","u",{"v":1,"d":"1.00000"},{"v":1715.62,"d":"$ 1,715.62000"},{"v":1715.62,"d":"$ 1,715.62000"},0,0,0,0,0,0,0,0,0,{"v":343.124,"d":"343.12400"},{"v":343.124,"d":"343.12400"},{"v":343.124,"d":"343.12400"},{"v":343.124,"d":"343.12400"},{"v":343.124,"d":"343.12400"},0,0]
[null,null,{"$error":"#REF!"},{"$error":"#REF!"},{"$error":"#REF!"},{"$error":"#REF!"},null,{"v":0,"d":"0.00%"},{"v":0,"d":"0.00%"},{"v":0,"d":"0.00%"},{"v":0,"d":"0.00%"},{"v":0,"d":"0.00%"},{"v":0,"d":"0.00%"},{"v":0,"d":"0.00%"},{"v":0,"d":"0.00%"},{"v":0,"d":"0.00%"},{"v":0.2,"d":"20.00%"},{"v":0.2,"d":"20.00%"},{"v":0.2,"d":"20.00%"},{"v":0.2,"d":"20.00%"},{"v":0.2,"d":"20.00%"},{"v":0,"d":"0.00%"},{"v":0,"d":"0.00%"}]
[null,null,{"$error":"#REF!"},{"$error":"#REF!"},{"$error":"#REF!"},{"$error":"#REF!"},{"$nulls":10},{"v":0.2,"d":"20.00%"},{"v":0.2,"d":"20.00%"},{"v":0.2,"d":"20.00%"},{"v":0.2,"d":"20.00%"},{"v":0.2,"d":"20.00%"}]
[null,955,"TABLERO 3F DISTRIBUCION TCB - 01","u",{"v":1,"d":"1.00000"},{"v":1166.5,"d":"$ 1,166.50000"},{"v":1166.5,"d":"$ 1,166.50000"},0,0,0,0,0,0,0,0,0,{"v":233.3,"d":"233.30000"},{"v":233.3,"d":"233.30000"},{"v":233.3,"d":"233.30000"},{"v":233.3,"d":"233.30000"},{"v":233.3,"d":"233.30000"},0,0]
[null,null,{"$error":"#REF!"},{"$error":"#REF!"},{"$error":"#REF!"},{"$error":"#REF!"},null,{"v":0,"d":"0.00%"},{"v":0,"d":"0.00%"},{"v":0,"d":"0.00%"},{"v":0,"d":"0.00%"},{"v":0,"d":"0.00%"},{"v":0,"d":"0.00%"},{"v":0,"d":"0.00%"},{"v":0,"d":"0.00%"},{"v":0,"d":"0.00%"},{"v":0.2,"d":"20.00%"},{"v":0.2,"d":"20.00%"},{"v":0.2,"d":"20.00%"},{"v":0.2,"d":"20.00%"},{"v":0.2,"d":"20.00%"},{"v":0,"d":"0.00%"},{"v":0,"d":"0.00%"}]
[null,null,{"$error":"#REF!"},{"$error":"#REF!"},{"$error":"#REF!"},{"$error":"#REF!"},{"$nulls":10},{"v":0.2,"d":"20.00%"},{"v":0.2,"d":"20.00%"},{"v":0.2,"d":"20.00%"},{"v":0.2,"d":"20.00%"},{"v":0.2,"d":"20.00%"}]
[null,956,"TABLERO 3F DISTRIBUCION TDB - 01","u",{"v":1,"d":"1.00000"},{"v":1721.86,"d":"$ 1,721.86000"},{"v":1721.86,"d":"$ 1,721.86000"},0,0,0,0,0,0,0,0,0,{"v":344.372,"d":"344.37200"},{"v":344.372,"d":"344.37200"},{"v":344.372,"d":"344.37200"},{"v":344.372,"d":"344.37200"},{"v":344.372,"d":"344.37200"},0,0]
[null,null,{"$error":"#REF!"},{"$error":"#REF!"},{"$error":"#REF!"},{"$error":"#REF!"},null,{"v":0,"d":"0.00%"},{"v":0,"d":"0.00%"},{"v":0,"d":"0.00%"},{"v":0,"d":"0.00%"},{"v":0,"d":"0.00%"},{"v":0,"d":"0.00%"},{"v":0,"d":"0.00%"},{"v":0,"d":"0.00%"},{"v":0,"d":"0.00%"},{"v":0.2,"d":"20.00%"},{"v":0.2,"d":"20.00%"},{"v":0.2,"d":"20.00%"},{"v":0.2,"d":"20.00%"},{"v":0.2,"d":"20.00%"},{"v":0,"d":"0.00%"},{"v":0,"d":"0.00%"}]
[null,null,{"$error":"#REF!"},{"$error":"#REF!"},{"$error":"#REF!"},{"$error":"#REF!"},{"$nulls":10},{"v":0.2,"d":"20.00%"},{"v":0.2,"d":"20.00%"},{"v":0.2,"d":"20.00%"},{"v":0.2,"d":"20.00%"},{"v":0.2,"d":"20.00%"}]
[null,957,"TABLERO 3F DISTRIBUCION TDB - 02","u",{"v":1,"d":"1.00000"},{"v":2185.06,"d":"$ 2,185.06000"},{"v":2185.06,"d":"$ 2,185.06000"},0,0,0,0,0,0,0,0,0,{"v":437.012,"d":"437.01200"},{"v":437.012,"d":"437.01200"},{"v":437.012,"d":"437.01200"},{"v":437.012,"d":"437.01200"},{"v":437.012,"d":"437.01200"},0,0]
[null,null,{"$error":"#REF!"},{"$error":"#REF!"},{"$error":"#REF!"},{"$error":"#REF!"},null,{"v":0,"d":"0.00%"},{"v":0,"d":"0.00%"},{"v":0,"d":"0.00%"},{"v":0,"d":"0.00%"},{"v":0,"d":"0.00%"},{"v":0,"d":"0.00%"},{"v":0,"d":"0.00%"},{"v":0,"d":"0.00%"},{"v":0,"d":"0.00%"},{"v":0.2,"d":"20.00%"},{"v":0.2,"d":"20.00%"},{"v":0.2,"d":"20.00%"},{"v":0.2,"d":"20.00%"},{"v":0.2,"d":"20.00%"},{"v":0,"d":"0.00%"},{"v":0,"d":"0.00%"}]
[null,null,{"$error":"#REF!"},{"$error":"#REF!"},{"$error":"#REF!"},{"$error":"#REF!"},{"$nulls":10},{"v":0.2,"d":"20.00%"},{"v":0.2,"d":"20.00%"},{"v":0.2,"d":"20.00%"},{"v":0.2,"d":"20.00%"},{"v":0.2,"d":"20.00%"}]
[null,958,"TABLERO 3F DISTRIBUCION TDB - 03","u",{"v":1,"d":"1.00000"},{"v":4541.19,"d":"$ 4,541.19000"},{"v":4541.19,"d":"$ 4,541.19000"},0,0,0,0,0,0,0,0,0,{"v":908.2379999999999,"d":"908.23800"},{"v":908.2379999999999,"d":"908.23800"},{"v":908.2379999999999,"d":"908.23800"},{"v":908.2379999999999,"d":"908.23800"},{"v":908.2379999999999,"d":"908.23800"},0,0]
[null,null,{"$error":"#REF!"},{"$error":"#REF!"},{"$error":"#REF!"},{"$error":"#REF!"},null,{"v":0,"d":"0.00%"},{"v":0,"d":"0.00%"},{"v":0,"d":"0.00%"},{"v":0,"d":"0.00%"},{"v":0,"d":"0.00%"},{"v":0,"d":"0.00%"},{"v":0,"d":"0.00%"},{"v":0,"d":"0.00%"},{"v":0,"d":"0.00%"},{"v":0.2,"d":"20.00%"},{"v":0.2,"d":"20.00%"},{"v":0.2,"d":"20.00%"},{"v":0.2,"d":"20.00%"},{"v":0.2,"d":"20.00%"},{"v":0,"d":"0.00%"},{"v":0,"d":"0.00%"}]
[null,null,{"$error":"#REF!"},{"$error":"#REF!"},{"$error":"#REF!"},{"$error":"#REF!"},{"$nulls":10},{"v":0.2,"d":"20.00%"},{"v":0.2,"d":"20.00%"},{"v":0.2,"d":"20.00%"},{"v":0.2,"d":"20.00%"},{"v":0.2,"d":"20.00%"}]
[null,959,"TABLERO 3F DISTRIBUCION TDB - 04","u",{"v":1,"d":"1.00000"},{"v":2160.39,"d":"$ 2,160.39000"},{"v":2160.39,"d":"$ 2,160.39000"},0,0,0,0,0,0,0,0,0,{"v":432.078,"d":"432.07800"},{"v":432.078,"d":"432.07800"},{"v":432.078,"d":"432.07800"},{"v":432.078,"d":"432.07800"},{"v":432.078,"d":"432.07800"},0,0]
[null,null,{"$error":"#REF!"},{"$error":"#REF!"},{"$error":"#REF!"},{"$error":"#REF!"},null,{"v":0,"d":"0.00%"},{"v":0,"d":"0.00%"},{"v":0,"d":"0.00%"},{"v":0,"d":"0.00%"},{"v":0,"d":"0.00%"},{"v":0,"d":"0.00%"},{"v":0,"d":"0.00%"},{"v":0,"d":"0.00%"},{"v":0,"d":"0.00%"},{"v":0.2,"d":"20.00%"},{"v":0.2,"d":"20.00%"},{"v":0.2,"d":"20.00%"},{"v":0.2,"d":"20.00%"},{"v":0.2,"d":"20.00%"},{"v":0,"d":"0.00%"},{"v":0,"d":"0.00%"}]
[null,null,{"$error":"#REF!"},{"$error":"#REF!"},{"$error":"#REF!"},{"$error":"#REF!"},{"$nulls":10},{"v":0.2,"d":"20.00%"},{"v":0.2,"d":"20.00%"},{"v":0.2,"d":"20.00%"},{"v":0.2,"d":"20.00%"},{"v":0.2,"d":"20.00%"}]
[null,960,"TABLERO 3F DISTRIBUCION TDB - 1B","u",{"v":1,"d":"1.00000"},{"v":2259.27,"d":"$ 2,259.27000"},{"v":2259.27,"d":"$ 2,259.27000"},0,0,0,0,0,0,0,0,0,{"v":451.85400000000004,"d":"451.85400"},{"v":451.85400000000004,"d":"451.85400"},{"v":451.85400000000004,"d":"451.85400"},{"v":451.85400000000004,"d":"451.85400"},{"v":451.85400000000004,"d":"451.85400"},0,0]
[null,null,{"$error":"#REF!"},{"$error":"#REF!"},{"$error":"#REF!"},{"$error":"#REF!"},null,{"v":0,"d":"0.00%"},{"v":0,"d":"0.00%"},{"v":0,"d":"0.00%"},{"v":0,"d":"0.00%"},{"v":0,"d":"0.00%"},{"v":0,"d":"0.00%"},{"v":0,"d":"0.00%"},{"v":0,"d":"0.00%"},{"v":0,"d":"0.00%"},{"v":0.2,"d":"20.00%"},{"v":0.2,"d":"20.00%"},{"v":0.2,"d":"20.00%"},{"v":0.2,"d":"20.00%"},{"v":0.2,"d":"20.00%"},{"v":0,"d":"0.00%"},{"v":0,"d":"0.00%"}]
[null,null,{"$error":"#REF!"},{"$error":"#REF!"},{"$error":"#REF!"},{"$error":"#REF!"},{"$nulls":10},{"v":0.2,"d":"20.00%"},{"v":0.2,"d":"20.00%"},{"v":0.2,"d":"20.00%"},{"v":0.2,"d":"20.00%"},{"v":0.2,"d":"20.00%"}]
[null,961,"PANEL 3F DISTRIBUCION PD-ADM","u",{"v":1,"d":"1.00000"},{"v":534.82,"d":"$ 534.82000"},{"v":534.82,"d":"$ 534.82000"},0,0,0,0,0,0,0,0,0,{"v":106.96400000000001,"d":"106.96400"},{"v":106.96400000000001,"d":"106.96400"},{"v":106.96400000000001,"d":"106.96400"},{"v":106.96400000000001,"d":"106.96400"},{"v":106.96400000000001,"d":"106.96400"},0,0]
[null,null,{"$error":"#REF!"},{"$error":"#REF!"},{"$error":"#REF!"},{"$error":"#REF!"},null,{"v":0,"d":"0.00%"},{"v":0,"d":"0.00%"},{"v":0,"d":"0.00%"},{"v":0,"d":"0.00%"},{"v":0,"d":"0.00%"},{"v":0,"d":"0.00%"},{"v":0,"d":"0.00%"},{"v":0,"d":"0.00%"},{"v":0,"d":"0.00%"},{"v":0.2,"d":"20.00%"},{"v":0.2,"d":"20.00%"},{"v":0.2,"d":"20.00%"},{"v":0.2,"d":"20.00%"},{"v":0.2,"d":"20.00%"},{"v":0,"d":"0.00%"},{"v":0,"d":"0.00%"}]
[null,null,{"$error":"#REF!"},{"$error":"#REF!"},{"$error":"#REF!"},{"$error":"#REF!"},{"$nulls":10},{"v":0.2,"d":"20.00%"},{"v":0.2,"d":"20.00%"},{"v":0.2,"d":"20.00%"},{"v":0.2,"d":"20.00%"},{"v":0.2,"d":"20.00%"}]
[null,962,"PANEL 3F DISTRIBUCION PD-LC (LOCALES COMERCIALES)","u",{"v":12,"d":"12.00000"},{"v":266.12,"d":"$ 266.12000"},{"v":3193.44,"d":"$ 3,193.44000"},0,0,0,0,0,0,0,0,0,{"v":638.6880000000001,"d":"638.68800"},{"v":638.6880000000001,"d":"638.68800"},{"v":638.6880000000001,"d":"638.68800"},{"v":638.6880000000001,"d":"638.68800"},{"v":638.6880000000001,"d":"638.68800"},0,0]
[null,null,{"$error":"#REF!"},{"$error":"#REF!"},{"$error":"#REF!"},{"$error":"#REF!"},null,{"v":0,"d":"0.00%"},{"v":0,"d":"0.00%"},{"v":0,"d":"0.00%"},{"v":0,"d":"0.00%"},{"v":0,"d":"0.00%"},{"v":0,"d":"0.00%"},{"v":0,"d":"0.00%"},{"v":0,"d":"0.00%"},{"v":0,"d":"0.00%"},{"v":0.2,"d":"20.00%"},{"v":0.2,"d":"20.00%"},{"v":0.2,"d":"20.00%"},{"v":0.2,"d":"20.00%"},{"v":0.2,"d":"20.00%"},{"v":0,"d":"0.00%"},{"v":0,"d":"0.00%"}]
[null,null,{"$error":"#REF!"},{"$error":"#REF!"},{"$error":"#REF!"},{"$error":"#REF!"},{"$nulls":10},{"v":0.2,"d":"20.00%"},{"v":0.2,"d":"20.00%"},{"v":0.2,"d":"20.00%"},{"v":0.2,"d":"20.00%"},{"v":0.2,"d":"20.00%"}]
[null,963,"PANEL 3F DISTRIBUCION PD-B (BARES)","u",{"v":15,"d":"15.00000"},{"v":288.82,"d":"$ 288.82000"},{"v":4332.3,"d":"$ 4,332.30000"},0,0,0,0,0,0,0,0,0,{"v":866.46,"d":"866.46000"},{"v":866.46,"d":"866.46000"},{"v":866.46,"d":"866.46000"},{"v":866.46,"d":"866.46000"},{"v":866.46,"d":"866.46000"},0,0]
[null,null,{"$error":"#REF!"},{"$error":"#REF!"},{"$error":"#REF!"},{"$error":"#REF!"},null,{"v":0,"d":"0.00%"},{"v":0,"d":"0.00%"},{"v":0,"d":"0.00%"},{"v":0,"d":"0.00%"},{"v":0,"d":"0.00%"},{"v":0,"d":"0.00%"},{"v":0,"d":"0.00%"},{"v":0,"d":"0.00%"},{"v":0,"d":"0.00%"},{"v":0.2,"d":"20.00%"},{"v":0.2,"d":"20.00%"},{"v":0.2,"d":"20.00%"},{"v":0.2,"d":"20.00%"},{"v":0.2,"d":"20.00%"},{"v":0,"d":"0.00%"},{"v":0,"d":"0.00%"}]
[null,null,{"$error":"#REF!"},{"$error":"#REF!"},{"$error":"#REF!"},{"$error":"#REF!"},{"$nulls":10},{"v":0.2,"d":"20.00%"},{"v":0.2,"d":"20.00%"},{"v":0.2,"d":"20.00%"},{"v":0.2,"d":"20.00%"},{"v":0.2,"d":"20.00%"}]
[null,964,"PANEL 3F DISTRIBUCION PD-SG (SERVICIO GENERAL)","u",{"v":2,"d":"2.00000"},{"v":476.12,"d":"$ 476.12000"},{"v":952.24,"d":"$ 952.24000"},0,0,0,0,0,0,0,0,0,{"v":190.448,"d":"190.44800"},{"v":190.448,"d":"190.44800"},{"v":190.448,"d":"190.44800"},{"v":190.448,"d":"190.44800"},{"v":190.448,"d":"190.44800"},0,0]
[null,null,{"$error":"#REF!"},{"$error":"#REF!"},{"$error":"#REF!"},{"$error":"#REF!"},null,{"v":0,"d":"0.00%"},{"v":0,"d":"0.00%"},{"v":0,"d":"0.00%"},{"v":0,"d":"0.00%"},{"v":0,"d":"0.00%"},{"v":0,"d":"0.00%"},{"v":0,"d":"0.00%"},{"v":0,"d":"0.00%"},{"v":0,"d":"0.00%"},{"v":0.2,"d":"20.00%"},{"v":0.2,"d":"20.00%"},{"v":0.2,"d":"20.00%"},{"v":0.2,"d":"20.00%"},{"v":0.2,"d":"20.00%"},{"v":0,"d":"0.00%"},{"v":0,"d":"0.00%"}]
[null,null,{"$error":"#REF!"},{"$error":"#REF!"},{"$error":"#REF!"},{"$error":"#REF!"},{"$nulls":10},{"v":0.2,"d":"20.00%"},{"v":0.2,"d":"20.00%"},{"v":0.2,"d":"20.00%"},{"v":0.2,"d":"20.00%"},{"v":0.2,"d":"20.00%"}]
[null,965,"PANEL 3F DISTRIBUCION PSG-M1","u",{"v":1,"d":"1.00000"},{"v":389.72,"d":"$ 389.72000"},{"v":389.72,"d":"$ 389.72000"},0,0,0,0,0,0,0,0,0,{"v":77.94400000000002,"d":"77.94400"},{"v":77.94400000000002,"d":"77.94400"},{"v":77.94400000000002,"d":"77.94400"},{"v":77.94400000000002,"d":"77.94400"},{"v":77.94400000000002,"d":"77.94400"},0,0]
[null,null,{"$error":"#REF!"},{"$error":"#REF!"},{"$error":"#REF!"},{"$error":"#REF!"},null,{"v":0,"d":"0.00%"},{"v":0,"d":"0.00%"},{"v":0,"d":"0.00%"},{"v":0,"d":"0.00%"},{"v":0,"d":"0.00%"},{"v":0,"d":"0.00%"},{"v":0,"d":"0.00%"},{"v":0,"d":"0.00%"},{"v":0,"d":"0.00%"},{"v":0.2,"d":"20.00%"},{"v":0.2,"d":"20.00%"},{"v":0.2,"d":"20.00%"},{"v":0.2,"d":"20.00%"},{"v":0.2,"d":"20.00%"},{"v":0,"d":"0.00%"},{"v":0,"d":"0.00%"}]
[null,null,{"$error":"#REF!"},{"$error":"#REF!"},{"$error":"#REF!"},{"$error":"#REF!"},{"$nulls":10},{"v":0.2,"d":"20.00%"},{"v":0.2,"d":"20.00%"},{"v":0.2,"d":"20.00%"},{"v":0.2,"d":"20.00%"},{"v":0.2,"d":"20.00%"}]
[null,966,"PANEL 3F DISTRIBUCION PSG-M2","u",{"v":1,"d":"1.00000"},{"v":256.52,"d":"$ 256.52000"},{"v":256.52,"d":"$ 256.52000"},0,0,0,0,0,0,0,0,0,{"v":51.304,"d":"51.30400"},{"v":51.304,"d":"51.30400"},{"v":51.304,"d":"51.30400"},{"v":51.304,"d":"51.30400"},{"v":51.304,"d":"51.30400"},0,0]
[null,null,{"$error":"#REF!"},{"$error":"#REF!"},{"$error":"#REF!"},{"$error":"#REF!"},null,{"v":0,"d":"0.00%"},{"v":0,"d":"0.00%"},{"v":0,"d":"0.00%"},{"v":0,"d":"0.00%"},{"v":0,"d":"0.00%"},{"v":0,"d":"0.00%"},{"v":0,"d":"0.00%"},{"v":0,"d":"0.00%"},{"v":0,"d":"0.00%"},{"v":0.2,"d":"20.00%"},{"v":0.2,"d":"20.00%"},{"v":0.2,"d":"20.00%"},{"v":0.2,"d":"20.00%"},{"v":0.2,"d":"20.00%"},{"v":0,"d":"0.00%"},{"v":0,"d":"0.00%"}]
[null,null,{"$error":"#REF!"},{"$error":"#REF!"},{"$error":"#REF!"},{"$error":"#REF!"},{"$nulls":10},{"v":0.2,"d":"20.00%"},{"v":0.2,"d":"20.00%"},{"v":0.2,"d":"20.00%"},{"v":0.2,"d":"20.00%"},{"v":0.2,"d":"20.00%"}]
[null,967,"SALIDA DE ILUMINACION 120 V","u",{"v":355,"d":"355.00000"},{"v":63.27,"d":"$ 63.27000"},{"v":22460.850000000002,"d":"$ 22,460.85000"},0,0,0,0,0,0,0,0,0,{"v":4492.170000000001,"d":"4,492.17000"},{"v":4492.170000000001,"d":"4,492.17000"},{"v":4492.170000000001,"d":"4,492.17000"},{"v":4492.170000000001,"d":"4,492.17000"},{"v":4492.170000000001,"d":"4,492.17000"},0,0]
[null,null,{"$error":"#REF!"},{"$error":"#REF!"},{"$error":"#REF!"},{"$error":"#REF!"},null,{"v":0,"d":"0.00%"},{"v":0,"d":"0.00%"},{"v":0,"d":"0.00%"},{"v":0,"d":"0.00%"},{"v":0,"d":"0.00%"},{"v":0,"d":"0.00%"},{"v":0,"d":"0.00%"},{"v":0,"d":"0.00%"},{"v":0,"d":"0.00%"},{"v":0.2,"d":"20.00%"},{"v":0.2,"d":"20.00%"},{"v":0.2,"d":"20.00%"},{"v":0.2,"d":"20.00%"},{"v":0.2,"d":"20.00%"},{"v":0,"d":"0.00%"},{"v":0,"d":"0.00%"}]
[null,null,{"$error":"#REF!"},{"$error":"#REF!"},{"$error":"#REF!"},{"$error":"#REF!"},{"$nulls":10},{"v":0.2,"d":"20.00%"},{"v":0.2,"d":"20.00%"},{"v":0.2,"d":"20.00%"},{"v":0.2,"d":"20.00%"},{"v":0.2,"d":"20.00%"}]
[null,968,"SALIDA DE ILUMINACION 220 V","u",{"v":110,"d":"110.00000"},{"v":117.78,"d":"$ 117.78000"},{"v":12955.8,"d":"$ 12,955.80000"},0,0,0,0,0,0,0,0,0,{"v":2591.16,"d":"2,591.16000"},{"v":2591.16,"d":"2,591.16000"},{"v":2591.16,"d":"2,591.16000"},{"v":2591.16,"d":"2,591.16000"},{"v":2591.16,"d":"2,591.16000"},0,0]
[null,null,{"$error":"#REF!"},{"$error":"#REF!"},{"$error":"#REF!"},{"$error":"#REF!"},null,{"v":0,"d":"0.00%"},{"v":0,"d":"0.00%"},{"v":0,"d":"0.00%"},{"v":0,"d":"0.00%"},{"v":0,"d":"0.00%"},{"v":0,"d":"0.00%"},{"v":0,"d":"0.00%"},{"v":0,"d":"0.00%"},{"v":0,"d":"0.00%"},{"v":0.2,"d":"20.00%"},{"v":0.2,"d":"20.00%"},{"v":0.2,"d":"20.00%"},{"v":0.2,"d":"20.00%"},{"v":0.2,"d":"20.00%"},{"v":0,"d":"0.00%"},{"v":0,"d":"0.00%"}]
[null,null,{"$error":"#REF!"},{"$error":"#REF!"},{"$error":"#REF!"},{"$error":"#REF!"},{"$nulls":10},{"v":0.2,"d":"20.00%"},{"v":0.2,"d":"20.00%"},{"v":0.2,"d":"20.00%"},{"v":0.2,"d":"20.00%"},{"v":0.2,"d":"20.00%"}]
[null,969,"SALIDA DE TOMACORRIENTE DOBLE POLARIZADO 120 V","u",{"v":320,"d":"320.00000"},{"v":63.08,"d":"$ 63.08000"},{"v":20185.6,"d":"$ 20,185.60000"},0,0,0,0,0,0,0,0,0,{"v":4037.12,"d":"4,037.12000"},{"v":4037.12,"d":"4,037.12000"},{"v":4037.12,"d":"4,037.12000"},{"v":4037.12,"d":"4,037.12000"},{"v":4037.12,"d":"4,037.12000"},0,0]
[null,null,{"$error":"#REF!"},{"$error":"#REF!"},{"$error":"#REF!"},{"$error":"#REF!"},null,{"v":0,"d":"0.00%"},{"v":0,"d":"0.00%"},{"v":0,"d":"0.00%"},{"v":0,"d":"0.00%"},{"v":0,"d":"0.00%"},{"v":0,"d":"0.00%"},{"v":0,"d":"0.00%"},{"v":0,"d":"0.00%"},{"v":0,"d":"0.00%"},{"v":0.2,"d":"20.00%"},{"v":0.2,"d":"20.00%"},{"v":0.2,"d":"20.00%"},{"v":0.2,"d":"20.00%"},{"v":0.2,"d":"20.00%"},{"v":0,"d":"0.00%"},{"v":0,"d":"0.00%"}]
[null,null,{"$error":"#REF!"},{"$error":"#REF!"},{"$error":"#REF!"},{"$error":"#REF!"},{"$nulls":10},{"v":0.2,"d":"20.00%"},{"v":0.2,"d":"20.00%"},{"v":0.2,"d":"20.00%"},{"v":0.2,"d":"20.00%"},{"v":0.2,"d":"20.00%"}]
[null,970,"SALIDA DE TOMACORRIENTE ESPECIAL 240 V","u",{"v":70,"d":"70.00000"},{"v":95.48,"d":"$ 95.48000"},{"v":6683.6,"d":"$ 6,683.60000"},0,0,0,0,0,0,0,0,0,{"v":1336.7200000000003,"d":"1,336.72000"},{"v":1336.7200000000003,"d":"1,336.72000"},{"v":1336.7200000000003,"d":"1,336.72000"},{"v":1336.7200000000003,"d":"1,336.72000"},{"v":1336.7200000000003,"d":"1,336.72000"},0,0]
[null,null,{"$error":"#REF!"},{"$error":"#REF!"},{"$error":"#REF!"},{"$error":"#REF!"},null,{"v":0,"d":"0.00%"},{"v":0,"d":"0.00%"},{"v":0,"d":"0.00%"},{"v":0,"d":"0.00%"},{"v":0,"d":"0.00%"},{"v":0,"d":"0.00%"},{"v":0,"d":"0.00%"},{"v":0,"d":"0.00%"},{"v":0,"d":"0.00%"},{"v":0.2,"d":"20.00%"},{"v":0.2,"d":"20.00%"},{"v":0.2,"d":"20.00%"},{"v":0.2,"d":"20.00%"},{"v":0.2,"d":"20.00%"},{"v":0,"d":"0.00%"},{"v":0,"d":"0.00%"}]
[null,null,{"$error":"#REF!"},{"$error":"#REF!"},{"$error":"#REF!"},{"$error":"#REF!"},{"$nulls":10},{"v":0.2,"d":"20.00%"},{"v":0.2,"d":"20.00%"},{"v":0.2,"d":"20.00%"},{"v":0.2,"d":"20.00%"},{"v":0.2,"d":"20.00%"}]
[null,971,"LUMINARIA TIPO APLIQUE DE PARED","u",{"v":15,"d":"15.00000"},{"v":39.44,"d":"$ 39.44000"},{"v":591.5999999999999,"d":"$ 591.60000"},0,0,0,0,0,0,0,0,0,{"v":118.32,"d":"118.32000"},{"v":118.32,"d":"118.32000"},{"v":118.32,"d":"118.32000"},{"v":118.32,"d":"118.32000"},{"v":118.32,"d":"118.32000"},0,0]
[null,null,{"$error":"#REF!"},{"$error":"#REF!"},{"$error":"#REF!"},{"$error":"#REF!"},null,{"v":0,"d":"0.00%"},{"v":0,"d":"0.00%"},{"v":0,"d":"0.00%"},{"v":0,"d":"0.00%"},{"v":0,"d":"0.00%"},{"v":0,"d":"0.00%"},{"v":0,"d":"0.00%"},{"v":0,"d":"0.00%"},{"v":0,"d":"0.00%"},{"v":0.2,"d":"20.00%"},{"v":0.2,"d":"20.00%"},{"v":0.2,"d":"20.00%"},{"v":0.2,"d":"20.00%"},{"v":0.2,"d":"20.00%"},{"v":0,"d":"0.00%"},{"v":0,"d":"0.00%"}]
[null,null,{"$error":"#REF!"},{"$error":"#REF!"},{"$error":"#REF!"},{"$error":"#REF!"},{"$nulls":10},{"v":0.2,"d":"20.00%"},{"v":0.2,"d":"20.00%"},{"v":0.2,"d":"20.00%"},{"v":0.2,"d":"20.00%"},{"v":0.2,"d":"20.00%"}]
[null,972,"APLIQUE GUIA DE PISO 220 V - 15 W; IP67-IK10","u",{"v":259,"d":"259.00000"},{"v":40.75,"d":"$ 40.75000"},{"v":10554.25,"d":"$ 10,554.25000"},0,0,0,0,0,0,0,0,0,{"v":2110.85,"d":"2,110.85000"},{"v":2110.85,"d":"2,110.85000"},{"v":2110.85,"d":"2,110.85000"},{"v":2110.85,"d":"2,110.85000"},{"v":2110.85,"d":"2,110.85000"},0,0]
[null,null,{"$error":"#REF!"},{"$error":"#REF!"},{"$error":"#REF!"},{"$error":"#REF!"},null,{"v":0,"d":"0.00%"},{"v":0,"d":"0.00%"},{"v":0,"d":"0.00%"},{"v":0,"d":"0.00%"},{"v":0,"d":"0.00%"},{"v":0,"d":"0.00%"},{"v":0,"d":"0.00%"},{"v":0,"d":"0.00%"},{"v":0,"d":"0.00%"},{"v":0.2,"d":"20.00%"},{"v":0.2,"d":"20.00%"},{"v":0.2,"d":"20.00%"},{"v":0.2,"d":"20.00%"},{"v":0.2,"d":"20.00%"},{"v":0,"d":"0.00%"},{"v":0,"d":"0.00%"}]
[null,null,{"$error":"#REF!"},{"$error":"#REF!"},{"$error":"#REF!"},{"$error":"#REF!"},{"$nulls":10},{"v":0.2,"d":"20.00%"},{"v":0.2,"d":"20.00%"},{"v":0.2,"d":"20.00%"},{"v":0.2,"d":"20.00%"},{"v":0.2,"d":"20.00%"}]
[null,973,"APLIQUE DE PISO DECORATIVO AJUSTABLE ASIMETRICO 220 V- 38 W; IP68-IK10","u",{"v":148,"d":"148.00000"},{"v":33.44,"d":"$ 33.44000"},{"v":4949.12,"d":"$ 4,949.12000"},0,0,0,0,0,0,0,0,0,{"v":989.8240000000001,"d":"989.82400"},{"v":989.8240000000001,"d":"989.82400"},{"v":989.8240000000001,"d":"989.82400"},{"v":989.8240000000001,"d":"989.82400"},{"v":989.8240000000001,"d":"989.82400"},0,0]
[null,null,{"$error":"#REF!"},{"$error":"#REF!"},{"$error":"#REF!"},{"$error":"#REF!"},null,{"v":0,"d":"0.00%"},{"v":0,"d":"0.00%"},{"v":0,"d":"0.00%"},{"v":0,"d":"0.00%"},{"v":0,"d":"0.00%"},{"v":0,"d":"0.00%"},{"v":0,"d":"0.00%"},{"v":0,"d":"0.00%"},{"v":0,"d":"0.00%"},{"v":0.2,"d":"20.00%"},{"v":0.2,"d":"20.00%"},{"v":0.2,"d":"20.00%"},{"v":0.2,"d":"20.00%"},{"v":0.2,"d":"20.00%"},{"v":0,"d":"0.00%"},{"v":0,"d":"0.00%"}]
[null,null,{"$error":"#REF!"},{"$error":"#REF!"},{"$error":"#REF!"},{"$error":"#REF!"},{"$nulls":10},{"v":0.2,"d":"20.00%"},{"v":0.2,"d":"20.00%"},{"v":0.2,"d":"20.00%"},{"v":0.2,"d":"20.00%"},{"v":0.2,"d":"20.00%"}]
[null,974,"LUMINARIA LED SELLADA 220 V 55W O SIMILAR","u",{"v":13,"d":"13.00000"},{"v":124.73,"d":"$ 124.73000"},{"v":1621.49,"d":"$ 1,621.49000"},0,0,0,0,0,0,0,0,0,{"v":324.298,"d":"324.29800"},{"v":324.298,"d":"324.29800"},{"v":324.298,"d":"324.29800"},{"v":324.298,"d":"324.29800"},{"v":324.298,"d":"324.29800"},0,0]
[null,null,{"$error":"#REF!"},{"$error":"#REF!"},{"$error":"#REF!"},{"$error":"#REF!"},null,{"v":0,"d":"0.00%"},{"v":0,"d":"0.00%"},{"v":0,"d":"0.00%"},{"v":0,"d":"0.00%"},{"v":0,"d":"0.00%"},{"v":0,"d":"0.00%"},{"v":0,"d":"0.00%"},{"v":0,"d":"0.00%"},{"v":0,"d":"0.00%"},{"v":0.2,"d":"20.00%"},{"v":0.2,"d":"20.00%"},{"v":0.2,"d":"20.00%"},{"v":0.2,"d":"20.00%"},{"v":0.2,"d":"20.00%"},{"v":0,"d":"0.00%"},{"v":0,"d":"0.00%"}]
[null,null,{"$error":"#REF!"},{"$error":"#REF!"},{"$error":"#REF!"},{"$error":"#REF!"},{"$nulls":10},{"v":0.2,"d":"20.00%"},{"v":0.2,"d":"20.00%"},{"v":0.2,"d":"20.00%"},{"v":0.2,"d":"20.00%"},{"v":0.2,"d":"20.00%"}]
[null,975,"LUMINARIA LED SELLADA 220 V 20W O SIMILAR","u",{"v":8,"d":"8.00000"},{"v":100.73,"d":"$ 100.73000"},{"v":805.84,"d":"$ 805.84000"},0,0,0,0,0,0,0,0,0,{"v":161.168,"d":"161.16800"},{"v":161.168,"d":"161.16800"},{"v":161.168,"d":"161.16800"},{"v":161.168,"d":"161.16800"},{"v":161.168,"d":"161.16800"},0,0]
[null,null,{"$error":"#REF!"},{"$error":"#REF!"},{"$error":"#REF!"},{"$error":"#REF!"},null,{"v":0,"d":"0.00%"},{"v":0,"d":"0.00%"},{"v":0,"d":"0.00%"},{"v":0,"d":"0.00%"},{"v":0,"d":"0.00%"},{"v":0,"d":"0.00%"},{"v":0,"d":"0.00%"},{"v":0,"d":"0.00%"},{"v":0,"d":"0.00%"},{"v":0.2,"d":"20.00%"},{"v":0.2,"d":"20.00%"},{"v":0.2,"d":"20.00%"},{"v":0.2,"d":"20.00%"},{"v":0.2,"d":"20.00%"},{"v":0,"d":"0.00%"},{"v":0,"d":"0.00%"}]
[null,null,{"$error":"#REF!"},{"$error":"#REF!"},{"$error":"#REF!"},{"$error":"#REF!"},{"$nulls":10},{"v":0.2,"d":"20.00%"},{"v":0.2,"d":"20.00%"},{"v":0.2,"d":"20.00%"},{"v":0.2,"d":"20.00%"},{"v":0.2,"d":"20.00%"}]
[null,976,"LUMINARIA TIPO PARQUE EN POSTE 4.00m; 220V - 80W, IP66-IK08","u",{"v":4,"d":"4.00000"},{"v":549.43,"d":"$ 549.43000"},{"v":2197.72,"d":"$ 2,197.72000"},0,0,0,0,0,0,0,0,0,{"v":439.544,"d":"439.54400"},{"v":439.544,"d":"439.54400"},{"v":439.544,"d":"439.54400"},{"v":439.544,"d":"439.54400"},{"v":439.544,"d":"439.54400"},0,0]
[null,null,{"$error":"#REF!"},{"$error":"#REF!"},{"$error":"#REF!"},{"$error":"#REF!"},null,{"v":0,"d":"0.00%"},{"v":0,"d":"0.00%"},{"v":0,"d":"0.00%"},{"v":0,"d":"0.00%"},{"v":0,"d":"0.00%"},{"v":0,"d":"0.00%"},{"v":0,"d":"0.00%"},{"v":0,"d":"0.00%"},{"v":0,"d":"0.00%"},{"v":0.2,"d":"20.00%"},{"v":0.2,"d":"20.00%"},{"v":0.2,"d":"20.00%"},{"v":0.2,"d":"20.00%"},{"v":0.2,"d":"20.00%"},{"v":0,"d":"0.00%"},{"v":0,"d":"0.00%"}]
[null,null,{"$error":"#REF!"},{"$error":"#REF!"},{"$error":"#REF!"},{"$error":"#REF!"},{"$nulls":10},{"v":0.2,"d":"20.00%"},{"v":0.2,"d":"20.00%"},{"v":0.2,"d":"20.00%"},{"v":0.2,"d":"20.00%"},{"v":0.2,"d":"20.00%"}]
[null,977,"LUMINARIA EN POSTE 7.00m; 220V -100W; IP66-IK08","u",{"v":22,"d":"22.00000"},{"v":526.73,"d":"$ 526.73000"},{"v":11588.060000000001,"d":"$ 11,588.06000"},0,0,0,0,0,0,0,0,0,{"v":2317.6120000000005,"d":"2,317.61200"},{"v":2317.6120000000005,"d":"2,317.61200"},{"v":2317.6120000000005,"d":"2,317.61200"},{"v":2317.6120000000005,"d":"2,317.61200"},{"v":2317.6120000000005,"d":"2,317.61200"},0,0]
[null,null,{"$error":"#REF!"},{"$error":"#REF!"},{"$error":"#REF!"},{"$error":"#REF!"},null,{"v":0,"d":"0.00%"},{"v":0,"d":"0.00%"},{"v":0,"d":"0.00%"},{"v":0,"d":"0.00%"},{"v":0,"d":"0.00%"},{"v":0,"d":"0.00%"},{"v":0,"d":"0.00%"},{"v":0,"d":"0.00%"},{"v":0,"d":"0.00%"},{"v":0.2,"d":"20.00%"},{"v":0.2,"d":"20.00%"},{"v":0.2,"d":"20.00%"},{"v":0.2,"d":"20.00%"},{"v":0.2,"d":"20.00%"},{"v":0,"d":"0.00%"},{"v":0,"d":"0.00%"}]
[null,null,{"$error":"#REF!"},{"$error":"#REF!"},{"$error":"#REF!"},{"$error":"#REF!"},{"$nulls":10},{"v":0.2,"d":"20.00%"},{"v":0.2,"d":"20.00%"},{"v":0.2,"d":"20.00%"},{"v":0.2,"d":"20.00%"},{"v":0.2,"d":"20.00%"}]
[null,978,"CANALETA SELLADA 30.00cm X 20.00cm X 2.50m","u",{"v":40,"d":"40.00000"},{"v":109.11,"d":"$ 109.11000"},{"v":4364.4,"d":"$ 4,364.40000"},0,0,0,0,0,0,0,0,0,{"v":872.88,"d":"872.88000"},{"v":872.88,"d":"872.88000"},{"v":872.88,"d":"872.88000"},{"v":872.88,"d":"872.88000"},{"v":872.88,"d":"872.88000"},0,0]
[null,null,{"$error":"#REF!"},{"$error":"#REF!"},{"$error":"#REF!"},{"$error":"#REF!"},null,{"v":0,"d":"0.00%"},{"v":0,"d":"0.00%"},{"v":0,"d":"0.00%"},{"v":0,"d":"0.00%"},{"v":0,"d":"0.00%"},{"v":0,"d":"0.00%"},{"v":0,"d":"0.00%"},{"v":0,"d":"0.00%"},{"v":0,"d":"0.00%"},{"v":0.2,"d":"20.00%"},{"v":0.2,"d":"20.00%"},{"v":0.2,"d":"20.00%"},{"v":0.2,"d":"20.00%"},{"v":0.2,"d":"20.00%"},{"v":0,"d":"0.00%"},{"v":0,"d":"0.00%"}]
[null,null,{"$error":"#REF!"},{"$error":"#REF!"},{"$error":"#REF!"},{"$error":"#REF!"},{"$nulls":10},{"v":0.2,"d":"20.00%"},{"v":0.2,"d":"20.00%"},{"v":0.2,"d":"20.00%"},{"v":0.2,"d":"20.00%"},{"v":0.2,"d":"20.00%"}]
[null,979,"LUMINARIA VIAL EN POSTE DE 12.00m - 218 W - 220 V","u",{"v":15,"d":"15.00000"},{"v":1552.61,"d":"$ 1,552.61000"},{"v":23289.149999999998,"d":"$ 23,289.15000"},0,0,0,0,0,0,0,0,0,{"v":4657.83,"d":"4,657.83000"},{"v":4657.83,"d":"4,657.83000"},{"v":4657.83,"d":"4,657.83000"},{"v":4657.83,"d":"4,657.83000"},{"v":4657.83,"d":"4,657.83000"},0,0]
[null,null,{"$error":"#REF!"},{"$error":"#REF!"},{"$error":"#REF!"},{"$error":"#REF!"},null,{"v":0,"d":"0.00%"},{"v":0,"d":"0.00%"},{"v":0,"d":"0.00%"},{"v":0,"d":"0.00%"},{"v":0,"d":"0.00%"},{"v":0,"d":"0.00%"},{"v":0,"d":"0.00%"},{"v":0,"d":"0.00%"},{"v":0,"d":"0.00%"},{"v":0.2,"d":"20.00%"},{"v":0.2,"d":"20.00%"},{"v":0.2,"d":"20.00%"},{"v":0.2,"d":"20.00%"},{"v":0.2,"d":"20.00%"},{"v":0,"d":"0.00%"},{"v":0,"d":"0.00%"}]
[null,null,{"$error":"#REF!"},{"$error":"#REF!"},{"$error":"#REF!"},{"$error":"#REF!"},{"$nulls":10},{"v":0.2,"d":"20.00%"},{"v":0.2,"d":"20.00%"},{"v":0.2,"d":"20.00%"},{"v":0.2,"d":"20.00%"},{"v":0.2,"d":"20.00%"}]
[null,980,"PANEL LED CUADRADA - 30-60W /100 - 220V","u",{"v":155,"d":"155.00000"},{"v":117.42,"d":"$ 117.42000"},{"v":18200.1,"d":"$ 18,200.10000"},0,0,0,0,0,0,0,0,0,{"v":3640.02,"d":"3,640.02000"},{"v":3640.02,"d":"3,640.02000"},{"v":3640.02,"d":"3,640.02000"},{"v":3640.02,"d":"3,640.02000"},{"v":3640.02,"d":"3,640.02000"},0,0]
[null,null,{"$error":"#REF!"},{"$error":"#REF!"},{"$error":"#REF!"},{"$error":"#REF!"},null,{"v":0,"d":"0.00%"},{"v":0,"d":"0.00%"},{"v":0,"d":"0.00%"},{"v":0,"d":"0.00%"},{"v":0,"d":"0.00%"},{"v":0,"d":"0.00%"},{"v":0,"d":"0.00%"},{"v":0,"d":"0.00%"},{"v":0,"d":"0.00%"},{"v":0.2,"d":"20.00%"},{"v":0.2,"d":"20.00%"},{"v":0.2,"d":"20.00%"},{"v":0.2,"d":"20.00%"},{"v":0.2,"d":"20.00%"},{"v":0,"d":"0.00%"},{"v":0,"d":"0.00%"}]
[null,null,{"$error":"#REF!"},{"$error":"#REF!"},{"$error":"#REF!"},{"$error":"#REF!"},{"$nulls":10},{"v":0.2,"d":"20.00%"},{"v":0.2,"d":"20.00%"},{"v":0.2,"d":"20.00%"},{"v":0.2,"d":"20.00%"},{"v":0.2,"d":"20.00%"}]
[null,981,"TIRAS LED RGB 24V - 12V; IP67 - IK10 (1.00m)","u",{"v":142,"d":"142.00000"},{"v":40.75,"d":"$ 40.75000"},{"v":5786.5,"d":"$ 5,786.50000"},0,0,0,0,0,0,0,0,0,{"v":1157.3,"d":"1,157.30000"},{"v":1157.3,"d":"1,157.30000"},{"v":1157.3,"d":"1,157.30000"},{"v":1157.3,"d":"1,157.30000"},{"v":1157.3,"d":"1,157.30000"},0,0]
[null,null,{"$error":"#REF!"},{"$error":"#REF!"},{"$error":"#REF!"},{"$error":"#REF!"},null,{"v":0,"d":"0.00%"},{"v":0,"d":"0.00%"},{"v":0,"d":"0.00%"},{"v":0,"d":"0.00%"},{"v":0,"d":"0.00%"},{"v":0,"d":"0.00%"},{"v":0,"d":"0.00%"},{"v":0,"d":"0.00%"},{"v":0,"d":"0.00%"},{"v":0.2,"d":"20.00%"},{"v":0.2,"d":"20.00%"},{"v":0.2,"d":"20.00%"},{"v":0.2,"d":"20.00%"},{"v":0.2,"d":"20.00%"},{"v":0,"d":"0.00%"},{"v":0,"d":"0.00%"}]
[null,null,{"$error":"#REF!"},{"$error":"#REF!"},{"$error":"#REF!"},{"$error":"#REF!"},{"$nulls":10},{"v":0.2,"d":"20.00%"},{"v":0.2,"d":"20.00%"},{"v":0.2,"d":"20.00%"},{"v":0.2,"d":"20.00%"},{"v":0.2,"d":"20.00%"}]
[null,982,"COLUMNA INTELIGENTE","u",{"v":1,"d":"1.00000"},{"v":15077.55,"d":"$ 15,077.55000"},{"v":15077.55,"d":"$ 15,077.55000"},0,0,0,0,0,0,0,0,0,{"v":3015.51,"d":"3,015.51000"},{"v":3015.51,"d":"3,015.51000"},{"v":3015.51,"d":"3,015.51000"},{"v":3015.51,"d":"3,015.51000"},{"v":3015.51,"d":"3,015.51000"},0,0]
[null,null,{"$error":"#REF!"},{"$error":"#REF!"},{"$error":"#REF!"},{"$error":"#REF!"},null,{"v":0,"d":"0.00%"},{"v":0,"d":"0.00%"},{"v":0,"d":"0.00%"},{"v":0,"d":"0.00%"},{"v":0,"d":"0.00%"},{"v":0,"d":"0.00%"},{"v":0,"d":"0.00%"},{"v":0,"d":"0.00%"},{"v":0,"d":"0.00%"},{"v":0.2,"d":"20.00%"},{"v":0.2,"d":"20.00%"},{"v":0.2,"d":"20.00%"},{"v":0.2,"d":"20.00%"},{"v":0.2,"d":"20.00%"},{"v":0,"d":"0.00%"},{"v":0,"d":"0.00%"}]
[null,null,{"$error":"#REF!"},{"$error":"#REF!"},{"$error":"#REF!"},{"$error":"#REF!"},{"$nulls":10},{"v":0.2,"d":"20.00%"},{"v":0.2,"d":"20.00%"},{"v":0.2,"d":"20.00%"},{"v":0.2,"d":"20.00%"},{"v":0.2,"d":"20.00%"}]
[null,983,"MINI POSTE DE ILUMINACION 220 V - 25 W; IP67 - IK10","u",{"v":267,"d":"267.00000"},{"v":147.42,"d":"$ 147.42000"},{"v":39361.14,"d":"$ 39,361.14000"},0,0,0,0,0,0,0,0,0,{"v":7872.228,"d":"7,872.22800"},{"v":7872.228,"d":"7,872.22800"},{"v":7872.228,"d":"7,872.22800"},{"v":7872.228,"d":"7,872.22800"},{"v":7872.228,"d":"7,872.22800"},0,0]
[null,null,{"$error":"#REF!"},{"$error":"#REF!"},{"$error":"#REF!"},{"$error":"#REF!"},null,{"v":0,"d":"0.00%"},{"v":0,"d":"0.00%"},{"v":0,"d":"0.00%"},{"v":0,"d":"0.00%"},{"v":0,"d":"0.00%"},{"v":0,"d":"0.00%"},{"v":0,"d":"0.00%"},{"v":0,"d":"0.00%"},{"v":0,"d":"0.00%"},{"v":0.2,"d":"20.00%"},{"v":0.2,"d":"20.00%"},{"v":0.2,"d":"20.00%"},{"v":0.2,"d":"20.00%"},{"v":0.2,"d":"20.00%"},{"v":0,"d":"0.00%"},{"v":0,"d":"0.00%"}]
[null,null,{"$error":"#REF!"},{"$error":"#REF!"},{"$error":"#REF!"},{"$error":"#REF!"},{"$nulls":10},{"v":0.2,"d":"20.00%"},{"v":0.2,"d":"20.00%"},{"v":0.2,"d":"20.00%"},{"v":0.2,"d":"20.00%"},{"v":0.2,"d":"20.00%"}]
[null,984,"TIRAS LED LUZ NEUTRA 24V - 12W; IP67 - IK10 (1.00 m)","u",{"v":303,"d":"303.00000"},{"v":28.75,"d":"$ 28.75000"},{"v":8711.25,"d":"$ 8,711.25000"},0,0,0,0,0,0,0,0,0,{"v":1742.25,"d":"1,742.25000"},{"v":1742.25,"d":"1,742.25000"},{"v":1742.25,"d":"1,742.25000"},{"v":1742.25,"d":"1,742.25000"},{"v":1742.25,"d":"1,742.25000"},0,0]
[null,null,{"$error":"#REF!"},{"$error":"#REF!"},{"$error":"#REF!"},{"$error":"#REF!"},null,{"v":0,"d":"0.00%"},{"v":0,"d":"0.00%"},{"v":0,"d":"0.00%"},{"v":0,"d":"0.00%"},{"v":0,"d":"0.00%"},{"v":0,"d":"0.00%"},{"v":0,"d":"0.00%"},{"v":0,"d":"0.00%"},{"v":0,"d":"0.00%"},{"v":0.2,"d":"20.00%"},{"v":0.2,"d":"20.00%"},{"v":0.2,"d":"20.00%"},{"v":0.2,"d":"20.00%"},{"v":0.2,"d":"20.00%"},{"v":0,"d":"0.00%"},{"v":0,"d":"0.00%"}]
[null,null,{"$error":"#REF!"},{"$error":"#REF!"},{"$error":"#REF!"},{"$error":"#REF!"},{"$nulls":10},{"v":0.2,"d":"20.00%"},{"v":0.2,"d":"20.00%"},{"v":0.2,"d":"20.00%"},{"v":0.2,"d":"20.00%"},{"v":0.2,"d":"20.00%"}]
[null,985,"REFLECTOR SUMERGIBLE RGB 150 W, IP68 (CHORRO AGUA)","u",{"v":20,"d":"20.00000"},{"v":361.64,"d":"$ 361.64000"},{"v":7232.799999999999,"d":"$ 7,232.80000"},0,0,0,0,0,0,0,0,0,{"v":1446.56,"d":"1,446.56000"},{"v":1446.56,"d":"1,446.56000"},{"v":1446.56,"d":"1,446.56000"},{"v":1446.56,"d":"1,446.56000"},{"v":1446.56,"d":"1,446.56000"},0,0]
[null,null,{"$error":"#REF!"},{"$error":"#REF!"},{"$error":"#REF!"},{"$error":"#REF!"},null,{"v":0,"d":"0.00%"},{"v":0,"d":"0.00%"},{"v":0,"d":"0.00%"},{"v":0,"d":"0.00%"},{"v":0,"d":"0.00%"},{"v":0,"d":"0.00%"},{"v":0,"d":"0.00%"},{"v":0,"d":"0.00%"},{"v":0,"d":"0.00%"},{"v":0.2,"d":"20.00%"},{"v":0.2,"d":"20.00%"},{"v":0.2,"d":"20.00%"},{"v":0.2,"d":"20.00%"},{"v":0.2,"d":"20.00%"},{"v":0,"d":"0.00%"},{"v":0,"d":"0.00%"}]
[null,null,{"$error":"#REF!"},{"$error":"#REF!"},{"$error":"#REF!"},{"$error":"#REF!"},{"$nulls":10},{"v":0.2,"d":"20.00%"},{"v":0.2,"d":"20.00%"},{"v":0.2,"d":"20.00%"},{"v":0.2,"d":"20.00%"},{"v":0.2,"d":"20.00%"}]
[null,986,"REFLECTOR LED 150 W - 220 V; COLOR NEUTRO GRADO IP68","u",{"v":33,"d":"33.00000"},{"v":397.64,"d":"$ 397.64000"},{"v":13122.119999999999,"d":"$ 13,122.12000"},0,0,0,0,0,0,0,0,0,{"v":2624.424,"d":"2,624.42400"},{"v":2624.424,"d":"2,624.42400"},{"v":2624.424,"d":"2,624.42400"},{"v":2624.424,"d":"2,624.42400"},{"v":2624.424,"d":"2,624.42400"},0,0]
[null,null,{"$error":"#REF!"},{"$error":"#REF!"},{"$error":"#REF!"},{"$error":"#REF!"},null,{"v":0,"d":"0.00%"},{"v":0,"d":"0.00%"},{"v":0,"d":"0.00%"},{"v":0,"d":"0.00%"},{"v":0,"d":"0.00%"},{"v":0,"d":"0.00%"},{"v":0,"d":"0.00%"},{"v":0,"d":"0.00%"},{"v":0,"d":"0.00%"},{"v":0.2,"d":"20.00%"},{"v":0.2,"d":"20.00%"},{"v":0.2,"d":"20.00%"},{"v":0.2,"d":"20.00%"},{"v":0.2,"d":"20.00%"},{"v":0,"d":"0.00%"},{"v":0,"d":"0.00%"}]
[null,null,{"$error":"#REF!"},{"$error":"#REF!"},{"$error":"#REF!"},{"$error":"#REF!"},{"$nulls":10},{"v":0.2,"d":"20.00%"},{"v":0.2,"d":"20.00%"},{"v":0.2,"d":"20.00%"},{"v":0.2,"d":"20.00%"},{"v":0.2,"d":"20.00%"}]
[null,987,"TRANSICION CANALIZACION EN MUELLES (FIJO - MOVIL)","u",{"v":5,"d":"5.00000"},{"v":190.52,"d":"$ 190.52000"},{"v":952.6,"d":"$ 952.60000"},0,0,0,0,0,0,0,0,0,{"v":190.52,"d":"190.52000"},{"v":190.52,"d":"190.52000"},{"v":190.52,"d":"190.52000"},{"v":190.52,"d":"190.52000"},{"v":190.52,"d":"190.52000"},0,0]
[null,null,{"$error":"#REF!"},{"$error":"#REF!"},{"$error":"#REF!"},{"$error":"#REF!"},null,{"v":0,"d":"0.00%"},{"v":0,"d":"0.00%"},{"v":0,"d":"0.00%"},{"v":0,"d":"0.00%"},{"v":0,"d":"0.00%"},{"v":0,"d":"0.00%"},{"v":0,"d":"0.00%"},{"v":0,"d":"0.00%"},{"v":0,"d":"0.00%"},{"v":0.2,"d":"20.00%"},{"v":0.2,"d":"20.00%"},{"v":0.2,"d":"20.00%"},{"v":0.2,"d":"20.00%"},{"v":0.2,"d":"20.00%"},{"v":0,"d":"0.00%"},{"v":0,"d":"0.00%"}]
[null,null,{"$error":"#REF!"},{"$error":"#REF!"},{"$error":"#REF!"},{"$error":"#REF!"},{"$nulls":10},{"v":0.2,"d":"20.00%"},{"v":0.2,"d":"20.00%"},{"v":0.2,"d":"20.00%"},{"v":0.2,"d":"20.00%"},{"v":0.2,"d":"20.00%"}]
[null,988,"PROVISION DE TAPA DE GRAFITO ESFEROIDAL DE 80cm DE DIAMETRO CON RESISTENCIA 125KN PARA LAS CAJAS PROYECTADAS. INCLUYE TRANSPORTE Y SISTEMA ELECTRICO","u",{"v":16,"d":"16.00000"},{"v":372,"d":"$ 372.00000"},{"v":5952,"d":"$ 5,952.00000"},0,0,0,0,0,0,0,0,0,{"v":1190.4,"d":"1,190.40000"},{"v":1190.4,"d":"1,190.40000"},{"v":1190.4,"d":"1,190.40000"},{"v":1190.4,"d":"1,190.40000"},{"v":1190.4,"d":"1,190.40000"},0,0]
[null,null,{"$error":"#REF!"},{"$error":"#REF!"},{"$error":"#REF!"},{"$error":"#REF!"},null,{"v":0,"d":"0.00%"},{"v":0,"d":"0.00%"},{"v":0,"d":"0.00%"},{"v":0,"d":"0.00%"},{"v":0,"d":"0.00%"},{"v":0,"d":"0.00%"},{"v":0,"d":"0.00%"},{"v":0,"d":"0.00%"},{"v":0,"d":"0.00%"},{"v":0.2,"d":"20.00%"},{"v":0.2,"d":"20.00%"},{"v":0.2,"d":"20.00%"},{"v":0.2,"d":"20.00%"},{"v":0.2,"d":"20.00%"},{"v":0,"d":"0.00%"},{"v":0,"d":"0.00%"}]
[null,null,{"$error":"#REF!"},{"$error":"#REF!"},{"$error":"#REF!"},{"$error":"#REF!"},{"$nulls":10},{"v":0.2,"d":"20.00%"},{"v":0.2,"d":"20.00%"},{"v":0.2,"d":"20.00%"},{"v":0.2,"d":"20.00%"},{"v":0.2,"d":"20.00%"}]
[null,989,"PROVISION DE TAPA DE GRAFITO ESFEROIDAL DE 60cm DE DIAMETRO CON RESISTENCIA 125KN PARA LAS CAJAS PROYECTADAS. INCLUYE TRANSPORTE Y SISTEMA ELECTRICO ","u",{"v":42,"d":"42.00000"},{"v":216,"d":"$ 216.00000"},{"v":9072,"d":"$ 9,072.00000"},0,0,0,0,0,0,0,0,0,{"v":1814.4,"d":"1,814.40000"},{"v":1814.4,"d":"1,814.40000"},{"v":1814.4,"d":"1,814.40000"},{"v":1814.4,"d":"1,814.40000"},{"v":1814.4,"d":"1,814.40000"},0,0]
[null,null,{"$error":"#REF!"},{"$error":"#REF!"},{"$error":"#REF!"},{"$error":"#REF!"},null,{"v":0,"d":"0.00%"},{"v":0,"d":"0.00%"},{"v":0,"d":"0.00%"},{"v":0,"d":"0.00%"},{"v":0,"d":"0.00%"},{"v":0,"d":"0.00%"},{"v":0,"d":"0.00%"},{"v":0,"d":"0.00%"},{"v":0,"d":"0.00%"},{"v":0.2,"d":"20.00%"},{"v":0.2,"d":"20.00%"},{"v":0.2,"d":"20.00%"},{"v":0.2,"d":"20.00%"},{"v":0.2,"d":"20.00%"},{"v":0,"d":"0.00%"},{"v":0,"d":"0.00%"}]
[null,null,{"$error":"#REF!"},{"$error":"#REF!"},{"$error":"#REF!"},{"$error":"#REF!"},{"$nulls":10},{"v":0.2,"d":"20.00%"},{"v":0.2,"d":"20.00%"},{"v":0.2,"d":"20.00%"},{"v":0.2,"d":"20.00%"},{"v":0.2,"d":"20.00%"}]
[null,990,"TAPA METALICA DE 40X40cm CON LOGO ELECTRICIDAD PARA CAJAS PROYECTADAS DE 125KN","u",{"v":12,"d":"12.00000"},{"v":189.21,"d":"$ 189.21000"},{"v":2270.52,"d":"$ 2,270.52000"},0,0,0,0,0,0,0,0,0,{"v":454.10400000000004,"d":"454.10400"},{"v":454.10400000000004,"d":"454.10400"},{"v":454.10400000000004,"d":"454.10400"},{"v":454.10400000000004,"d":"454.10400"},{"v":454.10400000000004,"d":"454.10400"},0,0]
[null,null,{"$error":"#REF!"},{"$error":"#REF!"},{"$error":"#REF!"},{"$error":"#REF!"},null,{"v":0,"d":"0.00%"},{"v":0,"d":"0.00%"},{"v":0,"d":"0.00%"},{"v":0,"d":"0.00%"},{"v":0,"d":"0.00%"},{"v":0,"d":"0.00%"},{"v":0,"d":"0.00%"},{"v":0,"d":"0.00%"},{"v":0,"d":"0.00%"},{"v":0.2,"d":"20.00%"},{"v":0.2,"d":"20.00%"},{"v":0.2,"d":"20.00%"},{"v":0.2,"d":"20.00%"},{"v":0.2,"d":"20.00%"},{"v":0,"d":"0.00%"},{"v":0,"d":"0.00%"}]
[null,null,{"$error":"#REF!"},{"$error":"#REF!"},{"$error":"#REF!"},{"$error":"#REF!"},{"$nulls":10},{"v":0.2,"d":"20.00%"},{"v":0.2,"d":"20.00%"},{"v":0.2,"d":"20.00%"},{"v":0.2,"d":"20.00%"},{"v":0.2,"d":"20.00%"}]
[null,991,"ESTRUCTURA 3F VOLADA ANGULAR EST-3VA","u",{"v":1,"d":"1.00000"},{"v":515.7,"d":"$ 515.70000"},{"v":515.7,"d":"$ 515.70000"},0,0,0,0,0,0,0,0,0,{"v":103.14000000000001,"d":"103.14000"},{"v":103.14000000000001,"d":"103.14000"},{"v":103.14000000000001,"d":"103.14000"},{"v":103.14000000000001,"d":"103.14000"},{"v":103.14000000000001,"d":"103.14000"},0,0]
[null,null,{"$error":"#REF!"},{"$error":"#REF!"},{"$error":"#REF!"},{"$error":"#REF!"},null,{"v":0,"d":"0.00%"},{"v":0,"d":"0.00%"},{"v":0,"d":"0.00%"},{"v":0,"d":"0.00%"},{"v":0,"d":"0.00%"},{"v":0,"d":"0.00%"},{"v":0,"d":"0.00%"},{"v":0,"d":"0.00%"},{"v":0,"d":"0.00%"},{"v":0.2,"d":"20.00%"},{"v":0.2,"d":"20.00%"},{"v":0.2,"d":"20.00%"},{"v":0.2,"d":"20.00%"},{"v":0.2,"d":"20.00%"},{"v":0,"d":"0.00%"},{"v":0,"d":"0.00%"}]
[null,null,{"$error":"#REF!"},{"$error":"#REF!"},{"$error":"#REF!"},{"$error":"#REF!"},{"$nulls":10},{"v":0.2,"d":"20.00%"},{"v":0.2,"d":"20.00%"},{"v":0.2,"d":"20.00%"},{"v":0.2,"d":"20.00%"},{"v":0.2,"d":"20.00%"}]
[null,992,"POSTE HA 12m X 500 KGF","u",{"v":1,"d":"1.00000"},{"v":478.63,"d":"$ 478.63000"},{"v":478.63,"d":"$ 478.63000"},0,0,0,0,0,0,0,0,0,{"v":95.726,"d":"95.72600"},{"v":95.726,"d":"95.72600"},{"v":95.726,"d":"95.72600"},{"v":95.726,"d":"95.72600"},{"v":95.726,"d":"95.72600"},0,0]
[null,null,{"$error":"#REF!"},{"$error":"#REF!"},{"$error":"#REF!"},{"$error":"#REF!"},null,{"v":0,"d":"0.00%"},{"v":0,"d":"0.00%"},{"v":0,"d":"0.00%"},{"v":0,"d":"0.00%"},{"v":0,"d":"0.00%"},{"v":0,"d":"0.00%"},{"v":0,"d":"0.00%"},{"v":0,"d":"0.00%"},{"v":0,"d":"0.00%"},{"v":0.2,"d":"20.00%"},{"v":0.2,"d":"20.00%"},{"v":0.2,"d":"20.00%"},{"v":0.2,"d":"20.00%"},{"v":0.2,"d":"20.00%"},{"v":0,"d":"0.00%"},{"v":0,"d":"0.00%"}]
[null,null,{"$error":"#REF!"},{"$error":"#REF!"},{"$error":"#REF!"},{"$error":"#REF!"},{"$nulls":10},{"v":0.2,"d":"20.00%"},{"v":0.2,"d":"20.00%"},{"v":0.2,"d":"20.00%"},{"v":0.2,"d":"20.00%"},{"v":0.2,"d":"20.00%"}]
[null,993,"SECCIONADOR FUSIBLE 100 A - 27kW CON ROMPE ARCO","u",{"v":1,"d":"1.00000"},{"v":315.1,"d":"$ 315.10000"},{"v":315.1,"d":"$ 315.10000"},0,0,0,0,0,0,0,0,0,{"v":63.02000000000001,"d":"63.02000"},{"v":63.02000000000001,"d":"63.02000"},{"v":63.02000000000001,"d":"63.02000"},{"v":63.02000000000001,"d":"63.02000"},{"v":63.02000000000001,"d":"63.02000"},0,0]
[null,null,{"$error":"#REF!"},{"$error":"#REF!"},{"$error":"#REF!"},{"$error":"#REF!"},null,{"v":0,"d":"0.00%"},{"v":0,"d":"0.00%"},{"v":0,"d":"0.00%"},{"v":0,"d":"0.00%"},{"v":0,"d":"0.00%"},{"v":0,"d":"0.00%"},{"v":0,"d":"0.00%"},{"v":0,"d":"0.00%"},{"v":0,"d":"0.00%"},{"v":0.2,"d":"20.00%"},{"v":0.2,"d":"20.00%"},{"v":0.2,"d":"20.00%"},{"v":0.2,"d":"20.00%"},{"v":0.2,"d":"20.00%"},{"v":0,"d":"0.00%"},{"v":0,"d":"0.00%"}]
[null,null,{"$error":"#REF!"},{"$error":"#REF!"},{"$error":"#REF!"},{"$error":"#REF!"},{"$nulls":10},{"v":0.2,"d":"20.00%"},{"v":0.2,"d":"20.00%"},{"v":0.2,"d":"20.00%"},{"v":0.2,"d":"20.00%"},{"v":0.2,"d":"20.00%"}]
[null,994,"CAJA DE REVISION ELECTRICA 0.60x0.60x0.60m","u",{"v":36,"d":"36.00000"},{"v":437.73,"d":"$ 437.73000"},{"v":15758.28,"d":"$ 15,758.28000"},0,0,0,0,0,0,0,0,0,{"v":3151.6560000000004,"d":"3,151.65600"},{"v":3151.6560000000004,"d":"3,151.65600"},{"v":3151.6560000000004,"d":"3,151.65600"},{"v":3151.6560000000004,"d":"3,151.65600"},{"v":3151.6560000000004,"d":"3,151.65600"},0,0]
[null,null,{"$error":"#REF!"},{"$error":"#REF!"},{"$error":"#REF!"},{"$error":"#REF!"},null,{"v":0,"d":"0.00%"},{"v":0,"d":"0.00%"},{"v":0,"d":"0.00%"},{"v":0,"d":"0.00%"},{"v":0,"d":"0.00%"},{"v":0,"d":"0.00%"},{"v":0,"d":"0.00%"},{"v":0,"d":"0.00%"},{"v":0,"d":"0.00%"},{"v":0.2,"d":"20.00%"},{"v":0.2,"d":"20.00%"},{"v":0.2,"d":"20.00%"},{"v":0.2,"d":"20.00%"},{"v":0.2,"d":"20.00%"},{"v":0,"d":"0.00%"},{"v":0,"d":"0.00%"}]
[null,null,{"$error":"#REF!"},{"$error":"#REF!"},{"$error":"#REF!"},{"$error":"#REF!"},{"$nulls":10},{"v":0.2,"d":"20.00%"},{"v":0.2,"d":"20.00%"},{"v":0.2,"d":"20.00%"},{"v":0.2,"d":"20.00%"},{"v":0.2,"d":"20.00%"}]
[null,995,"CAJA DE REVISION ELECTRICA 0.40x0.40x0.40m","u",{"v":15,"d":"15.00000"},{"v":283.33,"d":"$ 283.33000"},{"v":4249.95,"d":"$ 4,249.95000"},0,0,0,0,0,0,0,0,0,{"v":849.99,"d":"849.99000"},{"v":849.99,"d":"849.99000"},{"v":849.99,"d":"849.99000"},{"v":849.99,"d":"849.99000"},{"v":849.99,"d":"849.99000"},0,0]
[null,null,{"$error":"#REF!"},{"$error":"#REF!"},{"$error":"#REF!"},{"$error":"#REF!"},null,{"v":0,"d":"0.00%"},{"v":0,"d":"0.00%"},{"v":0,"d":"0.00%"},{"v":0,"d":"0.00%"},{"v":0,"d":"0.00%"},{"v":0,"d":"0.00%"},{"v":0,"d":"0.00%"},{"v":0,"d":"0.00%"},{"v":0,"d":"0.00%"},{"v":0.2,"d":"20.00%"},{"v":0.2,"d":"20.00%"},{"v":0.2,"d":"20.00%"},{"v":0.2,"d":"20.00%"},{"v":0.2,"d":"20.00%"},{"v":0,"d":"0.00%"},{"v":0,"d":"0.00%"}]
[null,null,{"$error":"#REF!"},{"$error":"#REF!"},{"$error":"#REF!"},{"$error":"#REF!"},{"$nulls":10},{"v":0.2,"d":"20.00%"},{"v":0.2,"d":"20.00%"},{"v":0.2,"d":"20.00%"},{"v":0.2,"d":"20.00%"},{"v":0.2,"d":"20.00%"}]
[null,996,"ALIMENTADOR AWG-THHN-CU: 2 NO.6 + 1 NO.8 + T NO.10","m",{"v":5,"d":"5.00000"},{"v":26.06,"d":"$ 26.06000"},{"v":130.29999999999998,"d":"$ 130.30000"},0,0,0,0,0,0,0,0,0,{"v":26.06,"d":"26.06000"},{"v":26.06,"d":"26.06000"},{"v":26.06,"d":"26.06000"},{"v":26.06,"d":"26.06000"},{"v":26.06,"d":"26.06000"},0,0]
[null,null,{"$error":"#REF!"},{"$error":"#REF!"},{"$error":"#REF!"},{"$error":"#REF!"},null,{"v":0,"d":"0.00%"},{"v":0,"d":"0.00%"},{"v":0,"d":"0.00%"},{"v":0,"d":"0.00%"},{"v":0,"d":"0.00%"},{"v":0,"d":"0.00%"},{"v":0,"d":"0.00%"},{"v":0,"d":"0.00%"},{"v":0,"d":"0.00%"},{"v":0.2,"d":"20.00%"},{"v":0.2,"d":"20.00%"},{"v":0.2,"d":"20.00%"},{"v":0.2,"d":"20.00%"},{"v":0.2,"d":"20.00%"},{"v":0,"d":"0.00%"},{"v":0,"d":"0.00%"}]
[null,null,{"$error":"#REF!"},{"$error":"#REF!"},{"$error":"#REF!"},{"$error":"#REF!"},{"$nulls":10},{"v":0.2,"d":"20.00%"},{"v":0.2,"d":"20.00%"},{"v":0.2,"d":"20.00%"},{"v":0.2,"d":"20.00%"},{"v":0.2,"d":"20.00%"}]
[null,997,"ALIMENTADOR AWG-THHN-CU: 2 NO.8 + 1 NO.10 + T NO.12","m",{"v":1660,"d":"1660.00000"},{"v":17.26,"d":"$ 17.26000"},{"v":28651.600000000002,"d":"$ 28,651.60000"},0,0,0,0,0,0,0,0,0,{"v":5730.320000000001,"d":"5,730.32000"},{"v":5730.320000000001,"d":"5,730.32000"},{"v":5730.320000000001,"d":"5,730.32000"},{"v":5730.320000000001,"d":"5,730.32000"},{"v":5730.320000000001,"d":"5,730.32000"},0,0]
[null,null,{"$error":"#REF!"},{"$error":"#REF!"},{"$error":"#REF!"},{"$error":"#REF!"},null,{"v":0,"d":"0.00%"},{"v":0,"d":"0.00%"},{"v":0,"d":"0.00%"},{"v":0,"d":"0.00%"},{"v":0,"d":"0.00%"},{"v":0,"d":"0.00%"},{"v":0,"d":"0.00%"},{"v":0,"d":"0.00%"},{"v":0,"d":"0.00%"},{"v":0.2,"d":"20.00%"},{"v":0.2,"d":"20.00%"},{"v":0.2,"d":"20.00%"},{"v":0.2,"d":"20.00%"},{"v":0.2,"d":"20.00%"},{"v":0,"d":"0.00%"},{"v":0,"d":"0.00%"}]
[null,null,{"$error":"#REF!"},{"$error":"#REF!"},{"$error":"#REF!"},{"$error":"#REF!"},{"$nulls":10},{"v":0.2,"d":"20.00%"},{"v":0.2,"d":"20.00%"},{"v":0.2,"d":"20.00%"},{"v":0.2,"d":"20.00%"},{"v":0.2,"d":"20.00%"}]
[null,998,"LUMINARIA VIAL EN POSTE DE 12.00m - 218 W - 220 V","u",{"v":20,"d":"20.00000"},{"v":1552.61,"d":"$ 1,552.61000"},{"v":31052.199999999997,"d":"$ 31,052.20000"},0,0,0,0,0,0,0,0,0,{"v":6210.44,"d":"6,210.44000"},{"v":6210.44,"d":"6,210.44000"},{"v":6210.44,"d":"6,210.44000"},{"v":6210.44,"d":"6,210.44000"},{"v":6210.44,"d":"6,210.44000"},0,0]
[null,null,{"$error":"#REF!"},{"$error":"#REF!"},{"$error":"#REF!"},{"$error":"#REF!"},null,{"v":0,"d":"0.00%"},{"v":0,"d":"0.00%"},{"v":0,"d":"0.00%"},{"v":0,"d":"0.00%"},{"v":0,"d":"0.00%"},{"v":0,"d":"0.00%"},{"v":0,"d":"0.00%"},{"v":0,"d":"0.00%"},{"v":0,"d":"0.00%"},{"v":0.2,"d":"20.00%"},{"v":0.2,"d":"20.00%"},{"v":0.2,"d":"20.00%"},{"v":0.2,"d":"20.00%"},{"v":0.2,"d":"20.00%"},{"v":0,"d":"0.00%"},{"v":0,"d":"0.00%"}]
[null,null,{"$error":"#REF!"},{"$error":"#REF!"},{"$error":"#REF!"},{"$error":"#REF!"},{"$nulls":10},{"v":0.2,"d":"20.00%"},{"v":0.2,"d":"20.00%"},{"v":0.2,"d":"20.00%"},{"v":0.2,"d":"20.00%"},{"v":0.2,"d":"20.00%"}]
[null,999,"PROVISION DE TAPA DE GRAFITO ESFEROIDAL DE 60cm DE DIAMETRO CON RESISTENCIA 125KN PARA LAS CAJAS PROYECTADAS. INCLUYE TRANSPORTE Y SISTEMA ELECTRICO ","u",{"v":23,"d":"23.00000"},{"v":216,"d":"$ 216.00000"},{"v":4968,"d":"$ 4,968.00000"},0,0,0,0,0,0,0,0,0,{"v":993.6,"d":"993.60000"},{"v":993.6,"d":"993.60000"},{"v":993.6,"d":"993.60000"},{"v":993.6,"d":"993.60000"},{"v":993.6,"d":"993.60000"},0,0]
[null,null,{"$error":"#REF!"},{"$error":"#REF!"},{"$error":"#REF!"},{"$error":"#REF!"},null,{"v":0,"d":"0.00%"},{"v":0,"d":"0.00%"},{"v":0,"d":"0.00%"},{"v":0,"d":"0.00%"},{"v":0,"d":"0.00%"},{"v":0,"d":"0.00%"},{"v":0,"d":"0.00%"},{"v":0,"d":"0.00%"},{"v":0,"d":"0.00%"},{"v":0.2,"d":"20.00%"},{"v":0.2,"d":"20.00%"},{"v":0.2,"d":"20.00%"},{"v":0.2,"d":"20.00%"},{"v":0.2,"d":"20.00%"},{"v":0,"d":"0.00%"},{"v":0,"d":"0.00%"}]
[null,null,{"$error":"#REF!"},{"$error":"#REF!"},{"$error":"#REF!"},{"$error":"#REF!"},{"$nulls":10},{"v":0.2,"d":"20.00%"},{"v":0.2,"d":"20.00%"},{"v":0.2,"d":"20.00%"},{"v":0.2,"d":"20.00%"},{"v":0.2,"d":"20.00%"}]
[null,1000,"TAPA METALICA DE 40X40cm CON LOGO ELECTRICIDAD PARA CAJAS PROYECTADAS DE 125KN","u",{"v":3,"d":"3.00000"},{"v":189.21,"d":"$ 189.21000"},{"v":567.63,"d":"$ 567.63000"},0,0,0,0,0,0,0,0,0,{"v":113.52600000000001,"d":"113.52600"},{"v":113.52600000000001,"d":"113.52600"},{"v":113.52600000000001,"d":"113.52600"},{"v":113.52600000000001,"d":"113.52600"},{"v":113.52600000000001,"d":"113.52600"},0,0]
[null,null,{"$error":"#REF!"},{"$error":"#REF!"},{"$error":"#REF!"},{"$error":"#REF!"},null,{"v":0,"d":"0.00%"},{"v":0,"d":"0.00%"},{"v":0,"d":"0.00%"},{"v":0,"d":"0.00%"},{"v":0,"d":"0.00%"},{"v":0,"d":"0.00%"},{"v":0,"d":"0.00%"},{"v":0,"d":"0.00%"},{"v":0,"d":"0.00%"},{"v":0.2,"d":"20.00%"},{"v":0.2,"d":"20.00%"},{"v":0.2,"d":"20.00%"},{"v":0.2,"d":"20.00%"},{"v":0.2,"d":"20.00%"},{"v":0,"d":"0.00%"},{"v":0,"d":"0.00%"}]
[null,null,{"$error":"#REF!"},{"$error":"#REF!"},{"$error":"#REF!"},{"$error":"#REF!"},{"$nulls":10},{"v":0.2,"d":"20.00%"},{"v":0.2,"d":"20.00%"},{"v":0.2,"d":"20.00%"},{"v":0.2,"d":"20.00%"},{"v":0.2,"d":"20.00%"}]
[null,1001,"TRANSFORMADOR 1F 10 KVA TIPO AUTO PROTEGIDO 7.9KV/120-240 V","u",{"v":1,"d":"1.00000"},{"v":1408.28,"d":"$ 1,408.28000"},{"v":1408.28,"d":"$ 1,408.28000"},0,0,0,0,0,0,0,0,0,{"v":281.656,"d":"281.65600"},{"v":281.656,"d":"281.65600"},{"v":281.656,"d":"281.65600"},{"v":281.656,"d":"281.65600"},{"v":281.656,"d":"281.65600"},0,0]
[null,null,{"$error":"#REF!"},{"$error":"#REF!"},{"$error":"#REF!"},{"$error":"#REF!"},null,{"v":0,"d":"0.00%"},{"v":0,"d":"0.00%"},{"v":0,"d":"0.00%"},{"v":0,"d":"0.00%"},{"v":0,"d":"0.00%"},{"v":0,"d":"0.00%"},{"v":0,"d":"0.00%"},{"v":0,"d":"0.00%"},{"v":0,"d":"0.00%"},{"v":0.2,"d":"20.00%"},{"v":0.2,"d":"20.00%"},{"v":0.2,"d":"20.00%"},{"v":0.2,"d":"20.00%"},{"v":0.2,"d":"20.00%"},{"v":0,"d":"0.00%"},{"v":0,"d":"0.00%"}]
[null,null,{"$error":"#REF!"},{"$error":"#REF!"},{"$error":"#REF!"},{"$error":"#REF!"},{"$nulls":10},{"v":0.2,"d":"20.00%"},{"v":0.2,"d":"20.00%"},{"v":0.2,"d":"20.00%"},{"v":0.2,"d":"20.00%"},{"v":0.2,"d":"20.00%"}]
[null,1002,"DUCTERIA METALICA RIGIDA 2\" PARA BAJA TENSION","u",{"v":1,"d":"1.00000"},{"v":271.96,"d":"$ 271.96000"},{"v":271.96,"d":"$ 271.96000"},0,0,0,0,0,0,0,0,0,{"v":54.391999999999996,"d":"54.39200"},{"v":54.391999999999996,"d":"54.39200"},{"v":54.391999999999996,"d":"54.39200"},{"v":54.391999999999996,"d":"54.39200"},{"v":54.391999999999996,"d":"54.39200"},0,0]
[null,null,{"$error":"#REF!"},{"$error":"#REF!"},{"$error":"#REF!"},{"$error":"#REF!"},null,{"v":0,"d":"0.00%"},{"v":0,"d":"0.00%"},{"v":0,"d":"0.00%"},{"v":0,"d":"0.00%"},{"v":0,"d":"0.00%"},{"v":0,"d":"0.00%"},{"v":0,"d":"0.00%"},{"v":0,"d":"0.00%"},{"v":0,"d":"0.00%"},{"v":0.2,"d":"20.00%"},{"v":0.2,"d":"20.00%"},{"v":0.2,"d":"20.00%"},{"v":0.2,"d":"20.00%"},{"v":0.2,"d":"20.00%"},{"v":0,"d":"0.00%"},{"v":0,"d":"0.00%"}]
[null,null,{"$error":"#REF!"},{"$error":"#REF!"},{"$error":"#REF!"},{"$error":"#REF!"},{"$nulls":10},{"v":0.2,"d":"20.00%"},{"v":0.2,"d":"20.00%"},{"v":0.2,"d":"20.00%"},{"v":0.2,"d":"20.00%"},{"v":0.2,"d":"20.00%"}]
[null,1003,"CANALIZACION DE BATERIA DE 4 x 50mm PVC PESADO","m",{"v":610,"d":"610.00000"},{"v":51.37,"d":"$ 51.37000"},{"v":31335.699999999997,"d":"$ 31,335.70000"},0,0,0,0,0,0,0,0,0,{"v":6267.139999999999,"d":"6,267.14000"},{"v":6267.139999999999,"d":"6,267.14000"},{"v":6267.139999999999,"d":"6,267.14000"},{"v":6267.139999999999,"d":"6,267.14000"},{"v":6267.139999999999,"d":"6,267.14000"},0,0]
[null,null,{"$error":"#REF!"},{"$error":"#REF!"},{"$error":"#REF!"},{"$error":"#REF!"},null,{"v":0,"d":"0.00%"},{"v":0,"d":"0.00%"},{"v":0,"d":"0.00%"},{"v":0,"d":"0.00%"},{"v":0,"d":"0.00%"},{"v":0,"d":"0.00%"},{"v":0,"d":"0.00%"},{"v":0,"d":"0.00%"},{"v":0,"d":"0.00%"},{"v":0.2,"d":"20.00%"},{"v":0.2,"d":"20.00%"},{"v":0.2,"d":"20.00%"},{"v":0.2,"d":"20.00%"},{"v":0.2,"d":"20.00%"},{"v":0,"d":"0.00%"},{"v":0,"d":"0.00%"}]
[null,null,{"$error":"#REF!"},{"$error":"#REF!"},{"$error":"#REF!"},{"$error":"#REF!"},{"$nulls":10},{"v":0.2,"d":"20.00%"},{"v":0.2,"d":"20.00%"},{"v":0.2,"d":"20.00%"},{"v":0.2,"d":"20.00%"},{"v":0.2,"d":"20.00%"}]
[null,1004,"CANALIZACION 4 x 50mm PVC PESADO + 4 x 110mm PVC PESADO","m",{"v":1025,"d":"1025.00000"},{"v":115.9,"d":"$ 115.90000"},{"v":118797.5,"d":"$ 118,797.50000"},0,0,0,0,0,0,0,0,0,{"v":23759.5,"d":"23,759.50000"},{"v":23759.5,"d":"23,759.50000"},{"v":23759.5,"d":"23,759.50000"},{"v":23759.5,"d":"23,759.50000"},{"v":23759.5,"d":"23,759.50000"},0,0]
[null,null,{"$error":"#REF!"},{"$error":"#REF!"},{"$error":"#REF!"},{"$error":"#REF!"},null,{"v":0,"d":"0.00%"},{"v":0,"d":"0.00%"},{"v":0,"d":"0.00%"},{"v":0,"d":"0.00%"},{"v":0,"d":"0.00%"},{"v":0,"d":"0.00%"},{"v":0,"d":"0.00%"},{"v":0,"d":"0.00%"},{"v":0,"d":"0.00%"},{"v":0.2,"d":"20.00%"},{"v":0.2,"d":"20.00%"},{"v":0.2,"d":"20.00%"},{"v":0.2,"d":"20.00%"},{"v":0.2,"d":"20.00%"},{"v":0,"d":"0.00%"},{"v":0,"d":"0.00%"}]
[null,null,{"$error":"#REF!"},{"$error":"#REF!"},{"$error":"#REF!"},{"$error":"#REF!"},{"$nulls":10},{"v":0.2,"d":"20.00%"},{"v":0.2,"d":"20.00%"},{"v":0.2,"d":"20.00%"},{"v":0.2,"d":"20.00%"},{"v":0.2,"d":"20.00%"}]
[null,1005,"TABLERO DE CONTROL DE ALUMBRADO (TCA)","u",{"v":1,"d":"1.00000"},{"v":916.52,"d":"$ 916.52000"},{"v":916.52,"d":"$ 916.52000"},0,0,0,0,0,0,0,0,0,{"v":183.304,"d":"183.30400"},{"v":183.304,"d":"183.30400"},{"v":183.304,"d":"183.30400"},{"v":183.304,"d":"183.30400"},{"v":183.304,"d":"183.30400"},0,0]
[null,null,{"$error":"#REF!"},{"$error":"#REF!"},{"$error":"#REF!"},{"$error":"#REF!"},null,{"v":0,"d":"0.00%"},{"v":0,"d":"0.00%"},{"v":0,"d":"0.00%"},{"v":0,"d":"0.00%"},{"v":0,"d":"0.00%"},{"v":0,"d":"0.00%"},{"v":0,"d":"0.00%"},{"v":0,"d":"0.00%"},{"v":0,"d":"0.00%"},{"v":0.2,"d":"20.00%"},{"v":0.2,"d":"20.00%"},{"v":0.2,"d":"20.00%"},{"v":0.2,"d":"20.00%"},{"v":0.2,"d":"20.00%"},{"v":0,"d":"0.00%"},{"v":0,"d":"0.00%"}]
[null,null,{"$error":"#REF!"},{"$error":"#REF!"},{"$error":"#REF!"},{"$error":"#REF!"},{"$nulls":10},{"v":0.2,"d":"20.00%"},{"v":0.2,"d":"20.00%"},{"v":0.2,"d":"20.00%"},{"v":0.2,"d":"20.00%"},{"v":0.2,"d":"20.00%"}]
[null,1006,"DUCTERIA METALICA RIGIDA 2\" PARA FIBRA OPTICA","u",{"v":1,"d":"1.00000"},{"v":714.23,"d":"$ 714.23000"},{"v":714.23,"d":"$ 714.23000"},0,0,0,0,0,0,0,0,0,{"v":142.846,"d":"142.84600"},{"v":142.846,"d":"142.84600"},{"v":142.846,"d":"142.84600"},{"v":142.846,"d":"142.84600"},{"v":142.846,"d":"142.84600"},0,0]
[null,null,{"$error":"#REF!"},{"$error":"#REF!"},{"$error":"#REF!"},{"$error":"#REF!"},null,{"v":0,"d":"0.00%"},{"v":0,"d":"0.00%"},{"v":0,"d":"0.00%"},{"v":0,"d":"0.00%"},{"v":0,"d":"0.00%"},{"v":0,"d":"0.00%"},{"v":0,"d":"0.00%"},{"v":0,"d":"0.00%"},{"v":0,"d":"0.00%"},{"v":0.2,"d":"20.00%"},{"v":0.2,"d":"20.00%"},{"v":0.2,"d":"20.00%"},{"v":0.2,"d":"20.00%"},{"v":0.2,"d":"20.00%"},{"v":0,"d":"0.00%"},{"v":0,"d":"0.00%"}]
[null,null,{"$error":"#REF!"},{"$error":"#REF!"},{"$error":"#REF!"},{"$error":"#REF!"},{"$nulls":10},{"v":0.2,"d":"20.00%"},{"v":0.2,"d":"20.00%"},{"v":0.2,"d":"20.00%"},{"v":0.2,"d":"20.00%"},{"v":0.2,"d":"20.00%"}]
[null,1007,"RED DE FIBRA OPTICA ADSS 24 HILOS","m",{"v":2,"d":"2.00000"},{"v":1512.25,"d":"$ 1,512.25000"},{"v":3024.5,"d":"$ 3,024.50000"},0,0,0,0,0,0,0,0,0,{"v":604.9,"d":"604.90000"},{"v":604.9,"d":"604.90000"},{"v":604.9,"d":"604.90000"},{"v":604.9,"d":"604.90000"},{"v":604.9,"d":"604.90000"},0,0]
[null,null,{"$error":"#REF!"},{"$error":"#REF!"},{"$error":"#REF!"},{"$error":"#REF!"},null,{"v":0,"d":"0.00%"},{"v":0,"d":"0.00%"},{"v":0,"d":"0.00%"},{"v":0,"d":"0.00%"},{"v":0,"d":"0.00%"},{"v":0,"d":"0.00%"},{"v":0,"d":"0.00%"},{"v":0,"d":"0.00%"},{"v":0,"d":"0.00%"},{"v":0.2,"d":"20.00%"},{"v":0.2,"d":"20.00%"},{"v":0.2,"d":"20.00%"},{"v":0.2,"d":"20.00%"},{"v":0.2,"d":"20.00%"},{"v":0,"d":"0.00%"},{"v":0,"d":"0.00%"}]
[null,null,{"$error":"#REF!"},{"$error":"#REF!"},{"$error":"#REF!"},{"$error":"#REF!"},{"$nulls":10},{"v":0.2,"d":"20.00%"},{"v":0.2,"d":"20.00%"},{"v":0.2,"d":"20.00%"},{"v":0.2,"d":"20.00%"},{"v":0.2,"d":"20.00%"}]
[null,1008,"CAJAS DE TELECOMUNICACIONES 40x40","u",{"v":30,"d":"30.00000"},{"v":311.92,"d":"$ 311.92000"},{"v":9357.6,"d":"$ 9,357.60000"},0,0,0,0,0,0,0,0,0,{"v":1871.5200000000002,"d":"1,871.52000"},{"v":1871.5200000000002,"d":"1,871.52000"},{"v":1871.5200000000002,"d":"1,871.52000"},{"v":1871.5200000000002,"d":"1,871.52000"},{"v":1871.5200000000002,"d":"1,871.52000"},0,0]
[null,null,{"$error":"#REF!"},{"$error":"#REF!"},{"$error":"#REF!"},{"$error":"#REF!"},null,{"v":0,"d":"0.00%"},{"v":0,"d":"0.00%"},{"v":0,"d":"0.00%"},{"v":0,"d":"0.00%"},{"v":0,"d":"0.00%"},{"v":0,"d":"0.00%"},{"v":0,"d":"0.00%"},{"v":0,"d":"0.00%"},{"v":0,"d":"0.00%"},{"v":0.2,"d":"20.00%"},{"v":0.2,"d":"20.00%"},{"v":0.2,"d":"20.00%"},{"v":0.2,"d":"20.00%"},{"v":0.2,"d":"20.00%"},{"v":0,"d":"0.00%"},{"v":0,"d":"0.00%"}]
[null,null,{"$error":"#REF!"},{"$error":"#REF!"},{"$error":"#REF!"},{"$error":"#REF!"},{"$nulls":10},{"v":0.2,"d":"20.00%"},{"v":0.2,"d":"20.00%"},{"v":0.2,"d":"20.00%"},{"v":0.2,"d":"20.00%"},{"v":0.2,"d":"20.00%"}]
[null,1009,"CAJAS DE PASO 25x25x15cm CON PUERTA INOXIDABLE","u",{"v":4,"d":"4.00000"},{"v":56.42,"d":"$ 56.42000"},{"v":225.68,"d":"$ 225.68000"},0,0,0,0,0,0,0,0,0,{"v":45.136,"d":"45.13600"},{"v":45.136,"d":"45.13600"},{"v":45.136,"d":"45.13600"},{"v":45.136,"d":"45.13600"},{"v":45.136,"d":"45.13600"},0,0]
[null,null,{"$error":"#REF!"},{"$error":"#REF!"},{"$error":"#REF!"},{"$error":"#REF!"},null,{"v":0,"d":"0.00%"},{"v":0,"d":"0.00%"},{"v":0,"d":"0.00%"},{"v":0,"d":"0.00%"},{"v":0,"d":"0.00%"},{"v":0,"d":"0.00%"},{"v":0,"d":"0.00%"},{"v":0,"d":"0.00%"},{"v":0,"d":"0.00%"},{"v":0.2,"d":"20.00%"},{"v":0.2,"d":"20.00%"},{"v":0.2,"d":"20.00%"},{"v":0.2,"d":"20.00%"},{"v":0.2,"d":"20.00%"},{"v":0,"d":"0.00%"},{"v":0,"d":"0.00%"}]
[null,null,{"$error":"#REF!"},{"$error":"#REF!"},{"$error":"#REF!"},{"$error":"#REF!"},{"$nulls":10},{"v":0.2,"d":"20.00%"},{"v":0.2,"d":"20.00%"},{"v":0.2,"d":"20.00%"},{"v":0.2,"d":"20.00%"},{"v":0.2,"d":"20.00%"}]
[null,1010,"GABINETE RACK DE PISO CERRADO 42UR","u",{"v":1,"d":"1.00000"},{"v":1182.2,"d":"$ 1,182.20000"},{"v":1182.2,"d":"$ 1,182.20000"},0,0,0,0,0,0,0,0,0,{"v":236.44000000000003,"d":"236.44000"},{"v":236.44000000000003,"d":"236.44000"},{"v":236.44000000000003,"d":"236.44000"},{"v":236.44000000000003,"d":"236.44000"},{"v":236.44000000000003,"d":"236.44000"},0,0]
[null,null,{"$error":"#REF!"},{"$error":"#REF!"},{"$error":"#REF!"},{"$error":"#REF!"},null,{"v":0,"d":"0.00%"},{"v":0,"d":"0.00%"},{"v":0,"d":"0.00%"},{"v":0,"d":"0.00%"},{"v":0,"d":"0.00%"},{"v":0,"d":"0.00%"},{"v":0,"d":"0.00%"},{"v":0,"d":"0.00%"},{"v":0,"d":"0.00%"},{"v":0.2,"d":"20.00%"},{"v":0.2,"d":"20.00%"},{"v":0.2,"d":"20.00%"},{"v":0.2,"d":"20.00%"},{"v":0.2,"d":"20.00%"},{"v":0,"d":"0.00%"},{"v":0,"d":"0.00%"}]
[null,null,{"$error":"#REF!"},{"$error":"#REF!"},{"$error":"#REF!"},{"$error":"#REF!"},{"$nulls":10},{"v":0.2,"d":"20.00%"},{"v":0.2,"d":"20.00%"},{"v":0.2,"d":"20.00%"},{"v":0.2,"d":"20.00%"},{"v":0.2,"d":"20.00%"}]
[null,1011,"PEDESTALES/ GABINETES EXTERIORES DE ACERO INOXIDABLE","u",{"v":3,"d":"3.00000"},{"v":751.4,"d":"$ 751.40000"},{"v":2254.2,"d":"$ 2,254.20000"},0,0,0,0,0,0,0,0,0,{"v":450.84,"d":"450.84000"},{"v":450.84,"d":"450.84000"},{"v":450.84,"d":"450.84000"},{"v":450.84,"d":"450.84000"},{"v":450.84,"d":"450.84000"},0,0]
[null,null,{"$error":"#REF!"},{"$error":"#REF!"},{"$error":"#REF!"},{"$error":"#REF!"},null,{"v":0,"d":"0.00%"},{"v":0,"d":"0.00%"},{"v":0,"d":"0.00%"},{"v":0,"d":"0.00%"},{"v":0,"d":"0.00%"},{"v":0,"d":"0.00%"},{"v":0,"d":"0.00%"},{"v":0,"d":"0.00%"},{"v":0,"d":"0.00%"},{"v":0.2,"d":"20.00%"},{"v":0.2,"d":"20.00%"},{"v":0.2,"d":"20.00%"},{"v":0.2,"d":"20.00%"},{"v":0.2,"d":"20.00%"},{"v":0,"d":"0.00%"},{"v":0,"d":"0.00%"}]
[null,null,{"$error":"#REF!"},{"$error":"#REF!"},{"$error":"#REF!"},{"$error":"#REF!"},{"$nulls":10},{"v":0.2,"d":"20.00%"},{"v":0.2,"d":"20.00%"},{"v":0.2,"d":"20.00%"},{"v":0.2,"d":"20.00%"},{"v":0.2,"d":"20.00%"}]
[null,1012,"ROUTER CORE GB CON PUERTO SFP","u",{"v":1,"d":"1.00000"},{"v":1010.12,"d":"$ 1,010.12000"},{"v":1010.12,"d":"$ 1,010.12000"},0,0,0,0,0,0,0,0,0,{"v":202.024,"d":"202.02400"},{"v":202.024,"d":"202.02400"},{"v":202.024,"d":"202.02400"},{"v":202.024,"d":"202.02400"},{"v":202.024,"d":"202.02400"},0,0]
[null,null,{"$error":"#REF!"},{"$error":"#REF!"},{"$error":"#REF!"},{"$error":"#REF!"},null,{"v":0,"d":"0.00%"},{"v":0,"d":"0.00%"},{"v":0,"d":"0.00%"},{"v":0,"d":"0.00%"},{"v":0,"d":"0.00%"},{"v":0,"d":"0.00%"},{"v":0,"d":"0.00%"},{"v":0,"d":"0.00%"},{"v":0,"d":"0.00%"},{"v":0.2,"d":"20.00%"},{"v":0.2,"d":"20.00%"},{"v":0.2,"d":"20.00%"},{"v":0.2,"d":"20.00%"},{"v":0.2,"d":"20.00%"},{"v":0,"d":"0.00%"},{"v":0,"d":"0.00%"}]
[null,null,{"$error":"#REF!"},{"$error":"#REF!"},{"$error":"#REF!"},{"$error":"#REF!"},{"$nulls":10},{"v":0.2,"d":"20.00%"},{"v":0.2,"d":"20.00%"},{"v":0.2,"d":"20.00%"},{"v":0.2,"d":"20.00%"},{"v":0.2,"d":"20.00%"}]
[null,1013,"SWITCH CORE 24 PUERTOS LAN + 2 PUERTOS F. OP","u",{"v":2,"d":"2.00000"},{"v":547.4,"d":"$ 547.40000"},{"v":1094.8,"d":"$ 1,094.80000"},0,0,0,0,0,0,0,0,0,{"v":218.96,"d":"218.96000"},{"v":218.96,"d":"218.96000"},{"v":218.96,"d":"218.96000"},{"v":218.96,"d":"218.96000"},{"v":218.96,"d":"218.96000"},0,0]
[null,null,{"$error":"#REF!"},{"$error":"#REF!"},{"$error":"#REF!"},{"$error":"#REF!"},null,{"v":0,"d":"0.00%"},{"v":0,"d":"0.00%"},{"v":0,"d":"0.00%"},{"v":0,"d":"0.00%"},{"v":0,"d":"0.00%"},{"v":0,"d":"0.00%"},{"v":0,"d":"0.00%"},{"v":0,"d":"0.00%"},{"v":0,"d":"0.00%"},{"v":0.2,"d":"20.00%"},{"v":0.2,"d":"20.00%"},{"v":0.2,"d":"20.00%"},{"v":0.2,"d":"20.00%"},{"v":0.2,"d":"20.00%"},{"v":0,"d":"0.00%"},{"v":0,"d":"0.00%"}]
[null,null,{"$error":"#REF!"},{"$error":"#REF!"},{"$error":"#REF!"},{"$error":"#REF!"},{"$nulls":10},{"v":0.2,"d":"20.00%"},{"v":0.2,"d":"20.00%"},{"v":0.2,"d":"20.00%"},{"v":0.2,"d":"20.00%"},{"v":0.2,"d":"20.00%"}]
[null,1014,"SWITCH POE ADMINISTRABLE 24 PUERTOS","u",{"v":4,"d":"4.00000"},{"v":643.4,"d":"$ 643.40000"},{"v":2573.6,"d":"$ 2,573.60000"},0,0,0,0,0,0,0,0,0,{"v":514.72,"d":"514.72000"},{"v":514.72,"d":"514.72000"},{"v":514.72,"d":"514.72000"},{"v":514.72,"d":"514.72000"},{"v":514.72,"d":"514.72000"},0,0]
[null,null,{"$error":"#REF!"},{"$error":"#REF!"},{"$error":"#REF!"},{"$error":"#REF!"},null,{"v":0,"d":"0.00%"},{"v":0,"d":"0.00%"},{"v":0,"d":"0.00%"},{"v":0,"d":"0.00%"},{"v":0,"d":"0.00%"},{"v":0,"d":"0.00%"},{"v":0,"d":"0.00%"},{"v":0,"d":"0.00%"},{"v":0,"d":"0.00%"},{"v":0.2,"d":"20.00%"},{"v":0.2,"d":"20.00%"},{"v":0.2,"d":"20.00%"},{"v":0.2,"d":"20.00%"},{"v":0.2,"d":"20.00%"},{"v":0,"d":"0.00%"},{"v":0,"d":"0.00%"}]
[null,null,{"$error":"#REF!"},{"$error":"#REF!"},{"$error":"#REF!"},{"$error":"#REF!"},{"$nulls":10},{"v":0.2,"d":"20.00%"},{"v":0.2,"d":"20.00%"},{"v":0.2,"d":"20.00%"},{"v":0.2,"d":"20.00%"},{"v":0.2,"d":"20.00%"}]
[null,1015,"NVR 32 CANALES","u",{"v":2,"d":"2.00000"},{"v":696.25,"d":"$ 696.25000"},{"v":1392.5,"d":"$ 1,392.50000"},0,0,0,0,0,0,0,0,0,{"v":278.5,"d":"278.50000"},{"v":278.5,"d":"278.50000"},{"v":278.5,"d":"278.50000"},{"v":278.5,"d":"278.50000"},{"v":278.5,"d":"278.50000"},0,0]
[null,null,{"$error":"#REF!"},{"$error":"#REF!"},{"$error":"#REF!"},{"$error":"#REF!"},null,{"v":0,"d":"0.00%"},{"v":0,"d":"0.00%"},{"v":0,"d":"0.00%"},{"v":0,"d":"0.00%"},{"v":0,"d":"0.00%"},{"v":0,"d":"0.00%"},{"v":0,"d":"0.00%"},{"v":0,"d":"0.00%"},{"v":0,"d":"0.00%"},{"v":0.2,"d":"20.00%"},{"v":0.2,"d":"20.00%"},{"v":0.2,"d":"20.00%"},{"v":0.2,"d":"20.00%"},{"v":0.2,"d":"20.00%"},{"v":0,"d":"0.00%"},{"v":0,"d":"0.00%"}]
[null,null,{"$error":"#REF!"},{"$error":"#REF!"},{"$error":"#REF!"},{"$error":"#REF!"},{"$nulls":10},{"v":0.2,"d":"20.00%"},{"v":0.2,"d":"20.00%"},{"v":0.2,"d":"20.00%"},{"v":0.2,"d":"20.00%"},{"v":0.2,"d":"20.00%"}]
[null,1016,"DISCO DURO 6 TB - 3.5","u",{"v":3,"d":"3.00000"},{"v":427.35,"d":"$ 427.35000"},{"v":1282.0500000000002,"d":"$ 1,282.05000"},0,0,0,0,0,0,0,0,0,{"v":256.41,"d":"256.41000"},{"v":256.41,"d":"256.41000"},{"v":256.41,"d":"256.41000"},{"v":256.41,"d":"256.41000"},{"v":256.41,"d":"256.41000"},0,0]
[null,null,{"$error":"#REF!"},{"$error":"#REF!"},{"$error":"#REF!"},{"$error":"#REF!"},null,{"v":0,"d":"0.00%"},{"v":0,"d":"0.00%"},{"v":0,"d":"0.00%"},{"v":0,"d":"0.00%"},{"v":0,"d":"0.00%"},{"v":0,"d":"0.00%"},{"v":0,"d":"0.00%"},{"v":0,"d":"0.00%"},{"v":0,"d":"0.00%"},{"v":0.2,"d":"20.00%"},{"v":0.2,"d":"20.00%"},{"v":0.2,"d":"20.00%"},{"v":0.2,"d":"20.00%"},{"v":0.2,"d":"20.00%"},{"v":0,"d":"0.00%"},{"v":0,"d":"0.00%"}]
[null,null,{"$error":"#REF!"},{"$error":"#REF!"},{"$error":"#REF!"},{"$error":"#REF!"},{"$nulls":10},{"v":0.2,"d":"20.00%"},{"v":0.2,"d":"20.00%"},{"v":0.2,"d":"20.00%"},{"v":0.2,"d":"20.00%"},{"v":0.2,"d":"20.00%"}]
[null,1017,"UNIDAD UPS 1,5 KVA - ON LINE","u",{"v":3,"d":"3.00000"},{"v":660.78,"d":"$ 660.78000"},{"v":1982.34,"d":"$ 1,982.34000"},0,0,0,0,0,0,0,0,0,{"v":396.468,"d":"396.46800"},{"v":396.468,"d":"396.46800"},{"v":396.468,"d":"396.46800"},{"v":396.468,"d":"396.46800"},{"v":396.468,"d":"396.46800"},0,0]
[null,null,{"$error":"#REF!"},{"$error":"#REF!"},{"$error":"#REF!"},{"$error":"#REF!"},null,{"v":0,"d":"0.00%"},{"v":0,"d":"0.00%"},{"v":0,"d":"0.00%"},{"v":0,"d":"0.00%"},{"v":0,"d":"0.00%"},{"v":0,"d":"0.00%"},{"v":0,"d":"0.00%"},{"v":0,"d":"0.00%"},{"v":0,"d":"0.00%"},{"v":0.2,"d":"20.00%"},{"v":0.2,"d":"20.00%"},{"v":0.2,"d":"20.00%"},{"v":0.2,"d":"20.00%"},{"v":0.2,"d":"20.00%"},{"v":0,"d":"0.00%"},{"v":0,"d":"0.00%"}]
[null,null,{"$error":"#REF!"},{"$error":"#REF!"},{"$error":"#REF!"},{"$error":"#REF!"},{"$nulls":10},{"v":0.2,"d":"20.00%"},{"v":0.2,"d":"20.00%"},{"v":0.2,"d":"20.00%"},{"v":0.2,"d":"20.00%"},{"v":0.2,"d":"20.00%"}]
[null,1018,"UNIDAD UPS 3 KVA- ON LINE","u",{"v":1,"d":"1.00000"},{"v":1269.32,"d":"$ 1,269.32000"},{"v":1269.32,"d":"$ 1,269.32000"},0,0,0,0,0,0,0,0,0,{"v":253.864,"d":"253.86400"},{"v":253.864,"d":"253.86400"},{"v":253.864,"d":"253.86400"},{"v":253.864,"d":"253.86400"},{"v":253.864,"d":"253.86400"},0,0]
[null,null,{"$error":"#REF!"},{"$error":"#REF!"},{"$error":"#REF!"},{"$error":"#REF!"},null,{"v":0,"d":"0.00%"},{"v":0,"d":"0.00%"},{"v":0,"d":"0.00%"},{"v":0,"d":"0.00%"},{"v":0,"d":"0.00%"},{"v":0,"d":"0.00%"},{"v":0,"d":"0.00%"},{"v":0,"d":"0.00%"},{"v":0,"d":"0.00%"},{"v":0.2,"d":"20.00%"},{"v":0.2,"d":"20.00%"},{"v":0.2,"d":"20.00%"},{"v":0.2,"d":"20.00%"},{"v":0.2,"d":"20.00%"},{"v":0,"d":"0.00%"},{"v":0,"d":"0.00%"}]
[null,null,{"$error":"#REF!"},{"$error":"#REF!"},{"$error":"#REF!"},{"$error":"#REF!"},{"$nulls":10},{"v":0.2,"d":"20.00%"},{"v":0.2,"d":"20.00%"},{"v":0.2,"d":"20.00%"},{"v":0.2,"d":"20.00%"},{"v":0.2,"d":"20.00%"}]
[null,1019,"ROSETA OPTICA COMPLETAS","u",{"v":37,"d":"37.00000"},{"v":65.6,"d":"$ 65.60000"},{"v":2427.2,"d":"$ 2,427.20000"},0,0,0,0,0,0,0,0,0,{"v":485.44,"d":"485.44000"},{"v":485.44,"d":"485.44000"},{"v":485.44,"d":"485.44000"},{"v":485.44,"d":"485.44000"},{"v":485.44,"d":"485.44000"},0,0]
[null,null,{"$error":"#REF!"},{"$error":"#REF!"},{"$error":"#REF!"},{"$error":"#REF!"},null,{"v":0,"d":"0.00%"},{"v":0,"d":"0.00%"},{"v":0,"d":"0.00%"},{"v":0,"d":"0.00%"},{"v":0,"d":"0.00%"},{"v":0,"d":"0.00%"},{"v":0,"d":"0.00%"},{"v":0,"d":"0.00%"},{"v":0,"d":"0.00%"},{"v":0.2,"d":"20.00%"},{"v":0.2,"d":"20.00%"},{"v":0.2,"d":"20.00%"},{"v":0.2,"d":"20.00%"},{"v":0.2,"d":"20.00%"},{"v":0,"d":"0.00%"},{"v":0,"d":"0.00%"}]
[null,null,{"$error":"#REF!"},{"$error":"#REF!"},{"$error":"#REF!"},{"$error":"#REF!"},{"$nulls":10},{"v":0.2,"d":"20.00%"},{"v":0.2,"d":"20.00%"},{"v":0.2,"d":"20.00%"},{"v":0.2,"d":"20.00%"},{"v":0.2,"d":"20.00%"}]
[null,1020,"FIBRA OPTICA DE 2 HILOS - DROP","u",{"v":1,"d":"1.00000"},{"v":271.4,"d":"$ 271.40000"},{"v":271.4,"d":"$ 271.40000"},0,0,0,0,0,0,0,0,0,{"v":54.28,"d":"54.28000"},{"v":54.28,"d":"54.28000"},{"v":54.28,"d":"54.28000"},{"v":54.28,"d":"54.28000"},{"v":54.28,"d":"54.28000"},0,0]
[null,null,{"$error":"#REF!"},{"$error":"#REF!"},{"$error":"#REF!"},{"$error":"#REF!"},null,{"v":0,"d":"0.00%"},{"v":0,"d":"0.00%"},{"v":0,"d":"0.00%"},{"v":0,"d":"0.00%"},{"v":0,"d":"0.00%"},{"v":0,"d":"0.00%"},{"v":0,"d":"0.00%"},{"v":0,"d":"0.00%"},{"v":0,"d":"0.00%"},{"v":0.2,"d":"20.00%"},{"v":0.2,"d":"20.00%"},{"v":0.2,"d":"20.00%"},{"v":0.2,"d":"20.00%"},{"v":0.2,"d":"20.00%"},{"v":0,"d":"0.00%"},{"v":0,"d":"0.00%"}]
[null,null,{"$error":"#REF!"},{"$error":"#REF!"},{"$error":"#REF!"},{"$error":"#REF!"},{"$nulls":10},{"v":0.2,"d":"20.00%"},{"v":0.2,"d":"20.00%"},{"v":0.2,"d":"20.00%"},{"v":0.2,"d":"20.00%"},{"v":0.2,"d":"20.00%"}]
[null,1021,"PATCH CORD LC MONOMODO DUPLEX (2.00m DE LARGO)","u",{"v":6,"d":"6.00000"},{"v":20.67,"d":"$ 20.67000"},{"v":124.02000000000001,"d":"$ 124.02000"},0,0,0,0,0,0,0,0,0,{"v":24.804000000000002,"d":"24.80400"},{"v":24.804000000000002,"d":"24.80400"},{"v":24.804000000000002,"d":"24.80400"},{"v":24.804000000000002,"d":"24.80400"},{"v":24.804000000000002,"d":"24.80400"},0,0]
[null,null,{"$error":"#REF!"},{"$error":"#REF!"},{"$error":"#REF!"},{"$error":"#REF!"},null,{"v":0,"d":"0.00%"},{"v":0,"d":"0.00%"},{"v":0,"d":"0.00%"},{"v":0,"d":"0.00%"},{"v":0,"d":"0.00%"},{"v":0,"d":"0.00%"},{"v":0,"d":"0.00%"},{"v":0,"d":"0.00%"},{"v":0,"d":"0.00%"},{"v":0.2,"d":"20.00%"},{"v":0.2,"d":"20.00%"},{"v":0.2,"d":"20.00%"},{"v":0.2,"d":"20.00%"},{"v":0.2,"d":"20.00%"},{"v":0,"d":"0.00%"},{"v":0,"d":"0.00%"}]
[null,null,{"$error":"#REF!"},{"$error":"#REF!"},{"$error":"#REF!"},{"$error":"#REF!"},{"$nulls":10},{"v":0.2,"d":"20.00%"},{"v":0.2,"d":"20.00%"},{"v":0.2,"d":"20.00%"},{"v":0.2,"d":"20.00%"},{"v":0.2,"d":"20.00%"}]
[null,1022,"OLT - 4 PUERTOS GPON","u",{"v":1,"d":"1.00000"},{"v":998.55,"d":"$ 998.55000"},{"v":998.55,"d":"$ 998.55000"},0,0,0,0,0,0,0,0,0,{"v":199.71,"d":"199.71000"},{"v":199.71,"d":"199.71000"},{"v":199.71,"d":"199.71000"},{"v":199.71,"d":"199.71000"},{"v":199.71,"d":"199.71000"},0,0]
[null,null,{"$error":"#REF!"},{"$error":"#REF!"},{"$error":"#REF!"},{"$error":"#REF!"},null,{"v":0,"d":"0.00%"},{"v":0,"d":"0.00%"},{"v":0,"d":"0.00%"},{"v":0,"d":"0.00%"},{"v":0,"d":"0.00%"},{"v":0,"d":"0.00%"},{"v":0,"d":"0.00%"},{"v":0,"d":"0.00%"},{"v":0,"d":"0.00%"},{"v":0.2,"d":"20.00%"},{"v":0.2,"d":"20.00%"},{"v":0.2,"d":"20.00%"},{"v":0.2,"d":"20.00%"},{"v":0.2,"d":"20.00%"},{"v":0,"d":"0.00%"},{"v":0,"d":"0.00%"}]
[null,null,{"$error":"#REF!"},{"$error":"#REF!"},{"$error":"#REF!"},{"$error":"#REF!"},{"$nulls":10},{"v":0.2,"d":"20.00%"},{"v":0.2,"d":"20.00%"},{"v":0.2,"d":"20.00%"},{"v":0.2,"d":"20.00%"},{"v":0.2,"d":"20.00%"}]
[null,1023,"PATCH CORD UTP - CATEGORIA 6A (2.00m DE LARGO)","u",{"v":10,"d":"10.00000"},{"v":18.27,"d":"$ 18.27000"},{"v":182.7,"d":"$ 182.70000"},0,0,0,0,0,0,0,0,0,{"v":36.54,"d":"36.54000"},{"v":36.54,"d":"36.54000"},{"v":36.54,"d":"36.54000"},{"v":36.54,"d":"36.54000"},{"v":36.54,"d":"36.54000"},0,0]
[null,null,{"$error":"#REF!"},{"$error":"#REF!"},{"$error":"#REF!"},{"$error":"#REF!"},null,{"v":0,"d":"0.00%"},{"v":0,"d":"0.00%"},{"v":0,"d":"0.00%"},{"v":0,"d":"0.00%"},{"v":0,"d":"0.00%"},{"v":0,"d":"0.00%"},{"v":0,"d":"0.00%"},{"v":0,"d":"0.00%"},{"v":0,"d":"0.00%"},{"v":0.2,"d":"20.00%"},{"v":0.2,"d":"20.00%"},{"v":0.2,"d":"20.00%"},{"v":0.2,"d":"20.00%"},{"v":0.2,"d":"20.00%"},{"v":0,"d":"0.00%"},{"v":0,"d":"0.00%"}]
[null,null,{"$error":"#REF!"},{"$error":"#REF!"},{"$error":"#REF!"},{"$error":"#REF!"},{"$nulls":10},{"v":0.2,"d":"20.00%"},{"v":0.2,"d":"20.00%"},{"v":0.2,"d":"20.00%"},{"v":0.2,"d":"20.00%"},{"v":0.2,"d":"20.00%"}]
[null,1024,"CONVERTIDORES DE FIBRA OPTICA SFP MONOMODO 10K","u",{"v":8,"d":"8.00000"},{"v":183.68,"d":"$ 183.68000"},{"v":1469.44,"d":"$ 1,469.44000"},0,0,0,0,0,0,0,0,0,{"v":293.88800000000003,"d":"293.88800"},{"v":293.88800000000003,"d":"293.88800"},{"v":293.88800000000003,"d":"293.88800"},{"v":293.88800000000003,"d":"293.88800"},{"v":293.88800000000003,"d":"293.88800"},0,0]
[null,null,{"$error":"#REF!"},{"$error":"#REF!"},{"$error":"#REF!"},{"$error":"#REF!"},null,{"v":0,"d":"0.00%"},{"v":0,"d":"0.00%"},{"v":0,"d":"0.00%"},{"v":0,"d":"0.00%"},{"v":0,"d":"0.00%"},{"v":0,"d":"0.00%"},{"v":0,"d":"0.00%"},{"v":0,"d":"0.00%"},{"v":0,"d":"0.00%"},{"v":0.2,"d":"20.00%"},{"v":0.2,"d":"20.00%"},{"v":0.2,"d":"20.00%"},{"v":0.2,"d":"20.00%"},{"v":0.2,"d":"20.00%"},{"v":0,"d":"0.00%"},{"v":0,"d":"0.00%"}]
[null,null,{"$error":"#REF!"},{"$error":"#REF!"},{"$error":"#REF!"},{"$error":"#REF!"},{"$nulls":10},{"v":0.2,"d":"20.00%"},{"v":0.2,"d":"20.00%"},{"v":0.2,"d":"20.00%"},{"v":0.2,"d":"20.00%"},{"v":0.2,"d":"20.00%"}]
[null,1025,"CAJA DE DISTRIBUCION IP 68 COMPLETA CON SPLITTER 1:16","u",{"v":3,"d":"3.00000"},{"v":192.13,"d":"$ 192.13000"},{"v":576.39,"d":"$ 576.39000"},0,0,0,0,0,0,0,0,0,{"v":115.278,"d":"115.27800"},{"v":115.278,"d":"115.27800"},{"v":115.278,"d":"115.27800"},{"v":115.278,"d":"115.27800"},{"v":115.278,"d":"115.27800"},0,0]
[null,null,{"$error":"#REF!"},{"$error":"#REF!"},{"$error":"#REF!"},{"$error":"#REF!"},null,{"v":0,"d":"0.00%"},{"v":0,"d":"0.00%"},{"v":0,"d":"0.00%"},{"v":0,"d":"0.00%"},{"v":0,"d":"0.00%"},{"v":0,"d":"0.00%"},{"v":0,"d":"0.00%"},{"v":0,"d":"0.00%"},{"v":0,"d":"0.00%"},{"v":0.2,"d":"20.00%"},{"v":0.2,"d":"20.00%"},{"v":0.2,"d":"20.00%"},{"v":0.2,"d":"20.00%"},{"v":0.2,"d":"20.00%"},{"v":0,"d":"0.00%"},{"v":0,"d":"0.00%"}]
[null,null,{"$error":"#REF!"},{"$error":"#REF!"},{"$error":"#REF!"},{"$error":"#REF!"},{"$nulls":10},{"v":0.2,"d":"20.00%"},{"v":0.2,"d":"20.00%"},{"v":0.2,"d":"20.00%"},{"v":0.2,"d":"20.00%"},{"v":0.2,"d":"20.00%"}]
[null,1026,"CABLE UTP CATEGORIA 6A, 100% COBRE - EXTERIOR","u",{"v":3,"d":"3.00000"},{"v":226.66,"d":"$ 226.66000"},{"v":679.98,"d":"$ 679.98000"},0,0,0,0,0,0,0,0,0,{"v":135.996,"d":"135.99600"},{"v":135.996,"d":"135.99600"},{"v":135.996,"d":"135.99600"},{"v":135.996,"d":"135.99600"},{"v":135.996,"d":"135.99600"},0,0]
[null,null,{"$error":"#REF!"},{"$error":"#REF!"},{"$error":"#REF!"},{"$error":"#REF!"},null,{"v":0,"d":"0.00%"},{"v":0,"d":"0.00%"},{"v":0,"d":"0.00%"},{"v":0,"d":"0.00%"},{"v":0,"d":"0.00%"},{"v":0,"d":"0.00%"},{"v":0,"d":"0.00%"},{"v":0,"d":"0.00%"},{"v":0,"d":"0.00%"},{"v":0.2,"d":"20.00%"},{"v":0.2,"d":"20.00%"},{"v":0.2,"d":"20.00%"},{"v":0.2,"d":"20.00%"},{"v":0.2,"d":"20.00%"},{"v":0,"d":"0.00%"},{"v":0,"d":"0.00%"}]
[null,null,{"$error":"#REF!"},{"$error":"#REF!"},{"$error":"#REF!"},{"$error":"#REF!"},{"$nulls":10},{"v":0.2,"d":"20.00%"},{"v":0.2,"d":"20.00%"},{"v":0.2,"d":"20.00%"},{"v":0.2,"d":"20.00%"},{"v":0.2,"d":"20.00%"}]
[null,1027,"BANDEJA PORTACABLES TIPO ESCALERA","u",{"v":40,"d":"40.00000"},{"v":79.3,"d":"$ 79.30000"},{"v":3172,"d":"$ 3,172.00000"},0,0,0,0,0,0,0,0,0,{"v":634.4000000000001,"d":"634.40000"},{"v":634.4000000000001,"d":"634.40000"},{"v":634.4000000000001,"d":"634.40000"},{"v":634.4000000000001,"d":"634.40000"},{"v":634.4000000000001,"d":"634.40000"},0,0]
[null,null,{"$error":"#REF!"},{"$error":"#REF!"},{"$error":"#REF!"},{"$error":"#REF!"},null,{"v":0,"d":"0.00%"},{"v":0,"d":"0.00%"},{"v":0,"d":"0.00%"},{"v":0,"d":"0.00%"},{"v":0,"d":"0.00%"},{"v":0,"d":"0.00%"},{"v":0,"d":"0.00%"},{"v":0,"d":"0.00%"},{"v":0,"d":"0.00%"},{"v":0.2,"d":"20.00%"},{"v":0.2,"d":"20.00%"},{"v":0.2,"d":"20.00%"},{"v":0.2,"d":"20.00%"},{"v":0.2,"d":"20.00%"},{"v":0,"d":"0.00%"},{"v":0,"d":"0.00%"}]
[null,null,{"$error":"#REF!"},{"$error":"#REF!"},{"$error":"#REF!"},{"$error":"#REF!"},{"$nulls":10},{"v":0.2,"d":"20.00%"},{"v":0.2,"d":"20.00%"},{"v":0.2,"d":"20.00%"},{"v":0.2,"d":"20.00%"},{"v":0.2,"d":"20.00%"}]
[null,1028,"CAMARA IP DOMO INTERNAS - ALCANCE 40.00m","u",{"v":11,"d":"11.00000"},{"v":207.42,"d":"$ 207.42000"},{"v":2281.62,"d":"$ 2,281.62000"},0,0,0,0,0,0,0,0,0,{"v":456.324,"d":"456.32400"},{"v":456.324,"d":"456.32400"},{"v":456.324,"d":"456.32400"},{"v":456.324,"d":"456.32400"},{"v":456.324,"d":"456.32400"},0,0]
[null,null,{"$error":"#REF!"},{"$error":"#REF!"},{"$error":"#REF!"},{"$error":"#REF!"},null,{"v":0,"d":"0.00%"},{"v":0,"d":"0.00%"},{"v":0,"d":"0.00%"},{"v":0,"d":"0.00%"},{"v":0,"d":"0.00%"},{"v":0,"d":"0.00%"},{"v":0,"d":"0.00%"},{"v":0,"d":"0.00%"},{"v":0,"d":"0.00%"},{"v":0.2,"d":"20.00%"},{"v":0.2,"d":"20.00%"},{"v":0.2,"d":"20.00%"},{"v":0.2,"d":"20.00%"},{"v":0.2,"d":"20.00%"},{"v":0,"d":"0.00%"},{"v":0,"d":"0.00%"}]
[null,null,{"$error":"#REF!"},{"$error":"#REF!"},{"$error":"#REF!"},{"$error":"#REF!"},{"$nulls":10},{"v":0.2,"d":"20.00%"},{"v":0.2,"d":"20.00%"},{"v":0.2,"d":"20.00%"},{"v":0.2,"d":"20.00%"},{"v":0.2,"d":"20.00%"}]
[null,1029,"CAMARA IP BALA EXTERNAS - ALCANCE 60.00m","u",{"v":8,"d":"8.00000"},{"v":639.42,"d":"$ 639.42000"},{"v":5115.36,"d":"$ 5,115.36000"},0,0,0,0,0,0,0,0,0,{"v":1023.072,"d":"1,023.07200"},{"v":1023.072,"d":"1,023.07200"},{"v":1023.072,"d":"1,023.07200"},{"v":1023.072,"d":"1,023.07200"},{"v":1023.072,"d":"1,023.07200"},0,0]
[null,null,{"$error":"#REF!"},{"$error":"#REF!"},{"$error":"#REF!"},{"$error":"#REF!"},null,{"v":0,"d":"0.00%"},{"v":0,"d":"0.00%"},{"v":0,"d":"0.00%"},{"v":0,"d":"0.00%"},{"v":0,"d":"0.00%"},{"v":0,"d":"0.00%"},{"v":0,"d":"0.00%"},{"v":0,"d":"0.00%"},{"v":0,"d":"0.00%"},{"v":0.2,"d":"20.00%"},{"v":0.2,"d":"20.00%"},{"v":0.2,"d":"20.00%"},{"v":0.2,"d":"20.00%"},{"v":0.2,"d":"20.00%"},{"v":0,"d":"0.00%"},{"v":0,"d":"0.00%"}]
[null,null,{"$error":"#REF!"},{"$error":"#REF!"},{"$error":"#REF!"},{"$error":"#REF!"},{"$nulls":10},{"v":0.2,"d":"20.00%"},{"v":0.2,"d":"20.00%"},{"v":0.2,"d":"20.00%"},{"v":0.2,"d":"20.00%"},{"v":0.2,"d":"20.00%"}]
[null,1030,"CAMARA PTZ  25X ZOOM IP 2MP","u",{"v":3,"d":"3.00000"},{"v":734.55,"d":"$ 734.55000"},{"v":2203.6499999999996,"d":"$ 2,203.65000"},0,0,0,0,0,0,0,0,0,{"v":440.72999999999996,"d":"440.73000"},{"v":440.72999999999996,"d":"440.73000"},{"v":440.72999999999996,"d":"440.73000"},{"v":440.72999999999996,"d":"440.73000"},{"v":440.72999999999996,"d":"440.73000"},0,0]
[null,null,{"$error":"#REF!"},{"$error":"#REF!"},{"$error":"#REF!"},{"$error":"#REF!"},null,{"v":0,"d":"0.00%"},{"v":0,"d":"0.00%"},{"v":0,"d":"0.00%"},{"v":0,"d":"0.00%"},{"v":0,"d":"0.00%"},{"v":0,"d":"0.00%"},{"v":0,"d":"0.00%"},{"v":0,"d":"0.00%"},{"v":0,"d":"0.00%"},{"v":0.2,"d":"20.00%"},{"v":0.2,"d":"20.00%"},{"v":0.2,"d":"20.00%"},{"v":0.2,"d":"20.00%"},{"v":0.2,"d":"20.00%"},{"v":0,"d":"0.00%"},{"v":0,"d":"0.00%"}]
[null,null,{"$error":"#REF!"},{"$error":"#REF!"},{"$error":"#REF!"},{"$error":"#REF!"},{"$nulls":10},{"v":0.2,"d":"20.00%"},{"v":0.2,"d":"20.00%"},{"v":0.2,"d":"20.00%"},{"v":0.2,"d":"20.00%"},{"v":0.2,"d":"20.00%"}]
[null,1031,"EQUIPO ACCES POINT","u",{"v":3,"d":"3.00000"},{"v":1744.4,"d":"$ 1,744.40000"},{"v":5233.200000000001,"d":"$ 5,233.20000"},0,0,0,0,0,0,0,0,0,{"v":1046.64,"d":"1,046.64000"},{"v":1046.64,"d":"1,046.64000"},{"v":1046.64,"d":"1,046.64000"},{"v":1046.64,"d":"1,046.64000"},{"v":1046.64,"d":"1,046.64000"},0,0]
[null,null,{"$error":"#REF!"},{"$error":"#REF!"},{"$error":"#REF!"},{"$error":"#REF!"},null,{"v":0,"d":"0.00%"},{"v":0,"d":"0.00%"},{"v":0,"d":"0.00%"},{"v":0,"d":"0.00%"},{"v":0,"d":"0.00%"},{"v":0,"d":"0.00%"},{"v":0,"d":"0.00%"},{"v":0,"d":"0.00%"},{"v":0,"d":"0.00%"},{"v":0.2,"d":"20.00%"},{"v":0.2,"d":"20.00%"},{"v":0.2,"d":"20.00%"},{"v":0.2,"d":"20.00%"},{"v":0.2,"d":"20.00%"},{"v":0,"d":"0.00%"},{"v":0,"d":"0.00%"}]
[null,null,{"$error":"#REF!"},{"$error":"#REF!"},{"$error":"#REF!"},{"$error":"#REF!"},{"$nulls":10},{"v":0.2,"d":"20.00%"},{"v":0.2,"d":"20.00%"},{"v":0.2,"d":"20.00%"},{"v":0.2,"d":"20.00%"},{"v":0.2,"d":"20.00%"}]
[null,1032,"RELOJ BIOMETRICO","u",{"v":1,"d":"1.00000"},{"v":1712.1,"d":"$ 1,712.10000"},{"v":1712.1,"d":"$ 1,712.10000"},0,0,0,0,0,0,0,0,0,{"v":342.42,"d":"342.42000"},{"v":342.42,"d":"342.42000"},{"v":342.42,"d":"342.42000"},{"v":342.42,"d":"342.42000"},{"v":342.42,"d":"342.42000"},0,0]
[null,null,{"$error":"#REF!"},{"$error":"#REF!"},{"$error":"#REF!"},{"$error":"#REF!"},null,{"v":0,"d":"0.00%"},{"v":0,"d":"0.00%"},{"v":0,"d":"0.00%"},{"v":0,"d":"0.00%"},{"v":0,"d":"0.00%"},{"v":0,"d":"0.00%"},{"v":0,"d":"0.00%"},{"v":0,"d":"0.00%"},{"v":0,"d":"0.00%"},{"v":0.2,"d":"20.00%"},{"v":0.2,"d":"20.00%"},{"v":0.2,"d":"20.00%"},{"v":0.2,"d":"20.00%"},{"v":0.2,"d":"20.00%"},{"v":0,"d":"0.00%"},{"v":0,"d":"0.00%"}]
[null,null,{"$error":"#REF!"},{"$error":"#REF!"},{"$error":"#REF!"},{"$error":"#REF!"},{"$nulls":10},{"v":0.2,"d":"20.00%"},{"v":0.2,"d":"20.00%"},{"v":0.2,"d":"20.00%"},{"v":0.2,"d":"20.00%"},{"v":0.2,"d":"20.00%"}]
[null,1033,"TELEVISOR SMART TV ANDROID 55\"","u",{"v":16,"d":"16.00000"},{"v":1631.67,"d":"$ 1,631.67000"},{"v":26106.72,"d":"$ 26,106.72000"},0,0,0,0,0,0,0,0,0,{"v":5221.344000000001,"d":"5,221.34400"},{"v":5221.344000000001,"d":"5,221.34400"},{"v":5221.344000000001,"d":"5,221.34400"},{"v":5221.344000000001,"d":"5,221.34400"},{"v":5221.344000000001,"d":"5,221.34400"},0,0]
[null,null,{"$error":"#REF!"},{"$error":"#REF!"},{"$error":"#REF!"},{"$error":"#REF!"},null,{"v":0,"d":"0.00%"},{"v":0,"d":"0.00%"},{"v":0,"d":"0.00%"},{"v":0,"d":"0.00%"},{"v":0,"d":"0.00%"},{"v":0,"d":"0.00%"},{"v":0,"d":"0.00%"},{"v":0,"d":"0.00%"},{"v":0,"d":"0.00%"},{"v":0.2,"d":"20.00%"},{"v":0.2,"d":"20.00%"},{"v":0.2,"d":"20.00%"},{"v":0.2,"d":"20.00%"},{"v":0.2,"d":"20.00%"},{"v":0,"d":"0.00%"},{"v":0,"d":"0.00%"}]
[null,null,{"$error":"#REF!"},{"$error":"#REF!"},{"$error":"#REF!"},{"$error":"#REF!"},{"$nulls":10},{"v":0.2,"d":"20.00%"},{"v":0.2,"d":"20.00%"},{"v":0.2,"d":"20.00%"},{"v":0.2,"d":"20.00%"},{"v":0.2,"d":"20.00%"}]
[null,1034,"PUNTO DE CONEXION DE RED","u",{"v":34,"d":"34.00000"},{"v":149,"d":"$ 149.00000"},{"v":5066,"d":"$ 5,066.00000"},0,0,0,0,0,0,0,0,0,{"v":1013.2,"d":"1,013.20000"},{"v":1013.2,"d":"1,013.20000"},{"v":1013.2,"d":"1,013.20000"},{"v":1013.2,"d":"1,013.20000"},{"v":1013.2,"d":"1,013.20000"},0,0]
[null,null,{"$error":"#REF!"},{"$error":"#REF!"},{"$error":"#REF!"},{"$error":"#REF!"},null,{"v":0,"d":"0.00%"},{"v":0,"d":"0.00%"},{"v":0,"d":"0.00%"},{"v":0,"d":"0.00%"},{"v":0,"d":"0.00%"},{"v":0,"d":"0.00%"},{"v":0,"d":"0.00%"},{"v":0,"d":"0.00%"},{"v":0,"d":"0.00%"},{"v":0.2,"d":"20.00%"},{"v":0.2,"d":"20.00%"},{"v":0.2,"d":"20.00%"},{"v":0.2,"d":"20.00%"},{"v":0.2,"d":"20.00%"},{"v":0,"d":"0.00%"},{"v":0,"d":"0.00%"}]
[null,null,{"$error":"#REF!"},{"$error":"#REF!"},{"$error":"#REF!"},{"$error":"#REF!"},{"$nulls":10},{"v":0.2,"d":"20.00%"},{"v":0.2,"d":"20.00%"},{"v":0.2,"d":"20.00%"},{"v":0.2,"d":"20.00%"},{"v":0.2,"d":"20.00%"}]
[null,1035,"CERTIFICACION DE RED","u",{"v":34,"d":"34.00000"},{"v":8.91,"d":"$ 8.91000"},{"v":302.94,"d":"$ 302.94000"},0,0,0,0,0,0,0,0,0,{"v":60.588,"d":"60.58800"},{"v":60.588,"d":"60.58800"},{"v":60.588,"d":"60.58800"},{"v":60.588,"d":"60.58800"},{"v":60.588,"d":"60.58800"},0,0]
[null,null,{"$error":"#REF!"},{"$error":"#REF!"},{"$error":"#REF!"},{"$error":"#REF!"},null,{"v":0,"d":"0.00%"},{"v":0,"d":"0.00%"},{"v":0,"d":"0.00%"},{"v":0,"d":"0.00%"},{"v":0,"d":"0.00%"},{"v":0,"d":"0.00%"},{"v":0,"d":"0.00%"},{"v":0,"d":"0.00%"},{"v":0,"d":"0.00%"},{"v":0.2,"d":"20.00%"},{"v":0.2,"d":"20.00%"},{"v":0.2,"d":"20.00%"},{"v":0.2,"d":"20.00%"},{"v":0.2,"d":"20.00%"},{"v":0,"d":"0.00%"},{"v":0,"d":"0.00%"}]
[null,null,{"$error":"#REF!"},{"$error":"#REF!"},{"$error":"#REF!"},{"$error":"#REF!"},{"$nulls":10},{"v":0.2,"d":"20.00%"},{"v":0.2,"d":"20.00%"},{"v":0.2,"d":"20.00%"},{"v":0.2,"d":"20.00%"},{"v":0.2,"d":"20.00%"}]
[null,1036,"CAJA DE REVISION ELECTRICA 0.60x0.60x0.60m","u",{"v":8,"d":"8.00000"},{"v":437.73,"d":"$ 437.73000"},{"v":3501.84,"d":"$ 3,501.84000"},0,0,0,0,0,0,0,0,0,{"v":700.368,"d":"700.36800"},{"v":700.368,"d":"700.36800"},{"v":700.368,"d":"700.36800"},{"v":700.368,"d":"700.36800"},{"v":700.368,"d":"700.36800"},0,0]
[null,null,{"$error":"#REF!"},{"$error":"#REF!"},{"$error":"#REF!"},{"$error":"#REF!"},null,{"v":0,"d":"0.00%"},{"v":0,"d":"0.00%"},{"v":0,"d":"0.00%"},{"v":0,"d":"0.00%"},{"v":0,"d":"0.00%"},{"v":0,"d":"0.00%"},{"v":0,"d":"0.00%"},{"v":0,"d":"0.00%"},{"v":0,"d":"0.00%"},{"v":0.2,"d":"20.00%"},{"v":0.2,"d":"20.00%"},{"v":0.2,"d":"20.00%"},{"v":0.2,"d":"20.00%"},{"v":0.2,"d":"20.00%"},{"v":0,"d":"0.00%"},{"v":0,"d":"0.00%"}]
[null,null,{"$error":"#REF!"},{"$error":"#REF!"},{"$error":"#REF!"},{"$error":"#REF!"},{"$nulls":10},{"v":0.2,"d":"20.00%"},{"v":0.2,"d":"20.00%"},{"v":0.2,"d":"20.00%"},{"v":0.2,"d":"20.00%"},{"v":0.2,"d":"20.00%"}]
[null,1037,"CANALIZACION DE BATERIA DE 4 x 50mm PVC PESADO","m",{"v":611,"d":"611.00000"},{"v":51.37,"d":"$ 51.37000"},{"v":31387.07,"d":"$ 31,387.07000"},0,0,0,0,0,0,0,0,0,{"v":6277.414000000001,"d":"6,277.41400"},{"v":6277.414000000001,"d":"6,277.41400"},{"v":6277.414000000001,"d":"6,277.41400"},{"v":6277.414000000001,"d":"6,277.41400"},{"v":6277.414000000001,"d":"6,277.41400"},0,0]
[null,null,{"$error":"#REF!"},{"$error":"#REF!"},{"$error":"#REF!"},{"$error":"#REF!"},null,{"v":0,"d":"0.00%"},{"v":0,"d":"0.00%"},{"v":0,"d":"0.00%"},{"v":0,"d":"0.00%"},{"v":0,"d":"0.00%"},{"v":0,"d":"0.00%"},{"v":0,"d":"0.00%"},{"v":0,"d":"0.00%"},{"v":0,"d":"0.00%"},{"v":0.2,"d":"20.00%"},{"v":0.2,"d":"20.00%"},{"v":0.2,"d":"20.00%"},{"v":0.2,"d":"20.00%"},{"v":0.2,"d":"20.00%"},{"v":0,"d":"0.00%"},{"v":0,"d":"0.00%"}]
[null,null,{"$error":"#REF!"},{"$error":"#REF!"},{"$error":"#REF!"},{"$error":"#REF!"},{"$nulls":10},{"v":0.2,"d":"20.00%"},{"v":0.2,"d":"20.00%"},{"v":0.2,"d":"20.00%"},{"v":0.2,"d":"20.00%"},{"v":0.2,"d":"20.00%"}]
[null,1038,"AGUA PARA EL CONTROL DEL POLVO","m3",{"v":1000,"d":"1000.00000"},{"v":6.23,"d":"$ 6.23000"},{"v":6230,"d":"$ 6,230.00000"},{"v":389.375,"d":"389.37500"},{"v":389.375,"d":"389.37500"},{"v":389.375,"d":"389.37500"},{"v":389.375,"d":"389.37500"},{"v":389.375,"d":"389.37500"},{"v":389.375,"d":"389.37500"},{"v":389.375,"d":"389.37500"},{"v":389.375,"d":"389.37500"},{"v":389.375,"d":"389.37500"},{"v":389.375,"d":"389.37500"},{"v":389.375,"d":"389.37500"},{"v":389.375,"d":"389.37500"},{"v":389.375,"d":"389.37500"},{"v":389.375,"d":"389.37500"},{"v":389.375,"d":"389.37500"},{"v":389.375,"d":"389.37500"}]
[null,null,{"$error":"#REF!"},{"$error":"#REF!"},{"$error":"#REF!"},{"$error":"#REF!"},null,{"v":0.0625,"d":"6.25%"},{"v":0.0625,"d":"6.25%"},{"v":0.0625,"d":"6.25%"},{"v":0.0625,"d":"6.25%"},{"v":0.0625,"d":"6.25%"},{"v":0.0625,"d":"6.25%"},{"v":0.0625,"d":"6.25%"},{"v":0.0625,"d":"6.25%"},{"v":0.0625,"d":"6.25%"},{"v":0.0625,"d":"6.25%"},{"v":0.0625,"d":"6.25%"},{"v":0.0625,"d":"6.25%"},{"v":0.0625,"d":"6.25%"},{"v":0.0625,"d":"6.25%"},{"v":0.0625,"d":"6.25%"},{"v":0.0625,"d":"6.25%"}]
[null,null,{"$error":"#REF!"},{"$error":"#REF!"},{"$error":"#REF!"},{"$error":"#REF!"},null,{"v":0.0625,"d":"6.25%"},{"v":0.0625,"d":"6.25%"},{"v":0.0625,"d":"6.25%"},{"v":0.0625,"d":"6.25%"},{"v":0.0625,"d":"6.25%"},{"v":0.0625,"d":"6.25%"},{"v":0.0625,"d":"6.25%"},{"v":0.0625,"d":"6.25%"},{"v":0.0625,"d":"6.25%"},{"v":0.0625,"d":"6.25%"},{"v":0.0625,"d":"6.25%"},{"v":0.0625,"d":"6.25%"},{"v":0.0625,"d":"6.25%"},{"v":0.0625,"d":"6.25%"},{"v":0.0625,"d":"6.25%"},{"v":0.0625,"d":"6.25%"}]
[null,1039,"BATERIAS SANITARIAS PORTATILES (MENSUAL)","u",{"v":16,"d":"16.00000"},{"v":184.14,"d":"$ 184.14000"},{"v":2946.24,"d":"$ 2,946.24000"},{"v":184.14,"d":"184.14000"},{"v":184.14,"d":"184.14000"},{"v":184.14,"d":"184.14000"},{"v":184.14,"d":"184.14000"},{"v":184.14,"d":"184.14000"},{"v":184.14,"d":"184.14000"},{"v":184.14,"d":"184.14000"},{"v":184.14,"d":"184.14000"},{"v":184.14,"d":"184.14000"},{"v":184.14,"d":"184.14000"},{"v":184.14,"d":"184.14000"},{"v":184.14,"d":"184.14000"},{"v":184.14,"d":"184.14000"},{"v":184.14,"d":"184.14000"},{"v":184.14,"d":"184.14000"},{"v":184.14,"d":"184.14000"}]
[null,null,{"$error":"#REF!"},{"$error":"#REF!"},{"$error":"#REF!"},{"$error":"#REF!"},null,{"v":0.0625,"d":"6.25%"},{"v":0.0625,"d":"6.25%"},{"v":0.0625,"d":"6.25%"},{"v":0.0625,"d":"6.25%"},{"v":0.0625,"d":"6.25%"},{"v":0.0625,"d":"6.25%"},{"v":0.0625,"d":"6.25%"},{"v":0.0625,"d":"6.25%"},{"v":0.0625,"d":"6.25%"},{"v":0.0625,"d":"6.25%"},{"v":0.0625,"d":"6.25%"},{"v":0.0625,"d":"6.25%"},{"v":0.0625,"d":"6.25%"},{"v":0.0625,"d":"6.25%"},{"v":0.0625,"d":"6.25%"},{"v":0.0625,"d":"6.25%"}]
[null,null,{"$error":"#REF!"},{"$error":"#REF!"},{"$error":"#REF!"},{"$error":"#REF!"},null,{"v":0.0625,"d":"6.25%"},{"v":0.0625,"d":"6.25%"},{"v":0.0625,"d":"6.25%"},{"v":0.0625,"d":"6.25%"},{"v":0.0625,"d":"6.25%"},{"v":0.0625,"d":"6.25%"},{"v":0.0625,"d":"6.25%"},{"v":0.0625,"d":"6.25%"},{"v":0.0625,"d":"6.25%"},{"v":0.0625,"d":"6.25%"},{"v":0.0625,"d":"6.25%"},{"v":0.0625,"d":"6.25%"},{"v":0.0625,"d":"6.25%"},{"v":0.0625,"d":"6.25%"},{"v":0.0625,"d":"6.25%"},{"v":0.0625,"d":"6.25%"}]
[null,1040,"TANQUE DE 55 GALONES","u",{"v":40,"d":"40.00000"},{"v":23.33,"d":"$ 23.33000"},{"v":933.1999999999999,"d":"$ 933.20000"},{"v":58.324999999999996,"d":"58.32500"},{"v":58.324999999999996,"d":"58.32500"},{"v":58.324999999999996,"d":"58.32500"},{"v":58.324999999999996,"d":"58.32500"},{"v":58.324999999999996,"d":"58.32500"},{"v":58.324999999999996,"d":"58.32500"},{"v":58.324999999999996,"d":"58.32500"},{"v":58.324999999999996,"d":"58.32500"},{"v":58.324999999999996,"d":"58.32500"},{"v":58.324999999999996,"d":"58.32500"},{"v":58.324999999999996,"d":"58.32500"},{"v":58.324999999999996,"d":"58.32500"},{"v":58.324999999999996,"d":"58.32500"},{"v":58.324999999999996,"d":"58.32500"},{"v":58.324999999999996,"d":"58.32500"},{"v":58.324999999999996,"d":"58.32500"}]
[null,null,{"$error":"#REF!"},{"$error":"#REF!"},{"$error":"#REF!"},{"$error":"#REF!"},null,{"v":0.0625,"d":"6.25%"},{"v":0.0625,"d":"6.25%"},{"v":0.0625,"d":"6.25%"},{"v":0.0625,"d":"6.25%"},{"v":0.0625,"d":"6.25%"},{"v":0.0625,"d":"6.25%"},{"v":0.0625,"d":"6.25%"},{"v":0.0625,"d":"6.25%"},{"v":0.0625,"d":"6.25%"},{"v":0.0625,"d":"6.25%"},{"v":0.0625,"d":"6.25%"},{"v":0.0625,"d":"6.25%"},{"v":0.0625,"d":"6.25%"},{"v":0.0625,"d":"6.25%"},{"v":0.0625,"d":"6.25%"},{"v":0.0625,"d":"6.25%"}]
[null,null,{"$error":"#REF!"},{"$error":"#REF!"},{"$error":"#REF!"},{"$error":"#REF!"},null,{"v":0.0625,"d":"6.25%"},{"v":0.0625,"d":"6.25%"},{"v":0.0625,"d":"6.25%"},{"v":0.0625,"d":"6.25%"},{"v":0.0625,"d":"6.25%"},{"v":0.0625,"d":"6.25%"},{"v":0.0625,"d":"6.25%"},{"v":0.0625,"d":"6.25%"},{"v":0.0625,"d":"6.25%"},{"v":0.0625,"d":"6.25%"},{"v":0.0625,"d":"6.25%"},{"v":0.0625,"d":"6.25%"},{"v":0.0625,"d":"6.25%"},{"v":0.0625,"d":"6.25%"},{"v":0.0625,"d":"6.25%"},{"v":0.0625,"d":"6.25%"}]
[null,1041,"VOLANTES INFORMATIVOS","u",{"v":600,"d":"600.00000"},{"v":0.11,"d":"$ 0.11000"},{"v":66,"d":"$ 66.00000"},{"v":4.125,"d":"4.12500"},{"v":4.125,"d":"4.12500"},{"v":4.125,"d":"4.12500"},{"v":4.125,"d":"4.12500"},{"v":4.125,"d":"4.12500"},{"v":4.125,"d":"4.12500"},{"v":4.125,"d":"4.12500"},{"v":4.125,"d":"4.12500"},{"v":4.125,"d":"4.12500"},{"v":4.125,"d":"4.12500"},{"v":4.125,"d":"4.12500"},{"v":4.125,"d":"4.12500"},{"v":4.125,"d":"4.12500"},{"v":4.125,"d":"4.12500"},{"v":4.125,"d":"4.12500"},{"v":4.125,"d":"4.12500"}]
[null,null,{"$error":"#REF!"},{"$error":"#REF!"},{"$error":"#REF!"},{"$error":"#REF!"},null,{"v":0.0625,"d":"6.25%"},{"v":0.0625,"d":"6.25%"},{"v":0.0625,"d":"6.25%"},{"v":0.0625,"d":"6.25%"},{"v":0.0625,"d":"6.25%"},{"v":0.0625,"d":"6.25%"},{"v":0.0625,"d":"6.25%"},{"v":0.0625,"d":"6.25%"},{"v":0.0625,"d":"6.25%"},{"v":0.0625,"d":"6.25%"},{"v":0.0625,"d":"6.25%"},{"v":0.0625,"d":"6.25%"},{"v":0.0625,"d":"6.25%"},{"v":0.0625,"d":"6.25%"},{"v":0.0625,"d":"6.25%"},{"v":0.0625,"d":"6.25%"}]
[null,null,{"$error":"#REF!"},{"$error":"#REF!"},{"$error":"#REF!"},{"$error":"#REF!"},null,{"v":0.0625,"d":"6.25%"},{"v":0.0625,"d":"6.25%"},{"v":0.0625,"d":"6.25%"},{"v":0.0625,"d":"6.25%"},{"v":0.0625,"d":"6.25%"},{"v":0.0625,"d":"6.25%"},{"v":0.0625,"d":"6.25%"},{"v":0.0625,"d":"6.25%"},{"v":0.0625,"d":"6.25%"},{"v":0.0625,"d":"6.25%"},{"v":0.0625,"d":"6.25%"},{"v":0.0625,"d":"6.25%"},{"v":0.0625,"d":"6.25%"},{"v":0.0625,"d":"6.25%"},{"v":0.0625,"d":"6.25%"},{"v":0.0625,"d":"6.25%"}]
[null,1042,"EQUIPO DE PROTECCION PERSONAL (JUEGO)","u",{"v":40,"d":"40.00000"},{"v":67.61,"d":"$ 67.61000"},{"v":2704.4,"d":"$ 2,704.40000"},{"v":169.025,"d":"169.02500"},{"v":169.025,"d":"169.02500"},{"v":169.025,"d":"169.02500"},{"v":169.025,"d":"169.02500"},{"v":169.025,"d":"169.02500"},{"v":169.025,"d":"169.02500"},{"v":169.025,"d":"169.02500"},{"v":169.025,"d":"169.02500"},{"v":169.025,"d":"169.02500"},{"v":169.025,"d":"169.02500"},{"v":169.025,"d":"169.02500"},{"v":169.025,"d":"169.02500"},{"v":169.025,"d":"169.02500"},{"v":169.025,"d":"169.02500"},{"v":169.025,"d":"169.02500"},{"v":169.025,"d":"169.02500"}]
[null,null,{"$error":"#REF!"},{"$error":"#REF!"},{"$error":"#REF!"},{"$error":"#REF!"},null,{"v":0.0625,"d":"6.25%"},{"v":0.0625,"d":"6.25%"},{"v":0.0625,"d":"6.25%"},{"v":0.0625,"d":"6.25%"},{"v":0.0625,"d":"6.25%"},{"v":0.0625,"d":"6.25%"},{"v":0.0625,"d":"6.25%"},{"v":0.0625,"d":"6.25%"},{"v":0.0625,"d":"6.25%"},{"v":0.0625,"d":"6.25%"},{"v":0.0625,"d":"6.25%"},{"v":0.0625,"d":"6.25%"},{"v":0.0625,"d":"6.25%"},{"v":0.0625,"d":"6.25%"},{"v":0.0625,"d":"6.25%"},{"v":0.0625,"d":"6.25%"}]
[null,null,{"$error":"#REF!"},{"$error":"#REF!"},{"$error":"#REF!"},{"$error":"#REF!"},null,{"v":0.0625,"d":"6.25%"},{"v":0.0625,"d":"6.25%"},{"v":0.0625,"d":"6.25%"},{"v":0.0625,"d":"6.25%"},{"v":0.0625,"d":"6.25%"},{"v":0.0625,"d":"6.25%"},{"v":0.0625,"d":"6.25%"},{"v":0.0625,"d":"6.25%"},{"v":0.0625,"d":"6.25%"},{"v":0.0625,"d":"6.25%"},{"v":0.0625,"d":"6.25%"},{"v":0.0625,"d":"6.25%"},{"v":0.0625,"d":"6.25%"},{"v":0.0625,"d":"6.25%"},{"v":0.0625,"d":"6.25%"},{"v":0.0625,"d":"6.25%"}]
[null,1043,"CINTA PLASTICA DE SEGURIDAD (COLOR REFLECTIVO)","m",{"v":2500,"d":"2500.00000"},{"v":0.11,"d":"$ 0.11000"},{"v":275,"d":"$ 275.00000"},{"v":17.1875,"d":"17.18750"},{"v":17.1875,"d":"17.18750"},{"v":17.1875,"d":"17.18750"},{"v":17.1875,"d":"17.18750"},{"v":17.1875,"d":"17.18750"},{"v":17.1875,"d":"17.18750"},{"v":17.1875,"d":"17.18750"},{"v":17.1875,"d":"17.18750"},{"v":17.1875,"d":"17.18750"},{"v":17.1875,"d":"17.18750"},{"v":17.1875,"d":"17.18750"},{"v":17.1875,"d":"17.18750"},{"v":17.1875,"d":"17.18750"},{"v":17.1875,"d":"17.18750"},{"v":17.1875,"d":"17.18750"},{"v":17.1875,"d":"17.18750"}]
[null,null,{"$error":"#REF!"},{"$error":"#REF!"},{"$error":"#REF!"},{"$error":"#REF!"},null,{"v":0.0625,"d":"6.25%"},{"v":0.0625,"d":"6.25%"},{"v":0.0625,"d":"6.25%"},{"v":0.0625,"d":"6.25%"},{"v":0.0625,"d":"6.25%"},{"v":0.0625,"d":"6.25%"},{"v":0.0625,"d":"6.25%"},{"v":0.0625,"d":"6.25%"},{"v":0.0625,"d":"6.25%"},{"v":0.0625,"d":"6.25%"},{"v":0.0625,"d":"6.25%"},{"v":0.0625,"d":"6.25%"},{"v":0.0625,"d":"6.25%"},{"v":0.0625,"d":"6.25%"},{"v":0.0625,"d":"6.25%"},{"v":0.0625,"d":"6.25%"}]
[null,null,{"$error":"#REF!"},{"$error":"#REF!"},{"$error":"#REF!"},{"$error":"#REF!"},null,{"v":0.0625,"d":"6.25%"},{"v":0.0625,"d":"6.25%"},{"v":0.0625,"d":"6.25%"},{"v":0.0625,"d":"6.25%"},{"v":0.0625,"d":"6.25%"},{"v":0.0625,"d":"6.25%"},{"v":0.0625,"d":"6.25%"},{"v":0.0625,"d":"6.25%"},{"v":0.0625,"d":"6.25%"},{"v":0.0625,"d":"6.25%"},{"v":0.0625,"d":"6.25%"},{"v":0.0625,"d":"6.25%"},{"v":0.0625,"d":"6.25%"},{"v":0.0625,"d":"6.25%"},{"v":0.0625,"d":"6.25%"},{"v":0.0625,"d":"6.25%"}]
[null,1044,"PARANTE VIAL DE POLIETILENO H=1.41m, D=0.74m, INCLUYE BASE","u",{"v":35,"d":"35.00000"},{"v":49.25,"d":"$ 49.25000"},{"v":1723.75,"d":"$ 1,723.75000"},{"v":107.734375,"d":"107.73438"},{"v":107.734375,"d":"107.73438"},{"v":107.734375,"d":"107.73438"},{"v":107.734375,"d":"107.73438"},{"v":107.734375,"d":"107.73438"},{"v":107.734375,"d":"107.73438"},{"v":107.734375,"d":"107.73438"},{"v":107.734375,"d":"107.73438"},{"v":107.734375,"d":"107.73438"},{"v":107.734375,"d":"107.73438"},{"v":107.734375,"d":"107.73438"},{"v":107.734375,"d":"107.73438"},{"v":107.734375,"d":"107.73438"},{"v":107.734375,"d":"107.73438"},{"v":107.734375,"d":"107.73438"},{"v":107.734375,"d":"107.73438"}]
[null,null,{"$error":"#REF!"},{"$error":"#REF!"},{"$error":"#REF!"},{"$error":"#REF!"},null,{"v":0.0625,"d":"6.25%"},{"v":0.0625,"d":"6.25%"},{"v":0.0625,"d":"6.25%"},{"v":0.0625,"d":"6.25%"},{"v":0.0625,"d":"6.25%"},{"v":0.0625,"d":"6.25%"},{"v":0.0625,"d":"6.25%"},{"v":0.0625,"d":"6.25%"},{"v":0.0625,"d":"6.25%"},{"v":0.0625,"d":"6.25%"},{"v":0.0625,"d":"6.25%"},{"v":0.0625,"d":"6.25%"},{"v":0.0625,"d":"6.25%"},{"v":0.0625,"d":"6.25%"},{"v":0.0625,"d":"6.25%"},{"v":0.0625,"d":"6.25%"}]
[null,null,{"$error":"#REF!"},{"$error":"#REF!"},{"$error":"#REF!"},{"$error":"#REF!"},null,{"v":0.0625,"d":"6.25%"},{"v":0.0625,"d":"6.25%"},{"v":0.0625,"d":"6.25%"},{"v":0.0625,"d":"6.25%"},{"v":0.0625,"d":"6.25%"},{"v":0.0625,"d":"6.25%"},{"v":0.0625,"d":"6.25%"},{"v":0.0625,"d":"6.25%"},{"v":0.0625,"d":"6.25%"},{"v":0.0625,"d":"6.25%"},{"v":0.0625,"d":"6.25%"},{"v":0.0625,"d":"6.25%"},{"v":0.0625,"d":"6.25%"},{"v":0.0625,"d":"6.25%"},{"v":0.0625,"d":"6.25%"},{"v":0.0625,"d":"6.25%"}]
[null,1045,"LETRERO METALICO REFLECTIVO PARA SEÑAL DE SEGURIDAD","m2",{"v":24,"d":"24.00000"},{"v":136.02,"d":"$ 136.02000"},{"v":3264.4800000000005,"d":"$ 3,264.48000"},{"v":204.03000000000003,"d":"204.03000"},{"v":204.03000000000003,"d":"204.03000"},{"v":204.03000000000003,"d":"204.03000"},{"v":204.03000000000003,"d":"204.03000"},{"v":204.03000000000003,"d":"204.03000"},{"v":204.03000000000003,"d":"204.03000"},{"v":204.03000000000003,"d":"204.03000"},{"v":204.03000000000003,"d":"204.03000"},{"v":204.03000000000003,"d":"204.03000"},{"v":204.03000000000003,"d":"204.03000"},{"v":204.03000000000003,"d":"204.03000"},{"v":204.03000000000003,"d":"204.03000"},{"v":204.03000000000003,"d":"204.03000"},{"v":204.03000000000003,"d":"204.03000"},{"v":204.03000000000003,"d":"204.03000"},{"v":204.03000000000003,"d":"204.03000"}]
[null,null,{"$error":"#REF!"},{"$error":"#REF!"},{"$error":"#REF!"},{"$error":"#REF!"},null,{"v":0.0625,"d":"6.25%"},{"v":0.0625,"d":"6.25%"},{"v":0.0625,"d":"6.25%"},{"v":0.0625,"d":"6.25%"},{"v":0.0625,"d":"6.25%"},{"v":0.0625,"d":"6.25%"},{"v":0.0625,"d":"6.25%"},{"v":0.0625,"d":"6.25%"},{"v":0.0625,"d":"6.25%"},{"v":0.0625,"d":"6.25%"},{"v":0.0625,"d":"6.25%"},{"v":0.0625,"d":"6.25%"},{"v":0.0625,"d":"6.25%"},{"v":0.0625,"d":"6.25%"},{"v":0.0625,"d":"6.25%"},{"v":0.0625,"d":"6.25%"}]
[null,null,{"$error":"#REF!"},{"$error":"#REF!"},{"$error":"#REF!"},{"$error":"#REF!"},null,{"v":0.0625,"d":"6.25%"},{"v":0.0625,"d":"6.25%"},{"v":0.0625,"d":"6.25%"},{"v":0.0625,"d":"6.25%"},{"v":0.0625,"d":"6.25%"},{"v":0.0625,"d":"6.25%"},{"v":0.0625,"d":"6.25%"},{"v":0.0625,"d":"6.25%"},{"v":0.0625,"d":"6.25%"},{"v":0.0625,"d":"6.25%"},{"v":0.0625,"d":"6.25%"},{"v":0.0625,"d":"6.25%"},{"v":0.0625,"d":"6.25%"},{"v":0.0625,"d":"6.25%"},{"v":0.0625,"d":"6.25%"},{"v":0.0625,"d":"6.25%"}]
[null,1046,"TANQUETAS PROTECTOR VIAL DE POLIETILENO","u",{"v":25,"d":"25.00000"},{"v":159.52,"d":"$ 159.52000"},{"v":3988.0000000000005,"d":"$ 3,988.00000"},{"v":249.25000000000003,"d":"249.25000"},{"v":249.25000000000003,"d":"249.25000"},{"v":249.25000000000003,"d":"249.25000"},{"v":249.25000000000003,"d":"249.25000"},{"v":249.25000000000003,"d":"249.25000"},{"v":249.25000000000003,"d":"249.25000"},{"v":249.25000000000003,"d":"249.25000"},{"v":249.25000000000003,"d":"249.25000"},{"v":249.25000000000003,"d":"249.25000"},{"v":249.25000000000003,"d":"249.25000"},{"v":249.25000000000003,"d":"249.25000"},{"v":249.25000000000003,"d":"249.25000"},{"v":249.25000000000003,"d":"249.25000"},{"v":249.25000000000003,"d":"249.25000"},{"v":249.25000000000003,"d":"249.25000"},{"v":249.25000000000003,"d":"249.25000"}]
[null,null,{"$error":"#REF!"},{"$error":"#REF!"},{"$error":"#REF!"},{"$error":"#REF!"},null,{"v":0.0625,"d":"6.25%"},{"v":0.0625,"d":"6.25%"},{"v":0.0625,"d":"6.25%"},{"v":0.0625,"d":"6.25%"},{"v":0.0625,"d":"6.25%"},{"v":0.0625,"d":"6.25%"},{"v":0.0625,"d":"6.25%"},{"v":0.0625,"d":"6.25%"},{"v":0.0625,"d":"6.25%"},{"v":0.0625,"d":"6.25%"},{"v":0.0625,"d":"6.25%"},{"v":0.0625,"d":"6.25%"},{"v":0.0625,"d":"6.25%"},{"v":0.0625,"d":"6.25%"},{"v":0.0625,"d":"6.25%"},{"v":0.0625,"d":"6.25%"}]
[null,null,{"$error":"#REF!"},{"$error":"#REF!"},{"$error":"#REF!"},{"$error":"#REF!"},null,{"v":0.0625,"d":"6.25%"},{"v":0.0625,"d":"6.25%"},{"v":0.0625,"d":"6.25%"},{"v":0.0625,"d":"6.25%"},{"v":0.0625,"d":"6.25%"},{"v":0.0625,"d":"6.25%"},{"v":0.0625,"d":"6.25%"},{"v":0.0625,"d":"6.25%"},{"v":0.0625,"d":"6.25%"},{"v":0.0625,"d":"6.25%"},{"v":0.0625,"d":"6.25%"},{"v":0.0625,"d":"6.25%"},{"v":0.0625,"d":"6.25%"},{"v":0.0625,"d":"6.25%"},{"v":0.0625,"d":"6.25%"},{"v":0.0625,"d":"6.25%"}]
[null,1047,"CONOS DE SEGURIDAD H: 70cm CON REFLECTIVO CON BASE DE CAUCHO","u",{"v":15,"d":"15.00000"},{"v":30.26,"d":"$ 30.26000"},{"v":453.90000000000003,"d":"$ 453.90000"},{"v":28.368750000000002,"d":"28.36875"},{"v":28.368750000000002,"d":"28.36875"},{"v":28.368750000000002,"d":"28.36875"},{"v":28.368750000000002,"d":"28.36875"},{"v":28.368750000000002,"d":"28.36875"},{"v":28.368750000000002,"d":"28.36875"},{"v":28.368750000000002,"d":"28.36875"},{"v":28.368750000000002,"d":"28.36875"},{"v":28.368750000000002,"d":"28.36875"},{"v":28.368750000000002,"d":"28.36875"},{"v":28.368750000000002,"d":"28.36875"},{"v":28.368750000000002,"d":"28.36875"},{"v":28.368750000000002,"d":"28.36875"},{"v":28.368750000000002,"d":"28.36875"},{"v":28.368750000000002,"d":"28.36875"},{"v":28.368750000000002,"d":"28.36875"}]
[null,null,{"$error":"#REF!"},{"$error":"#REF!"},{"$error":"#REF!"},{"$error":"#REF!"},null,{"v":0.0625,"d":"6.25%"},{"v":0.0625,"d":"6.25%"},{"v":0.0625,"d":"6.25%"},{"v":0.0625,"d":"6.25%"},{"v":0.0625,"d":"6.25%"},{"v":0.0625,"d":"6.25%"},{"v":0.0625,"d":"6.25%"},{"v":0.0625,"d":"6.25%"},{"v":0.0625,"d":"6.25%"},{"v":0.0625,"d":"6.25%"},{"v":0.0625,"d":"6.25%"},{"v":0.0625,"d":"6.25%"},{"v":0.0625,"d":"6.25%"},{"v":0.0625,"d":"6.25%"},{"v":0.0625,"d":"6.25%"},{"v":0.0625,"d":"6.25%"}]
[null,null,{"$error":"#REF!"},{"$error":"#REF!"},{"$error":"#REF!"},{"$error":"#REF!"},null,{"v":0.0625,"d":"6.25%"},{"v":0.0625,"d":"6.25%"},{"v":0.0625,"d":"6.25%"},{"v":0.0625,"d":"6.25%"},{"v":0.0625,"d":"6.25%"},{"v":0.0625,"d":"6.25%"},{"v":0.0625,"d":"6.25%"},{"v":0.0625,"d":"6.25%"},{"v":0.0625,"d":"6.25%"},{"v":0.0625,"d":"6.25%"},{"v":0.0625,"d":"6.25%"},{"v":0.0625,"d":"6.25%"},{"v":0.0625,"d":"6.25%"},{"v":0.0625,"d":"6.25%"},{"v":0.0625,"d":"6.25%"},{"v":0.0625,"d":"6.25%"}]
[null,1048,"EXTINTOR PQS 10 lb","u",{"v":2,"d":"2.00000"},{"v":24,"d":"$ 24.00000"},{"v":48,"d":"$ 48.00000"},{"v":3,"d":"3.00000"},{"v":3,"d":"3.00000"},{"v":3,"d":"3.00000"},{"v":3,"d":"3.00000"},{"v":3,"d":"3.00000"},{"v":3,"d":"3.00000"},{"v":3,"d":"3.00000"},{"v":3,"d":"3.00000"},{"v":3,"d":"3.00000"},{"v":3,"d":"3.00000"},{"v":3,"d":"3.00000"},{"v":3,"d":"3.00000"},{"v":3,"d":"3.00000"},{"v":3,"d":"3.00000"},{"v":3,"d":"3.00000"},{"v":3,"d":"3.00000"}]
[null,null,{"$error":"#REF!"},{"$error":"#REF!"},{"$error":"#REF!"},{"$error":"#REF!"},null,{"v":0.0625,"d":"6.25%"},{"v":0.0625,"d":"6.25%"},{"v":0.0625,"d":"6.25%"},{"v":0.0625,"d":"6.25%"},{"v":0.0625,"d":"6.25%"},{"v":0.0625,"d":"6.25%"},{"v":0.0625,"d":"6.25%"},{"v":0.0625,"d":"6.25%"},{"v":0.0625,"d":"6.25%"},{"v":0.0625,"d":"6.25%"},{"v":0.0625,"d":"6.25%"},{"v":0.0625,"d":"6.25%"},{"v":0.0625,"d":"6.25%"},{"v":0.0625,"d":"6.25%"},{"v":0.0625,"d":"6.25%"},{"v":0.0625,"d":"6.25%"}]
[null,null,{"$error":"#REF!"},{"$error":"#REF!"},{"$error":"#REF!"},{"$error":"#REF!"},null,{"v":0.0625,"d":"6.25%"},{"v":0.0625,"d":"6.25%"},{"v":0.0625,"d":"6.25%"},{"v":0.0625,"d":"6.25%"},{"v":0.0625,"d":"6.25%"},{"v":0.0625,"d":"6.25%"},{"v":0.0625,"d":"6.25%"},{"v":0.0625,"d":"6.25%"},{"v":0.0625,"d":"6.25%"},{"v":0.0625,"d":"6.25%"},{"v":0.0625,"d":"6.25%"},{"v":0.0625,"d":"6.25%"},{"v":0.0625,"d":"6.25%"},{"v":0.0625,"d":"6.25%"},{"v":0.0625,"d":"6.25%"},{"v":0.0625,"d":"6.25%"}]
[null,1049,"BOTIQUIN DE PRIMEROS AUXILIOS","u",{"v":2,"d":"2.00000"},{"v":99.92,"d":"$ 99.92000"},{"v":199.84,"d":"$ 199.84000"},{"v":12.49,"d":"12.49000"},{"v":12.49,"d":"12.49000"},{"v":12.49,"d":"12.49000"},{"v":12.49,"d":"12.49000"},{"v":12.49,"d":"12.49000"},{"v":12.49,"d":"12.49000"},{"v":12.49,"d":"12.49000"},{"v":12.49,"d":"12.49000"},{"v":12.49,"d":"12.49000"},{"v":12.49,"d":"12.49000"},{"v":12.49,"d":"12.49000"},{"v":12.49,"d":"12.49000"},{"v":12.49,"d":"12.49000"},{"v":12.49,"d":"12.49000"},{"v":12.49,"d":"12.49000"},{"v":12.49,"d":"12.49000"}]
[null,null,{"$error":"#REF!"},{"$error":"#REF!"},{"$error":"#REF!"},{"$error":"#REF!"},null,{"v":0.0625,"d":"6.25%"},{"v":0.0625,"d":"6.25%"},{"v":0.0625,"d":"6.25%"},{"v":0.0625,"d":"6.25%"},{"v":0.0625,"d":"6.25%"},{"v":0.0625,"d":"6.25%"},{"v":0.0625,"d":"6.25%"},{"v":0.0625,"d":"6.25%"},{"v":0.0625,"d":"6.25%"},{"v":0.0625,"d":"6.25%"},{"v":0.0625,"d":"6.25%"},{"v":0.0625,"d":"6.25%"},{"v":0.0625,"d":"6.25%"},{"v":0.0625,"d":"6.25%"},{"v":0.0625,"d":"6.25%"},{"v":0.0625,"d":"6.25%"}]
[null,null,{"$error":"#REF!"},{"$error":"#REF!"},{"$error":"#REF!"},{"$error":"#REF!"},null,{"v":0.0625,"d":"6.25%"},{"v":0.0625,"d":"6.25%"},{"v":0.0625,"d":"6.25%"},{"v":0.0625,"d":"6.25%"},{"v":0.0625,"d":"6.25%"},{"v":0.0625,"d":"6.25%"},{"v":0.0625,"d":"6.25%"},{"v":0.0625,"d":"6.25%"},{"v":0.0625,"d":"6.25%"},{"v":0.0625,"d":"6.25%"},{"v":0.0625,"d":"6.25%"},{"v":0.0625,"d":"6.25%"},{"v":0.0625,"d":"6.25%"},{"v":0.0625,"d":"6.25%"},{"v":0.0625,"d":"6.25%"},{"v":0.0625,"d":"6.25%"}]
[null,1050,"KIT ANTIDERRAMES","u",{"v":2,"d":"2.00000"},{"v":36.05,"d":"$ 36.05000"},{"v":72.1,"d":"$ 72.10000"},4.50625,4.50625,4.50625,4.50625,4.50625,4.50625,4.50625,4.50625,4.50625,4.50625,4.50625,4.50625,4.50625,4.50625,4.50625,4.50625]
[null,null,{"$error":"#REF!"},{"$error":"#REF!"},{"$error":"#REF!"},{"$error":"#REF!"},null,{"v":0.0625,"d":"6.25%"},{"v":0.0625,"d":"6.25%"},{"v":0.0625,"d":"6.25%"},{"v":0.0625,"d":"6.25%"},{"v":0.0625,"d":"6.25%"},{"v":0.0625,"d":"6.25%"},{"v":0.0625,"d":"6.25%"},{"v":0.0625,"d":"6.25%"},{"v":0.0625,"d":"6.25%"},{"v":0.0625,"d":"6.25%"},{"v":0.0625,"d":"6.25%"},{"v":0.0625,"d":"6.25%"},{"v":0.0625,"d":"6.25%"},{"v":0.0625,"d":"6.25%"},{"v":0.0625,"d":"6.25%"},{"v":0.0625,"d":"6.25%"}]
[null,null,{"$error":"#REF!"},{"$error":"#REF!"},{"$error":"#REF!"},{"$error":"#REF!"},null,{"v":0.0625,"d":"6.25%"},{"v":0.0625,"d":"6.25%"},{"v":0.0625,"d":"6.25%"},{"v":0.0625,"d":"6.25%"},{"v":0.0625,"d":"6.25%"},{"v":0.0625,"d":"6.25%"},{"v":0.0625,"d":"6.25%"},{"v":0.0625,"d":"6.25%"},{"v":0.0625,"d":"6.25%"},{"v":0.0625,"d":"6.25%"},{"v":0.0625,"d":"6.25%"},{"v":0.0625,"d":"6.25%"},{"v":0.0625,"d":"6.25%"},{"v":0.0625,"d":"6.25%"},{"v":0.0625,"d":"6.25%"},{"v":0.0625,"d":"6.25%"}]
[null,1051,"MATERIAL CHARLAS INFORMATIVAS","u",{"v":100,"d":"100.00000"},{"v":0.11,"d":"$ 0.11000"},{"v":11,"d":"$ 11.00000"},{"v":0.6875,"d":"0.68750"},{"v":0.6875,"d":"0.68750"},{"v":0.6875,"d":"0.68750"},{"v":0.6875,"d":"0.68750"},{"v":0.6875,"d":"0.68750"},{"v":0.6875,"d":"0.68750"},{"v":0.6875,"d":"0.68750"},{"v":0.6875,"d":"0.68750"},{"v":0.6875,"d":"0.68750"},{"v":0.6875,"d":"0.68750"},{"v":0.6875,"d":"0.68750"},{"v":0.6875,"d":"0.68750"},{"v":0.6875,"d":"0.68750"},{"v":0.6875,"d":"0.68750"},{"v":0.6875,"d":"0.68750"},{"v":0.6875,"d":"0.68750"}]
[null,null,{"$error":"#REF!"},{"$error":"#REF!"},{"$error":"#REF!"},{"$error":"#REF!"},null,{"v":0.0625,"d":"6.25%"},{"v":0.0625,"d":"6.25%"},{"v":0.0625,"d":"6.25%"},{"v":0.0625,"d":"6.25%"},{"v":0.0625,"d":"6.25%"},{"v":0.0625,"d":"6.25%"},{"v":0.0625,"d":"6.25%"},{"v":0.0625,"d":"6.25%"},{"v":0.0625,"d":"6.25%"},{"v":0.0625,"d":"6.25%"},{"v":0.0625,"d":"6.25%"},{"v":0.0625,"d":"6.25%"},{"v":0.0625,"d":"6.25%"},{"v":0.0625,"d":"6.25%"},{"v":0.0625,"d":"6.25%"},{"v":0.0625,"d":"6.25%"}]
[null,null,{"$error":"#REF!"},{"$error":"#REF!"},{"$error":"#REF!"},{"$error":"#REF!"},null,{"v":0.0625,"d":"6.25%"},{"v":0.0625,"d":"6.25%"},{"v":0.0625,"d":"6.25%"},{"v":0.0625,"d":"6.25%"},{"v":0.0625,"d":"6.25%"},{"v":0.0625,"d":"6.25%"},{"v":0.0625,"d":"6.25%"},{"v":0.0625,"d":"6.25%"},{"v":0.0625,"d":"6.25%"},{"v":0.0625,"d":"6.25%"},{"v":0.0625,"d":"6.25%"},{"v":0.0625,"d":"6.25%"},{"v":0.0625,"d":"6.25%"},{"v":0.0625,"d":"6.25%"},{"v":0.0625,"d":"6.25%"},{"v":0.0625,"d":"6.25%"}]
[null,1052,"MONITOREO DE MATERIAL PARTICULADO (PM10 Y PM2.5)","u",{"v":16,"d":"16.00000"},{"v":201.46,"d":"$ 201.46000"},{"v":3223.36,"d":"$ 3,223.36000"},{"v":201.46,"d":"201.46000"},{"v":201.46,"d":"201.46000"},{"v":201.46,"d":"201.46000"},{"v":201.46,"d":"201.46000"},{"v":201.46,"d":"201.46000"},{"v":201.46,"d":"201.46000"},{"v":201.46,"d":"201.46000"},{"v":201.46,"d":"201.46000"},{"v":201.46,"d":"201.46000"},{"v":201.46,"d":"201.46000"},{"v":201.46,"d":"201.46000"},{"v":201.46,"d":"201.46000"},{"v":201.46,"d":"201.46000"},{"v":201.46,"d":"201.46000"},{"v":201.46,"d":"201.46000"},{"v":201.46,"d":"201.46000"}]
[null,null,{"$error":"#REF!"},{"$error":"#REF!"},{"$error":"#REF!"},{"$error":"#REF!"},null,{"v":0.0625,"d":"6.25%"},{"v":0.0625,"d":"6.25%"},{"v":0.0625,"d":"6.25%"},{"v":0.0625,"d":"6.25%"},{"v":0.0625,"d":"6.25%"},{"v":0.0625,"d":"6.25%"},{"v":0.0625,"d":"6.25%"},{"v":0.0625,"d":"6.25%"},{"v":0.0625,"d":"6.25%"},{"v":0.0625,"d":"6.25%"},{"v":0.0625,"d":"6.25%"},{"v":0.0625,"d":"6.25%"},{"v":0.0625,"d":"6.25%"},{"v":0.0625,"d":"6.25%"},{"v":0.0625,"d":"6.25%"},{"v":0.0625,"d":"6.25%"}]
[null,null,{"$error":"#REF!"},{"$error":"#REF!"},{"$error":"#REF!"},{"$error":"#REF!"},null,{"v":0.0625,"d":"6.25%"},{"v":0.0625,"d":"6.25%"},{"v":0.0625,"d":"6.25%"},{"v":0.0625,"d":"6.25%"},{"v":0.0625,"d":"6.25%"},{"v":0.0625,"d":"6.25%"},{"v":0.0625,"d":"6.25%"},{"v":0.0625,"d":"6.25%"},{"v":0.0625,"d":"6.25%"},{"v":0.0625,"d":"6.25%"},{"v":0.0625,"d":"6.25%"},{"v":0.0625,"d":"6.25%"},{"v":0.0625,"d":"6.25%"},{"v":0.0625,"d":"6.25%"},{"v":0.0625,"d":"6.25%"},{"v":0.0625,"d":"6.25%"}]
[null,1053,"MONITOREO DE RUIDO","u",{"v":16,"d":"16.00000"},{"v":42.72,"d":"$ 42.72000"},{"v":683.52,"d":"$ 683.52000"},{"v":42.72,"d":"42.72000"},{"v":42.72,"d":"42.72000"},{"v":42.72,"d":"42.72000"},{"v":42.72,"d":"42.72000"},{"v":42.72,"d":"42.72000"},{"v":42.72,"d":"42.72000"},{"v":42.72,"d":"42.72000"},{"v":42.72,"d":"42.72000"},{"v":42.72,"d":"42.72000"},{"v":42.72,"d":"42.72000"},{"v":42.72,"d":"42.72000"},{"v":42.72,"d":"42.72000"},{"v":42.72,"d":"42.72000"},{"v":42.72,"d":"42.72000"},{"v":42.72,"d":"42.72000"},{"v":42.72,"d":"42.72000"}]
[null,null,{"$error":"#REF!"},{"$error":"#REF!"},{"$error":"#REF!"},{"$error":"#REF!"},null,{"v":0.0625,"d":"6.25%"},{"v":0.0625,"d":"6.25%"},{"v":0.0625,"d":"6.25%"},{"v":0.0625,"d":"6.25%"},{"v":0.0625,"d":"6.25%"},{"v":0.0625,"d":"6.25%"},{"v":0.0625,"d":"6.25%"},{"v":0.0625,"d":"6.25%"},{"v":0.0625,"d":"6.25%"},{"v":0.0625,"d":"6.25%"},{"v":0.0625,"d":"6.25%"},{"v":0.0625,"d":"6.25%"},{"v":0.0625,"d":"6.25%"},{"v":0.0625,"d":"6.25%"},{"v":0.0625,"d":"6.25%"},{"v":0.0625,"d":"6.25%"}]
[null,null,{"$error":"#REF!"},{"$error":"#REF!"},{"$error":"#REF!"},{"$error":"#REF!"},null,{"v":0.0625,"d":"6.25%"},{"v":0.0625,"d":"6.25%"},{"v":0.0625,"d":"6.25%"},{"v":0.0625,"d":"6.25%"},{"v":0.0625,"d":"6.25%"},{"v":0.0625,"d":"6.25%"},{"v":0.0625,"d":"6.25%"},{"v":0.0625,"d":"6.25%"},{"v":0.0625,"d":"6.25%"},{"v":0.0625,"d":"6.25%"},{"v":0.0625,"d":"6.25%"},{"v":0.0625,"d":"6.25%"},{"v":0.0625,"d":"6.25%"},{"v":0.0625,"d":"6.25%"},{"v":0.0625,"d":"6.25%"},{"v":0.0625,"d":"6.25%"}]
[null,"TOTAL GENERAL DEL PROYECTO",{"$nulls":4},{"v":14324282.529998388,"d":"$ 14,324,282.53000"}]
[null,"AVANCE ECONOMICO PARCIAL",{"$nulls":5},{"v":328304.1243750001,"d":"328,304.12438"},{"v":389837.54437500006,"d":"389,837.54438"},{"v":210829.587214936,"d":"210,829.58721"},{"v":1799467.1329249197,"d":"1,799,467.13292"},{"v":1841875.5980548717,"d":"1,841,875.59805"},{"v":1150022.8766848238,"d":"1,150,022.87668"},{"v":1331254.3156962756,"d":"1,331,254.31570"},{"v":460421.518157212,"d":"460,421.51816"},{"v":651948.0761601481,"d":"651,948.07616"},{"v":1089436.3489865442,"d":"1,089,436.34899"},{"v":714855.9811398331,"d":"714,855.98114"},{"v":860033.4152588331,"d":"860,033.41526"},{"v":1069307.9400476592,"d":"1,069,307.94005"},{"v":1119223.4216473391,"d":"1,119,223.42165"},{"v":648309.213845,"d":"648,309.21385"},{"v":659155.4354299997,"d":"659,155.43543"}]
[null,"AVANCE ECONOMICO TOTAL",{"$nulls":5},{"v":328304.1243750001,"d":"$ 328,304.12438"},{"v":718141.6687500002,"d":"$ 718,141.66875"},{"v":928971.2559649362,"d":"$ 928,971.25596"},{"v":2728438.3888898557,"d":"$ 2,728,438.38889"},{"v":4570313.986944728,"d":"$ 4,570,313.98694"},{"v":5720336.863629552,"d":"$ 5,720,336.86363"},{"v":7051591.179325827,"d":"$ 7,051,591.17933"},{"v":7512012.697483039,"d":"$ 7,512,012.69748"},{"v":8163960.773643187,"d":"$ 8,163,960.77364"},{"v":9253397.122629732,"d":"$ 9,253,397.12263"},{"v":9968253.103769565,"d":"$ 9,968,253.10377"},{"v":10828286.519028397,"d":"$ 10,828,286.51903"},{"v":11897594.459076056,"d":"$ 11,897,594.45908"},{"v":13016817.880723394,"d":"$ 13,016,817.88072"},{"v":13665127.094568394,"d":"$ 13,665,127.09457"},{"v":14324282.529998394,"d":"$ 14,324,282.53000"}]
[null,"AVANCE FISICO PARCIAL",{"$nulls":5},{"v":0.022919411404198058,"d":"2.29%"},{"v":0.027215153258712214,"d":"2.72%"},{"v":0.01471833488158375,"d":"1.47%"},{"v":0.12562354373815343,"d":"12.56%"},{"v":0.1285841433382478,"d":"12.86%"},{"v":0.08028485016798627,"d":"8.03%"},{"v":0.09293689320273589,"d":"9.29%"},{"v":0.032142728069834,"d":"3.21%"},{"v":0.045513489055721765,"d":"4.55%"},{"v":0.07605521230854044,"d":"7.61%"},{"v":0.049905185801994476,"d":"4.99%"},{"v":0.060040243792854726,"d":"6.00%"},{"v":0.0746500173958646,"d":"7.47%"},{"v":0.07813469325974437,"d":"7.81%"},{"v":0.04525945453025583,"d":"4.53%"},{"v":0.046016645793572876,"d":"4.60%"}]
[null,"AVANCE FISICO TOTAL",{"$nulls":5},{"v":0.022919411404198058,"d":"2.29%"},{"v":0.050134564662910275,"d":"5.01%"},{"v":0.06485289954449402,"d":"6.49%"},{"v":0.19047644328264746,"d":"19.05%"},{"v":0.31906058662089526,"d":"31.91%"},{"v":0.3993454367888815,"d":"39.93%"},{"v":0.4922823299916174,"d":"49.23%"},{"v":0.5244250580614515,"d":"52.44%"},{"v":0.5699385471171732,"d":"56.99%"},{"v":0.6459937594257136,"d":"64.60%"},{"v":0.695898945227708,"d":"69.59%"},{"v":0.7559391890205628,"d":"75.59%"},{"v":0.8305892064164274,"d":"83.06%"},{"v":0.9087238996761717,"d":"90.87%"},{"v":0.9539833542064275,"d":"95.40%"},{"v":1.0000000000000004,"d":"100.00%"}]
[]
[]
[null,"NOTA: LA ELABORACION DEL CRONOGRAMA VALORADO DE LA PAGINA 1 HASTA LA PAGINA 29; ES DE ABSOLUTA RESPONSABILIDAD DE LOS SIGUIENTES TECNICOS "]
[]
[]
[null,"ELABORADO POR: ",null,"REVISADO POR: "]
[null,"_______________________________________________________",null,"____________________________________________________________________________"]
[]
[]
[]
[]
[null,"ARQ. DANIEL FERNANDO SAN LUCAS MACIAS",null,"ING. CIV. JAVIER ELIAS PRIETO LAINA"]
[null,"DIECTOR GENERAL DE DESARROLLO Y ORDENAMIENTO TERRITORIAL",null,"SUBDIRECTOR DE CONSTRUCCION Y MANTENIMIENTO - OBRAS PUBLICAS"]
[null,"CODIGO SERCOP:","8uE1iUQsG4","CODIGO SERCOP:",null,"tJSBG5Ov6W"]
[]
[]
[null,"APROBADO POR: "]
[null,"_______________________________________________________"]
[]
[]
[]
[]
[null,"ING. CIV. ANGEL WASHINGTON TAIPE VELIZ"]
[null,"DIRECTOR GENERAL DE OBRAS PUBLICAS"]
[null,"CODIGO SERCOP:","1b5qYDfpNP"]